{"text_format":"3","workbook":"xlsx","n_sheets":24,"sheets":["Table of Contents","Final Graphs","Final Tables","wgen","id2","wPIB_ad","b-pc_PI_SG","wR01","wPIC","wPIB","wuSh","wSh","wBudget","wCAf","d2","Tab218Fix","Table218","BergPercent","Nobel","FIR_R01","NIHBudgetHistory","Funds","CongressionalAppropriation","InflationIndices"],"not_rendered":{"charts":33,"images":25,"macros":1,"defined_names":153},"read":"whole","date_system":"1900"}

{"sheet":"Table of Contents","index":0,"n_rows":27,"n_cols":13,"rows_kept":27}
["Worksheet Report for O03.xlsm"]
["Report generated: 2/18/2017 6:18:15"]
[]
["Sheet Name","Comments","Index","Sheet Visibility","Contents\nProtected","Used\nRows","Used\nColumns","Cells in\nUsed Range","Formula\nCells","Constant\nCells","Empty\nCells","Chart\nObjects","Shapes"]
["Final Graphs","All Graphs Based Entirely on Data Included",1,"Visible","No",7,3,21,0,0,1400,31,65]
["Final Tables","Paper Table Based Entirely on Data Included",2,"Visible","No",25,12,300,0,77,231,0,1]
["wgen","General Work Sheet to Collect Data to be Plotted ",3,"Visible","No",185,81,14985,4143,392,10450,0,6]
["id2","Index to d2 TAB",4,"Visible","No",132,9,1188,868,144,176,0,2]
["wPIB_ad","Number Basic Science PIs Smoothed.  Used to get Desired Combined Distribution",5,"Visible","No",184,65,11960,3399,212,8406,0,3]
["b-pc_PI_SG","Basic Science PIs smoothed and tabulated by Birth Year and Age.  Ratio to number in previous year.",6,"Visible","No",271,65,17615,7922,88,9605,0,3]
["wR01","Number R01 Grantees Smoothed",7,"Visible","No",272,65,17680,3160,23,14497,0,2]
["wPIC","Number of AAMC Clinical Science PIs  Smoothed",8,"Visible","No",271,65,17615,2985,17,14613,0,2]
["wPIB","Number AAMC Basic Science PIs Smoothed",9,"Visible","No",271,65,17615,2985,17,14613,0,2]
["wuSh","R01 to PI_B Ratio Smoothed (_v) and Ushifted (kax=2)",10,"Visible","No",271,65,17615,3048,154,14413,0,2]
["wSh","R01 to PI_B Ratio Smoothed (_v) and Shifted (kax=1)",11,"Visible","No",104,65,6760,3109,153,3498,0,2]
["wBudget","Working copy of data in NIHBudgetHistory TAB",12,"Visible","No",16787,51,856137,1721,2096,852631,2,15]
["wCAf","Work Sheet to fit Congressional Appropriation",13,"Visible","No",56,16,896,630,28,238,0,2]
["d2","Data from Perl code",14,"Visible","No",12400,83,1029200,0,606168,423032,0,1]
["Tab218Fix","Fix Table 218",15,"Visible","No",49,18,882,326,536,39,0,1]
["Table218","NIH Data of Grant Success Ratios",16,"Visible","Yes",57,10,570,"?","?","?",0,2]
["BergPercent","Percent Salary from Sponsored Research ",17,"Visible","No",31,60,1860,2,83,1835,0,1]
["Nobel","Tables Summarizing Nobel Laureates by Area and Nationality",18,"Visible","No",71,59,4189,273,299,3617,0,0]
["FIR_R01","NIH Data on Age of FIR Grantees",19,"Visible","No",51,30,1530,0,302,1228,0,2]
["NIHBudgetHistory","NIH budget mechanism detail FY 1995 - 2014",20,"Visible","No",16252,51,828852,0,750,828126,0,2]
["Funds","History of R01 and non-R01 Reasearch Grant Program (RPG) Funds",21,"Visible","No",320,43,13760,790,5121,8226,0,5]
["CongressionalAppropriation","NIH Congressional Appropriation since 1938",22,"Visible","No",221,25,5525,36,1455,5031,1,3]
["InflationIndices","CPI and BRDPI Price Indices Used to Correct for Inflation",23,"Visible","No",510,32,16320,997,3924,14195,0,4]

{"sheet":"Final Graphs","index":1,"n_rows":1,"n_cols":3,"rows_kept":1}
[null,"Title","Paper Graphs Based Entirely on Data Included"]

{"sheet":"Final Tables","index":2,"n_rows":25,"n_cols":8,"rows_kept":25,"merged":[[6,1,7,1],[6,2,6,4],[6,5,6,7]]}
[null,"Title","Paper Table Based Entirely on Data Included"]
[]
[]
[]
[]
[]
[null,"Budget Item","Amount in BRDPI Corrected Million $",null,null,"Percent of Total NIH Budget "]
[null,null,"Average <95-97>","Average <12-14>","% Ratio \n<12-14> to\n<95-97>","Average <95-97>","Average <12-14>","% Ratio \n<12-14> to\n<95-97>"]
[null,"Total Training",{"v":736.9344758690557,"d":"737"},{"v":762.6438073676396,"d":"763"},{"v":1.0348868621844096,"d":"103.5%"},{"v":0.034777255873975135,"d":"3.5%"},{"v":0.024812259796904424,"d":"2.5%"},{"v":0.7133749697448897,"d":"71.3%"}]
[null,"Research Management",{"v":1341.1302210460397,"d":"1,341"},{"v":2311.2597586953493,"d":"2,311"},{"v":1.723367143939713,"d":"172.3%"},{"v":0.06329033365230487,"d":"6.3%"},{"v":0.07519575591759141,"d":"7.5%"},{"v":1.188108066086218,"d":"118.8%"}]
[null,"Intramural Research",{"v":2386.7681530795267,"d":"2,387"},{"v":3422.28962230642,"d":"3,422"},{"v":1.4338592619022557,"d":"143.4%"},{"v":0.11263585771803512,"d":"11.3%"},{"v":0.1113425932113848,"d":"11.1%"},{"v":0.9885181812182067,"d":"98.9%"}]
[null,"R&D Contracts",{"v":1450.1735521694584,"d":"1,450"},{"v":3015.4451007595667,"d":"3,015"},{"v":2.0793684288673333,"d":"207.9%"},{"v":0.0684362834646781,"d":"6.8%"},{"v":0.09810609687056872,"d":"9.8%"},{"v":1.4335392266180564,"d":"143.4%"}]
[null," Centers, Other Research",{"v":2949.960547603864,"d":"2,950"},{"v":4760.082885867712,"d":"4,760"},{"v":1.613608998850557,"d":"161.4%"},{"v":0.13921391404733335,"d":"13.9%"},{"v":0.15486707172856248,"d":"15.5%"},{"v":1.112439606258804,"d":"111.2%"}]
[null,"Total non-R01 RPG",{"v":3346.677497743227,"d":"3,347"},{"v":5843.346260196293,"d":"5,843"},{"v":1.7460141481026035,"d":"174.6%"},{"v":0.15793569642597616,"d":"15.8%"},{"v":0.1901105392721928,"d":"19.0%"},{"v":1.2037211572451378,"d":"120.4%"}]
[null,"Total R01 Grants",{"v":8978.482759176406,"d":"8,978"},{"v":10621.504469587213,"d":"10,622"},{"v":1.182995474233279,"d":"118.3%"},{"v":0.42371065881769737,"d":"42.4%"},{"v":0.34556568320279535,"d":"34.6%"},{"v":0.8155699556084944,"d":"81.6%"}]
[null,"All Items",{"v":21190.127206687575,"d":"21,190"},{"v":30736.571904780194,"d":"30,737"},{"v":1.4505137984768575,"d":"145.1%"},{"v":1,"d":"100.0%"},{"v":1,"d":"100.0%"},{"v":1,"d":"100.0%"}]
[]
[]
[]
[]
[null,null,{"$f":"C14+C13+C12","v":{"v":7746.811597516549,"d":"7,747"}},{"$f":"D14+D13+D12","v":{"v":13618.874246823572,"d":"13,619"}}]
[null,null,{"$f":"C15","v":{"v":8978.482759176406,"d":"8,978"}},{"$f":"D15","v":{"v":10621.504469587213,"d":"10,622"}}]
[]
[null,null,{"$f":"C21/C22","v":{"v":0.8628196773668653,"d":"86%"}},{"$f":"D21/D22","v":{"v":1.2821982315046605,"d":"128%"}}]
[null,null,{"$f":"C22/C21","v":{"v":1.1589907210412478,"d":"116%"}},{"$f":"D22/D21","v":{"v":0.7799106061989333,"d":"78%"}}]

{"sheet":"wgen","index":3,"n_rows":125,"n_cols":61,"rows_kept":125}
["Title","General Work Sheet to Collect Data to be Plotted "]
["Purpose","Use offset to get values of rows for plots"]
["Data Sources","d2!A","wCAf!A","FIR_R01!A",null,"CongressionalAppropriation!A",{"$nulls":4},"InflationIndices!A",{"$nulls":3},"wCAf!A",null,"Funds!A",null,"Tab218Fix!A"]
[null,"B","C","D",null,"F",{"$nulls":4},"K",{"$nulls":3},"O",null,"Q",null,"S"]
[]
[]
[]
[]
[]
["Description","Sheet","Date Table","Base Row","Row Off","Row Num","Row",{"$f":"B7","v":0},{"$f":"H10+1","v":1},{"$f":"I10+1","v":2},3,4,5,6,7,8,9,10,11,12,13,14,15,16,17,18,19,20,21,22,23,24,25,26,27,28,29,30,31,32,33,34,35,36,37,38,39,40,41,42,43,44,45,46,47,48,49,50,51]
["Year","B","AL",{"$f":"VLOOKUP($C11,'id2'!$A$9:$B$132,2,0)-1","v":0},1,11,{"$f":"D11+E11","v":1},{"$f":"OFFSET(INDIRECT($B$3&1),$G11-1,H$10)","v":1},"AL","Age/Yea",1966,1967,1968,1969,1970,1971,1972,1973,1974,1975,1976,1977,1978,1979,1980,1981,1982,1983,1984,1985,1986,1987,1988,1989,1990,1991,1992,1993,1994,{"$f":"OFFSET(INDIRECT($B$3&1),$G11-1,AN$10)","v":1995},1996,1997,1998,1999,2000,2001,2002,2003,2004,2005,2006,2007,2008,2009,2010,2011,2012,2013,2014]
["Year","D",{"$nulls":3},{"$f":"1+F11","v":12},{"$f":"D12+E12","v":0},{"$nulls":17},{"$f":"OFFSET(INDIRECT($D$3&1),$G12-1+Z10-16,3)","v":{"v":1979.99916527545,"d":"1980"}},{"$f":"OFFSET(INDIRECT($D$3&1),$G12-1+AA10-16,3)","v":{"v":1981.00083472454,"d":"1981"}},{"v":1982.00250417362,"d":"1982"},{"v":1983.0041736227,"d":"1983"},{"v":1983.98080133555,"d":"1984"},{"v":1985.00751252086,"d":"1985"},{"$f":"OFFSET(INDIRECT($D$3&1),$G12-1+AF10-16,3)","v":{"v":1986.03422370617,"d":"1986"}},{"v":1987.01085141903,"d":"1987"},{"v":1988.01252086811,"d":"1988"},{"v":1988.98914858096,"d":"1989"},{"v":1990.01585976627,"d":"1990"},{"v":1991.01752921535,"d":"1991"},{"v":1992.01919866444,"d":"1992"},{"v":1993.02086811352,"d":"1993"},{"v":1994.0225375626,"d":"1994"},{"v":1995.04924874791,"d":"1995"},{"v":1996.02587646076,"d":"1996"},{"v":1997.02754590984,"d":"1997"},{"v":1998.05425709515,"d":"1998"},{"v":1999.03088480801,"d":"1999"},{"v":2000.00751252086,"d":"2000"},{"v":2001.00918196995,"d":"2001"},{"v":2002.01085141903,"d":"2002"},{"v":2003.03756260434,"d":"2003"},{"v":2004.01419031719,"d":"2004"},{"v":2005.01585976627,"d":"2005"},{"v":2006.01752921535,"d":"2006"},{"v":2007.04424040066,"d":"2007"},{"v":2008.04590984974,"d":"2008"},{"v":2009.04757929883,"d":"2009"},{"v":2010.02420701168,"d":"2010"},{"v":2011.02587646076,"d":"2011"}]
["AGE THRESHOLDS",{"$nulls":4},{"$f":"1+F12","v":13}]
["FIRST R01","D",{"$nulls":3},14,{"$f":"D14+E14","v":0},{"$nulls":17},{"$f":"OFFSET(INDIRECT($D$3&1),$G12-1+Z10-16,4)","v":{"v":36.0901408450704,"d":"36.1"}},{"v":36.1887323943661,"d":"36.2"},{"v":36.2873239436619,"d":"36.3"},{"v":36.5042253521126,"d":"36.5"},{"v":36.9183098591549,"d":"36.9"},{"v":36.9971830985915,"d":"37.0"},{"$f":"OFFSET(INDIRECT($D$3&1),$G12-1+AF10-16,4)","v":{"v":37.5295774647887,"d":"37.5"}},{"$f":"OFFSET(INDIRECT($D$3&1),$G12-1+AG10-16,4)","v":{"v":37.9830985915492,"d":"38.0"}},{"$f":"OFFSET(INDIRECT($D$3&1),$G12-1+AH10-16,4)","v":{"v":38.1802816901408,"d":"38.2"}},{"$f":"OFFSET(INDIRECT($D$3&1),$G12-1+AI10-16,4)","v":{"v":38.7718309859154,"d":"38.8"}},{"$f":"OFFSET(INDIRECT($D$3&1),$G12-1+AJ10-16,4)","v":{"v":38.969014084507,"d":"39.0"}},{"v":39.1859154929577,"d":"39.2"},{"$f":"OFFSET(INDIRECT($D$3&1),$G12-1+AL10-16,4)","v":{"v":39.1859154929577,"d":"39.2"}},{"$f":"OFFSET(INDIRECT($D$3&1),$G12-1+AM10-16,4)","v":{"v":39.8760563380281,"d":"39.9"}},{"$f":"OFFSET(INDIRECT($D$3&1),$G12-1+AN10-16,4)","v":{"v":39.994366197183,"d":"40.0"}},{"$f":"OFFSET(INDIRECT($D$3&1),$G12-1+AO10-16,4)","v":{"v":40.0732394366197,"d":"40.1"}},{"$f":"OFFSET(INDIRECT($D$3&1),$G12-1+AP10-16,4)","v":{"v":40.0929577464788,"d":"40.1"}},{"v":40.2901408450704,"d":"40.3"},{"$f":"OFFSET(INDIRECT($D$3&1),$G12-1+AR10-16,4)","v":{"v":40.369014084507,"d":"40.4"}},{"$f":"OFFSET(INDIRECT($D$3&1),$G12-1+AS10-16,4)","v":{"v":41.1774647887323,"d":"41.2"}},{"$f":"OFFSET(INDIRECT($D$3&1),$G12-1+AT10-16,4)","v":{"v":42.1830985915492,"d":"42.2"}},{"$f":"OFFSET(INDIRECT($D$3&1),$G12-1+AU10-16,4)","v":{"v":42.0845070422535,"d":"42.1"}},{"$f":"OFFSET(INDIRECT($D$3&1),$G12-1+AV10-16,4)","v":{"v":42.1830985915492,"d":"42.2"}},{"v":42.4788732394366,"d":"42.5"},{"$f":"OFFSET(INDIRECT($D$3&1),$G12-1+AX10-16,4)","v":{"v":42.0845070422535,"d":"42.1"}},{"$f":"OFFSET(INDIRECT($D$3&1),$G12-1+AY10-16,4)","v":{"v":42.4788732394366,"d":"42.5"}},{"$f":"OFFSET(INDIRECT($D$3&1),$G12-1+AZ10-16,4)","v":{"v":42.281690140845,"d":"42.3"}},{"$f":"OFFSET(INDIRECT($D$3&1),$G12-1+BA10-16,4)","v":{"v":43.2873239436619,"d":"43.3"}},{"$f":"OFFSET(INDIRECT($D$3&1),$G12-1+BB10-16,4)","v":{"v":43.5830985915492,"d":"43.6"}},{"v":43.681690140845,"d":"43.7"},{"$f":"OFFSET(INDIRECT($D$3&1),$G12-1+BD10-16,4)","v":{"v":44.2140845070422,"d":"44.2"}},{"$f":"OFFSET(INDIRECT($D$3&1),$G12-1+BE10-16,4)","v":{"v":44.2732394366197,"d":"44.3"}}]
["5% Youngest","B","R01",{"$f":"VLOOKUP($C15,'id2'!$A$9:$B$132,2,0)-1","v":2800},77,15,{"$f":"D15+E15","v":2877},{"$f":"OFFSET(INDIRECT($B$3&1),$G15-1,H$10)","v":2877},"R01","med_0.05",0,{"v":0,"d":"0.0"},{"v":0,"d":"0.0"},{"v":0,"d":"0.0"},{"v":0,"d":"0.0"},{"v":0,"d":"0.0"},{"v":0,"d":"0.0"},{"$f":"OFFSET(INDIRECT($B$3&1),$G15-1,R$10)","v":{"v":0,"d":"0.0"}},{"v":0,"d":"0.0"},{"v":0,"d":"0.0"},{"v":0,"d":"0.0"},{"v":0,"d":"0.0"},{"v":0,"d":"0.0"},{"v":0,"d":"0.0"},31.4,31.4,31.5,{"$f":"OFFSET(INDIRECT($B$3&1),$G15-1,AB$10)","v":31.7},31.9,32.1,32.4,32.8,33.1,33.5,{"v":34,"d":"34.0"},34.3,34.4,{"$f":"OFFSET(INDIRECT($B$3&1),$G15-1,AL$10)","v":34.7},34.9,35.1,35.2,35.2,35.3,35.5,35.9,36.2,36.4,{"$f":"OFFSET(INDIRECT($B$3&1),$G15-1,AV$10)","v":36.5},36.6,36.8,36.9,{"v":37,"d":"37.0"},37.1,{"v":37,"d":"37.0"},{"v":37,"d":"37.0"},{"v":37,"d":"37.0"},37.2,37.3,37.5]
["Median R01","B","R01",{"$f":"VLOOKUP($C16,'id2'!$A$9:$B$132,2,0)-1","v":2800},80,16,{"$f":"D16+E16","v":2880},2880,"R01","med_0.50",0,0,0,0,0,0,0,0,0,0,0,0,0,0,40,40.2,40.4,40.7,41.1,41.5,41.8,42.2,42.6,43,43.4,43.7,44.1,44.6,45.1,45.2,45.6,45.9,46.2,46.5,47.1,47.6,48.1,48.5,48.8,49,49.4,49.6,49.7,49.9,50,49.9,50.1,50.3,50.5]
["5% Oldest","B","R01",{"$f":"VLOOKUP($C17,'id2'!$A$9:$B$132,2,0)-1","v":2800},83,17,2883,2883,"R01","med_0.95",0,0,0,0,0,0,0,0,0,0,0,0,0,0,57,57.3,57.6,58.2,58.7,59.1,59.5,60,60.5,60.9,61.3,61.6,62,62.4,62.8,62.7,62.8,62.7,63,63,63.4,63.8,64.2,64.7,64.8,65,65.6,65.9,66,66.5,67,67.1,67.5,67.8,68.3]
["5% Youngest","B","PI_B",{"$f":"VLOOKUP($C18,'id2'!$A$9:$B$132,2,0)-1","v":1600},77,18,1677,1677,"PI_B","med_0.05",29.6,29.4,29.3,29.3,29.3,29.2,29.3,29.6,30,30.2,30.4,30.5,30.6,30.9,31.2,31.3,31.6,31.9,32.1,32.3,32.6,32.8,33.1,33.2,33.5,33.6,33.8,34.1,34.3,34.5,34.7,34.9,35,35.1,35.2,35.1,35,34.9,34.9,35.1,35.2,35.3,35.2,35.3,35.3,35.4,35.5,35.7,36.1]
["Median R01","B","PI_B",{"$f":"VLOOKUP($C19,'id2'!$A$9:$B$132,2,0)-1","v":1600},80,19,1680,1680,"PI_B","med_0.50",40.6,40.8,40.9,41,41.2,41.3,41.3,41.3,41.2,41.2,41.3,41.3,41.6,41.8,42.1,42.4,42.8,43.1,43.6,43.9,44.3,44.7,45.3,45.6,46.1,46.5,46.6,46.8,47.1,47.4,47.9,48.3,48.7,49,49.2,49.4,49.7,49.9,50,50.2,50.4,50.5,50.6,50.9,51.1,51.3,51.6,51.8,52.4]
["5% Oldest","B","PI_B",{"$f":"VLOOKUP($C20,'id2'!$A$9:$B$132,2,0)-1","v":1600},83,20,1683,1683,"PI_B","med_0.95",58.4,59.1,59.7,60.2,60.6,60.9,61.1,61,60.8,60.9,61,61,61.4,61.6,61.9,62.3,62.6,62.9,63.2,63.6,63.9,64.4,64.7,64.9,65.3,65.6,65.5,65.8,66.2,66.4,66.8,67.1,67.3,67.6,67.8,67.8,68.1,68.4,68.5,68.5,68.6,68.7,68.5,68.8,69,69.3,69.8,70.3,70.9]
["5% Youngest","B","PI_C",{"$f":"VLOOKUP($C21,'id2'!$A$9:$B$132,2,0)-1","v":2000},77,21,2077,2077,"PI_C","med_0.05",31.2,31.2,31.2,31.1,31.1,31.1,31,30.9,30.9,31,30.9,30.7,30.8,31,31.1,31.1,31.2,31.4,31.5,31.7,31.8,31.9,32.1,32.2,32.4,32.5,32.6,32.7,32.8,33,33.2,33.3,33.5,33.5,33.6,33.6,33.6,33.6,33.6,33.6,33.5,33.4,33.3,33.3,33.3,33.3,33.4,33.5,34]
["Median R01","B","PI_C",{"$f":"VLOOKUP($C22,'id2'!$A$9:$B$132,2,0)-1","v":2000},80,22,2080,2080,"PI_C","med_0.50",40.1,40.3,40.4,40.6,40.8,41,41.2,41.4,41.4,41.2,41.2,41.2,41.4,41.4,41.5,41.5,41.7,41.9,42,42.3,42.5,42.7,42.8,42.8,43.1,43.3,43.4,43.6,43.8,44.1,44.5,44.9,45.3,45.7,46.1,46.4,46.7,47,47.3,47.5,47.6,47.7,47.7,47.8,47.8,47.9,48,48.1,48.6]
["5% Oldest","B","PI_C",{"$f":"VLOOKUP($C23,'id2'!$A$9:$B$132,2,0)-1","v":2000},83,23,2083,{"$f":"OFFSET(INDIRECT($B$3&1),$G23-1,H$10)","v":2083},"PI_C","med_0.95",56.7,57.3,57.7,58.2,58.6,59,59.1,{"$f":"OFFSET(INDIRECT($B$3&1),$G23-1,R$10)","v":59.4},59.5,59.7,60,60.1,60.6,60.9,61.1,61.3,61.6,{"$f":"OFFSET(INDIRECT($B$3&1),$G23-1,AB$10)","v":61.9},62.4,62.8,63.1,63.4,63.7,63.9,64.1,64.2,64.1,{"$f":"OFFSET(INDIRECT($B$3&1),$G23-1,AL$10)","v":64.3},64.5,64.6,64.9,65.2,65.4,65.5,65.8,65.9,66.2,{"$f":"OFFSET(INDIRECT($B$3&1),$G23-1,AV$10)","v":66.5},66.8,67,67.1,66.7,66.8,67,67.3,67.7,68,68.3,68.8]
[{"$nulls":5},24]
[{"$nulls":5},25]
[{"$nulls":5},26]
["MONEY",{"$nulls":4},27]
["Congressional Appropriation Nominal ($B)","F","Scale=",1000,16,28,153,{"$nulls":3},{"$f":"OFFSET(INDIRECT($F$3&1),$G28+H$10,$E28)/$D$28","v":{"v":1100.519,"d":"1101"}},{"$f":"OFFSET(INDIRECT($F$3&1),$G28+I$10,$E28)/$D$28","v":{"v":1014.254,"d":"1014"}},{"v":1076.461,"d":"1076"},{"v":1109.757,"d":"1110"},{"v":1061.007,"d":"1061"},{"v":1212.847,"d":"1213"},{"v":1506.156,"d":"1506"},{"v":1762.565,"d":"1763"},{"v":1790.425,"d":"1790"},{"v":2092.897,"d":"2093"},{"v":2302.126,"d":"2302"},{"v":2543.538,"d":"2544"},{"v":2842.936,"d":"2843"},{"v":3189.976,"d":"3190"},{"v":3428.935,"d":"3429"},{"v":3569.406,"d":"3569"},{"v":3641.875,"d":"3642"},{"v":4023.969,"d":"4024"},{"v":4493.588,"d":"4494"},{"v":5149.459,"d":"5149"},{"v":5262.211,"d":"5262"},{"v":6182.91,"d":"6183"},{"v":6666.693,"d":"6667"},{"v":7144.765,"d":"7145"},{"v":7576.352,"d":"7576"},{"v":8274.739,"d":"8275"},{"v":8921.687,"d":"8922"},{"v":10335.996,"d":"10336"},{"v":10955.783,"d":"10956"},{"v":11299.522,"d":"11300"},{"v":11927.562,"d":"11928"},{"v":12740.843,"d":"12741"},{"v":13674.843,"d":"13675"},{"v":15629.156,"d":"15629"},{"v":17840.587,"d":"17841"},{"v":20458.556,"d":"20459"},{"v":23321.382,"d":"23321"},{"v":27166.715,"d":"27167"},{"v":28036.627,"d":"28037"},{"v":28594.357,"d":"28594"},{"v":28560.417,"d":"28560"},{"v":29178.504,"d":"29179"},{"v":29607.07,"d":"29607"},{"v":30545.098,"d":"30545"},31238,{"v":30916.345,"d":"30916"},{"v":30860.913,"d":"30861"},{"v":29315.822,"d":"29316"},{"v":30142.653,"d":"30143"}]
["Year check","F",null,null,1,29,153,{"$nulls":3},{"$f":"OFFSET(INDIRECT($F$3&1),$G29+H$10,$E29)","v":1966},{"$f":"OFFSET(INDIRECT($F$3&1),$G29+I$10,$E29)","v":1967},1968,1969,1970,1971,1972,1973,1974,1975,1976,1977,1978,1979,1980,1981,1982,1983,1984,1985,1986,1987,1988,1989,1990,1991,1992,1993,1994,1995,1996,1997,1998,1999,2000,2001,2002,2003,2004,2005,2006,2007,2008,2009,2010,2011,2012,2013,2014]
["BRDPI Index (2014==1)","K",null,null,3,30,56,{"$nulls":3},{"$f":"OFFSET(INDIRECT($K$3&1),$G30+H$10,$E30)","v":{"v":9.990226242168418,"d":"9.99"}},{"$f":"OFFSET(INDIRECT($K$3&1),$G30+I$10,$E30)","v":{"v":9.570268735997095,"d":"9.57"}},{"v":9.136696362562414,"d":"9.14"},{"v":8.672057768825175,"d":"8.67"},{"v":8.160899892207444,"d":"8.16"},{"v":7.7133758673815285,"d":"7.71"},{"v":7.347660990954361,"d":"7.35"},{"v":7.012827916263367,"d":"7.01"},{"v":6.593042277448381,"d":"6.59"},{"$f":"OFFSET(INDIRECT($K$3&1),$G30+Q$10,$E30)","v":{"v":5.9564113576030495,"d":"5.96"}},{"$f":"OFFSET(INDIRECT($K$3&1),$G30+R$10,$E30)","v":{"v":5.543020860520408,"d":"5.54"}},{"$f":"OFFSET(INDIRECT($K$3&1),$G30+S$10,$E30)","v":{"v":5.133882391796653,"d":"5.13"}},{"$f":"OFFSET(INDIRECT($K$3&1),$G30+T$10,$E30)","v":{"v":4.77995565115007,"d":"4.78"}},{"$f":"OFFSET(INDIRECT($K$3&1),$G30+U$10,$E30)","v":{"v":4.413283451839665,"d":"4.41"}},{"$f":"OFFSET(INDIRECT($K$3&1),$G30+V$10,$E30)","v":{"v":4.01938383591955,"d":"4.02"}},{"$f":"OFFSET(INDIRECT($K$3&1),$G30+W$10,$E30)","v":{"v":3.640746228187998,"d":"3.64"}},{"v":3.352436674206259,"d":"3.35"},{"$f":"OFFSET(INDIRECT($K$3&1),$G30+Y$10,$E30)","v":{"v":3.1567200322092837,"d":"3.16"}},{"$f":"OFFSET(INDIRECT($K$3&1),$G30+Z$10,$E30)","v":{"v":2.980849888771751,"d":"2.98"}},{"$f":"OFFSET(INDIRECT($K$3&1),$G30+AA$10,$E30)","v":{"v":2.8227745158823403,"d":"2.82"}},{"$f":"OFFSET(INDIRECT($K$3&1),$G30+AB$10,$E30)","v":{"v":2.7090353895439026,"d":"2.71"}},{"$f":"OFFSET(INDIRECT($K$3&1),$G30+AC$10,$E30)","v":{"v":2.5719621839998097,"d":"2.57"}},{"$f":"OFFSET(INDIRECT($K$3&1),$G30+AD$10,$E30)","v":{"v":2.449179468181789,"d":"2.45"}},{"$f":"OFFSET(INDIRECT($K$3&1),$G30+AE$10,$E30)","v":{"v":2.328203232704013,"d":"2.33"}},{"v":2.2083142262114572,"d":"2.21"},{"$f":"OFFSET(INDIRECT($K$3&1),$G30+AG$10,$E30)","v":{"v":2.106654019130295,"d":"2.11"}},{"$f":"OFFSET(INDIRECT($K$3&1),$G30+AH$10,$E30)","v":{"v":2.017656732084841,"d":"2.02"}},{"$f":"OFFSET(INDIRECT($K$3&1),$G30+AI$10,$E30)","v":{"v":1.9509933536567576,"d":"1.95"}},{"$f":"OFFSET(INDIRECT($K$3&1),$G30+AJ$10,$E30)","v":{"v":1.8782849434941014,"d":"1.88"}},{"$f":"OFFSET(INDIRECT($K$3&1),$G30+AK$10,$E30)","v":{"v":1.8154010492856152,"d":"1.82"}},{"$f":"OFFSET(INDIRECT($K$3&1),$G30+AL$10,$E30)","v":{"v":1.77010620097874,"d":"1.77"}},{"$f":"OFFSET(INDIRECT($K$3&1),$G30+AM$10,$E30)","v":{"v":1.7221991911168801,"d":"1.72"}},{"v":1.6657218326048506,"d":"1.67"},{"$f":"OFFSET(INDIRECT($K$3&1),$G30+AO$10,$E30)","v":{"v":1.6146017271194055,"d":"1.61"}},{"$f":"OFFSET(INDIRECT($K$3&1),$G30+AP$10,$E30)","v":{"v":1.5565948877292457,"d":"1.56"}},{"$f":"OFFSET(INDIRECT($K$3&1),$G30+AQ$10,$E30)","v":{"v":1.5065079262328664,"d":"1.51"}},{"$f":"OFFSET(INDIRECT($K$3&1),$G30+AR$10,$E30)","v":{"v":1.45820891017215,"d":"1.46"}},{"$f":"OFFSET(INDIRECT($K$3&1),$G30+AS$10,$E30)","v":{"v":1.4086921760216948,"d":"1.41"}},{"$f":"OFFSET(INDIRECT($K$3&1),$G30+AT$10,$E30)","v":{"v":1.3580946910250078,"d":"1.36"}},{"$f":"OFFSET(INDIRECT($K$3&1),$G30+AU$10,$E30)","v":{"v":1.3072373099932542,"d":"1.31"}},{"v":1.2493971103128676,"d":"1.25"},{"$f":"OFFSET(INDIRECT($K$3&1),$G30+AW$10,$E30)","v":{"v":1.2037267391822162,"d":"1.20"}},{"$f":"OFFSET(INDIRECT($K$3&1),$G30+AX$10,$E30)","v":{"v":1.1499008427780466,"d":"1.15"}},{"$f":"OFFSET(INDIRECT($K$3&1),$G30+AY$10,$E30)","v":{"v":1.117194444910883,"d":"1.12"}},{"$f":"OFFSET(INDIRECT($K$3&1),$G30+AZ$10,$E30)","v":{"v":1.0842232168853982,"d":"1.08"}},{"$f":"OFFSET(INDIRECT($K$3&1),$G30+BA$10,$E30)","v":{"v":1.05406637781608,"d":"1.05"}},{"$f":"OFFSET(INDIRECT($K$3&1),$G30+BB$10,$E30)","v":{"v":1.040734568,"d":"1.04"}},{"$f":"OFFSET(INDIRECT($K$3&1),$G30+BC$10,$E30)","v":{"v":1.0216,"d":"1.02"}},{"v":1,"d":"1.00"}]
["Congressional Appropriation BRDPI ($B)",null,"=K28*K30",null,null,31,{"$nulls":4},{"$f":"K28*K30","v":{"v":10994.433793804947,"d":"10994"}},{"$f":"L28*L30","v":{"v":9706.683346559998,"d":"9707"}},{"v":9835.2973031403,"d":"9835"},{"v":9623.87681335812,"d":"9624"},{"v":8658.771911931344,"d":"8659"},{"v":9355.144780626084,"d":"9355"},{"v":11066.723687491856,"d":"11067"},{"v":12360.565036228742,"d":"12361"},{"v":11804.347719600517,"d":"11804"},{"v":12466.155461093349,"d":"12466"},{"v":12760.732441546406,"d":"12761"},{"v":13058.224951065675,"d":"13058"},{"v":13589.107999057976,"d":"13589"},{"v":14078.268292565688,"d":"14078"},{"v":13782.205913418802,"d":"13782"},{"v":12995.301431371608,"d":"12995"},{"v":12209.155312874918,"d":"12209"},{"v":12702.54355128916,"d":"12703"},{"v":13394.711289986073,"d":"13395"},{"v":14535.76163578096,"d":"14536"},{"v":14255.51582624721,"d":"14256"},{"v":15902.210707074262,"d":"15902"},{"v":16327.927616271256,"d":"16328"},{"v":16634.46496991049,"d":"16634"},{"v":16730.965904385626,"d":"16731"},{"v":17432.012171604198,"d":"17432"},{"v":18000.901837103807,"d":"18001"},{"v":20165.459499422832,"d":"20165"},{"v":20578.082253088636,"d":"20578"},{"v":20513.164095225893,"d":"20513"},{"v":21113.051458758382,"d":"21113"},{"v":21942.269508747166,"d":"21942"},{"v":22778.484542543614,"d":"22778"},{"v":25234.86227101862,"d":"25235"},{"v":27770.56651828884,"d":"27771"},{"v":30820.97677327897,"d":"30821"},{"v":34007.4470299284,"d":"34007"},{"v":38269.53886871122,"d":"38270"},{"v":38076.39428294839,"d":"38076"},{"v":37379.61032566678,"d":"37380"},{"v":35683.3024691305,"d":"35683"},{"v":35122.94547413525,"d":"35123"},{"v":34045.19474518862,"d":"34045"},{"v":34124.813804858524,"d":"34125"},{"v":33868.96484906607,"d":"33869"},{"v":32587.879789462273,"d":"32588"},{"v":32118.018959140583,"d":"32118"},{"v":29949.0437552,"d":"29949"},{"v":30142.653,"d":"30143"}]
["Congressional Appropriation Nominal Fit","O",null,null,7,32,7,{"$nulls":3},{"$f":"OFFSET(INDIRECT($O$3&1),$G32+H$10,$E32)","v":{"v":9502.24050695013,"d":"9502"}},{"$f":"OFFSET(INDIRECT($O$3&1),$G32+I$10,$E32)","v":{"v":9744.437536818708,"d":"9744"}},{"v":9992.807784596731,"d":"9993"},{"v":10247.508595811385,"d":"10248"},{"v":10508.701326477687,"d":"10509"},{"$f":"OFFSET(INDIRECT($O$3&1),$G32+M$10,$E32)","v":{"v":10776.551445319395,"d":"10777"}},{"$f":"OFFSET(INDIRECT($O$3&1),$G32+N$10,$E32)","v":{"v":11051.228638595367,"d":"11051"}},{"$f":"OFFSET(INDIRECT($O$3&1),$G32+O$10,$E32)","v":{"v":11332.906917597953,"d":"11333"}},{"$f":"OFFSET(INDIRECT($O$3&1),$G32+P$10,$E32)","v":{"v":11621.764728891185,"d":"11622"}},{"$f":"OFFSET(INDIRECT($O$3&1),$G32+Q$10,$E32)","v":{"v":11917.985067358737,"d":"11918"}},{"$f":"OFFSET(INDIRECT($O$3&1),$G32+R$10,$E32)","v":{"v":12221.755592133513,"d":"12222"}},{"$f":"OFFSET(INDIRECT($O$3&1),$G32+S$10,$E32)","v":{"v":12533.268745481884,"d":"12533"}},{"$f":"OFFSET(INDIRECT($O$3&1),$G32+T$10,$E32)","v":{"v":12852.721874718105,"d":"12853"}},{"$f":"OFFSET(INDIRECT($O$3&1),$G32+U$10,$E32)","v":{"v":13180.317357226344,"d":"13180"}},{"$f":"OFFSET(INDIRECT($O$3&1),$G32+V$10,$E32)","v":{"v":13516.262728669097,"d":"13516"}},{"$f":"OFFSET(INDIRECT($O$3&1),$G32+W$10,$E32)","v":{"v":13860.770814463458,"d":"13861"}},{"$f":"OFFSET(INDIRECT($O$3&1),$G32+X$10,$E32)","v":{"v":14214.05986460871,"d":"14214"}},{"$f":"OFFSET(INDIRECT($O$3&1),$G32+Y$10,$E32)","v":{"v":14576.353691950237,"d":"14576"}},{"$f":"OFFSET(INDIRECT($O$3&1),$G32+Z$10,$E32)","v":{"v":14947.881813967573,"d":"14948"}},{"$f":"OFFSET(INDIRECT($O$3&1),$G32+AA$10,$E32)","v":{"v":15328.879598176625,"d":"15329"}},{"$f":"OFFSET(INDIRECT($O$3&1),$G32+AB$10,$E32)","v":{"v":15719.588411237737,"d":"15720"}},{"$f":"OFFSET(INDIRECT($O$3&1),$G32+AC$10,$E32)","v":{"v":16120.25577186428,"d":"16120"}},{"$f":"OFFSET(INDIRECT($O$3&1),$G32+AD$10,$E32)","v":{"v":16531.135507628882,"d":"16531"}},{"$f":"OFFSET(INDIRECT($O$3&1),$G32+AE$10,$E32)","v":{"v":16952.487915766156,"d":"16952"}},{"$f":"OFFSET(INDIRECT($O$3&1),$G32+AF$10,$E32)","v":{"v":17384.57992807404,"d":"17385"}},{"$f":"OFFSET(INDIRECT($O$3&1),$G32+AG$10,$E32)","v":{"v":17827.685280018435,"d":"17828"}},{"$f":"OFFSET(INDIRECT($O$3&1),$G32+AH$10,$E32)","v":{"v":18282.084684147856,"d":"18282"}},{"$f":"OFFSET(INDIRECT($O$3&1),$G32+AI$10,$E32)","v":{"v":18748.066007928057,"d":"18748"}},{"$f":"OFFSET(INDIRECT($O$3&1),$G32+AJ$10,$E32)","v":{"v":19225.924456109733,"d":"19226"}},{"$f":"OFFSET(INDIRECT($O$3&1),$G32+AK$10,$E32)","v":{"v":19715.962757744168,"d":"19716"}},{"$f":"OFFSET(INDIRECT($O$3&1),$G32+AL$10,$E32)","v":{"v":20218.491357965613,"d":"20218"}},{"$f":"OFFSET(INDIRECT($O$3&1),$G32+AM$10,$E32)","v":{"v":20733.828614662194,"d":"20734"}},{"$f":"OFFSET(INDIRECT($O$3&1),$G32+AN$10,$E32)","v":{"v":21262.301000159357,"d":"21262"}},{"$f":"OFFSET(INDIRECT($O$3&1),$G32+AO$10,$E32)","v":{"v":21804.24330804388,"d":"21804"}},{"$f":"OFFSET(INDIRECT($O$3&1),$G32+AP$10,$E32)","v":{"v":22359.998865259833,"d":"22360"}},{"$f":"OFFSET(INDIRECT($O$3&1),$G32+AQ$10,$E32)","v":{"v":22929.919749610224,"d":"22930"}},{"$f":"OFFSET(INDIRECT($O$3&1),$G32+AR$10,$E32)","v":{"v":23514.367012802362,"d":"23514"}},{"$f":"OFFSET(INDIRECT($O$3&1),$G32+AS$10,$E32)","v":{"v":24113.710909178684,"d":"24114"}},{"$f":"OFFSET(INDIRECT($O$3&1),$G32+AT$10,$E32)","v":{"v":24728.331130277213,"d":"24728"}},{"$f":"OFFSET(INDIRECT($O$3&1),$G32+AU$10,$E32)","v":{"v":25358.61704537053,"d":"25359"}},{"$f":"OFFSET(INDIRECT($O$3&1),$G32+AV$10,$E32)","v":{"v":26004.967948136175,"d":"26005"}},{"$f":"OFFSET(INDIRECT($O$3&1),$G32+AW$10,$E32)","v":{"v":26667.793309613808,"d":"26668"}},{"$f":"OFFSET(INDIRECT($O$3&1),$G32+AX$10,$E32)","v":{"v":27347.513037609904,"d":"27348"}},{"$f":"OFFSET(INDIRECT($O$3&1),$G32+AY$10,$E32)","v":{"v":28044.557742714645,"d":"28045"}},{"$f":"OFFSET(INDIRECT($O$3&1),$G32+AZ$10,$E32)","v":{"v":28759.36901109875,"d":"28759"}},{"$f":"OFFSET(INDIRECT($O$3&1),$G32+BA$10,$E32)","v":{"v":29492.399684263455,"d":"29492"}},{"$f":"OFFSET(INDIRECT($O$3&1),$G32+BB$10,$E32)","v":{"v":30244.11414592133,"d":"30244"}},{"$f":"OFFSET(INDIRECT($O$3&1),$G32+BC$10,$E32)","v":{"v":31014.988616188763,"d":"31015"}},{"$f":"OFFSET(INDIRECT($O$3&1),$G32+BD$10,$E32)","v":{"v":31805.511453276973,"d":"31806"}}]
["Congressional Appropriation BRDPI Fit","O",null,null,11,33,7,{"$nulls":3},{"$f":"OFFSET(INDIRECT($O$3&1),$G33+H$10,$E33)","v":{"v":1772.9718296480073,"d":"1773"}},{"v":1882.7705849242989,"d":"1883"},{"v":1999.3690910249545,"d":"1999"},{"v":2123.188451187047,"d":"2123"},{"v":2254.675847240947,"d":"2255"},{"v":2394.306154637158,"d":"2394"},{"v":2542.583657490499,"d":"2543"},{"v":2700.0438698356224,"d":"2700"},{"v":2867.25546967147,"d":"2867"},{"v":3044.8223527795753,"d":"3045"},{"v":3233.385813733715,"d":"3233"},{"v":3433.6268619778148,"d":"3434"},{"v":3646.268681336703,"d":"3646"},{"v":3872.0792418424417,"d":"3872"},{"v":4111.874073309034,"d":"4112"},{"v":4366.519210672449,"d":"4367"},{"v":4636.934321733205,"d":"4637"},{"v":4924.09602859761,"d":"4924"},{"v":5229.0414348132745,"d":"5229"},{"v":5552.871870937366,"d":"5553"},{"v":5896.7568720649415,"d":"5897"},{"v":6261.938401682477,"d":"6262"},{"v":6649.735337101377,"d":"6650"},{"v":7061.5482326708725,"d":"7062"},{"v":7498.864377972912,"d":"7499"},{"v":7963.263169267089,"d":"7963"},{"v":8456.421813584997,"d":"8456"},{"v":8980.121386074672,"d":"8980"},{"v":9536.25326247159,"d":"9536"},{"v":10126.825949927514,"d":"10127"},{"v":10753.97234086731,"d":"10754"},{"v":11419.957416071411,"d":"11420"},{"v":12127.186424804086,"d":"12127"},{"v":12878.213571530612,"d":"12878"},{"v":13675.751240596122,"d":"13676"},{"v":14522.679792181596,"d":"14523"},{"v":15422.057964915617,"d":"15422"},{"v":16377.13392271172,"d":"16377"},{"v":17391.356985727816,"d":"17391"},{"v":18468.39008781474,"d":"18468"},{"v":19612.12300544473,"d":"19612"},{"v":20826.68640589701,"d":"20827"},{"v":22116.466765436686,"d":"22116"},{"v":23486.12221136472,"d":"23486"},{"v":24940.59934515354,"d":"24941"},{"v":26485.15110742619,"d":"26485"},{"v":28125.355749299822,"d":"28125"},{"v":29867.136978609633,"d":"29867"},{"v":31716.78535377245,"d":"31717"}]
["Nominal R01 Funding All","Q",null,1,null,34,143,{"$nulls":17},{"$f":"OFFSET(INDIRECT($Q$3&1),$G34+H$10,$D34)/1000000","v":{"v":1410.821137,"d":"1411"}},{"v":1549.430049,"d":"1549"},{"v":1602.060859,"d":"1602"},{"v":1825.704692,"d":"1826"},{"v":2097.020817,"d":"2097"},{"v":2402.134399,"d":"2402"},{"v":2511.639022,"d":"2512"},{"v":2945.732346,"d":"2946"},{"v":3111.917863,"d":"3112"},{"v":3404.795615,"d":"3405"},{"v":3573.093333,"d":"3573"},{"v":3918.357332,"d":"3918"},{"v":4229.524765,"d":"4230"},{"v":4347.588955,"d":"4348"},{"v":4588.457749,"d":"4588"},{"v":4724.385793,"d":"4724"},{"v":5054.501021,"d":"5055"},{"v":5464.983261,"d":"5465"},{"v":5988.882342,"d":"5989"},{"v":6732.636654,"d":"6733"},{"v":7612.772551,"d":"7613"},{"v":8506.687383,"d":"8507"},{"v":9346.782007,"d":"9347"},{"v":10085.398637,"d":"10085"},{"v":10543.228988,"d":"10543"},{"v":10679.892144,"d":"10680"},{"v":10516.633303,"d":"10517"},{"v":10417.574715,"d":"10418"},{"v":10328.171494,"d":"10328"},{"v":10616.187548,"d":"10616"},{"v":10992.527778,"d":"10993"},{"v":10858.036442,"d":"10858"},{"v":10892.093715,"d":"10892"},{"v":10072.910216,"d":"10073"},{"v":10238.249885,"d":"10238"}]
["BRDPI$ R01 Funding All","Q","=*Y$30",1,null,35,143,{"$nulls":17},{"$f":"Y$30*OFFSET(INDIRECT($Q$3&1),$G35+H$10,$D35)/1000000","v":{"v":5670.631673431441,"d":"5671"}},{"v":5641.081606737895,"d":"5641"},{"v":5370.807578021982,"d":"5371"},{"v":5763.23857413488,"d":"5763"},{"v":6250.904269106496,"d":"6251"},{"v":6780.683765221542,"d":"6781"},{"v":6804.118996357436,"d":"6804"},{"v":7576.312198097043,"d":"7576"},{"v":7621.645336727749,"d":"7622"},{"v":7927.056157539449,"d":"7927"},{"$f":"AI$30*OFFSET(INDIRECT($Q$3&1),$G35+R$10,$D35)/1000000","v":{"v":7890.512838845212,"d":"7891"}},{"v":8254.62322184646,"d":"8255"},{"v":8533.729115621803,"d":"8534"},{"v":8482.117155636528,"d":"8482"},{"v":8618.431103805537,"d":"8618"},{"v":8576.654925842253,"d":"8577"},{"v":8947.003600125474,"d":"8947"},{"v":9411.78975156149,"d":"9412"},{"v":9975.812069971069,"d":"9976"},{"v":10870.526769615815,"d":"10871"},{"$f":"AS$30*OFFSET(INDIRECT($Q$3&1),$G35+AB$10,$D35)/1000000","v":{"v":11850.002834332128,"d":"11850"}},{"v":12815.39196847462,"d":"12815"},{"v":13629.560804044131,"d":"13630"},{"v":14207.222152001765,"d":"14207"},{"v":14318.703314863766,"d":"14319"},{"v":13961.15347734065,"d":"13961"},{"v":13139.451258988267,"d":"13139"},{"v":12539.913241874056,"d":"12540"},{"v":11876.373105306797,"d":"11876"},{"v":11860.345754757689,"d":"11860"},{"$f":"BC$30*OFFSET(INDIRECT($Q$3&1),$G35+AL$10,$D35)/1000000","v":{"v":11918.353829165259,"d":"11918"}},{"v":11445.091142613936,"d":"11445"},{"v":11335.778447096041,"d":"11336"},{"v":10290.4850766656,"d":"10290"},{"v":10238.249885,"d":"10238"}]
["BRDPI$ R01 Funding Under 46","Q","=*Y$30",6,null,36,143,{"$nulls":17},{"v":3420.2577776048383,"d":"3420"},{"v":3402.1950186737363,"d":"3402"},{"v":3236.8784930362535,"d":"3237"},{"v":3404.2812077753433,"d":"3404"},{"v":3599.7851809360545,"d":"3600"},{"v":3861.0343186210976,"d":"3861"},{"v":3800.5519876742906,"d":"3801"},{"v":4166.187668131536,"d":"4166"},{"v":3995.286737605367,"d":"3995"},{"v":4018.4108933730663,"d":"4018"},{"v":3848.076030212372,"d":"3848"},{"v":3942.178556959482,"d":"3942"},{"v":3905.381595200057,"d":"3905"},{"v":3668.9200108930727,"d":"3669"},{"v":3573.4073737755884,"d":"3573"},{"v":3452.066273639257,"d":"3452"},{"v":3461.2282196818305,"d":"3461"},{"v":3527.4850109831436,"d":"3527"},{"v":3554.5059541038586,"d":"3555"},{"v":3754.658237961025,"d":"3755"},{"v":3890.1521959991233,"d":"3890"},{"v":4148.121000033129,"d":"4148"},{"v":4216.21893637401,"d":"4216"},{"v":4238.635676484161,"d":"4239"},{"v":4102.208996409594,"d":"4102"},{"v":3845.417907056458,"d":"3845"},{"v":3488.4752099892507,"d":"3488"},{"v":3291.2599212378814,"d":"3291"},{"v":3084.720731896408,"d":"3085"},{"v":3047.9982258833743,"d":"3048"},{"v":3080.0300078462237,"d":"3080"},{"v":2980.727257493418,"d":"2981"},{"v":2946.9725238250685,"d":"2947"},{"v":2697.339926885138,"d":"2697"},{"v":2701.558171627124,"d":"2702"}]
["BRDPI$ R01 Funding 46 to 55","Q","=*Y$30",7,null,37,143,{"$nulls":17},{"v":1675.8938317841116,"d":"1676"},{"v":1607.161062491723,"d":"1607"},{"v":1508.5452227718813,"d":"1509"},{"v":1640.2048753503464,"d":"1640"},{"v":1825.111391829263,"d":"1825"},{"v":1971.5944198707136,"d":"1972"},{"v":2018.4618520902509,"d":"2018"},{"v":2259.6724756797703,"d":"2260"},{"v":2405.7662630428413,"d":"2406"},{"v":2637.7041270488,"d":"2638"},{"v":2734.847617694005,"d":"2735"},{"v":2942.514316857304,"d":"2943"},{"v":3196.1836734931544,"d":"3196"},{"v":3290.3399900316745,"d":"3290"},{"v":3429.2806101674737,"d":"3429"},{"v":3514.751889538195,"d":"3515"},{"v":3736.545941769561,"d":"3737"},{"v":4001.5002863839404,"d":"4002"},{"v":4235.822107085297,"d":"4236"},{"v":4639.304015913998,"d":"4639"},{"v":5129.212889320502,"d":"5129"},{"v":5450.818404994955,"d":"5451"},{"v":5854.936207446971,"d":"5855"},{"v":6039.157468833946,"d":"6039"},{"v":6075.191554079925,"d":"6075"},{"v":5878.75011893679,"d":"5879"},{"v":5493.019791051935,"d":"5493"},{"v":5117.308844277128,"d":"5117"},{"v":4756.86977254151,"d":"4757"},{"v":4643.524640835849,"d":"4644"},{"v":4553.164150445963,"d":"4553"},{"v":4255.484689280961,"d":"4255"},{"v":4170.539073248286,"d":"4171"},{"v":3696.9288963712893,"d":"3697"},{"v":3614.0058970812474,"d":"3614"}]
["BRDPI$ R01 Funding Over 55","Q","=*Y$30",8,null,38,143,{"$nulls":17},{"v":574.4800640424913,"d":"574"},{"v":631.7255255724356,"d":"632"},{"v":625.3838622138474,"d":"625"},{"v":718.7524910091898,"d":"719"},{"v":826.0076963411785,"d":"826"},{"v":948.05502672973,"d":"948"},{"v":985.1051565928948,"d":"985"},{"v":1150.4520542857372,"d":"1150"},{"v":1220.5923360795414,"d":"1221"},{"v":1270.941137117583,"d":"1271"},{"v":1307.589190938834,"d":"1308"},{"v":1369.9303480296726,"d":"1370"},{"v":1432.1638469285922,"d":"1432"},{"v":1522.8571547117817,"d":"1523"},{"v":1615.7431198624745,"d":"1616"},{"v":1609.8367626648014,"d":"1610"},{"v":1749.2294386740812,"d":"1749"},{"v":1882.804454194406,"d":"1883"},{"v":2185.4840087819143,"d":"2185"},{"v":2476.564515740792,"d":"2477"},{"v":2830.6377490125046,"d":"2831"},{"v":3216.4525634465367,"d":"3216"},{"v":3558.405660223149,"d":"3558"},{"v":3929.429006683656,"d":"3929"},{"v":4141.302764374246,"d":"4141"},{"v":4236.985451347397,"d":"4237"},{"v":4157.956257947082,"d":"4158"},{"v":4131.344478967248,"d":"4131"},{"v":4034.7826008688785,"d":"4035"},{"v":4168.822888038465,"d":"4169"},{"v":4285.159670873072,"d":"4285"},{"v":4208.879195839558,"d":"4209"},{"v":4218.2668500226855,"d":"4218"},{"v":3896.2162545157285,"d":"3896"},{"v":3922.6858173736905,"d":"3923"}]
["BRDPI$ R01 Funding >55","Q",null,8,null,39,143,{"$nulls":17},{"v":574.4800640424913,"d":"574"},{"v":631.7255255724356,"d":"632"},{"v":625.3838622138474,"d":"625"},{"v":718.7524910091898,"d":"719"},{"v":826.0076963411785,"d":"826"},{"v":948.05502672973,"d":"948"},{"v":985.1051565928948,"d":"985"},{"v":1150.4520542857372,"d":"1150"},{"v":1220.5923360795414,"d":"1221"},{"v":1270.941137117583,"d":"1271"},{"v":1307.589190938834,"d":"1308"},{"v":1369.9303480296726,"d":"1370"},{"v":1432.1638469285922,"d":"1432"},{"v":1522.8571547117817,"d":"1523"},{"v":1615.7431198624745,"d":"1616"},{"v":1609.8367626648014,"d":"1610"},{"v":1749.2294386740812,"d":"1749"},{"v":1882.804454194406,"d":"1883"},{"v":2185.4840087819143,"d":"2185"},{"v":2476.564515740792,"d":"2477"},{"v":2830.6377490125046,"d":"2831"},{"v":3216.4525634465367,"d":"3216"},{"v":3558.405660223149,"d":"3558"},{"v":3929.429006683656,"d":"3929"},{"v":4141.302764374246,"d":"4141"},{"v":4236.985451347397,"d":"4237"},{"v":4157.956257947082,"d":"4158"},{"v":4131.344478967248,"d":"4131"},{"v":4034.7826008688785,"d":"4035"},{"v":4168.822888038465,"d":"4169"},{"v":4285.159670873072,"d":"4285"},{"v":4208.879195839558,"d":"4209"},{"v":4218.2668500226855,"d":"4218"},{"v":3896.2162545157285,"d":"3896"},{"v":3922.6858173736905,"d":"3923"}]
["BRDPI$ R01 Funding <56",null,"=C35-C39",null,null,40,{"$nulls":18},{"$f":"Y35-Y39","v":{"v":5096.15160938895,"d":"5096"}},{"v":5009.356081165459,"d":"5009"},{"v":4745.423715808135,"d":"4745"},{"v":5044.48608312569,"d":"5044"},{"v":5424.896572765318,"d":"5425"},{"v":5832.628738491811,"d":"5833"},{"v":5819.013839764541,"d":"5819"},{"v":6425.8601438113055,"d":"6426"},{"v":6401.053000648208,"d":"6401"},{"v":6656.115020421866,"d":"6656"},{"v":6582.923647906378,"d":"6583"},{"v":6884.692873816786,"d":"6885"},{"v":7101.565268693212,"d":"7102"},{"v":6959.260000924746,"d":"6959"},{"v":7002.687983943062,"d":"7003"},{"v":6966.818163177451,"d":"6967"},{"v":7197.7741614513925,"d":"7198"},{"v":7528.985297367084,"d":"7529"},{"v":7790.328061189155,"d":"7790"},{"v":8393.962253875023,"d":"8394"},{"v":9019.365085319623,"d":"9019"},{"v":9598.939405028083,"d":"9599"},{"v":10071.155143820983,"d":"10071"},{"v":10277.793145318108,"d":"10278"},{"v":10177.40055048952,"d":"10177"},{"v":9724.168025993251,"d":"9724"},{"v":8981.495001041185,"d":"8981"},{"v":8408.568762906809,"d":"8409"},{"v":7841.590504437918,"d":"7842"},{"v":7691.522866719224,"d":"7692"},{"v":7633.194158292186,"d":"7633"},{"v":7236.211946774378,"d":"7236"},{"v":7117.511597073356,"d":"7118"},{"v":6394.268822149872,"d":"6394"},{"v":6315.564067626308,"d":"6316"}]
["BRDPI$ RPG Funding Under 46","Q","=*Y$30",6,null,41,280,{"$nulls":17},{"$f":"Y$30*OFFSET(INDIRECT($Q$3&1),$G41+H$10,$D41)/1000000","v":{"v":3646.409841676075,"d":"3646"}},{"v":3649.987857005138,"d":"3650"},{"v":3479.458854569741,"d":"3479"},{"v":3666.8088654091925,"d":"3667"},{"v":3896.7008518402945,"d":"3897"},{"v":4254.271068882211,"d":"4254"},{"v":4204.269913965092,"d":"4204"},{"v":4702.569508322493,"d":"4703"},{"v":4568.035630022072,"d":"4568"},{"v":4577.952030473425,"d":"4578"},{"$f":"AI$30*OFFSET(INDIRECT($Q$3&1),$G41+R$10,$D41)/1000000","v":{"v":4393.529509893572,"d":"4394"}},{"v":4541.083128231048,"d":"4541"},{"v":4545.523655670261,"d":"4546"},{"v":4214.4540574370585,"d":"4214"},{"v":4164.292752170551,"d":"4164"},{"v":4004.0048560426662,"d":"4004"},{"v":3950.725524298137,"d":"3951"},{"v":4027.8629706523348,"d":"4028"},{"v":3995.4511527796067,"d":"3995"},{"v":4232.002209377584,"d":"4232"},{"$f":"AS$30*OFFSET(INDIRECT($Q$3&1),$G41+AB$10,$D41)/1000000","v":{"v":4510.314497734083,"d":"4510"}},{"v":4861.021244026673,"d":"4861"},{"v":5049.62929918848,"d":"5050"},{"v":5154.529797288288,"d":"5155"},{"v":5098.3438603056165,"d":"5098"},{"v":4823.754672332961,"d":"4824"},{"v":4387.94984565431,"d":"4388"},{"v":4300.934327874088,"d":"4301"},{"v":4114.147530604481,"d":"4114"},{"v":4047.16805355667,"d":"4047"},{"$f":"BC$30*OFFSET(INDIRECT($Q$3&1),$G41+AL$10,$D41)/1000000","v":{"v":4120.971426386619,"d":"4121"}},{"v":4068.5168521173523,"d":"4069"},{"v":4054.198293785199,"d":"4054"},{"v":3724.327579287395,"d":"3724"},{"v":3836.91666661859,"d":"3837"}]
["BRDPI$ RPG Funding 46 to 55","Q","=*Y$30",7,null,42,280,{"$nulls":17},{"v":2348.3102710716157,"d":"2348"},{"v":2180.7360421723174,"d":"2181"},{"v":2048.7407264564495,"d":"2049"},{"v":2206.5177481125097,"d":"2207"},{"v":2377.9294533512557,"d":"2378"},{"v":2587.8006668355492,"d":"2588"},{"v":2657.596164071451,"d":"2658"},{"v":3005.99115827412,"d":"3006"},{"v":3330.1532971768434,"d":"3330"},{"v":3628.8613064796286,"d":"3629"},{"v":3756.8392318349574,"d":"3757"},{"v":3994.805349308823,"d":"3995"},{"v":4353.921084635329,"d":"4354"},{"v":4478.263490866163,"d":"4478"},{"v":4633.206663215212,"d":"4633"},{"v":4739.50408435095,"d":"4740"},{"v":5033.314195824219,"d":"5033"},{"v":5286.023226192252,"d":"5286"},{"v":5542.777569257708,"d":"5543"},{"v":6076.230798429846,"d":"6076"},{"v":6803.521433073104,"d":"6804"},{"v":7378.986130622444,"d":"7379"},{"v":8013.954396541053,"d":"8014"},{"v":8177.356033955149,"d":"8177"},{"v":8386.768375834406,"d":"8387"},{"v":8168.410830449183,"d":"8168"},{"v":7614.228247950585,"d":"7614"},{"v":7167.038343862884,"d":"7167"},{"v":6675.065728436766,"d":"6675"},{"v":6482.8658866582755,"d":"6483"},{"v":6249.342002054343,"d":"6249"},{"v":5817.7298507174355,"d":"5818"},{"v":5629.052998529669,"d":"5629"},{"v":5069.11431159981,"d":"5069"},{"v":5021.330394630046,"d":"5021"}]
["BRDPI$ RPG Funding Over 55","Q","=*Y$30",8,null,43,280,{"$nulls":17},{"v":996.7812964253274,"d":"997"},{"v":1106.9619213023627,"d":"1107"},{"v":1042.2879875116578,"d":"1042"},{"v":1158.302638742597,"d":"1158"},{"v":1316.928084923811,"d":"1317"},{"v":1486.1251693556176,"d":"1486"},{"v":1587.8979843757168,"d":"1588"},{"v":1865.2798940230336,"d":"1865"},{"v":1971.003888744531,"d":"1971"},{"v":2049.9883948039446,"d":"2050"},{"v":2092.069581919004,"d":"2092"},{"v":2177.890781764362,"d":"2178"},{"v":2259.6413922602574,"d":"2260"},{"v":2366.2817154787886,"d":"2366"},{"v":2435.4753609748795,"d":"2435"},{"v":2440.1190065551914,"d":"2440"},{"v":2606.3626418946856,"d":"2606"},{"v":2836.616128031422,"d":"2837"},{"v":3248.38889220401,"d":"3248"},{"v":3635.53062076267,"d":"3636"},{"v":4197.383453155053,"d":"4197"},{"v":4821.929541541336,"d":"4822"},{"v":5367.123178967057,"d":"5367"},{"v":6105.459583435976,"d":"6105"},{"v":6464.038131768968,"d":"6464"},{"v":6688.023774978777,"d":"6688"},{"v":6584.877426586796,"d":"6585"},{"v":6642.997659030274,"d":"6643"},{"v":6474.316397695626,"d":"6474"},{"v":6699.439481936013,"d":"6699"},{"v":6821.161889678305,"d":"6821"},{"v":6778.782516835525,"d":"6779"},{"v":6878.5780745755765,"d":"6879"},{"v":6443.516469205594,"d":"6444"},{"v":6760.835714668985,"d":"6761"}]
["BRDPI$ RPG Funding >55","Q",null,8,null,44,280,{"$nulls":17},{"v":996.7812964253274,"d":"997"},{"v":1106.9619213023627,"d":"1107"},{"v":1042.2879875116578,"d":"1042"},{"v":1158.302638742597,"d":"1158"},{"v":1316.928084923811,"d":"1317"},{"v":1486.1251693556176,"d":"1486"},{"v":1587.8979843757168,"d":"1588"},{"v":1865.2798940230336,"d":"1865"},{"v":1971.003888744531,"d":"1971"},{"v":2049.9883948039446,"d":"2050"},{"v":2092.069581919004,"d":"2092"},{"v":2177.890781764362,"d":"2178"},{"v":2259.6413922602574,"d":"2260"},{"v":2366.2817154787886,"d":"2366"},{"v":2435.4753609748795,"d":"2435"},{"v":2440.1190065551914,"d":"2440"},{"v":2606.3626418946856,"d":"2606"},{"v":2836.616128031422,"d":"2837"},{"v":3248.38889220401,"d":"3248"},{"v":3635.53062076267,"d":"3636"},{"v":4197.383453155053,"d":"4197"},{"v":4821.929541541336,"d":"4822"},{"v":5367.123178967057,"d":"5367"},{"v":6105.459583435976,"d":"6105"},{"v":6464.038131768968,"d":"6464"},{"v":6688.023774978777,"d":"6688"},{"v":6584.877426586796,"d":"6585"},{"v":6642.997659030274,"d":"6643"},{"v":6474.316397695626,"d":"6474"},{"v":6699.439481936013,"d":"6699"},{"v":6821.161889678305,"d":"6821"},{"v":6778.782516835525,"d":"6779"},{"v":6878.5780745755765,"d":"6879"},{"v":6443.516469205594,"d":"6444"},{"v":6760.835714668985,"d":"6761"}]
["BRDPI$ RPG Funding <56",null,"=C40-C44",null,null,45,{"$nulls":18},{"$f":"Y40-Y44","v":{"v":4099.370312963623,"d":"4099"}},{"v":3902.3941598630963,"d":"3902"},{"v":3703.1357282964773,"d":"3703"},{"v":3886.183444383093,"d":"3886"},{"v":4107.968487841506,"d":"4108"},{"v":4346.503569136194,"d":"4347"},{"v":4231.1158553888245,"d":"4231"},{"v":4560.580249788272,"d":"4561"},{"v":4430.049111903677,"d":"4430"},{"v":4606.126625617921,"d":"4606"},{"v":4490.854065987374,"d":"4491"},{"v":4706.802092052424,"d":"4707"},{"v":4841.923876432955,"d":"4842"},{"v":4592.978285445957,"d":"4593"},{"v":4567.212622968183,"d":"4567"},{"v":4526.6991566222605,"d":"4527"},{"v":4591.4115195567065,"d":"4591"},{"v":4692.369169335662,"d":"4692"},{"v":4541.939168985145,"d":"4542"},{"v":4758.431633112353,"d":"4758"},{"v":4821.98163216457,"d":"4822"},{"v":4777.009863486746,"d":"4777"},{"v":4704.031964853925,"d":"4704"},{"v":4172.333561882132,"d":"4172"},{"v":3713.3624187205514,"d":"3713"},{"v":3036.1442510144743,"d":"3036"},{"v":2396.617574454389,"d":"2397"},{"v":1765.5711038765348,"d":"1766"},{"v":1367.2741067422921,"d":"1367"},{"v":992.0833847832109,"d":"992"},{"v":812.0322686138816,"d":"812"},{"v":457.429429938853,"d":"457"},{"v":238.93352249777945,"d":"239"},{"v":-49.247647055722155,"d":"-49"},{"v":-445.2716470426767,"d":"-445"}]
["BRDPI$ non-R01 RPG Funding Under 46","Q","=*Y$30",6,null,46,{"$nulls":18},{"$f":"Y41-Y36","v":{"v":226.1520640712365,"d":"226"}},{"$f":"Z41-Z36","v":{"v":247.79283833140153,"d":"248"}},{"v":242.58036153348758,"d":"243"},{"v":262.52765763384923,"d":"263"},{"v":296.91567090423996,"d":"297"},{"v":393.23675026111323,"d":"393"},{"v":403.71792629080164,"d":"404"},{"v":536.3818401909566,"d":"536"},{"v":572.7488924167051,"d":"573"},{"v":559.5411371003588,"d":"560"},{"v":545.4534796812,"d":"545"},{"v":598.904571271566,"d":"599"},{"v":640.1420604702043,"d":"640"},{"v":545.5340465439858,"d":"546"},{"v":590.8853783949621,"d":"591"},{"v":551.9385824034093,"d":"552"},{"v":489.49730461630634,"d":"489"},{"v":500.3779596691911,"d":"500"},{"v":440.9451986757481,"d":"441"},{"v":477.34397141655927,"d":"477"},{"v":620.1623017349593,"d":"620"},{"v":712.9002439935439,"d":"713"},{"v":833.4103628144703,"d":"833"},{"v":915.8941208041269,"d":"916"},{"v":996.1348638960226,"d":"996"},{"v":978.3367652765028,"d":"978"},{"v":899.4746356650589,"d":"899"},{"v":1009.6744066362066,"d":"1010"},{"v":1029.4267987080734,"d":"1029"},{"v":999.1698276732959,"d":"999"},{"v":1040.9414185403953,"d":"1041"},{"v":1087.7895946239341,"d":"1088"},{"v":1107.2257699601305,"d":"1107"},{"v":1026.987652402257,"d":"1027"},{"v":1135.3584949914662,"d":"1135"}]
["BRDPI$ non-R01 RPG Funding 46 to 55","Q","=*Y$30",7,null,47,{"$nulls":18},{"$f":"Y42-Y37","v":{"v":672.4164392875041,"d":"672"}},{"v":573.5749796805944,"d":"574"},{"v":540.1955036845682,"d":"540"},{"v":566.3128727621634,"d":"566"},{"v":552.8180615219926,"d":"553"},{"v":616.2062469648356,"d":"616"},{"v":639.1343119812,"d":"639"},{"v":746.3186825943499,"d":"746"},{"v":924.3870341340021,"d":"924"},{"v":991.1571794308288,"d":"991"},{"v":1021.9916141409526,"d":"1022"},{"v":1052.2910324515192,"d":"1052"},{"v":1157.7374111421746,"d":"1158"},{"v":1187.9235008344886,"d":"1188"},{"v":1203.9260530477382,"d":"1204"},{"v":1224.7521948127546,"d":"1225"},{"v":1296.7682540546575,"d":"1297"},{"v":1284.5229398083115,"d":"1285"},{"v":1306.955462172411,"d":"1307"},{"v":1436.9267825158477,"d":"1437"},{"v":1674.3085437526024,"d":"1674"},{"v":1928.1677256274888,"d":"1928"},{"v":2159.018189094082,"d":"2159"},{"v":2138.1985651212026,"d":"2138"},{"v":2311.576821754482,"d":"2312"},{"v":2289.6607115123925,"d":"2290"},{"v":2121.20845689865,"d":"2121"},{"v":2049.7294995857565,"d":"2050"},{"v":1918.1959558952558,"d":"1918"},{"v":1839.3412458224266,"d":"1839"},{"v":1696.1778516083796,"d":"1696"},{"v":1562.2451614364745,"d":"1562"},{"v":1458.5139252813833,"d":"1459"},{"v":1372.185415228521,"d":"1372"},{"v":1407.3244975487983,"d":"1407"}]
["BRDPI$ non-R01 RPG Funding Over 55","Q","=*Y$30",8,null,48,{"$nulls":18},{"v":422.301232382836,"d":"422"},{"v":475.23639572992715,"d":"475"},{"v":416.9041252978104,"d":"417"},{"v":439.55014773340724,"d":"440"},{"v":490.9203885826324,"d":"491"},{"v":538.0701426258876,"d":"538"},{"v":602.792827782822,"d":"603"},{"v":714.8278397372965,"d":"715"},{"v":750.4115526649896,"d":"750"},{"v":779.0472576863617,"d":"779"},{"v":784.4803909801701,"d":"784"},{"v":807.9604337346896,"d":"808"},{"v":827.4775453316652,"d":"827"},{"v":843.4245607670068,"d":"843"},{"v":819.7322411124051,"d":"820"},{"v":830.28224389039,"d":"830"},{"v":857.1332032206044,"d":"857"},{"v":953.8116738370159,"d":"954"},{"v":1062.9048834220957,"d":"1063"},{"v":1158.9661050218779,"d":"1159"},{"v":1366.7457041425482,"d":"1367"},{"v":1605.4769780947995,"d":"1605"},{"v":1808.7175187439084,"d":"1809"},{"v":2176.03057675232,"d":"2176"},{"v":2322.735367394722,"d":"2323"},{"v":2451.038323631379,"d":"2451"},{"v":2426.921168639714,"d":"2427"},{"v":2511.6531800630264,"d":"2512"},{"v":2439.533796826747,"d":"2440"},{"v":2530.6165938975482,"d":"2531"},{"v":2536.0022188052326,"d":"2536"},{"v":2569.903320995967,"d":"2570"},{"v":2660.311224552891,"d":"2660"},{"v":2547.3002146898657,"d":"2547"},{"v":2838.1498972952945,"d":"2838"}]
["BRDPI$ non-R01 RPG Funding >55","Q",null,8,null,49,{"$nulls":18},{"v":422.301232382836,"d":"422"},{"$f":"Z44-Z39","v":{"v":475.23639572992715,"d":"475"}},{"v":416.9041252978104,"d":"417"},{"v":439.55014773340724,"d":"440"},{"v":490.9203885826324,"d":"491"},{"v":538.0701426258876,"d":"538"},{"v":602.792827782822,"d":"603"},{"v":714.8278397372965,"d":"715"},{"v":750.4115526649896,"d":"750"},{"v":779.0472576863617,"d":"779"},{"v":784.4803909801701,"d":"784"},{"v":807.9604337346896,"d":"808"},{"v":827.4775453316652,"d":"827"},{"v":843.4245607670068,"d":"843"},{"v":819.7322411124051,"d":"820"},{"v":830.28224389039,"d":"830"},{"v":857.1332032206044,"d":"857"},{"v":953.8116738370159,"d":"954"},{"v":1062.9048834220957,"d":"1063"},{"v":1158.9661050218779,"d":"1159"},{"v":1366.7457041425482,"d":"1367"},{"v":1605.4769780947995,"d":"1605"},{"v":1808.7175187439084,"d":"1809"},{"v":2176.03057675232,"d":"2176"},{"v":2322.735367394722,"d":"2323"},{"v":2451.038323631379,"d":"2451"},{"v":2426.921168639714,"d":"2427"},{"v":2511.6531800630264,"d":"2512"},{"v":2439.533796826747,"d":"2440"},{"v":2530.6165938975482,"d":"2531"},{"v":2536.0022188052326,"d":"2536"},{"v":2569.903320995967,"d":"2570"},{"v":2660.311224552891,"d":"2660"},{"v":2547.3002146898657,"d":"2547"},{"v":2838.1498972952945,"d":"2838"}]
["BRDPI$ non-R01 RPG Funding <56",null,"=C53-C49",null,null,50,{"$nulls":18},{"$f":"Y53-Y49","v":{"v":898.5685033587407,"d":"899"}},{"$f":"Z53-Z49","v":{"v":821.3678180119955,"d":"821"}},{"v":782.7758652180555,"d":"783"},{"v":828.8405303960136,"d":"829"},{"v":849.7337324262329,"d":"850"},{"v":1009.4429972259476,"d":"1009"},{"v":1042.8522382720016,"d":"1043"},{"v":1282.7005227853074,"d":"1283"},{"v":1497.1359265507078,"d":"1497"},{"v":1550.6983165311872,"d":"1551"},{"v":1567.445093822151,"d":"1567"},{"v":1651.195603723087,"d":"1651"},{"v":1797.8794716123793,"d":"1798"},{"v":1733.4575473784776,"d":"1733"},{"v":1794.8114314426994,"d":"1795"},{"v":1776.6907772161662,"d":"1777"},{"v":1786.2655586709645,"d":"1786"},{"v":1784.9008994775045,"d":"1785"},{"v":1747.9006608481595,"d":"1748"},{"v":1914.2707539324042,"d":"1914"},{"v":2294.4708454875613,"d":"2294"},{"v":2641.0679696210386,"d":"2641"},{"v":2992.4285519085493,"d":"2992"},{"v":3054.092685925329,"d":"3054"},{"v":3307.7116856505,"d":"3308"},{"v":3267.997476788889,"d":"3268"},{"v":3020.683091209621,"d":"3021"},{"v":3059.403906219307,"d":"3059"},{"v":2947.622754603331,"d":"2948"},{"v":2838.5110734957234,"d":"2839"},{"v":2737.1192689703958,"d":"2737"},{"v":2650.034756060413,"d":"2650"},{"v":2565.739694112218,"d":"2566"},{"v":2399.1730687373342,"d":"2399"},{"v":2542.682994704706,"d":"2543"}]
["BRDPI$ RPG  Funding All","Q","=*Y$30",1,null,51,280,{"$f":"SUM(Y41:Y43)","v":{"v":6991.501409173018,"d":"6992"}},{"$nulls":16},{"$f":"Y$30*OFFSET(INDIRECT($Q$3&1),$G51+H$10,$D51)/1000000","v":{"v":6991.501409173018,"d":"6992"}},{"$f":"Z$30*OFFSET(INDIRECT($Q$3&1),$G51+I$10,$D51)/1000000","v":{"v":6937.685820479817,"d":"6938"}},{"v":6570.487568537848,"d":"6570"},{"v":7031.629252264301,"d":"7032"},{"v":7591.558390115361,"d":"7592"},{"v":8328.196905073377,"d":"8328"},{"v":8449.76406241226,"d":"8450"},{"v":9573.840560619647,"d":"9574"},{"v":9869.192815943446,"d":"9869"},{"v":10256.801731756997,"d":"10257"},{"v":10242.438323647533,"d":"10242"},{"v":10713.779259304236,"d":"10714"},{"v":11159.086132565848,"d":"11159"},{"v":11058.999263782012,"d":"11059"},{"v":11232.974776360641,"d":"11233"},{"v":11183.627946948809,"d":"11184"},{"v":11590.402362017043,"d":"11590"},{"v":12150.50232487601,"d":"12151"},{"v":12786.617614241324,"d":"12787"},{"v":13943.763628570097,"d":"13944"},{"v":15511.219383962238,"d":"15511"},{"v":17061.936916190458,"d":"17062"},{"v":18430.70687469659,"d":"18431"},{"v":19437.345414679414,"d":"19437"},{"v":19949.150367908987,"d":"19949"},{"v":19680.189277760917,"d":"19680"},{"v":18587.055518837602,"d":"18587"},{"v":18110.97032815639,"d":"18111"},{"v":17263.529656736875,"d":"17264"},{"v":17229.47342215096,"d":"17229"},{"v":17191.475316940887,"d":"17191"},{"v":16665.029219670316,"d":"16665"},{"v":16561.82936576115,"d":"16562"},{"v":15236.9583600928,"d":"15237"},{"v":15619.082777,"d":"15619"}]
["BRDPI$ R01 Funding All","Q","=*Y$30",1,null,52,143,{"$f":"SUM(Y36:Y38)","v":{"v":5670.6316734314405,"d":"5671"}},{"$nulls":16},{"$f":"Y$30*OFFSET(INDIRECT($Q$3&1),$G52+H$10,$D52)/1000000","v":{"v":5670.631673431441,"d":"5671"}},{"v":5641.081606737895,"d":"5641"},{"v":5370.807578021982,"d":"5371"},{"v":5763.23857413488,"d":"5763"},{"v":6250.904269106496,"d":"6251"},{"v":6780.683765221542,"d":"6781"},{"v":6804.118996357436,"d":"6804"},{"v":7576.312198097043,"d":"7576"},{"v":7621.645336727749,"d":"7622"},{"v":7927.056157539449,"d":"7927"},{"v":7890.512838845212,"d":"7891"},{"v":8254.62322184646,"d":"8255"},{"v":8533.729115621803,"d":"8534"},{"v":8482.117155636528,"d":"8482"},{"v":8618.431103805537,"d":"8618"},{"v":8576.654925842253,"d":"8577"},{"v":8947.003600125474,"d":"8947"},{"v":9411.78975156149,"d":"9412"},{"v":9975.812069971069,"d":"9976"},{"v":10870.526769615815,"d":"10871"},{"v":11850.002834332128,"d":"11850"},{"v":12815.39196847462,"d":"12815"},{"v":13629.560804044131,"d":"13630"},{"v":14207.222152001765,"d":"14207"},{"v":14318.703314863766,"d":"14319"},{"v":13961.15347734065,"d":"13961"},{"v":13139.451258988267,"d":"13139"},{"v":12539.913241874056,"d":"12540"},{"v":11876.373105306797,"d":"11876"},{"v":11860.345754757689,"d":"11860"},{"v":11918.353829165259,"d":"11918"},{"v":11445.091142613936,"d":"11445"},{"v":11335.778447096041,"d":"11336"},{"v":10290.4850766656,"d":"10290"},{"v":10238.249885,"d":"10238"}]
["BRDPI$ non-R01 RPG  Funding All",null,"=C51-C52",null,{"$f":"BG53/Y53","v":4.073704428528704},53,null,{"$f":"SUM(Y46:Y48)","v":{"v":1320.8697357415767,"d":"1321"}},"non-R01 Funds increased 4-fold from 1321 to 5381",{"$nulls":15},{"$f":"Y51-Y52","v":{"v":1320.8697357415767,"d":"1321"}},{"$f":"Z51-Z52","v":{"v":1296.6042137419226,"d":"1297"}},{"v":1199.679990515866,"d":"1200"},{"v":1268.3906781294208,"d":"1268"},{"v":1340.6541210088653,"d":"1341"},{"v":1547.5131398518351,"d":"1548"},{"v":1645.6450660548235,"d":"1646"},{"v":1997.5283625226039,"d":"1998"},{"v":2247.5474792156974,"d":"2248"},{"v":2329.745574217549,"d":"2330"},{"v":2351.925484802321,"d":"2352"},{"v":2459.1560374577766,"d":"2459"},{"v":2625.3570169440445,"d":"2625"},{"v":2576.8821081454844,"d":"2577"},{"v":2614.5436725551044,"d":"2615"},{"v":2606.973021106556,"d":"2607"},{"v":2643.398761891569,"d":"2643"},{"v":2738.7125733145203,"d":"2739"},{"v":2810.8055442702553,"d":"2811"},{"v":3073.236858954282,"d":"3073"},{"v":3661.2165496301095,"d":"3661"},{"v":4246.544947715838,"d":"4247"},{"v":4801.146070652458,"d":"4801"},{"v":5230.123262677649,"d":"5230"},{"v":5630.447053045222,"d":"5630"},{"v":5719.035800420268,"d":"5719"},{"v":5447.604259849335,"d":"5448"},{"v":5571.057086282333,"d":"5571"},{"v":5387.156551430078,"d":"5387"},{"v":5369.127667393272,"d":"5369"},{"v":5273.121487775628,"d":"5273"},{"v":5219.93807705638,"d":"5220"},{"v":5226.050918665109,"d":"5226"},{"v":4946.4732834272,"d":"4946"},{"v":5380.832892,"d":"5381"}]
[{"$nulls":5},54]
["BRDPI$ R01 Funding vs 1995",null,"=C52-$AN52",null,null,55,{"$nulls":18},{"$f":"Y52-$AN52","v":{"v":-2906.0232524108114,"d":"-2906"}},{"v":-2935.5733191043582,"d":"-2936"},{"v":-3205.8473478202704,"d":"-3206"},{"v":-2813.416351707373,"d":"-2813"},{"v":-2325.750656735757,"d":"-2326"},{"v":-1795.971160620711,"d":"-1796"},{"v":-1772.5359294848167,"d":"-1773"},{"v":-1000.3427277452101,"d":"-1000"},{"v":-955.0095891145038,"d":"-955"},{"v":-649.5987683028043,"d":"-650"},{"v":-686.1420869970407,"d":"-686"},{"v":-322.0317039957936,"d":"-322"},{"v":-42.92581022044942,"d":"-43"},{"v":-94.53777020572488,"d":"-95"},{"v":41.77617796328377,"d":"42"},0,{"v":370.34867428322104,"d":"370"},{"v":835.1348257192367,"d":"835"},{"v":1399.157144128816,"d":"1399"},{"v":2293.8718437735624,"d":"2294"},{"v":3273.3479084898754,"d":"3273"},{"v":4238.737042632367,"d":"4239"},{"v":5052.905878201878,"d":"5053"},{"v":5630.567226159512,"d":"5631"},{"v":5742.048389021513,"d":"5742"},{"v":5384.498551498396,"d":"5384"},{"v":4562.796333146014,"d":"4563"},{"v":3963.2583160318027,"d":"3963"},{"v":3299.718179464544,"d":"3300"},{"v":3283.690828915436,"d":"3284"},{"v":3341.6989033230057,"d":"3342"},{"v":2868.4362167716827,"d":"2868"},{"v":2759.1235212537886,"d":"2759"},{"v":1713.8301508233471,"d":"1714"},{"v":1661.5949591577464,"d":"1662"}]
["BRDPI$ non-R01 RPG  Funding vs 1995",null,"=C53-$AN53",null,null,56,{"$nulls":18},{"$f":"Y53-$AN53","v":{"v":-1286.1032853649795,"d":"-1286"}},{"v":-1310.3688073646335,"d":"-1310"},{"v":-1407.2930305906903,"d":"-1407"},{"v":-1338.5823429771353,"d":"-1339"},{"v":-1266.3189000976909,"d":"-1266"},{"v":-1059.459881254721,"d":"-1059"},{"v":-961.3279550517327,"d":"-961"},{"v":-609.4446585839523,"d":"-609"},{"v":-359.42554189085877,"d":"-359"},{"v":-277.2274468890073,"d":"-277"},{"v":-255.0475363042351,"d":"-255"},{"v":-147.81698364877957,"d":"-148"},{"v":18.383995837488328,"d":"18"},{"v":-30.09091296107181,"d":"-30"},{"v":7.570651448548233,"d":"8"},0,{"v":36.42574078501275,"d":"36"},{"v":131.73955220796415,"d":"132"},{"v":203.83252316369908,"d":"204"},{"v":466.2638378477259,"d":"466"},{"v":1054.2435285235533,"d":"1054"},{"v":1639.571926609282,"d":"1640"},{"v":2194.1730495459014,"d":"2194"},{"v":2623.150241571093,"d":"2623"},{"v":3023.4740319386656,"d":"3023"},{"v":3112.062779313712,"d":"3112"},{"v":2840.631238742779,"d":"2841"},{"v":2964.084065175777,"d":"2964"},{"v":2780.183530323522,"d":"2780"},{"v":2762.1546462867154,"d":"2762"},{"v":2666.148466669072,"d":"2666"},{"v":2612.965055949824,"d":"2613"},{"v":2619.0778975585526,"d":"2619"},{"v":2339.5002623206437,"d":"2340"},{"v":2773.859870893444,"d":"2774"}]
["$M R01 Grantees >55 Relative 1995",null,"=C39-$AN39",null,null,57,{"$nulls":18},{"$f":"Y39-$AN39","v":{"v":-1035.35669862231,"d":"-1035"}},{"v":-978.1112370923659,"d":"-978"},{"v":-984.4529004509541,"d":"-984"},{"v":-891.0842716556116,"d":"-891"},{"v":-783.8290663236229,"d":"-784"},{"v":-661.7817359350714,"d":"-662"},{"v":-624.7316060719066,"d":"-625"},{"v":-459.38470837906425,"d":"-459"},{"v":-389.24442658526004,"d":"-389"},{"v":-338.8956255472185,"d":"-339"},{"v":-302.2475717259674,"d":"-302"},{"v":-239.90641463512884,"d":"-240"},{"v":-177.67291573620923,"d":"-178"},{"v":-86.9796079530197,"d":"-87"},{"v":5.90635719767306,"d":"6"},0,{"v":139.39267600927974,"d":"139"},{"v":272.9676915296045,"d":"273"},{"v":575.6472461171129,"d":"576"},{"v":866.7277530759907,"d":"867"},{"v":1220.8009863477032,"d":"1221"},{"v":1606.6158007817353,"d":"1607"},{"v":1948.5688975583475,"d":"1949"},{"v":2319.5922440188547,"d":"2320"},{"v":2531.4660017094448,"d":"2531"},{"v":2627.148688682596,"d":"2627"},{"v":2548.1194952822807,"d":"2548"},{"v":2521.507716302446,"d":"2522"},{"v":2424.945838204077,"d":"2425"},{"v":2558.9861253736635,"d":"2559"},{"v":2675.3229082082707,"d":"2675"},{"v":2599.0424331747563,"d":"2599"},{"v":2608.430087357884,"d":"2608"},{"v":2286.379491850927,"d":"2286"},{"v":2312.849054708889,"d":"2313"}]
["$M R01 Grantees <56 Relative 1995",null,"=C40-$AN40",null,null,58,{"$nulls":18},{"$f":"Y40-$AN40","v":{"v":-1870.666553788501,"d":"-1871"}},{"v":-1957.4620820119926,"d":"-1957"},{"v":-2221.3944473693164,"d":"-2221"},{"v":-1922.3320800517613,"d":"-1922"},{"v":-1541.9215904121338,"d":"-1542"},{"v":-1134.18942468564,"d":"-1134"},{"v":-1147.80432341291,"d":"-1148"},{"v":-540.9580193661459,"d":"-541"},{"v":-565.7651625292438,"d":"-566"},{"v":-310.70314275558576,"d":"-311"},{"v":-383.89451527107303,"d":"-384"},{"v":-82.12528936066519,"d":"-82"},{"v":134.74710551576027,"d":"135"},{"v":-7.558162252705188,"d":"-8"},{"v":35.86982076561071,"d":"36"},0,{"v":230.95599827394108,"d":"231"},{"v":562.1671341896326,"d":"562"},{"v":823.5098980117036,"d":"824"},{"v":1427.1440906975713,"d":"1427"},{"v":2052.5469221421718,"d":"2053"},{"v":2632.121241850631,"d":"2632"},{"v":3104.336980643531,"d":"3104"},{"v":3310.9749821406567,"d":"3311"},{"v":3210.582387312068,"d":"3211"},{"v":2757.3498628157995,"d":"2757"},{"v":2014.6768378637335,"d":"2015"},{"v":1441.7505997293574,"d":"1442"},{"v":874.7723412604664,"d":"875"},{"v":724.7047035417727,"d":"725"},{"v":666.3759951147349,"d":"666"},{"v":269.39378359692637,"d":"269"},{"v":150.6934338959045,"d":"151"},{"v":-572.5493410275794,"d":"-573"},{"v":-651.2540955511431,"d":"-651"}]
["$M Non-R01 Grantees >55 Rel. 1995",null,"=C49-$AN49",null,null,59,{"$nulls":18},{"$f":"Y49-$AN49","v":{"v":-407.98101150755394,"d":"-408"}},{"$f":"Z49-$AN49","v":{"v":-355.0458481604628,"d":"-355"}},{"$f":"AA49-$AN49","v":{"v":-413.37811859257954,"d":"-413"}},{"v":-390.7320961569827,"d":"-391"},{"v":-339.36185530775754,"d":"-339"},{"v":-292.2121012645024,"d":"-292"},{"v":-227.489416107568,"d":"-227"},{"v":-115.45440415309349,"d":"-115"},{"v":-79.87069122540038,"d":"-80"},{"v":-51.234986204028246,"d":"-51"},{"v":-45.80185291021985,"d":"-46"},{"v":-22.321810155700405,"d":"-22"},{"v":-2.8046985587247946,"d":"-3"},{"v":13.14231687661686,"d":"13"},{"v":-10.5500027779849,"d":"-11"},0,{"v":26.850959330214437,"d":"27"},{"v":123.5294299466259,"d":"124"},{"v":232.62263953170577,"d":"233"},{"v":328.6838611314879,"d":"329"},{"v":536.4634602521583,"d":"536"},{"v":775.1947342044095,"d":"775"},{"v":978.4352748535184,"d":"978"},{"v":1345.74833286193,"d":"1346"},{"v":1492.4531235043319,"d":"1492"},{"v":1620.7560797409892,"d":"1621"},{"v":1596.638924749324,"d":"1597"},{"v":1681.3709361726364,"d":"1681"},{"v":1609.2515529363573,"d":"1609"},{"v":1700.3343500071583,"d":"1700"},{"v":1705.7199749148426,"d":"1706"},{"v":1739.6210771055771,"d":"1740"},{"v":1830.028980662501,"d":"1830"},{"v":1717.0179707994757,"d":"1717"},{"v":2007.8676534049046,"d":"2008"}]
["$M Non-R01 Grantees <56 Rel. 1995",null,"=C50-$AN50",null,null,60,{"$nulls":18},{"$f":"Y50-$AN50","v":{"v":-878.1222738574255,"d":"-878"}},{"$f":"Z50-$AN50","v":{"v":-955.3229592041707,"d":"-955"}},{"$f":"AA50-$AN50","v":{"v":-993.9149119981107,"d":"-994"}},{"v":-947.8502468201526,"d":"-948"},{"v":-926.9570447899333,"d":"-927"},{"v":-767.2477799902186,"d":"-767"},{"v":-733.8385389441646,"d":"-734"},{"v":-493.99025443085884,"d":"-494"},{"v":-279.5548506654584,"d":"-280"},{"v":-225.99246068497905,"d":"-226"},{"v":-209.24568339401526,"d":"-209"},{"v":-125.49517349307916,"d":"-125"},{"v":21.188694396213123,"d":"21"},{"v":-43.23322983768867,"d":"-43"},{"v":18.120654226533134,"d":"18"},0,{"v":9.574781454798313,"d":"10"},{"v":8.210122261338256,"d":"8"},{"v":-28.790116368006693,"d":"-29"},{"v":137.57997671623798,"d":"138"},{"v":517.7800682713951,"d":"518"},{"v":864.3771924048724,"d":"864"},{"v":1215.737774692383,"d":"1216"},{"v":1277.4019087091629,"d":"1277"},{"v":1531.0209084343337,"d":"1531"},{"v":1491.3066995727227,"d":"1491"},{"v":1243.992313993455,"d":"1244"},{"v":1282.7131290031407,"d":"1283"},{"v":1170.9319773871648,"d":"1171"},{"v":1061.8202962795572,"d":"1062"},{"v":960.4284917542295,"d":"960"},{"v":873.343978844247,"d":"873"},{"v":789.0489168960517,"d":"789"},{"v":622.482291521168,"d":"622"},{"v":765.9922174885396,"d":"766"}]
[{"$nulls":5},61]
["NUMBERS",{"$nulls":4},62]
["Number Aged 25","B","R01",{"$f":"VLOOKUP($C63,'id2'!$A$9:$B$132,2,0)-1","v":2800},2,63,{"$f":"D63+E63","v":2802},2802,"R01",26,0,0,0,0,0,0,0,0,0,0,0,0,0,0,4,7,11,5,7,5,6,6,7,3,1,3,1,1,1,1,0,1,0,0,0,0,0,0,0,0,0,1,1,0,0,0,0,0,0]
["Number Aged 45","B","R01",{"$f":"VLOOKUP($C64,'id2'!$A$9:$B$132,2,0)-1","v":2800},21,{"$f":"1+F63","v":64},{"$f":"D64+E64","v":2821},2821,"R01",45,0,0,0,0,0,0,0,0,0,0,0,0,0,0,281,303,340,421,386,445,526,671,627,663,614,706,836,720,762,724,739,921,880,914,861,922,917,881,896,819,803,833,844,847,858,725,735,746,747]
["Number Aged 46","B","R01",{"$f":"VLOOKUP($C65,'id2'!$A$9:$B$132,2,0)-1","v":2800},22,{"$f":"1+F64","v":65},2822,2822,"R01",46,0,0,0,0,0,0,0,0,0,0,0,0,0,0,271,275,288,356,417,421,458,539,680,629,630,613,707,804,719,737,714,758,887,892,916,883,907,902,879,897,808,790,841,950,884,794,736,703,743]
["Number Aged 55","B","R01",{"$f":"VLOOKUP($C66,'id2'!$A$9:$B$132,2,0)-1","v":2800},31,66,2831,2831,"R01",55,0,0,0,0,{"$f":"OFFSET(INDIRECT($B$3&1),$G66-1,O$10)","v":0},0,0,0,0,0,0,0,0,0,122,142,144,166,191,199,209,212,200,251,244,244,318,325,359,377,415,535,500,500,560,566,690,638,682,659,651,727,687,773,731,684,678,641,616]
["Number Aged 56","B","R01",{"$f":"VLOOKUP($C67,'id2'!$A$9:$B$132,2,0)-1","v":2800},32,67,2832,2832,"R01",56,0,0,0,0,0,0,0,0,0,0,0,0,0,0,125,119,126,149,153,191,191,205,215,201,246,240,242,310,319,328,352,405,527,502,515,560,570,662,608,662,631,618,674,702,722,671,644,620,584]
["Number Aged 90","B","R01",{"$f":"VLOOKUP($C68,'id2'!$A$9:$B$132,2,0)-1","v":2800},66,68,{"$f":"D68+E68","v":2866},2866,"R01",90,0,0,0,0,0,0,0,0,0,0,0,0,0,0,0,0,0,0,0,0,0,0,0,0,0,0,0,0,0,0,0,0,0,0,0,0,1,1,0,0,1,0,0,2,0,0,0,0,0]
["Number R01 Grantees  Under 46","B","R01",29,30,69,null,null,"SUM","26-45",{"$f":"SUM(OFFSET(INDIRECT($B$3&1),$G63-1,K$10):OFFSET(INDIRECT($B$3&1),$G64-1,K$10))","v":0},{"$f":"SUM(OFFSET(INDIRECT($B$3&1),$G63-1,L$10):OFFSET(INDIRECT($B$3&1),$G64-1,L$10))","v":0},{"$f":"SUM(OFFSET(INDIRECT($B$3&1),$G63-1,M$10):OFFSET(INDIRECT($B$3&1),$G64-1,M$10))","v":0},{"$f":"SUM(OFFSET(INDIRECT($B$3&1),$G63-1,N$10):OFFSET(INDIRECT($B$3&1),$G64-1,N$10))","v":0},{"$f":"SUM(OFFSET(INDIRECT($B$3&1),$G63-1,O$10):OFFSET(INDIRECT($B$3&1),$G64-1,O$10))","v":0},{"$f":"SUM(OFFSET(INDIRECT($B$3&1),$G63-1,P$10):OFFSET(INDIRECT($B$3&1),$G64-1,P$10))","v":0},{"$f":"SUM(OFFSET(INDIRECT($B$3&1),$G63-1,Q$10):OFFSET(INDIRECT($B$3&1),$G64-1,Q$10))","v":0},{"$f":"SUM(OFFSET(INDIRECT($B$3&1),$G63-1,R$10):OFFSET(INDIRECT($B$3&1),$G64-1,R$10))","v":0},{"$f":"SUM(OFFSET(INDIRECT($B$3&1),$G63-1,S$10):OFFSET(INDIRECT($B$3&1),$G64-1,S$10))","v":0},{"$f":"SUM(OFFSET(INDIRECT($B$3&1),$G63-1,T$10):OFFSET(INDIRECT($B$3&1),$G64-1,T$10))","v":0},{"$f":"SUM(OFFSET(INDIRECT($B$3&1),$G63-1,U$10):OFFSET(INDIRECT($B$3&1),$G64-1,U$10))","v":0},{"$f":"SUM(OFFSET(INDIRECT($B$3&1),$G63-1,V$10):OFFSET(INDIRECT($B$3&1),$G64-1,V$10))","v":0},{"$f":"SUM(OFFSET(INDIRECT($B$3&1),$G63-1,W$10):OFFSET(INDIRECT($B$3&1),$G64-1,W$10))","v":0},{"$f":"SUM(OFFSET(INDIRECT($B$3&1),$G63-1,X$10):OFFSET(INDIRECT($B$3&1),$G64-1,X$10))","v":0},{"$f":"SUM(OFFSET(INDIRECT($B$3&1),$G63-1,Y$10):OFFSET(INDIRECT($B$3&1),$G64-1,Y$10))","v":6156},{"$f":"SUM(OFFSET(INDIRECT($B$3&1),$G63-1,Z$10):OFFSET(INDIRECT($B$3&1),$G64-1,Z$10))","v":6516},{"$f":"SUM(OFFSET(INDIRECT($B$3&1),$G63-1,AA$10):OFFSET(INDIRECT($B$3&1),$G64-1,AA$10))","v":6660},{"$f":"SUM(OFFSET(INDIRECT($B$3&1),$G63-1,AB$10):OFFSET(INDIRECT($B$3&1),$G64-1,AB$10))","v":7125},{"$f":"SUM(OFFSET(INDIRECT($B$3&1),$G63-1,AC$10):OFFSET(INDIRECT($B$3&1),$G64-1,AC$10))","v":7370},{"$f":"SUM(OFFSET(INDIRECT($B$3&1),$G63-1,AD$10):OFFSET(INDIRECT($B$3&1),$G64-1,AD$10))","v":7959},{"$f":"SUM(OFFSET(INDIRECT($B$3&1),$G63-1,AE$10):OFFSET(INDIRECT($B$3&1),$G64-1,AE$10))","v":8248},{"$f":"SUM(OFFSET(INDIRECT($B$3&1),$G63-1,AF$10):OFFSET(INDIRECT($B$3&1),$G64-1,AF$10))","v":8578},{"$f":"SUM(OFFSET(INDIRECT($B$3&1),$G63-1,AG$10):OFFSET(INDIRECT($B$3&1),$G64-1,AG$10))","v":8677},{"$f":"SUM(OFFSET(INDIRECT($B$3&1),$G63-1,AH$10):OFFSET(INDIRECT($B$3&1),$G64-1,AH$10))","v":8696},{"$f":"SUM(OFFSET(INDIRECT($B$3&1),$G63-1,AI$10):OFFSET(INDIRECT($B$3&1),$G64-1,AI$10))","v":8568},{"$f":"SUM(OFFSET(INDIRECT($B$3&1),$G63-1,AJ$10):OFFSET(INDIRECT($B$3&1),$G64-1,AJ$10))","v":8723},{"$f":"SUM(OFFSET(INDIRECT($B$3&1),$G63-1,AK$10):OFFSET(INDIRECT($B$3&1),$G64-1,AK$10))","v":8782},{"$f":"SUM(OFFSET(INDIRECT($B$3&1),$G63-1,AL$10):OFFSET(INDIRECT($B$3&1),$G64-1,AL$10))","v":8375},{"$f":"SUM(OFFSET(INDIRECT($B$3&1),$G63-1,AM$10):OFFSET(INDIRECT($B$3&1),$G64-1,AM$10))","v":8223},{"$f":"SUM(OFFSET(INDIRECT($B$3&1),$G63-1,AN$10):OFFSET(INDIRECT($B$3&1),$G64-1,AN$10))","v":8018},{"$f":"SUM(OFFSET(INDIRECT($B$3&1),$G63-1,AO$10):OFFSET(INDIRECT($B$3&1),$G64-1,AO$10))","v":7876},{"$f":"SUM(OFFSET(INDIRECT($B$3&1),$G63-1,AP$10):OFFSET(INDIRECT($B$3&1),$G64-1,AP$10))","v":7936},{"$f":"SUM(OFFSET(INDIRECT($B$3&1),$G63-1,AQ$10):OFFSET(INDIRECT($B$3&1),$G64-1,AQ$10))","v":7881},{"$f":"SUM(OFFSET(INDIRECT($B$3&1),$G63-1,AR$10):OFFSET(INDIRECT($B$3&1),$G64-1,AR$10))","v":7846},{"$f":"SUM(OFFSET(INDIRECT($B$3&1),$G63-1,AS$10):OFFSET(INDIRECT($B$3&1),$G64-1,AS$10))","v":7619},{"$f":"SUM(OFFSET(INDIRECT($B$3&1),$G63-1,AT$10):OFFSET(INDIRECT($B$3&1),$G64-1,AT$10))","v":7489},{"$f":"SUM(OFFSET(INDIRECT($B$3&1),$G63-1,AU$10):OFFSET(INDIRECT($B$3&1),$G64-1,AU$10))","v":7268},{"$f":"SUM(OFFSET(INDIRECT($B$3&1),$G63-1,AV$10):OFFSET(INDIRECT($B$3&1),$G64-1,AV$10))","v":7078},{"$f":"SUM(OFFSET(INDIRECT($B$3&1),$G63-1,AW$10):OFFSET(INDIRECT($B$3&1),$G64-1,AW$10))","v":6928},{"$f":"SUM(OFFSET(INDIRECT($B$3&1),$G63-1,AX$10):OFFSET(INDIRECT($B$3&1),$G64-1,AX$10))","v":6623},{"$f":"SUM(OFFSET(INDIRECT($B$3&1),$G63-1,AY$10):OFFSET(INDIRECT($B$3&1),$G64-1,AY$10))","v":6391},{"$f":"SUM(OFFSET(INDIRECT($B$3&1),$G63-1,AZ$10):OFFSET(INDIRECT($B$3&1),$G64-1,AZ$10))","v":6257},{"$f":"SUM(OFFSET(INDIRECT($B$3&1),$G63-1,BA$10):OFFSET(INDIRECT($B$3&1),$G64-1,BA$10))","v":6099},{"$f":"SUM(OFFSET(INDIRECT($B$3&1),$G63-1,BB$10):OFFSET(INDIRECT($B$3&1),$G64-1,BB$10))","v":6361},{"$f":"SUM(OFFSET(INDIRECT($B$3&1),$G63-1,BC$10):OFFSET(INDIRECT($B$3&1),$G64-1,BC$10))","v":6458},{"$f":"SUM(OFFSET(INDIRECT($B$3&1),$G63-1,BD$10):OFFSET(INDIRECT($B$3&1),$G64-1,BD$10))","v":6185},{"$f":"SUM(OFFSET(INDIRECT($B$3&1),$G63-1,BE$10):OFFSET(INDIRECT($B$3&1),$G64-1,BE$10))","v":6108},{"$f":"SUM(OFFSET(INDIRECT($B$3&1),$G63-1,BF$10):OFFSET(INDIRECT($B$3&1),$G64-1,BF$10))","v":5920},{"$f":"SUM(OFFSET(INDIRECT($B$3&1),$G63-1,BG$10):OFFSET(INDIRECT($B$3&1),$G64-1,BG$10))","v":5780}]
["Number R01 Grantees  46 to 55","B","R01",31,32,70,null,null,"SUM","46-55",{"$f":"SUM(OFFSET(INDIRECT($B$3&1),$G65-1,K$10):OFFSET(INDIRECT($B$3&1),$G66-1,K$10))","v":0},{"$f":"SUM(OFFSET(INDIRECT($B$3&1),$G65-1,L$10):OFFSET(INDIRECT($B$3&1),$G66-1,L$10))","v":0},{"$f":"SUM(OFFSET(INDIRECT($B$3&1),$G65-1,M$10):OFFSET(INDIRECT($B$3&1),$G66-1,M$10))","v":0},{"$f":"SUM(OFFSET(INDIRECT($B$3&1),$G65-1,N$10):OFFSET(INDIRECT($B$3&1),$G66-1,N$10))","v":0},{"$f":"SUM(OFFSET(INDIRECT($B$3&1),$G65-1,O$10):OFFSET(INDIRECT($B$3&1),$G66-1,O$10))","v":0},{"$f":"SUM(OFFSET(INDIRECT($B$3&1),$G65-1,P$10):OFFSET(INDIRECT($B$3&1),$G66-1,P$10))","v":0},{"$f":"SUM(OFFSET(INDIRECT($B$3&1),$G65-1,Q$10):OFFSET(INDIRECT($B$3&1),$G66-1,Q$10))","v":0},{"$f":"SUM(OFFSET(INDIRECT($B$3&1),$G65-1,R$10):OFFSET(INDIRECT($B$3&1),$G66-1,R$10))","v":0},{"$f":"SUM(OFFSET(INDIRECT($B$3&1),$G65-1,S$10):OFFSET(INDIRECT($B$3&1),$G66-1,S$10))","v":0},{"$f":"SUM(OFFSET(INDIRECT($B$3&1),$G65-1,T$10):OFFSET(INDIRECT($B$3&1),$G66-1,T$10))","v":0},{"$f":"SUM(OFFSET(INDIRECT($B$3&1),$G65-1,U$10):OFFSET(INDIRECT($B$3&1),$G66-1,U$10))","v":0},{"$f":"SUM(OFFSET(INDIRECT($B$3&1),$G65-1,V$10):OFFSET(INDIRECT($B$3&1),$G66-1,V$10))","v":0},{"$f":"SUM(OFFSET(INDIRECT($B$3&1),$G65-1,W$10):OFFSET(INDIRECT($B$3&1),$G66-1,W$10))","v":0},{"$f":"SUM(OFFSET(INDIRECT($B$3&1),$G65-1,X$10):OFFSET(INDIRECT($B$3&1),$G66-1,X$10))","v":0},{"$f":"SUM(OFFSET(INDIRECT($B$3&1),$G65-1,Y$10):OFFSET(INDIRECT($B$3&1),$G66-1,Y$10))","v":1993},{"$f":"SUM(OFFSET(INDIRECT($B$3&1),$G65-1,Z$10):OFFSET(INDIRECT($B$3&1),$G66-1,Z$10))","v":2105},{"$f":"SUM(OFFSET(INDIRECT($B$3&1),$G65-1,AA$10):OFFSET(INDIRECT($B$3&1),$G66-1,AA$10))","v":2188},{"$f":"SUM(OFFSET(INDIRECT($B$3&1),$G65-1,AB$10):OFFSET(INDIRECT($B$3&1),$G66-1,AB$10))","v":2386},{"$f":"SUM(OFFSET(INDIRECT($B$3&1),$G65-1,AC$10):OFFSET(INDIRECT($B$3&1),$G66-1,AC$10))","v":2620},{"$f":"SUM(OFFSET(INDIRECT($B$3&1),$G65-1,AD$10):OFFSET(INDIRECT($B$3&1),$G66-1,AD$10))","v":2852},{"$f":"SUM(OFFSET(INDIRECT($B$3&1),$G65-1,AE$10):OFFSET(INDIRECT($B$3&1),$G66-1,AE$10))","v":3088},{"$f":"SUM(OFFSET(INDIRECT($B$3&1),$G65-1,AF$10):OFFSET(INDIRECT($B$3&1),$G66-1,AF$10))","v":3405},{"$f":"SUM(OFFSET(INDIRECT($B$3&1),$G65-1,AG$10):OFFSET(INDIRECT($B$3&1),$G66-1,AG$10))","v":3814},{"$f":"SUM(OFFSET(INDIRECT($B$3&1),$G65-1,AH$10):OFFSET(INDIRECT($B$3&1),$G66-1,AH$10))","v":4259},{"$f":"SUM(OFFSET(INDIRECT($B$3&1),$G65-1,AI$10):OFFSET(INDIRECT($B$3&1),$G66-1,AI$10))","v":4495},{"$f":"SUM(OFFSET(INDIRECT($B$3&1),$G65-1,AJ$10):OFFSET(INDIRECT($B$3&1),$G66-1,AJ$10))","v":4776},{"$f":"SUM(OFFSET(INDIRECT($B$3&1),$G65-1,AK$10):OFFSET(INDIRECT($B$3&1),$G66-1,AK$10))","v":5144},{"$f":"SUM(OFFSET(INDIRECT($B$3&1),$G65-1,AL$10):OFFSET(INDIRECT($B$3&1),$G66-1,AL$10))","v":5478},{"$f":"SUM(OFFSET(INDIRECT($B$3&1),$G65-1,AM$10):OFFSET(INDIRECT($B$3&1),$G66-1,AM$10))","v":5795},{"$f":"SUM(OFFSET(INDIRECT($B$3&1),$G65-1,AN$10):OFFSET(INDIRECT($B$3&1),$G66-1,AN$10))","v":5830},{"$f":"SUM(OFFSET(INDIRECT($B$3&1),$G65-1,AO$10):OFFSET(INDIRECT($B$3&1),$G66-1,AO$10))","v":6071},{"$f":"SUM(OFFSET(INDIRECT($B$3&1),$G65-1,AP$10):OFFSET(INDIRECT($B$3&1),$G66-1,AP$10))","v":6369},{"$f":"SUM(OFFSET(INDIRECT($B$3&1),$G65-1,AQ$10):OFFSET(INDIRECT($B$3&1),$G66-1,AQ$10))","v":6661},{"$f":"SUM(OFFSET(INDIRECT($B$3&1),$G65-1,AR$10):OFFSET(INDIRECT($B$3&1),$G66-1,AR$10))","v":7052},{"$f":"SUM(OFFSET(INDIRECT($B$3&1),$G65-1,AS$10):OFFSET(INDIRECT($B$3&1),$G66-1,AS$10))","v":7520},{"$f":"SUM(OFFSET(INDIRECT($B$3&1),$G65-1,AT$10):OFFSET(INDIRECT($B$3&1),$G66-1,AT$10))","v":7756},{"$f":"SUM(OFFSET(INDIRECT($B$3&1),$G65-1,AU$10):OFFSET(INDIRECT($B$3&1),$G66-1,AU$10))","v":8039},{"$f":"SUM(OFFSET(INDIRECT($B$3&1),$G65-1,AV$10):OFFSET(INDIRECT($B$3&1),$G66-1,AV$10))","v":8160},{"$f":"SUM(OFFSET(INDIRECT($B$3&1),$G65-1,AW$10):OFFSET(INDIRECT($B$3&1),$G66-1,AW$10))","v":8216},{"$f":"SUM(OFFSET(INDIRECT($B$3&1),$G65-1,AX$10):OFFSET(INDIRECT($B$3&1),$G66-1,AX$10))","v":8158},{"$f":"SUM(OFFSET(INDIRECT($B$3&1),$G65-1,AY$10):OFFSET(INDIRECT($B$3&1),$G66-1,AY$10))","v":7988},{"$f":"SUM(OFFSET(INDIRECT($B$3&1),$G65-1,AZ$10):OFFSET(INDIRECT($B$3&1),$G66-1,AZ$10))","v":7808},{"$f":"SUM(OFFSET(INDIRECT($B$3&1),$G65-1,BA$10):OFFSET(INDIRECT($B$3&1),$G66-1,BA$10))","v":7570},{"$f":"SUM(OFFSET(INDIRECT($B$3&1),$G65-1,BB$10):OFFSET(INDIRECT($B$3&1),$G66-1,BB$10))","v":8079},{"$f":"SUM(OFFSET(INDIRECT($B$3&1),$G65-1,BC$10):OFFSET(INDIRECT($B$3&1),$G66-1,BC$10))","v":8058},{"$f":"SUM(OFFSET(INDIRECT($B$3&1),$G65-1,BD$10):OFFSET(INDIRECT($B$3&1),$G66-1,BD$10))","v":7544},{"$f":"SUM(OFFSET(INDIRECT($B$3&1),$G65-1,BE$10):OFFSET(INDIRECT($B$3&1),$G66-1,BE$10))","v":7403},{"$f":"SUM(OFFSET(INDIRECT($B$3&1),$G65-1,BF$10):OFFSET(INDIRECT($B$3&1),$G66-1,BF$10))","v":7070},{"$f":"SUM(OFFSET(INDIRECT($B$3&1),$G65-1,BG$10):OFFSET(INDIRECT($B$3&1),$G66-1,BG$10))","v":6854}]
["Number R01 Grantees  Over 55","B","R01",33,34,71,null,null,"SUM","56-90",{"$f":"SUM(OFFSET(INDIRECT($B$3&1),$G67-1,K$10):OFFSET(INDIRECT($B$3&1),$G68-1,K$10))","v":0},{"$f":"SUM(OFFSET(INDIRECT($B$3&1),$G67-1,L$10):OFFSET(INDIRECT($B$3&1),$G68-1,L$10))","v":0},{"$f":"SUM(OFFSET(INDIRECT($B$3&1),$G67-1,M$10):OFFSET(INDIRECT($B$3&1),$G68-1,M$10))","v":0},{"$f":"SUM(OFFSET(INDIRECT($B$3&1),$G67-1,N$10):OFFSET(INDIRECT($B$3&1),$G68-1,N$10))","v":0},{"$f":"SUM(OFFSET(INDIRECT($B$3&1),$G67-1,O$10):OFFSET(INDIRECT($B$3&1),$G68-1,O$10))","v":0},{"$f":"SUM(OFFSET(INDIRECT($B$3&1),$G67-1,P$10):OFFSET(INDIRECT($B$3&1),$G68-1,P$10))","v":0},{"$f":"SUM(OFFSET(INDIRECT($B$3&1),$G67-1,Q$10):OFFSET(INDIRECT($B$3&1),$G68-1,Q$10))","v":0},{"$f":"SUM(OFFSET(INDIRECT($B$3&1),$G67-1,R$10):OFFSET(INDIRECT($B$3&1),$G68-1,R$10))","v":0},{"$f":"SUM(OFFSET(INDIRECT($B$3&1),$G67-1,S$10):OFFSET(INDIRECT($B$3&1),$G68-1,S$10))","v":0},{"$f":"SUM(OFFSET(INDIRECT($B$3&1),$G67-1,T$10):OFFSET(INDIRECT($B$3&1),$G68-1,T$10))","v":0},{"$f":"SUM(OFFSET(INDIRECT($B$3&1),$G67-1,U$10):OFFSET(INDIRECT($B$3&1),$G68-1,U$10))","v":0},{"$f":"SUM(OFFSET(INDIRECT($B$3&1),$G67-1,V$10):OFFSET(INDIRECT($B$3&1),$G68-1,V$10))","v":0},{"$f":"SUM(OFFSET(INDIRECT($B$3&1),$G67-1,W$10):OFFSET(INDIRECT($B$3&1),$G68-1,W$10))","v":0},{"$f":"SUM(OFFSET(INDIRECT($B$3&1),$G67-1,X$10):OFFSET(INDIRECT($B$3&1),$G68-1,X$10))","v":0},{"$f":"SUM(OFFSET(INDIRECT($B$3&1),$G67-1,Y$10):OFFSET(INDIRECT($B$3&1),$G68-1,Y$10))","v":646},{"$f":"SUM(OFFSET(INDIRECT($B$3&1),$G67-1,Z$10):OFFSET(INDIRECT($B$3&1),$G68-1,Z$10))","v":741},{"$f":"SUM(OFFSET(INDIRECT($B$3&1),$G67-1,AA$10):OFFSET(INDIRECT($B$3&1),$G68-1,AA$10))","v":794},{"$f":"SUM(OFFSET(INDIRECT($B$3&1),$G67-1,AB$10):OFFSET(INDIRECT($B$3&1),$G68-1,AB$10))","v":950},{"$f":"SUM(OFFSET(INDIRECT($B$3&1),$G67-1,AC$10):OFFSET(INDIRECT($B$3&1),$G68-1,AC$10))","v":1063},{"$f":"SUM(OFFSET(INDIRECT($B$3&1),$G67-1,AD$10):OFFSET(INDIRECT($B$3&1),$G68-1,AD$10))","v":1239},{"$f":"SUM(OFFSET(INDIRECT($B$3&1),$G67-1,AE$10):OFFSET(INDIRECT($B$3&1),$G68-1,AE$10))","v":1350},{"$f":"SUM(OFFSET(INDIRECT($B$3&1),$G67-1,AF$10):OFFSET(INDIRECT($B$3&1),$G68-1,AF$10))","v":1540},{"$f":"SUM(OFFSET(INDIRECT($B$3&1),$G67-1,AG$10):OFFSET(INDIRECT($B$3&1),$G68-1,AG$10))","v":1701},{"$f":"SUM(OFFSET(INDIRECT($B$3&1),$G67-1,AH$10):OFFSET(INDIRECT($B$3&1),$G68-1,AH$10))","v":1833},{"$f":"SUM(OFFSET(INDIRECT($B$3&1),$G67-1,AI$10):OFFSET(INDIRECT($B$3&1),$G68-1,AI$10))","v":1926},{"$f":"SUM(OFFSET(INDIRECT($B$3&1),$G67-1,AJ$10):OFFSET(INDIRECT($B$3&1),$G68-1,AJ$10))","v":2045},{"$f":"SUM(OFFSET(INDIRECT($B$3&1),$G67-1,AK$10):OFFSET(INDIRECT($B$3&1),$G68-1,AK$10))","v":2154},{"$f":"SUM(OFFSET(INDIRECT($B$3&1),$G67-1,AL$10):OFFSET(INDIRECT($B$3&1),$G68-1,AL$10))","v":2331},{"$f":"SUM(OFFSET(INDIRECT($B$3&1),$G67-1,AM$10):OFFSET(INDIRECT($B$3&1),$G68-1,AM$10))","v":2534},{"$f":"SUM(OFFSET(INDIRECT($B$3&1),$G67-1,AN$10):OFFSET(INDIRECT($B$3&1),$G68-1,AN$10))","v":2549},{"$f":"SUM(OFFSET(INDIRECT($B$3&1),$G67-1,AO$10):OFFSET(INDIRECT($B$3&1),$G68-1,AO$10))","v":2689},{"$f":"SUM(OFFSET(INDIRECT($B$3&1),$G67-1,AP$10):OFFSET(INDIRECT($B$3&1),$G68-1,AP$10))","v":2862},{"$f":"SUM(OFFSET(INDIRECT($B$3&1),$G67-1,AQ$10):OFFSET(INDIRECT($B$3&1),$G68-1,AQ$10))","v":3220},{"$f":"SUM(OFFSET(INDIRECT($B$3&1),$G67-1,AR$10):OFFSET(INDIRECT($B$3&1),$G68-1,AR$10))","v":3549},{"$f":"SUM(OFFSET(INDIRECT($B$3&1),$G67-1,AS$10):OFFSET(INDIRECT($B$3&1),$G68-1,AS$10))","v":3922},{"$f":"SUM(OFFSET(INDIRECT($B$3&1),$G67-1,AT$10):OFFSET(INDIRECT($B$3&1),$G68-1,AT$10))","v":4324},{"$f":"SUM(OFFSET(INDIRECT($B$3&1),$G67-1,AU$10):OFFSET(INDIRECT($B$3&1),$G68-1,AU$10))","v":4690},{"$f":"SUM(OFFSET(INDIRECT($B$3&1),$G67-1,AV$10):OFFSET(INDIRECT($B$3&1),$G68-1,AV$10))","v":5140},{"$f":"SUM(OFFSET(INDIRECT($B$3&1),$G67-1,AW$10):OFFSET(INDIRECT($B$3&1),$G68-1,AW$10))","v":5369},{"$f":"SUM(OFFSET(INDIRECT($B$3&1),$G67-1,AX$10):OFFSET(INDIRECT($B$3&1),$G68-1,AX$10))","v":5551},{"$f":"SUM(OFFSET(INDIRECT($B$3&1),$G67-1,AY$10):OFFSET(INDIRECT($B$3&1),$G68-1,AY$10))","v":5733},{"$f":"SUM(OFFSET(INDIRECT($B$3&1),$G67-1,AZ$10):OFFSET(INDIRECT($B$3&1),$G68-1,AZ$10))","v":5874},{"$f":"SUM(OFFSET(INDIRECT($B$3&1),$G67-1,BA$10):OFFSET(INDIRECT($B$3&1),$G68-1,BA$10))","v":5965},{"$f":"SUM(OFFSET(INDIRECT($B$3&1),$G67-1,BB$10):OFFSET(INDIRECT($B$3&1),$G68-1,BB$10))","v":6522},{"$f":"SUM(OFFSET(INDIRECT($B$3&1),$G67-1,BC$10):OFFSET(INDIRECT($B$3&1),$G68-1,BC$10))","v":6857},{"$f":"SUM(OFFSET(INDIRECT($B$3&1),$G67-1,BD$10):OFFSET(INDIRECT($B$3&1),$G68-1,BD$10))","v":6607},{"$f":"SUM(OFFSET(INDIRECT($B$3&1),$G67-1,BE$10):OFFSET(INDIRECT($B$3&1),$G68-1,BE$10))","v":6771},{"$f":"SUM(OFFSET(INDIRECT($B$3&1),$G67-1,BF$10):OFFSET(INDIRECT($B$3&1),$G68-1,BF$10))","v":6748},{"$f":"SUM(OFFSET(INDIRECT($B$3&1),$G67-1,BG$10):OFFSET(INDIRECT($B$3&1),$G68-1,BG$10))","v":6722}]
["Number Aged 25","B","PI_B",{"$f":"VLOOKUP($C72,'id2'!$A$9:$B$132,2,0)-1","v":1600},2,72,{"$f":"D72+E72","v":1602},{"$f":"OFFSET(INDIRECT($B$3&1),$G72-1,H$10)","v":1602},"PI_B",26,12,10,12,15,16,17,10,10,15,13,4,7,11,{"$f":"OFFSET(INDIRECT($B$3&1),$G72-1,X$10)","v":2},7,5,1,3,1,1,0,2,4,0,2,2,2,3,3,{"$f":"OFFSET(INDIRECT($B$3&1),$G72-1,AN$10)","v":1},1,3,3,1,3,0,2,3,2,0,2,1,2,1,0,{"$f":"OFFSET(INDIRECT($B$3&1),$G72-1,BD$10)","v":1},0,5,0]
["Number Aged 45","B","PI_B",{"$f":"VLOOKUP($C73,'id2'!$A$9:$B$132,2,0)-1","v":1600},21,73,{"$f":"D73+E73","v":1621},1621,"PI_B",45,150,184,180,204,250,254,286,271,249,290,254,261,305,317,308,334,333,399,363,398,433,533,531,444,440,461,501,523,454,470,529,541,522,556,521,537,510,546,509,498,495,570,636,542,527,496,471,506,503]
["Number Aged 46","B","PI_B",{"$f":"VLOOKUP($C74,'id2'!$A$9:$B$132,2,0)-1","v":1600},22,74,1622,1622,"PI_B",46,122,148,194,185,218,257,258,284,271,249,286,257,273,296,312,302,333,326,390,363,394,433,520,525,446,433,469,508,521,456,462,526,541,532,556,532,549,528,566,504,508,487,578,641,532,514,503,469,492]
["Number Aged 55","B","PI_B",{"$f":"VLOOKUP($C75,'id2'!$A$9:$B$132,2,0)-1","v":1600},31,75,1631,1631,"PI_B",55,64,60,73,95,92,92,116,110,146,139,164,193,218,233,250,241,287,259,235,275,226,236,246,261,240,285,292,354,324,380,410,496,482,430,428,464,487,515,466,479,528,559,524,535,520,532,510,488,442]
["Number Aged 56","B","PI_B",{"$f":"VLOOKUP($C76,'id2'!$A$9:$B$132,2,0)-1","v":1600},32,76,1632,1632,"PI_B",56,61,64,59,75,98,91,90,114,111,144,136,166,192,219,228,248,236,275,262,228,264,221,231,245,255,244,274,287,352,316,382,407,488,481,431,424,455,485,519,455,465,521,552,528,531,497,524,503,481]
["Number Aged 90","B","PI_B",{"$f":"VLOOKUP($C77,'id2'!$A$9:$B$132,2,0)-1","v":1600},66,77,1666,1666,"PI_B",90,0,0,0,0,0,0,0,0,0,0,0,0,0,0,0,0,0,0,0,1,0,0,0,1,0,1,0,0,0,0,4,4,0,0,2,0,1,0,1,1,2,2,1,2,2,0,0,4,3]
["Number Basic Science PIs Under 46","B","PI_B",38,39,78,null,null,"SUM","26-45",{"$f":"SUM(OFFSET(INDIRECT($B$3&1),$G72-1,K$10):OFFSET(INDIRECT($B$3&1),$G73-1,K$10))","v":2797},{"$f":"SUM(OFFSET(INDIRECT($B$3&1),$G72-1,L$10):OFFSET(INDIRECT($B$3&1),$G73-1,L$10))","v":3063},{"$f":"SUM(OFFSET(INDIRECT($B$3&1),$G72-1,M$10):OFFSET(INDIRECT($B$3&1),$G73-1,M$10))","v":3375},{"$f":"SUM(OFFSET(INDIRECT($B$3&1),$G72-1,N$10):OFFSET(INDIRECT($B$3&1),$G73-1,N$10))","v":3722},{"$f":"SUM(OFFSET(INDIRECT($B$3&1),$G72-1,O$10):OFFSET(INDIRECT($B$3&1),$G73-1,O$10))","v":4062},{"$f":"SUM(OFFSET(INDIRECT($B$3&1),$G72-1,P$10):OFFSET(INDIRECT($B$3&1),$G73-1,P$10))","v":4380},{"$f":"SUM(OFFSET(INDIRECT($B$3&1),$G72-1,Q$10):OFFSET(INDIRECT($B$3&1),$G73-1,Q$10))","v":4685},{"$f":"SUM(OFFSET(INDIRECT($B$3&1),$G72-1,R$10):OFFSET(INDIRECT($B$3&1),$G73-1,R$10))","v":4911},{"$f":"SUM(OFFSET(INDIRECT($B$3&1),$G72-1,S$10):OFFSET(INDIRECT($B$3&1),$G73-1,S$10))","v":5158},{"$f":"SUM(OFFSET(INDIRECT($B$3&1),$G72-1,T$10):OFFSET(INDIRECT($B$3&1),$G73-1,T$10))","v":5383},{"$f":"SUM(OFFSET(INDIRECT($B$3&1),$G72-1,U$10):OFFSET(INDIRECT($B$3&1),$G73-1,U$10))","v":5514},{"$f":"SUM(OFFSET(INDIRECT($B$3&1),$G72-1,V$10):OFFSET(INDIRECT($B$3&1),$G73-1,V$10))","v":5799},{"$f":"SUM(OFFSET(INDIRECT($B$3&1),$G72-1,W$10):OFFSET(INDIRECT($B$3&1),$G73-1,W$10))","v":6239},{"$f":"SUM(OFFSET(INDIRECT($B$3&1),$G72-1,X$10):OFFSET(INDIRECT($B$3&1),$G73-1,X$10))","v":6381},{"$f":"SUM(OFFSET(INDIRECT($B$3&1),$G72-1,Y$10):OFFSET(INDIRECT($B$3&1),$G73-1,Y$10))","v":6450},{"$f":"SUM(OFFSET(INDIRECT($B$3&1),$G72-1,Z$10):OFFSET(INDIRECT($B$3&1),$G73-1,Z$10))","v":6522},{"$f":"SUM(OFFSET(INDIRECT($B$3&1),$G72-1,AA$10):OFFSET(INDIRECT($B$3&1),$G73-1,AA$10))","v":6495},{"$f":"SUM(OFFSET(INDIRECT($B$3&1),$G72-1,AB$10):OFFSET(INDIRECT($B$3&1),$G73-1,AB$10))","v":6409},{"$f":"SUM(OFFSET(INDIRECT($B$3&1),$G72-1,AC$10):OFFSET(INDIRECT($B$3&1),$G73-1,AC$10))","v":6248},{"$f":"SUM(OFFSET(INDIRECT($B$3&1),$G72-1,AD$10):OFFSET(INDIRECT($B$3&1),$G73-1,AD$10))","v":6162},{"$f":"SUM(OFFSET(INDIRECT($B$3&1),$G72-1,AE$10):OFFSET(INDIRECT($B$3&1),$G73-1,AE$10))","v":6102},{"$f":"SUM(OFFSET(INDIRECT($B$3&1),$G72-1,AF$10):OFFSET(INDIRECT($B$3&1),$G73-1,AF$10))","v":6043},{"$f":"SUM(OFFSET(INDIRECT($B$3&1),$G72-1,AG$10):OFFSET(INDIRECT($B$3&1),$G73-1,AG$10))","v":5838},{"$f":"SUM(OFFSET(INDIRECT($B$3&1),$G72-1,AH$10):OFFSET(INDIRECT($B$3&1),$G73-1,AH$10))","v":5774},{"$f":"SUM(OFFSET(INDIRECT($B$3&1),$G72-1,AI$10):OFFSET(INDIRECT($B$3&1),$G73-1,AI$10))","v":5696},{"$f":"SUM(OFFSET(INDIRECT($B$3&1),$G72-1,AJ$10):OFFSET(INDIRECT($B$3&1),$G73-1,AJ$10))","v":5671},{"$f":"SUM(OFFSET(INDIRECT($B$3&1),$G72-1,AK$10):OFFSET(INDIRECT($B$3&1),$G73-1,AK$10))","v":5654},{"$f":"SUM(OFFSET(INDIRECT($B$3&1),$G72-1,AL$10):OFFSET(INDIRECT($B$3&1),$G73-1,AL$10))","v":5680},{"$f":"SUM(OFFSET(INDIRECT($B$3&1),$G72-1,AM$10):OFFSET(INDIRECT($B$3&1),$G73-1,AM$10))","v":5580},{"$f":"SUM(OFFSET(INDIRECT($B$3&1),$G72-1,AN$10):OFFSET(INDIRECT($B$3&1),$G73-1,AN$10))","v":5469},{"$f":"SUM(OFFSET(INDIRECT($B$3&1),$G72-1,AO$10):OFFSET(INDIRECT($B$3&1),$G73-1,AO$10))","v":5342},{"$f":"SUM(OFFSET(INDIRECT($B$3&1),$G72-1,AP$10):OFFSET(INDIRECT($B$3&1),$G73-1,AP$10))","v":5146},{"$f":"SUM(OFFSET(INDIRECT($B$3&1),$G72-1,AQ$10):OFFSET(INDIRECT($B$3&1),$G73-1,AQ$10))","v":5004},{"$f":"SUM(OFFSET(INDIRECT($B$3&1),$G72-1,AR$10):OFFSET(INDIRECT($B$3&1),$G73-1,AR$10))","v":4951},{"$f":"SUM(OFFSET(INDIRECT($B$3&1),$G72-1,AS$10):OFFSET(INDIRECT($B$3&1),$G73-1,AS$10))","v":4938},{"$f":"SUM(OFFSET(INDIRECT($B$3&1),$G72-1,AT$10):OFFSET(INDIRECT($B$3&1),$G73-1,AT$10))","v":5021},{"$f":"SUM(OFFSET(INDIRECT($B$3&1),$G72-1,AU$10):OFFSET(INDIRECT($B$3&1),$G73-1,AU$10))","v":5010},{"$f":"SUM(OFFSET(INDIRECT($B$3&1),$G72-1,AV$10):OFFSET(INDIRECT($B$3&1),$G73-1,AV$10))","v":5131},{"$f":"SUM(OFFSET(INDIRECT($B$3&1),$G72-1,AW$10):OFFSET(INDIRECT($B$3&1),$G73-1,AW$10))","v":5300},{"$f":"SUM(OFFSET(INDIRECT($B$3&1),$G72-1,AX$10):OFFSET(INDIRECT($B$3&1),$G73-1,AX$10))","v":5426},{"$f":"SUM(OFFSET(INDIRECT($B$3&1),$G72-1,AY$10):OFFSET(INDIRECT($B$3&1),$G73-1,AY$10))","v":5451},{"$f":"SUM(OFFSET(INDIRECT($B$3&1),$G72-1,AZ$10):OFFSET(INDIRECT($B$3&1),$G73-1,AZ$10))","v":5457},{"$f":"SUM(OFFSET(INDIRECT($B$3&1),$G72-1,BA$10):OFFSET(INDIRECT($B$3&1),$G73-1,BA$10))","v":5444},{"$f":"SUM(OFFSET(INDIRECT($B$3&1),$G72-1,BB$10):OFFSET(INDIRECT($B$3&1),$G73-1,BB$10))","v":5222},{"$f":"SUM(OFFSET(INDIRECT($B$3&1),$G72-1,BC$10):OFFSET(INDIRECT($B$3&1),$G73-1,BC$10))","v":5165},{"$f":"SUM(OFFSET(INDIRECT($B$3&1),$G72-1,BD$10):OFFSET(INDIRECT($B$3&1),$G73-1,BD$10))","v":5008},{"$f":"SUM(OFFSET(INDIRECT($B$3&1),$G72-1,BE$10):OFFSET(INDIRECT($B$3&1),$G73-1,BE$10))","v":4906},{"$f":"SUM(OFFSET(INDIRECT($B$3&1),$G72-1,BF$10):OFFSET(INDIRECT($B$3&1),$G73-1,BF$10))","v":4855},{"$f":"SUM(OFFSET(INDIRECT($B$3&1),$G72-1,BG$10):OFFSET(INDIRECT($B$3&1),$G73-1,BG$10))","v":4477}]
["Number Basic Science PIs 46 to 55","B","PI_B",40,41,79,null,null,"SUM","46-55",{"$f":"SUM(OFFSET(INDIRECT($B$3&1),$G74-1,K$10):OFFSET(INDIRECT($B$3&1),$G75-1,K$10))","v":890},{"$f":"SUM(OFFSET(INDIRECT($B$3&1),$G74-1,L$10):OFFSET(INDIRECT($B$3&1),$G75-1,L$10))","v":996},{"$f":"SUM(OFFSET(INDIRECT($B$3&1),$G74-1,M$10):OFFSET(INDIRECT($B$3&1),$G75-1,M$10))","v":1154},{"$f":"SUM(OFFSET(INDIRECT($B$3&1),$G74-1,N$10):OFFSET(INDIRECT($B$3&1),$G75-1,N$10))","v":1299},{"$f":"SUM(OFFSET(INDIRECT($B$3&1),$G74-1,O$10):OFFSET(INDIRECT($B$3&1),$G75-1,O$10))","v":1462},{"$f":"SUM(OFFSET(INDIRECT($B$3&1),$G74-1,P$10):OFFSET(INDIRECT($B$3&1),$G75-1,P$10))","v":1666},{"$f":"SUM(OFFSET(INDIRECT($B$3&1),$G74-1,Q$10):OFFSET(INDIRECT($B$3&1),$G75-1,Q$10))","v":1859},{"$f":"SUM(OFFSET(INDIRECT($B$3&1),$G74-1,R$10):OFFSET(INDIRECT($B$3&1),$G75-1,R$10))","v":2026},{"$f":"SUM(OFFSET(INDIRECT($B$3&1),$G74-1,S$10):OFFSET(INDIRECT($B$3&1),$G75-1,S$10))","v":2172},{"$f":"SUM(OFFSET(INDIRECT($B$3&1),$G74-1,T$10):OFFSET(INDIRECT($B$3&1),$G75-1,T$10))","v":2260},{"$f":"SUM(OFFSET(INDIRECT($B$3&1),$G74-1,U$10):OFFSET(INDIRECT($B$3&1),$G75-1,U$10))","v":2374},{"$f":"SUM(OFFSET(INDIRECT($B$3&1),$G74-1,V$10):OFFSET(INDIRECT($B$3&1),$G75-1,V$10))","v":2485},{"$f":"SUM(OFFSET(INDIRECT($B$3&1),$G74-1,W$10):OFFSET(INDIRECT($B$3&1),$G75-1,W$10))","v":2672},{"$f":"SUM(OFFSET(INDIRECT($B$3&1),$G74-1,X$10):OFFSET(INDIRECT($B$3&1),$G75-1,X$10))","v":2711},{"$f":"SUM(OFFSET(INDIRECT($B$3&1),$G74-1,Y$10):OFFSET(INDIRECT($B$3&1),$G75-1,Y$10))","v":2767},{"$f":"SUM(OFFSET(INDIRECT($B$3&1),$G74-1,Z$10):OFFSET(INDIRECT($B$3&1),$G75-1,Z$10))","v":2761},{"$f":"SUM(OFFSET(INDIRECT($B$3&1),$G74-1,AA$10):OFFSET(INDIRECT($B$3&1),$G75-1,AA$10))","v":2810},{"$f":"SUM(OFFSET(INDIRECT($B$3&1),$G74-1,AB$10):OFFSET(INDIRECT($B$3&1),$G75-1,AB$10))","v":2781},{"$f":"SUM(OFFSET(INDIRECT($B$3&1),$G74-1,AC$10):OFFSET(INDIRECT($B$3&1),$G75-1,AC$10))","v":2847},{"$f":"SUM(OFFSET(INDIRECT($B$3&1),$G74-1,AD$10):OFFSET(INDIRECT($B$3&1),$G75-1,AD$10))","v":2887},{"$f":"SUM(OFFSET(INDIRECT($B$3&1),$G74-1,AE$10):OFFSET(INDIRECT($B$3&1),$G75-1,AE$10))","v":2961},{"$f":"SUM(OFFSET(INDIRECT($B$3&1),$G74-1,AF$10):OFFSET(INDIRECT($B$3&1),$G75-1,AF$10))","v":3147},{"$f":"SUM(OFFSET(INDIRECT($B$3&1),$G74-1,AG$10):OFFSET(INDIRECT($B$3&1),$G75-1,AG$10))","v":3397},{"$f":"SUM(OFFSET(INDIRECT($B$3&1),$G74-1,AH$10):OFFSET(INDIRECT($B$3&1),$G75-1,AH$10))","v":3658},{"$f":"SUM(OFFSET(INDIRECT($B$3&1),$G74-1,AI$10):OFFSET(INDIRECT($B$3&1),$G75-1,AI$10))","v":3827},{"$f":"SUM(OFFSET(INDIRECT($B$3&1),$G74-1,AJ$10):OFFSET(INDIRECT($B$3&1),$G75-1,AJ$10))","v":4016},{"$f":"SUM(OFFSET(INDIRECT($B$3&1),$G74-1,AK$10):OFFSET(INDIRECT($B$3&1),$G75-1,AK$10))","v":4153},{"$f":"SUM(OFFSET(INDIRECT($B$3&1),$G74-1,AL$10):OFFSET(INDIRECT($B$3&1),$G75-1,AL$10))","v":4358},{"$f":"SUM(OFFSET(INDIRECT($B$3&1),$G74-1,AM$10):OFFSET(INDIRECT($B$3&1),$G75-1,AM$10))","v":4506},{"$f":"SUM(OFFSET(INDIRECT($B$3&1),$G74-1,AN$10):OFFSET(INDIRECT($B$3&1),$G75-1,AN$10))","v":4578},{"$f":"SUM(OFFSET(INDIRECT($B$3&1),$G74-1,AO$10):OFFSET(INDIRECT($B$3&1),$G75-1,AO$10))","v":4646},{"$f":"SUM(OFFSET(INDIRECT($B$3&1),$G74-1,AP$10):OFFSET(INDIRECT($B$3&1),$G75-1,AP$10))","v":4761},{"$f":"SUM(OFFSET(INDIRECT($B$3&1),$G74-1,AQ$10):OFFSET(INDIRECT($B$3&1),$G75-1,AQ$10))","v":4793},{"$f":"SUM(OFFSET(INDIRECT($B$3&1),$G74-1,AR$10):OFFSET(INDIRECT($B$3&1),$G75-1,AR$10))","v":4821},{"$f":"SUM(OFFSET(INDIRECT($B$3&1),$G74-1,AS$10):OFFSET(INDIRECT($B$3&1),$G75-1,AS$10))","v":4971},{"$f":"SUM(OFFSET(INDIRECT($B$3&1),$G74-1,AT$10):OFFSET(INDIRECT($B$3&1),$G75-1,AT$10))","v":5106},{"$f":"SUM(OFFSET(INDIRECT($B$3&1),$G74-1,AU$10):OFFSET(INDIRECT($B$3&1),$G75-1,AU$10))","v":5211},{"$f":"SUM(OFFSET(INDIRECT($B$3&1),$G74-1,AV$10):OFFSET(INDIRECT($B$3&1),$G75-1,AV$10))","v":5293},{"$f":"SUM(OFFSET(INDIRECT($B$3&1),$G74-1,AW$10):OFFSET(INDIRECT($B$3&1),$G75-1,AW$10))","v":5382},{"$f":"SUM(OFFSET(INDIRECT($B$3&1),$G74-1,AX$10):OFFSET(INDIRECT($B$3&1),$G75-1,AX$10))","v":5455},{"$f":"SUM(OFFSET(INDIRECT($B$3&1),$G74-1,AY$10):OFFSET(INDIRECT($B$3&1),$G75-1,AY$10))","v":5438},{"$f":"SUM(OFFSET(INDIRECT($B$3&1),$G74-1,AZ$10):OFFSET(INDIRECT($B$3&1),$G75-1,AZ$10))","v":5295},{"$f":"SUM(OFFSET(INDIRECT($B$3&1),$G74-1,BA$10):OFFSET(INDIRECT($B$3&1),$G75-1,BA$10))","v":5284},{"$f":"SUM(OFFSET(INDIRECT($B$3&1),$G74-1,BB$10):OFFSET(INDIRECT($B$3&1),$G75-1,BB$10))","v":5348},{"$f":"SUM(OFFSET(INDIRECT($B$3&1),$G74-1,BC$10):OFFSET(INDIRECT($B$3&1),$G75-1,BC$10))","v":5327},{"$f":"SUM(OFFSET(INDIRECT($B$3&1),$G74-1,BD$10):OFFSET(INDIRECT($B$3&1),$G75-1,BD$10))","v":5253},{"$f":"SUM(OFFSET(INDIRECT($B$3&1),$G74-1,BE$10):OFFSET(INDIRECT($B$3&1),$G75-1,BE$10))","v":5158},{"$f":"SUM(OFFSET(INDIRECT($B$3&1),$G74-1,BF$10):OFFSET(INDIRECT($B$3&1),$G75-1,BF$10))","v":5059},{"$f":"SUM(OFFSET(INDIRECT($B$3&1),$G74-1,BG$10):OFFSET(INDIRECT($B$3&1),$G75-1,BG$10))","v":4938}]
["Number Basic Science PIs Over 55","B","PI_B",42,43,80,null,null,"SUM","56-90",{"$f":"SUM(OFFSET(INDIRECT($B$3&1),$G76-1,K$10):OFFSET(INDIRECT($B$3&1),$G77-1,K$10))","v":381},{"$f":"SUM(OFFSET(INDIRECT($B$3&1),$G76-1,L$10):OFFSET(INDIRECT($B$3&1),$G77-1,L$10))","v":446},{"$f":"SUM(OFFSET(INDIRECT($B$3&1),$G76-1,M$10):OFFSET(INDIRECT($B$3&1),$G77-1,M$10))","v":512},{"$f":"SUM(OFFSET(INDIRECT($B$3&1),$G76-1,N$10):OFFSET(INDIRECT($B$3&1),$G77-1,N$10))","v":589},{"$f":"SUM(OFFSET(INDIRECT($B$3&1),$G76-1,O$10):OFFSET(INDIRECT($B$3&1),$G77-1,O$10))","v":695},{"$f":"SUM(OFFSET(INDIRECT($B$3&1),$G76-1,P$10):OFFSET(INDIRECT($B$3&1),$G77-1,P$10))","v":801},{"$f":"SUM(OFFSET(INDIRECT($B$3&1),$G76-1,Q$10):OFFSET(INDIRECT($B$3&1),$G77-1,Q$10))","v":862},{"$f":"SUM(OFFSET(INDIRECT($B$3&1),$G76-1,R$10):OFFSET(INDIRECT($B$3&1),$G77-1,R$10))","v":928},{"$f":"SUM(OFFSET(INDIRECT($B$3&1),$G76-1,S$10):OFFSET(INDIRECT($B$3&1),$G77-1,S$10))","v":977},{"$f":"SUM(OFFSET(INDIRECT($B$3&1),$G76-1,T$10):OFFSET(INDIRECT($B$3&1),$G77-1,T$10))","v":1054},{"$f":"SUM(OFFSET(INDIRECT($B$3&1),$G76-1,U$10):OFFSET(INDIRECT($B$3&1),$G77-1,U$10))","v":1106},{"$f":"SUM(OFFSET(INDIRECT($B$3&1),$G76-1,V$10):OFFSET(INDIRECT($B$3&1),$G77-1,V$10))","v":1209},{"$f":"SUM(OFFSET(INDIRECT($B$3&1),$G76-1,W$10):OFFSET(INDIRECT($B$3&1),$G77-1,W$10))","v":1432},{"$f":"SUM(OFFSET(INDIRECT($B$3&1),$G76-1,X$10):OFFSET(INDIRECT($B$3&1),$G77-1,X$10))","v":1580},{"$f":"SUM(OFFSET(INDIRECT($B$3&1),$G76-1,Y$10):OFFSET(INDIRECT($B$3&1),$G77-1,Y$10))","v":1735},{"$f":"SUM(OFFSET(INDIRECT($B$3&1),$G76-1,Z$10):OFFSET(INDIRECT($B$3&1),$G77-1,Z$10))","v":1889},{"$f":"SUM(OFFSET(INDIRECT($B$3&1),$G76-1,AA$10):OFFSET(INDIRECT($B$3&1),$G77-1,AA$10))","v":2033},{"$f":"SUM(OFFSET(INDIRECT($B$3&1),$G76-1,AB$10):OFFSET(INDIRECT($B$3&1),$G77-1,AB$10))","v":2191},{"$f":"SUM(OFFSET(INDIRECT($B$3&1),$G76-1,AC$10):OFFSET(INDIRECT($B$3&1),$G77-1,AC$10))","v":2326},{"$f":"SUM(OFFSET(INDIRECT($B$3&1),$G76-1,AD$10):OFFSET(INDIRECT($B$3&1),$G77-1,AD$10))","v":2402},{"$f":"SUM(OFFSET(INDIRECT($B$3&1),$G76-1,AE$10):OFFSET(INDIRECT($B$3&1),$G77-1,AE$10))","v":2531},{"$f":"SUM(OFFSET(INDIRECT($B$3&1),$G76-1,AF$10):OFFSET(INDIRECT($B$3&1),$G77-1,AF$10))","v":2627},{"$f":"SUM(OFFSET(INDIRECT($B$3&1),$G76-1,AG$10):OFFSET(INDIRECT($B$3&1),$G77-1,AG$10))","v":2720},{"$f":"SUM(OFFSET(INDIRECT($B$3&1),$G76-1,AH$10):OFFSET(INDIRECT($B$3&1),$G77-1,AH$10))","v":2784},{"$f":"SUM(OFFSET(INDIRECT($B$3&1),$G76-1,AI$10):OFFSET(INDIRECT($B$3&1),$G77-1,AI$10))","v":2863},{"$f":"SUM(OFFSET(INDIRECT($B$3&1),$G76-1,AJ$10):OFFSET(INDIRECT($B$3&1),$G77-1,AJ$10))","v":2933},{"$f":"SUM(OFFSET(INDIRECT($B$3&1),$G76-1,AK$10):OFFSET(INDIRECT($B$3&1),$G77-1,AK$10))","v":2960},{"$f":"SUM(OFFSET(INDIRECT($B$3&1),$G76-1,AL$10):OFFSET(INDIRECT($B$3&1),$G77-1,AL$10))","v":3056},{"$f":"SUM(OFFSET(INDIRECT($B$3&1),$G76-1,AM$10):OFFSET(INDIRECT($B$3&1),$G77-1,AM$10))","v":3220},{"$f":"SUM(OFFSET(INDIRECT($B$3&1),$G76-1,AN$10):OFFSET(INDIRECT($B$3&1),$G77-1,AN$10))","v":3258},{"$f":"SUM(OFFSET(INDIRECT($B$3&1),$G76-1,AO$10):OFFSET(INDIRECT($B$3&1),$G77-1,AO$10))","v":3446},{"$f":"SUM(OFFSET(INDIRECT($B$3&1),$G76-1,AP$10):OFFSET(INDIRECT($B$3&1),$G77-1,AP$10))","v":3637},{"$f":"SUM(OFFSET(INDIRECT($B$3&1),$G76-1,AQ$10):OFFSET(INDIRECT($B$3&1),$G77-1,AQ$10))","v":3923},{"$f":"SUM(OFFSET(INDIRECT($B$3&1),$G76-1,AR$10):OFFSET(INDIRECT($B$3&1),$G77-1,AR$10))","v":4217},{"$f":"SUM(OFFSET(INDIRECT($B$3&1),$G76-1,AS$10):OFFSET(INDIRECT($B$3&1),$G77-1,AS$10))","v":4447},{"$f":"SUM(OFFSET(INDIRECT($B$3&1),$G76-1,AT$10):OFFSET(INDIRECT($B$3&1),$G77-1,AT$10))","v":4660},{"$f":"SUM(OFFSET(INDIRECT($B$3&1),$G76-1,AU$10):OFFSET(INDIRECT($B$3&1),$G77-1,AU$10))","v":4870},{"$f":"SUM(OFFSET(INDIRECT($B$3&1),$G76-1,AV$10):OFFSET(INDIRECT($B$3&1),$G77-1,AV$10))","v":5183},{"$f":"SUM(OFFSET(INDIRECT($B$3&1),$G76-1,AW$10):OFFSET(INDIRECT($B$3&1),$G77-1,AW$10))","v":5472},{"$f":"SUM(OFFSET(INDIRECT($B$3&1),$G76-1,AX$10):OFFSET(INDIRECT($B$3&1),$G77-1,AX$10))","v":5650},{"$f":"SUM(OFFSET(INDIRECT($B$3&1),$G76-1,AY$10):OFFSET(INDIRECT($B$3&1),$G77-1,AY$10))","v":5809},{"$f":"SUM(OFFSET(INDIRECT($B$3&1),$G76-1,AZ$10):OFFSET(INDIRECT($B$3&1),$G77-1,AZ$10))","v":5874},{"$f":"SUM(OFFSET(INDIRECT($B$3&1),$G76-1,BA$10):OFFSET(INDIRECT($B$3&1),$G77-1,BA$10))","v":6011},{"$f":"SUM(OFFSET(INDIRECT($B$3&1),$G76-1,BB$10):OFFSET(INDIRECT($B$3&1),$G77-1,BB$10))","v":6153},{"$f":"SUM(OFFSET(INDIRECT($B$3&1),$G76-1,BC$10):OFFSET(INDIRECT($B$3&1),$G77-1,BC$10))","v":6368},{"$f":"SUM(OFFSET(INDIRECT($B$3&1),$G76-1,BD$10):OFFSET(INDIRECT($B$3&1),$G77-1,BD$10))","v":6503},{"$f":"SUM(OFFSET(INDIRECT($B$3&1),$G76-1,BE$10):OFFSET(INDIRECT($B$3&1),$G77-1,BE$10))","v":6700},{"$f":"SUM(OFFSET(INDIRECT($B$3&1),$G76-1,BF$10):OFFSET(INDIRECT($B$3&1),$G77-1,BF$10))","v":6896},{"$f":"SUM(OFFSET(INDIRECT($B$3&1),$G76-1,BG$10):OFFSET(INDIRECT($B$3&1),$G77-1,BG$10))","v":6996}]
["Number Aged 25","B","PI_C",{"$f":"VLOOKUP($C81,'id2'!$A$9:$B$132,2,0)-1","v":2000},2,81,{"$f":"D81+E81","v":2002},{"$f":"OFFSET(INDIRECT($B$3&1),$G81-1,H$10)","v":2002},"PI_C",26,15,12,18,18,24,22,16,17,17,16,14,21,17,{"$f":"OFFSET(INDIRECT($B$3&1),$G81-1,X$10)","v":14},18,14,15,11,13,15,13,12,14,12,20,14,10,7,23,{"$f":"OFFSET(INDIRECT($B$3&1),$G81-1,AN$10)","v":17},14,19,13,20,13,23,23,29,21,31,36,18,24,15,8,{"$f":"OFFSET(INDIRECT($B$3&1),$G81-1,BD$10)","v":7},6,7,4]
["Number Aged 45","B","PI_C",{"$f":"VLOOKUP($C82,'id2'!$A$9:$B$132,2,0)-1","v":2000},21,82,{"$f":"D82+E82","v":2021},2021,"PI_C",45,400,420,467,528,576,626,715,785,841,931,979,985,962,1102,1189,1231,1244,1338,1271,1366,1538,1753,1846,1765,1785,2163,2431,2414,2550,2619,2806,3101,3080,3244,3236,3307,3325,3301,3391,3372,3382,3431,3542,3427,3339,3350,3506,3707,3769]
["Number Aged 46","B","PI_C",{"$f":"VLOOKUP($C83,'id2'!$A$9:$B$132,2,0)-1","v":2000},22,83,2022,2022,"PI_C",46,346,434,447,496,561,598,641,741,786,856,938,1003,1013,959,1105,1176,1220,1217,1322,1247,1368,1531,1763,1852,1761,1780,2162,2474,2454,2547,2638,2800,3104,3102,3253,3255,3348,3404,3360,3440,3317,3334,3420,3511,3429,3442,3346,3450,3627]
["Number Aged 55","B","PI_C",{"$f":"VLOOKUP($C84,'id2'!$A$9:$B$132,2,0)-1","v":2000},31,84,2031,2031,"PI_C",55,129,123,176,199,246,272,309,310,348,468,549,582,652,671,677,743,752,795,859,952,962,941,865,1028,1065,1099,1129,1215,1193,1319,1468,1669,1697,1721,1774,2133,2329,2374,2510,2666,2753,2954,2993,3094,3156,3293,3279,3185,3139]
["Number Aged 56","B","PI_C",{"$f":"VLOOKUP($C85,'id2'!$A$9:$B$132,2,0)-1","v":2000},32,85,2032,2032,"PI_C",56,114,131,131,179,208,253,280,321,305,346,464,566,632,637,673,667,736,735,789,844,934,953,943,851,1011,1049,1091,1113,1209,1157,1296,1453,1644,1679,1689,1759,2106,2310,2392,2492,2588,2662,2914,2956,3056,3178,3238,3214,3093]
["Number Aged 90","B","PI_C",{"$f":"VLOOKUP($C86,'id2'!$A$9:$B$132,2,0)-1","v":2000},66,{"$f":"1+F85","v":86},2066,2066,"PI_C",90,0,0,0,0,0,0,0,0,0,0,0,0,0,0,0,0,0,0,0,0,0,1,0,0,1,0,0,1,0,2,0,2,6,8,2,7,2,8,3,8,10,7,5,4,16,10,4,16,17]
["Number Under 46","B","PI_C",47,48,87,null,null,"SUM","26-45",{"$f":"SUM(OFFSET(INDIRECT($B$3&1),$G81-1,K$10):OFFSET(INDIRECT($B$3&1),$G82-1,K$10))","v":6792},{"$f":"SUM(OFFSET(INDIRECT($B$3&1),$G81-1,L$10):OFFSET(INDIRECT($B$3&1),$G82-1,L$10))","v":7519},{"$f":"SUM(OFFSET(INDIRECT($B$3&1),$G81-1,M$10):OFFSET(INDIRECT($B$3&1),$G82-1,M$10))","v":8540},{"$f":"SUM(OFFSET(INDIRECT($B$3&1),$G81-1,N$10):OFFSET(INDIRECT($B$3&1),$G82-1,N$10))","v":9608},{"$f":"SUM(OFFSET(INDIRECT($B$3&1),$G81-1,O$10):OFFSET(INDIRECT($B$3&1),$G82-1,O$10))","v":10819},{"$f":"SUM(OFFSET(INDIRECT($B$3&1),$G81-1,P$10):OFFSET(INDIRECT($B$3&1),$G82-1,P$10))","v":11970},{"$f":"SUM(OFFSET(INDIRECT($B$3&1),$G81-1,Q$10):OFFSET(INDIRECT($B$3&1),$G82-1,Q$10))","v":13008},{"$f":"SUM(OFFSET(INDIRECT($B$3&1),$G81-1,R$10):OFFSET(INDIRECT($B$3&1),$G82-1,R$10))","v":14038},{"$f":"SUM(OFFSET(INDIRECT($B$3&1),$G81-1,S$10):OFFSET(INDIRECT($B$3&1),$G82-1,S$10))","v":15151},{"$f":"SUM(OFFSET(INDIRECT($B$3&1),$G81-1,T$10):OFFSET(INDIRECT($B$3&1),$G82-1,T$10))","v":16298},{"$f":"SUM(OFFSET(INDIRECT($B$3&1),$G81-1,U$10):OFFSET(INDIRECT($B$3&1),$G82-1,U$10))","v":17349},{"$f":"SUM(OFFSET(INDIRECT($B$3&1),$G81-1,V$10):OFFSET(INDIRECT($B$3&1),$G82-1,V$10))","v":18702},{"$f":"SUM(OFFSET(INDIRECT($B$3&1),$G81-1,W$10):OFFSET(INDIRECT($B$3&1),$G82-1,W$10))","v":20544},{"$f":"SUM(OFFSET(INDIRECT($B$3&1),$G81-1,X$10):OFFSET(INDIRECT($B$3&1),$G82-1,X$10))","v":21906},{"$f":"SUM(OFFSET(INDIRECT($B$3&1),$G81-1,Y$10):OFFSET(INDIRECT($B$3&1),$G82-1,Y$10))","v":23112},{"$f":"SUM(OFFSET(INDIRECT($B$3&1),$G81-1,Z$10):OFFSET(INDIRECT($B$3&1),$G82-1,Z$10))","v":24129},{"$f":"SUM(OFFSET(INDIRECT($B$3&1),$G81-1,AA$10):OFFSET(INDIRECT($B$3&1),$G82-1,AA$10))","v":24723},{"$f":"SUM(OFFSET(INDIRECT($B$3&1),$G81-1,AB$10):OFFSET(INDIRECT($B$3&1),$G82-1,AB$10))","v":25173},{"$f":"SUM(OFFSET(INDIRECT($B$3&1),$G81-1,AC$10):OFFSET(INDIRECT($B$3&1),$G82-1,AC$10))","v":25997},{"$f":"SUM(OFFSET(INDIRECT($B$3&1),$G81-1,AD$10):OFFSET(INDIRECT($B$3&1),$G82-1,AD$10))","v":26741},{"$f":"SUM(OFFSET(INDIRECT($B$3&1),$G81-1,AE$10):OFFSET(INDIRECT($B$3&1),$G82-1,AE$10))","v":27679},{"$f":"SUM(OFFSET(INDIRECT($B$3&1),$G81-1,AF$10):OFFSET(INDIRECT($B$3&1),$G82-1,AF$10))","v":28645},{"$f":"SUM(OFFSET(INDIRECT($B$3&1),$G81-1,AG$10):OFFSET(INDIRECT($B$3&1),$G82-1,AG$10))","v":29552},{"$f":"SUM(OFFSET(INDIRECT($B$3&1),$G81-1,AH$10):OFFSET(INDIRECT($B$3&1),$G82-1,AH$10))","v":30595},{"$f":"SUM(OFFSET(INDIRECT($B$3&1),$G81-1,AI$10):OFFSET(INDIRECT($B$3&1),$G82-1,AI$10))","v":31672},{"$f":"SUM(OFFSET(INDIRECT($B$3&1),$G81-1,AJ$10):OFFSET(INDIRECT($B$3&1),$G82-1,AJ$10))","v":33101},{"$f":"SUM(OFFSET(INDIRECT($B$3&1),$G81-1,AK$10):OFFSET(INDIRECT($B$3&1),$G82-1,AK$10))","v":34076},{"$f":"SUM(OFFSET(INDIRECT($B$3&1),$G81-1,AL$10):OFFSET(INDIRECT($B$3&1),$G82-1,AL$10))","v":35319},{"$f":"SUM(OFFSET(INDIRECT($B$3&1),$G81-1,AM$10):OFFSET(INDIRECT($B$3&1),$G82-1,AM$10))","v":36502},{"$f":"SUM(OFFSET(INDIRECT($B$3&1),$G81-1,AN$10):OFFSET(INDIRECT($B$3&1),$G82-1,AN$10))","v":36897},{"$f":"SUM(OFFSET(INDIRECT($B$3&1),$G81-1,AO$10):OFFSET(INDIRECT($B$3&1),$G82-1,AO$10))","v":36922},{"$f":"SUM(OFFSET(INDIRECT($B$3&1),$G81-1,AP$10):OFFSET(INDIRECT($B$3&1),$G82-1,AP$10))","v":36466},{"$f":"SUM(OFFSET(INDIRECT($B$3&1),$G81-1,AQ$10):OFFSET(INDIRECT($B$3&1),$G82-1,AQ$10))","v":35880},{"$f":"SUM(OFFSET(INDIRECT($B$3&1),$G81-1,AR$10):OFFSET(INDIRECT($B$3&1),$G82-1,AR$10))","v":35730},{"$f":"SUM(OFFSET(INDIRECT($B$3&1),$G81-1,AS$10):OFFSET(INDIRECT($B$3&1),$G82-1,AS$10))","v":35386},{"$f":"SUM(OFFSET(INDIRECT($B$3&1),$G81-1,AT$10):OFFSET(INDIRECT($B$3&1),$G82-1,AT$10))","v":35652},{"$f":"SUM(OFFSET(INDIRECT($B$3&1),$G81-1,AU$10):OFFSET(INDIRECT($B$3&1),$G82-1,AU$10))","v":36077},{"$f":"SUM(OFFSET(INDIRECT($B$3&1),$G81-1,AV$10):OFFSET(INDIRECT($B$3&1),$G82-1,AV$10))","v":36940},{"$f":"SUM(OFFSET(INDIRECT($B$3&1),$G81-1,AW$10):OFFSET(INDIRECT($B$3&1),$G82-1,AW$10))","v":37950},{"$f":"SUM(OFFSET(INDIRECT($B$3&1),$G81-1,AX$10):OFFSET(INDIRECT($B$3&1),$G82-1,AX$10))","v":39043},{"$f":"SUM(OFFSET(INDIRECT($B$3&1),$G81-1,AY$10):OFFSET(INDIRECT($B$3&1),$G82-1,AY$10))","v":39927},{"$f":"SUM(OFFSET(INDIRECT($B$3&1),$G81-1,AZ$10):OFFSET(INDIRECT($B$3&1),$G82-1,AZ$10))","v":40784},{"$f":"SUM(OFFSET(INDIRECT($B$3&1),$G81-1,BA$10):OFFSET(INDIRECT($B$3&1),$G82-1,BA$10))","v":42021},{"$f":"SUM(OFFSET(INDIRECT($B$3&1),$G81-1,BB$10):OFFSET(INDIRECT($B$3&1),$G82-1,BB$10))","v":42961},{"$f":"SUM(OFFSET(INDIRECT($B$3&1),$G81-1,BC$10):OFFSET(INDIRECT($B$3&1),$G82-1,BC$10))","v":44817},{"$f":"SUM(OFFSET(INDIRECT($B$3&1),$G81-1,BD$10):OFFSET(INDIRECT($B$3&1),$G82-1,BD$10))","v":47204},{"$f":"SUM(OFFSET(INDIRECT($B$3&1),$G81-1,BE$10):OFFSET(INDIRECT($B$3&1),$G82-1,BE$10))","v":48683},{"$f":"SUM(OFFSET(INDIRECT($B$3&1),$G81-1,BF$10):OFFSET(INDIRECT($B$3&1),$G82-1,BF$10))","v":49439},{"$f":"SUM(OFFSET(INDIRECT($B$3&1),$G81-1,BG$10):OFFSET(INDIRECT($B$3&1),$G82-1,BG$10))","v":47044}]
["Number 46 to 55","B","PI_C",49,50,88,null,null,"SUM","46-55",{"$f":"SUM(OFFSET(INDIRECT($B$3&1),$G83-1,K$10):OFFSET(INDIRECT($B$3&1),$G84-1,K$10))","v":2045},{"$f":"SUM(OFFSET(INDIRECT($B$3&1),$G83-1,L$10):OFFSET(INDIRECT($B$3&1),$G84-1,L$10))","v":2457},{"$f":"SUM(OFFSET(INDIRECT($B$3&1),$G83-1,M$10):OFFSET(INDIRECT($B$3&1),$G84-1,M$10))","v":2908},{"$f":"SUM(OFFSET(INDIRECT($B$3&1),$G83-1,N$10):OFFSET(INDIRECT($B$3&1),$G84-1,N$10))","v":3383},{"$f":"SUM(OFFSET(INDIRECT($B$3&1),$G83-1,O$10):OFFSET(INDIRECT($B$3&1),$G84-1,O$10))","v":3920},{"$f":"SUM(OFFSET(INDIRECT($B$3&1),$G83-1,P$10):OFFSET(INDIRECT($B$3&1),$G84-1,P$10))","v":4438},{"$f":"SUM(OFFSET(INDIRECT($B$3&1),$G83-1,Q$10):OFFSET(INDIRECT($B$3&1),$G84-1,Q$10))","v":4924},{"$f":"SUM(OFFSET(INDIRECT($B$3&1),$G83-1,R$10):OFFSET(INDIRECT($B$3&1),$G84-1,R$10))","v":5505},{"$f":"SUM(OFFSET(INDIRECT($B$3&1),$G83-1,S$10):OFFSET(INDIRECT($B$3&1),$G84-1,S$10))","v":6005},{"$f":"SUM(OFFSET(INDIRECT($B$3&1),$G83-1,T$10):OFFSET(INDIRECT($B$3&1),$G84-1,T$10))","v":6519},{"$f":"SUM(OFFSET(INDIRECT($B$3&1),$G83-1,U$10):OFFSET(INDIRECT($B$3&1),$G84-1,U$10))","v":7008},{"$f":"SUM(OFFSET(INDIRECT($B$3&1),$G83-1,V$10):OFFSET(INDIRECT($B$3&1),$G84-1,V$10))","v":7527},{"$f":"SUM(OFFSET(INDIRECT($B$3&1),$G83-1,W$10):OFFSET(INDIRECT($B$3&1),$G84-1,W$10))","v":8408},{"$f":"SUM(OFFSET(INDIRECT($B$3&1),$G83-1,X$10):OFFSET(INDIRECT($B$3&1),$G84-1,X$10))","v":8662},{"$f":"SUM(OFFSET(INDIRECT($B$3&1),$G83-1,Y$10):OFFSET(INDIRECT($B$3&1),$G84-1,Y$10))","v":9053},{"$f":"SUM(OFFSET(INDIRECT($B$3&1),$G83-1,Z$10):OFFSET(INDIRECT($B$3&1),$G84-1,Z$10))","v":9505},{"$f":"SUM(OFFSET(INDIRECT($B$3&1),$G83-1,AA$10):OFFSET(INDIRECT($B$3&1),$G84-1,AA$10))","v":9844},{"$f":"SUM(OFFSET(INDIRECT($B$3&1),$G83-1,AB$10):OFFSET(INDIRECT($B$3&1),$G84-1,AB$10))","v":10099},{"$f":"SUM(OFFSET(INDIRECT($B$3&1),$G83-1,AC$10):OFFSET(INDIRECT($B$3&1),$G84-1,AC$10))","v":10538},{"$f":"SUM(OFFSET(INDIRECT($B$3&1),$G83-1,AD$10):OFFSET(INDIRECT($B$3&1),$G84-1,AD$10))","v":10834},{"$f":"SUM(OFFSET(INDIRECT($B$3&1),$G83-1,AE$10):OFFSET(INDIRECT($B$3&1),$G84-1,AE$10))","v":11168},{"$f":"SUM(OFFSET(INDIRECT($B$3&1),$G83-1,AF$10):OFFSET(INDIRECT($B$3&1),$G84-1,AF$10))","v":11662},{"$f":"SUM(OFFSET(INDIRECT($B$3&1),$G83-1,AG$10):OFFSET(INDIRECT($B$3&1),$G84-1,AG$10))","v":12413},{"$f":"SUM(OFFSET(INDIRECT($B$3&1),$G83-1,AH$10):OFFSET(INDIRECT($B$3&1),$G84-1,AH$10))","v":13300},{"$f":"SUM(OFFSET(INDIRECT($B$3&1),$G83-1,AI$10):OFFSET(INDIRECT($B$3&1),$G84-1,AI$10))","v":13975},{"$f":"SUM(OFFSET(INDIRECT($B$3&1),$G83-1,AJ$10):OFFSET(INDIRECT($B$3&1),$G84-1,AJ$10))","v":14657},{"$f":"SUM(OFFSET(INDIRECT($B$3&1),$G83-1,AK$10):OFFSET(INDIRECT($B$3&1),$G84-1,AK$10))","v":15599},{"$f":"SUM(OFFSET(INDIRECT($B$3&1),$G83-1,AL$10):OFFSET(INDIRECT($B$3&1),$G84-1,AL$10))","v":16971},{"$f":"SUM(OFFSET(INDIRECT($B$3&1),$G83-1,AM$10):OFFSET(INDIRECT($B$3&1),$G84-1,AM$10))","v":18341},{"$f":"SUM(OFFSET(INDIRECT($B$3&1),$G83-1,AN$10):OFFSET(INDIRECT($B$3&1),$G84-1,AN$10))","v":19513},{"$f":"SUM(OFFSET(INDIRECT($B$3&1),$G83-1,AO$10):OFFSET(INDIRECT($B$3&1),$G84-1,AO$10))","v":20743},{"$f":"SUM(OFFSET(INDIRECT($B$3&1),$G83-1,AP$10):OFFSET(INDIRECT($B$3&1),$G84-1,AP$10))","v":21905},{"$f":"SUM(OFFSET(INDIRECT($B$3&1),$G83-1,AQ$10):OFFSET(INDIRECT($B$3&1),$G84-1,AQ$10))","v":23166},{"$f":"SUM(OFFSET(INDIRECT($B$3&1),$G83-1,AR$10):OFFSET(INDIRECT($B$3&1),$G84-1,AR$10))","v":24521},{"$f":"SUM(OFFSET(INDIRECT($B$3&1),$G83-1,AS$10):OFFSET(INDIRECT($B$3&1),$G84-1,AS$10))","v":25946},{"$f":"SUM(OFFSET(INDIRECT($B$3&1),$G83-1,AT$10):OFFSET(INDIRECT($B$3&1),$G84-1,AT$10))","v":27586},{"$f":"SUM(OFFSET(INDIRECT($B$3&1),$G83-1,AU$10):OFFSET(INDIRECT($B$3&1),$G84-1,AU$10))","v":28796},{"$f":"SUM(OFFSET(INDIRECT($B$3&1),$G83-1,AV$10):OFFSET(INDIRECT($B$3&1),$G84-1,AV$10))","v":30049},{"$f":"SUM(OFFSET(INDIRECT($B$3&1),$G83-1,AW$10):OFFSET(INDIRECT($B$3&1),$G84-1,AW$10))","v":31087},{"$f":"SUM(OFFSET(INDIRECT($B$3&1),$G83-1,AX$10):OFFSET(INDIRECT($B$3&1),$G84-1,AX$10))","v":32061},{"$f":"SUM(OFFSET(INDIRECT($B$3&1),$G83-1,AY$10):OFFSET(INDIRECT($B$3&1),$G84-1,AY$10))","v":32220},{"$f":"SUM(OFFSET(INDIRECT($B$3&1),$G83-1,AZ$10):OFFSET(INDIRECT($B$3&1),$G84-1,AZ$10))","v":32349},{"$f":"SUM(OFFSET(INDIRECT($B$3&1),$G83-1,BA$10):OFFSET(INDIRECT($B$3&1),$G84-1,BA$10))","v":32482},{"$f":"SUM(OFFSET(INDIRECT($B$3&1),$G83-1,BB$10):OFFSET(INDIRECT($B$3&1),$G84-1,BB$10))","v":32859},{"$f":"SUM(OFFSET(INDIRECT($B$3&1),$G83-1,BC$10):OFFSET(INDIRECT($B$3&1),$G84-1,BC$10))","v":33180},{"$f":"SUM(OFFSET(INDIRECT($B$3&1),$G83-1,BD$10):OFFSET(INDIRECT($B$3&1),$G84-1,BD$10))","v":34013},{"$f":"SUM(OFFSET(INDIRECT($B$3&1),$G83-1,BE$10):OFFSET(INDIRECT($B$3&1),$G84-1,BE$10))","v":33703},{"$f":"SUM(OFFSET(INDIRECT($B$3&1),$G83-1,BF$10):OFFSET(INDIRECT($B$3&1),$G84-1,BF$10))","v":33418},{"$f":"SUM(OFFSET(INDIRECT($B$3&1),$G83-1,BG$10):OFFSET(INDIRECT($B$3&1),$G84-1,BG$10))","v":33197}]
["Number Over 55","B","PI_C",51,52,89,null,null,"SUM","56-90",{"$f":"SUM(OFFSET(INDIRECT($B$3&1),$G85-1,K$10):OFFSET(INDIRECT($B$3&1),$G86-1,K$10))","v":667},{"$f":"SUM(OFFSET(INDIRECT($B$3&1),$G85-1,L$10):OFFSET(INDIRECT($B$3&1),$G86-1,L$10))","v":831},{"$f":"SUM(OFFSET(INDIRECT($B$3&1),$G85-1,M$10):OFFSET(INDIRECT($B$3&1),$G86-1,M$10))","v":987},{"$f":"SUM(OFFSET(INDIRECT($B$3&1),$G85-1,N$10):OFFSET(INDIRECT($B$3&1),$G86-1,N$10))","v":1183},{"$f":"SUM(OFFSET(INDIRECT($B$3&1),$G85-1,O$10):OFFSET(INDIRECT($B$3&1),$G86-1,O$10))","v":1437},{"$f":"SUM(OFFSET(INDIRECT($B$3&1),$G85-1,P$10):OFFSET(INDIRECT($B$3&1),$G86-1,P$10))","v":1725},{"$f":"SUM(OFFSET(INDIRECT($B$3&1),$G85-1,Q$10):OFFSET(INDIRECT($B$3&1),$G86-1,Q$10))","v":1990},{"$f":"SUM(OFFSET(INDIRECT($B$3&1),$G85-1,R$10):OFFSET(INDIRECT($B$3&1),$G86-1,R$10))","v":2278},{"$f":"SUM(OFFSET(INDIRECT($B$3&1),$G85-1,S$10):OFFSET(INDIRECT($B$3&1),$G86-1,S$10))","v":2470},{"$f":"SUM(OFFSET(INDIRECT($B$3&1),$G85-1,T$10):OFFSET(INDIRECT($B$3&1),$G86-1,T$10))","v":2716},{"$f":"SUM(OFFSET(INDIRECT($B$3&1),$G85-1,U$10):OFFSET(INDIRECT($B$3&1),$G86-1,U$10))","v":3050},{"$f":"SUM(OFFSET(INDIRECT($B$3&1),$G85-1,V$10):OFFSET(INDIRECT($B$3&1),$G86-1,V$10))","v":3519},{"$f":"SUM(OFFSET(INDIRECT($B$3&1),$G85-1,W$10):OFFSET(INDIRECT($B$3&1),$G86-1,W$10))","v":4261},{"$f":"SUM(OFFSET(INDIRECT($B$3&1),$G85-1,X$10):OFFSET(INDIRECT($B$3&1),$G86-1,X$10))","v":4718},{"$f":"SUM(OFFSET(INDIRECT($B$3&1),$G85-1,Y$10):OFFSET(INDIRECT($B$3&1),$G86-1,Y$10))","v":5207},{"$f":"SUM(OFFSET(INDIRECT($B$3&1),$G85-1,Z$10):OFFSET(INDIRECT($B$3&1),$G86-1,Z$10))","v":5679},{"$f":"SUM(OFFSET(INDIRECT($B$3&1),$G85-1,AA$10):OFFSET(INDIRECT($B$3&1),$G86-1,AA$10))","v":6121},{"$f":"SUM(OFFSET(INDIRECT($B$3&1),$G85-1,AB$10):OFFSET(INDIRECT($B$3&1),$G86-1,AB$10))","v":6479},{"$f":"SUM(OFFSET(INDIRECT($B$3&1),$G85-1,AC$10):OFFSET(INDIRECT($B$3&1),$G86-1,AC$10))","v":7023},{"$f":"SUM(OFFSET(INDIRECT($B$3&1),$G85-1,AD$10):OFFSET(INDIRECT($B$3&1),$G86-1,AD$10))","v":7520},{"$f":"SUM(OFFSET(INDIRECT($B$3&1),$G85-1,AE$10):OFFSET(INDIRECT($B$3&1),$G86-1,AE$10))","v":8067},{"$f":"SUM(OFFSET(INDIRECT($B$3&1),$G85-1,AF$10):OFFSET(INDIRECT($B$3&1),$G86-1,AF$10))","v":8613},{"$f":"SUM(OFFSET(INDIRECT($B$3&1),$G85-1,AG$10):OFFSET(INDIRECT($B$3&1),$G86-1,AG$10))","v":9172},{"$f":"SUM(OFFSET(INDIRECT($B$3&1),$G85-1,AH$10):OFFSET(INDIRECT($B$3&1),$G86-1,AH$10))","v":9547},{"$f":"SUM(OFFSET(INDIRECT($B$3&1),$G85-1,AI$10):OFFSET(INDIRECT($B$3&1),$G86-1,AI$10))","v":10068},{"$f":"SUM(OFFSET(INDIRECT($B$3&1),$G85-1,AJ$10):OFFSET(INDIRECT($B$3&1),$G86-1,AJ$10))","v":10633},{"$f":"SUM(OFFSET(INDIRECT($B$3&1),$G85-1,AK$10):OFFSET(INDIRECT($B$3&1),$G86-1,AK$10))","v":10938},{"$f":"SUM(OFFSET(INDIRECT($B$3&1),$G85-1,AL$10):OFFSET(INDIRECT($B$3&1),$G86-1,AL$10))","v":11505},{"$f":"SUM(OFFSET(INDIRECT($B$3&1),$G85-1,AM$10):OFFSET(INDIRECT($B$3&1),$G86-1,AM$10))","v":12234},{"$f":"SUM(OFFSET(INDIRECT($B$3&1),$G85-1,AN$10):OFFSET(INDIRECT($B$3&1),$G86-1,AN$10))","v":12458},{"$f":"SUM(OFFSET(INDIRECT($B$3&1),$G85-1,AO$10):OFFSET(INDIRECT($B$3&1),$G86-1,AO$10))","v":13160},{"$f":"SUM(OFFSET(INDIRECT($B$3&1),$G85-1,AP$10):OFFSET(INDIRECT($B$3&1),$G86-1,AP$10))","v":13918},{"$f":"SUM(OFFSET(INDIRECT($B$3&1),$G85-1,AQ$10):OFFSET(INDIRECT($B$3&1),$G86-1,AQ$10))","v":14684},{"$f":"SUM(OFFSET(INDIRECT($B$3&1),$G85-1,AR$10):OFFSET(INDIRECT($B$3&1),$G86-1,AR$10))","v":15591},{"$f":"SUM(OFFSET(INDIRECT($B$3&1),$G85-1,AS$10):OFFSET(INDIRECT($B$3&1),$G86-1,AS$10))","v":16557},{"$f":"SUM(OFFSET(INDIRECT($B$3&1),$G85-1,AT$10):OFFSET(INDIRECT($B$3&1),$G86-1,AT$10))","v":17540},{"$f":"SUM(OFFSET(INDIRECT($B$3&1),$G85-1,AU$10):OFFSET(INDIRECT($B$3&1),$G86-1,AU$10))","v":18906},{"$f":"SUM(OFFSET(INDIRECT($B$3&1),$G85-1,AV$10):OFFSET(INDIRECT($B$3&1),$G86-1,AV$10))","v":20658},{"$f":"SUM(OFFSET(INDIRECT($B$3&1),$G85-1,AW$10):OFFSET(INDIRECT($B$3&1),$G86-1,AW$10))","v":22431},{"$f":"SUM(OFFSET(INDIRECT($B$3&1),$G85-1,AX$10):OFFSET(INDIRECT($B$3&1),$G86-1,AX$10))","v":24147},{"$f":"SUM(OFFSET(INDIRECT($B$3&1),$G85-1,AY$10):OFFSET(INDIRECT($B$3&1),$G86-1,AY$10))","v":25287},{"$f":"SUM(OFFSET(INDIRECT($B$3&1),$G85-1,AZ$10):OFFSET(INDIRECT($B$3&1),$G86-1,AZ$10))","v":26136},{"$f":"SUM(OFFSET(INDIRECT($B$3&1),$G85-1,BA$10):OFFSET(INDIRECT($B$3&1),$G86-1,BA$10))","v":27548},{"$f":"SUM(OFFSET(INDIRECT($B$3&1),$G85-1,BB$10):OFFSET(INDIRECT($B$3&1),$G86-1,BB$10))","v":29311},{"$f":"SUM(OFFSET(INDIRECT($B$3&1),$G85-1,BC$10):OFFSET(INDIRECT($B$3&1),$G86-1,BC$10))","v":31326},{"$f":"SUM(OFFSET(INDIRECT($B$3&1),$G85-1,BD$10):OFFSET(INDIRECT($B$3&1),$G86-1,BD$10))","v":33893},{"$f":"SUM(OFFSET(INDIRECT($B$3&1),$G85-1,BE$10):OFFSET(INDIRECT($B$3&1),$G86-1,BE$10))","v":35730},{"$f":"SUM(OFFSET(INDIRECT($B$3&1),$G85-1,BF$10):OFFSET(INDIRECT($B$3&1),$G86-1,BF$10))","v":37246},{"$f":"SUM(OFFSET(INDIRECT($B$3&1),$G85-1,BG$10):OFFSET(INDIRECT($B$3&1),$G86-1,BG$10))","v":38486}]
["Year check","F",null,null,1,90,153,{"$nulls":3},{"$f":"OFFSET(INDIRECT($F$3&1),$G90+H$10,$E90)","v":1966},{"$f":"OFFSET(INDIRECT($F$3&1),$G90+I$10,$E90)","v":1967},{"$f":"OFFSET(INDIRECT($F$3&1),$G90+J$10,$E90)","v":1968},{"$f":"OFFSET(INDIRECT($F$3&1),$G90+K$10,$E90)","v":1969},{"$f":"OFFSET(INDIRECT($F$3&1),$G90+L$10,$E90)","v":1970},{"$f":"OFFSET(INDIRECT($F$3&1),$G90+M$10,$E90)","v":1971},{"$f":"OFFSET(INDIRECT($F$3&1),$G90+N$10,$E90)","v":1972},{"$f":"OFFSET(INDIRECT($F$3&1),$G90+O$10,$E90)","v":1973},{"$f":"OFFSET(INDIRECT($F$3&1),$G90+P$10,$E90)","v":1974},{"$f":"OFFSET(INDIRECT($F$3&1),$G90+Q$10,$E90)","v":1975},{"$f":"OFFSET(INDIRECT($F$3&1),$G90+R$10,$E90)","v":1976},{"$f":"OFFSET(INDIRECT($F$3&1),$G90+S$10,$E90)","v":1977},{"$f":"OFFSET(INDIRECT($F$3&1),$G90+T$10,$E90)","v":1978},{"$f":"OFFSET(INDIRECT($F$3&1),$G90+U$10,$E90)","v":1979},{"$f":"OFFSET(INDIRECT($F$3&1),$G90+V$10,$E90)","v":1980},{"$f":"OFFSET(INDIRECT($F$3&1),$G90+W$10,$E90)","v":1981},{"$f":"OFFSET(INDIRECT($F$3&1),$G90+X$10,$E90)","v":1982},{"$f":"OFFSET(INDIRECT($F$3&1),$G90+Y$10,$E90)","v":1983},{"$f":"OFFSET(INDIRECT($F$3&1),$G90+Z$10,$E90)","v":1984},{"$f":"OFFSET(INDIRECT($F$3&1),$G90+AA$10,$E90)","v":1985},{"$f":"OFFSET(INDIRECT($F$3&1),$G90+AB$10,$E90)","v":1986},{"$f":"OFFSET(INDIRECT($F$3&1),$G90+AC$10,$E90)","v":1987},{"$f":"OFFSET(INDIRECT($F$3&1),$G90+AD$10,$E90)","v":1988},{"$f":"OFFSET(INDIRECT($F$3&1),$G90+AE$10,$E90)","v":1989},{"$f":"OFFSET(INDIRECT($F$3&1),$G90+AF$10,$E90)","v":1990},{"$f":"OFFSET(INDIRECT($F$3&1),$G90+AG$10,$E90)","v":1991},{"$f":"OFFSET(INDIRECT($F$3&1),$G90+AH$10,$E90)","v":1992},{"$f":"OFFSET(INDIRECT($F$3&1),$G90+AI$10,$E90)","v":1993},{"$f":"OFFSET(INDIRECT($F$3&1),$G90+AJ$10,$E90)","v":1994},{"$f":"OFFSET(INDIRECT($F$3&1),$G90+AK$10,$E90)","v":1995},{"$f":"OFFSET(INDIRECT($F$3&1),$G90+AL$10,$E90)","v":1996},{"$f":"OFFSET(INDIRECT($F$3&1),$G90+AM$10,$E90)","v":1997},{"$f":"OFFSET(INDIRECT($F$3&1),$G90+AN$10,$E90)","v":1998},{"$f":"OFFSET(INDIRECT($F$3&1),$G90+AO$10,$E90)","v":1999},{"$f":"OFFSET(INDIRECT($F$3&1),$G90+AP$10,$E90)","v":2000},{"$f":"OFFSET(INDIRECT($F$3&1),$G90+AQ$10,$E90)","v":2001},{"$f":"OFFSET(INDIRECT($F$3&1),$G90+AR$10,$E90)","v":2002},{"$f":"OFFSET(INDIRECT($F$3&1),$G90+AS$10,$E90)","v":2003},{"$f":"OFFSET(INDIRECT($F$3&1),$G90+AT$10,$E90)","v":2004},{"$f":"OFFSET(INDIRECT($F$3&1),$G90+AU$10,$E90)","v":2005},{"$f":"OFFSET(INDIRECT($F$3&1),$G90+AV$10,$E90)","v":2006},{"$f":"OFFSET(INDIRECT($F$3&1),$G90+AW$10,$E90)","v":2007},{"$f":"OFFSET(INDIRECT($F$3&1),$G90+AX$10,$E90)","v":2008},{"$f":"OFFSET(INDIRECT($F$3&1),$G90+AY$10,$E90)","v":2009},{"$f":"OFFSET(INDIRECT($F$3&1),$G90+AZ$10,$E90)","v":2010},{"$f":"OFFSET(INDIRECT($F$3&1),$G90+BA$10,$E90)","v":2011},{"$f":"OFFSET(INDIRECT($F$3&1),$G90+BB$10,$E90)","v":2012},{"$f":"OFFSET(INDIRECT($F$3&1),$G90+BC$10,$E90)","v":2013},{"$f":"OFFSET(INDIRECT($F$3&1),$G90+BD$10,$E90)","v":2014}]
["Number RPG Grantees  Under 46",{"$nulls":4},91]
["Number RPG Grantees  46 to 55",{"$nulls":4},92]
["Number RPG Grantees  Over 55",{"$nulls":4},93]
[{"$nulls":5},94]
[{"$nulls":5},95]
[{"$nulls":5},96]
["MONEY & NUMBERS",{"$nulls":4},97]
["BRDPI M$ Funding <46",null,"=C36",null,null,98,{"$nulls":18},{"$f":"Y36","v":{"v":3420.2577776048383,"d":"3420"}},{"v":3402.1950186737363,"d":"3402"},{"v":3236.8784930362535,"d":"3237"},{"v":3404.2812077753433,"d":"3404"},{"v":3599.7851809360545,"d":"3600"},{"v":3861.0343186210976,"d":"3861"},{"v":3800.5519876742906,"d":"3801"},{"v":4166.187668131536,"d":"4166"},{"v":3995.286737605367,"d":"3995"},{"v":4018.4108933730663,"d":"4018"},{"v":3848.076030212372,"d":"3848"},{"v":3942.178556959482,"d":"3942"},{"v":3905.381595200057,"d":"3905"},{"v":3668.9200108930727,"d":"3669"},{"v":3573.4073737755884,"d":"3573"},{"v":3452.066273639257,"d":"3452"},{"v":3461.2282196818305,"d":"3461"},{"v":3527.4850109831436,"d":"3527"},{"v":3554.5059541038586,"d":"3555"},{"v":3754.658237961025,"d":"3755"},{"v":3890.1521959991233,"d":"3890"},{"v":4148.121000033129,"d":"4148"},{"v":4216.21893637401,"d":"4216"},{"v":4238.635676484161,"d":"4239"},{"v":4102.208996409594,"d":"4102"},{"v":3845.417907056458,"d":"3845"},{"v":3488.4752099892507,"d":"3488"},{"v":3291.2599212378814,"d":"3291"},{"v":3084.720731896408,"d":"3085"},{"v":3047.9982258833743,"d":"3048"},{"v":3080.0300078462237,"d":"3080"},{"v":2980.727257493418,"d":"2981"},{"v":2946.9725238250685,"d":"2947"},{"v":2697.339926885138,"d":"2697"},{"v":2701.558171627124,"d":"2702"}]
["Number R01 Grantees <46",null,"=C69",null,null,99,{"$nulls":18},{"$f":"Y69","v":6156},6516,6660,7125,7370,7959,8248,8578,8677,8696,8568,8723,8782,8375,8223,8018,7876,7936,7881,7846,7619,7489,7268,7078,6928,6623,6391,6257,6099,6361,6458,6185,6108,5920,5780]
["Number Basic Science PIs <46",null,"=C78",null,null,100,{"$nulls":18},{"$f":"Y78","v":6450},6522,6495,6409,6248,6162,6102,6043,5838,5774,5696,5671,5654,5680,5580,5469,5342,5146,5004,4951,4938,5021,5010,5131,5300,5426,5451,5457,5444,5222,5165,5008,4906,4855,4477]
["5 yr Ave BRDPI Funding <46",null,"=AVERAGE(A104:E104)",null,null,101,{"$nulls":18},{"$f":"AVERAGE(W104:AA104)","v":{"v":-36.23643555486365,"d":"-36"}},{"v":18.18600932132739,"d":"18"},{"v":60.22411854163734,"d":"60"},{"v":83.91335100168135,"d":"84"},{"v":132.7666144095837,"d":"133"},{"v":152.03147049253062,"d":"152"},{"v":100.96312422670353,"d":"101"},{"v":40.56674240282864,"d":"41"},{"v":12.866828087646628,"d":"13"},{"v":-11.91795036462877,"d":"-12"},{"$f":"AVERAGE(AG104:AK104)","v":{"v":-58.71727996437735,"d":"-59"}},{"v":-77.13702463097721,"d":"-77"},{"v":-84.10132761705931,"d":"-84"},{"v":-87.69600938507669,"d":"-88"},{"v":-85.88469214945648,"d":"-86"},{"v":-49.23106410061273,"d":"-49"},{"v":6.6836807396222415,"d":"7"},{"v":61.93367865453028,"d":"62"},{"v":112.49787027111651,"d":"112"},{"v":137.5626705742165,"d":"138"},{"$f":"AVERAGE(AQ104:AU104)","v":{"v":137.2863647771169,"d":"137"}},{"v":103.16804808288717,"d":"103"},{"v":30.281646950590357,"d":"30"},{"v":-70.4380078986544,"d":"-70"},{"v":-158.4604805180007,"d":"-158"},{"v":-207.8873959723882,"d":"-208"},{"v":-220.8125715113973,"d":"-221"},{"v":-181.95986697364538,"d":"-182"},{"v":-127.31358517060667,"d":"-127"},{"v":-85.20353499086454,"d":"-85"},{"$f":"AVERAGE(BA104:BE104)","v":{"v":-73.16682024240826,"d":"-73"}},{"v":-73.38208592675201,"d":"-73"},{"v":-72.0693645733364,"d":"-72"},{"v":-81.67783466792599,"d":"-82"},{"v":-86.72753222037545,"d":"-87"}]
["5 yr Ave R01 Grantees <46",null,"=AVERAGE(A105:E105)",null,null,102,{"$nulls":18},{"v":305.5,"d":"306"},{"v":317.875,"d":"318"},{"v":337.7,"d":"338"},{"v":353.5,"d":"354"},365,347,{"v":287.8,"d":"288"},{"v":193.5,"d":"194"},{"v":108.4,"d":"108"},{"v":67.9,"d":"68"},{"v":-9.8,"d":"-10"},{"v":-77.5,"d":"-78"},{"v":-102.3,"d":"-102"},{"v":-139.7,"d":"-140"},{"v":-169.3,"d":"-169"},-134,{"v":-87.1,"d":"-87"},{"v":-77.6,"d":"-78"},{"v":-78.6,"d":"-79"},{"v":-105.5,"d":"-106"},{"v":-147.1,"d":"-147"},{"v":-172.1,"d":"-172"},{"v":-191.4,"d":"-191"},{"v":-209.4,"d":"-209"},{"v":-210.9,"d":"-211"},-199,{"v":-154.6,"d":"-155"},{"v":-73.2,"d":"-73"},{"v":-37.1,"d":"-37"},{"v":-35.5,"d":"-36"},{"v":-32.8,"d":"-33"},-76,{"v":-139.9,"d":"-140"},{"v":-152.875,"d":"-153"},{"v":-145.5,"d":"-146"}]
["5 yr Ave Basic Science PIs <46",null,"=AVERAGE(A106:E106)",null,null,103,{"$nulls":18},{"v":12.666666666666666,"d":"13"},{"v":-21.375,"d":"-21"},{"v":-41.8,"d":"-42"},{"v":-70.8,"d":"-71"},{"v":-87.2,"d":"-87"},{"v":-102.3,"d":"-102"},{"v":-104.5,"d":"-105"},-94,{"v":-89.7,"d":"-90"},-82,{"v":-54.7,"d":"-55"},{"v":-35.2,"d":"-35"},{"v":-42.1,"d":"-42"},{"v":-55.6,"d":"-56"},{"v":-83.7,"d":"-84"},{"v":-118.4,"d":"-118"},{"v":-130.5,"d":"-131"},-116,{"v":-85.2,"d":"-85"},{"v":-45.7,"d":"-46"},{"v":-0.9,"d":"-1"},{"v":47.6,"d":"48"},{"v":83.7,"d":"84"},{"v":91.8,"d":"92"},{"v":87.7,"d":"88"},76,{"v":23.5,"d":"24"},{"v":-33.9,"d":"-34"},{"v":-70.4,"d":"-70"},{"v":-99.4,"d":"-99"},-114,{"v":-133.4,"d":"-133"},{"v":-181.1,"d":"-181"},{"v":-199.625,"d":"-200"},-223]
["Annual Change BRDPI Funding <46",null,"=D98-C98",null,null,104,{"$nulls":18},{"$f":"Z98-Y98","v":{"v":-18.062758931102053,"d":"-18.1"}},{"$f":"(AA98-Y98)/2","v":{"v":-91.6896422842924,"d":"-92"}},{"v":1.0430945508035165,"d":"1"},{"v":181.4533439499005,"d":"181"},{"v":228.37655542287712,"d":"228"},{"v":100.38340336911801,"d":"100"},{"v":152.5766747552193,"d":"153"},{"v":97.36737496553815,"d":"97"},{"v":-73.88838737923493,"d":"-74"},{"v":-73.60535369649733,"d":"-74"},{"v":-38.116168206792054,"d":"-38"},{"v":28.652782493842324,"d":"29"},{"v":-136.62927303320475,"d":"-137"},{"v":-165.9871107122342,"d":"-166"},{"v":-108.42686862690789,"d":"-108"},{"v":-56.08957704687896,"d":"-56"},{"v":37.709368671943366,"d":"38"},{"v":46.63886721101403,"d":"47"},{"v":113.58661348894066,"d":"114"},{"v":167.82312094763233,"d":"168"},{"v":196.7313810360522,"d":"197"},{"v":163.03337018744332,"d":"163"},{"v":45.25733822551592,"d":"45"},{"v":-57.00496998220797,"d":"-57"},{"v":-196.6088847138517,"d":"-197"},{"v":-306.8668932101716,"d":"-307"},{"v":-277.0789929092882,"d":"-277"},{"v":-201.87723904642144,"d":"-202"},{"v":-121.63084767725354,"d":"-122"},{"v":-2.345362025092072,"d":"-2"},{"v":-33.63548419497806,"d":"-34"},{"v":-66.52874201057762,"d":"-67"},{"v":-141.69366530414004,"d":"-142"},{"v":-122.70717609897224,"d":"-123"},{"$f":"BG98-BF98","v":{"v":4.218244741985927,"d":"4"}}]
["Annual Change R01 Grantee <46",null,"=D99-C99",null,null,105,{"$nulls":18},{"$f":"Z99-Y99","v":{"v":360,"d":"360.0"}},{"$f":"(AA99-Y99)/2","v":252},{"v":304.5,"d":"305"},355,417,439,{"v":309.5,"d":"310"},{"v":214.5,"d":"215"},59,{"v":-54.5,"d":"-55"},{"v":13.5,"d":"14"},107,-174,{"v":-279.5,"d":"-280"},{"v":-178.5,"d":"-179"},{"v":-173.5,"d":"-174"},-41,{"v":2.5,"d":"3"},-45,-131,{"v":-178.5,"d":"-179"},{"v":-175.5,"d":"-176"},{"v":-205.5,"d":"-206"},-170,{"v":-227.5,"d":"-228"},{"v":-268.5,"d":"-269"},-183,-146,52,{"v":179.5,"d":"180"},-88,-175,{"v":-132.5,"d":"-133"},-164,{"$f":"BG99-BF99","v":-140}]
["Annual Change Basic PIs <46",null,"=D100-C100",null,null,106,{"$nulls":18},{"$f":"Z100-Y100","v":{"v":72,"d":"72.0"}},{"$f":"(AA100-Y100)/2","v":{"v":22.5,"d":"23"}},{"v":-56.5,"d":"-57"},{"v":-123.5,"d":"-124"},{"v":-123.5,"d":"-124"},-73,{"v":-59.5,"d":"-60"},-132,{"v":-134.5,"d":"-135"},-71,{"v":-51.5,"d":"-52"},-21,{"v":4.5,"d":"5"},-37,{"v":-105.5,"d":"-106"},-119,{"v":-161.5,"d":"-162"},-169,{"v":-97.5,"d":"-98"},-33,35,36,55,145,{"v":147.5,"d":"148"},{"v":75.5,"d":"76"},{"v":15.5,"d":"16"},{"v":-3.5,"d":"-4"},{"v":-117.5,"d":"-118"},{"v":-139.5,"d":"-140"},-107,{"v":-129.5,"d":"-130"},{"v":-76.5,"d":"-77"},{"v":-214.5,"d":"-215"},{"$f":"BG100-BF100","v":-378}]
[{"$nulls":5},107]
["BRDPI$ M/R01 Grantee <46",null,"=C36/C69",null,null,108,{"$nulls":18},{"$f":"Y36/Y69","v":{"v":0.5555974297603701,"d":"0.56"}},{"v":0.5221293767148153,"d":"0.52"},{"v":0.48601779174718523,"d":"0.49"},{"v":0.4777938537228552,"d":"0.48"},{"v":0.48843760935360303,"d":"0.49"},{"v":0.4851155067999871,"d":"0.49"},{"v":0.46078467357835723,"d":"0.46"},{"v":0.48568287108085056,"d":"0.49"},{"v":0.460445630702474,"d":"0.46"},{"v":0.4620987687871511,"d":"0.46"},{"v":0.449121852265683,"d":"0.45"},{"v":0.4519292166639324,"d":"0.45"},{"v":0.44470298282851933,"d":"0.44"},{"v":0.4380800013006654,"d":"0.44"},{"v":0.4345624922504668,"d":"0.43"},{"v":0.43053957017202005,"d":"0.43"},{"v":0.4394652386594503,"d":"0.44"},{"v":0.4444915588436421,"d":"0.44"},{"v":0.4510221994802511,"d":"0.45"},{"v":0.47854425668634015,"d":"0.48"},{"v":0.5105856668853029,"d":"0.51"},{"v":0.5538951796011656,"d":"0.55"},{"v":0.5801071734141455,"d":"0.58"},{"v":0.5988465211195481,"d":"0.60"},{"v":0.5921202362023086,"d":"0.59"},{"v":0.5806157190180368,"d":"0.58"},{"v":0.5458418416506416,"d":"0.55"},{"v":0.5260124534501968,"d":"0.53"},{"v":0.5057748371694389,"d":"0.51"},{"v":0.47916966292774316,"d":"0.48"},{"v":0.4769324880529922,"d":"0.48"},{"v":0.48192841673296977,"d":"0.48"},{"v":0.4824774924402535,"d":"0.48"},{"v":0.4556317444062733,"d":"0.46"},{"v":0.46739760754794535,"d":"0.47"}]
["BRDPI$ M/R01 Grantee 46-55",null,"=C37/C70",null,null,109,{"$nulls":18},{"$f":"Y37/Y70","v":{"v":0.8408900310005578,"d":"0.84"}},{"v":0.7634969418012936,"d":"0.76"},{"v":0.689463081705613,"d":"0.69"},{"v":0.6874286988056775,"d":"0.69"},{"v":0.6966074014615508,"d":"0.70"},{"v":0.691302391259016,"d":"0.69"},{"v":0.6536469728271538,"d":"0.65"},{"v":0.6636336198765845,"d":"0.66"},{"v":0.6307724863772526,"d":"0.63"},{"v":0.6193247539443061,"d":"0.62"},{"v":0.6084199371955517,"d":"0.61"},{"v":0.6161043377004406,"d":"0.62"},{"v":0.6213420827163986,"d":"0.62"},{"v":0.6006462194289293,"d":"0.60"},{"v":0.5917654202187185,"d":"0.59"},{"v":0.6028733944319374,"d":"0.60"},{"v":0.6154745415532138,"d":"0.62"},{"v":0.6282776395641294,"d":"0.63"},{"v":0.6359138428291994,"d":"0.64"},{"v":0.6578706772424842,"d":"0.66"},{"v":0.6820761820904923,"d":"0.68"},{"v":0.7027873136919746,"d":"0.70"},{"v":0.7283164830758765,"d":"0.73"},{"v":0.7400928270629836,"d":"0.74"},{"v":0.739434220311578,"d":"0.74"},{"v":0.7206116841060052,"d":"0.72"},{"v":0.6876589623249793,"d":"0.69"},{"v":0.655393038457624,"d":"0.66"},{"v":0.6283843821058799,"d":"0.63"},{"v":0.5747647779224965,"d":"0.57"},{"v":0.5650489141779552,"d":"0.57"},{"v":0.5640886385579217,"d":"0.56"},{"v":0.5633579728823835,"d":"0.56"},{"v":0.522903662853082,"d":"0.52"},{"v":0.527284198582032,"d":"0.53"}]
["BRDPI$ M/R01 Grantee >55",null,"=C38/C71",null,null,110,{"$nulls":18},{"$f":"Y38/Y71","v":{"v":0.8892880248335779,"d":"0.89"}},{"v":0.8525310736470115,"d":"0.85"},{"v":0.78763710606278,"d":"0.79"},{"v":0.7565815694833578,"d":"0.76"},{"v":0.7770533361629149,"d":"0.78"},{"v":0.7651775841240759,"d":"0.77"},{"v":0.7297075234021443,"d":"0.73"},{"v":0.7470467884972319,"d":"0.75"},{"v":0.7175733898174846,"d":"0.72"},{"v":0.6933666869163028,"d":"0.69"},{"v":0.6789144293555732,"d":"0.68"},{"v":0.6698925907235562,"d":"0.67"},{"v":0.6648857228080743,"d":"0.66"},{"v":0.6533063726777271,"d":"0.65"},{"v":0.637625540592926,"d":"0.64"},{"v":0.6315562034777565,"d":"0.63"},{"v":0.6505129931848572,"d":"0.65"},{"v":0.65786319154242,"d":"0.66"},{"v":0.6787217418577374,"d":"0.68"},{"v":0.6978203763710319,"d":"0.70"},{"v":0.721733235342301,"d":"0.72"},{"v":0.743860444830374,"d":"0.74"},{"v":0.7587218891733793,"d":"0.76"},{"v":0.7644803514948747,"d":"0.76"},{"v":0.7713359590937319,"d":"0.77"},{"v":0.7632832735268236,"d":"0.76"},{"v":0.7252670954032936,"d":"0.73"},{"v":0.7033272861707947,"d":"0.70"},{"v":0.6764094888296527,"d":"0.68"},{"v":0.6391939417415616,"d":"0.64"},{"v":0.6249321380885332,"d":"0.62"},{"v":0.637033327658477,"d":"0.64"},{"v":0.6229902303976792,"d":"0.62"},{"v":0.5773883009063023,"d":"0.58"},{"v":0.5835593301656784,"d":"0.58"}]
[{"$nulls":5},111]
[{"$nulls":5},112]
["CC BRDPI$ Number  R01 <46","=CORREL(S69:BA69,S36:BA36)",{"$nulls":3},113,null,{"$f":"CORREL(Y69:BG69,Y36:BG36)","v":{"v":0.6981144776396782,"d":"0.698"}}]
["CC BRDPI$ Number  R01 46-55","=CORREL(S70:BA70,S37:BA37)",{"$nulls":3},114,null,{"$f":"CORREL(Y70:BG70,Y37:BG37)","v":{"v":0.9562579168007087,"d":"0.956"}}]
["CC BRDPI$ Number  R01 >55","=CORREL(S71:BA71,S38:BA38)",{"$nulls":3},115,null,{"$f":"CORREL(Y71:BG71,Y38:BG38)","v":{"v":0.9833109585958558,"d":"0.983"}}]
[{"$nulls":5},116]
[{"$nulls":5},117]
["SUCCESS RATES",{"$nulls":4},118]
["R01 Success Rate","S",null,11,null,119,2,{"$nulls":7},{"$f":"OFFSET(INDIRECT($S$3&1),$G119+H$10,$D119)","v":{"v":0.3386262055986827,"d":"0.339"}},{"$f":"OFFSET(INDIRECT($S$3&1),$G119+I$10,$D119)","v":{"v":0.3527823432730688,"d":"0.353"}},{"v":0.4050788449723531,"d":"0.405"},{"v":0.27180259935957807,"d":"0.272"},{"v":0.44355117565698476,"d":"0.444"},{"v":0.43786879555709823,"d":"0.438"},{"v":0.3329871928002769,"d":"0.333"},{"v":0.28285714285714286,"d":"0.283"},{"v":0.3402334152334152,"d":"0.340"},{"v":0.39311229162850336,"d":"0.393"},{"v":0.3230730573528488,"d":"0.323"},{"v":0.3040211093902369,"d":"0.304"},{"v":0.2896414121820096,"d":"0.290"},{"v":0.31290359778597787,"d":"0.313"},{"v":0.3179463566248417,"d":"0.318"},{"v":0.32692104428707325,"d":"0.327"},{"v":0.32305046487880906,"d":"0.323"},{"v":0.3511630458635067,"d":"0.351"},{"v":0.3158901701225503,"d":"0.316"},{"v":0.27877818482018474,"d":"0.279"},{"v":0.24023191328459792,"d":"0.240"},{"v":0.2863250091236119,"d":"0.286"},{"v":0.2896172103827896,"d":"0.290"},{"v":0.22971095052807114,"d":"0.230"},{"v":0.24696793128749622,"d":"0.247"},{"v":0.2616402116402116,"d":"0.262"},{"v":0.2742509852333697,"d":"0.274"},{"v":0.30236167014208815,"d":"0.302"},{"v":0.3088902992725675,"d":"0.309"},{"v":0.3212559295233793,"d":"0.321"},{"v":0.319762472445904,"d":"0.320"},{"v":0.3171650256363719,"d":"0.317"},{"v":0.3068426724137931,"d":"0.307"},{"v":0.30159501254959115,"d":"0.302"},{"v":0.25439357778259925,"d":"0.254"},{"v":0.22736510161177295,"d":"0.227"},{"v":0.20741932172068034,"d":"0.207"},{"v":0.23642616713010392,"d":"0.236"},{"v":0.23328095657839268,"d":"0.233"},{"v":0.22208059981255857,"d":"0.222"},{"v":0.22323159784560143,"d":"0.223"},{"v":0.18686395054009933,"d":"0.187"},{"v":0.18348747721595896,"d":"0.183"},{"v":0.17479674796747968,"d":"0.175"},{"v":0.18773180132354012,"d":"0.188"}]
["Non-R01 RPG Success Rate","S",null,17,null,120,2,{"$nulls":7},{"$f":"OFFSET(INDIRECT($S$3&1),$G120+H$10,$D120)","v":{"v":0.5523672883787661,"d":"0.552"}},{"v":0.4696755994358251,"d":"0.470"},{"v":0.4402234636871508,"d":"0.440"},{"v":0.3316831683168317,"d":"0.332"},{"v":0.45847554038680316,"d":"0.458"},{"v":0.39064856711915535,"d":"0.391"},{"v":0.34533183352080987,"d":"0.345"},{"v":0.316622691292876,"d":"0.317"},{"v":0.406993006993007,"d":"0.407"},{"v":0.4298941798941799,"d":"0.430"},{"v":0.3939393939393939,"d":"0.394"},{"v":0.39106145251396646,"d":"0.391"},{"v":0.3240033927056828,"d":"0.324"},{"v":0.3108665749656121,"d":"0.311"},{"v":0.3519510328997705,"d":"0.352"},{"v":0.37763157894736843,"d":"0.378"},{"v":0.35686578743211794,"d":"0.357"},{"v":0.44335778321108393,"d":"0.443"},{"v":0.36812411847672777,"d":"0.368"},{"v":0.36281179138321995,"d":"0.363"},{"v":0.2998805256869773,"d":"0.300"},{"v":0.2841163310961969,"d":"0.284"},{"v":0.3338509316770186,"d":"0.334"},{"v":0.28802747791952893,"d":"0.288"},{"v":0.3212302434856899,"d":"0.321"},{"v":0.3238993710691824,"d":"0.324"},{"v":0.3177536231884058,"d":"0.318"},{"v":0.3202777777777778,"d":"0.320"},{"v":0.32470010905125407,"d":"0.325"},{"v":0.33816990404867775,"d":"0.338"},{"v":0.2975399533129826,"d":"0.298"},{"v":0.33306999525991465,"d":"0.333"},{"v":0.32863006670087225,"d":"0.329"},{"v":0.29406474820143885,"d":"0.294"},{"v":0.22843946392064815,"d":"0.228"},{"v":0.21405464932204557,"d":"0.214"},{"v":0.18625129045970729,"d":"0.186"},{"v":0.18078815285991154,"d":"0.181"},{"v":0.19414066996661677,"d":"0.194"},{"v":0.17957126373960042,"d":"0.180"},{"v":0.17856945899740803,"d":"0.179"},{"v":0.16273256093457045,"d":"0.163"},{"v":0.16581362106330982,"d":"0.166"},{"v":0.15823930909597436,"d":"0.158"},{"v":0.173009206227992,"d":"0.173"}]
["Number of R01 Applications","S",null,9,null,121,2,2,{"$nulls":6},8502,{"$f":"OFFSET(INDIRECT($S$3&1),$G121+I$10,$D121)","v":8518},{"$f":"OFFSET(INDIRECT($S$3&1),$G121+J$10,$D121)","v":9766},{"$f":"OFFSET(INDIRECT($S$3&1),$G121+K$10,$D121)","v":10618},{"$f":"OFFSET(INDIRECT($S$3&1),$G121+L$10,$D121)","v":11568},{"$f":"OFFSET(INDIRECT($S$3&1),$G121+M$10,$D121)","v":11524},{"$f":"OFFSET(INDIRECT($S$3&1),$G121+N$10,$D121)","v":11556},{"$f":"OFFSET(INDIRECT($S$3&1),$G121+O$10,$D121)","v":15050},{"$f":"OFFSET(INDIRECT($S$3&1),$G121+P$10,$D121)","v":16280},{"$f":"OFFSET(INDIRECT($S$3&1),$G121+Q$10,$D121)","v":16377},{"$f":"OFFSET(INDIRECT($S$3&1),$G121+R$10,$D121)","v":15919},{"$f":"OFFSET(INDIRECT($S$3&1),$G121+S$10,$D121)","v":17433},{"$f":"OFFSET(INDIRECT($S$3&1),$G121+T$10,$D121)","v":18043},{"$f":"OFFSET(INDIRECT($S$3&1),$G121+U$10,$D121)","v":17344},{"$f":"OFFSET(INDIRECT($S$3&1),$G121+V$10,$D121)","v":17374},{"$f":"OFFSET(INDIRECT($S$3&1),$G121+W$10,$D121)","v":18922},{"$f":"OFFSET(INDIRECT($S$3&1),$G121+X$10,$D121)","v":18607},{"$f":"OFFSET(INDIRECT($S$3&1),$G121+Y$10,$D121)","v":18228},{"$f":"OFFSET(INDIRECT($S$3&1),$G121+Z$10,$D121)","v":19339},{"$f":"OFFSET(INDIRECT($S$3&1),$G121+AA$10,$D121)","v":19381},{"$f":"OFFSET(INDIRECT($S$3&1),$G121+AB$10,$D121)","v":19835},{"$f":"OFFSET(INDIRECT($S$3&1),$G121+AC$10,$D121)","v":19181},{"$f":"OFFSET(INDIRECT($S$3&1),$G121+AD$10,$D121)","v":19802},{"$f":"OFFSET(INDIRECT($S$3&1),$G121+AE$10,$D121)","v":21588},{"$f":"OFFSET(INDIRECT($S$3&1),$G121+AF$10,$D121)","v":23169},{"$f":"OFFSET(INDIRECT($S$3&1),$G121+AG$10,$D121)","v":22680},{"$f":"OFFSET(INDIRECT($S$3&1),$G121+AH$10,$D121)","v":21061},{"$f":"OFFSET(INDIRECT($S$3&1),$G121+AI$10,$D121)","v":20621},{"$f":"OFFSET(INDIRECT($S$3&1),$G121+AJ$10,$D121)","v":20483},{"$f":"OFFSET(INDIRECT($S$3&1),$G121+AK$10,$D121)","v":22135},{"$f":"OFFSET(INDIRECT($S$3&1),$G121+AL$10,$D121)","v":22229},{"$f":"OFFSET(INDIRECT($S$3&1),$G121+AM$10,$D121)","v":22039},{"$f":"OFFSET(INDIRECT($S$3&1),$G121+AN$10,$D121)","v":22272},{"$f":"OFFSET(INDIRECT($S$3&1),$G121+AO$10,$D121)","v":24702},{"$f":"OFFSET(INDIRECT($S$3&1),$G121+AP$10,$D121)","v":27654},{"$f":"OFFSET(INDIRECT($S$3&1),$G121+AQ$10,$D121)","v":28540},{"$f":"OFFSET(INDIRECT($S$3&1),$G121+AR$10,$D121)","v":29221},{"$f":"OFFSET(INDIRECT($S$3&1),$G121+AS$10,$D121)","v":27332},{"$f":"OFFSET(INDIRECT($S$3&1),$G121+AT$10,$D121)","v":26093},{"$f":"OFFSET(INDIRECT($S$3&1),$G121+AU$10,$D121)","v":26675},{"$f":"OFFSET(INDIRECT($S$3&1),$G121+AV$10,$D121)","v":27850},{"$f":"OFFSET(INDIRECT($S$3&1),$G121+AW$10,$D121)","v":28791},{"$f":"OFFSET(INDIRECT($S$3&1),$G121+AX$10,$D121)","v":29626},{"$f":"OFFSET(INDIRECT($S$3&1),$G121+AY$10,$D121)","v":28044},{"$f":"OFFSET(INDIRECT($S$3&1),$G121+AZ$10,$D121)","v":27502},{"$f":"BG121/AK121","v":{"v":1.3888496111503887,"d":"139%"}},{"$f":"BH121-1","v":{"v":0.38884961115038874,"d":"39%"}}]
["Number of non-R01 RPG Applications","S",null,15,null,122,2,{"$nulls":7},697,709,895,808,879,663,889,758,715,756,825,716,1179,1454,1307,1520,1289,1227,1418,1323,1674,2235,1932,2038,2341,2544,2760,3600,3668,4273,5569,6329,7796,10008,13207,14529,16467,20123,17374,16467,18133,20801,21687,21537,23571,{"$f":"BG122/AK122","v":{"v":12.200310559006212,"d":"1220%"}},{"$f":"BH122-1","v":{"v":11.200310559006212,"d":"1120%"}}]
["R01 Grants Awarded","S",null,10,null,123,2,{"$nulls":7},2879,3005,3956,2886,5131,5046,3848,4257,5539,6438,5143,5300,5226,5427,5524,6186,6011,6401,6109,5403,4765,5492,5735,4959,5722,5934,5776,6235,6327,7111,7108,6990,6834,7450,7035,6489,6061,6462,6087,5924,6217,5380,5436,4902,5163,{"$f":"AVERAGE(Y123:BG123)","v":{"v":5952.114285714286,"d":"5952"}},{"$f":"STDEV(Y123:BG123)","v":{"v":697.2614823650571,"d":"697"}}]
["Non-R01 Grants Awarded","S",null,16,null,124,2,{"$nulls":7},385,333,394,268,403,259,307,240,291,325,325,280,382,452,460,574,460,544,522,480,502,635,645,587,752,824,877,1153,1191,1445,1657,2108,2562,2943,3017,3110,3067,3638,3373,2957,3238,3385,3596,3408,4078,{"$f":"BG124/AK124","v":{"v":6.322480620155039,"d":"632%"}},{"$f":"BH124-1","v":{"v":5.322480620155039,"d":"532%"}}]
["Year check","F",null,null,1,125,153,{"$nulls":17},{"$f":"OFFSET(INDIRECT($F$3&1),$G125+V$10,$E125)","v":1980},{"$f":"OFFSET(INDIRECT($F$3&1),$G125+W$10,$E125)","v":1981},{"$f":"OFFSET(INDIRECT($F$3&1),$G125+X$10,$E125)","v":1982},{"$f":"OFFSET(INDIRECT($F$3&1),$G125+Y$10,$E125)","v":1983},{"$f":"OFFSET(INDIRECT($F$3&1),$G125+Z$10,$E125)","v":1984},{"$f":"OFFSET(INDIRECT($F$3&1),$G125+AA$10,$E125)","v":1985},{"$f":"OFFSET(INDIRECT($F$3&1),$G125+AB$10,$E125)","v":1986},{"$f":"OFFSET(INDIRECT($F$3&1),$G125+AC$10,$E125)","v":1987},{"$f":"OFFSET(INDIRECT($F$3&1),$G125+AD$10,$E125)","v":1988},{"$f":"OFFSET(INDIRECT($F$3&1),$G125+AE$10,$E125)","v":1989},{"$f":"OFFSET(INDIRECT($F$3&1),$G125+AF$10,$E125)","v":1990},{"$f":"OFFSET(INDIRECT($F$3&1),$G125+AG$10,$E125)","v":1991},{"$f":"OFFSET(INDIRECT($F$3&1),$G125+AH$10,$E125)","v":1992},{"$f":"OFFSET(INDIRECT($F$3&1),$G125+AI$10,$E125)","v":1993},{"$f":"OFFSET(INDIRECT($F$3&1),$G125+AJ$10,$E125)","v":1994},{"$f":"OFFSET(INDIRECT($F$3&1),$G125+AK$10,$E125)","v":1995},{"$f":"OFFSET(INDIRECT($F$3&1),$G125+AL$10,$E125)","v":1996},{"$f":"OFFSET(INDIRECT($F$3&1),$G125+AM$10,$E125)","v":1997},{"$f":"OFFSET(INDIRECT($F$3&1),$G125+AN$10,$E125)","v":1998},{"$f":"OFFSET(INDIRECT($F$3&1),$G125+AO$10,$E125)","v":1999},{"$f":"OFFSET(INDIRECT($F$3&1),$G125+AP$10,$E125)","v":2000},{"$f":"OFFSET(INDIRECT($F$3&1),$G125+AQ$10,$E125)","v":2001},{"$f":"OFFSET(INDIRECT($F$3&1),$G125+AR$10,$E125)","v":2002},{"$f":"OFFSET(INDIRECT($F$3&1),$G125+AS$10,$E125)","v":2003},{"$f":"OFFSET(INDIRECT($F$3&1),$G125+AT$10,$E125)","v":2004},{"$f":"OFFSET(INDIRECT($F$3&1),$G125+AU$10,$E125)","v":2005},{"$f":"OFFSET(INDIRECT($F$3&1),$G125+AV$10,$E125)","v":2006},{"$f":"OFFSET(INDIRECT($F$3&1),$G125+AW$10,$E125)","v":2007},{"$f":"OFFSET(INDIRECT($F$3&1),$G125+AX$10,$E125)","v":2008},{"$f":"OFFSET(INDIRECT($F$3&1),$G125+AY$10,$E125)","v":2009},{"$f":"OFFSET(INDIRECT($F$3&1),$G125+AZ$10,$E125)","v":2010},{"$f":"OFFSET(INDIRECT($F$3&1),$G125+BA$10,$E125)","v":2011},{"$f":"OFFSET(INDIRECT($F$3&1),$G125+BB$10,$E125)","v":2012},{"$f":"OFFSET(INDIRECT($F$3&1),$G125+BC$10,$E125)","v":2013},{"$f":"OFFSET(INDIRECT($F$3&1),$G125+BD$10,$E125)","v":2014}]

{"sheet":"id2","index":4,"n_rows":132,"n_cols":9,"rows_kept":132}
["Title","Index to d2 TAB"]
["Purpose","Use offset to get index of sheet D2 =OFFSET(INDIRECT($B$3&1),$B8-1+$B5,E$1-1)"]
["Data Indexed","d2!A"]
["Row Skip",100]
["Start Row",1]
["Column Number",1]
[]
["Value","Ref. Row","Count",null,"F1","F2","F3","F4","F5"]
[{"$f":"OFFSET(INDIRECT($B$3&1),$B9,$B$6)","v":"AL"},{"$f":"$B$4*(C9-1)+$B$5","v":1},1,null,{"$f":"IF(ISNUMBER(FIND(\"b-\",$A9)),\"b-\",\"\")","v":""},{"$f":"IF(ISNUMBER(FIND(\"pc\",$A9)),\"pc\",IF(ISNUMBER(FIND(\"ra\",$A9)),\"ra\",\"\"))","v":""},{"$f":"IF(ISNUMBER(FIND(\"AL\",$A9)),\"AL\",IF(ISNUMBER(FIND(\"PI\",$A9)),\"PI\",IF(ISNUMBER(FIND(\"R01\",$A9)),\"R01\",\"\")))","v":"AL"},{"$f":"IF(ISNUMBER(FIND(\"B\",$A9)),\"B\",IF(ISNUMBER(FIND(\"C\",$A9)),\"C\",\"\"))","v":""},{"$f":"IF(ISNUMBER(FIND(\"_SG\",$A9)),\"SG\",IF(ISNUMBER(FIND(\"_S\",$A9)),\"S\",IF(ISNUMBER(FIND(\"_u\",$A9)),\"u\",\"\")))","v":""}]
[{"$f":"OFFSET(INDIRECT($B$3&1),$B10,$B$6)","v":"AL_S"},{"$f":"$B$4*(C10-1)+$B$5","v":101},2,null,{"$f":"IF(ISNUMBER(FIND(\"b-\",$A10)),\"b-\",\"\")","v":""},{"$f":"IF(ISNUMBER(FIND(\"pc\",$A10)),\"pc\",IF(ISNUMBER(FIND(\"ra\",$A10)),\"ra\",\"\"))","v":""},{"$f":"IF(ISNUMBER(FIND(\"AL\",$A10)),\"AL\",IF(ISNUMBER(FIND(\"PI\",$A10)),\"PI\",IF(ISNUMBER(FIND(\"R01\",$A10)),\"R01\",\"\")))","v":"AL"},{"$f":"IF(ISNUMBER(FIND(\"B\",$A10)),\"B\",IF(ISNUMBER(FIND(\"C\",$A10)),\"C\",\"\"))","v":""},{"$f":"IF(ISNUMBER(FIND(\"_SG\",$A10)),\"SG\",IF(ISNUMBER(FIND(\"_S\",$A10)),\"S\",IF(ISNUMBER(FIND(\"_u\",$A10)),\"u\",\"\")))","v":"S"}]
["AL_SG",201,3,null,{"$f":"IF(ISNUMBER(FIND(\"b-\",$A11)),\"b-\",\"\")","v":""},{"$f":"IF(ISNUMBER(FIND(\"pc\",$A11)),\"pc\",IF(ISNUMBER(FIND(\"ra\",$A11)),\"ra\",\"\"))","v":""},{"$f":"IF(ISNUMBER(FIND(\"AL\",$A11)),\"AL\",IF(ISNUMBER(FIND(\"PI\",$A11)),\"PI\",IF(ISNUMBER(FIND(\"R01\",$A11)),\"R01\",\"\")))","v":"AL"},{"$f":"IF(ISNUMBER(FIND(\"B\",$A11)),\"B\",IF(ISNUMBER(FIND(\"C\",$A11)),\"C\",\"\"))","v":""},"SG"]
["pc_AL_SG",301,4,null,"","pc","AL","","SG"]
["AL_B",401,5,null,"","","AL","B",""]
["AL_B_S",501,6,null,"","","AL","B","S"]
["AL_B_SG",601,7,null,"","","AL","B","SG"]
["pc_AL_B_SG",701,8,null,"","pc","AL","B","SG"]
["AL_C",801,9,null,"","","AL","C",""]
["AL_C_S",901,10,null,"","","AL","C","S"]
["AL_C_SG",1001,11,null,"","","AL","C","SG"]
["pc_AL_C_SG",1101,12,null,"","pc","AL","C","SG"]
["PI",1201,13,null,"","","PI","",""]
["PI_S",1301,14,null,"","","PI","","S"]
["PI_SG",1401,15,null,"","","PI","","SG"]
["pc_PI_SG",1501,16,null,"","pc","PI","","SG"]
["PI_B",1601,17,null,"","","PI","B",""]
["PI_B_S",1701,18,null,"","","PI","B","S"]
["PI_B_SG",1801,19,null,"","","PI","B","SG"]
["pc_PI_B_SG",1901,20,null,"","pc","PI","B","SG"]
["PI_C",2001,21,null,"","","PI","C",""]
["PI_C_S",2101,22,null,"","","PI","C","S"]
["PI_C_SG",2201,23,null,"","","PI","C","SG"]
["pc_PI_C_SG",2301,24,null,"","pc","PI","C","SG"]
["PI_BT",2401,25,null,"","","PI","B",""]
["PI_BT_S",2501,26,null,"","","PI","B","S"]
["PI_BT_SG",2601,27,null,"","","PI","B","SG"]
["pc_PI_BT_SG",2701,28,null,"","pc","PI","B","SG"]
["R01",2801,29,null,"","","R01","",""]
["R01_S",2901,30,null,"","","R01","","S"]
["R01_SG",3001,31,null,"","","R01","","SG"]
["pc_R01_SG",3101,32,null,"","pc","R01","","SG"]
["ra_AL",3201,33,null,"","ra","AL","",""]
["ra_AL_B",3301,34,null,"","ra","AL","B",""]
["ra_AL_C",3401,35,null,"","ra","AL","C",""]
["ra_PI",3501,36,null,"","ra","PI","",""]
["ra_PI_B",3601,37,null,"","ra","PI","B",""]
["ra_PI_C",3701,38,null,"","ra","PI","C",""]
["ra_PI_u1",3801,39,null,"","ra","PI","","u"]
["ra_PI_v1",3901,40,null,"","ra","PI","",""]
["ra_PI_w1",4001,41,null,"","ra","PI","",""]
["ra_PI_u2",4101,42,null,"","ra","PI","","u"]
["ra_PI_v2",4201,43,null,"","ra","PI","",""]
["ra_PI_w2",4301,44,null,"","ra","PI","",""]
["ra_PI_u3",4401,45,null,"","ra","PI","","u"]
["ra_PI_v3",4501,46,null,"","ra","PI","",""]
["ra_PI_B_u1",4601,47,null,"","ra","PI","B","u"]
["ra_PI_B_v1",4701,48,null,"","ra","PI","B",""]
["ra_PI_B_w1",4801,49,null,"","ra","PI","B",""]
["ra_PI_B_u2",4901,50,null,"","ra","PI","B","u"]
["ra_PI_B_v2",5001,51,null,"","ra","PI","B",""]
["ra_PI_B_w2",5101,52,null,"","ra","PI","B",""]
["ra_PI_B_u3",5201,53,null,"","ra","PI","B","u"]
["ra_PI_B_v3",5301,54,null,"","ra","PI","B",""]
["ra_PI_C_u1",5401,55,null,"","ra","PI","C","u"]
["ra_PI_C_v1",5501,56,null,"","ra","PI","C",""]
["ra_PI_C_w1",5601,57,null,"","ra","PI","C",""]
["ra_PI_C_u2",5701,58,null,"","ra","PI","C","u"]
["ra_PI_C_v2",5801,59,null,"","ra","PI","C",""]
["ra_PI_C_w2",5901,60,null,"","ra","PI","C",""]
["ra_PI_C_u3",6001,61,null,"","ra","PI","C","u"]
["ra_PI_C_v3",6101,62,null,"","ra","PI","C",""]
["b-AL",6201,63,null,"b-","","AL","",""]
["b-AL_S",6301,64,null,"b-","","AL","","S"]
["b-AL_SG",6401,65,null,"b-","","AL","","SG"]
[{"$f":"OFFSET(INDIRECT($B$3&1),$B74,$B$6)","v":"b-pc_AL_SG"},{"$f":"$B$4*(C74-1)+$B$5","v":6501},66,null,"b-","pc","AL","",{"$f":"IF(ISNUMBER(FIND(\"_SG\",$A74)),\"SG\",IF(ISNUMBER(FIND(\"_S\",$A74)),\"S\",IF(ISNUMBER(FIND(\"_u\",$A74)),\"u\",\"\")))","v":"SG"}]
["b-AL_B",6601,67,null,{"$f":"IF(ISNUMBER(FIND(\"b-\",$A75)),\"b-\",\"\")","v":"b-"},{"$f":"IF(ISNUMBER(FIND(\"pc\",$A75)),\"pc\",IF(ISNUMBER(FIND(\"ra\",$A75)),\"ra\",\"\"))","v":""},{"$f":"IF(ISNUMBER(FIND(\"AL\",$A75)),\"AL\",IF(ISNUMBER(FIND(\"PI\",$A75)),\"PI\",IF(ISNUMBER(FIND(\"R01\",$A75)),\"R01\",\"\")))","v":"AL"},{"$f":"IF(ISNUMBER(FIND(\"B\",$A75)),\"B\",IF(ISNUMBER(FIND(\"C\",$A75)),\"C\",\"\"))","v":"B"},""]
["b-AL_B_S",6701,68,null,"b-","","AL","B","S"]
["b-AL_B_SG",6801,69,null,"b-","","AL","B","SG"]
["b-pc_AL_B_SG",6901,70,null,"b-","pc","AL","B","SG"]
["b-AL_C",7001,71,null,"b-","","AL","C",""]
["b-AL_C_S",7101,72,null,"b-","","AL","C","S"]
["b-AL_C_SG",7201,73,null,"b-","","AL","C","SG"]
["b-pc_AL_C_SG",7301,74,null,"b-","pc","AL","C","SG"]
["b-PI",7401,75,null,"b-","","PI","",""]
["b-PI_S",7501,76,null,"b-","","PI","","S"]
["b-PI_SG",7601,77,null,"b-","","PI","","SG"]
["b-pc_PI_SG",7701,78,null,"b-","pc","PI","","SG"]
["b-PI_B",7801,79,null,"b-","","PI","B",""]
["b-PI_B_S",7901,80,null,"b-","","PI","B","S"]
["b-PI_B_SG",8001,81,null,"b-","","PI","B","SG"]
["b-pc_PI_B_SG",8101,82,null,"b-","pc","PI","B","SG"]
["b-PI_C",8201,83,null,"b-","","PI","C",""]
["b-PI_C_S",8301,84,null,"b-","","PI","C","S"]
["b-PI_C_SG",8401,85,null,"b-","","PI","C","SG"]
["b-pc_PI_C_SG",8501,86,null,"b-","pc","PI","C","SG"]
["b-PI_BT",8601,87,null,"b-","","PI","B",""]
["b-PI_BT_S",8701,88,null,"b-","","PI","B","S"]
["b-PI_BT_SG",8801,89,null,"b-","","PI","B","SG"]
["b-pc_PI_BT_SG",8901,90,null,"b-","pc","PI","B","SG"]
["b-R01",9001,91,null,"b-","","R01","",""]
["b-R01_S",9101,92,null,"b-","","R01","","S"]
["b-R01_SG",9201,93,null,"b-","","R01","","SG"]
["b-pc_R01_SG",9301,94,null,"b-","pc","R01","","SG"]
["b-ra_AL",9401,95,null,"b-","ra","AL","",""]
["b-ra_AL_B",9501,96,null,"b-","ra","AL","B",""]
["b-ra_AL_C",9601,97,null,"b-","ra","AL","C",""]
["b-ra_PI",9701,98,null,"b-","ra","PI","",""]
["b-ra_PI_B",9801,99,null,"b-","ra","PI","B",""]
["b-ra_PI_C",9901,100,null,"b-","ra","PI","C",""]
["b-ra_PI_u1",10001,101,null,"b-","ra","PI","","u"]
["b-ra_PI_v1",10101,102,null,"b-","ra","PI","",""]
["b-ra_PI_w1",10201,103,null,"b-","ra","PI","",""]
["b-ra_PI_u2",10301,104,null,"b-","ra","PI","","u"]
["b-ra_PI_v2",10401,105,null,"b-","ra","PI","",""]
["b-ra_PI_w2",10501,106,null,"b-","ra","PI","",""]
["b-ra_PI_u3",10601,107,null,"b-","ra","PI","","u"]
["b-ra_PI_v3",10701,108,null,"b-","ra","PI","",""]
["b-ra_PI_B_u1",10801,109,null,"b-","ra","PI","B","u"]
["b-ra_PI_B_v1",10901,110,null,"b-","ra","PI","B",""]
["b-ra_PI_B_w1",11001,111,null,"b-","ra","PI","B",""]
["b-ra_PI_B_u2",11101,112,null,"b-","ra","PI","B","u"]
["b-ra_PI_B_v2",11201,113,null,"b-","ra","PI","B",""]
["b-ra_PI_B_w2",11301,114,null,"b-","ra","PI","B",""]
["b-ra_PI_B_u3",11401,115,null,"b-","ra","PI","B","u"]
["b-ra_PI_B_v3",11501,116,null,"b-","ra","PI","B",""]
["b-ra_PI_C_u1",11601,117,null,"b-","ra","PI","C","u"]
["b-ra_PI_C_v1",11701,118,null,"b-","ra","PI","C",""]
["b-ra_PI_C_w1",11801,119,null,"b-","ra","PI","C",""]
["b-ra_PI_C_u2",11901,120,null,"b-","ra","PI","C","u"]
["b-ra_PI_C_v2",12001,121,null,"b-","ra","PI","C",""]
["b-ra_PI_C_w2",12101,122,null,"b-","ra","PI","C",""]
["b-ra_PI_C_u3",12201,123,null,"b-","ra","PI","C","u"]
["b-ra_PI_C_v3",12301,124,null,"b-","ra","PI","C",""]

{"sheet":"wPIB_ad","index":5,"n_rows":94,"n_cols":48,"rows_kept":94,"merged":[[7,42,9,42],[7,43,9,43],[7,44,9,44],[7,45,9,45],[7,46,9,46],[7,47,9,47]]}
["Title","Number Basic Science PIs Smoothed.  Used to get Desired Combined Distribution"]
["Purpose","Use offset to get index of sheet D2 =OFFSET(INDIRECT($B$3&1),$B8-1+$B5,E$1-1)"]
["Data Source","d2!A"]
["Data Name","PI_B_S"]
["Start Row",{"$f":"VLOOKUP($B$4,'id2'!$A$9:$B$132,2,0)","v":1701}]
["Number Row",100]
["Column Number",0]
[{"$nulls":42},"=AVERAGE(AK12:AO12)*AQ$79","=AVERAGE(G12:K12)*AR$79","=MAX(AQ12,AR12)","=AS12*AT$78","=AS12-AQ12","=AU12*$AT$78"]
[{"$nulls":4},1,{"$f":"1+E9","v":2},{"$f":"1+F9+14","v":17},{"$f":"1+G9","v":18},19,20,21,22,23,24,25,26,27,28,29,30,31,32,33,34,35,36,37,38,39,40,41,42,43,44,45,46,47,48,49,50,51]
[]
[{"$nulls":3},{"$f":"B5","v":1701},{"$f":"OFFSET(INDIRECT($B$3&1),$D11-1,E$9)","v":"PI_B_S"},{"$f":"OFFSET(INDIRECT($B$3&1),$D11-1,F$9)","v":"Age/Yea"},1980,1981,1982,1983,1984,1985,1986,1987,1988,1989,1990,1991,1992,1993,1994,1995,1996,1997,1998,1999,2000,2001,2002,2003,2004,2005,2006,2007,2008,2009,2010,2011,2012,2013,2014,"Age","Av2012","Av1982","Max","Max1","Dif","Dif1"]
[{"$nulls":3},{"$f":"1+D11","v":1702},{"$f":"OFFSET(INDIRECT($B$3&1),$D12-1,E$9)","v":"PI_B_S"},26,{"$f":"OFFSET(INDIRECT($B$3&1),$D12-1,G$9)*G$81","v":{"v":5.346256176358799,"d":"5"}},{"$f":"OFFSET(INDIRECT($B$3&1),$D12-1,H$9)*H$81","v":{"v":3.688636363636364,"d":"4"}},{"v":3.527809742999617,"d":"4"},{"v":2.3155642023346306,"d":"2"},{"v":1.2855445544554456,"d":"1"},{"v":1.509968102073365,"d":"2"},{"v":1.7614977614977616,"d":"2"},{"v":1.5438238891153686,"d":"2"},{"v":1.7788738183312782,"d":"2"},{"v":2.245745122457451,"d":"2"},{"v":2.2272540139975296,"d":"2"},{"v":1.965684295518773,"d":"2"},{"v":2.5639810426540284,"d":"3"},{"v":2.3119658119658126,"d":"2"},{"v":2.0904173106646056,"d":"2"},{"v":2.273977837218189,"d":"2"},{"v":2.263598326359833,"d":"2"},{"v":1.8366654092795172,"d":"2"},{"v":2.2296740352191833,"d":"2"},{"v":2.0133978414588762,"d":"2"},{"v":1.7966789667896679,"d":"2"},{"v":1.7815587266739845,"d":"2"},{"v":1.9615663524292966,"d":"2"},{"v":1.3646846846846847,"d":"1"},{"v":1.7464131994261118,"d":"2"},{"v":1.5551563061444484,"d":"2"},{"v":1.3632109431245498,"d":"1"},{"v":1.1731116732923745,"d":"1"},{"v":1.169308357348703,"d":"1"},{"v":0.9761818837964633,"d":"1"},{"v":0.7817919075144508,"d":"1"},{"v":1.3716044911264034,"d":"1"},{"v":1.1947000368053,"d":"1"},{"v":1.6511669658886894,"d":"2"},0,{"$f":"F12","v":26},{"$f":"AVERAGE(AK12:AO12)*AQ$79","v":{"v":0.9998526802669687,"d":"1.0"}},{"$f":"AVERAGE(G12:K12)*AR$79","v":{"v":3.119647858300557,"d":"3.1"}},{"$f":"MAX(AQ12,AR12)","v":{"v":3.119647858300557,"d":"3.1"}},{"$f":"AS12*AT$78","v":{"v":3.119647858300557,"d":"3.1"}},{"$f":"AS12-AQ12","v":{"v":2.119795178033588,"d":"2.1"}},{"$f":"AU12*$AT$78","v":{"v":2.119795178033588,"d":"2.1"}}]
[{"$nulls":3},{"$f":"1+D12","v":1703},"PI_B_S",27,{"$f":"OFFSET(INDIRECT($B$3&1),$D13-1,G$9)*G$81","v":{"v":13.571265678449258,"d":"14"}},{"v":10.246212121212121,"d":"10"},{"v":7.263137706175682,"d":"7"},{"v":6.946692607003891,"d":"7"},{"v":5.570693069306931,"d":"6"},{"v":4.098484848484849,"d":"4"},{"v":3.522995522995523,"d":"4"},{"v":4.190379127598858,"d":"4"},{"v":4.002466091245376,"d":"4"},{"v":4.042341220423412,"d":"4"},{"v":4.454508027995059,"d":"4"},{"v":4.368187323375051,"d":"4"},{"v":3.4186413902053716,"d":"3"},{"v":3.783216783216784,"d":"4"},{"v":2.9265842349304476,"d":"3"},{"v":2.6874283530760414,"d":"3"},{"v":3.0867249904906813,"d":"3"},{"v":3.265182949830253,"d":"3"},{"v":2.837766953915324,"d":"3"},{"v":3.4227763304800893,"d":"3"},{"v":3.5933579335793358,"d":"4"},{"v":3.563117453347969,"d":"4"},{"v":3.726976069615663,"d":"4"},{"v":4.094054054054054,"d":"4"},{"v":3.6868723098995693,"d":"4"},{"v":3.8878907653611208,"d":"4"},{"v":3.8948884089272857,"d":"4"},{"v":3.323816407661728,"d":"3"},{"v":2.728386167146974,"d":"3"},{"v":2.5380728978708045,"d":"3"},{"v":2.3453757225433525,"d":"2"},{"v":1.76349148859109,"d":"2"},{"v":2.98675009201325,"d":"3"},{"v":3.8850987432675046,"d":"4"},{"v":7.153719008264463,"d":"7"},27,{"v":3.626887010935932,"d":"3.6"},{"v":8.414501424156905,"d":"8.4"},{"$f":"MAX(AQ13,AR13)","v":{"v":8.414501424156905,"d":"8.4"}},{"v":8.414501424156905,"d":"8.4"},{"$f":"AS13-AQ13","v":{"v":4.787614413220973,"d":"4.8"}},{"$f":"AU13*$AT$78","v":{"v":4.787614413220973,"d":"4.8"}}]
[{"$nulls":3},1704,"PI_B_S",28,{"v":36.80691752185481,"d":"37"},{"v":31.14848484848485,"d":"31"},{"v":24.69466820099732,"d":"25"},{"v":19.998054474708173,"d":"20"},{"v":18.426138613861387,"d":"18"},{"v":14.452551834130782,"d":"14"},{"v":11.66992266992267,"d":"12"},{"v":10.806767223807583,"d":"11"},{"v":10.895602137279079,"d":"11"},{"v":9.20755500207555,"d":"9"},{"v":9.79991766158913,"d":"10"},{"v":9.173193379087607,"d":"9"},{"v":8.332938388625593,"d":"8"},{"v":8.407148407148409,"d":"8"},{"v":8.361669242658422,"d":"8"},{"v":6.821933511654566,"d":"7"},{"v":6.790794979079498,"d":"7"},{"v":6.3262919652961145,"d":"6"},{"v":5.472836268265269,"d":"5"},{"v":5.637513956084853,"d":"6"},{"v":6.787453874538746,"d":"7"},{"v":6.928283937065495,"d":"7"},{"v":8.434735315445975,"d":"8"},{"v":8.967927927927928,"d":"9"},{"v":9.508249641319944,"d":"10"},{"v":8.553359683794467,"d":"9"},{"v":9.347732181425485,"d":"9"},{"v":8.602818937477414,"d":"9"},{"v":7.210734870317003,"d":"7"},{"v":6.052327679538073,"d":"6"},{"v":6.058887283236994,"d":"6"},{"v":5.4864179645056135,"d":"5"},{"v":5.177033492822967,"d":"5"},{"v":5.8276481149012564,"d":"6"},{"v":5.365289256198347,"d":"5"},28,{"v":5.583055222333035,"d":"5.6"},{"v":25.29759503488928,"d":"25.3"},{"v":25.29759503488928,"d":"25.3"},{"v":25.29759503488928,"d":"25.3"},{"v":19.714539812556247,"d":"19.7"},{"v":19.714539812556247,"d":"19.7"}]
[{"$nulls":3},1705,"PI_B_S",29,{"v":82.2500950209046,"d":"82"},{"v":71.9284090909091,"d":"72"},{"v":64.53816647487535,"d":"65"},{"v":55.784046692607006,"d":"56"},{"v":44.35128712871287,"d":"44"},{"v":39.69059011164274,"d":"40"},{"v":33.248270248270245,"d":"33"},{"v":27.568283734203014,"d":"28"},{"v":24.459515002055074,"d":"24"},{"v":23.580323785803238,"d":"24"},{"v":20.26801152737752,"d":"20"},{"v":20.093661687525234,"d":"20"},{"v":16.87954186413902,"d":"17"},{"v":13.661616161616164,"d":"14"},{"v":12.542503863987633,"d":"13"},{"v":11.783339701948798,"d":"12"},{"v":10.494864967668315,"d":"10"},{"v":11.428140324405883,"d":"11"},{"v":11.959160734357438,"d":"12"},{"v":11.476367696315595,"d":"11"},{"v":13.175645756457564,"d":"13"},{"v":15.044273691913647,"d":"15"},{"v":15.888687454677301,"d":"16"},{"v":17.545945945945945,"d":"18"},{"v":18.628407460545194,"d":"19"},{"v":18.467481135465324,"d":"18"},{"v":17.33225341972642,"d":"17"},{"v":16.03252620166245,"d":"16"},{"v":15.785662824207492,"d":"16"},{"v":15.618910140743413,"d":"16"},{"v":13.68135838150289,"d":"14"},{"v":12.736327417602316,"d":"13"},{"v":12.942583732057418,"d":"13"},{"v":10.392639138240574,"d":"10"},{"v":10.730578512396693,"d":"11"},29,{"v":12.09669743635998,"d":"12.1"},{"v":61.53907455475454,"d":"61.5"},{"v":61.53907455475454,"d":"61.5"},{"v":61.53907455475454,"d":"61.5"},{"v":49.44237711839456,"d":"49.4"},{"v":49.44237711839456,"d":"49.4"}]
[{"$nulls":3},1706,"PI_B_S",30,{"v":149.90079817559865,"d":"150"},{"v":131.56136363636364,"d":"132"},{"v":116.00268507863446,"d":"116"},{"v":105.25291828793775,"d":"105"},{"v":89.34534653465347,"d":"89"},{"v":75.066985645933,"d":"75"},{"v":70.9002849002849,"d":"71"},{"v":62.63514064410924,"d":"63"},{"v":54.70036991368681,"d":"55"},{"v":51.87671232876713,"d":"52"},{"v":48.554137505146144,"d":"49"},{"v":39.75050464271296,"d":"40"},{"v":35.46840442338073,"d":"35"},{"v":33.83877233877235,"d":"34"},{"v":28.638717156105095,"d":"29"},{"v":26.04738249904471,"d":"26"},{"v":24.48801825789274,"d":"24"},{"v":24.897019992455675,"d":"25"},{"v":24.931809666541778,"d":"25"},{"v":25.972832154819503,"d":"26"},{"v":24.554612546125462,"d":"25"},{"v":26.327478960848882,"d":"26"},{"v":27.461928934010153,"d":"27"},{"v":28.853333333333335,"d":"29"},{"v":29.494978479196554,"d":"29"},{"v":32.07509881422925,"d":"32"},{"v":32.132829373650104,"d":"32"},{"v":31.67401517889411,"d":"32"},{"v":28.648054755043226,"d":"29"},{"v":28.69974738361602,"d":"29"},{"v":27.36271676300578,"d":"27"},{"v":25.864541832669318,"d":"26"},{"v":22.301067353698933,"d":"22"},{"v":20.105385996409336,"d":"20"},{"v":9.836363636363636,"d":"10"},30,{"v":21.094015116429397,"d":"21.1"},{"v":114.2693646868687,"d":"114.3"},{"v":114.2693646868687,"d":"114.3"},{"v":114.2693646868687,"d":"114.3"},{"v":93.1753495704393,"d":"93.2"},{"v":93.1753495704393,"d":"93.2"}]
[{"$nulls":3},1707,"PI_B_S",31,{"v":235.44089699733942,"d":"235"},{"v":216.19507575757575,"d":"216"},{"v":196.5197545070963,"d":"197"},{"v":182.29805447470815,"d":"182"},{"v":169.47762376237623,"d":"169"},{"v":151.21251993620413,"d":"151"},{"v":131.8921448921449,"d":"132"},{"v":124.60864247859763,"d":"125"},{"v":112.06905055487051,"d":"112"},{"v":97.68991282689913,"d":"98"},{"v":88.64470975710168,"d":"89"},{"v":85.83488090431975,"d":"86"},{"v":72.00513428120064,"d":"72"},{"v":63.6841491841492,"d":"64"},{"v":61.4582689335394,"d":"61"},{"v":52.50821551394727,"d":"53"},{"v":46.09509319132751,"d":"46"},{"v":46.5288570350811,"d":"47"},{"v":47.02585237916823,"d":"47"},{"v":48.120208410867136,"d":"48"},{"v":51.504797047970484,"d":"52"},{"v":51.86315404317599,"d":"52"},{"v":53.15844815083394,"d":"53"},{"v":54.782342342342346,"d":"55"},{"v":55.69117647058823,"d":"56"},{"v":57.34638878907653,"d":"57"},{"v":57.44960403167747,"d":"57"},{"v":54.94073003252621,"d":"55"},{"v":54.17795389048991,"d":"54"},{"v":49.78527607361963,"d":"50"},{"v":47.102962427745666,"d":"47"},{"v":45.850778703368334,"d":"46"},{"v":43.60655134339345,"d":"44"},{"v":39.82226211849192,"d":"40"},{"v":33.9801652892562,"d":"34"},31,{"v":42.072543976451115,"d":"42.1"},{"v":192.9887611241365,"d":"193.0"},{"v":192.9887611241365,"d":"193.0"},{"v":192.9887611241365,"d":"193.0"},{"v":150.91621714768536,"d":"150.9"},{"v":150.91621714768536,"d":"150.9"}]
[{"$nulls":3},1708,"PI_B_S",32,{"v":308.84910680349674,"d":"309"},{"v":298.16477272727275,"d":"298"},{"v":281.18718833908713,"d":"281"},{"v":263.3428015564202,"d":"263"},{"v":250.46693069306934,"d":"250"},{"v":236.6335725677831,"d":"237"},{"v":220.84778184778185,"d":"221"},{"v":194.52181002853646,"d":"195"},{"v":185.22523633374433,"d":"185"},{"v":173.37152345371524,"d":"173"},{"v":152.34417455743105,"d":"152"},{"v":140.00040371417037,"d":"140"},{"v":134.82266982622434,"d":"135"},{"v":116.01864801864805,"d":"116"},{"v":103.26661514683151,"d":"103"},{"v":97.16087122659535,"d":"97"},{"v":85.1936097375428,"d":"85"},{"v":74.89513391173142,"d":"75"},{"v":76.82240539527913,"d":"77"},{"v":78.72385560104206,"d":"79"},{"v":81.24981549815499,"d":"81"},{"v":88.28613245517745,"d":"88"},{"v":90.03589557650471,"d":"90"},{"v":90.0691891891892,"d":"90"},{"v":90.81348637015782,"d":"91"},{"v":93.11498383039884,"d":"93"},{"v":94.45104391648668,"d":"94"},{"v":93.84893386338996,"d":"94"},{"v":90.81628242074927,"d":"91"},{"v":90.98015156983038,"d":"91"},{"v":83.0653901734104,"d":"83"},{"v":78.76928649040202,"d":"79"},{"v":74.07140228192861,"d":"74"},{"v":64.39551166965889,"d":"64"},{"v":46.499173553719004,"d":"46"},32,{"v":69.36015283382379,"d":"69.4"},{"v":270.59088844463406,"d":"270.6"},{"v":270.59088844463406,"d":"270.6"},{"v":270.59088844463406,"d":"270.6"},{"v":201.23073561081026,"d":"201.2"},{"v":201.23073561081026,"d":"201.2"}]
[{"$nulls":3},1709,"PI_B_S",33,{"v":372.79855568225014,"d":"373"},{"v":363.33068181818186,"d":"363"},{"v":355.47871116225554,"d":"355"},{"v":335.96731517509727,"d":"336"},{"v":320.9576237623763,"d":"321"},{"v":306.52352472089314,"d":"307"},{"v":299.23443223443223,"d":"299"},{"v":282.0786791683652,"d":"282"},{"v":259.4932182490752,"d":"259"},{"v":250.17600664176007,"d":"250"},{"v":231.6344174557431,"d":"232"},{"v":207.70730722648366,"d":"208"},{"v":189.94826224328597,"d":"190"},{"v":183.06565656565658,"d":"183"},{"v":164.09775888717155,"d":"164"},{"v":150.90943828811618,"d":"151"},{"v":145.48763788512744,"d":"145"},{"v":131.83176159939643,"d":"132"},{"$f":"OFFSET(INDIRECT($B$3&1),$D19-1,Y$9)*Y$81","v":{"v":121.61858373922817,"d":"122"}},{"v":122.81726832899145,"d":"123"},{"v":124.37011070110701,"d":"124"},{"v":126.09476765459202,"d":"126"},{"v":134.56345177664974,"d":"135"},{"v":134.129009009009,"d":"134"},{"v":134.4738163558106,"d":"134"},{"v":132.77146963708228,"d":"133"},{"v":134.56839452843772,"d":"135"},{"v":135.68991687748465,"d":"136"},{"v":136.4193083573487,"d":"136"},{"v":132.37026344280042,"d":"132"},{"v":134.0773121387283,"d":"134"},{"v":125.01195219123504,"d":"125"},{"v":117.27972027972028,"d":"117"},{"v":108.10287253141831,"d":"108"},{"$f":"OFFSET(INDIRECT($B$3&1),$D19-1,AO$9)*AO$81","v":{"v":86.73884297520661,"d":"87"}},33,{"v":114.24214002326171,"d":"114.2"},{"v":337.4703443726063,"d":"337.5"},{"v":337.4703443726063,"d":"337.5"},{"v":337.4703443726063,"d":"337.5"},{"v":223.2282043493446,"d":"223.2"},{"v":223.2282043493446,"d":"223.2"}]
[{"$nulls":3},1710,"PI_B_S",34,{"v":430.37362219688333,"d":"430"},{"v":413.9469696969697,"d":"414"},{"v":404.6605293440737,"d":"405"},{"v":399.11906614785994,"d":"399"},{"v":380.9497029702971,"d":"381"},{"v":368.43221690590116,"d":"368"},{"v":365.0704110704111,"d":"365"},{"v":357.06441092539745,"d":"357"},{"v":343.7673653925195,"d":"344"},{"v":322.71357409713573,"d":"323"},{"v":306.6928777274598,"d":"307"},{"v":286.3346790472346,"d":"286"},{"v":260.45774091627175,"d":"260"},{"v":242.966588966589,"d":"243"},{"v":237.8894899536321,"d":"238"},{"v":214.1673672143676,"d":"214"},{"v":200.6371243818943,"d":"201"},{"v":192.84986797434928,"d":"193"},{"v":177.56313225927312,"d":"178"},{"v":170.13211760327505,"d":"170"},{"v":171.88228782287823,"d":"172"},{"v":173.60300036589828,"d":"174"},{"v":177.9140681653372,"d":"178"},{"v":187.74162162162162,"d":"188"},{"v":186.0900286944046,"d":"186"},{"v":184.0916277398491,"d":"184"},{"v":181.50179985601153,"d":"182"},{"v":180.65919768702568,"d":"181"},{"v":181.04791066282422,"d":"181"},{"v":181.56983038614217,"d":"182"},{"v":178.83489884393063,"d":"179"},{"v":177.7207533502354,"d":"178"},{"v":167.45712182554288,"d":"167"},{"v":150.25619389587072,"d":"150"},{"v":119.82479338842975,"d":"120"},34,{"v":158.8187522608019,"d":"158.8"},{"v":391.6106869385049,"d":"391.6"},{"v":391.6106869385049,"d":"391.6"},{"v":391.6106869385049,"d":"391.6"},{"v":232.791934677703,"d":"232.8"},{"v":232.791934677703,"d":"232.8"}]
[{"$nulls":3},1711,"PI_B_S",35,{"v":485.4811858608894,"d":"485"},{"v":460.8746212121212,"d":"461"},{"v":448.86191024165714,"d":"449"},{"v":441.6412451361868,"d":"442"},{"v":443.2986138613862,"d":"443"},{"v":418.908293460925,"d":"419"},{"v":415.2730972730973,"d":"415"},{"v":409.55442315531997,"d":"410"},{"v":403.3596383066173,"d":"403"},{"v":390.9842258198422,"d":"391"},{"v":369.05599011939063,"d":"369"},{"v":349.89180460234155,"d":"350"},{"v":332.24921011058456,"d":"332"},{"v":306.0202020202021,"d":"306"},{"v":288.89567233384844,"d":"289"},{"v":278.8723729461215,"d":"279"},{"v":258.25599087105365,"d":"258"},{"v":239.99094681252356,"d":"240"},{"v":236.14275009366804,"d":"236"},{"v":223.2858206177894,"d":"223"},{"v":218.39630996309964,"d":"218"},{"v":221.5071350164654,"d":"222"},{"v":227.93401015228426,"d":"228"},{"v":233.750990990991,"d":"234"},{"v":241.7812051649928,"d":"242"},{"v":239.88286022278118,"d":"240"},{"v":236.22498200143988,"d":"236"},{"v":228.9522949042284,"d":"229"},{"v":225.28674351585013,"d":"225"},{"v":228.6217971851317,"d":"229"},{"v":229.0650289017341,"d":"229"},{"v":226.70662803332124,"d":"227"},{"v":223.60802355539198,"d":"224"},{"v":204.25906642728907,"d":"204"},{"v":164.53553719008264,"d":"165"},35,{"v":209.6348568215638,"d":"209.6"},{"v":440.07497254341513,"d":"440.1"},{"v":440.07497254341513,"d":"440.1"},{"v":440.07497254341513,"d":"440.1"},{"v":230.44011572185133,"d":"230.4"},{"v":230.44011572185133,"d":"230.4"}]
[{"$nulls":3},1712,"PI_B_S",36,{"v":520.8487267198784,"d":"521"},{"v":501.244696969697,"d":"501"},{"v":490.1580360567703,"d":"490"},{"v":478.6902723735409,"d":"479"},{"v":473.080396039604,"d":"473"},{"v":470.89433811802235,"d":"471"},{"v":456.2279202279202,"d":"456"},{"v":445.2829188748471,"d":"445"},{"v":445.1631730374023,"d":"445"},{"v":442.4117891241179,"d":"442"},{"v":428.300946891725,"d":"428"},{"v":409.08074283407353,"d":"409"},{"v":386.94747235387047,"d":"387"},{"v":371.5959595959597,"d":"372"},{"v":351.19010819165374,"d":"351"},{"v":330.96713794421095,"d":"331"},{"v":320.1962723469,"d":"320"},{"v":301.2131271218408,"d":"301"},{"v":287.83064818284004,"d":"288"},{"v":289.7279493859323,"d":"290"},{"v":277.28745387453876,"d":"277"},{"v":271.78668130259786,"d":"272"},{"v":277.7577955039884,"d":"278"},{"v":285.21909909909914,"d":"285"},{"v":289.1284074605452,"d":"289"},{"v":300.92274523895077,"d":"301"},{"v":297.764218862491,"d":"298"},{"v":288.3899530177087,"d":"288"},{"v":277.12608069164264,"d":"277"},{"v":270.5976181883796,"d":"271"},{"v":273.8226156069364,"d":"274"},{"v":274.1249547265483,"d":"274"},{"v":272.98895841001104,"d":"273"},{"v":264.8666068222621,"d":"265"},{"v":219.08264462809916,"d":"219"},36,{"v":260.9771560387714,"d":"261.0"},{"v":475.56119877903797,"d":"475.6"},{"v":475.56119877903797,"d":"475.6"},{"v":475.56119877903797,"d":"475.6"},{"v":214.58404274026657,"d":"214.6"},{"v":214.58404274026657,"d":"214.6"}]
[{"$nulls":3},1713,"PI_B_S",37,541,{"v":531.9833333333333,"d":"532"},{"v":517.5504411200615,"d":"518"},{"v":504.3719844357977,"d":"504"},{"v":496.64871287128716,"d":"497"},{"v":490.09250398724083,"d":"490"},{"v":498.06349206349205,"d":"498"},{"v":486.08397880146754,"d":"486"},{"v":481.18536785861073,"d":"481"},{"v":483.5089248650893,"d":"484"},{"v":472.62330177027576,"d":"473"},{"v":454.2914816310053,"d":"454"},{"v":435.4494470774092,"d":"435"},{"v":416.7843822843824,"d":"417"},{"v":406.37712519319933,"d":"406"},{"v":382.2350019105847,"d":"382"},{"v":363.20464054773686,"d":"363"},{"v":349.1705016974726,"d":"349"},{"v":336.2753840389659,"d":"336"},{"v":329.19054707852627,"d":"329"},{"v":334.3819188191882,"d":"334"},{"v":324.63959019392604,"d":"325"},{"v":321.3045685279188,"d":"321"},{"v":328.3041441441442,"d":"328"},{"v":334.3411047345768,"d":"334"},{"v":343.495149119655,"d":"343"},{"v":358.1349892008639,"d":"358"},{"v":351.34694615106616,"d":"351"},{"v":339.6840778097983,"d":"340"},{"v":324.873330927463,"d":"325"},{"v":315.06213872832365,"d":"315"},{"v":317.62441144512854,"d":"318"},{"v":319.9804931910195,"d":"320"},{"v":316.9269299820467,"d":"317"},{"v":262.899173553719,"d":"263"},37,{"v":306.4986293800475,"d":"306.5"},{"v":500.1751961587161,"d":"500.2"},{"v":500.1751961587161,"d":"500.2"},{"v":500.1751961587161,"d":"500.2"},{"v":193.67656677866864,"d":"193.7"},{"v":193.67656677866864,"d":"193.7"}]
[{"$nulls":3},1714,"PI_B_S",38,{"v":538.7381223869252,"d":"539"},541,{"v":539.3398542385885,"d":"539"},{"v":525.633073929961,"d":"526"},{"v":518.0744554455446,"d":"518"},{"v":506.48644338118027,"d":"506"},{"v":512.1554741554742,"d":"512"},{"v":519.6070118222584,"d":"520"},{"v":514.7616111796136,"d":"515"},{"v":514.0510585305105,"d":"514"},{"v":511.3775216138328,"d":"511"},{"v":501.03108599111835,"d":"501"},{"v":480.9601105845182,"d":"481"},{"v":464.0745920745922,"d":"464"},{"v":451.11205564142193,"d":"451"},{"v":435.5701184562476,"d":"436"},{"v":410.74020540129334,"d":"411"},{"v":388.9649188985288,"d":"389"},{"v":377.22030723117274,"d":"377"},{"v":370.06252326014146,"d":"370"},{"v":365.52435424354246,"d":"366"},{"v":378.68020490303695,"d":"379"},{"v":373.8745467730239,"d":"374"},{"v":372.36396396396395,"d":"372"},{"v":376.25502152080344,"d":"376"},{"v":386.26194753862734,"d":"386"},{"v":392.41000719942406,"d":"392"},{"v":404.136971449223,"d":"404"},{"v":390.9387608069164,"d":"391"},{"v":382.8585348249729,"d":"383"},{"v":364.5104768786127,"d":"365"},{"v":350.93480622962693,"d":"351"},{"v":351.4409274935591,"d":"351"},{"v":339.65475763016155,"d":"340"},{"v":318.3404958677686,"d":"318"},38,{"v":344.9762928199458,"d":"345.0"},{"v":513.9229282292088,"d":"513.9"},{"v":513.9229282292088,"d":"513.9"},{"v":513.9229282292088,"d":"513.9"},{"$f":"AS24-AQ24","v":{"v":168.94663540926297,"d":"168.9"}},{"v":168.94663540926297,"d":"168.9"}]
[{"$nulls":3},1715,"PI_B_S",39,{"v":513.8574686431015,"d":"514"},{"v":533.0079545454546,"d":"533"},541,541,{"v":528.1445544554456,"d":"528"},{"v":517.9190590111642,"d":"518"},{"v":515.2380952380953,"d":"515"},{"v":518.063187933143,"d":"518"},{"v":532.5503493629263,"d":"533"},{"v":535.8347862183479,"d":"536"},{"v":530.5319061342116,"d":"531"},{"v":529.8611223253937,"d":"530"},{"v":518.7788309636652,"d":"519"},{"v":504.6390831390832,"d":"505"},{"v":491.0390262751159,"d":"491"},{"v":470.92013756209406,"d":"471"},{"v":451.89653860783574,"d":"452"},{"v":428.759336099585,"d":"429"},{"v":409.65192956163355,"d":"410"},{"v":403.88760699665056,"d":"404"},{"v":401.4579335793358,"d":"401"},{"v":399.4650567142334,"d":"399"},{"v":414.2828136330674,"d":"414"},{"v":412.71963963963964,"d":"413"},{"v":408.66068866571015,"d":"409"},{"v":412.5052102048149,"d":"413"},{"v":422.7901367890569,"d":"423"},{"v":429.55439103722443,"d":"430"},{"v":435.7622478386167,"d":"436"},{"v":423.27246481414653,"d":"423"},{"v":416.8905346820809,"d":"417"},{"v":396.1977544367982,"d":"396"},{"v":383.2995951417004,"d":"383"},{"v":369.76427289048473,"d":"370"},{"v":344.27272727272725,"d":"344"},39,{"v":382.0849768847583,"d":"382.1"},{"v":512.8082397052477,"d":"512.8"},{"v":512.8082397052477,"d":"512.8"},{"v":512.8082397052477,"d":"512.8"},{"v":130.72326282048942,"d":"130.7"},{"v":130.72326282048942,"d":"130.7"}]
[{"$nulls":3},1716,"PI_B_S",40,{"v":481.7799315849487,"d":"482"},{"v":504.5234848484848,"d":"505"},{"v":528.5489067894132,"d":"529"},{"v":536.7898832684825,"d":"537"},{"v":539.7144554455446,"d":"540"},{"v":522.664673046252,"d":"523"},{"v":522.063899063899,"d":"522"},{"v":516.5193640440276,"d":"517"},{"v":523.2112618166872,"d":"523"},{"v":540.7754254877543,"d":"541"},{"v":540.5545491972005,"d":"541"},{"v":539.2527250706501,"d":"539"},541,{"v":535.3251748251749,"d":"535"},{"v":527.2032457496135,"d":"527"},{"v":509.9912113106611,"d":"510"},{"v":485.2331685051351,"d":"485"},{"v":463.45190494153144,"d":"463"},{"v":445.7321094042713,"d":"446"},{"v":428.65240044659475,"d":"429"},{"v":424.2158671586716,"d":"424"},{"v":431.1372118551043,"d":"431"},{"v":430.95612762871644,"d":"431"},{"v":449.7610810810811,"d":"450"},{"v":449.41032998565277,"d":"449"},{"v":449.44017247574556,"d":"449"},{"v":448.69114470842334,"d":"449"},{"v":457.1225153595953,"d":"457"},{"v":457.00468299711815,"d":"457"},{"v":463.10068567304216,"d":"463"},{"v":447.7713150289017,"d":"448"},{"v":438.325606664252,"d":"438"},{"v":421.13176297386826,"d":"421"},{"v":377.5344703770198,"d":"378"},{"v":319.23471074380166,"d":"319"},40,{"v":400.79957315756866,"d":"400.8"},{"v":500.13701846714054,"d":"500.1"},{"$f":"AS25","v":{"v":512.8082397052477,"d":"512.8"}},{"v":512.8082397052477,"d":"512.8"},{"v":112.00866654767907,"d":"112.0"},{"v":112.00866654767907,"d":"112.0"}]
[{"$nulls":3},1717,"PI_B_S",41,{"v":429.13987077156975,"d":"429"},{"v":471.32575757575756,"d":"471"},{"v":505.72190257000386,"d":"506"},{"v":530.8957198443579,"d":"531"},541,541,{"v":533.2934472934472,"d":"533"},{"v":524.6795760293518,"d":"525"},{"v":522.9889025893957,"d":"523"},{"v":533.1398920713989,"d":"533"},541,541,{"v":533.5217219589258,"d":"534"},541,{"v":540.7909582689334,"d":"541"},{"v":532.3175391669852,"d":"532"},{"v":514.4541650817802,"d":"514"},{"$f":"OFFSET(INDIRECT($B$3&1),$D27-1,X$9)*X$81","v":{"v":494.67521689928327,"d":"495"}},{"v":475.7313600599475,"d":"476"},{"v":461.67212504652036,"d":"462"},{"v":443.779704797048,"d":"444"},{"v":445.98353457738745,"d":"446"},{"v":460.3796229151559,"d":"460"},{"v":463.212972972973,"d":"463"},{"v":480.84576757532284,"d":"481"},{"v":484.6255839022637,"d":"485"},{"v":483.3556515478761,"d":"483"},{"v":473.35056017347307,"d":"473"},{"v":477.46757925072046,"d":"477"},{"v":477.93865030674846,"d":"478"},{"v":480.60657514450867,"d":"481"},{"v":464.1901484969214,"d":"464"},{"v":458.76481413323523,"d":"459"},{"$f":"OFFSET(INDIRECT($B$3&1),$D27-1,AN$9)*AN$81","v":{"v":413.47163375224414,"d":"413"}},{"v":380.93553719008264,"d":"381"},41,{"v":439.5937417433985,"d":"439.6"},{"v":478.27502356350743,"d":"478.3"},{"$f":"AS26","v":{"v":512.8082397052477,"d":"512.8"}},{"v":512.8082397052477,"d":"512.8"},{"v":73.21449796184925,"d":"73.2"},{"v":73.21449796184925,"d":"73.2"}]
[{"$nulls":3},1718,"PI_B_S",42,{"v":403.0254656024325,"d":"403"},{"v":426.4473484848485,"d":"426"},{"v":472.5189873417722,"d":"473"},{"v":504.58249027237355,"d":"505"},{"v":530.7156435643565,"d":"531"},{"v":534.5287081339713,"d":"535"},541,{"v":525.5617611088463,"d":"526"},{"v":523.65598027127,"d":"524"},{"v":526.6272312162723,"d":"527"},{"v":529.195553725813,"d":"529"},{"v":534.4477190149374,"d":"534"},{"v":535.0173775671407,"d":"535"},{"v":527.9689199689201,"d":"528"},541,{"v":538.312571646924,"d":"538"},{"$f":"OFFSET(INDIRECT($B$3&1),$D28-1,W$9)*W$81","v":{"v":535.2381133510842,"d":"535"}},{"v":517.7355714824594,"d":"518"},{"v":507.5548894717123,"d":"508"},{"v":491.2690733159658,"d":"491"},{"v":479.71328413284135,"d":"480"},{"v":463.20526893523595,"d":"463"},{"v":468.8143582306019,"d":"469"},{"v":488.3621621621622,"d":"488"},{"v":493.84684361549495,"d":"494"},{"v":510.4800574919152,"d":"510"},{"v":514.7095032397408,"d":"515"},{"v":508.7394289844597,"d":"509"},{"v":489.74531700288185,"d":"490"},{"v":491.9956694334175,"d":"492"},{"v":493.7015895953757,"d":"494"},{"v":494.5613908004346,"d":"495"},{"v":480.4685314685315,"d":"480"},{"v":448.04901256732495,"d":"448"},{"v":345.1669421487603,"d":"345"},42,{"v":452.38949331608546,"d":"452.4"},{"v":451.1016320861667,"d":"451.1"},{"$f":"AS27","v":{"v":512.8082397052477,"d":"512.8"}},{"v":512.8082397052477,"d":"512.8"},{"v":60.418746389162266,"d":"60.4"},{"v":60.418746389162266,"d":"60.4"}]
[{"$nulls":3},1719,"PI_B_S",43,{"v":369.3029266438616,"d":"369"},{"v":391.8151515151515,"d":"392"},{"v":421.0544687380131,"d":"421"},{"v":468.37548638132296,"d":"468"},{"v":502.6479207920792,"d":"503"},{"v":525.0374800637959,"d":"525"},{"v":539.4586894586895,"d":"539"},541,{"v":535.4410193177147,"d":"535"},{"v":536.0593607305935,"d":"536"},{"v":531.8682585426101,"d":"532"},{"v":528.1138473960436,"d":"528"},{"v":531.5987361769353,"d":"532"},{"v":533.4335664335665,"d":"533"},{"v":531.5931221020093,"d":"532"},541,541,{"v":534.8777819690683,"d":"535"},{"v":521.3383289621581,"d":"521"},{"v":514.6244882768888,"d":"515"},{"v":501.6726937269373,"d":"502"},{"v":492.10611050128057,"d":"492"},{"v":479.0145032632342,"d":"479"},{"v":487.3873873873874,"d":"487"},{"v":504.1312769010043,"d":"504"},{"v":513.0071864893998,"d":"513"},{"v":529.7048236141109,"d":"530"},{"v":534.5478857968919,"d":"535"},{"v":519.1729106628242,"d":"519"},{"v":500.976542764345,"d":"501"},{"v":496.6333092485549,"d":"497"},{"v":500.24375226367255,"d":"500"},{"v":499.18549871181455,"d":"499"},{"v":484.95745062836625,"d":"485"},{"v":391.6661157024793,"d":"392"},43,{"v":474.5372253109775,"d":"474.5"},{"v":415.57112552750084,"d":"415.6"},{"v":512.8082397052477,"d":"512.8"},{"v":512.8082397052477,"d":"512.8"},{"v":38.27101439427025,"d":"38.3"},{"v":38.27101439427025,"d":"38.3"}]
[{"$nulls":3},1720,"PI_B_S",44,{"v":351.00228050171035,"d":"351"},{"v":361.2814393939394,"d":"361"},{"v":387.22899884925204,"d":"387"},{"v":414.0649805447471,"d":"414"},{"v":464.29584158415844,"d":"464"},{"v":495.4852472089314,"d":"495"},{"v":524.0455840455841,"d":"524"},{"v":531.2959641255605,"d":"531"},541,{"v":538.305105853051,"d":"538"},{"v":528.7501029230135,"d":"529"},{"v":519.5958821154624,"d":"520"},{"v":514.932859399684,"d":"515"},{"v":521.45337995338,"d":"521"},{"v":527.41228748068,"d":"527"},{"v":521.5678257546809,"d":"522"},{"v":539.1479650057057,"d":"539"},541,{"v":535.7298613713001,"d":"536"},{"v":525.8995161890584,"d":"526"},{"v":522.0350553505535,"d":"522"},{"v":508.33809001097694,"d":"508"},{"v":500.3955765047135,"d":"500"},{"v":491.48144144144146,"d":"491"},{"v":501.99677187948345,"d":"502"},{"v":521.5605461731943,"d":"522"},{"v":530.0943124550035,"d":"530"},541,541,{"v":520.1097076867557,"d":"520"},{"v":498.1968930635838,"d":"498"},{"v":493.58167330677287,"d":"494"},{"v":504.36253220463755,"d":"504"},{"v":506.71400359066433,"d":"507"},{"v":487.3471074380165,"d":"487"},44,{"v":498.04044192073496,"d":"498.0"},{"v":381.7335491357266,"d":"381.7"},{"v":512.8082397052477,"d":"512.8"},{"v":512.8082397052477,"d":"512.8"},{"v":14.767797784512766,"d":"14.8"},{"v":14.767797784512766,"d":"14.8"}]
[{"$nulls":3},1721,"PI_B_S",45,{"v":328.3835043709616,"d":"328"},{"v":346.5268939393939,"d":"347"},{"v":360.45914844649025,"d":"360"},{"v":384.59416342412453,"d":"385"},{"v":412.65980198019804,"d":"413"},{"v":458.5988835725678,"d":"459"},{"v":497.1827431827432,"d":"497"},{"v":515.8577252344068,"d":"516"},{"v":529.4373201808467,"d":"529"},541,{"v":529.4182791272128,"d":"529"},{"v":517.4117884537748,"d":"517"},{"v":508.3092417061612,"d":"508"},{"v":506.32051282051293,"d":"506"},{"v":517.7963678516228,"d":"518"},{"v":520.3274742071073,"d":"520"},{"v":517.7466717383036,"d":"518"},{"v":534.2655601659751,"d":"534"},541,{"v":538.9866021585411,"d":"539"},{"v":528.2236162361625,"d":"528"},{"v":528.5290889132821,"d":"529"},{"v":514.5188542422045,"d":"515"},{"v":506.8828828828829,"d":"507"},{"v":496.3694404591105,"d":"496"},{"v":508.92490118577075,"d":"509"},{"v":527.3678905687545,"d":"527"},{"v":535.9165160823998,"d":"536"},{"v":539.8306916426512,"d":"540"},541,{"v":522.2369942196532,"d":"522"},{"v":498.0883737776167,"d":"498"},{"v":498.389032020611,"d":"498"},{"v":479.129802513465,"d":"479"},{"v":449.7900826446281,"d":"450"},45,{"v":489.52685703519484,"d":"489.5"},{"v":353.70000309412984,"d":"353.7"},{"v":512.8082397052477,"d":"512.8"},{"v":512.8082397052477,"d":"512.8"},{"v":23.281382670052892,"d":"23.3"},{"v":23.281382670052892,"d":"23.3"}]
[{"$nulls":3},1722,"PI_B_S",46,{"v":311.7278601292284,"d":"312"},{"v":321.5261363636364,"d":"322"},{"v":345.1028001534331,"d":"345"},{"v":360.8070038910506,"d":"361"},{"v":386.9489108910891,"d":"387"},{"v":411.1427432216906,"d":"411"},{"v":462.3931623931624,"d":"462"},{"v":492.9209131675499,"d":"493"},{"v":515.4286888614878,"d":"515"},{"v":529.3221253632212,"d":"529"},{"v":532.9818855496088,"d":"533"},{"v":520.0327008477998,"d":"520"},{"v":507.88191153238546,"d":"508"},{"v":501.69658119658123,"d":"502"},{"v":505.0448222565687,"d":"505"},{"v":511.23156285823467,"d":"511"},{"v":515.6888550779764,"d":"516"},{"v":513.6540927951716,"d":"514"},{"v":530.4597227426002,"d":"530"},541,541,{"v":533.873765093304,"d":"534"},{"v":535.703770848441,"d":"536"},{"v":522.2843243243243,"d":"522"},{"v":515.191893830703,"d":"515"},{"v":504.06503772906933,"d":"504"},{"v":514.7095032397408,"d":"515"},{"v":531.4195880014456,"d":"531"},{"v":535.1534582132565,"d":"535"},{"v":537.2905088415733,"d":"537"},541,{"v":521.0137631293009,"d":"521"},{"v":499.7828487302172,"d":"500"},{"v":473.9820466786356,"d":"474"},{"v":439.95371900826444,"d":"440"},46,{"v":495.1464755092837,"d":"495.1"},{"v":333.14320553111133,"d":"333.1"},{"v":512.8082397052477,"d":"512.8"},{"v":512.8082397052477,"d":"512.8"},{"v":17.661764195964054,"d":"17.7"},{"v":17.661764195964054,"d":"17.7"}]
[{"$nulls":3},1723,"PI_B_S",47,{"v":293.8384644621817,"d":"294"},{"v":303.90265151515155,"d":"304"},{"v":319.3705408515536,"d":"319"},{"v":341.0194552529183,"d":"341"},{"v":356.0958415841584,"d":"356"},{"v":380.5119617224881,"d":"381"},{"v":413.95197395197397,"d":"414"},{"v":456.75132490827554,"d":"457"},{"v":493.1927661323469,"d":"493"},{"v":518.7671232876712,"d":"519"},{"v":522.5137916838204,"d":"523"},{"v":519.814291481631,"d":"520"},{"v":506.1725908372828,"d":"506"},{"v":496.4421134421135,"d":"496"},{"v":496.4741112828438,"d":"496"},{"v":498.4145968666412,"d":"498"},{"v":506.6344617725371,"d":"507"},{"v":509.5726141078838,"d":"510"},{"v":508.97377294866993,"d":"509"},{"v":525.6981764049126,"d":"526"},{"v":536.4084870848708,"d":"536"},541,{"v":534.9191443074692,"d":"535"},541,{"v":527.2227403156385,"d":"527"},{"v":523.1157024793389,"d":"523"},{"v":510.03563714902805,"d":"510"},{"v":519.1019154318757,"d":"519"},{"v":531.4506484149856,"d":"531"},{"v":540.4142908697221,"d":"540"},{"v":538.0682803468208,"d":"538"},541,{"v":527.46006624954,"d":"527"},{"v":473.01077199281866,"d":"473"},{"v":408.6561983471074,"d":"409"},47,{"v":497.63906338725735,"d":"497.6"},{"v":311.54903051143833,"d":"311.5"},{"v":497.63906338725735,"d":"497.6"},{"v":497.63906338725735,"d":"497.6"},{"v":0,"d":"0.0"},{"v":0,"d":"0.0"}]
[{"$nulls":3},1724,"PI_B_S",48,{"v":293.63283922462944,"d":"294"},{"v":286.4840909090909,"d":"286"},{"v":300.4863828154968,"d":"300"},{"v":315.3377431906615,"d":"315"},{"v":337.02693069306935,"d":"337"},{"v":348.80263157894734,"d":"349"},{"v":379.60276760276764,"d":"380"},{"v":406.025682837342,"d":"406"},{"v":455.16933826551576,"d":"455"},{"v":494.96222498962226,"d":"495"},{"v":512.2684232194318,"d":"512"},{"v":511.7331449333872,"d":"512"},{"v":510.8732227488152,"d":"511"},{"v":498.1235431235432,"d":"498"},{"v":494.17465224111277,"d":"494"},{"v":493.03974016048915,"d":"493"},{"v":497.99163179916326,"d":"498"},{"v":501.6137306676726,"d":"502"},{"v":509.7845635069314,"d":"510"},{"v":510.39635280982515,"d":"510"},{"v":523.4324723247232,"d":"523"},{"v":536.051225759239,"d":"536"},541,{"v":534.9563963963964,"d":"535"},{"v":536.536944045911,"d":"537"},{"v":526.6148041681638,"d":"527"},{"v":519.5781137508999,"d":"520"},{"v":506.5887242500904,"d":"507"},{"v":511.76729106628244,"d":"512"},{"v":527.5286900036087,"d":"528"},{"v":536.1138005780347,"d":"536"},{"v":534.7298080405649,"d":"535"},541,{"v":488.5511669658887,"d":"489"},{"v":427.43471074380165,"d":"427"},48,{"v":505.565897265658,"d":"505.6"},{"v":295.8658873947327,"d":"295.9"},{"v":505.565897265658,"d":"505.6"},{"v":505.565897265658,"d":"505.6"},{"v":0,"d":"0.0"},{"v":0,"d":"0.0"}]
[{"$nulls":3},1725,"PI_B_S",49,{"v":282.5290763968073,"d":"283"},{"v":289.35303030303027,"d":"289"},{"v":285.3375527426161,"d":"285"},{"v":297.8657587548638,"d":"298"},{"v":313.8871287128713,"d":"314"},{"v":332.40869218500796,"d":"332"},{"v":349.8774928774929,"d":"350"},{"v":376.2519364044027,"d":"376"},{"v":406.69502671598843,"d":"407"},{"v":461.05147364051476,"d":"461"},{"v":489.9958830794565,"d":"490"},{"v":500.5942672587808,"d":"501"},{"v":498.48064770932075,"d":"498"},{"v":498.9642579642581,"d":"499"},{"v":488.32148377125185,"d":"488"},{"v":484.1505540695453,"d":"484"},{"v":488.7314568276912,"d":"489"},{"v":489.7774424745379,"d":"490"},{"v":498.02810041213934,"d":"498"},{"v":505.5641979903238,"d":"506"},{"v":505.06642066420665,"d":"505"},{"v":518.0376875228686,"d":"518"},{"v":532.761421319797,"d":"533"},{"v":539.4403603603604,"d":"539"},{"v":534.0143472022955,"d":"534"},{"v":534.00179662235,"d":"534"},{"v":525.0309575233981,"d":"525"},{"v":518.7108782074449,"d":"519"},{"v":501.04863112391934,"d":"501"},{"v":508.20028870443883,"d":"508"},{"v":527.5140895953756,"d":"528"},{"v":534.5338645418326,"d":"535"},{"v":538.8097165991903,"d":"539"},{"v":532.2585278276481,"d":"532"},{"v":436.3768595041322,"d":"436"},49,{"v":513.8986116136357,"d":"513.9"},{"v":283.51463949876023,"d":"283.5"},{"v":513.8986116136357,"d":"513.9"},{"v":513.8986116136357,"d":"513.9"},{"v":0,"d":"0.0"},{"v":0,"d":"0.0"}]
[{"$nulls":3},1726,"PI_B_S",50,{"v":280.8840744963892,"d":"281"},{"v":278.49204545454546,"d":"278"},{"v":287.2052167242041,"d":"287"},{"v":280.81478599221794,"d":"281"},{"v":295.03247524752476,"d":"295"},{"v":307.81778309409884,"d":"308"},{"v":330.2808302808303,"d":"330"},{"v":344.0521810028536,"d":"344"},{"v":376.2318125770653,"d":"376"},{"v":408.05188875051886,"d":"408"},{"v":453.2461918484973,"d":"453"},{"v":478.3165119095681,"d":"478"},{"v":488.2247235387046,"d":"488"},{"v":487.8247863247864,"d":"488"},{"v":493.9656105100463,"d":"494"},{"v":483.53037829575857,"d":"484"},{"v":481.9406618486117,"d":"482"},{"v":484.47152018106374,"d":"484"},{"v":487.28512551517423,"d":"487"},{"v":496.7052474879047,"d":"497"},{"v":503.66900369003696,"d":"504"},{"v":503.19136480058535,"d":"503"},{"v":517.0688905003626,"d":"517"},{"v":533.3967567567569,"d":"533"},541,{"v":536.1401365432986,"d":"536"},{"v":533.015478761699,"d":"533"},{"v":519.4929526563064,"d":"519"},{"v":505.33609510086455,"d":"505"},{"v":486.9195236376759,"d":"487"},{"v":493.31069364161846,"d":"493"},{"v":515.331401666063,"d":"515"},{"v":527.2609495767391,"d":"527"},541,{"v":446.21322314049587,"d":"446"},50,{"v":504.62325360498323,"d":"504.6"},{"v":274.531564254768,"d":"274.5"},{"v":504.62325360498323,"d":"504.6"},{"v":504.62325360498323,"d":"504.6"},{"v":0,"d":"0.0"},{"v":0,"d":"0.0"}]
[{"$nulls":3},1727,"PI_B_S",51,{"v":286.64158114785255,"d":"287"},{"v":273.77878787878785,"d":"274"},{"v":275.7917146144995,"d":"276"},{"v":284.6038910505836,"d":"285"},{"v":280.03445544554455,"d":"280"},{"v":292.28668261563,"d":"292"},{"v":309.80341880341877,"d":"310"},{"v":328.8344883815735,"d":"329"},{"v":346.21331689272495,"d":"346"},{"v":380.2046492320465,"d":"380"},{"v":403.5784273363523,"d":"404"},{"v":444.2446507872427,"d":"444"},{"v":467.0718799368089,"d":"467"},{"v":476.6853146853148,"d":"477"},{"v":480.5869397217928,"d":"481"},{"v":486.21780664883454,"d":"486"},{"v":477.41346519589206,"d":"477"},{"v":473.8596755941154,"d":"474"},{"v":478.56912701386284,"d":"479"},{"v":484.8262002232974,"d":"485"},{"v":492.290036900369,"d":"492"},{"v":502.59751189169407,"d":"503"},{"v":504.3187092095722,"d":"504"},{"v":520.1398198198199,"d":"520"},{"v":534.2083931133429,"d":"534"},541,{"v":533.4049676025917,"d":"533"},{"v":530.4419949403687,"d":"530"},{"v":512.157060518732,"d":"512"},{"v":500.976542764345,"d":"501"},{"v":484.12463872832365,"d":"484"},{"v":489.66280333212603,"d":"490"},{"v":514.9157158630844,"d":"515"},{"v":524.7797127468582,"d":"525"},541,51,{"v":510.8965741340784,"d":"510.9"},{"v":270.36693471735305,"d":"270.4"},{"v":510.8965741340784,"d":"510.9"},{"v":510.8965741340784,"d":"510.9"},{"v":0,"d":"0.0"},{"v":0,"d":"0.0"}]
[{"$nulls":3},1728,"PI_B_S",52,{"v":282.5290763968073,"d":"283"},{"v":279.5166666666667,"d":"280"},{"v":270.18872266973534,"d":"270"},{"v":270.71050583657586,"d":"271"},{"v":281.5342574257426,"d":"282"},{"v":273.51993620414675,"d":"274"},{"v":290.86731786731787,"d":"291"},{"v":303.6922136159804,"d":"304"},{"v":328.86929716399504,"d":"329"},{"v":346.9676214196762,"d":"347"},{"v":374.62412515438444,"d":"375"},{"v":393.3552684699233,"d":"393"},{"v":429.6804897314376,"d":"430"},{"v":451.88422688422696,"d":"452"},{"v":468.25347758887165,"d":"468"},{"v":469.4730607565915,"d":"469"},{"v":477.2076835298593,"d":"477"},{"v":469.3700490380988,"d":"469"},{"v":468.43424503559385,"d":"468"},{"v":473.1484927428359,"d":"473"},{"v":480.31217712177124,"d":"480"},{"v":489.9286498353457,"d":"490"},{"v":502.9456127628716,"d":"503"},{"v":506.492972972973,"d":"506"},{"v":521.0132711621234,"d":"521"},{"v":535.5569529284944,"d":"536"},541,{"v":533.570292735815,"d":"534"},{"v":524.824567723343,"d":"525"},{"v":510.347888848791,"d":"510"},{"v":500.9331647398844,"d":"501"},{"v":484.96015936254975,"d":"485"},{"v":494.00846521899155,"d":"494"},{"v":484.6660682226212,"d":"485"},{"v":477.5107438016529,"d":"478"},52,{"v":488.41572026914,"d":"488.4"},{"v":267.2072601545949,"d":"267.2"},{"v":488.41572026914,"d":"488.4"},{"v":488.41572026914,"d":"488.4"},{"v":0,"d":"0.0"},{"v":0,"d":"0.0"}]
[{"$nulls":3},1729,"PI_B_S",53,{"v":270.8084378563284,"d":"271"},{"v":275.8280303030303,"d":"276"},{"v":277.2443421557346,"d":"277"},{"v":267.7634241245136,"d":"268"},{"v":268.8930693069307,"d":"269"},{"v":276.32416267942585,"d":"276"},{"v":273.4725274725275,"d":"273"},{"v":286.7101508357114,"d":"287"},{"v":301.29675297986023,"d":"301"},{"v":327.2050643420506,"d":"327"},{"v":337.8744339234252,"d":"338"},{"v":360.59386354461043,"d":"361"},{"v":378.61453396524485,"d":"379"},{"v":416.15384615384625,"d":"416"},{"v":442.9594281298299,"d":"443"},{"v":458.3098968284295,"d":"458"},{"v":464.03765690376576,"d":"464"},{"v":469.1659751037344,"d":"469"},{"v":463.9748969651555,"d":"464"},{"v":465.29624116114627,"d":"465"},{"v":470.729889298893,"d":"471"},{"v":478.05159165751917,"d":"478"},{"v":488.2338651196519,"d":"488"},{"v":503.37369369369367,"d":"503"},{"v":506.07173601147775,"d":"506"},{"v":521.3661516349263,"d":"521"},{"v":533.5997120230381,"d":"534"},{"v":539.8268883267077,"d":"540"},{"v":528.1376080691642,"d":"528"},{"v":520.1097076867557,"d":"520"},{"v":505.4284682080925,"d":"505"},{"v":496.1289387902933,"d":"496"},{"v":485.84468163415534,"d":"486"},{"v":457.7617594254937,"d":"458"},{"v":414.91570247933885,"d":"415"},53,{"v":472.0159101074747,"d":"472.0"},{"v":262.5864206976892,"d":"262.6"},{"v":472.0159101074747,"d":"472.0"},{"v":472.0159101074747,"d":"472.0"},{"v":0,"d":"0.0"},{"v":0,"d":"0.0"}]
[{"$nulls":3},1730,"PI_B_S",54,{"v":266.0790573926264,"d":"266"},{"v":264.9670454545455,"d":"265"},{"v":273.50901419255854,"d":"274"},{"v":273.23657587548644,"d":"273"},{"v":266.750495049505,"d":"267"},{"v":265.9700956937799,"d":"266"},{"v":276.995522995523,"d":"277"},{"v":270.1691805951895,"d":"270"},{"v":285.9539662967529,"d":"286"},{"v":301.1544209215442,"d":"301"},{"v":321.17002881844377,"d":"321"},{"v":329.3613241824789,"d":"329"},{"v":350.62440758293843,"d":"351"},{"v":370.75524475524486,"d":"371"},{"v":411.60316846986086,"d":"412"},{"v":433.0894153611005,"d":"433"},{"v":451.2791936097376,"d":"451"},{"v":455.90116937004905,"d":"456"},{"v":462.35331584863246,"d":"462"},{"v":457.4439895794567,"d":"457"},{"v":460.9479704797048,"d":"461"},{"v":465.58068057080123,"d":"466"},{"v":472.9336475707034,"d":"473"},{"v":484.85297297297296,"d":"485"},{"v":500.83249641319946,"d":"501"},{"v":505.0370104204096,"d":"505"},{"v":521.5255579553635,"d":"522"},{"v":531.4195880014456,"d":"531"},{"v":532.4250720461094,"d":"532"},{"v":522.0620714543485,"d":"522"},{"v":515.2008670520231,"d":"515"},{"v":499.06809127127843,"d":"499"},{"v":498.9863820390136,"d":"499"},{"v":464.2692998204668,"d":"464"},{"v":428.3289256198347,"d":"428"},54,{"v":481.17071316052335,"d":"481.2"},{"v":259.4993313615672,"d":"259.5"},{"v":481.17071316052335,"d":"481.2"},{"v":481.17071316052335,"d":"481.2"},{"v":0,"d":"0.0"},{"v":0,"d":"0.0"}]
[{"$nulls":3},1731,"PI_B_S",55,{"v":252.71341695172939,"d":"253"},{"v":260.2537878787879,"d":"260"},{"v":263.96317606444194,"d":"264"},{"v":273.0260700389105,"d":"273"},{"v":274.6780198019802,"d":"275"},{"v":265.53867623604464,"d":"266"},{"v":268.1880341880342,"d":"268"},{"v":274.3595597227884,"d":"274"},{"v":268.8323057953144,"d":"269"},{"v":284.7604815276048,"d":"285"},{"v":294.8884314532729,"d":"295"},{"v":312.76221235365364,"d":"313"},{"v":319.4293048973144,"d":"319"},{"v":343.6421911421912,"d":"344"},{"v":367.9134466769706,"d":"368"},{"v":406.0084065724112,"d":"406"},{"v":430.49524534043366,"d":"430"},{"v":448.554507732931,"d":"449"},{"v":455.2588984638441,"d":"455"},{"v":463.0815035355415,"d":"463"},{"v":457.35461254612545,"d":"457"},{"v":460.0380534211489,"d":"460"},{"v":462.929659173314,"d":"463"},{"v":470.0363963963964,"d":"470"},{"v":480.26362984218076,"d":"480"},{"v":495.1228889687387,"d":"495"},{"v":497.7667386609071,"d":"498"},{"v":513.2363570654138,"d":"513"},{"v":519.5626801152738,"d":"520"},{"v":521.2811259473114,"d":"521"},{"v":512.269147398844,"d":"512"},{"v":506.5139442231075,"d":"507"},{"v":496.1987486198013,"d":"496"},{"v":466.21184919210054,"d":"466"},{"v":395.24297520661156,"d":"395"},55,{"v":475.28733292809295,"d":"475.3"},{"v":255.65710212096047,"d":"255.7"},{"v":475.28733292809295,"d":"475.3"},{"v":475.28733292809295,"d":"475.3"},{"v":0,"d":"0.0"},{"v":0,"d":"0.0"}]
[{"$nulls":3},1732,"PI_B_S",56,{"v":230.91714177118965,"d":"231"},{"v":247.13863636363635,"d":"247"},{"v":259.1902570003836,"d":"259"},{"v":262.9217898832685,"d":"263"},{"v":271.03564356435646,"d":"271"},{"v":269.6371610845295,"d":"270"},{"v":265.54578754578756,"d":"266"},{"v":262.2295148797391,"d":"262"},{"v":270.38882038635427,"d":"270"},{"v":268.59111664591114,"d":"269"},{"v":278.18402634829147,"d":"278"},{"v":285.0242228502221,"d":"285"},{"v":301.695102685624,"d":"302"},{"v":309.5932400932402,"d":"310"},{"v":336.76622874806793,"d":"337"},{"v":360.52884982804744,"d":"361"},{"v":400.245340433625,"d":"400"},{"v":423.2493398717465,"d":"423"},{"v":443.70513300861745,"d":"444"},{"v":449.18905842947527,"d":"449"},{"v":454.95904059040595,"d":"455"},{"v":450.5364068788876,"d":"451"},{"v":453.90645395213926,"d":"454"},{"v":455.80468468468473,"d":"456"},{"v":461.6352223816356,"d":"462"},{"v":475.294646065397,"d":"475"},{"v":489.1979841612671,"d":"489"},{"v":492.90242139501265,"d":"493"},{"v":506.11563400576364,"d":"506"},{"v":513.2764345001804,"d":"513"},{"v":514.4190751445086,"d":"514"},{"v":506.12205722564283,"d":"506"},{"v":504.95988222304015,"d":"505"},{"v":488.2597845601436,"d":"488"},{"v":430.1173553719008,"d":"430"},56,{"v":488.7756309050472,"d":"488.8"},{"v":245.34481184342425,"d":"245.3"},{"v":488.7756309050472,"d":"488.8"},{"v":488.7756309050472,"d":"488.8"},{"v":0,"d":"0.0"},{"v":0,"d":"0.0"}]
[{"$nulls":3},1733,"PI_B_S",57,{"$f":"OFFSET(INDIRECT($B$3&1),$D43-1,G$9)*G$81","v":{"v":214.67274800456102,"d":"215"}},{"v":225.41666666666669,"d":"225"},{"v":245.28653624856162,"d":"245"},{"v":256.8171206225681,"d":"257"},{"v":262.8938613861386,"d":"263"},{"v":267.2643540669857,"d":"267"},{"v":271.4908424908425,"d":"271"},{"v":262.6706074194863,"d":"263"},{"v":261.04973284011504,"d":"261"},{"v":267.6928185969282,"d":"268"},{"v":262.59324825030876,"d":"263"},{"v":267.5514735567219,"d":"268"},{"v":272.4229857819905,"d":"272"},{"v":290.0466200466201,"d":"290"},{"v":301.43817619783607,"d":"301"},{"v":324.1452044325564,"d":"324"},{"v":350.6519589197414,"d":"351"},{"v":389.7812146359864,"d":"390"},{"v":415.32746346946425,"d":"415"},{"v":437.7126907331597,"d":"438"},{"v":443.580073800738,"d":"444"},{"v":450.5364068788876,"d":"451"},{"v":444.29477882523565,"d":"444"},{"v":447.8115315315315,"d":"448"},{"v":449.0222381635581,"d":"449"},{"v":456.63277039166366,"d":"457"},{"v":465.8286537077033,"d":"466"},{"v":478.238525478858,"d":"478"},{"v":479.2215417867435,"d":"479"},{"v":493.5575604474919,"d":"494"},{"v":498.97868497109823,"d":"499"},{"$f":"OFFSET(INDIRECT($B$3&1),$D43-1,AL$9)*AL$81","v":{"v":502.59507424846066,"d":"503"}},{"v":503.16783216783216,"d":"503"},{"v":479.80969479353683,"d":"480"},{"v":439.95371900826444,"d":"440"},57,{"v":484.90100103783845,"d":"484.9"},{"v":232.5841882290656,"d":"232.6"},{"v":484.90100103783845,"d":"484.9"},{"v":484.90100103783845,"d":"484.9"},{"v":0,"d":"0.0"},{"v":0,"d":"0.0"}]
[{"$nulls":3},1734,{"$f":"OFFSET(INDIRECT($B$3&1),$D44-1,E$9)","v":"PI_B_S"},58,{"v":192.05397187381226,"d":"192"},{"v":212.30151515151513,"d":"212"},{"v":226.60989643268127,"d":"227"},{"v":245.87081712062258,"d":"246"},{"v":258.60871287128714,"d":"259"},{"v":261.8716108452951,"d":"262"},{"v":269.50915750915755,"d":"270"},{"v":267.9637178964533,"d":"268"},{"v":261.04973284011504,"d":"261"},{"v":260.50643420506435,"d":"261"},{"v":261.2568958419102,"d":"261"},{"v":252.6996366572467,"d":"253"},{"v":256.6117693522907,"d":"257"},{"v":262.0928515928516,"d":"262"},{"v":281.16112828438946,"d":"281"},{"v":291.0691631639282,"d":"291"},{"$f":"OFFSET(INDIRECT($B$3&1),$D44-1,W$9)*W$81","v":{"v":316.28642069227845,"d":"316"}},{"v":339.78310071671063,"d":"340"},{"v":379.8553765455227,"d":"380"},{"v":406.1023446222553,"d":"406"},{"v":428.6077490774908,"d":"429"},{"v":434.30442736919133,"d":"434"},{"v":442.9216823785352,"d":"443"},{"v":439.0385585585586,"d":"439"},{"v":443.0068149210904,"d":"443"},{"v":446.7186489399928,"d":"447"},{"v":454.7282217422606,"d":"455"},{"v":462.98807372605717,"d":"463"},{"v":470.2568443804035,"d":"470"},{"v":473.05774088776616,"d":"473"},{"v":487.4472543352601,"d":"487"},{"v":495.5411082940963,"d":"496"},{"v":505.7563489142437,"d":"506"},{"v":485.92872531418317,"d":"486"},{"v":448.001652892562,"d":"448"},58,{"v":484.53501795006906,"d":"484.5"},{"v":219.14313918566114,"d":"219.1"},{"v":484.53501795006906,"d":"484.5"},{"v":484.53501795006906,"d":"484.5"},{"v":0,"d":"0.0"},{"v":0,"d":"0.0"}]
[{"$nulls":3},1735,"PI_B_S",59,{"v":174.1645762067655,"d":"174"},{"v":187.71060606060607,"d":"188"},{"v":211.04602991944768,"d":"211"},{"v":224.60972762645915,"d":"225"},{"v":243.1821782178218,"d":"243"},{"v":252.8118022328549,"d":"253"},{"v":259.8209198209198,"d":"260"},{"v":262.4500611496127,"d":"262"},{"v":263.27332511302916,"d":"263"},{"v":259.15898713158987,"d":"259"},{"v":254.12968299711812,"d":"254"},{"v":250.9523617278967,"d":"251"},{"v":241.86887835703004,"d":"242"},{"v":246.32944832944838,"d":"246"},{"v":253.56761978361664,"d":"254"},{"v":269.7764615972488,"d":"270"},{"v":282.12666413084827,"d":"282"},{"v":305.9068276122218,"d":"306"},{"v":331.61333832896213,"d":"332"},{"v":371.67324153330856,"d":"372"},{"v":395.6686346863469,"d":"396"},{"v":419.0622027076472,"d":"419"},{"v":422.9137055837563,"d":"423"},{"v":431.6302702702703,"d":"432"},{"v":429.2295552367288,"d":"429"},{"v":435.6381602587136,"d":"436"},{"v":438.369690424766,"d":"438"},{"v":448.91073364654864,"d":"449"},{"v":453.496757925072,"d":"453"},{"v":460.36737639841215,"d":"460"},{"v":465.9479768786127,"d":"466"},{"v":482.60883737776163,"d":"483"},{"v":497.79168200220835,"d":"498"},{"v":490.49371633752247,"d":"490"},{"v":427.43471074380165,"d":"427"},59,{"v":472.85538466798135,"d":"472.9"},{"v":200.85971320623844,"d":"200.9"},{"v":472.85538466798135,"d":"472.9"},{"v":472.85538466798135,"d":"472.9"},{"v":0,"d":"0.0"},{"v":0,"d":"0.0"}]
[{"$nulls":3},1736,"PI_B_S",60,{"v":154.63017863930065,"d":"155"},{"v":170.9068181818182,"d":"171"},{"v":187.59647103950905,"d":"188"},{"v":211.1373540856031,"d":"211"},{"v":225.8273267326733,"d":"226"},{"v":241.59489633173843,"d":"242"},{"v":254.75661375661377,"d":"255"},{"v":256.71585813289846,"d":"257"},{"v":261.04973284011504,"d":"261"},{"v":262.0784557907846,"d":"262"},{"v":253.23878139151913,"d":"253"},{"v":244.8368994751716,"d":"245"},{"v":241.86887835703004,"d":"242"},{"v":233.71872571872578,"d":"234"},{"v":239.77086553323028,"d":"240"},{"v":245.17615590370653,"d":"245"},{"v":262.5774058577406,"d":"263"},{"v":273.45907204828364,"d":"273"},{"v":297.1547396028475,"d":"297"},{"v":322.34499441756606,"d":"322"},{"v":359.73505535055347,"d":"360"},{"v":383.4310281741675,"d":"383"},{"v":404.47498187092094,"d":"404"},{"v":410.3801801801802,"d":"410"},{"v":420.88558106169296,"d":"421"},{"v":419.50341358246493,"d":"420"},{"v":425.12706983441325,"d":"425"},{"v":429.35887242500905,"d":"429"},{"v":435.7622478386167,"d":"436"},{"v":441.2342114760014,"d":"441"},{"v":449.7257947976878,"d":"450"},{"v":456.54835204636,"d":"457"},{"v":478.2782480677218,"d":"478"},{"v":485.92872531418317,"d":"486"},{"v":448.89586776859505,"d":"449"},60,{"v":463.8753975989095,"d":"463.9"},{"v":183.37084289132588,"d":"183.4"},{"v":463.8753975989095,"d":"463.9"},{"v":463.8753975989095,"d":"463.9"},{"v":0,"d":"0.0"},{"v":0,"d":"0.0"}]
[{"$nulls":3},1737,"PI_B_S",61,{"v":135.50703154694034,"d":"136"},{"v":150.41439393939396,"d":"150"},{"v":167.67472190257,"d":"168"},{"v":184.40311284046692,"d":"184"},{"v":208.0439603960396,"d":"208"},{"v":220.02392344497608,"d":"220"},{"v":239.34350834350835,"d":"239"},{"v":248.11455360782713,"d":"248"},{"v":251.93300452116725,"d":"252"},{"v":256.23951847239516,"d":"256"},{"v":253.46150679291887,"d":"253"},{"v":242.21598708114658,"d":"242"},{"v":233.74960505529228,"d":"234"},{"v":229.93550893550898,"d":"230"},{"v":226.18315301391033,"d":"226"},{"v":229.25831104317925,"d":"229"},{"v":235.82578927348803,"d":"236"},{"v":251.82723500565825,"d":"252"},{"v":266.3446983889097,"d":"266"},{"v":288.92259024934873,"d":"289"},{"v":310.6258302583026,"d":"311"},{"v":346.41419685327475,"d":"346"},{"v":368.3821609862219,"d":"368"},{"v":388.54522522522524,"d":"389"},{"v":393.7191535150646,"d":"394"},{"v":407.2565576715774,"d":"407"},{"v":404.0946724262059,"d":"404"},{"v":410.00252981568485,"d":"410"},{"v":410.8170028818444,"d":"411"},{"v":418.78202814868274,"d":"419"},{"v":424.7084537572254,"d":"425"},{"v":436.9540021731256,"d":"437"},{"v":450.8001472211999,"d":"451"},{"v":464.2692998204668,"d":"464"},{"v":440.8479338842975,"d":"441"},61,{"v":443.515967371263,"d":"443.5"},{"v":163.28803366714556,"d":"163.3"},{"v":443.515967371263,"d":"443.5"},{"v":443.515967371263,"d":"443.5"},{"v":0,"d":"0.0"},{"v":0,"d":"0.0"}]
[{"$nulls":3},1738,"PI_B_S",62,{"v":119.6738882554162,"d":"120"},{"v":132.17613636363637,"d":"132"},{"v":147.75297276563103,"d":"148"},{"v":162.29999999999998,"d":"162"},{"v":178.47643564356437,"d":"178"},{"v":199.31578947368422,"d":"199"},{"v":214.24216524216524,"d":"214"},{"v":229.36812066856908,"d":"229"},{"v":241.482120838471,"d":"241"},{"v":244.7862183478622,"d":"245"},{"v":242.54796212433098,"d":"243"},{"v":237.19257165926527,"d":"237"},{"v":227.12598736176938,"d":"227"},{"v":219.84693084693086,"d":"220"},{"v":219.49381761978358,"d":"219"},{"v":216.23461979365686,"d":"216"},{"v":220.80372765310005,"d":"221"},{"v":226.3179932101094,"d":"226"},{"v":241.21019108280254,"d":"241"},{"v":254.49348716040197,"d":"254"},{"v":275.09151291512916,"d":"275"},{"v":296.53055250640324,"d":"297"},{"v":330.3277737490935,"d":"330"},{"v":353.2583783783784,"d":"353"},{"v":372.95624103299855,"d":"373"},{"v":379.8469277757815,"d":"380"},{"v":392.0205183585313,"d":"392"},{"v":388.6910010842068,"d":"389"},{"v":393.082492795389,"d":"393"},{"v":395.54889931432695,"d":"396"},{"v":404.9682080924855,"d":"405"},{"v":411.2854038391887,"d":"411"},{"v":429.69377990430627,"d":"430"},{"v":424.44703770197486,"d":"424"},{"v":421.1752066115702,"d":"421"},62,{"v":418.31392722990506,"d":"418.3"},{"v":142.89471133331793,"d":"142.9"},{"v":418.31392722990506,"d":"418.3"},{"v":418.31392722990506,"d":"418.3"},{"v":0,"d":"0.0"},{"v":0,"d":"0.0"}]
[{"$nulls":3},1739,"PI_B_S",63,{"v":109.39262637780313,"d":"109"},{"v":116.39696969696969,"d":"116"},{"v":130.32144227080937,"d":"130"},{"v":143.98599221789885,"d":"144"},{"v":157.90772277227725,"d":"158"},{"v":171.92065390749602,"d":"172"},{"v":192.66381766381767,"d":"193"},{"v":203.34366082348143,"d":"203"},{"v":219.24619810933,"d":"219"},{"v":233.10834371108342,"d":"233"},{"v":230.96624125154383,"d":"231"},{"v":226.4905127169964,"d":"226"},{"v":221.14336492890996,"d":"221"},{"v":210.80924630924633,"d":"211"},{"v":204.86089644513135,"d":"205"},{"v":204.24455483377915,"d":"204"},{"v":201.46025104602515,"d":"201"},{"v":204.27800829875517,"d":"204"},{"v":211.61633570625705,"d":"212"},{"v":225.29921845924827,"d":"225"},{"v":237.36125461254613,"d":"237"},{"v":259.71167215514083,"d":"260"},{"v":281.48477157360406,"d":"281"},{"v":315.2421621621622,"d":"315"},{"v":339.96843615494976,"d":"340"},{"v":360.99065756378,"d":"361"},{"v":365.7300215982722,"d":"366"},{"v":375.98229129020604,"d":"376"},{"v":369.6963256484149,"d":"370"},{"v":374.07289787080475,"d":"374"},{"v":377.2145953757225,"d":"377"},{"v":386.79246649764576,"d":"387"},{"v":399.82627898417377,"d":"400"},{"v":384.624775583483,"d":"385"},{"v":375.5702479338843,"d":"376"},63,{"v":384.80567287498184,"d":"384.8"},{"v":126.99623340330804,"d":"127.0"},{"v":384.80567287498184,"d":"384.8"},{"v":384.80567287498184,"d":"384.8"},{"v":0,"d":"0.0"},{"v":0,"d":"0.0"}]
[{"$nulls":3},1740,"PI_B_S",64,{"v":98.90573926263778,"d":"99"},{"v":104.71628787878788,"d":"105"},{"v":111.64480245492905,"d":"112"},{"v":124.6194552529183,"d":"125"},{"v":138.1960396039604,"d":"138"},{"v":150.56539074960128,"d":"151"},{"v":166.68172568172568,"d":"167"},{"v":184.15613534447613,"d":"184"},{"v":194.56432387998353,"d":"195"},{"v":210.8754669987547,"d":"211"},{"v":219.38452037875666,"d":"219"},{"v":213.82276947920874,"d":"214"},{"v":210.0327804107425,"d":"210"},{"v":207.23620823620826,"d":"207"},{"v":197.75347758887168,"d":"198"},{"v":190.18723729461217,"d":"190"},{"v":190.14225941422598,"d":"190"},{"v":186.93172387778193,"d":"187"},{"v":190.33308355189212,"d":"190"},{"v":199.32638630442875,"d":"199"},{"v":213.60516605166052,"d":"214"},{"v":226.4559092572265,"d":"226"},{"v":248.53045685279187,"d":"249"},{"v":269.03783783783786,"d":"269"},{"v":300.7711621233859,"d":"301"},{"v":323.6669062163133,"d":"324"},{"v":343.5291576673866,"d":"344"},{"v":348.2186483556198,"d":"348"},{"v":357.61347262247835,"d":"358"},{"v":351.81595092024537,"d":"352"},{"v":357.47434971098266,"d":"357"},{"v":362.29952915610284,"d":"362"},{"v":375.1358115568642,"d":"375"},{"v":369.76427289048473,"d":"370"},{"v":323.7057851239669,"d":"324"},64,{"v":357.6759496876803,"d":"357.7"},{"v":111.57104478412298,"d":"111.6"},{"v":357.6759496876803,"d":"357.7"},{"v":357.6759496876803,"d":"357.7"},{"v":0,"d":"0.0"},{"v":0,"d":"0.0"}]
[{"$nulls":3},1741,"PI_B_S",65,{"v":86.15697453439756,"d":"86"},{"v":92.62575757575759,"d":"93"},{"v":100.2313003452244,"d":"100"},{"v":105.6739299610895,"d":"106"},{"v":118.48435643564356,"d":"118"},{"v":129.85725677830942,"d":"130"},{"v":142.9015059015059,"d":"143"},{"v":153.72075010191602,"d":"154"},{"v":172.99547883271677,"d":"173"},{"v":183.02822748028228,"d":"183"},{"v":195.33017702758335,"d":"195"},{"v":201.81025433992738,"d":"202"},{"v":198.92219589257505,"d":"199"},{"v":196.09673659673663,"d":"196"},{"v":193.78168469860896,"d":"194"},{"v":183.3653037829576,"d":"183"},{"v":177.79535945226326,"d":"178"},{"v":176.52395322519803,"d":"177"},{"v":172.9010865492694,"d":"173"},{"v":177.98436918496466,"d":"178"},{"v":188.05239852398526,"d":"188"},{"v":201.71203805342114,"d":"202"},{"v":213.41841914430745,"d":"213"},{"v":234.72576576576577,"d":"235"},{"v":253.6180057388809,"d":"254"},{"v":282.45526410348543,"d":"282"},{"v":302.2433405327574,"d":"302"},{"v":320.8460426454644,"d":"321"},{"v":324.28818443804033,"d":"324"},{"v":335.2208588957055,"d":"335"},{"v":332.4570086705202,"d":"332"},{"v":342.3132922854038,"d":"342"},{"v":351.83916083916085,"d":"352"},{"v":357.13770197486537,"d":"357"},{"v":314.76363636363635,"d":"315"},65,{"v":339.7021600267173,"d":"339.7"},{"v":97.11326388309544,"d":"97.1"},{"v":339.7021600267173,"d":"339.7"},{"v":339.7021600267173,"d":"339.7"},{"v":0,"d":"0.0"},{"v":0,"d":"0.0"}]
[{"$nulls":3},1742,"PI_B_S",66,{"v":67.8563283922463,"d":"68"},{"v":75.4121212121212,"d":"75"},{"v":81.96969696969698,"d":"82"},{"v":89.2544747081712,"d":"89"},{"v":95.77306930693071,"d":"96"},{"v":105.26634768740031,"d":"105"},{"v":118.46072446072445,"d":"118"},{"v":128.79902160619648,"d":"129"},{"v":139.6415947390053,"d":"140"},{"v":156.97758405977584,"d":"157"},{"v":163.70317002881842,"d":"164"},{"v":172.106580540977,"d":"172"},{"v":176.06003159557665,"d":"176"},{"v":173.81779331779336,"d":"174"},{"v":173.29559505409583,"d":"173"},{"v":170.75506304929308,"d":"171"},{"v":161.3328261696463,"d":"161"},{"v":156.52470765748774,"d":"157"},{"v":157.09067066316973,"d":"157"},{"v":153.82359508745816,"d":"154"},{"v":157.5088560885609,"d":"158"},{"v":169.44603000365896,"d":"169"},{"v":184.19108049311095,"d":"184"},{"v":195.92972972972973,"d":"196"},{"v":216.55523672883785,"d":"217"},{"v":235.60618038088393,"d":"236"},{"v":262.1259899208063,"d":"262"},{"v":280.9602457535237,"d":"281"},{"v":296.8094380403458,"d":"297"},{"v":303.20209310718155,"d":"303"},{"v":315.6484826589595,"d":"316"},{"v":312.52988047808765,"d":"313"},{"v":325.75487670224516,"d":"326"},{"v":333.4385996409336,"d":"333"},{"v":330.8595041322314,"d":"331"},66,{"v":323.64626872249147,"d":"323.6"},{"v":79.1820988150903,"d":"79.2"},{"v":323.64626872249147,"d":"323.6"},{"v":323.64626872249147,"d":"323.6"},{"v":0,"d":"0.0"},{"v":0,"d":"0.0"}]
[{"$nulls":3},1743,"PI_B_S",67,{"v":51.8175598631699,"d":"52"},{"v":56.76401515151515,"d":"57"},{"v":64.74568469505179,"d":"65"},{"v":70.72996108949417,"d":"71"},{"v":77.34693069306931,"d":"77"},{"v":83.04824561403508,"d":"83"},{"v":92.91900691900693,"d":"93"},{"v":101.89237668161435,"d":"102"},{"v":112.95848746403615,"d":"113"},{"v":123.51598173515981,"d":"124"},{"v":132.74433923425278,"d":"133"},{"v":139.34517561566412,"d":"139"},{"v":147.64257503949446,"d":"148"},{"v":147.965811965812,"d":"148"},{"v":148.21058732612056,"d":"148"},{"v":148.0152846771112,"d":"148"},{"v":147.54545454545456,"d":"148"},{"v":139.99471897397206,"d":"140"},{"v":140.26676657924318,"d":"140"},{"v":141.94454782285078,"d":"142"},{"v":139.9413284132841,"d":"140"},{"v":140.94109037687522,"d":"141"},{"v":151.6290790427846,"d":"152"},{"v":165.51675675675676,"d":"166"},{"v":174.83536585365852,"d":"175"},{"v":193.22817103844773,"d":"193"},{"v":210.12922966162708,"d":"210"},{"v":235.20889049512107,"d":"235"},{"v":253.350144092219,"d":"253"},{"v":271.1833273186575,"d":"271"},{"v":281.0541907514451,"d":"281"},{"v":295.09090909090907,"d":"295"},{"v":297.87854251012146,"d":"298"},{"v":288.17719928186716,"d":"288"},{"v":276.31239669421484,"d":"276"},67,{"v":287.70264766571154,"d":"287.7"},{"v":62.031644046316956,"d":"62.0"},{"v":287.70264766571154,"d":"287.7"},{"v":287.70264766571154,"d":"287.7"},{"v":0,"d":"0.0"},{"v":0,"d":"0.0"}]
[{"$nulls":3},1744,"PI_B_S",68,{"v":40.71379703534778,"d":"41"},{"v":43.648863636363636,"d":"44"},{"v":48.766781741465294,"d":"49"},{"v":56.626070038910505,"d":"57"},{"v":63.42019801980199,"d":"63"},{"v":69.24282296650718,"d":"69"},{"v":76.84533984533984,"d":"77"},{"v":85.13086017121891,"d":"85"},{"v":93.61323468968351,"d":"94"},{"v":103.5288501452885,"d":"104"},{"v":108.91272128447919,"d":"109"},{"v":115.1017359709326,"d":"115"},{"v":120.93443917851502,"d":"121"},{"v":127.7886557886558,"d":"128"},{"v":131.0691653786708,"d":"131"},{"v":131.68398930072604,"d":"132"},{"v":132.7291745910993,"d":"133"},{"v":130.6073179932101,"d":"131"},{"v":124.86174597227426,"d":"125"},{"v":123.21994789728323,"d":"123"},{"v":124.37011070110701,"d":"124"},{"v":124.31320892791803,"d":"124"},{"v":126.52102973168962,"d":"127"},{"v":137.44324324324324,"d":"137"},{"v":149.60939741750357,"d":"150"},{"v":159.2091268415379,"d":"159"},{"v":173.9067674586033,"d":"174"},{"v":186.72027466570293,"d":"187"},{"v":206.5778097982709,"d":"207"},{"v":226.86466979429807,"d":"227"},{"v":245.67810693641619,"d":"246"},{"v":256.2940963419051,"d":"256"},{"v":275.57747515642257,"d":"276"},{"v":261.27289048473966,"d":"261"},{"v":249.48595041322312,"d":"249"},68,{"v":257.6617038665413,"d":"257.7"},{"v":48.86341847249556,"d":"48.9"},{"v":257.6617038665413,"d":"257.7"},{"v":257.6617038665413,"d":"257.7"},{"v":0,"d":"0.0"},{"v":0,"d":"0.0"}]
[{"$nulls":3},1745,"PI_B_S",69,{"v":28.78753325731661,"d":"29"},{"v":33.40265151515152,"d":"33"},{"v":37.145761411584196,"d":"37"},{"v":41.46964980544747,"d":"41"},{"v":48.636435643564354,"d":"49"},{"v":54.574561403508774,"d":"55"},{"v":62.533170533170534,"d":"63"},{"v":69.03098247044434,"d":"69"},{"v":78.27044800657625,"d":"78"},{"v":86.01203819012038,"d":"86"},{"v":92.20831617949773,"d":"92"},{"v":95.88171174808237,"d":"96"},{"v":100.42259083728278,"d":"100"},{"v":104.03846153846156,"d":"104"},{"v":110.37403400309117,"d":"110"},{"v":113.49216660298052,"d":"113"},{"v":114.0030429821225,"d":"114"},{"v":115.70992078460958,"d":"116"},{"v":114.72686399400524,"d":"115"},{"v":111.74358020096763,"d":"112"},{"v":112.19261992619927,"d":"112"},{"v":114.81156238565677,"d":"115"},{"v":113.18237853517041,"d":"113"},{"v":116.97297297297298,"d":"117"},{"v":125.54770444763271,"d":"126"},{"v":132.77146963708228,"d":"133"},{"v":138.85277177825773,"d":"139"},{"v":151.1358872425009,"d":"151"},{"v":161.7543227665706,"d":"162"},{"v":181.96030313966077,"d":"182"},{"v":204.24313583815027,"d":"204"},{"v":224.94313654473015,"d":"225"},{"v":241.5285241074715,"d":"242"},{"v":247.67504488330343,"d":"248"},{"v":213.71735537190082,"d":"214"},69,{"v":226.42143934911124,"d":"226.4"},{"v":36.56269098924464,"d":"36.6"},{"v":226.42143934911124,"d":"226.4"},{"v":226.42143934911124,"d":"226.4"},{"v":0,"d":"0.0"},{"v":0,"d":"0.0"}]
[{"$nulls":3},1746,"PI_B_S",70,{"v":21.79627518053972,"d":"22"},{"v":23.56628787878788,"d":"24"},{"v":28.01495972382049,"d":"28"},{"v":31.786381322957197,"d":"32"},{"v":36.63801980198021,"d":"37"},{"v":42.926236044657095,"d":"43"},{"v":48.88156288156288,"d":"49"},{"v":56.01875254790052,"d":"56"},{"v":62.92766132346896,"d":"63"},{"v":70.96554586965546,"d":"71"},{"v":75.50391107451625,"d":"76"},{"v":81.24828421477595,"d":"81"},{"v":83.75671406003161,"d":"84"},{"v":87.01398601398603,"d":"87"},{"v":90.51506955177742,"d":"91"},{"v":96.33397019487964,"d":"96"},{"v":100.21567135793079,"d":"100"},{"v":99.5880799698227,"d":"100"},{"v":101.95691270138629,"d":"102"},{"v":101.0725716412356,"d":"101"},{"v":99.0169741697417,"d":"99"},{"v":98.97548481522136,"d":"99"},{"v":103.96301667875272,"d":"104"},{"v":102.93621621621621,"d":"103"},{"v":107.88952654232425,"d":"108"},{"v":115.08156665468918,"d":"115"},{"v":120.74154067674586,"d":"121"},{"v":122.98120708348392,"d":"123"},{"v":131.93695965417868,"d":"132"},{"v":141.93684590400576,"d":"142"},{"v":159.8764450867052,"d":"160"},{"v":181.24773632741758,"d":"181"},{"v":204.4928229665072,"d":"204"},{"v":228.2495511669659,"d":"228"},{"v":206.56363636363636,"d":"207"},70,{"v":196.08603838224644,"d":"196.1"},{"v":27.368054918108314,"d":"27.4"},{"v":196.08603838224644,"d":"196.1"},{"v":196.08603838224644,"d":"196.1"},{"v":0,"d":"0.0"},{"v":0,"d":"0.0"}]
[{"$nulls":3},1747,"PI_B_S",71,{"v":13.365640440896998,"d":"13"},{"v":14.34469696969697,"d":"14"},{"v":15.9789029535865,"d":"16"},{"v":18.10350194552529,"d":"18"},{"v":20.99722772277228,"d":"21"},{"v":24.806618819776716,"d":"25"},{"v":29.505087505087506,"d":"30"},{"v":32.42030167142274,"d":"32"},{"v":38.91286477599671,"d":"39"},{"v":43.11830635118306,"d":"43"},{"v":46.54960889254836,"d":"47"},{"v":48.92369802180057,"d":"49"},{"v":53.20260663507109,"d":"53"},{"v":57.16860916860918,"d":"57"},{"v":64.80293663060277,"d":"65"},{"v":71.32021398547955,"d":"71"},{"v":79.22594142259415,"d":"79"},{"v":85.91512636740852,"d":"86"},{"v":86.75458973398275,"d":"87"},{"v":88.18682545589877,"d":"88"},{"v":88.23690036900369,"d":"88"},{"v":89.07793633369923,"d":"89"},{"v":89.251269035533,"d":"89"},{"v":92.40864864864865,"d":"92"},{"v":91.5896700143472,"d":"92"},{"v":93.11498383039884,"d":"93"},{"v":96.59323254139669,"d":"97"},{"v":101.0831225153596,"d":"101"},{"v":103.09402017291066,"d":"103"},{"v":113.04186214363045,"d":"113"},{"v":125.28215317919073,"d":"125"},{"v":143.23469757334297,"d":"143"},{"v":164.66948840633054,"d":"165"},{"v":186.19335727109515,"d":"186"},{"v":192.25619834710744,"d":"192"},71,{"v":162.32717895541336,"d":"162.3"},{"v":15.978629796208327,"d":"16.0"},{"v":162.32717895541336,"d":"162.3"},{"v":162.32717895541336,"d":"162.3"},{"v":0,"d":"0.0"},{"v":0,"d":"0.0"}]
[{"$nulls":3},1748,"PI_B_S",72,{"v":8.841885214747244,"d":"9"},{"v":9.016666666666667,"d":"9"},{"v":8.093210586881474,"d":"8"},{"v":9.893774319066148,"d":"10"},{"v":9.641584158415842,"d":"10"},{"v":12.07974481658692,"d":"12"},{"v":14.972730972730972,"d":"15"},{"v":16.982062780269057,"d":"17"},{"v":18.01109741060419,"d":"18"},{"v":22.682025736820258,"d":"23"},{"v":23.608892548373813,"d":"24"},{"v":25.7723052079128,"d":"26"},{"v":29.272116903633492,"d":"29"},{"v":34.46930846930847,"d":"34"},{"v":41.80834621329211,"d":"42"},{"$f":"OFFSET(INDIRECT($B$3&1),$D58-1,V$9)*V$81","v":{"v":52.30149025601835,"d":"52"}},{"v":59.67668314948651,"d":"60"},{"v":69.38513768389286,"d":"69"},{"v":76.61970775571375,"d":"77"},{"v":77.51581689616674,"d":"78"},{"v":77.05756457564576,"d":"77"},{"v":77.99268203439443,"d":"78"},{"v":78.07034082668599,"d":"78"},{"v":78.3718918918919,"d":"78"},{"v":82.46951219512195,"d":"82"},{"v":82.22888968738769,"d":"82"},{"v":81.40316774658027,"d":"81"},{"v":84.85507770148175,"d":"85"},{"v":87.69812680115274,"d":"88"},{"v":89.22302417899675,"d":"89"},{"v":99.28757225433525,"d":"99"},{"v":112.86345526982976,"d":"113"},{"v":130.42142068457858,"d":"130"},{"v":146.37109515260323,"d":"146"},{"v":164.53553719008264,"d":"165"},72,{"v":130.69581611028588,"d":"130.7"},{"v":8.779105316776926,"d":"8.8"},{"v":130.69581611028588,"d":"130.7"},{"v":130.69581611028588,"d":"130.7"},{"v":0,"d":"0.0"},{"v":0,"d":"0.0"}]
[{"$nulls":3},1749,"PI_B_S",73,{"$f":"OFFSET(INDIRECT($B$3&1),$D59-1,G$9)*G$81","v":{"v":7.402508551881414,"d":"7"}},{"v":7.787121212121212,"d":"8"},{"v":7.885692366705026,"d":"8"},{"v":7.3677042801556425,"d":"7"},{"v":8.99881188118812,"d":"9"},{"v":8.844098883572567,"d":"9"},{"v":10.78917378917379,"d":"11"},{"v":13.45332246229107,"d":"13"},{"v":15.120427455815863,"d":"15"},{"v":16.16936488169365,"d":"16"},{"v":18.263482914779743,"d":"18"},{"v":18.346386758175214,"d":"18"},{"v":19.657187993680886,"d":"20"},{"v":23.119658119658123,"d":"23"},{"v":27.384466769706332,"d":"27"},{"v":35.35001910584639,"d":"35"},{"v":46.30087485736022,"d":"46"},{"v":52.65107506601282,"d":"53"},{"v":61.62008242787561,"d":"62"},{"v":68.2541868254559,"d":"68"},{"v":67.67490774907749,"d":"68"},{"v":66.7094767654592,"d":"67"},{"v":68.26250906453951,"d":"68"},{"v":68.23423423423424,"d":"68"},{"v":68.49820659971304,"d":"68"},{"v":73.28674092705714,"d":"73"},{"v":73.02915766738661,"d":"73"},{"v":71.36429345861944,"d":"71"},{"v":73.86131123919307,"d":"74"},{"v":75.55647780584627,"d":"76"},{"v":76.81105491329478,"d":"77"},{"v":86.21513944223106,"d":"86"},{"v":100.35480309164521,"d":"100"},{"v":105.8689407540395,"d":"106"},{"v":111.77685950413223,"d":"112"},73,{"v":96.20535954106855,"d":"96.2"},{"v":7.612353674042508,"d":"7.6"},{"v":96.20535954106855,"d":"96.2"},{"v":96.20535954106855,"d":"96.2"},{"v":0,"d":"0.0"},{"v":0,"d":"0.0"}]
[{"$nulls":3},1750,{"$f":"OFFSET(INDIRECT($B$3&1),$D60-1,E$9)","v":"PI_B_S"},74,{"v":5.551881413911061,"d":"6"},{"v":6.147727272727273,"d":"6"},{"v":6.43306482546989,"d":"6"},{"v":6.315175097276265,"d":"6"},{"v":5.142178217821782,"d":"5"},{"v":6.902711323763956,"d":"7"},{"v":7.045991045991046,"d":"7"},{"v":8.60130452507134,"d":"9"},{"v":10.895602137279079,"d":"11"},{"v":13.474470734744706,"d":"13"},{"v":14.25442568958419,"d":"14"},{"v":15.943883730318936,"d":"16"},{"v":16.452211690363352,"d":"16"},{"v":17.44483294483295,"d":"17"},{"v":20.277047913446673,"d":"20"},{"v":23.980129919755445,"d":"24"},{"v":30.867249904906814,"d":"31"},{"v":40.406639004149376,"d":"40"},{"v":46.417759460472084,"d":"46"},{"v":53.95906215109788,"d":"54"},{"v":59.88929889298893,"d":"60"},{"v":60.17709476765459,"d":"60"},{"v":59.63161711385061,"d":"60"},{"v":60.04612612612613,"d":"60"},{"v":59.184002869440455,"d":"59"},{"v":59.6791232482932,"d":"60"},{"v":62.31821454283657,"d":"62"},{"v":61.97940007228045,"d":"62"},{"v":61.97334293948127,"d":"62"},{"v":65.40418621436304,"d":"65"},{"v":67.82044797687861,"d":"68"},{"v":69.36399855124954,"d":"69"},{"v":79.24843577475157,"d":"79"},{"v":84.20951526032316,"d":"84"},{"v":94.78677685950413,"d":"95"},74,{"v":79.0858348845414,"d":"79.1"},{"v":5.710934357704466,"d":"5.7"},{"v":79.0858348845414,"d":"79.1"},{"v":79.0858348845414,"d":"79.1"},{"v":0,"d":"0.0"},{"v":0,"d":"0.0"}]
[{"$nulls":3},1751,"PI_B_S",75,{"v":4.935005701254275,"d":"5"},{"v":5.532954545454546,"d":"6"},{"v":6.225546605293442,"d":"6"},{"v":6.525680933852141,"d":"7"},{"v":6.213465346534654,"d":"6"},{"v":4.74561403508772,"d":"5"},{"v":6.3854293854293855,"d":"6"},{"v":5.954749286587852,"d":"6"},{"v":7.115495273325113,"d":"7"},{"v":9.65670402656704,"d":"10"},{"v":11.13627006998765,"d":"11"},{"v":12.01251513928139,"d":"12"},{"v":13.46090047393365,"d":"13"},{"v":13.871794871794874,"d":"14"},{"v":14.632921174652239,"d":"15"},{"v":17.15819640810088,"d":"17"},{"v":20.166603271205787,"d":"20"},{"v":26.32553753300641,"d":"26"},{"v":35.47208692394155,"d":"35"},{"v":40.87197618161519,"d":"41"},{"v":48.709963099631,"d":"49"},{"v":54.2385656787413,"d":"54"},{"v":55.120014503263235,"d":"55"},{"v":54.58738738738739,"d":"55"},{"v":54.526901004304165,"d":"55"},{"v":52.48652533237513,"d":"52"},{"v":51.802015838732906,"d":"52"},{"v":53.76761835923383,"d":"54"},{"v":52.61887608069164,"d":"53"},{"v":53.299530855286896,"d":"53"},{"v":56.679913294797686,"d":"57"},{"v":59.958710612097065,"d":"60"},{"v":62.1244019138756,"d":"62"},{"v":67.01795332136446,"d":"67"},{"v":59.018181818181816,"d":"59"},75,{"v":60.959832192063324,"d":"61.0"},{"v":5.680560919857353,"d":"5.7"},{"v":60.959832192063324,"d":"61.0"},{"v":60.959832192063324,"d":"61.0"},{"v":0,"d":"0.0"},{"v":0,"d":"0.0"}]
[{"$nulls":3},1752,"PI_B_S",76,{"v":3.701254275940707,"d":"4"},{"v":4.098484848484849,"d":"4"},{"v":4.772919064058305,"d":"5"},{"v":5.473151750972763,"d":"5"},{"v":5.999207920792079,"d":"6"},{"v":5.608452950558214,"d":"6"},{"v":4.844118844118845,"d":"5"},{"v":5.734203016714227,"d":"6"},{"v":5.336621454993834,"d":"5"},{"v":6.288086342880863,"d":"6"},{"v":7.795389048991353,"d":"8"},{"v":9.173193379087607,"d":"9"},{"v":10.683254344391786,"d":"11"},{"v":11.770007770007771,"d":"12"},{"v":12.542503863987633,"d":"13"},{"v":13.85059228123806,"d":"14"},{"v":16.050969950551544,"d":"16"},{"v":18.57072802715956,"d":"19"},{"v":23.310228550018735,"d":"23"},{"v":30.80498697432081,"d":"31"},{"v":34.935424354243544,"d":"35"},{"v":41.56970362239297,"d":"42"},{"v":46.09680928208847,"d":"46"},{"v":48.15387387387388,"d":"48"},{"v":47.929340028694405,"d":"48"},{"v":48.793029105282066,"d":"49"},{"v":46.3491720662347,"d":"46"},{"v":45.360318033971815,"d":"45"},{"v":45.99279538904899,"d":"46"},{"v":44.70913027787802,"d":"45"},{"v":44.953034682080926,"d":"45"},{"v":48.789931184353485,"d":"49"},{"v":52.965034965034974,"d":"53"},{"v":55.36265709156194,"d":"55"},{"v":57.2297520661157,"d":"57"},76,{"v":51.86008199782941,"d":"51.9"},{"v":4.640736537063721,"d":"4.6"},{"v":51.86008199782941,"d":"51.9"},{"v":51.86008199782941,"d":"51.9"},{"v":0,"d":"0.0"},{"v":0,"d":"0.0"}]
[{"$nulls":3},1753,"PI_B_S",77,{"v":2.878753325731661,"d":"3"},{"v":3.0738636363636367,"d":"3"},{"v":3.527809742999617,"d":"4"},{"v":4.21011673151751,"d":"4"},{"v":4.713663366336634,"d":"5"},{"v":5.392743221690591,"d":"5"},{"v":5.064306064306064,"d":"5"},{"v":4.410925397472482,"d":"4"},{"v":5.114262227702424,"d":"5"},{"v":4.940639269406393,"d":"5"},{"v":5.345409633594071,"d":"5"},{"v":6.115462252725071,"d":"6"},{"v":7.264612954186414,"d":"7"},{"v":8.407148407148409,"d":"8"},{"v":9.406877897990725,"d":"9"},{"v":10.336262896446314,"d":"10"},{"v":12.141118295930013,"d":"12"},{"v":14.285175405507355,"d":"14"},{"v":17.229299363057326,"d":"17"},{"v":21.34201711946409,"d":"21"},{"v":27.948339483394836,"d":"28"},{"v":31.27625320160995,"d":"31"},{"v":37.0736040609137,"d":"37"},{"v":41.1354954954955,"d":"41"},{"v":43.27223816355811,"d":"43"},{"v":43.15558749550844,"d":"43"},{"v":43.03851691864651,"d":"43"},{"v":39.88579689194073,"d":"40"},{"v":37.80763688760806,"d":"38"},{"v":37.87585709130278,"d":"38"},{"v":35.96242774566473,"d":"36"},{"v":37.22926475914523,"d":"37"},{"v":40.818917924181086,"d":"41"},{"v":39.82226211849192,"d":"40"},{"v":42.922314049586774,"d":"43"},77,{"v":39.35103731941395,"d":"39.4"},{"v":3.5520487213827736,"d":"3.6"},{"v":39.35103731941395,"d":"39.4"},{"v":39.35103731941395,"d":"39.4"},{"v":0,"d":"0.0"},{"v":0,"d":"0.0"}]
[{"$nulls":3},1754,"PI_B_S",78,{"v":2.261877613074877,"d":"2"},{"v":2.0492424242424243,"d":"2"},{"v":2.2827004219409286,"d":"2"},{"v":2.9470817120622566,"d":"3"},{"v":3.4281188118811885,"d":"3"},{"v":4.098484848484849,"d":"4"},{"v":5.064306064306064,"d":"5"},{"v":4.190379127598858,"d":"4"},{"v":4.002466091245376,"d":"4"},{"v":4.940639269406393,"d":"5"},{"v":4.677233429394812,"d":"5"},{"v":4.5865966895438035,"d":"5"},{"v":5.555292259083729,"d":"6"},{"v":6.095182595182596,"d":"6"},{"v":6.898377125193198,"d":"7"},{"v":7.648834543370272,"d":"8"},{"v":8.84861163940662,"d":"9"},{"v":10.61184458694832,"d":"11"},{"v":13.378044211315098,"d":"13"},{"v":16.308522515816897,"d":"16"},{"v":19.96309963099631,"d":"20"},{"v":25.931577021587994,"d":"26"},{"v":28.4427121102248,"d":"28"},{"v":32.362522522522525,"d":"32"},{"v":36.092539454806314,"d":"36"},{"v":37.906934962270924,"d":"38"},{"v":36.41720662347012,"d":"36"},{"v":36.7574990964944,"d":"37"},{"v":34.49459654178674,"d":"34"},{"v":32.21400216528329,"d":"32"},{"v":32.248916184971094,"d":"32"},{"v":31.54690329590728,"d":"32"},{"v":33.053367684946636,"d":"33"},{"v":33.31472172351885,"d":"33"},{"v":32.191735537190084,"d":"32"},78,{"v":32.47112888530679,"d":"32.5"},{"v":2.5030469877998893,"d":"2.5"},{"v":32.47112888530679,"d":"32.5"},{"v":32.47112888530679,"d":"32.5"},{"v":0,"d":"0.0"},{"v":0,"d":"0.0"}]
[{"$nulls":3},1755,"PI_B_S",79,{"v":1.8506271379703536,"d":"2"},{"v":2.0492424242424243,"d":"2"},{"v":1.8676639815880325,"d":"2"},{"v":2.3155642023346306,"d":"2"},{"v":2.9996039603960396,"d":"3"},{"v":3.235645933014354,"d":"3"},{"v":3.743182743182743,"d":"4"},{"v":4.190379127598858,"d":"4"},{"v":3.1130291820797362,"d":"3"},{"v":2.9194686591946866,"d":"3"},{"v":3.5636064223960475,"d":"4"},{"v":3.494549858700041,"d":"3"},{"v":3.8459715639810432,"d":"4"},{"v":4.413752913752915,"d":"4"},{"v":5.017001545595053,"d":"5"},{"v":6.201757737867788,"d":"6"},{"v":6.585013313046787,"d":"7"},{"v":7.550735571482459,"d":"8"},{"v":9.324091420007493,"d":"9"},{"v":11.87904726460737,"d":"12"},{"v":14.77269372693727,"d":"15"},{"v":18.607391145261616,"d":"19"},{"v":22.950326323422768,"d":"23"},{"v":25.5390990990991,"d":"26"},{"v":27.748565279770446,"d":"28"},{"v":28.96478620194035,"d":"29"},{"v":29.795896328293736,"d":"30"},{"v":29.327791832309362,"d":"29"},{"v":29.42759365994236,"d":"29"},{"v":29.090220137134608,"d":"29"},{"v":28.339956647398843,"d":"28"},{"v":28.607750814922127,"d":"29"},{"v":28.672800883327202,"d":"29"},{"v":28.166965888689408,"d":"28"},{"v":25.03801652892562,"d":"25"},79,{"v":27.765098152652637,"d":"27.8"},{"v":2.1389835947639892,"d":"2.1"},{"v":27.765098152652637,"d":"27.8"},{"v":27.765098152652637,"d":"27.8"},{"v":0,"d":"0.0"},{"v":0,"d":"0.0"}]
[{"$nulls":3},1756,"PI_B_S",80,{"v":1.4393766628658304,"d":"1"},{"v":1.4344696969696968,"d":"1"},{"v":1.6601457614115844,"d":"2"},{"v":1.4735408560311283,"d":"1"},{"v":2.1425742574257427,"d":"2"},{"v":2.804226475279107,"d":"3"},{"v":3.0826210826210825,"d":"3"},{"v":3.7492865878516097,"d":"4"},{"v":4.2248253185367854,"d":"4"},{"v":3.1440431714404315,"d":"3"},{"v":2.895430218196789,"d":"3"},{"v":3.494549858700041,"d":"3"},{"v":3.4186413902053716,"d":"3"},{"v":3.5730380730380737,"d":"4"},{"v":4.180834621329211,"d":"4"},{"v":4.547955674436378,"d":"5"},{"v":5.556104982883227,"d":"6"},{"v":5.714070162202941,"d":"6"},{"v":6.48632446609217,"d":"6"},{"v":7.852251581689617,"d":"8"},{"v":10.580442804428044,"d":"11"},{"v":13.658616904500548,"d":"14"},{"v":17.06562726613488,"d":"17"},{"v":21.05513513513514,"d":"21"},{"v":23.09146341463415,"d":"23"},{"v":23.910528206970895,"d":"24"},{"v":24.343052555795534,"d":"24"},{"v":24.635345139139865,"d":"25"},{"v":24.360590778097983,"d":"24"},{"v":24.20931071815229,"d":"24"},{"v":24.6264450867052,"d":"25"},{"v":24.10105034407823,"d":"24"},{"v":25.088700772911302,"d":"25"},{"v":24.961759425493717,"d":"25"},{"v":25.03801652892562,"d":"25"},80,{"v":24.763194431622814,"d":"24.8"},{"v":1.5729869965123382,"d":"1.6"},{"v":24.763194431622814,"d":"24.8"},{"v":24.763194431622814,"d":"24.8"},{"v":0,"d":"0.0"},{"v":0,"d":"0.0"}]
[{"$nulls":3},1757,"PI_B_S",81,{"v":1.0281261877613075,"d":"1"},{"v":1.0246212121212122,"d":"1"},{"v":1.0375911008822403,"d":"1"},{"v":1.0525291828793775,"d":"1"},{"v":0.8570297029702971,"d":"1"},{"v":1.9413875598086126,"d":"2"},{"v":2.642246642246642,"d":"3"},{"v":2.646555238483489,"d":"3"},{"v":2.890669954788327,"d":"3"},{"v":3.3686176836861765,"d":"3"},{"v":2.2272540139975296,"d":"2"},{"v":1.7472749293500205,"d":"2"},{"v":2.350315955766193,"d":"2"},{"v":2.5221445221445227,"d":"3"},{"v":2.5085007727975266,"d":"3"},{"v":2.8941536110049677,"d":"3"},{"v":3.4982883225561054,"d":"3"},{"v":4.081478687287816,"d":"4"},{"v":4.459348070438367,"d":"4"},{"v":5.03349460364719,"d":"5"},{"v":5.988929889298893,"d":"6"},{"v":8.70984266373948,"d":"9"},{"v":11.769398114575779,"d":"12"},{"v":15.011531531531533,"d":"15"},{"v":18.240315638450504,"d":"18"},{"v":20.411426518145884,"d":"20"},{"v":20.642908567314613,"d":"21"},{"v":21.116010119262743,"d":"21"},{"v":20.657780979827088,"d":"21"},{"v":20.890292313244313,"d":"21"},{"v":20.912933526011557,"d":"21"},{"v":21.16189786309308,"d":"21"},{"v":20.907250644092752,"d":"21"},{"v":19.716876122082585,"d":"20"},{"v":18.778512396694214,"d":"19"},81,{"v":20.295494110394834,"d":"20.3"},{"v":0.9649901954113592,"d":"1.0"},{"v":20.295494110394834,"d":"20.3"},{"v":20.295494110394834,"d":"20.3"},{"v":0,"d":"0.0"},{"v":0,"d":"0.0"}]
[{"$nulls":3},1758,"PI_B_S",82,{"v":0.822500950209046,"d":"1"},{"v":1.0246212121212122,"d":"1"},{"v":1.0375911008822403,"d":"1"},{"v":1.0525291828793775,"d":"1"},{"v":1.0712871287128714,"d":"1"},{"v":0.8628389154704945,"d":"1"},{"v":1.7614977614977616,"d":"2"},{"v":2.4260089686098656,"d":"2"},{"v":2.4459515002055077,"d":"2"},{"v":2.694894146948941,"d":"3"},{"v":3.1181556195965414,"d":"3"},{"v":1.965684295518773,"d":"2"},{"v":1.49565560821485,"d":"1"},{"v":1.6814296814296819,"d":"2"},{"v":1.881375579598145,"d":"2"},{"v":1.8605273213603364,"d":"2"},{"v":2.263598326359833,"d":"2"},{"v":2.8570350811014706,"d":"3"},{"v":3.8512551517422255,"d":"4"},{"v":4.0267956829177525,"d":"4"},{"v":4.591512915129151,"d":"5"},{"v":5.740578119282839,"d":"6"},{"v":7.846265409717186,"d":"8"},{"v":10.332612612612612,"d":"10"},{"v":13.195121951219512,"d":"13"},{"v":15.745957599712538,"d":"16"},{"v":17.137508999280058,"d":"17"},{"v":17.205637874954828,"d":"17"},{"v":16.954971181556193,"d":"17"},{"v":16.399855647780583,"d":"16"},{"v":17.003973988439306,"d":"17"},{"v":17.04708438971387,"d":"17"},{"v":18.318733897681266,"d":"18"},{"v":18.74560143626571,"d":"19"},{"v":18.778512396694214,"d":"19"},82,{"v":17.978781221758872,"d":"18.0"},{"v":0.966656224996466,"d":"1.0"},{"v":17.978781221758872,"d":"18.0"},{"v":17.978781221758872,"d":"18.0"},{"v":0,"d":"0.0"},{"v":0,"d":"0.0"}]
[{"$nulls":3},1759,"PI_B_S",83,{"v":0.6168757126567844,"d":"1"},{"v":0.6147727272727272,"d":"1"},{"v":0.8300728807057922,"d":"1"},{"v":0.8420233463035021,"d":"1"},{"v":0.8570297029702971,"d":"1"},{"v":0.6471291866028708,"d":"1"},{"v":0.6605616605616605,"d":"1"},{"v":1.5438238891153686,"d":"2"},{"v":2.2235922729140976,"d":"2"},{"v":2.245745122457451,"d":"2"},{"v":2.4499794153972827,"d":"2"},{"v":2.8393217601937835,"d":"3"},{"v":1.7093206951026858,"d":"2"},{"v":1.2610722610722613,"d":"1"},{"v":1.4632921174652238,"d":"1"},{"v":2.0672525792892626,"d":"2"},{"v":2.057816660327121,"d":"2"},{"v":2.4488872123726892,"d":"2"},{"v":3.243162233046085,"d":"3"},{"v":4.22813546706364,"d":"4"},{"v":3.992619926199262,"d":"4"},{"v":4.35492133186974,"d":"4"},{"v":5.49238578680203,"d":"5"},{"v":7.408288288288288,"d":"7"},{"v":9.120157819225252,"d":"9"},{"v":11.27488321954725,"d":"11"},{"v":13.242620590352772,"d":"13"},{"v":14.468377303939286,"d":"14"},{"v":13.64193083573487,"d":"14"},{"v":14.057019126669072,"d":"14"},{"v":14.267702312138727,"d":"14"},{"v":14.891705903658092,"d":"15"},{"v":14.734633787265368,"d":"15"},{"v":14.569120287253142,"d":"15"},{"v":10.730578512396693,"d":"11"},83,{"v":13.838748160542405,"d":"13.8"},{"v":0.7258369749411967,"d":"0.7"},{"v":13.838748160542405,"d":"13.8"},{"v":13.838748160542405,"d":"13.8"},{"v":0,"d":"0.0"},{"v":0,"d":"0.0"}]
[{"$nulls":3},1760,"PI_B_S",84,{"v":0.2056252375522615,"d":"0"},{"v":0.4098484848484849,"d":"0"},{"v":0.4150364403528961,"d":"0"},{"v":0.6315175097276264,"d":"1"},{"v":0.8570297029702971,"d":"1"},{"v":0.8628389154704945,"d":"1"},{"v":0.6605616605616605,"d":"1"},{"v":0.44109253974724827,"d":"0"},{"v":1.1117961364570488,"d":"1"},{"v":1.796596097965961,"d":"2"},{"v":1.7818032111980238,"d":"2"},{"v":1.965684295518773,"d":"2"},{"v":2.5639810426540284,"d":"3"},{"v":1.6814296814296819,"d":"2"},{"v":1.2542503863987633,"d":"1"},{"v":1.4470768055024839,"d":"1"},{"v":1.6462533282616967,"d":"2"},{"v":1.6325914749151265,"d":"2"},{"v":2.026976395653803,"d":"2"},{"v":2.416077409750651,"d":"2"},{"v":3.393726937269373,"d":"3"},{"v":3.563117453347969,"d":"4"},{"v":3.726976069615663,"d":"4"},{"v":5.0688288288288295,"d":"5"},{"v":6.985652797704447,"d":"7"},{"v":8.35896514552641,"d":"8"},{"v":9.737221022318215,"d":"10"},{"v":11.53559812070835,"d":"12"},{"v":11.693083573487032,"d":"12"},{"v":11.128473475279682,"d":"11"},{"v":11.335982658959537,"d":"11"},{"v":12.34444042013763,"d":"12"},{"v":13.1417004048583,"d":"13"},{"v":14.569120287253142,"d":"15"},{"v":14.307438016528925,"d":"14"},84,{"v":13.139736357547505,"d":"13.1"},{"v":0.4861831115769032,"d":"0.5"},{"v":13.139736357547505,"d":"13.1"},{"v":13.139736357547505,"d":"13.1"},{"v":0,"d":"0.0"},{"v":0,"d":"0.0"}]
[{"$nulls":3},1761,"PI_B_S",85,{"v":0.2056252375522615,"d":"0"},{"v":0.20492424242424245,"d":"0"},{"v":0.4150364403528961,"d":"0"},{"v":0.42101167315175103,"d":"0"},{"v":0.6427722772277228,"d":"1"},{"v":0.8628389154704945,"d":"1"},{"v":0.8807488807488808,"d":"1"},{"v":0.6616388096208723,"d":"1"},{"v":0.44471845458281956,"d":"0"},{"v":1.1228725612287256,"d":"1"},{"v":1.7818032111980238,"d":"2"},{"v":1.7472749293500205,"d":"2"},{"v":1.9229857819905216,"d":"2"},{"v":2.5221445221445227,"d":"3"},{"v":1.6723338485316845,"d":"2"},{"v":1.2403515475735576,"d":"1"},{"v":1.4404716622289846,"d":"1"},{"v":1.4285175405507353,"d":"1"},{"v":1.2161858373922818,"d":"1"},{"v":1.610718273167101,"d":"2"},{"v":1.996309963099631,"d":"2"},{"v":2.771313574826198,"d":"3"},{"v":3.1385061638868748,"d":"3"},{"v":3.314234234234234,"d":"3"},{"v":4.269010043041607,"d":"4"},{"v":5.054257994969457,"d":"5"},{"v":6.037077033837293,"d":"6"},{"v":7.234188651969643,"d":"7"},{"v":8.769812680115274,"d":"9"},{"v":8.980873330927462,"d":"9"},{"v":9.186054913294798,"d":"9"},{"v":9.99311843534951,"d":"10"},{"v":11.150533676849467,"d":"11"},{"v":11.946678635547578,"d":"12"},{"v":12.51900826446281,"d":"13"},85,{"v":10.959078785100832,"d":"11.0"},{"v":0.3646521637865541,"d":"0.4"},{"v":10.959078785100832,"d":"11.0"},{"v":10.959078785100832,"d":"11.0"},{"v":0,"d":"0.0"},{"v":0,"d":"0.0"}]
[{"$nulls":3},1762,"PI_B_S",86,{"v":0.2056252375522615,"d":"0"},{"v":0.20492424242424245,"d":"0"},{"v":0.20751822017644805,"d":"0"},{"v":0.42101167315175103,"d":"0"},{"v":0.21425742574257428,"d":"0"},{"v":0.43141945773524726,"d":"0"},{"v":0.6605616605616605,"d":"1"},{"v":0.6616388096208723,"d":"1"},{"v":0.44471845458281956,"d":"0"},{"v":0.44914902449149025,"d":"0"},{"v":1.1136270069987648,"d":"1"},{"v":1.7472749293500205,"d":"2"},{"v":1.7093206951026858,"d":"2"},{"v":1.6814296814296819,"d":"2"},{"v":2.2994590417310663,"d":"2"},{"v":1.4470768055024839,"d":"1"},{"v":1.0289083301635604,"d":"1"},{"v":1.2244436061863446,"d":"1"},{"v":1.418883476957662,"d":"1"},{"v":1.2080387048753256,"d":"1"},{"v":1.597047970479705,"d":"2"},{"v":1.9795096963044272,"d":"2"},{"v":2.746192893401015,"d":"3"},{"v":3.1192792792792794,"d":"3"},{"v":2.9106886657101865,"d":"3"},{"v":3.6934962270930645,"d":"4"},{"v":3.7001439884809213,"d":"4"},{"v":4.1058908565233105,"d":"4"},{"v":5.06700288184438,"d":"5"},{"v":6.833273186575243,"d":"7"},{"v":6.840679190751445,"d":"7"},{"v":7.445852951829046,"d":"7"},{"v":8.3629002576371,"d":"8"},{"v":7.770197486535009,"d":"8"},{"v":9.836363636363636,"d":"10"},86,{"v":8.051198704623248,"d":"8.1"},{"v":0.24189650888972258,"d":"0.2"},{"v":8.051198704623248,"d":"8.1"},{"v":8.051198704623248,"d":"8.1"},{"v":0,"d":"0.0"},{"v":0,"d":"0.0"}]
[{"$nulls":3},1763,"PI_B_S",87,{"v":0.2056252375522615,"d":"0"},{"v":0.20492424242424245,"d":"0"},{"v":0.20751822017644805,"d":"0"},{"v":0.21050583657587552,"d":"0"},{"v":0.42851485148514856,"d":"0"},{"v":0.21570972886762363,"d":"0"},{"v":0.4403744403744404,"d":"0"},{"v":0.44109253974724827,"d":"0"},{"v":0.44471845458281956,"d":"0"},{"v":0.22457451224574512,"d":"0"},{"v":0.22272540139975297,"d":"0"},{"v":0.8736374646750102,"d":"1"},{"v":1.7093206951026858,"d":"2"},{"v":1.6814296814296819,"d":"2"},{"v":1.6723338485316845,"d":"2"},{"v":2.273977837218189,"d":"2"},{"v":1.4404716622289846,"d":"1"},{"v":1.020369671821954,"d":"1"},{"v":1.2161858373922818,"d":"1"},{"v":1.4093784890212133,"d":"1"},{"v":0.9981549815498155,"d":"1"},{"v":1.385656787413099,"d":"1"},{"v":1.9615663524292966,"d":"2"},{"v":2.7293693693693695,"d":"3"},{"v":3.1047345767575325,"d":"3"},{"v":3.110312612288897,"d":"3"},{"v":3.115910727141829,"d":"3"},{"v":2.5417419588001446,"d":"3"},{"v":2.923270893371758,"d":"3"},{"v":3.514254781667268,"d":"4"},{"v":4.886199421965317,"d":"5"},{"v":5.4864179645056135,"d":"5"},{"v":6.172616856827384,"d":"6"},{"v":5.8276481149012564,"d":"6"},{"v":4.471074380165289,"d":"4"},87,{"v":5.368791347672973,"d":"5.4"},{"v":0.24262057310207383,"d":"0.2"},{"v":5.368791347672973,"d":"5.4"},{"v":5.368791347672973,"d":"5.4"},{"v":0,"d":"0.0"},{"v":0,"d":"0.0"}]
[{"$nulls":3},1764,"PI_B_S",88,0,{"v":0.20492424242424245,"d":"0"},{"v":0.20751822017644805,"d":"0"},{"v":0.21050583657587552,"d":"0"},{"v":0.21425742574257428,"d":"0"},{"v":0.43141945773524726,"d":"0"},{"v":0.2201872201872202,"d":"0"},{"v":0.44109253974724827,"d":"0"},{"v":0.44471845458281956,"d":"0"},{"v":0.44914902449149025,"d":"0"},{"v":0.22272540139975297,"d":"0"},{"v":0.21840936616875256,"d":"0"},{"v":0.8546603475513429,"d":"1"},{"v":1.6814296814296819,"d":"2"},{"v":1.6723338485316845,"d":"2"},{"$f":"OFFSET(INDIRECT($B$3&1),$D74-1,V$9)*V$81","v":{"v":1.6538020634314101,"d":"2"}},{"v":2.057816660327121,"d":"2"},{"v":1.2244436061863446,"d":"1"},{"v":0.8107905582615212,"d":"1"},{"v":1.0066989207294381,"d":"1"},{"v":1.1977859778597786,"d":"1"},{"v":0.9897548481522136,"d":"1"},{"v":1.3730964467005076,"d":"1"},{"v":1.7545945945945947,"d":"2"},{"v":2.1345050215208037,"d":"2"},{"v":2.5271289974847284,"d":"3"},{"v":2.7264218862490996,"d":"3"},{"v":2.73726057101554,"d":"3"},{"v":2.338616714697406,"d":"2"},{"v":2.5380728978708045,"d":"3"},{"v":2.7362716763005777,"d":"3"},{"v":4.11481347337921,"d":"4"},{"v":4.7788001472212,"d":"5"},{"v":5.8276481149012564,"d":"6"},{"v":4.471074380165289,"d":"4"},88,{"v":4.385721558393508,"d":"4.4"},{"v":0.16158237932084393,"d":"0.2"},{"v":4.385721558393508,"d":"4.4"},{"v":4.385721558393508,"d":"4.4"},{"v":0,"d":"0.0"},{"v":0,"d":"0.0"}]
[{"$nulls":3},1765,"PI_B_S",89,{"$f":"OFFSET(INDIRECT($B$3&1),$D75-1,G$9)*G$81","v":0},0,{"v":0.20751822017644805,"d":"0"},{"v":0.21050583657587552,"d":"0"},{"v":0.21425742574257428,"d":"0"},{"v":0.21570972886762363,"d":"0"},{"v":0.4403744403744404,"d":"0"},{"v":0.22054626987362413,"d":"0"},{"v":0.44471845458281956,"d":"0"},{"v":0.44914902449149025,"d":"0"},{"v":0.44545080279950594,"d":"0"},{"v":0.21840936616875256,"d":"0"},{"v":0.21366508688783573,"d":"0"},{"v":0.8407148407148409,"d":"1"},{"v":1.6723338485316845,"d":"2"},{"v":1.6538020634314101,"d":"2"},{"v":1.6462533282616967,"d":"2"},{"v":2.040739343643908,"d":"2"},{"v":1.2161858373922818,"d":"1"},{"v":0.8053591365835505,"d":"1"},{"v":0.7985239852398525,"d":"1"},{"v":0.9897548481522136,"d":"1"},{"v":0.7846265409717187,"d":"1"},{"v":1.1697297297297298,"d":"1"},{"v":1.5523672883787663,"d":"2"},{"v":1.9439453826805604,"d":"2"},{"v":2.3369330453563713,"d":"2"},{"v":2.5417419588001446,"d":"3"},{"v":2.53350144092219,"d":"3"},{"v":2.1476001443522192,"d":"2"},{"v":2.5408236994219653,"d":"3"},{"v":2.5472654835204636,"d":"3"},{"v":3.7832167832167833,"d":"4"},{"v":4.856373429084381,"d":"5"},{"v":7.153719008264463,"d":"7"},89,{"v":4.176279680701612,"d":"4.2"},{"v":0.12203159068448029,"d":"0.1"},{"v":4.176279680701612,"d":"4.2"},{"v":4.176279680701612,"d":"4.2"},{"v":0,"d":"0.0"},{"v":0,"d":"0.0"}]
[{"$nulls":3},1766,{"$f":"OFFSET(INDIRECT($B$3&1),$D76-1,E$9)","v":"PI_B_S"},90,0,0,0,{"v":0.21050583657587552,"d":"0"},{"v":0.21425742574257428,"d":"0"},{"v":0.21570972886762363,"d":"0"},{"v":0.2201872201872202,"d":"0"},{"v":0.44109253974724827,"d":"0"},{"v":0.22235922729140978,"d":"0"},{"v":0.44914902449149025,"d":"0"},{"v":0.44545080279950594,"d":"0"},{"v":0.4368187323375051,"d":"0"},{"v":0.21366508688783573,"d":"0"},{"v":0.21017871017871023,"d":"0"},{"v":0.8361669242658423,"d":"1"},{"v":1.6538020634314101,"d":"2"},{"v":1.6462533282616967,"d":"2"},{"v":1.6325914749151265,"d":"2"},{"v":2.026976395653803,"d":"2"},{"v":1.2080387048753256,"d":"1"},{"v":0.5988929889298893,"d":"1"},{"v":0.5938529088913281,"d":"1"},{"v":0.7846265409717187,"d":"1"},{"v":0.5848648648648649,"d":"1"},{"v":0.9702295552367288,"d":"1"},{"v":1.1663672296083363,"d":"1"},{"v":1.3632109431245498,"d":"1"},{"v":1.5641488977231661,"d":"2"},{"v":1.7539625360230546,"d":"2"},{"v":1.3666546373150485,"d":"1"},{"v":0.9772398843930635,"d":"1"},{"v":1.5675479898587468,"d":"2"},{"v":1.7920500552079501,"d":"2"},{"v":2.2339317773788148,"d":"2"},{"v":2.6826446280991734,"d":"3"},{"$f":"F76","v":90},{"$f":"AVERAGE(AK76:AO76)*AQ$79","v":{"v":1.8506828669875497,"d":"1.9"}},{"$f":"AVERAGE(G76:K76)*AR$79","v":{"v":0.08198015915398546,"d":"0.1"}},{"v":1.8506828669875497,"d":"1.9"},{"$f":"AS76*AT$78","v":{"v":1.8506828669875497,"d":"1.9"}},{"v":0,"d":"0.0"},{"v":0,"d":"0.0"}]
[null,"Summed $M for all ages",{"$nulls":4},{"$f":"SUM(G12:G76)","v":{"v":11201.846066134543,"d":"11202"}},{"v":11376.36931818181,"d":"11376"},{"v":11675.80514000767,"d":"11676"},{"v":11948.942801556419,"d":"11949"},{"v":12252.310891089119,"d":"12252"},{"v":12438.68580542265,"d":"12439"},{"v":12823.263329263329,"d":"12823"},{"v":13019.507949449653,"d":"13020"},{"v":13334.438142211255,"d":"13334"},{"v":13697.697799916978,"d":"13698"},{"v":13796.502264306298,"d":"13797"},{"v":13777.918046023422,"d":"13778"},{"v":13711.529620853082,"d":"13712"},{"v":13680.95260295261,"d":"13681"},{"v":13777.10432766615,"d":"13777"},{"v":13785.060374474584,"d":"13785"},{"v":13850.958158995805,"d":"13851"},{"v":13875.394945303662,"d":"13875"},{"v":13994.853128512548,"d":"13995"},{"v":14173.515444733906,"d":"14174"},{"v":14362.052767527679,"d":"14362"},{"v":14614.72008781559,"d":"14615"},{"v":14906.923495286435,"d":"14907"},{"v":15239.62882882883,"d":"15240"},{"v":15539.390602582494,"d":"15539"},{"v":15865.704635285658,"d":"15866"},{"v":16114.711303095753,"d":"16115"},{"v":16290.02421395013,"d":"16290"},{"v":16301.327809798267,"d":"16301"},{"v":16343.627571273904,"d":"16344"},{"v":16388.312861271683,"d":"16388"},{"v":16443.77435711698,"d":"16444"},{"v":16647.945896209058,"d":"16648"},{"v":16183.08743267504,"d":"16183"},{"v":14674.960330578515,"d":"14675"},null,{"$f":"MAX(AQ12:AQ76)","v":{"v":513.8986116136357,"d":"513.899"}},{"$f":"MAX(AR12:AR76)","v":{"v":513.9229282292088,"d":"513.923"}},{"$f":"MAX(AS12:AS76)","v":{"v":513.9229282292088,"d":"513.9"}},{"v":513.9229282292088,"d":"513.9"},{"v":232.791934677703,"d":"232.8"},{"$f":"AU77*$AT$78","v":{"v":232.791934677703,"d":"232.8"}}]
[null,"Maximum",{"$nulls":3},541,{"$f":"MAX(G12:G76)","v":{"v":541,"d":"541.0"}},{"$f":"MAX(H12:H76)","v":{"v":541,"d":"541.0"}},{"v":541,"d":"541.0"},{"v":541,"d":"541.0"},{"v":541,"d":"541.0"},{"v":541,"d":"541.0"},{"v":541,"d":"541.0"},{"v":541,"d":"541.0"},{"v":541,"d":"541.0"},{"v":541,"d":"541.0"},{"v":541,"d":"541.0"},{"v":541,"d":"541.0"},{"v":541,"d":"541.0"},{"v":541,"d":"541.0"},{"v":541,"d":"541.0"},{"v":541,"d":"541.0"},{"v":541,"d":"541.0"},{"v":541,"d":"541.0"},{"v":541,"d":"541.0"},{"v":541,"d":"541.0"},{"v":541,"d":"541.0"},{"v":541,"d":"541.0"},{"v":541,"d":"541.0"},{"v":541,"d":"541.0"},{"v":541,"d":"541.0"},{"v":541,"d":"541.0"},{"v":541,"d":"541.0"},{"v":541,"d":"541.0"},{"v":541,"d":"541.0"},{"v":541,"d":"541.0"},{"v":541,"d":"541.0"},{"v":541,"d":"541.0"},{"v":541,"d":"541.0"},{"v":541,"d":"541.0"},{"v":541,"d":"541.0"},{"$nulls":4},{"v":1,"d":"1.0"},null,{"v":0,"d":"0.0"}]
["wgen!A","Actual Total $M for R01",null,35,null,10000,{"$f":"OFFSET(INDIRECT($A$79&1),$D79-1,G$85)","v":{"v":5670.631673431441,"d":"5671"}},{"v":5641.081606737895,"d":"5641"},{"v":5370.807578021982,"d":"5371"},{"v":5763.23857413488,"d":"5763"},{"v":6250.904269106496,"d":"6251"},{"v":6780.683765221542,"d":"6781"},{"v":6804.118996357436,"d":"6804"},{"v":7576.312198097043,"d":"7576"},{"v":7621.645336727749,"d":"7622"},{"v":7927.056157539449,"d":"7927"},{"v":7890.512838845212,"d":"7891"},{"v":8254.62322184646,"d":"8255"},{"v":8533.729115621803,"d":"8534"},{"v":8482.117155636528,"d":"8482"},{"v":8618.431103805537,"d":"8618"},{"v":8576.654925842253,"d":"8577"},{"v":8947.003600125474,"d":"8947"},{"v":9411.78975156149,"d":"9412"},{"v":9975.812069971069,"d":"9976"},{"v":10870.526769615815,"d":"10871"},{"v":11850.002834332128,"d":"11850"},{"v":12815.39196847462,"d":"12815"},{"v":13629.560804044131,"d":"13630"},{"v":14207.222152001765,"d":"14207"},{"v":14318.703314863766,"d":"14319"},{"v":13961.15347734065,"d":"13961"},{"v":13139.451258988267,"d":"13139"},{"v":12539.913241874056,"d":"12540"},{"v":11876.373105306797,"d":"11876"},{"v":11860.345754757689,"d":"11860"},{"v":11918.353829165259,"d":"11918"},{"v":11445.091142613936,"d":"11445"},{"v":11335.778447096041,"d":"11336"},{"v":10290.4850766656,"d":"10290"},{"v":10238.249885,"d":"10238"},null,1,{"v":0.96501,"d":"0.965010"},{"$nulls":3},{"v":0,"d":"0.0"}]
[null,"Correction Factor",{"$nulls":3},"=G79/G77",{"v":1.371442395699741,"d":"1.371"},{"v":1.0715356681524042,"d":"1.072"},{"v":0.8646454519298432,"d":"0.865"},{"v":0.8782031918634576,"d":"0.878"},{"v":0.8771328900435678,"d":"0.877"},{"v":0.8939966840498659,"d":"0.894"},{"v":0.8871436869828524,"d":"0.887"},{"v":0.9055935830259938,"d":"0.906"},{"v":0.913219497684212,"d":"0.913"},{"v":0.9239132435615639,"d":"0.924"},{"v":0.903609610164602,"d":"0.904"},{"v":0.9116987430652249,"d":"0.912"},{"v":0.9174869898543331,"d":"0.917"},{"v":0.9172453717817493,"d":"0.917"},{"v":0.9309372312192029,"d":"0.931"},{"v":0.9046258792239913,"d":"0.905"},{"v":0.9025918230079055,"d":"0.903"},{"v":0.9106577774904497,"d":"0.911"},{"v":0.917120438739533,"d":"0.917"},{"v":0.9304061771016638,"d":"0.930"},{"v":0.9429067433520968,"d":"0.943"},{"v":0.953462499765327,"d":"0.953"},{"v":0.9593151037250794,"d":"0.959"},{"v":0.9705345513210257,"d":"0.971"},{"v":0.9700690095753486,"d":"0.970"},{"v":0.9635086804674652,"d":"0.964"},{"v":0.959154219972654,"d":"0.959"},{"v":0.9474160057229603,"d":"0.947"},{"v":0.923884884908895,"d":"0.924"},{"v":0.9885394078677847,"d":"0.989"},{"v":1.007234893455575,"d":"1.007"},{"v":0.9571857678749375,"d":"0.957"},{"v":0.9721014627359457,"d":"0.972"},{"v":0.9690692072877564,"d":"0.969"},{"v":0.9741227714756667,"d":"0.974"},null,{"$f":"SUM(AQ12:AQ76)","v":{"v":16067.616175570254,"d":"16068"}},{"$f":"SUM(AR12:AR76)","v":{"v":11281.984834423563,"d":"11282"}},{"v":18323.01743686248,"d":"18323"},{"v":18323.01743686248,"d":"18323"},{"v":2255.4012612922174,"d":"2255"},{"v":2255.4012612922174,"d":"2255"}]
[null,"Correction Used",{"$nulls":3},"=$F$78/G78",{"v":1.0281261877613075,"d":"1.028"},{"v":1.0246212121212122,"d":"1.025"},{"v":1.0375911008822403,"d":"1.038"},{"v":1.0525291828793775,"d":"1.053"},{"v":1.0712871287128714,"d":"1.071"},{"v":1.078548644338118,"d":"1.079"},{"v":1.100936100936101,"d":"1.101"},{"v":1.1027313493681206,"d":"1.103"},{"v":1.1117961364570488,"d":"1.112"},{"v":1.1228725612287256,"d":"1.123"},{"v":1.1136270069987648,"d":"1.114"},{"v":1.0920468308437628,"d":"1.092"},{"v":1.0683254344391786,"d":"1.068"},{"v":1.050893550893551,"d":"1.051"},{"v":1.0452086553323028,"d":"1.045"},{"v":1.0336262896446313,"d":"1.034"},{"v":1.0289083301635604,"d":"1.029"},{"v":1.020369671821954,"d":"1.020"},{"v":1.0134881978269015,"d":"1.013"},{"v":1.0066989207294381,"d":"1.007"},{"v":0.9981549815498155,"d":"0.998"},{"v":0.9897548481522136,"d":"0.990"},{"v":0.9807831762146483,"d":"0.981"},{"v":0.9747747747747748,"d":"0.975"},{"v":0.9702295552367288,"d":"0.970"},{"v":0.9719726913402802,"d":"0.972"},{"v":0.9737221022318214,"d":"0.974"},{"v":0.9775930610769787,"d":"0.978"},{"v":0.9744236311239193,"d":"0.974"},{"v":0.9761818837964633,"d":"0.976"},{"v":0.9772398843930635,"d":"0.977"},{"v":0.9797174936617167,"d":"0.980"},{"v":0.9955833640044167,"d":"0.996"},{"v":0.9712746858168761,"d":"0.971"},{"v":0.8942148760330578,"d":"0.894"},null,{"$f":"AVERAGE(AK77:AO77)","v":{"v":16067.616175570254,"d":"16068"}},{"$f":"AQ80+AU80","v":{"v":18323.017436862472,"d":"18323"}},null,{"$f":"AT80-AR82","v":{"v":2255.401261292225,"d":"2255"}},{"$f":"AU80/AR82","v":{"v":0.14036937630620064,"d":"14.0%"}},{"v":0.14036937630620064,"d":"0.1"}]
[null,"Correction Factor for constant $M",{"$nulls":3},"=$F79/G77",{"v":2.4185002212810742,"d":"2.419"},{"v":1.8995216571100948,"d":"1.900"},{"v":1.6098983986469386,"d":"1.610"},{"v":1.523801558042016,"d":"1.524"},{"v":1.4032096034146193,"d":"1.403"},{"v":1.3184462142818376,"d":"1.318"},{"v":1.3038332919482774,"d":"1.304"},{"v":1.1952960217946846,"d":"1.195"},{"v":1.1981920665916088,"d":"1.198"},{"v":1.165518731291978,"d":"1.166"},{"v":1.145184893073245,"d":"1.145"},{"v":1.1044704507558238,"d":"1.104"},{"v":1.075130200904533,"d":"1.075"},{"v":1.0813872939401954,"d":"1.081"},{"v":1.0801701841163878,"d":"1.080"},{"v":1.0547537321319411,"d":"1.055"},{"v":1.0088202300435505,"d":"1.009"},{"v":0.967571313776282,"d":"0.968"},{"v":0.9193441419172532,"d":"0.919"},{"v":0.8558979677988007,"d":"0.856"},{"v":0.7957017028049002,"d":"0.796"},{"v":0.7439979222725367,"d":"0.744"},{"v":0.7038488748958321,"d":"0.704"},{"v":0.6831275959067619,"d":"0.683"},{"v":0.6774838393141036,"d":"0.677"},{"v":0.6901354404786592,"d":"0.690"},{"v":0.729980423890631,"d":"0.730"},{"v":0.755520383154877,"d":"0.756"},{"v":0.7779183734940673,"d":"0.778"},{"v":0.8334827907282883,"d":"0.833"},{"v":0.845112427347796,"d":"0.845"},{"v":0.8363286547461487,"d":"0.836"},{"v":0.8575515720183955,"d":"0.858"},{"v":0.9417138259936736,"d":"0.942"},{"v":0.9514543817716818,"d":"0.951"},null,null,{"$f":"AVERAGE(AK77:AO77)","v":{"v":16067.616175570254,"d":"16068"}},null,null,{"$f":"AT81/AQ80","v":{"v":0.14036937630620114,"d":"14.0%"}},{"v":0.14036937630620114,"d":"0.1"}]
[null,"Correct for same Maximum",{"$nulls":3},"=$F$78/G78",{"$f":"$F$78/G78","v":{"v":1,"d":"1.000"}},{"$f":"$F$78/H78","v":{"v":1,"d":"1.000"}},{"v":1,"d":"1.000"},{"v":1,"d":"1.000"},{"v":1,"d":"1.000"},{"v":1,"d":"1.000"},{"v":1,"d":"1.000"},{"v":1,"d":"1.000"},{"v":1,"d":"1.000"},{"v":1,"d":"1.000"},{"v":1,"d":"1.000"},{"v":1,"d":"1.000"},{"v":1,"d":"1.000"},{"v":1,"d":"1.000"},{"v":1,"d":"1.000"},{"v":1,"d":"1.000"},{"v":1,"d":"1.000"},{"v":1,"d":"1.000"},{"v":1,"d":"1.000"},{"v":1,"d":"1.000"},{"v":1,"d":"1.000"},{"v":1,"d":"1.000"},{"v":1,"d":"1.000"},{"v":1,"d":"1.000"},{"v":1,"d":"1.000"},{"v":1,"d":"1.000"},{"v":1,"d":"1.000"},{"v":1,"d":"1.000"},{"v":1,"d":"1.000"},{"v":1,"d":"1.000"},{"v":1,"d":"1.000"},{"v":1,"d":"1.000"},{"v":1,"d":"1.000"},{"v":1,"d":"1.000"},{"v":1,"d":"1.000"},null,null,0.96501,{"$nulls":3},{"v":0,"d":"0.0"}]
[{"$nulls":5},"All 1",1,1,1,1,1,1,1,1,1,1,1,1,1,1,1,1,1,1,1,1,1,1,1,1,1,1,1,1,1,1,1,1,1,1,1]
[{"$nulls":4},0,2,{"$f":"F85+22","v":24},{"$f":"G85+1","v":25},26,27,28,29,30,31,32,33,34,35,36,37,38,39,40,41,42,43,44,45,46,47,48,49,50,51,52,53,54,55,56,57,58]
[]
[]
["$M/yr per R01 Grantee",{"$nulls":3},0,2,{"$f":"F88+22","v":24},{"$f":"G88+1","v":25},26,27,28,29,30,31,32,33,34,35,36,37,38,39,40,41,42,43,44,45,46,47,48,49,50,51,52,53,54,55,56,57,58,null,{"$f":"AQ89","v":{"v":0.47287354983608687,"d":"0.47"}},{"$f":"AT81","v":{"v":2255.401261292225,"d":"2255"}},{"$f":"AR88*AQ88","v":{"v":1066.5196007320421,"d":"1067"}},null,{"$f":"AS88/AS92","v":{"v":0.12051951180779981,"d":"12.1%"}}]
["wgen!A",{"$f":"OFFSET(INDIRECT($A$79&1),$D89-1,E$85)","v":"BRDPI$ M/R01 Grantee <46"},null,108,"<46",{"$f":"OFFSET(INDIRECT($A$79&1),$D89-1,F$85)","v":"=C36/C69"},{"$f":"OFFSET(INDIRECT($A$79&1),$D89-1,G$85)","v":{"v":0.5555974297603701,"d":"0.56"}},{"v":0.5221293767148153,"d":"0.52"},{"v":0.48601779174718523,"d":"0.49"},{"v":0.4777938537228552,"d":"0.48"},{"v":0.48843760935360303,"d":"0.49"},{"v":0.4851155067999871,"d":"0.49"},{"v":0.46078467357835723,"d":"0.46"},{"v":0.48568287108085056,"d":"0.49"},{"v":0.460445630702474,"d":"0.46"},{"v":0.4620987687871511,"d":"0.46"},{"v":0.449121852265683,"d":"0.45"},{"v":0.4519292166639324,"d":"0.45"},{"v":0.44470298282851933,"d":"0.44"},{"v":0.4380800013006654,"d":"0.44"},{"v":0.4345624922504668,"d":"0.43"},{"v":0.43053957017202005,"d":"0.43"},{"v":0.4394652386594503,"d":"0.44"},{"v":0.4444915588436421,"d":"0.44"},{"v":0.4510221994802511,"d":"0.45"},{"v":0.47854425668634015,"d":"0.48"},{"v":0.5105856668853029,"d":"0.51"},{"v":0.5538951796011656,"d":"0.55"},{"v":0.5801071734141455,"d":"0.58"},{"v":0.5988465211195481,"d":"0.60"},{"v":0.5921202362023086,"d":"0.59"},{"v":0.5806157190180368,"d":"0.58"},{"v":0.5458418416506416,"d":"0.55"},{"v":0.5260124534501968,"d":"0.53"},{"v":0.5057748371694389,"d":"0.51"},{"v":0.47916966292774316,"d":"0.48"},{"v":0.4769324880529922,"d":"0.48"},{"v":0.48192841673296977,"d":"0.48"},{"v":0.4824774924402535,"d":"0.48"},{"v":0.4556317444062733,"d":"0.46"},{"v":0.46739760754794535,"d":"0.47"},null,{"$f":"AVERAGE(AK89:AO89)","v":{"v":0.47287354983608687,"d":"0.47"}},{"$f":"SUM(AQ12:AQ31)","v":{"v":4686.95334098971,"d":"4687"}},{"$f":"AR89*AQ89","v":{"v":2216.3362642699117,"d":"2216"}}]
[null,{"$f":"OFFSET(INDIRECT($A$79&1),$D90-1,E$85)","v":"BRDPI$ M/R01 Grantee 46-55"},null,109,"46-55",{"$f":"OFFSET(INDIRECT($A$79&1),$D90-1,F$85)","v":"=C37/C70"},{"v":0.8408900310005578,"d":"0.84"},{"v":0.7634969418012936,"d":"0.76"},{"v":0.689463081705613,"d":"0.69"},{"v":0.6874286988056775,"d":"0.69"},{"v":0.6966074014615508,"d":"0.70"},{"v":0.691302391259016,"d":"0.69"},{"v":0.6536469728271538,"d":"0.65"},{"v":0.6636336198765845,"d":"0.66"},{"v":0.6307724863772526,"d":"0.63"},{"v":0.6193247539443061,"d":"0.62"},{"v":0.6084199371955517,"d":"0.61"},{"v":0.6161043377004406,"d":"0.62"},{"v":0.6213420827163986,"d":"0.62"},{"v":0.6006462194289293,"d":"0.60"},{"v":0.5917654202187185,"d":"0.59"},{"v":0.6028733944319374,"d":"0.60"},{"v":0.6154745415532138,"d":"0.62"},{"v":0.6282776395641294,"d":"0.63"},{"v":0.6359138428291994,"d":"0.64"},{"v":0.6578706772424842,"d":"0.66"},{"v":0.6820761820904923,"d":"0.68"},{"v":0.7027873136919746,"d":"0.70"},{"v":0.7283164830758765,"d":"0.73"},{"v":0.7400928270629836,"d":"0.74"},{"v":0.739434220311578,"d":"0.74"},{"v":0.7206116841060052,"d":"0.72"},{"v":0.6876589623249793,"d":"0.69"},{"v":0.655393038457624,"d":"0.66"},{"v":0.6283843821058799,"d":"0.63"},{"v":0.5747647779224965,"d":"0.57"},{"v":0.5650489141779552,"d":"0.57"},{"v":0.5640886385579217,"d":"0.56"},{"v":0.5633579728823835,"d":"0.56"},{"v":0.522903662853082,"d":"0.52"},{"v":0.527284198582032,"d":"0.53"},null,{"$f":"AVERAGE(AK90:AO90)","v":{"v":0.5485366774106749,"d":"0.55"}},{"$f":"SUM(AQ32:AQ41)","v":{"v":4944.659551980128,"d":"4945"}},{"$f":"AR90*AQ90","v":{"v":2712.3271215701357,"d":"2712"}}]
[null,"BRDPI$ M/R01 Grantee >55",null,110,">55","=C38/C71",{"v":0.8892880248335779,"d":"0.89"},{"v":0.8525310736470115,"d":"0.85"},{"v":0.78763710606278,"d":"0.79"},{"v":0.7565815694833578,"d":"0.76"},{"v":0.7770533361629149,"d":"0.78"},{"v":0.7651775841240759,"d":"0.77"},{"v":0.7297075234021443,"d":"0.73"},{"v":0.7470467884972319,"d":"0.75"},{"v":0.7175733898174846,"d":"0.72"},{"v":0.6933666869163028,"d":"0.69"},{"v":0.6789144293555732,"d":"0.68"},{"v":0.6698925907235562,"d":"0.67"},{"v":0.6648857228080743,"d":"0.66"},{"v":0.6533063726777271,"d":"0.65"},{"v":0.637625540592926,"d":"0.64"},{"v":0.6315562034777565,"d":"0.63"},{"v":0.6505129931848572,"d":"0.65"},{"v":0.65786319154242,"d":"0.66"},{"v":0.6787217418577374,"d":"0.68"},{"v":0.6978203763710319,"d":"0.70"},{"v":0.721733235342301,"d":"0.72"},{"v":0.743860444830374,"d":"0.74"},{"v":0.7587218891733793,"d":"0.76"},{"v":0.7644803514948747,"d":"0.76"},{"v":0.7713359590937319,"d":"0.77"},{"v":0.7632832735268236,"d":"0.76"},{"v":0.7252670954032936,"d":"0.73"},{"v":0.7033272861707947,"d":"0.70"},{"v":0.6764094888296527,"d":"0.68"},{"v":0.6391939417415616,"d":"0.64"},{"v":0.6249321380885332,"d":"0.62"},{"v":0.637033327658477,"d":"0.64"},{"v":0.6229902303976792,"d":"0.62"},{"v":0.5773883009063023,"d":"0.58"},{"v":0.5835593301656784,"d":"0.58"},null,{"v":0.609180665443334,"d":"0.61"},{"$f":"SUM(AQ42:AQ76)","v":{"v":6436.003282600416,"d":"6436"}},{"v":3920.6887624900037,"d":"3921"}]
[null,"Year",null,11,{"$f":"OFFSET(INDIRECT($A$86&1),$D92-1,E$85)","v":{"$error":"#REF!"}},"AL",1980,1981,1982,1983,1984,1985,1986,1987,1988,1989,1990,1991,1992,1993,1994,1995,1996,1997,1998,1999,2000,2001,2002,2003,2004,2005,2006,2007,2008,2009,2010,2011,2012,2013,2014,null,null,{"$f":"SUM(AR89:AR91)","v":{"v":16067.616175570256,"d":"16068"}},{"$f":"SUM(AS89:AS91)","v":{"v":8849.35214833005,"d":"8849"}}]
[{"$nulls":44},{"$f":"SUM(AS88:AS91)","v":{"v":9915.871749062095,"d":"9916"}}]
[{"$nulls":44},{"$f":"AS93/AS92","v":1.1205195118078002}]

{"sheet":"b-pc_PI_SG","index":6,"n_rows":228,"n_cols":44,"rows_kept":228}
["Title","Basic Science PIs smoothed and tabulated by Birth Year and Age.  Ratio to number in previous year."]
["Purpose","Use offset to get index of sheet D2 =OFFSET(INDIRECT($B$3&1),$B8-1+$B5,E$1-1)"]
["Data Source","d2!A"]
["Data Name","b-pc_PI_B_SG"]
["Start Row",{"$f":"VLOOKUP($B$4,'id2'!$A$9:$B$132,2,0)","v":8101}]
["Number Row",100]
["Column Number",0]
[]
[{"$nulls":4},1,{"$f":"1+E9","v":2},{"$f":"1+F9+24","v":27},{"$f":"1+G9","v":28},29,30,31,32,33,34,35,36,37,38,39,40,41,42,43,44,45,46,47,48,49,50,51,52,53,54,55,56,57,58,59,60,61]
[]
[{"$nulls":3},{"$f":"B5","v":8101},{"$f":"OFFSET(INDIRECT($B$3&1),$D11-1,E$9)","v":"b-pc_PI_B_SG"},{"$f":"OFFSET(INDIRECT($B$3&1),$D11-1,F$9)","v":"Age/Bir"},1918,1919,1920,1921,1922,1923,1924,1925,1926,1927,1928,1929,1930,1931,1932,1933,1934,1935,1936,1937,1938,1939,1940,1941,1942,1943,1944,1945,1946,1947,1948,1949,1950,1951,1952,"Age"]
[{"$nulls":3},{"$f":"1+D11","v":8102},{"$f":"OFFSET(INDIRECT($B$3&1),$D12-1,E$9)","v":"b-pc_PI_B_SG"},26,{"$f":"IF(OFFSET(INDIRECT($B$3&1),$D12-1,G$9)>0,OFFSET(INDIRECT($B$3&1),$D12-1,G$9),NA())","v":{"$error":"#N/A"}},{"$f":"IF(OFFSET(INDIRECT($B$3&1),$D12-1,H$9)>0,OFFSET(INDIRECT($B$3&1),$D12-1,H$9),NA())","v":{"$error":"#N/A"}},{"$error":"#N/A"},{"$error":"#N/A"},{"$error":"#N/A"},{"$error":"#N/A"},{"$error":"#N/A"},{"$error":"#N/A"},{"$error":"#N/A"},{"$error":"#N/A"},{"$error":"#N/A"},{"$error":"#N/A"},{"$error":"#N/A"},{"$error":"#N/A"},{"$error":"#N/A"},{"$error":"#N/A"},{"$error":"#N/A"},{"$error":"#N/A"},{"$error":"#N/A"},{"$error":"#N/A"},{"$error":"#N/A"},{"$error":"#N/A"},{"$error":"#N/A"},{"$error":"#N/A"},{"$error":"#N/A"},{"$error":"#N/A"},{"$error":"#N/A"},{"$error":"#N/A"},{"$error":"#N/A"},{"$error":"#N/A"},{"$error":"#N/A"},{"$error":"#N/A"},{"$error":"#N/A"},{"$error":"#N/A"},{"$error":"#N/A"},{"$f":"F12","v":26}]
[{"$nulls":3},{"$f":"1+D12","v":8103},"b-pc_PI_B_SG",27,{"$f":"IF(OFFSET(INDIRECT($B$3&1),$D13-1,G$9)>0,OFFSET(INDIRECT($B$3&1),$D13-1,G$9),NA())","v":{"$error":"#N/A"}},{"$error":"#N/A"},{"$error":"#N/A"},{"$error":"#N/A"},{"$error":"#N/A"},{"$error":"#N/A"},{"$error":"#N/A"},{"$error":"#N/A"},{"$error":"#N/A"},{"$error":"#N/A"},{"$error":"#N/A"},{"$error":"#N/A"},{"$error":"#N/A"},{"$error":"#N/A"},{"$error":"#N/A"},{"$error":"#N/A"},{"$error":"#N/A"},{"$error":"#N/A"},{"$error":"#N/A"},{"$error":"#N/A"},{"$error":"#N/A"},{"$error":"#N/A"},{"$error":"#N/A"},{"$error":"#N/A"},{"$error":"#N/A"},{"$error":"#N/A"},{"$error":"#N/A"},{"$error":"#N/A"},{"$error":"#N/A"},{"$error":"#N/A"},{"$error":"#N/A"},{"$error":"#N/A"},{"$error":"#N/A"},{"$error":"#N/A"},{"$error":"#N/A"},27]
[{"$nulls":3},8104,"b-pc_PI_B_SG",28,{"$error":"#N/A"},{"$error":"#N/A"},{"$error":"#N/A"},{"$error":"#N/A"},{"$error":"#N/A"},{"$error":"#N/A"},{"$error":"#N/A"},{"$error":"#N/A"},{"$error":"#N/A"},{"$error":"#N/A"},{"$error":"#N/A"},{"$error":"#N/A"},{"$error":"#N/A"},{"$error":"#N/A"},{"$error":"#N/A"},{"$error":"#N/A"},{"$error":"#N/A"},{"$error":"#N/A"},{"$error":"#N/A"},{"$error":"#N/A"},{"$error":"#N/A"},{"$error":"#N/A"},{"$error":"#N/A"},{"$error":"#N/A"},{"$error":"#N/A"},{"$error":"#N/A"},{"$error":"#N/A"},{"$error":"#N/A"},{"$error":"#N/A"},{"$error":"#N/A"},{"$error":"#N/A"},{"$error":"#N/A"},{"$error":"#N/A"},{"$error":"#N/A"},{"$error":"#N/A"},28]
[{"$nulls":3},8105,"b-pc_PI_B_SG",29,{"$error":"#N/A"},{"$error":"#N/A"},{"$error":"#N/A"},{"$error":"#N/A"},{"$error":"#N/A"},{"$error":"#N/A"},{"$error":"#N/A"},{"$error":"#N/A"},{"$error":"#N/A"},{"$error":"#N/A"},{"$error":"#N/A"},{"$error":"#N/A"},{"$error":"#N/A"},{"$error":"#N/A"},{"$error":"#N/A"},{"$error":"#N/A"},{"$error":"#N/A"},{"$error":"#N/A"},{"$error":"#N/A"},{"$error":"#N/A"},{"$error":"#N/A"},{"$error":"#N/A"},{"$error":"#N/A"},{"$error":"#N/A"},{"$error":"#N/A"},{"$error":"#N/A"},{"$error":"#N/A"},{"$error":"#N/A"},{"$error":"#N/A"},{"$error":"#N/A"},{"$error":"#N/A"},{"$error":"#N/A"},{"$error":"#N/A"},{"$error":"#N/A"},{"$error":"#N/A"},29]
[{"$nulls":3},8106,"b-pc_PI_B_SG",30,{"$error":"#N/A"},{"$error":"#N/A"},{"$error":"#N/A"},{"$error":"#N/A"},{"$error":"#N/A"},{"$error":"#N/A"},{"$error":"#N/A"},{"$error":"#N/A"},{"$error":"#N/A"},{"$error":"#N/A"},{"$error":"#N/A"},{"$error":"#N/A"},{"$error":"#N/A"},{"$error":"#N/A"},{"$error":"#N/A"},{"$error":"#N/A"},{"$error":"#N/A"},{"$error":"#N/A"},{"$error":"#N/A"},{"$error":"#N/A"},{"$error":"#N/A"},{"$error":"#N/A"},{"$error":"#N/A"},{"$error":"#N/A"},{"$error":"#N/A"},{"$error":"#N/A"},{"$error":"#N/A"},{"$error":"#N/A"},{"$error":"#N/A"},{"$error":"#N/A"},{"$error":"#N/A"},{"$error":"#N/A"},{"$error":"#N/A"},{"$error":"#N/A"},{"$error":"#N/A"},30]
[{"$nulls":3},8107,"b-pc_PI_B_SG",31,{"$error":"#N/A"},{"$error":"#N/A"},{"$error":"#N/A"},{"$error":"#N/A"},{"$error":"#N/A"},{"$error":"#N/A"},{"$error":"#N/A"},{"$error":"#N/A"},{"$error":"#N/A"},{"$error":"#N/A"},{"$error":"#N/A"},{"$error":"#N/A"},{"$error":"#N/A"},{"$error":"#N/A"},{"$error":"#N/A"},{"$error":"#N/A"},{"$error":"#N/A"},{"$error":"#N/A"},{"$error":"#N/A"},{"$error":"#N/A"},{"$error":"#N/A"},{"$error":"#N/A"},{"$error":"#N/A"},{"$error":"#N/A"},{"$error":"#N/A"},{"$error":"#N/A"},{"$error":"#N/A"},{"$error":"#N/A"},{"$error":"#N/A"},{"$error":"#N/A"},{"$error":"#N/A"},{"$error":"#N/A"},{"$error":"#N/A"},{"$error":"#N/A"},{"$error":"#N/A"},31]
[{"$nulls":3},8108,"b-pc_PI_B_SG",32,{"$error":"#N/A"},{"$error":"#N/A"},{"$error":"#N/A"},{"$error":"#N/A"},{"$error":"#N/A"},{"$error":"#N/A"},{"$error":"#N/A"},{"$error":"#N/A"},{"$error":"#N/A"},{"$error":"#N/A"},{"$error":"#N/A"},{"$error":"#N/A"},{"$error":"#N/A"},{"$error":"#N/A"},{"$error":"#N/A"},{"$error":"#N/A"},{"$error":"#N/A"},{"$error":"#N/A"},{"$error":"#N/A"},{"$error":"#N/A"},{"$error":"#N/A"},{"$error":"#N/A"},{"$error":"#N/A"},{"$error":"#N/A"},{"$error":"#N/A"},{"$error":"#N/A"},{"$error":"#N/A"},{"$error":"#N/A"},{"$error":"#N/A"},{"$error":"#N/A"},{"$error":"#N/A"},{"$error":"#N/A"},{"$error":"#N/A"},{"$error":"#N/A"},{"$error":"#N/A"},32]
[{"$nulls":3},8109,"b-pc_PI_B_SG",33,{"$error":"#N/A"},{"$error":"#N/A"},{"$error":"#N/A"},{"$error":"#N/A"},{"$error":"#N/A"},{"$error":"#N/A"},{"$error":"#N/A"},{"$error":"#N/A"},{"$error":"#N/A"},{"$error":"#N/A"},{"$error":"#N/A"},{"$error":"#N/A"},{"$error":"#N/A"},{"$error":"#N/A"},{"$error":"#N/A"},{"$error":"#N/A"},{"$error":"#N/A"},{"$error":"#N/A"},{"$f":"IF(OFFSET(INDIRECT($B$3&1),$D19-1,Y$9)>0,OFFSET(INDIRECT($B$3&1),$D19-1,Y$9),NA())","v":{"$error":"#N/A"}},{"$error":"#N/A"},{"$error":"#N/A"},{"$error":"#N/A"},{"$error":"#N/A"},{"$error":"#N/A"},{"$error":"#N/A"},{"$error":"#N/A"},{"$error":"#N/A"},{"$error":"#N/A"},{"$error":"#N/A"},{"$error":"#N/A"},{"$error":"#N/A"},{"$error":"#N/A"},{"$error":"#N/A"},{"$error":"#N/A"},{"$error":"#N/A"},33]
[{"$nulls":3},8110,"b-pc_PI_B_SG",34,{"$error":"#N/A"},{"$error":"#N/A"},{"$error":"#N/A"},{"$error":"#N/A"},{"$error":"#N/A"},{"$error":"#N/A"},{"$error":"#N/A"},{"$error":"#N/A"},{"$error":"#N/A"},{"$error":"#N/A"},{"$error":"#N/A"},{"$error":"#N/A"},{"$error":"#N/A"},{"$error":"#N/A"},{"$error":"#N/A"},{"$error":"#N/A"},{"$error":"#N/A"},{"$error":"#N/A"},{"$error":"#N/A"},{"$error":"#N/A"},{"$error":"#N/A"},{"$error":"#N/A"},{"$error":"#N/A"},{"$error":"#N/A"},{"$error":"#N/A"},{"$error":"#N/A"},{"$error":"#N/A"},{"$error":"#N/A"},{"$error":"#N/A"},{"$error":"#N/A"},{"$error":"#N/A"},{"$error":"#N/A"},{"$error":"#N/A"},{"$error":"#N/A"},{"$error":"#N/A"},34]
[{"$nulls":3},8111,"b-pc_PI_B_SG",35,{"$error":"#N/A"},{"$error":"#N/A"},{"$error":"#N/A"},{"$error":"#N/A"},{"$error":"#N/A"},{"$error":"#N/A"},{"$error":"#N/A"},{"$error":"#N/A"},{"$error":"#N/A"},{"$error":"#N/A"},{"$error":"#N/A"},{"$error":"#N/A"},{"$error":"#N/A"},{"$error":"#N/A"},{"$error":"#N/A"},{"$error":"#N/A"},{"$error":"#N/A"},{"$error":"#N/A"},{"$error":"#N/A"},{"$error":"#N/A"},{"$error":"#N/A"},{"$error":"#N/A"},{"$error":"#N/A"},{"$error":"#N/A"},{"$error":"#N/A"},{"$error":"#N/A"},{"$error":"#N/A"},{"$error":"#N/A"},{"$error":"#N/A"},{"$error":"#N/A"},{"$error":"#N/A"},{"$error":"#N/A"},{"$error":"#N/A"},{"$error":"#N/A"},{"$error":"#N/A"},35]
[{"$nulls":3},8112,"b-pc_PI_B_SG",36,{"$error":"#N/A"},{"$error":"#N/A"},{"$error":"#N/A"},{"$error":"#N/A"},{"$error":"#N/A"},{"$error":"#N/A"},{"$error":"#N/A"},{"$error":"#N/A"},{"$error":"#N/A"},{"$error":"#N/A"},{"$error":"#N/A"},{"$error":"#N/A"},{"$error":"#N/A"},{"$error":"#N/A"},{"$error":"#N/A"},{"$error":"#N/A"},{"$error":"#N/A"},{"$error":"#N/A"},{"$error":"#N/A"},{"$error":"#N/A"},{"$error":"#N/A"},{"$error":"#N/A"},{"$error":"#N/A"},{"$error":"#N/A"},{"$error":"#N/A"},{"$error":"#N/A"},{"$error":"#N/A"},{"$error":"#N/A"},{"$error":"#N/A"},{"$error":"#N/A"},{"$error":"#N/A"},{"$error":"#N/A"},{"$error":"#N/A"},{"$error":"#N/A"},{"$error":"#N/A"},36]
[{"$nulls":3},8113,"b-pc_PI_B_SG",37,{"$error":"#N/A"},{"$error":"#N/A"},{"$error":"#N/A"},{"$error":"#N/A"},{"$error":"#N/A"},{"$error":"#N/A"},{"$error":"#N/A"},{"$error":"#N/A"},{"$error":"#N/A"},{"$error":"#N/A"},{"$error":"#N/A"},{"$error":"#N/A"},{"$error":"#N/A"},{"$error":"#N/A"},{"$error":"#N/A"},{"$error":"#N/A"},{"$error":"#N/A"},{"$error":"#N/A"},{"$error":"#N/A"},{"$error":"#N/A"},{"$error":"#N/A"},{"$error":"#N/A"},{"$error":"#N/A"},{"$error":"#N/A"},{"$error":"#N/A"},{"$error":"#N/A"},{"$error":"#N/A"},{"$error":"#N/A"},{"$error":"#N/A"},{"$error":"#N/A"},{"$error":"#N/A"},{"$error":"#N/A"},{"$error":"#N/A"},{"$error":"#N/A"},{"$error":"#N/A"},37]
[{"$nulls":3},8114,"b-pc_PI_B_SG",38,{"$error":"#N/A"},{"$error":"#N/A"},{"$error":"#N/A"},{"$error":"#N/A"},{"$error":"#N/A"},{"$error":"#N/A"},{"$error":"#N/A"},{"$error":"#N/A"},{"$error":"#N/A"},{"$error":"#N/A"},{"$error":"#N/A"},{"$error":"#N/A"},{"$error":"#N/A"},{"$error":"#N/A"},{"$error":"#N/A"},{"$error":"#N/A"},{"$error":"#N/A"},{"$error":"#N/A"},{"$error":"#N/A"},{"$error":"#N/A"},{"$error":"#N/A"},{"$error":"#N/A"},{"$error":"#N/A"},99.7,99.9,99.3,99.5,99.5,99.8,{"v":100,"d":"100.0"},{"$error":"#N/A"},{"$error":"#N/A"},{"$error":"#N/A"},{"$error":"#N/A"},{"$error":"#N/A"},38]
[{"$nulls":3},8115,"b-pc_PI_B_SG",39,{"$error":"#N/A"},{"$error":"#N/A"},{"$error":"#N/A"},{"$error":"#N/A"},{"$error":"#N/A"},{"$error":"#N/A"},{"$error":"#N/A"},{"$error":"#N/A"},{"$error":"#N/A"},{"$error":"#N/A"},{"$error":"#N/A"},{"$error":"#N/A"},{"$error":"#N/A"},{"$error":"#N/A"},{"$error":"#N/A"},{"$error":"#N/A"},{"$error":"#N/A"},{"$error":"#N/A"},{"$error":"#N/A"},{"$error":"#N/A"},99.8,99.3,99.1,99.7,99.3,98.8,98.9,98.7,99.3,99.7,{"$error":"#N/A"},{"$error":"#N/A"},{"$error":"#N/A"},{"$error":"#N/A"},{"$error":"#N/A"},39]
[{"$nulls":3},8116,"b-pc_PI_B_SG",40,{"$error":"#N/A"},{"$error":"#N/A"},{"$error":"#N/A"},{"$error":"#N/A"},{"$error":"#N/A"},{"$error":"#N/A"},{"$error":"#N/A"},{"$error":"#N/A"},{"$error":"#N/A"},96.3,{"$error":"#N/A"},{"$error":"#N/A"},{"$error":"#N/A"},{"$error":"#N/A"},{"$error":"#N/A"},{"$error":"#N/A"},{"$error":"#N/A"},99.9,{"$error":"#N/A"},{"$error":"#N/A"},{"$error":"#N/A"},{"v":100,"d":"100.0"},99.9,98.5,97.9,97.8,{"v":98,"d":"98.0"},98.3,98.8,{"$error":"#N/A"},{"v":100,"d":"100.0"},{"$error":"#N/A"},{"$error":"#N/A"},{"$error":"#N/A"},{"$error":"#N/A"},40]
[{"$nulls":3},8117,"b-pc_PI_B_SG",41,{"$error":"#N/A"},{"$error":"#N/A"},{"$error":"#N/A"},{"$error":"#N/A"},{"$error":"#N/A"},{"$error":"#N/A"},{"$error":"#N/A"},{"$error":"#N/A"},{"$error":"#N/A"},{"$error":"#N/A"},{"$error":"#N/A"},{"$error":"#N/A"},{"$error":"#N/A"},{"$error":"#N/A"},{"$error":"#N/A"},{"$error":"#N/A"},{"$f":"IF(OFFSET(INDIRECT($B$3&1),$D27-1,W$9)>0,OFFSET(INDIRECT($B$3&1),$D27-1,W$9),NA())","v":{"$error":"#N/A"}},{"$error":"#N/A"},99.8,99.7,99.4,99.2,98.2,{"v":99,"d":"99.0"},{"v":99,"d":"99.0"},{"v":99,"d":"99.0"},99.6,{"v":100,"d":"100.0"},99.5,99.8,{"$error":"#N/A"},{"$error":"#N/A"},{"$error":"#N/A"},{"$error":"#N/A"},{"$error":"#N/A"},41]
[{"$nulls":3},8118,"b-pc_PI_B_SG",42,{"$error":"#N/A"},{"$error":"#N/A"},{"$error":"#N/A"},{"$error":"#N/A"},{"$error":"#N/A"},{"$error":"#N/A"},{"$error":"#N/A"},97.9,{"$error":"#N/A"},{"$error":"#N/A"},{"$error":"#N/A"},{"$error":"#N/A"},{"$error":"#N/A"},{"$error":"#N/A"},99.9,{"$error":"#N/A"},{"$error":"#N/A"},{"$error":"#N/A"},{"$error":"#N/A"},{"$error":"#N/A"},99.4,99.7,{"v":99,"d":"99.0"},98.4,98.2,98.1,{"v":98,"d":"98.0"},98.4,{"v":99,"d":"99.0"},99.7,{"v":100,"d":"100.0"},{"$error":"#N/A"},{"$error":"#N/A"},{"$error":"#N/A"},99.3,42]
[{"$nulls":3},8119,"b-pc_PI_B_SG",43,{"$error":"#N/A"},{"$error":"#N/A"},{"$error":"#N/A"},{"$error":"#N/A"},{"$error":"#N/A"},{"$error":"#N/A"},{"$error":"#N/A"},{"$error":"#N/A"},{"$error":"#N/A"},{"$error":"#N/A"},{"$error":"#N/A"},{"$error":"#N/A"},{"$error":"#N/A"},{"$error":"#N/A"},{"$error":"#N/A"},{"$error":"#N/A"},{"$error":"#N/A"},99.9,{"v":100,"d":"100.0"},99.2,97.6,97.5,97.7,97.9,98.3,98.9,99.8,99.4,99.9,{"$error":"#N/A"},99.3,98.5,98.2,98.1,99.1,43]
[{"$nulls":3},8120,"b-pc_PI_B_SG",44,{"$error":"#N/A"},{"$error":"#N/A"},{"$error":"#N/A"},{"$error":"#N/A"},{"$error":"#N/A"},{"$error":"#N/A"},{"$error":"#N/A"},{"$error":"#N/A"},{"$error":"#N/A"},{"$error":"#N/A"},{"$error":"#N/A"},{"$error":"#N/A"},{"$error":"#N/A"},{"$error":"#N/A"},{"$error":"#N/A"},{"$error":"#N/A"},{"$error":"#N/A"},99.2,99.1,98.2,97.6,96.9,97.4,97.9,97.8,98.3,99.2,99.5,99.5,99.6,99.7,99.7,99.4,99.2,{"$error":"#N/A"},44]
[{"$nulls":3},8121,"b-pc_PI_B_SG",45,{"$error":"#N/A"},{"$error":"#N/A"},{"$error":"#N/A"},{"$error":"#N/A"},97.3,{"$error":"#N/A"},{"$error":"#N/A"},{"$error":"#N/A"},{"$error":"#N/A"},{"$error":"#N/A"},{"$error":"#N/A"},{"$error":"#N/A"},99.6,99.9,{"$error":"#N/A"},99.9,{"$error":"#N/A"},99.9,99.1,98.5,97.9,97.9,98.1,98.3,98.3,98.8,{"v":99,"d":"99.0"},99.2,99.8,97.7,{"v":100,"d":"100.0"},99.8,99.8,99.7,99.9,45]
[{"$nulls":3},8122,"b-pc_PI_B_SG",46,{"$error":"#N/A"},{"$error":"#N/A"},{"$error":"#N/A"},99.9,{"$error":"#N/A"},{"$error":"#N/A"},{"$error":"#N/A"},{"$error":"#N/A"},{"$error":"#N/A"},{"$error":"#N/A"},99.9,99.8,{"$error":"#N/A"},99.2,99.8,99.7,99.4,98.2,98.3,98.7,98.9,{"v":99,"d":"99.0"},98.8,{"v":99,"d":"99.0"},99.1,{"v":99,"d":"99.0"},99.3,98.2,98.1,98.4,98.2,99.8,99.6,99.8,{"v":100,"d":"100.0"},46]
[{"$nulls":3},8123,"b-pc_PI_B_SG",47,{"$error":"#N/A"},{"$error":"#N/A"},{"$error":"#N/A"},{"$error":"#N/A"},{"$error":"#N/A"},{"$error":"#N/A"},{"$error":"#N/A"},{"$error":"#N/A"},{"$error":"#N/A"},99.9,{"$error":"#N/A"},{"$error":"#N/A"},99.8,99.9,99.7,99.2,97.8,98.1,97.4,{"v":97,"d":"97.0"},97.7,98.6,98.6,99.2,99.7,99.5,99.5,99.5,99.4,99.5,99.8,99.6,99.6,99.8,99.8,47]
[{"$nulls":3},8124,"b-pc_PI_B_SG",48,{"$error":"#N/A"},89.2,{"$error":"#N/A"},{"$error":"#N/A"},{"$error":"#N/A"},{"$error":"#N/A"},{"$error":"#N/A"},{"$error":"#N/A"},{"$error":"#N/A"},{"v":100,"d":"100.0"},{"$error":"#N/A"},{"$error":"#N/A"},99.8,99.7,99.9,97.8,97.6,97.3,97.1,97.3,97.7,97.9,98.8,99.4,99.6,99.9,98.8,99.8,99.8,99.8,99.6,99.8,99.6,{"v":100,"d":"100.0"},99.9,48]
[{"$nulls":3},8125,"b-pc_PI_B_SG",49,{"$error":"#N/A"},{"$error":"#N/A"},{"$error":"#N/A"},{"$error":"#N/A"},{"$error":"#N/A"},{"$error":"#N/A"},{"$error":"#N/A"},99.9,99.8,99.9,{"$error":"#N/A"},{"$error":"#N/A"},{"$error":"#N/A"},99.8,98.9,98.4,97.7,97.8,{"v":98,"d":"98.0"},98.3,{"v":99,"d":"99.0"},99.3,99.7,99.8,99.7,99.6,99.3,98.6,99.1,99.6,99.2,{"v":100,"d":"100.0"},99.8,99.8,99.8,49]
[{"$nulls":3},8126,"b-pc_PI_B_SG",50,{"$error":"#N/A"},{"$error":"#N/A"},{"$error":"#N/A"},{"$error":"#N/A"},{"$error":"#N/A"},99.3,{"v":98,"d":"98.0"},{"v":98,"d":"98.0"},99.8,{"$error":"#N/A"},{"$error":"#N/A"},{"$error":"#N/A"},99.9,98.9,{"v":98,"d":"98.0"},{"v":97,"d":"97.0"},97.3,97.4,97.3,98.2,99.2,99.3,99.1,99.5,99.7,99.5,99.5,99.5,99.6,{"v":100,"d":"100.0"},99.6,99.7,{"v":100,"d":"100.0"},99.8,99.5,50]
[{"$nulls":3},8127,"b-pc_PI_B_SG",51,{"$error":"#N/A"},{"$error":"#N/A"},{"$error":"#N/A"},99.5,99.3,{"v":98,"d":"98.0"},{"v":98,"d":"98.0"},99.6,99.2,99.2,99.4,99.2,97.8,97.8,97.7,{"v":98,"d":"98.0"},98.4,98.6,99.4,99.8,99.6,99.7,{"v":100,"d":"100.0"},99.8,99.3,99.1,99.5,99.2,99.1,99.5,99.9,{"v":100,"d":"100.0"},98.9,98.7,97.6,51]
[{"$nulls":3},8128,"b-pc_PI_B_SG",52,{"$error":"#N/A"},{"$error":"#N/A"},{"$error":"#N/A"},{"$error":"#N/A"},99.9,99.5,{"$error":"#N/A"},{"$error":"#N/A"},{"$error":"#N/A"},99.5,98.5,97.8,97.5,96.8,97.2,{"v":97,"d":"97.0"},97.5,97.9,99.2,99.2,99.4,99.4,98.9,98.4,98.8,98.8,98.6,99.1,99.5,99.5,99.9,99.7,99.8,99.8,99.4,52]
[{"$nulls":3},8129,"b-pc_PI_B_SG",53,{"$error":"#N/A"},99.7,99.2,99.2,99.2,99.8,99.9,99.2,99.5,99.2,{"v":98,"d":"98.0"},97.9,97.7,97.6,97.5,97.9,98.4,98.4,98.5,98.2,98.2,98.4,98.5,98.6,{"v":99,"d":"99.0"},99.3,99.1,99.5,99.6,99.9,99.2,98.5,97.8,{"v":100,"d":"100.0"},99.9,53]
[{"$nulls":3},8130,"b-pc_PI_B_SG",54,{"$error":"#N/A"},99.3,98.8,98.7,99.8,99.8,99.6,99.6,99.2,98.2,97.9,97.2,97.9,98.2,98.2,98.6,98.9,{"v":99,"d":"99.0"},{"v":99,"d":"99.0"},99.4,99.4,99.5,99.4,98.9,{"$f":"IF(OFFSET(INDIRECT($B$3&1),$D40-1,AE$9)>0,OFFSET(INDIRECT($B$3&1),$D40-1,AE$9),NA())","v":98.9},99.1,99.2,99.3,99.9,99.7,99.8,99.9,{"v":100,"d":"100.0"},99.6,99.9,54]
[{"$nulls":3},8131,"b-pc_PI_B_SG",55,{"$error":"#N/A"},99.4,99.3,{"$error":"#N/A"},{"$error":"#N/A"},99.6,99.7,99.5,98.1,98.4,98.4,98.8,98.9,98.8,98.9,98.7,{"$f":"IF(OFFSET(INDIRECT($B$3&1),$D41-1,W$9)>0,OFFSET(INDIRECT($B$3&1),$D41-1,W$9),NA())","v":98.6},98.7,99.3,99.1,99.6,99.8,99.7,99.9,{"v":99,"d":"99.0"},99.2,99.3,99.3,99.7,99.7,99.8,99.5,98.7,98.4,{"v":98,"d":"98.0"},55]
[{"$nulls":3},8132,"b-pc_PI_B_SG",56,98.7,{"$f":"IF(OFFSET(INDIRECT($B$3&1),$D42-1,H$9)>0,OFFSET(INDIRECT($B$3&1),$D42-1,H$9),NA())","v":99.4},99.6,99.7,99.4,99.5,98.9,98.1,98.3,98.2,97.5,97.5,{"v":98,"d":"98.0"},97.6,97.7,98.9,98.5,98.6,98.6,98.5,98.5,99.1,{"v":99,"d":"99.0"},99.1,99.6,99.3,99.1,99.3,99.6,99.1,98.7,98.8,98.6,98.6,98.9,56]
[{"$nulls":3},8133,"b-pc_PI_B_SG",57,{"$f":"IF(OFFSET(INDIRECT($B$3&1),$D43-1,G$9)>0,OFFSET(INDIRECT($B$3&1),$D43-1,G$9),NA())","v":97.3},98.8,99.2,99.3,{"v":99,"d":"99.0"},99.1,{"v":98,"d":"98.0"},{"v":98,"d":"98.0"},97.7,98.2,97.9,98.6,98.8,98.7,{"v":98,"d":"98.0"},98.6,98.1,97.7,97.7,97.9,97.3,97.7,98.2,98.8,99.3,99.6,99.9,99.5,99.3,{"v":99,"d":"99.0"},98.7,97.8,97.4,97.5,97.3,57]
[{"$nulls":3},8134,{"$f":"OFFSET(INDIRECT($B$3&1),$D44-1,E$9)","v":"b-pc_PI_B_SG"},58,{"$error":"#N/A"},{"$error":"#N/A"},99.8,99.9,99.9,99.2,99.3,98.8,98.9,98.9,98.8,98.5,98.6,98.8,98.4,98.1,{"v":98,"d":"98.0"},97.8,97.5,97.6,{"v":98,"d":"98.0"},97.7,98.1,98.4,98.8,98.7,99.2,99.4,99.4,99.3,99.4,{"v":99,"d":"99.0"},98.7,98.5,98.7,58]
[{"$nulls":3},8135,"b-pc_PI_B_SG",59,99.1,99.3,99.6,99.1,98.1,98.2,97.7,97.2,97.1,97.2,97.2,97.4,98.3,98.4,{"v":98,"d":"98.0"},97.8,97.6,97.3,{"v":97,"d":"97.0"},97.4,97.5,98.3,98.5,98.3,98.6,98.3,98.1,98.2,98.2,{"v":98,"d":"98.0"},98.3,98.3,97.7,98.4,98.8,59]
[{"$nulls":3},8136,"b-pc_PI_B_SG",60,99.9,99.7,99.2,98.5,98.7,98.6,98.8,98.7,98.7,98.6,98.7,98.6,98.5,98.2,98.5,98.2,97.9,97.8,97.8,97.7,97.8,97.9,97.6,97.7,97.4,97.6,{"v":98,"d":"98.0"},97.6,97.4,97.6,97.4,97.1,97.6,97.7,97.5,60]
[{"$nulls":3},8137,"b-pc_PI_B_SG",61,98.8,98.5,97.6,96.9,96.9,96.8,96.8,97.1,97.2,97.3,97.2,97.5,97.5,97.6,96.6,97.3,96.7,96.6,96.7,98.1,97.9,97.2,97.1,{"v":97,"d":"97.0"},96.7,96.4,96.6,96.2,96.1,{"v":96,"d":"96.0"},95.9,96.2,96.9,97.2,99.5,61]
[{"$nulls":3},8138,"b-pc_PI_B_SG",62,{"v":99,"d":"99.0"},97.9,{"v":97,"d":"97.0"},95.4,95.1,95.2,95.4,95.7,96.5,96.2,95.4,95.4,95.9,95.6,{"v":96,"d":"96.0"},96.7,96.8,96.8,96.4,96.2,{"v":96,"d":"96.0"},96.3,96.2,96.5,96.4,96.3,96.1,95.8,96.2,96.1,96.6,96.6,96.8,96.5,98.5,62]
[{"$nulls":3},8139,"b-pc_PI_B_SG",63,97.6,97.4,96.1,95.6,95.7,94.7,94.8,94.8,95.6,95.1,95.2,95.3,94.4,93.7,94.1,93.6,93.3,94.1,{"v":94,"d":"94.0"},94.1,95.2,95.8,{"v":96,"d":"96.0"},96.7,96.6,96.1,95.5,95.4,{"v":95,"d":"95.0"},95.3,95.3,95.7,91.8,96.1,{"$error":"#N/A"},63]
[{"$nulls":3},8140,"b-pc_PI_B_SG",64,94.7,94.3,94.3,94.7,{"v":95,"d":"95.0"},95.4,94.9,95.2,94.9,94.4,94.8,95.3,94.3,93.9,93.5,93.6,93.8,94.8,95.6,96.2,96.6,96.2,95.9,{"v":95,"d":"95.0"},{"v":95,"d":"95.0"},94.8,95.4,{"v":95,"d":"95.0"},95.5,95.8,95.4,94.8,91.4,{"$error":"#N/A"},{"$error":"#N/A"},64]
[{"$nulls":3},8141,"b-pc_PI_B_SG",65,93.3,93.4,93.3,{"v":93,"d":"93.0"},92.1,93.2,93.1,93.4,93.8,95.1,94.9,{"v":94,"d":"94.0"},93.8,93.9,93.6,93.1,94.1,95.2,95.2,95.1,{"v":95,"d":"95.0"},94.7,93.7,93.2,{"v":93,"d":"93.0"},93.4,93.6,94.4,95.5,95.6,97.6,92.5,{"$error":"#N/A"},{"$error":"#N/A"},{"$error":"#N/A"},65]
[{"$nulls":3},8142,"b-pc_PI_B_SG",66,{"v":89,"d":"89.0"},88.2,89.4,{"v":90,"d":"90.0"},90.1,89.8,90.2,89.9,89.2,88.8,88.9,89.1,88.4,88.8,89.6,89.6,89.3,90.9,92.1,92.4,92.7,92.7,92.6,92.6,92.8,93.3,94.1,93.8,93.6,97.2,92.8,{"$error":"#N/A"},{"$error":"#N/A"},{"$error":"#N/A"},{"$error":"#N/A"},66]
[{"$nulls":3},8143,"b-pc_PI_B_SG",67,86.1,86.5,85.9,{"v":87,"d":"87.0"},87.6,85.3,86.8,87.7,85.4,85.7,86.4,86.8,87.5,90.2,{"v":91,"d":"91.0"},91.8,90.2,90.3,90.4,89.7,89.1,{"v":89,"d":"89.0"},89.4,90.5,91.2,92.6,93.3,93.8,90.7,{"v":90,"d":"90.0"},{"$error":"#N/A"},{"$error":"#N/A"},{"$error":"#N/A"},{"$error":"#N/A"},{"$error":"#N/A"},67]
[{"$nulls":3},8144,"b-pc_PI_B_SG",68,90.6,91.5,91.1,90.7,88.9,88.4,88.7,{"v":88,"d":"88.0"},89.1,89.8,90.1,89.3,89.8,88.4,88.4,89.6,90.6,91.2,90.8,90.9,89.8,88.5,88.1,89.4,90.5,{"v":91,"d":"91.0"},91.9,89.9,{"v":94,"d":"94.0"},{"$error":"#N/A"},{"$error":"#N/A"},{"$error":"#N/A"},{"$error":"#N/A"},{"$error":"#N/A"},{"$error":"#N/A"},68]
[{"$nulls":3},8145,"b-pc_PI_B_SG",69,89.7,91.2,{"v":91,"d":"91.0"},89.8,89.8,89.2,87.5,86.8,87.6,{"v":87,"d":"87.0"},87.9,88.4,90.1,91.8,93.1,91.9,{"v":93,"d":"93.0"},91.8,88.6,87.1,86.6,86.9,87.9,89.9,91.3,92.7,92.1,88.8,{"$error":"#N/A"},{"$error":"#N/A"},{"$error":"#N/A"},{"$error":"#N/A"},{"$error":"#N/A"},{"$error":"#N/A"},{"$error":"#N/A"},69]
[{"$nulls":3},8146,"b-pc_PI_B_SG",70,90.4,89.8,88.5,89.9,89.3,88.1,87.5,88.3,88.7,88.1,88.7,88.7,89.4,{"v":89,"d":"89.0"},91.4,91.5,92.7,91.5,90.8,88.2,87.6,87.6,87.8,88.5,89.5,96.9,90.6,{"$error":"#N/A"},{"$error":"#N/A"},{"$error":"#N/A"},{"$error":"#N/A"},{"$f":"IF(OFFSET(INDIRECT($B$3&1),$D56-1,AL$9)>0,OFFSET(INDIRECT($B$3&1),$D56-1,AL$9),NA())","v":{"$error":"#N/A"}},{"$error":"#N/A"},{"$error":"#N/A"},{"$error":"#N/A"},70]
[{"$nulls":3},8147,"b-pc_PI_B_SG",71,67.8,66.1,66.1,66.9,69.4,74.9,79.7,82.6,86.4,87.7,87.1,{"v":88,"d":"88.0"},90.7,{"v":91,"d":"91.0"},89.4,89.4,{"$f":"IF(OFFSET(INDIRECT($B$3&1),$D57-1,W$9)>0,OFFSET(INDIRECT($B$3&1),$D57-1,W$9),NA())","v":86.2},83.8,83.4,84.1,85.5,88.2,89.4,89.4,93.3,91.5,{"$error":"#N/A"},{"$error":"#N/A"},{"$error":"#N/A"},{"$error":"#N/A"},{"$error":"#N/A"},{"$error":"#N/A"},{"$error":"#N/A"},{"$error":"#N/A"},{"$error":"#N/A"},71]
[{"$nulls":3},8148,"b-pc_PI_B_SG",72,55.2,56.5,61.2,65.9,73.5,81.6,84.1,88.3,89.8,{"v":90,"d":"90.0"},88.1,89.1,88.4,88.4,89.7,{"$f":"IF(OFFSET(INDIRECT($B$3&1),$D58-1,V$9)>0,OFFSET(INDIRECT($B$3&1),$D58-1,V$9),NA())","v":89.6},87.3,87.5,{"v":87,"d":"87.0"},86.4,87.7,89.9,89.6,91.1,{"v":96,"d":"96.0"},{"$error":"#N/A"},{"$error":"#N/A"},{"$error":"#N/A"},{"$error":"#N/A"},{"$error":"#N/A"},{"$error":"#N/A"},{"$error":"#N/A"},{"$error":"#N/A"},{"$error":"#N/A"},{"$error":"#N/A"},72]
[{"$nulls":3},8149,"b-pc_PI_B_SG",73,{"$f":"IF(OFFSET(INDIRECT($B$3&1),$D59-1,G$9)>0,OFFSET(INDIRECT($B$3&1),$D59-1,G$9),NA())","v":79.2},{"v":78,"d":"78.0"},80.3,79.9,85.5,88.9,{"v":89,"d":"89.0"},89.4,89.7,88.1,87.3,88.3,87.9,87.8,88.7,88.7,87.3,87.3,{"v":86,"d":"86.0"},{"v":86,"d":"86.0"},86.6,87.5,83.2,{"v":83,"d":"83.0"},{"$error":"#N/A"},{"$error":"#N/A"},{"$error":"#N/A"},{"$error":"#N/A"},{"$error":"#N/A"},{"$error":"#N/A"},{"$error":"#N/A"},{"$error":"#N/A"},{"$error":"#N/A"},{"$error":"#N/A"},{"$error":"#N/A"},73]
[{"$nulls":3},8150,{"$f":"OFFSET(INDIRECT($B$3&1),$D60-1,E$9)","v":"b-pc_PI_B_SG"},74,91.7,90.2,88.2,88.5,87.7,{"v":88,"d":"88.0"},88.8,88.2,88.5,89.7,90.2,88.5,87.1,{"v":87,"d":"87.0"},84.9,84.5,87.1,88.4,89.7,90.1,90.5,{"v":86,"d":"86.0"},97.2,{"$error":"#N/A"},{"$error":"#N/A"},{"$error":"#N/A"},{"$error":"#N/A"},{"$error":"#N/A"},{"$error":"#N/A"},{"$error":"#N/A"},{"$error":"#N/A"},{"$error":"#N/A"},{"$error":"#N/A"},{"$error":"#N/A"},{"$error":"#N/A"},74]
[{"$nulls":3},8151,"b-pc_PI_B_SG",75,85.7,84.3,85.6,84.5,{"v":86,"d":"86.0"},88.4,88.6,{"v":91,"d":"91.0"},91.3,92.4,92.1,91.2,88.5,86.6,85.9,85.2,85.8,86.6,88.2,88.1,86.7,76.2,{"$error":"#N/A"},{"$error":"#N/A"},{"$error":"#N/A"},{"$error":"#N/A"},{"$error":"#N/A"},{"$error":"#N/A"},{"$error":"#N/A"},{"$error":"#N/A"},{"$error":"#N/A"},{"$error":"#N/A"},{"$error":"#N/A"},{"$error":"#N/A"},{"$error":"#N/A"},75]
[{"$nulls":3},8152,"b-pc_PI_B_SG",76,90.9,95.7,{"v":94,"d":"94.0"},92.9,89.1,87.4,86.2,86.1,85.8,87.9,88.2,89.3,88.1,87.2,85.8,84.8,84.2,85.9,86.9,91.3,92.8,{"$error":"#N/A"},{"$error":"#N/A"},{"$error":"#N/A"},{"$error":"#N/A"},{"$error":"#N/A"},{"$error":"#N/A"},{"$error":"#N/A"},{"$error":"#N/A"},{"$error":"#N/A"},{"$error":"#N/A"},{"$error":"#N/A"},{"$error":"#N/A"},{"$error":"#N/A"},{"$error":"#N/A"},76]
[{"$nulls":3},8153,"b-pc_PI_B_SG",77,83.3,88.1,89.7,93.4,92.2,91.5,90.3,{"v":90,"d":"90.0"},89.8,90.3,89.9,{"v":88,"d":"88.0"},85.7,83.6,82.2,80.3,82.6,82.3,77.1,84.2,{"$error":"#N/A"},{"$error":"#N/A"},{"$error":"#N/A"},{"$error":"#N/A"},{"$error":"#N/A"},{"$error":"#N/A"},{"$error":"#N/A"},{"$error":"#N/A"},{"$error":"#N/A"},{"$error":"#N/A"},{"$error":"#N/A"},{"$error":"#N/A"},{"$error":"#N/A"},{"$error":"#N/A"},{"$error":"#N/A"},77]
[{"$nulls":3},8154,"b-pc_PI_B_SG",78,{"v":86,"d":"86.0"},88.1,94.3,95.3,94.3,93.6,91.8,87.8,88.2,87.4,84.2,85.1,86.8,85.1,85.1,87.5,87.4,83.7,87.8,{"$error":"#N/A"},{"$error":"#N/A"},{"$error":"#N/A"},{"$error":"#N/A"},{"$error":"#N/A"},{"$error":"#N/A"},{"$error":"#N/A"},{"$error":"#N/A"},{"$error":"#N/A"},{"$error":"#N/A"},{"$error":"#N/A"},{"$error":"#N/A"},{"$error":"#N/A"},{"$error":"#N/A"},{"$error":"#N/A"},{"$error":"#N/A"},78]
[{"$nulls":3},8155,"b-pc_PI_B_SG",79,{"v":86,"d":"86.0"},88.5,89.4,91.4,{"v":94,"d":"94.0"},89.3,90.3,86.1,80.1,78.5,80.2,80.3,84.2,87.9,88.5,89.4,87.3,81.6,{"$error":"#N/A"},{"$error":"#N/A"},{"$error":"#N/A"},{"$error":"#N/A"},{"$error":"#N/A"},{"$error":"#N/A"},{"$error":"#N/A"},{"$error":"#N/A"},{"$error":"#N/A"},{"$error":"#N/A"},{"$error":"#N/A"},{"$error":"#N/A"},{"$error":"#N/A"},{"$error":"#N/A"},{"$error":"#N/A"},{"$error":"#N/A"},{"$error":"#N/A"},79]
[{"$nulls":3},8156,"b-pc_PI_B_SG",80,86.5,84.8,89.8,93.2,92.6,92.3,90.8,{"v":86,"d":"86.0"},83.9,82.4,83.3,82.1,84.6,84.8,86.3,89.1,96.6,{"$error":"#N/A"},{"$error":"#N/A"},{"$error":"#N/A"},{"$error":"#N/A"},{"$error":"#N/A"},{"$error":"#N/A"},{"$error":"#N/A"},{"$error":"#N/A"},{"$error":"#N/A"},{"$error":"#N/A"},{"$error":"#N/A"},{"$error":"#N/A"},{"$error":"#N/A"},{"$error":"#N/A"},{"$error":"#N/A"},{"$error":"#N/A"},{"$error":"#N/A"},{"$error":"#N/A"},80]
[{"$nulls":3},8157,"b-pc_PI_B_SG",81,78.1,76.9,{"v":83,"d":"83.0"},{"v":87,"d":"87.0"},88.5,{"v":87,"d":"87.0"},88.2,86.2,86.4,84.1,85.6,86.3,85.7,85.4,80.7,81.8,{"$error":"#N/A"},{"$error":"#N/A"},{"$error":"#N/A"},{"$error":"#N/A"},{"$error":"#N/A"},{"$error":"#N/A"},{"$error":"#N/A"},{"$error":"#N/A"},{"$error":"#N/A"},{"$error":"#N/A"},{"$error":"#N/A"},{"$error":"#N/A"},{"$error":"#N/A"},{"$error":"#N/A"},{"$error":"#N/A"},{"$error":"#N/A"},{"$error":"#N/A"},{"$error":"#N/A"},{"$error":"#N/A"},81]
[{"$nulls":3},8158,"b-pc_PI_B_SG",82,{"v":92,"d":"92.0"},96.7,90.9,88.3,88.3,86.2,83.8,{"v":83,"d":"83.0"},80.6,79.2,81.3,81.3,85.2,92.1,{"$error":"#N/A"},{"$error":"#N/A"},{"$error":"#N/A"},{"$error":"#N/A"},{"$error":"#N/A"},{"$error":"#N/A"},{"$error":"#N/A"},{"$error":"#N/A"},{"$error":"#N/A"},{"$error":"#N/A"},{"$error":"#N/A"},{"$error":"#N/A"},{"$error":"#N/A"},{"$error":"#N/A"},{"$error":"#N/A"},{"$error":"#N/A"},{"$error":"#N/A"},{"$error":"#N/A"},{"$error":"#N/A"},{"$error":"#N/A"},{"$error":"#N/A"},82]
[{"$nulls":3},8159,"b-pc_PI_B_SG",83,95.7,96.6,{"v":95,"d":"95.0"},88.7,85.3,{"v":84,"d":"84.0"},84.1,79.5,82.8,86.9,87.4,85.1,81.5,62.1,{"$error":"#N/A"},{"$error":"#N/A"},{"$error":"#N/A"},{"$error":"#N/A"},{"$error":"#N/A"},{"$error":"#N/A"},{"$error":"#N/A"},{"$error":"#N/A"},{"$error":"#N/A"},{"$error":"#N/A"},{"$error":"#N/A"},{"$error":"#N/A"},{"$error":"#N/A"},{"$error":"#N/A"},{"$error":"#N/A"},{"$error":"#N/A"},{"$error":"#N/A"},{"$error":"#N/A"},{"$error":"#N/A"},{"$error":"#N/A"},{"$error":"#N/A"},83]
[{"$nulls":3},8160,"b-pc_PI_B_SG",84,86.4,92.9,94.7,91.5,86.2,86.8,81.1,81.4,80.6,86.3,86.8,93.9,89.6,{"$error":"#N/A"},{"$error":"#N/A"},{"$error":"#N/A"},{"$error":"#N/A"},{"$error":"#N/A"},{"$error":"#N/A"},{"$error":"#N/A"},{"$error":"#N/A"},{"$error":"#N/A"},{"$error":"#N/A"},{"$error":"#N/A"},{"$error":"#N/A"},{"$error":"#N/A"},{"$error":"#N/A"},{"$error":"#N/A"},{"$error":"#N/A"},{"$error":"#N/A"},{"$error":"#N/A"},{"$error":"#N/A"},{"$error":"#N/A"},{"$error":"#N/A"},{"$error":"#N/A"},84]
[{"$nulls":3},8161,"b-pc_PI_B_SG",85,89.5,84.6,72.2,72.1,{"v":74,"d":"74.0"},76.3,76.7,82.5,87.9,88.9,93.4,93.3,{"$error":"#N/A"},{"$error":"#N/A"},{"$error":"#N/A"},{"$error":"#N/A"},{"$error":"#N/A"},{"$error":"#N/A"},{"$error":"#N/A"},{"$error":"#N/A"},{"$error":"#N/A"},{"$error":"#N/A"},{"$error":"#N/A"},{"$error":"#N/A"},{"$error":"#N/A"},{"$error":"#N/A"},{"$error":"#N/A"},{"$error":"#N/A"},{"$error":"#N/A"},{"$error":"#N/A"},{"$error":"#N/A"},{"$error":"#N/A"},{"$error":"#N/A"},{"$error":"#N/A"},{"$error":"#N/A"},85]
[{"$nulls":3},8162,"b-pc_PI_B_SG",86,88.2,86.4,73.1,67.7,70.3,77.8,76.1,80.9,82.4,71.4,89.2,{"$error":"#N/A"},{"$error":"#N/A"},{"$error":"#N/A"},{"$error":"#N/A"},{"$error":"#N/A"},{"$error":"#N/A"},{"$error":"#N/A"},{"$error":"#N/A"},{"$error":"#N/A"},{"$error":"#N/A"},{"$error":"#N/A"},{"$error":"#N/A"},{"$error":"#N/A"},{"$error":"#N/A"},{"$error":"#N/A"},{"$error":"#N/A"},{"$error":"#N/A"},{"$error":"#N/A"},{"$error":"#N/A"},{"$error":"#N/A"},{"$error":"#N/A"},{"$error":"#N/A"},{"$error":"#N/A"},{"$error":"#N/A"},86]
[{"$nulls":3},8163,"b-pc_PI_B_SG",87,93.2,84.2,68.4,71.4,69.2,71.4,{"v":80,"d":"80.0"},81.6,71.4,62.5,{"$error":"#N/A"},{"$error":"#N/A"},{"$error":"#N/A"},{"$error":"#N/A"},{"$error":"#N/A"},{"$error":"#N/A"},{"$error":"#N/A"},{"$error":"#N/A"},{"$error":"#N/A"},{"$error":"#N/A"},{"$error":"#N/A"},{"$error":"#N/A"},{"$error":"#N/A"},{"$error":"#N/A"},{"$error":"#N/A"},{"$error":"#N/A"},{"$error":"#N/A"},{"$error":"#N/A"},{"$error":"#N/A"},{"$error":"#N/A"},{"$error":"#N/A"},{"$error":"#N/A"},{"$error":"#N/A"},{"$error":"#N/A"},{"$error":"#N/A"},87]
[{"$nulls":3},8164,"b-pc_PI_B_SG",88,87.5,87.5,92.3,86.7,77.8,{"v":84,"d":"84.0"},85.7,96.8,83.3,{"$error":"#N/A"},{"$error":"#N/A"},{"$error":"#N/A"},{"$error":"#N/A"},{"$error":"#N/A"},{"$error":"#N/A"},{"$f":"IF(OFFSET(INDIRECT($B$3&1),$D74-1,V$9)>0,OFFSET(INDIRECT($B$3&1),$D74-1,V$9),NA())","v":{"$error":"#N/A"}},{"$error":"#N/A"},{"$error":"#N/A"},{"$error":"#N/A"},{"$error":"#N/A"},{"$error":"#N/A"},{"$error":"#N/A"},{"$error":"#N/A"},{"$error":"#N/A"},{"$error":"#N/A"},{"$error":"#N/A"},{"$error":"#N/A"},{"$error":"#N/A"},{"$error":"#N/A"},{"$error":"#N/A"},{"$error":"#N/A"},{"$error":"#N/A"},{"$error":"#N/A"},{"$error":"#N/A"},{"$error":"#N/A"},88]
[{"$nulls":3},8165,"b-pc_PI_B_SG",89,{"$f":"IF(OFFSET(INDIRECT($B$3&1),$D75-1,G$9)>0,OFFSET(INDIRECT($B$3&1),$D75-1,G$9),NA())","v":92.9},92.9,91.7,{"v":80,"d":"80.0"},92.9,90.5,85.1,82.4,{"$error":"#N/A"},{"$error":"#N/A"},{"$error":"#N/A"},{"$error":"#N/A"},{"$error":"#N/A"},{"$error":"#N/A"},{"$error":"#N/A"},{"$error":"#N/A"},{"$error":"#N/A"},{"$error":"#N/A"},{"$error":"#N/A"},{"$error":"#N/A"},{"$error":"#N/A"},{"$error":"#N/A"},{"$error":"#N/A"},{"$error":"#N/A"},{"$error":"#N/A"},{"$error":"#N/A"},{"$error":"#N/A"},{"$error":"#N/A"},{"$error":"#N/A"},{"$error":"#N/A"},{"$error":"#N/A"},{"$error":"#N/A"},{"$error":"#N/A"},{"$error":"#N/A"},{"$error":"#N/A"},89]
[{"$nulls":3},8166,{"$f":"OFFSET(INDIRECT($B$3&1),$D76-1,E$9)","v":"b-pc_PI_B_SG"},90,69.2,53.8,45.5,61.5,69.2,61.4,{"v":60,"d":"60.0"},{"$error":"#N/A"},{"$error":"#N/A"},{"$error":"#N/A"},{"$error":"#N/A"},{"$error":"#N/A"},{"$error":"#N/A"},{"$error":"#N/A"},{"$error":"#N/A"},{"$error":"#N/A"},{"$error":"#N/A"},{"$error":"#N/A"},{"$error":"#N/A"},{"$error":"#N/A"},{"$error":"#N/A"},{"$error":"#N/A"},{"$error":"#N/A"},{"$error":"#N/A"},{"$error":"#N/A"},{"$error":"#N/A"},{"$error":"#N/A"},{"$error":"#N/A"},{"$error":"#N/A"},{"$error":"#N/A"},{"$error":"#N/A"},{"$error":"#N/A"},{"$error":"#N/A"},{"$error":"#N/A"},{"$error":"#N/A"},{"$f":"F76","v":90}]
[{"$nulls":3},{"$f":"1+D76","v":8167},"b-pc_PI_B_SG","NUMB",{"$f":"OFFSET(INDIRECT($B$3&1),$D77-1,G$9)","v":65},65,65,65,65,65,65,65,65,65,65,65,65,65,{"$f":"OFFSET(INDIRECT($B$3&1),$D77-1,U$9)","v":65},65,65,65,65,65,65,65,65,65,65,65,65,65,65,65,65,65,65,65,65]
[{"$nulls":3},8168,"b-pc_PI_B_SG","SUM1",3009,3386,3364,3463,3576,3688,3583,3731,3533,3733,3396,3311,3516,3610,3450,3452,3274,3569,3487,3407,3525,3524,3456,3466,3397,3310,3217,3122,3039,2750,2560,2261,2157,2073,1981]
[{"$nulls":3},8169,"b-pc_PI_B_SG","SUM55",0,288,198,397,495,496,395,594,497,792,493,491,789,987,986,983,883,1281,1282,1281,1480,1581,1581,1681,1682,1682,1684,1685,1689,1492,1394,1195,1192,1194,1193]
[{"$nulls":3},8170,"b-pc_PI_B_SG","SDEV",44.7,44.7,44.6,44.3,44.1,43.9,44.1,44.2,44.7,44.4,45.6,45.9,45.8,45.7,46.4,46.4,46.8,46.5,46.9,47.2,47.3,47.4,47.8,{"v":48,"d":"48.0"},48.4,48.7,48.8,48.8,{"v":49,"d":"49.0"},48.7,48.3,{"v":47,"d":"47.0"},46.4,46.2,45.7]
[{"$nulls":3},8171,"b-pc_PI_B_SG","max_060",{"v":58,"d":"58.0"},55.3,56.5,54.9,54.5,{"v":55,"d":"55.0"},55.3,53.7,54.7,52.8,54.6,54.6,53.2,52.5,52.3,52.5,{"v":53,"d":"53.0"},50.9,50.9,50.9,49.9,49.5,49.5,{"v":49,"d":"49.0"},{"v":49,"d":"49.0"},{"v":49,"d":"49.0"},{"v":49,"d":"49.0"},{"v":49,"d":"49.0"},{"v":49,"d":"49.0"},49.7,50.4,51.5,51.5,51.5,51.4]
[{"$nulls":3},8172,"b-pc_PI_B_SG","max_065",60.7,58.2,58.9,57.7,57.3,57.4,57.8,56.3,57.2,55.4,57.2,57.2,55.7,54.9,54.8,54.9,55.4,53.3,53.4,53.4,52.4,51.9,51.9,51.4,51.4,51.4,51.4,51.4,51.4,52.2,52.9,53.9,53.4,52.9,52.4]
[{"$nulls":3},8173,"b-pc_PI_B_SG","max_070",63.2,60.8,61.3,60.2,59.8,59.7,60.2,58.8,59.6,57.8,59.6,59.6,58.1,57.3,57.2,57.3,57.8,55.7,55.7,55.7,54.7,54.2,54.2,53.8,53.8,53.8,53.8,53.3,52.8,53.2,53.4,53.9,53.4,52.9,52.4]
[{"$nulls":3},8174,"b-pc_PI_B_SG","max_075",{"v":65.4,"d":"65"},63,{"v":63.4,"d":"63"},{"v":62.5,"d":"63"},{"v":62.1,"d":"62"},{"v":62.1,"d":"62"},{"v":62.5,"d":"63"},{"v":61.2,"d":"61"},62,{"v":60.3,"d":"60"},62,62,{"v":60.5,"d":"61"},{"v":59.6,"d":"60"},{"v":59.5,"d":"60"},{"v":59.6,"d":"60"},{"v":60.1,"d":"60"},58,{"v":58.1,"d":"58"},{"v":58.1,"d":"58"},57,{"v":56.5,"d":"57"},{"v":56.1,"d":"56"},{"v":55.1,"d":"55"},{"v":54.8,"d":"55"},{"v":54.3,"d":"54"},{"v":53.8,"d":"54"},{"v":53.3,"d":"53"},{"v":52.8,"d":"53"},{"v":53.2,"d":"53"},{"v":53.4,"d":"53"},{"v":53.9,"d":"54"},{"v":53.4,"d":"53"},{"v":52.9,"d":"53"},{"v":52.4,"d":"52"}]
[]
[]
["log(Ratio)",null,null,{"$f":"B5","v":8101},{"$f":"OFFSET(INDIRECT($B$3&1),$D87-1,E$9)","v":"b-pc_PI_B_SG"},{"$f":"OFFSET(INDIRECT($B$3&1),$D87-1,F$9)","v":"Age/Bir"},1918,1919,1920,1921,1922,1923,1924,1925,1926,1927,1928,1929,1930,1931,1932,1933,1934,1935,1936,1937,1938,1939,1940,1941,1942,1943,1944,1945,1946,1947,1948,1949,1950,1951,1952,"Age"]
[{"$nulls":3},{"$f":"1+D87","v":8102},{"$f":"OFFSET(INDIRECT($B$3&1),$D88-1,E$9)","v":"b-pc_PI_B_SG"},26,{"$f":"IF(OFFSET(INDIRECT($B$3&1),$D88-1,G$9)>0,LOG(OFFSET(INDIRECT($B$3&1),$D88-1,G$9))-2,0)","v":{"v":0,"d":"0.0"}},{"$f":"IF(OFFSET(INDIRECT($B$3&1),$D88-1,H$9)>0,LOG(OFFSET(INDIRECT($B$3&1),$D88-1,H$9))-2,0)","v":{"v":0,"d":"0.0"}},{"v":0,"d":"0.0"},{"v":0,"d":"0.0"},{"v":0,"d":"0.0"},{"v":0,"d":"0.0"},{"v":0,"d":"0.0"},{"v":0,"d":"0.0"},{"v":0,"d":"0.0"},{"v":0,"d":"0.0"},{"v":0,"d":"0.0"},{"v":0,"d":"0.0"},{"v":0,"d":"0.0"},{"v":0,"d":"0.0"},{"v":0,"d":"0.0"},{"v":0,"d":"0.0"},{"v":0,"d":"0.0"},{"v":0,"d":"0.0"},{"v":0,"d":"0.0"},{"v":0,"d":"0.0"},{"v":0,"d":"0.0"},{"v":0,"d":"0.0"},{"v":0,"d":"0.0"},{"v":0,"d":"0.0"},{"v":0,"d":"0.0"},{"v":0,"d":"0.0"},{"v":0,"d":"0.0"},{"v":0,"d":"0.0"},{"v":0,"d":"0.0"},{"v":0,"d":"0.0"},{"v":0,"d":"0.0"},{"v":0,"d":"0.0"},{"v":0,"d":"0.0"},{"v":0,"d":"0.0"},{"v":0,"d":"0.0"},{"$f":"F88","v":26}]
[{"$nulls":3},{"$f":"1+D88","v":8103},"b-pc_PI_B_SG",27,{"$f":"IF(OFFSET(INDIRECT($B$3&1),$D89-1,G$9)>0,LOG(OFFSET(INDIRECT($B$3&1),$D89-1,G$9))-2,0)","v":{"v":0,"d":"0.0"}},{"v":0,"d":"0.0"},{"v":0,"d":"0.0"},{"v":0,"d":"0.0"},{"v":0,"d":"0.0"},{"v":0,"d":"0.0"},{"v":0,"d":"0.0"},{"v":0,"d":"0.0"},{"v":0,"d":"0.0"},{"v":0,"d":"0.0"},{"v":0,"d":"0.0"},{"v":0,"d":"0.0"},{"v":0,"d":"0.0"},{"v":0,"d":"0.0"},{"v":0,"d":"0.0"},{"v":0,"d":"0.0"},{"v":0,"d":"0.0"},{"v":0,"d":"0.0"},{"v":0,"d":"0.0"},{"v":0,"d":"0.0"},{"v":0,"d":"0.0"},{"v":0,"d":"0.0"},{"v":0,"d":"0.0"},{"v":0,"d":"0.0"},{"v":0,"d":"0.0"},{"v":0,"d":"0.0"},{"v":0,"d":"0.0"},{"v":0,"d":"0.0"},{"v":0,"d":"0.0"},{"v":0,"d":"0.0"},{"v":0,"d":"0.0"},{"v":0,"d":"0.0"},{"v":0,"d":"0.0"},{"v":0,"d":"0.0"},{"v":0,"d":"0.0"},27]
[{"$nulls":3},8104,"b-pc_PI_B_SG",28,{"v":0,"d":"0.0"},{"v":0,"d":"0.0"},{"v":0,"d":"0.0"},{"v":0,"d":"0.0"},{"v":0,"d":"0.0"},{"v":0,"d":"0.0"},{"v":0,"d":"0.0"},{"v":0,"d":"0.0"},{"v":0,"d":"0.0"},{"v":0,"d":"0.0"},{"v":0,"d":"0.0"},{"v":0,"d":"0.0"},{"v":0,"d":"0.0"},{"v":0,"d":"0.0"},{"v":0,"d":"0.0"},{"v":0,"d":"0.0"},{"v":0,"d":"0.0"},{"v":0,"d":"0.0"},{"v":0,"d":"0.0"},{"v":0,"d":"0.0"},{"v":0,"d":"0.0"},{"v":0,"d":"0.0"},{"v":0,"d":"0.0"},{"v":0,"d":"0.0"},{"v":0,"d":"0.0"},{"v":0,"d":"0.0"},{"v":0,"d":"0.0"},{"v":0,"d":"0.0"},{"v":0,"d":"0.0"},{"v":0,"d":"0.0"},{"v":0,"d":"0.0"},{"v":0,"d":"0.0"},{"v":0,"d":"0.0"},{"v":0,"d":"0.0"},{"v":0,"d":"0.0"},28]
[{"$nulls":3},8105,"b-pc_PI_B_SG",29,{"v":0,"d":"0.0"},{"v":0,"d":"0.0"},{"v":0,"d":"0.0"},{"v":0,"d":"0.0"},{"v":0,"d":"0.0"},{"v":0,"d":"0.0"},{"v":0,"d":"0.0"},{"v":0,"d":"0.0"},{"v":0,"d":"0.0"},{"v":0,"d":"0.0"},{"v":0,"d":"0.0"},{"v":0,"d":"0.0"},{"v":0,"d":"0.0"},{"v":0,"d":"0.0"},{"v":0,"d":"0.0"},{"v":0,"d":"0.0"},{"v":0,"d":"0.0"},{"v":0,"d":"0.0"},{"v":0,"d":"0.0"},{"v":0,"d":"0.0"},{"v":0,"d":"0.0"},{"v":0,"d":"0.0"},{"v":0,"d":"0.0"},{"v":0,"d":"0.0"},{"v":0,"d":"0.0"},{"v":0,"d":"0.0"},{"v":0,"d":"0.0"},{"v":0,"d":"0.0"},{"v":0,"d":"0.0"},{"v":0,"d":"0.0"},{"v":0,"d":"0.0"},{"v":0,"d":"0.0"},{"v":0,"d":"0.0"},{"v":0,"d":"0.0"},{"v":0,"d":"0.0"},29]
[{"$nulls":3},8106,"b-pc_PI_B_SG",30,{"v":0,"d":"0.0"},{"v":0,"d":"0.0"},{"v":0,"d":"0.0"},{"v":0,"d":"0.0"},{"v":0,"d":"0.0"},{"v":0,"d":"0.0"},{"v":0,"d":"0.0"},{"v":0,"d":"0.0"},{"v":0,"d":"0.0"},{"v":0,"d":"0.0"},{"v":0,"d":"0.0"},{"v":0,"d":"0.0"},{"v":0,"d":"0.0"},{"v":0,"d":"0.0"},{"v":0,"d":"0.0"},{"v":0,"d":"0.0"},{"v":0,"d":"0.0"},{"v":0,"d":"0.0"},{"v":0,"d":"0.0"},{"v":0,"d":"0.0"},{"v":0,"d":"0.0"},{"v":0,"d":"0.0"},{"v":0,"d":"0.0"},{"v":0,"d":"0.0"},{"v":0,"d":"0.0"},{"v":0,"d":"0.0"},{"v":0,"d":"0.0"},{"v":0,"d":"0.0"},{"v":0,"d":"0.0"},{"v":0,"d":"0.0"},{"v":0,"d":"0.0"},{"v":0,"d":"0.0"},{"v":0,"d":"0.0"},{"v":0,"d":"0.0"},{"v":0,"d":"0.0"},30]
[{"$nulls":3},8107,"b-pc_PI_B_SG",31,{"v":0,"d":"0.0"},{"v":0,"d":"0.0"},{"v":0,"d":"0.0"},{"v":0,"d":"0.0"},{"v":0,"d":"0.0"},{"v":0,"d":"0.0"},{"v":0,"d":"0.0"},{"v":0,"d":"0.0"},{"v":0,"d":"0.0"},{"v":0,"d":"0.0"},{"v":0,"d":"0.0"},{"v":0,"d":"0.0"},{"v":0,"d":"0.0"},{"v":0,"d":"0.0"},{"v":0,"d":"0.0"},{"v":0,"d":"0.0"},{"v":0,"d":"0.0"},{"v":0,"d":"0.0"},{"v":0,"d":"0.0"},{"v":0,"d":"0.0"},{"v":0,"d":"0.0"},{"v":0,"d":"0.0"},{"v":0,"d":"0.0"},{"v":0,"d":"0.0"},{"v":0,"d":"0.0"},{"v":0,"d":"0.0"},{"v":0,"d":"0.0"},{"v":0,"d":"0.0"},{"v":0,"d":"0.0"},{"v":0,"d":"0.0"},{"v":0,"d":"0.0"},{"v":0,"d":"0.0"},{"v":0,"d":"0.0"},{"v":0,"d":"0.0"},{"v":0,"d":"0.0"},31]
[{"$nulls":3},8108,"b-pc_PI_B_SG",32,{"v":0,"d":"0.0"},{"v":0,"d":"0.0"},{"v":0,"d":"0.0"},{"v":0,"d":"0.0"},{"v":0,"d":"0.0"},{"v":0,"d":"0.0"},{"v":0,"d":"0.0"},{"v":0,"d":"0.0"},{"v":0,"d":"0.0"},{"v":0,"d":"0.0"},{"v":0,"d":"0.0"},{"v":0,"d":"0.0"},{"v":0,"d":"0.0"},{"v":0,"d":"0.0"},{"v":0,"d":"0.0"},{"v":0,"d":"0.0"},{"v":0,"d":"0.0"},{"v":0,"d":"0.0"},{"v":0,"d":"0.0"},{"v":0,"d":"0.0"},{"v":0,"d":"0.0"},{"v":0,"d":"0.0"},{"v":0,"d":"0.0"},{"v":0,"d":"0.0"},{"v":0,"d":"0.0"},{"v":0,"d":"0.0"},{"v":0,"d":"0.0"},{"v":0,"d":"0.0"},{"v":0,"d":"0.0"},{"v":0,"d":"0.0"},{"v":0,"d":"0.0"},{"v":0,"d":"0.0"},{"v":0,"d":"0.0"},{"v":0,"d":"0.0"},{"v":0,"d":"0.0"},32]
[{"$nulls":3},8109,"b-pc_PI_B_SG",33,{"v":0,"d":"0.0"},{"v":0,"d":"0.0"},{"v":0,"d":"0.0"},{"v":0,"d":"0.0"},{"v":0,"d":"0.0"},{"v":0,"d":"0.0"},{"v":0,"d":"0.0"},{"v":0,"d":"0.0"},{"v":0,"d":"0.0"},{"v":0,"d":"0.0"},{"v":0,"d":"0.0"},{"v":0,"d":"0.0"},{"v":0,"d":"0.0"},{"v":0,"d":"0.0"},{"v":0,"d":"0.0"},{"v":0,"d":"0.0"},{"v":0,"d":"0.0"},{"v":0,"d":"0.0"},{"v":0,"d":"0.0"},{"v":0,"d":"0.0"},{"v":0,"d":"0.0"},{"v":0,"d":"0.0"},{"v":0,"d":"0.0"},{"v":0,"d":"0.0"},{"v":0,"d":"0.0"},{"v":0,"d":"0.0"},{"v":0,"d":"0.0"},{"v":0,"d":"0.0"},{"v":0,"d":"0.0"},{"v":0,"d":"0.0"},{"v":0,"d":"0.0"},{"v":0,"d":"0.0"},{"v":0,"d":"0.0"},{"$f":"IF(OFFSET(INDIRECT($B$3&1),$D95-1,AN$9)>0,LOG(OFFSET(INDIRECT($B$3&1),$D95-1,AN$9))-2,0)","v":{"v":0,"d":"0.0"}},{"v":0,"d":"0.0"},33]
[{"$nulls":3},8110,"b-pc_PI_B_SG",34,{"v":0,"d":"0.0"},{"v":0,"d":"0.0"},{"v":0,"d":"0.0"},{"v":0,"d":"0.0"},{"v":0,"d":"0.0"},{"v":0,"d":"0.0"},{"v":0,"d":"0.0"},{"v":0,"d":"0.0"},{"v":0,"d":"0.0"},{"v":0,"d":"0.0"},{"v":0,"d":"0.0"},{"v":0,"d":"0.0"},{"v":0,"d":"0.0"},{"v":0,"d":"0.0"},{"v":0,"d":"0.0"},{"v":0,"d":"0.0"},{"v":0,"d":"0.0"},{"v":0,"d":"0.0"},{"v":0,"d":"0.0"},{"v":0,"d":"0.0"},{"v":0,"d":"0.0"},{"v":0,"d":"0.0"},{"v":0,"d":"0.0"},{"v":0,"d":"0.0"},{"v":0,"d":"0.0"},{"v":0,"d":"0.0"},{"v":0,"d":"0.0"},{"v":0,"d":"0.0"},{"v":0,"d":"0.0"},{"v":0,"d":"0.0"},{"v":0,"d":"0.0"},{"v":0,"d":"0.0"},{"v":0,"d":"0.0"},{"v":0,"d":"0.0"},{"v":0,"d":"0.0"},34]
[{"$nulls":3},8111,"b-pc_PI_B_SG",35,{"v":0,"d":"0.0"},{"v":0,"d":"0.0"},{"v":0,"d":"0.0"},{"v":0,"d":"0.0"},{"v":0,"d":"0.0"},{"v":0,"d":"0.0"},{"v":0,"d":"0.0"},{"v":0,"d":"0.0"},{"v":0,"d":"0.0"},{"v":0,"d":"0.0"},{"v":0,"d":"0.0"},{"v":0,"d":"0.0"},{"v":0,"d":"0.0"},{"v":0,"d":"0.0"},{"v":0,"d":"0.0"},{"v":0,"d":"0.0"},{"v":0,"d":"0.0"},{"v":0,"d":"0.0"},{"v":0,"d":"0.0"},{"v":0,"d":"0.0"},{"v":0,"d":"0.0"},{"v":0,"d":"0.0"},{"v":0,"d":"0.0"},{"v":0,"d":"0.0"},{"v":0,"d":"0.0"},{"v":0,"d":"0.0"},{"v":0,"d":"0.0"},{"v":0,"d":"0.0"},{"v":0,"d":"0.0"},{"v":0,"d":"0.0"},{"v":0,"d":"0.0"},{"v":0,"d":"0.0"},{"v":0,"d":"0.0"},{"v":0,"d":"0.0"},{"v":0,"d":"0.0"},35]
[{"$nulls":3},8112,"b-pc_PI_B_SG",36,{"v":0,"d":"0.0"},{"v":0,"d":"0.0"},{"v":0,"d":"0.0"},{"v":0,"d":"0.0"},{"v":0,"d":"0.0"},{"v":0,"d":"0.0"},{"v":0,"d":"0.0"},{"v":0,"d":"0.0"},{"v":0,"d":"0.0"},{"v":0,"d":"0.0"},{"v":0,"d":"0.0"},{"v":0,"d":"0.0"},{"v":0,"d":"0.0"},{"v":0,"d":"0.0"},{"v":0,"d":"0.0"},{"v":0,"d":"0.0"},{"v":0,"d":"0.0"},{"v":0,"d":"0.0"},{"v":0,"d":"0.0"},{"v":0,"d":"0.0"},{"v":0,"d":"0.0"},{"v":0,"d":"0.0"},{"v":0,"d":"0.0"},{"v":0,"d":"0.0"},{"v":0,"d":"0.0"},{"v":0,"d":"0.0"},{"v":0,"d":"0.0"},{"v":0,"d":"0.0"},{"v":0,"d":"0.0"},{"v":0,"d":"0.0"},{"v":0,"d":"0.0"},{"v":0,"d":"0.0"},{"v":0,"d":"0.0"},{"v":0,"d":"0.0"},{"v":0,"d":"0.0"},36]
[{"$nulls":3},8113,"b-pc_PI_B_SG",37,{"v":0,"d":"0.0"},{"v":0,"d":"0.0"},{"v":0,"d":"0.0"},{"v":0,"d":"0.0"},{"v":0,"d":"0.0"},{"v":0,"d":"0.0"},{"v":0,"d":"0.0"},{"v":0,"d":"0.0"},{"v":0,"d":"0.0"},{"v":0,"d":"0.0"},{"v":0,"d":"0.0"},{"v":0,"d":"0.0"},{"v":0,"d":"0.0"},{"v":0,"d":"0.0"},{"v":0,"d":"0.0"},{"v":0,"d":"0.0"},{"v":0,"d":"0.0"},{"v":0,"d":"0.0"},{"v":0,"d":"0.0"},{"v":0,"d":"0.0"},{"v":0,"d":"0.0"},{"v":0,"d":"0.0"},{"v":0,"d":"0.0"},{"v":0,"d":"0.0"},{"v":0,"d":"0.0"},{"v":0,"d":"0.0"},{"v":0,"d":"0.0"},{"v":0,"d":"0.0"},{"v":0,"d":"0.0"},{"v":0,"d":"0.0"},{"v":0,"d":"0.0"},{"v":0,"d":"0.0"},{"v":0,"d":"0.0"},{"v":0,"d":"0.0"},{"v":0,"d":"0.0"},37]
[{"$nulls":3},8114,"b-pc_PI_B_SG",38,{"v":0,"d":"0.0"},{"v":0,"d":"0.0"},{"v":0,"d":"0.0"},{"v":0,"d":"0.0"},{"v":0,"d":"0.0"},{"v":0,"d":"0.0"},{"v":0,"d":"0.0"},{"v":0,"d":"0.0"},{"v":0,"d":"0.0"},{"v":0,"d":"0.0"},{"v":0,"d":"0.0"},{"v":0,"d":"0.0"},{"v":0,"d":"0.0"},{"v":0,"d":"0.0"},{"v":0,"d":"0.0"},{"v":0,"d":"0.0"},{"v":0,"d":"0.0"},{"v":0,"d":"0.0"},{"v":0,"d":"0.0"},{"v":0,"d":"0.0"},{"v":0,"d":"0.0"},{"v":0,"d":"0.0"},{"v":0,"d":"0.0"},{"v":-1.304841688344327E-3,"d":"-0.0"},{"v":-4.3451177401765406E-4,"d":"-0.0"},{"v":-0.003050751504618754,"d":"-0.0"},{"v":-2.1769192542744342E-3,"d":"-0.0"},{"v":-2.1769192542744342E-3,"d":"-0.0"},{"v":-0.000869458712629001,"d":"-0.0"},{"v":0,"d":"0.0"},{"v":0,"d":"0.0"},{"v":0,"d":"0.0"},{"v":0,"d":"0.0"},{"v":0,"d":"0.0"},{"v":0,"d":"0.0"},38]
[{"$nulls":3},8115,"b-pc_PI_B_SG",39,{"v":0,"d":"0.0"},{"v":0,"d":"0.0"},{"v":0,"d":"0.0"},{"v":0,"d":"0.0"},{"v":0,"d":"0.0"},{"v":0,"d":"0.0"},{"v":0,"d":"0.0"},{"v":0,"d":"0.0"},{"v":0,"d":"0.0"},{"v":0,"d":"0.0"},{"v":0,"d":"0.0"},{"v":0,"d":"0.0"},{"v":0,"d":"0.0"},{"v":0,"d":"0.0"},{"v":0,"d":"0.0"},{"v":0,"d":"0.0"},{"v":0,"d":"0.0"},{"v":0,"d":"0.0"},{"v":0,"d":"0.0"},{"v":0,"d":"0.0"},{"v":-0.000869458712629001,"d":"-0.0"},{"v":-0.003050751504618754,"d":"-0.0"},{"v":-0.003926345514724705,"d":"-0.0"},{"v":-1.304841688344327E-3,"d":"-0.0"},{"v":-0.003050751504618754,"d":"-0.0"},{"v":-0.005243055412371911,"d":"-0.0"},{"v":-0.004803708402820517,"d":"-0.0"},{"v":-0.005682847330363172,"d":"-0.0"},{"v":-0.003050751504618754,"d":"-0.0"},{"v":-1.304841688344327E-3,"d":"-0.0"},{"v":0,"d":"0.0"},{"v":0,"d":"0.0"},{"v":0,"d":"0.0"},{"v":0,"d":"0.0"},{"v":0,"d":"0.0"},39]
[{"$nulls":3},8116,"b-pc_PI_B_SG",40,{"v":0,"d":"0.0"},{"v":0,"d":"0.0"},{"v":0,"d":"0.0"},{"v":0,"d":"0.0"},{"v":0,"d":"0.0"},{"v":0,"d":"0.0"},{"v":0,"d":"0.0"},{"v":0,"d":"0.0"},{"v":0,"d":"0.0"},{"v":-0.016373712875465518,"d":"-0.0"},{"v":0,"d":"0.0"},{"v":0,"d":"0.0"},{"v":0,"d":"0.0"},{"v":0,"d":"0.0"},{"v":0,"d":"0.0"},{"v":0,"d":"0.0"},{"v":0,"d":"0.0"},{"v":-4.3451177401765406E-4,"d":"-0.0"},{"v":0,"d":"0.0"},{"v":0,"d":"0.0"},{"v":0,"d":"0.0"},{"v":0,"d":"0.0"},{"v":-4.3451177401765406E-4,"d":"-0.0"},{"v":-0.00656376950238835,"d":"-0.0"},{"v":-0.009217308196862062,"d":"-0.0"},{"v":-0.00966114521239847,"d":"-0.0"},{"v":-8.773924307505121E-3,"d":"-0.0"},{"v":-7.4464821678643656E-3,"d":"-0.0"},{"v":-0.005243055412371911,"d":"-0.0"},{"v":0,"d":"0.0"},{"v":0,"d":"0.0"},{"v":0,"d":"0.0"},{"v":0,"d":"0.0"},{"v":0,"d":"0.0"},{"v":0,"d":"0.0"},40]
[{"$nulls":3},8117,"b-pc_PI_B_SG",41,{"v":0,"d":"0.0"},{"v":0,"d":"0.0"},{"v":0,"d":"0.0"},{"v":0,"d":"0.0"},{"v":0,"d":"0.0"},{"v":0,"d":"0.0"},{"v":0,"d":"0.0"},{"v":0,"d":"0.0"},{"v":0,"d":"0.0"},{"v":0,"d":"0.0"},{"v":0,"d":"0.0"},{"v":0,"d":"0.0"},{"v":0,"d":"0.0"},{"v":0,"d":"0.0"},{"v":0,"d":"0.0"},{"v":0,"d":"0.0"},{"$f":"IF(OFFSET(INDIRECT($B$3&1),$D103-1,W$9)>0,LOG(OFFSET(INDIRECT($B$3&1),$D103-1,W$9))-2,0)","v":{"v":0,"d":"0.0"}},{"v":0,"d":"0.0"},{"v":-0.000869458712629001,"d":"-0.0"},{"v":-1.304841688344327E-3,"d":"-0.0"},{"v":-0.002613615602686581,"d":"-0.0"},{"v":-0.003488327845821315,"d":"-0.0"},{"v":-0.007888512213050314,"d":"-0.0"},{"v":-0.0043648054024501,"d":"-0.0"},{"v":-0.0043648054024501,"d":"-0.0"},{"v":-0.0043648054024501,"d":"-0.0"},{"v":-1.7406615763013722E-3,"d":"-0.0"},{"v":0,"d":"0.0"},{"v":-2.1769192542744342E-3,"d":"-0.0"},{"v":-0.000869458712629001,"d":"-0.0"},{"v":0,"d":"0.0"},{"v":0,"d":"0.0"},{"v":0,"d":"0.0"},{"v":0,"d":"0.0"},{"v":0,"d":"0.0"},41]
[{"$nulls":3},8118,"b-pc_PI_B_SG",42,{"v":0,"d":"0.0"},{"v":0,"d":"0.0"},{"v":0,"d":"0.0"},{"v":0,"d":"0.0"},{"v":0,"d":"0.0"},{"v":0,"d":"0.0"},{"v":0,"d":"0.0"},{"v":-0.009217308196862062,"d":"-0.0"},{"v":0,"d":"0.0"},{"v":0,"d":"0.0"},{"v":0,"d":"0.0"},{"v":0,"d":"0.0"},{"v":0,"d":"0.0"},{"v":0,"d":"0.0"},{"v":-4.3451177401765406E-4,"d":"-0.0"},{"v":0,"d":"0.0"},{"v":0,"d":"0.0"},{"v":0,"d":"0.0"},{"v":0,"d":"0.0"},{"v":0,"d":"0.0"},{"v":-0.002613615602686581,"d":"-0.0"},{"v":-1.304841688344327E-3,"d":"-0.0"},{"v":-0.0043648054024501,"d":"-0.0"},{"v":-7.004901568658406E-3,"d":"-0.0"},{"v":-0.007888512213050314,"d":"-0.0"},{"v":-0.008330992620051436,"d":"-0.0"},{"v":-8.773924307505121E-3,"d":"-0.0"},{"v":-7.004901568658406E-3,"d":"-0.0"},{"v":-0.0043648054024501,"d":"-0.0"},{"v":-1.304841688344327E-3,"d":"-0.0"},{"v":0,"d":"0.0"},{"v":0,"d":"0.0"},{"v":0,"d":"0.0"},{"v":0,"d":"0.0"},{"v":-0.003050751504618754,"d":"-0.0"},42]
[{"$nulls":3},8119,"b-pc_PI_B_SG",43,{"v":0,"d":"0.0"},{"v":0,"d":"0.0"},{"v":0,"d":"0.0"},{"v":0,"d":"0.0"},{"v":0,"d":"0.0"},{"v":0,"d":"0.0"},{"v":0,"d":"0.0"},{"v":0,"d":"0.0"},{"v":0,"d":"0.0"},{"v":0,"d":"0.0"},{"v":0,"d":"0.0"},{"v":0,"d":"0.0"},{"v":0,"d":"0.0"},{"v":0,"d":"0.0"},{"v":0,"d":"0.0"},{"v":0,"d":"0.0"},{"v":0,"d":"0.0"},{"v":-4.3451177401765406E-4,"d":"-0.0"},{"v":0,"d":"0.0"},{"v":-0.003488327845821315,"d":"-0.0"},{"v":-0.010550182333308289,"d":"-0.0"},{"v":-0.010995384301463185,"d":"-0.0"},{"v":-0.010105436281226954,"d":"-0.0"},{"v":-0.009217308196862062,"d":"-0.0"},{"v":-7.4464821678643656E-3,"d":"-0.0"},{"v":-0.004803708402820517,"d":"-0.0"},{"v":-0.000869458712629001,"d":"-0.0"},{"v":-0.002613615602686581,"d":"-0.0"},{"v":-4.3451177401765406E-4,"d":"-0.0"},{"v":0,"d":"0.0"},{"v":-0.003050751504618754,"d":"-0.0"},{"v":-0.00656376950238835,"d":"-0.0"},{"v":-0.007888512213050314,"d":"-0.0"},{"v":-0.008330992620051436,"d":"-0.0"},{"v":-0.003926345514724705,"d":"-0.0"},43]
[{"$nulls":3},8120,"b-pc_PI_B_SG",44,{"v":0,"d":"0.0"},{"v":0,"d":"0.0"},{"v":0,"d":"0.0"},{"v":0,"d":"0.0"},{"v":0,"d":"0.0"},{"v":0,"d":"0.0"},{"v":0,"d":"0.0"},{"v":0,"d":"0.0"},{"v":0,"d":"0.0"},{"v":0,"d":"0.0"},{"v":0,"d":"0.0"},{"v":0,"d":"0.0"},{"v":0,"d":"0.0"},{"v":0,"d":"0.0"},{"v":0,"d":"0.0"},{"v":0,"d":"0.0"},{"v":0,"d":"0.0"},{"v":-0.003488327845821315,"d":"-0.0"},{"v":-0.003926345514724705,"d":"-0.0"},{"v":-0.007888512213050314,"d":"-0.0"},{"v":-0.010550182333308289,"d":"-0.0"},{"v":-0.013676222949234651,"d":"-0.0"},{"v":-0.011441043121384498,"d":"-0.0"},{"v":-0.009217308196862062,"d":"-0.0"},{"v":-0.00966114521239847,"d":"-0.0"},{"v":-7.4464821678643656E-3,"d":"-0.0"},{"v":-0.003488327845821315,"d":"-0.0"},{"v":-2.1769192542744342E-3,"d":"-0.0"},{"v":-2.1769192542744342E-3,"d":"-0.0"},{"v":-1.7406615763013722E-3,"d":"-0.0"},{"v":-1.304841688344327E-3,"d":"-0.0"},{"v":-1.304841688344327E-3,"d":"-0.0"},{"v":-0.002613615602686581,"d":"-0.0"},{"v":-0.003488327845821315,"d":"-0.0"},{"v":0,"d":"0.0"},44]
[{"$nulls":3},8121,"b-pc_PI_B_SG",45,{"v":0,"d":"0.0"},{"v":0,"d":"0.0"},{"v":0,"d":"0.0"},{"v":0,"d":"0.0"},{"v":-0.011887159731648111,"d":"-0.0"},{"v":0,"d":"0.0"},{"v":0,"d":"0.0"},{"v":0,"d":"0.0"},{"v":0,"d":"0.0"},{"v":0,"d":"0.0"},{"v":0,"d":"0.0"},{"v":0,"d":"0.0"},{"v":-1.7406615763013722E-3,"d":"-0.0"},{"v":-4.3451177401765406E-4,"d":"-0.0"},{"v":0,"d":"0.0"},{"v":-4.3451177401765406E-4,"d":"-0.0"},{"v":0,"d":"0.0"},{"v":-4.3451177401765406E-4,"d":"-0.0"},{"v":-0.003926345514724705,"d":"-0.0"},{"v":-0.00656376950238835,"d":"-0.0"},{"v":-0.009217308196862062,"d":"-0.0"},{"v":-0.009217308196862062,"d":"-0.0"},{"v":-0.008330992620051436,"d":"-0.0"},{"v":-7.4464821678643656E-3,"d":"-0.0"},{"v":-7.4464821678643656E-3,"d":"-0.0"},{"v":-0.005243055412371911,"d":"-0.0"},{"v":-0.0043648054024501,"d":"-0.0"},{"v":-0.003488327845821315,"d":"-0.0"},{"v":-0.000869458712629001,"d":"-0.0"},{"v":-0.010105436281226954,"d":"-0.0"},{"v":0,"d":"0.0"},{"v":-0.000869458712629001,"d":"-0.0"},{"v":-0.000869458712629001,"d":"-0.0"},{"v":-1.304841688344327E-3,"d":"-0.0"},{"v":-4.3451177401765406E-4,"d":"-0.0"},45]
[{"$nulls":3},8122,"b-pc_PI_B_SG",46,{"v":0,"d":"0.0"},{"v":0,"d":"0.0"},{"v":0,"d":"0.0"},{"v":-4.3451177401765406E-4,"d":"-0.0"},{"v":0,"d":"0.0"},{"v":0,"d":"0.0"},{"v":0,"d":"0.0"},{"v":0,"d":"0.0"},{"v":0,"d":"0.0"},{"v":0,"d":"0.0"},{"v":-4.3451177401765406E-4,"d":"-0.0"},{"v":-0.000869458712629001,"d":"-0.0"},{"v":0,"d":"0.0"},{"v":-0.003488327845821315,"d":"-0.0"},{"v":-0.000869458712629001,"d":"-0.0"},{"v":-1.304841688344327E-3,"d":"-0.0"},{"v":-0.002613615602686581,"d":"-0.0"},{"v":-0.007888512213050314,"d":"-0.0"},{"v":-7.4464821678643656E-3,"d":"-0.0"},{"v":-0.005682847330363172,"d":"-0.0"},{"v":-0.004803708402820517,"d":"-0.0"},{"v":-0.0043648054024501,"d":"-0.0"},{"v":-0.005243055412371911,"d":"-0.0"},{"v":-0.0043648054024501,"d":"-0.0"},{"v":-0.003926345514724705,"d":"-0.0"},{"v":-0.0043648054024501,"d":"-0.0"},{"v":-0.003050751504618754,"d":"-0.0"},{"v":-0.007888512213050314,"d":"-0.0"},{"v":-0.008330992620051436,"d":"-0.0"},{"v":-7.004901568658406E-3,"d":"-0.0"},{"v":-0.007888512213050314,"d":"-0.0"},{"v":-0.000869458712629001,"d":"-0.0"},{"v":-1.7406615763013722E-3,"d":"-0.0"},{"v":-0.000869458712629001,"d":"-0.0"},{"v":0,"d":"0.0"},46]
[{"$nulls":3},8123,"b-pc_PI_B_SG",47,{"v":0,"d":"0.0"},{"v":0,"d":"0.0"},{"v":0,"d":"0.0"},{"v":0,"d":"0.0"},{"v":0,"d":"0.0"},{"v":0,"d":"0.0"},{"v":0,"d":"0.0"},{"v":0,"d":"0.0"},{"v":0,"d":"0.0"},{"v":-4.3451177401765406E-4,"d":"-0.0"},{"v":0,"d":"0.0"},{"v":0,"d":"0.0"},{"v":-0.000869458712629001,"d":"-0.0"},{"v":-4.3451177401765406E-4,"d":"-0.0"},{"v":-1.304841688344327E-3,"d":"-0.0"},{"v":-0.003488327845821315,"d":"-0.0"},{"v":-0.00966114521239847,"d":"-0.0"},{"v":-0.008330992620051436,"d":"-0.0"},{"v":-0.011441043121384498,"d":"-0.0"},{"v":-0.01322826573375524,"d":"-0.0"},{"v":-0.010105436281226954,"d":"-0.0"},{"v":-0.00612308505878878,"d":"-0.0"},{"v":-0.00612308505878878,"d":"-0.0"},{"v":-0.003488327845821315,"d":"-0.0"},{"v":-1.304841688344327E-3,"d":"-0.0"},{"v":-2.1769192542744342E-3,"d":"-0.0"},{"v":-2.1769192542744342E-3,"d":"-0.0"},{"v":-2.1769192542744342E-3,"d":"-0.0"},{"v":-0.002613615602686581,"d":"-0.0"},{"v":-2.1769192542744342E-3,"d":"-0.0"},{"v":-0.000869458712629001,"d":"-0.0"},{"v":-1.7406615763013722E-3,"d":"-0.0"},{"v":-1.7406615763013722E-3,"d":"-0.0"},{"v":-0.000869458712629001,"d":"-0.0"},{"v":-0.000869458712629001,"d":"-0.0"},47]
[{"$nulls":3},8124,"b-pc_PI_B_SG",48,{"v":0,"d":"0.0"},{"v":-0.04963514562387683,"d":"-0.0"},{"v":0,"d":"0.0"},{"v":0,"d":"0.0"},{"v":0,"d":"0.0"},{"v":0,"d":"0.0"},{"v":0,"d":"0.0"},{"v":0,"d":"0.0"},{"v":0,"d":"0.0"},{"v":0,"d":"0.0"},{"v":0,"d":"0.0"},{"v":0,"d":"0.0"},{"v":-0.000869458712629001,"d":"-0.0"},{"v":-1.304841688344327E-3,"d":"-0.0"},{"v":-4.3451177401765406E-4,"d":"-0.0"},{"v":-0.00966114521239847,"d":"-0.0"},{"v":-0.010550182333308289,"d":"-0.0"},{"v":-0.011887159731648111,"d":"-0.0"},{"v":-0.012780770091995075,"d":"-0.0"},{"v":-0.011887159731648111,"d":"-0.0"},{"v":-0.010105436281226954,"d":"-0.0"},{"v":-0.009217308196862062,"d":"-0.0"},{"v":-0.005243055412371911,"d":"-0.0"},{"v":-0.002613615602686581,"d":"-0.0"},{"v":-1.7406615763013722E-3,"d":"-0.0"},{"v":-4.3451177401765406E-4,"d":"-0.0"},{"v":-0.005243055412371911,"d":"-0.0"},{"v":-0.000869458712629001,"d":"-0.0"},{"v":-0.000869458712629001,"d":"-0.0"},{"v":-0.000869458712629001,"d":"-0.0"},{"v":-1.7406615763013722E-3,"d":"-0.0"},{"v":-0.000869458712629001,"d":"-0.0"},{"v":-1.7406615763013722E-3,"d":"-0.0"},{"$f":"IF(OFFSET(INDIRECT($B$3&1),$D110-1,AN$9)>0,LOG(OFFSET(INDIRECT($B$3&1),$D110-1,AN$9))-2,0)","v":{"v":0,"d":"0.0"}},{"v":-4.3451177401765406E-4,"d":"-0.0"},48]
[{"$nulls":3},8125,"b-pc_PI_B_SG",49,{"v":0,"d":"0.0"},{"v":0,"d":"0.0"},{"v":0,"d":"0.0"},{"v":0,"d":"0.0"},{"v":0,"d":"0.0"},{"v":0,"d":"0.0"},{"v":0,"d":"0.0"},{"v":-4.3451177401765406E-4,"d":"-0.0"},{"v":-0.000869458712629001,"d":"-0.0"},{"v":-4.3451177401765406E-4,"d":"-0.0"},{"v":0,"d":"0.0"},{"v":0,"d":"0.0"},{"v":0,"d":"0.0"},{"v":-0.000869458712629001,"d":"-0.0"},{"v":-0.004803708402820517,"d":"-0.0"},{"v":-7.004901568658406E-3,"d":"-0.0"},{"v":-0.010105436281226954,"d":"-0.0"},{"v":-0.00966114521239847,"d":"-0.0"},{"v":-8.773924307505121E-3,"d":"-0.0"},{"v":-7.4464821678643656E-3,"d":"-0.0"},{"v":-0.0043648054024501,"d":"-0.0"},{"v":-0.003050751504618754,"d":"-0.0"},{"v":-1.304841688344327E-3,"d":"-0.0"},{"v":-0.000869458712629001,"d":"-0.0"},{"v":-1.304841688344327E-3,"d":"-0.0"},{"v":-1.7406615763013722E-3,"d":"-0.0"},{"v":-0.003050751504618754,"d":"-0.0"},{"v":-0.00612308505878878,"d":"-0.0"},{"v":-0.003926345514724705,"d":"-0.0"},{"v":-1.7406615763013722E-3,"d":"-0.0"},{"v":-0.003488327845821315,"d":"-0.0"},{"v":0,"d":"0.0"},{"v":-0.000869458712629001,"d":"-0.0"},{"v":-0.000869458712629001,"d":"-0.0"},{"v":-0.000869458712629001,"d":"-0.0"},49]
[{"$nulls":3},8126,"b-pc_PI_B_SG",50,{"v":0,"d":"0.0"},{"v":0,"d":"0.0"},{"v":0,"d":"0.0"},{"v":0,"d":"0.0"},{"v":0,"d":"0.0"},{"v":-0.003050751504618754,"d":"-0.0"},{"v":-8.773924307505121E-3,"d":"-0.0"},{"v":-8.773924307505121E-3,"d":"-0.0"},{"v":-0.000869458712629001,"d":"-0.0"},{"v":0,"d":"0.0"},{"v":0,"d":"0.0"},{"v":0,"d":"0.0"},{"v":-4.3451177401765406E-4,"d":"-0.0"},{"v":-0.004803708402820517,"d":"-0.0"},{"v":-8.773924307505121E-3,"d":"-0.0"},{"v":-0.01322826573375524,"d":"-0.0"},{"v":-0.011887159731648111,"d":"-0.0"},{"v":-0.011441043121384498,"d":"-0.0"},{"v":-0.011887159731648111,"d":"-0.0"},{"v":-0.007888512213050314,"d":"-0.0"},{"v":-0.003488327845821315,"d":"-0.0"},{"v":-0.003050751504618754,"d":"-0.0"},{"v":-0.003926345514724705,"d":"-0.0"},{"v":-2.1769192542744342E-3,"d":"-0.0"},{"v":-1.304841688344327E-3,"d":"-0.0"},{"v":-2.1769192542744342E-3,"d":"-0.0"},{"v":-2.1769192542744342E-3,"d":"-0.0"},{"v":-2.1769192542744342E-3,"d":"-0.0"},{"v":-1.7406615763013722E-3,"d":"-0.0"},{"v":0,"d":"0.0"},{"v":-1.7406615763013722E-3,"d":"-0.0"},{"v":-1.304841688344327E-3,"d":"-0.0"},{"v":0,"d":"0.0"},{"v":-0.000869458712629001,"d":"-0.0"},{"v":-2.1769192542744342E-3,"d":"-0.0"},50]
[{"$nulls":3},8127,"b-pc_PI_B_SG",51,{"v":0,"d":"0.0"},{"v":0,"d":"0.0"},{"v":0,"d":"0.0"},{"v":-2.1769192542744342E-3,"d":"-0.0"},{"v":-0.003050751504618754,"d":"-0.0"},{"v":-8.773924307505121E-3,"d":"-0.0"},{"v":-8.773924307505121E-3,"d":"-0.0"},{"v":-1.7406615763013722E-3,"d":"-0.0"},{"v":-0.003488327845821315,"d":"-0.0"},{"v":-0.003488327845821315,"d":"-0.0"},{"v":-0.002613615602686581,"d":"-0.0"},{"v":-0.003488327845821315,"d":"-0.0"},{"v":-0.00966114521239847,"d":"-0.0"},{"v":-0.00966114521239847,"d":"-0.0"},{"v":-0.010105436281226954,"d":"-0.0"},{"v":-8.773924307505121E-3,"d":"-0.0"},{"v":-7.004901568658406E-3,"d":"-0.0"},{"v":-0.00612308505878878,"d":"-0.0"},{"v":-0.002613615602686581,"d":"-0.0"},{"v":-0.000869458712629001,"d":"-0.0"},{"v":-1.7406615763013722E-3,"d":"-0.0"},{"v":-1.304841688344327E-3,"d":"-0.0"},{"v":0,"d":"0.0"},{"v":-0.000869458712629001,"d":"-0.0"},{"v":-0.003050751504618754,"d":"-0.0"},{"v":-0.003926345514724705,"d":"-0.0"},{"v":-2.1769192542744342E-3,"d":"-0.0"},{"v":-0.003488327845821315,"d":"-0.0"},{"v":-0.003926345514724705,"d":"-0.0"},{"v":-2.1769192542744342E-3,"d":"-0.0"},{"v":-4.3451177401765406E-4,"d":"-0.0"},{"v":0,"d":"0.0"},{"v":-0.004803708402820517,"d":"-0.0"},{"v":-0.005682847330363172,"d":"-0.0"},{"v":-0.010550182333308289,"d":"-0.0"},51]
[{"$nulls":3},8128,"b-pc_PI_B_SG",52,{"v":0,"d":"0.0"},{"v":0,"d":"0.0"},{"v":0,"d":"0.0"},{"v":0,"d":"0.0"},{"v":-4.3451177401765406E-4,"d":"-0.0"},{"v":-2.1769192542744342E-3,"d":"-0.0"},{"v":0,"d":"0.0"},{"v":0,"d":"0.0"},{"v":0,"d":"0.0"},{"v":-2.1769192542744342E-3,"d":"-0.0"},{"v":-0.00656376950238835,"d":"-0.0"},{"v":-0.00966114521239847,"d":"-0.0"},{"v":-0.010995384301463185,"d":"-0.0"},{"v":-0.014124642691606404,"d":"-0.0"},{"v":-0.012333735073725371,"d":"-0.0"},{"v":-0.01322826573375524,"d":"-0.0"},{"v":-0.010995384301463185,"d":"-0.0"},{"v":-0.009217308196862062,"d":"-0.0"},{"v":-0.003488327845821315,"d":"-0.0"},{"v":-0.003488327845821315,"d":"-0.0"},{"v":-0.002613615602686581,"d":"-0.0"},{"v":-0.002613615602686581,"d":"-0.0"},{"v":-0.004803708402820517,"d":"-0.0"},{"v":-7.004901568658406E-3,"d":"-0.0"},{"v":-0.005243055412371911,"d":"-0.0"},{"v":-0.005243055412371911,"d":"-0.0"},{"v":-0.00612308505878878,"d":"-0.0"},{"v":-0.003926345514724705,"d":"-0.0"},{"v":-2.1769192542744342E-3,"d":"-0.0"},{"v":-2.1769192542744342E-3,"d":"-0.0"},{"v":-4.3451177401765406E-4,"d":"-0.0"},{"v":-1.304841688344327E-3,"d":"-0.0"},{"v":-0.000869458712629001,"d":"-0.0"},{"v":-0.000869458712629001,"d":"-0.0"},{"v":-0.002613615602686581,"d":"-0.0"},52]
[{"$nulls":3},8129,"b-pc_PI_B_SG",53,{"v":0,"d":"0.0"},{"v":-1.304841688344327E-3,"d":"-0.0"},{"v":-0.003488327845821315,"d":"-0.0"},{"v":-0.003488327845821315,"d":"-0.0"},{"v":-0.003488327845821315,"d":"-0.0"},{"v":-0.000869458712629001,"d":"-0.0"},{"v":-4.3451177401765406E-4,"d":"-0.0"},{"v":-0.003488327845821315,"d":"-0.0"},{"v":-2.1769192542744342E-3,"d":"-0.0"},{"v":-0.003488327845821315,"d":"-0.0"},{"v":-8.773924307505121E-3,"d":"-0.0"},{"v":-0.009217308196862062,"d":"-0.0"},{"v":-0.010105436281226954,"d":"-0.0"},{"v":-0.010550182333308289,"d":"-0.0"},{"v":-0.010995384301463185,"d":"-0.0"},{"v":-0.009217308196862062,"d":"-0.0"},{"v":-7.004901568658406E-3,"d":"-0.0"},{"v":-7.004901568658406E-3,"d":"-0.0"},{"v":-0.00656376950238835,"d":"-0.0"},{"v":-0.007888512213050314,"d":"-0.0"},{"v":-0.007888512213050314,"d":"-0.0"},{"v":-7.004901568658406E-3,"d":"-0.0"},{"v":-0.00656376950238835,"d":"-0.0"},{"v":-0.00612308505878878,"d":"-0.0"},{"v":-0.0043648054024501,"d":"-0.0"},{"v":-0.003050751504618754,"d":"-0.0"},{"v":-0.003926345514724705,"d":"-0.0"},{"v":-2.1769192542744342E-3,"d":"-0.0"},{"v":-1.7406615763013722E-3,"d":"-0.0"},{"v":-4.3451177401765406E-4,"d":"-0.0"},{"v":-0.003488327845821315,"d":"-0.0"},{"v":-0.00656376950238835,"d":"-0.0"},{"v":-0.00966114521239847,"d":"-0.0"},{"v":0,"d":"0.0"},{"v":-4.3451177401765406E-4,"d":"-0.0"},53]
[{"$nulls":3},8130,"b-pc_PI_B_SG",54,{"v":0,"d":"0.0"},{"v":-0.003050751504618754,"d":"-0.0"},{"v":-0.005243055412371911,"d":"-0.0"},{"v":-0.005682847330363172,"d":"-0.0"},{"v":-0.000869458712629001,"d":"-0.0"},{"v":-0.000869458712629001,"d":"-0.0"},{"v":-1.7406615763013722E-3,"d":"-0.0"},{"v":-1.7406615763013722E-3,"d":"-0.0"},{"v":-0.003488327845821315,"d":"-0.0"},{"v":-0.007888512213050314,"d":"-0.0"},{"v":-0.009217308196862062,"d":"-0.0"},{"v":-0.012333735073725371,"d":"-0.0"},{"v":-0.009217308196862062,"d":"-0.0"},{"v":-0.007888512213050314,"d":"-0.0"},{"v":-0.007888512213050314,"d":"-0.0"},{"v":-0.00612308505878878,"d":"-0.0"},{"v":-0.004803708402820517,"d":"-0.0"},{"v":-0.0043648054024501,"d":"-0.0"},{"v":-0.0043648054024501,"d":"-0.0"},{"v":-0.002613615602686581,"d":"-0.0"},{"v":-0.002613615602686581,"d":"-0.0"},{"v":-2.1769192542744342E-3,"d":"-0.0"},{"v":-0.002613615602686581,"d":"-0.0"},{"v":-0.004803708402820517,"d":"-0.0"},{"v":-0.004803708402820517,"d":"-0.0"},{"v":-0.003926345514724705,"d":"-0.0"},{"v":-0.003488327845821315,"d":"-0.0"},{"v":-0.003050751504618754,"d":"-0.0"},{"v":-4.3451177401765406E-4,"d":"-0.0"},{"v":-1.304841688344327E-3,"d":"-0.0"},{"v":-0.000869458712629001,"d":"-0.0"},{"v":-4.3451177401765406E-4,"d":"-0.0"},{"v":0,"d":"0.0"},{"v":-1.7406615763013722E-3,"d":"-0.0"},{"v":-4.3451177401765406E-4,"d":"-0.0"},54]
[{"$nulls":3},8131,"b-pc_PI_B_SG",55,{"v":0,"d":"0.0"},{"v":-0.002613615602686581,"d":"-0.0"},{"v":-0.003050751504618754,"d":"-0.0"},{"v":0,"d":"0.0"},{"v":0,"d":"0.0"},{"v":-1.7406615763013722E-3,"d":"-0.0"},{"v":-1.304841688344327E-3,"d":"-0.0"},{"v":-2.1769192542744342E-3,"d":"-0.0"},{"v":-0.008330992620051436,"d":"-0.0"},{"v":-7.004901568658406E-3,"d":"-0.0"},{"v":-7.004901568658406E-3,"d":"-0.0"},{"v":-0.005243055412371911,"d":"-0.0"},{"v":-0.004803708402820517,"d":"-0.0"},{"v":-0.005243055412371911,"d":"-0.0"},{"v":-0.004803708402820517,"d":"-0.0"},{"v":-0.005682847330363172,"d":"-0.0"},{"v":-0.00612308505878878,"d":"-0.0"},{"v":-0.005682847330363172,"d":"-0.0"},{"v":-0.003050751504618754,"d":"-0.0"},{"v":-0.003926345514724705,"d":"-0.0"},{"v":-1.7406615763013722E-3,"d":"-0.0"},{"v":-0.000869458712629001,"d":"-0.0"},{"v":-1.304841688344327E-3,"d":"-0.0"},{"v":-4.3451177401765406E-4,"d":"-0.0"},{"v":-0.0043648054024501,"d":"-0.0"},{"v":-0.003488327845821315,"d":"-0.0"},{"v":-0.003050751504618754,"d":"-0.0"},{"v":-0.003050751504618754,"d":"-0.0"},{"v":-1.304841688344327E-3,"d":"-0.0"},{"v":-1.304841688344327E-3,"d":"-0.0"},{"v":-0.000869458712629001,"d":"-0.0"},{"v":-2.1769192542744342E-3,"d":"-0.0"},{"v":-0.005682847330363172,"d":"-0.0"},{"v":-7.004901568658406E-3,"d":"-0.0"},{"v":-8.773924307505121E-3,"d":"-0.0"},55]
[{"$nulls":3},8132,"b-pc_PI_B_SG",56,{"v":-0.005682847330363172,"d":"-0.0"},{"v":-0.002613615602686581,"d":"-0.0"},{"v":-1.7406615763013722E-3,"d":"-0.0"},{"v":-1.304841688344327E-3,"d":"-0.0"},{"v":-0.002613615602686581,"d":"-0.0"},{"v":-2.1769192542744342E-3,"d":"-0.0"},{"v":-0.004803708402820517,"d":"-0.0"},{"v":-0.008330992620051436,"d":"-0.0"},{"v":-7.4464821678643656E-3,"d":"-0.0"},{"v":-0.007888512213050314,"d":"-0.0"},{"v":-0.010995384301463185,"d":"-0.0"},{"v":-0.010995384301463185,"d":"-0.0"},{"v":-8.773924307505121E-3,"d":"-0.0"},{"v":-0.010550182333308289,"d":"-0.0"},{"v":-0.010105436281226954,"d":"-0.0"},{"v":-0.004803708402820517,"d":"-0.0"},{"$f":"IF(OFFSET(INDIRECT($B$3&1),$D118-1,W$9)>0,LOG(OFFSET(INDIRECT($B$3&1),$D118-1,W$9))-2,0)","v":{"v":-0.00656376950238835,"d":"-0.0"}},{"v":-0.00612308505878878,"d":"-0.0"},{"v":-0.00612308505878878,"d":"-0.0"},{"v":-0.00656376950238835,"d":"-0.0"},{"v":-0.00656376950238835,"d":"-0.0"},{"v":-0.003926345514724705,"d":"-0.0"},{"v":-0.0043648054024501,"d":"-0.0"},{"v":-0.003926345514724705,"d":"-0.0"},{"v":-1.7406615763013722E-3,"d":"-0.0"},{"v":-0.003050751504618754,"d":"-0.0"},{"v":-0.003926345514724705,"d":"-0.0"},{"v":-0.003050751504618754,"d":"-0.0"},{"v":-1.7406615763013722E-3,"d":"-0.0"},{"v":-0.003926345514724705,"d":"-0.0"},{"v":-0.005682847330363172,"d":"-0.0"},{"v":-0.005243055412371911,"d":"-0.0"},{"v":-0.00612308505878878,"d":"-0.0"},{"v":-0.00612308505878878,"d":"-0.0"},{"v":-0.004803708402820517,"d":"-0.0"},56]
[{"$nulls":3},8133,"b-pc_PI_B_SG",57,{"v":-0.011887159731648111,"d":"-0.0"},{"v":-0.005243055412371911,"d":"-0.0"},{"v":-0.003488327845821315,"d":"-0.0"},{"v":-0.003050751504618754,"d":"-0.0"},{"v":-0.0043648054024501,"d":"-0.0"},{"v":-0.003926345514724705,"d":"-0.0"},{"v":-8.773924307505121E-3,"d":"-0.0"},{"v":-8.773924307505121E-3,"d":"-0.0"},{"v":-0.010105436281226954,"d":"-0.0"},{"v":-0.007888512213050314,"d":"-0.0"},{"v":-0.009217308196862062,"d":"-0.0"},{"v":-0.00612308505878878,"d":"-0.0"},{"v":-0.005243055412371911,"d":"-0.0"},{"v":-0.005682847330363172,"d":"-0.0"},{"v":-8.773924307505121E-3,"d":"-0.0"},{"v":-0.00612308505878878,"d":"-0.0"},{"v":-0.008330992620051436,"d":"-0.0"},{"v":-0.010105436281226954,"d":"-0.0"},{"v":-0.010105436281226954,"d":"-0.0"},{"v":-0.009217308196862062,"d":"-0.0"},{"v":-0.011887159731648111,"d":"-0.0"},{"v":-0.010105436281226954,"d":"-0.0"},{"v":-0.007888512213050314,"d":"-0.0"},{"v":-0.005243055412371911,"d":"-0.0"},{"v":-0.003050751504618754,"d":"-0.0"},{"v":-1.7406615763013722E-3,"d":"-0.0"},{"v":-4.3451177401765406E-4,"d":"-0.0"},{"v":-2.1769192542744342E-3,"d":"-0.0"},{"v":-0.003050751504618754,"d":"-0.0"},{"v":-0.0043648054024501,"d":"-0.0"},{"v":-0.005682847330363172,"d":"-0.0"},{"v":-0.00966114521239847,"d":"-0.0"},{"v":-0.011441043121384498,"d":"-0.0"},{"v":-0.010995384301463185,"d":"-0.0"},{"v":-0.011887159731648111,"d":"-0.0"},57]
[{"$nulls":3},8134,{"$f":"OFFSET(INDIRECT($B$3&1),$D120-1,E$9)","v":"b-pc_PI_B_SG"},58,{"v":0,"d":"0.0"},{"v":0,"d":"0.0"},{"v":-0.000869458712629001,"d":"-0.0"},{"v":-4.3451177401765406E-4,"d":"-0.0"},{"v":-4.3451177401765406E-4,"d":"-0.0"},{"v":-0.003488327845821315,"d":"-0.0"},{"v":-0.003050751504618754,"d":"-0.0"},{"v":-0.005243055412371911,"d":"-0.0"},{"v":-0.004803708402820517,"d":"-0.0"},{"v":-0.004803708402820517,"d":"-0.0"},{"v":-0.005243055412371911,"d":"-0.0"},{"v":-0.00656376950238835,"d":"-0.0"},{"v":-0.00612308505878878,"d":"-0.0"},{"v":-0.005243055412371911,"d":"-0.0"},{"v":-7.004901568658406E-3,"d":"-0.0"},{"v":-0.008330992620051436,"d":"-0.0"},{"v":-8.773924307505121E-3,"d":"-0.0"},{"v":-0.00966114521239847,"d":"-0.0"},{"v":-0.010995384301463185,"d":"-0.0"},{"v":-0.010550182333308289,"d":"-0.0"},{"v":-8.773924307505121E-3,"d":"-0.0"},{"v":-0.010105436281226954,"d":"-0.0"},{"v":-0.008330992620051436,"d":"-0.0"},{"v":-7.004901568658406E-3,"d":"-0.0"},{"v":-0.005243055412371911,"d":"-0.0"},{"v":-0.005682847330363172,"d":"-0.0"},{"v":-0.003488327845821315,"d":"-0.0"},{"v":-0.002613615602686581,"d":"-0.0"},{"v":-0.002613615602686581,"d":"-0.0"},{"v":-0.003050751504618754,"d":"-0.0"},{"v":-0.002613615602686581,"d":"-0.0"},{"v":-0.0043648054024501,"d":"-0.0"},{"v":-0.005682847330363172,"d":"-0.0"},{"v":-0.00656376950238835,"d":"-0.0"},{"v":-0.005682847330363172,"d":"-0.0"},58]
[{"$nulls":3},8135,"b-pc_PI_B_SG",59,{"v":-0.003926345514724705,"d":"-0.0"},{"v":-0.003050751504618754,"d":"-0.0"},{"v":-1.7406615763013722E-3,"d":"-0.0"},{"v":-0.003926345514724705,"d":"-0.0"},{"v":-0.008330992620051436,"d":"-0.0"},{"v":-0.007888512213050314,"d":"-0.0"},{"v":-0.010105436281226954,"d":"-0.0"},{"v":-0.012333735073725371,"d":"-0.0"},{"v":-0.012780770091995075,"d":"-0.0"},{"v":-0.012333735073725371,"d":"-0.0"},{"v":-0.012333735073725371,"d":"-0.0"},{"v":-0.011441043121384498,"d":"-0.0"},{"v":-7.4464821678643656E-3,"d":"-0.0"},{"v":-7.004901568658406E-3,"d":"-0.0"},{"v":-8.773924307505121E-3,"d":"-0.0"},{"v":-0.00966114521239847,"d":"-0.0"},{"v":-0.010550182333308289,"d":"-0.0"},{"v":-0.011887159731648111,"d":"-0.0"},{"v":-0.01322826573375524,"d":"-0.0"},{"v":-0.011441043121384498,"d":"-0.0"},{"v":-0.010995384301463185,"d":"-0.0"},{"v":-7.4464821678643656E-3,"d":"-0.0"},{"v":-0.00656376950238835,"d":"-0.0"},{"v":-7.4464821678643656E-3,"d":"-0.0"},{"v":-0.00612308505878878,"d":"-0.0"},{"v":-7.4464821678643656E-3,"d":"-0.0"},{"v":-0.008330992620051436,"d":"-0.0"},{"v":-0.007888512213050314,"d":"-0.0"},{"v":-0.007888512213050314,"d":"-0.0"},{"v":-8.773924307505121E-3,"d":"-0.0"},{"v":-7.4464821678643656E-3,"d":"-0.0"},{"v":-7.4464821678643656E-3,"d":"-0.0"},{"v":-0.010105436281226954,"d":"-0.0"},{"v":-7.004901568658406E-3,"d":"-0.0"},{"v":-0.005243055412371911,"d":"-0.0"},59]
[{"$nulls":3},8136,"b-pc_PI_B_SG",60,{"v":-4.3451177401765406E-4,"d":"-0.0"},{"v":-1.304841688344327E-3,"d":"-0.0"},{"v":-0.003488327845821315,"d":"-0.0"},{"v":-0.00656376950238835,"d":"-0.0"},{"v":-0.005682847330363172,"d":"-0.0"},{"v":-0.00612308505878878,"d":"-0.0"},{"v":-0.005243055412371911,"d":"-0.0"},{"v":-0.005682847330363172,"d":"-0.0"},{"v":-0.005682847330363172,"d":"-0.0"},{"v":-0.00612308505878878,"d":"-0.0"},{"v":-0.005682847330363172,"d":"-0.0"},{"v":-0.00612308505878878,"d":"-0.0"},{"v":-0.00656376950238835,"d":"-0.0"},{"v":-0.007888512213050314,"d":"-0.0"},{"v":-0.00656376950238835,"d":"-0.0"},{"v":-0.007888512213050314,"d":"-0.0"},{"v":-0.009217308196862062,"d":"-0.0"},{"v":-0.00966114521239847,"d":"-0.0"},{"v":-0.00966114521239847,"d":"-0.0"},{"v":-0.010105436281226954,"d":"-0.0"},{"v":-0.00966114521239847,"d":"-0.0"},{"v":-0.009217308196862062,"d":"-0.0"},{"v":-0.010550182333308289,"d":"-0.0"},{"v":-0.010105436281226954,"d":"-0.0"},{"v":-0.011441043121384498,"d":"-0.0"},{"v":-0.010550182333308289,"d":"-0.0"},{"v":-8.773924307505121E-3,"d":"-0.0"},{"v":-0.010550182333308289,"d":"-0.0"},{"v":-0.011441043121384498,"d":"-0.0"},{"v":-0.010550182333308289,"d":"-0.0"},{"v":-0.011441043121384498,"d":"-0.0"},{"v":-0.012780770091995075,"d":"-0.0"},{"v":-0.010550182333308289,"d":"-0.0"},{"v":-0.010105436281226954,"d":"-0.0"},{"v":-0.010995384301463185,"d":"-0.0"},60]
[{"$nulls":3},8137,"b-pc_PI_B_SG",61,{"v":-0.005243055412371911,"d":"-0.0"},{"v":-0.00656376950238835,"d":"-0.0"},{"v":-0.010550182333308289,"d":"-0.0"},{"v":-0.013676222949234651,"d":"-0.0"},{"v":-0.013676222949234651,"d":"-0.0"},{"v":-0.014124642691606404,"d":"-0.0"},{"v":-0.014124642691606404,"d":"-0.0"},{"v":-0.012780770091995075,"d":"-0.0"},{"v":-0.012333735073725371,"d":"-0.0"},{"v":-0.011887159731648111,"d":"-0.0"},{"v":-0.012333735073725371,"d":"-0.0"},{"v":-0.010995384301463185,"d":"-0.0"},{"v":-0.010995384301463185,"d":"-0.0"},{"v":-0.010550182333308289,"d":"-0.0"},{"v":-0.015022873584506602,"d":"-0.0"},{"v":-0.011887159731648111,"d":"-0.0"},{"v":-0.014573525916998342,"d":"-0.0"},{"v":-0.015022873584506602,"d":"-0.0"},{"v":-0.014573525916998342,"d":"-0.0"},{"v":-0.008330992620051436,"d":"-0.0"},{"v":-0.009217308196862062,"d":"-0.0"},{"v":-0.012333735073725371,"d":"-0.0"},{"v":-0.012780770091995075,"d":"-0.0"},{"v":-0.01322826573375524,"d":"-0.0"},{"v":-0.014573525916998342,"d":"-0.0"},{"v":-0.015922966097169144,"d":"-0.0"},{"v":-0.015022873584506602,"d":"-0.0"},{"v":-0.016824927962187042,"d":"-0.0"},{"v":-0.01727661233145472,"d":"-0.0"},{"v":-0.017728766960431575,"d":"-0.0"},{"v":-0.018181392829336396,"d":"-0.0"},{"v":-0.016824927962187042,"d":"-0.0"},{"v":-0.013676222949234651,"d":"-0.0"},{"v":-0.012333735073725371,"d":"-0.0"},{"v":-2.1769192542744342E-3,"d":"-0.0"},61]
[{"$nulls":3},8138,"b-pc_PI_B_SG",62,{"v":-0.0043648054024501,"d":"-0.0"},{"v":-0.009217308196862062,"d":"-0.0"},{"v":-0.01322826573375524,"d":"-0.0"},{"v":-0.02045162529590483,"d":"-0.0"},{"v":-0.021819483062586187,"d":"-0.0"},{"v":-0.021363051615525652,"d":"-0.0"},{"v":-0.02045162529590483,"d":"-0.0"},{"v":-0.0190880622231564,"d":"-0.0"},{"v":-0.01547268665620738,"d":"-0.0"},{"v":-0.016824927962187042,"d":"-0.0"},{"v":-0.02045162529590483,"d":"-0.0"},{"v":-0.02045162529590483,"d":"-0.0"},{"v":-0.018181392829336396,"d":"-0.0"},{"v":-0.01954210772389997,"d":"-0.0"},{"v":-0.017728766960431575,"d":"-0.0"},{"v":-0.014573525916998342,"d":"-0.0"},{"v":-0.014124642691606404,"d":"-0.0"},{"v":-0.014124642691606404,"d":"-0.0"},{"v":-0.015922966097169144,"d":"-0.0"},{"v":-0.016824927962187042,"d":"-0.0"},{"v":-0.017728766960431575,"d":"-0.0"},{"v":-0.016373712875465518,"d":"-0.0"},{"v":-0.016824927962187042,"d":"-0.0"},{"v":-0.01547268665620738,"d":"-0.0"},{"v":-0.015922966097169144,"d":"-0.0"},{"v":-0.016373712875465518,"d":"-0.0"},{"v":-0.01727661233145472,"d":"-0.0"},{"v":-0.018634490921455527,"d":"-0.0"},{"v":-0.016824927962187042,"d":"-0.0"},{"v":-0.01727661233145472,"d":"-0.0"},{"v":-0.015022873584506602,"d":"-0.0"},{"v":-0.015022873584506602,"d":"-0.0"},{"v":-0.014124642691606404,"d":"-0.0"},{"v":-0.01547268665620738,"d":"-0.0"},{"v":-0.00656376950238835,"d":"-0.0"},62]
[{"$nulls":3},8139,"b-pc_PI_B_SG",63,{"v":-0.010550182333308289,"d":"-0.0"},{"v":-0.011441043121384498,"d":"-0.0"},{"v":-0.01727661233145472,"d":"-0.0"},{"v":-0.01954210772389997,"d":"-0.0"},{"v":-0.0190880622231564,"d":"-0.0"},{"v":-0.02365002099672653,"d":"-0.0"},{"v":-0.023191662661933732,"d":"-0.0"},{"v":-0.023191662661933732,"d":"-0.0"},{"v":-0.01954210772389997,"d":"-0.0"},{"v":-0.021819483062586187,"d":"-0.0"},{"v":-0.021363051615525652,"d":"-0.0"},{"v":-0.020907099361673565,"d":"-0.0"},{"v":-0.025028005701930978,"d":"-0.0"},{"v":-0.02826040911222183,"d":"-0.0"},{"v":-0.026410376572743033,"d":"-0.0"},{"v":-0.02872415126189476,"d":"-0.0"},{"v":-0.030118356253500123,"d":"-0.0"},{"v":-0.026410376572743033,"d":"-0.0"},{"v":-0.026872146400301444,"d":"-0.0"},{"v":-0.026410376572743033,"d":"-0.0"},{"v":-0.021363051615525652,"d":"-0.0"},{"v":-0.018634490921455527,"d":"-0.0"},{"v":-0.017728766960431575,"d":"-0.0"},{"v":-0.014573525916998342,"d":"-0.0"},{"v":-0.015022873584506602,"d":"-0.0"},{"v":-0.01727661233145472,"d":"-0.0"},{"v":-0.019996628416253603,"d":"-0.0"},{"v":-0.02045162529590483,"d":"-0.0"},{"v":-0.02227639471115217,"d":"-0.0"},{"v":-0.020907099361673565,"d":"-0.0"},{"v":-0.020907099361673565,"d":"-0.0"},{"v":-0.0190880622231564,"d":"-0.0"},{"v":-0.0371573187987575,"d":"-0.0"},{"$f":"IF(OFFSET(INDIRECT($B$3&1),$D125-1,AN$9)>0,LOG(OFFSET(INDIRECT($B$3&1),$D125-1,AN$9))-2,0)","v":{"v":-0.01727661233145472,"d":"-0.0"}},{"v":0,"d":"0.0"},63]
[{"$nulls":3},8140,"b-pc_PI_B_SG",64,{"v":-0.02365002099672653,"d":"-0.0"},{"v":-0.025488307262671706,"d":"-0.0"},{"v":-0.025488307262671706,"d":"-0.0"},{"v":-0.02365002099672653,"d":"-0.0"},{"v":-0.02227639471115217,"d":"-0.0"},{"v":-0.02045162529590483,"d":"-0.0"},{"v":-0.022733787572707387,"d":"-0.0"},{"v":-0.021363051615525652,"d":"-0.0"},{"v":-0.022733787572707387,"d":"-0.0"},{"v":-0.025028005701930978,"d":"-0.0"},{"v":-0.023191662661933732,"d":"-0.0"},{"v":-0.020907099361673565,"d":"-0.0"},{"v":-0.025488307262671706,"d":"-0.0"},{"v":-0.027334407733889066,"d":"-0.0"},{"v":-0.029188389127482228,"d":"-0.0"},{"v":-0.02872415126189476,"d":"-0.0"},{"v":-0.027797161620935595,"d":"-0.0"},{"v":-0.023191662661933732,"d":"-0.0"},{"v":-0.01954210772389997,"d":"-0.0"},{"v":-0.016824927962187042,"d":"-0.0"},{"v":-0.015022873584506602,"d":"-0.0"},{"v":-0.016824927962187042,"d":"-0.0"},{"v":-0.018181392829336396,"d":"-0.0"},{"v":-0.02227639471115217,"d":"-0.0"},{"v":-0.02227639471115217,"d":"-0.0"},{"v":-0.023191662661933732,"d":"-0.0"},{"v":-0.02045162529590483,"d":"-0.0"},{"v":-0.02227639471115217,"d":"-0.0"},{"v":-0.019996628416253603,"d":"-0.0"},{"v":-0.018634490921455527,"d":"-0.0"},{"v":-0.02045162529590483,"d":"-0.0"},{"v":-0.023191662661933732,"d":"-0.0"},{"v":-0.03905380426616856,"d":"-0.0"},{"v":0,"d":"0.0"},{"v":0,"d":"0.0"},64]
[{"$nulls":3},8141,"b-pc_PI_B_SG",65,{"v":-0.030118356253500123,"d":"-0.0"},{"v":-0.029653123769906697,"d":"-0.0"},{"v":-0.030118356253500123,"d":"-0.0"},{"v":-0.03151705144606498,"d":"-0.0"},{"v":-0.035740369803151095,"d":"-0.0"},{"v":-0.03058408764601861,"d":"-0.0"},{"v":-0.031050319018657513,"d":"-0.0"},{"v":-0.029653123769906697,"d":"-0.0"},{"v":-0.027797161620935595,"d":"-0.0"},{"v":-0.021819483062586187,"d":"-0.0"},{"v":-0.022733787572707387,"d":"-0.0"},{"v":-0.026872146400301444,"d":"-0.0"},{"v":-0.027797161620935595,"d":"-0.0"},{"v":-0.027334407733889066,"d":"-0.0"},{"v":-0.02872415126189476,"d":"-0.0"},{"v":-0.031050319018657513,"d":"-0.0"},{"v":-0.026410376572743033,"d":"-0.0"},{"v":-0.021363051615525652,"d":"-0.0"},{"v":-0.021363051615525652,"d":"-0.0"},{"v":-0.021819483062586187,"d":"-0.0"},{"v":-0.02227639471115217,"d":"-0.0"},{"v":-0.02365002099672653,"d":"-0.0"},{"v":-0.02826040911222183,"d":"-0.0"},{"v":-0.03058408764601861,"d":"-0.0"},{"v":-0.03151705144606498,"d":"-0.0"},{"v":-0.029653123769906697,"d":"-0.0"},{"v":-0.02872415126189476,"d":"-0.0"},{"v":-0.025028005701930978,"d":"-0.0"},{"v":-0.019996628416253603,"d":"-0.0"},{"v":-0.01954210772389997,"d":"-0.0"},{"v":-0.010550182333308289,"d":"-0.0"},{"v":-0.0338582672609673,"d":"-0.0"},{"v":0,"d":"0.0"},{"v":0,"d":"0.0"},{"v":0,"d":"0.0"},65]
[{"$nulls":3},8142,"b-pc_PI_B_SG",66,{"v":-0.0506099933550872,"d":"-0.1"},{"v":-0.05453141486818036,"d":"-0.1"},{"v":-0.04866248120408234,"d":"-0.0"},{"v":-0.04575749056067502,"d":"-0.0"},{"v":-0.04527520902093696,"d":"-0.0"},{"v":-0.04672366333269573,"d":"-0.0"},{"v":-0.04479346245805815,"d":"-0.0"},{"v":-0.04624030826677128,"d":"-0.0"},{"v":-0.04963514562387683,"d":"-0.0"},{"v":-0.0515870342213991,"d":"-0.1"},{"v":-0.051098239029786274,"d":"-0.1"},{"v":-0.05012229596312534,"d":"-0.1"},{"v":-0.05354773498692689,"d":"-0.1"},{"v":-0.0515870342213991,"d":"-0.1"},{"v":-0.047691990337874746,"d":"-0.0"},{"v":-0.047691990337874746,"d":"-0.0"},{"v":-0.049148541111453614,"d":"-0.0"},{"v":-0.041436116778032606,"d":"-0.0"},{"v":-0.035740369803151095,"d":"-0.0"},{"v":-0.03432802877989327,"d":"-0.0"},{"v":-0.032920265855503006,"d":"-0.0"},{"v":-0.032920265855503006,"d":"-0.0"},{"v":-0.03338901331806565,"d":"-0.0"},{"v":-0.03338901331806565,"d":"-0.0"},{"v":-0.03245202378113787,"d":"-0.0"},{"v":-0.030118356253500123,"d":"-0.0"},{"v":-0.026410376572743033,"d":"-0.0"},{"v":-0.027797161620935595,"d":"-0.0"},{"v":-0.02872415126189476,"d":"-0.0"},{"v":-0.012333735073725371,"d":"-0.0"},{"v":-0.03245202378113787,"d":"-0.0"},{"v":0,"d":"0.0"},{"v":0,"d":"0.0"},{"v":0,"d":"0.0"},{"v":0,"d":"0.0"},66]
[{"$nulls":3},8143,"b-pc_PI_B_SG",67,{"v":-0.06499684854634524,"d":"-0.1"},{"v":-0.06298389253518577,"d":"-0.1"},{"v":-0.06600683616875758,"d":"-0.1"},{"v":-0.06048074738138154,"d":"-0.1"},{"v":-0.05749589383191922,"d":"-0.1"},{"v":-0.06905096883247697,"d":"-0.1"},{"v":-0.06148027482350815,"d":"-0.1"},{"v":-0.057000406633959555,"d":"-0.1"},{"v":-0.0685421293109949,"d":"-0.1"},{"v":-0.06701917807680191,"d":"-0.1"},{"v":-0.06348625752110659,"d":"-0.1"},{"v":-0.06148027482350815,"d":"-0.1"},{"v":-0.05799194697768684,"d":"-0.1"},{"v":-0.04479346245805815,"d":"-0.0"},{"v":-0.040958607678906356,"d":"-0.0"},{"v":-0.0371573187987575,"d":"-0.0"},{"v":-0.04479346245805815,"d":"-0.0"},{"v":-0.044312249686494276,"d":"-0.0"},{"v":-0.04383156952463674,"d":"-0.0"},{"v":-0.04720755695590784,"d":"-0.0"},{"v":-0.05012229596312534,"d":"-0.1"},{"v":-0.0506099933550872,"d":"-0.1"},{"v":-0.04866248120408234,"d":"-0.0"},{"v":-0.0433514207947967,"d":"-0.0"},{"v":-0.040005161671583744,"d":"-0.0"},{"v":-0.03338901331806565,"d":"-0.0"},{"v":-0.030118356253500123,"d":"-0.0"},{"v":-0.027797161620935595,"d":"-0.0"},{"v":-0.04239271293990465,"d":"-0.0"},{"v":-0.04575749056067502,"d":"-0.0"},{"v":0,"d":"0.0"},{"v":0,"d":"0.0"},{"v":0,"d":"0.0"},{"v":0,"d":"0.0"},{"v":0,"d":"0.0"},67]
[{"$nulls":3},8144,"b-pc_PI_B_SG",68,{"v":-0.04287180232318688,"d":"-0.0"},{"v":-0.03857890593355173,"d":"-0.0"},{"v":-0.040481623027001756,"d":"-0.0"},{"v":-0.04239271293990465,"d":"-0.0"},{"v":-0.051098239029786274,"d":"-0.1"},{"v":-0.05354773498692689,"d":"-0.1"},{"v":-0.05207638016827354,"d":"-0.1"},{"v":-0.05551732784983132,"d":"-0.1"},{"v":-0.05012229596312534,"d":"-0.1"},{"v":-0.04672366333269573,"d":"-0.0"},{"v":-0.04527520902093696,"d":"-0.0"},{"v":-0.049148541111453614,"d":"-0.0"},{"v":-0.04672366333269573,"d":"-0.0"},{"v":-0.05354773498692689,"d":"-0.1"},{"v":-0.05354773498692689,"d":"-0.1"},{"v":-0.047691990337874746,"d":"-0.0"},{"v":-0.04287180232318688,"d":"-0.0"},{"v":-0.040005161671583744,"d":"-0.0"},{"v":-0.041914151478914974,"d":"-0.0"},{"v":-0.041436116778032606,"d":"-0.0"},{"v":-0.04672366333269573,"d":"-0.0"},{"v":-0.05305672930217464,"d":"-0.1"},{"v":-0.05502409158795207,"d":"-0.1"},{"v":-0.04866248120408234,"d":"-0.0"},{"v":-0.0433514207947967,"d":"-0.0"},{"v":-0.040958607678906356,"d":"-0.0"},{"v":-0.03668448861388862,"d":"-0.0"},{"v":-0.04624030826677128,"d":"-0.0"},{"v":-0.026872146400301444,"d":"-0.0"},{"v":0,"d":"0.0"},{"v":0,"d":"0.0"},{"v":0,"d":"0.0"},{"v":0,"d":"0.0"},{"v":0,"d":"0.0"},{"v":0,"d":"0.0"},68]
[{"$nulls":3},8145,"b-pc_PI_B_SG",69,{"v":-0.04720755695590784,"d":"-0.0"},{"v":-0.040005161671583744,"d":"-0.0"},{"v":-0.040958607678906356,"d":"-0.0"},{"v":-0.04672366333269573,"d":"-0.0"},{"v":-0.04672366333269573,"d":"-0.0"},{"v":-0.04963514562387683,"d":"-0.0"},{"v":-0.05799194697768684,"d":"-0.1"},{"v":-0.06148027482350815,"d":"-0.1"},{"v":-0.05749589383191922,"d":"-0.1"},{"v":-0.06048074738138154,"d":"-0.1"},{"v":-0.05601112492622806,"d":"-0.1"},{"v":-0.05354773498692689,"d":"-0.1"},{"v":-0.04527520902093696,"d":"-0.0"},{"v":-0.0371573187987575,"d":"-0.0"},{"v":-0.031050319018657513,"d":"-0.0"},{"v":-0.03668448861388862,"d":"-0.0"},{"v":-0.03151705144606498,"d":"-0.0"},{"v":-0.0371573187987575,"d":"-0.0"},{"v":-0.05256627811294923,"d":"-0.1"},{"v":-0.05998184499233683,"d":"-0.1"},{"v":-0.06248210798265341,"d":"-0.1"},{"v":-0.06098022355133348,"d":"-0.1"},{"v":-0.05601112492622806,"d":"-0.1"},{"v":-0.04624030826677128,"d":"-0.0"},{"v":-0.03952922246570112,"d":"-0.0"},{"v":-0.032920265855503006,"d":"-0.0"},{"v":-0.035740369803151095,"d":"-0.0"},{"v":-0.0515870342213991,"d":"-0.1"},{"v":0,"d":"0.0"},{"v":0,"d":"0.0"},{"v":0,"d":"0.0"},{"v":0,"d":"0.0"},{"v":0,"d":"0.0"},{"v":0,"d":"0.0"},{"v":0,"d":"0.0"},69]
[{"$nulls":3},8146,"b-pc_PI_B_SG",70,{"v":-0.04383156952463674,"d":"-0.0"},{"v":-0.04672366333269573,"d":"-0.0"},{"v":-0.05305672930217464,"d":"-0.1"},{"v":-0.04624030826677128,"d":"-0.0"},{"v":-0.049148541111453614,"d":"-0.0"},{"v":-0.05502409158795207,"d":"-0.1"},{"v":-0.05799194697768684,"d":"-0.1"},{"v":-0.05403929642243144,"d":"-0.1"},{"v":-0.05207638016827354,"d":"-0.1"},{"v":-0.05502409158795207,"d":"-0.1"},{"v":-0.05207638016827354,"d":"-0.1"},{"v":-0.05207638016827354,"d":"-0.1"},{"v":-0.04866248120408234,"d":"-0.0"},{"v":-0.0506099933550872,"d":"-0.1"},{"v":-0.03905380426616856,"d":"-0.0"},{"v":-0.03857890593355173,"d":"-0.0"},{"v":-0.032920265855503006,"d":"-0.0"},{"v":-0.03857890593355173,"d":"-0.0"},{"v":-0.041914151478914974,"d":"-0.0"},{"v":-0.05453141486818036,"d":"-0.1"},{"v":-0.05749589383191922,"d":"-0.1"},{"v":-0.05749589383191922,"d":"-0.1"},{"v":-0.05650548409389744,"d":"-0.1"},{"v":-0.05305672930217464,"d":"-0.1"},{"v":-0.04817696468408794,"d":"-0.0"},{"v":-0.013676222949234651,"d":"-0.0"},{"v":-0.04287180232318688,"d":"-0.0"},{"v":0,"d":"0.0"},{"v":0,"d":"0.0"},{"v":0,"d":"0.0"},{"v":0,"d":"0.0"},{"v":0,"d":"0.0"},{"v":0,"d":"0.0"},{"v":0,"d":"0.0"},{"v":0,"d":"0.0"},70]
[{"$nulls":3},8147,"b-pc_PI_B_SG",71,{"v":-0.16877030613293664,"d":"-0.2"},{"v":-0.17979854051435984,"d":"-0.2"},{"v":-0.17979854051435984,"d":"-0.2"},{"v":-0.17457388223217696,"d":"-0.2"},{"v":-0.15864052954514496,"d":"-0.2"},{"v":-0.12551818230053358,"d":"-0.1"},{"v":-0.09854167860388774,"d":"-0.1"},{"v":-0.08301995267961781,"d":"-0.1"},{"v":-0.06348625752110659,"d":"-0.1"},{"v":-0.057000406633959555,"d":"-0.1"},{"v":-0.05998184499233683,"d":"-0.1"},{"v":-0.05551732784983132,"d":"-0.1"},{"v":-0.04239271293990465,"d":"-0.0"},{"v":-0.040958607678906356,"d":"-0.0"},{"v":-0.04866248120408234,"d":"-0.0"},{"v":-0.04866248120408234,"d":"-0.0"},{"$f":"IF(OFFSET(INDIRECT($B$3&1),$D133-1,W$9)>0,LOG(OFFSET(INDIRECT($B$3&1),$D133-1,W$9))-2,0)","v":{"v":-0.06449273417528723,"d":"-0.1"}},{"v":-0.07675598136972361,"d":"-0.1"},{"v":-0.07883394936226118,"d":"-0.1"},{"v":-0.07520400420208784,"d":"-0.1"},{"v":-0.06803388527182741,"d":"-0.1"},{"v":-0.05453141486818036,"d":"-0.1"},{"v":-0.04866248120408234,"d":"-0.0"},{"v":-0.04866248120408234,"d":"-0.0"},{"v":-0.030118356253500123,"d":"-0.0"},{"v":-0.03857890593355173,"d":"-0.0"},{"v":0,"d":"0.0"},{"v":0,"d":"0.0"},{"v":0,"d":"0.0"},{"v":0,"d":"0.0"},{"v":0,"d":"0.0"},{"v":0,"d":"0.0"},{"v":0,"d":"0.0"},{"v":0,"d":"0.0"},{"v":0,"d":"0.0"},71]
[{"$nulls":3},8148,"b-pc_PI_B_SG",72,{"v":-0.258060922270801,"d":"-0.3"},{"v":-0.24795155218056153,"d":"-0.2"},{"v":-0.21324857785443885,"d":"-0.2"},{"v":-0.18111458540599013,"d":"-0.2"},{"v":-0.13371266091580503,"d":"-0.1"},{"v":-0.08830984124613894,"d":"-0.1"},{"v":-0.07520400420208784,"d":"-0.1"},{"v":-0.05403929642243144,"d":"-0.1"},{"v":-0.04672366333269573,"d":"-0.0"},{"v":-0.04575749056067502,"d":"-0.0"},{"v":-0.05502409158795207,"d":"-0.1"},{"v":-0.05012229596312534,"d":"-0.1"},{"v":-0.05354773498692689,"d":"-0.1"},{"v":-0.05354773498692689,"d":"-0.1"},{"v":-0.04720755695590784,"d":"-0.0"},{"v":-0.047691990337874746,"d":"-0.0"},{"v":-0.05898575629443026,"d":"-0.1"},{"v":-0.05799194697768684,"d":"-0.1"},{"v":-0.06048074738138154,"d":"-0.1"},{"v":-0.06348625752110659,"d":"-0.1"},{"v":-0.057000406633959555,"d":"-0.1"},{"v":-0.04624030826677128,"d":"-0.0"},{"v":-0.047691990337874746,"d":"-0.0"},{"v":-0.040481623027001756,"d":"-0.0"},{"v":-0.017728766960431575,"d":"-0.0"},{"v":0,"d":"0.0"},{"v":0,"d":"0.0"},{"v":0,"d":"0.0"},{"v":0,"d":"0.0"},{"v":0,"d":"0.0"},{"v":0,"d":"0.0"},{"v":0,"d":"0.0"},{"v":0,"d":"0.0"},{"v":0,"d":"0.0"},{"v":0,"d":"0.0"},72]
[{"$nulls":3},8149,"b-pc_PI_B_SG",73,{"v":-0.10127481841050656,"d":"-0.1"},{"v":-0.10790539730951965,"d":"-0.1"},{"v":-0.09528445472131897,"d":"-0.1"},{"v":-0.09745322068600859,"d":"-0.1"},{"v":-0.06803388527182741,"d":"-0.1"},{"v":-0.051098239029786274,"d":"-0.1"},{"v":-0.0506099933550872,"d":"-0.1"},{"v":-0.04866248120408234,"d":"-0.0"},{"v":-0.04720755695590784,"d":"-0.0"},{"v":-0.05502409158795207,"d":"-0.1"},{"v":-0.05898575629443026,"d":"-0.1"},{"v":-0.05403929642243144,"d":"-0.1"},{"v":-0.05601112492622806,"d":"-0.1"},{"v":-0.05650548409389744,"d":"-0.1"},{"v":-0.05207638016827354,"d":"-0.1"},{"v":-0.05207638016827354,"d":"-0.1"},{"v":-0.05898575629443026,"d":"-0.1"},{"v":-0.05898575629443026,"d":"-0.1"},{"v":-0.06550154875643233,"d":"-0.1"},{"v":-0.06550154875643233,"d":"-0.1"},{"v":-0.06248210798265341,"d":"-0.1"},{"v":-0.05799194697768684,"d":"-0.1"},{"v":-0.07987667370927598,"d":"-0.1"},{"v":-0.08092190762392604,"d":"-0.1"},{"v":0,"d":"0.0"},{"v":0,"d":"0.0"},{"v":0,"d":"0.0"},{"v":0,"d":"0.0"},{"v":0,"d":"0.0"},{"v":0,"d":"0.0"},{"v":0,"d":"0.0"},{"v":0,"d":"0.0"},{"v":0,"d":"0.0"},{"v":0,"d":"0.0"},{"v":0,"d":"0.0"},73]
[{"$nulls":3},8150,{"$f":"OFFSET(INDIRECT($B$3&1),$D136-1,E$9)","v":"b-pc_PI_B_SG"},74,{"v":-0.03763066432997886,"d":"-0.0"},{"v":-0.04479346245805815,"d":"-0.0"},{"v":-0.05453141486818036,"d":"-0.1"},{"v":-0.05305672930217464,"d":"-0.1"},{"v":-0.057000406633959555,"d":"-0.1"},{"v":-0.05551732784983132,"d":"-0.1"},{"v":-0.0515870342213991,"d":"-0.1"},{"v":-0.05453141486818036,"d":"-0.1"},{"v":-0.05305672930217464,"d":"-0.1"},{"v":-0.04720755695590784,"d":"-0.0"},{"v":-0.04479346245805815,"d":"-0.0"},{"v":-0.05305672930217464,"d":"-0.1"},{"v":-0.05998184499233683,"d":"-0.1"},{"v":-0.06048074738138154,"d":"-0.1"},{"v":-0.07109230975604719,"d":"-0.1"},{"v":-0.07314329105030759,"d":"-0.1"},{"v":-0.05998184499233683,"d":"-0.1"},{"v":-0.05354773498692689,"d":"-0.1"},{"v":-0.04720755695590784,"d":"-0.0"},{"v":-0.04527520902093696,"d":"-0.0"},{"v":-0.0433514207947967,"d":"-0.0"},{"v":-0.06550154875643233,"d":"-0.1"},{"v":-0.012333735073725371,"d":"-0.0"},{"v":0,"d":"0.0"},{"v":0,"d":"0.0"},{"v":0,"d":"0.0"},{"v":0,"d":"0.0"},{"v":0,"d":"0.0"},{"v":0,"d":"0.0"},{"v":0,"d":"0.0"},{"v":0,"d":"0.0"},{"v":0,"d":"0.0"},{"v":0,"d":"0.0"},{"v":0,"d":"0.0"},{"v":0,"d":"0.0"},74]
[{"$nulls":3},8151,"b-pc_PI_B_SG",75,{"v":-0.06701917807680191,"d":"-0.1"},{"v":-0.07417242537525759,"d":"-0.1"},{"v":-0.06752623532284674,"d":"-0.1"},{"v":-0.07314329105030759,"d":"-0.1"},{"v":-0.06550154875643233,"d":"-0.1"},{"v":-0.05354773498692689,"d":"-0.1"},{"v":-0.05256627811294923,"d":"-0.1"},{"v":-0.040958607678906356,"d":"-0.0"},{"v":-0.03952922246570112,"d":"-0.0"},{"v":-0.03432802877989327,"d":"-0.0"},{"v":-0.035740369803151095,"d":"-0.0"},{"v":-0.040005161671583744,"d":"-0.0"},{"v":-0.05305672930217464,"d":"-0.1"},{"v":-0.06248210798265341,"d":"-0.1"},{"v":-0.06600683616875758,"d":"-0.1"},{"v":-0.06956040523329987,"d":"-0.1"},{"v":-0.0665127121512945,"d":"-0.1"},{"v":-0.06248210798265341,"d":"-0.1"},{"v":-0.05453141486818036,"d":"-0.1"},{"v":-0.05502409158795207,"d":"-0.1"},{"v":-0.06198090252378963,"d":"-0.1"},{"v":-0.11804502866039956,"d":"-0.1"},{"v":0,"d":"0.0"},{"v":0,"d":"0.0"},{"v":0,"d":"0.0"},{"v":0,"d":"0.0"},{"v":0,"d":"0.0"},{"v":0,"d":"0.0"},{"v":0,"d":"0.0"},{"v":0,"d":"0.0"},{"v":0,"d":"0.0"},{"v":0,"d":"0.0"},{"v":0,"d":"0.0"},{"v":0,"d":"0.0"},{"v":0,"d":"0.0"},75]
[{"$nulls":3},8152,"b-pc_PI_B_SG",76,{"v":-0.041436116778032606,"d":"-0.0"},{"v":-0.0190880622231564,"d":"-0.0"},{"v":-0.026872146400301444,"d":"-0.0"},{"v":-0.031984286006358165,"d":"-0.0"},{"v":-0.05012229596312534,"d":"-0.1"},{"v":-0.058488567365597044,"d":"-0.1"},{"v":-0.06449273417528723,"d":"-0.1"},{"v":-0.06499684854634524,"d":"-0.1"},{"v":-0.0665127121512945,"d":"-0.1"},{"v":-0.05601112492622806,"d":"-0.1"},{"v":-0.05453141486818036,"d":"-0.1"},{"v":-0.049148541111453614,"d":"-0.0"},{"v":-0.05502409158795207,"d":"-0.1"},{"v":-0.05948351506743266,"d":"-0.1"},{"v":-0.0665127121512945,"d":"-0.1"},{"v":-0.07160414774328627,"d":"-0.1"},{"v":-0.07468790850035045,"d":"-0.1"},{"v":-0.06600683616875758,"d":"-0.1"},{"v":-0.06098022355133348,"d":"-0.1"},{"v":-0.03952922246570112,"d":"-0.0"},{"v":-0.03245202378113787,"d":"-0.0"},{"v":0,"d":"0.0"},{"v":0,"d":"0.0"},{"v":0,"d":"0.0"},{"v":0,"d":"0.0"},{"v":0,"d":"0.0"},{"v":0,"d":"0.0"},{"v":0,"d":"0.0"},{"v":0,"d":"0.0"},{"v":0,"d":"0.0"},{"v":0,"d":"0.0"},{"v":0,"d":"0.0"},{"v":0,"d":"0.0"},{"v":0,"d":"0.0"},{"v":0,"d":"0.0"},76]
[{"$nulls":3},8153,"b-pc_PI_B_SG",77,{"v":-0.07935499859321249,"d":"-0.1"},{"v":-0.05502409158795207,"d":"-0.1"},{"v":-0.04720755695590784,"d":"-0.0"},{"v":-0.029653123769906697,"d":"-0.0"},{"v":-0.03526907894637055,"d":"-0.0"},{"v":-0.03857890593355173,"d":"-0.0"},{"v":-0.044312249686494276,"d":"-0.0"},{"v":-0.04575749056067502,"d":"-0.0"},{"v":-0.04672366333269573,"d":"-0.0"},{"v":-0.044312249686494276,"d":"-0.0"},{"v":-0.04624030826677128,"d":"-0.0"},{"v":-0.05551732784983132,"d":"-0.1"},{"v":-0.06701917807680191,"d":"-0.1"},{"v":-0.07779372256098371,"d":"-0.1"},{"v":-0.08512818245994969,"d":"-0.1"},{"v":-0.09528445472131897,"d":"-0.1"},{"v":-0.08301995267961781,"d":"-0.1"},{"v":-0.08460016478773014,"d":"-0.1"},{"v":-0.112945621949043,"d":"-0.1"},{"v":-0.07468790850035045,"d":"-0.1"},{"v":0,"d":"0.0"},{"v":0,"d":"0.0"},{"v":0,"d":"0.0"},{"v":0,"d":"0.0"},{"v":0,"d":"0.0"},{"v":0,"d":"0.0"},{"v":0,"d":"0.0"},{"v":0,"d":"0.0"},{"v":0,"d":"0.0"},{"v":0,"d":"0.0"},{"v":0,"d":"0.0"},{"v":0,"d":"0.0"},{"v":0,"d":"0.0"},{"v":0,"d":"0.0"},{"v":0,"d":"0.0"},77]
[{"$nulls":3},8154,"b-pc_PI_B_SG",78,{"v":-0.06550154875643233,"d":"-0.1"},{"v":-0.05502409158795207,"d":"-0.1"},{"v":-0.025488307262671706,"d":"-0.0"},{"v":-0.020907099361673565,"d":"-0.0"},{"v":-0.025488307262671706,"d":"-0.0"},{"v":-0.02872415126189476,"d":"-0.0"},{"v":-0.0371573187987575,"d":"-0.0"},{"v":-0.05650548409389744,"d":"-0.1"},{"v":-0.05453141486818036,"d":"-0.1"},{"v":-0.058488567365597044,"d":"-0.1"},{"v":-0.07468790850035045,"d":"-0.1"},{"v":-0.07007043991541217,"d":"-0.1"},{"v":-0.06148027482350815,"d":"-0.1"},{"v":-0.07007043991541217,"d":"-0.1"},{"v":-0.07007043991541217,"d":"-0.1"},{"v":-0.05799194697768684,"d":"-0.1"},{"v":-0.058488567365597044,"d":"-0.1"},{"v":-0.07727454200674,"d":"-0.1"},{"v":-0.05650548409389744,"d":"-0.1"},{"v":0,"d":"0.0"},{"v":0,"d":"0.0"},{"v":0,"d":"0.0"},{"v":0,"d":"0.0"},{"v":0,"d":"0.0"},{"v":0,"d":"0.0"},{"v":0,"d":"0.0"},{"v":0,"d":"0.0"},{"v":0,"d":"0.0"},{"v":0,"d":"0.0"},{"v":0,"d":"0.0"},{"v":0,"d":"0.0"},{"v":0,"d":"0.0"},{"v":0,"d":"0.0"},{"$f":"IF(OFFSET(INDIRECT($B$3&1),$D140-1,AN$9)>0,LOG(OFFSET(INDIRECT($B$3&1),$D140-1,AN$9))-2,0)","v":{"v":0,"d":"0.0"}},{"v":0,"d":"0.0"},78]
[{"$nulls":3},8155,"b-pc_PI_B_SG",79,{"v":-0.06550154875643233,"d":"-0.1"},{"v":-0.05305672930217464,"d":"-0.1"},{"v":-0.04866248120408234,"d":"-0.0"},{"v":-0.03905380426616856,"d":"-0.0"},{"v":-0.026872146400301444,"d":"-0.0"},{"v":-0.049148541111453614,"d":"-0.0"},{"v":-0.044312249686494276,"d":"-0.0"},{"v":-0.06499684854634524,"d":"-0.1"},{"v":-0.09636748391576244,"d":"-0.1"},{"v":-0.10513034325474746,"d":"-0.1"},{"v":-0.09582563171583658,"d":"-0.1"},{"v":-0.09528445472131897,"d":"-0.1"},{"v":-0.07468790850035045,"d":"-0.1"},{"v":-0.05601112492622806,"d":"-0.1"},{"v":-0.05305672930217464,"d":"-0.1"},{"v":-0.04866248120408234,"d":"-0.0"},{"v":-0.05898575629443026,"d":"-0.1"},{"v":-0.08830984124613894,"d":"-0.1"},{"v":0,"d":"0.0"},{"v":0,"d":"0.0"},{"v":0,"d":"0.0"},{"v":0,"d":"0.0"},{"v":0,"d":"0.0"},{"v":0,"d":"0.0"},{"v":0,"d":"0.0"},{"v":0,"d":"0.0"},{"v":0,"d":"0.0"},{"v":0,"d":"0.0"},{"v":0,"d":"0.0"},{"v":0,"d":"0.0"},{"v":0,"d":"0.0"},{"v":0,"d":"0.0"},{"v":0,"d":"0.0"},{"v":0,"d":"0.0"},{"v":0,"d":"0.0"},79]
[{"$nulls":3},8156,"b-pc_PI_B_SG",80,{"v":-0.06298389253518577,"d":"-0.1"},{"v":-0.07160414774328627,"d":"-0.1"},{"v":-0.04672366333269573,"d":"-0.0"},{"v":-0.03058408764601861,"d":"-0.0"},{"v":-0.03338901331806565,"d":"-0.0"},{"v":-0.03479829897408804,"d":"-0.0"},{"v":-0.041914151478914974,"d":"-0.0"},{"v":-0.06550154875643233,"d":"-0.1"},{"v":-0.07623803917129979,"d":"-0.1"},{"v":-0.08407278830288423,"d":"-0.1"},{"v":-0.07935499859321249,"d":"-0.1"},{"v":-0.0856568428805593,"d":"-0.1"},{"v":-0.07262963696097646,"d":"-0.1"},{"v":-0.07160414774328627,"d":"-0.1"},{"v":-0.06398920428479049,"d":"-0.1"},{"v":-0.05012229596312534,"d":"-0.1"},{"v":-0.015022873584506602,"d":"-0.0"},{"v":0,"d":"0.0"},{"v":0,"d":"0.0"},{"v":0,"d":"0.0"},{"v":0,"d":"0.0"},{"v":0,"d":"0.0"},{"v":0,"d":"0.0"},{"v":0,"d":"0.0"},{"v":0,"d":"0.0"},{"v":0,"d":"0.0"},{"v":0,"d":"0.0"},{"v":0,"d":"0.0"},{"v":0,"d":"0.0"},{"v":0,"d":"0.0"},{"v":0,"d":"0.0"},{"v":0,"d":"0.0"},{"v":0,"d":"0.0"},{"v":0,"d":"0.0"},{"v":0,"d":"0.0"},80]
[{"$nulls":3},8157,"b-pc_PI_B_SG",81,{"v":-0.10734896612269962,"d":"-0.1"},{"v":-0.11407366019856902,"d":"-0.1"},{"v":-0.08092190762392604,"d":"-0.1"},{"v":-0.06048074738138154,"d":"-0.1"},{"v":-0.05305672930217464,"d":"-0.1"},{"v":-0.06048074738138154,"d":"-0.1"},{"v":-0.05453141486818036,"d":"-0.1"},{"v":-0.06449273417528723,"d":"-0.1"},{"v":-0.06348625752110659,"d":"-0.1"},{"v":-0.07520400420208784,"d":"-0.1"},{"v":-0.06752623532284674,"d":"-0.1"},{"v":-0.06398920428479049,"d":"-0.1"},{"v":-0.06701917807680191,"d":"-0.1"},{"v":-0.0685421293109949,"d":"-0.1"},{"v":-0.09312646527792956,"d":"-0.1"},{"v":-0.0872466963286771,"d":"-0.1"},{"v":0,"d":"0.0"},{"v":0,"d":"0.0"},{"v":0,"d":"0.0"},{"v":0,"d":"0.0"},{"v":0,"d":"0.0"},{"v":0,"d":"0.0"},{"v":0,"d":"0.0"},{"v":0,"d":"0.0"},{"v":0,"d":"0.0"},{"v":0,"d":"0.0"},{"v":0,"d":"0.0"},{"v":0,"d":"0.0"},{"v":0,"d":"0.0"},{"v":0,"d":"0.0"},{"v":0,"d":"0.0"},{"v":0,"d":"0.0"},{"v":0,"d":"0.0"},{"v":0,"d":"0.0"},{"v":0,"d":"0.0"},81]
[{"$nulls":3},8158,"b-pc_PI_B_SG",82,{"v":-0.03621217265444465,"d":"-0.0"},{"v":-0.014573525916998342,"d":"-0.0"},{"v":-0.041436116778032606,"d":"-0.0"},{"v":-0.05403929642243144,"d":"-0.1"},{"v":-0.05403929642243144,"d":"-0.1"},{"v":-0.06449273417528723,"d":"-0.1"},{"v":-0.07675598136972361,"d":"-0.1"},{"v":-0.08092190762392604,"d":"-0.1"},{"v":-0.09366495819490939,"d":"-0.1"},{"v":-0.10127481841050656,"d":"-0.1"},{"v":-0.08990945440593179,"d":"-0.1"},{"v":-0.08990945440593179,"d":"-0.1"},{"v":-0.06956040523329987,"d":"-0.1"},{"v":-0.035740369803151095,"d":"-0.0"},{"v":0,"d":"0.0"},{"v":0,"d":"0.0"},{"v":0,"d":"0.0"},{"v":0,"d":"0.0"},{"v":0,"d":"0.0"},{"v":0,"d":"0.0"},{"v":0,"d":"0.0"},{"v":0,"d":"0.0"},{"v":0,"d":"0.0"},{"v":0,"d":"0.0"},{"v":0,"d":"0.0"},{"v":0,"d":"0.0"},{"v":0,"d":"0.0"},{"v":0,"d":"0.0"},{"v":0,"d":"0.0"},{"v":0,"d":"0.0"},{"v":0,"d":"0.0"},{"v":0,"d":"0.0"},{"v":0,"d":"0.0"},{"v":0,"d":"0.0"},{"v":0,"d":"0.0"},82]
[{"$nulls":3},8159,"b-pc_PI_B_SG",83,{"v":-0.0190880622231564,"d":"-0.0"},{"v":-0.015022873584506602,"d":"-0.0"},{"v":-0.02227639471115217,"d":"-0.0"},{"v":-0.05207638016827354,"d":"-0.1"},{"v":-0.06905096883247697,"d":"-0.1"},{"v":-0.07572071393811841,"d":"-0.1"},{"v":-0.07520400420208784,"d":"-0.1"},{"v":-0.09963287134352972,"d":"-0.1"},{"v":-0.08196966321511989,"d":"-0.1"},{"v":-0.06098022355133348,"d":"-0.1"},{"v":-0.058488567365597044,"d":"-0.1"},{"v":-0.07007043991541217,"d":"-0.1"},{"v":-0.08884239126002336,"d":"-0.1"},{"v":-0.2069083998234198,"d":"-0.2"},{"v":0,"d":"0.0"},{"v":0,"d":"0.0"},{"v":0,"d":"0.0"},{"v":0,"d":"0.0"},{"v":0,"d":"0.0"},{"v":0,"d":"0.0"},{"v":0,"d":"0.0"},{"v":0,"d":"0.0"},{"v":0,"d":"0.0"},{"v":0,"d":"0.0"},{"v":0,"d":"0.0"},{"v":0,"d":"0.0"},{"v":0,"d":"0.0"},{"v":0,"d":"0.0"},{"v":0,"d":"0.0"},{"v":0,"d":"0.0"},{"v":0,"d":"0.0"},{"v":0,"d":"0.0"},{"v":0,"d":"0.0"},{"v":0,"d":"0.0"},{"v":0,"d":"0.0"},83]
[{"$nulls":3},8160,"b-pc_PI_B_SG",84,{"v":-0.06348625752110659,"d":"-0.1"},{"v":-0.031984286006358165,"d":"-0.0"},{"v":-0.02365002099672653,"d":"-0.0"},{"v":-0.03857890593355173,"d":"-0.0"},{"v":-0.06449273417528723,"d":"-0.1"},{"v":-0.06148027482350815,"d":"-0.1"},{"v":-0.09097914578884403,"d":"-0.1"},{"v":-0.08937559511079884,"d":"-0.1"},{"v":-0.09366495819490939,"d":"-0.1"},{"v":-0.06398920428479049,"d":"-0.1"},{"v":-0.06148027482350815,"d":"-0.1"},{"v":-0.027334407733889066,"d":"-0.0"},{"v":-0.047691990337874746,"d":"-0.0"},{"v":0,"d":"0.0"},{"v":0,"d":"0.0"},{"v":0,"d":"0.0"},{"v":0,"d":"0.0"},{"v":0,"d":"0.0"},{"v":0,"d":"0.0"},{"v":0,"d":"0.0"},{"v":0,"d":"0.0"},{"v":0,"d":"0.0"},{"v":0,"d":"0.0"},{"v":0,"d":"0.0"},{"v":0,"d":"0.0"},{"v":0,"d":"0.0"},{"v":0,"d":"0.0"},{"v":0,"d":"0.0"},{"v":0,"d":"0.0"},{"v":0,"d":"0.0"},{"v":0,"d":"0.0"},{"v":0,"d":"0.0"},{"v":0,"d":"0.0"},{"v":0,"d":"0.0"},{"v":0,"d":"0.0"},84]
[{"$nulls":3},8161,"b-pc_PI_B_SG",85,{"v":-0.04817696468408794,"d":"-0.0"},{"v":-0.07262963696097646,"d":"-0.1"},{"v":-0.1414628024303608,"d":"-0.1"},{"v":-0.14206473528057106,"d":"-0.1"},{"v":-0.13076828026902376,"d":"-0.1"},{"v":-0.1174754620451195,"d":"-0.1"},{"v":-0.11520463605101905,"d":"-0.1"},{"v":-0.08354605145007499,"d":"-0.1"},{"v":-0.05601112492622806,"d":"-0.1"},{"v":-0.051098239029786274,"d":"-0.1"},{"v":-0.029653123769906697,"d":"-0.0"},{"v":-0.030118356253500123,"d":"-0.0"},{"v":0,"d":"0.0"},{"v":0,"d":"0.0"},{"v":0,"d":"0.0"},{"v":0,"d":"0.0"},{"v":0,"d":"0.0"},{"v":0,"d":"0.0"},{"v":0,"d":"0.0"},{"v":0,"d":"0.0"},{"v":0,"d":"0.0"},{"v":0,"d":"0.0"},{"v":0,"d":"0.0"},{"v":0,"d":"0.0"},{"v":0,"d":"0.0"},{"v":0,"d":"0.0"},{"v":0,"d":"0.0"},{"v":0,"d":"0.0"},{"v":0,"d":"0.0"},{"v":0,"d":"0.0"},{"v":0,"d":"0.0"},{"v":0,"d":"0.0"},{"v":0,"d":"0.0"},{"v":0,"d":"0.0"},{"v":0,"d":"0.0"},85]
[{"$nulls":3},8162,"b-pc_PI_B_SG",86,{"v":-0.05453141486818036,"d":"-0.1"},{"v":-0.06348625752110659,"d":"-0.1"},{"v":-0.13608262304213947,"d":"-0.1"},{"v":-0.16941133131485575,"d":"-0.2"},{"v":-0.15304467498017615,"d":"-0.2"},{"v":-0.10902040301031102,"d":"-0.1"},{"v":-0.11861534322942724,"d":"-0.1"},{"v":-0.09205147838772776,"d":"-0.1"},{"v":-0.08407278830288423,"d":"-0.1"},{"v":-0.14630178822382556,"d":"-0.1"},{"v":-0.04963514562387683,"d":"-0.0"},{"v":0,"d":"0.0"},{"v":0,"d":"0.0"},{"v":0,"d":"0.0"},{"v":0,"d":"0.0"},{"v":0,"d":"0.0"},{"$f":"IF(OFFSET(INDIRECT($B$3&1),$D148-1,W$9)>0,LOG(OFFSET(INDIRECT($B$3&1),$D148-1,W$9))-2,0)","v":{"v":0,"d":"0.0"}},{"v":0,"d":"0.0"},{"v":0,"d":"0.0"},{"v":0,"d":"0.0"},{"v":0,"d":"0.0"},{"v":0,"d":"0.0"},{"v":0,"d":"0.0"},{"v":0,"d":"0.0"},{"v":0,"d":"0.0"},{"v":0,"d":"0.0"},{"v":0,"d":"0.0"},{"v":0,"d":"0.0"},{"v":0,"d":"0.0"},{"v":0,"d":"0.0"},{"v":0,"d":"0.0"},{"v":0,"d":"0.0"},{"v":0,"d":"0.0"},{"v":0,"d":"0.0"},{"v":0,"d":"0.0"},86]
[{"$nulls":3},8163,"b-pc_PI_B_SG",87,{"v":-0.03058408764601861,"d":"-0.0"},{"v":-0.07468790850035045,"d":"-0.1"},{"v":-0.16494389827988365,"d":"-0.2"},{"v":-0.14630178822382556,"d":"-0.1"},{"v":-0.15989390554324223,"d":"-0.2"},{"v":-0.14630178822382556,"d":"-0.1"},{"v":-0.09691001300805646,"d":"-0.1"},{"v":-0.08830984124613894,"d":"-0.1"},{"v":-0.14630178822382556,"d":"-0.1"},{"v":-0.2041199826559248,"d":"-0.2"},{"v":0,"d":"0.0"},{"v":0,"d":"0.0"},{"v":0,"d":"0.0"},{"v":0,"d":"0.0"},{"v":0,"d":"0.0"},{"v":0,"d":"0.0"},{"v":0,"d":"0.0"},{"v":0,"d":"0.0"},{"v":0,"d":"0.0"},{"v":0,"d":"0.0"},{"v":0,"d":"0.0"},{"v":0,"d":"0.0"},{"v":0,"d":"0.0"},{"v":0,"d":"0.0"},{"v":0,"d":"0.0"},{"v":0,"d":"0.0"},{"v":0,"d":"0.0"},{"v":0,"d":"0.0"},{"v":0,"d":"0.0"},{"v":0,"d":"0.0"},{"v":0,"d":"0.0"},{"v":0,"d":"0.0"},{"v":0,"d":"0.0"},{"v":0,"d":"0.0"},{"v":0,"d":"0.0"},87]
[{"$nulls":3},8164,"b-pc_PI_B_SG",88,{"v":-0.05799194697768684,"d":"-0.1"},{"v":-0.05799194697768684,"d":"-0.1"},{"v":-0.03479829897408804,"d":"-0.0"},{"v":-0.06198090252378963,"d":"-0.1"},{"v":-0.10902040301031102,"d":"-0.1"},{"v":-0.07572071393811841,"d":"-0.1"},{"v":-0.06701917807680191,"d":"-0.1"},{"v":-0.014124642691606404,"d":"-0.0"},{"v":-0.07935499859321249,"d":"-0.1"},{"v":0,"d":"0.0"},{"v":0,"d":"0.0"},{"v":0,"d":"0.0"},{"v":0,"d":"0.0"},{"v":0,"d":"0.0"},{"v":0,"d":"0.0"},{"v":0,"d":"0.0"},{"v":0,"d":"0.0"},{"v":0,"d":"0.0"},{"v":0,"d":"0.0"},{"v":0,"d":"0.0"},{"v":0,"d":"0.0"},{"v":0,"d":"0.0"},{"v":0,"d":"0.0"},{"v":0,"d":"0.0"},{"v":0,"d":"0.0"},{"v":0,"d":"0.0"},{"v":0,"d":"0.0"},{"v":0,"d":"0.0"},{"v":0,"d":"0.0"},{"v":0,"d":"0.0"},{"v":0,"d":"0.0"},{"v":0,"d":"0.0"},{"v":0,"d":"0.0"},{"v":0,"d":"0.0"},{"v":0,"d":"0.0"},88]
[{"$nulls":3},8165,"b-pc_PI_B_SG",89,{"v":-0.031984286006358165,"d":"-0.0"},{"v":-0.031984286006358165,"d":"-0.0"},{"v":-0.03763066432997886,"d":"-0.0"},{"v":-0.09691001300805646,"d":"-0.1"},{"v":-0.031984286006358165,"d":"-0.0"},{"v":-0.0433514207947967,"d":"-0.0"},{"v":-0.07007043991541217,"d":"-0.1"},{"v":-0.08407278830288423,"d":"-0.1"},{"v":0,"d":"0.0"},{"v":0,"d":"0.0"},{"v":0,"d":"0.0"},{"v":0,"d":"0.0"},{"v":0,"d":"0.0"},{"v":0,"d":"0.0"},{"v":0,"d":"0.0"},{"v":0,"d":"0.0"},{"v":0,"d":"0.0"},{"v":0,"d":"0.0"},{"v":0,"d":"0.0"},{"v":0,"d":"0.0"},{"v":0,"d":"0.0"},{"v":0,"d":"0.0"},{"v":0,"d":"0.0"},{"v":0,"d":"0.0"},{"v":0,"d":"0.0"},{"v":0,"d":"0.0"},{"v":0,"d":"0.0"},{"v":0,"d":"0.0"},{"v":0,"d":"0.0"},{"v":0,"d":"0.0"},{"v":0,"d":"0.0"},{"v":0,"d":"0.0"},{"v":0,"d":"0.0"},{"v":0,"d":"0.0"},{"v":0,"d":"0.0"},89]
[{"$nulls":3},8166,{"$f":"OFFSET(INDIRECT($B$3&1),$D152-1,E$9)","v":"b-pc_PI_B_SG"},90,{"v":-0.15989390554324223,"d":"-0.2"},{"v":-0.2692177243336109,"d":"-0.3"},{"v":-0.3419886033428876,"d":"-0.3"},{"v":-0.2111248842245832,"d":"-0.2"},{"v":-0.15989390554324223,"d":"-0.2"},{"v":-0.21183162885883222,"d":"-0.2"},{"v":-0.22184874961635637,"d":"-0.2"},{"v":0,"d":"0.0"},{"v":0,"d":"0.0"},{"v":0,"d":"0.0"},{"v":0,"d":"0.0"},{"v":0,"d":"0.0"},{"v":0,"d":"0.0"},{"v":0,"d":"0.0"},{"v":0,"d":"0.0"},{"v":0,"d":"0.0"},{"v":0,"d":"0.0"},{"v":0,"d":"0.0"},{"v":0,"d":"0.0"},{"v":0,"d":"0.0"},{"v":0,"d":"0.0"},{"v":0,"d":"0.0"},{"v":0,"d":"0.0"},{"v":0,"d":"0.0"},{"v":0,"d":"0.0"},{"v":0,"d":"0.0"},{"v":0,"d":"0.0"},{"v":0,"d":"0.0"},{"v":0,"d":"0.0"},{"v":0,"d":"0.0"},{"v":0,"d":"0.0"},{"v":0,"d":"0.0"},{"v":0,"d":"0.0"},{"v":0,"d":"0.0"},{"v":0,"d":"0.0"},{"$f":"F152","v":90}]
[]
[]
[]
[]
[]
["Sum log(Ratio)",{"$nulls":4},{"$f":"F87","v":"Age/Bir"},{"$f":"G87","v":1918},1919,1920,1921,1922,1923,1924,1925,1926,1927,1928,1929,1930,1931,1932,1933,1934,1935,1936,1937,1938,1939,1940,1941,1942,1943,1944,1945,1946,1947,1948,1949,1950,1951,1952,"Age"]
[{"$nulls":5},{"$f":"F88","v":26},{"$f":"IF(G12>0,10^SUM(G$88:G88)-G$227*G$228,NA())","v":{"$error":"#N/A"}},{"$f":"IF(H12>0,10^SUM(H$88:H88)-H$227*H$228,NA())","v":{"$error":"#N/A"}},{"$f":"IF(I12>0,10^SUM(I$88:I88)-I$227*I$228,NA())","v":{"$error":"#N/A"}},{"$f":"IF(J12>0,10^SUM(J$88:J88)-J$227*J$228,NA())","v":{"$error":"#N/A"}},{"$f":"IF(K12>0,10^SUM(K$88:K88)-K$227*K$228,NA())","v":{"$error":"#N/A"}},{"$f":"IF(L12>0,10^SUM(L$88:L88)-L$227*L$228,NA())","v":{"$error":"#N/A"}},{"$f":"IF(M12>0,10^SUM(M$88:M88)-M$227*M$228,NA())","v":{"$error":"#N/A"}},{"$f":"IF(N12>0,10^SUM(N$88:N88)-N$227*N$228,NA())","v":{"$error":"#N/A"}},{"$f":"IF(O12>0,10^SUM(O$88:O88)-O$227*O$228,NA())","v":{"$error":"#N/A"}},{"$f":"IF(P12>0,10^SUM(P$88:P88)-P$227*P$228,NA())","v":{"$error":"#N/A"}},{"$f":"IF(Q12>0,10^SUM(Q$88:Q88)-Q$227*Q$228,NA())","v":{"$error":"#N/A"}},{"$f":"IF(R12>0,10^SUM(R$88:R88)-R$227*R$228,NA())","v":{"$error":"#N/A"}},{"$f":"IF(S12>0,10^SUM(S$88:S88)-S$227*S$228,NA())","v":{"$error":"#N/A"}},{"$f":"IF(T12>0,10^SUM(T$88:T88)-T$227*T$228,NA())","v":{"$error":"#N/A"}},{"$f":"IF(U12>0,10^SUM(U$88:U88)-U$227*U$228,NA())","v":{"$error":"#N/A"}},{"$f":"IF(V12>0,10^SUM(V$88:V88)-V$227*V$228,NA())","v":{"$error":"#N/A"}},{"$f":"IF(W12>0,10^SUM(W$88:W88)-W$227*W$228,NA())","v":{"$error":"#N/A"}},{"$f":"IF(X12>0,10^SUM(X$88:X88)-X$227*X$228,NA())","v":{"$error":"#N/A"}},{"$f":"IF(Y12>0,10^SUM(Y$88:Y88)-Y$227*Y$228,NA())","v":{"$error":"#N/A"}},{"$f":"IF(Z12>0,10^SUM(Z$88:Z88)-Z$227*Z$228,NA())","v":{"$error":"#N/A"}},{"$f":"IF(AA12>0,10^SUM(AA$88:AA88)-AA$227*AA$228,NA())","v":{"$error":"#N/A"}},{"$f":"IF(AB12>0,10^SUM(AB$88:AB88)-AB$227*AB$228,NA())","v":{"$error":"#N/A"}},{"$f":"IF(AC12>0,10^SUM(AC$88:AC88)-AC$227*AC$228,NA())","v":{"$error":"#N/A"}},{"$f":"IF(AD12>0,10^SUM(AD$88:AD88)-AD$227*AD$228,NA())","v":{"$error":"#N/A"}},{"$f":"IF(AE12>0,10^SUM(AE$88:AE88)-AE$227*AE$228,NA())","v":{"$error":"#N/A"}},{"$f":"IF(AF12>0,10^SUM(AF$88:AF88)-AF$227*AF$228,NA())","v":{"$error":"#N/A"}},{"$f":"IF(AG12>0,10^SUM(AG$88:AG88)-AG$227*AG$228,NA())","v":{"$error":"#N/A"}},{"$f":"IF(AH12>0,10^SUM(AH$88:AH88)-AH$227*AH$228,NA())","v":{"$error":"#N/A"}},{"$f":"IF(AI12>0,10^SUM(AI$88:AI88)-AI$227*AI$228,NA())","v":{"$error":"#N/A"}},{"$f":"IF(AJ12>0,10^SUM(AJ$88:AJ88)-AJ$227*AJ$228,NA())","v":{"$error":"#N/A"}},{"$f":"IF(AK12>0,10^SUM(AK$88:AK88)-AK$227*AK$228,NA())","v":{"$error":"#N/A"}},{"$f":"IF(AL12>0,10^SUM(AL$88:AL88)-AL$227*AL$228,NA())","v":{"$error":"#N/A"}},{"$f":"IF(AM12>0,10^SUM(AM$88:AM88)-AM$227*AM$228,NA())","v":{"$error":"#N/A"}},{"$f":"IF(AN12>0,10^SUM(AN$88:AN88)-AN$227*AN$228,NA())","v":{"$error":"#N/A"}},{"$f":"IF(AO12>0,10^SUM(AO$88:AO88)-AO$227*AO$228,NA())","v":{"$error":"#N/A"}},{"$f":"AP88","v":26}]
[{"$nulls":5},27,{"$f":"IF(G13>0,10^SUM(G$88:G89)-G$227*G$228,NA())","v":{"$error":"#N/A"}},{"$f":"IF(H13>0,10^SUM(H$88:H89)-H$227*H$228,NA())","v":{"$error":"#N/A"}},{"$f":"IF(I13>0,10^SUM(I$88:I89)-I$227*I$228,NA())","v":{"$error":"#N/A"}},{"$f":"IF(J13>0,10^SUM(J$88:J89)-J$227*J$228,NA())","v":{"$error":"#N/A"}},{"$f":"IF(K13>0,10^SUM(K$88:K89)-K$227*K$228,NA())","v":{"$error":"#N/A"}},{"$f":"IF(L13>0,10^SUM(L$88:L89)-L$227*L$228,NA())","v":{"$error":"#N/A"}},{"$f":"IF(M13>0,10^SUM(M$88:M89)-M$227*M$228,NA())","v":{"$error":"#N/A"}},{"$f":"IF(N13>0,10^SUM(N$88:N89)-N$227*N$228,NA())","v":{"$error":"#N/A"}},{"$f":"IF(O13>0,10^SUM(O$88:O89)-O$227*O$228,NA())","v":{"$error":"#N/A"}},{"$f":"IF(P13>0,10^SUM(P$88:P89)-P$227*P$228,NA())","v":{"$error":"#N/A"}},{"$f":"IF(Q13>0,10^SUM(Q$88:Q89)-Q$227*Q$228,NA())","v":{"$error":"#N/A"}},{"$f":"IF(R13>0,10^SUM(R$88:R89)-R$227*R$228,NA())","v":{"$error":"#N/A"}},{"$f":"IF(S13>0,10^SUM(S$88:S89)-S$227*S$228,NA())","v":{"$error":"#N/A"}},{"$f":"IF(T13>0,10^SUM(T$88:T89)-T$227*T$228,NA())","v":{"$error":"#N/A"}},{"$f":"IF(U13>0,10^SUM(U$88:U89)-U$227*U$228,NA())","v":{"$error":"#N/A"}},{"$f":"IF(V13>0,10^SUM(V$88:V89)-V$227*V$228,NA())","v":{"$error":"#N/A"}},{"$f":"IF(W13>0,10^SUM(W$88:W89)-W$227*W$228,NA())","v":{"$error":"#N/A"}},{"$f":"IF(X13>0,10^SUM(X$88:X89)-X$227*X$228,NA())","v":{"$error":"#N/A"}},{"$f":"IF(Y13>0,10^SUM(Y$88:Y89)-Y$227*Y$228,NA())","v":{"$error":"#N/A"}},{"$f":"IF(Z13>0,10^SUM(Z$88:Z89)-Z$227*Z$228,NA())","v":{"$error":"#N/A"}},{"$f":"IF(AA13>0,10^SUM(AA$88:AA89)-AA$227*AA$228,NA())","v":{"$error":"#N/A"}},{"$f":"IF(AB13>0,10^SUM(AB$88:AB89)-AB$227*AB$228,NA())","v":{"$error":"#N/A"}},{"$f":"IF(AC13>0,10^SUM(AC$88:AC89)-AC$227*AC$228,NA())","v":{"$error":"#N/A"}},{"$f":"IF(AD13>0,10^SUM(AD$88:AD89)-AD$227*AD$228,NA())","v":{"$error":"#N/A"}},{"$f":"IF(AE13>0,10^SUM(AE$88:AE89)-AE$227*AE$228,NA())","v":{"$error":"#N/A"}},{"$f":"IF(AF13>0,10^SUM(AF$88:AF89)-AF$227*AF$228,NA())","v":{"$error":"#N/A"}},{"$f":"IF(AG13>0,10^SUM(AG$88:AG89)-AG$227*AG$228,NA())","v":{"$error":"#N/A"}},{"$f":"IF(AH13>0,10^SUM(AH$88:AH89)-AH$227*AH$228,NA())","v":{"$error":"#N/A"}},{"$f":"IF(AI13>0,10^SUM(AI$88:AI89)-AI$227*AI$228,NA())","v":{"$error":"#N/A"}},{"$f":"IF(AJ13>0,10^SUM(AJ$88:AJ89)-AJ$227*AJ$228,NA())","v":{"$error":"#N/A"}},{"$f":"IF(AK13>0,10^SUM(AK$88:AK89)-AK$227*AK$228,NA())","v":{"$error":"#N/A"}},{"$f":"IF(AL13>0,10^SUM(AL$88:AL89)-AL$227*AL$228,NA())","v":{"$error":"#N/A"}},{"$f":"IF(AM13>0,10^SUM(AM$88:AM89)-AM$227*AM$228,NA())","v":{"$error":"#N/A"}},{"$f":"IF(AN13>0,10^SUM(AN$88:AN89)-AN$227*AN$228,NA())","v":{"$error":"#N/A"}},{"$f":"IF(AO13>0,10^SUM(AO$88:AO89)-AO$227*AO$228,NA())","v":{"$error":"#N/A"}},{"$f":"AP89","v":27}]
[{"$nulls":5},28,{"$f":"IF(G14>0,10^SUM(G$88:G90)-G$227*G$228,NA())","v":{"$error":"#N/A"}},{"$f":"IF(H14>0,10^SUM(H$88:H90)-H$227*H$228,NA())","v":{"$error":"#N/A"}},{"$f":"IF(I14>0,10^SUM(I$88:I90)-I$227*I$228,NA())","v":{"$error":"#N/A"}},{"$f":"IF(J14>0,10^SUM(J$88:J90)-J$227*J$228,NA())","v":{"$error":"#N/A"}},{"$f":"IF(K14>0,10^SUM(K$88:K90)-K$227*K$228,NA())","v":{"$error":"#N/A"}},{"$f":"IF(L14>0,10^SUM(L$88:L90)-L$227*L$228,NA())","v":{"$error":"#N/A"}},{"$f":"IF(M14>0,10^SUM(M$88:M90)-M$227*M$228,NA())","v":{"$error":"#N/A"}},{"$f":"IF(N14>0,10^SUM(N$88:N90)-N$227*N$228,NA())","v":{"$error":"#N/A"}},{"$f":"IF(O14>0,10^SUM(O$88:O90)-O$227*O$228,NA())","v":{"$error":"#N/A"}},{"$f":"IF(P14>0,10^SUM(P$88:P90)-P$227*P$228,NA())","v":{"$error":"#N/A"}},{"$f":"IF(Q14>0,10^SUM(Q$88:Q90)-Q$227*Q$228,NA())","v":{"$error":"#N/A"}},{"$f":"IF(R14>0,10^SUM(R$88:R90)-R$227*R$228,NA())","v":{"$error":"#N/A"}},{"$f":"IF(S14>0,10^SUM(S$88:S90)-S$227*S$228,NA())","v":{"$error":"#N/A"}},{"$f":"IF(T14>0,10^SUM(T$88:T90)-T$227*T$228,NA())","v":{"$error":"#N/A"}},{"$f":"IF(U14>0,10^SUM(U$88:U90)-U$227*U$228,NA())","v":{"$error":"#N/A"}},{"$f":"IF(V14>0,10^SUM(V$88:V90)-V$227*V$228,NA())","v":{"$error":"#N/A"}},{"$f":"IF(W14>0,10^SUM(W$88:W90)-W$227*W$228,NA())","v":{"$error":"#N/A"}},{"$f":"IF(X14>0,10^SUM(X$88:X90)-X$227*X$228,NA())","v":{"$error":"#N/A"}},{"$f":"IF(Y14>0,10^SUM(Y$88:Y90)-Y$227*Y$228,NA())","v":{"$error":"#N/A"}},{"$f":"IF(Z14>0,10^SUM(Z$88:Z90)-Z$227*Z$228,NA())","v":{"$error":"#N/A"}},{"$f":"IF(AA14>0,10^SUM(AA$88:AA90)-AA$227*AA$228,NA())","v":{"$error":"#N/A"}},{"$f":"IF(AB14>0,10^SUM(AB$88:AB90)-AB$227*AB$228,NA())","v":{"$error":"#N/A"}},{"$f":"IF(AC14>0,10^SUM(AC$88:AC90)-AC$227*AC$228,NA())","v":{"$error":"#N/A"}},{"$f":"IF(AD14>0,10^SUM(AD$88:AD90)-AD$227*AD$228,NA())","v":{"$error":"#N/A"}},{"$f":"IF(AE14>0,10^SUM(AE$88:AE90)-AE$227*AE$228,NA())","v":{"$error":"#N/A"}},{"$f":"IF(AF14>0,10^SUM(AF$88:AF90)-AF$227*AF$228,NA())","v":{"$error":"#N/A"}},{"$f":"IF(AG14>0,10^SUM(AG$88:AG90)-AG$227*AG$228,NA())","v":{"$error":"#N/A"}},{"$f":"IF(AH14>0,10^SUM(AH$88:AH90)-AH$227*AH$228,NA())","v":{"$error":"#N/A"}},{"$f":"IF(AI14>0,10^SUM(AI$88:AI90)-AI$227*AI$228,NA())","v":{"$error":"#N/A"}},{"$f":"IF(AJ14>0,10^SUM(AJ$88:AJ90)-AJ$227*AJ$228,NA())","v":{"$error":"#N/A"}},{"$f":"IF(AK14>0,10^SUM(AK$88:AK90)-AK$227*AK$228,NA())","v":{"$error":"#N/A"}},{"$f":"IF(AL14>0,10^SUM(AL$88:AL90)-AL$227*AL$228,NA())","v":{"$error":"#N/A"}},{"$f":"IF(AM14>0,10^SUM(AM$88:AM90)-AM$227*AM$228,NA())","v":{"$error":"#N/A"}},{"$f":"IF(AN14>0,10^SUM(AN$88:AN90)-AN$227*AN$228,NA())","v":{"$error":"#N/A"}},{"$f":"IF(AO14>0,10^SUM(AO$88:AO90)-AO$227*AO$228,NA())","v":{"$error":"#N/A"}},28]
[{"$nulls":5},29,{"$f":"IF(G15>0,10^SUM(G$88:G91)-G$227*G$228,NA())","v":{"$error":"#N/A"}},{"$f":"IF(H15>0,10^SUM(H$88:H91)-H$227*H$228,NA())","v":{"$error":"#N/A"}},{"$f":"IF(I15>0,10^SUM(I$88:I91)-I$227*I$228,NA())","v":{"$error":"#N/A"}},{"$f":"IF(J15>0,10^SUM(J$88:J91)-J$227*J$228,NA())","v":{"$error":"#N/A"}},{"$f":"IF(K15>0,10^SUM(K$88:K91)-K$227*K$228,NA())","v":{"$error":"#N/A"}},{"$f":"IF(L15>0,10^SUM(L$88:L91)-L$227*L$228,NA())","v":{"$error":"#N/A"}},{"$f":"IF(M15>0,10^SUM(M$88:M91)-M$227*M$228,NA())","v":{"$error":"#N/A"}},{"$f":"IF(N15>0,10^SUM(N$88:N91)-N$227*N$228,NA())","v":{"$error":"#N/A"}},{"$f":"IF(O15>0,10^SUM(O$88:O91)-O$227*O$228,NA())","v":{"$error":"#N/A"}},{"$f":"IF(P15>0,10^SUM(P$88:P91)-P$227*P$228,NA())","v":{"$error":"#N/A"}},{"$f":"IF(Q15>0,10^SUM(Q$88:Q91)-Q$227*Q$228,NA())","v":{"$error":"#N/A"}},{"$f":"IF(R15>0,10^SUM(R$88:R91)-R$227*R$228,NA())","v":{"$error":"#N/A"}},{"$f":"IF(S15>0,10^SUM(S$88:S91)-S$227*S$228,NA())","v":{"$error":"#N/A"}},{"$f":"IF(T15>0,10^SUM(T$88:T91)-T$227*T$228,NA())","v":{"$error":"#N/A"}},{"$f":"IF(U15>0,10^SUM(U$88:U91)-U$227*U$228,NA())","v":{"$error":"#N/A"}},{"$f":"IF(V15>0,10^SUM(V$88:V91)-V$227*V$228,NA())","v":{"$error":"#N/A"}},{"$f":"IF(W15>0,10^SUM(W$88:W91)-W$227*W$228,NA())","v":{"$error":"#N/A"}},{"$f":"IF(X15>0,10^SUM(X$88:X91)-X$227*X$228,NA())","v":{"$error":"#N/A"}},{"$f":"IF(Y15>0,10^SUM(Y$88:Y91)-Y$227*Y$228,NA())","v":{"$error":"#N/A"}},{"$f":"IF(Z15>0,10^SUM(Z$88:Z91)-Z$227*Z$228,NA())","v":{"$error":"#N/A"}},{"$f":"IF(AA15>0,10^SUM(AA$88:AA91)-AA$227*AA$228,NA())","v":{"$error":"#N/A"}},{"$f":"IF(AB15>0,10^SUM(AB$88:AB91)-AB$227*AB$228,NA())","v":{"$error":"#N/A"}},{"$f":"IF(AC15>0,10^SUM(AC$88:AC91)-AC$227*AC$228,NA())","v":{"$error":"#N/A"}},{"$f":"IF(AD15>0,10^SUM(AD$88:AD91)-AD$227*AD$228,NA())","v":{"$error":"#N/A"}},{"$f":"IF(AE15>0,10^SUM(AE$88:AE91)-AE$227*AE$228,NA())","v":{"$error":"#N/A"}},{"$f":"IF(AF15>0,10^SUM(AF$88:AF91)-AF$227*AF$228,NA())","v":{"$error":"#N/A"}},{"$f":"IF(AG15>0,10^SUM(AG$88:AG91)-AG$227*AG$228,NA())","v":{"$error":"#N/A"}},{"$f":"IF(AH15>0,10^SUM(AH$88:AH91)-AH$227*AH$228,NA())","v":{"$error":"#N/A"}},{"$f":"IF(AI15>0,10^SUM(AI$88:AI91)-AI$227*AI$228,NA())","v":{"$error":"#N/A"}},{"$f":"IF(AJ15>0,10^SUM(AJ$88:AJ91)-AJ$227*AJ$228,NA())","v":{"$error":"#N/A"}},{"$f":"IF(AK15>0,10^SUM(AK$88:AK91)-AK$227*AK$228,NA())","v":{"$error":"#N/A"}},{"$f":"IF(AL15>0,10^SUM(AL$88:AL91)-AL$227*AL$228,NA())","v":{"$error":"#N/A"}},{"$f":"IF(AM15>0,10^SUM(AM$88:AM91)-AM$227*AM$228,NA())","v":{"$error":"#N/A"}},{"$f":"IF(AN15>0,10^SUM(AN$88:AN91)-AN$227*AN$228,NA())","v":{"$error":"#N/A"}},{"$f":"IF(AO15>0,10^SUM(AO$88:AO91)-AO$227*AO$228,NA())","v":{"$error":"#N/A"}},29]
[{"$nulls":5},30,{"$f":"IF(G16>0,10^SUM(G$88:G92)-G$227*G$228,NA())","v":{"$error":"#N/A"}},{"$f":"IF(H16>0,10^SUM(H$88:H92)-H$227*H$228,NA())","v":{"$error":"#N/A"}},{"$f":"IF(I16>0,10^SUM(I$88:I92)-I$227*I$228,NA())","v":{"$error":"#N/A"}},{"$f":"IF(J16>0,10^SUM(J$88:J92)-J$227*J$228,NA())","v":{"$error":"#N/A"}},{"$f":"IF(K16>0,10^SUM(K$88:K92)-K$227*K$228,NA())","v":{"$error":"#N/A"}},{"$f":"IF(L16>0,10^SUM(L$88:L92)-L$227*L$228,NA())","v":{"$error":"#N/A"}},{"$f":"IF(M16>0,10^SUM(M$88:M92)-M$227*M$228,NA())","v":{"$error":"#N/A"}},{"$f":"IF(N16>0,10^SUM(N$88:N92)-N$227*N$228,NA())","v":{"$error":"#N/A"}},{"$f":"IF(O16>0,10^SUM(O$88:O92)-O$227*O$228,NA())","v":{"$error":"#N/A"}},{"$f":"IF(P16>0,10^SUM(P$88:P92)-P$227*P$228,NA())","v":{"$error":"#N/A"}},{"$f":"IF(Q16>0,10^SUM(Q$88:Q92)-Q$227*Q$228,NA())","v":{"$error":"#N/A"}},{"$f":"IF(R16>0,10^SUM(R$88:R92)-R$227*R$228,NA())","v":{"$error":"#N/A"}},{"$f":"IF(S16>0,10^SUM(S$88:S92)-S$227*S$228,NA())","v":{"$error":"#N/A"}},{"$f":"IF(T16>0,10^SUM(T$88:T92)-T$227*T$228,NA())","v":{"$error":"#N/A"}},{"$f":"IF(U16>0,10^SUM(U$88:U92)-U$227*U$228,NA())","v":{"$error":"#N/A"}},{"$f":"IF(V16>0,10^SUM(V$88:V92)-V$227*V$228,NA())","v":{"$error":"#N/A"}},{"$f":"IF(W16>0,10^SUM(W$88:W92)-W$227*W$228,NA())","v":{"$error":"#N/A"}},{"$f":"IF(X16>0,10^SUM(X$88:X92)-X$227*X$228,NA())","v":{"$error":"#N/A"}},{"$f":"IF(Y16>0,10^SUM(Y$88:Y92)-Y$227*Y$228,NA())","v":{"$error":"#N/A"}},{"$f":"IF(Z16>0,10^SUM(Z$88:Z92)-Z$227*Z$228,NA())","v":{"$error":"#N/A"}},{"$f":"IF(AA16>0,10^SUM(AA$88:AA92)-AA$227*AA$228,NA())","v":{"$error":"#N/A"}},{"$f":"IF(AB16>0,10^SUM(AB$88:AB92)-AB$227*AB$228,NA())","v":{"$error":"#N/A"}},{"$f":"IF(AC16>0,10^SUM(AC$88:AC92)-AC$227*AC$228,NA())","v":{"$error":"#N/A"}},{"$f":"IF(AD16>0,10^SUM(AD$88:AD92)-AD$227*AD$228,NA())","v":{"$error":"#N/A"}},{"$f":"IF(AE16>0,10^SUM(AE$88:AE92)-AE$227*AE$228,NA())","v":{"$error":"#N/A"}},{"$f":"IF(AF16>0,10^SUM(AF$88:AF92)-AF$227*AF$228,NA())","v":{"$error":"#N/A"}},{"$f":"IF(AG16>0,10^SUM(AG$88:AG92)-AG$227*AG$228,NA())","v":{"$error":"#N/A"}},{"$f":"IF(AH16>0,10^SUM(AH$88:AH92)-AH$227*AH$228,NA())","v":{"$error":"#N/A"}},{"$f":"IF(AI16>0,10^SUM(AI$88:AI92)-AI$227*AI$228,NA())","v":{"$error":"#N/A"}},{"$f":"IF(AJ16>0,10^SUM(AJ$88:AJ92)-AJ$227*AJ$228,NA())","v":{"$error":"#N/A"}},{"$f":"IF(AK16>0,10^SUM(AK$88:AK92)-AK$227*AK$228,NA())","v":{"$error":"#N/A"}},{"$f":"IF(AL16>0,10^SUM(AL$88:AL92)-AL$227*AL$228,NA())","v":{"$error":"#N/A"}},{"$f":"IF(AM16>0,10^SUM(AM$88:AM92)-AM$227*AM$228,NA())","v":{"$error":"#N/A"}},{"$f":"IF(AN16>0,10^SUM(AN$88:AN92)-AN$227*AN$228,NA())","v":{"$error":"#N/A"}},{"$f":"IF(AO16>0,10^SUM(AO$88:AO92)-AO$227*AO$228,NA())","v":{"$error":"#N/A"}},30]
[{"$nulls":5},31,{"$f":"IF(G17>0,10^SUM(G$88:G93)-G$227*G$228,NA())","v":{"$error":"#N/A"}},{"$f":"IF(H17>0,10^SUM(H$88:H93)-H$227*H$228,NA())","v":{"$error":"#N/A"}},{"$f":"IF(I17>0,10^SUM(I$88:I93)-I$227*I$228,NA())","v":{"$error":"#N/A"}},{"$f":"IF(J17>0,10^SUM(J$88:J93)-J$227*J$228,NA())","v":{"$error":"#N/A"}},{"$f":"IF(K17>0,10^SUM(K$88:K93)-K$227*K$228,NA())","v":{"$error":"#N/A"}},{"$f":"IF(L17>0,10^SUM(L$88:L93)-L$227*L$228,NA())","v":{"$error":"#N/A"}},{"$f":"IF(M17>0,10^SUM(M$88:M93)-M$227*M$228,NA())","v":{"$error":"#N/A"}},{"$f":"IF(N17>0,10^SUM(N$88:N93)-N$227*N$228,NA())","v":{"$error":"#N/A"}},{"$f":"IF(O17>0,10^SUM(O$88:O93)-O$227*O$228,NA())","v":{"$error":"#N/A"}},{"$f":"IF(P17>0,10^SUM(P$88:P93)-P$227*P$228,NA())","v":{"$error":"#N/A"}},{"$f":"IF(Q17>0,10^SUM(Q$88:Q93)-Q$227*Q$228,NA())","v":{"$error":"#N/A"}},{"$f":"IF(R17>0,10^SUM(R$88:R93)-R$227*R$228,NA())","v":{"$error":"#N/A"}},{"$f":"IF(S17>0,10^SUM(S$88:S93)-S$227*S$228,NA())","v":{"$error":"#N/A"}},{"$f":"IF(T17>0,10^SUM(T$88:T93)-T$227*T$228,NA())","v":{"$error":"#N/A"}},{"$f":"IF(U17>0,10^SUM(U$88:U93)-U$227*U$228,NA())","v":{"$error":"#N/A"}},{"$f":"IF(V17>0,10^SUM(V$88:V93)-V$227*V$228,NA())","v":{"$error":"#N/A"}},{"$f":"IF(W17>0,10^SUM(W$88:W93)-W$227*W$228,NA())","v":{"$error":"#N/A"}},{"$f":"IF(X17>0,10^SUM(X$88:X93)-X$227*X$228,NA())","v":{"$error":"#N/A"}},{"$f":"IF(Y17>0,10^SUM(Y$88:Y93)-Y$227*Y$228,NA())","v":{"$error":"#N/A"}},{"$f":"IF(Z17>0,10^SUM(Z$88:Z93)-Z$227*Z$228,NA())","v":{"$error":"#N/A"}},{"$f":"IF(AA17>0,10^SUM(AA$88:AA93)-AA$227*AA$228,NA())","v":{"$error":"#N/A"}},{"$f":"IF(AB17>0,10^SUM(AB$88:AB93)-AB$227*AB$228,NA())","v":{"$error":"#N/A"}},{"$f":"IF(AC17>0,10^SUM(AC$88:AC93)-AC$227*AC$228,NA())","v":{"$error":"#N/A"}},{"$f":"IF(AD17>0,10^SUM(AD$88:AD93)-AD$227*AD$228,NA())","v":{"$error":"#N/A"}},{"$f":"IF(AE17>0,10^SUM(AE$88:AE93)-AE$227*AE$228,NA())","v":{"$error":"#N/A"}},{"$f":"IF(AF17>0,10^SUM(AF$88:AF93)-AF$227*AF$228,NA())","v":{"$error":"#N/A"}},{"$f":"IF(AG17>0,10^SUM(AG$88:AG93)-AG$227*AG$228,NA())","v":{"$error":"#N/A"}},{"$f":"IF(AH17>0,10^SUM(AH$88:AH93)-AH$227*AH$228,NA())","v":{"$error":"#N/A"}},{"$f":"IF(AI17>0,10^SUM(AI$88:AI93)-AI$227*AI$228,NA())","v":{"$error":"#N/A"}},{"$f":"IF(AJ17>0,10^SUM(AJ$88:AJ93)-AJ$227*AJ$228,NA())","v":{"$error":"#N/A"}},{"$f":"IF(AK17>0,10^SUM(AK$88:AK93)-AK$227*AK$228,NA())","v":{"$error":"#N/A"}},{"$f":"IF(AL17>0,10^SUM(AL$88:AL93)-AL$227*AL$228,NA())","v":{"$error":"#N/A"}},{"$f":"IF(AM17>0,10^SUM(AM$88:AM93)-AM$227*AM$228,NA())","v":{"$error":"#N/A"}},{"$f":"IF(AN17>0,10^SUM(AN$88:AN93)-AN$227*AN$228,NA())","v":{"$error":"#N/A"}},{"$f":"IF(AO17>0,10^SUM(AO$88:AO93)-AO$227*AO$228,NA())","v":{"$error":"#N/A"}},31]
[{"$nulls":5},32,{"$f":"IF(G18>0,10^SUM(G$88:G94)-G$227*G$228,NA())","v":{"$error":"#N/A"}},{"$f":"IF(H18>0,10^SUM(H$88:H94)-H$227*H$228,NA())","v":{"$error":"#N/A"}},{"$f":"IF(I18>0,10^SUM(I$88:I94)-I$227*I$228,NA())","v":{"$error":"#N/A"}},{"$f":"IF(J18>0,10^SUM(J$88:J94)-J$227*J$228,NA())","v":{"$error":"#N/A"}},{"$f":"IF(K18>0,10^SUM(K$88:K94)-K$227*K$228,NA())","v":{"$error":"#N/A"}},{"$f":"IF(L18>0,10^SUM(L$88:L94)-L$227*L$228,NA())","v":{"$error":"#N/A"}},{"$f":"IF(M18>0,10^SUM(M$88:M94)-M$227*M$228,NA())","v":{"$error":"#N/A"}},{"$f":"IF(N18>0,10^SUM(N$88:N94)-N$227*N$228,NA())","v":{"$error":"#N/A"}},{"$f":"IF(O18>0,10^SUM(O$88:O94)-O$227*O$228,NA())","v":{"$error":"#N/A"}},{"$f":"IF(P18>0,10^SUM(P$88:P94)-P$227*P$228,NA())","v":{"$error":"#N/A"}},{"$f":"IF(Q18>0,10^SUM(Q$88:Q94)-Q$227*Q$228,NA())","v":{"$error":"#N/A"}},{"$f":"IF(R18>0,10^SUM(R$88:R94)-R$227*R$228,NA())","v":{"$error":"#N/A"}},{"$f":"IF(S18>0,10^SUM(S$88:S94)-S$227*S$228,NA())","v":{"$error":"#N/A"}},{"$f":"IF(T18>0,10^SUM(T$88:T94)-T$227*T$228,NA())","v":{"$error":"#N/A"}},{"$f":"IF(U18>0,10^SUM(U$88:U94)-U$227*U$228,NA())","v":{"$error":"#N/A"}},{"$f":"IF(V18>0,10^SUM(V$88:V94)-V$227*V$228,NA())","v":{"$error":"#N/A"}},{"$f":"IF(W18>0,10^SUM(W$88:W94)-W$227*W$228,NA())","v":{"$error":"#N/A"}},{"$f":"IF(X18>0,10^SUM(X$88:X94)-X$227*X$228,NA())","v":{"$error":"#N/A"}},{"$f":"IF(Y18>0,10^SUM(Y$88:Y94)-Y$227*Y$228,NA())","v":{"$error":"#N/A"}},{"$f":"IF(Z18>0,10^SUM(Z$88:Z94)-Z$227*Z$228,NA())","v":{"$error":"#N/A"}},{"$f":"IF(AA18>0,10^SUM(AA$88:AA94)-AA$227*AA$228,NA())","v":{"$error":"#N/A"}},{"$f":"IF(AB18>0,10^SUM(AB$88:AB94)-AB$227*AB$228,NA())","v":{"$error":"#N/A"}},{"$f":"IF(AC18>0,10^SUM(AC$88:AC94)-AC$227*AC$228,NA())","v":{"$error":"#N/A"}},{"$f":"IF(AD18>0,10^SUM(AD$88:AD94)-AD$227*AD$228,NA())","v":{"$error":"#N/A"}},{"$f":"IF(AE18>0,10^SUM(AE$88:AE94)-AE$227*AE$228,NA())","v":{"$error":"#N/A"}},{"$f":"IF(AF18>0,10^SUM(AF$88:AF94)-AF$227*AF$228,NA())","v":{"$error":"#N/A"}},{"$f":"IF(AG18>0,10^SUM(AG$88:AG94)-AG$227*AG$228,NA())","v":{"$error":"#N/A"}},{"$f":"IF(AH18>0,10^SUM(AH$88:AH94)-AH$227*AH$228,NA())","v":{"$error":"#N/A"}},{"$f":"IF(AI18>0,10^SUM(AI$88:AI94)-AI$227*AI$228,NA())","v":{"$error":"#N/A"}},{"$f":"IF(AJ18>0,10^SUM(AJ$88:AJ94)-AJ$227*AJ$228,NA())","v":{"$error":"#N/A"}},{"$f":"IF(AK18>0,10^SUM(AK$88:AK94)-AK$227*AK$228,NA())","v":{"$error":"#N/A"}},{"$f":"IF(AL18>0,10^SUM(AL$88:AL94)-AL$227*AL$228,NA())","v":{"$error":"#N/A"}},{"$f":"IF(AM18>0,10^SUM(AM$88:AM94)-AM$227*AM$228,NA())","v":{"$error":"#N/A"}},{"$f":"IF(AN18>0,10^SUM(AN$88:AN94)-AN$227*AN$228,NA())","v":{"$error":"#N/A"}},{"$f":"IF(AO18>0,10^SUM(AO$88:AO94)-AO$227*AO$228,NA())","v":{"$error":"#N/A"}},32]
[{"$nulls":5},33,{"$f":"IF(G19>0,10^SUM(G$88:G95)-G$227*G$228,NA())","v":{"$error":"#N/A"}},{"$f":"IF(H19>0,10^SUM(H$88:H95)-H$227*H$228,NA())","v":{"$error":"#N/A"}},{"$f":"IF(I19>0,10^SUM(I$88:I95)-I$227*I$228,NA())","v":{"$error":"#N/A"}},{"$f":"IF(J19>0,10^SUM(J$88:J95)-J$227*J$228,NA())","v":{"$error":"#N/A"}},{"$f":"IF(K19>0,10^SUM(K$88:K95)-K$227*K$228,NA())","v":{"$error":"#N/A"}},{"$f":"IF(L19>0,10^SUM(L$88:L95)-L$227*L$228,NA())","v":{"$error":"#N/A"}},{"$f":"IF(M19>0,10^SUM(M$88:M95)-M$227*M$228,NA())","v":{"$error":"#N/A"}},{"$f":"IF(N19>0,10^SUM(N$88:N95)-N$227*N$228,NA())","v":{"$error":"#N/A"}},{"$f":"IF(O19>0,10^SUM(O$88:O95)-O$227*O$228,NA())","v":{"$error":"#N/A"}},{"$f":"IF(P19>0,10^SUM(P$88:P95)-P$227*P$228,NA())","v":{"$error":"#N/A"}},{"$f":"IF(Q19>0,10^SUM(Q$88:Q95)-Q$227*Q$228,NA())","v":{"$error":"#N/A"}},{"$f":"IF(R19>0,10^SUM(R$88:R95)-R$227*R$228,NA())","v":{"$error":"#N/A"}},{"$f":"IF(S19>0,10^SUM(S$88:S95)-S$227*S$228,NA())","v":{"$error":"#N/A"}},{"$f":"IF(T19>0,10^SUM(T$88:T95)-T$227*T$228,NA())","v":{"$error":"#N/A"}},{"$f":"IF(U19>0,10^SUM(U$88:U95)-U$227*U$228,NA())","v":{"$error":"#N/A"}},{"$f":"IF(V19>0,10^SUM(V$88:V95)-V$227*V$228,NA())","v":{"$error":"#N/A"}},{"$f":"IF(W19>0,10^SUM(W$88:W95)-W$227*W$228,NA())","v":{"$error":"#N/A"}},{"$f":"IF(X19>0,10^SUM(X$88:X95)-X$227*X$228,NA())","v":{"$error":"#N/A"}},{"$f":"IF(Y19>0,10^SUM(Y$88:Y95)-Y$227*Y$228,NA())","v":{"$error":"#N/A"}},{"$f":"IF(Z19>0,10^SUM(Z$88:Z95)-Z$227*Z$228,NA())","v":{"$error":"#N/A"}},{"$f":"IF(AA19>0,10^SUM(AA$88:AA95)-AA$227*AA$228,NA())","v":{"$error":"#N/A"}},{"$f":"IF(AB19>0,10^SUM(AB$88:AB95)-AB$227*AB$228,NA())","v":{"$error":"#N/A"}},{"$f":"IF(AC19>0,10^SUM(AC$88:AC95)-AC$227*AC$228,NA())","v":{"$error":"#N/A"}},{"$f":"IF(AD19>0,10^SUM(AD$88:AD95)-AD$227*AD$228,NA())","v":{"$error":"#N/A"}},{"$f":"IF(AE19>0,10^SUM(AE$88:AE95)-AE$227*AE$228,NA())","v":{"$error":"#N/A"}},{"$f":"IF(AF19>0,10^SUM(AF$88:AF95)-AF$227*AF$228,NA())","v":{"$error":"#N/A"}},{"$f":"IF(AG19>0,10^SUM(AG$88:AG95)-AG$227*AG$228,NA())","v":{"$error":"#N/A"}},{"$f":"IF(AH19>0,10^SUM(AH$88:AH95)-AH$227*AH$228,NA())","v":{"$error":"#N/A"}},{"$f":"IF(AI19>0,10^SUM(AI$88:AI95)-AI$227*AI$228,NA())","v":{"$error":"#N/A"}},{"$f":"IF(AJ19>0,10^SUM(AJ$88:AJ95)-AJ$227*AJ$228,NA())","v":{"$error":"#N/A"}},{"$f":"IF(AK19>0,10^SUM(AK$88:AK95)-AK$227*AK$228,NA())","v":{"$error":"#N/A"}},{"$f":"IF(AL19>0,10^SUM(AL$88:AL95)-AL$227*AL$228,NA())","v":{"$error":"#N/A"}},{"$f":"IF(AM19>0,10^SUM(AM$88:AM95)-AM$227*AM$228,NA())","v":{"$error":"#N/A"}},{"$f":"IF(AN19>0,10^SUM(AN$88:AN95)-AN$227*AN$228,NA())","v":{"$error":"#N/A"}},{"$f":"IF(AO19>0,10^SUM(AO$88:AO95)-AO$227*AO$228,NA())","v":{"$error":"#N/A"}},33]
[{"$nulls":5},34,{"$f":"IF(G20>0,10^SUM(G$88:G96)-G$227*G$228,NA())","v":{"$error":"#N/A"}},{"$f":"IF(H20>0,10^SUM(H$88:H96)-H$227*H$228,NA())","v":{"$error":"#N/A"}},{"$f":"IF(I20>0,10^SUM(I$88:I96)-I$227*I$228,NA())","v":{"$error":"#N/A"}},{"$f":"IF(J20>0,10^SUM(J$88:J96)-J$227*J$228,NA())","v":{"$error":"#N/A"}},{"$f":"IF(K20>0,10^SUM(K$88:K96)-K$227*K$228,NA())","v":{"$error":"#N/A"}},{"$f":"IF(L20>0,10^SUM(L$88:L96)-L$227*L$228,NA())","v":{"$error":"#N/A"}},{"$f":"IF(M20>0,10^SUM(M$88:M96)-M$227*M$228,NA())","v":{"$error":"#N/A"}},{"$f":"IF(N20>0,10^SUM(N$88:N96)-N$227*N$228,NA())","v":{"$error":"#N/A"}},{"$f":"IF(O20>0,10^SUM(O$88:O96)-O$227*O$228,NA())","v":{"$error":"#N/A"}},{"$f":"IF(P20>0,10^SUM(P$88:P96)-P$227*P$228,NA())","v":{"$error":"#N/A"}},{"$f":"IF(Q20>0,10^SUM(Q$88:Q96)-Q$227*Q$228,NA())","v":{"$error":"#N/A"}},{"$f":"IF(R20>0,10^SUM(R$88:R96)-R$227*R$228,NA())","v":{"$error":"#N/A"}},{"$f":"IF(S20>0,10^SUM(S$88:S96)-S$227*S$228,NA())","v":{"$error":"#N/A"}},{"$f":"IF(T20>0,10^SUM(T$88:T96)-T$227*T$228,NA())","v":{"$error":"#N/A"}},{"$f":"IF(U20>0,10^SUM(U$88:U96)-U$227*U$228,NA())","v":{"$error":"#N/A"}},{"$f":"IF(V20>0,10^SUM(V$88:V96)-V$227*V$228,NA())","v":{"$error":"#N/A"}},{"$f":"IF(W20>0,10^SUM(W$88:W96)-W$227*W$228,NA())","v":{"$error":"#N/A"}},{"$f":"IF(X20>0,10^SUM(X$88:X96)-X$227*X$228,NA())","v":{"$error":"#N/A"}},{"$f":"IF(Y20>0,10^SUM(Y$88:Y96)-Y$227*Y$228,NA())","v":{"$error":"#N/A"}},{"$f":"IF(Z20>0,10^SUM(Z$88:Z96)-Z$227*Z$228,NA())","v":{"$error":"#N/A"}},{"$f":"IF(AA20>0,10^SUM(AA$88:AA96)-AA$227*AA$228,NA())","v":{"$error":"#N/A"}},{"$f":"IF(AB20>0,10^SUM(AB$88:AB96)-AB$227*AB$228,NA())","v":{"$error":"#N/A"}},{"$f":"IF(AC20>0,10^SUM(AC$88:AC96)-AC$227*AC$228,NA())","v":{"$error":"#N/A"}},{"$f":"IF(AD20>0,10^SUM(AD$88:AD96)-AD$227*AD$228,NA())","v":{"$error":"#N/A"}},{"$f":"IF(AE20>0,10^SUM(AE$88:AE96)-AE$227*AE$228,NA())","v":{"$error":"#N/A"}},{"$f":"IF(AF20>0,10^SUM(AF$88:AF96)-AF$227*AF$228,NA())","v":{"$error":"#N/A"}},{"$f":"IF(AG20>0,10^SUM(AG$88:AG96)-AG$227*AG$228,NA())","v":{"$error":"#N/A"}},{"$f":"IF(AH20>0,10^SUM(AH$88:AH96)-AH$227*AH$228,NA())","v":{"$error":"#N/A"}},{"$f":"IF(AI20>0,10^SUM(AI$88:AI96)-AI$227*AI$228,NA())","v":{"$error":"#N/A"}},{"$f":"IF(AJ20>0,10^SUM(AJ$88:AJ96)-AJ$227*AJ$228,NA())","v":{"$error":"#N/A"}},{"$f":"IF(AK20>0,10^SUM(AK$88:AK96)-AK$227*AK$228,NA())","v":{"$error":"#N/A"}},{"$f":"IF(AL20>0,10^SUM(AL$88:AL96)-AL$227*AL$228,NA())","v":{"$error":"#N/A"}},{"$f":"IF(AM20>0,10^SUM(AM$88:AM96)-AM$227*AM$228,NA())","v":{"$error":"#N/A"}},{"$f":"IF(AN20>0,10^SUM(AN$88:AN96)-AN$227*AN$228,NA())","v":{"$error":"#N/A"}},{"$f":"IF(AO20>0,10^SUM(AO$88:AO96)-AO$227*AO$228,NA())","v":{"$error":"#N/A"}},34]
[{"$nulls":5},35,{"$f":"IF(G21>0,10^SUM(G$88:G97)-G$227*G$228,NA())","v":{"$error":"#N/A"}},{"$f":"IF(H21>0,10^SUM(H$88:H97)-H$227*H$228,NA())","v":{"$error":"#N/A"}},{"$f":"IF(I21>0,10^SUM(I$88:I97)-I$227*I$228,NA())","v":{"$error":"#N/A"}},{"$f":"IF(J21>0,10^SUM(J$88:J97)-J$227*J$228,NA())","v":{"$error":"#N/A"}},{"$f":"IF(K21>0,10^SUM(K$88:K97)-K$227*K$228,NA())","v":{"$error":"#N/A"}},{"$f":"IF(L21>0,10^SUM(L$88:L97)-L$227*L$228,NA())","v":{"$error":"#N/A"}},{"$f":"IF(M21>0,10^SUM(M$88:M97)-M$227*M$228,NA())","v":{"$error":"#N/A"}},{"$f":"IF(N21>0,10^SUM(N$88:N97)-N$227*N$228,NA())","v":{"$error":"#N/A"}},{"$f":"IF(O21>0,10^SUM(O$88:O97)-O$227*O$228,NA())","v":{"$error":"#N/A"}},{"$f":"IF(P21>0,10^SUM(P$88:P97)-P$227*P$228,NA())","v":{"$error":"#N/A"}},{"$f":"IF(Q21>0,10^SUM(Q$88:Q97)-Q$227*Q$228,NA())","v":{"$error":"#N/A"}},{"$f":"IF(R21>0,10^SUM(R$88:R97)-R$227*R$228,NA())","v":{"$error":"#N/A"}},{"$f":"IF(S21>0,10^SUM(S$88:S97)-S$227*S$228,NA())","v":{"$error":"#N/A"}},{"$f":"IF(T21>0,10^SUM(T$88:T97)-T$227*T$228,NA())","v":{"$error":"#N/A"}},{"$f":"IF(U21>0,10^SUM(U$88:U97)-U$227*U$228,NA())","v":{"$error":"#N/A"}},{"$f":"IF(V21>0,10^SUM(V$88:V97)-V$227*V$228,NA())","v":{"$error":"#N/A"}},{"$f":"IF(W21>0,10^SUM(W$88:W97)-W$227*W$228,NA())","v":{"$error":"#N/A"}},{"$f":"IF(X21>0,10^SUM(X$88:X97)-X$227*X$228,NA())","v":{"$error":"#N/A"}},{"$f":"IF(Y21>0,10^SUM(Y$88:Y97)-Y$227*Y$228,NA())","v":{"$error":"#N/A"}},{"$f":"IF(Z21>0,10^SUM(Z$88:Z97)-Z$227*Z$228,NA())","v":{"$error":"#N/A"}},{"$f":"IF(AA21>0,10^SUM(AA$88:AA97)-AA$227*AA$228,NA())","v":{"$error":"#N/A"}},{"$f":"IF(AB21>0,10^SUM(AB$88:AB97)-AB$227*AB$228,NA())","v":{"$error":"#N/A"}},{"$f":"IF(AC21>0,10^SUM(AC$88:AC97)-AC$227*AC$228,NA())","v":{"$error":"#N/A"}},{"$f":"IF(AD21>0,10^SUM(AD$88:AD97)-AD$227*AD$228,NA())","v":{"$error":"#N/A"}},{"$f":"IF(AE21>0,10^SUM(AE$88:AE97)-AE$227*AE$228,NA())","v":{"$error":"#N/A"}},{"$f":"IF(AF21>0,10^SUM(AF$88:AF97)-AF$227*AF$228,NA())","v":{"$error":"#N/A"}},{"$f":"IF(AG21>0,10^SUM(AG$88:AG97)-AG$227*AG$228,NA())","v":{"$error":"#N/A"}},{"$f":"IF(AH21>0,10^SUM(AH$88:AH97)-AH$227*AH$228,NA())","v":{"$error":"#N/A"}},{"$f":"IF(AI21>0,10^SUM(AI$88:AI97)-AI$227*AI$228,NA())","v":{"$error":"#N/A"}},{"$f":"IF(AJ21>0,10^SUM(AJ$88:AJ97)-AJ$227*AJ$228,NA())","v":{"$error":"#N/A"}},{"$f":"IF(AK21>0,10^SUM(AK$88:AK97)-AK$227*AK$228,NA())","v":{"$error":"#N/A"}},{"$f":"IF(AL21>0,10^SUM(AL$88:AL97)-AL$227*AL$228,NA())","v":{"$error":"#N/A"}},{"$f":"IF(AM21>0,10^SUM(AM$88:AM97)-AM$227*AM$228,NA())","v":{"$error":"#N/A"}},{"$f":"IF(AN21>0,10^SUM(AN$88:AN97)-AN$227*AN$228,NA())","v":{"$error":"#N/A"}},{"$f":"IF(AO21>0,10^SUM(AO$88:AO97)-AO$227*AO$228,NA())","v":{"$error":"#N/A"}},35]
[{"$nulls":5},36,{"$f":"IF(G22>0,10^SUM(G$88:G98)-G$227*G$228,NA())","v":{"$error":"#N/A"}},{"$f":"IF(H22>0,10^SUM(H$88:H98)-H$227*H$228,NA())","v":{"$error":"#N/A"}},{"$f":"IF(I22>0,10^SUM(I$88:I98)-I$227*I$228,NA())","v":{"$error":"#N/A"}},{"$f":"IF(J22>0,10^SUM(J$88:J98)-J$227*J$228,NA())","v":{"$error":"#N/A"}},{"$f":"IF(K22>0,10^SUM(K$88:K98)-K$227*K$228,NA())","v":{"$error":"#N/A"}},{"$f":"IF(L22>0,10^SUM(L$88:L98)-L$227*L$228,NA())","v":{"$error":"#N/A"}},{"$f":"IF(M22>0,10^SUM(M$88:M98)-M$227*M$228,NA())","v":{"$error":"#N/A"}},{"$f":"IF(N22>0,10^SUM(N$88:N98)-N$227*N$228,NA())","v":{"$error":"#N/A"}},{"$f":"IF(O22>0,10^SUM(O$88:O98)-O$227*O$228,NA())","v":{"$error":"#N/A"}},{"$f":"IF(P22>0,10^SUM(P$88:P98)-P$227*P$228,NA())","v":{"$error":"#N/A"}},{"$f":"IF(Q22>0,10^SUM(Q$88:Q98)-Q$227*Q$228,NA())","v":{"$error":"#N/A"}},{"$f":"IF(R22>0,10^SUM(R$88:R98)-R$227*R$228,NA())","v":{"$error":"#N/A"}},{"$f":"IF(S22>0,10^SUM(S$88:S98)-S$227*S$228,NA())","v":{"$error":"#N/A"}},{"$f":"IF(T22>0,10^SUM(T$88:T98)-T$227*T$228,NA())","v":{"$error":"#N/A"}},{"$f":"IF(U22>0,10^SUM(U$88:U98)-U$227*U$228,NA())","v":{"$error":"#N/A"}},{"$f":"IF(V22>0,10^SUM(V$88:V98)-V$227*V$228,NA())","v":{"$error":"#N/A"}},{"$f":"IF(W22>0,10^SUM(W$88:W98)-W$227*W$228,NA())","v":{"$error":"#N/A"}},{"$f":"IF(X22>0,10^SUM(X$88:X98)-X$227*X$228,NA())","v":{"$error":"#N/A"}},{"$f":"IF(Y22>0,10^SUM(Y$88:Y98)-Y$227*Y$228,NA())","v":{"$error":"#N/A"}},{"$f":"IF(Z22>0,10^SUM(Z$88:Z98)-Z$227*Z$228,NA())","v":{"$error":"#N/A"}},{"$f":"IF(AA22>0,10^SUM(AA$88:AA98)-AA$227*AA$228,NA())","v":{"$error":"#N/A"}},{"$f":"IF(AB22>0,10^SUM(AB$88:AB98)-AB$227*AB$228,NA())","v":{"$error":"#N/A"}},{"$f":"IF(AC22>0,10^SUM(AC$88:AC98)-AC$227*AC$228,NA())","v":{"$error":"#N/A"}},{"$f":"IF(AD22>0,10^SUM(AD$88:AD98)-AD$227*AD$228,NA())","v":{"$error":"#N/A"}},{"$f":"IF(AE22>0,10^SUM(AE$88:AE98)-AE$227*AE$228,NA())","v":{"$error":"#N/A"}},{"$f":"IF(AF22>0,10^SUM(AF$88:AF98)-AF$227*AF$228,NA())","v":{"$error":"#N/A"}},{"$f":"IF(AG22>0,10^SUM(AG$88:AG98)-AG$227*AG$228,NA())","v":{"$error":"#N/A"}},{"$f":"IF(AH22>0,10^SUM(AH$88:AH98)-AH$227*AH$228,NA())","v":{"$error":"#N/A"}},{"$f":"IF(AI22>0,10^SUM(AI$88:AI98)-AI$227*AI$228,NA())","v":{"$error":"#N/A"}},{"$f":"IF(AJ22>0,10^SUM(AJ$88:AJ98)-AJ$227*AJ$228,NA())","v":{"$error":"#N/A"}},{"$f":"IF(AK22>0,10^SUM(AK$88:AK98)-AK$227*AK$228,NA())","v":{"$error":"#N/A"}},{"$f":"IF(AL22>0,10^SUM(AL$88:AL98)-AL$227*AL$228,NA())","v":{"$error":"#N/A"}},{"$f":"IF(AM22>0,10^SUM(AM$88:AM98)-AM$227*AM$228,NA())","v":{"$error":"#N/A"}},{"$f":"IF(AN22>0,10^SUM(AN$88:AN98)-AN$227*AN$228,NA())","v":{"$error":"#N/A"}},{"$f":"IF(AO22>0,10^SUM(AO$88:AO98)-AO$227*AO$228,NA())","v":{"$error":"#N/A"}},36]
[{"$nulls":5},37,{"$f":"IF(G23>0,10^SUM(G$88:G99)-G$227*G$228,NA())","v":{"$error":"#N/A"}},{"$f":"IF(H23>0,10^SUM(H$88:H99)-H$227*H$228,NA())","v":{"$error":"#N/A"}},{"$f":"IF(I23>0,10^SUM(I$88:I99)-I$227*I$228,NA())","v":{"$error":"#N/A"}},{"$f":"IF(J23>0,10^SUM(J$88:J99)-J$227*J$228,NA())","v":{"$error":"#N/A"}},{"$f":"IF(K23>0,10^SUM(K$88:K99)-K$227*K$228,NA())","v":{"$error":"#N/A"}},{"$f":"IF(L23>0,10^SUM(L$88:L99)-L$227*L$228,NA())","v":{"$error":"#N/A"}},{"$f":"IF(M23>0,10^SUM(M$88:M99)-M$227*M$228,NA())","v":{"$error":"#N/A"}},{"$f":"IF(N23>0,10^SUM(N$88:N99)-N$227*N$228,NA())","v":{"$error":"#N/A"}},{"$f":"IF(O23>0,10^SUM(O$88:O99)-O$227*O$228,NA())","v":{"$error":"#N/A"}},{"$f":"IF(P23>0,10^SUM(P$88:P99)-P$227*P$228,NA())","v":{"$error":"#N/A"}},{"$f":"IF(Q23>0,10^SUM(Q$88:Q99)-Q$227*Q$228,NA())","v":{"$error":"#N/A"}},{"$f":"IF(R23>0,10^SUM(R$88:R99)-R$227*R$228,NA())","v":{"$error":"#N/A"}},{"$f":"IF(S23>0,10^SUM(S$88:S99)-S$227*S$228,NA())","v":{"$error":"#N/A"}},{"$f":"IF(T23>0,10^SUM(T$88:T99)-T$227*T$228,NA())","v":{"$error":"#N/A"}},{"$f":"IF(U23>0,10^SUM(U$88:U99)-U$227*U$228,NA())","v":{"$error":"#N/A"}},{"$f":"IF(V23>0,10^SUM(V$88:V99)-V$227*V$228,NA())","v":{"$error":"#N/A"}},{"$f":"IF(W23>0,10^SUM(W$88:W99)-W$227*W$228,NA())","v":{"$error":"#N/A"}},{"$f":"IF(X23>0,10^SUM(X$88:X99)-X$227*X$228,NA())","v":{"$error":"#N/A"}},{"$f":"IF(Y23>0,10^SUM(Y$88:Y99)-Y$227*Y$228,NA())","v":{"$error":"#N/A"}},{"$f":"IF(Z23>0,10^SUM(Z$88:Z99)-Z$227*Z$228,NA())","v":{"$error":"#N/A"}},{"$f":"IF(AA23>0,10^SUM(AA$88:AA99)-AA$227*AA$228,NA())","v":{"$error":"#N/A"}},{"$f":"IF(AB23>0,10^SUM(AB$88:AB99)-AB$227*AB$228,NA())","v":{"$error":"#N/A"}},{"$f":"IF(AC23>0,10^SUM(AC$88:AC99)-AC$227*AC$228,NA())","v":{"$error":"#N/A"}},{"$f":"IF(AD23>0,10^SUM(AD$88:AD99)-AD$227*AD$228,NA())","v":{"$error":"#N/A"}},{"$f":"IF(AE23>0,10^SUM(AE$88:AE99)-AE$227*AE$228,NA())","v":{"$error":"#N/A"}},{"$f":"IF(AF23>0,10^SUM(AF$88:AF99)-AF$227*AF$228,NA())","v":{"$error":"#N/A"}},{"$f":"IF(AG23>0,10^SUM(AG$88:AG99)-AG$227*AG$228,NA())","v":{"$error":"#N/A"}},{"$f":"IF(AH23>0,10^SUM(AH$88:AH99)-AH$227*AH$228,NA())","v":{"$error":"#N/A"}},{"$f":"IF(AI23>0,10^SUM(AI$88:AI99)-AI$227*AI$228,NA())","v":{"$error":"#N/A"}},{"$f":"IF(AJ23>0,10^SUM(AJ$88:AJ99)-AJ$227*AJ$228,NA())","v":{"$error":"#N/A"}},{"$f":"IF(AK23>0,10^SUM(AK$88:AK99)-AK$227*AK$228,NA())","v":{"$error":"#N/A"}},{"$f":"IF(AL23>0,10^SUM(AL$88:AL99)-AL$227*AL$228,NA())","v":{"$error":"#N/A"}},{"$f":"IF(AM23>0,10^SUM(AM$88:AM99)-AM$227*AM$228,NA())","v":{"$error":"#N/A"}},{"$f":"IF(AN23>0,10^SUM(AN$88:AN99)-AN$227*AN$228,NA())","v":{"$error":"#N/A"}},{"$f":"IF(AO23>0,10^SUM(AO$88:AO99)-AO$227*AO$228,NA())","v":{"$error":"#N/A"}},37]
[{"$nulls":5},38,{"$f":"IF(G24>0,10^SUM(G$88:G100)-G$227*G$228,NA())","v":{"$error":"#N/A"}},{"$f":"IF(H24>0,10^SUM(H$88:H100)-H$227*H$228,NA())","v":{"$error":"#N/A"}},{"$f":"IF(I24>0,10^SUM(I$88:I100)-I$227*I$228,NA())","v":{"$error":"#N/A"}},{"$f":"IF(J24>0,10^SUM(J$88:J100)-J$227*J$228,NA())","v":{"$error":"#N/A"}},{"$f":"IF(K24>0,10^SUM(K$88:K100)-K$227*K$228,NA())","v":{"$error":"#N/A"}},{"$f":"IF(L24>0,10^SUM(L$88:L100)-L$227*L$228,NA())","v":{"$error":"#N/A"}},{"$f":"IF(M24>0,10^SUM(M$88:M100)-M$227*M$228,NA())","v":{"$error":"#N/A"}},{"$f":"IF(N24>0,10^SUM(N$88:N100)-N$227*N$228,NA())","v":{"$error":"#N/A"}},{"$f":"IF(O24>0,10^SUM(O$88:O100)-O$227*O$228,NA())","v":{"$error":"#N/A"}},{"$f":"IF(P24>0,10^SUM(P$88:P100)-P$227*P$228,NA())","v":{"$error":"#N/A"}},{"$f":"IF(Q24>0,10^SUM(Q$88:Q100)-Q$227*Q$228,NA())","v":{"$error":"#N/A"}},{"$f":"IF(R24>0,10^SUM(R$88:R100)-R$227*R$228,NA())","v":{"$error":"#N/A"}},{"$f":"IF(S24>0,10^SUM(S$88:S100)-S$227*S$228,NA())","v":{"$error":"#N/A"}},{"$f":"IF(T24>0,10^SUM(T$88:T100)-T$227*T$228,NA())","v":{"$error":"#N/A"}},{"$f":"IF(U24>0,10^SUM(U$88:U100)-U$227*U$228,NA())","v":{"$error":"#N/A"}},{"$f":"IF(V24>0,10^SUM(V$88:V100)-V$227*V$228,NA())","v":{"$error":"#N/A"}},{"$f":"IF(W24>0,10^SUM(W$88:W100)-W$227*W$228,NA())","v":{"$error":"#N/A"}},{"$f":"IF(X24>0,10^SUM(X$88:X100)-X$227*X$228,NA())","v":{"$error":"#N/A"}},{"$f":"IF(Y24>0,10^SUM(Y$88:Y100)-Y$227*Y$228,NA())","v":{"$error":"#N/A"}},{"$f":"IF(Z24>0,10^SUM(Z$88:Z100)-Z$227*Z$228,NA())","v":{"$error":"#N/A"}},{"$f":"IF(AA24>0,10^SUM(AA$88:AA100)-AA$227*AA$228,NA())","v":{"$error":"#N/A"}},{"$f":"IF(AB24>0,10^SUM(AB$88:AB100)-AB$227*AB$228,NA())","v":{"$error":"#N/A"}},{"$f":"IF(AC24>0,10^SUM(AC$88:AC100)-AC$227*AC$228,NA())","v":{"$error":"#N/A"}},{"$f":"IF(AD24>0,10^SUM(AD$88:AD100)-AD$227*AD$228,NA())","v":{"v":0.997,"d":"1.0"}},{"$f":"IF(AE24>0,10^SUM(AE$88:AE100)-AE$227*AE$228,NA())","v":{"v":0.9990000000000001,"d":"1.0"}},{"$f":"IF(AF24>0,10^SUM(AF$88:AF100)-AF$227*AF$228,NA())","v":{"v":0.9930000000000002,"d":"1.0"}},{"$f":"IF(AG24>0,10^SUM(AG$88:AG100)-AG$227*AG$228,NA())","v":{"v":0.9950000000000003,"d":"1.0"}},{"$f":"IF(AH24>0,10^SUM(AH$88:AH100)-AH$227*AH$228,NA())","v":{"v":0.9950000000000003,"d":"1.0"}},{"$f":"IF(AI24>0,10^SUM(AI$88:AI100)-AI$227*AI$228,NA())","v":{"v":0.9979999999999997,"d":"1.0"}},{"$f":"IF(AJ24>0,10^SUM(AJ$88:AJ100)-AJ$227*AJ$228,NA())","v":{"v":1,"d":"1.0"}},{"$f":"IF(AK24>0,10^SUM(AK$88:AK100)-AK$227*AK$228,NA())","v":{"$error":"#N/A"}},{"$f":"IF(AL24>0,10^SUM(AL$88:AL100)-AL$227*AL$228,NA())","v":{"$error":"#N/A"}},{"$f":"IF(AM24>0,10^SUM(AM$88:AM100)-AM$227*AM$228,NA())","v":{"$error":"#N/A"}},{"$f":"IF(AN24>0,10^SUM(AN$88:AN100)-AN$227*AN$228,NA())","v":{"$error":"#N/A"}},{"$f":"IF(AO24>0,10^SUM(AO$88:AO100)-AO$227*AO$228,NA())","v":{"$error":"#N/A"}},38]
[{"$nulls":5},39,{"$f":"IF(G25>0,10^SUM(G$88:G101)-G$227*G$228,NA())","v":{"$error":"#N/A"}},{"$f":"IF(H25>0,10^SUM(H$88:H101)-H$227*H$228,NA())","v":{"$error":"#N/A"}},{"$f":"IF(I25>0,10^SUM(I$88:I101)-I$227*I$228,NA())","v":{"$error":"#N/A"}},{"$f":"IF(J25>0,10^SUM(J$88:J101)-J$227*J$228,NA())","v":{"$error":"#N/A"}},{"$f":"IF(K25>0,10^SUM(K$88:K101)-K$227*K$228,NA())","v":{"$error":"#N/A"}},{"$f":"IF(L25>0,10^SUM(L$88:L101)-L$227*L$228,NA())","v":{"$error":"#N/A"}},{"$f":"IF(M25>0,10^SUM(M$88:M101)-M$227*M$228,NA())","v":{"$error":"#N/A"}},{"$f":"IF(N25>0,10^SUM(N$88:N101)-N$227*N$228,NA())","v":{"$error":"#N/A"}},{"$f":"IF(O25>0,10^SUM(O$88:O101)-O$227*O$228,NA())","v":{"$error":"#N/A"}},{"$f":"IF(P25>0,10^SUM(P$88:P101)-P$227*P$228,NA())","v":{"$error":"#N/A"}},{"$f":"IF(Q25>0,10^SUM(Q$88:Q101)-Q$227*Q$228,NA())","v":{"$error":"#N/A"}},{"$f":"IF(R25>0,10^SUM(R$88:R101)-R$227*R$228,NA())","v":{"$error":"#N/A"}},{"$f":"IF(S25>0,10^SUM(S$88:S101)-S$227*S$228,NA())","v":{"$error":"#N/A"}},{"$f":"IF(T25>0,10^SUM(T$88:T101)-T$227*T$228,NA())","v":{"$error":"#N/A"}},{"$f":"IF(U25>0,10^SUM(U$88:U101)-U$227*U$228,NA())","v":{"$error":"#N/A"}},{"$f":"IF(V25>0,10^SUM(V$88:V101)-V$227*V$228,NA())","v":{"$error":"#N/A"}},{"$f":"IF(W25>0,10^SUM(W$88:W101)-W$227*W$228,NA())","v":{"$error":"#N/A"}},{"$f":"IF(X25>0,10^SUM(X$88:X101)-X$227*X$228,NA())","v":{"$error":"#N/A"}},{"$f":"IF(Y25>0,10^SUM(Y$88:Y101)-Y$227*Y$228,NA())","v":{"$error":"#N/A"}},{"$f":"IF(Z25>0,10^SUM(Z$88:Z101)-Z$227*Z$228,NA())","v":{"$error":"#N/A"}},{"$f":"IF(AA25>0,10^SUM(AA$88:AA101)-AA$227*AA$228,NA())","v":{"v":0.9979999999999997,"d":"1.0"}},{"$f":"IF(AB25>0,10^SUM(AB$88:AB101)-AB$227*AB$228,NA())","v":{"v":0.9930000000000002,"d":"1.0"}},{"$f":"IF(AC25>0,10^SUM(AC$88:AC101)-AC$227*AC$228,NA())","v":{"v":0.9909999999999998,"d":"1.0"}},{"$f":"IF(AD25>0,10^SUM(AD$88:AD101)-AD$227*AD$228,NA())","v":{"v":0.9940089999999998,"d":"1.0"}},{"$f":"IF(AE25>0,10^SUM(AE$88:AE101)-AE$227*AE$228,NA())","v":{"v":0.9920070000000002,"d":"1.0"}},{"$f":"IF(AF25>0,10^SUM(AF$88:AF101)-AF$227*AF$228,NA())","v":{"v":0.9810840000000001,"d":"1.0"}},{"$f":"IF(AG25>0,10^SUM(AG$88:AG101)-AG$227*AG$228,NA())","v":{"v":0.9840550000000005,"d":"1.0"}},{"$f":"IF(AH25>0,10^SUM(AH$88:AH101)-AH$227*AH$228,NA())","v":{"v":0.9820650000000005,"d":"1.0"}},{"$f":"IF(AI25>0,10^SUM(AI$88:AI101)-AI$227*AI$228,NA())","v":{"v":0.9910139999999998,"d":"1.0"}},{"$f":"IF(AJ25>0,10^SUM(AJ$88:AJ101)-AJ$227*AJ$228,NA())","v":{"v":0.997,"d":"1.0"}},{"$f":"IF(AK25>0,10^SUM(AK$88:AK101)-AK$227*AK$228,NA())","v":{"$error":"#N/A"}},{"$f":"IF(AL25>0,10^SUM(AL$88:AL101)-AL$227*AL$228,NA())","v":{"$error":"#N/A"}},{"$f":"IF(AM25>0,10^SUM(AM$88:AM101)-AM$227*AM$228,NA())","v":{"$error":"#N/A"}},{"$f":"IF(AN25>0,10^SUM(AN$88:AN101)-AN$227*AN$228,NA())","v":{"$error":"#N/A"}},{"$f":"IF(AO25>0,10^SUM(AO$88:AO101)-AO$227*AO$228,NA())","v":{"$error":"#N/A"}},39]
[{"$nulls":5},40,{"$f":"IF(G26>0,10^SUM(G$88:G102)-G$227*G$228,NA())","v":{"$error":"#N/A"}},{"$f":"IF(H26>0,10^SUM(H$88:H102)-H$227*H$228,NA())","v":{"$error":"#N/A"}},{"$f":"IF(I26>0,10^SUM(I$88:I102)-I$227*I$228,NA())","v":{"$error":"#N/A"}},{"$f":"IF(J26>0,10^SUM(J$88:J102)-J$227*J$228,NA())","v":{"$error":"#N/A"}},{"$f":"IF(K26>0,10^SUM(K$88:K102)-K$227*K$228,NA())","v":{"$error":"#N/A"}},{"$f":"IF(L26>0,10^SUM(L$88:L102)-L$227*L$228,NA())","v":{"$error":"#N/A"}},{"$f":"IF(M26>0,10^SUM(M$88:M102)-M$227*M$228,NA())","v":{"$error":"#N/A"}},{"$f":"IF(N26>0,10^SUM(N$88:N102)-N$227*N$228,NA())","v":{"$error":"#N/A"}},{"$f":"IF(O26>0,10^SUM(O$88:O102)-O$227*O$228,NA())","v":{"$error":"#N/A"}},{"$f":"IF(P26>0,10^SUM(P$88:P102)-P$227*P$228,NA())","v":{"v":0.9580371340056131,"d":"1.0"}},{"$f":"IF(Q26>0,10^SUM(Q$88:Q102)-Q$227*Q$228,NA())","v":{"$error":"#N/A"}},{"$f":"IF(R26>0,10^SUM(R$88:R102)-R$227*R$228,NA())","v":{"$error":"#N/A"}},{"$f":"IF(S26>0,10^SUM(S$88:S102)-S$227*S$228,NA())","v":{"$error":"#N/A"}},{"$f":"IF(T26>0,10^SUM(T$88:T102)-T$227*T$228,NA())","v":{"$error":"#N/A"}},{"$f":"IF(U26>0,10^SUM(U$88:U102)-U$227*U$228,NA())","v":{"$error":"#N/A"}},{"$f":"IF(V26>0,10^SUM(V$88:V102)-V$227*V$228,NA())","v":{"$error":"#N/A"}},{"$f":"IF(W26>0,10^SUM(W$88:W102)-W$227*W$228,NA())","v":{"$error":"#N/A"}},{"$f":"IF(X26>0,10^SUM(X$88:X102)-X$227*X$228,NA())","v":{"v":0.9990000000000001,"d":"1.0"}},{"$f":"IF(Y26>0,10^SUM(Y$88:Y102)-Y$227*Y$228,NA())","v":{"$error":"#N/A"}},{"$f":"IF(Z26>0,10^SUM(Z$88:Z102)-Z$227*Z$228,NA())","v":{"$error":"#N/A"}},{"$f":"IF(AA26>0,10^SUM(AA$88:AA102)-AA$227*AA$228,NA())","v":{"$error":"#N/A"}},{"$f":"IF(AB26>0,10^SUM(AB$88:AB102)-AB$227*AB$228,NA())","v":{"v":0.9930000000000002,"d":"1.0"}},{"$f":"IF(AC26>0,10^SUM(AC$88:AC102)-AC$227*AC$228,NA())","v":{"v":0.990009,"d":"1.0"}},{"$f":"IF(AD26>0,10^SUM(AD$88:AD102)-AD$227*AD$228,NA())","v":{"v":0.9790988649999995,"d":"1.0"}},{"$f":"IF(AE26>0,10^SUM(AE$88:AE102)-AE$227*AE$228,NA())","v":{"v":0.9711748530000005,"d":"1.0"}},{"$f":"IF(AF26>0,10^SUM(AF$88:AF102)-AF$227*AF$228,NA())","v":{"v":0.9595001520000004,"d":"1.0"}},{"$f":"IF(AG26>0,10^SUM(AG$88:AG102)-AG$227*AG$228,NA())","v":{"v":0.9643739000000003,"d":"1.0"}},{"$f":"IF(AH26>0,10^SUM(AH$88:AH102)-AH$227*AH$228,NA())","v":{"v":0.9653698950000004,"d":"1.0"}},{"$f":"IF(AI26>0,10^SUM(AI$88:AI102)-AI$227*AI$228,NA())","v":{"v":0.9791218319999999,"d":"1.0"}},{"$f":"IF(AJ26>0,10^SUM(AJ$88:AJ102)-AJ$227*AJ$228,NA())","v":{"$error":"#N/A"}},{"$f":"IF(AK26>0,10^SUM(AK$88:AK102)-AK$227*AK$228,NA())","v":{"v":1,"d":"1.0"}},{"$f":"IF(AL26>0,10^SUM(AL$88:AL102)-AL$227*AL$228,NA())","v":{"$error":"#N/A"}},{"$f":"IF(AM26>0,10^SUM(AM$88:AM102)-AM$227*AM$228,NA())","v":{"$error":"#N/A"}},{"$f":"IF(AN26>0,10^SUM(AN$88:AN102)-AN$227*AN$228,NA())","v":{"$error":"#N/A"}},{"$f":"IF(AO26>0,10^SUM(AO$88:AO102)-AO$227*AO$228,NA())","v":{"$error":"#N/A"}},40]
[{"$nulls":5},41,{"$f":"IF(G27>0,10^SUM(G$88:G103)-G$227*G$228,NA())","v":{"$error":"#N/A"}},{"$f":"IF(H27>0,10^SUM(H$88:H103)-H$227*H$228,NA())","v":{"$error":"#N/A"}},{"$f":"IF(I27>0,10^SUM(I$88:I103)-I$227*I$228,NA())","v":{"$error":"#N/A"}},{"$f":"IF(J27>0,10^SUM(J$88:J103)-J$227*J$228,NA())","v":{"$error":"#N/A"}},{"$f":"IF(K27>0,10^SUM(K$88:K103)-K$227*K$228,NA())","v":{"$error":"#N/A"}},{"$f":"IF(L27>0,10^SUM(L$88:L103)-L$227*L$228,NA())","v":{"$error":"#N/A"}},{"$f":"IF(M27>0,10^SUM(M$88:M103)-M$227*M$228,NA())","v":{"$error":"#N/A"}},{"$f":"IF(N27>0,10^SUM(N$88:N103)-N$227*N$228,NA())","v":{"$error":"#N/A"}},{"$f":"IF(O27>0,10^SUM(O$88:O103)-O$227*O$228,NA())","v":{"$error":"#N/A"}},{"$f":"IF(P27>0,10^SUM(P$88:P103)-P$227*P$228,NA())","v":{"$error":"#N/A"}},{"$f":"IF(Q27>0,10^SUM(Q$88:Q103)-Q$227*Q$228,NA())","v":{"$error":"#N/A"}},{"$f":"IF(R27>0,10^SUM(R$88:R103)-R$227*R$228,NA())","v":{"$error":"#N/A"}},{"$f":"IF(S27>0,10^SUM(S$88:S103)-S$227*S$228,NA())","v":{"$error":"#N/A"}},{"$f":"IF(T27>0,10^SUM(T$88:T103)-T$227*T$228,NA())","v":{"$error":"#N/A"}},{"$f":"IF(U27>0,10^SUM(U$88:U103)-U$227*U$228,NA())","v":{"$error":"#N/A"}},{"$f":"IF(V27>0,10^SUM(V$88:V103)-V$227*V$228,NA())","v":{"$error":"#N/A"}},{"$f":"IF(W27>0,10^SUM(W$88:W103)-W$227*W$228,NA())","v":{"$error":"#N/A"}},{"$f":"IF(X27>0,10^SUM(X$88:X103)-X$227*X$228,NA())","v":{"$error":"#N/A"}},{"$f":"IF(Y27>0,10^SUM(Y$88:Y103)-Y$227*Y$228,NA())","v":{"v":0.9979999999999997,"d":"1.0"}},{"$f":"IF(Z27>0,10^SUM(Z$88:Z103)-Z$227*Z$228,NA())","v":{"v":0.997,"d":"1.0"}},{"$f":"IF(AA27>0,10^SUM(AA$88:AA103)-AA$227*AA$228,NA())","v":{"v":0.9920119999999999,"d":"1.0"}},{"$f":"IF(AB27>0,10^SUM(AB$88:AB103)-AB$227*AB$228,NA())","v":{"v":0.9850560000000002,"d":"1.0"}},{"$f":"IF(AC27>0,10^SUM(AC$88:AC103)-AC$227*AC$228,NA())","v":{"v":0.9721888380000001,"d":"1.0"}},{"$f":"IF(AD27>0,10^SUM(AD$88:AD103)-AD$227*AD$228,NA())","v":{"v":0.9693078763499996,"d":"1.0"}},{"$f":"IF(AE27>0,10^SUM(AE$88:AE103)-AE$227*AE$228,NA())","v":{"v":0.9614631044700004,"d":"1.0"}},{"$f":"IF(AF27>0,10^SUM(AF$88:AF103)-AF$227*AF$228,NA())","v":{"v":0.9499051504800002,"d":"0.9"}},{"$f":"IF(AG27>0,10^SUM(AG$88:AG103)-AG$227*AG$228,NA())","v":{"v":0.9605164044000002,"d":"1.0"}},{"$f":"IF(AH27>0,10^SUM(AH$88:AH103)-AH$227*AH$228,NA())","v":{"v":0.9653698950000004,"d":"1.0"}},{"$f":"IF(AI27>0,10^SUM(AI$88:AI103)-AI$227*AI$228,NA())","v":{"v":0.97422622284,"d":"1.0"}},{"$f":"IF(AJ27>0,10^SUM(AJ$88:AJ103)-AJ$227*AJ$228,NA())","v":{"v":0.9950059999999996,"d":"1.0"}},{"$f":"IF(AK27>0,10^SUM(AK$88:AK103)-AK$227*AK$228,NA())","v":{"$error":"#N/A"}},{"$f":"IF(AL27>0,10^SUM(AL$88:AL103)-AL$227*AL$228,NA())","v":{"$error":"#N/A"}},{"$f":"IF(AM27>0,10^SUM(AM$88:AM103)-AM$227*AM$228,NA())","v":{"$error":"#N/A"}},{"$f":"IF(AN27>0,10^SUM(AN$88:AN103)-AN$227*AN$228,NA())","v":{"$error":"#N/A"}},{"$f":"IF(AO27>0,10^SUM(AO$88:AO103)-AO$227*AO$228,NA())","v":{"$error":"#N/A"}},41]
[{"$nulls":5},42,{"$f":"IF(G28>0,10^SUM(G$88:G104)-G$227*G$228,NA())","v":{"$error":"#N/A"}},{"$f":"IF(H28>0,10^SUM(H$88:H104)-H$227*H$228,NA())","v":{"$error":"#N/A"}},{"$f":"IF(I28>0,10^SUM(I$88:I104)-I$227*I$228,NA())","v":{"$error":"#N/A"}},{"$f":"IF(J28>0,10^SUM(J$88:J104)-J$227*J$228,NA())","v":{"$error":"#N/A"}},{"$f":"IF(K28>0,10^SUM(K$88:K104)-K$227*K$228,NA())","v":{"$error":"#N/A"}},{"$f":"IF(L28>0,10^SUM(L$88:L104)-L$227*L$228,NA())","v":{"$error":"#N/A"}},{"$f":"IF(M28>0,10^SUM(M$88:M104)-M$227*M$228,NA())","v":{"$error":"#N/A"}},{"$f":"IF(N28>0,10^SUM(N$88:N104)-N$227*N$228,NA())","v":{"v":0.9499833182160302,"d":"0.9"}},{"$f":"IF(O28>0,10^SUM(O$88:O104)-O$227*O$228,NA())","v":{"$error":"#N/A"}},{"$f":"IF(P28>0,10^SUM(P$88:P104)-P$227*P$228,NA())","v":{"$error":"#N/A"}},{"$f":"IF(Q28>0,10^SUM(Q$88:Q104)-Q$227*Q$228,NA())","v":{"$error":"#N/A"}},{"$f":"IF(R28>0,10^SUM(R$88:R104)-R$227*R$228,NA())","v":{"$error":"#N/A"}},{"$f":"IF(S28>0,10^SUM(S$88:S104)-S$227*S$228,NA())","v":{"$error":"#N/A"}},{"$f":"IF(T28>0,10^SUM(T$88:T104)-T$227*T$228,NA())","v":{"$error":"#N/A"}},{"$f":"IF(U28>0,10^SUM(U$88:U104)-U$227*U$228,NA())","v":{"v":0.9990000000000001,"d":"1.0"}},{"$f":"IF(V28>0,10^SUM(V$88:V104)-V$227*V$228,NA())","v":{"$error":"#N/A"}},{"$f":"IF(W28>0,10^SUM(W$88:W104)-W$227*W$228,NA())","v":{"$error":"#N/A"}},{"$f":"IF(X28>0,10^SUM(X$88:X104)-X$227*X$228,NA())","v":{"$error":"#N/A"}},{"$f":"IF(Y28>0,10^SUM(Y$88:Y104)-Y$227*Y$228,NA())","v":{"$error":"#N/A"}},{"$f":"IF(Z28>0,10^SUM(Z$88:Z104)-Z$227*Z$228,NA())","v":{"$error":"#N/A"}},{"$f":"IF(AA28>0,10^SUM(AA$88:AA104)-AA$227*AA$228,NA())","v":{"v":0.9860599280000002,"d":"1.0"}},{"$f":"IF(AB28>0,10^SUM(AB$88:AB104)-AB$227*AB$228,NA())","v":{"v":0.9821008320000001,"d":"1.0"}},{"$f":"IF(AC28>0,10^SUM(AC$88:AC104)-AC$227*AC$228,NA())","v":{"v":0.9624669496200001,"d":"1.0"}},{"$f":"IF(AD28>0,10^SUM(AD$88:AD104)-AD$227*AD$228,NA())","v":{"v":0.9537989503283997,"d":"1.0"}},{"$f":"IF(AE28>0,10^SUM(AE$88:AE104)-AE$227*AE$228,NA())","v":{"v":0.9441567685895406,"d":"0.9"}},{"$f":"IF(AF28>0,10^SUM(AF$88:AF104)-AF$227*AF$228,NA())","v":{"v":0.9318569526208804,"d":"0.9"}},{"$f":"IF(AG28>0,10^SUM(AG$88:AG104)-AG$227*AG$228,NA())","v":{"v":0.9413060763120004,"d":"0.9"}},{"$f":"IF(AH28>0,10^SUM(AH$88:AH104)-AH$227*AH$228,NA())","v":{"v":0.9499239766800006,"d":"0.9"}},{"$f":"IF(AI28>0,10^SUM(AI$88:AI104)-AI$227*AI$228,NA())","v":{"v":0.9644839606116001,"d":"1.0"}},{"$f":"IF(AJ28>0,10^SUM(AJ$88:AJ104)-AJ$227*AJ$228,NA())","v":{"v":0.9920209819999994,"d":"1.0"}},{"$f":"IF(AK28>0,10^SUM(AK$88:AK104)-AK$227*AK$228,NA())","v":{"v":1,"d":"1.0"}},{"$f":"IF(AL28>0,10^SUM(AL$88:AL104)-AL$227*AL$228,NA())","v":{"$error":"#N/A"}},{"$f":"IF(AM28>0,10^SUM(AM$88:AM104)-AM$227*AM$228,NA())","v":{"$error":"#N/A"}},{"$f":"IF(AN28>0,10^SUM(AN$88:AN104)-AN$227*AN$228,NA())","v":{"$error":"#N/A"}},{"$f":"IF(AO28>0,10^SUM(AO$88:AO104)-AO$227*AO$228,NA())","v":{"v":0.9930000000000002,"d":"1.0"}},42]
[{"$nulls":5},43,{"$f":"IF(G29>0,10^SUM(G$88:G105)-G$227*G$228,NA())","v":{"$error":"#N/A"}},{"$f":"IF(H29>0,10^SUM(H$88:H105)-H$227*H$228,NA())","v":{"$error":"#N/A"}},{"$f":"IF(I29>0,10^SUM(I$88:I105)-I$227*I$228,NA())","v":{"$error":"#N/A"}},{"$f":"IF(J29>0,10^SUM(J$88:J105)-J$227*J$228,NA())","v":{"$error":"#N/A"}},{"$f":"IF(K29>0,10^SUM(K$88:K105)-K$227*K$228,NA())","v":{"$error":"#N/A"}},{"$f":"IF(L29>0,10^SUM(L$88:L105)-L$227*L$228,NA())","v":{"$error":"#N/A"}},{"$f":"IF(M29>0,10^SUM(M$88:M105)-M$227*M$228,NA())","v":{"$error":"#N/A"}},{"$f":"IF(N29>0,10^SUM(N$88:N105)-N$227*N$228,NA())","v":{"$error":"#N/A"}},{"$f":"IF(O29>0,10^SUM(O$88:O105)-O$227*O$228,NA())","v":{"$error":"#N/A"}},{"$f":"IF(P29>0,10^SUM(P$88:P105)-P$227*P$228,NA())","v":{"$error":"#N/A"}},{"$f":"IF(Q29>0,10^SUM(Q$88:Q105)-Q$227*Q$228,NA())","v":{"$error":"#N/A"}},{"$f":"IF(R29>0,10^SUM(R$88:R105)-R$227*R$228,NA())","v":{"$error":"#N/A"}},{"$f":"IF(S29>0,10^SUM(S$88:S105)-S$227*S$228,NA())","v":{"$error":"#N/A"}},{"$f":"IF(T29>0,10^SUM(T$88:T105)-T$227*T$228,NA())","v":{"$error":"#N/A"}},{"$f":"IF(U29>0,10^SUM(U$88:U105)-U$227*U$228,NA())","v":{"$error":"#N/A"}},{"$f":"IF(V29>0,10^SUM(V$88:V105)-V$227*V$228,NA())","v":{"$error":"#N/A"}},{"$f":"IF(W29>0,10^SUM(W$88:W105)-W$227*W$228,NA())","v":{"$error":"#N/A"}},{"$f":"IF(X29>0,10^SUM(X$88:X105)-X$227*X$228,NA())","v":{"v":0.9980010000000001,"d":"1.0"}},{"$f":"IF(Y29>0,10^SUM(Y$88:Y105)-Y$227*Y$228,NA())","v":{"v":0.9979999999999997,"d":"1.0"}},{"$f":"IF(Z29>0,10^SUM(Z$88:Z105)-Z$227*Z$228,NA())","v":{"v":0.9890239999999999,"d":"1.0"}},{"$f":"IF(AA29>0,10^SUM(AA$88:AA105)-AA$227*AA$228,NA())","v":{"v":0.9623944897279999,"d":"1.0"}},{"$f":"IF(AB29>0,10^SUM(AB$88:AB105)-AB$227*AB$228,NA())","v":{"v":0.9575483112000001,"d":"1.0"}},{"$f":"IF(AC29>0,10^SUM(AC$88:AC105)-AC$227*AC$228,NA())","v":{"v":0.9403302097787399,"d":"0.9"}},{"$f":"IF(AD29>0,10^SUM(AD$88:AD105)-AD$227*AD$228,NA())","v":{"v":0.9337691723715035,"d":"0.9"}},{"$f":"IF(AE29>0,10^SUM(AE$88:AE105)-AE$227*AE$228,NA())","v":{"v":0.9281061035235183,"d":"0.9"}},{"$f":"IF(AF29>0,10^SUM(AF$88:AF105)-AF$227*AF$228,NA())","v":{"v":0.9216065261420507,"d":"0.9"}},{"$f":"IF(AG29>0,10^SUM(AG$88:AG105)-AG$227*AG$228,NA())","v":{"v":0.9394234641593762,"d":"0.9"}},{"$f":"IF(AH29>0,10^SUM(AH$88:AH105)-AH$227*AH$228,NA())","v":{"v":0.9442244328199209,"d":"0.9"}},{"$f":"IF(AI29>0,10^SUM(AI$88:AI105)-AI$227*AI$228,NA())","v":{"v":0.9635194766509886,"d":"1.0"}},{"$f":"IF(AJ29>0,10^SUM(AJ$88:AJ105)-AJ$227*AJ$228,NA())","v":{"$error":"#N/A"}},{"$f":"IF(AK29>0,10^SUM(AK$88:AK105)-AK$227*AK$228,NA())","v":{"v":0.9930000000000002,"d":"1.0"}},{"$f":"IF(AL29>0,10^SUM(AL$88:AL105)-AL$227*AL$228,NA())","v":{"v":0.9849999999999999,"d":"1.0"}},{"$f":"IF(AM29>0,10^SUM(AM$88:AM105)-AM$227*AM$228,NA())","v":{"v":0.9820000000000001,"d":"1.0"}},{"$f":"IF(AN29>0,10^SUM(AN$88:AN105)-AN$227*AN$228,NA())","v":{"v":0.9810000000000001,"d":"1.0"}},{"$f":"IF(AO29>0,10^SUM(AO$88:AO105)-AO$227*AO$228,NA())","v":{"v":0.9840630000000001,"d":"1.0"}},43]
[{"$nulls":5},44,{"$f":"IF(G30>0,10^SUM(G$88:G106)-G$227*G$228,NA())","v":{"$error":"#N/A"}},{"$f":"IF(H30>0,10^SUM(H$88:H106)-H$227*H$228,NA())","v":{"$error":"#N/A"}},{"$f":"IF(I30>0,10^SUM(I$88:I106)-I$227*I$228,NA())","v":{"$error":"#N/A"}},{"$f":"IF(J30>0,10^SUM(J$88:J106)-J$227*J$228,NA())","v":{"$error":"#N/A"}},{"$f":"IF(K30>0,10^SUM(K$88:K106)-K$227*K$228,NA())","v":{"$error":"#N/A"}},{"$f":"IF(L30>0,10^SUM(L$88:L106)-L$227*L$228,NA())","v":{"$error":"#N/A"}},{"$f":"IF(M30>0,10^SUM(M$88:M106)-M$227*M$228,NA())","v":{"$error":"#N/A"}},{"$f":"IF(N30>0,10^SUM(N$88:N106)-N$227*N$228,NA())","v":{"$error":"#N/A"}},{"$f":"IF(O30>0,10^SUM(O$88:O106)-O$227*O$228,NA())","v":{"$error":"#N/A"}},{"$f":"IF(P30>0,10^SUM(P$88:P106)-P$227*P$228,NA())","v":{"$error":"#N/A"}},{"$f":"IF(Q30>0,10^SUM(Q$88:Q106)-Q$227*Q$228,NA())","v":{"$error":"#N/A"}},{"$f":"IF(R30>0,10^SUM(R$88:R106)-R$227*R$228,NA())","v":{"$error":"#N/A"}},{"$f":"IF(S30>0,10^SUM(S$88:S106)-S$227*S$228,NA())","v":{"$error":"#N/A"}},{"$f":"IF(T30>0,10^SUM(T$88:T106)-T$227*T$228,NA())","v":{"$error":"#N/A"}},{"$f":"IF(U30>0,10^SUM(U$88:U106)-U$227*U$228,NA())","v":{"$error":"#N/A"}},{"$f":"IF(V30>0,10^SUM(V$88:V106)-V$227*V$228,NA())","v":{"$error":"#N/A"}},{"$f":"IF(W30>0,10^SUM(W$88:W106)-W$227*W$228,NA())","v":{"$error":"#N/A"}},{"$f":"IF(X30>0,10^SUM(X$88:X106)-X$227*X$228,NA())","v":{"v":0.9900169920000002,"d":"1.0"}},{"$f":"IF(Y30>0,10^SUM(Y$88:Y106)-Y$227*Y$228,NA())","v":{"v":0.9890179999999997,"d":"1.0"}},{"$f":"IF(Z30>0,10^SUM(Z$88:Z106)-Z$227*Z$228,NA())","v":{"v":0.9712215679999999,"d":"1.0"}},{"$f":"IF(AA30>0,10^SUM(AA$88:AA106)-AA$227*AA$228,NA())","v":{"v":0.9392970219745279,"d":"0.9"}},{"$f":"IF(AB30>0,10^SUM(AB$88:AB106)-AB$227*AB$228,NA())","v":{"v":0.9278643135528002,"d":"0.9"}},{"$f":"IF(AC30>0,10^SUM(AC$88:AC106)-AC$227*AC$228,NA())","v":{"v":0.9158816243244926,"d":"0.9"}},{"$f":"IF(AD30>0,10^SUM(AD$88:AD106)-AD$227*AD$228,NA())","v":{"v":0.9141600197517024,"d":"0.9"}},{"$f":"IF(AE30>0,10^SUM(AE$88:AE106)-AE$227*AE$228,NA())","v":{"v":0.9076877692460011,"d":"0.9"}},{"$f":"IF(AF30>0,10^SUM(AF$88:AF106)-AF$227*AF$228,NA())","v":{"v":0.905939215197636,"d":"0.9"}},{"$f":"IF(AG30>0,10^SUM(AG$88:AG106)-AG$227*AG$228,NA())","v":{"v":0.9319080764461011,"d":"0.9"}},{"$f":"IF(AH30>0,10^SUM(AH$88:AH106)-AH$227*AH$228,NA())","v":{"v":0.9395033106558215,"d":"0.9"}},{"$f":"IF(AI30>0,10^SUM(AI$88:AI106)-AI$227*AI$228,NA())","v":{"v":0.9587018792677339,"d":"1.0"}},{"$f":"IF(AJ30>0,10^SUM(AJ$88:AJ106)-AJ$227*AJ$228,NA())","v":{"v":0.9880528980719994,"d":"1.0"}},{"$f":"IF(AK30>0,10^SUM(AK$88:AK106)-AK$227*AK$228,NA())","v":{"v":0.9900210000000002,"d":"1.0"}},{"$f":"IF(AL30>0,10^SUM(AL$88:AL106)-AL$227*AL$228,NA())","v":{"v":0.9820449999999997,"d":"1.0"}},{"$f":"IF(AM30>0,10^SUM(AM$88:AM106)-AM$227*AM$228,NA())","v":{"v":0.9761080000000003,"d":"1.0"}},{"$f":"IF(AN30>0,10^SUM(AN$88:AN106)-AN$227*AN$228,NA())","v":{"v":0.9731520000000001,"d":"1.0"}},{"$f":"IF(AO30>0,10^SUM(AO$88:AO106)-AO$227*AO$228,NA())","v":{"$error":"#N/A"}},44]
[{"$nulls":5},45,{"$f":"IF(G31>0,10^SUM(G$88:G107)-G$227*G$228,NA())","v":{"$error":"#N/A"}},{"$f":"IF(H31>0,10^SUM(H$88:H107)-H$227*H$228,NA())","v":{"$error":"#N/A"}},{"$f":"IF(I31>0,10^SUM(I$88:I107)-I$227*I$228,NA())","v":{"$error":"#N/A"}},{"$f":"IF(J31>0,10^SUM(J$88:J107)-J$227*J$228,NA())","v":{"$error":"#N/A"}},{"$f":"IF(K31>0,10^SUM(K$88:K107)-K$227*K$228,NA())","v":{"v":0.889589905761997,"d":"0.9"}},{"$f":"IF(L31>0,10^SUM(L$88:L107)-L$227*L$228,NA())","v":{"$error":"#N/A"}},{"$f":"IF(M31>0,10^SUM(M$88:M107)-M$227*M$228,NA())","v":{"$error":"#N/A"}},{"$f":"IF(N31>0,10^SUM(N$88:N107)-N$227*N$228,NA())","v":{"$error":"#N/A"}},{"$f":"IF(O31>0,10^SUM(O$88:O107)-O$227*O$228,NA())","v":{"$error":"#N/A"}},{"$f":"IF(P31>0,10^SUM(P$88:P107)-P$227*P$228,NA())","v":{"$error":"#N/A"}},{"$f":"IF(Q31>0,10^SUM(Q$88:Q107)-Q$227*Q$228,NA())","v":{"$error":"#N/A"}},{"$f":"IF(R31>0,10^SUM(R$88:R107)-R$227*R$228,NA())","v":{"$error":"#N/A"}},{"$f":"IF(S31>0,10^SUM(S$88:S107)-S$227*S$228,NA())","v":{"v":0.9959999999999998,"d":"1.0"}},{"$f":"IF(T31>0,10^SUM(T$88:T107)-T$227*T$228,NA())","v":{"v":0.9990000000000001,"d":"1.0"}},{"$f":"IF(U31>0,10^SUM(U$88:U107)-U$227*U$228,NA())","v":{"$error":"#N/A"}},{"$f":"IF(V31>0,10^SUM(V$88:V107)-V$227*V$228,NA())","v":{"v":0.9990000000000001,"d":"1.0"}},{"$f":"IF(W31>0,10^SUM(W$88:W107)-W$227*W$228,NA())","v":{"$error":"#N/A"}},{"$f":"IF(X31>0,10^SUM(X$88:X107)-X$227*X$228,NA())","v":{"v":0.9890269750080004,"d":"1.0"}},{"$f":"IF(Y31>0,10^SUM(Y$88:Y107)-Y$227*Y$228,NA())","v":{"v":0.9801168379999995,"d":"1.0"}},{"$f":"IF(Z31>0,10^SUM(Z$88:Z107)-Z$227*Z$228,NA())","v":{"v":0.9566532444799998,"d":"1.0"}},{"$f":"IF(AA31>0,10^SUM(AA$88:AA107)-AA$227*AA$228,NA())","v":{"v":0.919571784513063,"d":"0.9"}},{"$f":"IF(AB31>0,10^SUM(AB$88:AB107)-AB$227*AB$228,NA())","v":{"v":0.9083791629681917,"d":"0.9"}},{"$f":"IF(AC31>0,10^SUM(AC$88:AC107)-AC$227*AC$228,NA())","v":{"v":0.8984798734623274,"d":"0.9"}},{"$f":"IF(AD31>0,10^SUM(AD$88:AD107)-AD$227*AD$228,NA())","v":{"v":0.8986192994159232,"d":"0.9"}},{"$f":"IF(AE31>0,10^SUM(AE$88:AE107)-AE$227*AE$228,NA())","v":{"v":0.8922570771688191,"d":"0.9"}},{"$f":"IF(AF31>0,10^SUM(AF$88:AF107)-AF$227*AF$228,NA())","v":{"v":0.8950679446152643,"d":"0.9"}},{"$f":"IF(AG31>0,10^SUM(AG$88:AG107)-AG$227*AG$228,NA())","v":{"v":0.9225889956816401,"d":"0.9"}},{"$f":"IF(AH31>0,10^SUM(AH$88:AH107)-AH$227*AH$228,NA())","v":{"v":0.931987284170575,"d":"0.9"}},{"$f":"IF(AI31>0,10^SUM(AI$88:AI107)-AI$227*AI$228,NA())","v":{"v":0.9567844755091981,"d":"1.0"}},{"$f":"IF(AJ31>0,10^SUM(AJ$88:AJ107)-AJ$227*AJ$228,NA())","v":{"v":0.9653276814163432,"d":"1.0"}},{"$f":"IF(AK31>0,10^SUM(AK$88:AK107)-AK$227*AK$228,NA())","v":{"v":0.9900210000000002,"d":"1.0"}},{"$f":"IF(AL31>0,10^SUM(AL$88:AL107)-AL$227*AL$228,NA())","v":{"v":0.9800809099999994,"d":"1.0"}},{"$f":"IF(AM31>0,10^SUM(AM$88:AM107)-AM$227*AM$228,NA())","v":{"v":0.974155784,"d":"1.0"}},{"$f":"IF(AN31>0,10^SUM(AN$88:AN107)-AN$227*AN$228,NA())","v":{"v":0.9702325440000001,"d":"1.0"}},{"$f":"IF(AO31>0,10^SUM(AO$88:AO107)-AO$227*AO$228,NA())","v":{"v":0.9830789370000003,"d":"1.0"}},45]
[{"$nulls":5},46,{"$f":"IF(G32>0,10^SUM(G$88:G108)-G$227*G$228,NA())","v":{"$error":"#N/A"}},{"$f":"IF(H32>0,10^SUM(H$88:H108)-H$227*H$228,NA())","v":{"$error":"#N/A"}},{"$f":"IF(I32>0,10^SUM(I$88:I108)-I$227*I$228,NA())","v":{"$error":"#N/A"}},{"$f":"IF(J32>0,10^SUM(J$88:J108)-J$227*J$228,NA())","v":{"v":0.8855869584011581,"d":"0.9"}},{"$f":"IF(K32>0,10^SUM(K$88:K108)-K$227*K$228,NA())","v":{"$error":"#N/A"}},{"$f":"IF(L32>0,10^SUM(L$88:L108)-L$227*L$228,NA())","v":{"$error":"#N/A"}},{"$f":"IF(M32>0,10^SUM(M$88:M108)-M$227*M$228,NA())","v":{"$error":"#N/A"}},{"$f":"IF(N32>0,10^SUM(N$88:N108)-N$227*N$228,NA())","v":{"$error":"#N/A"}},{"$f":"IF(O32>0,10^SUM(O$88:O108)-O$227*O$228,NA())","v":{"$error":"#N/A"}},{"$f":"IF(P32>0,10^SUM(P$88:P108)-P$227*P$228,NA())","v":{"$error":"#N/A"}},{"$f":"IF(Q32>0,10^SUM(Q$88:Q108)-Q$227*Q$228,NA())","v":{"v":0.9897259222615362,"d":"1.0"}},{"$f":"IF(R32>0,10^SUM(R$88:R108)-R$227*R$228,NA())","v":{"v":0.9963454003030621,"d":"1.0"}},{"$f":"IF(S32>0,10^SUM(S$88:S108)-S$227*S$228,NA())","v":{"$error":"#N/A"}},{"$f":"IF(T32>0,10^SUM(T$88:T108)-T$227*T$228,NA())","v":{"v":0.9910080000000002,"d":"1.0"}},{"$f":"IF(U32>0,10^SUM(U$88:U108)-U$227*U$228,NA())","v":{"v":0.9970019999999998,"d":"1.0"}},{"$f":"IF(V32>0,10^SUM(V$88:V108)-V$227*V$228,NA())","v":{"v":0.996003,"d":"1.0"}},{"$f":"IF(W32>0,10^SUM(W$88:W108)-W$227*W$228,NA())","v":{"v":0.9940000000000003,"d":"1.0"}},{"$f":"IF(X32>0,10^SUM(X$88:X108)-X$227*X$228,NA())","v":{"v":0.9712244894578563,"d":"1.0"}},{"$f":"IF(Y32>0,10^SUM(Y$88:Y108)-Y$227*Y$228,NA())","v":{"v":0.9634548517539996,"d":"1.0"}},{"$f":"IF(Z32>0,10^SUM(Z$88:Z108)-Z$227*Z$228,NA())","v":{"v":0.9442167523017599,"d":"0.9"}},{"$f":"IF(AA32>0,10^SUM(AA$88:AA108)-AA$227*AA$228,NA())","v":{"v":0.9094564948834193,"d":"0.9"}},{"$f":"IF(AB32>0,10^SUM(AB$88:AB108)-AB$227*AB$228,NA())","v":{"v":0.8992953713385097,"d":"0.9"}},{"$f":"IF(AC32>0,10^SUM(AC$88:AC108)-AC$227*AC$228,NA())","v":{"v":0.8876981149807793,"d":"0.9"}},{"$f":"IF(AD32>0,10^SUM(AD$88:AD108)-AD$227*AD$228,NA())","v":{"v":0.8896331064217641,"d":"0.9"}},{"$f":"IF(AE32>0,10^SUM(AE$88:AE108)-AE$227*AE$228,NA())","v":{"v":0.8842267634742996,"d":"0.9"}},{"$f":"IF(AF32>0,10^SUM(AF$88:AF108)-AF$227*AF$228,NA())","v":{"v":0.8861172651691117,"d":"0.9"}},{"$f":"IF(AG32>0,10^SUM(AG$88:AG108)-AG$227*AG$228,NA())","v":{"v":0.9161308727118687,"d":"0.9"}},{"$f":"IF(AH32>0,10^SUM(AH$88:AH108)-AH$227*AH$228,NA())","v":{"v":0.9152115130555047,"d":"0.9"}},{"$f":"IF(AI32>0,10^SUM(AI$88:AI108)-AI$227*AI$228,NA())","v":{"v":0.9386055704745235,"d":"0.9"}},{"$f":"IF(AJ32>0,10^SUM(AJ$88:AJ108)-AJ$227*AJ$228,NA())","v":{"v":0.9498824385136818,"d":"0.9"}},{"$f":"IF(AK32>0,10^SUM(AK$88:AK108)-AK$227*AK$228,NA())","v":{"v":0.9722006220000001,"d":"1.0"}},{"$f":"IF(AL32>0,10^SUM(AL$88:AL108)-AL$227*AL$228,NA())","v":{"v":0.9781207481799993,"d":"1.0"}},{"$f":"IF(AM32>0,10^SUM(AM$88:AM108)-AM$227*AM$228,NA())","v":{"v":0.9702591608639998,"d":"1.0"}},{"$f":"IF(AN32>0,10^SUM(AN$88:AN108)-AN$227*AN$228,NA())","v":{"v":0.9682920789119999,"d":"1.0"}},{"$f":"IF(AO32>0,10^SUM(AO$88:AO108)-AO$227*AO$228,NA())","v":{"v":0.9830789370000003,"d":"1.0"}},46]
[{"$nulls":5},47,{"$f":"IF(G33>0,10^SUM(G$88:G109)-G$227*G$228,NA())","v":{"$error":"#N/A"}},{"$f":"IF(H33>0,10^SUM(H$88:H109)-H$227*H$228,NA())","v":{"$error":"#N/A"}},{"$f":"IF(I33>0,10^SUM(I$88:I109)-I$227*I$228,NA())","v":{"$error":"#N/A"}},{"$f":"IF(J33>0,10^SUM(J$88:J109)-J$227*J$228,NA())","v":{"$error":"#N/A"}},{"$f":"IF(K33>0,10^SUM(K$88:K109)-K$227*K$228,NA())","v":{"$error":"#N/A"}},{"$f":"IF(L33>0,10^SUM(L$88:L109)-L$227*L$228,NA())","v":{"$error":"#N/A"}},{"$f":"IF(M33>0,10^SUM(M$88:M109)-M$227*M$228,NA())","v":{"$error":"#N/A"}},{"$f":"IF(N33>0,10^SUM(N$88:N109)-N$227*N$228,NA())","v":{"$error":"#N/A"}},{"$f":"IF(O33>0,10^SUM(O$88:O109)-O$227*O$228,NA())","v":{"$error":"#N/A"}},{"$f":"IF(P33>0,10^SUM(P$88:P109)-P$227*P$228,NA())","v":{"v":0.9570741340056131,"d":"1.0"}},{"$f":"IF(Q33>0,10^SUM(Q$88:Q109)-Q$227*Q$228,NA())","v":{"$error":"#N/A"}},{"$f":"IF(R33>0,10^SUM(R$88:R109)-R$227*R$228,NA())","v":{"$error":"#N/A"}},{"$f":"IF(S33>0,10^SUM(S$88:S109)-S$227*S$228,NA())","v":{"v":0.9940079999999996,"d":"1.0"}},{"$f":"IF(T33>0,10^SUM(T$88:T109)-T$227*T$228,NA())","v":{"v":0.9900169920000002,"d":"1.0"}},{"$f":"IF(U33>0,10^SUM(U$88:U109)-U$227*U$228,NA())","v":{"v":0.9940109939999996,"d":"1.0"}},{"$f":"IF(V33>0,10^SUM(V$88:V109)-V$227*V$228,NA())","v":{"v":0.988034976,"d":"1.0"}},{"$f":"IF(W33>0,10^SUM(W$88:W109)-W$227*W$228,NA())","v":{"v":0.9721320000000003,"d":"1.0"}},{"$f":"IF(X33>0,10^SUM(X$88:X109)-X$227*X$228,NA())","v":{"v":0.9527712241581572,"d":"1.0"}},{"$f":"IF(Y33>0,10^SUM(Y$88:Y109)-Y$227*Y$228,NA())","v":{"v":0.9384050256083956,"d":"0.9"}},{"$f":"IF(Z33>0,10^SUM(Z$88:Z109)-Z$227*Z$228,NA())","v":{"v":0.9158902497327069,"d":"0.9"}},{"$f":"IF(AA33>0,10^SUM(AA$88:AA109)-AA$227*AA$228,NA())","v":{"v":0.8885389955011007,"d":"0.9"}},{"$f":"IF(AB33>0,10^SUM(AB$88:AB109)-AB$227*AB$228,NA())","v":{"v":0.8867052361397706,"d":"0.9"}},{"$f":"IF(AC33>0,10^SUM(AC$88:AC109)-AC$227*AC$228,NA())","v":{"v":0.8752703413710484,"d":"0.9"}},{"$f":"IF(AD33>0,10^SUM(AD$88:AD109)-AD$227*AD$228,NA())","v":{"v":0.8825160415703901,"d":"0.9"}},{"$f":"IF(AE33>0,10^SUM(AE$88:AE109)-AE$227*AE$228,NA())","v":{"v":0.8815740831838766,"d":"0.9"}},{"$f":"IF(AF33>0,10^SUM(AF$88:AF109)-AF$227*AF$228,NA())","v":{"v":0.8816866788432662,"d":"0.9"}},{"$f":"IF(AG33>0,10^SUM(AG$88:AG109)-AG$227*AG$228,NA())","v":{"v":0.9115502183483096,"d":"0.9"}},{"$f":"IF(AH33>0,10^SUM(AH$88:AH109)-AH$227*AH$228,NA())","v":{"v":0.9106354554902274,"d":"0.9"}},{"$f":"IF(AI33>0,10^SUM(AI$88:AI109)-AI$227*AI$228,NA())","v":{"v":0.9329739370516765,"d":"0.9"}},{"$f":"IF(AJ33>0,10^SUM(AJ$88:AJ109)-AJ$227*AJ$228,NA())","v":{"v":0.9451330263211137,"d":"0.9"}},{"$f":"IF(AK33>0,10^SUM(AK$88:AK109)-AK$227*AK$228,NA())","v":{"v":0.9702562207559998,"d":"1.0"}},{"$f":"IF(AL33>0,10^SUM(AL$88:AL109)-AL$227*AL$228,NA())","v":{"v":0.974208265187279,"d":"1.0"}},{"$f":"IF(AM33>0,10^SUM(AM$88:AM109)-AM$227*AM$228,NA())","v":{"v":0.9663781242205436,"d":"1.0"}},{"$f":"IF(AN33>0,10^SUM(AN$88:AN109)-AN$227*AN$228,NA())","v":{"v":0.9663554947541756,"d":"1.0"}},{"$f":"IF(AO33>0,10^SUM(AO$88:AO109)-AO$227*AO$228,NA())","v":{"v":0.981112779126,"d":"1.0"}},47]
[{"$nulls":5},48,{"$f":"IF(G34>0,10^SUM(G$88:G110)-G$227*G$228,NA())","v":{"$error":"#N/A"}},{"$f":"IF(H34>0,10^SUM(H$88:H110)-H$227*H$228,NA())","v":{"v":0.8647139232985677,"d":"0.9"}},{"$f":"IF(I34>0,10^SUM(I$88:I110)-I$227*I$228,NA())","v":{"$error":"#N/A"}},{"$f":"IF(J34>0,10^SUM(J$88:J110)-J$227*J$228,NA())","v":{"$error":"#N/A"}},{"$f":"IF(K34>0,10^SUM(K$88:K110)-K$227*K$228,NA())","v":{"$error":"#N/A"}},{"$f":"IF(L34>0,10^SUM(L$88:L110)-L$227*L$228,NA())","v":{"$error":"#N/A"}},{"$f":"IF(M34>0,10^SUM(M$88:M110)-M$227*M$228,NA())","v":{"$error":"#N/A"}},{"$f":"IF(N34>0,10^SUM(N$88:N110)-N$227*N$228,NA())","v":{"$error":"#N/A"}},{"$f":"IF(O34>0,10^SUM(O$88:O110)-O$227*O$228,NA())","v":{"$error":"#N/A"}},{"$f":"IF(P34>0,10^SUM(P$88:P110)-P$227*P$228,NA())","v":{"v":0.9570741340056131,"d":"1.0"}},{"$f":"IF(Q34>0,10^SUM(Q$88:Q110)-Q$227*Q$228,NA())","v":{"$error":"#N/A"}},{"$f":"IF(R34>0,10^SUM(R$88:R110)-R$227*R$228,NA())","v":{"$error":"#N/A"}},{"$f":"IF(S34>0,10^SUM(S$88:S110)-S$227*S$228,NA())","v":{"v":0.9920199839999994,"d":"1.0"}},{"$f":"IF(T34>0,10^SUM(T$88:T110)-T$227*T$228,NA())","v":{"v":0.987046941024,"d":"1.0"}},{"$f":"IF(U34>0,10^SUM(U$88:U110)-U$227*U$228,NA())","v":{"v":0.9930169830059997,"d":"1.0"}},{"$f":"IF(V34>0,10^SUM(V$88:V110)-V$227*V$228,NA())","v":{"v":0.9662982065280002,"d":"1.0"}},{"$f":"IF(W34>0,10^SUM(W$88:W110)-W$227*W$228,NA())","v":{"v":0.9488008320000003,"d":"0.9"}},{"$f":"IF(X34>0,10^SUM(X$88:X110)-X$227*X$228,NA())","v":{"v":0.927046401105887,"d":"0.9"}},{"$f":"IF(Y34>0,10^SUM(Y$88:Y110)-Y$227*Y$228,NA())","v":{"v":0.9111912798657522,"d":"0.9"}},{"$f":"IF(Z34>0,10^SUM(Z$88:Z110)-Z$227*Z$228,NA())","v":{"v":0.8911612129899239,"d":"0.9"}},{"$f":"IF(AA34>0,10^SUM(AA$88:AA110)-AA$227*AA$228,NA())","v":{"v":0.8681025986045754,"d":"0.9"}},{"$f":"IF(AB34>0,10^SUM(AB$88:AB110)-AB$227*AB$228,NA())","v":{"v":0.8680844261808355,"d":"0.9"}},{"$f":"IF(AC34>0,10^SUM(AC$88:AC110)-AC$227*AC$228,NA())","v":{"v":0.8647670972745959,"d":"0.9"}},{"$f":"IF(AD34>0,10^SUM(AD$88:AD110)-AD$227*AD$228,NA())","v":{"v":0.8772209453209678,"d":"0.9"}},{"$f":"IF(AE34>0,10^SUM(AE$88:AE110)-AE$227*AE$228,NA())","v":{"v":0.8780477868511409,"d":"0.9"}},{"$f":"IF(AF34>0,10^SUM(AF$88:AF110)-AF$227*AF$228,NA())","v":{"v":0.880804992164423,"d":"0.9"}},{"$f":"IF(AG34>0,10^SUM(AG$88:AG110)-AG$227*AG$228,NA())","v":{"v":0.9006116157281299,"d":"0.9"}},{"$f":"IF(AH34>0,10^SUM(AH$88:AH110)-AH$227*AH$228,NA())","v":{"v":0.9088141845792466,"d":"0.9"}},{"$f":"IF(AI34>0,10^SUM(AI$88:AI110)-AI$227*AI$228,NA())","v":{"v":0.931107989177573,"d":"0.9"}},{"$f":"IF(AJ34>0,10^SUM(AJ$88:AJ110)-AJ$227*AJ$228,NA())","v":{"v":0.9432427602684712,"d":"0.9"}},{"$f":"IF(AK34>0,10^SUM(AK$88:AK110)-AK$227*AK$228,NA())","v":{"v":0.9663751958729755,"d":"1.0"}},{"$f":"IF(AL34>0,10^SUM(AL$88:AL110)-AL$227*AL$228,NA())","v":{"v":0.9722598486569042,"d":"1.0"}},{"$f":"IF(AM34>0,10^SUM(AM$88:AM110)-AM$227*AM$228,NA())","v":{"v":0.9625126117236611,"d":"1.0"}},{"$f":"IF(AN34>0,10^SUM(AN$88:AN110)-AN$227*AN$228,NA())","v":{"v":0.9663554947541756,"d":"1.0"}},{"$f":"IF(AO34>0,10^SUM(AO$88:AO110)-AO$227*AO$228,NA())","v":{"v":0.980131666346874,"d":"1.0"}},48]
[{"$nulls":5},49,{"$f":"IF(G35>0,10^SUM(G$88:G111)-G$227*G$228,NA())","v":{"$error":"#N/A"}},{"$f":"IF(H35>0,10^SUM(H$88:H111)-H$227*H$228,NA())","v":{"$error":"#N/A"}},{"$f":"IF(I35>0,10^SUM(I$88:I111)-I$227*I$228,NA())","v":{"$error":"#N/A"}},{"$f":"IF(J35>0,10^SUM(J$88:J111)-J$227*J$228,NA())","v":{"$error":"#N/A"}},{"$f":"IF(K35>0,10^SUM(K$88:K111)-K$227*K$228,NA())","v":{"$error":"#N/A"}},{"$f":"IF(L35>0,10^SUM(L$88:L111)-L$227*L$228,NA())","v":{"$error":"#N/A"}},{"$f":"IF(M35>0,10^SUM(M$88:M111)-M$227*M$228,NA())","v":{"$error":"#N/A"}},{"$f":"IF(N35>0,10^SUM(N$88:N111)-N$227*N$228,NA())","v":{"v":0.9490043182160303,"d":"0.9"}},{"$f":"IF(O35>0,10^SUM(O$88:O111)-O$227*O$228,NA())","v":{"v":0.9532964339320285,"d":"1.0"}},{"$f":"IF(P35>0,10^SUM(P$88:P111)-P$227*P$228,NA())","v":{"v":0.9561120970056133,"d":"1.0"}},{"$f":"IF(Q35>0,10^SUM(Q$88:Q111)-Q$227*Q$228,NA())","v":{"$error":"#N/A"}},{"$f":"IF(R35>0,10^SUM(R$88:R111)-R$227*R$228,NA())","v":{"$error":"#N/A"}},{"$f":"IF(S35>0,10^SUM(S$88:S111)-S$227*S$228,NA())","v":{"$error":"#N/A"}},{"$f":"IF(T35>0,10^SUM(T$88:T111)-T$227*T$228,NA())","v":{"v":0.985072847141952,"d":"1.0"}},{"$f":"IF(U35>0,10^SUM(U$88:U111)-U$227*U$228,NA())","v":{"v":0.982093796192934,"d":"1.0"}},{"$f":"IF(V35>0,10^SUM(V$88:V111)-V$227*V$228,NA())","v":{"v":0.9508374352235525,"d":"1.0"}},{"$f":"IF(W35>0,10^SUM(W$88:W111)-W$227*W$228,NA())","v":{"v":0.9269784128640001,"d":"0.9"}},{"$f":"IF(X35>0,10^SUM(X$88:X111)-X$227*X$228,NA())","v":{"v":0.9066513802815577,"d":"0.9"}},{"$f":"IF(Y35>0,10^SUM(Y$88:Y111)-Y$227*Y$228,NA())","v":{"v":0.8929674542684373,"d":"0.9"}},{"$f":"IF(Z35>0,10^SUM(Z$88:Z111)-Z$227*Z$228,NA())","v":{"v":0.8760114723690953,"d":"0.9"}},{"$f":"IF(AA35>0,10^SUM(AA$88:AA111)-AA$227*AA$228,NA())","v":{"v":0.8594215726185295,"d":"0.9"}},{"$f":"IF(AB35>0,10^SUM(AB$88:AB111)-AB$227*AB$228,NA())","v":{"v":0.8620078351975698,"d":"0.9"}},{"$f":"IF(AC35>0,10^SUM(AC$88:AC111)-AC$227*AC$228,NA())","v":{"v":0.862172795982772,"d":"0.9"}},{"$f":"IF(AD35>0,10^SUM(AD$88:AD111)-AD$227*AD$228,NA())","v":{"v":0.8754665034303258,"d":"0.9"}},{"$f":"IF(AE35>0,10^SUM(AE$88:AE111)-AE$227*AE$228,NA())","v":{"v":0.8754136434905875,"d":"0.9"}},{"$f":"IF(AF35>0,10^SUM(AF$88:AF111)-AF$227*AF$228,NA())","v":{"v":0.8772817721957652,"d":"0.9"}},{"$f":"IF(AG35>0,10^SUM(AG$88:AG111)-AG$227*AG$228,NA())","v":{"v":0.8943073344180331,"d":"0.9"}},{"$f":"IF(AH35>0,10^SUM(AH$88:AH111)-AH$227*AH$228,NA())","v":{"v":0.8960907859951373,"d":"0.9"}},{"$f":"IF(AI35>0,10^SUM(AI$88:AI111)-AI$227*AI$228,NA())","v":{"v":0.9227280172749747,"d":"0.9"}},{"$f":"IF(AJ35>0,10^SUM(AJ$88:AJ111)-AJ$227*AJ$228,NA())","v":{"v":0.9394697892273971,"d":"0.9"}},{"$f":"IF(AK35>0,10^SUM(AK$88:AK111)-AK$227*AK$228,NA())","v":{"v":0.9586441943059919,"d":"1.0"}},{"$f":"IF(AL35>0,10^SUM(AL$88:AL111)-AL$227*AL$228,NA())","v":{"v":0.9722598486569042,"d":"1.0"}},{"$f":"IF(AM35>0,10^SUM(AM$88:AM111)-AM$227*AM$228,NA())","v":{"v":0.9605875865002136,"d":"1.0"}},{"$f":"IF(AN35>0,10^SUM(AN$88:AN111)-AN$227*AN$228,NA())","v":{"v":0.9644227837646671,"d":"1.0"}},{"$f":"IF(AO35>0,10^SUM(AO$88:AO111)-AO$227*AO$228,NA())","v":{"v":0.9781714030141802,"d":"1.0"}},49]
[{"$nulls":5},50,{"$f":"IF(G36>0,10^SUM(G$88:G112)-G$227*G$228,NA())","v":{"$error":"#N/A"}},{"$f":"IF(H36>0,10^SUM(H$88:H112)-H$227*H$228,NA())","v":{"$error":"#N/A"}},{"$f":"IF(I36>0,10^SUM(I$88:I112)-I$227*I$228,NA())","v":{"$error":"#N/A"}},{"$f":"IF(J36>0,10^SUM(J$88:J112)-J$227*J$228,NA())","v":{"$error":"#N/A"}},{"$f":"IF(K36>0,10^SUM(K$88:K112)-K$227*K$228,NA())","v":{"$error":"#N/A"}},{"$f":"IF(L36>0,10^SUM(L$88:L112)-L$227*L$228,NA())","v":{"v":0.9094378015098353,"d":"0.9"}},{"$f":"IF(M36>0,10^SUM(M$88:M112)-M$227*M$228,NA())","v":{"v":0.9210683855385701,"d":"0.9"}},{"$f":"IF(N36>0,10^SUM(N$88:N112)-N$227*N$228,NA())","v":{"v":0.9294438982160304,"d":"0.9"}},{"$f":"IF(O36>0,10^SUM(O$88:O112)-O$227*O$228,NA())","v":{"v":0.9513004339320283,"d":"1.0"}},{"$f":"IF(P36>0,10^SUM(P$88:P112)-P$227*P$228,NA())","v":{"$error":"#N/A"}},{"$f":"IF(Q36>0,10^SUM(Q$88:Q112)-Q$227*Q$228,NA())","v":{"$error":"#N/A"}},{"$f":"IF(R36>0,10^SUM(R$88:R112)-R$227*R$228,NA())","v":{"$error":"#N/A"}},{"$f":"IF(S36>0,10^SUM(S$88:S112)-S$227*S$228,NA())","v":{"v":0.9910279640159994,"d":"1.0"}},{"$f":"IF(T36>0,10^SUM(T$88:T112)-T$227*T$228,NA())","v":{"v":0.9742370458233905,"d":"1.0"}},{"$f":"IF(U36>0,10^SUM(U$88:U112)-U$227*U$228,NA())","v":{"v":0.9624519202690754,"d":"1.0"}},{"$f":"IF(V36>0,10^SUM(V$88:V112)-V$227*V$228,NA())","v":{"v":0.9223123121668456,"d":"0.9"}},{"$f":"IF(W36>0,10^SUM(W$88:W112)-W$227*W$228,NA())","v":{"v":0.901949995716672,"d":"0.9"}},{"$f":"IF(X36>0,10^SUM(X$88:X112)-X$227*X$228,NA())","v":{"v":0.883078444394237,"d":"0.9"}},{"$f":"IF(Y36>0,10^SUM(Y$88:Y112)-Y$227*Y$228,NA())","v":{"v":0.8688573330031895,"d":"0.9"}},{"$f":"IF(Z36>0,10^SUM(Z$88:Z112)-Z$227*Z$228,NA())","v":{"v":0.8602432658664515,"d":"0.9"}},{"$f":"IF(AA36>0,10^SUM(AA$88:AA112)-AA$227*AA$228,NA())","v":{"v":0.8525462000375813,"d":"0.9"}},{"$f":"IF(AB36>0,10^SUM(AB$88:AB112)-AB$227*AB$228,NA())","v":{"v":0.855973780351187,"d":"0.9"}},{"$f":"IF(AC36>0,10^SUM(AC$88:AC112)-AC$227*AC$228,NA())","v":{"v":0.854413240818927,"d":"0.9"}},{"$f":"IF(AD36>0,10^SUM(AD$88:AD112)-AD$227*AD$228,NA())","v":{"v":0.8710891709131743,"d":"0.9"}},{"$f":"IF(AE36>0,10^SUM(AE$88:AE112)-AE$227*AE$228,NA())","v":{"v":0.8727874025601157,"d":"0.9"}},{"$f":"IF(AF36>0,10^SUM(AF$88:AF112)-AF$227*AF$228,NA())","v":{"v":0.8728953633347866,"d":"0.9"}},{"$f":"IF(AG36>0,10^SUM(AG$88:AG112)-AG$227*AG$228,NA())","v":{"v":0.8898357977459431,"d":"0.9"}},{"$f":"IF(AH36>0,10^SUM(AH$88:AH112)-AH$227*AH$228,NA())","v":{"v":0.8916103320651617,"d":"0.9"}},{"$f":"IF(AI36>0,10^SUM(AI$88:AI112)-AI$227*AI$228,NA())","v":{"v":0.9190371052058747,"d":"0.9"}},{"$f":"IF(AJ36>0,10^SUM(AJ$88:AJ112)-AJ$227*AJ$228,NA())","v":{"v":0.9394697892273971,"d":"0.9"}},{"$f":"IF(AK36>0,10^SUM(AK$88:AK112)-AK$227*AK$228,NA())","v":{"v":0.9548096175287678,"d":"1.0"}},{"$f":"IF(AL36>0,10^SUM(AL$88:AL112)-AL$227*AL$228,NA())","v":{"v":0.9693430691109333,"d":"1.0"}},{"$f":"IF(AM36>0,10^SUM(AM$88:AM112)-AM$227*AM$228,NA())","v":{"v":0.9605875865002136,"d":"1.0"}},{"$f":"IF(AN36>0,10^SUM(AN$88:AN112)-AN$227*AN$228,NA())","v":{"v":0.9624939381971375,"d":"1.0"}},{"$f":"IF(AO36>0,10^SUM(AO$88:AO112)-AO$227*AO$228,NA())","v":{"v":0.9732805459991094,"d":"1.0"}},50]
[{"$nulls":5},51,{"$f":"IF(G37>0,10^SUM(G$88:G113)-G$227*G$228,NA())","v":{"$error":"#N/A"}},{"$f":"IF(H37>0,10^SUM(H$88:H113)-H$227*H$228,NA())","v":{"$error":"#N/A"}},{"$f":"IF(I37>0,10^SUM(I$88:I113)-I$227*I$228,NA())","v":{"$error":"#N/A"}},{"$f":"IF(J37>0,10^SUM(J$88:J113)-J$227*J$228,NA())","v":{"v":0.8805919584011582,"d":"0.9"}},{"$f":"IF(K37>0,10^SUM(K$88:K113)-K$227*K$228,NA())","v":{"v":0.8827789057619971,"d":"0.9"}},{"$f":"IF(L37>0,10^SUM(L$88:L113)-L$227*L$228,NA())","v":{"v":0.8895778015098355,"d":"0.9"}},{"$f":"IF(M37>0,10^SUM(M$88:M113)-M$227*M$228,NA())","v":{"v":0.9014683855385702,"d":"0.9"}},{"$f":"IF(N37>0,10^SUM(N$88:N113)-N$227*N$228,NA())","v":{"v":0.92561005589603,"d":"0.9"}},{"$f":"IF(O37>0,10^SUM(O$88:O113)-O$227*O$228,NA())","v":{"v":0.9433324019320283,"d":"0.9"}},{"$f":"IF(P37>0,10^SUM(P$88:P113)-P$227*P$228,NA())","v":{"v":0.9484234973016133,"d":"0.9"}},{"$f":"IF(Q37>0,10^SUM(Q$88:Q113)-Q$227*Q$228,NA())","v":{"v":0.9837319222615364,"d":"1.0"}},{"$f":"IF(R37>0,10^SUM(R$88:R113)-R$227*R$228,NA())","v":{"v":0.9883614003030622,"d":"1.0"}},{"$f":"IF(S37>0,10^SUM(S$88:S113)-S$227*S$228,NA())","v":{"v":0.9692253488076477,"d":"1.0"}},{"$f":"IF(T37>0,10^SUM(T$88:T113)-T$227*T$228,NA())","v":{"v":0.9528038308152762,"d":"1.0"}},{"$f":"IF(U37>0,10^SUM(U$88:U113)-U$227*U$228,NA())","v":{"v":0.9403155261028866,"d":"0.9"}},{"$f":"IF(V37>0,10^SUM(V$88:V113)-V$227*V$228,NA())","v":{"v":0.9038660659235088,"d":"0.9"}},{"$f":"IF(W37>0,10^SUM(W$88:W113)-W$227*W$228,NA())","v":{"v":0.8875187957852054,"d":"0.9"}},{"$f":"IF(X37>0,10^SUM(X$88:X113)-X$227*X$228,NA())","v":{"v":0.8707153461727176,"d":"0.9"}},{"$f":"IF(Y37>0,10^SUM(Y$88:Y113)-Y$227*Y$228,NA())","v":{"v":0.8636441890051705,"d":"0.9"}},{"$f":"IF(Z37>0,10^SUM(Z$88:Z113)-Z$227*Z$228,NA())","v":{"v":0.8585227793347184,"d":"0.9"}},{"$f":"IF(AA37>0,10^SUM(AA$88:AA113)-AA$227*AA$228,NA())","v":{"v":0.8491360152374309,"d":"0.8"}},{"$f":"IF(AB37>0,10^SUM(AB$88:AB113)-AB$227*AB$228,NA())","v":{"v":0.8534058590101333,"d":"0.9"}},{"$f":"IF(AC37>0,10^SUM(AC$88:AC113)-AC$227*AC$228,NA())","v":{"v":0.854413240818927,"d":"0.9"}},{"$f":"IF(AD37>0,10^SUM(AD$88:AD113)-AD$227*AD$228,NA())","v":{"v":0.8693469925713477,"d":"0.9"}},{"$f":"IF(AE37>0,10^SUM(AE$88:AE113)-AE$227*AE$228,NA())","v":{"v":0.8666778907421949,"d":"0.9"}},{"$f":"IF(AF37>0,10^SUM(AF$88:AF113)-AF$227*AF$228,NA())","v":{"v":0.8650393050647736,"d":"0.9"}},{"$f":"IF(AG37>0,10^SUM(AG$88:AG113)-AG$227*AG$228,NA())","v":{"v":0.8853866187572136,"d":"0.9"}},{"$f":"IF(AH37>0,10^SUM(AH$88:AH113)-AH$227*AH$228,NA())","v":{"v":0.8844774494086406,"d":"0.9"}},{"$f":"IF(AI37>0,10^SUM(AI$88:AI113)-AI$227*AI$228,NA())","v":{"v":0.9107657712590216,"d":"0.9"}},{"$f":"IF(AJ37>0,10^SUM(AJ$88:AJ113)-AJ$227*AJ$228,NA())","v":{"v":0.9347724402812604,"d":"0.9"}},{"$f":"IF(AK37>0,10^SUM(AK$88:AK113)-AK$227*AK$228,NA())","v":{"v":0.953854807911239,"d":"1.0"}},{"$f":"IF(AL37>0,10^SUM(AL$88:AL113)-AL$227*AL$228,NA())","v":{"v":0.9693430691109333,"d":"1.0"}},{"$f":"IF(AM37>0,10^SUM(AM$88:AM113)-AM$227*AM$228,NA())","v":{"v":0.9500211230487114,"d":"1.0"}},{"$f":"IF(AN37>0,10^SUM(AN$88:AN113)-AN$227*AN$228,NA())","v":{"v":0.9499815170005749,"d":"0.9"}},{"$f":"IF(AO37>0,10^SUM(AO$88:AO113)-AO$227*AO$228,NA())","v":{"v":0.9499218128951306,"d":"0.9"}},51]
[{"$nulls":5},52,{"$f":"IF(G38>0,10^SUM(G$88:G114)-G$227*G$228,NA())","v":{"$error":"#N/A"}},{"$f":"IF(H38>0,10^SUM(H$88:H114)-H$227*H$228,NA())","v":{"$error":"#N/A"}},{"$f":"IF(I38>0,10^SUM(I$88:I114)-I$227*I$228,NA())","v":{"$error":"#N/A"}},{"$f":"IF(J38>0,10^SUM(J$88:J114)-J$227*J$228,NA())","v":{"$error":"#N/A"}},{"$f":"IF(K38>0,10^SUM(K$88:K114)-K$227*K$228,NA())","v":{"v":0.8818127167619972,"d":"0.9"}},{"$f":"IF(L38>0,10^SUM(L$88:L114)-L$227*L$228,NA())","v":{"v":0.8847121015098356,"d":"0.9"}},{"$f":"IF(M38>0,10^SUM(M$88:M114)-M$227*M$228,NA())","v":{"$error":"#N/A"}},{"$f":"IF(N38>0,10^SUM(N$88:N114)-N$227*N$228,NA())","v":{"$error":"#N/A"}},{"$f":"IF(O38>0,10^SUM(O$88:O114)-O$227*O$228,NA())","v":{"$error":"#N/A"}},{"$f":"IF(P38>0,10^SUM(P$88:P114)-P$227*P$228,NA())","v":{"v":0.9436565654851337,"d":"0.9"}},{"$f":"IF(Q38>0,10^SUM(Q$88:Q114)-Q$227*Q$228,NA())","v":{"v":0.9688368322615364,"d":"1.0"}},{"$f":"IF(R38>0,10^SUM(R$88:R114)-R$227*R$228,NA())","v":{"v":0.9665810483030624,"d":"1.0"}},{"$f":"IF(S38>0,10^SUM(S$88:S114)-S$227*S$228,NA())","v":{"v":0.9449947150874562,"d":"0.9"}},{"$f":"IF(T38>0,10^SUM(T$88:T114)-T$227*T$228,NA())","v":{"v":0.9223141082291871,"d":"0.9"}},{"$f":"IF(U38>0,10^SUM(U$88:U114)-U$227*U$228,NA())","v":{"v":0.9139866913720058,"d":"0.9"}},{"$f":"IF(V38>0,10^SUM(V$88:V114)-V$227*V$228,NA())","v":{"v":0.8767500839458033,"d":"0.9"}},{"$f":"IF(W38>0,10^SUM(W$88:W114)-W$227*W$228,NA())","v":{"v":0.8653308258905754,"d":"0.9"}},{"$f":"IF(X38>0,10^SUM(X$88:X114)-X$227*X$228,NA())","v":{"v":0.8524303239030909,"d":"0.9"}},{"$f":"IF(Y38>0,10^SUM(Y$88:Y114)-Y$227*Y$228,NA())","v":{"v":0.8567350354931291,"d":"0.9"}},{"$f":"IF(Z38>0,10^SUM(Z$88:Z114)-Z$227*Z$228,NA())","v":{"v":0.8516545971000408,"d":"0.9"}},{"$f":"IF(AA38>0,10^SUM(AA$88:AA114)-AA$227*AA$228,NA())","v":{"v":0.8440411991460064,"d":"0.8"}},{"$f":"IF(AB38>0,10^SUM(AB$88:AB114)-AB$227*AB$228,NA())","v":{"v":0.8482854238560728,"d":"0.8"}},{"$f":"IF(AC38>0,10^SUM(AC$88:AC114)-AC$227*AC$228,NA())","v":{"v":0.845014695169919,"d":"0.8"}},{"$f":"IF(AD38>0,10^SUM(AD$88:AD114)-AD$227*AD$228,NA())","v":{"v":0.8554374406902063,"d":"0.9"}},{"$f":"IF(AE38>0,10^SUM(AE$88:AE114)-AE$227*AE$228,NA())","v":{"v":0.8562777560532885,"d":"0.9"}},{"$f":"IF(AF38>0,10^SUM(AF$88:AF114)-AF$227*AF$228,NA())","v":{"v":0.8546588334039961,"d":"0.9"}},{"$f":"IF(AG38>0,10^SUM(AG$88:AG114)-AG$227*AG$228,NA())","v":{"v":0.8729912060946126,"d":"0.9"}},{"$f":"IF(AH38>0,10^SUM(AH$88:AH114)-AH$227*AH$228,NA())","v":{"v":0.8765171523639628,"d":"0.9"}},{"$f":"IF(AI38>0,10^SUM(AI$88:AI114)-AI$227*AI$228,NA())","v":{"v":0.9062119424027267,"d":"0.9"}},{"$f":"IF(AJ38>0,10^SUM(AJ$88:AJ114)-AJ$227*AJ$228,NA())","v":{"v":0.9300985780798543,"d":"0.9"}},{"$f":"IF(AK38>0,10^SUM(AK$88:AK114)-AK$227*AK$228,NA())","v":{"v":0.9529009531033278,"d":"1.0"}},{"$f":"IF(AL38>0,10^SUM(AL$88:AL114)-AL$227*AL$228,NA())","v":{"v":0.9664350399036006,"d":"1.0"}},{"$f":"IF(AM38>0,10^SUM(AM$88:AM114)-AM$227*AM$228,NA())","v":{"v":0.9481210808026137,"d":"0.9"}},{"$f":"IF(AN38>0,10^SUM(AN$88:AN114)-AN$227*AN$228,NA())","v":{"v":0.9480815539665736,"d":"0.9"}},{"$f":"IF(AO38>0,10^SUM(AO$88:AO114)-AO$227*AO$228,NA())","v":{"v":0.9442222820177599,"d":"0.9"}},52]
[{"$nulls":5},53,{"$f":"IF(G39>0,10^SUM(G$88:G115)-G$227*G$228,NA())","v":{"$error":"#N/A"}},{"$f":"IF(H39>0,10^SUM(H$88:H115)-H$227*H$228,NA())","v":{"v":0.8620379232985674,"d":"0.9"}},{"$f":"IF(I39>0,10^SUM(I$88:I115)-I$227*I$228,NA())","v":{"v":0.8699951280435091,"d":"0.9"}},{"$f":"IF(J39>0,10^SUM(J$88:J115)-J$227*J$228,NA())","v":{"v":0.8726399184011583,"d":"0.9"}},{"$f":"IF(K39>0,10^SUM(K$88:K115)-K$227*K$228,NA())","v":{"v":0.8740909342739973,"d":"0.9"}},{"$f":"IF(L39>0,10^SUM(L$88:L115)-L$227*L$228,NA())","v":{"v":0.8827755529098353,"d":"0.9"}},{"$f":"IF(M39>0,10^SUM(M$88:M115)-M$227*M$228,NA())","v":{"v":0.9005079855385703,"d":"0.9"}},{"$f":"IF(N39>0,10^SUM(N$88:N115)-N$227*N$228,NA())","v":{"v":0.9179730419945902,"d":"0.9"}},{"$f":"IF(O39>0,10^SUM(O$88:O115)-O$227*O$228,NA())","v":{"v":0.9383922220920287,"d":"0.9"}},{"$f":"IF(P39>0,10^SUM(P$88:P115)-P$227*P$228,NA())","v":{"v":0.9360676100332975,"d":"0.9"}},{"$f":"IF(Q39>0,10^SUM(Q$88:Q115)-Q$227*Q$228,NA())","v":{"v":0.9492746140615363,"d":"0.9"}},{"$f":"IF(R39>0,10^SUM(R$88:R115)-R$227*R$228,NA())","v":{"v":0.9462480996950627,"d":"0.9"}},{"$f":"IF(S39>0,10^SUM(S$88:S115)-S$227*S$228,NA())","v":{"v":0.9232598366404448,"d":"0.9"}},{"$f":"IF(T39>0,10^SUM(T$88:T115)-T$227*T$228,NA())","v":{"v":0.9001785696316865,"d":"0.9"}},{"$f":"IF(U39>0,10^SUM(U$88:U115)-U$227*U$228,NA())","v":{"v":0.8911370240877058,"d":"0.9"}},{"$f":"IF(V39>0,10^SUM(V$88:V115)-V$227*V$228,NA())","v":{"v":0.8583383321829416,"d":"0.9"}},{"$f":"IF(W39>0,10^SUM(W$88:W115)-W$227*W$228,NA())","v":{"v":0.8514855326763263,"d":"0.9"}},{"$f":"IF(X39>0,10^SUM(X$88:X115)-X$227*X$228,NA())","v":{"v":0.8387914387206415,"d":"0.8"}},{"$f":"IF(Y39>0,10^SUM(Y$88:Y115)-Y$227*Y$228,NA())","v":{"v":0.8438840099607321,"d":"0.8"}},{"$f":"IF(Z39>0,10^SUM(Z$88:Z115)-Z$227*Z$228,NA())","v":{"v":0.83632481435224,"d":"0.8"}},{"$f":"IF(AA39>0,10^SUM(AA$88:AA115)-AA$227*AA$228,NA())","v":{"v":0.8288484575613784,"d":"0.8"}},{"$f":"IF(AB39>0,10^SUM(AB$88:AB115)-AB$227*AB$228,NA())","v":{"v":0.8347128570743758,"d":"0.8"}},{"$f":"IF(AC39>0,10^SUM(AC$88:AC115)-AC$227*AC$228,NA())","v":{"v":0.8323394747423699,"d":"0.8"}},{"$f":"IF(AD39>0,10^SUM(AD$88:AD115)-AD$227*AD$228,NA())","v":{"v":0.8434613165205435,"d":"0.8"}},{"$f":"IF(AE39>0,10^SUM(AE$88:AE115)-AE$227*AE$228,NA())","v":{"v":0.8477149784927556,"d":"0.8"}},{"$f":"IF(AF39>0,10^SUM(AF$88:AF115)-AF$227*AF$228,NA())","v":{"v":0.8486762215701683,"d":"0.8"}},{"$f":"IF(AG39>0,10^SUM(AG$88:AG115)-AG$227*AG$228,NA())","v":{"v":0.8651342852397611,"d":"0.9"}},{"$f":"IF(AH39>0,10^SUM(AH$88:AH115)-AH$227*AH$228,NA())","v":{"v":0.8721345666021432,"d":"0.9"}},{"$f":"IF(AI39>0,10^SUM(AI$88:AI115)-AI$227*AI$228,NA())","v":{"v":0.9025870946331156,"d":"0.9"}},{"$f":"IF(AJ39>0,10^SUM(AJ$88:AJ115)-AJ$227*AJ$228,NA())","v":{"v":0.9291684795017745,"d":"0.9"}},{"$f":"IF(AK39>0,10^SUM(AK$88:AK115)-AK$227*AK$228,NA())","v":{"v":0.9452777454785013,"d":"0.9"}},{"$f":"IF(AL39>0,10^SUM(AL$88:AL115)-AL$227*AL$228,NA())","v":{"v":0.9519385143050463,"d":"1.0"}},{"$f":"IF(AM39>0,10^SUM(AM$88:AM115)-AM$227*AM$228,NA())","v":{"v":0.9272624170249565,"d":"0.9"}},{"$f":"IF(AN39>0,10^SUM(AN$88:AN115)-AN$227*AN$228,NA())","v":{"v":0.9480815539665736,"d":"0.9"}},{"$f":"IF(AO39>0,10^SUM(AO$88:AO115)-AO$227*AO$228,NA())","v":{"v":0.9432780597357423,"d":"0.9"}},53]
[{"$nulls":5},54,{"$f":"IF(G40>0,10^SUM(G$88:G116)-G$227*G$228,NA())","v":{"$error":"#N/A"}},{"$f":"IF(H40>0,10^SUM(H$88:H116)-H$227*H$228,NA())","v":{"v":0.8558126552985676,"d":"0.9"}},{"$f":"IF(I40>0,10^SUM(I$88:I116)-I$227*I$228,NA())","v":{"v":0.8580911280435091,"d":"0.9"}},{"$f":"IF(J40>0,10^SUM(J$88:J116)-J$227*J$228,NA())","v":{"v":0.8598212299211586,"d":"0.9"}},{"$f":"IF(K40>0,10^SUM(K$88:K116)-K$227*K$228,NA())","v":{"v":0.872175932216973,"d":"0.9"}},{"$f":"IF(L40>0,10^SUM(L$88:L116)-L$227*L$228,NA())","v":{"v":0.8808428774070349,"d":"0.9"}},{"$f":"IF(M40>0,10^SUM(M$88:M116)-M$227*M$228,NA())","v":{"v":0.8966702271385701,"d":"0.9"}},{"$f":"IF(N40>0,10^SUM(N$88:N116)-N$227*N$228,NA())","v":{"v":0.9141850830994757,"d":"0.9"}},{"$f":"IF(O40>0,10^SUM(O$88:O116)-O$227*O$228,NA())","v":{"v":0.9305274557867487,"d":"0.9"}},{"$f":"IF(P40>0,10^SUM(P$88:P116)-P$227*P$228,NA())","v":{"v":0.9191290614647992,"d":"0.9"}},{"$f":"IF(Q40>0,10^SUM(Q$88:Q116)-Q$227*Q$228,NA())","v":{"v":0.9291450915337366,"d":"0.9"}},{"$f":"IF(R40>0,10^SUM(R$88:R116)-R$227*R$228,NA())","v":{"v":0.9197068241120867,"d":"0.9"}},{"$f":"IF(S40>0,10^SUM(S$88:S116)-S$227*S$228,NA())","v":{"v":0.9038713800709958,"d":"0.9"}},{"$f":"IF(T40>0,10^SUM(T$88:T116)-T$227*T$228,NA())","v":{"v":0.8839753553783162,"d":"0.9"}},{"$f":"IF(U40>0,10^SUM(U$88:U116)-U$227*U$228,NA())","v":{"v":0.8750965576541271,"d":"0.9"}},{"$f":"IF(V40>0,10^SUM(V$88:V116)-V$227*V$228,NA())","v":{"v":0.8463215955323805,"d":"0.8"}},{"$f":"IF(W40>0,10^SUM(W$88:W116)-W$227*W$228,NA())","v":{"v":0.8421191918168869,"d":"0.8"}},{"$f":"IF(X40>0,10^SUM(X$88:X116)-X$227*X$228,NA())","v":{"v":0.8304035243334351,"d":"0.8"}},{"$f":"IF(Y40>0,10^SUM(Y$88:Y116)-Y$227*Y$228,NA())","v":{"v":0.8354451698611247,"d":"0.8"}},{"$f":"IF(Z40>0,10^SUM(Z$88:Z116)-Z$227*Z$228,NA())","v":{"v":0.8313068654661269,"d":"0.8"}},{"$f":"IF(AA40>0,10^SUM(AA$88:AA116)-AA$227*AA$228,NA())","v":{"v":0.8238753668160104,"d":"0.8"}},{"$f":"IF(AB40>0,10^SUM(AB$88:AB116)-AB$227*AB$228,NA())","v":{"v":0.8305392927890041,"d":"0.8"}},{"$f":"IF(AC40>0,10^SUM(AC$88:AC116)-AC$227*AC$228,NA())","v":{"v":0.8273454378939159,"d":"0.8"}},{"$f":"IF(AD40>0,10^SUM(AD$88:AD116)-AD$227*AD$228,NA())","v":{"v":0.8341832420388177,"d":"0.8"}},{"$f":"IF(AE40>0,10^SUM(AE$88:AE116)-AE$227*AE$228,NA())","v":{"v":0.8383901137293354,"d":"0.8"}},{"$f":"IF(AF40>0,10^SUM(AF$88:AF116)-AF$227*AF$228,NA())","v":{"v":0.8410381355760368,"d":"0.8"}},{"$f":"IF(AG40>0,10^SUM(AG$88:AG116)-AG$227*AG$228,NA())","v":{"v":0.8582132109578431,"d":"0.9"}},{"$f":"IF(AH40>0,10^SUM(AH$88:AH116)-AH$227*AH$228,NA())","v":{"v":0.8660296246359283,"d":"0.9"}},{"$f":"IF(AI40>0,10^SUM(AI$88:AI116)-AI$227*AI$228,NA())","v":{"v":0.9016845075384827,"d":"0.9"}},{"$f":"IF(AJ40>0,10^SUM(AJ$88:AJ116)-AJ$227*AJ$228,NA())","v":{"v":0.9263809740632692,"d":"0.9"}},{"$f":"IF(AK40>0,10^SUM(AK$88:AK116)-AK$227*AK$228,NA())","v":{"v":0.9433871899875441,"d":"0.9"}},{"$f":"IF(AL40>0,10^SUM(AL$88:AL116)-AL$227*AL$228,NA())","v":{"v":0.9509865757907413,"d":"1.0"}},{"$f":"IF(AM40>0,10^SUM(AM$88:AM116)-AM$227*AM$228,NA())","v":{"v":0.9272624170249565,"d":"0.9"}},{"$f":"IF(AN40>0,10^SUM(AN$88:AN116)-AN$227*AN$228,NA())","v":{"v":0.944289227750707,"d":"0.9"}},{"$f":"IF(AO40>0,10^SUM(AO$88:AO116)-AO$227*AO$228,NA())","v":{"v":0.9423347816760067,"d":"0.9"}},54]
[{"$nulls":5},55,{"$f":"IF(G41>0,10^SUM(G$88:G117)-G$227*G$228,NA())","v":{"$error":"#N/A"}},{"$f":"IF(H41>0,10^SUM(H$88:H117)-H$227*H$228,NA())","v":{"v":0.8505140629065678,"d":"0.9"}},{"$f":"IF(I41>0,10^SUM(I$88:I117)-I$227*I$228,NA())","v":{"v":0.8512304560435092,"d":"0.9"}},{"$f":"IF(J41>0,10^SUM(J$88:J117)-J$227*J$228,NA())","v":{"$error":"#N/A"}},{"$f":"IF(K41>0,10^SUM(K$88:K117)-K$227*K$228,NA())","v":{"$error":"#N/A"}},{"$f":"IF(L41>0,10^SUM(L$88:L117)-L$227*L$228,NA())","v":{"v":0.876985257103446,"d":"0.9"}},{"$f":"IF(M41>0,10^SUM(M$88:M117)-M$227*M$228,NA())","v":{"v":0.8938034216137699,"d":"0.9"}},{"$f":"IF(N41>0,10^SUM(N$88:N117)-N$227*N$228,NA())","v":{"v":0.9094690742750586,"d":"0.9"}},{"$f":"IF(O41>0,10^SUM(O$88:O117)-O$227*O$228,NA())","v":{"v":0.911998066371509,"d":"0.9"}},{"$f":"IF(P41>0,10^SUM(P$88:P117)-P$227*P$228,NA())","v":{"v":0.9043435906254524,"d":"0.9"}},{"$f":"IF(Q41>0,10^SUM(Q$88:Q117)-Q$227*Q$228,NA())","v":{"v":0.9141303848253814,"d":"0.9"}},{"$f":"IF(R41>0,10^SUM(R$88:R117)-R$227*R$228,NA())","v":{"v":0.9086504870263784,"d":"0.9"}},{"$f":"IF(S41>0,10^SUM(S$88:S117)-S$227*S$228,NA())","v":{"v":0.8939287948902148,"d":"0.9"}},{"$f":"IF(T41>0,10^SUM(T$88:T117)-T$227*T$228,NA())","v":{"v":0.8733676511137762,"d":"0.9"}},{"$f":"IF(U41>0,10^SUM(U$88:U117)-U$227*U$228,NA())","v":{"v":0.8654704955199317,"d":"0.9"}},{"$f":"IF(V41>0,10^SUM(V$88:V117)-V$227*V$228,NA())","v":{"v":0.8353194147904598,"d":"0.8"}},{"$f":"IF(W41>0,10^SUM(W$88:W117)-W$227*W$228,NA())","v":{"v":0.8303295231314504,"d":"0.8"}},{"$f":"IF(X41>0,10^SUM(X$88:X117)-X$227*X$228,NA())","v":{"v":0.8196082785171006,"d":"0.8"}},{"$f":"IF(Y41>0,10^SUM(Y$88:Y117)-Y$227*Y$228,NA())","v":{"v":0.8295970536720969,"d":"0.8"}},{"$f":"IF(Z41>0,10^SUM(Z$88:Z117)-Z$227*Z$228,NA())","v":{"v":0.8238251036769316,"d":"0.8"}},{"$f":"IF(AA41>0,10^SUM(AA$88:AA117)-AA$227*AA$228,NA())","v":{"v":0.8205798653487462,"d":"0.8"}},{"$f":"IF(AB41>0,10^SUM(AB$88:AB117)-AB$227*AB$228,NA())","v":{"v":0.8288782142034258,"d":"0.8"}},{"$f":"IF(AC41>0,10^SUM(AC$88:AC117)-AC$227*AC$228,NA())","v":{"v":0.8248634015802342,"d":"0.8"}},{"$f":"IF(AD41>0,10^SUM(AD$88:AD117)-AD$227*AD$228,NA())","v":{"v":0.8333490587967789,"d":"0.8"}},{"$f":"IF(AE41>0,10^SUM(AE$88:AE117)-AE$227*AE$228,NA())","v":{"v":0.830006212592042,"d":"0.8"}},{"$f":"IF(AF41>0,10^SUM(AF$88:AF117)-AF$227*AF$228,NA())","v":{"v":0.8343098304914284,"d":"0.8"}},{"$f":"IF(AG41>0,10^SUM(AG$88:AG117)-AG$227*AG$228,NA())","v":{"v":0.8522057184811382,"d":"0.9"}},{"$f":"IF(AH41>0,10^SUM(AH$88:AH117)-AH$227*AH$228,NA())","v":{"v":0.8599674172634768,"d":"0.9"}},{"$f":"IF(AI41>0,10^SUM(AI$88:AI117)-AI$227*AI$228,NA())","v":{"v":0.8989794540158671,"d":"0.9"}},{"$f":"IF(AJ41>0,10^SUM(AJ$88:AJ117)-AJ$227*AJ$228,NA())","v":{"v":0.9236018311410793,"d":"0.9"}},{"$f":"IF(AK41>0,10^SUM(AK$88:AK117)-AK$227*AK$228,NA())","v":{"v":0.9415004156075686,"d":"0.9"}},{"$f":"IF(AL41>0,10^SUM(AL$88:AL117)-AL$227*AL$228,NA())","v":{"v":0.9462316429117877,"d":"0.9"}},{"$f":"IF(AM41>0,10^SUM(AM$88:AM117)-AM$227*AM$228,NA())","v":{"v":0.9152080056036322,"d":"0.9"}},{"$f":"IF(AN41>0,10^SUM(AN$88:AN117)-AN$227*AN$228,NA())","v":{"v":0.9291806001066958,"d":"0.9"}},{"$f":"IF(AO41>0,10^SUM(AO$88:AO117)-AO$227*AO$228,NA())","v":{"v":0.9234880860424866,"d":"0.9"}},55]
[{"$nulls":5},56,{"$f":"IF(G42>0,10^SUM(G$88:G118)-G$227*G$228,NA())","v":{"v":0.8624182027793375,"d":"0.9"}},{"$f":"IF(H42>0,10^SUM(H$88:H118)-H$227*H$228,NA())","v":{"v":0.8452472620689201,"d":"0.8"}},{"$f":"IF(I42>0,10^SUM(I$88:I118)-I$227*I$228,NA())","v":{"v":0.847337514731509,"d":"0.8"}},{"$f":"IF(J42>0,10^SUM(J$88:J118)-J$227*J$228,NA())","v":{"v":0.8569015271065986,"d":"0.9"}},{"$f":"IF(K42>0,10^SUM(K$88:K118)-K$227*K$228,NA())","v":{"v":0.8664424160582435,"d":"0.9"}},{"$f":"IF(L42>0,10^SUM(L$88:L118)-L$227*L$228,NA())","v":{"v":0.8721825198254781,"d":"0.9"}},{"$f":"IF(M42>0,10^SUM(M$88:M118)-M$227*M$228,NA())","v":{"v":0.883323336216943,"d":"0.9"}},{"$f":"IF(N42>0,10^SUM(N$88:N118)-N$227*N$228,NA())","v":{"v":0.8916378449099371,"d":"0.9"}},{"$f":"IF(O42>0,10^SUM(O$88:O118)-O$227*O$228,NA())","v":{"v":0.8957341386200379,"d":"0.9"}},{"$f":"IF(P42>0,10^SUM(P$88:P118)-P$227*P$228,NA())","v":{"v":0.8879760744062952,"d":"0.9"}},{"$f":"IF(Q42>0,10^SUM(Q$88:Q118)-Q$227*Q$228,NA())","v":{"v":0.8910452732612854,"d":"0.9"}},{"$f":"IF(R42>0,10^SUM(R$88:R118)-R$227*R$228,NA())","v":{"v":0.8858928598582955,"d":"0.9"}},{"$f":"IF(S42>0,10^SUM(S$88:S118)-S$227*S$228,NA())","v":{"v":0.8760502189924106,"d":"0.9"}},{"$f":"IF(T42>0,10^SUM(T$88:T118)-T$227*T$228,NA())","v":{"v":0.8524068274870455,"d":"0.9"}},{"$f":"IF(U42>0,10^SUM(U$88:U118)-U$227*U$228,NA())","v":{"v":0.8455646741229733,"d":"0.8"}},{"$f":"IF(V42>0,10^SUM(V$88:V118)-V$227*V$228,NA())","v":{"v":0.8261309012277648,"d":"0.8"}},{"$f":"IF(W42>0,10^SUM(W$88:W118)-W$227*W$228,NA())","v":{"v":0.8178745802844786,"d":"0.8"}},{"$f":"IF(X42>0,10^SUM(X$88:X118)-X$227*X$228,NA())","v":{"v":0.8081337626178613,"d":"0.8"}},{"$f":"IF(Y42>0,10^SUM(Y$88:Y118)-Y$227*Y$228,NA())","v":{"v":0.8179826949206875,"d":"0.8"}},{"$f":"IF(Z42>0,10^SUM(Z$88:Z118)-Z$227*Z$228,NA())","v":{"v":0.8114677271217774,"d":"0.8"}},{"$f":"IF(AA42>0,10^SUM(AA$88:AA118)-AA$227*AA$228,NA())","v":{"v":0.8082711673685148,"d":"0.8"}},{"$f":"IF(AB42>0,10^SUM(AB$88:AB118)-AB$227*AB$228,NA())","v":{"v":0.821418310275595,"d":"0.8"}},{"$f":"IF(AC42>0,10^SUM(AC$88:AC118)-AC$227*AC$228,NA())","v":{"v":0.8166147675644317,"d":"0.8"}},{"$f":"IF(AD42>0,10^SUM(AD$88:AD118)-AD$227*AD$228,NA())","v":{"v":0.8258489172676079,"d":"0.8"}},{"$f":"IF(AE42>0,10^SUM(AE$88:AE118)-AE$227*AE$228,NA())","v":{"v":0.8266861877416737,"d":"0.8"}},{"$f":"IF(AF42>0,10^SUM(AF$88:AF118)-AF$227*AF$228,NA())","v":{"v":0.8284696616779886,"d":"0.8"}},{"$f":"IF(AG42>0,10^SUM(AG$88:AG118)-AG$227*AG$228,NA())","v":{"v":0.844535867014808,"d":"0.8"}},{"$f":"IF(AH42>0,10^SUM(AH$88:AH118)-AH$227*AH$228,NA())","v":{"v":0.8539476453426328,"d":"0.9"}},{"$f":"IF(AI42>0,10^SUM(AI$88:AI118)-AI$227*AI$228,NA())","v":{"v":0.8953835361998034,"d":"0.9"}},{"$f":"IF(AJ42>0,10^SUM(AJ$88:AJ118)-AJ$227*AJ$228,NA())","v":{"v":0.9152894146608096,"d":"0.9"}},{"$f":"IF(AK42>0,10^SUM(AK$88:AK118)-AK$227*AK$228,NA())","v":{"v":0.9292609102046706,"d":"0.9"}},{"$f":"IF(AL42>0,10^SUM(AL$88:AL118)-AL$227*AL$228,NA())","v":{"v":0.9348768631968463,"d":"0.9"}},{"$f":"IF(AM42>0,10^SUM(AM$88:AM118)-AM$227*AM$228,NA())","v":{"v":0.9023950935251814,"d":"0.9"}},{"$f":"IF(AN42>0,10^SUM(AN$88:AN118)-AN$227*AN$228,NA())","v":{"v":0.9161720717052021,"d":"0.9"}},{"$f":"IF(AO42>0,10^SUM(AO$88:AO118)-AO$227*AO$228,NA())","v":{"v":0.9133297170960194,"d":"0.9"}},56]
[{"$nulls":5},57,{"$f":"IF(G43>0,10^SUM(G$88:G119)-G$227*G$228,NA())","v":{"v":0.8357692027793375,"d":"0.8"}},{"$f":"IF(H43>0,10^SUM(H$88:H119)-H$227*H$228,NA())","v":{"v":0.8347768620036758,"d":"0.8"}},{"$f":"IF(I43>0,10^SUM(I$88:I119)-I$227*I$228,NA())","v":{"v":0.8395827756380052,"d":"0.8"}},{"$f":"IF(J43>0,10^SUM(J$88:J119)-J$227*J$228,NA())","v":{"v":0.8501093251256606,"d":"0.9"}},{"$f":"IF(K43>0,10^SUM(K$88:K119)-K$227*K$228,NA())","v":{"v":0.856943890955281,"d":"0.9"}},{"$f":"IF(L43>0,10^SUM(L$88:L119)-L$227*L$228,NA())","v":{"v":0.8635808173606374,"d":"0.9"}},{"$f":"IF(M43>0,10^SUM(M$88:M119)-M$227*M$228,NA())","v":{"v":0.8644782372033756,"d":"0.9"}},{"$f":"IF(N43>0,10^SUM(N$88:N119)-N$227*N$228,NA())","v":{"v":0.8732247543760592,"d":"0.9"}},{"$f":"IF(O43>0,10^SUM(O$88:O119)-O$227*O$228,NA())","v":{"v":0.8741040714122138,"d":"0.9"}},{"$f":"IF(P43>0,10^SUM(P$88:P119)-P$227*P$228,NA())","v":{"v":0.8719031734790831,"d":"0.9"}},{"$f":"IF(Q43>0,10^SUM(Q$88:Q119)-Q$227*Q$228,NA())","v":{"v":0.8721385668902908,"d":"0.9"}},{"$f":"IF(R43>0,10^SUM(R$88:R119)-R$227*R$228,NA())","v":{"v":0.8734671954245222,"d":"0.9"}},{"$f":"IF(S43>0,10^SUM(S$88:S119)-S$227*S$228,NA())","v":{"v":0.8655376163645017,"d":"0.9"}},{"$f":"IF(T43>0,10^SUM(T$88:T119)-T$227*T$228,NA())","v":{"v":0.8413255387297139,"d":"0.8"}},{"$f":"IF(U43>0,10^SUM(U$88:U119)-U$227*U$228,NA())","v":{"v":0.8286533806405139,"d":"0.8"}},{"$f":"IF(V43>0,10^SUM(V$88:V119)-V$227*V$228,NA())","v":{"v":0.8145650686105762,"d":"0.8"}},{"$f":"IF(W43>0,10^SUM(W$88:W119)-W$227*W$228,NA())","v":{"v":0.8023349632590735,"d":"0.8"}},{"$f":"IF(X43>0,10^SUM(X$88:X119)-X$227*X$228,NA())","v":{"v":0.7895466860776503,"d":"0.8"}},{"$f":"IF(Y43>0,10^SUM(Y$88:Y119)-Y$227*Y$228,NA())","v":{"v":0.7991690929375117,"d":"0.8"}},{"$f":"IF(Z43>0,10^SUM(Z$88:Z119)-Z$227*Z$228,NA())","v":{"v":0.7944269048522202,"d":"0.8"}},{"$f":"IF(AA43>0,10^SUM(AA$88:AA119)-AA$227*AA$228,NA())","v":{"v":0.7864478458495647,"d":"0.8"}},{"$f":"IF(AB43>0,10^SUM(AB$88:AB119)-AB$227*AB$228,NA())","v":{"v":0.8025256891392563,"d":"0.8"}},{"$f":"IF(AC43>0,10^SUM(AC$88:AC119)-AC$227*AC$228,NA())","v":{"v":0.801915701748272,"d":"0.8"}},{"$f":"IF(AD43>0,10^SUM(AD$88:AD119)-AD$227*AD$228,NA())","v":{"v":0.8159387302603964,"d":"0.8"}},{"$f":"IF(AE43>0,10^SUM(AE$88:AE119)-AE$227*AE$228,NA())","v":{"v":0.8208993844274821,"d":"0.8"}},{"$f":"IF(AF43>0,10^SUM(AF$88:AF119)-AF$227*AF$228,NA())","v":{"v":0.8251557830312765,"d":"0.8"}},{"$f":"IF(AG43>0,10^SUM(AG$88:AG119)-AG$227*AG$228,NA())","v":{"v":0.8436913311477933,"d":"0.8"}},{"$f":"IF(AH43>0,10^SUM(AH$88:AH119)-AH$227*AH$228,NA())","v":{"v":0.8496779071159197,"d":"0.8"}},{"$f":"IF(AI43>0,10^SUM(AI$88:AI119)-AI$227*AI$228,NA())","v":{"v":0.889115851446405,"d":"0.9"}},{"$f":"IF(AJ43>0,10^SUM(AJ$88:AJ119)-AJ$227*AJ$228,NA())","v":{"v":0.9061365205142015,"d":"0.9"}},{"$f":"IF(AK43>0,10^SUM(AK$88:AK119)-AK$227*AK$228,NA())","v":{"v":0.91718051837201,"d":"0.9"}},{"$f":"IF(AL43>0,10^SUM(AL$88:AL119)-AL$227*AL$228,NA())","v":{"v":0.9143095722065159,"d":"0.9"}},{"$f":"IF(AM43>0,10^SUM(AM$88:AM119)-AM$227*AM$228,NA())","v":{"v":0.8789328210935267,"d":"0.9"}},{"$f":"IF(AN43>0,10^SUM(AN$88:AN119)-AN$227*AN$228,NA())","v":{"v":0.8932677699125721,"d":"0.9"}},{"$f":"IF(AO43>0,10^SUM(AO$88:AO119)-AO$227*AO$228,NA())","v":{"v":0.8886698147344267,"d":"0.9"}},57]
[{"$nulls":5},58,{"$f":"IF(G44>0,10^SUM(G$88:G120)-G$227*G$228,NA())","v":{"$error":"#N/A"}},{"$f":"IF(H44>0,10^SUM(H$88:H120)-H$227*H$228,NA())","v":{"$error":"#N/A"}},{"$f":"IF(I44>0,10^SUM(I$88:I120)-I$227*I$228,NA())","v":{"v":0.8376596003428158,"d":"0.8"}},{"$f":"IF(J44>0,10^SUM(J$88:J120)-J$227*J$228,NA())","v":{"v":0.8491458027589361,"d":"0.8"}},{"$f":"IF(K44>0,10^SUM(K$88:K120)-K$227*K$228,NA())","v":{"v":0.8560035369700878,"d":"0.9"}},{"$f":"IF(L44>0,10^SUM(L$88:L120)-L$227*L$228,NA())","v":{"v":0.8560036732338311,"d":"0.9"}},{"$f":"IF(M44>0,10^SUM(M$88:M120)-M$227*M$228,NA())","v":{"v":0.8580143682417221,"d":"0.9"}},{"$f":"IF(N44>0,10^SUM(N$88:N120)-N$227*N$228,NA())","v":{"v":0.8623978571421387,"d":"0.9"}},{"$f":"IF(O44>0,10^SUM(O$88:O120)-O$227*O$228,NA())","v":{"v":0.8639971873999317,"d":"0.9"}},{"$f":"IF(P44>0,10^SUM(P$88:P120)-P$227*P$228,NA())","v":{"v":0.8622576470448751,"d":"0.9"}},{"$f":"IF(Q44>0,10^SUM(Q$88:Q120)-Q$227*Q$228,NA())","v":{"v":0.8615616151547457,"d":"0.9"}},{"$f":"IF(R44>0,10^SUM(R$88:R120)-R$227*R$228,NA())","v":{"v":0.8603403684977001,"d":"0.9"}},{"$f":"IF(S44>0,10^SUM(S$88:S120)-S$227*S$228,NA())","v":{"v":0.8534200897353987,"d":"0.9"}},{"$f":"IF(T44>0,10^SUM(T$88:T120)-T$227*T$228,NA())","v":{"v":0.8312296322649575,"d":"0.8"}},{"$f":"IF(U44>0,10^SUM(U$88:U120)-U$227*U$228,NA())","v":{"v":0.8153949265502658,"d":"0.8"}},{"$f":"IF(V44>0,10^SUM(V$88:V120)-V$227*V$228,NA())","v":{"v":0.7990883323069753,"d":"0.8"}},{"$f":"IF(W44>0,10^SUM(W$88:W120)-W$227*W$228,NA())","v":{"v":0.7862882639938922,"d":"0.8"}},{"$f":"IF(X44>0,10^SUM(X$88:X120)-X$227*X$228,NA())","v":{"v":0.7721766589839423,"d":"0.8"}},{"$f":"IF(Y44>0,10^SUM(Y$88:Y120)-Y$227*Y$228,NA())","v":{"v":0.779189865614074,"d":"0.8"}},{"$f":"IF(Z44>0,10^SUM(Z$88:Z120)-Z$227*Z$228,NA())","v":{"v":0.7753606591357669,"d":"0.8"}},{"$f":"IF(AA44>0,10^SUM(AA$88:AA120)-AA$227*AA$228,NA())","v":{"v":0.7707188889325735,"d":"0.8"}},{"$f":"IF(AB44>0,10^SUM(AB$88:AB120)-AB$227*AB$228,NA())","v":{"v":0.7840675982890533,"d":"0.8"}},{"$f":"IF(AC44>0,10^SUM(AC$88:AC120)-AC$227*AC$228,NA())","v":{"v":0.786679303415055,"d":"0.8"}},{"$f":"IF(AD44>0,10^SUM(AD$88:AD120)-AD$227*AD$228,NA())","v":{"v":0.8028837105762303,"d":"0.8"}},{"$f":"IF(AE44>0,10^SUM(AE$88:AE120)-AE$227*AE$228,NA())","v":{"v":0.8110485918143523,"d":"0.8"}},{"$f":"IF(AF44>0,10^SUM(AF$88:AF120)-AF$227*AF$228,NA())","v":{"v":0.81442875785187,"d":"0.8"}},{"$f":"IF(AG44>0,10^SUM(AG$88:AG120)-AG$227*AG$228,NA())","v":{"v":0.836941800498611,"d":"0.8"}},{"$f":"IF(AH44>0,10^SUM(AH$88:AH120)-AH$227*AH$228,NA())","v":{"v":0.8445798396732245,"d":"0.8"}},{"$f":"IF(AI44>0,10^SUM(AI$88:AI120)-AI$227*AI$228,NA())","v":{"v":0.8837811563377267,"d":"0.9"}},{"$f":"IF(AJ44>0,10^SUM(AJ$88:AJ120)-AJ$227*AJ$228,NA())","v":{"v":0.8997935648706021,"d":"0.9"}},{"$f":"IF(AK44>0,10^SUM(AK$88:AK120)-AK$227*AK$228,NA())","v":{"v":0.9116774352617781,"d":"0.9"}},{"$f":"IF(AL44>0,10^SUM(AL$88:AL120)-AL$227*AL$228,NA())","v":{"v":0.9051664764844507,"d":"0.9"}},{"$f":"IF(AM44>0,10^SUM(AM$88:AM120)-AM$227*AM$228,NA())","v":{"v":0.8675066944193109,"d":"0.9"}},{"$f":"IF(AN44>0,10^SUM(AN$88:AN120)-AN$227*AN$228,NA())","v":{"v":0.8798687533638833,"d":"0.9"}},{"$f":"IF(AO44>0,10^SUM(AO$88:AO120)-AO$227*AO$228,NA())","v":{"v":0.8771171071428794,"d":"0.9"}},58]
[{"$nulls":5},59,{"$f":"IF(G45>0,10^SUM(G$88:G121)-G$227*G$228,NA())","v":{"v":0.8271260437793373,"d":"0.8"}},{"$f":"IF(H45>0,10^SUM(H$88:H121)-H$227*H$228,NA())","v":{"v":0.8287424214327402,"d":"0.8"}},{"$f":"IF(I45>0,10^SUM(I$88:I121)-I$227*I$228,NA())","v":{"v":0.8338209424536185,"d":"0.8"}},{"$f":"IF(J45>0,10^SUM(J$88:J121)-J$227*J$228,NA())","v":{"v":0.8404827731597161,"d":"0.8"}},{"$f":"IF(K45>0,10^SUM(K$88:K121)-K$227*K$228,NA())","v":{"v":0.8381546779771342,"d":"0.8"}},{"$f":"IF(L45>0,10^SUM(L$88:L121)-L$227*L$228,NA())","v":{"v":0.839091487542799,"d":"0.8"}},{"$f":"IF(M45>0,10^SUM(M$88:M121)-M$227*M$228,NA())","v":{"v":0.8369246106395495,"d":"0.8"}},{"$f":"IF(N45>0,10^SUM(N$88:N121)-N$227*N$228,NA())","v":{"v":0.8374382500522077,"d":"0.8"}},{"$f":"IF(O45>0,10^SUM(O$88:O121)-O$227*O$228,NA())","v":{"v":0.8376448655493628,"d":"0.8"}},{"$f":"IF(P45>0,10^SUM(P$88:P121)-P$227*P$228,NA())","v":{"v":0.8379754726797759,"d":"0.8"}},{"$f":"IF(Q45>0,10^SUM(Q$88:Q121)-Q$227*Q$228,NA())","v":{"v":0.837178215753736,"d":"0.8"}},{"$f":"IF(R45>0,10^SUM(R$88:R121)-R$227*R$228,NA())","v":{"v":0.8379284993246395,"d":"0.8"}},{"$f":"IF(S45>0,10^SUM(S$88:S121)-S$227*S$228,NA())","v":{"v":0.838911948209897,"d":"0.8"}},{"$f":"IF(T45>0,10^SUM(T$88:T121)-T$227*T$228,NA())","v":{"v":0.8179299581487182,"d":"0.8"}},{"$f":"IF(U45>0,10^SUM(U$88:U121)-U$227*U$228,NA())","v":{"v":0.7990870280192606,"d":"0.8"}},{"$f":"IF(V45>0,10^SUM(V$88:V121)-V$227*V$228,NA())","v":{"v":0.781508388996222,"d":"0.8"}},{"$f":"IF(W45>0,10^SUM(W$88:W121)-W$227*W$228,NA())","v":{"v":0.7674173456580385,"d":"0.8"}},{"$f":"IF(X45>0,10^SUM(X$88:X121)-X$227*X$228,NA())","v":{"v":0.7513278891913758,"d":"0.8"}},{"$f":"IF(Y45>0,10^SUM(Y$88:Y121)-Y$227*Y$228,NA())","v":{"v":0.7558141696456516,"d":"0.8"}},{"$f":"IF(Z45>0,10^SUM(Z$88:Z121)-Z$227*Z$228,NA())","v":{"v":0.7552012819982369,"d":"0.8"}},{"$f":"IF(AA45>0,10^SUM(AA$88:AA121)-AA$227*AA$228,NA())","v":{"v":0.7514509167092592,"d":"0.8"}},{"$f":"IF(AB45>0,10^SUM(AB$88:AB121)-AB$227*AB$228,NA())","v":{"v":0.7707384491181394,"d":"0.8"}},{"$f":"IF(AC45>0,10^SUM(AC$88:AC121)-AC$227*AC$228,NA())","v":{"v":0.7748791138638289,"d":"0.8"}},{"$f":"IF(AD45>0,10^SUM(AD$88:AD121)-AD$227*AD$228,NA())","v":{"v":0.7892346874964344,"d":"0.8"}},{"$f":"IF(AE45>0,10^SUM(AE$88:AE121)-AE$227*AE$228,NA())","v":{"v":0.7996939115289513,"d":"0.8"}},{"$f":"IF(AF45>0,10^SUM(AF$88:AF121)-AF$227*AF$228,NA())","v":{"v":0.8005834689683882,"d":"0.8"}},{"$f":"IF(AG45>0,10^SUM(AG$88:AG121)-AG$227*AG$228,NA())","v":{"v":0.8210399062891375,"d":"0.8"}},{"$f":"IF(AH45>0,10^SUM(AH$88:AH121)-AH$227*AH$228,NA())","v":{"v":0.8293774025591064,"d":"0.8"}},{"$f":"IF(AI45>0,10^SUM(AI$88:AI121)-AI$227*AI$228,NA())","v":{"v":0.8678730955236478,"d":"0.9"}},{"$f":"IF(AJ45>0,10^SUM(AJ$88:AJ121)-AJ$227*AJ$228,NA())","v":{"v":0.8817976935731902,"d":"0.9"}},{"$f":"IF(AK45>0,10^SUM(AK$88:AK121)-AK$227*AK$228,NA())","v":{"v":0.896178918862328,"d":"0.9"}},{"$f":"IF(AL45>0,10^SUM(AL$88:AL121)-AL$227*AL$228,NA())","v":{"v":0.889778646384215,"d":"0.9"}},{"$f":"IF(AM45>0,10^SUM(AM$88:AM121)-AM$227*AM$228,NA())","v":{"v":0.8475540404476668,"d":"0.8"}},{"$f":"IF(AN45>0,10^SUM(AN$88:AN121)-AN$227*AN$228,NA())","v":{"v":0.8657908533100613,"d":"0.9"}},{"$f":"IF(AO45>0,10^SUM(AO$88:AO121)-AO$227*AO$228,NA())","v":{"v":0.8665917018571647,"d":"0.9"}},59]
[{"$nulls":5},60,{"$f":"IF(G46>0,10^SUM(G$88:G122)-G$227*G$228,NA())","v":{"v":0.8261743359383376,"d":"0.8"}},{"$f":"IF(H46>0,10^SUM(H$88:H122)-H$227*H$228,NA())","v":{"v":0.8261743359383376,"d":"0.8"}},{"$f":"IF(I46>0,10^SUM(I$88:I122)-I$227*I$228,NA())","v":{"v":0.8261743359383376,"d":"0.8"}},{"$f":"IF(J46>0,10^SUM(J$88:J122)-J$227*J$228,NA())","v":{"v":0.8261743359383376,"d":"0.8"}},{"$f":"IF(K46>0,10^SUM(K$88:K122)-K$227*K$228,NA())","v":{"v":0.8261743359383376,"d":"0.8"}},{"$f":"IF(L46>0,10^SUM(L$88:L122)-L$227*L$228,NA())","v":{"v":0.8261743359383376,"d":"0.8"}},{"$f":"IF(M46>0,10^SUM(M$88:M122)-M$227*M$228,NA())","v":{"v":0.8261743359383376,"d":"0.8"}},{"$f":"IF(N46>0,10^SUM(N$88:N122)-N$227*N$228,NA())","v":{"v":0.8261743359383376,"d":"0.8"}},{"$f":"IF(O46>0,10^SUM(O$88:O122)-O$227*O$228,NA())","v":{"v":0.8261743359383376,"d":"0.8"}},{"$f":"IF(P46>0,10^SUM(P$88:P122)-P$227*P$228,NA())","v":{"v":0.8261743359383376,"d":"0.8"}},{"$f":"IF(Q46>0,10^SUM(Q$88:Q122)-Q$227*Q$228,NA())","v":{"v":0.8261743359383376,"d":"0.8"}},{"$f":"IF(R46>0,10^SUM(R$88:R122)-R$227*R$228,NA())","v":{"v":0.8261743359383376,"d":"0.8"}},{"$f":"IF(S46>0,10^SUM(S$88:S122)-S$227*S$228,NA())","v":{"v":0.8263282689867484,"d":"0.8"}},{"$f":"IF(T46>0,10^SUM(T$88:T122)-T$227*T$228,NA())","v":{"v":0.8032072189020413,"d":"0.8"}},{"$f":"IF(U46>0,10^SUM(U$88:U122)-U$227*U$228,NA())","v":{"v":0.7871007225989715,"d":"0.8"}},{"$f":"IF(V46>0,10^SUM(V$88:V122)-V$227*V$228,NA())","v":{"v":0.7674412379942901,"d":"0.8"}},{"$f":"IF(W46>0,10^SUM(W$88:W122)-W$227*W$228,NA())","v":{"v":0.7513015813992199,"d":"0.8"}},{"$f":"IF(X46>0,10^SUM(X$88:X122)-X$227*X$228,NA())","v":{"v":0.7347986756291656,"d":"0.7"}},{"$f":"IF(Y46>0,10^SUM(Y$88:Y122)-Y$227*Y$228,NA())","v":{"v":0.7391862579134474,"d":"0.7"}},{"$f":"IF(Z46>0,10^SUM(Z$88:Z122)-Z$227*Z$228,NA())","v":{"v":0.7378316525122773,"d":"0.7"}},{"$f":"IF(AA46>0,10^SUM(AA$88:AA122)-AA$227*AA$228,NA())","v":{"v":0.7349189965416557,"d":"0.7"}},{"$f":"IF(AB46>0,10^SUM(AB$88:AB122)-AB$227*AB$228,NA())","v":{"v":0.7545529416866588,"d":"0.8"}},{"$f":"IF(AC46>0,10^SUM(AC$88:AC122)-AC$227*AC$228,NA())","v":{"v":0.7562820151310968,"d":"0.8"}},{"$f":"IF(AD46>0,10^SUM(AD$88:AD122)-AD$227*AD$228,NA())","v":{"v":0.7710822896840164,"d":"0.8"}},{"$f":"IF(AE46>0,10^SUM(AE$88:AE122)-AE$227*AE$228,NA())","v":{"v":0.7789018698291985,"d":"0.8"}},{"$f":"IF(AF46>0,10^SUM(AF$88:AF122)-AF$227*AF$228,NA())","v":{"v":0.7813694657131467,"d":"0.8"}},{"$f":"IF(AG46>0,10^SUM(AG$88:AG122)-AG$227*AG$228,NA())","v":{"v":0.8046191081633548,"d":"0.8"}},{"$f":"IF(AH46>0,10^SUM(AH$88:AH122)-AH$227*AH$228,NA())","v":{"v":0.8094723448976878,"d":"0.8"}},{"$f":"IF(AI46>0,10^SUM(AI$88:AI122)-AI$227*AI$228,NA())","v":{"v":0.8453083950400327,"d":"0.8"}},{"$f":"IF(AJ46>0,10^SUM(AJ$88:AJ122)-AJ$227*AJ$228,NA())","v":{"v":0.8606345489274334,"d":"0.9"}},{"$f":"IF(AK46>0,10^SUM(AK$88:AK122)-AK$227*AK$228,NA())","v":{"v":0.8728782669719074,"d":"0.9"}},{"$f":"IF(AL46>0,10^SUM(AL$88:AL122)-AL$227*AL$228,NA())","v":{"v":0.863975065639073,"d":"0.9"}},{"$f":"IF(AM46>0,10^SUM(AM$88:AM122)-AM$227*AM$228,NA())","v":{"v":0.8272127434769225,"d":"0.8"}},{"$f":"IF(AN46>0,10^SUM(AN$88:AN122)-AN$227*AN$228,NA())","v":{"v":0.8458776636839298,"d":"0.8"}},{"$f":"IF(AO46>0,10^SUM(AO$88:AO122)-AO$227*AO$228,NA())","v":{"v":0.8449269093107356,"d":"0.8"}},60,null,{"$f":"AVERAGE(G193:AO193)","v":{"v":0.8060942934826589,"d":"0.81"}}]
[{"$nulls":5},61,{"$f":"IF(G47>0,10^SUM(G$88:G123)-G$227*G$228,NA())","v":{"v":0.8147652623404295,"d":"0.8"}},{"$f":"IF(H47>0,10^SUM(H$88:H123)-H$227*H$228,NA())","v":{"v":0.8133724297487408,"d":"0.8"}},{"$f":"IF(I47>0,10^SUM(I$88:I123)-I$227*I$228,NA())","v":{"v":0.8034180349488614,"d":"0.8"}},{"$f":"IF(J47>0,10^SUM(J$88:J123)-J$227*J$228,NA())","v":{"v":0.7970471272346851,"d":"0.8"}},{"$f":"IF(K47>0,10^SUM(K$88:K123)-K$227*K$228,NA())","v":{"v":0.7979772186028711,"d":"0.8"}},{"$f":"IF(L47>0,10^SUM(L$88:L123)-L$227*L$228,NA())","v":{"v":0.7970627668366254,"d":"0.8"}},{"$f":"IF(M47>0,10^SUM(M$88:M123)-M$227*M$228,NA())","v":{"v":0.7978509455255449,"d":"0.8"}},{"$f":"IF(N47>0,10^SUM(N$88:N123)-N$227*N$228,NA())","v":{"v":0.8013737964243908,"d":"0.8"}},{"$f":"IF(O47>0,10^SUM(O$88:O123)-O$227*O$228,NA())","v":{"v":0.8017897546821611,"d":"0.8"}},{"$f":"IF(P47>0,10^SUM(P$88:P123)-P$227*P$228,NA())","v":{"v":0.8037336314861541,"d":"0.8"}},{"$f":"IF(Q47>0,10^SUM(Q$88:Q123)-Q$227*Q$228,NA())","v":{"v":0.802781780355387,"d":"0.8"}},{"$f":"IF(R47>0,10^SUM(R$88:R123)-R$227*R$228,NA())","v":{"v":0.8054786125474556,"d":"0.8"}},{"$f":"IF(S47>0,10^SUM(S$88:S123)-S$227*S$228,NA())","v":{"v":0.8056700622620796,"d":"0.8"}},{"$f":"IF(T47>0,10^SUM(T$88:T123)-T$227*T$228,NA())","v":{"v":0.7839302456483922,"d":"0.8"}},{"$f":"IF(U47>0,10^SUM(U$88:U123)-U$227*U$228,NA())","v":{"v":0.7603392980306066,"d":"0.8"}},{"$f":"IF(V47>0,10^SUM(V$88:V123)-V$227*V$228,NA())","v":{"v":0.7467203245684442,"d":"0.7"}},{"$f":"IF(W47>0,10^SUM(W$88:W123)-W$227*W$228,NA())","v":{"v":0.7265086292130456,"d":"0.7"}},{"$f":"IF(X47>0,10^SUM(X$88:X123)-X$227*X$228,NA())","v":{"v":0.7098155206577741,"d":"0.7"}},{"$f":"IF(Y47>0,10^SUM(Y$88:Y123)-Y$227*Y$228,NA())","v":{"v":0.7147931114023036,"d":"0.7"}},{"$f":"IF(Z47>0,10^SUM(Z$88:Z123)-Z$227*Z$228,NA())","v":{"v":0.7238128511145442,"d":"0.7"}},{"$f":"IF(AA47>0,10^SUM(AA$88:AA123)-AA$227*AA$228,NA())","v":{"v":0.719485697614281,"d":"0.7"}},{"$f":"IF(AB47>0,10^SUM(AB$88:AB123)-AB$227*AB$228,NA())","v":{"v":0.7334254593194323,"d":"0.7"}},{"$f":"IF(AC47>0,10^SUM(AC$88:AC123)-AC$227*AC$228,NA())","v":{"v":0.7343498366922951,"d":"0.7"}},{"$f":"IF(AD47>0,10^SUM(AD$88:AD123)-AD$227*AD$228,NA())","v":{"v":0.7479498209934957,"d":"0.7"}},{"$f":"IF(AE47>0,10^SUM(AE$88:AE123)-AE$227*AE$228,NA())","v":{"v":0.7531981081248349,"d":"0.8"}},{"$f":"IF(AF47>0,10^SUM(AF$88:AF123)-AF$227*AF$228,NA())","v":{"v":0.7532401649474736,"d":"0.8"}},{"$f":"IF(AG47>0,10^SUM(AG$88:AG123)-AG$227*AG$228,NA())","v":{"v":0.7772620584858008,"d":"0.8"}},{"$f":"IF(AH47>0,10^SUM(AH$88:AH123)-AH$227*AH$228,NA())","v":{"v":0.7787123957915756,"d":"0.8"}},{"$f":"IF(AI47>0,10^SUM(AI$88:AI123)-AI$227*AI$228,NA())","v":{"v":0.8123413676334713,"d":"0.8"}},{"$f":"IF(AJ47>0,10^SUM(AJ$88:AJ123)-AJ$227*AJ$228,NA())","v":{"v":0.8262091669703361,"d":"0.8"}},{"$f":"IF(AK47>0,10^SUM(AK$88:AK123)-AK$227*AK$228,NA())","v":{"v":0.8370902580260592,"d":"0.8"}},{"$f":"IF(AL47>0,10^SUM(AL$88:AL123)-AL$227*AL$228,NA())","v":{"v":0.8311440131447881,"d":"0.8"}},{"$f":"IF(AM47>0,10^SUM(AM$88:AM123)-AM$227*AM$228,NA())","v":{"v":0.801569148429138,"d":"0.8"}},{"$f":"IF(AN47>0,10^SUM(AN$88:AN123)-AN$227*AN$228,NA())","v":{"v":0.8221930891007799,"d":"0.8"}},{"$f":"IF(AO47>0,10^SUM(AO$88:AO123)-AO$227*AO$228,NA())","v":{"v":0.8407022747641822,"d":"0.8"}},61]
[{"$nulls":5},62,{"$f":"IF(G48>0,10^SUM(G$88:G124)-G$227*G$228,NA())","v":{"v":0.8053717917448185,"d":"0.8"}},{"$f":"IF(H48>0,10^SUM(H$88:H124)-H$227*H$228,NA())","v":{"v":0.7957186011132874,"d":"0.8"}},{"$f":"IF(I48>0,10^SUM(I$88:I124)-I$227*I$228,NA())","v":{"v":0.7756553477417008,"d":"0.8"}},{"$f":"IF(J48>0,10^SUM(J$88:J124)-J$227*J$228,NA())","v":{"v":0.7551659594683428,"d":"0.8"}},{"$f":"IF(K48>0,10^SUM(K$88:K124)-K$227*K$228,NA())","v":{"v":0.7547892402736679,"d":"0.8"}},{"$f":"IF(L48>0,10^SUM(L$88:L124)-L$227*L$228,NA())","v":{"v":0.7547927685009396,"d":"0.8"}},{"$f":"IF(M48>0,10^SUM(M$88:M124)-M$227*M$228,NA())","v":{"v":0.7584389477661442,"d":"0.8"}},{"$f":"IF(N48>0,10^SUM(N$88:N124)-N$227*N$228,NA())","v":{"v":0.7656670058614314,"d":"0.8"}},{"$f":"IF(O48>0,10^SUM(O$88:O124)-O$227*O$228,NA())","v":{"v":0.7721624884559065,"d":"0.8"}},{"$f":"IF(P48>0,10^SUM(P$88:P124)-P$227*P$228,NA())","v":{"v":0.7730031645818936,"d":"0.8"}},{"$f":"IF(Q48>0,10^SUM(Q$88:Q124)-Q$227*Q$228,NA())","v":{"v":0.7654272108830701,"d":"0.8"}},{"$f":"IF(R48>0,10^SUM(R$88:R124)-R$227*R$228,NA())","v":{"v":0.7683504847842136,"d":"0.8"}},{"$f":"IF(S48>0,10^SUM(S$88:S124)-S$227*S$228,NA())","v":{"v":0.7726375897093344,"d":"0.8"}},{"$f":"IF(T48>0,10^SUM(T$88:T124)-T$227*T$228,NA())","v":{"v":0.7494373148398629,"d":"0.7"}},{"$f":"IF(U48>0,10^SUM(U$88:U124)-U$227*U$228,NA())","v":{"v":0.7299257261093822,"d":"0.7"}},{"$f":"IF(V48>0,10^SUM(V$88:V124)-V$227*V$228,NA())","v":{"v":0.7220785538576855,"d":"0.7"}},{"$f":"IF(W48>0,10^SUM(W$88:W124)-W$227*W$228,NA())","v":{"v":0.703260353078228,"d":"0.7"}},{"$f":"IF(X48>0,10^SUM(X$88:X124)-X$227*X$228,NA())","v":{"v":0.6871014239967252,"d":"0.7"}},{"$f":"IF(Y48>0,10^SUM(Y$88:Y124)-Y$227*Y$228,NA())","v":{"v":0.6890605593918208,"d":"0.7"}},{"$f":"IF(Z48>0,10^SUM(Z$88:Z124)-Z$227*Z$228,NA())","v":{"v":0.6963079627721915,"d":"0.7"}},{"$f":"IF(AA48>0,10^SUM(AA$88:AA124)-AA$227*AA$228,NA())","v":{"v":0.6907062697097098,"d":"0.7"}},{"$f":"IF(AB48>0,10^SUM(AB$88:AB124)-AB$227*AB$228,NA())","v":{"v":0.7062887173246132,"d":"0.7"}},{"$f":"IF(AC48>0,10^SUM(AC$88:AC124)-AC$227*AC$228,NA())","v":{"v":0.706444542897988,"d":"0.7"}},{"$f":"IF(AD48>0,10^SUM(AD$88:AD124)-AD$227*AD$228,NA())","v":{"v":0.7217715772587234,"d":"0.7"}},{"$f":"IF(AE48>0,10^SUM(AE$88:AE124)-AE$227*AE$228,NA())","v":{"v":0.7260829762323411,"d":"0.7"}},{"$f":"IF(AF48>0,10^SUM(AF$88:AF124)-AF$227*AF$228,NA())","v":{"v":0.725370278844417,"d":"0.7"}},{"$f":"IF(AG48>0,10^SUM(AG$88:AG124)-AG$227*AG$228,NA())","v":{"v":0.7469488382048544,"d":"0.7"}},{"$f":"IF(AH48>0,10^SUM(AH$88:AH124)-AH$227*AH$228,NA())","v":{"v":0.7460064751683295,"d":"0.7"}},{"$f":"IF(AI48>0,10^SUM(AI$88:AI124)-AI$227*AI$228,NA())","v":{"v":0.7814723956633995,"d":"0.8"}},{"$f":"IF(AJ48>0,10^SUM(AJ$88:AJ124)-AJ$227*AJ$228,NA())","v":{"v":0.7939870094584928,"d":"0.8"}},{"$f":"IF(AK48>0,10^SUM(AK$88:AK124)-AK$227*AK$228,NA())","v":{"v":0.8086291892531733,"d":"0.8"}},{"$f":"IF(AL48>0,10^SUM(AL$88:AL124)-AL$227*AL$228,NA())","v":{"v":0.8028851166978654,"d":"0.8"}},{"$f":"IF(AM48>0,10^SUM(AM$88:AM124)-AM$227*AM$228,NA())","v":{"v":0.7759189356794054,"d":"0.8"}},{"$f":"IF(AN48>0,10^SUM(AN$88:AN124)-AN$227*AN$228,NA())","v":{"v":0.7934163309822526,"d":"0.8"}},{"$f":"IF(AO48>0,10^SUM(AO$88:AO124)-AO$227*AO$228,NA())","v":{"v":0.8280917406427193,"d":"0.8"}},62]
[{"$nulls":5},63,{"$f":"IF(G49>0,10^SUM(G$88:G125)-G$227*G$228,NA())","v":{"v":0.7830529056096468,"d":"0.8"}},{"$f":"IF(H49>0,10^SUM(H$88:H125)-H$227*H$228,NA())","v":{"v":0.7743204794901047,"d":"0.8"}},{"$f":"IF(I49>0,10^SUM(I$88:I125)-I$227*I$228,NA())","v":{"v":0.7406465991734711,"d":"0.7"}},{"$f":"IF(J49>0,10^SUM(J$88:J125)-J$227*J$228,NA())","v":{"v":0.7169484834213866,"d":"0.7"}},{"$f":"IF(K49>0,10^SUM(K$88:K125)-K$227*K$228,NA())","v":{"v":0.7187466688896661,"d":"0.7"}},{"$f":"IF(L49>0,10^SUM(L$88:L125)-L$227*L$228,NA())","v":{"v":0.710359955250411,"d":"0.7"}},{"$f":"IF(M49>0,10^SUM(M$88:M125)-M$227*M$228,NA())","v":{"v":0.7159356785303104,"d":"0.7"}},{"$f":"IF(N49>0,10^SUM(N$88:N125)-N$227*N$228,NA())","v":{"v":0.7243434541038705,"d":"0.7"}},{"$f":"IF(O49>0,10^SUM(O$88:O125)-O$227*O$228,NA())","v":{"v":0.7362203820568558,"d":"0.7"}},{"$f":"IF(P49>0,10^SUM(P$88:P125)-P$227*P$228,NA())","v":{"v":0.7348828290836555,"d":"0.7"}},{"$f":"IF(Q49>0,10^SUM(Q$88:Q125)-Q$227*Q$228,NA())","v":{"v":0.7282415490292365,"d":"0.7"}},{"$f":"IF(R49>0,10^SUM(R$88:R125)-R$227*R$228,NA())","v":{"v":0.7321602458135996,"d":"0.7"}},{"$f":"IF(S49>0,10^SUM(S$88:S125)-S$227*S$228,NA())","v":{"v":0.7293698846856117,"d":"0.7"}},{"$f":"IF(T49>0,10^SUM(T$88:T125)-T$227*T$228,NA())","v":{"v":0.7022227640049513,"d":"0.7"}},{"$f":"IF(U49>0,10^SUM(U$88:U125)-U$227*U$228,NA())","v":{"v":0.6868601082689288,"d":"0.7"}},{"$f":"IF(V49>0,10^SUM(V$88:V125)-V$227*V$228,NA())","v":{"v":0.6758655264107937,"d":"0.7"}},{"$f":"IF(W49>0,10^SUM(W$88:W125)-W$227*W$228,NA())","v":{"v":0.6561419094219867,"d":"0.7"}},{"$f":"IF(X49>0,10^SUM(X$88:X125)-X$227*X$228,NA())","v":{"v":0.6465624399809184,"d":"0.6"}},{"$f":"IF(Y49>0,10^SUM(Y$88:Y125)-Y$227*Y$228,NA())","v":{"v":0.6477169258283114,"d":"0.6"}},{"$f":"IF(Z49>0,10^SUM(Z$88:Z125)-Z$227*Z$228,NA())","v":{"v":0.6552257929686323,"d":"0.7"}},{"$f":"IF(AA49>0,10^SUM(AA$88:AA125)-AA$227*AA$228,NA())","v":{"v":0.6575523687636438,"d":"0.7"}},{"$f":"IF(AB49>0,10^SUM(AB$88:AB125)-AB$227*AB$228,NA())","v":{"v":0.6766245911969796,"d":"0.7"}},{"$f":"IF(AC49>0,10^SUM(AC$88:AC125)-AC$227*AC$228,NA())","v":{"v":0.6781867611820684,"d":"0.7"}},{"$f":"IF(AD49>0,10^SUM(AD$88:AD125)-AD$227*AD$228,NA())","v":{"v":0.6979531152091855,"d":"0.7"}},{"$f":"IF(AE49>0,10^SUM(AE$88:AE125)-AE$227*AE$228,NA())","v":{"v":0.7013961550404416,"d":"0.7"}},{"$f":"IF(AF49>0,10^SUM(AF$88:AF125)-AF$227*AF$228,NA())","v":{"v":0.6970808379694846,"d":"0.7"}},{"$f":"IF(AG49>0,10^SUM(AG$88:AG125)-AG$227*AG$228,NA())","v":{"v":0.7133361404856361,"d":"0.7"}},{"$f":"IF(AH49>0,10^SUM(AH$88:AH125)-AH$227*AH$228,NA())","v":{"v":0.7116901773105865,"d":"0.7"}},{"$f":"IF(AI49>0,10^SUM(AI$88:AI125)-AI$227*AI$228,NA())","v":{"v":0.7423987758802296,"d":"0.7"}},{"$f":"IF(AJ49>0,10^SUM(AJ$88:AJ125)-AJ$227*AJ$228,NA())","v":{"v":0.7566696200139437,"d":"0.8"}},{"$f":"IF(AK49>0,10^SUM(AK$88:AK125)-AK$227*AK$228,NA())","v":{"v":0.7706236173582742,"d":"0.8"}},{"$f":"IF(AL49>0,10^SUM(AL$88:AL125)-AL$227*AL$228,NA())","v":{"v":0.7683610566798572,"d":"0.8"}},{"$f":"IF(AM49>0,10^SUM(AM$88:AM125)-AM$227*AM$228,NA())","v":{"v":0.7122935829536943,"d":"0.7"}},{"$f":"IF(AN49>0,10^SUM(AN$88:AN125)-AN$227*AN$228,NA())","v":{"v":0.7624730940739446,"d":"0.8"}},{"$f":"IF(AO49>0,10^SUM(AO$88:AO125)-AO$227*AO$228,NA())","v":{"$error":"#N/A"}},63]
[{"$nulls":5},64,{"$f":"IF(G50>0,10^SUM(G$88:G126)-G$227*G$228,NA())","v":{"v":0.7349482663596405,"d":"0.7"}},{"$f":"IF(H50>0,10^SUM(H$88:H126)-H$227*H$228,NA())","v":{"v":0.728628905787187,"d":"0.7"}},{"$f":"IF(I50>0,10^SUM(I$88:I126)-I$227*I$228,NA())","v":{"v":0.691475465319063,"d":"0.7"}},{"$f":"IF(J50>0,10^SUM(J$88:J126)-J$227*J$228,NA())","v":{"v":0.6729393225953146,"d":"0.7"}},{"$f":"IF(K50>0,10^SUM(K$88:K126)-K$227*K$228,NA())","v":{"v":0.6786388307332828,"d":"0.7"}},{"$f":"IF(L50>0,10^SUM(L$88:L126)-L$227*L$228,NA())","v":{"v":0.6738395361783447,"d":"0.7"}},{"$f":"IF(M50>0,10^SUM(M$88:M126)-M$227*M$228,NA())","v":{"v":0.6764174465877315,"d":"0.7"}},{"$f":"IF(N50>0,10^SUM(N$88:N126)-N$227*N$228,NA())","v":{"v":0.6881821675812542,"d":"0.7"}},{"$f":"IF(O50>0,10^SUM(O$88:O126)-O$227*O$228,NA())","v":{"v":0.6963932607024896,"d":"0.7"}},{"$f":"IF(P50>0,10^SUM(P$88:P126)-P$227*P$228,NA())","v":{"v":0.6934514701592852,"d":"0.7"}},{"$f":"IF(Q50>0,10^SUM(Q$88:Q126)-Q$227*Q$228,NA())","v":{"v":0.6898907364373161,"d":"0.7"}},{"$f":"IF(R50>0,10^SUM(R$88:R126)-R$227*R$228,NA())","v":{"v":0.6976709480746043,"d":"0.7"}},{"$f":"IF(S50>0,10^SUM(S$88:S126)-S$227*S$228,NA())","v":{"v":0.6877958012585318,"d":"0.7"}},{"$f":"IF(T50>0,10^SUM(T$88:T126)-T$227*T$228,NA())","v":{"v":0.6593871754006493,"d":"0.7"}},{"$f":"IF(U50>0,10^SUM(U$88:U126)-U$227*U$228,NA())","v":{"v":0.6422142012314485,"d":"0.6"}},{"$f":"IF(V50>0,10^SUM(V$88:V126)-V$227*V$228,NA())","v":{"v":0.6326101327205028,"d":"0.6"}},{"$f":"IF(W50>0,10^SUM(W$88:W126)-W$227*W$228,NA())","v":{"v":0.6154611110378234,"d":"0.6"}},{"$f":"IF(X50>0,10^SUM(X$88:X126)-X$227*X$228,NA())","v":{"v":0.6129411931019108,"d":"0.6"}},{"$f":"IF(Y50>0,10^SUM(Y$88:Y126)-Y$227*Y$228,NA())","v":{"v":0.6192173810918656,"d":"0.6"}},{"$f":"IF(Z50>0,10^SUM(Z$88:Z126)-Z$227*Z$228,NA())","v":{"v":0.6303272128358243,"d":"0.6"}},{"$f":"IF(AA50>0,10^SUM(AA$88:AA126)-AA$227*AA$228,NA())","v":{"v":0.6351955882256799,"d":"0.6"}},{"$f":"IF(AB50>0,10^SUM(AB$88:AB126)-AB$227*AB$228,NA())","v":{"v":0.6509128567314943,"d":"0.7"}},{"$f":"IF(AC50>0,10^SUM(AC$88:AC126)-AC$227*AC$228,NA())","v":{"v":0.6503811039736036,"d":"0.7"}},{"$f":"IF(AD50>0,10^SUM(AD$88:AD126)-AD$227*AD$228,NA())","v":{"v":0.6630554594487263,"d":"0.7"}},{"$f":"IF(AE50>0,10^SUM(AE$88:AE126)-AE$227*AE$228,NA())","v":{"v":0.6663263472884196,"d":"0.7"}},{"$f":"IF(AF50>0,10^SUM(AF$88:AF126)-AF$227*AF$228,NA())","v":{"v":0.6608326343950714,"d":"0.7"}},{"$f":"IF(AG50>0,10^SUM(AG$88:AG126)-AG$227*AG$228,NA())","v":{"v":0.6805226780232969,"d":"0.7"}},{"$f":"IF(AH50>0,10^SUM(AH$88:AH126)-AH$227*AH$228,NA())","v":{"v":0.6761056684450572,"d":"0.7"}},{"$f":"IF(AI50>0,10^SUM(AI$88:AI126)-AI$227*AI$228,NA())","v":{"v":0.7089908309656193,"d":"0.7"}},{"$f":"IF(AJ50>0,10^SUM(AJ$88:AJ126)-AJ$227*AJ$228,NA())","v":{"v":0.7248894959733581,"d":"0.7"}},{"$f":"IF(AK50>0,10^SUM(AK$88:AK126)-AK$227*AK$228,NA())","v":{"v":0.7351749309597937,"d":"0.7"}},{"$f":"IF(AL50>0,10^SUM(AL$88:AL126)-AL$227*AL$228,NA())","v":{"v":0.7284062817325047,"d":"0.7"}},{"$f":"IF(AM50>0,10^SUM(AM$88:AM126)-AM$227*AM$228,NA())","v":{"v":0.6510363348196766,"d":"0.7"}},{"$f":"IF(AN50>0,10^SUM(AN$88:AN126)-AN$227*AN$228,NA())","v":{"$error":"#N/A"}},{"$f":"IF(AO50>0,10^SUM(AO$88:AO126)-AO$227*AO$228,NA())","v":{"$error":"#N/A"}},64]
[{"$nulls":5},65,{"$f":"IF(G51>0,10^SUM(G$88:G127)-G$227*G$228,NA())","v":{"v":0.67735975209976,"d":"0.7"}},{"$f":"IF(H51>0,10^SUM(H$88:H127)-H$227*H$228,NA())","v":{"v":0.6787385169429379,"d":"0.7"}},{"$f":"IF(I51>0,10^SUM(I$88:I127)-I$227*I$228,NA())","v":{"v":0.6369722827216009,"d":"0.6"}},{"$f":"IF(J51>0,10^SUM(J$88:J127)-J$227*J$228,NA())","v":{"v":0.6178946571017235,"d":"0.6"}},{"$f":"IF(K51>0,10^SUM(K$88:K127)-K$227*K$228,NA())","v":{"v":0.6184369656605513,"d":"0.6"}},{"$f":"IF(L51>0,10^SUM(L$88:L127)-L$227*L$228,NA())","v":{"v":0.6223362182208861,"d":"0.6"}},{"$f":"IF(M51>0,10^SUM(M$88:M127)-M$227*M$228,NA())","v":{"v":0.6256783613753392,"d":"0.6"}},{"$f":"IF(N51>0,10^SUM(N$88:N127)-N$227*N$228,NA())","v":{"v":0.6408470435231493,"d":"0.6"}},{"$f":"IF(O51>0,10^SUM(O$88:O127)-O$227*O$228,NA())","v":{"v":0.6504452574427209,"d":"0.7"}},{"$f":"IF(P51>0,10^SUM(P$88:P127)-P$227*P$228,NA())","v":{"v":0.6592291676877551,"d":"0.7"}},{"$f":"IF(Q51>0,10^SUM(Q$88:Q127)-Q$227*Q$228,NA())","v":{"v":0.6542333309143512,"d":"0.7"}},{"$f":"IF(R51>0,10^SUM(R$88:R127)-R$227*R$228,NA())","v":{"v":0.6557114152083117,"d":"0.7"}},{"$f":"IF(S51>0,10^SUM(S$88:S127)-S$227*S$228,NA())","v":{"v":0.6451524615805027,"d":"0.6"}},{"$f":"IF(T51>0,10^SUM(T$88:T127)-T$227*T$228,NA())","v":{"v":0.6191645577012097,"d":"0.6"}},{"$f":"IF(U51>0,10^SUM(U$88:U127)-U$227*U$228,NA())","v":{"v":0.6011124923526358,"d":"0.6"}},{"$f":"IF(V51>0,10^SUM(V$88:V127)-V$227*V$228,NA())","v":{"v":0.5889600335627879,"d":"0.6"}},{"$f":"IF(W51>0,10^SUM(W$88:W127)-W$227*W$228,NA())","v":{"v":0.5791489054865919,"d":"0.6"}},{"$f":"IF(X51>0,10^SUM(X$88:X127)-X$227*X$228,NA())","v":{"v":0.583520015833019,"d":"0.6"}},{"$f":"IF(Y51>0,10^SUM(Y$88:Y127)-Y$227*Y$228,NA())","v":{"v":0.5894949467994561,"d":"0.6"}},{"$f":"IF(Z51>0,10^SUM(Z$88:Z127)-Z$227*Z$228,NA())","v":{"v":0.5994411794068687,"d":"0.6"}},{"$f":"IF(AA51>0,10^SUM(AA$88:AA127)-AA$227*AA$228,NA())","v":{"v":0.603435808814396,"d":"0.6"}},{"$f":"IF(AB51>0,10^SUM(AB$88:AB127)-AB$227*AB$228,NA())","v":{"v":0.6164144753247252,"d":"0.6"}},{"$f":"IF(AC51>0,10^SUM(AC$88:AC127)-AC$227*AC$228,NA())","v":{"v":0.6094070944232666,"d":"0.6"}},{"$f":"IF(AD51>0,10^SUM(AD$88:AD127)-AD$227*AD$228,NA())","v":{"v":0.617967688206213,"d":"0.6"}},{"$f":"IF(AE51>0,10^SUM(AE$88:AE127)-AE$227*AE$228,NA())","v":{"v":0.61968350297823,"d":"0.6"}},{"$f":"IF(AF51>0,10^SUM(AF$88:AF127)-AF$227*AF$228,NA())","v":{"v":0.6172176805249967,"d":"0.6"}},{"$f":"IF(AG51>0,10^SUM(AG$88:AG127)-AG$227*AG$228,NA())","v":{"v":0.6369692266298059,"d":"0.6"}},{"$f":"IF(AH51>0,10^SUM(AH$88:AH127)-AH$227*AH$228,NA())","v":{"v":0.638243751012134,"d":"0.6"}},{"$f":"IF(AI51>0,10^SUM(AI$88:AI127)-AI$227*AI$228,NA())","v":{"v":0.6770862435721665,"d":"0.7"}},{"$f":"IF(AJ51>0,10^SUM(AJ$88:AJ127)-AJ$227*AJ$228,NA())","v":{"v":0.6929943581505302,"d":"0.7"}},{"$f":"IF(AK51>0,10^SUM(AK$88:AK127)-AK$227*AK$228,NA())","v":{"v":0.7175307326167584,"d":"0.7"}},{"$f":"IF(AL51>0,10^SUM(AL$88:AL127)-AL$227*AL$228,NA())","v":{"v":0.6737758106025671,"d":"0.7"}},{"$f":"IF(AM51>0,10^SUM(AM$88:AM127)-AM$227*AM$228,NA())","v":{"$error":"#N/A"}},{"$f":"IF(AN51>0,10^SUM(AN$88:AN127)-AN$227*AN$228,NA())","v":{"$error":"#N/A"}},{"$f":"IF(AO51>0,10^SUM(AO$88:AO127)-AO$227*AO$228,NA())","v":{"$error":"#N/A"}},65]
[{"$nulls":5},66,{"$f":"IF(G52>0,10^SUM(G$88:G128)-G$227*G$228,NA())","v":{"v":0.5891461816745135,"d":"0.6"}},{"$f":"IF(H52>0,10^SUM(H$88:H128)-H$227*H$228,NA())","v":{"v":0.5954276148929021,"d":"0.6"}},{"$f":"IF(I52>0,10^SUM(I$88:I128)-I$227*I$228,NA())","v":{"v":0.5565207043257231,"d":"0.6"}},{"$f":"IF(J52>0,10^SUM(J$88:J128)-J$227*J$228,NA())","v":{"v":0.544763887231667,"d":"0.5"}},{"$f":"IF(K52>0,10^SUM(K$88:K128)-K$227*K$228,NA())","v":{"v":0.5489541067305944,"d":"0.5"}},{"$f":"IF(L52>0,10^SUM(L$88:L128)-L$227*L$228,NA())","v":{"v":0.5503345797163587,"d":"0.6"}},{"$f":"IF(M52>0,10^SUM(M$88:M128)-M$227*M$228,NA())","v":{"v":0.558586583743336,"d":"0.6"}},{"$f":"IF(N52>0,10^SUM(N$88:N128)-N$227*N$228,NA())","v":{"v":0.5731908072671301,"d":"0.6"}},{"$f":"IF(O52>0,10^SUM(O$88:O128)-O$227*O$228,NA())","v":{"v":0.5753691845035662,"d":"0.6"}},{"$f":"IF(P52>0,10^SUM(P$88:P128)-P$227*P$228,NA())","v":{"v":0.584839659915355,"d":"0.6"}},{"$f":"IF(Q52>0,10^SUM(Q$88:Q128)-Q$227*Q$228,NA())","v":{"v":0.5805840085538888,"d":"0.6"}},{"$f":"IF(R52>0,10^SUM(R$88:R128)-R$227*R$228,NA())","v":{"v":0.5840585195836393,"d":"0.6"}},{"$f":"IF(S52>0,10^SUM(S$88:S128)-S$227*S$228,NA())","v":{"v":0.5703147760371643,"d":"0.6"}},{"$f":"IF(T52>0,10^SUM(T$88:T128)-T$227*T$228,NA())","v":{"v":0.5498181272386741,"d":"0.5"}},{"$f":"IF(U52>0,10^SUM(U$88:U128)-U$227*U$228,NA())","v":{"v":0.5385967931479617,"d":"0.5"}},{"$f":"IF(V52>0,10^SUM(V$88:V128)-V$227*V$228,NA())","v":{"v":0.527708190072258,"d":"0.5"}},{"$f":"IF(W52>0,10^SUM(W$88:W128)-W$227*W$228,NA())","v":{"v":0.5171799725995265,"d":"0.5"}},{"$f":"IF(X52>0,10^SUM(X$88:X128)-X$227*X$228,NA())","v":{"v":0.5304196943922143,"d":"0.5"}},{"$f":"IF(Y52>0,10^SUM(Y$88:Y128)-Y$227*Y$228,NA())","v":{"v":0.5429248460022991,"d":"0.5"}},{"$f":"IF(Z52>0,10^SUM(Z$88:Z128)-Z$227*Z$228,NA())","v":{"v":0.5538836497719467,"d":"0.6"}},{"$f":"IF(AA52>0,10^SUM(AA$88:AA128)-AA$227*AA$228,NA())","v":{"v":0.559384994770945,"d":"0.6"}},{"$f":"IF(AB52>0,10^SUM(AB$88:AB128)-AB$227*AB$228,NA())","v":{"v":0.5714162186260201,"d":"0.6"}},{"$f":"IF(AC52>0,10^SUM(AC$88:AC128)-AC$227*AC$228,NA())","v":{"v":0.5643109694359448,"d":"0.6"}},{"$f":"IF(AD52>0,10^SUM(AD$88:AD128)-AD$227*AD$228,NA())","v":{"v":0.5722380792789532,"d":"0.6"}},{"$f":"IF(AE52>0,10^SUM(AE$88:AE128)-AE$227*AE$228,NA())","v":{"v":0.5750662907637976,"d":"0.6"}},{"$f":"IF(AF52>0,10^SUM(AF$88:AF128)-AF$227*AF$228,NA())","v":{"v":0.5758640959298218,"d":"0.6"}},{"$f":"IF(AG52>0,10^SUM(AG$88:AG128)-AG$227*AG$228,NA())","v":{"v":0.5993880422586474,"d":"0.6"}},{"$f":"IF(AH52>0,10^SUM(AH$88:AH128)-AH$227*AH$228,NA())","v":{"v":0.5986726384493817,"d":"0.6"}},{"$f":"IF(AI52>0,10^SUM(AI$88:AI128)-AI$227*AI$228,NA())","v":{"v":0.6337527239835479,"d":"0.6"}},{"$f":"IF(AJ52>0,10^SUM(AJ$88:AJ128)-AJ$227*AJ$228,NA())","v":{"v":0.6735905161223155,"d":"0.7"}},{"$f":"IF(AK52>0,10^SUM(AK$88:AK128)-AK$227*AK$228,NA())","v":{"v":0.6658685198683519,"d":"0.7"}},{"$f":"IF(AL52>0,10^SUM(AL$88:AL128)-AL$227*AL$228,NA())","v":{"$error":"#N/A"}},{"$f":"IF(AM52>0,10^SUM(AM$88:AM128)-AM$227*AM$228,NA())","v":{"$error":"#N/A"}},{"$f":"IF(AN52>0,10^SUM(AN$88:AN128)-AN$227*AN$228,NA())","v":{"$error":"#N/A"}},{"$f":"IF(AO52>0,10^SUM(AO$88:AO128)-AO$227*AO$228,NA())","v":{"$error":"#N/A"}},66]
[{"$nulls":5},67,{"$f":"IF(G53>0,10^SUM(G$88:G129)-G$227*G$228,NA())","v":{"v":0.489937992608084,"d":"0.5"}},{"$f":"IF(H53>0,10^SUM(H$88:H129)-H$227*H$228,NA())","v":{"v":0.5113612665276669,"d":"0.5"}},{"$f":"IF(I53>0,10^SUM(I$88:I129)-I$227*I$228,NA())","v":{"v":0.46084859806993106,"d":"0.5"}},{"$f":"IF(J53>0,10^SUM(J$88:J129)-J$227*J$228,NA())","v":{"v":0.45920088648370083,"d":"0.5"}},{"$f":"IF(K53>0,10^SUM(K$88:K129)-K$227*K$228,NA())","v":{"v":0.47054094581048844,"d":"0.5"}},{"$f":"IF(L53>0,10^SUM(L$88:L129)-L$227*L$228,NA())","v":{"v":0.4571517533199997,"d":"0.5"}},{"$f":"IF(M53>0,10^SUM(M$88:M129)-M$227*M$228,NA())","v":{"v":0.4770741815803068,"d":"0.5"}},{"$f":"IF(N53>0,10^SUM(N$88:N129)-N$227*N$228,NA())","v":{"v":0.4991192861138447,"d":"0.5"}},{"$f":"IF(O53>0,10^SUM(O$88:O129)-O$227*O$228,NA())","v":{"v":0.48483856292012184,"d":"0.5"}},{"$f":"IF(P53>0,10^SUM(P$88:P129)-P$227*P$228,NA())","v":{"v":0.5004978987102618,"d":"0.5"}},{"$f":"IF(Q53>0,10^SUM(Q$88:Q129)-Q$227*Q$228,NA())","v":{"v":0.500363308818129,"d":"0.5"}},{"$f":"IF(R53>0,10^SUM(R$88:R129)-R$227*R$228,NA())","v":{"v":0.5067443878386031,"d":"0.5"}},{"$f":"IF(S53>0,10^SUM(S$88:S129)-S$227*S$228,NA())","v":{"v":0.49902542903251873,"d":"0.5"}},{"$f":"IF(T53>0,10^SUM(T$88:T129)-T$227*T$228,NA())","v":{"v":0.4959359507692841,"d":"0.5"}},{"$f":"IF(U53>0,10^SUM(U$88:U129)-U$227*U$228,NA())","v":{"v":0.4901230817646452,"d":"0.5"}},{"$f":"IF(V53>0,10^SUM(V$88:V129)-V$227*V$228,NA())","v":{"v":0.484436118486333,"d":"0.5"}},{"$f":"IF(W53>0,10^SUM(W$88:W129)-W$227*W$228,NA())","v":{"v":0.466496335284773,"d":"0.5"}},{"$f":"IF(X53>0,10^SUM(X$88:X129)-X$227*X$228,NA())","v":{"v":0.4789689840361694,"d":"0.5"}},{"$f":"IF(Y53>0,10^SUM(Y$88:Y129)-Y$227*Y$228,NA())","v":{"v":0.4908040607860783,"d":"0.5"}},{"$f":"IF(Z53>0,10^SUM(Z$88:Z129)-Z$227*Z$228,NA())","v":{"v":0.49683363384543633,"d":"0.5"}},{"$f":"IF(AA53>0,10^SUM(AA$88:AA129)-AA$227*AA$228,NA())","v":{"v":0.4984120303409118,"d":"0.5"}},{"$f":"IF(AB53>0,10^SUM(AB$88:AB129)-AB$227*AB$228,NA())","v":{"v":0.5085604345771579,"d":"0.5"}},{"$f":"IF(AC53>0,10^SUM(AC$88:AC129)-AC$227*AC$228,NA())","v":{"v":0.5044940066757346,"d":"0.5"}},{"$f":"IF(AD53>0,10^SUM(AD$88:AD129)-AD$227*AD$228,NA())","v":{"v":0.5178754617474526,"d":"0.5"}},{"$f":"IF(AE53>0,10^SUM(AE$88:AE129)-AE$227*AE$228,NA())","v":{"v":0.5244604571765834,"d":"0.5"}},{"$f":"IF(AF53>0,10^SUM(AF$88:AF129)-AF$227*AF$228,NA())","v":{"v":0.5332501528310151,"d":"0.5"}},{"$f":"IF(AG53>0,10^SUM(AG$88:AG129)-AG$227*AG$228,NA())","v":{"v":0.5592290434273179,"d":"0.6"}},{"$f":"IF(AH53>0,10^SUM(AH$88:AH129)-AH$227*AH$228,NA())","v":{"v":0.5615549348655199,"d":"0.6"}},{"$f":"IF(AI53>0,10^SUM(AI$88:AI129)-AI$227*AI$228,NA())","v":{"v":0.5748137206530781,"d":"0.6"}},{"$f":"IF(AJ53>0,10^SUM(AJ$88:AJ129)-AJ$227*AJ$228,NA())","v":{"v":0.6062314645100841,"d":"0.6"}},{"$f":"IF(AK53>0,10^SUM(AK$88:AK129)-AK$227*AK$228,NA())","v":{"$error":"#N/A"}},{"$f":"IF(AL53>0,10^SUM(AL$88:AL129)-AL$227*AL$228,NA())","v":{"$error":"#N/A"}},{"$f":"IF(AM53>0,10^SUM(AM$88:AM129)-AM$227*AM$228,NA())","v":{"$error":"#N/A"}},{"$f":"IF(AN53>0,10^SUM(AN$88:AN129)-AN$227*AN$228,NA())","v":{"$error":"#N/A"}},{"$f":"IF(AO53>0,10^SUM(AO$88:AO129)-AO$227*AO$228,NA())","v":{"$error":"#N/A"}},67]
[{"$nulls":5},68,{"$f":"IF(G54>0,10^SUM(G$88:G130)-G$227*G$228,NA())","v":{"v":0.43217313236418187,"d":"0.4"}},{"$f":"IF(H54>0,10^SUM(H$88:H130)-H$227*H$228,NA())","v":{"v":0.46557624235319334,"d":"0.5"}},{"$f":"IF(I54>0,10^SUM(I$88:I130)-I$227*I$228,NA())","v":{"v":0.4089746392375795,"d":"0.4"}},{"$f":"IF(J54>0,10^SUM(J$88:J130)-J$227*J$228,NA())","v":{"v":0.4059477911720244,"d":"0.4"}},{"$f":"IF(K54>0,10^SUM(K$88:K130)-K$227*K$228,NA())","v":{"v":0.40905238036510594,"d":"0.4"}},{"$f":"IF(L54>0,10^SUM(L$88:L130)-L$227*L$228,NA())","v":{"v":0.3944289349100206,"d":"0.4"}},{"$f":"IF(M54>0,10^SUM(M$88:M130)-M$227*M$228,NA())","v":{"v":0.4165055266275906,"d":"0.4"}},{"$f":"IF(N54>0,10^SUM(N$88:N130)-N$227*N$228,NA())","v":{"v":0.43574296996610706,"d":"0.4"}},{"$f":"IF(O54>0,10^SUM(O$88:O130)-O$227*O$228,NA())","v":{"v":0.42711847086041954,"d":"0.4"}},{"$f":"IF(P54>0,10^SUM(P$88:P130)-P$227*P$228,NA())","v":{"v":0.4489409007103876,"d":"0.4"}},{"$f":"IF(Q54>0,10^SUM(Q$88:Q130)-Q$227*Q$228,NA())","v":{"v":0.4499092075490263,"d":"0.4"}},{"$f":"IF(R54>0,10^SUM(R$88:R130)-R$227*R$228,NA())","v":{"v":0.4523456961723002,"d":"0.5"}},{"$f":"IF(S54>0,10^SUM(S$88:S130)-S$227*S$228,NA())","v":{"v":0.4481248352712017,"d":"0.4"}},{"$f":"IF(T54>0,10^SUM(T$88:T130)-T$227*T$228,NA())","v":{"v":0.4384073804800472,"d":"0.4"}},{"$f":"IF(U54>0,10^SUM(U$88:U130)-U$227*U$228,NA())","v":{"v":0.4332688042799464,"d":"0.4"}},{"$f":"IF(V54>0,10^SUM(V$88:V130)-V$227*V$228,NA())","v":{"v":0.4340547621637544,"d":"0.4"}},{"$f":"IF(W54>0,10^SUM(W$88:W130)-W$227*W$228,NA())","v":{"v":0.4226456797680044,"d":"0.4"}},{"$f":"IF(X54>0,10^SUM(X$88:X130)-X$227*X$228,NA())","v":{"v":0.4368197134409866,"d":"0.4"}},{"$f":"IF(Y54>0,10^SUM(Y$88:Y130)-Y$227*Y$228,NA())","v":{"v":0.445650087193759,"d":"0.4"}},{"$f":"IF(Z54>0,10^SUM(Z$88:Z130)-Z$227*Z$228,NA())","v":{"v":0.4516217731655015,"d":"0.5"}},{"$f":"IF(AA54>0,10^SUM(AA$88:AA130)-AA$227*AA$228,NA())","v":{"v":0.4475740032461388,"d":"0.4"}},{"$f":"IF(AB54>0,10^SUM(AB$88:AB130)-AB$227*AB$228,NA())","v":{"v":0.45007598460078474,"d":"0.5"}},{"$f":"IF(AC54>0,10^SUM(AC$88:AC130)-AC$227*AC$228,NA())","v":{"v":0.4444592198813222,"d":"0.4"}},{"$f":"IF(AD54>0,10^SUM(AD$88:AD130)-AD$227*AD$228,NA())","v":{"v":0.4629806628022227,"d":"0.5"}},{"$f":"IF(AE54>0,10^SUM(AE$88:AE130)-AE$227*AE$228,NA())","v":{"v":0.47463671374480804,"d":"0.5"}},{"$f":"IF(AF54>0,10^SUM(AF$88:AF130)-AF$227*AF$228,NA())","v":{"v":0.48525763907622366,"d":"0.5"}},{"$f":"IF(AG54>0,10^SUM(AG$88:AG130)-AG$227*AG$228,NA())","v":{"v":0.5139314909097052,"d":"0.5"}},{"$f":"IF(AH54>0,10^SUM(AH$88:AH130)-AH$227*AH$228,NA())","v":{"v":0.5048378864441023,"d":"0.5"}},{"$f":"IF(AI54>0,10^SUM(AI$88:AI130)-AI$227*AI$228,NA())","v":{"v":0.5403248974138932,"d":"0.5"}},{"$f":"IF(AJ54>0,10^SUM(AJ$88:AJ130)-AJ$227*AJ$228,NA())","v":{"$error":"#N/A"}},{"$f":"IF(AK54>0,10^SUM(AK$88:AK130)-AK$227*AK$228,NA())","v":{"$error":"#N/A"}},{"$f":"IF(AL54>0,10^SUM(AL$88:AL130)-AL$227*AL$228,NA())","v":{"$error":"#N/A"}},{"$f":"IF(AM54>0,10^SUM(AM$88:AM130)-AM$227*AM$228,NA())","v":{"$error":"#N/A"}},{"$f":"IF(AN54>0,10^SUM(AN$88:AN130)-AN$227*AN$228,NA())","v":{"$error":"#N/A"}},{"$f":"IF(AO54>0,10^SUM(AO$88:AO130)-AO$227*AO$228,NA())","v":{"$error":"#N/A"}},68]
[{"$nulls":5},69,{"$f":"IF(G55>0,10^SUM(G$88:G131)-G$227*G$228,NA())","v":{"v":0.37482737461694304,"d":"0.4"}},{"$f":"IF(H55>0,10^SUM(H$88:H131)-H$227*H$228,NA())","v":{"v":0.42220435827638636,"d":"0.4"}},{"$f":"IF(I55>0,10^SUM(I$88:I131)-I$227*I$228,NA())","v":{"v":0.36118648323011326,"d":"0.4"}},{"$f":"IF(J55>0,10^SUM(J$88:J131)-J$227*J$228,NA())","v":{"v":0.352972986229396,"d":"0.4"}},{"$f":"IF(K55>0,10^SUM(K$88:K131)-K$227*K$228,NA())","v":{"v":0.35882120795558875,"d":"0.4"}},{"$f":"IF(L55>0,10^SUM(L$88:L131)-L$227*L$228,NA())","v":{"v":0.34280589250280075,"d":"0.3"}},{"$f":"IF(M55>0,10^SUM(M$88:M131)-M$227*M$228,NA())","v":{"v":0.35707588399146295,"d":"0.4"}},{"$f":"IF(N55>0,10^SUM(N$88:N131)-N$227*N$228,NA())","v":{"v":0.3743946959350968,"d":"0.4"}},{"$f":"IF(O55>0,10^SUM(O$88:O131)-O$227*O$228,NA())","v":{"v":0.3686125382812992,"d":"0.4"}},{"$f":"IF(P55>0,10^SUM(P$88:P131)-P$227*P$228,NA())","v":{"v":0.38993341103876683,"d":"0.4"}},{"$f":"IF(Q55>0,10^SUM(Q$88:Q131)-Q$227*Q$228,NA())","v":{"v":0.39434803002924,"d":"0.4"}},{"$f":"IF(R55>0,10^SUM(R$88:R131)-R$227*R$228,NA())","v":{"v":0.39968166185146864,"d":"0.4"}},{"$f":"IF(S55>0,10^SUM(S$88:S131)-S$227*S$228,NA())","v":{"v":0.40376047657935277,"d":"0.4"}},{"$f":"IF(T55>0,10^SUM(T$88:T131)-T$227*T$228,NA())","v":{"v":0.4024579752806834,"d":"0.4"}},{"$f":"IF(U55>0,10^SUM(U$88:U131)-U$227*U$228,NA())","v":{"v":0.40337325678462993,"d":"0.4"}},{"$f":"IF(V55>0,10^SUM(V$88:V131)-V$227*V$228,NA())","v":{"v":0.3988963264284904,"d":"0.4"}},{"$f":"IF(W55>0,10^SUM(W$88:W131)-W$227*W$228,NA())","v":{"v":0.39306048218424405,"d":"0.4"}},{"$f":"IF(X55>0,10^SUM(X$88:X131)-X$227*X$228,NA())","v":{"v":0.4010004969388257,"d":"0.4"}},{"$f":"IF(Y55>0,10^SUM(Y$88:Y131)-Y$227*Y$228,NA())","v":{"v":0.39484597725367043,"d":"0.4"}},{"$f":"IF(Z55>0,10^SUM(Z$88:Z131)-Z$227*Z$228,NA())","v":{"v":0.3933625644271518,"d":"0.4"}},{"$f":"IF(AA55>0,10^SUM(AA$88:AA131)-AA$227*AA$228,NA())","v":{"v":0.3875990868111561,"d":"0.4"}},{"$f":"IF(AB55>0,10^SUM(AB$88:AB131)-AB$227*AB$228,NA())","v":{"v":0.3911160306180819,"d":"0.4"}},{"$f":"IF(AC55>0,10^SUM(AC$88:AC131)-AC$227*AC$228,NA())","v":{"v":0.39067965427568224,"d":"0.4"}},{"$f":"IF(AD55>0,10^SUM(AD$88:AD131)-AD$227*AD$228,NA())","v":{"v":0.4162196158591981,"d":"0.4"}},{"$f":"IF(AE55>0,10^SUM(AE$88:AE131)-AE$227*AE$228,NA())","v":{"v":0.43334331964900963,"d":"0.4"}},{"$f":"IF(AF55>0,10^SUM(AF$88:AF131)-AF$227*AF$228,NA())","v":{"v":0.4498338314236593,"d":"0.4"}},{"$f":"IF(AG55>0,10^SUM(AG$88:AG131)-AG$227*AG$228,NA())","v":{"v":0.47333090312783854,"d":"0.5"}},{"$f":"IF(AH55>0,10^SUM(AH$88:AH131)-AH$227*AH$228,NA())","v":{"v":0.44829604316236277,"d":"0.4"}},{"$f":"IF(AI55>0,10^SUM(AI$88:AI131)-AI$227*AI$228,NA())","v":{"$error":"#N/A"}},{"$f":"IF(AJ55>0,10^SUM(AJ$88:AJ131)-AJ$227*AJ$228,NA())","v":{"$error":"#N/A"}},{"$f":"IF(AK55>0,10^SUM(AK$88:AK131)-AK$227*AK$228,NA())","v":{"$error":"#N/A"}},{"$f":"IF(AL55>0,10^SUM(AL$88:AL131)-AL$227*AL$228,NA())","v":{"$error":"#N/A"}},{"$f":"IF(AM55>0,10^SUM(AM$88:AM131)-AM$227*AM$228,NA())","v":{"$error":"#N/A"}},{"$f":"IF(AN55>0,10^SUM(AN$88:AN131)-AN$227*AN$228,NA())","v":{"$error":"#N/A"}},{"$f":"IF(AO55>0,10^SUM(AO$88:AO131)-AO$227*AO$228,NA())","v":{"$error":"#N/A"}},69]
[{"$nulls":5},70,{"$f":"IF(G56>0,10^SUM(G$88:G132)-G$227*G$228,NA())","v":{"v":0.3268840941205328,"d":"0.3"}},{"$f":"IF(H56>0,10^SUM(H$88:H132)-H$227*H$228,NA())","v":{"v":0.3763563339086488,"d":"0.4"}},{"$f":"IF(I56>0,10^SUM(I$88:I132)-I$227*I$228,NA())","v":{"v":0.30561947738365364,"d":"0.3"}},{"$f":"IF(J56>0,10^SUM(J$88:J132)-J$227*J$228,NA())","v":{"v":0.3058679974187438,"d":"0.3"}},{"$f":"IF(K56>0,10^SUM(K$88:K132)-K$227*K$228,NA())","v":{"v":0.3115024586208744,"d":"0.3"}},{"$f":"IF(L56>0,10^SUM(L$88:L132)-L$227*L$228,NA())","v":{"v":0.2920680896746378,"d":"0.3"}},{"$f":"IF(M56>0,10^SUM(M$88:M132)-M$227*M$228,NA())","v":{"v":0.30507494668485124,"d":"0.3"}},{"$f":"IF(N56>0,10^SUM(N$88:N132)-N$227*N$228,NA())","v":{"v":0.3271955647419659,"d":"0.3"}},{"$f":"IF(O56>0,10^SUM(O$88:O132)-O$227*O$228,NA())","v":{"v":0.32190781848983163,"d":"0.3"}},{"$f":"IF(P56>0,10^SUM(P$88:P132)-P$227*P$228,NA())","v":{"v":0.3429407540718216,"d":"0.3"}},{"$f":"IF(Q56>0,10^SUM(Q$88:Q132)-Q$227*Q$228,NA())","v":{"v":0.34873873185148957,"d":"0.3"}},{"$f":"IF(R56>0,10^SUM(R$88:R132)-R$227*R$228,NA())","v":{"v":0.3543306642964988,"d":"0.4"}},{"$f":"IF(S56>0,10^SUM(S$88:S132)-S$227*S$228,NA())","v":{"v":0.3609618660619414,"d":"0.4"}},{"$f":"IF(T56>0,10^SUM(T$88:T132)-T$227*T$228,NA())","v":{"v":0.35818759799980826,"d":"0.4"}},{"$f":"IF(U56>0,10^SUM(U$88:U132)-U$227*U$228,NA())","v":{"v":0.3686831567011518,"d":"0.4"}},{"$f":"IF(V56>0,10^SUM(V$88:V132)-V$227*V$228,NA())","v":{"v":0.3649901386820687,"d":"0.4"}},{"$f":"IF(W56>0,10^SUM(W$88:W132)-W$227*W$228,NA())","v":{"v":0.36436706698479415,"d":"0.4"}},{"$f":"IF(X56>0,10^SUM(X$88:X132)-X$227*X$228,NA())","v":{"v":0.3669154546990255,"d":"0.4"}},{"$f":"IF(Y56>0,10^SUM(Y$88:Y132)-Y$227*Y$228,NA())","v":{"v":0.35852014734633275,"d":"0.4"}},{"$f":"IF(Z56>0,10^SUM(Z$88:Z132)-Z$227*Z$228,NA())","v":{"v":0.34694578182474783,"d":"0.3"}},{"$f":"IF(AA56>0,10^SUM(AA$88:AA132)-AA$227*AA$228,NA())","v":{"v":0.3395368000465728,"d":"0.3"}},{"$f":"IF(AB56>0,10^SUM(AB$88:AB132)-AB$227*AB$228,NA())","v":{"v":0.3426176428214398,"d":"0.3"}},{"$f":"IF(AC56>0,10^SUM(AC$88:AC132)-AC$227*AC$228,NA())","v":{"v":0.343016736454049,"d":"0.3"}},{"$f":"IF(AD56>0,10^SUM(AD$88:AD132)-AD$227*AD$228,NA())","v":{"v":0.36835436003539024,"d":"0.4"}},{"$f":"IF(AE56>0,10^SUM(AE$88:AE132)-AE$227*AE$228,NA())","v":{"v":0.3878422710858637,"d":"0.4"}},{"$f":"IF(AF56>0,10^SUM(AF$88:AF132)-AF$227*AF$228,NA())","v":{"v":0.4358889826495258,"d":"0.4"}},{"$f":"IF(AG56>0,10^SUM(AG$88:AG132)-AG$227*AG$228,NA())","v":{"v":0.42883779823382173,"d":"0.4"}},{"$f":"IF(AH56>0,10^SUM(AH$88:AH132)-AH$227*AH$228,NA())","v":{"$error":"#N/A"}},{"$f":"IF(AI56>0,10^SUM(AI$88:AI132)-AI$227*AI$228,NA())","v":{"$error":"#N/A"}},{"$f":"IF(AJ56>0,10^SUM(AJ$88:AJ132)-AJ$227*AJ$228,NA())","v":{"$error":"#N/A"}},{"$f":"IF(AK56>0,10^SUM(AK$88:AK132)-AK$227*AK$228,NA())","v":{"$error":"#N/A"}},{"$f":"IF(AL56>0,10^SUM(AL$88:AL132)-AL$227*AL$228,NA())","v":{"$error":"#N/A"}},{"$f":"IF(AM56>0,10^SUM(AM$88:AM132)-AM$227*AM$228,NA())","v":{"$error":"#N/A"}},{"$f":"IF(AN56>0,10^SUM(AN$88:AN132)-AN$227*AN$228,NA())","v":{"$error":"#N/A"}},{"$f":"IF(AO56>0,10^SUM(AO$88:AO132)-AO$227*AO$228,NA())","v":{"$error":"#N/A"}},70]
[{"$nulls":5},71,{"$f":"IF(G57>0,10^SUM(G$88:G133)-G$227*G$228,NA())","v":{"v":0.18151207710866785,"d":"0.2"}},{"$f":"IF(H57>0,10^SUM(H$88:H133)-H$227*H$228,NA())","v":{"v":0.23952155671183112,"d":"0.2"}},{"$f":"IF(I57>0,10^SUM(I$88:I133)-I$227*I$228,NA())","v":{"v":0.16065482295734462,"d":"0.2"}},{"$f":"IF(J57>0,10^SUM(J$88:J133)-J$227*J$228,NA())","v":{"v":0.16708597350392285,"d":"0.2"}},{"$f":"IF(K57>0,10^SUM(K$88:K133)-K$227*K$228,NA())","v":{"v":0.19065921744605802,"d":"0.2"}},{"$f":"IF(L57>0,10^SUM(L$88:L133)-L$227*L$228,NA())","v":{"v":0.19778488734527233,"d":"0.2"}},{"$f":"IF(M57>0,10^SUM(M$88:M133)-M$227*M$228,NA())","v":{"v":0.2311816147721561,"d":"0.2"}},{"$f":"IF(N57>0,10^SUM(N$88:N133)-N$227*N$228,NA())","v":{"v":0.265214633846453,"d":"0.3"}},{"$f":"IF(O57>0,10^SUM(O$88:O133)-O$227*O$228,NA())","v":{"v":0.27204867018997053,"d":"0.3"}},{"$f":"IF(P57>0,10^SUM(P$88:P133)-P$227*P$228,NA())","v":{"v":0.30014860880367794,"d":"0.3"}},{"$f":"IF(Q57>0,10^SUM(Q$88:Q133)-Q$227*Q$228,NA())","v":{"v":0.3025550794143855,"d":"0.3"}},{"$f":"IF(R57>0,10^SUM(R$88:R133)-R$227*R$228,NA())","v":{"v":0.31161243261728644,"d":"0.3"}},{"$f":"IF(S57>0,10^SUM(S$88:S133)-S$227*S$228,NA())","v":{"v":0.3273924125181809,"d":"0.3"}},{"$f":"IF(T57>0,10^SUM(T$88:T133)-T$227*T$228,NA())","v":{"v":0.3259507141798255,"d":"0.3"}},{"$f":"IF(U57>0,10^SUM(U$88:U133)-U$227*U$228,NA())","v":{"v":0.32960274209082974,"d":"0.3"}},{"$f":"IF(V57>0,10^SUM(V$88:V133)-V$227*V$228,NA())","v":{"v":0.32630118398176944,"d":"0.3"}},{"$f":"IF(W57>0,10^SUM(W$88:W133)-W$227*W$228,NA())","v":{"v":0.3140844117408925,"d":"0.3"}},{"$f":"IF(X57>0,10^SUM(X$88:X133)-X$227*X$228,NA())","v":{"v":0.3074751510377833,"d":"0.3"}},{"$f":"IF(Y57>0,10^SUM(Y$88:Y133)-Y$227*Y$228,NA())","v":{"v":0.29900580288684153,"d":"0.3"}},{"$f":"IF(Z57>0,10^SUM(Z$88:Z133)-Z$227*Z$228,NA())","v":{"v":0.29178140251461293,"d":"0.3"}},{"$f":"IF(AA57>0,10^SUM(AA$88:AA133)-AA$227*AA$228,NA())","v":{"v":0.2903039640398197,"d":"0.3"}},{"$f":"IF(AB57>0,10^SUM(AB$88:AB133)-AB$227*AB$228,NA())","v":{"v":0.30218876096850983,"d":"0.3"}},{"$f":"IF(AC57>0,10^SUM(AC$88:AC133)-AC$227*AC$228,NA())","v":{"v":0.3066569623899198,"d":"0.3"}},{"$f":"IF(AD57>0,10^SUM(AD$88:AD133)-AD$227*AD$228,NA())","v":{"v":0.3293087978716389,"d":"0.3"}},{"$f":"IF(AE57>0,10^SUM(AE$88:AE133)-AE$227*AE$228,NA())","v":{"v":0.3618568389231108,"d":"0.4"}},{"$f":"IF(AF57>0,10^SUM(AF$88:AF133)-AF$227*AF$228,NA())","v":{"v":0.39883841912431617,"d":"0.4"}},{"$f":"IF(AG57>0,10^SUM(AG$88:AG133)-AG$227*AG$228,NA())","v":{"$error":"#N/A"}},{"$f":"IF(AH57>0,10^SUM(AH$88:AH133)-AH$227*AH$228,NA())","v":{"$error":"#N/A"}},{"$f":"IF(AI57>0,10^SUM(AI$88:AI133)-AI$227*AI$228,NA())","v":{"$error":"#N/A"}},{"$f":"IF(AJ57>0,10^SUM(AJ$88:AJ133)-AJ$227*AJ$228,NA())","v":{"$error":"#N/A"}},{"$f":"IF(AK57>0,10^SUM(AK$88:AK133)-AK$227*AK$228,NA())","v":{"$error":"#N/A"}},{"$f":"IF(AL57>0,10^SUM(AL$88:AL133)-AL$227*AL$228,NA())","v":{"$error":"#N/A"}},{"$f":"IF(AM57>0,10^SUM(AM$88:AM133)-AM$227*AM$228,NA())","v":{"$error":"#N/A"}},{"$f":"IF(AN57>0,10^SUM(AN$88:AN133)-AN$227*AN$228,NA())","v":{"$error":"#N/A"}},{"$f":"IF(AO57>0,10^SUM(AO$88:AO133)-AO$227*AO$228,NA())","v":{"$error":"#N/A"}},71]
[{"$nulls":5},72,{"$f":"IF(G58>0,10^SUM(G$88:G134)-G$227*G$228,NA())","v":{"v":0.04438202140912781,"d":"0.0"}},{"$f":"IF(H58>0,10^SUM(H$88:H134)-H$227*H$228,NA())","v":{"v":0.1234602361770614,"d":"0.1"}},{"$f":"IF(I58>0,10^SUM(I$88:I134)-I$227*I$228,NA())","v":{"v":0.0509828613307764,"d":"0.1"}},{"$f":"IF(J58>0,10^SUM(J$88:J134)-J$227*J$228,NA())","v":{"v":0.07143580935388005,"d":"0.1"}},{"$f":"IF(K58>0,10^SUM(K$88:K134)-K$227*K$228,NA())","v":{"v":0.11803084984978188,"d":"0.1"}},{"$f":"IF(L58>0,10^SUM(L$88:L134)-L$227*L$228,NA())","v":{"v":0.1460170235515518,"d":"0.1"}},{"$f":"IF(M58>0,10^SUM(M$88:M134)-M$227*M$228,NA())","v":{"v":0.18505361132401593,"d":"0.2"}},{"$f":"IF(N58>0,10^SUM(N$88:N134)-N$227*N$228,NA())","v":{"v":0.2307895699176935,"d":"0.2"}},{"$f":"IF(O58>0,10^SUM(O$88:O134)-O$227*O$228,NA())","v":{"v":0.23973994209166044,"d":"0.2"}},{"$f":"IF(P58>0,10^SUM(P$88:P134)-P$227*P$228,NA())","v":{"v":0.2696374613238715,"d":"0.3"}},{"$f":"IF(Q58>0,10^SUM(Q$88:Q134)-Q$227*Q$228,NA())","v":{"v":0.26544740971319647,"d":"0.3"}},{"$f":"IF(R58>0,10^SUM(R$88:R134)-R$227*R$228,NA())","v":{"v":0.2774663260950359,"d":"0.3"}},{"$f":"IF(S58>0,10^SUM(S$88:S134)-S$227*S$228,NA())","v":{"v":0.28941489266607195,"d":"0.3"}},{"$f":"IF(T58>0,10^SUM(T$88:T134)-T$227*T$228,NA())","v":{"v":0.2881404313349658,"d":"0.3"}},{"$f":"IF(U58>0,10^SUM(U$88:U134)-U$227*U$228,NA())","v":{"v":0.2956536596554743,"d":"0.3"}},{"$f":"IF(V58>0,10^SUM(V$88:V134)-V$227*V$228,NA())","v":{"v":0.29236586084766547,"d":"0.3"}},{"$f":"IF(W58>0,10^SUM(W$88:W134)-W$227*W$228,NA())","v":{"v":0.27419569144979916,"d":"0.3"}},{"$f":"IF(X58>0,10^SUM(X$88:X134)-X$227*X$228,NA())","v":{"v":0.2690407571580603,"d":"0.3"}},{"$f":"IF(Y58>0,10^SUM(Y$88:Y134)-Y$227*Y$228,NA())","v":{"v":0.2601350485115521,"d":"0.3"}},{"$f":"IF(Z58>0,10^SUM(Z$88:Z134)-Z$227*Z$228,NA())","v":{"v":0.25209913177262555,"d":"0.3"}},{"$f":"IF(AA58>0,10^SUM(AA$88:AA134)-AA$227*AA$228,NA())","v":{"v":0.2545965764629218,"d":"0.3"}},{"$f":"IF(AB58>0,10^SUM(AB$88:AB134)-AB$227*AB$228,NA())","v":{"v":0.27166769611069036,"d":"0.3"}},{"$f":"IF(AC58>0,10^SUM(AC$88:AC134)-AC$227*AC$228,NA())","v":{"v":0.27476463830136816,"d":"0.3"}},{"$f":"IF(AD58>0,10^SUM(AD$88:AD134)-AD$227*AD$228,NA())","v":{"v":0.300000314861063,"d":"0.3"}},{"$f":"IF(AE58>0,10^SUM(AE$88:AE134)-AE$227*AE$228,NA())","v":{"v":0.3473825653661863,"d":"0.3"}},{"$f":"IF(AF58>0,10^SUM(AF$88:AF134)-AF$227*AF$228,NA())","v":{"$error":"#N/A"}},{"$f":"IF(AG58>0,10^SUM(AG$88:AG134)-AG$227*AG$228,NA())","v":{"$error":"#N/A"}},{"$f":"IF(AH58>0,10^SUM(AH$88:AH134)-AH$227*AH$228,NA())","v":{"$error":"#N/A"}},{"$f":"IF(AI58>0,10^SUM(AI$88:AI134)-AI$227*AI$228,NA())","v":{"$error":"#N/A"}},{"$f":"IF(AJ58>0,10^SUM(AJ$88:AJ134)-AJ$227*AJ$228,NA())","v":{"$error":"#N/A"}},{"$f":"IF(AK58>0,10^SUM(AK$88:AK134)-AK$227*AK$228,NA())","v":{"$error":"#N/A"}},{"$f":"IF(AL58>0,10^SUM(AL$88:AL134)-AL$227*AL$228,NA())","v":{"$error":"#N/A"}},{"$f":"IF(AM58>0,10^SUM(AM$88:AM134)-AM$227*AM$228,NA())","v":{"$error":"#N/A"}},{"$f":"IF(AN58>0,10^SUM(AN$88:AN134)-AN$227*AN$228,NA())","v":{"$error":"#N/A"}},{"$f":"IF(AO58>0,10^SUM(AO$88:AO134)-AO$227*AO$228,NA())","v":{"$error":"#N/A"}},72]
[{"$nulls":5},73,{"$f":"IF(G59>0,10^SUM(G$88:G135)-G$227*G$228,NA())","v":{"v":0.009237547134131358,"d":"0.0"}},{"$f":"IF(H59>0,10^SUM(H$88:H135)-H$227*H$228,NA())","v":{"v":0.09029604734379272,"d":"0.1"}},{"$f":"IF(I59>0,10^SUM(I$88:I135)-I$227*I$228,NA())","v":{"v":0.016904277873184742,"d":"0.0"}},{"$f":"IF(J59>0,10^SUM(J$88:J135)-J$227*J$228,NA())","v":{"v":0.034281190312382914,"d":"0.0"}},{"$f":"IF(K59>0,10^SUM(K$88:K135)-K$227*K$228,NA())","v":{"v":0.08882191295705305,"d":"0.1"}},{"$f":"IF(L59>0,10^SUM(L$88:L135)-L$227*L$228,NA())","v":{"v":0.12053372990492126,"d":"0.1"}},{"$f":"IF(M59>0,10^SUM(M$88:M135)-M$227*M$228,NA())","v":{"v":0.1582152364876169,"d":"0.2"}},{"$f":"IF(N59>0,10^SUM(N$88:N135)-N$227*N$228,NA())","v":{"v":0.20325010723731712,"d":"0.2"}},{"$f":"IF(O59>0,10^SUM(O$88:O135)-O$227*O$228,NA())","v":{"v":0.21044226075121836,"d":"0.2"}},{"$f":"IF(P59>0,10^SUM(P$88:P135)-P$227*P$228,NA())","v":{"v":0.23696002237299874,"d":"0.2"}},{"$f":"IF(Q59>0,10^SUM(Q$88:Q135)-Q$227*Q$228,NA())","v":{"v":0.2305577808068356,"d":"0.2"}},{"$f":"IF(R59>0,10^SUM(R$88:R135)-R$227*R$228,NA())","v":{"v":0.24480917777737501,"d":"0.2"}},{"$f":"IF(S59>0,10^SUM(S$88:S135)-S$227*S$228,NA())","v":{"v":0.2543956906534772,"d":"0.3"}},{"$f":"IF(T59>0,10^SUM(T$88:T135)-T$227*T$228,NA())","v":{"v":0.2529872987120999,"d":"0.3"}},{"$f":"IF(U59>0,10^SUM(U$88:U135)-U$227*U$228,NA())","v":{"v":0.2622447961144057,"d":"0.3"}},{"$f":"IF(V59>0,10^SUM(V$88:V135)-V$227*V$228,NA())","v":{"v":0.2593285185718792,"d":"0.3"}},{"$f":"IF(W59>0,10^SUM(W$88:W135)-W$227*W$228,NA())","v":{"v":0.23937283863567466,"d":"0.2"}},{"$f":"IF(X59>0,10^SUM(X$88:X135)-X$227*X$228,NA())","v":{"v":0.2348725809989867,"d":"0.2"}},{"$f":"IF(Y59>0,10^SUM(Y$88:Y135)-Y$227*Y$228,NA())","v":{"v":0.22371614171993479,"d":"0.2"}},{"$f":"IF(Z59>0,10^SUM(Z$88:Z135)-Z$227*Z$228,NA())","v":{"v":0.21680525332445802,"d":"0.2"}},{"$f":"IF(AA59>0,10^SUM(AA$88:AA135)-AA$227*AA$228,NA())","v":{"v":0.22048063521689024,"d":"0.2"}},{"$f":"IF(AB59>0,10^SUM(AB$88:AB135)-AB$227*AB$228,NA())","v":{"v":0.23770923409685402,"d":"0.2"}},{"$f":"IF(AC59>0,10^SUM(AC$88:AC135)-AC$227*AC$228,NA())","v":{"v":0.2286041790667384,"d":"0.2"}},{"$f":"IF(AD59>0,10^SUM(AD$88:AD135)-AD$227*AD$228,NA())","v":{"v":0.2490002613346823,"d":"0.2"}},{"$f":"IF(AE59>0,10^SUM(AE$88:AE135)-AE$227*AE$228,NA())","v":{"$error":"#N/A"}},{"$f":"IF(AF59>0,10^SUM(AF$88:AF135)-AF$227*AF$228,NA())","v":{"$error":"#N/A"}},{"$f":"IF(AG59>0,10^SUM(AG$88:AG135)-AG$227*AG$228,NA())","v":{"$error":"#N/A"}},{"$f":"IF(AH59>0,10^SUM(AH$88:AH135)-AH$227*AH$228,NA())","v":{"$error":"#N/A"}},{"$f":"IF(AI59>0,10^SUM(AI$88:AI135)-AI$227*AI$228,NA())","v":{"$error":"#N/A"}},{"$f":"IF(AJ59>0,10^SUM(AJ$88:AJ135)-AJ$227*AJ$228,NA())","v":{"$error":"#N/A"}},{"$f":"IF(AK59>0,10^SUM(AK$88:AK135)-AK$227*AK$228,NA())","v":{"$error":"#N/A"}},{"$f":"IF(AL59>0,10^SUM(AL$88:AL135)-AL$227*AL$228,NA())","v":{"$error":"#N/A"}},{"$f":"IF(AM59>0,10^SUM(AM$88:AM135)-AM$227*AM$228,NA())","v":{"$error":"#N/A"}},{"$f":"IF(AN59>0,10^SUM(AN$88:AN135)-AN$227*AN$228,NA())","v":{"$error":"#N/A"}},{"$f":"IF(AO59>0,10^SUM(AO$88:AO135)-AO$227*AO$228,NA())","v":{"$error":"#N/A"}},73]
[{"$nulls":5},74,{"$f":"IF(G60>0,10^SUM(G$88:G136)-G$227*G$228,NA())","v":{"v":-1.8694584473165493E-3,"d":"-0.0"}},{"$f":"IF(H60>0,10^SUM(H$88:H136)-H$227*H$228,NA())","v":{"v":0.07877299918736066,"d":"0.1"}},{"$f":"IF(I60>0,10^SUM(I$88:I136)-I$227*I$228,NA())","v":{"v":5.1299819328301521E-4,"d":"0.0"}},{"$f":"IF(J60>0,10^SUM(J$88:J136)-J$227*J$228,NA())","v":{"v":0.01729635364259202,"d":"0.0"}},{"$f":"IF(K60>0,10^SUM(K$88:K136)-K$227*K$228,NA())","v":{"v":0.06763737607206113,"d":"0.1"}},{"$f":"IF(L60>0,10^SUM(L$88:L136)-L$227*L$228,NA())","v":{"v":0.09604221849751096,"d":"0.1"}},{"$f":"IF(M60>0,10^SUM(M$88:M136)-M$227*M$228,NA())","v":{"v":0.13389478918132364,"d":"0.1"}},{"$f":"IF(N60>0,10^SUM(N$88:N136)-N$227*N$228,NA())","v":{"v":0.17584262613280519,"d":"0.2"}},{"$f":"IF(O60>0,10^SUM(O$88:O136)-O$227*O$228,NA())","v":{"v":0.18110049066701153,"d":"0.2"}},{"$f":"IF(P60>0,10^SUM(P$88:P136)-P$227*P$228,NA())","v":{"v":0.21204196487115812,"d":"0.2"}},{"$f":"IF(Q60>0,10^SUM(Q$88:Q136)-Q$227*Q$228,NA())","v":{"v":0.20705425866939628,"d":"0.2"}},{"$f":"IF(R60>0,10^SUM(R$88:R136)-R$227*R$228,NA())","v":{"v":0.216465843367829,"d":"0.2"}},{"$f":"IF(S60>0,10^SUM(S$88:S136)-S$227*S$228,NA())","v":{"v":0.2215786465591787,"d":"0.2"}},{"$f":"IF(T60>0,10^SUM(T$88:T136)-T$227*T$228,NA())","v":{"v":0.22009894987952694,"d":"0.2"}},{"$f":"IF(U60>0,10^SUM(U$88:U136)-U$227*U$228,NA())","v":{"v":0.22264583190113052,"d":"0.2"}},{"$f":"IF(V60>0,10^SUM(V$88:V136)-V$227*V$228,NA())","v":{"v":0.219132598193238,"d":"0.2"}},{"$f":"IF(W60>0,10^SUM(W$88:W136)-W$227*W$228,NA())","v":{"v":0.20849374245167263,"d":"0.2"}},{"$f":"IF(X60>0,10^SUM(X$88:X136)-X$227*X$228,NA())","v":{"v":0.20762736160310422,"d":"0.2"}},{"$f":"IF(Y60>0,10^SUM(Y$88:Y136)-Y$227*Y$228,NA())","v":{"v":0.20067337912278155,"d":"0.2"}},{"$f":"IF(Z60>0,10^SUM(Z$88:Z136)-Z$227*Z$228,NA())","v":{"v":0.19534153324533665,"d":"0.2"}},{"$f":"IF(AA60>0,10^SUM(AA$88:AA136)-AA$227*AA$228,NA())","v":{"v":0.19953497487128571,"d":"0.2"}},{"$f":"IF(AB60>0,10^SUM(AB$88:AB136)-AB$227*AB$228,NA())","v":{"v":0.2044299413232944,"d":"0.2"}},{"$f":"IF(AC60>0,10^SUM(AC$88:AC136)-AC$227*AC$228,NA())","v":{"v":0.22220326205286972,"d":"0.2"}},{"$f":"IF(AD60>0,10^SUM(AD$88:AD136)-AD$227*AD$228,NA())","v":{"$error":"#N/A"}},{"$f":"IF(AE60>0,10^SUM(AE$88:AE136)-AE$227*AE$228,NA())","v":{"$error":"#N/A"}},{"$f":"IF(AF60>0,10^SUM(AF$88:AF136)-AF$227*AF$228,NA())","v":{"$error":"#N/A"}},{"$f":"IF(AG60>0,10^SUM(AG$88:AG136)-AG$227*AG$228,NA())","v":{"$error":"#N/A"}},{"$f":"IF(AH60>0,10^SUM(AH$88:AH136)-AH$227*AH$228,NA())","v":{"$error":"#N/A"}},{"$f":"IF(AI60>0,10^SUM(AI$88:AI136)-AI$227*AI$228,NA())","v":{"$error":"#N/A"}},{"$f":"IF(AJ60>0,10^SUM(AJ$88:AJ136)-AJ$227*AJ$228,NA())","v":{"$error":"#N/A"}},{"$f":"IF(AK60>0,10^SUM(AK$88:AK136)-AK$227*AK$228,NA())","v":{"$error":"#N/A"}},{"$f":"IF(AL60>0,10^SUM(AL$88:AL136)-AL$227*AL$228,NA())","v":{"$error":"#N/A"}},{"$f":"IF(AM60>0,10^SUM(AM$88:AM136)-AM$227*AM$228,NA())","v":{"$error":"#N/A"}},{"$f":"IF(AN60>0,10^SUM(AN$88:AN136)-AN$227*AN$228,NA())","v":{"$error":"#N/A"}},{"$f":"IF(AO60>0,10^SUM(AO$88:AO136)-AO$227*AO$228,NA())","v":{"$error":"#N/A"}},74]
[{"$nulls":5},75,{"$f":"IF(G61>0,10^SUM(G$88:G137)-G$227*G$228,NA())","v":{"v":-0.01941732289190505,"d":"-0.0"}},{"$f":"IF(H61>0,10^SUM(H$88:H137)-H$227*H$228,NA())","v":{"v":0.062121724272820145,"d":"0.1"}},{"$f":"IF(I61>0,10^SUM(I$88:I137)-I$227*I$228,NA())","v":{"v":-0.01712957510828443,"d":"-0.0"}},{"$f":"IF(J61>0,10^SUM(J$88:J137)-J$227*J$228,NA())","v":{"v":-0.002963602619830266,"d":"-0.0"}},{"$f":"IF(K61>0,10^SUM(K$88:K137)-K$227*K$228,NA())","v":{"v":0.04649073022865216,"d":"0.0"}},{"$f":"IF(L61>0,10^SUM(L$88:L137)-L$227*L$228,NA())","v":{"v":0.07520810612694057,"d":"0.1"}},{"$f":"IF(M61>0,10^SUM(M$88:M137)-M$227*M$228,NA())","v":{"v":0.11191257916604969,"d":"0.1"}},{"$f":"IF(N61>0,10^SUM(N$88:N137)-N$227*N$228,NA())","v":{"v":0.15740528842029544,"d":"0.2"}},{"$f":"IF(O61>0,10^SUM(O$88:O137)-O$227*O$228,NA())","v":{"v":0.16145553773106802,"d":"0.2"}},{"$f":"IF(P61>0,10^SUM(P$88:P137)-P$227*P$228,NA())","v":{"v":0.1955495977253767,"d":"0.2"}},{"$f":"IF(Q61>0,10^SUM(Q$88:Q137)-Q$227*Q$228,NA())","v":{"v":0.18996432009317535,"d":"0.2"}},{"$f":"IF(R61>0,10^SUM(R$88:R137)-R$227*R$228,NA())","v":{"v":0.1972712443781296,"d":"0.2"}},{"$f":"IF(S61>0,10^SUM(S$88:S137)-S$227*S$228,NA())","v":{"v":0.19609710220487309,"d":"0.2"}},{"$f":"IF(T61>0,10^SUM(T$88:T137)-T$227*T$228,NA())","v":{"v":0.19060569059567026,"d":"0.2"}},{"$f":"IF(U61>0,10^SUM(U$88:U137)-U$227*U$228,NA())","v":{"v":0.19125276960307117,"d":"0.2"}},{"$f":"IF(V61>0,10^SUM(V$88:V137)-V$227*V$228,NA())","v":{"v":0.18670097366063879,"d":"0.2"}},{"$f":"IF(W61>0,10^SUM(W$88:W137)-W$227*W$228,NA())","v":{"v":0.1788876310235351,"d":"0.2"}},{"$f":"IF(X61>0,10^SUM(X$88:X137)-X$227*X$228,NA())","v":{"v":0.17980529514828825,"d":"0.2"}},{"$f":"IF(Y61>0,10^SUM(Y$88:Y137)-Y$227*Y$228,NA())","v":{"v":0.17699392038629327,"d":"0.2"}},{"$f":"IF(Z61>0,10^SUM(Z$88:Z137)-Z$227*Z$228,NA())","v":{"v":0.17209589078914161,"d":"0.2"}},{"$f":"IF(AA61>0,10^SUM(AA$88:AA137)-AA$227*AA$228,NA())","v":{"v":0.1729968232134047,"d":"0.2"}},{"$f":"IF(AB61>0,10^SUM(AB$88:AB137)-AB$227*AB$228,NA())","v":{"v":0.15577561528835032,"d":"0.2"}},{"$f":"IF(AC61>0,10^SUM(AC$88:AC137)-AC$227*AC$228,NA())","v":{"$error":"#N/A"}},{"$f":"IF(AD61>0,10^SUM(AD$88:AD137)-AD$227*AD$228,NA())","v":{"$error":"#N/A"}},{"$f":"IF(AE61>0,10^SUM(AE$88:AE137)-AE$227*AE$228,NA())","v":{"$error":"#N/A"}},{"$f":"IF(AF61>0,10^SUM(AF$88:AF137)-AF$227*AF$228,NA())","v":{"$error":"#N/A"}},{"$f":"IF(AG61>0,10^SUM(AG$88:AG137)-AG$227*AG$228,NA())","v":{"$error":"#N/A"}},{"$f":"IF(AH61>0,10^SUM(AH$88:AH137)-AH$227*AH$228,NA())","v":{"$error":"#N/A"}},{"$f":"IF(AI61>0,10^SUM(AI$88:AI137)-AI$227*AI$228,NA())","v":{"$error":"#N/A"}},{"$f":"IF(AJ61>0,10^SUM(AJ$88:AJ137)-AJ$227*AJ$228,NA())","v":{"$error":"#N/A"}},{"$f":"IF(AK61>0,10^SUM(AK$88:AK137)-AK$227*AK$228,NA())","v":{"$error":"#N/A"}},{"$f":"IF(AL61>0,10^SUM(AL$88:AL137)-AL$227*AL$228,NA())","v":{"$error":"#N/A"}},{"$f":"IF(AM61>0,10^SUM(AM$88:AM137)-AM$227*AM$228,NA())","v":{"$error":"#N/A"}},{"$f":"IF(AN61>0,10^SUM(AN$88:AN137)-AN$227*AN$228,NA())","v":{"$error":"#N/A"}},{"$f":"IF(AO61>0,10^SUM(AO$88:AO137)-AO$227*AO$228,NA())","v":{"$error":"#N/A"}},75]
[{"$nulls":5},76,{"$f":"IF(G62>0,10^SUM(G$88:G138)-G$227*G$228,NA())","v":{"v":-0.028987290055822013,"d":"-0.0"}},{"$f":"IF(H62>0,10^SUM(H$88:H138)-H$227*H$228,NA())","v":{"v":0.058277188830927265,"d":"0.1"}},{"$f":"IF(I62>0,10^SUM(I$88:I138)-I$227*I$228,NA())","v":{"v":-0.02342209291917685,"d":"-0.0"}},{"$f":"IF(J62>0,10^SUM(J$88:J138)-J$227*J$228,NA())","v":{"v":-0.010805512787340071,"d":"-0.0"}},{"$f":"IF(K62>0,10^SUM(K$88:K138)-K$227*K$228,NA())","v":{"v":0.032331540361786676,"d":"0.0"}},{"$f":"IF(L62>0,10^SUM(L$88:L138)-L$227*L$228,NA())","v":{"v":0.055203047745185224,"d":"0.1"}},{"$f":"IF(M62>0,10^SUM(M$88:M138)-M$227*M$228,NA())","v":{"v":0.08833608044545752,"d":"0.1"}},{"$f":"IF(N62>0,10^SUM(N$88:N138)-N$227*N$228,NA())","v":{"v":0.13149263456190252,"d":"0.1"}},{"$f":"IF(O62>0,10^SUM(O$88:O138)-O$227*O$228,NA())","v":{"v":0.13218094499160443,"d":"0.1"}},{"$f":"IF(P62>0,10^SUM(P$88:P138)-P$227*P$228,NA())","v":{"v":0.1712875896152853,"d":"0.2"}},{"$f":"IF(Q62>0,10^SUM(Q$88:Q138)-Q$227*Q$228,NA())","v":{"v":0.16645418914904186,"d":"0.2"}},{"$f":"IF(R62>0,10^SUM(R$88:R138)-R$227*R$228,NA())","v":{"v":0.17598617906209738,"d":"0.2"}},{"$f":"IF(S62>0,10^SUM(S$88:S138)-S$227*S$228,NA())","v":{"v":0.1727615470424932,"d":"0.2"}},{"$f":"IF(T62>0,10^SUM(T$88:T138)-T$227*T$228,NA())","v":{"v":0.1662081621994245,"d":"0.2"}},{"$f":"IF(U62>0,10^SUM(U$88:U138)-U$227*U$228,NA())","v":{"v":0.1640948763194351,"d":"0.2"}},{"$f":"IF(V62>0,10^SUM(V$88:V138)-V$227*V$228,NA())","v":{"v":0.15832242566422167,"d":"0.2"}},{"$f":"IF(W62>0,10^SUM(W$88:W138)-W$227*W$228,NA())","v":{"v":0.15062338532181663,"d":"0.2"}},{"$f":"IF(X62>0,10^SUM(X$88:X138)-X$227*X$228,NA())","v":{"v":0.15445274853237964,"d":"0.2"}},{"$f":"IF(Y62>0,10^SUM(Y$88:Y138)-Y$227*Y$228,NA())","v":{"v":0.15380771681568886,"d":"0.2"}},{"$f":"IF(Z62>0,10^SUM(Z$88:Z138)-Z$227*Z$228,NA())","v":{"v":0.1571235482904863,"d":"0.2"}},{"$f":"IF(AA62>0,10^SUM(AA$88:AA138)-AA$227*AA$228,NA())","v":{"v":0.16054105194203958,"d":"0.2"}},{"$f":"IF(AB62>0,10^SUM(AB$88:AB138)-AB$227*AB$228,NA())","v":{"$error":"#N/A"}},{"$f":"IF(AC62>0,10^SUM(AC$88:AC138)-AC$227*AC$228,NA())","v":{"$error":"#N/A"}},{"$f":"IF(AD62>0,10^SUM(AD$88:AD138)-AD$227*AD$228,NA())","v":{"$error":"#N/A"}},{"$f":"IF(AE62>0,10^SUM(AE$88:AE138)-AE$227*AE$228,NA())","v":{"$error":"#N/A"}},{"$f":"IF(AF62>0,10^SUM(AF$88:AF138)-AF$227*AF$228,NA())","v":{"$error":"#N/A"}},{"$f":"IF(AG62>0,10^SUM(AG$88:AG138)-AG$227*AG$228,NA())","v":{"$error":"#N/A"}},{"$f":"IF(AH62>0,10^SUM(AH$88:AH138)-AH$227*AH$228,NA())","v":{"$error":"#N/A"}},{"$f":"IF(AI62>0,10^SUM(AI$88:AI138)-AI$227*AI$228,NA())","v":{"$error":"#N/A"}},{"$f":"IF(AJ62>0,10^SUM(AJ$88:AJ138)-AJ$227*AJ$228,NA())","v":{"$error":"#N/A"}},{"$f":"IF(AK62>0,10^SUM(AK$88:AK138)-AK$227*AK$228,NA())","v":{"$error":"#N/A"}},{"$f":"IF(AL62>0,10^SUM(AL$88:AL138)-AL$227*AL$228,NA())","v":{"$error":"#N/A"}},{"$f":"IF(AM62>0,10^SUM(AM$88:AM138)-AM$227*AM$228,NA())","v":{"$error":"#N/A"}},{"$f":"IF(AN62>0,10^SUM(AN$88:AN138)-AN$227*AN$228,NA())","v":{"$error":"#N/A"}},{"$f":"IF(AO62>0,10^SUM(AO$88:AO138)-AO$227*AO$228,NA())","v":{"$error":"#N/A"}},76]
[{"$nulls":5},77,{"$f":"IF(G63>0,10^SUM(G$88:G139)-G$227*G$228,NA())","v":{"v":-0.04495157275235041,"d":"-0.0"}},{"$f":"IF(H63>0,10^SUM(H$88:H139)-H$227*H$228,NA())","v":{"v":0.04809516023257647,"d":"0.0"}},{"$f":"IF(I63>0,10^SUM(I$88:I139)-I$227*I$228,NA())","v":{"v":-0.03357611916002015,"d":"-0.0"}},{"$f":"IF(J63>0,10^SUM(J$88:J139)-J$227*J$228,NA())","v":{"v":-0.017577609688899196,"d":"-0.0"}},{"$f":"IF(K63>0,10^SUM(K$88:K139)-K$227*K$228,NA())","v":{"v":0.023303692863003142,"d":"0.0"}},{"$f":"IF(L63>0,10^SUM(L$88:L139)-L$227*L$228,NA())","v":{"v":0.04340800181518048,"d":"0.0"}},{"$f":"IF(M63>0,10^SUM(M$88:M139)-M$227*M$228,NA())","v":{"v":0.07405111403948941,"d":"0.1"}},{"$f":"IF(N63>0,10^SUM(N$88:N139)-N$227*N$228,NA())","v":{"v":0.11544170292731529,"d":"0.1"}},{"$f":"IF(O63>0,10^SUM(O$88:O139)-O$227*O$228,NA())","v":{"v":0.11413872486352772,"d":"0.1"}},{"$f":"IF(P63>0,10^SUM(P$88:P139)-P$227*P$228,NA())","v":{"v":0.1541912954211471,"d":"0.2"}},{"$f":"IF(Q63>0,10^SUM(Q$88:Q139)-Q$227*Q$228,NA())","v":{"v":0.14870563419340377,"d":"0.1"}},{"$f":"IF(R63>0,10^SUM(R$88:R139)-R$227*R$228,NA())","v":{"v":0.1546692856110132,"d":"0.2"}},{"$f":"IF(S63>0,10^SUM(S$88:S139)-S$227*S$228,NA())","v":{"v":0.14805664581541664,"d":"0.1"}},{"$f":"IF(T63>0,10^SUM(T$88:T139)-T$227*T$228,NA())","v":{"v":0.13895002359871889,"d":"0.1"}},{"$f":"IF(U63>0,10^SUM(U$88:U139)-U$227*U$228,NA())","v":{"v":0.1348859883345756,"d":"0.1"}},{"$f":"IF(V63>0,10^SUM(V$88:V139)-V$227*V$228,NA())","v":{"v":0.12713290780837,"d":"0.1"}},{"$f":"IF(W63>0,10^SUM(W$88:W139)-W$227*W$228,NA())","v":{"v":0.12441491627582048,"d":"0.1"}},{"$f":"IF(X63>0,10^SUM(X$88:X139)-X$227*X$228,NA())","v":{"v":0.12711461204214844,"d":"0.1"}},{"$f":"IF(Y63>0,10^SUM(Y$88:Y139)-Y$227*Y$228,NA())","v":{"v":0.11858574966489613,"d":"0.1"}},{"$f":"IF(Z63>0,10^SUM(Z$88:Z139)-Z$227*Z$228,NA())","v":{"v":0.13229802766058946,"d":"0.1"}},{"$f":"IF(AA63>0,10^SUM(AA$88:AA139)-AA$227*AA$228,NA())","v":{"$error":"#N/A"}},{"$f":"IF(AB63>0,10^SUM(AB$88:AB139)-AB$227*AB$228,NA())","v":{"$error":"#N/A"}},{"$f":"IF(AC63>0,10^SUM(AC$88:AC139)-AC$227*AC$228,NA())","v":{"$error":"#N/A"}},{"$f":"IF(AD63>0,10^SUM(AD$88:AD139)-AD$227*AD$228,NA())","v":{"$error":"#N/A"}},{"$f":"IF(AE63>0,10^SUM(AE$88:AE139)-AE$227*AE$228,NA())","v":{"$error":"#N/A"}},{"$f":"IF(AF63>0,10^SUM(AF$88:AF139)-AF$227*AF$228,NA())","v":{"$error":"#N/A"}},{"$f":"IF(AG63>0,10^SUM(AG$88:AG139)-AG$227*AG$228,NA())","v":{"$error":"#N/A"}},{"$f":"IF(AH63>0,10^SUM(AH$88:AH139)-AH$227*AH$228,NA())","v":{"$error":"#N/A"}},{"$f":"IF(AI63>0,10^SUM(AI$88:AI139)-AI$227*AI$228,NA())","v":{"$error":"#N/A"}},{"$f":"IF(AJ63>0,10^SUM(AJ$88:AJ139)-AJ$227*AJ$228,NA())","v":{"$error":"#N/A"}},{"$f":"IF(AK63>0,10^SUM(AK$88:AK139)-AK$227*AK$228,NA())","v":{"$error":"#N/A"}},{"$f":"IF(AL63>0,10^SUM(AL$88:AL139)-AL$227*AL$228,NA())","v":{"$error":"#N/A"}},{"$f":"IF(AM63>0,10^SUM(AM$88:AM139)-AM$227*AM$228,NA())","v":{"$error":"#N/A"}},{"$f":"IF(AN63>0,10^SUM(AN$88:AN139)-AN$227*AN$228,NA())","v":{"$error":"#N/A"}},{"$f":"IF(AO63>0,10^SUM(AO$88:AO139)-AO$227*AO$228,NA())","v":{"$error":"#N/A"}},77]
[{"$nulls":5},78,null,{"$f":"IF(H64>0,10^SUM(H$88:H140)-H$227*H$228,NA())","v":{"v":0.0391247930374294,"d":"0.0"}},{"$f":"IF(I64>0,10^SUM(I$88:I140)-I$227*I$228,NA())","v":{"v":-0.038616558069419035,"d":"-0.0"}},{"$f":"IF(J64>0,10^SUM(J$88:J140)-J$227*J$228,NA())","v":{"v":-0.02208187498866651,"d":"-0.0"}},{"$f":"IF(K64>0,10^SUM(K$88:K140)-K$227*K$228,NA())","v":{"v":0.01722100699824579,"d":"0.0"}},{"$f":"IF(L64>0,10^SUM(L$88:L140)-L$227*L$228,NA())","v":{"v":0.035281908995638364,"d":"0.0"}},{"$f":"IF(M64>0,10^SUM(M$88:M140)-M$227*M$228,NA())","v":{"v":0.06314653030241404,"d":"0.1"}},{"$f":"IF(N64>0,10^SUM(N$88:N140)-N$227*N$228,NA())","v":{"v":0.09781777999253849,"d":"0.1"}},{"$f":"IF(O64>0,10^SUM(O$88:O140)-O$227*O$228,NA())","v":{"v":0.09539533453361079,"d":"0.1"}},{"$f":"IF(P64>0,10^SUM(P$88:P140)-P$227*P$228,NA())","v":{"v":0.13413787108278982,"d":"0.1"}},{"$f":"IF(Q64>0,10^SUM(Q$88:Q140)-Q$227*Q$228,NA())","v":{"v":0.12374483970816871,"d":"0.1"}},{"$f":"IF(R64>0,10^SUM(R$88:R140)-R$227*R$228,NA())","v":{"v":0.13137702670012852,"d":"0.1"}},{"$f":"IF(S64>0,10^SUM(S$88:S140)-S$227*S$228,NA())","v":{"v":0.12851316856778164,"d":"0.1"}},{"$f":"IF(T64>0,10^SUM(T$88:T140)-T$227*T$228,NA())","v":{"v":0.11824647008250973,"d":"0.1"}},{"$f":"IF(U64>0,10^SUM(U$88:U140)-U$227*U$228,NA())","v":{"v":0.11478797607272384,"d":"0.1"}},{"$f":"IF(V64>0,10^SUM(V$88:V140)-V$227*V$228,NA())","v":{"v":0.11124129433232371,"d":"0.1"}},{"$f":"IF(W64>0,10^SUM(W$88:W140)-W$227*W$228,NA())","v":{"v":0.10873863682506711,"d":"0.1"}},{"$f":"IF(X64>0,10^SUM(X$88:X140)-X$227*X$228,NA())","v":{"v":0.10639493027927824,"d":"0.1"}},{"$f":"IF(Y64>0,10^SUM(Y$88:Y140)-Y$227*Y$228,NA())","v":{"v":0.10411828820577877,"d":"0.1"}},{"$f":"IF(Z64>0,10^SUM(Z$88:Z140)-Z$227*Z$228,NA())","v":{"$error":"#N/A"}},{"$f":"IF(AA64>0,10^SUM(AA$88:AA140)-AA$227*AA$228,NA())","v":{"$error":"#N/A"}},{"$f":"IF(AB64>0,10^SUM(AB$88:AB140)-AB$227*AB$228,NA())","v":{"$error":"#N/A"}},{"$f":"IF(AC64>0,10^SUM(AC$88:AC140)-AC$227*AC$228,NA())","v":{"$error":"#N/A"}},{"$f":"IF(AD64>0,10^SUM(AD$88:AD140)-AD$227*AD$228,NA())","v":{"$error":"#N/A"}},{"$f":"IF(AE64>0,10^SUM(AE$88:AE140)-AE$227*AE$228,NA())","v":{"$error":"#N/A"}},{"$f":"IF(AF64>0,10^SUM(AF$88:AF140)-AF$227*AF$228,NA())","v":{"$error":"#N/A"}},{"$f":"IF(AG64>0,10^SUM(AG$88:AG140)-AG$227*AG$228,NA())","v":{"$error":"#N/A"}},{"$f":"IF(AH64>0,10^SUM(AH$88:AH140)-AH$227*AH$228,NA())","v":{"$error":"#N/A"}},{"$f":"IF(AI64>0,10^SUM(AI$88:AI140)-AI$227*AI$228,NA())","v":{"$error":"#N/A"}},{"$f":"IF(AJ64>0,10^SUM(AJ$88:AJ140)-AJ$227*AJ$228,NA())","v":{"$error":"#N/A"}},{"$f":"IF(AK64>0,10^SUM(AK$88:AK140)-AK$227*AK$228,NA())","v":{"$error":"#N/A"}},{"$f":"IF(AL64>0,10^SUM(AL$88:AL140)-AL$227*AL$228,NA())","v":{"$error":"#N/A"}},{"$f":"IF(AM64>0,10^SUM(AM$88:AM140)-AM$227*AM$228,NA())","v":{"$error":"#N/A"}},{"$f":"IF(AN64>0,10^SUM(AN$88:AN140)-AN$227*AN$228,NA())","v":{"$error":"#N/A"}},{"$f":"IF(AO64>0,10^SUM(AO$88:AO140)-AO$227*AO$228,NA())","v":{"$error":"#N/A"}},78]
[{"$nulls":5},79,null,{"$f":"IF(H65>0,10^SUM(H$88:H141)-H$227*H$228,NA())","v":{"v":0.03148754301746024,"d":"0.0"}},{"$f":"IF(I65>0,10^SUM(I$88:I141)-I$227*I$228,NA())","v":{"v":-0.04745571934144863,"d":"-0.0"}},{"$f":"IF(J65>0,10^SUM(J$88:J141)-J$227*J$228,NA())","v":{"v":-0.029936355317141616,"d":"-0.0"}},{"$f":"IF(K65>0,10^SUM(K$88:K141)-K$227*K$228,NA())","v":{"v":0.011183140924070828,"d":"0.0"}},{"$f":"IF(L65>0,10^SUM(L$88:L141)-L$227*L$228,NA())","v":{"v":0.022565589494657395,"d":"0.0"}},{"$f":"IF(M65>0,10^SUM(M$88:M141)-M$227*M$228,NA())","v":{"v":0.05130495026032114,"d":"0.1"}},{"$f":"IF(N65>0,10^SUM(N$88:N141)-N$227*N$228,NA())","v":{"v":0.0801877898056038,"d":"0.1"}},{"$f":"IF(O65>0,10^SUM(O$88:O141)-O$227*O$228,NA())","v":{"v":0.06751565331389595,"d":"0.1"}},{"$f":"IF(P65>0,10^SUM(P$88:P141)-P$227*P$228,NA())","v":{"v":0.10423121261119686,"d":"0.1"}},{"$f":"IF(Q65>0,10^SUM(Q$88:Q141)-Q$227*Q$228,NA())","v":{"v":0.0974070940537354,"d":"0.1"}},{"$f":"IF(R65>0,10^SUM(R$88:R141)-R$227*R$228,NA())","v":{"v":0.1051697962999065,"d":"0.1"}},{"$f":"IF(S65>0,10^SUM(S$88:S141)-S$227*S$228,NA())","v":{"v":0.10820808793407215,"d":"0.1"}},{"$f":"IF(T65>0,10^SUM(T$88:T141)-T$227*T$228,NA())","v":{"v":0.10393864720252605,"d":"0.1"}},{"$f":"IF(U65>0,10^SUM(U$88:U141)-U$227*U$228,NA())","v":{"v":0.10158735882436055,"d":"0.1"}},{"$f":"IF(V65>0,10^SUM(V$88:V141)-V$227*V$228,NA())","v":{"v":0.09944971713309744,"d":"0.1"}},{"$f":"IF(W65>0,10^SUM(W$88:W141)-W$227*W$228,NA())","v":{"v":0.09492882994828358,"d":"0.1"}},{"$f":"IF(X65>0,10^SUM(X$88:X141)-X$227*X$228,NA())","v":{"v":0.08681826310789105,"d":"0.1"}},{"$f":"IF(Y65>0,10^SUM(Y$88:Y141)-Y$227*Y$228,NA())","v":{"$error":"#N/A"}},{"$f":"IF(Z65>0,10^SUM(Z$88:Z141)-Z$227*Z$228,NA())","v":{"$error":"#N/A"}},{"$f":"IF(AA65>0,10^SUM(AA$88:AA141)-AA$227*AA$228,NA())","v":{"$error":"#N/A"}},{"$f":"IF(AB65>0,10^SUM(AB$88:AB141)-AB$227*AB$228,NA())","v":{"$error":"#N/A"}},{"$f":"IF(AC65>0,10^SUM(AC$88:AC141)-AC$227*AC$228,NA())","v":{"$error":"#N/A"}},{"$f":"IF(AD65>0,10^SUM(AD$88:AD141)-AD$227*AD$228,NA())","v":{"$error":"#N/A"}},{"$f":"IF(AE65>0,10^SUM(AE$88:AE141)-AE$227*AE$228,NA())","v":{"$error":"#N/A"}},{"$f":"IF(AF65>0,10^SUM(AF$88:AF141)-AF$227*AF$228,NA())","v":{"$error":"#N/A"}},{"$f":"IF(AG65>0,10^SUM(AG$88:AG141)-AG$227*AG$228,NA())","v":{"$error":"#N/A"}},{"$f":"IF(AH65>0,10^SUM(AH$88:AH141)-AH$227*AH$228,NA())","v":{"$error":"#N/A"}},{"$f":"IF(AI65>0,10^SUM(AI$88:AI141)-AI$227*AI$228,NA())","v":{"$error":"#N/A"}},{"$f":"IF(AJ65>0,10^SUM(AJ$88:AJ141)-AJ$227*AJ$228,NA())","v":{"$error":"#N/A"}},{"$f":"IF(AK65>0,10^SUM(AK$88:AK141)-AK$227*AK$228,NA())","v":{"$error":"#N/A"}},{"$f":"IF(AL65>0,10^SUM(AL$88:AL141)-AL$227*AL$228,NA())","v":{"$error":"#N/A"}},{"$f":"IF(AM65>0,10^SUM(AM$88:AM141)-AM$227*AM$228,NA())","v":{"$error":"#N/A"}},{"$f":"IF(AN65>0,10^SUM(AN$88:AN141)-AN$227*AN$228,NA())","v":{"$error":"#N/A"}},{"$f":"IF(AO65>0,10^SUM(AO$88:AO141)-AO$227*AO$228,NA())","v":{"$error":"#N/A"}},79]
[{"$nulls":5},80,null,{"$f":"IF(H66>0,10^SUM(H$88:H142)-H$227*H$228,NA())","v":{"v":0.02255395282018853,"d":"0.0"}},null,{"$f":"IF(J66>0,10^SUM(J$88:J142)-J$227*J$228,NA())","v":{"v":-0.03561276998429726,"d":"-0.0"}},{"$f":"IF(K66>0,10^SUM(K$88:K142)-K$227*K$228,NA())","v":{"v":4.1832415220773855E-3,"d":"0.0"}},{"$f":"IF(L66>0,10^SUM(L$88:L142)-L$227*L$228,NA())","v":{"v":0.014393749819826065,"d":"0.0"}},{"$f":"IF(M66>0,10^SUM(M$88:M142)-M$227*M$228,NA())","v":{"v":0.04116318630592003,"d":"0.0"}},{"$f":"IF(N66>0,10^SUM(N$88:N142)-N$227*N$228,NA())","v":{"v":0.06489916378306342,"d":"0.1"}},{"$f":"IF(O66>0,10^SUM(O$88:O142)-O$227*O$228,NA())","v":{"v":0.049448358993415334,"d":"0.0"}},{"$f":"IF(P66>0,10^SUM(P$88:P142)-P$227*P$228,NA())","v":{"v":0.08501305477661411,"d":"0.1"}},{"$f":"IF(Q66>0,10^SUM(Q$88:Q142)-Q$227*Q$228,NA())","v":{"v":0.0795913383644381,"d":"0.1"}},{"$f":"IF(R66>0,10^SUM(R$88:R142)-R$227*R$228,NA())","v":{"v":0.0860482294164714,"d":"0.1"}},{"$f":"IF(S66>0,10^SUM(S$88:S142)-S$227*S$228,NA())","v":{"v":0.09154404239222502,"d":"0.1"}},{"$f":"IF(T66>0,10^SUM(T$88:T142)-T$227*T$228,NA())","v":{"v":0.08813997282774207,"d":"0.1"}},{"$f":"IF(U66>0,10^SUM(U$88:U142)-U$227*U$228,NA())","v":{"v":0.08766989066542316,"d":"0.1"}},{"$f":"IF(V66>0,10^SUM(V$88:V142)-V$227*V$228,NA())","v":{"v":0.08860969796558976,"d":"0.1"}},{"$f":"IF(W66>0,10^SUM(W$88:W142)-W$227*W$228,NA())","v":{"v":0.09170124973004193,"d":"0.1"}},{"$f":"IF(X66>0,10^SUM(X$88:X142)-X$227*X$228,NA())","v":{"$error":"#N/A"}},{"$f":"IF(Y66>0,10^SUM(Y$88:Y142)-Y$227*Y$228,NA())","v":{"$error":"#N/A"}},{"$f":"IF(Z66>0,10^SUM(Z$88:Z142)-Z$227*Z$228,NA())","v":{"$error":"#N/A"}},{"$f":"IF(AA66>0,10^SUM(AA$88:AA142)-AA$227*AA$228,NA())","v":{"$error":"#N/A"}},{"$f":"IF(AB66>0,10^SUM(AB$88:AB142)-AB$227*AB$228,NA())","v":{"$error":"#N/A"}},{"$f":"IF(AC66>0,10^SUM(AC$88:AC142)-AC$227*AC$228,NA())","v":{"$error":"#N/A"}},{"$f":"IF(AD66>0,10^SUM(AD$88:AD142)-AD$227*AD$228,NA())","v":{"$error":"#N/A"}},{"$f":"IF(AE66>0,10^SUM(AE$88:AE142)-AE$227*AE$228,NA())","v":{"$error":"#N/A"}},{"$f":"IF(AF66>0,10^SUM(AF$88:AF142)-AF$227*AF$228,NA())","v":{"$error":"#N/A"}},{"$f":"IF(AG66>0,10^SUM(AG$88:AG142)-AG$227*AG$228,NA())","v":{"$error":"#N/A"}},{"$f":"IF(AH66>0,10^SUM(AH$88:AH142)-AH$227*AH$228,NA())","v":{"$error":"#N/A"}},{"$f":"IF(AI66>0,10^SUM(AI$88:AI142)-AI$227*AI$228,NA())","v":{"$error":"#N/A"}},{"$f":"IF(AJ66>0,10^SUM(AJ$88:AJ142)-AJ$227*AJ$228,NA())","v":{"$error":"#N/A"}},{"$f":"IF(AK66>0,10^SUM(AK$88:AK142)-AK$227*AK$228,NA())","v":{"$error":"#N/A"}},{"$f":"IF(AL66>0,10^SUM(AL$88:AL142)-AL$227*AL$228,NA())","v":{"$error":"#N/A"}},{"$f":"IF(AM66>0,10^SUM(AM$88:AM142)-AM$227*AM$228,NA())","v":{"$error":"#N/A"}},{"$f":"IF(AN66>0,10^SUM(AN$88:AN142)-AN$227*AN$228,NA())","v":{"$error":"#N/A"}},{"$f":"IF(AO66>0,10^SUM(AO$88:AO142)-AO$227*AO$228,NA())","v":{"$error":"#N/A"}},80]
[{"$nulls":5},81,null,{"$f":"IF(H67>0,10^SUM(H$88:H143)-H$227*H$228,NA())","v":{"v":0.011040906000694045,"d":"0.0"}},null,{"$f":"IF(J67>0,10^SUM(J$88:J143)-J$227*J$228,NA())","v":{"v":-0.04572680529418807,"d":"-0.0"}},{"$f":"IF(K67>0,10^SUM(K$88:K143)-K$227*K$228,NA())","v":{"v":-5.8899920903318775E-3,"d":"-0.0"}},{"$f":"IF(L67>0,10^SUM(L$88:L143)-L$227*L$228,NA())","v":{"v":1.6594765395272493E-3,"d":"0.0"}},{"$f":"IF(M67>0,10^SUM(M$88:M143)-M$227*M$228,NA())","v":{"v":0.02935199981537273,"d":"0.0"}},{"$f":"IF(N67>0,10^SUM(N$88:N143)-N$227*N$228,NA())","v":{"v":0.05193877709481279,"d":"0.1"}},{"$f":"IF(O67>0,10^SUM(O$88:O143)-O$227*O$228,NA())","v":{"v":0.0366436971850668,"d":"0.0"}},{"$f":"IF(P67>0,10^SUM(P$88:P143)-P$227*P$228,NA())","v":{"v":0.07070688337402496,"d":"0.1"}},{"$f":"IF(Q67>0,10^SUM(Q$88:Q143)-Q$227*Q$228,NA())","v":{"v":0.06679471844562022,"d":"0.1"}},{"$f":"IF(R67>0,10^SUM(R$88:R143)-R$227*R$228,NA())","v":{"v":0.07403294182793436,"d":"0.1"}},{"$f":"IF(S67>0,10^SUM(S$88:S143)-S$227*S$228,NA())","v":{"v":0.07845324433013681,"d":"0.1"}},{"$f":"IF(T67>0,10^SUM(T$88:T143)-T$227*T$228,NA())","v":{"v":0.07527153679489175,"d":"0.1"}},{"$f":"IF(U67>0,10^SUM(U$88:U143)-U$227*U$228,NA())","v":{"v":0.07074960176699649,"d":"0.1"}},{"$f":"IF(V67>0,10^SUM(V$88:V143)-V$227*V$228,NA())","v":{"v":0.07248273293585242,"d":"0.1"}},{"$f":"IF(W67>0,10^SUM(W$88:W143)-W$227*W$228,NA())","v":{"$error":"#N/A"}},{"$f":"IF(X67>0,10^SUM(X$88:X143)-X$227*X$228,NA())","v":{"$error":"#N/A"}},{"$f":"IF(Y67>0,10^SUM(Y$88:Y143)-Y$227*Y$228,NA())","v":{"$error":"#N/A"}},{"$f":"IF(Z67>0,10^SUM(Z$88:Z143)-Z$227*Z$228,NA())","v":{"$error":"#N/A"}},{"$f":"IF(AA67>0,10^SUM(AA$88:AA143)-AA$227*AA$228,NA())","v":{"$error":"#N/A"}},{"$f":"IF(AB67>0,10^SUM(AB$88:AB143)-AB$227*AB$228,NA())","v":{"$error":"#N/A"}},{"$f":"IF(AC67>0,10^SUM(AC$88:AC143)-AC$227*AC$228,NA())","v":{"$error":"#N/A"}},{"$f":"IF(AD67>0,10^SUM(AD$88:AD143)-AD$227*AD$228,NA())","v":{"$error":"#N/A"}},{"$f":"IF(AE67>0,10^SUM(AE$88:AE143)-AE$227*AE$228,NA())","v":{"$error":"#N/A"}},{"$f":"IF(AF67>0,10^SUM(AF$88:AF143)-AF$227*AF$228,NA())","v":{"$error":"#N/A"}},{"$f":"IF(AG67>0,10^SUM(AG$88:AG143)-AG$227*AG$228,NA())","v":{"$error":"#N/A"}},{"$f":"IF(AH67>0,10^SUM(AH$88:AH143)-AH$227*AH$228,NA())","v":{"$error":"#N/A"}},{"$f":"IF(AI67>0,10^SUM(AI$88:AI143)-AI$227*AI$228,NA())","v":{"$error":"#N/A"}},{"$f":"IF(AJ67>0,10^SUM(AJ$88:AJ143)-AJ$227*AJ$228,NA())","v":{"$error":"#N/A"}},{"$f":"IF(AK67>0,10^SUM(AK$88:AK143)-AK$227*AK$228,NA())","v":{"$error":"#N/A"}},{"$f":"IF(AL67>0,10^SUM(AL$88:AL143)-AL$227*AL$228,NA())","v":{"$error":"#N/A"}},{"$f":"IF(AM67>0,10^SUM(AM$88:AM143)-AM$227*AM$228,NA())","v":{"$error":"#N/A"}},{"$f":"IF(AN67>0,10^SUM(AN$88:AN143)-AN$227*AN$228,NA())","v":{"$error":"#N/A"}},{"$f":"IF(AO67>0,10^SUM(AO$88:AO143)-AO$227*AO$228,NA())","v":{"$error":"#N/A"}},81]
[{"$nulls":5},82,null,{"$f":"IF(H68>0,10^SUM(H$88:H144)-H$227*H$228,NA())","v":{"v":0.009776115571523872,"d":"0.0"}},null,null,{"$f":"IF(K68>0,10^SUM(K$88:K144)-K$227*K$228,NA())","v":{"v":-0.014959844041609396,"d":"-0.0"}},{"$f":"IF(L68>0,10^SUM(L$88:L144)-L$227*L$228,NA())","v":{"v":-0.010101114614570278,"d":"-0.0"}},{"$f":"IF(M68>0,10^SUM(M$88:M144)-M$227*M$228,NA())","v":{"v":0.015050054302530674,"d":"0.0"}},{"$f":"IF(N68>0,10^SUM(N$88:N144)-N$227*N$228,NA())","v":{"v":0.038176349085419725,"d":"0.0"}},{"$f":"IF(O68>0,10^SUM(O$88:O144)-O$227*O$228,NA())","v":{"v":0.02086232811397741,"d":"0.0"}},{"$f":"IF(P68>0,10^SUM(P$88:P144)-P$227*P$228,NA())","v":{"v":0.05496757550539532,"d":"0.1"}},{"$f":"IF(Q68>0,10^SUM(Q$88:Q144)-Q$227*Q$228,NA())","v":{"v":0.05256985355919651,"d":"0.1"}},{"$f":"IF(R68>0,10^SUM(R$88:R144)-R$227*R$228,NA())","v":{"v":0.05987937156278329,"d":"0.1"}},{"$f":"IF(S68>0,10^SUM(S$88:S144)-S$227*S$228,NA())","v":{"v":0.06684216416927659,"d":"0.1"}},{"$f":"IF(T68>0,10^SUM(T$88:T144)-T$227*T$228,NA())","v":{"v":0.06932508538809527,"d":"0.1"}},{"$f":"IF(U68>0,10^SUM(U$88:U144)-U$227*U$228,NA())","v":{"$error":"#N/A"}},{"$f":"IF(V68>0,10^SUM(V$88:V144)-V$227*V$228,NA())","v":{"$error":"#N/A"}},{"$f":"IF(W68>0,10^SUM(W$88:W144)-W$227*W$228,NA())","v":{"$error":"#N/A"}},{"$f":"IF(X68>0,10^SUM(X$88:X144)-X$227*X$228,NA())","v":{"$error":"#N/A"}},{"$f":"IF(Y68>0,10^SUM(Y$88:Y144)-Y$227*Y$228,NA())","v":{"$error":"#N/A"}},{"$f":"IF(Z68>0,10^SUM(Z$88:Z144)-Z$227*Z$228,NA())","v":{"$error":"#N/A"}},{"$f":"IF(AA68>0,10^SUM(AA$88:AA144)-AA$227*AA$228,NA())","v":{"$error":"#N/A"}},{"$f":"IF(AB68>0,10^SUM(AB$88:AB144)-AB$227*AB$228,NA())","v":{"$error":"#N/A"}},{"$f":"IF(AC68>0,10^SUM(AC$88:AC144)-AC$227*AC$228,NA())","v":{"$error":"#N/A"}},{"$f":"IF(AD68>0,10^SUM(AD$88:AD144)-AD$227*AD$228,NA())","v":{"$error":"#N/A"}},{"$f":"IF(AE68>0,10^SUM(AE$88:AE144)-AE$227*AE$228,NA())","v":{"$error":"#N/A"}},{"$f":"IF(AF68>0,10^SUM(AF$88:AF144)-AF$227*AF$228,NA())","v":{"$error":"#N/A"}},{"$f":"IF(AG68>0,10^SUM(AG$88:AG144)-AG$227*AG$228,NA())","v":{"$error":"#N/A"}},{"$f":"IF(AH68>0,10^SUM(AH$88:AH144)-AH$227*AH$228,NA())","v":{"$error":"#N/A"}},{"$f":"IF(AI68>0,10^SUM(AI$88:AI144)-AI$227*AI$228,NA())","v":{"$error":"#N/A"}},{"$f":"IF(AJ68>0,10^SUM(AJ$88:AJ144)-AJ$227*AJ$228,NA())","v":{"$error":"#N/A"}},{"$f":"IF(AK68>0,10^SUM(AK$88:AK144)-AK$227*AK$228,NA())","v":{"$error":"#N/A"}},{"$f":"IF(AL68>0,10^SUM(AL$88:AL144)-AL$227*AL$228,NA())","v":{"$error":"#N/A"}},{"$f":"IF(AM68>0,10^SUM(AM$88:AM144)-AM$227*AM$228,NA())","v":{"$error":"#N/A"}},{"$f":"IF(AN68>0,10^SUM(AN$88:AN144)-AN$227*AN$228,NA())","v":{"$error":"#N/A"}},{"$f":"IF(AO68>0,10^SUM(AO$88:AO144)-AO$227*AO$228,NA())","v":{"$error":"#N/A"}},82]
[{"$nulls":5},83,null,{"$f":"IF(H69>0,10^SUM(H$88:H145)-H$227*H$228,NA())","v":{"v":0.008516001034243353,"d":"0.0"}},null,null,{"$f":"IF(K69>0,10^SUM(K$88:K145)-K$227*K$228,NA())","v":{"v":-0.025022030820479248,"d":"-0.0"}},{"$f":"IF(L69>0,10^SUM(L$88:L145)-L$227*L$228,NA())","v":{"v":-0.021854888034665426,"d":"-0.0"}},{"$f":"IF(M69>0,10^SUM(M$88:M145)-M$227*M$228,NA())","v":{"v":0.003286968969060944,"d":"0.0"}},{"$f":"IF(N69>0,10^SUM(N$88:N145)-N$227*N$228,NA())","v":{"v":0.024401777757194806,"d":"0.0"}},{"$f":"IF(O69>0,10^SUM(O$88:O145)-O$227*O$228,NA())","v":{"v":0.009584994314682238,"d":"0.0"}},{"$f":"IF(P69>0,10^SUM(P$88:P145)-P$227*P$228,NA())","v":{"v":0.04711668766892386,"d":"0.0"}},{"$f":"IF(Q69>0,10^SUM(Q$88:Q145)-Q$227*Q$228,NA())","v":{"v":0.04477751821569128,"d":"0.0"}},{"$f":"IF(R69>0,10^SUM(R$88:R145)-R$227*R$228,NA())","v":{"v":0.05071080984508489,"d":"0.1"}},{"$f":"IF(S69>0,10^SUM(S$88:S145)-S$227*S$228,NA())","v":{"v":0.05447636379796042,"d":"0.1"}},{"$f":"IF(T69>0,10^SUM(T$88:T145)-T$227*T$228,NA())","v":{"v":0.04305087802600718,"d":"0.0"}},{"$f":"IF(U69>0,10^SUM(U$88:U145)-U$227*U$228,NA())","v":{"$error":"#N/A"}},{"$f":"IF(V69>0,10^SUM(V$88:V145)-V$227*V$228,NA())","v":{"$error":"#N/A"}},{"$f":"IF(W69>0,10^SUM(W$88:W145)-W$227*W$228,NA())","v":{"$error":"#N/A"}},{"$f":"IF(X69>0,10^SUM(X$88:X145)-X$227*X$228,NA())","v":{"$error":"#N/A"}},{"$f":"IF(Y69>0,10^SUM(Y$88:Y145)-Y$227*Y$228,NA())","v":{"$error":"#N/A"}},{"$f":"IF(Z69>0,10^SUM(Z$88:Z145)-Z$227*Z$228,NA())","v":{"$error":"#N/A"}},{"$f":"IF(AA69>0,10^SUM(AA$88:AA145)-AA$227*AA$228,NA())","v":{"$error":"#N/A"}},{"$f":"IF(AB69>0,10^SUM(AB$88:AB145)-AB$227*AB$228,NA())","v":{"$error":"#N/A"}},{"$f":"IF(AC69>0,10^SUM(AC$88:AC145)-AC$227*AC$228,NA())","v":{"$error":"#N/A"}},{"$f":"IF(AD69>0,10^SUM(AD$88:AD145)-AD$227*AD$228,NA())","v":{"$error":"#N/A"}},{"$f":"IF(AE69>0,10^SUM(AE$88:AE145)-AE$227*AE$228,NA())","v":{"$error":"#N/A"}},{"$f":"IF(AF69>0,10^SUM(AF$88:AF145)-AF$227*AF$228,NA())","v":{"$error":"#N/A"}},{"$f":"IF(AG69>0,10^SUM(AG$88:AG145)-AG$227*AG$228,NA())","v":{"$error":"#N/A"}},{"$f":"IF(AH69>0,10^SUM(AH$88:AH145)-AH$227*AH$228,NA())","v":{"$error":"#N/A"}},{"$f":"IF(AI69>0,10^SUM(AI$88:AI145)-AI$227*AI$228,NA())","v":{"$error":"#N/A"}},{"$f":"IF(AJ69>0,10^SUM(AJ$88:AJ145)-AJ$227*AJ$228,NA())","v":{"$error":"#N/A"}},{"$f":"IF(AK69>0,10^SUM(AK$88:AK145)-AK$227*AK$228,NA())","v":{"$error":"#N/A"}},{"$f":"IF(AL69>0,10^SUM(AL$88:AL145)-AL$227*AL$228,NA())","v":{"$error":"#N/A"}},{"$f":"IF(AM69>0,10^SUM(AM$88:AM145)-AM$227*AM$228,NA())","v":{"$error":"#N/A"}},{"$f":"IF(AN69>0,10^SUM(AN$88:AN145)-AN$227*AN$228,NA())","v":{"$error":"#N/A"}},{"$f":"IF(AO69>0,10^SUM(AO$88:AO145)-AO$227*AO$228,NA())","v":{"$error":"#N/A"}},83]
[{"$nulls":5},84,null,{"$f":"IF(H70>0,10^SUM(H$88:H146)-H$227*H$228,NA())","v":{"v":0.005974053515010368,"d":"0.0"}},null,null,{"$f":"IF(K70>0,10^SUM(K$88:K146)-K$227*K$228,NA())","v":{"v":-0.033079583572097525,"d":"-0.0"}},{"$f":"IF(L70>0,10^SUM(L$88:L146)-L$227*L$228,NA())","v":{"v":-0.030000253014791374,"d":"-0.0"}},{"$f":"IF(M70>0,10^SUM(M$88:M146)-M$227*M$228,NA())","v":{"v":-0.008472343299301834,"d":"-0.0"}},{"$f":"IF(N70>0,10^SUM(N$88:N146)-N$227*N$228,NA())","v":{"v":0.014465944282538126,"d":"0.0"}},{"$f":"IF(O70>0,10^SUM(O$88:O146)-O$227*O$228,NA())","v":{"v":-9.4698639955254071E-4,"d":"-0.0"}},{"$f":"IF(P70>0,10^SUM(P$88:P146)-P$227*P$228,NA())","v":{"v":0.03998178881705031,"d":"0.0"}},{"$f":"IF(Q70>0,10^SUM(Q$88:Q146)-Q$227*Q$228,NA())","v":{"v":0.037642707549742804,"d":"0.0"}},{"$f":"IF(R70>0,10^SUM(R$88:R146)-R$227*R$228,NA())","v":{"v":0.04751651986302151,"d":"0.0"}},{"$f":"IF(S70>0,10^SUM(S$88:S146)-S$227*S$228,NA())","v":{"v":0.04881082196297253,"d":"0.0"}},{"$f":"IF(T70>0,10^SUM(T$88:T146)-T$227*T$228,NA())","v":{"$error":"#N/A"}},{"$f":"IF(U70>0,10^SUM(U$88:U146)-U$227*U$228,NA())","v":{"$error":"#N/A"}},{"$f":"IF(V70>0,10^SUM(V$88:V146)-V$227*V$228,NA())","v":{"$error":"#N/A"}},{"$f":"IF(W70>0,10^SUM(W$88:W146)-W$227*W$228,NA())","v":{"$error":"#N/A"}},{"$f":"IF(X70>0,10^SUM(X$88:X146)-X$227*X$228,NA())","v":{"$error":"#N/A"}},{"$f":"IF(Y70>0,10^SUM(Y$88:Y146)-Y$227*Y$228,NA())","v":{"$error":"#N/A"}},{"$f":"IF(Z70>0,10^SUM(Z$88:Z146)-Z$227*Z$228,NA())","v":{"$error":"#N/A"}},{"$f":"IF(AA70>0,10^SUM(AA$88:AA146)-AA$227*AA$228,NA())","v":{"$error":"#N/A"}},{"$f":"IF(AB70>0,10^SUM(AB$88:AB146)-AB$227*AB$228,NA())","v":{"$error":"#N/A"}},{"$f":"IF(AC70>0,10^SUM(AC$88:AC146)-AC$227*AC$228,NA())","v":{"$error":"#N/A"}},{"$f":"IF(AD70>0,10^SUM(AD$88:AD146)-AD$227*AD$228,NA())","v":{"$error":"#N/A"}},{"$f":"IF(AE70>0,10^SUM(AE$88:AE146)-AE$227*AE$228,NA())","v":{"$error":"#N/A"}},{"$f":"IF(AF70>0,10^SUM(AF$88:AF146)-AF$227*AF$228,NA())","v":{"$error":"#N/A"}},{"$f":"IF(AG70>0,10^SUM(AG$88:AG146)-AG$227*AG$228,NA())","v":{"$error":"#N/A"}},{"$f":"IF(AH70>0,10^SUM(AH$88:AH146)-AH$227*AH$228,NA())","v":{"$error":"#N/A"}},{"$f":"IF(AI70>0,10^SUM(AI$88:AI146)-AI$227*AI$228,NA())","v":{"$error":"#N/A"}},{"$f":"IF(AJ70>0,10^SUM(AJ$88:AJ146)-AJ$227*AJ$228,NA())","v":{"$error":"#N/A"}},{"$f":"IF(AK70>0,10^SUM(AK$88:AK146)-AK$227*AK$228,NA())","v":{"$error":"#N/A"}},{"$f":"IF(AL70>0,10^SUM(AL$88:AL146)-AL$227*AL$228,NA())","v":{"$error":"#N/A"}},{"$f":"IF(AM70>0,10^SUM(AM$88:AM146)-AM$227*AM$228,NA())","v":{"$error":"#N/A"}},{"$f":"IF(AN70>0,10^SUM(AN$88:AN146)-AN$227*AN$228,NA())","v":{"$error":"#N/A"}},{"$f":"IF(AO70>0,10^SUM(AO$88:AO146)-AO$227*AO$228,NA())","v":{"$error":"#N/A"}},84]
[{"$nulls":5},{"$f":"F147","v":85},null,{"$f":"IF(H71>0,10^SUM(H$88:H147)-H$227*H$228,NA())","v":{"v":8.5199346167815285E-4,"d":"0.0"}},null,null,{"$f":"IF(K71>0,10^SUM(K$88:K147)-K$227*K$228,NA())","v":{"v":-0.04616551634523293,"d":"-0.0"}},{"$f":"IF(L71>0,10^SUM(L$88:L147)-L$227*L$228,NA())","v":{"v":-0.04269443409245489,"d":"-0.0"}},{"$f":"IF(M71>0,10^SUM(M$88:M147)-M$227*M$228,NA())","v":{"v":-0.02022935348007769,"d":"-0.0"}},{"$f":"IF(N71>0,10^SUM(N$88:N147)-N$227*N$228,NA())","v":{"v":0.00685648472089917,"d":"0.0"}},{"$f":"IF(O71>0,10^SUM(O$88:O147)-O$227*O$228,NA())","v":{"v":-0.006241532539431195,"d":"-0.0"}},{"$f":"IF(P71>0,10^SUM(P$88:P147)-P$227*P$228,NA())","v":{"v":0.034992932132980784,"d":"0.0"}},{"$f":"IF(Q71>0,10^SUM(Q$88:Q147)-Q$227*Q$228,NA())","v":{"v":0.03454619972072114,"d":"0.0"}},{"$f":"IF(R71>0,10^SUM(R$88:R147)-R$227*R$228,NA())","v":{"v":0.044222054852504245,"d":"0.0"}},{"$f":"IF(S71>0,10^SUM(S$88:S147)-S$227*S$228,NA())","v":{"$error":"#N/A"}},{"$f":"IF(T71>0,10^SUM(T$88:T147)-T$227*T$228,NA())","v":{"$error":"#N/A"}},{"$f":"IF(U71>0,10^SUM(U$88:U147)-U$227*U$228,NA())","v":{"$error":"#N/A"}},{"$f":"IF(V71>0,10^SUM(V$88:V147)-V$227*V$228,NA())","v":{"$error":"#N/A"}},{"$f":"IF(W71>0,10^SUM(W$88:W147)-W$227*W$228,NA())","v":{"$error":"#N/A"}},{"$f":"IF(X71>0,10^SUM(X$88:X147)-X$227*X$228,NA())","v":{"$error":"#N/A"}},{"$f":"IF(Y71>0,10^SUM(Y$88:Y147)-Y$227*Y$228,NA())","v":{"$error":"#N/A"}},{"$f":"IF(Z71>0,10^SUM(Z$88:Z147)-Z$227*Z$228,NA())","v":{"$error":"#N/A"}},{"$f":"IF(AA71>0,10^SUM(AA$88:AA147)-AA$227*AA$228,NA())","v":{"$error":"#N/A"}},{"$f":"IF(AB71>0,10^SUM(AB$88:AB147)-AB$227*AB$228,NA())","v":{"$error":"#N/A"}},{"$f":"IF(AC71>0,10^SUM(AC$88:AC147)-AC$227*AC$228,NA())","v":{"$error":"#N/A"}},{"$f":"IF(AD71>0,10^SUM(AD$88:AD147)-AD$227*AD$228,NA())","v":{"$error":"#N/A"}},{"$f":"IF(AE71>0,10^SUM(AE$88:AE147)-AE$227*AE$228,NA())","v":{"$error":"#N/A"}},{"$f":"IF(AF71>0,10^SUM(AF$88:AF147)-AF$227*AF$228,NA())","v":{"$error":"#N/A"}},{"$f":"IF(AG71>0,10^SUM(AG$88:AG147)-AG$227*AG$228,NA())","v":{"$error":"#N/A"}},{"$f":"IF(AH71>0,10^SUM(AH$88:AH147)-AH$227*AH$228,NA())","v":{"$error":"#N/A"}},{"$f":"IF(AI71>0,10^SUM(AI$88:AI147)-AI$227*AI$228,NA())","v":{"$error":"#N/A"}},{"$f":"IF(AJ71>0,10^SUM(AJ$88:AJ147)-AJ$227*AJ$228,NA())","v":{"$error":"#N/A"}},{"$f":"IF(AK71>0,10^SUM(AK$88:AK147)-AK$227*AK$228,NA())","v":{"$error":"#N/A"}},{"$f":"IF(AL71>0,10^SUM(AL$88:AL147)-AL$227*AL$228,NA())","v":{"$error":"#N/A"}},{"$f":"IF(AM71>0,10^SUM(AM$88:AM147)-AM$227*AM$228,NA())","v":{"$error":"#N/A"}},{"$f":"IF(AN71>0,10^SUM(AN$88:AN147)-AN$227*AN$228,NA())","v":{"$error":"#N/A"}},{"$f":"IF(AO71>0,10^SUM(AO$88:AO147)-AO$227*AO$228,NA())","v":{"$error":"#N/A"}},85]
[{"$nulls":5},86,null,{"$f":"IF(H72>0,10^SUM(H$88:H148)-H$227*H$228,NA())","v":{"v":-2.974784080504899E-3,"d":"-0.0"}},{"$nulls":4},{"$f":"IF(M72>0,10^SUM(M$88:M148)-M$227*M$228,NA())","v":{"v":-0.029479193854620875,"d":"-0.0"}},{"$f":"IF(N72>0,10^SUM(N$88:N148)-N$227*N$228,NA())","v":{"v":4.7099184691361262E-6,"d":"0.0"}},{"$f":"IF(O72>0,10^SUM(O$88:O148)-O$227*O$228,NA())","v":{"v":-0.01301085044045424,"d":"-0.0"}},{"$f":"IF(P72>0,10^SUM(P$88:P148)-P$227*P$228,NA())","v":{"v":0.023565573868553676,"d":"0.0"}},{"$f":"IF(Q72>0,10^SUM(Q$88:Q148)-Q$227*Q$228,NA())","v":{"v":0.02981360975512918,"d":"0.0"}},{"$f":"IF(R72>0,10^SUM(R$88:R148)-R$227*R$228,NA())","v":{"$error":"#N/A"}},{"$f":"IF(S72>0,10^SUM(S$88:S148)-S$227*S$228,NA())","v":{"$error":"#N/A"}},{"$f":"IF(T72>0,10^SUM(T$88:T148)-T$227*T$228,NA())","v":{"$error":"#N/A"}},{"$f":"IF(U72>0,10^SUM(U$88:U148)-U$227*U$228,NA())","v":{"$error":"#N/A"}},{"$f":"IF(V72>0,10^SUM(V$88:V148)-V$227*V$228,NA())","v":{"$error":"#N/A"}},{"$f":"IF(W72>0,10^SUM(W$88:W148)-W$227*W$228,NA())","v":{"$error":"#N/A"}},{"$f":"IF(X72>0,10^SUM(X$88:X148)-X$227*X$228,NA())","v":{"$error":"#N/A"}},{"$f":"IF(Y72>0,10^SUM(Y$88:Y148)-Y$227*Y$228,NA())","v":{"$error":"#N/A"}},{"$f":"IF(Z72>0,10^SUM(Z$88:Z148)-Z$227*Z$228,NA())","v":{"$error":"#N/A"}},{"$f":"IF(AA72>0,10^SUM(AA$88:AA148)-AA$227*AA$228,NA())","v":{"$error":"#N/A"}},{"$f":"IF(AB72>0,10^SUM(AB$88:AB148)-AB$227*AB$228,NA())","v":{"$error":"#N/A"}},{"$f":"IF(AC72>0,10^SUM(AC$88:AC148)-AC$227*AC$228,NA())","v":{"$error":"#N/A"}},{"$f":"IF(AD72>0,10^SUM(AD$88:AD148)-AD$227*AD$228,NA())","v":{"$error":"#N/A"}},{"$f":"IF(AE72>0,10^SUM(AE$88:AE148)-AE$227*AE$228,NA())","v":{"$error":"#N/A"}},{"$f":"IF(AF72>0,10^SUM(AF$88:AF148)-AF$227*AF$228,NA())","v":{"$error":"#N/A"}},{"$f":"IF(AG72>0,10^SUM(AG$88:AG148)-AG$227*AG$228,NA())","v":{"$error":"#N/A"}},{"$f":"IF(AH72>0,10^SUM(AH$88:AH148)-AH$227*AH$228,NA())","v":{"$error":"#N/A"}},{"$f":"IF(AI72>0,10^SUM(AI$88:AI148)-AI$227*AI$228,NA())","v":{"$error":"#N/A"}},{"$f":"IF(AJ72>0,10^SUM(AJ$88:AJ148)-AJ$227*AJ$228,NA())","v":{"$error":"#N/A"}},{"$f":"IF(AK72>0,10^SUM(AK$88:AK148)-AK$227*AK$228,NA())","v":{"$error":"#N/A"}},{"$f":"IF(AL72>0,10^SUM(AL$88:AL148)-AL$227*AL$228,NA())","v":{"$error":"#N/A"}},{"$f":"IF(AM72>0,10^SUM(AM$88:AM148)-AM$227*AM$228,NA())","v":{"$error":"#N/A"}},{"$f":"IF(AN72>0,10^SUM(AN$88:AN148)-AN$227*AN$228,NA())","v":{"$error":"#N/A"}},{"$f":"IF(AO72>0,10^SUM(AO$88:AO148)-AO$227*AO$228,NA())","v":{"$error":"#N/A"}},86]
[{"$nulls":5},87,null,{"$f":"IF(H73>0,10^SUM(H$88:H149)-H$227*H$228,NA())","v":{"v":-6.8159683146114675E-3,"d":"-0.0"}},{"$nulls":4},{"$f":"IF(M73>0,10^SUM(M$88:M149)-M$227*M$228,NA())","v":{"v":-0.035369677975982686,"d":"-0.0"}},{"$f":"IF(N73>0,10^SUM(N$88:N149)-N$227*N$228,NA())","v":{"v":-5.335226154779691E-3,"d":"-0.0"}},{"$f":"IF(O73>0,10^SUM(O$88:O149)-O$227*O$228,NA())","v":{"v":-0.02207496710992409,"d":"-0.0"}},{"$f":"IF(P73>0,10^SUM(P$88:P149)-P$227*P$228,NA())","v":{"v":0.012867408919950994,"d":"0.0"}},{"$f":"IF(Q73>0,10^SUM(Q$88:Q149)-Q$227*Q$228,NA())","v":{"$error":"#N/A"}},{"$f":"IF(R73>0,10^SUM(R$88:R149)-R$227*R$228,NA())","v":{"$error":"#N/A"}},{"$f":"IF(S73>0,10^SUM(S$88:S149)-S$227*S$228,NA())","v":{"$error":"#N/A"}},{"$f":"IF(T73>0,10^SUM(T$88:T149)-T$227*T$228,NA())","v":{"$error":"#N/A"}},{"$f":"IF(U73>0,10^SUM(U$88:U149)-U$227*U$228,NA())","v":{"$error":"#N/A"}},{"$f":"IF(V73>0,10^SUM(V$88:V149)-V$227*V$228,NA())","v":{"$error":"#N/A"}},{"$f":"IF(W73>0,10^SUM(W$88:W149)-W$227*W$228,NA())","v":{"$error":"#N/A"}},{"$f":"IF(X73>0,10^SUM(X$88:X149)-X$227*X$228,NA())","v":{"$error":"#N/A"}},{"$f":"IF(Y73>0,10^SUM(Y$88:Y149)-Y$227*Y$228,NA())","v":{"$error":"#N/A"}},{"$f":"IF(Z73>0,10^SUM(Z$88:Z149)-Z$227*Z$228,NA())","v":{"$error":"#N/A"}},{"$f":"IF(AA73>0,10^SUM(AA$88:AA149)-AA$227*AA$228,NA())","v":{"$error":"#N/A"}},{"$f":"IF(AB73>0,10^SUM(AB$88:AB149)-AB$227*AB$228,NA())","v":{"$error":"#N/A"}},{"$f":"IF(AC73>0,10^SUM(AC$88:AC149)-AC$227*AC$228,NA())","v":{"$error":"#N/A"}},{"$f":"IF(AD73>0,10^SUM(AD$88:AD149)-AD$227*AD$228,NA())","v":{"$error":"#N/A"}},{"$f":"IF(AE73>0,10^SUM(AE$88:AE149)-AE$227*AE$228,NA())","v":{"$error":"#N/A"}},{"$f":"IF(AF73>0,10^SUM(AF$88:AF149)-AF$227*AF$228,NA())","v":{"$error":"#N/A"}},{"$f":"IF(AG73>0,10^SUM(AG$88:AG149)-AG$227*AG$228,NA())","v":{"$error":"#N/A"}},{"$f":"IF(AH73>0,10^SUM(AH$88:AH149)-AH$227*AH$228,NA())","v":{"$error":"#N/A"}},{"$f":"IF(AI73>0,10^SUM(AI$88:AI149)-AI$227*AI$228,NA())","v":{"$error":"#N/A"}},{"$f":"IF(AJ73>0,10^SUM(AJ$88:AJ149)-AJ$227*AJ$228,NA())","v":{"$error":"#N/A"}},{"$f":"IF(AK73>0,10^SUM(AK$88:AK149)-AK$227*AK$228,NA())","v":{"$error":"#N/A"}},{"$f":"IF(AL73>0,10^SUM(AL$88:AL149)-AL$227*AL$228,NA())","v":{"$error":"#N/A"}},{"$f":"IF(AM73>0,10^SUM(AM$88:AM149)-AM$227*AM$228,NA())","v":{"$error":"#N/A"}},{"$f":"IF(AN73>0,10^SUM(AN$88:AN149)-AN$227*AN$228,NA())","v":{"$error":"#N/A"}},{"$f":"IF(AO73>0,10^SUM(AO$88:AO149)-AO$227*AO$228,NA())","v":{"$error":"#N/A"}},87]
[{"$nulls":5},88,null,{"$f":"IF(H74>0,10^SUM(H$88:H150)-H$227*H$228,NA())","v":{"v":-0.009374731862964118,"d":"-0.0"}},{"$nulls":4},{"$f":"IF(M74>0,10^SUM(M$88:M150)-M$227*M$228,NA())","v":{"v":-0.03873903489340164,"d":"-0.0"}},{"$f":"IF(N74>0,10^SUM(N$88:N150)-N$227*N$228,NA())","v":{"v":-0.006093032734913788,"d":"-0.0"}},{"$f":"IF(O74>0,10^SUM(O$88:O150)-O$227*O$228,NA())","v":{"v":-0.02585394313591797,"d":"-0.0"}},{"$f":"IF(P74>0,10^SUM(P$88:P150)-P$227*P$228,NA())","v":{"$error":"#N/A"}},{"$f":"IF(Q74>0,10^SUM(Q$88:Q150)-Q$227*Q$228,NA())","v":{"$error":"#N/A"}},{"$f":"IF(R74>0,10^SUM(R$88:R150)-R$227*R$228,NA())","v":{"$error":"#N/A"}},{"$f":"IF(S74>0,10^SUM(S$88:S150)-S$227*S$228,NA())","v":{"$error":"#N/A"}},{"$f":"IF(T74>0,10^SUM(T$88:T150)-T$227*T$228,NA())","v":{"$error":"#N/A"}},{"$f":"IF(U74>0,10^SUM(U$88:U150)-U$227*U$228,NA())","v":{"$error":"#N/A"}},{"$f":"IF(V74>0,10^SUM(V$88:V150)-V$227*V$228,NA())","v":{"$error":"#N/A"}},{"$f":"IF(W74>0,10^SUM(W$88:W150)-W$227*W$228,NA())","v":{"$error":"#N/A"}},{"$f":"IF(X74>0,10^SUM(X$88:X150)-X$227*X$228,NA())","v":{"$error":"#N/A"}},{"$f":"IF(Y74>0,10^SUM(Y$88:Y150)-Y$227*Y$228,NA())","v":{"$error":"#N/A"}},{"$f":"IF(Z74>0,10^SUM(Z$88:Z150)-Z$227*Z$228,NA())","v":{"$error":"#N/A"}},{"$f":"IF(AA74>0,10^SUM(AA$88:AA150)-AA$227*AA$228,NA())","v":{"$error":"#N/A"}},{"$f":"IF(AB74>0,10^SUM(AB$88:AB150)-AB$227*AB$228,NA())","v":{"$error":"#N/A"}},{"$f":"IF(AC74>0,10^SUM(AC$88:AC150)-AC$227*AC$228,NA())","v":{"$error":"#N/A"}},{"$f":"IF(AD74>0,10^SUM(AD$88:AD150)-AD$227*AD$228,NA())","v":{"$error":"#N/A"}},{"$f":"IF(AE74>0,10^SUM(AE$88:AE150)-AE$227*AE$228,NA())","v":{"$error":"#N/A"}},{"$f":"IF(AF74>0,10^SUM(AF$88:AF150)-AF$227*AF$228,NA())","v":{"$error":"#N/A"}},{"$f":"IF(AG74>0,10^SUM(AG$88:AG150)-AG$227*AG$228,NA())","v":{"$error":"#N/A"}},{"$f":"IF(AH74>0,10^SUM(AH$88:AH150)-AH$227*AH$228,NA())","v":{"$error":"#N/A"}},{"$f":"IF(AI74>0,10^SUM(AI$88:AI150)-AI$227*AI$228,NA())","v":{"$error":"#N/A"}},{"$f":"IF(AJ74>0,10^SUM(AJ$88:AJ150)-AJ$227*AJ$228,NA())","v":{"$error":"#N/A"}},{"$f":"IF(AK74>0,10^SUM(AK$88:AK150)-AK$227*AK$228,NA())","v":{"$error":"#N/A"}},{"$f":"IF(AL74>0,10^SUM(AL$88:AL150)-AL$227*AL$228,NA())","v":{"$error":"#N/A"}},{"$f":"IF(AM74>0,10^SUM(AM$88:AM150)-AM$227*AM$228,NA())","v":{"$error":"#N/A"}},{"$f":"IF(AN74>0,10^SUM(AN$88:AN150)-AN$227*AN$228,NA())","v":{"$error":"#N/A"}},{"$f":"IF(AO74>0,10^SUM(AO$88:AO150)-AO$227*AO$228,NA())","v":{"$error":"#N/A"}},88]
[{"$nulls":5},89,null,{"$f":"IF(H75>0,10^SUM(H$88:H151)-H$227*H$228,NA())","v":{"v":-0.010646437346495362,"d":"-0.0"}},{"$nulls":4},{"$f":"IF(M75>0,10^SUM(M$88:M151)-M$227*M$228,NA())","v":{"v":-0.04174772924903786,"d":"-0.0"}},{"$f":"IF(N75>0,10^SUM(N$88:N151)-N$227*N$228,NA())","v":{"v":-0.010127594967547695,"d":"-0.0"}},{"$f":"IF(O75>0,10^SUM(O$88:O151)-O$227*O$228,NA())","v":{"$error":"#N/A"}},{"$f":"IF(P75>0,10^SUM(P$88:P151)-P$227*P$228,NA())","v":{"$error":"#N/A"}},{"$f":"IF(Q75>0,10^SUM(Q$88:Q151)-Q$227*Q$228,NA())","v":{"$error":"#N/A"}},{"$f":"IF(R75>0,10^SUM(R$88:R151)-R$227*R$228,NA())","v":{"$error":"#N/A"}},{"$f":"IF(S75>0,10^SUM(S$88:S151)-S$227*S$228,NA())","v":{"$error":"#N/A"}},{"$f":"IF(T75>0,10^SUM(T$88:T151)-T$227*T$228,NA())","v":{"$error":"#N/A"}},{"$f":"IF(U75>0,10^SUM(U$88:U151)-U$227*U$228,NA())","v":{"$error":"#N/A"}},{"$f":"IF(V75>0,10^SUM(V$88:V151)-V$227*V$228,NA())","v":{"$error":"#N/A"}},{"$f":"IF(W75>0,10^SUM(W$88:W151)-W$227*W$228,NA())","v":{"$error":"#N/A"}},{"$f":"IF(X75>0,10^SUM(X$88:X151)-X$227*X$228,NA())","v":{"$error":"#N/A"}},{"$f":"IF(Y75>0,10^SUM(Y$88:Y151)-Y$227*Y$228,NA())","v":{"$error":"#N/A"}},{"$f":"IF(Z75>0,10^SUM(Z$88:Z151)-Z$227*Z$228,NA())","v":{"$error":"#N/A"}},{"$f":"IF(AA75>0,10^SUM(AA$88:AA151)-AA$227*AA$228,NA())","v":{"$error":"#N/A"}},{"$f":"IF(AB75>0,10^SUM(AB$88:AB151)-AB$227*AB$228,NA())","v":{"$error":"#N/A"}},{"$f":"IF(AC75>0,10^SUM(AC$88:AC151)-AC$227*AC$228,NA())","v":{"$error":"#N/A"}},{"$f":"IF(AD75>0,10^SUM(AD$88:AD151)-AD$227*AD$228,NA())","v":{"$error":"#N/A"}},{"$f":"IF(AE75>0,10^SUM(AE$88:AE151)-AE$227*AE$228,NA())","v":{"$error":"#N/A"}},{"$f":"IF(AF75>0,10^SUM(AF$88:AF151)-AF$227*AF$228,NA())","v":{"$error":"#N/A"}},{"$f":"IF(AG75>0,10^SUM(AG$88:AG151)-AG$227*AG$228,NA())","v":{"$error":"#N/A"}},{"$f":"IF(AH75>0,10^SUM(AH$88:AH151)-AH$227*AH$228,NA())","v":{"$error":"#N/A"}},{"$f":"IF(AI75>0,10^SUM(AI$88:AI151)-AI$227*AI$228,NA())","v":{"$error":"#N/A"}},{"$f":"IF(AJ75>0,10^SUM(AJ$88:AJ151)-AJ$227*AJ$228,NA())","v":{"$error":"#N/A"}},{"$f":"IF(AK75>0,10^SUM(AK$88:AK151)-AK$227*AK$228,NA())","v":{"$error":"#N/A"}},{"$f":"IF(AL75>0,10^SUM(AL$88:AL151)-AL$227*AL$228,NA())","v":{"$error":"#N/A"}},{"$f":"IF(AM75>0,10^SUM(AM$88:AM151)-AM$227*AM$228,NA())","v":{"$error":"#N/A"}},{"$f":"IF(AN75>0,10^SUM(AN$88:AN151)-AN$227*AN$228,NA())","v":{"$error":"#N/A"}},{"$f":"IF(AO75>0,10^SUM(AO$88:AO151)-AO$227*AO$228,NA())","v":{"$error":"#N/A"}},89]
[{"$nulls":5},{"$f":"F152","v":90},null,{"$f":"IF(H76>0,10^SUM(H$88:H152)-H$227*H$228,NA())","v":{"v":-0.018333950728476357,"d":"-0.0"}},{"$nulls":4},{"$f":"IF(M76>0,10^SUM(M$88:M152)-M$227*M$228,NA())","v":{"v":-0.04862128333399469,"d":"-0.0"}},{"$f":"IF(N76>0,10^SUM(N$88:N152)-N$227*N$228,NA())","v":{"$error":"#N/A"}},{"$f":"IF(O76>0,10^SUM(O$88:O152)-O$227*O$228,NA())","v":{"$error":"#N/A"}},{"$f":"IF(P76>0,10^SUM(P$88:P152)-P$227*P$228,NA())","v":{"$error":"#N/A"}},{"$f":"IF(Q76>0,10^SUM(Q$88:Q152)-Q$227*Q$228,NA())","v":{"$error":"#N/A"}},{"$f":"IF(R76>0,10^SUM(R$88:R152)-R$227*R$228,NA())","v":{"$error":"#N/A"}},{"$f":"IF(S76>0,10^SUM(S$88:S152)-S$227*S$228,NA())","v":{"$error":"#N/A"}},{"$f":"IF(T76>0,10^SUM(T$88:T152)-T$227*T$228,NA())","v":{"$error":"#N/A"}},{"$f":"IF(U76>0,10^SUM(U$88:U152)-U$227*U$228,NA())","v":{"$error":"#N/A"}},{"$f":"IF(V76>0,10^SUM(V$88:V152)-V$227*V$228,NA())","v":{"$error":"#N/A"}},{"$f":"IF(W76>0,10^SUM(W$88:W152)-W$227*W$228,NA())","v":{"$error":"#N/A"}},{"$f":"IF(X76>0,10^SUM(X$88:X152)-X$227*X$228,NA())","v":{"$error":"#N/A"}},{"$f":"IF(Y76>0,10^SUM(Y$88:Y152)-Y$227*Y$228,NA())","v":{"$error":"#N/A"}},{"$f":"IF(Z76>0,10^SUM(Z$88:Z152)-Z$227*Z$228,NA())","v":{"$error":"#N/A"}},{"$f":"IF(AA76>0,10^SUM(AA$88:AA152)-AA$227*AA$228,NA())","v":{"$error":"#N/A"}},{"$f":"IF(AB76>0,10^SUM(AB$88:AB152)-AB$227*AB$228,NA())","v":{"$error":"#N/A"}},{"$f":"IF(AC76>0,10^SUM(AC$88:AC152)-AC$227*AC$228,NA())","v":{"$error":"#N/A"}},{"$f":"IF(AD76>0,10^SUM(AD$88:AD152)-AD$227*AD$228,NA())","v":{"$error":"#N/A"}},{"$f":"IF(AE76>0,10^SUM(AE$88:AE152)-AE$227*AE$228,NA())","v":{"$error":"#N/A"}},{"$f":"IF(AF76>0,10^SUM(AF$88:AF152)-AF$227*AF$228,NA())","v":{"$error":"#N/A"}},{"$f":"IF(AG76>0,10^SUM(AG$88:AG152)-AG$227*AG$228,NA())","v":{"$error":"#N/A"}},{"$f":"IF(AH76>0,10^SUM(AH$88:AH152)-AH$227*AH$228,NA())","v":{"$error":"#N/A"}},{"$f":"IF(AI76>0,10^SUM(AI$88:AI152)-AI$227*AI$228,NA())","v":{"$error":"#N/A"}},{"$f":"IF(AJ76>0,10^SUM(AJ$88:AJ152)-AJ$227*AJ$228,NA())","v":{"$error":"#N/A"}},{"$f":"IF(AK76>0,10^SUM(AK$88:AK152)-AK$227*AK$228,NA())","v":{"$error":"#N/A"}},{"$f":"IF(AL76>0,10^SUM(AL$88:AL152)-AL$227*AL$228,NA())","v":{"$error":"#N/A"}},{"$f":"IF(AM76>0,10^SUM(AM$88:AM152)-AM$227*AM$228,NA())","v":{"$error":"#N/A"}},{"$f":"IF(AN76>0,10^SUM(AN$88:AN152)-AN$227*AN$228,NA())","v":{"$error":"#N/A"}},{"$f":"IF(AO76>0,10^SUM(AO$88:AO152)-AO$227*AO$228,NA())","v":{"$error":"#N/A"}},90]
[]
[]
[{"$nulls":6},{"$f":"G193-$AR$193","v":{"v":0.020080042455678626,"d":"0.020"}},{"$f":"H193-$AR$193","v":{"v":0.020080042455678626,"d":"0.020"}},{"v":0.020080042455678626,"d":"0.020"},{"v":0.020080042455678626,"d":"0.020"},{"v":0.020080042455678626,"d":"0.020"},{"v":0.020080042455678626,"d":"0.020"},{"v":0.020080042455678626,"d":"0.020"},{"v":0.020080042455678626,"d":"0.020"},{"v":0.020080042455678626,"d":"0.020"},{"v":0.020080042455678626,"d":"0.020"},{"v":0.020080042455678626,"d":"0.020"},{"v":0.020080042455678626,"d":"0.020"},{"v":0.020233975504089452,"d":"0.020"},{"v":-2.8870745806176545E-3,"d":"-0.003"},{"v":-0.01899357088368747,"d":"-0.019"},{"v":-0.03865305548836884,"d":"-0.039"},{"v":-0.054792712083439055,"d":"-0.055"},{"v":-0.07129561785349336,"d":"-0.071"},{"v":-0.06690803556921154,"d":"-0.067"},{"v":-0.0682626409703816,"d":"-0.068"},{"v":-0.07117529694100322,"d":"-0.071"},{"v":-0.05154135179600017,"d":"-0.052"},{"v":-0.0498122783515621,"d":"-0.050"},{"v":-0.035012003798642555,"d":"-0.035"},{"v":-0.027192423653460418,"d":"-0.027"},{"v":-0.024724827769512236,"d":"-0.025"},{"v":-1.4751853193041287E-3,"d":"-0.001"},{"v":0.003378051415028893,"d":"0.003"},{"v":0.039214101557373815,"d":"0.039"},{"v":0.05454025544477448,"d":"0.055"},{"v":0.06678397348924847,"d":"0.067"},{"v":0.05788077215641407,"d":"0.058"},{"v":0.0211184499942636,"d":"0.021"},{"v":0.03978337020127087,"d":"0.040"},{"v":0.03883261582807662,"d":"0.039"}]
[{"$nulls":6},1,1,1,1,1,1,1,1,1,1,1,1,0,0,0,0,0,0,0,0,0,0,0,0,0,0,0,0,0,0,0,0,0,0,0]
[{"$nulls":6},0.12458179722066265,0.02728607670143257,0.1220048719564909,0.11341304159884202,0.08341009423800294,0.08356219849016489,0.058931614461429915,0.0290166817839701,0.04470356606797121,0.004962865994386778,0.009274077738463893,1.6545996969375976E-3,1.5393304841082589E-4,-0.02296711703629628,-0.0390736133393661,-0.05873309794404746,-0.07487275453911768,-0.09137566030917199,-0.08698807802489017,-0.08834268342606022,-0.09125533939668184,-0.0716213942516788,-0.06989232080724073,-0.05509204625432118,-0.047272466109139044,-0.04480487022519086,-0.021555227774982755,-0.016701991040649733,0.01913405910169519,0.03446021298909585,0.046703931033569845,0.03780072970073545,1.0384075385849734E-3,0.019703327745592247,0.018752573372397996]

{"sheet":"wR01","index":7,"n_rows":93,"n_cols":42,"rows_kept":93}
["Title","Number R01 Grantees Smoothed"]
["Purpose","Use offset to get index of sheet D2 =OFFSET(INDIRECT($B$3&1),$B8-1+$B5,E$1-1)"]
["Data Source","d2!A"]
["Data Name","R01_S"]
["Start Row",{"$f":"VLOOKUP($B$4,'id2'!$A$9:$B$132,2,0)","v":2901}]
["Number Row",100]
["Column Number",0]
[]
[{"$nulls":4},1,{"$f":"1+E9","v":2},{"$f":"1+F9+14","v":17},{"$f":"1+G9","v":18},19,20,21,22,23,24,25,26,27,28,29,30,31,32,33,34,35,36,37,38,39,40,41,42,43,44,45,46,47,48,49,50,51]
[]
[{"$nulls":3},{"$f":"B5","v":2901},{"$f":"OFFSET(INDIRECT($B$3&1),$D11-1,E$9)","v":"R01_S"},{"$f":"OFFSET(INDIRECT($B$3&1),$D11-1,F$9)","v":"Age/Yea"},1980,1981,1982,1983,1984,1985,1986,1987,1988,1989,1990,1991,1992,1993,1994,1995,1996,1997,1998,1999,2000,2001,2002,2003,2004,2005,2006,2007,2008,2009,2010,2011,2012,2013,2014,"Age"]
[{"$nulls":3},{"$f":"1+D11","v":2902},{"$f":"OFFSET(INDIRECT($B$3&1),$D12-1,E$9)","v":"R01_S"},26,{"$f":"OFFSET(INDIRECT($B$3&1),$D12-1,G$9)","v":{"v":4.4,"d":"4"}},{"$f":"OFFSET(INDIRECT($B$3&1),$D12-1,H$9)","v":{"v":5.4,"d":"5"}},{"$f":"OFFSET(INDIRECT($B$3&1),$D12-1,I$9)","v":{"v":6.8,"d":"7"}},7,{"v":6.8,"d":"7"},{"v":5.8,"d":"6"},{"v":6.2,"d":"6"},{"v":5.4,"d":"5"},{"v":4.6,"d":"5"},4,3,{"v":1.8,"d":"2"},{"v":1.4,"d":"1"},{"v":1.4,"d":"1"},{"v":0.8,"d":"1"},{"v":0.8,"d":"1"},{"v":0.6,"d":"1"},{"v":0.4,"d":"0"},{"v":0.2,"d":"0"},{"v":0.2,"d":"0"},0,0,0,0,0,{"v":0.2,"d":"0"},{"$f":"OFFSET(INDIRECT($B$3&1),$D12-1,AG$9)","v":{"v":0.4,"d":"0"}},{"$f":"OFFSET(INDIRECT($B$3&1),$D12-1,AH$9)","v":{"v":0.4,"d":"0"}},{"v":0.4,"d":"0"},{"v":0.4,"d":"0"},{"v":0.2,"d":"0"},0,0,{"$f":"OFFSET(INDIRECT($B$3&1),$D12-1,AN$9)","v":0},0,{"$f":"F12","v":26}]
[{"$nulls":3},{"$f":"1+D12","v":2903},"R01_S",27,{"$f":"OFFSET(INDIRECT($B$3&1),$D13-1,G$9)","v":{"v":5.4,"d":"5"}},{"$f":"OFFSET(INDIRECT($B$3&1),$D13-1,H$9)","v":{"v":7.6,"d":"8"}},{"$f":"OFFSET(INDIRECT($B$3&1),$D13-1,I$9)","v":{"v":9.2,"d":"9"}},{"v":8.8,"d":"9"},{"v":8.2,"d":"8"},{"v":7.2,"d":"7"},6,{"v":5.4,"d":"5"},{"v":4.8,"d":"5"},{"v":3.8,"d":"4"},{"v":3.4,"d":"3"},{"v":2.6,"d":"3"},2,{"v":1.8,"d":"2"},{"v":1.8,"d":"2"},{"v":1.4,"d":"1"},{"v":1.4,"d":"1"},1,{"v":0.6,"d":"1"},{"v":0.6,"d":"1"},{"v":0.4,"d":"0"},{"v":0.4,"d":"0"},{"v":0.4,"d":"0"},{"v":0.4,"d":"0"},{"v":0.2,"d":"0"},{"v":0.2,"d":"0"},{"$f":"OFFSET(INDIRECT($B$3&1),$D13-1,AG$9)","v":{"v":0.2,"d":"0"}},{"v":0.4,"d":"0"},{"v":0.4,"d":"0"},{"v":0.4,"d":"0"},{"v":0.4,"d":"0"},{"v":0.2,"d":"0"},0,0,0,27]
[{"$nulls":3},2904,"R01_S",28,{"v":11.6,"d":"12"},{"v":14.8,"d":"15"},{"v":17.4,"d":"17"},{"v":16.2,"d":"16"},{"v":15.4,"d":"15"},{"v":13.6,"d":"14"},{"v":11.8,"d":"12"},{"v":10.4,"d":"10"},{"v":8.4,"d":"8"},{"v":6.4,"d":"6"},{"v":5.6,"d":"6"},{"v":5.2,"d":"5"},{"v":4.2,"d":"4"},{"v":3.8,"d":"4"},{"v":3.8,"d":"4"},{"v":3.6,"d":"4"},{"v":3.4,"d":"3"},{"v":3.2,"d":"3"},{"v":2.4,"d":"2"},{"v":2.4,"d":"2"},2,{"v":1.6,"d":"2"},2,{"v":2.2,"d":"2"},{"v":1.8,"d":"2"},{"v":1.8,"d":"2"},{"v":1.6,"d":"2"},{"v":1.4,"d":"1"},{"v":1.2,"d":"1"},1,{"v":0.6,"d":"1"},{"v":0.4,"d":"0"},{"v":0.2,"d":"0"},0,0,28]
[{"$nulls":3},2905,"R01_S",29,{"v":31.2,"d":"31"},{"v":38.2,"d":"38"},45,{"v":40.2,"d":"40"},{"v":35.6,"d":"36"},30,{"v":26.4,"d":"26"},{"v":21.8,"d":"22"},{"v":17.2,"d":"17"},14,{"v":11.6,"d":"12"},{"v":9.6,"d":"10"},10,{"v":8.8,"d":"9"},8,{"v":7.6,"d":"8"},{"v":7.2,"d":"7"},{"v":6.6,"d":"7"},{"v":6.2,"d":"6"},{"v":5.4,"d":"5"},{"v":5.2,"d":"5"},{"v":5.2,"d":"5"},{"v":4.2,"d":"4"},4,{"v":4.4,"d":"4"},{"v":3.8,"d":"4"},{"v":3.8,"d":"4"},{"v":3.6,"d":"4"},{"v":4.2,"d":"4"},3,{"v":2.8,"d":"3"},{"v":1.8,"d":"2"},1,0,0,29]
[{"$nulls":3},2906,"R01_S",30,{"v":57.8,"d":"58"},{"v":77.8,"d":"78"},93,{"v":89.6,"d":"90"},{"v":81.2,"d":"81"},75,{"v":64.2,"d":"64"},{"v":54.8,"d":"55"},{"v":44.2,"d":"44"},{"v":37.2,"d":"37"},{"v":30.6,"d":"31"},{"v":24.8,"d":"25"},{"v":22.8,"d":"23"},{"v":22.6,"d":"23"},{"v":18.4,"d":"18"},{"v":17.6,"d":"18"},{"v":16.6,"d":"17"},{"v":16.2,"d":"16"},{"v":14.8,"d":"15"},{"v":14.8,"d":"15"},{"v":13.2,"d":"13"},{"v":12.8,"d":"13"},{"v":11.2,"d":"11"},{"v":9.6,"d":"10"},{"v":9.4,"d":"9"},{"v":8.8,"d":"9"},{"v":7.2,"d":"7"},7,{"v":6.8,"d":"7"},{"v":5.6,"d":"6"},{"v":3.6,"d":"4"},{"v":3.2,"d":"3"},{"v":1.6,"d":"2"},0,0,30]
[{"$nulls":3},2907,"R01_S",31,103,139,{"v":173.4,"d":"173"},{"v":172.8,"d":"173"},{"v":165.4,"d":"165"},{"v":154.4,"d":"154"},{"v":136.6,"d":"137"},{"v":118.4,"d":"118"},{"v":97.2,"d":"97"},78,{"v":66.8,"d":"67"},{"v":56.6,"d":"57"},{"v":46.8,"d":"47"},{"v":44.2,"d":"44"},{"v":44.4,"d":"44"},{"v":35.2,"d":"35"},{"v":35.4,"d":"35"},{"v":33.6,"d":"34"},{"v":31.6,"d":"32"},29,{"v":28.2,"d":"28"},{"v":24.8,"d":"25"},{"v":25.2,"d":"25"},{"v":24.4,"d":"24"},{"v":22.6,"d":"23"},{"v":21.8,"d":"22"},{"v":22.2,"d":"22"},{"v":19.8,"d":"20"},18,17,18,{"v":15.2,"d":"15"},{"v":12.6,"d":"13"},{"v":10.7,"d":"11"},0,31]
[{"$nulls":3},2908,"R01_S",32,{"v":153.6,"d":"154"},{"v":204.2,"d":"204"},{"v":258.4,"d":"258"},260,{"v":254.6,"d":"255"},245,232,207,{"v":178.4,"d":"178"},{"v":151.8,"d":"152"},{"v":127.8,"d":"128"},{"$f":"OFFSET(INDIRECT($B$3&1),$D18-1,R$9)","v":111},{"v":98.8,"d":"99"},87,81,{"v":81.2,"d":"81"},73,70,{"v":68.8,"d":"69"},{"v":65.2,"d":"65"},{"v":61.4,"d":"61"},{"v":57.4,"d":"57"},52,{"v":50.6,"d":"51"},{"v":47.6,"d":"48"},{"v":42.4,"d":"42"},{"v":42.2,"d":"42"},43,40,{"v":37.8,"d":"38"},38,{"v":36.2,"d":"36"},{"v":30.2,"d":"30"},{"v":28.3,"d":"28"},17,32]
[{"$nulls":3},2909,"R01_S",33,{"v":219.6,"d":"220"},{"v":293.2,"d":"293"},{"v":363.4,"d":"363"},{"v":360.8,"d":"361"},365,{"v":356.6,"d":"357"},{"v":340.2,"d":"340"},322,{"v":286.2,"d":"286"},{"v":252.8,"d":"253"},{"v":225.4,"d":"225"},{"v":193.8,"d":"194"},{"v":172.6,"d":"173"},{"v":162.8,"d":"163"},{"v":146.8,"d":"147"},{"v":137.8,"d":"138"},{"v":139.2,"d":"139"},{"v":130.4,"d":"130"},{"v":119.4,"d":"119"},115,{"v":107.4,"d":"107"},102,{"v":95.2,"d":"95"},{"v":89.2,"d":"89"},{"v":84.6,"d":"85"},77,{"v":69.4,"d":"69"},{"v":68.6,"d":"69"},{"v":72.4,"d":"72"},{"v":69.2,"d":"69"},{"v":66.2,"d":"66"},{"v":61.8,"d":"62"},{"v":58.8,"d":"59"},51,57,33]
[{"$nulls":3},2910,"R01_S",34,260,{"v":348.8,"d":"349"},{"v":434.8,"d":"435"},{"v":447.2,"d":"447"},{"v":448.4,"d":"448"},{"v":454.8,"d":"455"},451,441,{"v":412.6,"d":"413"},{"v":368.6,"d":"369"},{"v":336.8,"d":"337"},{"v":303.4,"d":"303"},{"v":266.4,"d":"266"},{"v":241.6,"d":"242"},{"v":230.8,"d":"231"},{"v":214.8,"d":"215"},{"v":209.4,"d":"209"},210,{"v":200.2,"d":"200"},{"v":185.6,"d":"186"},178,{"v":160.4,"d":"160"},{"v":152.2,"d":"152"},{"v":145.2,"d":"145"},136,127,{"v":119.8,"d":"120"},112,{"v":108.8,"d":"109"},{"v":111.4,"d":"111"},{"v":108.4,"d":"108"},{"v":103.4,"d":"103"},94,{"v":82.7,"d":"83"},71,34]
[{"$nulls":3},2911,"R01_S",35,{"v":290.8,"d":"291"},{"v":389.8,"d":"390"},{"v":489.4,"d":"489"},{"v":500.8,"d":"501"},520,{"v":532.8,"d":"533"},{"v":546.8,"d":"547"},{"v":553.8,"d":"554"},{"v":548.6,"d":"549"},{"v":521.6,"d":"522"},{"v":476.6,"d":"477"},{"v":434.8,"d":"435"},{"v":402.6,"d":"403"},{"v":363.6,"d":"364"},{"v":334.8,"d":"335"},{"v":321.8,"d":"322"},{"v":308.6,"d":"309"},{"v":292.4,"d":"292"},293,279,256,{"v":241.6,"d":"242"},{"v":223.8,"d":"224"},{"v":210.4,"d":"210"},{"v":200.8,"d":"201"},{"v":191.4,"d":"191"},{"v":180.4,"d":"180"},{"v":177.4,"d":"177"},{"v":172.4,"d":"172"},{"v":172.8,"d":"173"},{"v":172.2,"d":"172"},{"v":167.8,"d":"168"},{"v":156.4,"d":"156"},144,130,35]
[{"$nulls":3},2912,"R01_S",36,{"v":298.4,"d":"298"},423,{"v":539.8,"d":"540"},{"v":553.8,"d":"554"},{"v":571.8,"d":"572"},{"v":599.4,"d":"599"},{"v":615.6,"d":"616"},{"v":626.2,"d":"626"},{"v":632.6,"d":"633"},633,{"v":610.2,"d":"610"},{"v":562.6,"d":"563"},{"v":528.2,"d":"528"},{"v":502.4,"d":"502"},{"v":461.4,"d":"461"},{"v":423.6,"d":"424"},{"v":413.2,"d":"413"},{"v":398.2,"d":"398"},{"v":378.8,"d":"379"},372,{"v":358.6,"d":"359"},{"v":333.6,"d":"334"},{"v":309.2,"d":"309"},{"v":285.6,"d":"286"},272,263,{"v":253.6,"d":"254"},{"v":248.8,"d":"249"},255,{"v":250.6,"d":"251"},{"v":250.6,"d":"251"},{"v":247.8,"d":"248"},241,224,210,36]
[{"$nulls":3},2913,"R01_S",37,315,{"v":428.6,"d":"429"},{"v":561.2,"d":"561"},{"v":581.6,"d":"582"},603,{"v":632.6,"d":"633"},{"v":657.2,"d":"657"},{"v":680.4,"d":"680"},{"v":693.4,"d":"693"},705,709,{"v":694.8,"d":"695"},{"v":651.2,"d":"651"},{"v":621.2,"d":"621"},{"v":590.2,"d":"590"},{"v":549.8,"d":"550"},514,{"v":501.2,"d":"501"},{"v":485.6,"d":"486"},{"v":472.2,"d":"472"},462,{"v":445.2,"d":"445"},421,{"v":390.2,"d":"390"},{"v":364.6,"d":"365"},{"v":350.4,"d":"350"},338,{"v":329.8,"d":"330"},{"v":330.2,"d":"330"},338,{"v":331.2,"d":"331"},{"v":334.4,"d":"334"},{"v":327.6,"d":"328"},{"v":307.7,"d":"308"},301,37]
[{"$nulls":3},2914,"R01_S",38,{"v":337.8,"d":"338"},446,{"v":566.4,"d":"566"},596,{"v":616.2,"d":"616"},{"v":646.2,"d":"646"},{"v":677.4,"d":"677"},{"v":704.2,"d":"704"},{"v":725.6,"d":"726"},{"v":749.2,"d":"749"},{"v":764.2,"d":"764"},{"v":767.4,"d":"767"},{"v":756.4,"d":"756"},{"v":719.6,"d":"720"},688,{"v":659.4,"d":"659"},{"v":627.4,"d":"627"},{"v":601.4,"d":"601"},{"v":584.4,"d":"584"},{"v":570.4,"d":"570"},{"v":552.6,"d":"553"},{"v":541.6,"d":"542"},{"v":518.2,"d":"518"},{"v":492.8,"d":"493"},463,446,{"v":433.4,"d":"433"},{"v":425.4,"d":"425"},{"v":421.4,"d":"421"},{"v":420.6,"d":"421"},{"v":423.2,"d":"423"},{"v":412.4,"d":"412"},413,413,397,38]
[{"$nulls":3},2915,"R01_S",39,{"v":330.8,"d":"331"},442,{"v":552.6,"d":"553"},{"v":588.2,"d":"588"},{"v":620.4,"d":"620"},{"v":648.8,"d":"649"},{"v":687.6,"d":"688"},{"v":724.6,"d":"725"},{"v":744.4,"d":"744"},{"v":773.4,"d":"773"},{"v":798.4,"d":"798"},{"v":810.8,"d":"811"},{"v":816.2,"d":"816"},{"v":805.8,"d":"806"},{"v":769.2,"d":"769"},{"v":739.6,"d":"740"},{"v":717.2,"d":"717"},{"v":689.4,"d":"689"},{"v":670.4,"d":"670"},{"v":653.8,"d":"654"},{"v":642.4,"d":"642"},622,{"v":614.8,"d":"615"},{"v":591.6,"d":"592"},{"v":560.2,"d":"560"},{"v":535.6,"d":"536"},521,{"v":513.2,"d":"513"},{"v":514.2,"d":"514"},518,514,515,{"v":495.6,"d":"496"},{"v":488.3,"d":"488"},454,39]
[{"$nulls":3},2916,"R01_S",40,{"v":304.6,"d":"305"},{"v":424.4,"d":"424"},{"v":538.6,"d":"539"},{"v":569.6,"d":"570"},{"v":607.2,"d":"607"},{"v":643.6,"d":"644"},{"v":672.4,"d":"672"},712,{"v":749.4,"d":"749"},{"v":774.8,"d":"775"},{"v":808.2,"d":"808"},{"v":826.6,"d":"827"},{"v":836.2,"d":"836"},{"v":836.8,"d":"837"},{"v":829.6,"d":"830"},{"v":791.2,"d":"791"},{"v":771.2,"d":"771"},{"v":763.2,"d":"763"},746,{"v":725.4,"d":"725"},{"v":714.6,"d":"715"},{"v":707.4,"d":"707"},685,{"v":677.8,"d":"678"},{"v":653.6,"d":"654"},{"v":622.2,"d":"622"},597,{"v":587.4,"d":"587"},{"v":595.2,"d":"595"},{"v":602.8,"d":"603"},{"v":606.6,"d":"607"},{"v":602.8,"d":"603"},601,{"v":575.3,"d":"575"},608,40]
[{"$nulls":3},2917,"R01_S",41,{"v":260.2,"d":"260"},{"v":386.4,"d":"386"},{"v":507.4,"d":"507"},{"v":545.6,"d":"546"},581,{"v":631.4,"d":"631"},{"v":663.4,"d":"663"},{"v":692.2,"d":"692"},728,{"v":763.2,"d":"763"},{"v":779.8,"d":"780"},{"v":810.6,"d":"811"},{"v":829.2,"d":"829"},{"v":840.4,"d":"840"},844,{"v":845.2,"d":"845"},818,{"v":807.8,"d":"808"},{"v":805.2,"d":"805"},{"v":794.4,"d":"794"},{"v":775.2,"d":"775"},{"v":765.2,"d":"765"},{"v":760.6,"d":"761"},{"v":737.8,"d":"738"},{"v":731.4,"d":"731"},708,{"v":675.8,"d":"676"},{"v":655.6,"d":"656"},{"v":655.2,"d":"655"},{"v":661.8,"d":"662"},{"v":671.2,"d":"671"},672,{"v":659.2,"d":"659"},615,603,41]
[{"$nulls":3},2918,"R01_S",42,{"v":246.2,"d":"246"},{"v":342.4,"d":"342"},467,{"v":516.6,"d":"517"},{"v":559.4,"d":"559"},603,{"v":650.4,"d":"650"},{"v":687.6,"d":"688"},{"v":707.2,"d":"707"},{"v":744.6,"d":"745"},{"v":774.2,"d":"774"},791,{"v":816.8,"d":"817"},{"v":832.2,"d":"832"},{"v":834.2,"d":"834"},{"v":839.4,"d":"839"},{"v":843.4,"d":"843"},{"v":822.6,"d":"823"},{"v":825.6,"d":"826"},{"v":833.4,"d":"833"},824,807,{"v":800.2,"d":"800"},{"v":791.2,"d":"791"},{"v":769.2,"d":"769"},{"v":761.8,"d":"762"},{"v":738.8,"d":"739"},{"v":718.8,"d":"719"},{"v":705.2,"d":"705"},{"v":703.2,"d":"703"},{"v":712.6,"d":"713"},{"v":723.2,"d":"723"},{"v":714.4,"d":"714"},{"$f":"OFFSET(INDIRECT($B$3&1),$D28-1,AN$9)","v":{"v":706.7,"d":"707"}},656,42]
[{"$nulls":3},2919,"R01_S",43,{"v":232.8,"d":"233"},317,{"v":415.6,"d":"416"},{"v":469.4,"d":"469"},{"v":513.2,"d":"513"},{"v":567.8,"d":"568"},{"v":612.6,"d":"613"},658,692,{"v":714.6,"d":"715"},{"v":745.2,"d":"745"},{"v":768.6,"d":"769"},779,{"$f":"OFFSET(INDIRECT($B$3&1),$D29-1,T$9)","v":{"v":802.2,"d":"802"}},{"v":816.2,"d":"816"},{"v":826.6,"d":"827"},{"v":843.4,"d":"843"},{"v":862.6,"d":"863"},{"v":847.2,"d":"847"},857,857,{"v":853.8,"d":"854"},{"v":836.8,"d":"837"},{"v":833.6,"d":"834"},{"v":826.8,"d":"827"},{"v":805.4,"d":"805"},{"v":792.6,"d":"793"},{"v":776.8,"d":"777"},{"v":758.4,"d":"758"},{"v":739.8,"d":"740"},742,{"v":754.4,"d":"754"},{"v":755.8,"d":"756"},{"v":767.7,"d":"768"},711,43]
[{"$nulls":3},2920,"R01_S",44,{"v":218.4,"d":"218"},{"v":293.8,"d":"294"},{"v":379.8,"d":"380"},{"v":422.8,"d":"423"},476,{"v":518.2,"d":"518"},{"v":577.6,"d":"578"},620,{"v":658.4,"d":"658"},{"v":696.2,"d":"696"},{"v":723.2,"d":"723"},745,{"v":765.8,"d":"766"},{"v":776.4,"d":"776"},{"v":795.2,"d":"795"},{"v":815.8,"d":"816"},839,{"v":865.6,"d":"866"},{"v":888.2,"d":"888"},{"v":878.8,"d":"879"},{"v":883.6,"d":"884"},879,869,{"v":853.6,"d":"854"},{"v":846.2,"d":"846"},{"v":842.2,"d":"842"},{"v":823.2,"d":"823"},{"v":827.6,"d":"828"},{"v":816.8,"d":"817"},{"v":797.2,"d":"797"},{"v":778.6,"d":"779"},{"v":772.2,"d":"772"},{"v":765.6,"d":"766"},779,818,44]
[{"$nulls":3},2921,"R01_S",45,{"v":184.8,"d":"185"},269,{"v":346.2,"d":"346"},379,{"v":423.6,"d":"424"},{"v":489.8,"d":"490"},531,{"v":586.4,"d":"586"},{"v":620.2,"d":"620"},{"v":656.2,"d":"656"},{"v":689.2,"d":"689"},{"v":707.8,"d":"708"},{"v":727.6,"d":"728"},{"v":749.6,"d":"750"},{"v":756.2,"d":"756"},{"v":773.2,"d":"773"},{"v":805.2,"d":"805"},{"v":835.6,"d":"836"},863,{"v":899.6,"d":"900"},{"v":898.8,"d":"899"},899,{"v":895.4,"d":"895"},887,{"v":863.2,"d":"863"},{"v":846.4,"d":"846"},839,{"v":829.2,"d":"829"},837,{"v":821.4,"d":"821"},{"v":801.8,"d":"802"},{"v":782.2,"d":"782"},{"v":762.2,"d":"762"},{"v":742.7,"d":"743"},747,45]
[{"$nulls":3},2922,"R01_S",46,{"v":166.8,"d":"167"},238,{"v":321.4,"d":"321"},{"v":351.4,"d":"351"},388,{"v":438.2,"d":"438"},503,{"v":545.4,"d":"545"},{"v":587.2,"d":"587"},{"v":618.2,"d":"618"},{"v":651.8,"d":"652"},{"v":676.6,"d":"677"},{"v":694.6,"d":"695"},716,{"v":736.2,"d":"736"},{"v":746.4,"d":"746"},763,{"v":797.6,"d":"798"},{"v":833.4,"d":"833"},{"v":867.2,"d":"867"},897,900,{"v":897.4,"d":"897"},{"v":893.6,"d":"894"},{"v":878.6,"d":"879"},{"v":855.2,"d":"855"},843,{"v":857.2,"d":"857"},{"v":854.6,"d":"855"},{"v":851.8,"d":"852"},841,{"v":813.4,"d":"813"},772,{"v":727.3,"d":"727"},743,46]
[{"$nulls":3},2923,"R01_S",47,{"v":155.6,"d":"156"},{"v":214.8,"d":"215"},{"v":286.2,"d":"286"},{"v":321.6,"d":"322"},351,{"v":390.4,"d":"390"},{"v":437.4,"d":"437"},{"v":503.6,"d":"504"},{"v":546.6,"d":"547"},{"v":585.6,"d":"586"},{"v":616.6,"d":"617"},{"v":645.4,"d":"645"},{"v":666.8,"d":"667"},{"v":677.4,"d":"677"},{"v":698.6,"d":"699"},{"v":720.6,"d":"721"},{"v":736.2,"d":"736"},{"v":757.4,"d":"757"},{"v":804.8,"d":"805"},836,{"v":867.8,"d":"868"},{"v":900.8,"d":"901"},{"v":898.8,"d":"899"},{"v":888.4,"d":"888"},{"v":883.8,"d":"884"},{"v":864.4,"d":"864"},{"v":835.2,"d":"835"},{"v":836.4,"d":"836"},{"v":851.4,"d":"851"},{"v":845.4,"d":"845"},{"v":846.8,"d":"847"},{"v":835.6,"d":"836"},{"v":794.8,"d":"795"},{"v":733.7,"d":"734"},693,47]
[{"$nulls":3},2924,"R01_S",48,{"v":149.4,"d":"149"},{"v":201.4,"d":"201"},{"v":259.4,"d":"259"},{"v":282.8,"d":"283"},{"v":321.8,"d":"322"},{"v":350.4,"d":"350"},388,{"v":434.4,"d":"434"},497,{"v":536.6,"d":"537"},{"v":577.2,"d":"577"},608,{"v":637.6,"d":"638"},{"v":652.8,"d":"653"},{"v":665.2,"d":"665"},690,{"v":714.8,"d":"715"},733,{"v":766.2,"d":"766"},815,{"v":841.4,"d":"841"},872,{"v":897.6,"d":"898"},890,{"v":873.8,"d":"874"},{"v":866.2,"d":"866"},839,{"v":815.8,"d":"816"},{"v":816.4,"d":"816"},{"v":819.6,"d":"820"},{"v":812.2,"d":"812"},{"v":810.4,"d":"810"},{"v":797.2,"d":"797"},{"v":749.7,"d":"750"},707,48]
[{"$nulls":3},2925,"R01_S",49,{"v":137.4,"d":"137"},{"v":192.8,"d":"193"},244,{"v":256.8,"d":"257"},{"v":280.8,"d":"281"},317,{"v":345.2,"d":"345"},{"v":388.2,"d":"388"},430,{"v":493.2,"d":"493"},{"v":533.8,"d":"534"},571,{"v":594.8,"d":"595"},620,{"v":629.8,"d":"630"},{"v":643.2,"d":"643"},674,701,{"v":731.2,"d":"731"},{"v":765.2,"d":"765"},{"v":815.6,"d":"816"},{"v":839.4,"d":"839"},{"v":867.8,"d":"868"},{"v":885.4,"d":"885"},{"v":874.8,"d":"875"},{"v":854.4,"d":"854"},{"v":838.4,"d":"838"},{"v":823.8,"d":"824"},{"v":807.4,"d":"807"},804,{"v":808.4,"d":"808"},{"v":804.4,"d":"804"},{"v":783.4,"d":"783"},{"v":769.3,"d":"769"},689,49]
[{"$nulls":3},2926,"R01_S",50,{"v":130.6,"d":"131"},{"v":171.8,"d":"172"},{"v":223.6,"d":"224"},{"v":233.6,"d":"234"},{"v":247.4,"d":"247"},{"v":274.6,"d":"275"},{"v":310.4,"d":"310"},344,383,{"v":425.6,"d":"426"},{"v":483.6,"d":"484"},{"v":524.6,"d":"525"},{"v":557.2,"d":"557"},{"v":576.8,"d":"577"},{"v":599.6,"d":"600"},{"v":612.6,"d":"613"},{"v":627.8,"d":"628"},{"v":660.2,"d":"660"},{"v":696.8,"d":"697"},{"v":727.8,"d":"728"},765,{"v":813.6,"d":"814"},{"v":835.2,"d":"835"},{"v":859.2,"d":"859"},872,{"v":849.8,"d":"850"},824,{"v":814.8,"d":"815"},798,{"v":777.8,"d":"778"},779,{"v":783.4,"d":"783"},{"v":766.2,"d":"766"},774,728,50]
[{"$nulls":3},2927,"R01_S",51,{"v":124.6,"d":"125"},{"v":169.4,"d":"169"},{"v":211.6,"d":"212"},{"v":221.8,"d":"222"},{"v":231.6,"d":"232"},{"v":248.2,"d":"248"},{"v":276.2,"d":"276"},{"v":312.4,"d":"312"},{"v":342.2,"d":"342"},380,{"v":420.4,"d":"420"},475,{"v":514.8,"d":"515"},{"v":541.6,"d":"542"},566,{"v":589.4,"d":"589"},{"v":602.2,"d":"602"},{"v":614.2,"d":"614"},{"v":656.4,"d":"656"},{"v":692.6,"d":"693"},{"v":720.2,"d":"720"},{"v":756.4,"d":"756"},{"v":802.8,"d":"803"},{"v":815.4,"d":"815"},{"v":830.8,"d":"831"},{"v":839.6,"d":"840"},{"v":812.2,"d":"812"},{"v":791.2,"d":"791"},784,{"v":760.4,"d":"760"},746,{"v":746.6,"d":"747"},{"v":739.8,"d":"740"},{"v":736.3,"d":"736"},744,51]
[{"$nulls":3},2928,"R01_S",52,{"v":116.8,"d":"117"},159,{"v":204.8,"d":"205"},{"v":209.2,"d":"209"},{"v":219.8,"d":"220"},{"v":232.8,"d":"233"},247,{"v":270.8,"d":"271"},{"v":302.8,"d":"303"},{"v":328.4,"d":"328"},{"v":362.2,"d":"362"},397,{"v":454.6,"d":"455"},{"v":495.4,"d":"495"},{"v":523.6,"d":"524"},553,582,597,{"v":616.8,"d":"617"},{"v":656.6,"d":"657"},{"v":686.8,"d":"687"},{"v":713.4,"d":"713"},744,{"v":772.2,"d":"772"},{"v":783.2,"d":"783"},{"v":789.6,"d":"790"},{"v":792.8,"d":"793"},{"v":777.8,"d":"778"},{"v":767.8,"d":"768"},757,{"v":738.6,"d":"739"},{"v":717.6,"d":"718"},{"v":700.4,"d":"700"},{"v":673.3,"d":"673"},703,52]
[{"$nulls":3},2929,"R01_S",53,{"v":104.2,"d":"104"},{"v":142.8,"d":"143"},186,{"v":201.2,"d":"201"},{"v":205.8,"d":"206"},{"v":218.8,"d":"219"},{"v":232.4,"d":"232"},{"v":244.6,"d":"245"},{"v":266.2,"d":"266"},{"v":297.2,"d":"297"},318,349,{"v":379.8,"d":"380"},{"v":428.4,"d":"428"},469,{"v":496.2,"d":"496"},{"v":526.8,"d":"527"},{"v":559.2,"d":"559"},{"v":583.8,"d":"584"},{"v":606.8,"d":"607"},{"v":649.8,"d":"650"},{"v":681.6,"d":"682"},703,{"v":727.8,"d":"728"},{"v":751.2,"d":"751"},757,{"v":755.4,"d":"755"},{"v":770.6,"d":"771"},762,743,{"v":732.2,"d":"732"},{"v":715.2,"d":"715"},{"v":687.6,"d":"688"},{"v":654.7,"d":"655"},638,53]
[{"$nulls":3},2930,"R01_S",54,{"v":90.2,"d":"90"},{"v":129.6,"d":"130"},{"v":168.4,"d":"168"},{"v":183.4,"d":"183"},{"v":198.8,"d":"199"},{"v":204.4,"d":"204"},214,226,234,{"v":254.8,"d":"255"},{"v":282.6,"d":"283"},{"v":307.4,"d":"307"},{"v":339.4,"d":"339"},{"v":371.6,"d":"372"},{"v":416.8,"d":"417"},{"$f":"OFFSET(INDIRECT($B$3&1),$D40-1,V$9)","v":455},{"v":481.2,"d":"481"},{"v":511.6,"d":"512"},{"v":543.2,"d":"543"},{"v":572.2,"d":"572"},{"v":598.8,"d":"599"},{"v":637.4,"d":"637"},{"v":664.4,"d":"664"},{"v":686.8,"d":"687"},700,{"v":718.4,"d":"718"},{"v":726.8,"d":"727"},{"v":733.6,"d":"734"},{"v":745.2,"d":"745"},{"v":732.4,"d":"732"},716,{"v":702.8,"d":"703"},{"v":674.4,"d":"674"},{"v":645.7,"d":"646"},593,54]
[{"$nulls":3},2931,"R01_S",55,{"v":81.6,"d":"82"},{"v":114.8,"d":"115"},153,{"v":168.4,"d":"168"},{"v":181.8,"d":"182"},{"v":195.4,"d":"195"},{"v":202.2,"d":"202"},{"v":214.2,"d":"214"},{"v":223.2,"d":"223"},{"v":230.2,"d":"230"},{"v":251.4,"d":"251"},{"v":276.4,"d":"276"},298,{"v":324.6,"d":"325"},{"v":358.8,"d":"359"},{"v":402.2,"d":"402"},{"v":437.2,"d":"437"},{"v":465.4,"d":"465"},502,{"v":532.2,"d":"532"},{"v":563.2,"d":"563"},{"v":590.8,"d":"591"},{"v":627.2,"d":"627"},647,664,{"v":671.4,"d":"671"},{"v":681.2,"d":"681"},{"v":699.4,"d":"699"},{"v":713.8,"d":"714"},{"v":720.4,"d":"720"},{"v":710.6,"d":"711"},{"v":701.4,"d":"701"},670,645,616,55]
[{"$nulls":3},2932,"R01_S",56,74,{"v":103.8,"d":"104"},{"v":134.4,"d":"134"},{"v":147.6,"d":"148"},162,{"v":177.8,"d":"178"},191,{"v":200.6,"d":"201"},{"v":211.6,"d":"212"},{"v":221.4,"d":"221"},{"v":228.8,"d":"229"},{"v":247.8,"d":"248"},{"v":271.4,"d":"271"},{"v":287.8,"d":"288"},{"v":310.2,"d":"310"},{"v":342.8,"d":"343"},{"v":386.2,"d":"386"},{"v":422.8,"d":"423"},{"v":460.2,"d":"460"},{"v":501.8,"d":"502"},{"v":534.8,"d":"535"},{"v":561.8,"d":"562"},583,{"v":612.4,"d":"612"},{"v":626.6,"d":"627"},{"v":636.2,"d":"636"},{"v":638.6,"d":"639"},{"v":657.4,"d":"657"},{"v":669.4,"d":"669"},{"v":677.4,"d":"677"},{"v":682.6,"d":"683"},{"v":671.8,"d":"672"},{"v":648.2,"d":"648"},616,584,56]
[{"$nulls":3},2933,"R01_S",57,65,{"v":91.8,"d":"92"},{"v":120.6,"d":"121"},{"v":136.6,"d":"137"},148,{"v":161.8,"d":"162"},{"v":174.2,"d":"174"},{"v":186.6,"d":"187"},193,{"v":203.8,"d":"204"},{"v":213.6,"d":"214"},219,{"v":236.8,"d":"237"},257,{"v":268.2,"d":"268"},{"v":291.2,"d":"291"},{"v":322.6,"d":"323"},{"v":364.2,"d":"364"},405,448,{"v":483.4,"d":"483"},{"v":522.8,"d":"523"},{"v":546.4,"d":"546"},{"v":560.6,"d":"561"},{"v":583.8,"d":"584"},{"v":600.6,"d":"601"},{"v":602.6,"d":"603"},{"v":612.8,"d":"613"},{"v":637.2,"d":"637"},{"v":645.6,"d":"646"},{"v":649.8,"d":"650"},{"v":650.6,"d":"651"},{"v":631.8,"d":"632"},{"v":600.3,"d":"600"},578,57]
[{"$nulls":3},2934,{"$f":"OFFSET(INDIRECT($B$3&1),$D44-1,E$9)","v":"R01_S"},58,{"v":57.8,"d":"58"},{"v":81.4,"d":"81"},107,{"v":118.2,"d":"118"},{"v":132.2,"d":"132"},{"v":145.4,"d":"145"},{"v":158.8,"d":"159"},172,{"v":181.6,"d":"182"},{"v":187.2,"d":"187"},196,{"v":202.8,"d":"203"},208,{"v":225.2,"d":"225"},245,{"v":254.4,"d":"254"},{"v":279.8,"d":"280"},{"v":308.8,"d":"309"},{"v":351.8,"d":"352"},{"v":396.4,"d":"396"},{"v":441.6,"d":"442"},{"v":474.8,"d":"475"},{"v":513.4,"d":"513"},{"v":534.4,"d":"534"},541,{"v":559.2,"d":"559"},{"v":568.6,"d":"569"},{"v":575.2,"d":"575"},{"v":583.2,"d":"583"},{"v":600.8,"d":"601"},{"v":609.8,"d":"610"},{"v":614.6,"d":"615"},{"v":609.6,"d":"610"},{"v":594.7,"d":"595"},566,58]
[{"$nulls":3},2935,"R01_S",59,{"v":45.6,"d":"46"},{"v":68.8,"d":"69"},{"v":92.2,"d":"92"},{"v":103.6,"d":"104"},{"v":113.2,"d":"113"},{"v":130.8,"d":"131"},143,{"v":157.4,"d":"157"},{"v":167.4,"d":"167"},{"v":177.2,"d":"177"},{"v":178.4,"d":"178"},187,{"v":193.4,"d":"193"},{"v":198.2,"d":"198"},{"v":215.2,"d":"215"},{"v":234.8,"d":"235"},{"v":244.2,"d":"244"},{"v":269.2,"d":"269"},{"v":300.4,"d":"300"},342,{"v":388.2,"d":"388"},{"v":428.6,"d":"429"},{"v":457.8,"d":"458"},{"v":491.2,"d":"491"},{"v":510.4,"d":"510"},{"v":513.8,"d":"514"},531,{"v":543.2,"d":"543"},{"v":550.8,"d":"551"},{"v":551.8,"d":"552"},571,{"v":576.4,"d":"576"},{"v":571.4,"d":"571"},573,528,59]
[{"$nulls":3},2936,"R01_S",60,{"v":41.2,"d":"41"},57,{"v":78.6,"d":"79"},{"v":88.2,"d":"88"},99,{"v":111.2,"d":"111"},{"v":126.8,"d":"127"},{"v":139.6,"d":"140"},{"v":150.6,"d":"151"},163,{"v":171.6,"d":"172"},171,{"v":178.6,"d":"179"},{"v":184.8,"d":"185"},190,{"v":203.8,"d":"204"},{"v":224.4,"d":"224"},{"v":236.8,"d":"237"},{"v":264.4,"d":"264"},292,338,382,{"v":418.6,"d":"419"},443,{"v":469.8,"d":"470"},{"v":480.2,"d":"480"},{"v":476.6,"d":"477"},{"v":495.8,"d":"496"},{"v":510.2,"d":"510"},{"v":514.2,"d":"514"},518,{"v":542.2,"d":"542"},{"v":543.6,"d":"544"},{"v":561.3,"d":"561"},558,60]
[{"$nulls":3},2937,"R01_S",61,{"v":31.6,"d":"32"},46,{"v":60.6,"d":"61"},73,{"v":82.2,"d":"82"},{"v":95.4,"d":"95"},{"v":107.2,"d":"107"},{"v":123.2,"d":"123"},{"v":134.8,"d":"135"},145,154,{"v":162.4,"d":"162"},{"v":162.4,"d":"162"},{"v":168.4,"d":"168"},{"v":175.4,"d":"175"},179,191,{"v":210.4,"d":"210"},225,{"v":251.8,"d":"252"},{"v":280.6,"d":"281"},{"v":328.2,"d":"328"},{"v":363.8,"d":"364"},{"v":394.4,"d":"394"},{"v":414.6,"d":"415"},437,440,{"v":442.8,"d":"443"},{"v":462.4,"d":"462"},{"v":472.2,"d":"472"},{"v":476.8,"d":"477"},{"v":482.8,"d":"483"},{"v":500.2,"d":"500"},{"v":505.3,"d":"505"},529,61]
[{"$nulls":3},2938,"R01_S",62,{"v":26.8,"d":"27"},{"v":39.6,"d":"40"},{"v":54.2,"d":"54"},{"v":58.6,"d":"59"},{"v":70.2,"d":"70"},{"v":80.8,"d":"81"},{"v":92.2,"d":"92"},{"v":103.4,"d":"103"},117,{"v":128.4,"d":"128"},135,145,{"v":151.6,"d":"152"},{"v":151.2,"d":"151"},{"v":153.8,"d":"154"},{"v":159.8,"d":"160"},{"v":160.2,"d":"160"},{"v":172.8,"d":"173"},192,{"v":207.2,"d":"207"},{"v":236.2,"d":"236"},{"v":265.4,"d":"265"},{"v":309.6,"d":"310"},{"v":341.6,"d":"342"},{"v":367.4,"d":"367"},{"v":384.2,"d":"384"},{"v":399.8,"d":"400"},{"v":403.8,"d":"404"},411,{"v":428.6,"d":"429"},{"v":439.4,"d":"439"},{"v":448.4,"d":"448"},448,451,464,62]
[{"$nulls":3},2939,"R01_S",63,22,{"v":30.4,"d":"30"},43,{"v":51.4,"d":"51"},{"v":54.8,"d":"55"},{"v":67.6,"d":"68"},79,{"v":88.2,"d":"88"},{"v":96.4,"d":"96"},{"v":110.6,"d":"111"},{"v":120.8,"d":"121"},{"v":126.6,"d":"127"},{"v":134.8,"d":"135"},{"v":139.8,"d":"140"},{"v":138.6,"d":"139"},{"v":140.4,"d":"140"},{"v":144.6,"d":"145"},146,{"v":161.2,"d":"161"},179,{"v":194.2,"d":"194"},223,{"v":252.4,"d":"252"},287,{"v":316.6,"d":"317"},337,{"v":348.6,"d":"349"},369,{"v":381.8,"d":"382"},383,{"v":398.8,"d":"399"},{"v":411.4,"d":"411"},{"v":411.4,"d":"411"},{"v":411.7,"d":"412"},406,63]
[{"$nulls":3},2940,"R01_S",64,{"v":18.8,"d":"19"},{"v":25.8,"d":"26"},{"v":33.4,"d":"33"},{"v":39.4,"d":"39"},{"v":47.8,"d":"48"},51,{"v":63.4,"d":"63"},{"v":75.2,"d":"75"},{"v":82.8,"d":"83"},{"v":90.6,"d":"91"},{"v":103.2,"d":"103"},111,{"v":116.2,"d":"116"},{"v":121.6,"d":"122"},{"v":126.2,"d":"126"},{"v":124.2,"d":"124"},{"v":128.4,"d":"128"},{"v":132.2,"d":"132"},{"v":139.2,"d":"139"},155,{"v":173.4,"d":"173"},185,{"v":211.2,"d":"211"},233,{"v":261.4,"d":"261"},288,{"v":306.2,"d":"306"},{"v":320.8,"d":"321"},{"v":345.8,"d":"346"},{"v":358.4,"d":"358"},{"v":360.2,"d":"360"},{"v":376.2,"d":"376"},{"v":383.2,"d":"383"},{"v":369.3,"d":"369"},381,64]
[{"$nulls":3},2941,"R01_S",65,{"v":13.2,"d":"13"},{"v":20.8,"d":"21"},{"v":27.2,"d":"27"},{"v":32.2,"d":"32"},{"v":38.4,"d":"38"},47,{"v":50.6,"d":"51"},{"v":63.6,"d":"64"},{"v":72.4,"d":"72"},78,85,96,{"v":101.8,"d":"102"},{"v":105.8,"d":"106"},{"v":112.2,"d":"112"},{"v":114.8,"d":"115"},112,{"$f":"OFFSET(INDIRECT($B$3&1),$D51-1,X$9)","v":{"v":116.6,"d":"117"}},{"v":122.8,"d":"123"},{"v":130.4,"d":"130"},147,165,{"v":173.8,"d":"174"},{"v":196.6,"d":"197"},{"v":215.4,"d":"215"},{"v":240.2,"d":"240"},{"v":264.4,"d":"264"},{"v":285.8,"d":"286"},{"v":297.6,"d":"298"},{"v":312.2,"d":"312"},{"v":323.8,"d":"324"},{"v":322.4,"d":"322"},{"v":330.8,"d":"331"},{"v":342.3,"d":"342"},342,65]
[{"$nulls":3},2942,"R01_S",66,{"v":9.2,"d":"9"},{"v":14.6,"d":"15"},{"v":21.8,"d":"22"},{"v":24.8,"d":"25"},{"v":29.6,"d":"30"},38,{"v":46.4,"d":"46"},{"v":47.8,"d":"48"},{"v":60.6,"d":"61"},69,73,{"v":78.8,"d":"79"},{"v":91.6,"d":"92"},{"v":93.6,"d":"94"},{"v":96.2,"d":"96"},100,{"v":103.4,"d":"103"},99,{"v":106.6,"d":"107"},{"v":112.6,"d":"113"},122,{"v":136.6,"d":"137"},{"v":153.2,"d":"153"},{"v":159.2,"d":"159"},{"v":179.6,"d":"180"},{"v":193.2,"d":"193"},{"v":214.4,"d":"214"},{"v":240.4,"d":"240"},{"v":263.2,"d":"263"},{"v":269.8,"d":"270"},287,{"v":292.6,"d":"293"},284,{"v":291.3,"d":"291"},255,66]
[{"$nulls":3},2943,"R01_S",67,{"v":8.6,"d":"9"},12,17,{"v":21.4,"d":"21"},{"v":23.8,"d":"24"},{"v":29.2,"d":"29"},{"v":37.6,"d":"38"},{"v":44.4,"d":"44"},{"v":45.4,"d":"45"},{"v":55.8,"d":"56"},{"v":63.2,"d":"63"},{"v":66.4,"d":"66"},{"v":71.2,"d":"71"},{"v":80.8,"d":"81"},{"v":83.4,"d":"83"},{"v":83.4,"d":"83"},87,90,{"v":89.2,"d":"89"},{"v":96.8,"d":"97"},{"v":103.4,"d":"103"},{"v":112.4,"d":"112"},{"v":126.2,"d":"126"},{"v":136.4,"d":"136"},{"v":139.8,"d":"140"},158,167,190,{"v":216.2,"d":"216"},233,241,{"v":257.4,"d":"257"},{"v":258.8,"d":"259"},265,289,67]
[{"$nulls":3},2944,"R01_S",68,7,{"v":9.4,"d":"9"},{"v":12.2,"d":"12"},{"v":15.6,"d":"16"},{"v":19.2,"d":"19"},{"v":20.2,"d":"20"},{"v":24.6,"d":"25"},{"v":33.2,"d":"33"},39,{"v":40.8,"d":"41"},{"v":51.6,"d":"52"},{"v":58.6,"d":"59"},{"v":61.8,"d":"62"},{"v":64.8,"d":"65"},{"v":72.2,"d":"72"},75,{"v":74.8,"d":"75"},{"v":77.6,"d":"78"},{"v":82.2,"d":"82"},{"v":82.6,"d":"83"},{"v":89.6,"d":"90"},{"v":95.4,"d":"95"},{"v":100.2,"d":"100"},{"v":112.6,"d":"113"},{"v":120.6,"d":"121"},120,{"v":137.2,"d":"137"},153,{"v":173.6,"d":"174"},194,{"v":210.6,"d":"211"},{"v":216.2,"d":"216"},{"v":223.2,"d":"223"},{"v":213.7,"d":"214"},225,68]
[{"$nulls":3},2945,"R01_S",69,{"v":4.8,"d":"5"},8,{"v":10.8,"d":"11"},{"v":12.2,"d":"12"},{"v":14.6,"d":"15"},18,{"v":19.2,"d":"19"},22,{"v":30.2,"d":"30"},{"v":35.4,"d":"35"},37,{"v":46.4,"d":"46"},54,{"v":54.6,"d":"55"},{"v":57.8,"d":"58"},{"v":63.8,"d":"64"},{"v":66.6,"d":"67"},{"v":65.8,"d":"66"},{"v":71.6,"d":"72"},{"v":75.6,"d":"76"},{"v":76.2,"d":"76"},{"v":81.2,"d":"81"},{"v":84.4,"d":"84"},87,{"v":95.6,"d":"96"},102,{"v":103.2,"d":"103"},{"v":121.4,"d":"121"},{"v":137.2,"d":"137"},{"v":153.4,"d":"153"},173,{"v":185.2,"d":"185"},{"v":190.4,"d":"190"},190,195,69]
[{"$nulls":3},2946,"R01_S",70,{"v":2.8,"d":"3"},5,8,{"v":10.2,"d":"10"},{"v":12.6,"d":"13"},{"v":14.6,"d":"15"},{"v":16.8,"d":"17"},{"v":17.8,"d":"18"},{"v":20.8,"d":"21"},{"v":25.8,"d":"26"},30,{"v":32.8,"d":"33"},{"v":41.8,"d":"42"},{"v":47.2,"d":"47"},48,{"v":50.6,"d":"51"},{"v":56.2,"d":"56"},{"v":57.6,"d":"58"},{"v":57.8,"d":"58"},{"v":63.6,"d":"64"},{"v":66.4,"d":"66"},{"v":64.8,"d":"65"},{"v":67.8,"d":"68"},{"v":71.6,"d":"72"},{"v":74.6,"d":"75"},{"v":84.4,"d":"84"},{"v":90.4,"d":"90"},{"v":91.8,"d":"92"},{"v":104.8,"d":"105"},{"v":116.2,"d":"116"},{"v":127.6,"d":"128"},{"v":146.6,"d":"147"},158,168,151,70]
[{"$nulls":3},2947,"R01_S",71,{"v":1.4,"d":"1"},{"v":2.6,"d":"3"},{"v":4.2,"d":"4"},{"v":6.2,"d":"6"},8,{"v":10.4,"d":"10"},{"v":11.4,"d":"11"},{"v":14.4,"d":"14"},{"v":15.6,"d":"16"},{"v":17.6,"d":"18"},{"v":21.8,"d":"22"},{"v":26.2,"d":"26"},{"v":27.8,"d":"28"},34,38,{"v":37.6,"d":"38"},{"v":39.4,"d":"39"},{"v":44.6,"d":"45"},46,49,56,61,{"v":60.2,"d":"60"},{"v":63.8,"d":"64"},67,{"v":67.4,"d":"67"},{"v":71.8,"d":"72"},{"v":77.8,"d":"78"},81,{"v":88.8,"d":"89"},{"v":102.2,"d":"102"},{"v":116.2,"d":"116"},134,156,172,71]
[{"$nulls":3},2948,"R01_S",72,{"v":1.2,"d":"1"},{"v":1.4,"d":"1"},{"v":2.4,"d":"2"},4,{"v":6.2,"d":"6"},{"v":7.4,"d":"7"},{"v":9.6,"d":"10"},{"v":10.6,"d":"11"},{"v":12.2,"d":"12"},13,15,{"v":18.4,"d":"18"},23,{"v":24.6,"d":"25"},{"v":30.4,"d":"30"},35,{"v":35.2,"d":"35"},{"v":36.8,"d":"37"},{"v":41.6,"d":"42"},{"v":42.8,"d":"43"},{"v":44.8,"d":"45"},52,{"v":55.8,"d":"56"},{"v":53.6,"d":"54"},{"v":57.2,"d":"57"},{"v":59.6,"d":"60"},{"v":58.8,"d":"59"},63,69,{"v":70.8,"d":"71"},{"v":77.2,"d":"77"},{"v":87.2,"d":"87"},100,{"v":117.3,"d":"117"},145,72]
[{"$nulls":3},2949,"R01_S",73,{"v":1.4,"d":"1"},2,{"v":2.6,"d":"3"},3,{"v":4.2,"d":"4"},{"v":5.8,"d":"6"},{"v":6.8,"d":"7"},{"v":8.4,"d":"8"},{"v":9.6,"d":"10"},12,{"v":13.4,"d":"13"},{"v":15.4,"d":"15"},{"v":17.8,"d":"18"},{"v":21.2,"d":"21"},{"v":21.4,"d":"21"},{"v":25.4,"d":"25"},{"v":29.4,"d":"29"},{"v":30.6,"d":"31"},{"v":31.2,"d":"31"},{"v":36.2,"d":"36"},{"v":37.6,"d":"38"},{"v":39.8,"d":"40"},46,{"v":49.6,"d":"50"},{"v":47.8,"d":"48"},51,{"v":51.2,"d":"51"},{"v":50.2,"d":"50"},55,{"v":59.4,"d":"59"},{"v":60.2,"d":"60"},{"v":65.8,"d":"66"},{"v":74.2,"d":"74"},{"v":79.3,"d":"79"},97,73]
[{"$nulls":3},2950,"R01_S",74,{"v":1.6,"d":"2"},{"v":1.8,"d":"2"},{"v":2.6,"d":"3"},3,3,4,{"v":5.6,"d":"6"},{"v":6.2,"d":"6"},{"v":7.6,"d":"8"},9,{"v":10.4,"d":"10"},11,{"v":13.4,"d":"13"},{"v":15.6,"d":"16"},{"v":17.8,"d":"18"},{"v":19.6,"d":"20"},{"v":23.2,"d":"23"},25,{"v":25.6,"d":"26"},{"v":27.2,"d":"27"},{"v":30.4,"d":"30"},{"v":32.2,"d":"32"},{"v":35.2,"d":"35"},42,{"v":44.6,"d":"45"},{"v":42.6,"d":"43"},44,{"v":44.2,"d":"44"},42,{"v":44.6,"d":"45"},{"v":48.6,"d":"49"},{"v":50.4,"d":"50"},{"v":55.4,"d":"55"},58,69,74]
[{"$nulls":3},2951,"R01_S",75,1,{"v":1.4,"d":"1"},{"v":1.8,"d":"2"},{"v":2.4,"d":"2"},{"v":2.6,"d":"3"},{"v":2.6,"d":"3"},{"v":3.6,"d":"4"},{"v":4.8,"d":"5"},5,{"v":6.2,"d":"6"},{"v":7.4,"d":"7"},{"v":8.8,"d":"9"},{"v":9.6,"d":"10"},12,14,{"v":16.6,"d":"17"},{"v":16.8,"d":"17"},{"v":18.6,"d":"19"},{"v":20.8,"d":"21"},{"v":21.6,"d":"22"},{"v":22.6,"d":"23"},28,{"v":31.4,"d":"31"},34,{"v":39.2,"d":"39"},42,{"v":38.4,"d":"38"},{"v":38.2,"d":"38"},39,{"$f":"OFFSET(INDIRECT($B$3&1),$D61-1,AJ$9)","v":{"v":36.6,"d":"37"}},{"v":37.8,"d":"38"},41,{"v":42.4,"d":"42"},44,44,75]
[{"$nulls":3},2952,"R01_S",76,{"v":0.2,"d":"0"},1,{"v":1.4,"d":"1"},{"v":1.6,"d":"2"},2,{"v":2.4,"d":"2"},{"v":2.2,"d":"2"},{"v":3.2,"d":"3"},{"v":4.2,"d":"4"},{"v":4.4,"d":"4"},{"v":5.4,"d":"5"},{"v":6.6,"d":"7"},{"v":7.6,"d":"8"},8,9,{"v":10.8,"d":"11"},{"v":12.6,"d":"13"},{"v":12.8,"d":"13"},{"v":14.6,"d":"15"},{"$f":"OFFSET(INDIRECT($B$3&1),$D62-1,Z$9)","v":{"v":17.8,"d":"18"}},18,19,{"v":22.8,"d":"23"},{"v":25.2,"d":"25"},27,{"v":31.8,"d":"32"},{"$f":"OFFSET(INDIRECT($B$3&1),$D62-1,AG$9)","v":{"v":32.6,"d":"33"}},{"v":30.4,"d":"30"},{"v":31.6,"d":"32"},{"v":31.8,"d":"32"},{"v":30.2,"d":"30"},33,{"v":35.4,"d":"35"},{"v":35.7,"d":"36"},33,76]
[{"$nulls":3},2953,"R01_S",77,{"v":0.4,"d":"0"},{"v":0.6,"d":"1"},{"v":1.4,"d":"1"},{"v":1.6,"d":"2"},{"v":1.6,"d":"2"},2,{"v":2.2,"d":"2"},2,{"v":2.6,"d":"3"},{"v":3.6,"d":"4"},4,{"v":4.6,"d":"5"},{"v":4.8,"d":"5"},{"v":6.2,"d":"6"},6,7,9,{"v":10.8,"d":"11"},{"v":10.8,"d":"11"},{"v":13.4,"d":"13"},{"v":16.4,"d":"16"},{"v":16.6,"d":"17"},18,{"v":20.8,"d":"21"},{"v":23.2,"d":"23"},{"v":24.6,"d":"25"},{"v":27.2,"d":"27"},29,{"v":27.4,"d":"27"},{"v":26.8,"d":"27"},{"v":26.4,"d":"26"},{"v":25.4,"d":"25"},27,30,37,77]
[{"$nulls":3},2954,"R01_S",78,{"v":0.4,"d":"0"},{"v":0.4,"d":"0"},{"v":0.6,"d":"1"},{"v":1.2,"d":"1"},{"v":1.4,"d":"1"},{"v":1.2,"d":"1"},{"v":1.4,"d":"1"},{"v":1.6,"d":"2"},{"v":1.6,"d":"2"},{"v":2.2,"d":"2"},{"v":3.4,"d":"3"},4,5,{"v":4.8,"d":"5"},{"v":5.8,"d":"6"},{"v":5.4,"d":"5"},6,{"v":7.6,"d":"8"},{"v":9.4,"d":"9"},{"v":9.2,"d":"9"},{"v":11.6,"d":"12"},{"v":14.2,"d":"14"},14,{"v":15.4,"d":"15"},18,{"v":19.4,"d":"19"},{"v":20.8,"d":"21"},{"v":23.6,"d":"24"},25,{"v":23.8,"d":"24"},{"v":24.2,"d":"24"},24,{"v":23.2,"d":"23"},25,24,78]
[{"$nulls":3},2955,"R01_S",79,{"v":0.2,"d":"0"},{"v":0.4,"d":"0"},{"v":0.4,"d":"0"},{"v":0.8,"d":"1"},{"v":1.4,"d":"1"},{"v":1.6,"d":"2"},{"v":1.4,"d":"1"},{"v":1.8,"d":"2"},{"v":1.8,"d":"2"},{"v":1.6,"d":"2"},2,{"v":2.8,"d":"3"},{"v":3.2,"d":"3"},{"v":4.2,"d":"4"},{"v":3.8,"d":"4"},{"v":4.4,"d":"4"},{"v":4.2,"d":"4"},4,{"v":5.2,"d":"5"},8,{"v":8.2,"d":"8"},{"v":10.8,"d":"11"},14,{"v":13.8,"d":"14"},14,{"v":15.4,"d":"15"},{"v":15.2,"d":"15"},{"v":16.4,"d":"16"},{"v":18.8,"d":"19"},{"v":18.8,"d":"19"},{"v":18.2,"d":"18"},{"v":19.4,"d":"19"},19,{"v":18.7,"d":"19"},23,79]
[{"$nulls":3},2956,"R01_S",80,0,{"v":0.2,"d":"0"},{"v":0.4,"d":"0"},{"v":0.4,"d":"0"},{"v":0.8,"d":"1"},{"v":1.4,"d":"1"},{"v":1.6,"d":"2"},{"v":1.4,"d":"1"},{"v":1.8,"d":"2"},{"v":1.4,"d":"1"},{"v":1.2,"d":"1"},{"v":1.6,"d":"2"},{"v":2.6,"d":"3"},{"v":2.8,"d":"3"},4,{"v":3.6,"d":"4"},{"v":4.2,"d":"4"},{"v":3.8,"d":"4"},{"v":3.4,"d":"3"},{"v":4.2,"d":"4"},{"v":6.6,"d":"7"},{"v":6.8,"d":"7"},{"v":8.6,"d":"9"},{"v":11.2,"d":"11"},{"v":11.2,"d":"11"},{"v":11.6,"d":"12"},{"v":12.6,"d":"13"},{"v":13.2,"d":"13"},{"v":14.2,"d":"14"},{"v":15.4,"d":"15"},{"v":15.6,"d":"16"},{"v":14.8,"d":"15"},{"v":14.8,"d":"15"},13,15,80]
[{"$nulls":3},2957,"R01_S",81,0,0,0,{"v":0.2,"d":"0"},{"v":0.2,"d":"0"},{"v":0.4,"d":"0"},1,{"v":1.4,"d":"1"},{"v":1.2,"d":"1"},{"v":1.8,"d":"2"},{"v":1.6,"d":"2"},{"v":1.4,"d":"1"},{"v":1.8,"d":"2"},{"v":2.4,"d":"2"},2,{"v":2.6,"d":"3"},{"v":2.2,"d":"2"},{"v":2.4,"d":"2"},{"v":2.8,"d":"3"},{"v":2.8,"d":"3"},4,{"v":5.8,"d":"6"},{"v":6.2,"d":"6"},7,10,{"v":9.8,"d":"10"},{"v":10.6,"d":"11"},{"v":11.4,"d":"11"},{"v":12.2,"d":"12"},{"v":12.6,"d":"13"},13,{"v":13.2,"d":"13"},11,8,0,81]
[{"$nulls":3},2958,"R01_S",82,0,0,0,0,{"v":0.2,"d":"0"},{"v":0.2,"d":"0"},{"v":0.6,"d":"1"},1,{"v":1.4,"d":"1"},{"v":1.2,"d":"1"},{"v":1.4,"d":"1"},1,1,1,{"v":1.6,"d":"2"},{"v":1.6,"d":"2"},2,{"v":1.6,"d":"2"},{"v":2.2,"d":"2"},{"v":2.6,"d":"3"},{"v":2.4,"d":"2"},3,{"v":4.4,"d":"4"},{"v":4.4,"d":"4"},6,{"v":8.6,"d":"9"},{"v":8.6,"d":"9"},{"v":9.4,"d":"9"},{"v":10.4,"d":"10"},{"v":7.8,"d":"8"},{"v":8.2,"d":"8"},{"v":7.2,"d":"7"},{"v":7.4,"d":"7"},9,12,82]
[{"$nulls":3},2959,"R01_S",83,0,0,0,0,0,{"v":0.2,"d":"0"},{"v":0.2,"d":"0"},{"v":0.6,"d":"1"},1,{"v":1.4,"d":"1"},{"v":1.2,"d":"1"},{"v":1.4,"d":"1"},1,{"v":0.8,"d":"1"},{"v":0.8,"d":"1"},{"v":1.2,"d":"1"},1,{"v":1.4,"d":"1"},{"v":1.2,"d":"1"},{"v":1.6,"d":"2"},{"v":2.2,"d":"2"},{"v":2.2,"d":"2"},{"v":3.2,"d":"3"},{"v":4.2,"d":"4"},{"v":4.2,"d":"4"},{"v":5.2,"d":"5"},7,6,{"v":6.4,"d":"6"},{"v":5.6,"d":"6"},{"v":3.6,"d":"4"},{"v":1.8,"d":"2"},{"v":1.4,"d":"1"},0,0,83]
[{"$nulls":3},2960,"R01_S",84,0,0,0,0,0,0,{"v":0.2,"d":"0"},{"v":0.2,"d":"0"},{"v":0.6,"d":"1"},1,{"v":1.4,"d":"1"},{"v":1.2,"d":"1"},{"v":1.6,"d":"2"},{"v":1.2,"d":"1"},1,1,{"v":1.2,"d":"1"},{"v":0.8,"d":"1"},{"v":1.2,"d":"1"},1,{"v":1.4,"d":"1"},{"v":2.2,"d":"2"},{"v":2.2,"d":"2"},{"v":3.2,"d":"3"},4,{"v":3.6,"d":"4"},{"v":3.8,"d":"4"},{"v":5.2,"d":"5"},{"v":4.2,"d":"4"},{"v":3.4,"d":"3"},3,{"v":1.8,"d":"2"},{"v":0.4,"d":"0"},0,0,84]
[{"$nulls":3},2961,"R01_S",85,0,0,0,0,0,0,0,0,0,{"v":0.4,"d":"0"},{"v":0.6,"d":"1"},1,1,{"v":1.4,"d":"1"},1,1,1,{"v":1.2,"d":"1"},{"v":0.8,"d":"1"},{"v":1.2,"d":"1"},1,{"v":1.4,"d":"1"},2,2,{"v":2.4,"d":"2"},3,{"v":2.8,"d":"3"},{"v":2.4,"d":"2"},{"v":3.6,"d":"4"},{"v":2.8,"d":"3"},{"v":2.2,"d":"2"},{"v":1.6,"d":"2"},{"v":1.2,"d":"1"},0,0,85]
[{"$nulls":3},2962,"R01_S",86,0,0,0,0,0,0,0,0,{"v":0.2,"d":"0"},{"v":0.2,"d":"0"},{"v":0.4,"d":"0"},{"v":0.6,"d":"1"},1,{"v":0.8,"d":"1"},{"v":1.2,"d":"1"},1,1,1,1,{"v":0.8,"d":"1"},1,{"v":0.8,"d":"1"},1,{"v":1.4,"d":"1"},{"v":1.2,"d":"1"},{"v":1.6,"d":"2"},2,{"v":2.2,"d":"2"},2,2,{"v":1.4,"d":"1"},1,{"v":0.2,"d":"0"},0,0,86]
[{"$nulls":3},2963,"R01_S",87,0,0,0,0,0,0,0,0,0,0,0,{"v":0.2,"d":"0"},{"v":0.2,"d":"0"},{"v":0.6,"d":"1"},{"v":0.6,"d":"1"},{"v":0.6,"d":"1"},{"v":0.4,"d":"0"},{"v":0.6,"d":"1"},{"v":0.4,"d":"0"},{"v":0.4,"d":"0"},{"v":0.6,"d":"1"},{"$f":"OFFSET(INDIRECT($B$3&1),$D73-1,AB$9)","v":{"v":0.8,"d":"1"}},{"v":0.6,"d":"1"},{"v":0.8,"d":"1"},{"v":1.2,"d":"1"},1,1,{"v":1.4,"d":"1"},{"v":1.8,"d":"2"},{"v":1.4,"d":"1"},{"v":1.4,"d":"1"},{"v":1.2,"d":"1"},{"v":0.8,"d":"1"},0,0,87]
[{"$nulls":3},2964,"R01_S",88,0,0,0,0,0,0,0,0,0,0,0,0,{"v":0.2,"d":"0"},{"v":0.2,"d":"0"},{"v":0.6,"d":"1"},{"v":0.6,"d":"1"},{"v":0.6,"d":"1"},{"v":0.4,"d":"0"},{"v":0.8,"d":"1"},{"v":0.6,"d":"1"},{"v":0.6,"d":"1"},{"v":0.6,"d":"1"},{"v":0.8,"d":"1"},{"v":0.4,"d":"0"},{"v":0.2,"d":"0"},{"v":0.6,"d":"1"},{"v":0.6,"d":"1"},{"v":0.6,"d":"1"},1,1,{"v":0.6,"d":"1"},{"v":0.6,"d":"1"},{"v":0.4,"d":"0"},0,0,88]
[{"$nulls":3},2965,"R01_S",89,0,0,0,0,0,0,0,0,0,0,0,0,0,0,0,0,0,0,0,{"v":0.2,"d":"0"},{"v":0.4,"d":"0"},{"v":0.4,"d":"0"},{"v":0.4,"d":"0"},{"v":0.6,"d":"1"},{"v":0.4,"d":"0"},{"v":0.2,"d":"0"},{"v":0.6,"d":"1"},{"v":0.6,"d":"1"},{"v":0.6,"d":"1"},{"v":0.6,"d":"1"},{"v":0.6,"d":"1"},{"v":0.2,"d":"0"},{"v":0.2,"d":"0"},0,0,89]
[{"$nulls":3},2966,"R01_S",90,0,0,0,0,0,0,0,0,0,0,0,0,0,0,0,0,0,0,0,0,{"v":0.2,"d":"0"},{"v":0.4,"d":"0"},{"v":0.4,"d":"0"},{"v":0.4,"d":"0"},{"v":0.6,"d":"1"},{"v":0.4,"d":"0"},{"v":0.2,"d":"0"},{"v":0.6,"d":"1"},{"v":0.6,"d":"1"},{"v":0.4,"d":"0"},{"v":0.4,"d":"0"},{"v":0.4,"d":"0"},0,0,0,{"$f":"F76","v":90}]
[{"$nulls":3},{"$f":"1+D76","v":2967},"R01_S","NUMB",{"$f":"OFFSET(INDIRECT($B$3&1),$D77-1,G$9)","v":65},{"$f":"OFFSET(INDIRECT($B$3&1),$D77-1,H$9)","v":65},65,65,65,65,65,65,65,65,65,65,65,65,65,65,65,65,65,65,65,65,65,65,65,65,65,65,65,65,65,65,65,65,65]
[{"$nulls":3},2968,"R01_S","SUM1",5559,7652,9862,10513,11178,11954,12700,13447,14035,14607,15118,15516,15869,16151,16369,16587,16902,17281,17814,18401,18967,19490,19903,20157,20266,20254,20105,20195,20404,20448,20517,20538,20217,19792,19356]
[{"$nulls":3},2969,"R01_S","SUM55",5042,6911,8870,9387,9917,10530,11120,11701,12142,12568,12935,13182,13373,13504,13559,13592,13694,13842,14064,14293,14462,14574,14587,14496,14305,14050,13726,13567,13500,13363,13262,13135,12806,12400,12018]
[{"$nulls":3},2970,"R01_S","SDEV",105.1,143.8,184.5,195.2,206.4,219.7,232.6,245.4,255.7,265.9,274.7,280.9,285.4,288.3,289.7,291.2,294.2,298.9,305.6,312.8,{"v":319,"d":"319.0"},324.3,327.7,328.6,{"v":327,"d":"327.0"},323.4,317.6,315.5,314.6,311.9,309.8,307.4,299.8,291.7,283.3]
[{"$nulls":3},2971,"R01_S","max_060",41.8,41.9,{"v":42,"d":"42.0"},42.2,42.4,42.6,42.9,43.1,43.4,43.7,{"v":44,"d":"44.0"},44.3,44.6,44.9,45.2,45.5,45.7,{"v":46,"d":"46.0"},46.3,46.6,46.8,47.1,47.4,47.6,47.8,47.9,{"v":48,"d":"48.0"},48.1,48.2,48.2,48.2,48.2,48.2,48.3,48.3]
[{"$nulls":3},2972,"R01_S","max_065",42.2,42.3,42.5,42.7,42.9,43.2,43.5,43.8,44.1,44.5,44.8,45.1,45.4,45.7,{"v":46,"d":"46.0"},46.3,46.5,46.8,47.1,47.4,47.7,48.1,48.4,48.7,{"v":49,"d":"49.0"},49.2,49.4,49.5,49.6,49.7,49.7,49.8,49.9,{"v":50,"d":"50.0"},{"v":50,"d":"50.0"}]
[{"$nulls":3},2973,"R01_S","max_070",42.4,42.5,42.6,42.9,43.1,43.4,43.8,44.1,44.5,44.8,45.1,45.5,45.9,46.1,46.5,46.7,{"v":47,"d":"47.0"},47.3,47.6,47.9,48.2,48.6,48.9,49.3,49.6,49.8,{"v":50,"d":"50.0"},50.3,50.4,50.6,50.7,50.8,50.9,{"v":51,"d":"51.0"},51.1]
[{"$nulls":3},2974,"R01_S","max_075",{"v":42.4,"d":"42"},{"v":42.5,"d":"43"},{"v":42.7,"d":"43"},{"v":42.9,"d":"43"},{"v":43.2,"d":"43"},{"v":43.5,"d":"44"},{"v":43.8,"d":"44"},{"v":44.2,"d":"44"},{"v":44.6,"d":"45"},{"v":44.9,"d":"45"},{"v":45.3,"d":"45"},{"v":45.6,"d":"46"},46,{"v":46.3,"d":"46"},{"v":46.6,"d":"47"},47,{"v":47.2,"d":"47"},{"v":47.5,"d":"48"},{"v":47.8,"d":"48"},{"v":48.1,"d":"48"},{"v":48.5,"d":"49"},{"v":48.9,"d":"49"},{"v":49.2,"d":"49"},{"v":49.5,"d":"50"},{"v":49.9,"d":"50"},{"v":50.1,"d":"50"},{"v":50.3,"d":"50"},{"v":50.6,"d":"51"},{"v":50.7,"d":"51"},{"v":50.9,"d":"51"},51,{"$f":"OFFSET(INDIRECT($B$3&1),$D84-1,AL$9)","v":{"v":51.2,"d":"51"}},{"v":51.3,"d":"51"},{"v":51.5,"d":"52"},{"v":51.7,"d":"52"}]
[]
[{"$nulls":5},">71",{"$f":"SUM(G58:G76)","v":{"v":6.4,"d":"6"}},{"$f":"SUM(H58:H76)","v":{"v":9.2,"d":"9"}},{"v":13.600000000000001,"d":"14"},{"v":18.2,"d":"18"},{"v":23.599999999999998,"d":"24"},{"v":29.199999999999996,"d":"29"},{"v":36.400000000000006,"d":"36"},{"v":43.2,"d":"43"},{"v":50.800000000000004,"d":"51"},{"v":59.400000000000006,"d":"59"},{"v":68.80000000000001,"d":"69"},80,{"v":94.79999999999998,"d":"95"},{"v":107.80000000000001,"d":"108"},{"v":120.99999999999997,"d":"121"},{"v":137.39999999999998,"d":"137"},{"v":149.99999999999994,"d":"150"},{"v":159.4,"d":"159"},{"v":173.00000000000003,"d":"173"},{"v":191.6,"d":"192"},{"v":209.99999999999997,"d":"210"},{"v":237.00000000000003,"d":"237"},{"v":266.99999999999994,"d":"267"},{"v":289.99999999999994,"d":"290"},{"v":312.3999999999999,"d":"312"},{"v":332.00000000000006,"d":"332"},{"v":338.0000000000001,"d":"338"},{"v":347.99999999999994,"d":"348"},{"v":364.8,"d":"365"},{"v":365.6,"d":"366"},{"v":372.79999999999995,"d":"373"},{"v":389.99999999999994,"d":"390"},{"v":414.39999999999986,"d":"414"},438,{"$f":"SUM(AO58:AO76)","v":499}]
["There is no signal in CC",{"$nulls":4},"%>71",{"$f":"G86/G78","v":{"v":1.1512862025544162E-3,"d":"0.1%"}},{"$f":"H86/H78","v":{"v":1.2023000522739151E-3,"d":"0.1%"}},{"v":1.3790306225917666E-3,"d":"0.1%"},{"v":0.001731189955293446,"d":"0.2%"},{"v":0.002111290033995348,"d":"0.2%"},{"v":2.442697005186548E-3,"d":"0.2%"},{"v":0.002866141732283465,"d":"0.3%"},{"v":3.2126124786197668E-3,"d":"0.3%"},{"v":0.003619522622016388,"d":"0.4%"},{"v":0.004066543438077635,"d":"0.4%"},{"v":0.004550866516735018,"d":"0.5%"},{"v":0.005155968032998196,"d":"0.5%"},{"v":0.005973911399584093,"d":"0.6%"},{"v":6.674509318308465E-3,"d":"0.7%"},{"v":0.007392021504062556,"d":"0.7%"},{"v":0.008283595586905406,"d":"0.8%"},{"v":0.00887468938587149,"d":"0.9%"},{"v":9.224003240553209E-3,"d":"0.9%"},{"v":0.009711462894352757,"d":"1.0%"},{"v":0.010412477582740068,"d":"1.0%"},{"v":0.011071861654452468,"d":"1.1%"},{"v":0.012160082093381222,"d":"1.2%"},{"v":0.013415063055820728,"d":"1.3%"},{"v":0.014387061566701392,"d":"1.4%"},{"v":0.015414980755945915,"d":"1.5%"},{"v":0.016391823837266714,"d":"1.6%"},{"v":0.016811738373538925,"d":"1.7%"},{"v":0.01723198811587026,"d":"1.7%"},{"v":0.01787884728484611,"d":"1.8%"},{"v":0.01787949921752739,"d":"1.8%"},{"v":0.018170297801822877,"d":"1.8%"},{"v":0.01898919076833187,"d":"1.9%"},{"v":0.02049760102883711,"d":"2.0%"},{"v":0.022130153597413098,"d":"2.2%"},{"v":0.0257801198594751,"d":"2.6%"}]
[{"$nulls":6},{"$f":"AVERAGE(G87:T87)","v":{"v":3.2955621007513193E-3,"d":"0.3%"}}]
[{"$nulls":3},"CC  R01_PI",null,null,{"$f":"CORREL(G12:G76,wPIC!G12:G76)","v":{"v":0.9766034686046597,"d":"0.98"}},{"$f":"CORREL(H12:H76,wPIC!H12:H76)","v":{"v":0.9775386484351526,"d":"0.98"}},{"$f":"CORREL(I12:I76,wPIC!I12:I76)","v":{"v":0.9783998018182759,"d":"0.98"}},{"$f":"CORREL(J12:J76,wPIC!J12:J76)","v":{"v":0.9780819545313624,"d":"0.98"}},{"$f":"CORREL(K12:K76,wPIC!K12:K76)","v":{"v":0.9779892562914769,"d":"0.98"}},{"$f":"CORREL(L12:L76,wPIC!L12:L76)","v":{"v":0.9770707509427138,"d":"0.98"}},{"$f":"CORREL(M12:M76,wPIC!M12:M76)","v":{"v":0.9756681777599638,"d":"0.98"}},{"$f":"CORREL(N12:N76,wPIC!N12:N76)","v":{"v":0.974182255310304,"d":"0.97"}},{"$f":"CORREL(O12:O76,wPIC!O12:O76)","v":{"v":0.9717512821901911,"d":"0.97"}},{"$f":"CORREL(P12:P76,wPIC!P12:P76)","v":{"v":0.9684691345085412,"d":"0.97"}},{"$f":"CORREL(Q12:Q76,wPIC!Q12:Q76)","v":{"v":0.9650212850685584,"d":"0.97"}},{"$f":"CORREL(R12:R76,wPIC!R12:R76)","v":{"v":0.9616758903471189,"d":"0.96"}},{"$f":"CORREL(S12:S76,wPIC!S12:S76)","v":{"v":0.9597674894948359,"d":"0.96"}},{"$f":"CORREL(T12:T76,wPIC!T12:T76)","v":{"v":0.9594962083263647,"d":"0.96"}},{"$f":"CORREL(U12:U76,wPIC!U12:U76)","v":{"v":0.9602455743600387,"d":"0.96"}},{"$f":"CORREL(V12:V76,wPIC!V12:V76)","v":{"v":0.9618529241971545,"d":"0.96"}},{"$f":"CORREL(W12:W76,wPIC!W12:W76)","v":{"v":0.9652309399982353,"d":"0.97"}},{"$f":"CORREL(X12:X76,wPIC!X12:X76)","v":{"v":0.9687087777775096,"d":"0.97"}},{"$f":"CORREL(Y12:Y76,wPIC!Y12:Y76)","v":{"v":0.9712564218983833,"d":"0.97"}},{"$f":"CORREL(Z12:Z76,wPIC!Z12:Z76)","v":{"v":0.9726493232037488,"d":"0.97"}},{"$f":"CORREL(AA12:AA76,wPIC!AA12:AA76)","v":{"v":0.972447510911466,"d":"0.97"}},{"$f":"CORREL(AB12:AB76,wPIC!AB12:AB76)","v":{"v":0.9704257347229531,"d":"0.97"}},{"$f":"CORREL(AC12:AC76,wPIC!AC12:AC76)","v":{"v":0.9670879695241901,"d":"0.97"}},{"$f":"CORREL(AD12:AD76,wPIC!AD12:AD76)","v":{"v":0.9624427686047942,"d":"0.96"}},{"$f":"CORREL(AE12:AE76,wPIC!AE12:AE76)","v":{"v":0.9565364645227885,"d":"0.96"}},{"$f":"CORREL(AF12:AF76,wPIC!AF12:AF76)","v":{"v":0.9499913467205423,"d":"0.95"}},{"$f":"CORREL(AG12:AG76,wPIC!AG12:AG76)","v":{"v":0.9422442077958608,"d":"0.94"}},{"$f":"CORREL(AH12:AH76,wPIC!AH12:AH76)","v":{"v":0.933420620074329,"d":"0.93"}},{"$f":"CORREL(AI12:AI76,wPIC!AI12:AI76)","v":{"v":0.924572873913106,"d":"0.92"}},{"$f":"CORREL(AJ12:AJ76,wPIC!AJ12:AJ76)","v":{"v":0.9175133497274829,"d":"0.92"}},{"$f":"CORREL(AK12:AK76,wPIC!AK12:AK76)","v":{"v":0.9097387315727516,"d":"0.91"}},{"$f":"CORREL(AL12:AL76,wPIC!AL12:AL76)","v":{"v":0.9030363266885107,"d":"0.90"}},{"$f":"CORREL(AM12:AM76,wPIC!AM12:AM76)","v":{"v":0.901785158634792,"d":"0.90"}},{"$f":"CORREL(AN12:AN76,wPIC!AN12:AN76)","v":{"v":0.8970439988614172,"d":"0.90"}},{"$f":"CORREL(AO12:AO76,wPIC!AO12:AO76)","v":{"v":0.905610076399245,"d":"0.91"}}]
[{"$nulls":3},"CC R01 PIB",null,null,{"$f":"CORREL(G12:G76,wPIB!G12:G76)","v":{"v":0.9744029087667515,"d":"0.97"}},{"$f":"CORREL(H12:H76,wPIB!H12:H76)","v":{"v":0.9736901569715856,"d":"0.97"}},{"$f":"CORREL(I12:I76,wPIB!I12:I76)","v":{"v":0.9706255963222298,"d":"0.97"}},{"$f":"CORREL(J12:J76,wPIB!J12:J76)","v":{"v":0.9681454372567889,"d":"0.97"}},{"$f":"CORREL(K12:K76,wPIB!K12:K76)","v":{"v":0.965035393166792,"d":"0.97"}},{"$f":"CORREL(L12:L76,wPIB!L12:L76)","v":{"v":0.9627220268704368,"d":"0.96"}},{"$f":"CORREL(M12:M76,wPIB!M12:M76)","v":{"v":0.960923074375705,"d":"0.96"}},{"$f":"CORREL(N12:N76,wPIB!N12:N76)","v":{"v":0.9607666680744789,"d":"0.96"}},{"$f":"CORREL(O12:O76,wPIB!O12:O76)","v":{"v":0.9603616480758382,"d":"0.96"}},{"$f":"CORREL(P12:P76,wPIB!P12:P76)","v":{"v":0.9599080580336203,"d":"0.96"}},{"$f":"CORREL(Q12:Q76,wPIB!Q12:Q76)","v":{"v":0.9602386607788621,"d":"0.96"}},{"$f":"CORREL(R12:R76,wPIB!R12:R76)","v":{"v":0.96209065107054,"d":"0.96"}},{"$f":"CORREL(S12:S76,wPIB!S12:S76)","v":{"v":0.9638127267563573,"d":"0.96"}},{"$f":"CORREL(T12:T76,wPIB!T12:T76)","v":{"v":0.9655105430643922,"d":"0.97"}},{"$f":"CORREL(U12:U76,wPIB!U12:U76)","v":{"v":0.9674474130250234,"d":"0.97"}},{"$f":"CORREL(V12:V76,wPIB!V12:V76)","v":{"v":0.9685297278045855,"d":"0.97"}},{"$f":"CORREL(W12:W76,wPIB!W12:W76)","v":{"v":0.9681825599889612,"d":"0.97"}},{"$f":"CORREL(X12:X76,wPIB!X12:X76)","v":{"v":0.9670352111894983,"d":"0.97"}},{"$f":"CORREL(Y12:Y76,wPIB!Y12:Y76)","v":{"v":0.9666734153241022,"d":"0.97"}},{"$f":"CORREL(Z12:Z76,wPIB!Z12:Z76)","v":{"v":0.9668267312147328,"d":"0.97"}},{"$f":"CORREL(AA12:AA76,wPIB!AA12:AA76)","v":{"v":0.9682221415688671,"d":"0.97"}},{"$f":"CORREL(AB12:AB76,wPIB!AB12:AB76)","v":{"v":0.9699382974782261,"d":"0.97"}},{"$f":"CORREL(AC12:AC76,wPIB!AC12:AC76)","v":{"v":0.9714586735875137,"d":"0.97"}},{"$f":"CORREL(AD12:AD76,wPIB!AD12:AD76)","v":{"v":0.9721615399659104,"d":"0.97"}},{"$f":"CORREL(AE12:AE76,wPIB!AE12:AE76)","v":{"v":0.9723492400737683,"d":"0.97"}},{"$f":"CORREL(AF12:AF76,wPIB!AF12:AF76)","v":{"v":0.9724744574483817,"d":"0.97"}},{"$f":"CORREL(AG12:AG76,wPIB!AG12:AG76)","v":{"v":0.9728625471120526,"d":"0.97"}},{"$f":"CORREL(AH12:AH76,wPIB!AH12:AH76)","v":{"v":0.9737715327259002,"d":"0.97"}},{"$f":"CORREL(AI12:AI76,wPIB!AI12:AI76)","v":{"v":0.9752687943782121,"d":"0.98"}},{"$f":"CORREL(AJ12:AJ76,wPIB!AJ12:AJ76)","v":{"v":0.9767342722907666,"d":"0.98"}},{"$f":"CORREL(AK12:AK76,wPIB!AK12:AK76)","v":{"v":0.9769201112741269,"d":"0.98"}},{"$f":"CORREL(AL12:AL76,wPIB!AL12:AL76)","v":{"v":0.9762470428319199,"d":"0.98"}},{"$f":"CORREL(AM12:AM76,wPIB!AM12:AM76)","v":{"v":0.9743909789635535,"d":"0.97"}},{"$f":"CORREL(AN12:AN76,wPIB!AN12:AN76)","v":{"v":0.9708419780145677,"d":"0.97"}},{"$f":"CORREL(AO12:AO76,wPIB!AO12:AO76)","v":{"v":0.9625774678468513,"d":"0.96"}}]
[{"$nulls":3},"CC PIB/PI",null,null,{"$f":"G90/G89","v":{"v":0.9977467212551965,"d":"1.00"}},{"$f":"H90/H89","v":{"v":0.9960630799920518,"d":"1.00"}},{"v":0.9920541628467234,"d":"0.99"},{"v":0.9898408132073816,"d":"0.99"},{"v":0.9867545956754108,"d":"0.99"},{"v":0.9853145495774663,"d":"0.99"},{"v":0.9848871740204624,"d":"0.98"},{"v":0.9862288733317649,"d":"0.99"},{"v":0.9882792702998218,"d":"0.99"},{"v":0.9911601968819943,"d":"0.99"},{"v":0.9950440219674983,"d":"1.00"},{"v":1.0004312895098904,"d":"1.00"},{"v":1.0042148096344152,"d":"1.00"},{"v":1.0062682214748073,"d":"1.01"},{"v":1.0074999967271752,"d":"1.01"},{"v":1.0069416055609584,"d":"1.01"},{"v":1.0030579417509464,"d":"1.00"},{"v":0.9982723738791229,"d":"1.00"},{"v":0.9952813629120482,"d":"1.00"},{"v":0.9940136780542475,"d":"0.99"},{"v":0.9956549126866102,"d":"1.00"},{"v":0.9994977078334942,"d":"1.00"},{"v":1.0045194482829458,"d":"1.00"},{"v":1.0100980252313652,"d":"1.01"},{"v":1.016531283581404,"d":"1.02"},{"v":1.0236666479178502,"d":"1.02"},{"v":1.03249512075836,"d":"1.03"},{"v":1.043229077849553,"d":"1.04"},{"v":1.0548317194842023,"d":"1.05"},{"v":1.0645450255093,"d":"1.06"},{"v":1.0738468940255324,"d":"1.07"},{"v":1.0810717287663025,"d":"1.08"},{"v":1.080513434528773,"d":"1.08"},{"v":1.082267959260437,"d":"1.08"},{"v":1.0629049885068769,"d":"1.06"}]
[{"$nulls":3},"CC PI PIB",null,null,{"$f":"CORREL(wPIC!G12:G76,wPIB!G12:G76)","v":{"v":0.9912401846941878,"d":"0.99"}},{"$f":"CORREL(wPIC!H12:H76,wPIB!H12:H76)","v":{"v":0.9874488811855922,"d":"0.99"}},{"$f":"CORREL(wPIC!I12:I76,wPIB!I12:I76)","v":{"v":0.9831002782480014,"d":"0.98"}},{"$f":"CORREL(wPIC!J12:J76,wPIB!J12:J76)","v":{"v":0.9789226901523033,"d":"0.98"}},{"$f":"CORREL(wPIC!K12:K76,wPIB!K12:K76)","v":{"v":0.9747035277076007,"d":"0.97"}},{"$f":"CORREL(wPIC!L12:L76,wPIB!L12:L76)","v":{"v":0.9699086907723558,"d":"0.97"}},{"$f":"CORREL(wPIC!M12:M76,wPIB!M12:M76)","v":{"v":0.9653988340859111,"d":"0.97"}},{"$f":"CORREL(wPIC!N12:N76,wPIB!N12:N76)","v":{"v":0.9616650008886682,"d":"0.96"}},{"$f":"CORREL(wPIC!O12:O76,wPIB!O12:O76)","v":{"v":0.9571657794010321,"d":"0.96"}},{"$f":"CORREL(wPIC!P12:P76,wPIB!P12:P76)","v":{"v":0.9522145543437461,"d":"0.95"}},{"$f":"CORREL(wPIC!Q12:Q76,wPIB!Q12:Q76)","v":{"v":0.947486924197544,"d":"0.95"}},{"$f":"CORREL(wPIC!R12:R76,wPIB!R12:R76)","v":{"v":0.9440383235783543,"d":"0.94"}},{"$f":"CORREL(wPIC!S12:S76,wPIB!S12:S76)","v":{"v":0.9411086776983374,"d":"0.94"}},{"$f":"CORREL(wPIC!T12:T76,wPIB!T12:T76)","v":{"v":0.9390666130547791,"d":"0.94"}},{"$f":"CORREL(wPIC!U12:U76,wPIB!U12:U76)","v":{"v":0.9380321392689542,"d":"0.94"}},{"$f":"CORREL(wPIC!V12:V76,wPIB!V12:V76)","v":{"v":0.9372332393007963,"d":"0.94"}},{"$f":"CORREL(wPIC!W12:W76,wPIB!W12:W76)","v":{"v":0.9362031845669803,"d":"0.94"}},{"$f":"CORREL(wPIC!X12:X76,wPIB!X12:X76)","v":{"v":0.9356756593475047,"d":"0.94"}},{"$f":"CORREL(wPIC!Y12:Y76,wPIB!Y12:Y76)","v":{"v":0.9367450421903267,"d":"0.94"}},{"$f":"CORREL(wPIC!Z12:Z76,wPIB!Z12:Z76)","v":{"v":0.9391930484441844,"d":"0.94"}},{"$f":"CORREL(wPIC!AA12:AA76,wPIB!AA12:AA76)","v":{"v":0.9417684783328995,"d":"0.94"}},{"$f":"CORREL(wPIC!AB12:AB76,wPIB!AB12:AB76)","v":{"v":0.94487981120673,"d":"0.94"}},{"$f":"CORREL(wPIC!AC12:AC76,wPIB!AC12:AC76)","v":{"v":0.948930404769039,"d":"0.95"}},{"$f":"CORREL(wPIC!AD12:AD76,wPIB!AD12:AD76)","v":{"v":0.9524016064092792,"d":"0.95"}},{"$f":"CORREL(wPIC!AE12:AE76,wPIB!AE12:AE76)","v":{"v":0.9539160487997425,"d":"0.95"}},{"$f":"CORREL(wPIC!AF12:AF76,wPIB!AF12:AF76)","v":{"v":0.9544645037029755,"d":"0.95"}},{"$f":"CORREL(wPIC!AG12:AG76,wPIB!AG12:AG76)","v":{"v":0.9535245730456766,"d":"0.95"}},{"$f":"CORREL(wPIC!AH12:AH76,wPIB!AH12:AH76)","v":{"v":0.9502166743735548,"d":"0.95"}},{"$f":"CORREL(wPIC!AI12:AI76,wPIB!AI12:AI76)","v":{"v":0.9446751411371744,"d":"0.94"}},{"$f":"CORREL(wPIC!AJ12:AJ76,wPIB!AJ12:AJ76)","v":{"v":0.9384235079525652,"d":"0.94"}},{"$f":"CORREL(wPIC!AK12:AK76,wPIB!AK12:AK76)","v":{"v":0.9310842057573382,"d":"0.93"}},{"$f":"CORREL(wPIC!AL12:AL76,wPIB!AL12:AL76)","v":{"v":0.9231439188260979,"d":"0.92"}},{"$f":"CORREL(wPIC!AM12:AM76,wPIB!AM12:AM76)","v":{"v":0.9165851427032956,"d":"0.92"}},{"$f":"CORREL(wPIC!AN12:AN76,wPIB!AN12:AN76)","v":{"v":0.9076839537487641,"d":"0.91"}},{"$f":"CORREL(wPIC!AO12:AO76,wPIB!AO12:AO76)","v":{"v":0.9011146068064887,"d":"0.90"}}]
[{"$nulls":3},"RO1-PIB/PI-PIB",null,null,{"$f":"G89/G92","v":{"v":0.9852339359163049,"d":"0.99"}},{"$f":"H89/H92","v":{"v":0.9899638017326621,"d":"0.99"}},{"v":0.9952187212904646,"d":"1.00"},{"v":0.9991411623927012,"d":"1.00"},{"v":1.0033710030696246,"d":"1.00"},{"v":1.007384262290355,"d":"1.01"},{"v":1.0106374104789304,"d":"1.01"},{"v":1.0130162316503861,"d":"1.01"},{"v":1.015238220069136,"d":"1.02"},{"v":1.0170702916592127,"d":"1.02"},{"v":1.0185061771547559,"d":"1.02"},{"v":1.0186831046243014,"d":"1.02"},{"v":1.0198264156294172,"d":"1.02"},{"v":1.0217552141536885,"d":"1.02"},{"v":1.0236808891307245,"d":"1.02"},{"v":1.0262684717784074,"d":"1.03"},{"v":1.031005828552785,"d":"1.03"},{"v":1.0353040266677884,"d":"1.04"},{"v":1.0368418066322092,"d":"1.04"},{"v":1.0356223620000022,"d":"1.04"},{"v":1.0325759815542712,"d":"1.03"},{"v":1.0270361618623196,"d":"1.03"},{"v":1.0191347696984907,"d":"1.02"},{"v":1.01054299166228,"d":"1.01"},{"v":1.0027470087397556,"d":"1.00"},{"v":0.99531343809531,"d":"1.00"},{"v":0.9881698221853005,"d":"0.99"},{"v":0.9823239743605858,"d":"0.98"},{"v":0.9787204443636891,"d":"0.98"},{"v":0.9777177808869006,"d":"0.98"},{"v":0.9770746039374342,"d":"0.98"},{"v":0.9782183560682968,"d":"0.98"},{"v":0.983853126808434,"d":"0.98"},{"v":0.9882779079178347,"d":"0.99"},{"v":1.0049887878398598,"d":"1.00"}]

{"sheet":"wPIC","index":8,"n_rows":88,"n_cols":42,"rows_kept":88}
["Title","Number of AAMC Clinical Science PIs  Smoothed"]
["Purpose","Use offset to get index of sheet D2 =OFFSET(INDIRECT($B$3&1),$B8-1+$B5,E$1-1)"]
["Data Source","d2!A"]
["Data Name","PI_C_S"]
["Start Row",{"$f":"VLOOKUP($B$4,'id2'!$A$9:$B$132,2,0)","v":2101}]
["Number Row",100]
["Column Number",0]
[]
[{"$nulls":4},1,{"$f":"1+E9","v":2},{"$f":"1+F9+14","v":17},{"$f":"1+G9","v":18},19,20,21,22,23,24,25,26,27,28,29,30,31,32,33,34,35,36,37,38,39,40,41,42,43,44,45,46,47,48,49,50,51]
[]
[{"$nulls":3},{"$f":"B5","v":2101},{"$f":"OFFSET(INDIRECT($B$3&1),$D11-1,E$9)","v":"PI_C_S"},{"$f":"OFFSET(INDIRECT($B$3&1),$D11-1,F$9)","v":"Age/Yea"},1980,1981,1982,1983,1984,1985,1986,1987,1988,1989,1990,1991,1992,1993,1994,1995,1996,1997,1998,1999,2000,2001,2002,2003,2004,2005,2006,2007,2008,2009,2010,2011,2012,2013,2014,"Age"]
[{"$nulls":3},{"$f":"1+D11","v":2102},{"$f":"OFFSET(INDIRECT($B$3&1),$D12-1,E$9)","v":"PI_C_S"},26,{"$f":"OFFSET(INDIRECT($B$3&1),$D12-1,G$9)","v":{"v":15.6,"d":"16"}},{"$f":"OFFSET(INDIRECT($B$3&1),$D12-1,H$9)","v":{"v":14.4,"d":"14"}},{"$f":"OFFSET(INDIRECT($B$3&1),$D12-1,I$9)","v":{"v":14.2,"d":"14"}},{"v":13.6,"d":"14"},{"v":13.4,"d":"13"},{"v":12.8,"d":"13"},{"v":13.4,"d":"13"},{"v":13.2,"d":"13"},{"v":14.2,"d":"14"},{"v":14.4,"d":"14"},14,{"v":12.6,"d":"13"},{"v":14.8,"d":"15"},{"v":14.2,"d":"14"},{"v":14.2,"d":"14"},16,{"v":17.2,"d":"17"},{"v":16.6,"d":"17"},{"v":15.8,"d":"16"},{"v":17.6,"d":"18"},{"v":18.4,"d":"18"},{"v":21.6,"d":"22"},{"v":21.8,"d":"22"},{"v":25.4,"d":"25"},28,27,{"$f":"OFFSET(INDIRECT($B$3&1),$D12-1,AG$9)","v":26},{"v":24.8,"d":"25"},{"v":20.2,"d":"20"},{"v":14.4,"d":"14"},12,{"v":8.6,"d":"9"},{"v":6.4,"d":"6"},{"v":5.7,"d":"6"},4,{"$f":"F12","v":26}]
[{"$nulls":3},{"$f":"1+D12","v":2103},"PI_C_S",27,{"$f":"OFFSET(INDIRECT($B$3&1),$D13-1,G$9)","v":40},{"$f":"OFFSET(INDIRECT($B$3&1),$D13-1,H$9)","v":{"v":37.6,"d":"38"}},{"$f":"OFFSET(INDIRECT($B$3&1),$D13-1,I$9)","v":{"v":34.6,"d":"35"}},{"v":33.6,"d":"34"},{"v":31.2,"d":"31"},{"v":28.8,"d":"29"},{"v":26.4,"d":"26"},{"v":25.4,"d":"25"},{"v":25.8,"d":"26"},{"v":26.6,"d":"27"},{"v":26.6,"d":"27"},{"v":25.4,"d":"25"},{"v":25.2,"d":"25"},25,23,{"v":23.4,"d":"23"},{"v":26.2,"d":"26"},{"v":27.6,"d":"28"},29,{"v":29.6,"d":"30"},33,{"v":34.8,"d":"35"},{"v":38.4,"d":"38"},{"v":38.8,"d":"39"},{"v":43.6,"d":"44"},{"v":45.6,"d":"46"},{"v":44.2,"d":"44"},42,{"v":40.6,"d":"41"},34,{"v":25.8,"d":"26"},{"v":21.8,"d":"22"},{"v":16.6,"d":"17"},{"v":11.3,"d":"11"},10,27]
[{"$nulls":3},2104,"PI_C_S",28,{"v":92.6,"d":"93"},{"v":89.6,"d":"90"},82,{"v":77.2,"d":"77"},{"v":73.4,"d":"73"},{"v":66.8,"d":"67"},62,57,{"v":53.2,"d":"53"},{"v":54.6,"d":"55"},55,{"v":54.2,"d":"54"},{"v":52.4,"d":"52"},{"v":52.4,"d":"52"},{"v":49.2,"d":"49"},{"v":46.4,"d":"46"},{"v":46.8,"d":"47"},52,{"v":51.6,"d":"52"},{"v":53.6,"d":"54"},56,60,{"v":61.2,"d":"61"},{"v":67.4,"d":"67"},{"v":68.6,"d":"69"},{"v":74.2,"d":"74"},{"v":77.2,"d":"77"},{"v":75.6,"d":"76"},{"v":70.8,"d":"71"},{"v":68.6,"d":"69"},{"v":60.4,"d":"60"},{"v":48.6,"d":"49"},{"v":40.8,"d":"41"},30,21,28]
[{"$nulls":3},2105,"PI_C_S",29,{"v":247.6,"d":"248"},{"v":244.4,"d":"244"},{"v":227.8,"d":"228"},{"v":210.4,"d":"210"},{"v":194.6,"d":"195"},{"v":182.8,"d":"183"},{"v":170.2,"d":"170"},{"v":158.2,"d":"158"},143,{"v":132.4,"d":"132"},{"v":132.2,"d":"132"},131,130,{"v":128.4,"d":"128"},128,{"v":124.4,"d":"124"},{"v":123.8,"d":"124"},{"v":124.2,"d":"124"},{"v":128.4,"d":"128"},{"v":127.8,"d":"128"},{"v":129.6,"d":"130"},129,{"v":133.8,"d":"134"},135,{"v":147.4,"d":"147"},{"v":155.8,"d":"156"},{"v":168.4,"d":"168"},{"v":173.6,"d":"174"},{"v":180.4,"d":"180"},{"v":172.6,"d":"173"},{"v":168.6,"d":"169"},159,{"v":137.8,"d":"138"},125,75,29]
[{"$nulls":3},2106,"PI_C_S",30,{"v":504.8,"d":"505"},{"v":490.4,"d":"490"},{"v":483.6,"d":"484"},{"v":459.8,"d":"460"},431,{"v":412.8,"d":"413"},{"v":394.8,"d":"395"},{"v":369.2,"d":"369"},{"v":355.6,"d":"356"},{"v":338.4,"d":"338"},{"v":323.2,"d":"323"},324,{"v":323.4,"d":"323"},{"v":318.4,"d":"318"},{"v":305.4,"d":"305"},{"v":295.2,"d":"295"},{"v":281.6,"d":"282"},{"v":277.6,"d":"278"},{"v":278.8,"d":"279"},282,281,{"v":284.8,"d":"285"},{"v":290.6,"d":"291"},296,{"v":313.4,"d":"313"},{"v":337.6,"d":"338"},{"v":353.6,"d":"354"},{"v":366.6,"d":"367"},{"v":380.4,"d":"380"},398,{"v":400.8,"d":"401"},402,{"v":372.2,"d":"372"},{"v":338.3,"d":"338"},233,30]
[{"$nulls":3},2107,"PI_C_S",31,{"v":893.6,"d":"894"},{"v":876.2,"d":"876"},{"v":852.4,"d":"852"},{"v":835.2,"d":"835"},{"v":807.2,"d":"807"},768,{"v":739.6,"d":"740"},{"v":714.2,"d":"714"},{"v":677.4,"d":"677"},{"v":651.2,"d":"651"},{"v":632.2,"d":"632"},{"v":617.6,"d":"618"},{"v":611.4,"d":"611"},{"v":606.2,"d":"606"},586,{"v":550.2,"d":"550"},{"v":521.6,"d":"522"},{"v":499.6,"d":"500"},{"v":488.6,"d":"489"},{"v":497.6,"d":"498"},{"v":509.8,"d":"510"},{"v":515.8,"d":"516"},{"v":534.4,"d":"534"},554,{"v":573.4,"d":"573"},{"v":612.6,"d":"613"},{"v":659.8,"d":"660"},{"v":686.8,"d":"687"},{"v":723.4,"d":"723"},756,{"v":780.4,"d":"780"},{"v":778.8,"d":"779"},{"v":736.8,"d":"737"},698,521,31]
[{"$nulls":3},2108,"PI_C_S",32,{"v":1271.2,"d":"1271"},{"v":1289.4,"d":"1289"},{"v":1274.6,"d":"1275"},{"v":1248.4,"d":"1248"},{"v":1235.4,"d":"1235"},{"v":1217.2,"d":"1217"},{"v":1197.8,"d":"1198"},{"v":1171.4,"d":"1171"},{"v":1131.2,"d":"1131"},1101,{"v":1069.2,"d":"1069"},{"v":1048.8,"d":"1049"},{"v":1032.4,"d":"1032"},{"v":1026.2,"d":"1026"},{"v":999.2,"d":"999"},{"v":960.8,"d":"961"},{"v":899.8,"d":"900"},{"v":849.2,"d":"849"},{"v":817.8,"d":"818"},804,{"v":826.8,"d":"827"},{"v":855.8,"d":"856"},{"v":871.2,"d":"871"},{"v":910.4,"d":"910"},{"v":958.6,"d":"959"},{"v":998.8,"d":"999"},{"v":1071.6,"d":"1072"},1151,{"v":1222.8,"d":"1223"},{"$f":"OFFSET(INDIRECT($B$3&1),$D18-1,AJ$9)","v":{"v":1289.4,"d":"1289"}},{"v":1330.6,"d":"1331"},{"v":1360.8,"d":"1361"},{"v":1301.4,"d":"1301"},{"v":1248.3,"d":"1248"},996,32]
[{"$nulls":3},2109,"PI_C_S",33,{"v":1528.2,"d":"1528"},{"v":1598.4,"d":"1598"},{"v":1622.4,"d":"1622"},{"v":1603.6,"d":"1604"},1574,{"v":1587.2,"d":"1587"},{"v":1591.6,"d":"1592"},{"v":1582.2,"d":"1582"},{"v":1580.4,"d":"1580"},{"v":1554.8,"d":"1555"},1533,{"v":1504.8,"d":"1505"},{"v":1483.6,"d":"1484"},1453,{"v":1441.2,"d":"1441"},{"v":1399.6,"d":"1400"},{"v":1351.4,"d":"1351"},{"v":1282.4,"d":"1282"},{"$f":"OFFSET(INDIRECT($B$3&1),$D19-1,Y$9)","v":1220},{"v":1193.4,"d":"1193"},{"v":1183.2,"d":"1183"},{"v":1217.8,"d":"1218"},{"v":1277.2,"d":"1277"},{"v":1325.4,"d":"1325"},{"v":1397.2,"d":"1397"},1482,{"v":1568.4,"d":"1568"},{"v":1656.6,"d":"1657"},{"v":1773.6,"d":"1774"},{"v":1867.6,"d":"1868"},{"v":1951.2,"d":"1951"},{"v":1993.4,"d":"1993"},{"v":1958.6,"d":"1959"},{"v":1926.7,"d":"1927"},1679,33]
[{"$nulls":3},2110,"PI_C_S",34,{"v":1706.8,"d":"1707"},{"v":1774.2,"d":"1774"},{"v":1834.8,"d":"1835"},{"v":1855.2,"d":"1855"},{"v":1843.6,"d":"1844"},{"v":1834.2,"d":"1834"},{"v":1867.2,"d":"1867"},{"v":1902.8,"d":"1903"},1919,{"v":1942.2,"d":"1942"},{"v":1939.2,"d":"1939"},1935,{"v":1908.6,"d":"1909"},{"v":1892.4,"d":"1892"},{"v":1847.4,"d":"1847"},{"v":1817.6,"d":"1818"},{"v":1752.6,"d":"1753"},{"v":1690.2,"d":"1690"},{"v":1609.2,"d":"1609"},1559,{"v":1547.8,"d":"1548"},{"v":1568.8,"d":"1569"},{"v":1635.4,"d":"1635"},{"v":1724.2,"d":"1724"},1796,{"v":1884.8,"d":"1885"},{"v":1994.4,"d":"1994"},{"v":2106.8,"d":"2107"},{"v":2233.4,"d":"2233"},{"v":2376.4,"d":"2376"},2503,{"v":2596.8,"d":"2597"},{"v":2578.2,"d":"2578"},{"v":2583.3,"d":"2583"},2331,34]
[{"$nulls":3},2111,"PI_C_S",35,{"v":1788.6,"d":"1789"},1848,{"v":1922.8,"d":"1923"},{"v":1985.6,"d":"1986"},{"v":2017.2,"d":"2017"},{"v":2035.6,"d":"2036"},2057,{"v":2110.4,"d":"2110"},2177,{"v":2214.6,"d":"2215"},{"v":2260.4,"d":"2260"},{"v":2271.4,"d":"2271"},{"v":2283.8,"d":"2284"},2264,{"v":2242.8,"d":"2243"},{"v":2182.2,"d":"2182"},2142,{"v":2068.4,"d":"2068"},{"v":1997.8,"d":"1998"},1929,{"v":1904.6,"d":"1905"},{"v":1905.4,"d":"1905"},{"v":1938.2,"d":"1938"},{"v":2035.8,"d":"2036"},2139,{"v":2229.6,"d":"2230"},{"v":2354.6,"d":"2355"},{"v":2491.4,"d":"2491"},{"v":2619.4,"d":"2619"},{"v":2791.2,"d":"2791"},{"v":2955.2,"d":"2955"},{"v":3073.4,"d":"3073"},{"v":3106.4,"d":"3106"},{"v":3124.7,"d":"3125"},2961,35]
[{"$nulls":3},2112,"PI_C_S",36,{"v":1796.6,"d":"1797"},{"v":1880.8,"d":"1881"},{"v":1941.2,"d":"1941"},{"v":2013.4,"d":"2013"},2088,{"v":2132.8,"d":"2133"},2172,{"v":2227.4,"d":"2227"},{"v":2297.6,"d":"2298"},{"v":2386.8,"d":"2387"},2451,{"v":2509.8,"d":"2510"},{"v":2533.4,"d":"2533"},2562,{"v":2542.2,"d":"2542"},{"v":2513.6,"d":"2514"},{"v":2452.4,"d":"2452"},{"v":2398.2,"d":"2398"},{"v":2327.2,"d":"2327"},2264,{"v":2208.6,"d":"2209"},{"v":2200.2,"d":"2200"},{"v":2230.2,"d":"2230"},{"v":2291.4,"d":"2291"},{"v":2411.2,"d":"2411"},{"v":2535.6,"d":"2536"},{"v":2642.8,"d":"2643"},{"v":2768.4,"d":"2768"},2924,3067,{"v":3247.4,"d":"3247"},{"v":3414.6,"d":"3415"},3485,{"v":3551.3,"d":"3551"},3375,36]
[{"$nulls":3},2113,"PI_C_S",37,{"v":1745.2,"d":"1745"},{"v":1840.6,"d":"1841"},{"v":1930.2,"d":"1930"},{"v":1994.4,"d":"1994"},2078,{"v":2167.4,"d":"2167"},{"v":2229.2,"d":"2229"},{"v":2289.8,"d":"2290"},{"v":2371.4,"d":"2371"},{"v":2464.2,"d":"2464"},2572,{"v":2655.6,"d":"2656"},{"v":2727.6,"d":"2728"},{"v":2751.4,"d":"2751"},{"v":2768.4,"d":"2768"},{"v":2733.6,"d":"2734"},{"v":2697.6,"d":"2698"},{"v":2633.2,"d":"2633"},{"v":2592.4,"d":"2592"},{"v":2543.8,"d":"2544"},{"v":2502.8,"d":"2503"},2479,{"v":2489.4,"d":"2489"},2538,2608,{"v":2754.6,"d":"2755"},{"v":2874.8,"d":"2875"},{"v":2973.4,"d":"2973"},{"v":3100.8,"d":"3101"},{"v":3276.6,"d":"3277"},{"v":3411.8,"d":"3412"},{"v":3594.6,"d":"3595"},{"v":3730.4,"d":"3730"},{"v":3846.7,"d":"3847"},3770,37]
[{"$nulls":3},2114,"PI_C_S",38,{"v":1701.2,"d":"1701"},{"v":1762.6,"d":"1763"},{"v":1860.6,"d":"1861"},{"v":1948.6,"d":"1949"},{"v":2019.2,"d":"2019"},{"v":2119.8,"d":"2120"},{"v":2227.8,"d":"2228"},{"v":2297.8,"d":"2298"},2376,{"v":2473.8,"d":"2474"},{"v":2587.2,"d":"2587"},{"v":2724.8,"d":"2725"},2824,2902,2921,{"v":2924.6,"d":"2925"},{"v":2873.4,"d":"2873"},2835,{"v":2770.8,"d":"2771"},2751,2733,{"v":2720.6,"d":"2721"},{"v":2721.6,"d":"2722"},{"v":2758.6,"d":"2759"},{"v":2812.8,"d":"2813"},{"v":2875.6,"d":"2876"},{"v":3022.2,"d":"3022"},{"v":3134.6,"d":"3135"},{"v":3237.4,"d":"3237"},{"v":3376.6,"d":"3377"},{"v":3564.4,"d":"3564"},{"v":3681.8,"d":"3682"},{"v":3826.8,"d":"3827"},4016,4034,38]
[{"$nulls":3},2115,"PI_C_S",39,{"v":1618.8,"d":"1619"},1704,{"v":1762.2,"d":"1762"},1860,{"v":1958.4,"d":"1958"},{"v":2037.6,"d":"2038"},2146,{"v":2267.2,"d":"2267"},{"v":2358.6,"d":"2359"},2453,{"v":2560.6,"d":"2561"},{"v":2704.4,"d":"2704"},{"v":2852.8,"d":"2853"},{"v":2945.8,"d":"2946"},3014,{"v":3029.4,"d":"3029"},{"v":3011.8,"d":"3012"},{"v":2961.2,"d":"2961"},{"v":2934.2,"d":"2934"},2883,{"v":2893.8,"d":"2894"},{"v":2907.4,"d":"2907"},{"v":2909.4,"d":"2909"},{"v":2930.8,"d":"2931"},{"v":2971.2,"d":"2971"},{"v":3024.6,"d":"3025"},{"v":3087.6,"d":"3088"},{"v":3230.8,"d":"3231"},3338,{"v":3449.6,"d":"3450"},3581,{"v":3744.2,"d":"3744"},{"v":3826.4,"d":"3826"},3999,3988,39]
[{"$nulls":3},2116,"PI_C_S",40,{"v":1527.4,"d":"1527"},{"v":1623.8,"d":"1624"},{"v":1710.6,"d":"1711"},{"v":1765.6,"d":"1766"},{"v":1864.8,"d":"1865"},{"v":1977.4,"d":"1977"},2069,{"v":2181.4,"d":"2181"},2313,2422,{"v":2516.4,"d":"2516"},{"v":2647.4,"d":"2647"},{"v":2805.2,"d":"2805"},{"v":2961.8,"d":"2962"},{"v":3056.8,"d":"3057"},{"v":3114.6,"d":"3115"},{"v":3107.8,"d":"3108"},{"v":3086.2,"d":"3086"},{"v":3039.8,"d":"3040"},{"v":3023.6,"d":"3024"},3005,{"v":3048.4,"d":"3048"},{"v":3082.6,"d":"3083"},{"v":3100.4,"d":"3100"},{"v":3114.2,"d":"3114"},{"v":3142.8,"d":"3143"},{"v":3183.8,"d":"3184"},{"v":3242.6,"d":"3243"},{"v":3381.2,"d":"3381"},{"v":3495.2,"d":"3495"},{"v":3607.8,"d":"3608"},{"v":3720.4,"d":"3720"},{"v":3836.6,"d":"3837"},3921,4088,40]
[{"$nulls":3},2117,"PI_C_S",41,{"v":1413.6,"d":"1414"},{"v":1515.6,"d":"1516"},{"v":1616.2,"d":"1616"},{"v":1699.6,"d":"1700"},{"v":1750.2,"d":"1750"},1850,1980,{"v":2073.6,"d":"2074"},2189,{"v":2335.6,"d":"2336"},{"v":2454.6,"d":"2455"},{"v":2568.8,"d":"2569"},{"v":2719.4,"d":"2719"},{"v":2886.4,"d":"2886"},{"v":3037.6,"d":"3038"},{"v":3126.6,"d":"3127"},3163,{"v":3143.4,"d":"3143"},{"v":3118.8,"d":"3119"},{"v":3087.2,"d":"3087"},{"v":3085.8,"d":"3086"},{"v":3090.4,"d":"3090"},{"v":3156.4,"d":"3156"},{"v":3218.6,"d":"3219"},{"v":3243.8,"d":"3244"},{"v":3251.8,"d":"3252"},3262,3285,{"v":3340.8,"d":"3341"},{"v":3488.2,"d":"3488"},{"v":3617.4,"d":"3617"},3732,{"v":3819.6,"d":"3820"},{"v":3831.3,"d":"3831"},3873,41]
[{"$nulls":3},2118,"PI_C_S",42,{"v":1341.8,"d":"1342"},{"v":1402.6,"d":"1403"},{"v":1504.6,"d":"1505"},1603,{"v":1685.2,"d":"1685"},{"v":1739.2,"d":"1739"},{"v":1849.6,"d":"1850"},{"v":1981.2,"d":"1981"},{"v":2085.8,"d":"2086"},{"v":2211.2,"d":"2211"},{"v":2358.6,"d":"2359"},{"v":2488.2,"d":"2488"},{"v":2614.2,"d":"2614"},{"v":2764.8,"d":"2765"},{"v":2933.6,"d":"2934"},{"v":3085.2,"d":"3085"},3160,{"v":3190.8,"d":"3191"},{"v":3177.4,"d":"3177"},{"v":3158.8,"d":"3159"},{"v":3147.4,"d":"3147"},{"v":3168.4,"d":"3168"},{"v":3191.4,"d":"3191"},3270,{"v":3325.8,"d":"3326"},{"v":3334.8,"d":"3335"},{"v":3330.4,"d":"3330"},{"v":3325.4,"d":"3325"},3341,3428,{"v":3575.4,"d":"3575"},{"v":3691.4,"d":"3691"},{"v":3787.4,"d":"3787"},3845,3773,42]
[{"$nulls":3},2119,"PI_C_S",43,1277,{"v":1328.8,"d":"1329"},1388,{"v":1486.8,"d":"1487"},{"v":1579.8,"d":"1580"},{"v":1661.2,"d":"1661"},{"v":1722.8,"d":"1723"},{"v":1841.4,"d":"1841"},{"v":1977.4,"d":"1977"},{"v":2089.6,"d":"2090"},2222,2378,{"v":2514.2,"d":"2514"},2646,{"v":2791.2,"d":"2791"},{"v":2956.6,"d":"2957"},{"v":3101.6,"d":"3102"},{"v":3177.6,"d":"3178"},{"v":3205.2,"d":"3205"},3211,3204,{"v":3208.6,"d":"3209"},3228,{"v":3266.4,"d":"3266"},{"v":3344.4,"d":"3344"},{"v":3385.6,"d":"3386"},{"v":3384.2,"d":"3384"},{"v":3371.8,"d":"3372"},{"v":3367.4,"d":"3367"},{"v":3390.8,"d":"3391"},{"v":3484.8,"d":"3485"},{"v":3620.2,"d":"3620"},3716,3844,3714,43]
[{"$nulls":3},2120,"PI_C_S",44,{"v":1226.6,"d":"1227"},{"v":1266.4,"d":"1266"},{"v":1309.4,"d":"1309"},{"v":1368.6,"d":"1369"},{"v":1466.6,"d":"1467"},{"v":1562.2,"d":"1562"},{"v":1651.6,"d":"1652"},1725,{"v":1845.6,"d":"1846"},{"v":1984.2,"d":"1984"},{"v":2093.8,"d":"2094"},{"v":2239.2,"d":"2239"},2409,{"v":2543.2,"d":"2543"},2678,{"v":2823.2,"d":"2823"},{"v":2971.6,"d":"2972"},{"v":3095.6,"d":"3096"},{"v":3180.6,"d":"3181"},{"v":3213.2,"d":"3213"},3236,{"v":3257.6,"d":"3258"},{"v":3277.8,"d":"3278"},{"v":3306.6,"d":"3307"},{"v":3336.6,"d":"3337"},3400,{"v":3415.4,"d":"3415"},{"v":3409.2,"d":"3409"},{"v":3382.2,"d":"3382"},{"v":3399.4,"d":"3399"},{"v":3426.4,"d":"3426"},{"v":3512.6,"d":"3513"},{"v":3619.8,"d":"3620"},{"v":3782.3,"d":"3782"},3829,44]
[{"$nulls":3},2121,"PI_C_S",45,{"v":1145.6,"d":"1146"},{"v":1220.8,"d":"1221"},{"v":1254.6,"d":"1255"},1290,{"v":1351.4,"d":"1351"},{"v":1453.2,"d":"1453"},{"v":1554.8,"d":"1555"},{"v":1653.6,"d":"1654"},{"v":1737.4,"d":"1737"},{"v":1862.4,"d":"1862"},1998,{"v":2111.6,"d":"2112"},{"v":2268.6,"d":"2269"},{"v":2435.4,"d":"2435"},2564,2698,{"v":2831.2,"d":"2831"},2970,{"v":3093.4,"d":"3093"},{"v":3193.6,"d":"3194"},{"v":3238.4,"d":"3238"},{"v":3282.6,"d":"3283"},3312,{"v":3339.2,"d":"3339"},{"v":3354.2,"d":"3354"},{"v":3375.4,"d":"3375"},{"v":3423.6,"d":"3424"},{"v":3430.8,"d":"3431"},{"v":3424.2,"d":"3424"},{"v":3417.8,"d":"3418"},{"v":3432.8,"d":"3433"},{"v":3465.8,"d":"3466"},{"v":3534.2,"d":"3534"},{"v":3660.7,"d":"3661"},3769,45]
[{"$nulls":3},2122,"PI_C_S",46,{"v":1094.6,"d":"1095"},{"v":1135.4,"d":"1135"},1208,{"v":1236.4,"d":"1236"},{"v":1274.8,"d":"1275"},1337,{"v":1446.2,"d":"1446"},{"v":1552.2,"d":"1552"},1655,{"v":1737.4,"d":"1737"},{"v":1863.6,"d":"1864"},{"v":2005.8,"d":"2006"},{"v":2126.2,"d":"2126"},{"v":2283.4,"d":"2283"},2455,{"v":2582.6,"d":"2583"},{"v":2708.6,"d":"2709"},{"v":2838.2,"d":"2838"},{"v":2979.4,"d":"2979"},{"v":3102.8,"d":"3103"},{"v":3212.4,"d":"3212"},{"v":3272.4,"d":"3272"},3324,{"v":3361.4,"d":"3361"},{"v":3373.8,"d":"3374"},3371,{"v":3374.2,"d":"3374"},{"v":3404.4,"d":"3404"},{"v":3402.2,"d":"3402"},{"v":3427.2,"d":"3427"},{"v":3429.6,"d":"3430"},{"v":3435.6,"d":"3436"},{"v":3458.8,"d":"3459"},{"v":3474.3,"d":"3474"},3627,46]
[{"$nulls":3},2123,"PI_C_S",47,{"v":1048.8,"d":"1049"},{"v":1076.8,"d":"1077"},{"v":1113.6,"d":"1114"},{"v":1181.4,"d":"1181"},{"v":1212.4,"d":"1212"},{"v":1254.6,"d":"1255"},{"v":1322.2,"d":"1322"},1436,{"v":1549.8,"d":"1550"},1658,{"v":1739.2,"d":"1739"},{"v":1868.4,"d":"1868"},{"$f":"OFFSET(INDIRECT($B$3&1),$D33-1,S$9)","v":{"v":2012.2,"d":"2012"}},{"v":2132.6,"d":"2133"},{"v":2288.6,"d":"2289"},{"v":2454.8,"d":"2455"},{"v":2573.2,"d":"2573"},2695,{"v":2822.8,"d":"2823"},2970,3107,{"v":3235.6,"d":"3236"},{"v":3304.4,"d":"3304"},{"v":3366.2,"d":"3366"},3384,{"v":3384.4,"d":"3384"},{"v":3364.6,"d":"3365"},{"v":3363.8,"d":"3364"},{"v":3391.8,"d":"3392"},{"v":3414.4,"d":"3414"},{"v":3441.8,"d":"3442"},{"v":3444.2,"d":"3444"},{"v":3429.4,"d":"3429"},{"v":3367.7,"d":"3368"},3356,47]
[{"$nulls":3},2124,"PI_C_S",48,{"v":1018.2,"d":"1018"},1042,{"v":1069.6,"d":"1070"},{"v":1107.8,"d":"1108"},{"v":1172.2,"d":"1172"},{"v":1201.2,"d":"1201"},{"v":1248.2,"d":"1248"},{"v":1316.8,"d":"1317"},{"v":1430.8,"d":"1431"},{"v":1543.2,"d":"1543"},{"v":1650.8,"d":"1651"},{"v":1735.8,"d":"1736"},{"v":1872.4,"d":"1872"},{"v":2009.2,"d":"2009"},{"v":2129.8,"d":"2130"},{"v":2283.6,"d":"2284"},{"v":2443.8,"d":"2444"},{"v":2554.8,"d":"2555"},{"v":2678.8,"d":"2679"},2817,{"v":2969.4,"d":"2969"},{"v":3119.8,"d":"3120"},{"v":3251.6,"d":"3252"},{"v":3324.4,"d":"3324"},{"v":3370.8,"d":"3371"},{"v":3375.4,"d":"3375"},3360,{"v":3334.4,"d":"3334"},3333,{"v":3380.2,"d":"3380"},{"v":3418.6,"d":"3419"},3441,{"v":3437.8,"d":"3438"},{"v":3388.3,"d":"3388"},3269,48]
[{"$nulls":3},2125,"PI_C_S",49,{"v":980.6,"d":"981"},{"v":1012.2,"d":"1012"},{"v":1032.4,"d":"1032"},{"v":1058.8,"d":"1059"},{"v":1094.2,"d":"1094"},1162,{"v":1190.4,"d":"1190"},{"v":1238.6,"d":"1239"},{"v":1307.2,"d":"1307"},{"v":1424.4,"d":"1424"},{"v":1533.8,"d":"1534"},{"v":1645.8,"d":"1646"},1737,{"v":1871.4,"d":"1871"},{"v":2005.6,"d":"2006"},{"v":2129.6,"d":"2130"},{"v":2280.2,"d":"2280"},2436,{"v":2551.2,"d":"2551"},{"v":2683.8,"d":"2684"},{"v":2825.4,"d":"2825"},2978,{"v":3133.8,"d":"3134"},{"v":3269.4,"d":"3269"},{"v":3329.8,"d":"3330"},{"v":3364.6,"d":"3365"},{"v":3361.4,"d":"3361"},{"v":3335.8,"d":"3336"},3310,{"v":3322.6,"d":"3323"},{"v":3372.6,"d":"3373"},{"v":3405.8,"d":"3406"},{"v":3417.8,"d":"3418"},{"v":3440.7,"d":"3441"},3305,49]
[{"$nulls":3},2126,"PI_C_S",50,{"v":961.4,"d":"961"},973,{"v":1004.2,"d":"1004"},{"v":1023.8,"d":"1024"},{"v":1049.6,"d":"1050"},{"v":1082.4,"d":"1082"},{"v":1151.4,"d":"1151"},1178,{"v":1223.6,"d":"1224"},{"v":1294.6,"d":"1295"},1413,{"v":1519.6,"d":"1520"},{"v":1639.6,"d":"1640"},{"v":1732.2,"d":"1732"},{"v":1861.6,"d":"1862"},{"v":1993.8,"d":"1994"},{"v":2117.8,"d":"2118"},2265,{"v":2421.8,"d":"2422"},{"v":2547.6,"d":"2548"},{"v":2685.6,"d":"2686"},{"v":2835.2,"d":"2835"},{"v":2986.4,"d":"2986"},{"v":3139.6,"d":"3140"},{"v":3263.2,"d":"3263"},{"v":3313.4,"d":"3313"},{"v":3340.4,"d":"3340"},{"v":3330.2,"d":"3330"},3309,{"v":3306.6,"d":"3307"},{"v":3321.6,"d":"3322"},{"v":3369.8,"d":"3370"},3394,3441,3369,50]
[{"$nulls":3},2127,"PI_C_S",51,{"v":913.4,"d":"913"},{"v":945.8,"d":"946"},{"v":958.8,"d":"959"},{"v":988.4,"d":"988"},{"v":1007.4,"d":"1007"},{"v":1036.2,"d":"1036"},{"v":1076.2,"d":"1076"},{"v":1143.2,"d":"1143"},{"v":1170.6,"d":"1171"},{"v":1218.4,"d":"1218"},{"v":1288.6,"d":"1289"},{"v":1404.8,"d":"1405"},1517,{"v":1637.6,"d":"1638"},{"v":1729.2,"d":"1729"},1859,1990,{"v":2110.4,"d":"2110"},{"v":2253.4,"d":"2253"},{"v":2418.8,"d":"2419"},{"v":2547.2,"d":"2547"},{"v":2686.8,"d":"2687"},{"v":2838.6,"d":"2839"},{"v":2997.6,"d":"2998"},3127,{"v":3240.2,"d":"3240"},{"v":3284.6,"d":"3285"},{"v":3313.8,"d":"3314"},{"v":3301.4,"d":"3301"},3311,{"v":3307.2,"d":"3307"},{"v":3317.4,"d":"3317"},{"v":3349.4,"d":"3349"},{"v":3387.7,"d":"3388"},3463,51]
[{"$nulls":3},2128,"PI_C_S",52,856,{"v":900.2,"d":"900"},{"v":934.2,"d":"934"},{"v":948.6,"d":"949"},{"v":975.8,"d":"976"},{"v":997.6,"d":"998"},{"v":1027.8,"d":"1028"},{"v":1067.4,"d":"1067"},{"v":1131.8,"d":"1132"},1159,{"v":1203.6,"d":"1204"},{"v":1275.4,"d":"1275"},{"v":1394.6,"d":"1395"},{"v":1503.8,"d":"1504"},{"v":1623.8,"d":"1624"},{"v":1718.2,"d":"1718"},{"v":1849.2,"d":"1849"},{"v":1975.8,"d":"1976"},{"v":2101.2,"d":"2101"},2244,2407,{"v":2537.2,"d":"2537"},{"v":2676.4,"d":"2676"},{"v":2826.4,"d":"2826"},{"v":2972.2,"d":"2972"},{"v":3097.4,"d":"3097"},3200,{"v":3242.8,"d":"3243"},3271,3294,{"v":3298.2,"d":"3298"},{"v":3288.6,"d":"3289"},{"v":3290.4,"d":"3290"},{"v":3275.7,"d":"3276"},3296,52]
[{"$nulls":3},2129,"PI_C_S",53,{"v":784.8,"d":"785"},{"v":843.4,"d":"843"},{"v":888.6,"d":"889"},{"v":921.8,"d":"922"},{"v":935.8,"d":"936"},{"v":965.2,"d":"965"},{"v":990.6,"d":"991"},1018,{"v":1057.2,"d":"1057"},{"v":1123.6,"d":"1124"},{"v":1149.6,"d":"1150"},{"v":1197.8,"d":"1198"},{"v":1275.2,"d":"1275"},1391,{"v":1497.8,"d":"1498"},{"v":1617.2,"d":"1617"},1707,{"v":1835.4,"d":"1835"},1965,{"v":2092.8,"d":"2093"},{"v":2240.6,"d":"2241"},{"v":2414.6,"d":"2415"},{"v":2543.8,"d":"2544"},2687,{"v":2823.4,"d":"2823"},{"v":2952.2,"d":"2952"},3060,3158,3197,3245,3274,{"v":3284.2,"d":"3284"},{"v":3265.6,"d":"3266"},{"v":3246.3,"d":"3246"},3196,53]
[{"$nulls":3},2130,"PI_C_S",54,{"v":737.6,"d":"738"},{"v":776.2,"d":"776"},{"v":833.2,"d":"833"},{"v":876.8,"d":"877"},{"v":910.4,"d":"910"},{"v":922.2,"d":"922"},{"v":954.2,"d":"954"},{"v":975.6,"d":"976"},{"v":1005.4,"d":"1005"},{"v":1043.2,"d":"1043"},{"v":1109.4,"d":"1109"},{"v":1139.8,"d":"1140"},{"v":1194.2,"d":"1194"},1264,{"v":1377.2,"d":"1377"},1483,{"v":1594.6,"d":"1595"},{"v":1684.2,"d":"1684"},{"v":1816.8,"d":"1817"},{"v":1949.2,"d":"1949"},{"v":2077.6,"d":"2078"},{"v":2233.8,"d":"2234"},{"v":2409.8,"d":"2410"},{"v":2541.4,"d":"2541"},2672,{"v":2803.2,"d":"2803"},{"v":2919.4,"d":"2919"},3019,{"v":3112.6,"d":"3113"},{"v":3177.6,"d":"3178"},{"v":3220.8,"d":"3221"},{"v":3246.6,"d":"3247"},{"v":3248.6,"d":"3249"},{"v":3216.7,"d":"3217"},3177,54]
[{"$nulls":3},2131,"PI_C_S",55,699,{"v":727.6,"d":"728"},{"v":765.2,"d":"765"},{"v":820.2,"d":"820"},864,{"v":901.8,"d":"902"},{"v":915.8,"d":"916"},{"v":949.6,"d":"950"},{"v":972.2,"d":"972"},{"v":999.6,"d":"1000"},{"v":1037.2,"d":"1037"},{"v":1107.2,"d":"1107"},{"v":1140.2,"d":"1140"},1191,{"v":1264.8,"d":"1265"},{"v":1372.8,"d":"1373"},{"v":1469.2,"d":"1469"},{"v":1574.8,"d":"1575"},{"v":1665.8,"d":"1666"},{"v":1798.8,"d":"1799"},{"v":1930.8,"d":"1931"},{"v":2066.2,"d":"2066"},2224,{"v":2402.4,"d":"2402"},{"v":2526.4,"d":"2526"},{"v":2651.4,"d":"2651"},{"v":2775.2,"d":"2775"},2892,2990,3098,3163,{"v":3201.4,"d":"3201"},{"v":3210.4,"d":"3210"},3201,3139,55]
[{"$nulls":3},2132,"PI_C_S",56,669,{"v":689.6,"d":"690"},720,{"v":754.2,"d":"754"},{"v":807.6,"d":"808"},851,{"v":892.6,"d":"893"},905,{"v":938.4,"d":"938"},{"v":961.4,"d":"961"},989,1023,{"v":1094.6,"d":"1095"},{"v":1123.8,"d":"1124"},{"v":1173.2,"d":"1173"},{"v":1245.6,"d":"1246"},{"v":1351.8,"d":"1352"},{"v":1445.8,"d":"1446"},{"v":1552.2,"d":"1552"},{"v":1644.8,"d":"1645"},{"v":1775.4,"d":"1775"},{"v":1908.6,"d":"1909"},{"v":2051.2,"d":"2051"},{"v":2211.8,"d":"2212"},{"v":2377.6,"d":"2378"},{"v":2488.8,"d":"2489"},{"v":2609.6,"d":"2610"},{"v":2722.4,"d":"2722"},{"v":2835.2,"d":"2835"},{"v":2953.2,"d":"2953"},{"v":3068.4,"d":"3068"},{"v":3128.4,"d":"3128"},{"v":3155.8,"d":"3156"},{"v":3181.7,"d":"3182"},3093,56]
[{"$nulls":3},2133,"PI_C_S",57,{"v":632.8,"d":"633"},658,{"v":680.4,"d":"680"},{"v":709.4,"d":"709"},{"v":742.2,"d":"742"},794,839,{"v":875.4,"d":"875"},{"v":889.6,"d":"890"},925,{"v":948.6,"d":"949"},{"v":976.8,"d":"977"},{"v":1017.8,"d":"1018"},{"v":1086.8,"d":"1087"},{"v":1112.6,"d":"1113"},{"v":1158.8,"d":"1159"},{"v":1225.8,"d":"1226"},{"v":1322.2,"d":"1322"},{"v":1419.4,"d":"1419"},{"v":1529.4,"d":"1529"},1622,{"v":1757.6,"d":"1758"},{"v":1899.8,"d":"1900"},{"v":2036.4,"d":"2036"},{"v":2186.4,"d":"2186"},{"v":2344.6,"d":"2345"},2446,2558,{"v":2672.4,"d":"2672"},{"v":2798.6,"d":"2799"},{"v":2921.8,"d":"2922"},{"v":3033.2,"d":"3033"},{"v":3083.8,"d":"3084"},3142,3128,57]
[{"$nulls":3},2134,{"$f":"OFFSET(INDIRECT($B$3&1),$D44-1,E$9)","v":"PI_C_S"},58,{"v":595.8,"d":"596"},{"v":622.4,"d":"622"},{"v":648.4,"d":"648"},{"v":670.4,"d":"670"},{"v":697.2,"d":"697"},731,{"v":785.8,"d":"786"},{"v":828.2,"d":"828"},{"v":864.8,"d":"865"},{"v":877.8,"d":"878"},{"v":910.6,"d":"911"},{"v":934.6,"d":"935"},{"v":964.4,"d":"964"},1001,{"v":1066.6,"d":"1067"},{"v":1090.4,"d":"1090"},{"v":1132.2,"d":"1132"},1195,{"v":1293.4,"d":"1293"},{"v":1395.2,"d":"1395"},{"v":1508.4,"d":"1508"},{"v":1604.8,"d":"1605"},1746,{"v":1891.6,"d":"1892"},{"v":2016.2,"d":"2016"},2150,{"v":2302.6,"d":"2303"},{"v":2399.4,"d":"2399"},{"v":2510.6,"d":"2511"},2641,{"v":2773.8,"d":"2774"},{"v":2889.4,"d":"2889"},{"v":2989.2,"d":"2989"},{"v":3048.3,"d":"3048"},3080,58]
[{"$nulls":3},2135,"PI_C_S",59,{"v":529.6,"d":"530"},{"v":586.6,"d":"587"},{"v":613.6,"d":"614"},{"v":638.6,"d":"639"},{"v":658.8,"d":"659"},{"v":686.4,"d":"686"},{"v":721.4,"d":"721"},{"v":774.8,"d":"775"},814,{"v":849.2,"d":"849"},{"v":858.6,"d":"859"},{"v":893.2,"d":"893"},{"v":920.2,"d":"920"},{"v":947.2,"d":"947"},{"v":983.2,"d":"983"},{"v":1048.8,"d":"1049"},1065,1104,{"v":1167.8,"d":"1168"},{"v":1265.6,"d":"1266"},{"v":1370.8,"d":"1371"},{"v":1487.2,"d":"1487"},1588,{"v":1729.4,"d":"1729"},1870,{"v":1983.2,"d":"1983"},{"v":2107.2,"d":"2107"},{"v":2253.8,"d":"2254"},{"v":2349.2,"d":"2349"},{"v":2474.8,"d":"2475"},{"v":2611.4,"d":"2611"},{"v":2744.6,"d":"2745"},2847,{"$f":"OFFSET(INDIRECT($B$3&1),$D45-1,AN$9)","v":{"v":2934.3,"d":"2934"}},2970,59]
[{"$nulls":3},2136,"PI_C_S",60,{"v":464.4,"d":"464"},{"v":517.8,"d":"518"},{"v":574.8,"d":"575"},{"v":600.6,"d":"601"},{"v":623.2,"d":"623"},{"v":645.4,"d":"645"},{"v":675.2,"d":"675"},{"v":708.8,"d":"709"},{"v":763.4,"d":"763"},804,{"v":834.2,"d":"834"},{"v":843.4,"d":"843"},{"v":877.4,"d":"877"},{"v":898.6,"d":"899"},{"$f":"OFFSET(INDIRECT($B$3&1),$D46-1,U$9)","v":{"v":924.4,"d":"924"}},964,{"v":1027.6,"d":"1028"},{"v":1044.2,"d":"1044"},{"v":1087.8,"d":"1088"},{"v":1148.6,"d":"1149"},{"v":1241.2,"d":"1241"},{"v":1346.2,"d":"1346"},1461,{"v":1558.8,"d":"1559"},{"v":1691.2,"d":"1691"},{"v":1823.8,"d":"1824"},{"v":1928.2,"d":"1928"},2049,{"v":2193.8,"d":"2194"},{"v":2305.4,"d":"2305"},2436,{"v":2573.6,"d":"2574"},{"v":2699.4,"d":"2699"},{"v":2844.3,"d":"2844"},2859,60]
[{"$nulls":3},2137,"PI_C_S",61,{"v":405.6,"d":"406"},{"v":455.2,"d":"455"},506,{"v":559.6,"d":"560"},{"v":584.8,"d":"585"},{"v":604.6,"d":"605"},{"v":625.8,"d":"626"},{"v":655.6,"d":"656"},{"v":691.2,"d":"691"},743,{"v":781.2,"d":"781"},811,820,{"v":845.4,"d":"845"},{"v":866.8,"d":"867"},895,{"v":932.6,"d":"933"},{"v":990.6,"d":"991"},1012,{"v":1050.2,"d":"1050"},{"v":1107.6,"d":"1108"},{"v":1206.8,"d":"1207"},{"v":1314.4,"d":"1314"},{"v":1429.2,"d":"1429"},{"v":1522.4,"d":"1522"},{"v":1650.6,"d":"1651"},{"v":1772.2,"d":"1772"},{"v":1874.6,"d":"1875"},{"v":1993.4,"d":"1993"},{"v":2150.6,"d":"2151"},{"v":2257.4,"d":"2257"},{"v":2380.8,"d":"2381"},{"v":2508.2,"d":"2508"},{"v":2646.7,"d":"2647"},2744,61]
[{"$nulls":3},2138,"PI_C_S",62,{"v":343.4,"d":"343"},{"v":394.2,"d":"394"},{"v":440.8,"d":"441"},{"v":488.8,"d":"489"},{"v":541.8,"d":"542"},{"v":567.8,"d":"568"},{"v":588.4,"d":"588"},611,{"v":639.6,"d":"640"},{"v":674.8,"d":"675"},724,{"v":761.6,"d":"762"},{"v":790.2,"d":"790"},{"v":797.2,"d":"797"},{"v":822.4,"d":"822"},{"v":843.6,"d":"844"},{"v":869.8,"d":"870"},{"v":902.8,"d":"903"},958,972,1006,1068,{"v":1171.4,"d":"1171"},1284,{"v":1396.4,"d":"1396"},{"v":1485.6,"d":"1486"},{"v":1598.8,"d":"1599"},{"v":1714.4,"d":"1714"},{"v":1809.4,"d":"1809"},{"v":1941.2,"d":"1941"},{"v":2102.4,"d":"2102"},{"v":2208.6,"d":"2209"},{"v":2324.8,"d":"2325"},{"v":2463.3,"d":"2463"},2652,62]
[{"$nulls":3},2139,"PI_C_S",63,{"v":293.8,"d":"294"},{"v":330.4,"d":"330"},{"v":381.2,"d":"381"},{"v":423.8,"d":"424"},{"v":467.4,"d":"467"},{"v":517.8,"d":"518"},545,{"v":561.6,"d":"562"},{"v":584.4,"d":"584"},{"v":614.4,"d":"614"},{"v":647.4,"d":"647"},{"v":690.6,"d":"691"},{"v":730.2,"d":"730"},{"v":752.2,"d":"752"},{"v":756.4,"d":"756"},{"v":782.4,"d":"782"},{"v":804.2,"d":"804"},{"v":827.4,"d":"827"},{"v":865.4,"d":"865"},{"v":922.8,"d":"923"},{"v":936.6,"d":"937"},{"v":974.4,"d":"974"},{"v":1037.4,"d":"1037"},1140,{"v":1244.2,"d":"1244"},{"v":1345.6,"d":"1346"},{"v":1422.4,"d":"1422"},{"v":1529.8,"d":"1530"},{"v":1642.2,"d":"1642"},{"v":1749.6,"d":"1750"},{"v":1885.4,"d":"1885"},2051,{"v":2151.6,"d":"2152"},{"v":2232.7,"d":"2233"},2281,63]
[{"$nulls":3},2140,"PI_C_S",64,{"v":268.2,"d":"268"},{"v":277.6,"d":"278"},{"v":313.6,"d":"314"},{"v":360.8,"d":"361"},{"v":400.2,"d":"400"},{"v":444.2,"d":"444"},{"v":493.8,"d":"494"},{"v":518.2,"d":"518"},{"v":533.6,"d":"534"},{"v":557.2,"d":"557"},{"v":582.8,"d":"583"},{"v":612.4,"d":"612"},{"v":652.6,"d":"653"},{"v":687.8,"d":"688"},{"v":710.6,"d":"711"},{"v":714.2,"d":"714"},{"v":735.8,"d":"736"},{"v":754.6,"d":"755"},779,{"v":814.6,"d":"815"},{"v":871.8,"d":"872"},{"v":890.6,"d":"891"},{"v":933.6,"d":"934"},{"v":1000.6,"d":"1001"},{"v":1092.4,"d":"1092"},{"v":1187.8,"d":"1188"},{"v":1282.4,"d":"1282"},{"v":1353.8,"d":"1354"},{"v":1455.2,"d":"1455"},{"v":1578.8,"d":"1579"},{"v":1688.8,"d":"1689"},{"v":1819.2,"d":"1819"},{"v":1971.2,"d":"1971"},{"v":2053.7,"d":"2054"},2176,64]
[{"$nulls":3},2141,"PI_C_S",65,{"v":243.2,"d":"243"},{"v":259.4,"d":"259"},{"v":267.4,"d":"267"},{"v":299.4,"d":"299"},{"v":346.2,"d":"346"},{"v":384.4,"d":"384"},427,{"v":473.2,"d":"473"},{"v":495.6,"d":"496"},{"v":509.2,"d":"509"},{"v":528.6,"d":"529"},{"v":550.2,"d":"550"},{"v":578.6,"d":"579"},{"v":614.6,"d":"615"},{"v":650.4,"d":"650"},{"v":675.2,"d":"675"},{"v":677.8,"d":"678"},{"v":697.8,"d":"698"},{"v":716.8,"d":"717"},{"v":736.6,"d":"737"},{"v":770.4,"d":"770"},{"v":828.8,"d":"829"},{"v":849.6,"d":"850"},{"v":895.8,"d":"896"},{"v":957.6,"d":"958"},{"v":1038.2,"d":"1038"},{"v":1120.2,"d":"1120"},{"v":1209.4,"d":"1209"},{"v":1275.6,"d":"1276"},{"v":1384.2,"d":"1384"},1516,{"v":1622.8,"d":"1623"},{"v":1745.4,"d":"1745"},{"v":1898.7,"d":"1899"},1918,65]
[{"$nulls":3},2142,"PI_C_S",66,191,{"v":211.4,"d":"211"},{"v":227.2,"d":"227"},{"v":234.8,"d":"235"},{"v":262.6,"d":"263"},{"v":303.4,"d":"303"},{"v":342.4,"d":"342"},381,421,446,460,478,500,{"v":522.8,"d":"523"},556,{"v":590.4,"d":"590"},{"v":610.2,"d":"610"},{"v":611.4,"d":"611"},{"v":634.2,"d":"634"},{"v":651.6,"d":"652"},{"v":675.8,"d":"676"},715,{"v":774.2,"d":"774"},799,841,{"v":894.4,"d":"894"},{"v":966.2,"d":"966"},{"v":1042.6,"d":"1043"},{"v":1128.8,"d":"1129"},{"v":1199.8,"d":"1200"},{"v":1311.4,"d":"1311"},{"v":1437.2,"d":"1437"},{"v":1534.8,"d":"1535"},{"v":1714.3,"d":"1714"},1737,66]
[{"$nulls":3},2143,"PI_C_S",67,{"v":153.4,"d":"153"},{"v":169.2,"d":"169"},{"v":188.2,"d":"188"},{"v":202.2,"d":"202"},{"v":207.4,"d":"207"},231,{"v":269.8,"d":"270"},{"v":306.4,"d":"306"},{"v":340.4,"d":"340"},{"v":377.8,"d":"378"},{"v":401.8,"d":"402"},{"v":413.6,"d":"414"},{"v":430.6,"d":"431"},{"v":448.6,"d":"449"},{"v":467.2,"d":"467"},{"v":496.2,"d":"496"},{"v":525.8,"d":"526"},{"v":542.8,"d":"543"},{"v":548.8,"d":"549"},{"v":572.6,"d":"573"},592,{"v":621.6,"d":"622"},{"v":663.2,"d":"663"},{"v":722.2,"d":"722"},{"v":738.6,"d":"739"},{"v":773.8,"d":"774"},{"v":815.6,"d":"816"},{"v":878.8,"d":"879"},{"v":949.2,"d":"949"},{"v":1045.6,"d":"1046"},1118,{"v":1232.4,"d":"1232"},1348,1458,1657,67]
[{"$nulls":3},2144,"PI_C_S",68,{"v":121.4,"d":"121"},{"v":134.6,"d":"135"},{"v":151.2,"d":"151"},{"v":169.8,"d":"170"},182,{"v":189.2,"d":"189"},{"v":211.8,"d":"212"},{"v":245.2,"d":"245"},{"v":279.2,"d":"279"},310,339,{"v":361.2,"d":"361"},{"v":373.2,"d":"373"},387,{"v":402.6,"d":"403"},422,446,{"v":466.8,"d":"467"},{"v":484.6,"d":"485"},{"v":491.4,"d":"491"},517,541,{"v":577.2,"d":"577"},{"v":618.8,"d":"619"},673,{"v":681.8,"d":"682"},{"v":706.4,"d":"706"},740,797,{"v":871.4,"d":"871"},{"v":967.6,"d":"968"},1040,{"v":1151.6,"d":"1152"},1211,1416,68]
[{"$nulls":3},2145,"PI_C_S",69,87,105,{"v":118.2,"d":"118"},{"v":134.6,"d":"135"},{"v":153.2,"d":"153"},165,{"v":172.2,"d":"172"},{"v":195.4,"d":"195"},{"v":226.6,"d":"227"},255,{"v":279.6,"d":"280"},{"v":308.8,"d":"309"},{"v":328.8,"d":"329"},{"v":333.4,"d":"333"},{"v":347.6,"d":"348"},{"v":365.8,"d":"366"},{"v":377.8,"d":"378"},{"v":397.4,"d":"397"},{"v":421.2,"d":"421"},438,{"v":446.6,"d":"447"},{"v":477.2,"d":"477"},{"v":501.8,"d":"502"},{"v":538.8,"d":"539"},{"v":575.2,"d":"575"},{"v":616.4,"d":"616"},622,640,{"v":671.6,"d":"672"},{"v":731.8,"d":"732"},809,{"v":897.4,"d":"897"},{"v":967.6,"d":"968"},{"v":1026.3,"d":"1026"},1018,69]
[{"$nulls":3},2146,"PI_C_S",70,63,{"v":75.6,"d":"76"},{"v":92.4,"d":"92"},{"v":105.6,"d":"106"},121,138,{"v":148.2,"d":"148"},154,{"v":175.6,"d":"176"},{"v":203.2,"d":"203"},{"v":224.4,"d":"224"},{"v":248.6,"d":"249"},{"v":277.2,"d":"277"},{"v":290.4,"d":"290"},{"v":293.6,"d":"294"},{"v":310.4,"d":"310"},324,{"v":331.8,"d":"332"},356,{"v":378.2,"d":"378"},{"v":393.2,"d":"393"},{"v":407.6,"d":"408"},{"v":441.8,"d":"442"},{"v":465.2,"d":"465"},{"v":500.4,"d":"500"},{"v":526.6,"d":"527"},{"v":561.8,"d":"562"},566,{"v":583.4,"d":"583"},616,{"v":679.2,"d":"679"},{"v":748.4,"d":"748"},{"v":826.8,"d":"827"},{"v":917.7,"d":"918"},935,70]
[{"$nulls":3},2147,"PI_C_S",71,{"v":42.6,"d":"43"},{"v":46.2,"d":"46"},{"v":54.4,"d":"54"},{"v":67.6,"d":"68"},{"v":75.2,"d":"75"},{"v":87.4,"d":"87"},{"v":102.6,"d":"103"},{"v":112.4,"d":"112"},{"v":116.4,"d":"116"},{"v":133.8,"d":"134"},152,{"v":167.4,"d":"167"},{"v":183.4,"d":"183"},209,{"v":225.4,"d":"225"},{"v":238.4,"d":"238"},{"v":256.8,"d":"257"},{"v":277.6,"d":"278"},{"v":289.4,"d":"289"},{"v":312.6,"d":"313"},{"v":336.8,"d":"337"},{"v":356.4,"d":"356"},{"v":371.4,"d":"371"},{"v":404.4,"d":"404"},{"v":422.6,"d":"423"},445,{"v":466.4,"d":"466"},496,{"v":502.4,"d":"502"},{"v":525.4,"d":"525"},{"v":561.4,"d":"561"},{"v":621.6,"d":"622"},{"v":684.4,"d":"684"},778,857,71]
[{"$nulls":3},2148,"PI_C_S",72,{"v":27.8,"d":"28"},{"v":31.8,"d":"32"},35,{"v":39.8,"d":"40"},{"v":47.4,"d":"47"},{"v":51.2,"d":"51"},{"v":59.8,"d":"60"},{"v":67.6,"d":"68"},{"v":76.2,"d":"76"},{"v":81.4,"d":"81"},{"v":94.4,"d":"94"},111,{"v":128.2,"d":"128"},{"v":140.2,"d":"140"},{"v":165.4,"d":"165"},{"v":186.4,"d":"186"},{"v":200.2,"d":"200"},{"v":218.6,"d":"219"},{"v":243.4,"d":"243"},{"v":255.8,"d":"256"},{"v":279.4,"d":"279"},{"v":304.2,"d":"304"},326,341,{"v":370.2,"d":"370"},{"v":379.2,"d":"379"},{"v":398.8,"d":"399"},{"v":415.6,"d":"416"},{"v":443.8,"d":"444"},{"v":454.4,"d":"454"},{"v":480.8,"d":"481"},{"v":512.6,"d":"513"},{"v":567.2,"d":"567"},{"v":617.3,"d":"617"},720,72]
[{"$nulls":3},2149,"PI_C_S",73,{"v":19.4,"d":"19"},{"v":22.4,"d":"22"},{"v":26.4,"d":"26"},{"v":29.2,"d":"29"},33,{"v":40.4,"d":"40"},{"v":44.8,"d":"45"},52,{"v":57.8,"d":"58"},67,{"v":70.2,"d":"70"},{"v":80.4,"d":"80"},{"v":96.4,"d":"96"},{"$f":"OFFSET(INDIRECT($B$3&1),$D59-1,T$9)","v":111},123,146,{"v":164.2,"d":"164"},177,196,{"v":215.8,"d":"216"},{"v":229.8,"d":"230"},{"v":257.6,"d":"258"},{"v":280.8,"d":"281"},{"v":301.4,"d":"301"},313,{"v":332.4,"d":"332"},334,{"v":348.6,"d":"349"},{"v":361.8,"d":"362"},395,{"v":411.6,"d":"412"},{"v":438.2,"d":"438"},{"v":469.8,"d":"470"},{"v":491.7,"d":"492"},557,73]
[{"$nulls":3},2150,{"$f":"OFFSET(INDIRECT($B$3&1),$D60-1,E$9)","v":"PI_C_S"},74,12,{"v":15.6,"d":"16"},{"v":18.6,"d":"19"},{"v":22.8,"d":"23"},26,29,{"v":35.2,"d":"35"},{"v":39.2,"d":"39"},{"v":45.8,"d":"46"},51,58,{"v":62.4,"d":"62"},{"v":72.2,"d":"72"},{"v":85.4,"d":"85"},{"v":100.4,"d":"100"},{"v":114.8,"d":"115"},{"v":133.8,"d":"134"},{"v":152.6,"d":"153"},{"v":166.2,"d":"166"},{"v":182.6,"d":"183"},{"v":200.6,"d":"201"},216,{"v":239.4,"d":"239"},{"v":261.2,"d":"261"},{"v":277.8,"d":"278"},{"v":283.6,"d":"284"},{"v":297.6,"d":"298"},{"$f":"OFFSET(INDIRECT($B$3&1),$D60-1,AH$9)","v":296},{"v":307.2,"d":"307"},325,{"v":358.4,"d":"358"},375,404,{"v":424.7,"d":"425"},443,74]
[{"$nulls":3},2151,"PI_C_S",75,{"v":7.6,"d":"8"},{"v":10.6,"d":"11"},14,{"v":16.4,"d":"16"},{"v":20.6,"d":"21"},{"v":23.6,"d":"24"},{"v":26.6,"d":"27"},{"v":31.2,"d":"31"},{"v":34.8,"d":"35"},41,{"v":44.2,"d":"44"},{"v":50.2,"d":"50"},{"v":55.4,"d":"55"},{"v":63.8,"d":"64"},{"v":75.6,"d":"76"},{"v":90.8,"d":"91"},{"v":103.8,"d":"104"},{"v":121.6,"d":"122"},{"v":140.2,"d":"140"},{"v":152.6,"d":"153"},{"v":167.8,"d":"168"},{"v":186.6,"d":"187"},{"v":200.2,"d":"200"},{"v":219.4,"d":"219"},236,{"v":245.2,"d":"245"},{"v":244.8,"d":"245"},{"v":255.8,"d":"256"},{"v":257.2,"d":"257"},{"v":271.4,"d":"271"},{"v":293.6,"d":"294"},{"v":327.6,"d":"328"},{"v":344.4,"d":"344"},{"v":370.7,"d":"371"},368,75]
[{"$nulls":3},2152,"PI_C_S",76,{"v":4.4,"d":"4"},{"v":6.2,"d":"6"},{"v":8.6,"d":"9"},{"v":11.6,"d":"12"},{"v":13.8,"d":"14"},{"v":17.8,"d":"18"},{"v":21.2,"d":"21"},{"v":23.8,"d":"24"},27,{"v":31.2,"d":"31"},36,{"v":37.4,"d":"37"},44,48,{"v":55.8,"d":"56"},{"v":66.6,"d":"67"},{"v":80.4,"d":"80"},92,{"v":109.4,"d":"109"},126,{"v":137.8,"d":"138"},{"v":151.8,"d":"152"},{"v":169.8,"d":"170"},{"v":183.6,"d":"184"},{"v":196.6,"d":"197"},{"v":206.4,"d":"206"},{"v":214.8,"d":"215"},{"v":212.6,"d":"213"},{"v":221.4,"d":"221"},228,{"v":243.8,"d":"244"},265,299,326,367,76]
[{"$nulls":3},2153,"PI_C_S",77,{"v":4.6,"d":"5"},{"v":3.6,"d":"4"},{"v":5.4,"d":"5"},{"v":7.6,"d":"8"},{"v":10.6,"d":"11"},{"v":12.4,"d":"12"},{"v":16.4,"d":"16"},{"v":18.2,"d":"18"},{"v":20.4,"d":"20"},{"v":22.6,"d":"23"},{"v":25.8,"d":"26"},{"v":30.2,"d":"30"},33,{"v":39.4,"d":"39"},{"v":43.6,"d":"44"},{"v":51.2,"d":"51"},60,73,{"v":83.8,"d":"84"},{"v":98.6,"d":"99"},{"v":114.2,"d":"114"},126,{"v":138.4,"d":"138"},{"v":153.8,"d":"154"},{"v":166.2,"d":"166"},{"v":172.6,"d":"173"},{"v":178.8,"d":"179"},{"v":184.4,"d":"184"},{"v":181.8,"d":"182"},{"v":190.8,"d":"191"},{"v":203.2,"d":"203"},{"v":218.6,"d":"219"},{"v":238.8,"d":"239"},262,289,77]
[{"$nulls":3},2154,"PI_C_S",78,{"v":3.4,"d":"3"},4,{"v":2.8,"d":"3"},{"v":4.6,"d":"5"},{"v":6.8,"d":"7"},9,{"v":11.2,"d":"11"},{"v":14.4,"d":"14"},{"v":15.8,"d":"16"},{"v":17.2,"d":"17"},{"v":18.8,"d":"19"},{"v":20.6,"d":"21"},{"v":25.2,"d":"25"},28,{"v":33.4,"d":"33"},{"v":38.2,"d":"38"},{"v":46.2,"d":"46"},{"v":53.2,"d":"53"},{"v":65.8,"d":"66"},76,{"v":89.2,"d":"89"},{"v":103.6,"d":"104"},{"v":116.2,"d":"116"},{"v":124.8,"d":"125"},{"v":137.6,"d":"138"},{"v":145.4,"d":"145"},{"v":149.4,"d":"149"},{"v":152.2,"d":"152"},{"v":160.4,"d":"160"},159,{"v":169.4,"d":"169"},{"v":180.4,"d":"180"},{"v":196.8,"d":"197"},{"v":217.3,"d":"217"},235,78]
[{"$nulls":3},2155,"PI_C_S",79,{"v":2.8,"d":"3"},{"v":2.6,"d":"3"},3,{"v":1.8,"d":"2"},{"v":3.6,"d":"4"},{"v":5.8,"d":"6"},{"v":8.2,"d":"8"},{"v":10.6,"d":"11"},{"v":13.8,"d":"14"},{"v":14.8,"d":"15"},{"v":15.4,"d":"15"},{"v":16.6,"d":"17"},{"v":18.2,"d":"18"},{"v":20.8,"d":"21"},{"v":23.2,"d":"23"},28,{"v":32.8,"d":"33"},{"v":40.4,"d":"40"},{"v":47.6,"d":"48"},{"v":59.2,"d":"59"},{"v":68.6,"d":"69"},{"v":80.4,"d":"80"},92,{"v":104.8,"d":"105"},{"v":111.4,"d":"111"},{"v":119.6,"d":"120"},125,{"v":127.6,"d":"128"},{"v":130.4,"d":"130"},{"v":139.2,"d":"139"},{"v":140.6,"d":"141"},{"v":151.4,"d":"151"},{"v":163.2,"d":"163"},{"v":170.3,"d":"170"},191,79]
[{"$nulls":3},2156,"PI_C_S",80,{"v":2.8,"d":"3"},{"v":2.4,"d":"2"},{"v":2.2,"d":"2"},{"v":2.6,"d":"3"},{"v":1.4,"d":"1"},{"v":2.8,"d":"3"},5,{"v":7.2,"d":"7"},{"v":9.2,"d":"9"},{"v":12.2,"d":"12"},{"v":12.6,"d":"13"},{"v":13.2,"d":"13"},{"v":14.6,"d":"15"},{"v":14.6,"d":"15"},{"v":16.8,"d":"17"},{"v":19.8,"d":"20"},{"v":23.4,"d":"23"},{"v":26.8,"d":"27"},{"v":35.6,"d":"36"},{"v":42.2,"d":"42"},{"v":51.2,"d":"51"},{"v":60.6,"d":"61"},{"v":71.2,"d":"71"},{"v":80.6,"d":"81"},92,{"v":97.4,"d":"97"},{"v":102.8,"d":"103"},{"v":107.8,"d":"108"},{"v":111.8,"d":"112"},{"v":114.6,"d":"115"},{"v":124.4,"d":"124"},{"v":128.6,"d":"129"},{"v":139.2,"d":"139"},147,169,80]
[{"$nulls":3},2157,"PI_C_S",81,{"v":3.2,"d":"3"},{"v":2.4,"d":"2"},2,{"v":2.2,"d":"2"},{"v":2.4,"d":"2"},{"v":1.4,"d":"1"},{"v":2.8,"d":"3"},5,{"v":6.8,"d":"7"},9,{"v":11.6,"d":"12"},{"v":11.4,"d":"11"},{"v":11.8,"d":"12"},{"v":12.8,"d":"13"},{"v":12.6,"d":"13"},{"v":14.6,"d":"15"},{"v":17.4,"d":"17"},{"v":20.6,"d":"21"},{"v":23.8,"d":"24"},{"v":30.4,"d":"30"},{"v":37.6,"d":"38"},{"v":46.2,"d":"46"},{"v":54.4,"d":"54"},{"v":64.2,"d":"64"},{"v":73.2,"d":"73"},{"v":80.2,"d":"80"},{"v":82.8,"d":"83"},{"v":86.4,"d":"86"},90,94,{"v":98.2,"d":"98"},{"v":109.8,"d":"110"},{"v":114.6,"d":"115"},{"v":120.7,"d":"121"},112,81]
[{"$nulls":3},2158,"PI_C_S",82,{"v":1.8,"d":"2"},{"v":2.4,"d":"2"},{"v":1.6,"d":"2"},{"v":1.2,"d":"1"},{"v":1.2,"d":"1"},{"v":1.4,"d":"1"},1,{"v":2.2,"d":"2"},{"v":4.4,"d":"4"},{"v":6.6,"d":"7"},8,{"v":10.2,"d":"10"},10,{"v":10.2,"d":"10"},11,{"v":11.6,"d":"12"},{"v":13.6,"d":"14"},16,19,21,{"v":26.6,"d":"27"},{"v":33.2,"d":"33"},41,48,{"v":56.8,"d":"57"},63,{"v":65.8,"d":"66"},{"v":67.6,"d":"68"},{"v":69.8,"d":"70"},{"v":74.6,"d":"75"},{"v":79.8,"d":"80"},{"v":87.2,"d":"87"},{"v":99.4,"d":"99"},{"v":109.7,"d":"110"},126,82]
[{"$nulls":3},2159,"PI_C_S",83,{"v":1.8,"d":"2"},{"v":1.8,"d":"2"},{"v":2.4,"d":"2"},{"v":1.6,"d":"2"},{"v":1.2,"d":"1"},{"v":1.2,"d":"1"},{"v":1.4,"d":"1"},1,{"v":2.2,"d":"2"},{"v":4.4,"d":"4"},{"v":5.8,"d":"6"},7,9,{"v":8.8,"d":"9"},{"v":8.8,"d":"9"},10,{"v":10.6,"d":"11"},{"v":12.2,"d":"12"},{"v":14.6,"d":"15"},{"v":17.2,"d":"17"},19,{"v":24.2,"d":"24"},{"v":29.2,"d":"29"},{"v":35.8,"d":"36"},{"v":41.4,"d":"41"},48,{"v":51.6,"d":"52"},55,{"v":56.8,"d":"57"},{"v":60.2,"d":"60"},{"v":66.4,"d":"66"},{"v":72.6,"d":"73"},{"v":78.2,"d":"78"},{"v":87.7,"d":"88"},89,83]
[{"$nulls":3},2160,"PI_C_S",84,{"v":0.8,"d":"1"},1,{"v":0.8,"d":"1"},{"v":1.2,"d":"1"},{"v":0.6,"d":"1"},{"v":0.8,"d":"1"},1,{"v":1.4,"d":"1"},1,{"v":2.2,"d":"2"},4,{"v":5.4,"d":"5"},{"v":6.6,"d":"7"},{"v":8.8,"d":"9"},{"v":8.6,"d":"9"},{"v":8.8,"d":"9"},{"v":9.6,"d":"10"},{"v":10.2,"d":"10"},{"v":11.2,"d":"11"},13,{"v":15.6,"d":"16"},17,{"v":21.4,"d":"21"},{"v":25.6,"d":"26"},{"v":30.4,"d":"30"},{"v":33.8,"d":"34"},{"v":39.2,"d":"39"},{"v":43.2,"d":"43"},{"v":46.6,"d":"47"},{"v":49.8,"d":"50"},{"v":53.6,"d":"54"},{"v":60.4,"d":"60"},65,{"v":72.3,"d":"72"},76,84]
[{"$nulls":3},2161,"PI_C_S",85,{"v":0.6,"d":"1"},{"v":0.6,"d":"1"},{"v":0.8,"d":"1"},{"v":0.8,"d":"1"},{"v":1.2,"d":"1"},{"v":0.8,"d":"1"},1,{"v":1.2,"d":"1"},{"v":1.4,"d":"1"},1,2,{"v":3.6,"d":"4"},5,6,{"v":7.8,"d":"8"},{"v":7.6,"d":"8"},8,{"v":8.6,"d":"9"},{"v":9.4,"d":"9"},{"v":10.4,"d":"10"},{"v":11.8,"d":"12"},{"v":13.8,"d":"14"},{"v":15.2,"d":"15"},{"v":19.2,"d":"19"},23,{"v":25.8,"d":"26"},{"v":27.4,"d":"27"},{"v":31.2,"d":"31"},{"v":33.6,"d":"34"},{"v":36.2,"d":"36"},40,{"v":44.4,"d":"44"},{"v":51.8,"d":"52"},{"v":56.7,"d":"57"},75,85]
[{"$nulls":3},2162,"PI_C_S",86,0,{"v":0.2,"d":"0"},{"v":0.2,"d":"0"},{"v":0.4,"d":"0"},{"v":0.6,"d":"1"},{"v":0.8,"d":"1"},{"v":0.6,"d":"1"},{"v":0.8,"d":"1"},1,{"v":1.2,"d":"1"},1,2,{"v":3.6,"d":"4"},5,6,{"v":7.6,"d":"8"},{"v":7.2,"d":"7"},{"v":7.6,"d":"8"},8,{"v":8.8,"d":"9"},{"v":9.8,"d":"10"},11,{"v":12.8,"d":"13"},14,{"v":17.2,"d":"17"},{"v":19.8,"d":"20"},{"v":22.4,"d":"22"},23,{"v":25.6,"d":"26"},{"v":26.6,"d":"27"},{"v":29.2,"d":"29"},{"v":31.4,"d":"31"},{"v":35.6,"d":"36"},{"v":38.7,"d":"39"},44,86]
[{"$nulls":3},2163,"PI_C_S",87,0,0,{"v":0.2,"d":"0"},{"v":0.2,"d":"0"},{"v":0.4,"d":"0"},{"v":0.6,"d":"1"},{"v":0.6,"d":"1"},{"v":0.4,"d":"0"},{"v":0.6,"d":"1"},{"v":0.6,"d":"1"},{"v":0.8,"d":"1"},{"v":0.8,"d":"1"},{"v":1.6,"d":"2"},{"v":2.8,"d":"3"},{"v":4.4,"d":"4"},5,{"v":6.8,"d":"7"},{"v":6.6,"d":"7"},{"v":7.4,"d":"7"},7,8,{"v":8.6,"d":"9"},10,{"v":11.8,"d":"12"},{"v":13.4,"d":"13"},16,{"v":17.6,"d":"18"},19,{"v":19.4,"d":"19"},22,{"v":22.8,"d":"23"},{"v":26.2,"d":"26"},{"v":29.2,"d":"29"},32,32,87]
[{"$nulls":3},2164,"PI_C_S",88,0,0,0,{"v":0.2,"d":"0"},{"v":0.2,"d":"0"},{"v":0.4,"d":"0"},{"v":0.6,"d":"1"},{"v":0.6,"d":"1"},{"v":0.4,"d":"0"},{"v":0.6,"d":"1"},{"v":0.4,"d":"0"},{"v":0.6,"d":"1"},{"v":0.6,"d":"1"},1,2,{"v":3.8,"d":"4"},4,{"v":5.6,"d":"6"},{"v":5.8,"d":"6"},{"v":6.8,"d":"7"},6,{"v":7.2,"d":"7"},{"v":7.8,"d":"8"},{"v":8.8,"d":"9"},{"v":10.4,"d":"10"},{"v":11.6,"d":"12"},{"v":13.4,"d":"13"},{"v":14.2,"d":"14"},{"v":15.2,"d":"15"},{"v":15.4,"d":"15"},{"v":18.2,"d":"18"},{"v":18.8,"d":"19"},23,{"v":27.3,"d":"27"},36,88]
[{"$nulls":3},2165,"PI_C_S",89,0,0,0,0,{"v":0.2,"d":"0"},{"v":0.2,"d":"0"},{"v":0.4,"d":"0"},{"v":0.6,"d":"1"},{"v":0.6,"d":"1"},{"v":0.4,"d":"0"},{"v":0.6,"d":"1"},{"v":0.4,"d":"0"},{"v":0.6,"d":"1"},{"$f":"OFFSET(INDIRECT($B$3&1),$D75-1,T$9)","v":{"v":0.6,"d":"1"}},1,2,{"v":3.6,"d":"4"},{"v":3.8,"d":"4"},{"v":5.2,"d":"5"},{"v":5.4,"d":"5"},6,{"v":5.2,"d":"5"},{"v":6.2,"d":"6"},{"v":6.8,"d":"7"},{"v":7.8,"d":"8"},{"v":8.4,"d":"8"},9,{"v":10.8,"d":"11"},11,{"v":10.8,"d":"11"},{"v":11.8,"d":"12"},{"v":14.4,"d":"14"},{"v":14.8,"d":"15"},{"v":18.7,"d":"19"},19,89]
[{"$nulls":3},2166,{"$f":"OFFSET(INDIRECT($B$3&1),$D76-1,E$9)","v":"PI_C_S"},90,0,0,0,0,0,{"v":0.2,"d":"0"},{"v":0.2,"d":"0"},{"v":0.2,"d":"0"},{"v":0.4,"d":"0"},{"v":0.4,"d":"0"},{"v":0.2,"d":"0"},{"v":0.4,"d":"0"},{"v":0.4,"d":"0"},{"v":0.6,"d":"1"},{"v":0.6,"d":"1"},1,2,{"v":3.6,"d":"4"},{"v":3.6,"d":"4"},5,5,{"v":5.4,"d":"5"},{"v":4.4,"d":"4"},{"v":5.6,"d":"6"},{"v":6.2,"d":"6"},{"v":7.2,"d":"7"},{"v":6.6,"d":"7"},{"v":6.8,"d":"7"},{"v":8.4,"d":"8"},{"v":8.4,"d":"8"},{"v":7.8,"d":"8"},10,{"v":12.6,"d":"13"},{"v":12.3,"d":"12"},17,{"$f":"F76","v":90}]
[{"$nulls":3},{"$f":"1+D76","v":2167},"PI_C_S","NUMB",{"$f":"OFFSET(INDIRECT($B$3&1),$D77-1,G$9)","v":65},65,65,65,65,65,65,65,65,65,65,65,65,65,65,65,65,65,65,65,65,65,65,65,65,65,65,65,65,65,65,65,65,65,65]
[{"$nulls":3},2168,"PI_C_S","SUM1",37174,38881,40536,42080,43601,45247,47124,49101,51225,53520,55859,58391,61118,63748,66235,68570,70557,72310,74115,76105,78403,81187,84312,87784,91115,94213,97094,99827,102641,106176,109946,113556,116275,118982,118727]
[{"$nulls":3},2169,"PI_C_S","SUM55",31278,32513,33669,34696,35695,36805,38129,39568,41160,42914,44750,46745,48902,51004,52911,54542,55797,56773,57667,58648,59817,61270,62869,64645,66303,67830,69209,70449,71730,73436,75221,76854,77729,78627,77102]
[{"$nulls":3},2170,"PI_C_S","SDEV",595.1,{"v":620,"d":"620.0"},643.7,664.9,685.9,709.1,735.8,765.4,798.1,833.6,870.7,911.1,953.4,994.2,1031.1,1062.7,1086.7,1105.3,1121.7,1139.9,1161.1,1187.2,1215.4,1246.5,1273.3,1297.1,1317.6,{"v":1337,"d":"1337.0"},1357.1,1387.3,1419.9,1450.8,1472.7,1495.9,1489.7]
[{"$nulls":3},2171,"PI_C_S","max_060",42.5,42.6,42.6,42.7,42.8,{"v":43,"d":"43.0"},43.1,43.2,43.3,43.4,43.5,43.5,43.7,43.8,{"v":44,"d":"44.0"},44.2,44.4,44.7,44.9,45.2,45.4,45.6,45.8,45.9,45.9,{"v":46,"d":"46.0"},{"v":46,"d":"46.0"},{"v":46,"d":"46.0"},{"v":46,"d":"46.0"},45.9,45.9,45.9,45.9,45.9,46.1]
[{"$nulls":3},2172,"PI_C_S","max_065",43.4,43.5,43.6,43.8,43.9,44.1,44.2,44.3,44.4,44.5,44.6,44.7,44.8,{"v":45,"d":"45.0"},45.1,45.3,45.5,45.8,{"v":46,"d":"46.0"},46.3,46.5,46.7,46.9,{"v":47,"d":"47.0"},47.2,47.3,47.3,47.4,47.4,47.4,47.5,47.5,47.6,47.7,47.9]
[{"$nulls":3},2173,"PI_C_S","max_070",43.8,43.9,44.1,44.3,44.5,44.6,44.8,44.9,45.1,45.2,45.3,45.4,45.6,45.7,45.8,{"v":46,"d":"46.0"},46.3,46.5,46.8,{"v":47,"d":"47.0"},47.2,47.4,47.6,47.8,47.9,48.1,48.1,48.2,48.2,48.3,48.4,48.5,48.6,48.8,49.1]
[{"$nulls":3},2174,"PI_C_S","max_075",{"v":43.8,"d":"44"},44,{"v":44.2,"d":"44"},{"v":44.4,"d":"44"},{"v":44.6,"d":"45"},{"v":44.8,"d":"45"},{"v":44.9,"d":"45"},{"v":45.1,"d":"45"},{"v":45.3,"d":"45"},{"v":45.4,"d":"45"},{"v":45.5,"d":"46"},{"v":45.7,"d":"46"},{"v":45.8,"d":"46"},{"v":45.9,"d":"46"},{"v":46.1,"d":"46"},{"v":46.3,"d":"46"},{"v":46.6,"d":"47"},{"v":46.9,"d":"47"},{"v":47.1,"d":"47"},{"v":47.4,"d":"47"},{"v":47.6,"d":"48"},{"v":47.9,"d":"48"},{"v":48.1,"d":"48"},{"v":48.2,"d":"48"},{"v":48.4,"d":"48"},{"v":48.5,"d":"49"},{"v":48.6,"d":"49"},{"v":48.6,"d":"49"},{"v":48.7,"d":"49"},{"v":48.8,"d":"49"},{"v":48.9,"d":"49"},49,{"v":49.2,"d":"49"},{"v":49.3,"d":"49"},{"v":49.7,"d":"50"}]
[]
[{"$nulls":5},">71",{"$f":"SUM(G58:G76)","v":{"v":92.99999999999999,"d":"93"}},{"$f":"SUM(H58:H76)","v":{"v":107.6,"d":"108"}},124,{"v":144.19999999999993,"d":"144"},{"v":171.19999999999996,"d":"171"},{"v":199.80000000000004,"d":"200"},{"v":237.99999999999997,"d":"238"},{"v":277.59999999999997,"d":"278"},{"v":319.59999999999997,"d":"320"},{"v":364.8,"d":"365"},{"v":409.80000000000007,"d":"410"},{"v":463.79999999999995,"d":"464"},{"v":536.4000000000001,"d":"536"},{"v":607.7999999999998,"d":"608"},{"v":699.9999999999999,"d":"700"},{"v":813.8000000000001,"d":"814"},{"v":927.6,"d":"928"},{"v":1049.9999999999998,"d":"1050"},{"v":1195.9999999999998,"d":"1196"},{"v":1333.8000000000004,"d":"1334"},{"v":1483.9999999999995,"d":"1484"},{"v":1658.6000000000001,"d":"1659"},{"v":1836.4000000000003,"d":"1836"},{"v":2010.3999999999994,"d":"2010"},{"v":2180.6,"d":"2181"},{"v":2295.6000000000004,"d":"2296"},{"v":2381.8,"d":"2382"},{"v":2457.7999999999997,"d":"2458"},{"v":2552.2000000000003,"d":"2552"},{"v":2675.4,"d":"2675"},{"v":2853.6000000000004,"d":"2854"},{"v":3072.6000000000004,"d":"3073"},{"v":3346.6,"d":"3347"},{"v":3603.1,"d":"3603"},{"$f":"SUM(AO58:AO76)","v":3965}]
[{"$nulls":5},"%>71",{"$f":"G86/G78","v":{"v":0.002501748533921558,"d":"0.3%"}},{"$f":"H86/H78","v":{"v":2.7674185334739332E-3,"d":"0.3%"}},{"v":3.0590092757055458E-3,"d":"0.3%"},{"v":3.4268060836501885E-3,"d":"0.3%"},{"v":0.003926515446893419,"d":"0.4%"},{"v":0.004415762370985923,"d":"0.4%"},{"v":0.00505050505050505,"d":"0.5%"},{"v":0.005653652675098266,"d":"0.6%"},{"v":6.2391410444119074E-3,"d":"0.6%"},{"v":0.006816143497757848,"d":"0.7%"},{"v":0.007336328971159528,"d":"0.7%"},{"v":0.00794300491514103,"d":"0.8%"},{"v":0.008776465198468537,"d":"0.9%"},{"v":0.009534416766016187,"d":"1.0%"},{"v":0.010568430588057672,"d":"1.1%"},{"v":0.01186816392008167,"d":"1.2%"},{"v":0.013146817466729029,"d":"1.3%"},{"v":0.014520813165537267,"d":"1.5%"},{"v":0.016137084260945823,"d":"1.6%"},{"v":0.017525786742001188,"d":"1.8%"},{"v":0.018927847148706038,"d":"1.9%"},{"v":0.020429379087784992,"d":"2.0%"},{"v":0.02178100389031218,"d":"2.2%"},{"v":0.022901667729882433,"d":"2.3%"},{"v":0.023932393129561542,"d":"2.4%"},{"v":0.024366064131277003,"d":"2.4%"},{"v":0.02453086699487095,"d":"2.5%"},{"v":0.024620593626974663,"d":"2.5%"},{"v":0.024865307235899886,"d":"2.5%"},{"v":0.025197784810126585,"d":"2.5%"},{"v":0.02595455951103269,"d":"2.6%"},{"v":0.027058015428511047,"d":"2.7%"},{"v":0.028781767361857665,"d":"2.9%"},{"v":0.030282731841791196,"d":"3.0%"},{"v":0.03339594195086206,"d":"3.3%"}]
[{"$nulls":6},{"$f":"AVERAGE(G87:T87)","v":{"v":0.005531922740227781,"d":"0.6%"}}]

{"sheet":"wPIB","index":9,"n_rows":88,"n_cols":42,"rows_kept":88}
["Title","Number AAMC Basic Science PIs Smoothed"]
["Purpose","Use offset to get index of sheet D2 =OFFSET(INDIRECT($B$3&1),$B8-1+$B5,E$1-1)"]
["Data Source","d2!A"]
["Data Name","PI_B_S"]
["Start Row",{"$f":"VLOOKUP($B$4,'id2'!$A$9:$B$132,2,0)","v":1701}]
["Number Row",100]
["Column Number",0]
[]
[{"$nulls":4},1,{"$f":"1+E9","v":2},{"$f":"1+F9+14","v":17},{"$f":"1+G9","v":18},19,20,21,22,23,24,25,26,27,28,29,30,31,32,33,34,35,36,37,38,39,40,41,42,43,44,45,46,47,48,49,50,51]
[]
[{"$nulls":3},{"$f":"B5","v":1701},{"$f":"OFFSET(INDIRECT($B$3&1),$D11-1,E$9)","v":"PI_B_S"},{"$f":"OFFSET(INDIRECT($B$3&1),$D11-1,F$9)","v":"Age/Yea"},1980,1981,1982,1983,1984,1985,1986,1987,1988,1989,1990,1991,1992,1993,1994,1995,1996,1997,1998,1999,2000,2001,2002,2003,2004,2005,2006,2007,2008,2009,2010,2011,2012,2013,2014,"Age"]
[{"$nulls":3},{"$f":"1+D11","v":1702},{"$f":"OFFSET(INDIRECT($B$3&1),$D12-1,E$9)","v":"PI_B_S"},26,{"$f":"OFFSET(INDIRECT($B$3&1),$D12-1,G$9)","v":{"v":5.2,"d":"5"}},{"$f":"OFFSET(INDIRECT($B$3&1),$D12-1,H$9)","v":{"v":3.6,"d":"4"}},{"$f":"OFFSET(INDIRECT($B$3&1),$D12-1,I$9)","v":{"v":3.4,"d":"3"}},{"v":2.2,"d":"2"},{"v":1.2,"d":"1"},{"v":1.4,"d":"1"},{"v":1.6,"d":"2"},{"v":1.4,"d":"1"},{"v":1.6,"d":"2"},2,2,{"v":1.8,"d":"2"},{"v":2.4,"d":"2"},{"v":2.2,"d":"2"},2,{"v":2.2,"d":"2"},{"v":2.2,"d":"2"},{"v":1.8,"d":"2"},{"v":2.2,"d":"2"},2,{"v":1.8,"d":"2"},{"v":1.8,"d":"2"},2,{"v":1.4,"d":"1"},{"v":1.8,"d":"2"},{"v":1.6,"d":"2"},{"$f":"OFFSET(INDIRECT($B$3&1),$D12-1,AG$9)","v":{"v":1.4,"d":"1"}},{"v":1.2,"d":"1"},{"v":1.2,"d":"1"},1,{"v":0.8,"d":"1"},{"v":1.4,"d":"1"},{"v":1.2,"d":"1"},{"v":1.7,"d":"2"},0,{"$f":"F12","v":26}]
[{"$nulls":3},{"$f":"1+D12","v":1703},"PI_B_S",27,{"$f":"OFFSET(INDIRECT($B$3&1),$D13-1,G$9)","v":{"v":13.2,"d":"13"}},{"$f":"OFFSET(INDIRECT($B$3&1),$D13-1,H$9)","v":10},{"$f":"OFFSET(INDIRECT($B$3&1),$D13-1,I$9)","v":7},{"v":6.6,"d":"7"},{"v":5.2,"d":"5"},{"v":3.8,"d":"4"},{"v":3.2,"d":"3"},{"v":3.8,"d":"4"},{"v":3.6,"d":"4"},{"v":3.6,"d":"4"},4,4,{"v":3.2,"d":"3"},{"v":3.6,"d":"4"},{"v":2.8,"d":"3"},{"v":2.6,"d":"3"},3,{"v":3.2,"d":"3"},{"v":2.8,"d":"3"},{"v":3.4,"d":"3"},{"v":3.6,"d":"4"},{"v":3.6,"d":"4"},{"v":3.8,"d":"4"},{"v":4.2,"d":"4"},{"v":3.8,"d":"4"},4,4,{"v":3.4,"d":"3"},{"v":2.8,"d":"3"},{"v":2.6,"d":"3"},{"v":2.4,"d":"2"},{"v":1.8,"d":"2"},3,4,8,27]
[{"$nulls":3},1704,"PI_B_S",28,{"v":35.8,"d":"36"},{"v":30.4,"d":"30"},{"v":23.8,"d":"24"},19,{"v":17.2,"d":"17"},{"v":13.4,"d":"13"},{"v":10.6,"d":"11"},{"v":9.8,"d":"10"},{"v":9.8,"d":"10"},{"v":8.2,"d":"8"},{"v":8.8,"d":"9"},{"v":8.4,"d":"8"},{"v":7.8,"d":"8"},8,8,{"v":6.6,"d":"7"},{"v":6.6,"d":"7"},{"v":6.2,"d":"6"},{"v":5.4,"d":"5"},{"v":5.6,"d":"6"},{"v":6.8,"d":"7"},7,{"v":8.6,"d":"9"},{"v":9.2,"d":"9"},{"v":9.8,"d":"10"},{"v":8.8,"d":"9"},{"v":9.6,"d":"10"},{"v":8.8,"d":"9"},{"v":7.4,"d":"7"},{"v":6.2,"d":"6"},{"v":6.2,"d":"6"},{"v":5.6,"d":"6"},{"v":5.2,"d":"5"},6,6,28]
[{"$nulls":3},1705,"PI_B_S",29,80,{"v":70.2,"d":"70"},{"v":62.2,"d":"62"},53,{"v":41.4,"d":"41"},{"v":36.8,"d":"37"},{"v":30.2,"d":"30"},25,22,21,{"v":18.2,"d":"18"},{"v":18.4,"d":"18"},{"v":15.8,"d":"16"},13,12,{"v":11.4,"d":"11"},{"v":10.2,"d":"10"},{"v":11.2,"d":"11"},{"v":11.8,"d":"12"},{"v":11.4,"d":"11"},{"v":13.2,"d":"13"},{"v":15.2,"d":"15"},{"v":16.2,"d":"16"},18,{"v":19.2,"d":"19"},19,{"v":17.8,"d":"18"},{"v":16.4,"d":"16"},{"v":16.2,"d":"16"},16,14,13,13,{"v":10.7,"d":"11"},12,29]
[{"$nulls":3},1706,"PI_B_S",30,{"v":145.8,"d":"146"},{"v":128.4,"d":"128"},{"v":111.8,"d":"112"},100,{"v":83.4,"d":"83"},{"v":69.6,"d":"70"},{"v":64.4,"d":"64"},{"v":56.8,"d":"57"},{"v":49.2,"d":"49"},{"v":46.2,"d":"46"},{"v":43.6,"d":"44"},{"v":36.4,"d":"36"},{"v":33.2,"d":"33"},{"v":32.2,"d":"32"},{"v":27.4,"d":"27"},{"v":25.2,"d":"25"},{"v":23.8,"d":"24"},{"v":24.4,"d":"24"},{"v":24.6,"d":"25"},{"v":25.8,"d":"26"},{"v":24.6,"d":"25"},{"v":26.6,"d":"27"},28,{"v":29.6,"d":"30"},{"v":30.4,"d":"30"},33,33,{"v":32.4,"d":"32"},{"v":29.4,"d":"29"},{"v":29.4,"d":"29"},28,{"v":26.4,"d":"26"},{"v":22.4,"d":"22"},{"v":20.7,"d":"21"},11,30]
[{"$nulls":3},1707,"PI_B_S",31,229,211,{"v":189.4,"d":"189"},{"v":173.2,"d":"173"},{"v":158.2,"d":"158"},{"v":140.2,"d":"140"},{"v":119.8,"d":"120"},113,{"v":100.8,"d":"101"},87,{"v":79.6,"d":"80"},{"v":78.6,"d":"79"},{"v":67.4,"d":"67"},{"v":60.6,"d":"61"},{"v":58.8,"d":"59"},{"v":50.8,"d":"51"},{"v":44.8,"d":"45"},{"v":45.6,"d":"46"},{"v":46.4,"d":"46"},{"v":47.8,"d":"48"},{"v":51.6,"d":"52"},{"v":52.4,"d":"52"},{"v":54.2,"d":"54"},{"v":56.2,"d":"56"},{"v":57.4,"d":"57"},59,59,{"v":56.2,"d":"56"},{"v":55.6,"d":"56"},51,{"v":48.2,"d":"48"},{"v":46.8,"d":"47"},{"v":43.8,"d":"44"},41,38,31]
[{"$nulls":3},1708,"PI_B_S",32,{"v":300.4,"d":"300"},291,271,{"v":250.2,"d":"250"},{"v":233.8,"d":"234"},{"v":219.4,"d":"219"},{"v":200.6,"d":"201"},{"v":176.4,"d":"176"},{"v":166.6,"d":"167"},{"v":154.4,"d":"154"},{"v":136.8,"d":"137"},{"v":128.2,"d":"128"},{"v":126.2,"d":"126"},{"v":110.4,"d":"110"},{"v":98.8,"d":"99"},94,{"v":82.8,"d":"83"},{"v":73.4,"d":"73"},{"v":75.8,"d":"76"},{"v":78.2,"d":"78"},{"v":81.4,"d":"81"},{"v":89.2,"d":"89"},{"v":91.8,"d":"92"},{"v":92.4,"d":"92"},{"v":93.6,"d":"94"},{"v":95.8,"d":"96"},97,96,{"v":93.2,"d":"93"},{"$f":"OFFSET(INDIRECT($B$3&1),$D18-1,AJ$9)","v":{"v":93.2,"d":"93"}},85,{"v":80.4,"d":"80"},{"v":74.4,"d":"74"},{"v":66.3,"d":"66"},52,32]
[{"$nulls":3},1709,"PI_B_S",33,{"v":362.6,"d":"363"},{"v":354.6,"d":"355"},{"v":342.6,"d":"343"},{"v":319.2,"d":"319"},{"v":299.6,"d":"300"},{"v":284.2,"d":"284"},{"v":271.8,"d":"272"},{"v":255.8,"d":"256"},{"v":233.4,"d":"233"},{"v":222.8,"d":"223"},208,{"v":190.2,"d":"190"},{"v":177.8,"d":"178"},{"v":174.2,"d":"174"},157,146,{"v":141.4,"d":"141"},{"v":129.2,"d":"129"},{"$f":"OFFSET(INDIRECT($B$3&1),$D19-1,Y$9)","v":120},122,{"v":124.6,"d":"125"},{"v":127.4,"d":"127"},{"v":137.2,"d":"137"},{"v":137.6,"d":"138"},{"v":138.6,"d":"139"},{"v":136.6,"d":"137"},{"v":138.2,"d":"138"},{"v":138.8,"d":"139"},140,{"v":135.6,"d":"136"},{"v":137.2,"d":"137"},{"v":127.6,"d":"128"},{"v":117.8,"d":"118"},{"v":111.3,"d":"111"},97,33]
[{"$nulls":3},1710,"PI_B_S",34,{"v":418.6,"d":"419"},404,390,{"v":379.2,"d":"379"},{"v":355.6,"d":"356"},{"v":341.6,"d":"342"},{"v":331.6,"d":"332"},{"v":323.8,"d":"324"},{"v":309.2,"d":"309"},{"v":287.4,"d":"287"},{"v":275.4,"d":"275"},{"v":262.2,"d":"262"},{"v":243.8,"d":"244"},{"v":231.2,"d":"231"},{"v":227.6,"d":"228"},{"v":207.2,"d":"207"},195,189,{"v":175.2,"d":"175"},169,{"v":172.2,"d":"172"},{"v":175.4,"d":"175"},{"v":181.4,"d":"181"},{"v":192.6,"d":"193"},{"v":191.8,"d":"192"},{"v":189.4,"d":"189"},{"v":186.4,"d":"186"},{"v":184.8,"d":"185"},{"v":185.8,"d":"186"},186,183,{"v":181.4,"d":"181"},{"v":168.2,"d":"168"},{"v":154.7,"d":"155"},134,34]
[{"$nulls":3},1711,"PI_B_S",35,{"v":472.2,"d":"472"},{"v":449.8,"d":"450"},{"v":432.6,"d":"433"},{"v":419.6,"d":"420"},{"v":413.8,"d":"414"},{"v":388.4,"d":"388"},{"v":377.2,"d":"377"},{"v":371.4,"d":"371"},{"v":362.8,"d":"363"},{"v":348.2,"d":"348"},{"v":331.4,"d":"331"},{"v":320.4,"d":"320"},311,{"v":291.2,"d":"291"},{"v":276.4,"d":"276"},{"v":269.8,"d":"270"},251,{"v":235.2,"d":"235"},233,{"v":221.8,"d":"222"},{"v":218.8,"d":"219"},{"v":223.8,"d":"224"},{"v":232.4,"d":"232"},{"v":239.8,"d":"240"},{"v":249.2,"d":"249"},{"v":246.8,"d":"247"},{"v":242.6,"d":"243"},{"v":234.2,"d":"234"},{"v":231.2,"d":"231"},{"v":234.2,"d":"234"},{"v":234.4,"d":"234"},{"v":231.4,"d":"231"},{"v":224.6,"d":"225"},{"v":210.3,"d":"210"},184,35]
[{"$nulls":3},1712,"PI_B_S",36,{"v":506.6,"d":"507"},{"v":489.2,"d":"489"},{"v":472.4,"d":"472"},{"v":454.8,"d":"455"},{"v":441.6,"d":"442"},{"v":436.6,"d":"437"},{"v":414.4,"d":"414"},{"v":403.8,"d":"404"},{"v":400.4,"d":"400"},394,{"v":384.6,"d":"385"},{"v":374.6,"d":"375"},{"v":362.2,"d":"362"},{"v":353.6,"d":"354"},336,{"v":320.2,"d":"320"},{"v":311.2,"d":"311"},{"v":295.2,"d":"295"},284,{"v":287.8,"d":"288"},{"v":277.8,"d":"278"},{"v":274.6,"d":"275"},{"v":283.2,"d":"283"},{"v":292.6,"d":"293"},298,{"v":309.6,"d":"310"},{"v":305.8,"d":"306"},295,{"v":284.4,"d":"284"},{"v":277.2,"d":"277"},{"v":280.2,"d":"280"},{"v":279.8,"d":"280"},{"v":274.2,"d":"274"},{"v":272.7,"d":"273"},245,36]
[{"$nulls":3},1713,"PI_B_S",37,{"v":526.2,"d":"526"},{"v":519.2,"d":"519"},{"v":498.8,"d":"499"},{"v":479.2,"d":"479"},{"v":463.6,"d":"464"},{"v":454.4,"d":"454"},{"v":452.4,"d":"452"},{"v":440.8,"d":"441"},{"v":432.8,"d":"433"},{"v":430.6,"d":"431"},{"v":424.4,"d":"424"},416,{"v":407.6,"d":"408"},{"v":396.6,"d":"397"},{"v":388.8,"d":"389"},{"v":369.8,"d":"370"},353,{"v":342.2,"d":"342"},{"v":331.8,"d":"332"},327,335,328,{"v":327.6,"d":"328"},{"v":336.8,"d":"337"},{"v":344.6,"d":"345"},{"v":353.4,"d":"353"},{"v":367.8,"d":"368"},{"v":359.4,"d":"359"},{"v":348.6,"d":"349"},{"v":332.8,"d":"333"},{"v":322.4,"d":"322"},{"v":324.2,"d":"324"},{"v":321.4,"d":"321"},{"v":326.3,"d":"326"},294,37]
[{"$nulls":3},1714,"PI_B_S",38,524,528,{"v":519.8,"d":"520"},{"v":499.4,"d":"499"},{"v":483.6,"d":"484"},{"v":469.6,"d":"470"},{"v":465.2,"d":"465"},{"v":471.2,"d":"471"},463,{"v":457.8,"d":"458"},{"v":459.2,"d":"459"},{"v":458.8,"d":"459"},{"v":450.2,"d":"450"},{"v":441.6,"d":"442"},{"v":431.6,"d":"432"},{"v":421.4,"d":"421"},{"v":399.2,"d":"399"},{"v":381.2,"d":"381"},{"v":372.2,"d":"372"},{"v":367.6,"d":"368"},{"v":366.2,"d":"366"},{"v":382.6,"d":"383"},{"v":381.2,"d":"381"},382,{"v":387.8,"d":"388"},{"v":397.4,"d":"397"},403,{"v":413.4,"d":"413"},{"v":401.2,"d":"401"},{"v":392.2,"d":"392"},373,{"v":358.2,"d":"358"},353,{"v":349.7,"d":"350"},356,38]
[{"$nulls":3},1715,"PI_B_S",39,{"v":499.8,"d":"500"},{"v":520.2,"d":"520"},{"v":521.4,"d":"521"},514,493,{"v":480.2,"d":"480"},468,{"v":469.8,"d":"470"},479,{"v":477.2,"d":"477"},{"v":476.4,"d":"476"},{"v":485.2,"d":"485"},{"v":485.6,"d":"486"},{"v":480.2,"d":"480"},{"v":469.8,"d":"470"},{"v":455.6,"d":"456"},{"v":439.2,"d":"439"},{"v":420.2,"d":"420"},{"v":404.2,"d":"404"},{"v":401.2,"d":"401"},{"v":402.2,"d":"402"},{"v":403.6,"d":"404"},{"v":422.4,"d":"422"},{"v":423.4,"d":"423"},{"v":421.2,"d":"421"},{"v":424.4,"d":"424"},{"v":434.2,"d":"434"},{"v":439.4,"d":"439"},{"v":447.2,"d":"447"},{"v":433.6,"d":"434"},{"v":426.6,"d":"427"},{"v":404.4,"d":"404"},385,{"v":380.7,"d":"381"},385,39]
[{"$nulls":3},1716,"PI_B_S",40,{"v":468.6,"d":"469"},{"v":492.4,"d":"492"},{"v":509.4,"d":"509"},510,{"v":503.8,"d":"504"},{"v":484.6,"d":"485"},{"v":474.2,"d":"474"},{"v":468.4,"d":"468"},{"v":470.6,"d":"471"},{"v":481.6,"d":"482"},{"v":485.4,"d":"485"},{"v":493.8,"d":"494"},{"v":506.4,"d":"506"},{"v":509.4,"d":"509"},{"v":504.4,"d":"504"},{"v":493.4,"d":"493"},{"v":471.6,"d":"472"},{"v":454.2,"d":"454"},{"v":439.8,"d":"440"},{"v":425.8,"d":"426"},425,{"v":435.6,"d":"436"},{"v":439.4,"d":"439"},{"v":461.4,"d":"461"},{"v":463.2,"d":"463"},{"v":462.4,"d":"462"},{"v":460.8,"d":"461"},{"v":467.6,"d":"468"},469,{"v":474.4,"d":"474"},{"v":458.2,"d":"458"},{"v":447.4,"d":"447"},423,{"v":388.7,"d":"389"},357,40]
[{"$nulls":3},1717,"PI_B_S",41,{"v":417.4,"d":"417"},460,{"v":487.4,"d":"487"},{"v":504.4,"d":"504"},505,{"v":501.6,"d":"502"},{"v":484.4,"d":"484"},{"v":475.8,"d":"476"},{"v":470.4,"d":"470"},{"v":474.8,"d":"475"},{"v":485.8,"d":"486"},{"v":495.4,"d":"495"},{"v":499.4,"d":"499"},{"v":514.8,"d":"515"},{"v":517.4,"d":"517"},515,500,{"v":484.8,"d":"485"},{"v":469.4,"d":"469"},{"v":458.6,"d":"459"},{"v":444.6,"d":"445"},{"v":450.6,"d":"451"},{"v":469.4,"d":"469"},{"v":475.2,"d":"475"},{"v":495.6,"d":"496"},{"v":498.6,"d":"499"},{"v":496.4,"d":"496"},{"v":484.2,"d":"484"},490,{"v":489.6,"d":"490"},{"v":491.8,"d":"492"},{"v":473.8,"d":"474"},{"v":460.8,"d":"461"},{"v":425.7,"d":"426"},426,41]
[{"$nulls":3},1718,"PI_B_S",42,392,{"v":416.2,"d":"416"},{"v":455.4,"d":"455"},{"v":479.4,"d":"479"},{"v":495.4,"d":"495"},{"v":495.6,"d":"496"},{"v":491.4,"d":"491"},{"v":476.6,"d":"477"},471,469,{"v":475.2,"d":"475"},{"v":489.4,"d":"489"},{"v":500.8,"d":"501"},{"v":502.4,"d":"502"},{"v":517.6,"d":"518"},{"v":520.8,"d":"521"},{"v":520.2,"d":"520"},{"v":507.4,"d":"507"},{"v":500.8,"d":"501"},488,{"v":480.6,"d":"481"},468,478,501,509,{"v":525.2,"d":"525"},{"v":528.6,"d":"529"},{"v":520.4,"d":"520"},{"v":502.6,"d":"503"},504,{"v":505.2,"d":"505"},{"v":504.8,"d":"505"},{"v":482.6,"d":"483"},{"v":461.3,"d":"461"},386,42]
[{"$nulls":3},1719,"PI_B_S",43,{"v":359.2,"d":"359"},{"v":382.4,"d":"382"},{"v":405.8,"d":"406"},445,{"v":469.2,"d":"469"},{"v":486.8,"d":"487"},490,{"v":490.6,"d":"491"},{"v":481.6,"d":"482"},{"v":477.4,"d":"477"},{"v":477.6,"d":"478"},{"v":483.6,"d":"484"},{"v":497.6,"d":"498"},{"v":507.6,"d":"508"},{"v":508.6,"d":"509"},{"v":523.4,"d":"523"},{"v":525.8,"d":"526"},{"v":524.2,"d":"524"},{"v":514.4,"d":"514"},{"v":511.2,"d":"511"},{"v":502.6,"d":"503"},{"v":497.2,"d":"497"},{"v":488.4,"d":"488"},500,{"v":519.6,"d":"520"},{"v":527.8,"d":"528"},544,{"v":546.8,"d":"547"},{"v":532.8,"d":"533"},{"v":513.2,"d":"513"},{"v":508.2,"d":"508"},{"v":510.6,"d":"511"},{"v":501.4,"d":"501"},{"v":499.3,"d":"499"},438,43]
[{"$nulls":3},1720,"PI_B_S",44,{"v":341.4,"d":"341"},{"v":352.6,"d":"353"},{"v":373.2,"d":"373"},{"v":393.4,"d":"393"},{"v":433.4,"d":"433"},{"v":459.4,"d":"459"},476,{"v":481.8,"d":"482"},{"v":486.6,"d":"487"},{"v":479.4,"d":"479"},{"v":474.8,"d":"475"},{"v":475.8,"d":"476"},482,{"v":496.2,"d":"496"},{"v":504.6,"d":"505"},{"v":504.6,"d":"505"},524,{"v":530.2,"d":"530"},{"v":528.6,"d":"529"},{"v":522.4,"d":"522"},523,{"v":513.6,"d":"514"},{"v":510.2,"d":"510"},{"v":504.2,"d":"504"},{"v":517.4,"d":"517"},{"v":536.6,"d":"537"},{"v":544.4,"d":"544"},{"v":553.4,"d":"553"},{"v":555.2,"d":"555"},{"v":532.8,"d":"533"},{"v":509.8,"d":"510"},{"v":503.8,"d":"504"},{"v":506.6,"d":"507"},{"v":521.7,"d":"522"},545,44]
[{"$nulls":3},1721,"PI_B_S",45,{"v":319.4,"d":"319"},{"v":338.2,"d":"338"},{"v":347.4,"d":"347"},{"v":365.4,"d":"365"},{"v":385.2,"d":"385"},{"v":425.2,"d":"425"},{"v":451.6,"d":"452"},{"v":467.8,"d":"468"},{"v":476.2,"d":"476"},{"v":481.8,"d":"482"},{"v":475.4,"d":"475"},{"v":473.8,"d":"474"},{"v":475.8,"d":"476"},{"v":481.8,"d":"482"},{"v":495.4,"d":"495"},{"v":503.4,"d":"503"},{"v":503.2,"d":"503"},{"v":523.6,"d":"524"},{"v":533.8,"d":"534"},{"v":535.4,"d":"535"},{"v":529.2,"d":"529"},534,{"v":524.6,"d":"525"},520,{"v":511.6,"d":"512"},{"v":523.6,"d":"524"},{"v":541.6,"d":"542"},{"v":548.2,"d":"548"},554,{"v":554.2,"d":"554"},{"v":534.4,"d":"534"},{"v":508.4,"d":"508"},{"v":500.6,"d":"501"},{"v":493.3,"d":"493"},503,45]
[{"$nulls":3},1722,"PI_B_S",46,{"v":303.2,"d":"303"},{"v":313.8,"d":"314"},{"v":332.6,"d":"333"},{"v":342.8,"d":"343"},{"v":361.2,"d":"361"},{"v":381.2,"d":"381"},420,447,{"v":463.6,"d":"464"},{"v":471.4,"d":"471"},{"v":478.6,"d":"479"},{"v":476.2,"d":"476"},{"v":475.4,"d":"475"},{"v":477.4,"d":"477"},{"v":483.2,"d":"483"},{"v":494.6,"d":"495"},{"v":501.2,"d":"501"},{"v":503.4,"d":"503"},{"v":523.4,"d":"523"},{"v":537.4,"d":"537"},542,{"v":539.4,"d":"539"},{"v":546.2,"d":"546"},{"v":535.8,"d":"536"},531,{"v":518.6,"d":"519"},{"v":528.6,"d":"529"},{"v":543.6,"d":"544"},{"v":549.2,"d":"549"},{"v":550.4,"d":"550"},{"v":553.6,"d":"554"},{"v":531.8,"d":"532"},502,488,492,46]
[{"$nulls":3},1723,"PI_B_S",47,{"v":285.8,"d":"286"},{"v":296.6,"d":"297"},{"v":307.8,"d":"308"},324,{"v":332.4,"d":"332"},{"v":352.8,"d":"353"},376,{"v":414.2,"d":"414"},{"v":443.6,"d":"444"},462,{"v":469.2,"d":"469"},476,{"$f":"OFFSET(INDIRECT($B$3&1),$D33-1,S$9)","v":{"v":473.8,"d":"474"}},{"v":472.4,"d":"472"},475,{"v":482.2,"d":"482"},{"v":492.4,"d":"492"},{"v":499.4,"d":"499"},{"v":502.2,"d":"502"},{"v":522.2,"d":"522"},{"v":537.4,"d":"537"},{"v":546.6,"d":"547"},{"v":545.4,"d":"545"},555,{"v":543.4,"d":"543"},{"v":538.2,"d":"538"},{"v":523.8,"d":"524"},531,{"v":545.4,"d":"545"},{"v":553.6,"d":"554"},{"v":550.6,"d":"551"},{"v":552.2,"d":"552"},{"v":529.8,"d":"530"},487,457,47]
[{"$nulls":3},1724,"PI_B_S",48,{"v":285.6,"d":"286"},{"v":279.6,"d":"280"},{"v":289.6,"d":"290"},{"v":299.6,"d":"300"},{"v":314.6,"d":"315"},{"v":323.4,"d":"323"},{"v":344.8,"d":"345"},{"v":368.2,"d":"368"},{"v":409.4,"d":"409"},{"v":440.8,"d":"441"},460,{"v":468.6,"d":"469"},{"v":478.2,"d":"478"},474,{"v":472.8,"d":"473"},477,484,{"v":491.6,"d":"492"},503,507,{"v":524.4,"d":"524"},{"v":541.6,"d":"542"},{"v":551.6,"d":"552"},{"v":548.8,"d":"549"},553,{"v":541.8,"d":"542"},{"v":533.6,"d":"534"},{"v":518.2,"d":"518"},{"v":525.2,"d":"525"},{"v":540.4,"d":"540"},{"v":548.6,"d":"549"},{"v":545.8,"d":"546"},{"v":543.4,"d":"543"},503,478,48]
[{"$nulls":3},1725,"PI_B_S",49,{"v":274.8,"d":"275"},{"v":282.4,"d":"282"},275,283,293,{"v":308.2,"d":"308"},{"v":317.8,"d":"318"},{"v":341.2,"d":"341"},{"v":365.8,"d":"366"},{"v":410.6,"d":"411"},440,{"v":458.4,"d":"458"},{"v":466.6,"d":"467"},{"v":474.8,"d":"475"},{"v":467.2,"d":"467"},{"v":468.4,"d":"468"},475,480,{"v":491.4,"d":"491"},{"v":502.2,"d":"502"},506,{"v":523.4,"d":"523"},{"v":543.2,"d":"543"},{"v":553.4,"d":"553"},{"v":550.4,"d":"550"},{"v":549.4,"d":"549"},{"v":539.2,"d":"539"},{"v":530.6,"d":"531"},{"v":514.2,"d":"514"},{"v":520.6,"d":"521"},{"v":539.8,"d":"540"},{"v":545.6,"d":"546"},{"v":541.2,"d":"541"},548,488,49]
[{"$nulls":3},1726,"PI_B_S",50,{"v":273.2,"d":"273"},{"v":271.8,"d":"272"},{"v":276.8,"d":"277"},{"v":266.8,"d":"267"},{"v":275.4,"d":"275"},{"v":285.4,"d":"285"},300,312,{"v":338.4,"d":"338"},{"v":363.4,"d":"363"},407,438,457,{"v":464.2,"d":"464"},{"v":472.6,"d":"473"},{"v":467.8,"d":"468"},{"v":468.4,"d":"468"},{"v":474.8,"d":"475"},{"v":480.8,"d":"481"},{"v":493.4,"d":"493"},{"v":504.6,"d":"505"},{"v":508.4,"d":"508"},{"v":527.2,"d":"527"},{"v":547.2,"d":"547"},{"v":557.6,"d":"558"},{"v":551.6,"d":"552"},{"v":547.4,"d":"547"},{"v":531.4,"d":"531"},{"v":518.6,"d":"519"},{"v":498.8,"d":"499"},{"v":504.8,"d":"505"},526,{"v":529.6,"d":"530"},557,499,50]
[{"$nulls":3},1727,"PI_B_S",51,{"v":278.8,"d":"279"},{"v":267.2,"d":"267"},{"v":265.8,"d":"266"},{"v":270.4,"d":"270"},{"v":261.4,"d":"261"},271,{"v":281.4,"d":"281"},{"v":298.2,"d":"298"},{"v":311.4,"d":"311"},{"v":338.6,"d":"339"},{"v":362.4,"d":"362"},{"v":406.8,"d":"407"},{"v":437.2,"d":"437"},{"v":453.6,"d":"454"},{"v":459.8,"d":"460"},{"v":470.4,"d":"470"},464,{"v":464.4,"d":"464"},{"v":472.2,"d":"472"},{"v":481.6,"d":"482"},{"v":493.2,"d":"493"},{"v":507.8,"d":"508"},{"v":514.2,"d":"514"},{"v":533.6,"d":"534"},{"v":550.6,"d":"551"},{"v":556.6,"d":"557"},{"v":547.8,"d":"548"},{"v":542.6,"d":"543"},{"v":525.6,"d":"526"},{"v":513.2,"d":"513"},{"v":495.4,"d":"495"},{"v":499.8,"d":"500"},{"v":517.2,"d":"517"},{"v":540.3,"d":"540"},605,51]
[{"$nulls":3},1728,"PI_B_S",52,{"v":274.8,"d":"275"},{"v":272.8,"d":"273"},{"v":260.4,"d":"260"},{"v":257.2,"d":"257"},{"v":262.8,"d":"263"},{"v":253.6,"d":"254"},{"v":264.2,"d":"264"},{"v":275.4,"d":"275"},{"v":295.8,"d":"296"},309,{"v":336.4,"d":"336"},{"v":360.2,"d":"360"},{"v":402.2,"d":"402"},430,448,{"v":454.2,"d":"454"},{"v":463.8,"d":"464"},460,{"v":462.2,"d":"462"},470,{"v":481.2,"d":"481"},495,{"v":512.8,"d":"513"},{"v":519.6,"d":"520"},537,551,{"v":555.6,"d":"556"},{"v":545.8,"d":"546"},{"v":538.6,"d":"539"},{"v":522.8,"d":"523"},{"v":512.6,"d":"513"},495,{"v":496.2,"d":"496"},499,534,52]
[{"$nulls":3},1729,"PI_B_S",53,{"v":263.4,"d":"263"},{"v":269.2,"d":"269"},{"v":267.2,"d":"267"},{"v":254.4,"d":"254"},251,{"v":256.2,"d":"256"},{"v":248.4,"d":"248"},260,271,{"v":291.4,"d":"291"},{"v":303.4,"d":"303"},{"v":330.2,"d":"330"},{"v":354.4,"d":"354"},396,{"v":423.8,"d":"424"},{"v":443.4,"d":"443"},451,{"v":459.8,"d":"460"},{"v":457.8,"d":"458"},{"v":462.2,"d":"462"},{"v":471.6,"d":"472"},483,{"v":497.8,"d":"498"},{"v":516.4,"d":"516"},{"v":521.6,"d":"522"},{"v":536.4,"d":"536"},548,{"v":552.2,"d":"552"},542,{"v":532.8,"d":"533"},{"v":517.2,"d":"517"},{"v":506.4,"d":"506"},488,{"v":471.3,"d":"471"},464,53]
[{"$nulls":3},1730,"PI_B_S",54,{"v":258.8,"d":"259"},{"v":258.6,"d":"259"},{"v":263.6,"d":"264"},{"v":259.6,"d":"260"},249,{"v":246.6,"d":"247"},{"v":251.6,"d":"252"},245,{"v":257.2,"d":"257"},{"v":268.2,"d":"268"},{"v":288.4,"d":"288"},{"v":301.6,"d":"302"},{"v":328.2,"d":"328"},{"v":352.8,"d":"353"},{"v":393.8,"d":"394"},419,{"v":438.6,"d":"439"},{"v":446.8,"d":"447"},{"v":456.2,"d":"456"},{"v":454.4,"d":"454"},{"v":461.8,"d":"462"},{"v":470.4,"d":"470"},{"v":482.2,"d":"482"},{"v":497.4,"d":"497"},{"v":516.2,"d":"516"},{"v":519.6,"d":"520"},{"v":535.6,"d":"536"},{"v":543.6,"d":"544"},{"v":546.4,"d":"546"},{"v":534.8,"d":"535"},{"v":527.2,"d":"527"},{"v":509.4,"d":"509"},{"v":501.2,"d":"501"},478,479,54]
[{"$nulls":3},1731,"PI_B_S",55,{"v":245.8,"d":"246"},254,{"v":254.4,"d":"254"},{"v":259.4,"d":"259"},{"v":256.4,"d":"256"},{"v":246.2,"d":"246"},{"v":243.6,"d":"244"},{"v":248.8,"d":"249"},{"v":241.8,"d":"242"},{"v":253.6,"d":"254"},{"v":264.8,"d":"265"},{"v":286.4,"d":"286"},299,327,352,{"v":392.8,"d":"393"},{"v":418.4,"d":"418"},{"v":439.6,"d":"440"},{"v":449.2,"d":"449"},460,{"v":458.2,"d":"458"},{"v":464.8,"d":"465"},472,{"v":482.2,"d":"482"},495,{"v":509.4,"d":"509"},{"v":511.2,"d":"511"},525,{"v":533.2,"d":"533"},534,{"v":524.2,"d":"524"},517,{"v":498.4,"d":"498"},480,442,55]
[{"$nulls":3},1732,"PI_B_S",56,{"v":224.6,"d":"225"},{"v":241.2,"d":"241"},{"v":249.8,"d":"250"},{"v":249.8,"d":"250"},253,250,{"v":241.2,"d":"241"},{"v":237.8,"d":"238"},{"v":243.2,"d":"243"},{"v":239.2,"d":"239"},{"v":249.8,"d":"250"},261,{"v":282.4,"d":"282"},{"v":294.6,"d":"295"},{"v":322.2,"d":"322"},{"v":348.8,"d":"349"},389,{"v":414.8,"d":"415"},{"v":437.8,"d":"438"},{"v":446.2,"d":"446"},{"v":455.8,"d":"456"},{"v":455.2,"d":"455"},{"v":462.8,"d":"463"},{"v":467.6,"d":"468"},{"v":475.8,"d":"476"},489,{"v":502.4,"d":"502"},{"v":504.2,"d":"504"},{"v":519.4,"d":"519"},{"v":525.8,"d":"526"},{"v":526.4,"d":"526"},{"v":516.6,"d":"517"},{"v":507.2,"d":"507"},{"v":502.7,"d":"503"},481,56]
[{"$nulls":3},1733,"PI_B_S",57,{"v":208.8,"d":"209"},220,{"v":236.4,"d":"236"},244,{"v":245.4,"d":"245"},{"v":247.8,"d":"248"},{"v":246.6,"d":"247"},{"v":238.2,"d":"238"},{"v":234.8,"d":"235"},{"v":238.4,"d":"238"},{"v":235.8,"d":"236"},245,255,276,{"v":288.4,"d":"288"},{"v":313.6,"d":"314"},{"v":340.8,"d":"341"},382,{"v":409.8,"d":"410"},{"v":434.8,"d":"435"},{"v":444.4,"d":"444"},{"v":455.2,"d":"455"},453,{"v":459.4,"d":"459"},{"v":462.8,"d":"463"},{"v":469.8,"d":"470"},{"v":478.4,"d":"478"},{"v":489.2,"d":"489"},{"v":491.8,"d":"492"},{"v":505.6,"d":"506"},{"v":510.6,"d":"511"},513,{"v":505.4,"d":"505"},494,492,57]
[{"$nulls":3},1734,{"$f":"OFFSET(INDIRECT($B$3&1),$D44-1,E$9)","v":"PI_B_S"},58,{"v":186.8,"d":"187"},{"v":207.2,"d":"207"},{"v":218.4,"d":"218"},{"v":233.6,"d":"234"},{"v":241.4,"d":"241"},{"v":242.8,"d":"243"},{"v":244.8,"d":"245"},243,{"v":234.8,"d":"235"},232,{"v":234.6,"d":"235"},{"v":231.4,"d":"231"},{"v":240.2,"d":"240"},{"v":249.4,"d":"249"},269,{"v":281.6,"d":"282"},{"v":307.4,"d":"307"},333,{"v":374.8,"d":"375"},{"v":403.4,"d":"403"},{"v":429.4,"d":"429"},{"v":438.8,"d":"439"},{"v":451.6,"d":"452"},{"v":450.4,"d":"450"},{"v":456.6,"d":"457"},{"v":459.6,"d":"460"},467,{"v":473.6,"d":"474"},{"v":482.6,"d":"483"},{"v":484.6,"d":"485"},{"v":498.8,"d":"499"},{"v":505.8,"d":"506"},508,{"v":500.3,"d":"500"},501,58]
[{"$nulls":3},1735,"PI_B_S",59,{"v":169.4,"d":"169"},{"v":183.2,"d":"183"},{"v":203.4,"d":"203"},{"v":213.4,"d":"213"},227,{"v":234.4,"d":"234"},236,238,{"v":236.8,"d":"237"},{"v":230.8,"d":"231"},{"v":228.2,"d":"228"},{"v":229.8,"d":"230"},{"v":226.4,"d":"226"},{"v":234.4,"d":"234"},{"v":242.6,"d":"243"},261,{"v":274.2,"d":"274"},{"v":299.8,"d":"300"},{"v":327.2,"d":"327"},{"v":369.2,"d":"369"},{"v":396.4,"d":"396"},{"v":423.4,"d":"423"},{"v":431.2,"d":"431"},{"v":442.8,"d":"443"},{"v":442.4,"d":"442"},{"v":448.2,"d":"448"},{"v":450.2,"d":"450"},{"v":459.2,"d":"459"},{"v":465.4,"d":"465"},{"v":471.6,"d":"472"},{"v":476.8,"d":"477"},{"v":492.6,"d":"493"},500,{"$f":"OFFSET(INDIRECT($B$3&1),$D45-1,AN$9)","v":505},478,59]
[{"$nulls":3},1736,"PI_B_S",60,{"v":150.4,"d":"150"},{"v":166.8,"d":"167"},{"v":180.8,"d":"181"},{"v":200.6,"d":"201"},{"v":210.8,"d":"211"},224,{"v":231.4,"d":"231"},{"v":232.8,"d":"233"},{"v":234.8,"d":"235"},{"v":233.4,"d":"233"},{"v":227.4,"d":"227"},{"v":224.2,"d":"224"},{"v":226.4,"d":"226"},{"v":222.4,"d":"222"},{"$f":"OFFSET(INDIRECT($B$3&1),$D46-1,U$9)","v":{"v":229.4,"d":"229"}},{"v":237.2,"d":"237"},{"v":255.2,"d":"255"},268,{"v":293.2,"d":"293"},{"v":320.2,"d":"320"},{"v":360.4,"d":"360"},{"v":387.4,"d":"387"},{"v":412.4,"d":"412"},421,{"v":433.8,"d":"434"},{"v":431.6,"d":"432"},{"v":436.6,"d":"437"},{"v":439.2,"d":"439"},{"v":447.2,"d":"447"},452,{"v":460.2,"d":"460"},466,{"v":480.4,"d":"480"},{"v":500.3,"d":"500"},502,60]
[{"$nulls":3},1737,"PI_B_S",61,{"v":131.8,"d":"132"},{"v":146.8,"d":"147"},{"v":161.6,"d":"162"},{"v":175.2,"d":"175"},{"v":194.2,"d":"194"},204,{"v":217.4,"d":"217"},225,{"v":226.6,"d":"227"},{"v":228.2,"d":"228"},{"v":227.6,"d":"228"},{"v":221.8,"d":"222"},{"v":218.8,"d":"219"},{"v":218.8,"d":"219"},{"v":216.4,"d":"216"},{"v":221.8,"d":"222"},{"v":229.2,"d":"229"},{"v":246.8,"d":"247"},{"v":262.8,"d":"263"},287,{"v":311.2,"d":"311"},350,{"v":375.6,"d":"376"},{"v":398.6,"d":"399"},{"v":405.8,"d":"406"},419,415,{"v":419.4,"d":"419"},{"v":421.6,"d":"422"},429,{"v":434.6,"d":"435"},446,{"v":452.8,"d":"453"},478,493,61]
[{"$nulls":3},1738,"PI_B_S",62,{"v":116.4,"d":"116"},129,{"v":142.4,"d":"142"},{"v":154.2,"d":"154"},{"v":166.6,"d":"167"},{"v":184.8,"d":"185"},{"v":194.6,"d":"195"},208,{"v":217.2,"d":"217"},218,{"v":217.8,"d":"218"},{"v":217.2,"d":"217"},{"v":212.6,"d":"213"},{"v":209.2,"d":"209"},210,{"v":209.2,"d":"209"},{"v":214.6,"d":"215"},{"v":221.8,"d":"222"},238,{"v":252.8,"d":"253"},{"v":275.6,"d":"276"},{"v":299.6,"d":"300"},{"v":336.8,"d":"337"},{"v":362.4,"d":"362"},{"v":384.4,"d":"384"},{"v":390.8,"d":"391"},{"v":402.6,"d":"403"},{"v":397.6,"d":"398"},{"v":403.4,"d":"403"},{"v":405.2,"d":"405"},{"v":414.4,"d":"414"},{"v":419.8,"d":"420"},{"v":431.6,"d":"432"},437,471,62]
[{"$nulls":3},1739,"PI_B_S",63,{"v":106.4,"d":"106"},{"v":113.6,"d":"114"},{"v":125.6,"d":"126"},{"v":136.8,"d":"137"},{"v":147.4,"d":"147"},{"v":159.4,"d":"159"},175,{"v":184.4,"d":"184"},{"v":197.2,"d":"197"},{"v":207.6,"d":"208"},{"v":207.4,"d":"207"},{"v":207.4,"d":"207"},207,{"v":200.6,"d":"201"},196,{"v":197.6,"d":"198"},{"v":195.8,"d":"196"},{"v":200.2,"d":"200"},{"v":208.8,"d":"209"},{"v":223.8,"d":"224"},{"v":237.8,"d":"238"},{"v":262.4,"d":"262"},287,{"v":323.4,"d":"323"},{"v":350.4,"d":"350"},{"v":371.4,"d":"371"},{"v":375.6,"d":"376"},{"v":384.6,"d":"385"},{"v":379.4,"d":"379"},{"v":383.2,"d":"383"},386,{"v":394.8,"d":"395"},{"v":401.6,"d":"402"},396,420,63]
[{"$nulls":3},1740,"PI_B_S",64,{"v":96.2,"d":"96"},{"v":102.2,"d":"102"},{"v":107.6,"d":"108"},{"v":118.4,"d":"118"},129,{"v":139.6,"d":"140"},{"v":151.4,"d":"151"},167,175,{"v":187.8,"d":"188"},197,{"v":195.8,"d":"196"},{"v":196.6,"d":"197"},{"v":197.2,"d":"197"},{"v":189.2,"d":"189"},184,{"v":184.8,"d":"185"},{"v":183.2,"d":"183"},{"v":187.8,"d":"188"},198,214,{"v":228.8,"d":"229"},{"v":253.4,"d":"253"},276,310,333,{"v":352.8,"d":"353"},{"v":356.2,"d":"356"},367,{"v":360.4,"d":"360"},{"v":365.8,"d":"366"},{"v":369.8,"d":"370"},{"v":376.8,"d":"377"},{"v":380.7,"d":"381"},362,64]
[{"$nulls":3},1741,"PI_B_S",65,{"v":83.8,"d":"84"},{"v":90.4,"d":"90"},{"v":96.6,"d":"97"},{"v":100.4,"d":"100"},{"v":110.6,"d":"111"},{"v":120.4,"d":"120"},{"v":129.8,"d":"130"},{"v":139.4,"d":"139"},{"v":155.6,"d":"156"},163,{"v":175.4,"d":"175"},{"v":184.8,"d":"185"},{"v":186.2,"d":"186"},{"v":186.6,"d":"187"},{"v":185.4,"d":"185"},{"v":177.4,"d":"177"},{"v":172.8,"d":"173"},173,{"v":170.6,"d":"171"},{"v":176.8,"d":"177"},{"v":188.4,"d":"188"},{"v":203.8,"d":"204"},{"v":217.6,"d":"218"},{"v":240.8,"d":"241"},{"v":261.4,"d":"261"},{"v":290.6,"d":"291"},{"v":310.4,"d":"310"},{"v":328.2,"d":"328"},{"v":332.8,"d":"333"},{"v":343.4,"d":"343"},{"v":340.2,"d":"340"},{"v":349.4,"d":"349"},{"v":353.4,"d":"353"},{"v":367.7,"d":"368"},352,65]
[{"$nulls":3},1742,"PI_B_S",66,66,{"v":73.6,"d":"74"},79,{"v":84.8,"d":"85"},{"v":89.4,"d":"89"},{"v":97.6,"d":"98"},{"v":107.6,"d":"108"},{"v":116.8,"d":"117"},{"v":125.6,"d":"126"},{"v":139.8,"d":"140"},147,{"v":157.6,"d":"158"},{"v":164.8,"d":"165"},{"v":165.4,"d":"165"},{"v":165.8,"d":"166"},{"v":165.2,"d":"165"},{"v":156.8,"d":"157"},{"v":153.4,"d":"153"},155,{"v":152.8,"d":"153"},{"v":157.8,"d":"158"},{"v":171.2,"d":"171"},{"v":187.8,"d":"188"},201,{"v":223.2,"d":"223"},{"v":242.4,"d":"242"},{"v":269.2,"d":"269"},{"v":287.4,"d":"287"},{"v":304.6,"d":"305"},{"v":310.6,"d":"311"},323,319,{"v":327.2,"d":"327"},{"v":343.3,"d":"343"},370,66]
[{"$nulls":3},1743,"PI_B_S",67,{"v":50.4,"d":"50"},{"v":55.4,"d":"55"},{"v":62.4,"d":"62"},{"v":67.2,"d":"67"},{"v":72.2,"d":"72"},77,{"v":84.4,"d":"84"},{"v":92.4,"d":"92"},{"v":101.6,"d":"102"},110,{"v":119.2,"d":"119"},{"v":127.6,"d":"128"},{"v":138.2,"d":"138"},{"v":140.8,"d":"141"},{"v":141.8,"d":"142"},{"v":143.2,"d":"143"},{"v":143.4,"d":"143"},{"v":137.2,"d":"137"},{"v":138.4,"d":"138"},141,{"v":140.2,"d":"140"},{"v":142.4,"d":"142"},{"v":154.6,"d":"155"},{"v":169.8,"d":"170"},{"v":180.2,"d":"180"},{"v":198.8,"d":"199"},{"v":215.8,"d":"216"},{"v":240.6,"d":"241"},260,{"v":277.8,"d":"278"},{"v":287.6,"d":"288"},{"v":301.2,"d":"301"},{"v":299.2,"d":"299"},{"v":296.7,"d":"297"},309,67]
[{"$nulls":3},1744,"PI_B_S",68,{"v":39.6,"d":"40"},{"v":42.6,"d":"43"},47,{"v":53.8,"d":"54"},{"v":59.2,"d":"59"},{"v":64.2,"d":"64"},{"v":69.8,"d":"70"},{"v":77.2,"d":"77"},{"v":84.2,"d":"84"},{"v":92.2,"d":"92"},{"v":97.8,"d":"98"},{"v":105.4,"d":"105"},{"v":113.2,"d":"113"},{"v":121.6,"d":"122"},{"v":125.4,"d":"125"},{"v":127.4,"d":"127"},129,128,{"v":123.2,"d":"123"},{"v":122.4,"d":"122"},{"v":124.6,"d":"125"},{"v":125.6,"d":"126"},129,141,{"v":154.2,"d":"154"},{"v":163.8,"d":"164"},{"v":178.6,"d":"179"},191,212,{"v":232.4,"d":"232"},{"v":251.4,"d":"251"},{"v":261.6,"d":"262"},{"v":276.8,"d":"277"},269,279,68]
[{"$nulls":3},1745,"PI_B_S",69,28,{"v":32.6,"d":"33"},{"v":35.8,"d":"36"},{"v":39.4,"d":"39"},{"v":45.4,"d":"45"},{"v":50.6,"d":"51"},{"v":56.8,"d":"57"},{"v":62.6,"d":"63"},{"v":70.4,"d":"70"},{"v":76.6,"d":"77"},{"v":82.8,"d":"83"},{"v":87.8,"d":"88"},94,99,{"v":105.6,"d":"106"},{"v":109.8,"d":"110"},{"v":110.8,"d":"111"},{"v":113.4,"d":"113"},{"v":113.2,"d":"113"},111,{"v":112.4,"d":"112"},116,{"v":115.4,"d":"115"},120,{"v":129.4,"d":"129"},{"v":136.6,"d":"137"},{"v":142.6,"d":"143"},{"v":154.6,"d":"155"},166,{"v":186.4,"d":"186"},209,{"v":229.6,"d":"230"},{"v":242.6,"d":"243"},255,239,69]
[{"$nulls":3},1746,"PI_B_S",70,{"v":21.2,"d":"21"},23,27,{"v":30.2,"d":"30"},{"v":34.2,"d":"34"},{"v":39.8,"d":"40"},{"v":44.4,"d":"44"},{"v":50.8,"d":"51"},{"v":56.6,"d":"57"},{"v":63.2,"d":"63"},{"v":67.8,"d":"68"},{"v":74.4,"d":"74"},{"v":78.4,"d":"78"},{"v":82.8,"d":"83"},{"v":86.6,"d":"87"},{"v":93.2,"d":"93"},{"v":97.4,"d":"97"},{"v":97.6,"d":"98"},{"v":100.6,"d":"101"},{"v":100.4,"d":"100"},{"v":99.2,"d":"99"},100,106,{"v":105.6,"d":"106"},{"v":111.2,"d":"111"},{"v":118.4,"d":"118"},124,{"v":125.8,"d":"126"},{"v":135.4,"d":"135"},{"v":145.4,"d":"145"},{"v":163.6,"d":"164"},185,{"v":205.4,"d":"205"},235,231,70]
[{"$nulls":3},1747,"PI_B_S",71,13,14,{"v":15.4,"d":"15"},{"v":17.2,"d":"17"},{"v":19.6,"d":"20"},23,{"v":26.8,"d":"27"},{"v":29.4,"d":"29"},35,{"v":38.4,"d":"38"},{"v":41.8,"d":"42"},{"v":44.8,"d":"45"},{"v":49.8,"d":"50"},{"v":54.4,"d":"54"},62,69,77,{"v":84.2,"d":"84"},{"v":85.6,"d":"86"},{"v":87.6,"d":"88"},{"v":88.4,"d":"88"},90,91,{"v":94.8,"d":"95"},{"v":94.4,"d":"94"},{"v":95.8,"d":"96"},{"v":99.2,"d":"99"},{"v":103.4,"d":"103"},{"v":105.8,"d":"106"},{"v":115.8,"d":"116"},{"v":128.2,"d":"128"},{"v":146.2,"d":"146"},{"v":165.4,"d":"165"},{"v":191.7,"d":"192"},215,71]
[{"$nulls":3},1748,"PI_B_S",72,{"v":8.6,"d":"9"},{"v":8.8,"d":"9"},{"v":7.8,"d":"8"},{"v":9.4,"d":"9"},9,{"v":11.2,"d":"11"},{"v":13.6,"d":"14"},{"v":15.4,"d":"15"},{"v":16.2,"d":"16"},{"v":20.2,"d":"20"},{"v":21.2,"d":"21"},{"v":23.6,"d":"24"},{"v":27.4,"d":"27"},{"v":32.8,"d":"33"},40,{"v":50.6,"d":"51"},58,68,{"v":75.6,"d":"76"},77,{"v":77.2,"d":"77"},{"v":78.8,"d":"79"},{"v":79.6,"d":"80"},{"v":80.4,"d":"80"},85,{"v":84.6,"d":"85"},{"v":83.6,"d":"84"},{"v":86.8,"d":"87"},90,{"v":91.4,"d":"91"},{"v":101.6,"d":"102"},{"v":115.2,"d":"115"},131,{"v":150.7,"d":"151"},184,72]
[{"$nulls":3},1749,"PI_B_S",73,{"v":7.2,"d":"7"},{"v":7.6,"d":"8"},{"v":7.6,"d":"8"},7,{"v":8.4,"d":"8"},{"v":8.2,"d":"8"},{"v":9.8,"d":"10"},{"v":12.2,"d":"12"},{"v":13.6,"d":"14"},{"v":14.4,"d":"14"},{"v":16.4,"d":"16"},{"v":16.8,"d":"17"},{"v":18.4,"d":"18"},{"$f":"OFFSET(INDIRECT($B$3&1),$D59-1,T$9)","v":22},{"v":26.2,"d":"26"},{"v":34.2,"d":"34"},45,{"v":51.6,"d":"52"},{"v":60.8,"d":"61"},{"v":67.8,"d":"68"},{"v":67.8,"d":"68"},{"v":67.4,"d":"67"},{"v":69.6,"d":"70"},70,{"v":70.6,"d":"71"},{"v":75.4,"d":"75"},75,73,{"v":75.8,"d":"76"},{"v":77.4,"d":"77"},{"v":78.6,"d":"79"},88,{"v":100.8,"d":"101"},109,125,73]
[{"$nulls":3},1750,{"$f":"OFFSET(INDIRECT($B$3&1),$D60-1,E$9)","v":"PI_B_S"},74,{"v":5.4,"d":"5"},6,{"v":6.2,"d":"6"},6,{"v":4.8,"d":"5"},{"v":6.4,"d":"6"},{"v":6.4,"d":"6"},{"v":7.8,"d":"8"},{"v":9.8,"d":"10"},12,{"v":12.8,"d":"13"},{"v":14.6,"d":"15"},{"v":15.4,"d":"15"},{"v":16.6,"d":"17"},{"v":19.4,"d":"19"},{"v":23.2,"d":"23"},30,{"v":39.6,"d":"40"},{"v":45.8,"d":"46"},{"v":53.6,"d":"54"},60,{"v":60.8,"d":"61"},{"v":60.8,"d":"61"},{"v":61.6,"d":"62"},61,{"v":61.4,"d":"61"},64,{"$f":"OFFSET(INDIRECT($B$3&1),$D60-1,AH$9)","v":{"v":63.4,"d":"63"}},{"v":63.6,"d":"64"},67,{"v":69.4,"d":"69"},{"v":70.8,"d":"71"},{"v":79.6,"d":"80"},{"v":86.7,"d":"87"},106,74]
[{"$nulls":3},1751,"PI_B_S",75,{"v":4.8,"d":"5"},{"v":5.4,"d":"5"},6,{"v":6.2,"d":"6"},{"v":5.8,"d":"6"},{"v":4.4,"d":"4"},{"v":5.8,"d":"6"},{"v":5.4,"d":"5"},{"v":6.4,"d":"6"},{"v":8.6,"d":"9"},10,11,{"v":12.6,"d":"13"},{"v":13.2,"d":"13"},14,{"v":16.6,"d":"17"},{"v":19.6,"d":"20"},{"v":25.8,"d":"26"},35,{"v":40.6,"d":"41"},{"v":48.8,"d":"49"},{"v":54.8,"d":"55"},{"v":56.2,"d":"56"},56,{"v":56.2,"d":"56"},54,{"v":53.2,"d":"53"},55,54,{"v":54.6,"d":"55"},58,{"v":61.2,"d":"61"},{"v":62.4,"d":"62"},69,66,75]
[{"$nulls":3},1752,"PI_B_S",76,{"v":3.6,"d":"4"},4,{"v":4.6,"d":"5"},{"v":5.2,"d":"5"},{"v":5.6,"d":"6"},{"v":5.2,"d":"5"},{"v":4.4,"d":"4"},{"v":5.2,"d":"5"},{"v":4.8,"d":"5"},{"v":5.6,"d":"6"},7,{"v":8.4,"d":"8"},10,{"v":11.2,"d":"11"},12,{"v":13.4,"d":"13"},{"v":15.6,"d":"16"},{"v":18.2,"d":"18"},23,{"v":30.6,"d":"31"},35,42,47,{"v":49.4,"d":"49"},{"v":49.4,"d":"49"},{"v":50.2,"d":"50"},{"v":47.6,"d":"48"},{"v":46.4,"d":"46"},{"v":47.2,"d":"47"},{"v":45.8,"d":"46"},46,{"v":49.8,"d":"50"},{"v":53.2,"d":"53"},57,64,76]
[{"$nulls":3},1753,"PI_B_S",77,{"v":2.8,"d":"3"},3,{"v":3.4,"d":"3"},4,{"v":4.4,"d":"4"},5,{"v":4.6,"d":"5"},4,{"v":4.6,"d":"5"},{"v":4.4,"d":"4"},{"v":4.8,"d":"5"},{"v":5.6,"d":"6"},{"v":6.8,"d":"7"},8,9,10,{"v":11.8,"d":"12"},14,17,{"v":21.2,"d":"21"},28,{"v":31.6,"d":"32"},{"v":37.8,"d":"38"},{"v":42.2,"d":"42"},{"v":44.6,"d":"45"},{"v":44.4,"d":"44"},{"v":44.2,"d":"44"},{"v":40.8,"d":"41"},{"v":38.8,"d":"39"},{"v":38.8,"d":"39"},{"v":36.8,"d":"37"},38,41,41,48,77]
[{"$nulls":3},1754,"PI_B_S",78,{"v":2.2,"d":"2"},2,{"v":2.2,"d":"2"},{"v":2.8,"d":"3"},{"v":3.2,"d":"3"},{"v":3.8,"d":"4"},{"v":4.6,"d":"5"},{"v":3.8,"d":"4"},{"v":3.6,"d":"4"},{"v":4.4,"d":"4"},{"v":4.2,"d":"4"},{"v":4.2,"d":"4"},{"v":5.2,"d":"5"},{"v":5.8,"d":"6"},{"v":6.6,"d":"7"},{"v":7.4,"d":"7"},{"v":8.6,"d":"9"},{"v":10.4,"d":"10"},{"v":13.2,"d":"13"},{"v":16.2,"d":"16"},20,{"v":26.2,"d":"26"},29,{"v":33.2,"d":"33"},{"v":37.2,"d":"37"},39,{"v":37.4,"d":"37"},{"v":37.6,"d":"38"},{"v":35.4,"d":"35"},33,33,{"v":32.2,"d":"32"},{"v":33.2,"d":"33"},{"v":34.3,"d":"34"},36,78]
[{"$nulls":3},1755,"PI_B_S",79,{"v":1.8,"d":"2"},2,{"v":1.8,"d":"2"},{"v":2.2,"d":"2"},{"v":2.8,"d":"3"},3,{"v":3.4,"d":"3"},{"v":3.8,"d":"4"},{"v":2.8,"d":"3"},{"v":2.6,"d":"3"},{"v":3.2,"d":"3"},{"v":3.2,"d":"3"},{"v":3.6,"d":"4"},{"v":4.2,"d":"4"},{"v":4.8,"d":"5"},6,{"v":6.4,"d":"6"},{"v":7.4,"d":"7"},{"v":9.2,"d":"9"},{"v":11.8,"d":"12"},{"v":14.8,"d":"15"},{"v":18.8,"d":"19"},{"v":23.4,"d":"23"},{"v":26.2,"d":"26"},{"v":28.6,"d":"29"},{"v":29.8,"d":"30"},{"v":30.6,"d":"31"},30,{"v":30.2,"d":"30"},{"v":29.8,"d":"30"},29,{"v":29.2,"d":"29"},{"v":28.8,"d":"29"},29,28,79]
[{"$nulls":3},1756,"PI_B_S",80,{"v":1.4,"d":"1"},{"v":1.4,"d":"1"},{"v":1.6,"d":"2"},{"v":1.4,"d":"1"},2,{"v":2.6,"d":"3"},{"v":2.8,"d":"3"},{"v":3.4,"d":"3"},{"v":3.8,"d":"4"},{"v":2.8,"d":"3"},{"v":2.6,"d":"3"},{"v":3.2,"d":"3"},{"v":3.2,"d":"3"},{"v":3.4,"d":"3"},4,{"v":4.4,"d":"4"},{"v":5.4,"d":"5"},{"v":5.6,"d":"6"},{"v":6.4,"d":"6"},{"v":7.8,"d":"8"},{"v":10.6,"d":"11"},{"v":13.8,"d":"14"},{"v":17.4,"d":"17"},{"v":21.6,"d":"22"},{"v":23.8,"d":"24"},{"v":24.6,"d":"25"},25,{"v":25.2,"d":"25"},25,{"v":24.8,"d":"25"},{"v":25.2,"d":"25"},{"v":24.6,"d":"25"},{"v":25.2,"d":"25"},{"v":25.7,"d":"26"},28,80]
[{"$nulls":3},1757,"PI_B_S",81,1,1,1,1,{"v":0.8,"d":"1"},{"v":1.8,"d":"2"},{"v":2.4,"d":"2"},{"v":2.4,"d":"2"},{"v":2.6,"d":"3"},3,2,{"v":1.6,"d":"2"},{"v":2.2,"d":"2"},{"v":2.4,"d":"2"},{"v":2.4,"d":"2"},{"v":2.8,"d":"3"},{"v":3.4,"d":"3"},4,{"v":4.4,"d":"4"},5,6,{"v":8.8,"d":"9"},12,{"v":15.4,"d":"15"},{"v":18.8,"d":"19"},21,{"v":21.2,"d":"21"},{"v":21.6,"d":"22"},{"v":21.2,"d":"21"},{"v":21.4,"d":"21"},{"v":21.4,"d":"21"},{"v":21.6,"d":"22"},21,{"v":20.3,"d":"20"},21,81]
[{"$nulls":3},1758,"PI_B_S",82,{"v":0.8,"d":"1"},1,1,1,1,{"v":0.8,"d":"1"},{"v":1.6,"d":"2"},{"v":2.2,"d":"2"},{"v":2.2,"d":"2"},{"v":2.4,"d":"2"},{"v":2.8,"d":"3"},{"v":1.8,"d":"2"},{"v":1.4,"d":"1"},{"v":1.6,"d":"2"},{"v":1.8,"d":"2"},{"v":1.8,"d":"2"},{"v":2.2,"d":"2"},{"v":2.8,"d":"3"},{"v":3.8,"d":"4"},4,{"v":4.6,"d":"5"},{"v":5.8,"d":"6"},8,{"v":10.6,"d":"11"},{"v":13.6,"d":"14"},{"v":16.2,"d":"16"},{"v":17.6,"d":"18"},{"v":17.6,"d":"18"},{"v":17.4,"d":"17"},{"v":16.8,"d":"17"},{"v":17.4,"d":"17"},{"v":17.4,"d":"17"},{"v":18.4,"d":"18"},{"v":19.3,"d":"19"},21,82]
[{"$nulls":3},1759,"PI_B_S",83,{"v":0.6,"d":"1"},{"v":0.6,"d":"1"},{"v":0.8,"d":"1"},{"v":0.8,"d":"1"},{"v":0.8,"d":"1"},{"v":0.6,"d":"1"},{"v":0.6,"d":"1"},{"v":1.4,"d":"1"},2,2,{"v":2.2,"d":"2"},{"v":2.6,"d":"3"},{"v":1.6,"d":"2"},{"v":1.2,"d":"1"},{"v":1.4,"d":"1"},2,2,{"v":2.4,"d":"2"},{"v":3.2,"d":"3"},{"v":4.2,"d":"4"},4,{"v":4.4,"d":"4"},{"v":5.6,"d":"6"},{"v":7.6,"d":"8"},{"v":9.4,"d":"9"},{"v":11.6,"d":"12"},{"v":13.6,"d":"14"},{"v":14.8,"d":"15"},14,{"v":14.4,"d":"14"},{"v":14.6,"d":"15"},{"v":15.2,"d":"15"},{"v":14.8,"d":"15"},15,12,83]
[{"$nulls":3},1760,"PI_B_S",84,{"v":0.2,"d":"0"},{"v":0.4,"d":"0"},{"v":0.4,"d":"0"},{"v":0.6,"d":"1"},{"v":0.8,"d":"1"},{"v":0.8,"d":"1"},{"v":0.6,"d":"1"},{"v":0.4,"d":"0"},1,{"v":1.6,"d":"2"},{"v":1.6,"d":"2"},{"v":1.8,"d":"2"},{"v":2.4,"d":"2"},{"v":1.6,"d":"2"},{"v":1.2,"d":"1"},{"v":1.4,"d":"1"},{"v":1.6,"d":"2"},{"v":1.6,"d":"2"},2,{"v":2.4,"d":"2"},{"v":3.4,"d":"3"},{"v":3.6,"d":"4"},{"v":3.8,"d":"4"},{"v":5.2,"d":"5"},{"v":7.2,"d":"7"},{"v":8.6,"d":"9"},10,{"v":11.8,"d":"12"},12,{"v":11.4,"d":"11"},{"v":11.6,"d":"12"},{"v":12.6,"d":"13"},{"v":13.2,"d":"13"},15,16,84]
[{"$nulls":3},1761,"PI_B_S",85,{"v":0.2,"d":"0"},{"v":0.2,"d":"0"},{"v":0.4,"d":"0"},{"v":0.4,"d":"0"},{"v":0.6,"d":"1"},{"v":0.8,"d":"1"},{"v":0.8,"d":"1"},{"v":0.6,"d":"1"},{"v":0.4,"d":"0"},1,{"v":1.6,"d":"2"},{"v":1.6,"d":"2"},{"v":1.8,"d":"2"},{"v":2.4,"d":"2"},{"v":1.6,"d":"2"},{"v":1.2,"d":"1"},{"v":1.4,"d":"1"},{"v":1.4,"d":"1"},{"v":1.2,"d":"1"},{"v":1.6,"d":"2"},2,{"v":2.8,"d":"3"},{"v":3.2,"d":"3"},{"v":3.4,"d":"3"},{"v":4.4,"d":"4"},{"v":5.2,"d":"5"},{"v":6.2,"d":"6"},{"v":7.4,"d":"7"},9,{"v":9.2,"d":"9"},{"v":9.4,"d":"9"},{"v":10.2,"d":"10"},{"v":11.2,"d":"11"},{"v":12.3,"d":"12"},14,85]
[{"$nulls":3},1762,"PI_B_S",86,{"v":0.2,"d":"0"},{"v":0.2,"d":"0"},{"v":0.2,"d":"0"},{"v":0.4,"d":"0"},{"v":0.2,"d":"0"},{"v":0.4,"d":"0"},{"v":0.6,"d":"1"},{"v":0.6,"d":"1"},{"v":0.4,"d":"0"},{"v":0.4,"d":"0"},1,{"v":1.6,"d":"2"},{"v":1.6,"d":"2"},{"v":1.6,"d":"2"},{"v":2.2,"d":"2"},{"v":1.4,"d":"1"},1,{"v":1.2,"d":"1"},{"v":1.4,"d":"1"},{"v":1.2,"d":"1"},{"v":1.6,"d":"2"},2,{"v":2.8,"d":"3"},{"v":3.2,"d":"3"},3,{"v":3.8,"d":"4"},{"v":3.8,"d":"4"},{"v":4.2,"d":"4"},{"v":5.2,"d":"5"},7,7,{"v":7.6,"d":"8"},{"v":8.4,"d":"8"},8,11,86]
[{"$nulls":3},1763,"PI_B_S",87,{"v":0.2,"d":"0"},{"v":0.2,"d":"0"},{"v":0.2,"d":"0"},{"v":0.2,"d":"0"},{"v":0.4,"d":"0"},{"v":0.2,"d":"0"},{"v":0.4,"d":"0"},{"v":0.4,"d":"0"},{"v":0.4,"d":"0"},{"v":0.2,"d":"0"},{"v":0.2,"d":"0"},{"v":0.8,"d":"1"},{"v":1.6,"d":"2"},{"v":1.6,"d":"2"},{"v":1.6,"d":"2"},{"v":2.2,"d":"2"},{"v":1.4,"d":"1"},1,{"v":1.2,"d":"1"},{"v":1.4,"d":"1"},1,{"v":1.4,"d":"1"},2,{"v":2.8,"d":"3"},{"v":3.2,"d":"3"},{"v":3.2,"d":"3"},{"v":3.2,"d":"3"},{"v":2.6,"d":"3"},3,{"v":3.6,"d":"4"},5,{"v":5.6,"d":"6"},{"v":6.2,"d":"6"},6,5,87]
[{"$nulls":3},1764,"PI_B_S",88,0,{"v":0.2,"d":"0"},{"v":0.2,"d":"0"},{"v":0.2,"d":"0"},{"v":0.2,"d":"0"},{"v":0.4,"d":"0"},{"v":0.2,"d":"0"},{"v":0.4,"d":"0"},{"v":0.4,"d":"0"},{"v":0.4,"d":"0"},{"v":0.2,"d":"0"},{"v":0.2,"d":"0"},{"v":0.8,"d":"1"},{"v":1.6,"d":"2"},{"v":1.6,"d":"2"},{"v":1.6,"d":"2"},2,{"v":1.2,"d":"1"},{"v":0.8,"d":"1"},1,{"v":1.2,"d":"1"},1,{"v":1.4,"d":"1"},{"v":1.8,"d":"2"},{"v":2.2,"d":"2"},{"v":2.6,"d":"3"},{"v":2.8,"d":"3"},{"v":2.8,"d":"3"},{"v":2.4,"d":"2"},{"v":2.6,"d":"3"},{"v":2.8,"d":"3"},{"v":4.2,"d":"4"},{"v":4.8,"d":"5"},6,5,88]
[{"$nulls":3},1765,"PI_B_S",89,0,0,{"v":0.2,"d":"0"},{"v":0.2,"d":"0"},{"v":0.2,"d":"0"},{"v":0.2,"d":"0"},{"v":0.4,"d":"0"},{"v":0.2,"d":"0"},{"v":0.4,"d":"0"},{"v":0.4,"d":"0"},{"v":0.4,"d":"0"},{"v":0.2,"d":"0"},{"v":0.2,"d":"0"},{"$f":"OFFSET(INDIRECT($B$3&1),$D75-1,T$9)","v":{"v":0.8,"d":"1"}},{"v":1.6,"d":"2"},{"v":1.6,"d":"2"},{"v":1.6,"d":"2"},2,{"v":1.2,"d":"1"},{"v":0.8,"d":"1"},{"v":0.8,"d":"1"},1,{"v":0.8,"d":"1"},{"v":1.2,"d":"1"},{"v":1.6,"d":"2"},2,{"v":2.4,"d":"2"},{"v":2.6,"d":"3"},{"v":2.6,"d":"3"},{"v":2.2,"d":"2"},{"v":2.6,"d":"3"},{"v":2.6,"d":"3"},{"v":3.8,"d":"4"},5,8,89]
[{"$nulls":3},1766,{"$f":"OFFSET(INDIRECT($B$3&1),$D76-1,E$9)","v":"PI_B_S"},90,0,0,0,{"v":0.2,"d":"0"},{"v":0.2,"d":"0"},{"v":0.2,"d":"0"},{"v":0.2,"d":"0"},{"v":0.4,"d":"0"},{"v":0.2,"d":"0"},{"v":0.4,"d":"0"},{"v":0.4,"d":"0"},{"v":0.4,"d":"0"},{"v":0.2,"d":"0"},{"v":0.2,"d":"0"},{"v":0.8,"d":"1"},{"v":1.6,"d":"2"},{"v":1.6,"d":"2"},{"v":1.6,"d":"2"},2,{"v":1.2,"d":"1"},{"v":0.6,"d":"1"},{"v":0.6,"d":"1"},{"v":0.8,"d":"1"},{"v":0.6,"d":"1"},1,{"v":1.2,"d":"1"},{"v":1.4,"d":"1"},{"v":1.6,"d":"2"},{"v":1.8,"d":"2"},{"v":1.4,"d":"1"},1,{"v":1.6,"d":"2"},{"v":1.8,"d":"2"},{"v":2.3,"d":"2"},3,{"$f":"F76","v":90}]
[{"$nulls":3},{"$f":"1+D76","v":1767},"PI_B_S","NUMB",{"$f":"OFFSET(INDIRECT($B$3&1),$D77-1,G$9)","v":65},65,65,65,65,65,65,65,65,65,65,65,65,65,65,65,65,65,65,65,65,65,65,65,65,65,65,65,65,65,65,65,65,65,65]
[{"$nulls":3},1768,"PI_B_S","SUM1",10895,11103,11252,11352,11436,11532,11647,11806,11993,12198,12388,12616,12834,13018,13181,13336,13461,13598,13808,14079,14388,14765,15198,15634,16016,16323,16549,16663,16729,16742,16770,16784,16721,16661,16411]
[{"$nulls":3},1769,"PI_B_S","SUM55",8915,8963,8963,8925,8883,8871,8882,8945,9046,9159,9272,9411,9529,9605,9641,9620,9546,9462,9425,9442,9507,9625,9800,9984,10124,10216,10275,10239,10152,10026,9898,9743,9530,9317,8973]
[{"$nulls":3},1770,"PI_B_S","SDEV",167.9,{"v":170,"d":"170.0"},{"v":171,"d":"171.0"},171.2,171.2,171.4,171.7,{"v":173,"d":"173.0"},174.9,177.1,179.6,182.9,{"v":186,"d":"186.0"},188.7,190.9,192.6,193.7,194.6,{"v":196,"d":"196.0"},{"v":198,"d":"198.0"},200.2,202.8,205.9,209.1,211.8,213.8,215.4,{"v":216,"d":"216.0"},215.7,214.3,212.8,210.7,207.7,205.1,201.7]
[{"$nulls":3},1771,"PI_B_S","max_060",{"v":43,"d":"43.0"},43.2,43.5,43.7,{"v":44,"d":"44.0"},44.2,44.4,44.5,44.7,44.9,45.1,45.3,45.5,45.7,{"v":46,"d":"46.0"},46.2,46.5,46.8,{"v":47,"d":"47.0"},47.2,47.3,47.4,47.4,47.4,47.4,47.4,47.4,47.5,47.5,47.6,47.7,47.8,47.9,{"v":48,"d":"48.0"},48.1]
[{"$nulls":3},1772,"PI_B_S","max_065",{"v":44,"d":"44.0"},44.3,44.6,44.9,45.2,45.5,45.8,{"v":46,"d":"46.0"},46.2,46.4,46.6,46.8,{"v":47,"d":"47.0"},47.1,47.3,47.6,47.8,48.1,48.4,48.6,48.8,48.9,{"v":49,"d":"49.0"},49.1,49.2,49.3,49.3,49.4,49.5,49.6,49.7,49.8,49.9,50.1,50.3]
[{"$nulls":3},1773,"PI_B_S","max_070",44.4,44.8,45.1,45.5,45.8,46.2,46.5,46.8,{"v":47,"d":"47.0"},47.3,47.5,47.7,47.9,48.1,48.3,48.6,48.8,{"v":49,"d":"49.0"},49.3,49.5,49.6,49.8,49.9,{"v":50,"d":"50.0"},50.2,50.3,50.4,50.5,50.7,50.9,{"v":51,"d":"51.0"},51.2,51.5,51.7,{"v":52,"d":"52.0"}]
[{"$nulls":3},1774,"PI_B_S","max_075",{"v":44.5,"d":"45"},{"v":44.9,"d":"45"},{"v":45.2,"d":"45"},{"v":45.6,"d":"46"},{"v":45.9,"d":"46"},{"v":46.3,"d":"46"},{"v":46.6,"d":"47"},{"v":46.9,"d":"47"},{"v":47.2,"d":"47"},{"v":47.5,"d":"48"},{"v":47.7,"d":"48"},{"v":47.9,"d":"48"},{"v":48.2,"d":"48"},{"v":48.4,"d":"48"},{"v":48.6,"d":"49"},{"v":48.9,"d":"49"},{"v":49.2,"d":"49"},{"v":49.5,"d":"50"},{"v":49.8,"d":"50"},50,{"v":50.2,"d":"50"},{"v":50.3,"d":"50"},{"v":50.5,"d":"51"},{"v":50.6,"d":"51"},{"v":50.7,"d":"51"},{"v":50.8,"d":"51"},{"v":50.9,"d":"51"},{"v":51.1,"d":"51"},{"v":51.2,"d":"51"},{"v":51.4,"d":"51"},{"v":51.6,"d":"52"},{"v":51.9,"d":"52"},{"v":52.2,"d":"52"},{"v":52.4,"d":"52"},{"v":52.8,"d":"53"}]
[]
[{"$nulls":5},">71",{"$f":"SUM(G58:G76)","v":{"v":41.000000000000014,"d":"41"}},{"$f":"SUM(H58:H76)","v":{"v":44.00000000000001,"d":"44"}},{"v":45.6,"d":"46"},{"v":49.2,"d":"49"},{"v":51.2,"d":"51"},{"v":55.99999999999999,"d":"56"},{"v":63.199999999999996,"d":"63"},{"v":70.00000000000001,"d":"70"},{"v":75.60000000000002,"d":"76"},{"v":86.80000000000003,"d":"87"},{"v":94.6,"d":"95"},{"v":103.19999999999999,"d":"103"},{"v":116.39999999999999,"d":"116"},{"v":132.20000000000002,"d":"132"},{"v":152.2,"d":"152"},{"v":183.40000000000003,"d":"183"},{"v":218.6,"d":"219"},{"v":259.8,"d":"260"},{"v":307.1999999999999,"d":"307"},{"v":349.4,"d":"349"},{"v":387.4000000000001,"d":"387"},{"v":425.6000000000001,"d":"426"},{"v":461.2,"d":"461"},{"v":492.4,"d":"492"},{"v":520.8000000000001,"d":"521"},{"v":538.8000000000001,"d":"539"},{"v":542.8,"d":"543"},{"v":545.2,"d":"545"},{"v":548.5999999999999,"d":"549"},{"v":552.6000000000001,"d":"553"},{"v":570.4,"d":"570"},{"v":607.6000000000003,"d":"608"},{"v":658.7999999999998,"d":"659"},{"v":711.5999999999998,"d":"712"},{"$f":"SUM(AO58:AO76)","v":801}]
[{"$nulls":5},"%>71",{"$f":"G86/G78","v":{"v":3.7631941257457563E-3,"d":"0.4%"}},{"$f":"H86/H78","v":{"v":0.003962892911825633,"d":"0.4%"}},{"v":0.00405261286882332,"d":"0.4%"},{"v":0.004334038054968288,"d":"0.4%"},{"v":0.00447708989157048,"d":"0.4%"},{"v":0.004856052722858133,"d":"0.5%"},{"v":0.005426290031767837,"d":"0.5%"},{"v":5.9291885481958335E-3,"d":"0.6%"},{"v":0.006303677145001253,"d":"0.6%"},{"v":7.115920642728318E-3,"d":"0.7%"},{"v":0.007636422344204068,"d":"0.8%"},{"v":0.00818008877615726,"d":"0.8%"},{"v":0.009069658719027582,"d":"0.9%"},{"v":0.010155169764940852,"d":"1.0%"},{"v":0.011546923602154615,"d":"1.2%"},{"v":0.013752249550089985,"d":"1.4%"},{"v":0.016239506723126067,"d":"1.6%"},{"v":0.019105750845712605,"d":"1.9%"},{"v":0.022247972190034753,"d":"2.2%"},{"v":0.024817103487463597,"d":"2.5%"},{"v":0.026925215457325555,"d":"2.7%"},{"v":0.028824923806298686,"d":"2.9%"},{"v":0.03034609817081195,"d":"3.0%"},{"v":0.031495458615837274,"d":"3.1%"},{"v":0.03251748251748252,"d":"3.3%"},{"v":0.03300863811799302,"d":"3.3%"},{"v":0.03279956492839446,"d":"3.3%"},{"v":0.0327191982236092,"d":"3.3%"},{"v":0.032793352860302466,"d":"3.3%"},{"v":0.033006809222315144,"d":"3.3%"},{"v":0.03401311866428145,"d":"3.4%"},{"v":0.03620114394661584,"d":"3.6%"},{"v":0.03939955744273667,"d":"3.9%"},{"v":0.042710521577336284,"d":"4.3%"},{"v":0.048808725854609714,"d":"4.9%"}]
[{"$nulls":6},{"$f":"AVERAGE(G87:T87)","v":{"v":6.0901640391296166E-3,"d":"0.6%"}}]

{"sheet":"wuSh","index":10,"n_rows":85,"n_cols":49,"rows_kept":85}
["Title","R01 to PI_B Ratio Smoothed (_v) and Ushifted (kax=2)"]
["Purpose","Use offset to get index of sheet D2 =OFFSET(INDIRECT($B$3&1),$B8-1+$B5,E$1-1)"]
["Data Source","d2!A"]
["Data Name","ra_PI_B_v2"]
["Start Row",{"$f":"VLOOKUP($B$4,'id2'!$A$9:$B$132,2,0)","v":5001}]
["Number Row",100]
["Column Number",0]
[]
[{"$nulls":4},1,{"$f":"1+E9","v":2},{"$f":"1+F9","v":3},4,5,6,7,8,9,10,11,12,13,14,15,16,17,18,19,20,21,22,23,24,25,26,27,28,29,30,31,32,33,34,35,36,37]
[{"$nulls":44},"BG"]
[null,null,"ZeroF",{"$f":"B5","v":5001},{"$f":"OFFSET(INDIRECT($B$3&1),$D11-1,E$9)","v":"ra_PI_B_v2"},{"$f":"OFFSET(INDIRECT($B$3&1),$D11-1,F$9)","v":"Age/Yea"},1980,1981,1982,1983,1984,1985,1986,1987,1988,1989,1990,1991,1992,1993,1994,1995,1996,1997,1998,1999,2000,2001,2002,2003,2004,2005,2006,2007,2008,2009,2010,2011,2012,2013,2014,"Age","Ave","SD","1/Ave","correl","f(a)",null,"Year"]
[null,null,1,{"$f":"1+D11","v":5002},{"$f":"OFFSET(INDIRECT($B$3&1),$D12-1,E$9)","v":"ra_PI_B_v2"},26,{"$nulls":35},{"$f":"F12","v":26},{"$nulls":6},{"$f":"AP12","v":26}]
[null,null,1,{"$f":"1+D12","v":5003},"ra_PI_B_v2",27,{"$nulls":35},27,{"$nulls":6},27]
[null,null,1,5004,"ra_PI_B_v2",28,{"$nulls":35},28,{"$nulls":6},28]
[null,null,1,5005,"ra_PI_B_v2",29,{"$nulls":35},29,{"$nulls":6},29]
[null,null,1,5006,"ra_PI_B_v2",30,{"$f":"OFFSET(INDIRECT($B$3&1),$D16-1,G$9)/100","v":{"v":0.6759999999999999,"d":"0.676"}},{"$f":"OFFSET(INDIRECT($B$3&1),$D16-1,H$9)/100","v":{"v":0.7170000000000001,"d":"0.717"}},0.778,0.805,{"v":0.8109999999999999,"d":"0.811"},0.792,0.767,{"v":0.6970000000000001,"d":"0.697"},{"v":0.63,"d":"0.630"},0.578,0.494,0.534,0.474,0.424,0.466,0.602,0.532,0.514,0.723,{"v":0.39899999999999997,"d":"0.399"},0.371,{"v":0.32299999999999995,"d":"0.323"},0.302,0.309,0.263,{"v":0.24600000000000002,"d":"0.246"},0.253,0.225,0.248,{"v":0.25,"d":"0.250"},0.255,0.263,0.282,0.242,{"v":0.20600000000000002,"d":"0.206"},30,{"$nulls":6},30]
[null,null,1,5007,"ra_PI_B_v2",31,0.701,{"v":0.76,"d":"0.760"},{"v":0.8220000000000001,"d":"0.822"},{"v":0.8440000000000001,"d":"0.844"},{"v":0.8420000000000001,"d":"0.842"},0.807,0.789,0.746,0.654,0.626,0.569,{"v":0.5329999999999999,"d":"0.533"},0.516,0.496,0.508,0.555,0.573,0.593,0.623,0.502,{"v":0.43799999999999994,"d":"0.438"},0.354,{"v":0.36,"d":"0.360"},{"v":0.33,"d":"0.330"},0.293,0.289,0.266,0.266,{"v":0.26899999999999996,"d":"0.269"},0.268,{"v":0.28,"d":"0.280"},{"v":0.29100000000000004,"d":"0.291"},{"v":0.28800000000000003,"d":"0.288"},{"v":0.27899999999999997,"d":"0.279"},{"v":0.28800000000000003,"d":"0.288"},31,{"$nulls":6},31]
[null,null,1,5008,"ra_PI_B_v2",32,0.784,{"v":0.8270000000000001,"d":"0.827"},0.857,0.885,0.875,{"v":0.8370000000000001,"d":"0.837"},0.809,{"v":0.77,"d":"0.770"},0.695,{"v":0.66,"d":"0.660"},0.616,0.594,{"v":0.53,"d":"0.530"},0.532,{"v":0.5539999999999999,"d":"0.554"},0.589,{"v":0.58,"d":"0.580"},0.638,0.644,0.527,0.547,0.391,0.392,0.369,0.317,0.318,0.302,0.295,{"v":0.31,"d":"0.310"},{"v":0.29,"d":"0.290"},{"v":0.3,"d":"0.300"},0.316,0.315,0.297,0.303,32,{"$nulls":6},32]
[null,null,1,5009,"ra_PI_B_v2",33,{"v":0.8490000000000001,"d":"0.849"},0.915,0.892,{"v":0.9159999999999999,"d":"0.916"},0.929,0.888,0.847,{"v":0.8109999999999999,"d":"0.811"},0.794,0.716,0.664,0.639,0.594,0.563,0.585,0.655,0.622,{"v":0.6559999999999999,"d":"0.656"},{"$f":"OFFSET(INDIRECT($B$3&1),$D19-1,Y$9)/100","v":{"v":0.6679999999999999,"d":"0.668"}},{"v":0.5710000000000001,"d":"0.571"},{"v":0.5760000000000001,"d":"0.576"},{"v":0.46399999999999997,"d":"0.464"},0.431,0.396,0.345,0.344,{"v":0.33799999999999997,"d":"0.338"},{"v":0.33299999999999996,"d":"0.333"},{"v":0.34700000000000003,"d":"0.347"},{"v":0.33299999999999996,"d":"0.333"},0.332,0.345,0.348,0.331,{"$f":"OFFSET(INDIRECT($B$3&1),$D19-1,AO$9)/100","v":{"v":0.33899999999999997,"d":"0.339"}},33,{"$nulls":6},33]
[null,null,1,5010,"ra_PI_B_v2",34,0.895,0.972,0.958,0.937,{"v":0.9359999999999999,"d":"0.936"},{"v":0.9470000000000001,"d":"0.947"},0.917,0.868,{"v":0.8370000000000001,"d":"0.837"},0.812,0.755,{"v":0.7140000000000001,"d":"0.714"},0.691,{"v":0.6659999999999999,"d":"0.666"},{"v":0.64,"d":"0.640"},{"v":0.6829999999999999,"d":"0.683"},{"$f":"OFFSET(INDIRECT($B$3&1),$D20-1,W$9)/100","v":0.725},{"v":0.6970000000000001,"d":"0.697"},{"v":0.68,"d":"0.680"},0.664,0.612,0.547,0.499,0.431,{"v":0.40399999999999997,"d":"0.404"},0.396,{"v":0.39399999999999996,"d":"0.394"},0.397,0.395,{"v":0.41,"d":"0.410"},{"v":0.41,"d":"0.410"},{"v":0.38799999999999996,"d":"0.388"},0.381,0.376,0.379,34,{"$nulls":6},34]
[null,null,1,5011,"ra_PI_B_v2",35,0.912,{"v":1,"d":"1.000"},0.998,0.981,{"v":0.9640000000000001,"d":"0.964"},0.968,0.966,0.937,0.893,{"v":0.8640000000000001,"d":"0.864"},0.852,{"v":0.8170000000000001,"d":"0.817"},0.778,{"v":0.7659999999999999,"d":"0.766"},0.738,{"v":0.7390000000000001,"d":"0.739"},{"v":0.7709999999999999,"d":"0.771"},{"v":0.7979999999999999,"d":"0.798"},0.721,0.718,{"v":0.6970000000000001,"d":"0.697"},0.618,0.581,0.536,{"v":0.46299999999999997,"d":"0.463"},0.455,0.445,{"v":0.45399999999999996,"d":"0.454"},0.465,0.491,0.483,0.479,0.452,0.444,0.466,35,{"$nulls":6},35]
[null,null,1,5012,"ra_PI_B_v2",36,0.915,0.997,{"v":1,"d":"1.000"},{"v":1,"d":"1.000"},{"v":0.99,"d":"0.990"},0.973,0.983,0.981,{"v":0.9540000000000001,"d":"0.954"},0.917,{"v":0.8959999999999999,"d":"0.896"},{"v":0.9079999999999999,"d":"0.908"},0.867,0.841,0.821,0.823,{"v":0.8270000000000001,"d":"0.827"},{"v":0.8540000000000001,"d":"0.854"},{"v":0.8270000000000001,"d":"0.827"},0.772,{"v":0.7559999999999999,"d":"0.756"},{"v":0.6940000000000001,"d":"0.694"},0.655,0.606,{"v":0.5589999999999999,"d":"0.559"},0.515,0.514,0.507,0.528,{"v":0.5710000000000001,"d":"0.571"},0.579,0.556,{"v":0.5539999999999999,"d":"0.554"},0.532,{"v":0.5329999999999999,"d":"0.533"},36,{"$f":"AVERAGE(I22:AM22)","v":{"v":0.7686451612903227,"d":"0.769"}},{"$f":"STDEV(I22:AM22)","v":{"v":0.17573532150881416,"d":"0.176"}},{"$f":"1/AQ22","v":{"v":1.3009904314252139,"d":"1.30"}},{"v":1,"d":"1.000"},{"$f":"AR22*AS22/AQ22","v":{"v":0.29744540557908444,"d":"0.297"}},null,36]
[null,null,1,5013,"ra_PI_B_v2",37,0.927,0.985,0.985,0.982,{"v":1,"d":"1.000"},0.995,0.983,{"v":1,"d":"1.000"},0.993,0.975,0.943,0.941,{"v":0.9490000000000001,"d":"0.949"},{"v":0.9179999999999999,"d":"0.918"},0.893,0.895,0.899,{"v":0.9059999999999999,"d":"0.906"},{"v":0.8859999999999999,"d":"0.886"},{"v":0.86,"d":"0.860"},{"v":0.8029999999999999,"d":"0.803"},0.755,{"v":0.7290000000000001,"d":"0.729"},0.684,0.628,0.606,{"v":0.58,"d":"0.580"},{"v":0.5720000000000001,"d":"0.572"},{"v":0.59,"d":"0.590"},0.637,{"v":0.6679999999999999,"d":"0.668"},{"v":0.6629999999999999,"d":"0.663"},0.637,0.653,0.615,37,{"v":0.8243548387096774,"d":"0.824"},{"v":0.15449672022130356,"d":"0.154"},{"v":1.213069849344551,"d":"1.21"},{"v":1,"d":"1.000"},{"v":0.2273478656550813,"d":"0.227"},null,37]
[null,null,1,5014,"ra_PI_B_v2",38,0.937,0.978,0.968,{"v":0.9640000000000001,"d":"0.964"},{"v":0.98,"d":"0.980"},{"v":1,"d":"1.000"},{"v":1,"d":"1.000"},0.986,{"v":1,"d":"1.000"},{"v":1,"d":"1.000"},0.985,0.976,{"v":0.9690000000000001,"d":"0.969"},0.971,0.953,{"v":0.9329999999999999,"d":"0.933"},{"v":0.9440000000000001,"d":"0.944"},0.961,{"v":0.94,"d":"0.940"},{"v":0.9079999999999999,"d":"0.908"},0.878,0.809,{"v":0.7879999999999999,"d":"0.788"},{"v":0.7509999999999999,"d":"0.751"},0.711,{"v":0.6659999999999999,"d":"0.666"},0.664,{"v":0.63,"d":"0.630"},0.654,{"v":0.6970000000000001,"d":"0.697"},{"v":0.73,"d":"0.730"},0.754,{"v":0.7490000000000001,"d":"0.749"},0.747,{"v":0.74,"d":"0.740"},38,{"v":0.8683548387096774,"d":"0.868"},{"v":0.12946287714684762,"d":"0.129"},{"v":1.1516029570192057,"d":"1.15"},{"v":1,"d":"1.000"},{"v":0.1716922915614339,"d":"0.172"},null,38]
[null,null,1,5015,"ra_PI_B_v2",39,{"v":0.9520000000000001,"d":"0.952"},0.968,{"v":0.9390000000000001,"d":"0.939"},{"v":0.9390000000000001,"d":"0.939"},{"v":0.9570000000000001,"d":"0.957"},0.973,0.991,0.987,{"v":0.9840000000000001,"d":"0.984"},{"v":1,"d":"1.000"},{"v":1,"d":"1.000"},0.998,0.991,0.983,0.993,0.976,{"v":0.9690000000000001,"d":"0.969"},{"v":0.9890000000000001,"d":"0.989"},0.995,0.958,0.929,0.885,0.841,0.807,0.769,0.748,0.725,{"v":0.7090000000000001,"d":"0.709"},0.703,0.752,{"v":0.7829999999999999,"d":"0.783"},{"v":0.8059999999999999,"d":"0.806"},{"v":0.8370000000000001,"d":"0.837"},{"v":0.84,"d":"0.840"},{"v":0.81,"d":"0.810"},39,{"v":0.900516129032258,"d":"0.901"},{"v":0.10433307911611557,"d":"0.104"},{"v":1.1104742799828056,"d":"1.11"},{"v":1,"d":"1.000"},{"v":0.12865866270975726,"d":"0.129"},null,39]
[null,null,1,5016,"ra_PI_B_v2",40,0.965,0.972,{"v":0.9159999999999999,"d":"0.916"},{"v":0.9079999999999999,"d":"0.908"},{"v":0.9259999999999999,"d":"0.926"},0.945,0.965,0.981,0.986,0.991,{"v":0.9890000000000001,"d":"0.989"},{"v":1,"d":"1.000"},{"v":1,"d":"1.000"},{"v":0.9890000000000001,"d":"0.989"},{"v":1,"d":"1.000"},{"v":1,"d":"1.000"},{"v":0.99,"d":"0.990"},{"v":0.99,"d":"0.990"},{"v":1,"d":"1.000"},{"v":1,"d":"1.000"},0.965,0.934,0.902,0.847,0.815,{"v":0.79,"d":"0.790"},0.795,0.769,0.774,0.792,{"v":0.8320000000000001,"d":"0.832"},0.843,{"v":0.88,"d":"0.880"},0.929,{"v":0.8959999999999999,"d":"0.896"},40,{"v":0.9198064516129034,"d":"0.920"},{"v":0.08182966835846223,"d":"0.082"},{"v":1.0871852423370973,"d":"1.09"},{"v":1,"d":"1.000"},{"v":0.09672035640613139,"d":"0.097"},null,40]
[null,null,1,5017,"ra_PI_B_v2",41,{"v":1,"d":"1.000"},0.963,0.912,0.877,{"v":0.8859999999999999,"d":"0.886"},{"v":0.9159999999999999,"d":"0.916"},{"v":0.93,"d":"0.930"},{"v":0.9540000000000001,"d":"0.954"},0.975,{"v":0.99,"d":"0.990"},0.977,0.978,{"v":0.9940000000000001,"d":"0.994"},0.995,{"v":0.9940000000000001,"d":"0.994"},{"v":0.9990000000000001,"d":"0.999"},{"v":1,"d":"1.000"},0.996,0.995,0.997,{"v":1,"d":"1.000"},0.966,{"v":0.94,"d":"0.940"},{"v":0.9179999999999999,"d":"0.918"},0.858,0.828,{"v":0.8270000000000001,"d":"0.827"},0.825,{"v":0.8290000000000001,"d":"0.829"},0.847,0.865,{"v":0.89,"d":"0.890"},{"v":0.9109999999999999,"d":"0.911"},0.963,{"v":0.9590000000000001,"d":"0.959"},41,{"v":0.9312580645161291,"d":"0.931"},{"v":0.0627205270715181,"d":"0.063"},{"v":1.073816204232914,"d":"1.07"},{"v":1,"d":"1.000"},{"v":0.07232186315875797,"d":"0.072"},null,41]
[null,null,1,5018,"ra_PI_B_v2",42,{"v":0.9890000000000001,"d":"0.989"},0.998,{"v":0.9009999999999999,"d":"0.901"},0.873,0.851,{"v":0.8759999999999999,"d":"0.876"},0.895,{"v":0.9129999999999999,"d":"0.913"},0.946,0.975,{"v":0.9690000000000001,"d":"0.969"},{"v":0.9640000000000001,"d":"0.964"},0.973,{"v":1,"d":"1.000"},{"v":0.9940000000000001,"d":"0.994"},{"v":0.99,"d":"0.990"},0.996,{"v":1,"d":"1.000"},0.988,{"v":0.99,"d":"0.990"},{"v":0.9990000000000001,"d":"0.999"},{"v":1,"d":"1.000"},0.966,0.946,0.919,0.867,0.853,0.847,{"v":0.8759999999999999,"d":"0.876"},0.902,{"v":0.91,"d":"0.910"},0.919,{"v":0.95,"d":"0.950"},0.977,{"v":1,"d":"1.000"},42,{"v":0.9370322580645164,"d":"0.937"},{"v":0.05215137190331479,"d":"0.052"},{"v":1.0671991187000822,"d":"1.07"},{"v":1,"d":"1.000"},{"v":0.059395925439298766,"d":"0.059"},null,42]
[null,null,1,5019,"ra_PI_B_v2",43,0.961,0.976,0.927,{"v":0.8590000000000001,"d":"0.859"},0.835,{"v":0.8440000000000001,"d":"0.844"},{"v":0.8540000000000001,"d":"0.854"},0.875,0.905,{"v":0.9440000000000001,"d":"0.944"},0.943,{"v":0.9470000000000001,"d":"0.947"},{"v":0.9570000000000001,"d":"0.957"},0.987,{"v":1,"d":"1.000"},0.985,0.981,0.992,{"v":0.98,"d":"0.980"},{"v":0.98,"d":"0.980"},{"v":0.99,"d":"0.990"},{"v":0.9890000000000001,"d":"0.989"},{"v":1,"d":"1.000"},0.973,0.946,0.924,{"v":0.8809999999999999,"d":"0.881"},0.871,{"v":0.8859999999999999,"d":"0.886"},0.935,{"v":0.9540000000000001,"d":"0.954"},{"v":0.9440000000000001,"d":"0.944"},{"v":0.9570000000000001,"d":"0.957"},0.992,0.973,43,{"v":0.9369354838709677,"d":"0.937"},{"v":0.05062077010073431,"d":"0.051"},{"v":1.0673093475641247,"d":"1.07"},{"v":1,"d":"1.000"},{"v":0.05766461196046332,"d":"0.058"},null,43]
[null,null,1,5020,"ra_PI_B_v2",44,0.919,0.955,0.905,0.884,0.828,0.825,{"v":0.8240000000000001,"d":"0.824"},0.838,0.865,{"v":0.9059999999999999,"d":"0.906"},{"v":0.9079999999999999,"d":"0.908"},{"v":0.9259999999999999,"d":"0.926"},0.937,0.972,{"v":0.9790000000000001,"d":"0.979"},0.987,0.973,0.976,{"v":0.9620000000000001,"d":"0.962"},0.968,0.975,0.976,0.981,{"v":1,"d":"1.000"},0.973,{"v":0.9490000000000001,"d":"0.949"},{"v":0.9279999999999999,"d":"0.928"},0.902,0.904,0.932,0.987,0.982,0.965,0.995,{"v":0.9840000000000001,"d":"0.984"},44,{"v":0.9328064516129032,"d":"0.933"},{"v":0.05332942862050228,"d":"0.053"},{"v":1.072033751772314,"d":"1.07"},{"v":1,"d":"1.000"},{"v":0.06128918528067356,"d":"0.061"},null,44]
[null,null,1,5021,"ra_PI_B_v2",45,0.903,0.909,{"v":0.8909999999999999,"d":"0.891"},{"v":0.8640000000000001,"d":"0.864"},0.843,0.815,{"v":0.8029999999999999,"d":"0.803"},0.802,{"v":0.82,"d":"0.820"},0.861,{"v":0.87,"d":"0.870"},0.892,{"v":0.9159999999999999,"d":"0.916"},0.948,0.963,0.961,0.976,{"v":0.9690000000000001,"d":"0.969"},{"v":0.9520000000000001,"d":"0.952"},{"v":0.95,"d":"0.950"},0.971,0.963,0.968,0.975,{"v":1,"d":"1.000"},0.978,{"v":0.9540000000000001,"d":"0.954"},{"v":0.9359999999999999,"d":"0.936"},{"v":0.9279999999999999,"d":"0.928"},0.941,0.977,{"v":1,"d":"1.000"},{"v":0.9990000000000001,"d":"0.999"},0.985,0.961,45,{"v":0.9253548387096774,"d":"0.925"},{"v":0.061525359750863054,"d":"0.062"},{"v":1.0806665272258245,"d":"1.08"},{"v":1,"d":"1.000"},{"v":0.07185178493365495,"d":"0.072"},null,45]
[null,null,1,5022,"ra_PI_B_v2",46,0.878,{"v":0.8959999999999999,"d":"0.896"},0.847,{"v":0.8490000000000001,"d":"0.849"},0.825,{"v":0.8290000000000001,"d":"0.829"},0.795,{"v":0.7809999999999999,"d":"0.781"},0.785,{"v":0.8190000000000001,"d":"0.819"},{"v":0.8270000000000001,"d":"0.827"},0.856,0.887,{"v":0.9259999999999999,"d":"0.926"},{"v":0.9420000000000001,"d":"0.942"},{"v":0.95,"d":"0.950"},{"v":0.95,"d":"0.950"},{"v":0.9670000000000001,"d":"0.967"},{"v":0.94,"d":"0.940"},{"v":0.94,"d":"0.940"},0.951,0.958,0.961,0.951,{"v":0.9740000000000001,"d":"0.974"},{"v":1,"d":"1.000"},{"v":0.98,"d":"0.980"},{"v":0.96,"d":"0.960"},{"v":0.9520000000000001,"d":"0.952"},{"v":0.96,"d":"0.960"},0.966,0.976,{"v":1,"d":"1.000"},{"v":1,"d":"1.000"},0.943,46,{"v":0.9130322580645162,"d":"0.913"},{"v":0.06893111724563285,"d":"0.069"},{"v":1.0952515545505934,"d":"1.10"},{"v":1,"d":"1.000"},{"v":0.08268811167770797,"d":"0.083"},null,46]
[null,null,1,5023,"ra_PI_B_v2",47,0.833,{"v":0.87,"d":"0.870"},0.835,0.805,0.807,0.805,0.802,{"v":0.7709999999999999,"d":"0.771"},{"v":0.7609999999999999,"d":"0.761"},{"v":0.7809999999999999,"d":"0.781"},0.785,{"v":0.8079999999999999,"d":"0.808"},0.851,0.893,0.915,{"v":0.9259999999999999,"d":"0.926"},{"v":0.93,"d":"0.930"},{"v":0.93,"d":"0.930"},{"v":0.9359999999999999,"d":"0.936"},{"v":0.9329999999999999,"d":"0.933"},0.932,{"v":0.9390000000000001,"d":"0.939"},0.956,0.941,{"$f":"OFFSET(INDIRECT($B$3&1),$D33-1,AE$9)/100","v":0.955},{"v":0.9690000000000001,"d":"0.969"},{"v":1,"d":"1.000"},0.987,0.966,{"v":0.9690000000000001,"d":"0.969"},{"v":0.9740000000000001,"d":"0.974"},0.948,0.966,0.992,0.932,47,0.896,{"v":0.07601534932718085,"d":"0.076"},{"v":1.1160714285714286,"d":"1.12"},{"v":1,"d":"1.000"},{"v":0.09468589231801665,"d":"0.095"},null,47]
[null,null,1,5024,"ra_PI_B_v2",48,{"v":0.7809999999999999,"d":"0.781"},0.836,0.807,0.784,0.764,0.782,0.774,{"v":0.7759999999999999,"d":"0.776"},{"v":0.7490000000000001,"d":"0.749"},0.753,0.747,{"v":0.7709999999999999,"d":"0.771"},0.805,0.855,0.879,{"v":0.9009999999999999,"d":"0.901"},{"$f":"OFFSET(INDIRECT($B$3&1),$D34-1,W$9)/100","v":{"v":0.9059999999999999,"d":"0.906"}},0.903,{"v":0.9,"d":"0.900"},{"v":0.9259999999999999,"d":"0.926"},{"v":0.9279999999999999,"d":"0.928"},0.922,{"v":0.9279999999999999,"d":"0.928"},{"v":0.9390000000000001,"d":"0.939"},0.938,{"v":0.9490000000000001,"d":"0.949"},{"v":0.9640000000000001,"d":"0.964"},{"v":1,"d":"1.000"},0.996,0.982,0.983,{"v":0.9520000000000001,"d":"0.952"},{"v":0.9359999999999999,"d":"0.936"},0.963,0.929,48,{"v":0.8773870967741936,"d":"0.877"},{"v":0.084644620785712,"d":"0.085"},{"v":1,"d":"1.00"},{"v":1,"d":"1.000"},{"v":0.09647351903956292,"d":"0.096"},null,48]
[null,null,1,5025,"ra_PI_B_v2",49,0.768,0.784,0.782,0.754,0.741,0.738,{"v":0.7490000000000001,"d":"0.749"},0.746,{"$f":"OFFSET(INDIRECT($B$3&1),$D35-1,O$9)/100","v":{"v":0.75,"d":"0.750"}},{"v":0.7390000000000001,"d":"0.739"},{"v":0.7190000000000001,"d":"0.719"},0.731,0.773,0.809,0.841,0.871,{"v":0.88,"d":"0.880"},{"v":0.8759999999999999,"d":"0.876"},0.877,0.894,{"v":0.9209999999999999,"d":"0.921"},{"v":0.9129999999999999,"d":"0.913"},{"v":0.9129999999999999,"d":"0.913"},{"v":0.9109999999999999,"d":"0.911"},0.935,0.925,0.941,0.956,{"v":1,"d":"1.000"},{"v":1,"d":"1.000"},0.981,0.945,{"v":0.9390000000000001,"d":"0.939"},0.938,0.893,49,{"v":0.8564516129032258,"d":"0.856"},{"v":0.09168454566598847,"d":"0.092"},{"v":1,"d":"1.00"},{"v":1,"d":"1.000"},{"v":0.10705163524089048,"d":"0.107"},null,49]
[null,null,1,5026,"ra_PI_B_v2",50,{"$f":"OFFSET(INDIRECT($B$3&1),$D36-1,G$9)/100","v":0.736},0.775,0.731,0.728,0.715,{"v":0.7170000000000001,"d":"0.717"},{"v":0.7040000000000001,"d":"0.704"},0.721,{"v":0.72,"d":"0.720"},0.735,0.698,{"v":0.6970000000000001,"d":"0.697"},{"v":0.7290000000000001,"d":"0.729"},0.777,0.797,{"v":0.8340000000000001,"d":"0.834"},{"v":0.8490000000000001,"d":"0.849"},0.852,0.851,{"v":0.87,"d":"0.870"},{"v":0.8859999999999999,"d":"0.886"},0.903,0.903,{"v":0.8959999999999999,"d":"0.896"},{"v":0.9,"d":"0.900"},0.919,{"v":0.9109999999999999,"d":"0.911"},{"v":0.9329999999999999,"d":"0.933"},{"v":0.9570000000000001,"d":"0.957"},0.993,{"v":1,"d":"1.000"},{"v":0.94,"d":"0.940"},{"v":0.9179999999999999,"d":"0.918"},0.934,0.868,50,{"v":0.831741935483871,"d":"0.832"},{"v":0.09775546625532548,"d":"0.098"},{"v":1,"d":"1.00"},{"v":1,"d":"1.000"},{"v":0.11753100581426815,"d":"0.118"},null,50]
[null,null,1,5027,"ra_PI_B_v2",51,{"v":0.6679999999999999,"d":"0.668"},0.737,0.715,{"v":0.6779999999999999,"d":"0.678"},0.691,{"v":0.6890000000000001,"d":"0.689"},0.685,0.677,{"v":0.6940000000000001,"d":"0.694"},0.705,0.695,{"v":0.6759999999999999,"d":"0.676"},{"v":0.6940000000000001,"d":"0.694"},{"v":0.7290000000000001,"d":"0.729"},0.764,0.785,0.809,{"v":0.8190000000000001,"d":"0.819"},0.821,{"v":0.84,"d":"0.840"},{"v":0.8640000000000001,"d":"0.864"},0.868,{"v":0.8859999999999999,"d":"0.886"},{"v":0.8859999999999999,"d":"0.886"},0.883,0.882,0.898,0.903,0.935,{"v":0.95,"d":"0.950"},0.996,0.961,0.914,0.914,0.855,51,{"v":0.8061935483870966,"d":"0.806"},{"v":0.10260195558722578,"d":"0.103"},{"v":1,"d":"1.00"},null,{"v":0.12726715041629322,"d":"0.127"},null,51]
[null,null,1,5028,"ra_PI_B_v2",52,0.622,{"v":0.6679999999999999,"d":"0.668"},0.677,{"v":0.6609999999999999,"d":"0.661"},{"v":0.6409999999999999,"d":"0.641"},{"v":0.67,"d":"0.670"},{"v":0.6559999999999999,"d":"0.656"},0.654,0.647,0.675,{"v":0.6629999999999999,"d":"0.663"},0.674,{"v":0.67,"d":"0.670"},0.691,{"v":0.7170000000000001,"d":"0.717"},0.752,{"v":0.7609999999999999,"d":"0.761"},{"v":0.7829999999999999,"d":"0.783"},{"v":0.7859999999999999,"d":"0.786"},0.802,0.836,0.843,0.848,{"v":0.87,"d":"0.870"},{"v":0.8690000000000001,"d":"0.869"},0.866,0.858,{"v":0.8809999999999999,"d":"0.881"},0.903,0.929,0.953,0.951,0.929,{"v":0.9079999999999999,"d":"0.908"},0.833,52,{"v":0.7779354838709677,"d":"0.778"},{"v":0.10594745096316167,"d":"0.106"},{"v":1,"d":"1.00"},null,{"v":0.1361905365673417,"d":"0.136"},null,52]
[null,null,1,5029,"ra_PI_B_v2",53,{"v":0.5920000000000001,"d":"0.592"},0.625,0.615,0.633,0.624,0.618,0.639,0.625,0.627,{"v":0.63,"d":"0.630"},{"v":0.64,"d":"0.640"},0.644,0.664,0.665,{"v":0.6829999999999999,"d":"0.683"},{"v":0.7040000000000001,"d":"0.704"},0.728,0.736,{"v":0.7490000000000001,"d":"0.749"},0.765,{"v":0.7929999999999999,"d":"0.793"},{"v":0.8140000000000001,"d":"0.814"},{"v":0.8220000000000001,"d":"0.822"},{"v":0.8290000000000001,"d":"0.829"},0.853,{"v":0.85,"d":"0.850"},{"v":0.8440000000000001,"d":"0.844"},0.843,0.879,0.894,0.924,0.914,0.919,0.917,0.825,53,{"v":0.7473225806451614,"d":"0.747"},{"v":0.10747228700050095,"d":"0.107"},{"v":1,"d":"1.00"},null,{"v":0.14380976807594978,"d":"0.144"},null,53]
[null,null,1,5030,"ra_PI_B_v2",54,0.541,{"v":0.59,"d":"0.590"},0.569,0.574,{"v":0.59,"d":"0.590"},0.601,0.589,0.609,0.599,{"v":0.61,"d":"0.610"},{"v":0.6,"d":"0.600"},{"v":0.62,"d":"0.620"},0.637,{"v":0.6609999999999999,"d":"0.661"},0.655,{"v":0.6659999999999999,"d":"0.666"},{"v":0.6759999999999999,"d":"0.676"},0.705,{"v":0.7020000000000001,"d":"0.702"},{"v":0.7290000000000001,"d":"0.729"},0.757,{"v":0.78,"d":"0.780"},{"v":0.7959999999999999,"d":"0.796"},{"v":0.8079999999999999,"d":"0.808"},0.815,{"v":0.8370000000000001,"d":"0.837"},{"v":0.8320000000000001,"d":"0.832"},0.826,{"v":0.8420000000000001,"d":"0.842"},0.871,0.887,0.892,0.878,0.899,0.823,54,{"v":0.7165483870967742,"d":"0.717"},{"v":0.10963783979073385,"d":"0.110"},{"v":1,"d":"1.00"},null,{"v":0.15300828494632646,"d":"0.153"},null,54]
[null,null,1,5031,"ra_PI_B_v2",55,0.504,0.534,0.534,{"v":0.5329999999999999,"d":"0.533"},0.534,0.564,{"v":0.57,"d":"0.570"},0.563,0.581,{"v":0.5820000000000001,"d":"0.582"},0.588,0.586,0.613,0.633,0.645,0.634,0.637,{"v":0.6509999999999999,"d":"0.651"},0.665,{"v":0.68,"d":"0.680"},0.718,0.743,0.767,0.782,{"v":0.8,"d":"0.800"},0.804,{"v":0.82,"d":"0.820"},{"v":0.8170000000000001,"d":"0.817"},{"v":0.8290000000000001,"d":"0.829"},0.843,{"v":0.8590000000000001,"d":"0.859"},{"v":0.8590000000000001,"d":"0.859"},0.866,{"v":0.8640000000000001,"d":"0.864"},0.805,55,{"v":0.6870967741935486,"d":"0.687"},{"v":0.11409976770023206,"d":"0.114"},{"v":1,"d":"1.00"},null,{"v":0.16606069477498556,"d":"0.166"},null,55]
[null,null,1,5032,"ra_PI_B_v2",56,0.491,{"v":0.5,"d":"0.500"},0.485,0.499,{"v":0.49,"d":"0.490"},{"v":0.51,"d":"0.510"},{"v":0.53,"d":"0.530"},0.544,0.537,0.563,0.561,{"v":0.57,"d":"0.570"},0.579,0.613,{"v":0.62,"d":"0.620"},0.627,0.608,0.617,0.615,0.644,{"v":0.6709999999999999,"d":"0.671"},{"v":0.7040000000000001,"d":"0.704"},0.733,{"v":0.7559999999999999,"d":"0.756"},0.773,0.789,0.785,0.802,0.813,{"v":0.8290000000000001,"d":"0.829"},{"v":0.8320000000000001,"d":"0.832"},0.825,{"v":0.8290000000000001,"d":"0.829"},0.847,0.774,56,{"v":0.6565483870967742,"d":"0.657"},{"v":0.1180121007099628,"d":"0.118"},{"v":1,"d":"1.00"},null,{"v":0.17974623505177845,"d":"0.180"},null,56]
[null,null,1,5033,"ra_PI_B_v2",57,0.461,{"v":0.48100000000000004,"d":"0.481"},0.449,0.452,0.455,0.466,0.484,{"v":0.51,"d":"0.510"},{"v":0.52,"d":"0.520"},0.524,0.544,{"v":0.5429999999999999,"d":"0.543"},0.562,{"v":0.58,"d":"0.580"},{"v":0.6,"d":"0.600"},0.605,0.602,{"v":0.5870000000000001,"d":"0.587"},0.585,0.598,0.634,0.657,0.698,0.718,0.753,0.765,{"v":0.77,"d":"0.770"},0.769,{"v":0.8,"d":"0.800"},0.809,{"v":0.8170000000000001,"d":"0.817"},{"v":0.8,"d":"0.800"},0.795,0.807,0.758,57,{"v":0.627451612903226,"d":"0.627"},{"v":0.12213867493131834,"d":"0.122"},{"v":1,"d":"1.00"},null,{"v":0.19465831694364646,"d":"0.195"},null,57]
[null,null,1,5034,{"$f":"OFFSET(INDIRECT($B$3&1),$D44-1,E$9)","v":"ra_PI_B_v2"},58,0.457,0.449,0.429,0.415,0.409,0.433,{"v":0.44,"d":"0.440"},{"v":0.46399999999999997,"d":"0.464"},0.484,0.508,0.504,0.523,0.536,{"v":0.5670000000000001,"d":"0.567"},{"v":0.5660000000000001,"d":"0.566"},0.588,{"v":0.5820000000000001,"d":"0.582"},0.583,{"v":0.56,"d":"0.560"},{"v":0.57,"d":"0.570"},0.595,0.625,0.654,{"v":0.6859999999999999,"d":"0.686"},0.718,{"v":0.7440000000000001,"d":"0.744"},0.742,{"v":0.75,"d":"0.750"},0.763,{"v":0.79,"d":"0.790"},{"v":0.7959999999999999,"d":"0.796"},0.778,0.768,0.778,0.722,{"$f":"F44","v":58},{"v":0.5990322580645161,"d":"0.599"},{"v":0.1248792707300316,"d":"0.125"},{"v":1,"d":"1.00"},null,{"v":0.2084683571691427,"d":"0.208"},null,{"$f":"AP44","v":58}]
[null,null,1,5035,"ra_PI_B_v2",59,0.429,0.436,{"v":0.39299999999999996,"d":"0.393"},{"v":0.39299999999999996,"d":"0.393"},{"v":0.37799999999999995,"d":"0.378"},0.389,0.408,{"v":0.42100000000000004,"d":"0.421"},{"v":0.43799999999999994,"d":"0.438"},{"v":0.47200000000000003,"d":"0.472"},0.483,0.486,0.509,{"v":0.5379999999999999,"d":"0.538"},0.555,{"v":0.5579999999999999,"d":"0.558"},0.565,0.564,0.552,0.544,0.562,0.584,0.623,{"v":0.6409999999999999,"d":"0.641"},0.687,0.705,{"v":0.7170000000000001,"d":"0.717"},0.723,0.746,0.757,0.777,0.755,{"v":0.7509999999999999,"d":"0.751"},0.753,{"v":0.7040000000000001,"d":"0.704"},59,{"v":0.5701290322580645,"d":"0.570"},{"v":0.12772072187275976,"d":"0.128"},{"v":1,"d":"1.00"},null,{"v":0.2240207297756904,"d":"0.224"},null,59]
[null,null,1,5036,"ra_PI_B_v2",60,{"v":0.40399999999999997,"d":"0.404"},{"v":0.40700000000000003,"d":"0.407"},0.382,{"v":0.35600000000000004,"d":"0.356"},0.358,{"v":0.36200000000000004,"d":"0.362"},0.368,0.389,{"v":0.4,"d":"0.400"},{"v":0.43,"d":"0.430"},0.447,0.466,{"v":0.47600000000000003,"d":"0.476"},0.512,0.525,0.546,0.532,{"v":0.5429999999999999,"d":"0.543"},0.532,{"v":0.5329999999999999,"d":"0.533"},{"v":0.54,"d":"0.540"},{"v":0.5539999999999999,"d":"0.554"},0.581,0.612,{"v":0.6409999999999999,"d":"0.641"},0.674,0.679,0.695,0.713,{"v":0.7340000000000001,"d":"0.734"},0.743,{"v":0.7390000000000001,"d":"0.739"},0.723,0.735,{"v":0.68,"d":"0.680"},60,{"v":0.5414516129032257,"d":"0.541"},{"v":0.12747910644746976,"d":"0.127"},{"v":1,"d":"1.00"},null,{"v":0.23543951741862157,"d":"0.235"},null,60]
[null,null,1,5037,"ra_PI_B_v2",61,0.376,{"v":0.37799999999999995,"d":"0.378"},0.354,{"v":0.34299999999999997,"d":"0.343"},0.325,0.344,0.345,{"v":0.35,"d":"0.350"},0.369,{"v":0.39399999999999996,"d":"0.394"},{"v":0.40700000000000003,"d":"0.407"},{"v":0.43200000000000005,"d":"0.432"},{"v":0.45799999999999996,"d":"0.458"},0.478,0.498,0.521,0.519,0.509,0.516,0.511,0.529,0.534,{"v":0.5539999999999999,"d":"0.554"},{"v":0.5660000000000001,"d":"0.566"},0.611,0.629,{"v":0.6459999999999999,"d":"0.646"},0.659,0.691,{"v":0.7040000000000001,"d":"0.704"},0.723,{"v":0.71,"d":"0.710"},{"v":0.7090000000000001,"d":"0.709"},{"v":0.7140000000000001,"d":"0.714"},{"v":0.66,"d":"0.660"},61,{"v":0.5141290322580646,"d":"0.514"},{"v":0.12739433319042184,"d":"0.127"},{"v":1,"d":"1.00"},null,{"v":0.24778669399567552,"d":"0.248"},null,61]
[null,null,1,5038,"ra_PI_B_v2",62,0.359,{"v":0.35200000000000004,"d":"0.352"},{"v":0.33,"d":"0.330"},0.315,0.317,{"v":0.31,"d":"0.310"},0.325,0.327,0.331,0.364,0.375,{"v":0.39399999999999996,"d":"0.394"},0.425,0.456,0.462,0.489,0.494,0.496,{"v":0.48700000000000004,"d":"0.487"},0.496,{"v":0.51,"d":"0.510"},0.523,0.532,{"v":0.54,"d":"0.540"},{"v":0.5579999999999999,"d":"0.558"},0.598,0.602,0.627,{"v":0.6559999999999999,"d":"0.656"},0.685,0.693,0.696,0.688,{"v":0.6990000000000001,"d":"0.699"},0.653,62,{"v":0.48712903225806453,"d":"0.487"},{"v":0.12698260824104574,"d":"0.127"},{"v":1,"d":"1.00"},null,{"v":0.2606755086068749,"d":"0.261"},null,62]
[null,null,1,5039,"ra_PI_B_v2",63,0.313,0.331,0.305,{"v":0.29600000000000004,"d":"0.296"},0.295,0.308,0.297,0.313,0.314,{"v":0.32899999999999996,"d":"0.329"},0.345,0.364,{"v":0.38799999999999996,"d":"0.388"},{"v":0.42200000000000004,"d":"0.422"},0.439,0.451,0.466,{"v":0.47100000000000003,"d":"0.471"},{"v":0.47100000000000003,"d":"0.471"},0.467,0.496,0.505,0.517,0.517,0.529,{"v":0.55,"d":"0.550"},{"v":0.58,"d":"0.580"},{"v":0.5870000000000001,"d":"0.587"},0.629,0.652,0.672,{"$f":"OFFSET(INDIRECT($B$3&1),$D49-1,AL$9)/100","v":0.665},{"v":0.6659999999999999,"d":"0.666"},{"v":0.6659999999999999,"d":"0.666"},0.636,63,{"v":0.46148387096774185,"d":"0.461"},{"v":0.12460520881775448,"d":"0.125"},{"v":1,"d":"1.00"},null,{"v":0.2700098890920166,"d":"0.270"},null,63]
[null,null,1,5040,"ra_PI_B_v2",64,{"v":0.27899999999999997,"d":"0.279"},{"v":0.29600000000000004,"d":"0.296"},0.292,{"v":0.27699999999999997,"d":"0.277"},0.281,0.293,0.301,0.292,0.301,0.316,0.317,{"v":0.33799999999999997,"d":"0.338"},0.368,{"v":0.38799999999999996,"d":"0.388"},0.409,0.428,{"$f":"OFFSET(INDIRECT($B$3&1),$D50-1,W$9)/100","v":0.436},0.445,{"v":0.45299999999999996,"d":"0.453"},0.457,0.473,0.496,0.502,0.501,0.506,0.523,0.535,0.569,0.589,0.625,0.643,0.643,0.634,{"v":0.6459999999999999,"d":"0.646"},{"v":0.5870000000000001,"d":"0.587"},64,{"v":0.4397096774193549,"d":"0.440"},{"v":0.1199289216017517,"d":"0.120"},{"v":1,"d":"1.00"},null,{"v":0.2727456950813808,"d":"0.273"},null,64]
[null,null,1,5041,"ra_PI_B_v2",65,0.261,0.272,0.266,0.273,{"v":0.26899999999999996,"d":"0.269"},0.282,0.295,0.298,{"v":0.28800000000000003,"d":"0.288"},0.311,0.307,0.313,{"v":0.35,"d":"0.350"},{"v":0.36700000000000005,"d":"0.367"},{"v":0.38299999999999995,"d":"0.383"},{"$f":"OFFSET(INDIRECT($B$3&1),$D51-1,V$9)/100","v":0.409},0.419,0.425,0.429,0.445,{"v":0.46299999999999997,"d":"0.463"},0.474,0.501,{"v":0.49200000000000005,"d":"0.492"},0.491,{"v":0.5,"d":"0.500"},0.511,{"v":0.5329999999999999,"d":"0.533"},{"v":0.5770000000000001,"d":"0.577"},0.586,0.614,0.612,0.612,0.624,0.581,65,{"v":0.4224193548387097,"d":"0.422"},{"v":0.11453115273250582,"d":"0.115"},{"v":1,"d":"1.00"},null,{"v":0.2711314039486583,"d":"0.271"},null,65]
[null,null,1,5042,"ra_PI_B_v2",66,{"$f":"OFFSET(INDIRECT($B$3&1),$D52-1,G$9)/100","v":{"v":0.24600000000000002,"d":"0.246"}},0.265,0.244,0.258,{"v":0.26899999999999996,"d":"0.269"},0.266,{"v":0.28,"d":"0.280"},{"v":0.29,"d":"0.290"},0.292,0.298,0.304,0.308,{"v":0.33,"d":"0.330"},{"v":0.35200000000000004,"d":"0.352"},0.365,0.384,0.401,{"v":0.41200000000000003,"d":"0.412"},{"v":0.41100000000000003,"d":"0.411"},{"v":0.42700000000000005,"d":"0.427"},0.455,0.467,{"v":0.48,"d":"0.480"},0.489,0.483,0.483,0.494,0.515,0.544,0.581,0.578,0.584,0.579,0.593,0.561,66,{"v":0.40719354838709676,"d":"0.407"},{"v":0.10995345056123793,"d":"0.110"},{"v":1,"d":"1.00"},null,{"v":0.27002748692057166,"d":"0.270"},null,66]
[null,null,1,5043,"ra_PI_B_v2",67,0.223,0.253,{"v":0.23800000000000002,"d":"0.238"},0.257,0.256,{"v":0.27,"d":"0.270"},0.268,0.276,{"v":0.28600000000000003,"d":"0.286"},0.299,{"v":0.29,"d":"0.290"},{"v":0.31,"d":"0.310"},{"v":0.33399999999999996,"d":"0.334"},0.335,0.353,0.374,{"v":0.37799999999999995,"d":"0.378"},0.395,0.401,0.406,0.441,{"v":0.45799999999999996,"d":"0.458"},{"v":0.46799999999999997,"d":"0.468"},0.465,{"v":0.48200000000000004,"d":"0.482"},{"v":0.47,"d":"0.470"},{"v":0.48,"d":"0.480"},0.506,0.534,{"v":0.5529999999999999,"d":"0.553"},0.574,{"v":0.5429999999999999,"d":"0.543"},{"v":0.5479999999999999,"d":"0.548"},0.561,0.531,67,{"v":0.39509677419354844,"d":"0.395"},{"v":0.10471241723205793,"d":"0.105"},{"v":1,"d":"1.00"},null,{"v":0.2650297954109892,"d":"0.265"},null,67]
[null,null,1,5044,"ra_PI_B_v2",68,0.212,0.235,{"v":0.23199999999999998,"d":"0.232"},0.259,0.259,0.249,0.272,0.263,{"v":0.27699999999999997,"d":"0.277"},0.287,0.287,0.295,{"v":0.34,"d":"0.340"},{"v":0.33799999999999997,"d":"0.338"},{"v":0.34,"d":"0.340"},0.366,0.369,0.374,{"v":0.38299999999999995,"d":"0.383"},0.401,0.415,0.442,{"v":0.45399999999999996,"d":"0.454"},0.451,{"v":0.45,"d":"0.450"},{"v":0.46799999999999997,"d":"0.468"},{"v":0.46299999999999997,"d":"0.463"},0.493,0.524,{"v":0.5479999999999999,"d":"0.548"},{"v":0.5479999999999999,"d":"0.548"},0.536,0.516,0.537,0.491,68,{"$f":"AVERAGE(I54:AM54)","v":{"v":0.3838387096774193,"d":"0.384"}},{"$f":"STDEV(I54:AM54)","v":{"v":0.10034045271779965,"d":"0.100"}},{"v":1,"d":"1.00"},null,{"$f":"AR54*AS54/AQ54","v":{"v":0.2614130627995453,"d":"0.261"}},null,68]
[null,null,1,5045,"ra_PI_B_v2",69,{"v":0.24100000000000002,"d":"0.241"},{"v":0.21899999999999997,"d":"0.219"},{"v":0.21899999999999997,"d":"0.219"},0.282,0.263,0.244,0.248,0.262,{"v":0.27699999999999997,"d":"0.277"},{"v":0.28,"d":"0.280"},0.285,0.297,0.335,0.359,0.353,0.349,{"v":0.35,"d":"0.350"},{"v":0.36,"d":"0.360"},{"v":0.35700000000000004,"d":"0.357"},{"v":0.37799999999999995,"d":"0.378"},0.408,0.415,0.434,0.439,0.442,0.447,0.461,{"v":0.48700000000000004,"d":"0.487"},0.516,0.539,{"v":0.5479999999999999,"d":"0.548"},0.514,0.518,{"v":0.52,"d":"0.520"},0.505,69,{"v":0.3763225806451614,"d":"0.376"},{"v":0.0974509747161014,"d":"0.097"},{"v":1,"d":"1.00"},null,{"v":0.258955958871862,"d":"0.259"},null,69]
[null,null,1,5046,"ra_PI_B_v2",70,{"v":0,"d":"0.000"},{"v":0,"d":"0.000"},0.187,{"v":0,"d":"0.000"},0.275,0.222,{"v":0.22899999999999998,"d":"0.229"},0.235,{"v":0.27399999999999997,"d":"0.274"},0.271,{"v":0.27899999999999997,"d":"0.279"},0.295,0.337,0.361,{"v":0.36200000000000004,"d":"0.362"},0.341,{"v":0.34,"d":"0.340"},0.337,0.354,0.353,0.387,0.413,0.406,{"v":0.41700000000000004,"d":"0.417"},0.433,0.442,0.436,0.484,0.523,0.532,0.546,0.512,0.498,0.516,{"v":0.48700000000000004,"d":"0.487"},70,{"v":0.35745161290322575,"d":"0.357"},{"v":0.1185185888963354,"d":"0.119"},{"v":1,"d":"1.00"},null,{"v":0.331565405269055,"d":"0.332"},null,70]
[null,null,1,5047,"ra_PI_B_v2",71,{"v":0,"d":"0.000"},{"v":0,"d":"0.000"},{"v":0,"d":"0.000"},{"v":0,"d":"0.000"},{"v":0,"d":"0.000"},{"v":0,"d":"0.000"},{"v":0.22399999999999998,"d":"0.224"},0.223,0.253,0.266,0.264,0.285,{"v":0.33899999999999997,"d":"0.339"},0.365,{"v":0.36700000000000005,"d":"0.367"},0.345,0.336,0.325,0.326,{"v":0.34600000000000003,"d":"0.346"},0.355,0.389,{"v":0.41200000000000003,"d":"0.412"},0.397,{"v":0.41200000000000003,"d":"0.412"},0.439,0.431,0.456,0.516,0.534,0.534,0.518,0.503,0.496,0.483,71,{"v":0.3277419354838711,"d":"0.328"},{"v":0.1550126807161131,"d":"0.155"},{"v":1,"d":"1.00"},null,{"v":0.47297176202751023,"d":"0.473"},null,71]
[null,null,1,5048,"ra_PI_B_v2",72,{"v":0,"d":"0.000"},{"v":0,"d":"0.000"},{"v":0,"d":"0.000"},{"v":0,"d":"0.000"},{"v":0,"d":"0.000"},{"v":0,"d":"0.000"},{"v":0,"d":"0.000"},0.217,0.254,{"v":0.23199999999999998,"d":"0.232"},0.264,{"v":0.26,"d":"0.260"},{"v":0.33,"d":"0.330"},0.379,0.377,0.335,0.336,0.318,0.308,0.319,{"v":0.34,"d":"0.340"},0.361,{"v":0.39299999999999996,"d":"0.393"},0.405,{"v":0.39299999999999996,"d":"0.393"},0.435,{"v":0.43700000000000006,"d":"0.437"},0.441,{"v":0.48200000000000004,"d":"0.482"},0.513,0.523,0.507,0.501,0.501,0.462,72,{"v":0.3116129032258064,"d":"0.312"},{"v":0.16131494607740793,"d":"0.161"},{"v":1,"d":"1.00"},null,{"v":0.5176773631883692,"d":"0.518"},null,72]
[null,null,1,5049,"ra_PI_B_v2",73,{"v":0,"d":"0.000"},{"v":0,"d":"0.000"},{"v":0,"d":"0.000"},{"v":0,"d":"0.000"},{"v":0,"d":"0.000"},{"v":0,"d":"0.000"},{"v":0,"d":"0.000"},{"v":0,"d":"0.000"},{"v":0,"d":"0.000"},{"v":0,"d":"0.000"},{"v":0,"d":"0.000"},{"v":0,"d":"0.000"},{"v":0,"d":"0.000"},{"v":0.41100000000000003,"d":"0.411"},{"v":0.41600000000000004,"d":"0.416"},0.321,0.319,0.317,0.302,0.297,0.311,{"v":0.35100000000000003,"d":"0.351"},0.375,{"v":0.39399999999999996,"d":"0.394"},{"v":0.41100000000000003,"d":"0.411"},0.423,0.431,{"v":0.45,"d":"0.450"},0.474,{"v":0.47600000000000003,"d":"0.476"},0.506,0.499,{"v":0.49200000000000005,"d":"0.492"},0.491,{"v":0.46399999999999997,"d":"0.464"},73,{"v":0.25729032258064516,"d":"0.257"},{"v":0.20205448003750331,"d":"0.202"},{"v":1,"d":"1.00"},null,{"v":0.7853170613293133,"d":"0.785"},null,73]
[null,null,1,5050,"ra_PI_B_v2",74,{"v":0,"d":"0.000"},{"v":0,"d":"0.000"},{"v":0,"d":"0.000"},{"v":0,"d":"0.000"},{"v":0,"d":"0.000"},{"v":0,"d":"0.000"},{"v":0,"d":"0.000"},{"v":0,"d":"0.000"},{"v":0,"d":"0.000"},{"v":0,"d":"0.000"},{"v":0,"d":"0.000"},{"v":0,"d":"0.000"},{"v":0,"d":"0.000"},{"v":0,"d":"0.000"},{"v":0,"d":"0.000"},{"v":0,"d":"0.000"},0.345,0.307,0.305,0.294,{"v":0.28800000000000003,"d":"0.288"},{"v":0.31,"d":"0.310"},0.366,0.373,{"v":0.39,"d":"0.390"},0.426,0.408,0.433,0.483,{"v":0.47600000000000003,"d":"0.476"},{"v":0.46299999999999997,"d":"0.463"},{"v":0.49200000000000005,"d":"0.492"},0.474,{"v":0.46799999999999997,"d":"0.468"},0.428,74,{"v":0.21396774193548387,"d":"0.214"},{"v":0.2044601809433755,"d":"0.204"},{"v":1,"d":"1.00"},null,{"v":0.9555654468935083,"d":"0.956"},null,74]
[null,null,1,5051,"ra_PI_B_v2",75,{"v":0,"d":"0.000"},{"v":0,"d":"0.000"},{"v":0,"d":"0.000"},{"v":0,"d":"0.000"},{"v":0,"d":"0.000"},{"v":0,"d":"0.000"},{"v":0,"d":"0.000"},{"v":0,"d":"0.000"},{"v":0,"d":"0.000"},{"v":0,"d":"0.000"},{"v":0,"d":"0.000"},{"v":0,"d":"0.000"},{"v":0,"d":"0.000"},{"v":0,"d":"0.000"},{"v":0,"d":"0.000"},{"v":0,"d":"0.000"},{"v":0,"d":"0.000"},0.327,0.255,{"v":0.29600000000000004,"d":"0.296"},{"v":0.27899999999999997,"d":"0.279"},{"v":0.27,"d":"0.270"},0.353,0.365,0.392,0.429,0.413,{"v":0.41,"d":"0.410"},0.444,0.491,0.456,0.469,0.465,0.445,{"v":0.41100000000000003,"d":"0.411"},75,{"v":0.1972258064516129,"d":"0.197"},{"v":0.20174401431474484,"d":"0.202"},{"v":1,"d":"1.00"},null,{"v":1.022908806633479,"d":"1.023"},null,75]
[null,null,1,5052,"ra_PI_B_v2",76,{"v":0,"d":"0.000"},{"v":0,"d":"0.000"},{"v":0,"d":"0.000"},{"v":0,"d":"0.000"},{"v":0,"d":"0.000"},{"v":0,"d":"0.000"},{"v":0,"d":"0.000"},{"v":0,"d":"0.000"},{"v":0,"d":"0.000"},{"v":0,"d":"0.000"},{"v":0,"d":"0.000"},{"v":0,"d":"0.000"},{"v":0,"d":"0.000"},{"v":0,"d":"0.000"},{"v":0,"d":"0.000"},{"v":0,"d":"0.000"},{"v":0,"d":"0.000"},{"v":0,"d":"0.000"},{"v":0,"d":"0.000"},0.242,{"v":0.27699999999999997,"d":"0.277"},0.248,0.297,0.349,0.389,0.447,{"v":0.41200000000000003,"d":"0.412"},0.425,0.414,0.425,0.467,{"v":0.45399999999999996,"d":"0.454"},{"v":0.42200000000000004,"d":"0.422"},{"v":0.44,"d":"0.440"},0.385,76,{"v":0.1699354838709677,"d":"0.170"},{"v":0.19726427882139416,"d":"0.197"},{"v":1,"d":"1.00"},null,{"v":1.160818649100839,"d":"1.161"},null,76]
[null,null,1,5053,"ra_PI_B_v2",77,{"v":0,"d":"0.000"},{"v":0,"d":"0.000"},{"v":0,"d":"0.000"},{"v":0,"d":"0.000"},{"v":0,"d":"0.000"},{"v":0,"d":"0.000"},{"v":0,"d":"0.000"},{"v":0,"d":"0.000"},{"v":0,"d":"0.000"},{"v":0,"d":"0.000"},{"v":0,"d":"0.000"},{"v":0,"d":"0.000"},{"v":0,"d":"0.000"},{"v":0,"d":"0.000"},{"v":0,"d":"0.000"},{"v":0,"d":"0.000"},{"v":0,"d":"0.000"},{"v":0,"d":"0.000"},{"v":0,"d":"0.000"},{"v":0,"d":"0.000"},0.222,0.215,0.287,0.298,{"v":0.38,"d":"0.380"},{"v":0.44,"d":"0.440"},{"v":0.39399999999999996,"d":"0.394"},0.451,0.436,{"v":0.39,"d":"0.390"},{"v":0.42700000000000005,"d":"0.427"},0.504,0.397,{"v":0.39899999999999997,"d":"0.399"},{"v":0.37200000000000005,"d":"0.372"},77,{"v":0.1561612903225807,"d":"0.156"},{"v":0.1952342348350127,"d":"0.195"},{"v":1,"d":"1.00"},null,{"v":1.250208898964138,"d":"1.250"},null,77]
[null,null,1,5054,"ra_PI_B_v2",78,{"v":0,"d":"0.000"},{"v":0,"d":"0.000"},{"v":0,"d":"0.000"},{"v":0,"d":"0.000"},{"v":0,"d":"0.000"},{"v":0,"d":"0.000"},{"v":0,"d":"0.000"},{"v":0,"d":"0.000"},{"v":0,"d":"0.000"},{"v":0,"d":"0.000"},{"v":0,"d":"0.000"},{"v":0,"d":"0.000"},{"v":0,"d":"0.000"},{"v":0,"d":"0.000"},{"v":0,"d":"0.000"},{"v":0,"d":"0.000"},{"v":0,"d":"0.000"},{"v":0,"d":"0.000"},{"v":0,"d":"0.000"},{"v":0,"d":"0.000"},{"v":0,"d":"0.000"},0.215,{"v":0,"d":"0.000"},0.266,0.303,{"v":0,"d":"0.000"},{"v":0.39399999999999996,"d":"0.394"},{"v":0,"d":"0.000"},{"v":0,"d":"0.000"},{"v":0,"d":"0.000"},0.387,{"v":0,"d":"0.000"},{"v":0,"d":"0.000"},{"v":0.39,"d":"0.390"},0.325,78,{"v":0.050483870967741935,"d":"0.050"},{"v":0.12038656374854627,"d":"0.120"},{"v":1,"d":"1.00"},null,{"v":2.384653978405709,"d":"2.385"},null,78]
[null,null,1,5055,"ra_PI_B_v2",79,{"v":0,"d":"0.000"},{"v":0,"d":"0.000"},{"v":0,"d":"0.000"},{"v":0,"d":"0.000"},{"v":0,"d":"0.000"},{"v":0,"d":"0.000"},{"v":0,"d":"0.000"},{"v":0,"d":"0.000"},{"v":0,"d":"0.000"},{"v":0,"d":"0.000"},{"v":0,"d":"0.000"},{"v":0,"d":"0.000"},{"v":0,"d":"0.000"},{"v":0,"d":"0.000"},{"v":0,"d":"0.000"},{"v":0,"d":"0.000"},{"v":0,"d":"0.000"},{"v":0,"d":"0.000"},{"v":0,"d":"0.000"},{"v":0,"d":"0.000"},{"v":0,"d":"0.000"},{"v":0,"d":"0.000"},{"v":0,"d":"0.000"},{"v":0,"d":"0.000"},{"v":0,"d":"0.000"},{"v":0,"d":"0.000"},{"v":0,"d":"0.000"},{"v":0,"d":"0.000"},{"v":0,"d":"0.000"},{"v":0,"d":"0.000"},{"v":0,"d":"0.000"},{"$f":"OFFSET(INDIRECT($B$3&1),$D65-1,AL$9)/100","v":{"v":0,"d":"0.000"}},{"v":0,"d":"0.000"},{"v":0,"d":"0.000"},{"v":0,"d":"0.000"},79,{"v":0,"d":"0.000"},{"v":0,"d":"0.000"},{"v":1,"d":"1.00"},null,{"$error":"#DIV/0!"},null,79]
[null,null,1,5056,"ra_PI_B_v2",80,{"v":0,"d":"0.000"},{"v":0,"d":"0.000"},{"v":0,"d":"0.000"},{"v":0,"d":"0.000"},{"v":0,"d":"0.000"},{"v":0,"d":"0.000"},{"v":0,"d":"0.000"},{"v":0,"d":"0.000"},{"v":0,"d":"0.000"},{"v":0,"d":"0.000"},{"v":0,"d":"0.000"},{"v":0,"d":"0.000"},{"v":0,"d":"0.000"},{"v":0,"d":"0.000"},{"v":0,"d":"0.000"},{"v":0,"d":"0.000"},{"$f":"OFFSET(INDIRECT($B$3&1),$D66-1,W$9)/100","v":{"v":0,"d":"0.000"}},{"v":0,"d":"0.000"},{"v":0,"d":"0.000"},{"v":0,"d":"0.000"},{"v":0,"d":"0.000"},{"v":0,"d":"0.000"},{"v":0,"d":"0.000"},{"v":0,"d":"0.000"},{"v":0,"d":"0.000"},{"v":0,"d":"0.000"},{"v":0,"d":"0.000"},{"v":0,"d":"0.000"},{"v":0,"d":"0.000"},{"v":0,"d":"0.000"},{"v":0,"d":"0.000"},{"v":0,"d":"0.000"},{"v":0,"d":"0.000"},{"v":0,"d":"0.000"},{"v":0,"d":"0.000"},80,{"v":0,"d":"0.000"},{"v":0,"d":"0.000"},{"v":1,"d":"1.00"},null,{"$error":"#DIV/0!"},null,80]
[null,null,1,5057,"ra_PI_B_v2",81,{"v":0,"d":"0.000"},{"v":0,"d":"0.000"},{"v":0,"d":"0.000"},{"v":0,"d":"0.000"},{"v":0,"d":"0.000"},{"v":0,"d":"0.000"},{"v":0,"d":"0.000"},{"v":0,"d":"0.000"},{"v":0,"d":"0.000"},{"v":0,"d":"0.000"},{"v":0,"d":"0.000"},{"v":0,"d":"0.000"},{"v":0,"d":"0.000"},{"v":0,"d":"0.000"},{"v":0,"d":"0.000"},{"$f":"OFFSET(INDIRECT($B$3&1),$D67-1,V$9)/100","v":{"v":0,"d":"0.000"}},{"v":0,"d":"0.000"},{"v":0,"d":"0.000"},{"v":0,"d":"0.000"},{"v":0,"d":"0.000"},{"v":0,"d":"0.000"},{"v":0,"d":"0.000"},{"v":0,"d":"0.000"},{"v":0,"d":"0.000"},{"v":0,"d":"0.000"},{"v":0,"d":"0.000"},{"v":0,"d":"0.000"},{"v":0,"d":"0.000"},{"v":0,"d":"0.000"},{"v":0,"d":"0.000"},{"v":0,"d":"0.000"},{"v":0,"d":"0.000"},{"v":0,"d":"0.000"},{"v":0,"d":"0.000"},{"v":0,"d":"0.000"},81,{"v":0,"d":"0.000"},{"v":0,"d":"0.000"},{"v":1,"d":"1.00"},null,{"$error":"#DIV/0!"},null,81]
[null,null,1,5058,"ra_PI_B_v2",82,{"$f":"OFFSET(INDIRECT($B$3&1),$D68-1,G$9)/100","v":{"v":0,"d":"0.000"}},{"v":0,"d":"0.000"},{"v":0,"d":"0.000"},{"v":0,"d":"0.000"},{"v":0,"d":"0.000"},{"v":0,"d":"0.000"},{"v":0,"d":"0.000"},{"v":0,"d":"0.000"},{"v":0,"d":"0.000"},{"v":0,"d":"0.000"},{"v":0,"d":"0.000"},{"v":0,"d":"0.000"},{"v":0,"d":"0.000"},{"v":0,"d":"0.000"},{"v":0,"d":"0.000"},{"v":0,"d":"0.000"},{"v":0,"d":"0.000"},{"v":0,"d":"0.000"},{"v":0,"d":"0.000"},{"v":0,"d":"0.000"},{"v":0,"d":"0.000"},{"v":0,"d":"0.000"},{"v":0,"d":"0.000"},{"v":0,"d":"0.000"},{"v":0,"d":"0.000"},{"v":0,"d":"0.000"},{"v":0,"d":"0.000"},{"v":0,"d":"0.000"},{"v":0,"d":"0.000"},{"v":0,"d":"0.000"},{"v":0,"d":"0.000"},{"v":0,"d":"0.000"},{"v":0,"d":"0.000"},{"v":0,"d":"0.000"},{"v":0,"d":"0.000"},82,{"v":0,"d":"0.000"},{"v":0,"d":"0.000"},{"v":1,"d":"1.00"},null,{"$error":"#DIV/0!"},null,82]
[null,null,1,5059,"ra_PI_B_v2",83,{"v":0,"d":"0.000"},{"v":0,"d":"0.000"},{"v":0,"d":"0.000"},{"v":0,"d":"0.000"},{"v":0,"d":"0.000"},{"v":0,"d":"0.000"},{"v":0,"d":"0.000"},{"v":0,"d":"0.000"},{"v":0,"d":"0.000"},{"v":0,"d":"0.000"},{"v":0,"d":"0.000"},{"v":0,"d":"0.000"},{"v":0,"d":"0.000"},{"v":0,"d":"0.000"},{"v":0,"d":"0.000"},{"v":0,"d":"0.000"},{"v":0,"d":"0.000"},{"v":0,"d":"0.000"},{"v":0,"d":"0.000"},{"v":0,"d":"0.000"},{"v":0,"d":"0.000"},{"v":0,"d":"0.000"},{"v":0,"d":"0.000"},{"v":0,"d":"0.000"},{"v":0,"d":"0.000"},{"v":0,"d":"0.000"},{"v":0,"d":"0.000"},{"v":0,"d":"0.000"},{"v":0,"d":"0.000"},{"v":0,"d":"0.000"},{"v":0,"d":"0.000"},{"v":0,"d":"0.000"},{"v":0,"d":"0.000"},{"v":0,"d":"0.000"},{"v":0,"d":"0.000"},83,{"v":0,"d":"0.000"},{"v":0,"d":"0.000"},{"v":1,"d":"1.00"},null,{"$error":"#DIV/0!"},null,83]
[null,null,1,5060,"ra_PI_B_v2",84,{"v":0,"d":"0.000"},{"v":0,"d":"0.000"},{"v":0,"d":"0.000"},{"v":0,"d":"0.000"},{"v":0,"d":"0.000"},{"v":0,"d":"0.000"},{"v":0,"d":"0.000"},{"v":0,"d":"0.000"},{"v":0,"d":"0.000"},{"v":0,"d":"0.000"},{"v":0,"d":"0.000"},{"v":0,"d":"0.000"},{"v":0,"d":"0.000"},{"v":0,"d":"0.000"},{"v":0,"d":"0.000"},{"v":0,"d":"0.000"},{"v":0,"d":"0.000"},{"v":0,"d":"0.000"},{"v":0,"d":"0.000"},{"v":0,"d":"0.000"},{"v":0,"d":"0.000"},{"v":0,"d":"0.000"},{"v":0,"d":"0.000"},{"v":0,"d":"0.000"},{"v":0,"d":"0.000"},{"v":0,"d":"0.000"},{"v":0,"d":"0.000"},{"v":0,"d":"0.000"},{"v":0,"d":"0.000"},{"v":0,"d":"0.000"},{"v":0,"d":"0.000"},{"v":0,"d":"0.000"},{"v":0,"d":"0.000"},{"v":0,"d":"0.000"},{"v":0,"d":"0.000"},84,{"v":0,"d":"0.000"},{"v":0,"d":"0.000"},{"v":1,"d":"1.00"},null,{"$error":"#DIV/0!"},null,84]
[null,null,1,5061,"ra_PI_B_v2",85,{"v":0,"d":"0.000"},{"v":0,"d":"0.000"},{"v":0,"d":"0.000"},{"v":0,"d":"0.000"},{"v":0,"d":"0.000"},{"v":0,"d":"0.000"},{"v":0,"d":"0.000"},{"v":0,"d":"0.000"},{"v":0,"d":"0.000"},{"v":0,"d":"0.000"},{"v":0,"d":"0.000"},{"v":0,"d":"0.000"},{"v":0,"d":"0.000"},{"v":0,"d":"0.000"},{"v":0,"d":"0.000"},{"v":0,"d":"0.000"},{"v":0,"d":"0.000"},{"v":0,"d":"0.000"},{"v":0,"d":"0.000"},{"v":0,"d":"0.000"},{"v":0,"d":"0.000"},{"v":0,"d":"0.000"},{"v":0,"d":"0.000"},{"v":0,"d":"0.000"},{"v":0,"d":"0.000"},{"v":0,"d":"0.000"},{"v":0,"d":"0.000"},{"v":0,"d":"0.000"},{"v":0,"d":"0.000"},{"v":0,"d":"0.000"},{"v":0,"d":"0.000"},{"v":0,"d":"0.000"},{"v":0,"d":"0.000"},{"v":0,"d":"0.000"},{"v":0,"d":"0.000"},85,{"v":0,"d":"0.000"},{"v":0,"d":"0.000"},{"v":1,"d":"1.00"},null,{"$error":"#DIV/0!"},null,85]
[null,null,1,5062,"ra_PI_B_v2",86,{"v":0,"d":"0.000"},{"v":0,"d":"0.000"},{"v":0,"d":"0.000"},{"v":0,"d":"0.000"},{"v":0,"d":"0.000"},{"v":0,"d":"0.000"},{"v":0,"d":"0.000"},{"v":0,"d":"0.000"},{"v":0,"d":"0.000"},{"v":0,"d":"0.000"},{"v":0,"d":"0.000"},{"v":0,"d":"0.000"},{"v":0,"d":"0.000"},{"v":0,"d":"0.000"},{"v":0,"d":"0.000"},{"v":0,"d":"0.000"},{"v":0,"d":"0.000"},{"v":0,"d":"0.000"},{"v":0,"d":"0.000"},{"v":0,"d":"0.000"},{"v":0,"d":"0.000"},{"v":0,"d":"0.000"},{"v":0,"d":"0.000"},{"v":0,"d":"0.000"},{"v":0,"d":"0.000"},{"v":0,"d":"0.000"},{"v":0,"d":"0.000"},{"v":0,"d":"0.000"},{"v":0,"d":"0.000"},{"v":0,"d":"0.000"},{"v":0,"d":"0.000"},{"v":0,"d":"0.000"},{"v":0,"d":"0.000"},{"v":0,"d":"0.000"},{"v":0,"d":"0.000"},86,{"v":0,"d":"0.000"},{"v":0,"d":"0.000"},{"v":1,"d":"1.00"},null,{"$error":"#DIV/0!"},null,86]
[null,null,1,5063,"ra_PI_B_v2",87,{"v":0,"d":"0.000"},{"v":0,"d":"0.000"},{"v":0,"d":"0.000"},{"v":0,"d":"0.000"},{"v":0,"d":"0.000"},{"v":0,"d":"0.000"},{"v":0,"d":"0.000"},{"v":0,"d":"0.000"},{"v":0,"d":"0.000"},{"v":0,"d":"0.000"},{"v":0,"d":"0.000"},{"v":0,"d":"0.000"},{"v":0,"d":"0.000"},{"v":0,"d":"0.000"},{"v":0,"d":"0.000"},{"v":0,"d":"0.000"},{"v":0,"d":"0.000"},{"v":0,"d":"0.000"},{"v":0,"d":"0.000"},{"v":0,"d":"0.000"},{"v":0,"d":"0.000"},{"v":0,"d":"0.000"},{"v":0,"d":"0.000"},{"v":0,"d":"0.000"},{"v":0,"d":"0.000"},{"v":0,"d":"0.000"},{"v":0,"d":"0.000"},{"v":0,"d":"0.000"},{"v":0,"d":"0.000"},{"v":0,"d":"0.000"},{"v":0,"d":"0.000"},{"v":0,"d":"0.000"},{"v":0,"d":"0.000"},{"v":0,"d":"0.000"},{"v":0,"d":"0.000"},87,{"v":0,"d":"0.000"},{"v":0,"d":"0.000"},{"v":1,"d":"1.00"},null,{"$error":"#DIV/0!"},null,87]
[null,null,1,5064,"ra_PI_B_v2",88,{"v":0,"d":"0.000"},{"v":0,"d":"0.000"},{"v":0,"d":"0.000"},{"v":0,"d":"0.000"},{"v":0,"d":"0.000"},{"v":0,"d":"0.000"},{"v":0,"d":"0.000"},{"v":0,"d":"0.000"},{"v":0,"d":"0.000"},{"v":0,"d":"0.000"},{"v":0,"d":"0.000"},{"v":0,"d":"0.000"},{"v":0,"d":"0.000"},{"v":0,"d":"0.000"},{"v":0,"d":"0.000"},{"v":0,"d":"0.000"},{"v":0,"d":"0.000"},{"v":0,"d":"0.000"},{"v":0,"d":"0.000"},{"v":0,"d":"0.000"},{"v":0,"d":"0.000"},{"v":0,"d":"0.000"},{"v":0,"d":"0.000"},{"v":0,"d":"0.000"},{"v":0,"d":"0.000"},{"v":0,"d":"0.000"},{"v":0,"d":"0.000"},{"v":0,"d":"0.000"},{"v":0,"d":"0.000"},{"v":0,"d":"0.000"},{"v":0,"d":"0.000"},{"v":0,"d":"0.000"},{"v":0,"d":"0.000"},{"v":0,"d":"0.000"},{"v":0,"d":"0.000"},88,{"v":0,"d":"0.000"},{"v":0,"d":"0.000"},{"v":1,"d":"1.00"},null,{"$error":"#DIV/0!"},null,88]
[null,null,1,5065,"ra_PI_B_v2",89,{"v":0,"d":"0.000"},{"v":0,"d":"0.000"},{"v":0,"d":"0.000"},{"v":0,"d":"0.000"},{"v":0,"d":"0.000"},{"v":0,"d":"0.000"},{"v":0,"d":"0.000"},{"v":0,"d":"0.000"},{"v":0,"d":"0.000"},{"v":0,"d":"0.000"},{"v":0,"d":"0.000"},{"v":0,"d":"0.000"},{"v":0,"d":"0.000"},{"v":0,"d":"0.000"},{"v":0,"d":"0.000"},{"v":0,"d":"0.000"},{"v":0,"d":"0.000"},{"v":0,"d":"0.000"},{"v":0,"d":"0.000"},{"v":0,"d":"0.000"},{"v":0,"d":"0.000"},{"v":0,"d":"0.000"},{"v":0,"d":"0.000"},{"v":0,"d":"0.000"},{"v":0,"d":"0.000"},{"v":0,"d":"0.000"},{"v":0,"d":"0.000"},{"v":0,"d":"0.000"},{"v":0,"d":"0.000"},{"v":0,"d":"0.000"},{"v":0,"d":"0.000"},{"v":0,"d":"0.000"},{"v":0,"d":"0.000"},{"v":0,"d":"0.000"},{"v":0,"d":"0.000"},89,{"v":0,"d":"0.000"},{"v":0,"d":"0.000"},{"v":1,"d":"1.00"},null,{"$error":"#DIV/0!"},null,89]
[null,null,1,5066,"ra_PI_B_v2",90,{"v":0,"d":"0.000"},{"v":0,"d":"0.000"},{"v":0,"d":"0.000"},{"v":0,"d":"0.000"},{"v":0,"d":"0.000"},{"v":0,"d":"0.000"},{"v":0,"d":"0.000"},{"v":0,"d":"0.000"},{"v":0,"d":"0.000"},{"v":0,"d":"0.000"},{"v":0,"d":"0.000"},{"v":0,"d":"0.000"},{"v":0,"d":"0.000"},{"v":0,"d":"0.000"},{"v":0,"d":"0.000"},{"v":0,"d":"0.000"},{"v":0,"d":"0.000"},{"v":0,"d":"0.000"},{"v":0,"d":"0.000"},{"v":0,"d":"0.000"},{"v":0,"d":"0.000"},{"v":0,"d":"0.000"},{"v":0,"d":"0.000"},{"v":0,"d":"0.000"},{"v":0,"d":"0.000"},{"v":0,"d":"0.000"},{"v":0,"d":"0.000"},{"v":0,"d":"0.000"},{"v":0,"d":"0.000"},{"v":0,"d":"0.000"},{"v":0,"d":"0.000"},{"v":0,"d":"0.000"},{"v":0,"d":"0.000"},{"v":0,"d":"0.000"},{"v":0,"d":"0.000"},90,{"$nulls":6},90]
[null,null,1,{"$f":"1+D76","v":5067},"ra_PI_B_v2","NUMB",{"$f":"OFFSET(INDIRECT($B$3&1),$D77-1,G$9)","v":65},{"$f":"OFFSET(INDIRECT($B$3&1),$D77-1,H$9)","v":65},65,65,65,65,65,65,65,65,65,65,65,65,65,65,65,65,65,65,65,65,65,65,65,65,65,65,65,65,65,65,65,65,65]
[null,null,1,5068,"ra_PI_B_v2","SUM1",2782,2889,2882,2775,2790,2789,2809,2745,2772,2742,2717,2745,2784,2887,2942,2943,3030,3046,3041,3045,3074,3080,3073,3082,3101,3097,3120,3112,3183,3287,3394,3313,3285,3353,3181]
[null,null,1,5069,"ra_PI_B_v2","SUM55",2257,2348,2348,2254,2247,2237,2221,2121,2125,2070,2032,2039,2024,2042,2078,2076,2126,2110,2114,2075,2037,1984,1934,1891,1858,1835,1815,1803,1813,1880,1922,1891,1890,1904,1835]
[null,null,1,5070,"ra_PI_B_v2","SDEV",36.8,38.3,37.6,37.7,37.3,37.1,36.6,36.1,35.2,35.6,{"v":35,"d":"35.0"},35.1,35.1,35.3,35.5,36.4,35.7,36.1,35.9,34.8,34.9,33.8,34.2,33.6,33.1,33.4,32.9,33.4,34.3,34.8,34.9,35.5,35.5,35.6,33.9]
[null,null,1,5071,"ra_PI_B_v2","VMAX",{"v":66,"d":"66.0"},85.7,112.6,122.2,131.5,140.1,147.9,154.7,160.3,161.5,167.2,{"v":168,"d":"168.0"},166.8,{"v":162,"d":"162.0"},160.1,160.6,162.1,164.2,{"v":170,"d":"170.0"},172.9,172.6,173.4,173.7,172.1,168.1,164.6,162.2,{"v":163,"d":"163.0"},159.9,156.4,{"v":153,"d":"153.0"},156.3,{"v":155,"d":"155.0"},{"v":150,"d":"150.0"},158.8]
[null,null,1,5072,"ra_PI_B_v2","AGEX",{"v":41,"d":"41.0"},{"v":35,"d":"35.0"},{"v":36,"d":"36.0"},{"v":36,"d":"36.0"},{"v":37,"d":"37.0"},{"v":38,"d":"38.0"},{"v":38,"d":"38.0"},{"v":37,"d":"37.0"},{"v":38,"d":"38.0"},{"v":38,"d":"38.0"},{"v":39,"d":"39.0"},{"v":40,"d":"40.0"},{"v":40,"d":"40.0"},{"v":42,"d":"42.0"},{"v":43,"d":"43.0"},{"v":40,"d":"40.0"},{"v":41,"d":"41.0"},{"v":42,"d":"42.0"},{"v":40,"d":"40.0"},{"v":40,"d":"40.0"},{"v":41,"d":"41.0"},{"v":42,"d":"42.0"},{"v":43,"d":"43.0"},{"v":44,"d":"44.0"},{"v":45,"d":"45.0"},{"v":46,"d":"46.0"},{"v":47,"d":"47.0"},{"v":48,"d":"48.0"},{"v":49,"d":"49.0"},{"v":49,"d":"49.0"},{"v":50,"d":"50.0"},{"v":45,"d":"45.0"},{"v":46,"d":"46.0"},{"v":46,"d":"46.0"},{"v":42,"d":"42.0"}]
[null,null,1,5073,"ra_PI_B_v2","SHFT",{"v":0,"d":"0.0"},{"v":0,"d":"0.0"},{"v":0,"d":"0.0"},{"v":0,"d":"0.0"},{"v":0,"d":"0.0"},{"v":0,"d":"0.0"},{"v":0,"d":"0.0"},{"v":0,"d":"0.0"},{"v":0,"d":"0.0"},{"v":0,"d":"0.0"},{"v":0,"d":"0.0"},{"v":0,"d":"0.0"},{"v":0,"d":"0.0"},{"v":0,"d":"0.0"},{"v":0,"d":"0.0"},{"v":0,"d":"0.0"},{"v":0,"d":"0.0"},{"v":0,"d":"0.0"},{"v":0,"d":"0.0"},{"v":0,"d":"0.0"},{"v":0,"d":"0.0"},{"v":0,"d":"0.0"},{"v":0,"d":"0.0"},{"v":0,"d":"0.0"},{"v":0,"d":"0.0"},{"v":0,"d":"0.0"},{"v":0,"d":"0.0"},{"v":0,"d":"0.0"},{"v":0,"d":"0.0"},{"v":0,"d":"0.0"},{"v":0,"d":"0.0"},{"v":0,"d":"0.0"},{"v":0,"d":"0.0"},{"v":0,"d":"0.0"},{"v":0,"d":"0.0"}]
[null,null,1,5074,"ra_PI_B_v2","OV/100",{"v":2150.1,"d":"2150"},{"v":2234.2,"d":"2234"},{"v":2210.4,"d":"2210"},{"v":2147.2,"d":"2147"},{"v":2146.1,"d":"2146"},{"v":2146.9,"d":"2147"},2149,{"v":2107.1,"d":"2107"},{"v":2114.8,"d":"2115"},{"v":2106.3,"d":"2106"},{"v":2081.7,"d":"2082"},{"v":2097.3,"d":"2097"},{"v":2116.3,"d":"2116"},{"v":2167.9,"d":"2168"},{"v":2199.9,"d":"2200"},{"v":2221.5,"d":"2222"},{"v":2252.7,"d":"2253"},{"v":2272.9,"d":"2273"},{"v":2264.3,"d":"2264"},{"v":2232.3,"d":"2232"},{"v":2248.4,"d":"2248"},{"v":2216.7,"d":"2217"},{"v":2227.1,"d":"2227"},{"v":2211.8,"d":"2212"},{"v":2208.2,"d":"2208"},{"v":2200.1,"d":"2200"},{"v":2205.1,"d":"2205"},{"v":2204.2,"d":"2204"},{"v":2256.2,"d":"2256"},2317,{"v":2376.4,"d":"2376"},{"$f":"OFFSET(INDIRECT($B$3&1),$D84-1,AL$9)","v":{"v":2344.1,"d":"2344"}},{"v":2333.9,"d":"2334"},{"v":2376.2,"d":"2376"},{"v":2262.8,"d":"2263"}]
[null,null,1,{"$nulls":3},{"$f":"G83","v":0},0,0,0,0,0,0,0,0,0,0,0,0,0,0,0,0,0,0,0,0,0,0,0,0,0,0,0,0,0,0,0,0,0,0]

{"sheet":"wSh","index":11,"n_rows":84,"n_cols":49,"rows_kept":84}
["Title","R01 to PI_B Ratio Smoothed (_v) and Shifted (kax=1)"]
["Purpose","Use offset to get index of sheet D2 =OFFSET(INDIRECT($B$3&1),$B8-1+$B5,E$1-1)"]
["Data Source","d2!A"]
["Data Name","ra_PI_B_v1"]
["Start Row",{"$f":"VLOOKUP($B$4,'id2'!$A$9:$B$132,2,0)","v":4701}]
["Number Row",100]
["Column Number",0]
[]
[{"$nulls":4},1,{"$f":"1+E9","v":2},{"$f":"1+F9","v":3},4,5,6,7,8,9,10,11,12,13,14,15,16,17,18,19,20,21,22,23,24,25,26,27,28,29,30,31,32,33,34,35,36,37]
[{"$nulls":44},"BG"]
[null,null,"ZeroF",{"$f":"B5","v":4701},{"$f":"OFFSET(INDIRECT($B$3&1),$D11-1,E$9)","v":"ra_PI_B_v1"},{"$f":"OFFSET(INDIRECT($B$3&1),$D11-1,F$9)","v":"Age/Yea"},1980,1981,1982,1983,1984,1985,1986,1987,1988,1989,1990,1991,1992,1993,1994,1995,1996,1997,1998,1999,2000,2001,2002,2003,2004,2005,2006,2007,2008,2009,2010,2011,2012,2013,2014,"Age","Ave","SD","1/Ave","correl","f(a)",null,"Year"]
[null,null,0,{"$f":"1+D11","v":4702},{"$f":"OFFSET(INDIRECT($B$3&1),$D12-1,E$9)","v":"ra_PI_B_v1"},26,{"$f":"OFFSET(INDIRECT($B$3&1),$D12-1,G$9)/100","v":{"v":0,"d":"0.000"}},{"$f":"OFFSET(INDIRECT($B$3&1),$D12-1,H$9)/100","v":{"v":0,"d":"0.000"}},{"v":0,"d":"0.000"},{"v":0,"d":"0.000"},{"v":0,"d":"0.000"},{"v":0,"d":"0.000"},{"v":0,"d":"0.000"},{"v":0,"d":"0.000"},{"v":0,"d":"0.000"},{"v":0,"d":"0.000"},{"v":0,"d":"0.000"},{"v":0,"d":"0.000"},{"v":0,"d":"0.000"},{"v":0,"d":"0.000"},{"v":0,"d":"0.000"},{"v":0,"d":"0.000"},{"v":0,"d":"0.000"},{"v":0,"d":"0.000"},{"v":0,"d":"0.000"},{"v":0,"d":"0.000"},{"v":0,"d":"0.000"},{"v":0,"d":"0.000"},{"v":0,"d":"0.000"},{"v":0,"d":"0.000"},{"v":0,"d":"0.000"},{"v":0,"d":"0.000"},{"v":0,"d":"0.000"},{"v":0,"d":"0.000"},{"v":0,"d":"0.000"},{"v":0,"d":"0.000"},{"v":0,"d":"0.000"},{"v":0,"d":"0.000"},{"v":0,"d":"0.000"},{"v":0,"d":"0.000"},{"v":0,"d":"0.000"},{"$f":"F12","v":26},{"$nulls":6},{"$f":"AP12","v":26}]
[null,null,0,{"$f":"1+D12","v":4703},"ra_PI_B_v1",27,{"$f":"OFFSET(INDIRECT($B$3&1),$D13-1,G$9)/100","v":{"v":0,"d":"0.000"}},{"v":0,"d":"0.000"},{"v":0,"d":"0.000"},{"v":0,"d":"0.000"},{"v":0,"d":"0.000"},{"v":0,"d":"0.000"},{"v":0,"d":"0.000"},{"v":0,"d":"0.000"},{"v":0,"d":"0.000"},{"v":0,"d":"0.000"},{"v":0,"d":"0.000"},{"v":0,"d":"0.000"},{"v":0,"d":"0.000"},{"v":0,"d":"0.000"},{"v":0,"d":"0.000"},{"v":0,"d":"0.000"},{"v":0,"d":"0.000"},{"v":0,"d":"0.000"},{"v":0,"d":"0.000"},{"v":0,"d":"0.000"},{"v":0,"d":"0.000"},{"v":0,"d":"0.000"},{"v":0,"d":"0.000"},{"v":0,"d":"0.000"},{"v":0,"d":"0.000"},{"v":0,"d":"0.000"},{"v":0,"d":"0.000"},{"v":0,"d":"0.000"},{"v":0,"d":"0.000"},{"v":0,"d":"0.000"},{"v":0,"d":"0.000"},{"v":0,"d":"0.000"},{"v":0,"d":"0.000"},{"v":0,"d":"0.000"},{"v":0,"d":"0.000"},27,{"$nulls":6},27]
[null,null,0,4704,"ra_PI_B_v1",28,{"v":0,"d":"0.000"},{"v":0,"d":"0.000"},{"v":0,"d":"0.000"},{"v":0,"d":"0.000"},{"v":0,"d":"0.000"},{"v":0,"d":"0.000"},{"v":0,"d":"0.000"},{"v":0,"d":"0.000"},{"v":0,"d":"0.000"},{"v":0,"d":"0.000"},{"v":0,"d":"0.000"},{"v":0,"d":"0.000"},{"v":0,"d":"0.000"},{"v":0,"d":"0.000"},{"v":0,"d":"0.000"},{"v":0,"d":"0.000"},{"v":0,"d":"0.000"},{"v":0,"d":"0.000"},{"v":0,"d":"0.000"},{"v":0,"d":"0.000"},{"v":0,"d":"0.000"},{"v":0,"d":"0.000"},{"v":0,"d":"0.000"},{"v":0,"d":"0.000"},{"v":0,"d":"0.000"},{"v":0,"d":"0.000"},{"v":0,"d":"0.000"},{"v":0,"d":"0.000"},{"v":0,"d":"0.000"},{"v":0,"d":"0.000"},{"v":0,"d":"0.000"},{"v":0,"d":"0.000"},{"v":0,"d":"0.000"},{"v":0,"d":"0.000"},{"v":0,"d":"0.000"},28,{"$nulls":6},28]
[null,null,0,4705,"ra_PI_B_v1",29,{"v":0,"d":"0.000"},{"v":0,"d":"0.000"},{"v":0,"d":"0.000"},{"v":0,"d":"0.000"},{"v":0,"d":"0.000"},{"v":0,"d":"0.000"},{"v":0,"d":"0.000"},{"v":0,"d":"0.000"},{"v":0,"d":"0.000"},{"v":0,"d":"0.000"},{"v":0,"d":"0.000"},{"v":0,"d":"0.000"},{"v":0,"d":"0.000"},{"v":0,"d":"0.000"},{"v":0,"d":"0.000"},{"v":0,"d":"0.000"},{"v":0,"d":"0.000"},{"v":0,"d":"0.000"},{"v":0,"d":"0.000"},{"v":0,"d":"0.000"},{"v":0,"d":"0.000"},{"v":0,"d":"0.000"},{"v":0,"d":"0.000"},{"v":0,"d":"0.000"},{"v":0,"d":"0.000"},{"v":0,"d":"0.000"},{"v":0,"d":"0.000"},{"v":0,"d":"0.000"},{"v":0,"d":"0.000"},{"v":0,"d":"0.000"},{"v":0,"d":"0.000"},{"v":0,"d":"0.000"},{"v":0,"d":"0.000"},{"v":0,"d":"0.000"},{"v":0,"d":"0.000"},29,{"$nulls":6},29]
[null,null,0,4706,"ra_PI_B_v1",30,{"v":0,"d":"0.000"},{"v":0,"d":"0.000"},{"v":0,"d":"0.000"},{"v":0,"d":"0.000"},{"v":0,"d":"0.000"},{"v":0,"d":"0.000"},{"v":0,"d":"0.000"},{"v":0,"d":"0.000"},{"v":0,"d":"0.000"},{"v":0,"d":"0.000"},{"v":0,"d":"0.000"},{"v":0,"d":"0.000"},{"v":0,"d":"0.000"},{"v":0,"d":"0.000"},{"v":0,"d":"0.000"},{"v":0,"d":"0.000"},{"v":0,"d":"0.000"},{"v":0,"d":"0.000"},{"v":0,"d":"0.000"},{"v":0,"d":"0.000"},{"v":0,"d":"0.000"},{"v":0,"d":"0.000"},{"v":0,"d":"0.000"},{"v":0,"d":"0.000"},{"v":0,"d":"0.000"},{"v":0,"d":"0.000"},{"v":0,"d":"0.000"},{"v":0,"d":"0.000"},{"v":0,"d":"0.000"},{"v":0,"d":"0.000"},{"v":0,"d":"0.000"},{"v":0,"d":"0.000"},{"v":0,"d":"0.000"},{"v":0,"d":"0.000"},{"v":0,"d":"0.000"},30,{"$nulls":6},30]
[null,null,0,4707,"ra_PI_B_v1",31,{"v":0,"d":"0.000"},{"v":0,"d":"0.000"},{"v":0,"d":"0.000"},{"v":0,"d":"0.000"},{"v":0,"d":"0.000"},{"v":0,"d":"0.000"},{"v":0,"d":"0.000"},{"v":0,"d":"0.000"},{"v":0,"d":"0.000"},{"v":0,"d":"0.000"},{"v":0,"d":"0.000"},{"v":0,"d":"0.000"},{"v":0,"d":"0.000"},{"v":0,"d":"0.000"},{"v":0,"d":"0.000"},{"v":0,"d":"0.000"},{"v":0,"d":"0.000"},{"v":0,"d":"0.000"},{"v":0,"d":"0.000"},{"v":0,"d":"0.000"},{"v":0,"d":"0.000"},{"v":0,"d":"0.000"},{"v":0,"d":"0.000"},{"v":0,"d":"0.000"},{"v":0,"d":"0.000"},{"v":0,"d":"0.000"},{"v":0,"d":"0.000"},{"v":0,"d":"0.000"},{"v":0,"d":"0.000"},{"v":0,"d":"0.000"},{"v":0,"d":"0.000"},{"v":0,"d":"0.000"},{"v":0,"d":"0.000"},{"v":0,"d":"0.000"},{"v":0,"d":"0.000"},31,{"$nulls":6},31]
[null,null,0,4708,"ra_PI_B_v1",32,{"v":0,"d":"0.000"},{"v":0,"d":"0.000"},{"v":0,"d":"0.000"},{"v":0,"d":"0.000"},{"v":0,"d":"0.000"},{"v":0,"d":"0.000"},{"v":0,"d":"0.000"},{"v":0,"d":"0.000"},{"v":0,"d":"0.000"},{"v":0,"d":"0.000"},{"v":0,"d":"0.000"},{"v":0,"d":"0.000"},{"v":0,"d":"0.000"},{"v":0,"d":"0.000"},{"v":0,"d":"0.000"},{"v":0,"d":"0.000"},{"v":0,"d":"0.000"},{"v":0,"d":"0.000"},{"v":0,"d":"0.000"},{"v":0,"d":"0.000"},{"v":0,"d":"0.000"},{"v":0,"d":"0.000"},{"v":0,"d":"0.000"},{"v":0,"d":"0.000"},{"v":0,"d":"0.000"},{"v":0,"d":"0.000"},{"v":0,"d":"0.000"},{"v":0,"d":"0.000"},{"v":0,"d":"0.000"},{"v":0,"d":"0.000"},{"v":0,"d":"0.000"},{"v":0,"d":"0.000"},{"v":0,"d":"0.000"},{"v":0,"d":"0.000"},{"v":0,"d":"0.000"},32,{"$nulls":6},32]
[null,null,0,4709,"ra_PI_B_v1",33,{"v":0,"d":"0.000"},{"v":0,"d":"0.000"},{"v":0,"d":"0.000"},{"v":0,"d":"0.000"},{"v":0,"d":"0.000"},{"v":0,"d":"0.000"},{"v":0,"d":"0.000"},{"v":0,"d":"0.000"},{"v":0,"d":"0.000"},{"v":0,"d":"0.000"},{"v":0,"d":"0.000"},{"v":0,"d":"0.000"},{"v":0,"d":"0.000"},{"v":0,"d":"0.000"},{"v":0,"d":"0.000"},{"v":0,"d":"0.000"},{"v":0,"d":"0.000"},{"v":0,"d":"0.000"},{"$f":"OFFSET(INDIRECT($B$3&1),$D19-1,Y$9)/100","v":{"v":0,"d":"0.000"}},{"v":0,"d":"0.000"},{"v":0,"d":"0.000"},{"v":0,"d":"0.000"},{"v":0,"d":"0.000"},{"v":0,"d":"0.000"},{"v":0,"d":"0.000"},{"v":0,"d":"0.000"},{"v":0,"d":"0.000"},{"v":0,"d":"0.000"},{"v":0,"d":"0.000"},{"v":0,"d":"0.000"},{"v":0,"d":"0.000"},{"v":0,"d":"0.000"},{"v":0,"d":"0.000"},{"v":0,"d":"0.000"},{"$f":"OFFSET(INDIRECT($B$3&1),$D19-1,AO$9)/100","v":{"v":0,"d":"0.000"}},33,{"$nulls":6},33]
[null,null,0,4710,"ra_PI_B_v1",34,{"v":0,"d":"0.000"},{"v":0,"d":"0.000"},{"v":0,"d":"0.000"},{"v":0,"d":"0.000"},{"v":0,"d":"0.000"},{"v":0,"d":"0.000"},{"v":0,"d":"0.000"},{"v":0,"d":"0.000"},{"v":0,"d":"0.000"},{"v":0,"d":"0.000"},{"v":0,"d":"0.000"},{"v":0,"d":"0.000"},{"v":0,"d":"0.000"},{"v":0,"d":"0.000"},{"v":0,"d":"0.000"},{"v":0,"d":"0.000"},{"v":0,"d":"0.000"},{"v":0,"d":"0.000"},{"v":0,"d":"0.000"},{"v":0,"d":"0.000"},{"v":0,"d":"0.000"},{"v":0,"d":"0.000"},{"v":0,"d":"0.000"},{"v":0,"d":"0.000"},{"v":0,"d":"0.000"},{"v":0,"d":"0.000"},{"v":0,"d":"0.000"},{"v":0,"d":"0.000"},{"v":0,"d":"0.000"},{"v":0,"d":"0.000"},{"v":0,"d":"0.000"},{"v":0,"d":"0.000"},{"v":0,"d":"0.000"},{"v":0,"d":"0.000"},{"v":0,"d":"0.000"},34,{"$nulls":6},34]
[null,null,0,4711,"ra_PI_B_v1",35,{"$nulls":35},35,{"$nulls":6},35]
[null,null,1,4712,"ra_PI_B_v1",36,{"$nulls":8},0.405,0.439,0.519,0.552,0.474,0.424,0.508,0.555,0.573,0.593,0.644,0.527,{"v":0.5760000000000001,"d":"0.576"},{"v":0.46399999999999997,"d":"0.464"},0.499,0.431,{"v":0.40399999999999997,"d":"0.404"},0.455,0.445,{"v":0.45399999999999996,"d":"0.454"},0.465,0.491,0.579,0.479,{"v":0.5539999999999999,"d":"0.554"},0.532,{"v":0.5329999999999999,"d":"0.533"},36,{"$f":"AVERAGE(I22:AM22)","v":{"v":0.50036,"d":"0.500"}},{"$f":"STDEV(I22:AM22)","v":{"v":0.06452123681393546,"d":"0.065"}},{"$f":"1/AQ22","v":{"v":1.998561036054041,"d":"2.00"}},{"v":1,"d":"1.000"},{"$f":"AR22*AS22/AQ22","v":{"v":0.2577137059204312,"d":"0.258"}},null,36]
[null,null,1,4713,"ra_PI_B_v1",37,0.583,{"v":0.55,"d":"0.550"},0.769,null,0.792,0.754,0.762,{"v":0.7090000000000001,"d":"0.709"},0.586,0.578,0.494,0.534,0.516,0.496,{"v":0.5539999999999999,"d":"0.554"},0.589,{"v":0.58,"d":"0.580"},0.638,{"v":0.6679999999999999,"d":"0.668"},{"v":0.5710000000000001,"d":"0.571"},0.612,0.547,0.581,0.536,{"v":0.46299999999999997,"d":"0.463"},0.515,0.514,0.507,0.528,{"v":0.5710000000000001,"d":"0.571"},{"v":0.6679999999999999,"d":"0.668"},0.556,0.637,0.653,0.615,37,{"v":0.5941666666666666,"d":"0.594"},{"v":0.08970029920887053,"d":"0.090"},{"v":1.683029453015428,"d":"1.68"},{"v":1,"d":"1.000"},{"v":0.2540840036681497,"d":"0.254"},null,37]
[null,null,1,4714,"ra_PI_B_v1",38,0.628,0.599,0.738,{"v":0.78,"d":"0.780"},0.833,{"v":0.7759999999999999,"d":"0.776"},0.736,{"v":0.6970000000000001,"d":"0.697"},{"v":0.63,"d":"0.630"},0.626,0.569,{"v":0.5329999999999999,"d":"0.533"},{"v":0.53,"d":"0.530"},0.532,0.585,0.655,0.622,{"v":0.6559999999999999,"d":"0.656"},{"v":0.68,"d":"0.680"},0.664,{"v":0.6970000000000001,"d":"0.697"},0.618,0.655,0.606,{"v":0.5589999999999999,"d":"0.559"},0.606,{"v":0.58,"d":"0.580"},{"v":0.5720000000000001,"d":"0.572"},{"v":0.59,"d":"0.590"},0.637,{"v":0.73,"d":"0.730"},{"v":0.6629999999999999,"d":"0.663"},{"v":0.7490000000000001,"d":"0.749"},0.747,{"v":0.74,"d":"0.740"},38,{"v":0.648516129032258,"d":"0.649"},{"v":0.07869683219704408,"d":"0.079"},{"v":1.541981695185038,"d":"1.54"},{"v":1,"d":"1.000"},{"v":0.1871180519410867,"d":"0.187"},null,38]
[null,null,1,4715,"ra_PI_B_v1",39,{"v":0.6559999999999999,"d":"0.656"},{"v":0.6629999999999999,"d":"0.663"},{"v":0.7509999999999999,"d":"0.751"},{"v":0.7809999999999999,"d":"0.781"},{"v":0.8109999999999999,"d":"0.811"},0.792,0.767,0.746,0.654,{"v":0.66,"d":"0.660"},0.616,0.594,0.594,0.563,{"v":0.64,"d":"0.640"},{"v":0.6829999999999999,"d":"0.683"},0.725,{"v":0.6970000000000001,"d":"0.697"},0.721,0.718,{"v":0.7559999999999999,"d":"0.756"},{"v":0.6940000000000001,"d":"0.694"},{"v":0.7290000000000001,"d":"0.729"},0.684,0.628,{"v":0.6659999999999999,"d":"0.666"},0.664,{"v":0.63,"d":"0.630"},0.654,{"v":0.6970000000000001,"d":"0.697"},{"v":0.7829999999999999,"d":"0.783"},0.754,{"v":0.8370000000000001,"d":"0.837"},{"v":0.84,"d":"0.840"},{"v":0.81,"d":"0.810"},39,{"v":0.6996451612903227,"d":"0.700"},{"v":0.06864233309316575,"d":"0.069"},{"v":1.4292959564756325,"d":"1.43"},{"v":1,"d":"1.000"},{"v":0.14022852520294038,"d":"0.140"},null,39]
[null,null,1,4716,"ra_PI_B_v1",40,{"v":0.6759999999999999,"d":"0.676"},{"v":0.7170000000000001,"d":"0.717"},0.778,0.805,{"v":0.8420000000000001,"d":"0.842"},0.807,0.789,{"v":0.77,"d":"0.770"},0.695,0.716,0.664,0.639,0.691,{"v":0.6659999999999999,"d":"0.666"},0.738,{"v":0.7390000000000001,"d":"0.739"},{"v":0.7709999999999999,"d":"0.771"},{"v":0.7979999999999999,"d":"0.798"},{"v":0.8270000000000001,"d":"0.827"},0.772,{"v":0.8029999999999999,"d":"0.803"},0.755,{"v":0.7879999999999999,"d":"0.788"},{"v":0.7509999999999999,"d":"0.751"},0.711,0.748,0.725,{"v":0.7090000000000001,"d":"0.709"},0.703,0.752,{"v":0.8320000000000001,"d":"0.832"},{"v":0.8059999999999999,"d":"0.806"},{"v":0.88,"d":"0.880"},0.929,{"v":0.8959999999999999,"d":"0.896"},40,{"v":0.7570967741935485,"d":"0.757"},{"v":0.056810418550772714,"d":"0.057"},{"v":1.3208351086493395,"d":"1.32"},{"v":1,"d":"1.000"},{"v":0.09911176208464653,"d":"0.099"},null,40]
[null,null,1,4717,"ra_PI_B_v1",41,0.701,{"v":0.76,"d":"0.760"},{"v":0.8220000000000001,"d":"0.822"},{"v":0.8440000000000001,"d":"0.844"},0.875,{"v":0.8370000000000001,"d":"0.837"},0.809,{"v":0.8109999999999999,"d":"0.811"},0.794,0.812,0.755,{"v":0.7140000000000001,"d":"0.714"},0.778,{"v":0.7659999999999999,"d":"0.766"},0.821,0.823,{"v":0.8270000000000001,"d":"0.827"},{"$f":"OFFSET(INDIRECT($B$3&1),$D27-1,X$9)/100","v":{"v":0.8540000000000001,"d":"0.854"}},{"v":0.8859999999999999,"d":"0.886"},{"v":0.86,"d":"0.860"},0.878,0.809,0.841,0.807,0.769,{"v":0.79,"d":"0.790"},0.795,0.769,0.774,0.792,0.865,0.843,{"v":0.9109999999999999,"d":"0.911"},{"$f":"OFFSET(INDIRECT($B$3&1),$D27-1,AN$9)/100","v":0.963},{"v":0.9590000000000001,"d":"0.959"},41,{"v":0.8171290322580645,"d":"0.817"},{"v":0.043377983613413724,"d":"0.043"},{"v":1.2237969286644823,"d":"1.22"},{"v":1,"d":"1.000"},{"v":0.06496629176307184,"d":"0.065"},null,41]
[null,null,1,4718,"ra_PI_B_v1",42,0.784,{"v":0.8270000000000001,"d":"0.827"},0.857,0.885,0.929,0.888,0.847,0.868,{"v":0.8370000000000001,"d":"0.837"},{"v":0.8640000000000001,"d":"0.864"},0.852,{"v":0.8170000000000001,"d":"0.817"},0.867,0.841,0.893,0.895,{"$f":"OFFSET(INDIRECT($B$3&1),$D28-1,W$9)/100","v":0.899},{"v":0.9059999999999999,"d":"0.906"},{"v":0.94,"d":"0.940"},{"v":0.9079999999999999,"d":"0.908"},0.929,0.885,0.902,0.847,0.815,0.828,{"v":0.8270000000000001,"d":"0.827"},0.825,{"v":0.8290000000000001,"d":"0.829"},0.847,{"v":0.91,"d":"0.910"},{"v":0.89,"d":"0.890"},{"v":0.95,"d":"0.950"},0.977,{"v":1,"d":"1.000"},42,{"v":0.8734516129032259,"d":"0.873"},{"v":0.03813907769351309,"d":"0.038"},{"v":1.144883111127525,"d":"1.14"},{"v":1,"d":"1.000"},{"v":0.04999107595685612,"d":"0.050"},null,42]
[null,null,1,4719,"ra_PI_B_v1",43,{"v":0.8490000000000001,"d":"0.849"},0.915,0.892,{"v":0.9159999999999999,"d":"0.916"},{"v":0.9359999999999999,"d":"0.936"},{"v":0.9470000000000001,"d":"0.947"},0.917,0.937,0.893,0.917,{"v":0.8959999999999999,"d":"0.896"},{"v":0.9079999999999999,"d":"0.908"},{"v":0.9490000000000001,"d":"0.949"},{"v":0.9179999999999999,"d":"0.918"},0.953,{"v":0.9329999999999999,"d":"0.933"},{"v":0.9440000000000001,"d":"0.944"},0.961,0.995,0.958,0.965,0.934,{"v":0.94,"d":"0.940"},{"v":0.9179999999999999,"d":"0.918"},0.858,0.867,0.853,0.847,{"v":0.8759999999999999,"d":"0.876"},0.902,{"v":0.9540000000000001,"d":"0.954"},0.919,{"v":0.9570000000000001,"d":"0.957"},0.992,0.973,43,{"v":0.9212903225806454,"d":"0.921"},{"v":0.035963123287044194,"d":"0.036"},{"v":1.0854341736694675,"d":"1.09"},{"v":1,"d":"1.000"},{"v":0.04237057749429361,"d":"0.042"},null,43]
[null,null,1,4720,"ra_PI_B_v1",44,0.895,0.972,0.958,0.937,{"v":0.9640000000000001,"d":"0.964"},0.968,0.966,0.981,{"v":0.9540000000000001,"d":"0.954"},0.975,0.943,0.941,{"v":0.9690000000000001,"d":"0.969"},0.971,0.993,0.976,{"v":0.9690000000000001,"d":"0.969"},{"v":0.9890000000000001,"d":"0.989"},{"v":1,"d":"1.000"},{"v":1,"d":"1.000"},{"v":1,"d":"1.000"},0.966,0.966,0.946,0.919,0.924,{"v":0.8809999999999999,"d":"0.881"},0.871,{"v":0.8859999999999999,"d":"0.886"},0.935,0.987,{"v":0.9440000000000001,"d":"0.944"},0.965,0.995,{"v":0.9840000000000001,"d":"0.984"},44,{"v":0.9562580645161289,"d":"0.956"},{"v":0.03334363281741158,"d":"0.033"},{"v":1.0457428147348538,"d":"1.05"},{"v":1,"d":"1.000"},{"v":0.03646386444187453,"d":"0.036"},null,44]
[null,null,1,4721,"ra_PI_B_v1",45,0.912,{"v":1,"d":"1.000"},0.998,0.981,{"v":0.99,"d":"0.990"},0.973,0.983,{"v":1,"d":"1.000"},0.993,{"v":1,"d":"1.000"},0.985,0.976,0.991,0.983,{"v":1,"d":"1.000"},{"v":1,"d":"1.000"},{"v":0.99,"d":"0.990"},{"v":0.99,"d":"0.990"},0.995,0.997,{"v":0.9990000000000001,"d":"0.999"},{"v":1,"d":"1.000"},{"v":1,"d":"1.000"},0.973,0.946,{"v":0.9490000000000001,"d":"0.949"},{"v":0.9279999999999999,"d":"0.928"},0.902,0.904,0.932,0.977,0.982,{"v":0.9990000000000001,"d":"0.999"},0.985,0.961,45,{"v":0.9779354838709678,"d":"0.978"},{"v":0.028032047711944473,"d":"0.028"},{"v":1.02256234331706,"d":"1.02"},{"v":1,"d":"1.000"},{"v":0.029311255056252428,"d":"0.029"},null,45]
[null,null,1,4722,"ra_PI_B_v1",46,0.915,0.997,{"v":1,"d":"1.000"},{"v":1,"d":"1.000"},{"v":1,"d":"1.000"},0.995,0.983,0.986,{"v":1,"d":"1.000"},{"v":1,"d":"1.000"},{"v":1,"d":"1.000"},0.998,{"v":1,"d":"1.000"},{"v":0.9890000000000001,"d":"0.989"},{"v":0.9940000000000001,"d":"0.994"},{"v":0.9990000000000001,"d":"0.999"},{"v":1,"d":"1.000"},0.996,0.988,{"v":0.99,"d":"0.990"},{"v":0.99,"d":"0.990"},{"v":0.9890000000000001,"d":"0.989"},0.981,{"v":1,"d":"1.000"},0.973,0.978,{"v":0.9540000000000001,"d":"0.954"},{"v":0.9359999999999999,"d":"0.936"},{"v":0.9279999999999999,"d":"0.928"},0.941,0.966,{"v":1,"d":"1.000"},{"v":1,"d":"1.000"},{"v":1,"d":"1.000"},0.943,46,{"v":0.9856129032258065,"d":"0.986"},{"v":0.02028411105496919,"d":"0.020"},{"v":1.0145971067617987,"d":"1.01"},{"v":1,"d":"1.000"},{"v":0.02088061177187306,"d":"0.021"},null,46]
[null,null,1,4723,"ra_PI_B_v1",47,0.927,0.985,0.985,0.982,{"v":0.98,"d":"0.980"},{"v":1,"d":"1.000"},{"v":1,"d":"1.000"},0.987,{"v":0.9840000000000001,"d":"0.984"},0.991,{"v":0.9890000000000001,"d":"0.989"},{"v":1,"d":"1.000"},{"v":0.9940000000000001,"d":"0.994"},0.995,{"v":0.9940000000000001,"d":"0.994"},{"v":0.99,"d":"0.990"},0.996,{"v":1,"d":"1.000"},{"v":0.98,"d":"0.980"},{"v":0.98,"d":"0.980"},0.975,0.976,0.968,0.975,{"v":1,"d":"1.000"},{"v":1,"d":"1.000"},{"v":0.98,"d":"0.980"},{"v":0.96,"d":"0.960"},{"v":0.9520000000000001,"d":"0.952"},{"v":0.96,"d":"0.960"},{"v":0.9740000000000001,"d":"0.974"},0.976,0.966,0.992,0.932,47,{"v":0.9835161290322582,"d":"0.984"},{"v":0.01332634225320146,"d":"0.013"},{"v":1.0167601430023943,"d":"1.02"},{"v":1,"d":"1.000"},{"v":0.01377678845836147,"d":"0.014"},null,47]
[null,null,1,4724,"ra_PI_B_v1",48,0.937,0.978,0.968,{"v":0.9640000000000001,"d":"0.964"},{"v":0.9570000000000001,"d":"0.957"},0.973,0.991,0.981,0.986,{"v":0.99,"d":"0.990"},0.977,0.978,0.973,{"v":1,"d":"1.000"},{"v":1,"d":"1.000"},0.985,0.981,0.992,{"v":0.9620000000000001,"d":"0.962"},0.968,0.971,0.963,0.961,0.951,{"v":0.9740000000000001,"d":"0.974"},{"v":0.9690000000000001,"d":"0.969"},{"v":1,"d":"1.000"},0.987,0.966,{"v":0.9690000000000001,"d":"0.969"},0.983,0.948,{"v":0.9359999999999999,"d":"0.936"},0.963,0.929,48,{"v":0.9743225806451613,"d":"0.974"},{"v":0.015492766262085443,"d":"0.015"},{"v":1,"d":"1.00"},{"v":1,"d":"1.000"},{"v":0.015901064565112196,"d":"0.016"},null,48]
[null,null,1,4725,"ra_PI_B_v1",49,{"v":0.9520000000000001,"d":"0.952"},0.968,{"v":0.9390000000000001,"d":"0.939"},{"v":0.9390000000000001,"d":"0.939"},{"v":0.9259999999999999,"d":"0.926"},0.945,0.965,{"v":0.9540000000000001,"d":"0.954"},0.975,0.975,{"v":0.9690000000000001,"d":"0.969"},{"v":0.9640000000000001,"d":"0.964"},{"v":0.9570000000000001,"d":"0.957"},0.987,{"v":0.9790000000000001,"d":"0.979"},0.987,0.973,0.976,{"v":0.9520000000000001,"d":"0.952"},{"v":0.95,"d":"0.950"},0.951,0.958,0.956,0.941,0.955,{"v":0.9490000000000001,"d":"0.949"},{"v":0.9640000000000001,"d":"0.964"},{"v":1,"d":"1.000"},0.996,0.982,0.981,{"v":0.9520000000000001,"d":"0.952"},{"v":0.9390000000000001,"d":"0.939"},0.938,0.893,49,{"v":0.9624516129032258,"d":"0.962"},{"v":0.018304532607485356,"d":"0.018"},{"v":1,"d":"1.00"},{"v":1,"d":"1.000"},{"v":0.01901865232712314,"d":"0.019"},null,49]
[null,null,1,4726,"ra_PI_B_v1",50,0.965,0.972,{"v":0.9159999999999999,"d":"0.916"},{"v":0.9079999999999999,"d":"0.908"},{"v":0.8859999999999999,"d":"0.886"},{"v":0.9159999999999999,"d":"0.916"},{"v":0.93,"d":"0.930"},{"v":0.9129999999999999,"d":"0.913"},0.946,{"v":0.9440000000000001,"d":"0.944"},0.943,{"v":0.9470000000000001,"d":"0.947"},0.937,0.972,0.963,0.961,0.976,{"v":0.9690000000000001,"d":"0.969"},{"v":0.94,"d":"0.940"},{"v":0.94,"d":"0.940"},0.932,{"v":0.9390000000000001,"d":"0.939"},{"v":0.9279999999999999,"d":"0.928"},{"v":0.9390000000000001,"d":"0.939"},0.938,0.925,0.941,0.956,{"v":1,"d":"1.000"},{"v":1,"d":"1.000"},{"v":1,"d":"1.000"},0.945,{"v":0.9179999999999999,"d":"0.918"},0.934,0.868,50,{"v":0.9441290322580643,"d":"0.944"},{"v":0.026862293195089017,"d":"0.027"},{"v":1,"d":"1.00"},{"v":1,"d":"1.000"},{"v":0.02845193006176574,"d":"0.028"},null,50]
[null,null,1,4727,"ra_PI_B_v1",51,{"v":1,"d":"1.000"},0.963,0.912,0.877,0.851,{"v":0.8759999999999999,"d":"0.876"},0.895,0.875,0.905,{"v":0.9059999999999999,"d":"0.906"},{"v":0.9079999999999999,"d":"0.908"},{"v":0.9259999999999999,"d":"0.926"},{"v":0.9159999999999999,"d":"0.916"},0.948,{"v":0.9420000000000001,"d":"0.942"},{"v":0.95,"d":"0.950"},{"v":0.95,"d":"0.950"},{"v":0.9670000000000001,"d":"0.967"},{"v":0.9359999999999999,"d":"0.936"},{"v":0.9329999999999999,"d":"0.933"},{"v":0.9279999999999999,"d":"0.928"},0.922,{"v":0.9129999999999999,"d":"0.913"},{"v":0.9109999999999999,"d":"0.911"},0.935,0.919,{"v":0.9109999999999999,"d":"0.911"},{"v":0.9329999999999999,"d":"0.933"},{"v":0.9570000000000001,"d":"0.957"},0.993,0.996,{"v":0.94,"d":"0.940"},0.914,0.914,0.855,51,{"v":0.9240322580645163,"d":"0.924"},{"v":0.03196819656154926,"d":"0.032"},{"v":1,"d":"1.00"},null,{"v":0.03459640751991716,"d":"0.035"},null,51]
[null,null,1,4728,"ra_PI_B_v1",52,{"v":0.9890000000000001,"d":"0.989"},0.998,{"v":0.9009999999999999,"d":"0.901"},0.873,0.835,{"v":0.8440000000000001,"d":"0.844"},{"v":0.8540000000000001,"d":"0.854"},0.838,0.865,0.861,{"v":0.87,"d":"0.870"},0.892,0.887,{"v":0.9259999999999999,"d":"0.926"},0.915,{"v":0.9259999999999999,"d":"0.926"},{"v":0.93,"d":"0.930"},{"v":0.93,"d":"0.930"},{"v":0.9,"d":"0.900"},{"v":0.9259999999999999,"d":"0.926"},{"v":0.9209999999999999,"d":"0.921"},{"v":0.9129999999999999,"d":"0.913"},0.903,{"v":0.8959999999999999,"d":"0.896"},{"v":0.9,"d":"0.900"},0.882,0.898,0.903,0.935,{"v":0.95,"d":"0.950"},0.953,0.961,0.929,{"v":0.9079999999999999,"d":"0.908"},0.833,52,{"v":0.900548387096774,"d":"0.901"},{"v":0.03368564353912748,"d":"0.034"},{"v":1,"d":"1.00"},null,{"v":0.037405700817170616,"d":"0.037"},null,52]
[null,null,1,4729,"ra_PI_B_v1",53,0.961,0.976,0.927,{"v":0.8590000000000001,"d":"0.859"},0.828,0.825,{"v":0.8240000000000001,"d":"0.824"},0.802,{"v":0.82,"d":"0.820"},{"v":0.8190000000000001,"d":"0.819"},{"v":0.8270000000000001,"d":"0.827"},0.856,0.851,0.893,0.879,{"v":0.9009999999999999,"d":"0.901"},{"v":0.9059999999999999,"d":"0.906"},0.903,0.877,0.894,{"v":0.8859999999999999,"d":"0.886"},0.903,{"v":0.8859999999999999,"d":"0.886"},{"v":0.8859999999999999,"d":"0.886"},0.883,0.866,0.858,{"v":0.8809999999999999,"d":"0.881"},0.903,0.929,0.924,0.951,0.919,0.917,0.825,53,{"v":0.8763225806451612,"d":"0.876"},{"v":0.03808007974149055,"d":"0.038"},{"v":1,"d":"1.00"},null,{"v":0.04345440889296206,"d":"0.043"},null,53]
[null,null,1,4730,"ra_PI_B_v1",54,0.919,0.955,0.905,0.884,0.843,0.815,{"v":0.8029999999999999,"d":"0.803"},{"v":0.7809999999999999,"d":"0.781"},0.785,{"v":0.7809999999999999,"d":"0.781"},0.785,{"v":0.8079999999999999,"d":"0.808"},0.805,0.855,0.841,0.871,{"v":0.88,"d":"0.880"},{"v":0.8759999999999999,"d":"0.876"},0.851,{"v":0.87,"d":"0.870"},{"v":0.8640000000000001,"d":"0.864"},0.868,0.848,{"v":0.87,"d":"0.870"},{"v":0.8690000000000001,"d":"0.869"},{"v":0.85,"d":"0.850"},{"v":0.8440000000000001,"d":"0.844"},0.843,0.879,0.894,0.887,0.914,0.878,0.899,0.823,54,{"v":0.8499032258064517,"d":"0.850"},{"v":0.0375698059960475,"d":"0.038"},{"v":1,"d":"1.00"},null,{"v":0.04420480456512971,"d":"0.044"},null,54]
[null,null,1,4731,"ra_PI_B_v1",55,0.903,0.909,{"v":0.8909999999999999,"d":"0.891"},{"v":0.8640000000000001,"d":"0.864"},0.825,{"v":0.8290000000000001,"d":"0.829"},0.795,{"v":0.7709999999999999,"d":"0.771"},{"v":0.7609999999999999,"d":"0.761"},0.753,0.747,{"v":0.7709999999999999,"d":"0.771"},0.773,0.809,0.797,{"v":0.8340000000000001,"d":"0.834"},{"v":0.8490000000000001,"d":"0.849"},0.852,0.821,{"v":0.84,"d":"0.840"},0.836,0.843,{"v":0.8220000000000001,"d":"0.822"},{"v":0.8290000000000001,"d":"0.829"},0.853,{"v":0.8370000000000001,"d":"0.837"},{"v":0.8320000000000001,"d":"0.832"},0.826,{"v":0.8420000000000001,"d":"0.842"},0.871,{"v":0.8590000000000001,"d":"0.859"},0.892,0.866,{"v":0.8640000000000001,"d":"0.864"},0.805,55,{"v":0.825483870967742,"d":"0.825"},{"v":0.03852780032456387,"d":"0.039"},{"v":1,"d":"1.00"},null,{"v":0.04667298984218366,"d":"0.047"},null,55]
[null,null,1,4732,"ra_PI_B_v1",56,0.878,{"v":0.8959999999999999,"d":"0.896"},0.847,{"v":0.8490000000000001,"d":"0.849"},0.807,0.805,0.802,{"v":0.7759999999999999,"d":"0.776"},{"v":0.7490000000000001,"d":"0.749"},{"v":0.7390000000000001,"d":"0.739"},{"v":0.7190000000000001,"d":"0.719"},0.731,{"v":0.7290000000000001,"d":"0.729"},0.777,0.764,0.785,0.809,{"v":0.8190000000000001,"d":"0.819"},{"v":0.7859999999999999,"d":"0.786"},0.802,{"v":0.7929999999999999,"d":"0.793"},{"v":0.8140000000000001,"d":"0.814"},{"v":0.7959999999999999,"d":"0.796"},{"v":0.8079999999999999,"d":"0.808"},0.815,0.804,{"v":0.82,"d":"0.820"},{"v":0.8170000000000001,"d":"0.817"},{"v":0.8290000000000001,"d":"0.829"},0.843,{"v":0.8320000000000001,"d":"0.832"},{"v":0.8590000000000001,"d":"0.859"},{"v":0.8290000000000001,"d":"0.829"},0.847,0.774,56,{"v":0.7985161290322581,"d":"0.799"},{"v":0.036452591099254694,"d":"0.036"},{"v":1,"d":"1.00"},null,{"v":0.045650413027264095,"d":"0.046"},null,56]
[null,null,1,4733,"ra_PI_B_v1",57,{"$f":"OFFSET(INDIRECT($B$3&1),$D43-1,G$9)/100","v":0.833},{"v":0.87,"d":"0.870"},0.835,0.805,0.764,0.782,0.774,0.746,{"v":0.75,"d":"0.750"},0.735,0.698,{"v":0.6970000000000001,"d":"0.697"},{"v":0.6940000000000001,"d":"0.694"},{"v":0.7290000000000001,"d":"0.729"},{"v":0.7170000000000001,"d":"0.717"},0.752,{"v":0.7609999999999999,"d":"0.761"},{"v":0.7829999999999999,"d":"0.783"},{"v":0.7490000000000001,"d":"0.749"},0.765,0.757,{"v":0.78,"d":"0.780"},0.767,0.782,{"v":0.8,"d":"0.800"},0.789,0.785,0.802,0.813,{"v":0.8290000000000001,"d":"0.829"},{"v":0.8170000000000001,"d":"0.817"},{"$f":"OFFSET(INDIRECT($B$3&1),$D43-1,AL$9)/100","v":0.825},0.795,0.807,0.758,57,{"v":0.770225806451613,"d":"0.770"},{"v":0.03820358593763972,"d":"0.038"},{"v":1,"d":"1.00"},null,{"v":0.049600501070772345,"d":"0.050"},null,57]
[null,null,1,4734,{"$f":"OFFSET(INDIRECT($B$3&1),$D44-1,E$9)","v":"ra_PI_B_v1"},58,{"v":0.7809999999999999,"d":"0.781"},0.836,0.807,0.784,0.741,0.738,{"v":0.7490000000000001,"d":"0.749"},0.721,{"v":0.72,"d":"0.720"},0.705,0.695,{"v":0.6759999999999999,"d":"0.676"},{"v":0.67,"d":"0.670"},0.691,{"v":0.6829999999999999,"d":"0.683"},{"v":0.7040000000000001,"d":"0.704"},{"$f":"OFFSET(INDIRECT($B$3&1),$D44-1,W$9)/100","v":0.728},0.736,{"v":0.7020000000000001,"d":"0.702"},{"v":0.7290000000000001,"d":"0.729"},0.718,0.743,0.733,{"v":0.7559999999999999,"d":"0.756"},0.773,0.765,{"v":0.77,"d":"0.770"},0.769,{"v":0.8,"d":"0.800"},0.809,{"v":0.7959999999999999,"d":"0.796"},{"v":0.8,"d":"0.800"},0.768,0.778,0.722,{"$f":"F44","v":58},{"v":0.7412580645161292,"d":"0.741"},{"v":0.04011397739935172,"d":"0.040"},{"v":1,"d":"1.00"},null,{"v":0.05411607552025341,"d":"0.054"},null,{"$f":"AP44","v":58}]
[null,null,1,4735,"ra_PI_B_v1",59,0.768,0.784,0.782,0.754,0.715,{"v":0.7170000000000001,"d":"0.717"},{"v":0.7040000000000001,"d":"0.704"},0.677,{"v":0.6940000000000001,"d":"0.694"},0.675,{"v":0.6629999999999999,"d":"0.663"},0.674,0.664,0.665,0.655,{"v":0.6659999999999999,"d":"0.666"},{"v":0.6759999999999999,"d":"0.676"},0.705,0.665,{"v":0.68,"d":"0.680"},{"v":0.6709999999999999,"d":"0.671"},{"v":0.7040000000000001,"d":"0.704"},0.698,0.718,0.753,{"v":0.7440000000000001,"d":"0.744"},0.742,{"v":0.75,"d":"0.750"},0.763,{"v":0.79,"d":"0.790"},0.777,0.778,{"v":0.7509999999999999,"d":"0.751"},0.753,{"v":0.7040000000000001,"d":"0.704"},59,{"v":0.7119354838709678,"d":"0.712"},{"v":0.042345354317304566,"d":"0.042"},{"v":1,"d":"1.00"},null,{"v":0.05947920180500414,"d":"0.059"},null,59]
[null,null,1,4736,"ra_PI_B_v1",60,0.736,0.775,0.731,0.728,0.691,{"v":0.6890000000000001,"d":"0.689"},0.685,0.654,0.647,{"v":0.63,"d":"0.630"},{"v":0.64,"d":"0.640"},0.644,0.637,{"v":0.6609999999999999,"d":"0.661"},0.645,0.634,0.637,{"v":0.6509999999999999,"d":"0.651"},0.615,0.644,0.634,0.657,0.654,{"v":0.6859999999999999,"d":"0.686"},0.718,0.705,{"v":0.7170000000000001,"d":"0.717"},0.723,0.746,0.757,0.743,0.755,0.723,0.735,{"v":0.68,"d":"0.680"},60,{"v":0.680032258064516,"d":"0.680"},{"v":0.043369331614992436,"d":"0.043"},{"v":1,"d":"1.00"},null,{"v":0.06377540344693164,"d":"0.064"},null,60]
[null,null,1,4737,"ra_PI_B_v1",61,{"v":0.6679999999999999,"d":"0.668"},0.737,0.715,{"v":0.6779999999999999,"d":"0.678"},{"v":0.6409999999999999,"d":"0.641"},{"v":0.67,"d":"0.670"},{"v":0.6559999999999999,"d":"0.656"},0.625,0.627,{"v":0.61,"d":"0.610"},{"v":0.6,"d":"0.600"},{"v":0.62,"d":"0.620"},0.613,0.633,{"v":0.62,"d":"0.620"},0.627,0.608,0.617,0.585,0.598,0.595,0.625,0.623,{"v":0.6409999999999999,"d":"0.641"},0.687,0.674,0.679,0.695,0.713,{"v":0.7340000000000001,"d":"0.734"},0.723,{"v":0.7390000000000001,"d":"0.739"},{"v":0.7090000000000001,"d":"0.709"},{"v":0.7140000000000001,"d":"0.714"},{"v":0.66,"d":"0.660"},61,{"v":0.650967741935484,"d":"0.651"},{"v":0.045294211455746206,"d":"0.045"},{"v":1,"d":"1.00"},null,{"v":0.06957980947116611,"d":"0.070"},null,61]
[null,null,1,4738,"ra_PI_B_v1",62,0.622,{"v":0.6679999999999999,"d":"0.668"},0.677,{"v":0.6609999999999999,"d":"0.661"},0.624,0.618,0.639,0.609,0.599,{"v":0.5820000000000001,"d":"0.582"},0.588,0.586,0.579,0.613,{"v":0.6,"d":"0.600"},0.605,0.602,{"v":0.5870000000000001,"d":"0.587"},{"v":0.56,"d":"0.560"},{"v":0.57,"d":"0.570"},0.562,0.584,0.581,0.612,{"v":0.6409999999999999,"d":"0.641"},0.629,{"v":0.6459999999999999,"d":"0.646"},0.659,0.691,{"v":0.7040000000000001,"d":"0.704"},0.693,{"v":0.71,"d":"0.710"},0.688,{"v":0.6990000000000001,"d":"0.699"},0.653,62,{"v":0.6225483870967743,"d":"0.623"},{"v":0.044074814206208825,"d":"0.044"},{"v":1,"d":"1.00"},null,{"v":0.07079741128516884,"d":"0.071"},null,62]
[null,null,1,4739,"ra_PI_B_v1",63,{"v":0.5920000000000001,"d":"0.592"},0.625,0.615,0.633,{"v":0.59,"d":"0.590"},0.601,0.589,0.563,0.581,0.563,0.561,{"v":0.57,"d":"0.570"},0.562,{"v":0.58,"d":"0.580"},{"v":0.5660000000000001,"d":"0.566"},0.588,{"v":0.5820000000000001,"d":"0.582"},0.583,0.552,0.544,{"v":0.54,"d":"0.540"},{"v":0.5539999999999999,"d":"0.554"},{"v":0.5539999999999999,"d":"0.554"},{"v":0.5660000000000001,"d":"0.566"},0.611,0.598,0.602,0.627,{"v":0.6559999999999999,"d":"0.656"},0.685,0.672,0.696,{"v":0.6659999999999999,"d":"0.666"},{"v":0.6659999999999999,"d":"0.666"},0.636,63,{"v":0.5951612903225808,"d":"0.595"},{"v":0.04261853804327685,"d":"0.043"},{"v":1,"d":"1.00"},null,{"v":0.07160838370415079,"d":"0.072"},null,63]
[null,null,1,4740,"ra_PI_B_v1",64,0.541,{"v":0.59,"d":"0.590"},0.569,0.574,0.534,0.564,{"v":0.57,"d":"0.570"},0.544,0.537,0.524,0.544,{"v":0.5429999999999999,"d":"0.543"},0.536,{"v":0.5670000000000001,"d":"0.567"},0.555,{"v":0.5579999999999999,"d":"0.558"},0.565,0.564,0.532,{"v":0.5329999999999999,"d":"0.533"},0.529,0.534,0.532,{"v":0.54,"d":"0.540"},{"v":0.5579999999999999,"d":"0.558"},{"v":0.55,"d":"0.550"},{"v":0.58,"d":"0.580"},{"v":0.5870000000000001,"d":"0.587"},0.629,0.652,0.643,0.665,0.634,{"v":0.6459999999999999,"d":"0.646"},{"v":0.5870000000000001,"d":"0.587"},64,{"v":0.5659999999999998,"d":"0.566"},{"v":0.038925570002249166,"d":"0.039"},{"v":1,"d":"1.00"},null,{"v":0.06877309187676534,"d":"0.069"},null,64]
[null,null,1,4741,"ra_PI_B_v1",65,0.504,0.534,0.534,{"v":0.5329999999999999,"d":"0.533"},{"v":0.49,"d":"0.490"},{"v":0.51,"d":"0.510"},{"v":0.53,"d":"0.530"},{"v":0.51,"d":"0.510"},{"v":0.52,"d":"0.520"},0.508,0.504,0.523,0.509,{"v":0.5379999999999999,"d":"0.538"},0.525,0.546,0.532,{"v":0.5429999999999999,"d":"0.543"},0.516,0.511,{"v":0.51,"d":"0.510"},0.523,0.517,0.517,0.529,0.523,0.535,0.569,0.589,0.625,0.614,0.643,0.612,0.624,0.581,65,{"v":0.5383225806451611,"d":"0.538"},{"v":0.038531707373516154,"d":"0.039"},{"v":1,"d":"1.00"},null,{"v":0.07157735669816641,"d":"0.072"},null,65]
[null,null,1,4742,"ra_PI_B_v1",66,0.491,{"v":0.5,"d":"0.500"},0.485,0.499,0.455,0.466,0.484,{"v":0.46399999999999997,"d":"0.464"},0.484,{"v":0.47200000000000003,"d":"0.472"},0.483,0.486,{"v":0.47600000000000003,"d":"0.476"},0.512,0.498,0.521,0.519,0.509,{"v":0.48700000000000004,"d":"0.487"},0.496,0.496,0.505,0.502,0.501,0.506,{"v":0.5,"d":"0.500"},0.511,{"v":0.5329999999999999,"d":"0.533"},{"v":0.5770000000000001,"d":"0.577"},0.586,0.578,0.612,0.579,0.593,0.561,66,{"v":0.5090967741935485,"d":"0.509"},{"v":0.038814391522311815,"d":"0.039"},{"v":1,"d":"1.00"},null,{"v":0.07624167641564225,"d":"0.076"},null,66]
[null,null,1,4743,"ra_PI_B_v1",67,0.461,{"v":0.48100000000000004,"d":"0.481"},0.449,0.452,0.409,0.433,{"v":0.44,"d":"0.440"},{"v":0.42100000000000004,"d":"0.421"},{"v":0.43799999999999994,"d":"0.438"},{"v":0.43,"d":"0.430"},0.447,0.466,{"v":0.45799999999999996,"d":"0.458"},0.478,0.462,0.489,0.494,0.496,{"v":0.47100000000000003,"d":"0.471"},0.467,0.473,0.496,0.501,{"v":0.49200000000000005,"d":"0.492"},0.491,0.483,0.494,0.515,0.544,0.581,0.574,0.584,{"v":0.5479999999999999,"d":"0.548"},0.561,0.531,67,{"v":0.4830967741935484,"d":"0.483"},{"v":0.04543739637399255,"d":"0.045"},{"v":1,"d":"1.00"},null,{"v":0.09405443960962667,"d":"0.094"},null,67]
[null,null,1,4744,"ra_PI_B_v1",68,0.457,0.449,0.429,0.415,{"v":0.37799999999999995,"d":"0.378"},0.389,0.408,0.389,{"v":0.4,"d":"0.400"},{"v":0.39399999999999996,"d":"0.394"},{"v":0.40700000000000003,"d":"0.407"},{"v":0.43200000000000005,"d":"0.432"},0.425,0.456,0.439,0.451,0.466,{"v":0.47100000000000003,"d":"0.471"},{"v":0.45299999999999996,"d":"0.453"},0.457,{"v":0.46299999999999997,"d":"0.463"},0.474,{"v":0.48,"d":"0.480"},0.489,0.483,{"v":0.47,"d":"0.470"},{"v":0.48,"d":"0.480"},0.506,0.534,{"v":0.5529999999999999,"d":"0.553"},{"v":0.5479999999999999,"d":"0.548"},{"v":0.5429999999999999,"d":"0.543"},0.516,0.537,0.491,68,{"$f":"AVERAGE(I54:AM54)","v":{"v":0.45800000000000013,"d":"0.458"}},{"$f":"STDEV(I54:AM54)","v":{"v":0.04912026058562695,"d":"0.049"}},{"v":1,"d":"1.00"},null,{"$f":"AR54*AS54/AQ54","v":{"v":0.10724947726119419,"d":"0.107"}},null,68]
[null,null,1,4745,"ra_PI_B_v1",69,0.429,0.436,{"v":0.39299999999999996,"d":"0.393"},{"v":0.39299999999999996,"d":"0.393"},0.358,{"v":0.36200000000000004,"d":"0.362"},0.368,{"v":0.35,"d":"0.350"},0.369,0.364,0.375,{"v":0.39399999999999996,"d":"0.394"},{"v":0.38799999999999996,"d":"0.388"},{"v":0.42200000000000004,"d":"0.422"},0.409,0.428,0.436,0.445,0.429,0.445,0.455,0.467,{"v":0.46799999999999997,"d":"0.468"},0.465,{"v":0.48200000000000004,"d":"0.482"},{"v":0.46799999999999997,"d":"0.468"},{"v":0.46299999999999997,"d":"0.463"},0.493,0.524,{"v":0.5479999999999999,"d":"0.548"},{"v":0.5479999999999999,"d":"0.548"},0.536,0.518,{"v":0.52,"d":"0.520"},0.505,69,{"v":0.43751612903225806,"d":"0.438"},{"v":0.05936602337349822,"d":"0.059"},{"v":1,"d":"1.00"},null,{"v":0.1356887653600564,"d":"0.136"},null,69]
[null,null,1,4746,"ra_PI_B_v1",70,{"v":0.40399999999999997,"d":"0.404"},{"v":0.40700000000000003,"d":"0.407"},0.382,{"v":0.35600000000000004,"d":"0.356"},0.325,0.344,0.345,0.327,0.331,{"v":0.32899999999999996,"d":"0.329"},0.345,0.364,0.368,{"v":0.38799999999999996,"d":"0.388"},{"v":0.38299999999999995,"d":"0.383"},0.409,0.419,0.425,{"v":0.41100000000000003,"d":"0.411"},{"v":0.42700000000000005,"d":"0.427"},0.441,{"v":0.45799999999999996,"d":"0.458"},{"v":0.45399999999999996,"d":"0.454"},0.451,{"v":0.45,"d":"0.450"},0.447,0.461,{"v":0.48700000000000004,"d":"0.487"},0.516,0.539,0.546,0.514,0.498,0.516,{"v":0.48700000000000004,"d":"0.487"},70,{"v":0.41741935483870957,"d":"0.417"},{"v":0.06600998621095194,"d":"0.066"},{"v":1,"d":"1.00"},null,{"v":0.15813829772330068,"d":"0.158"},null,70]
[null,null,1,4747,"ra_PI_B_v1",71,0.376,{"v":0.37799999999999995,"d":"0.378"},0.354,{"v":0.34299999999999997,"d":"0.343"},0.317,{"v":0.31,"d":"0.310"},0.325,0.313,0.314,0.316,0.317,{"v":0.33799999999999997,"d":"0.338"},{"v":0.35,"d":"0.350"},{"v":0.36700000000000005,"d":"0.367"},0.365,0.384,0.401,{"v":0.41200000000000003,"d":"0.412"},0.401,0.406,0.415,0.442,0.434,0.439,0.442,0.442,0.436,0.484,0.523,0.532,0.534,0.512,0.503,0.496,0.483,71,{"v":0.4022903225806452,"d":"0.402"},{"v":0.07165435253045804,"d":"0.072"},{"v":1,"d":"1.00"},null,{"v":0.1781160234499398,"d":"0.178"},null,71]
[null,null,1,4748,"ra_PI_B_v1",72,0.359,{"v":0.35200000000000004,"d":"0.352"},{"v":0.33,"d":"0.330"},0.315,0.295,0.308,0.297,0.292,0.301,0.311,0.307,0.313,{"v":0.33,"d":"0.330"},{"v":0.35200000000000004,"d":"0.352"},0.353,{"$f":"OFFSET(INDIRECT($B$3&1),$D58-1,V$9)/100","v":0.374},{"v":0.37799999999999995,"d":"0.378"},0.395,{"v":0.38299999999999995,"d":"0.383"},0.401,0.408,0.415,0.406,{"v":0.41700000000000004,"d":"0.417"},0.433,0.439,0.431,0.456,0.516,0.534,0.523,0.518,0.501,0.501,0.462,72,{"v":0.38812903225806444,"d":"0.388"},{"v":0.07579214644252819,"d":"0.076"},{"v":1,"d":"1.00"},null,{"v":0.19527564326116806,"d":"0.195"},null,72]
[null,null,1,4749,"ra_PI_B_v1",73,{"$f":"OFFSET(INDIRECT($B$3&1),$D59-1,G$9)/100","v":0.313},0.331,0.305,{"v":0.29600000000000004,"d":"0.296"},0.281,0.293,0.301,0.298,{"v":0.28800000000000003,"d":"0.288"},0.298,0.304,0.308,{"v":0.33399999999999996,"d":"0.334"},0.335,{"v":0.34,"d":"0.340"},0.366,0.369,0.374,{"v":0.35700000000000004,"d":"0.357"},{"v":0.37799999999999995,"d":"0.378"},0.387,0.413,{"v":0.41200000000000003,"d":"0.412"},0.397,{"v":0.41200000000000003,"d":"0.412"},0.435,{"v":0.43700000000000006,"d":"0.437"},0.441,{"v":0.48200000000000004,"d":"0.482"},0.513,0.506,0.507,{"v":0.49200000000000005,"d":"0.492"},0.491,{"v":0.46399999999999997,"d":"0.464"},73,{"v":0.3760967741935484,"d":"0.376"},{"v":0.07335546098222002,"d":"0.073"},{"v":1,"d":"1.00"},null,{"v":0.1950441110257158,"d":"0.195"},null,73]
[null,null,1,4750,"ra_PI_B_v1",74,{"v":0.27899999999999997,"d":"0.279"},{"v":0.29600000000000004,"d":"0.296"},0.292,{"v":0.27699999999999997,"d":"0.277"},{"v":0.26899999999999996,"d":"0.269"},0.282,0.295,{"v":0.29,"d":"0.290"},0.292,0.299,{"v":0.29,"d":"0.290"},{"v":0.31,"d":"0.310"},{"v":0.34,"d":"0.340"},{"v":0.33799999999999997,"d":"0.338"},0.353,0.349,{"v":0.35,"d":"0.350"},{"v":0.36,"d":"0.360"},0.354,0.353,0.355,0.389,{"v":0.39299999999999996,"d":"0.393"},0.405,{"v":0.39299999999999996,"d":"0.393"},0.423,0.431,{"v":0.45,"d":"0.450"},0.474,{"v":0.47600000000000003,"d":"0.476"},{"v":0.46299999999999997,"d":"0.463"},0.499,0.474,{"v":0.46799999999999997,"d":"0.468"},0.428,74,{"v":0.36509677419354836,"d":"0.365"},{"v":0.06897794567285508,"d":"0.069"},{"v":1,"d":"1.00"},null,{"v":0.18893058100888033,"d":"0.189"},null,74]
[null,null,1,4751,"ra_PI_B_v1",75,0.261,0.272,0.266,0.273,{"v":0.26899999999999996,"d":"0.269"},0.266,{"v":0.28,"d":"0.280"},0.276,{"v":0.28600000000000003,"d":"0.286"},0.287,0.287,0.295,0.335,0.359,{"v":0.36200000000000004,"d":"0.362"},0.341,{"v":0.34,"d":"0.340"},0.337,0.326,{"v":0.34600000000000003,"d":"0.346"},{"v":0.34,"d":"0.340"},0.361,0.375,{"v":0.39399999999999996,"d":"0.394"},{"v":0.41100000000000003,"d":"0.411"},0.426,0.408,0.433,0.483,{"v":0.47600000000000003,"d":"0.476"},0.456,{"v":0.49200000000000005,"d":"0.492"},0.465,0.445,{"v":0.41100000000000003,"d":"0.411"},75,{"v":0.3564838709677419,"d":"0.356"},{"v":0.07137874145137885,"d":"0.071"},{"v":1,"d":"1.00"},null,{"v":0.20022993258462984,"d":"0.200"},null,75]
[null,null,1,4752,"ra_PI_B_v1",76,{"v":0.24600000000000002,"d":"0.246"},0.265,0.244,0.258,0.256,{"v":0.27,"d":"0.270"},0.268,0.263,{"v":0.27699999999999997,"d":"0.277"},{"v":0.28,"d":"0.280"},0.285,0.297,0.337,0.361,{"v":0.36700000000000005,"d":"0.367"},0.345,0.336,0.325,0.308,0.319,0.311,{"v":0.35100000000000003,"d":"0.351"},0.366,0.373,{"v":0.39,"d":"0.390"},0.429,0.413,{"v":0.41,"d":"0.410"},0.444,0.491,0.467,0.469,{"v":0.42200000000000004,"d":"0.422"},{"v":0.44,"d":"0.440"},0.385,76,{"v":0.3461935483870968,"d":"0.346"},{"v":0.07063069179652642,"d":"0.071"},{"v":1,"d":"1.00"},null,{"v":0.20402082050804313,"d":"0.204"},null,76]
[null,null,1,4753,"ra_PI_B_v1",77,0.223,0.253,{"v":0.23800000000000002,"d":"0.238"},0.257,0.259,0.249,0.272,0.262,{"v":0.27699999999999997,"d":"0.277"},0.271,{"v":0.27899999999999997,"d":"0.279"},0.295,{"v":0.33899999999999997,"d":"0.339"},0.365,0.377,0.335,0.336,0.318,0.302,0.297,{"v":0.28800000000000003,"d":"0.288"},{"v":0.31,"d":"0.310"},0.353,0.365,0.392,0.447,{"v":0.41200000000000003,"d":"0.412"},0.425,0.414,0.425,{"v":0.42700000000000005,"d":"0.427"},{"v":0.45399999999999996,"d":"0.454"},0.397,{"v":0.39899999999999997,"d":"0.399"},{"v":0.37200000000000005,"d":"0.372"},77,{"v":0.3366774193548387,"d":"0.337"},{"v":0.06589506157357297,"d":"0.066"},{"v":1,"d":"1.00"},null,{"v":0.19572165457322624,"d":"0.196"},null,77]
[null,null,1,4754,"ra_PI_B_v1",78,0.212,0.235,{"v":0.23199999999999998,"d":"0.232"},0.259,0.263,0.244,0.248,0.235,{"v":0.27399999999999997,"d":"0.274"},0.266,0.264,0.285,{"v":0.33,"d":"0.330"},0.379,{"v":0.41600000000000004,"d":"0.416"},0.321,0.319,0.317,0.305,0.294,{"v":0.27899999999999997,"d":"0.279"},{"v":0.27,"d":"0.270"},0.297,0.349,0.389,{"v":0.44,"d":"0.440"},{"v":0.39399999999999996,"d":"0.394"},0.451,0.436,{"v":0.39,"d":"0.390"},0.387,0.504,{"v":0,"d":"0.000"},{"v":0.39,"d":"0.390"},0.325,78,{"v":0.3173225806451613,"d":"0.317"},{"v":0.09349309674935868,"d":"0.093"},{"v":1,"d":"1.00"},null,{"v":0.29463108663516513,"d":"0.295"},null,78]
[null,null,1,4755,"ra_PI_B_v1",79,{"v":0.24100000000000002,"d":"0.241"},{"v":0.21899999999999997,"d":"0.219"},{"v":0.21899999999999997,"d":"0.219"},0.282,0.275,0.222,{"v":0.22899999999999998,"d":"0.229"},0.223,0.253,{"v":0.23199999999999998,"d":"0.232"},0.264,{"v":0.26,"d":"0.260"},{"v":0,"d":"0.000"},{"v":0.41100000000000003,"d":"0.411"},{"v":0,"d":"0.000"},{"v":0,"d":"0.000"},0.345,0.307,0.255,{"v":0.29600000000000004,"d":"0.296"},{"v":0.27699999999999997,"d":"0.277"},0.248,0.287,0.298,{"v":0.38,"d":"0.380"},{"v":0,"d":"0.000"},{"v":0.39399999999999996,"d":"0.394"},{"v":0,"d":"0.000"},{"v":0,"d":"0.000"},{"v":0,"d":"0.000"},{"v":0,"d":"0.000"},{"v":0,"d":"0.000"},{"v":0,"d":"0.000"},{"v":0,"d":"0.000"},{"v":0,"d":"0.000"},79,{"v":0.19216129032258064,"d":"0.192"},{"v":0.14246241534154275,"d":"0.142"},{"v":1,"d":"1.00"},null,{"v":0.741368956788287,"d":"0.741"},null,79]
[null,null,1,4756,"ra_PI_B_v1",80,{"v":0,"d":"0.000"},{"v":0,"d":"0.000"},0.187,{"v":0,"d":"0.000"},{"v":0,"d":"0.000"},{"v":0,"d":"0.000"},{"v":0.22399999999999998,"d":"0.224"},0.217,0.254,{"v":0,"d":"0.000"},{"v":0,"d":"0.000"},{"v":0,"d":"0.000"},{"v":0,"d":"0.000"},{"v":0,"d":"0.000"},{"v":0,"d":"0.000"},{"v":0,"d":"0.000"},{"v":0,"d":"0.000"},0.327,{"v":0,"d":"0.000"},0.242,0.222,0.215,{"v":0,"d":"0.000"},0.266,0.303,{"v":0,"d":"0.000"},{"v":0,"d":"0.000"},{"v":0,"d":"0.000"},{"v":0,"d":"0.000"},{"v":0,"d":"0.000"},{"v":0,"d":"0.000"},{"v":0,"d":"0.000"},{"v":0,"d":"0.000"},{"v":0,"d":"0.000"},{"v":0,"d":"0.000"},80,{"v":0.07925806451612903,"d":"0.079"},{"v":0.11910498666916665,"d":"0.119"},{"v":1,"d":"1.00"},null,{"v":1.5027491195539953,"d":"1.503"},null,80]
[null,null,1,4757,"ra_PI_B_v1",81,{"v":0,"d":"0.000"},{"v":0,"d":"0.000"},{"v":0,"d":"0.000"},{"v":0,"d":"0.000"},{"v":0,"d":"0.000"},{"v":0,"d":"0.000"},{"v":0,"d":"0.000"},{"v":0,"d":"0.000"},{"v":0,"d":"0.000"},{"v":0,"d":"0.000"},{"v":0,"d":"0.000"},{"v":0,"d":"0.000"},{"v":0,"d":"0.000"},{"v":0,"d":"0.000"},{"v":0,"d":"0.000"},{"v":0,"d":"0.000"},{"v":0,"d":"0.000"},{"v":0,"d":"0.000"},{"v":0,"d":"0.000"},{"v":0,"d":"0.000"},{"v":0,"d":"0.000"},0.215,{"v":0,"d":"0.000"},{"v":0,"d":"0.000"},{"v":0,"d":"0.000"},{"v":0,"d":"0.000"},{"v":0,"d":"0.000"},{"v":0,"d":"0.000"},{"v":0,"d":"0.000"},{"v":0,"d":"0.000"},{"v":0,"d":"0.000"},{"v":0,"d":"0.000"},{"v":0,"d":"0.000"},{"v":0,"d":"0.000"},{"v":0,"d":"0.000"},81,{"v":0.006935483870967742,"d":"0.007"},{"v":0.038615139935756604,"d":"0.039"},{"v":1,"d":"1.00"},null,{"v":5.567764362830022,"d":"5.568"},null,81]
[null,null,1,4758,"ra_PI_B_v1",82,{"v":0,"d":"0.000"},{"v":0,"d":"0.000"},{"v":0,"d":"0.000"},{"v":0,"d":"0.000"},{"v":0,"d":"0.000"},{"v":0,"d":"0.000"},{"v":0,"d":"0.000"},{"v":0,"d":"0.000"},{"v":0,"d":"0.000"},{"v":0,"d":"0.000"},{"v":0,"d":"0.000"},{"v":0,"d":"0.000"},{"v":0,"d":"0.000"},{"v":0,"d":"0.000"},{"v":0,"d":"0.000"},{"v":0,"d":"0.000"},{"v":0,"d":"0.000"},{"v":0,"d":"0.000"},{"v":0,"d":"0.000"},{"v":0,"d":"0.000"},{"v":0,"d":"0.000"},{"v":0,"d":"0.000"},{"v":0,"d":"0.000"},{"v":0,"d":"0.000"},{"v":0,"d":"0.000"},{"v":0,"d":"0.000"},{"v":0,"d":"0.000"},{"v":0,"d":"0.000"},{"v":0,"d":"0.000"},{"v":0,"d":"0.000"},{"v":0,"d":"0.000"},{"v":0,"d":"0.000"},{"v":0,"d":"0.000"},{"v":0,"d":"0.000"},{"v":0,"d":"0.000"},82,{"v":0,"d":"0.000"},{"v":0,"d":"0.000"},{"v":1,"d":"1.00"},null,{"$error":"#DIV/0!"},null,82]
[null,null,1,4759,"ra_PI_B_v1",83,{"v":0,"d":"0.000"},{"v":0,"d":"0.000"},{"v":0,"d":"0.000"},{"v":0,"d":"0.000"},{"v":0,"d":"0.000"},{"v":0,"d":"0.000"},{"v":0,"d":"0.000"},{"v":0,"d":"0.000"},{"v":0,"d":"0.000"},{"v":0,"d":"0.000"},{"v":0,"d":"0.000"},{"v":0,"d":"0.000"},{"v":0,"d":"0.000"},{"v":0,"d":"0.000"},{"v":0,"d":"0.000"},{"v":0,"d":"0.000"},{"v":0,"d":"0.000"},{"v":0,"d":"0.000"},{"v":0,"d":"0.000"},{"v":0,"d":"0.000"},{"v":0,"d":"0.000"},{"v":0,"d":"0.000"},{"v":0,"d":"0.000"},{"v":0,"d":"0.000"},{"v":0,"d":"0.000"},{"v":0,"d":"0.000"},{"v":0,"d":"0.000"},{"v":0,"d":"0.000"},{"v":0,"d":"0.000"},{"v":0,"d":"0.000"},{"v":0,"d":"0.000"},{"v":0,"d":"0.000"},{"v":0,"d":"0.000"},{"v":0,"d":"0.000"},{"v":0,"d":"0.000"},83,{"v":0,"d":"0.000"},{"v":0,"d":"0.000"},{"v":1,"d":"1.00"},null,{"$error":"#DIV/0!"},null,83]
[null,null,1,4760,"ra_PI_B_v1",84,{"v":0,"d":"0.000"},{"v":0,"d":"0.000"},{"v":0,"d":"0.000"},{"v":0,"d":"0.000"},{"v":0,"d":"0.000"},{"v":0,"d":"0.000"},{"v":0,"d":"0.000"},{"v":0,"d":"0.000"},{"v":0,"d":"0.000"},{"v":0,"d":"0.000"},{"v":0,"d":"0.000"},{"v":0,"d":"0.000"},{"v":0,"d":"0.000"},{"v":0,"d":"0.000"},{"v":0,"d":"0.000"},{"v":0,"d":"0.000"},{"v":0,"d":"0.000"},{"v":0,"d":"0.000"},{"v":0,"d":"0.000"},{"v":0,"d":"0.000"},{"v":0,"d":"0.000"},{"v":0,"d":"0.000"},{"v":0,"d":"0.000"},{"v":0,"d":"0.000"},{"v":0,"d":"0.000"},{"v":0,"d":"0.000"},{"v":0,"d":"0.000"},{"v":0,"d":"0.000"},{"v":0,"d":"0.000"},{"v":0,"d":"0.000"},{"v":0,"d":"0.000"},{"v":0,"d":"0.000"},{"v":0,"d":"0.000"},{"v":0,"d":"0.000"},{"v":0,"d":"0.000"},84,{"v":0,"d":"0.000"},{"v":0,"d":"0.000"},{"v":1,"d":"1.00"},null,{"$error":"#DIV/0!"},null,84]
[null,null,1,4761,"ra_PI_B_v1",85,{"v":0,"d":"0.000"},{"v":0,"d":"0.000"},{"v":0,"d":"0.000"},{"v":0,"d":"0.000"},{"v":0,"d":"0.000"},{"v":0,"d":"0.000"},{"v":0,"d":"0.000"},{"v":0,"d":"0.000"},{"v":0,"d":"0.000"},{"v":0,"d":"0.000"},{"v":0,"d":"0.000"},{"v":0,"d":"0.000"},{"v":0,"d":"0.000"},{"v":0,"d":"0.000"},{"v":0,"d":"0.000"},{"v":0,"d":"0.000"},{"v":0,"d":"0.000"},{"v":0,"d":"0.000"},{"v":0,"d":"0.000"},{"v":0,"d":"0.000"},{"v":0,"d":"0.000"},{"v":0,"d":"0.000"},{"v":0,"d":"0.000"},{"v":0,"d":"0.000"},{"v":0,"d":"0.000"},{"v":0,"d":"0.000"},{"v":0,"d":"0.000"},{"v":0,"d":"0.000"},{"v":0,"d":"0.000"},{"v":0,"d":"0.000"},{"v":0,"d":"0.000"},{"v":0,"d":"0.000"},{"v":0,"d":"0.000"},{"v":0,"d":"0.000"},{"v":0,"d":"0.000"},85,{"v":0,"d":"0.000"},{"v":0,"d":"0.000"},{"v":1,"d":"1.00"},null,{"$error":"#DIV/0!"},null,85]
[null,null,1,4762,"ra_PI_B_v1",86,{"v":0,"d":"0.000"},{"v":0,"d":"0.000"},{"v":0,"d":"0.000"},{"v":0,"d":"0.000"},{"v":0,"d":"0.000"},{"v":0,"d":"0.000"},{"v":0,"d":"0.000"},{"v":0,"d":"0.000"},{"v":0,"d":"0.000"},{"v":0,"d":"0.000"},{"v":0,"d":"0.000"},{"v":0,"d":"0.000"},{"v":0,"d":"0.000"},{"v":0,"d":"0.000"},{"v":0,"d":"0.000"},{"v":0,"d":"0.000"},{"v":0,"d":"0.000"},{"v":0,"d":"0.000"},{"v":0,"d":"0.000"},{"v":0,"d":"0.000"},{"v":0,"d":"0.000"},{"v":0,"d":"0.000"},{"v":0,"d":"0.000"},{"v":0,"d":"0.000"},{"v":0,"d":"0.000"},{"v":0,"d":"0.000"},{"v":0,"d":"0.000"},{"v":0,"d":"0.000"},{"v":0,"d":"0.000"},{"v":0,"d":"0.000"},{"v":0,"d":"0.000"},{"v":0,"d":"0.000"},{"v":0,"d":"0.000"},{"v":0,"d":"0.000"},{"v":0,"d":"0.000"},86,{"v":0,"d":"0.000"},{"v":0,"d":"0.000"},{"v":1,"d":"1.00"},null,{"$error":"#DIV/0!"},null,86]
[null,null,1,4763,"ra_PI_B_v1",87,{"v":0,"d":"0.000"},{"v":0,"d":"0.000"},{"v":0,"d":"0.000"},{"v":0,"d":"0.000"},{"v":0,"d":"0.000"},{"v":0,"d":"0.000"},{"v":0,"d":"0.000"},{"v":0,"d":"0.000"},{"v":0,"d":"0.000"},{"v":0,"d":"0.000"},{"v":0,"d":"0.000"},{"v":0,"d":"0.000"},{"v":0,"d":"0.000"},{"v":0,"d":"0.000"},{"v":0,"d":"0.000"},{"v":0,"d":"0.000"},{"v":0,"d":"0.000"},{"v":0,"d":"0.000"},{"v":0,"d":"0.000"},{"v":0,"d":"0.000"},{"v":0,"d":"0.000"},{"v":0,"d":"0.000"},{"v":0,"d":"0.000"},{"v":0,"d":"0.000"},{"v":0,"d":"0.000"},{"v":0,"d":"0.000"},{"v":0,"d":"0.000"},{"v":0,"d":"0.000"},{"v":0,"d":"0.000"},{"v":0,"d":"0.000"},{"v":0,"d":"0.000"},{"v":0,"d":"0.000"},{"v":0,"d":"0.000"},{"v":0,"d":"0.000"},{"v":0,"d":"0.000"},87,{"v":0,"d":"0.000"},{"v":0,"d":"0.000"},{"v":1,"d":"1.00"},null,{"$error":"#DIV/0!"},null,87]
[null,null,1,4764,"ra_PI_B_v1",88,{"v":0,"d":"0.000"},{"v":0,"d":"0.000"},{"v":0,"d":"0.000"},{"v":0,"d":"0.000"},{"v":0,"d":"0.000"},{"v":0,"d":"0.000"},{"v":0,"d":"0.000"},{"v":0,"d":"0.000"},{"v":0,"d":"0.000"},{"v":0,"d":"0.000"},{"v":0,"d":"0.000"},{"v":0,"d":"0.000"},{"v":0,"d":"0.000"},{"v":0,"d":"0.000"},{"v":0,"d":"0.000"},{"$f":"OFFSET(INDIRECT($B$3&1),$D74-1,V$9)/100","v":{"v":0,"d":"0.000"}},{"v":0,"d":"0.000"},{"v":0,"d":"0.000"},{"v":0,"d":"0.000"},{"v":0,"d":"0.000"},{"v":0,"d":"0.000"},{"v":0,"d":"0.000"},{"v":0,"d":"0.000"},{"v":0,"d":"0.000"},{"v":0,"d":"0.000"},{"v":0,"d":"0.000"},{"v":0,"d":"0.000"},{"v":0,"d":"0.000"},{"v":0,"d":"0.000"},{"v":0,"d":"0.000"},{"v":0,"d":"0.000"},{"v":0,"d":"0.000"},{"v":0,"d":"0.000"},{"v":0,"d":"0.000"},{"v":0,"d":"0.000"},88,{"v":0,"d":"0.000"},{"v":0,"d":"0.000"},{"v":1,"d":"1.00"},null,{"$error":"#DIV/0!"},null,88]
[null,null,1,4765,"ra_PI_B_v1",89,{"$f":"OFFSET(INDIRECT($B$3&1),$D75-1,G$9)/100","v":{"v":0,"d":"0.000"}},{"v":0,"d":"0.000"},{"v":0,"d":"0.000"},{"v":0,"d":"0.000"},{"v":0,"d":"0.000"},{"v":0,"d":"0.000"},{"v":0,"d":"0.000"},{"v":0,"d":"0.000"},{"v":0,"d":"0.000"},{"v":0,"d":"0.000"},{"v":0,"d":"0.000"},{"v":0,"d":"0.000"},{"v":0,"d":"0.000"},{"v":0,"d":"0.000"},{"v":0,"d":"0.000"},{"v":0,"d":"0.000"},{"v":0,"d":"0.000"},{"v":0,"d":"0.000"},{"v":0,"d":"0.000"},{"v":0,"d":"0.000"},{"v":0,"d":"0.000"},{"v":0,"d":"0.000"},{"v":0,"d":"0.000"},{"v":0,"d":"0.000"},{"v":0,"d":"0.000"},{"v":0,"d":"0.000"},{"v":0,"d":"0.000"},{"v":0,"d":"0.000"},{"v":0,"d":"0.000"},{"v":0,"d":"0.000"},{"v":0,"d":"0.000"},{"v":0,"d":"0.000"},{"v":0,"d":"0.000"},{"v":0,"d":"0.000"},{"v":0,"d":"0.000"},89,{"v":0,"d":"0.000"},{"v":0,"d":"0.000"},{"v":1,"d":"1.00"},null,{"$error":"#DIV/0!"},null,89]
[null,null,1,4766,"ra_PI_B_v1",90,{"v":0,"d":"0.000"},{"v":0,"d":"0.000"},{"v":0,"d":"0.000"},{"v":0,"d":"0.000"},{"v":0,"d":"0.000"},{"v":0,"d":"0.000"},{"v":0,"d":"0.000"},{"v":0,"d":"0.000"},{"v":0,"d":"0.000"},{"v":0,"d":"0.000"},{"v":0,"d":"0.000"},{"v":0,"d":"0.000"},{"v":0,"d":"0.000"},{"v":0,"d":"0.000"},{"v":0,"d":"0.000"},{"v":0,"d":"0.000"},{"v":0,"d":"0.000"},{"v":0,"d":"0.000"},{"v":0,"d":"0.000"},{"v":0,"d":"0.000"},{"v":0,"d":"0.000"},{"v":0,"d":"0.000"},{"v":0,"d":"0.000"},{"v":0,"d":"0.000"},{"v":0,"d":"0.000"},{"v":0,"d":"0.000"},{"v":0,"d":"0.000"},{"v":0,"d":"0.000"},{"v":0,"d":"0.000"},{"v":0,"d":"0.000"},{"v":0,"d":"0.000"},{"v":0,"d":"0.000"},{"v":0,"d":"0.000"},{"v":0,"d":"0.000"},{"v":0,"d":"0.000"},90,{"$nulls":6},90]
[null,null,1,{"$f":"1+D76","v":4767},"ra_PI_B_v1","NUMB",{"v":0.65,"d":"0.650"},{"v":0.65,"d":"0.650"},{"v":0.65,"d":"0.650"},{"v":0.65,"d":"0.650"},{"v":0.65,"d":"0.650"},{"v":0.65,"d":"0.650"},{"v":0.65,"d":"0.650"},{"v":0.65,"d":"0.650"},{"v":0.65,"d":"0.650"},{"v":0.65,"d":"0.650"},{"v":0.65,"d":"0.650"},{"v":0.65,"d":"0.650"},{"v":0.65,"d":"0.650"},{"v":0.65,"d":"0.650"},{"v":0.65,"d":"0.650"},{"v":0.65,"d":"0.650"},{"v":0.65,"d":"0.650"},{"v":0.65,"d":"0.650"},{"v":0.65,"d":"0.650"},{"v":0.65,"d":"0.650"},{"v":0.65,"d":"0.650"},{"v":0.65,"d":"0.650"},{"v":0.65,"d":"0.650"},{"v":0.65,"d":"0.650"},{"v":0.65,"d":"0.650"},{"v":0.65,"d":"0.650"},{"v":0.65,"d":"0.650"},{"v":0.65,"d":"0.650"},{"v":0.65,"d":"0.650"},{"v":0.65,"d":"0.650"},{"v":0.65,"d":"0.650"},{"v":0.65,"d":"0.650"},{"v":0.65,"d":"0.650"},{"v":0.65,"d":"0.650"},{"v":0.65,"d":"0.650"}]
[null,null,1,4768,"ra_PI_B_v1","SUM1",{"v":27.82,"d":"27.820"},{"v":28.89,"d":"28.890"},{"v":28.82,"d":"28.820"},{"v":27.75,"d":"27.750"},{"v":27.9,"d":"27.900"},{"v":27.89,"d":"27.890"},{"v":28.09,"d":"28.090"},{"v":27.45,"d":"27.450"},{"v":27.72,"d":"27.720"},{"v":27.42,"d":"27.420"},{"v":27.17,"d":"27.170"},{"v":27.45,"d":"27.450"},{"v":27.45,"d":"27.450"},{"v":28.51,"d":"28.510"},{"v":28.44,"d":"28.440"},{"v":28.83,"d":"28.830"},{"v":29.34,"d":"29.340"},{"v":29.94,"d":"29.940"},{"v":29.06,"d":"29.060"},{"v":29.26,"d":"29.260"},{"v":29.38,"d":"29.380"},{"v":29.49,"d":"29.490"},{"v":29.24,"d":"29.240"},{"v":29.42,"d":"29.420"},{"v":29.59,"d":"29.590"},{"v":29.15,"d":"29.150"},{"v":29.43,"d":"29.430"},{"v":29.39,"d":"29.390"},{"v":30.26,"d":"30.260"},{"v":31.11,"d":"31.110"},{"v":31.67,"d":"31.670"},{"v":31.52,"d":"31.520"},{"v":30.79,"d":"30.790"},{"v":31.56,"d":"31.560"},{"v":29.83,"d":"29.830"}]
[null,null,1,4769,"ra_PI_B_v1","SUM55",{"v":15.24,"d":"15.240"},{"v":15.79,"d":"15.790"},{"v":16.01,"d":"16.010"},{"v":15.21,"d":"15.210"},{"v":16.07,"d":"16.070"},{"v":15.93,"d":"15.930"},{"v":15.82,"d":"15.820"},{"v":15.63,"d":"15.630"},{"v":15.7,"d":"15.700"},{"v":15.85,"d":"15.850"},{"v":15.55,"d":"15.550"},{"v":15.57,"d":"15.570"},{"v":15.68,"d":"15.680"},{"v":15.72,"d":"15.720"},{"v":16.18,"d":"16.180"},{"v":16.41,"d":"16.410"},{"v":16.49,"d":"16.490"},{"v":16.69,"d":"16.690"},{"v":16.74,"d":"16.740"},{"v":16.42,"d":"16.420"},{"v":16.63,"d":"16.630"},{"v":16.1,"d":"16.100"},{"v":16.24,"d":"16.240"},{"v":15.86,"d":"15.860"},{"v":15.49,"d":"15.490"},{"v":15.68,"d":"15.680"},{"v":15.56,"d":"15.560"},{"v":15.48,"d":"15.480"},{"v":15.72,"d":"15.720"},{"v":16.17,"d":"16.170"},{"v":16.94,"d":"16.940"},{"v":16.42,"d":"16.420"},{"v":16.83,"d":"16.830"},{"v":17.07,"d":"17.070"},{"v":16.37,"d":"16.370"}]
[null,null,1,4770,"ra_PI_B_v1","SDEV",0.368,{"v":0.38299999999999995,"d":"0.383"},0.376,0.377,0.373,0.371,0.366,0.361,{"v":0.35200000000000004,"d":"0.352"},{"v":0.35600000000000004,"d":"0.356"},{"v":0.35,"d":"0.350"},{"v":0.35100000000000003,"d":"0.351"},0.355,{"v":0.35700000000000004,"d":"0.357"},0.363,0.368,0.365,0.365,0.366,0.361,0.363,0.355,{"v":0.36,"d":"0.360"},0.354,{"v":0.35200000000000004,"d":"0.352"},0.359,0.353,0.358,0.365,0.373,0.381,0.377,0.382,{"v":0.38299999999999995,"d":"0.383"},0.365]
[null,null,1,4771,"ra_PI_B_v1","VMAX",{"v":0.66,"d":"0.660"},0.857,1.126,1.222,1.315,1.401,1.479,1.547,{"v":1.6030000000000002,"d":"1.603"},1.615,1.672,{"v":1.68,"d":"1.680"},{"v":1.6680000000000001,"d":"1.668"},{"v":1.62,"d":"1.620"},1.601,{"v":1.6059999999999999,"d":"1.606"},1.621,1.642,{"v":1.7,"d":"1.700"},1.729,1.726,1.734,{"v":1.7369999999999999,"d":"1.737"},{"v":1.7209999999999999,"d":"1.721"},1.681,1.646,{"v":1.6219999999999999,"d":"1.622"},{"v":1.63,"d":"1.630"},1.599,1.564,{"v":1.53,"d":"1.530"},{"v":1.5630000000000002,"d":"1.563"},{"v":1.55,"d":"1.550"},{"v":1.5,"d":"1.500"},1.588]
[null,null,1,4772,"ra_PI_B_v1","AGEX",{"v":0.41,"d":"0.410"},{"v":0.35,"d":"0.350"},{"v":0.36,"d":"0.360"},{"v":0.36,"d":"0.360"},{"v":0.37,"d":"0.370"},{"v":0.38,"d":"0.380"},{"v":0.38,"d":"0.380"},{"v":0.37,"d":"0.370"},{"v":0.38,"d":"0.380"},{"v":0.38,"d":"0.380"},{"v":0.39,"d":"0.390"},{"v":0.4,"d":"0.400"},{"v":0.4,"d":"0.400"},{"v":0.42,"d":"0.420"},{"v":0.43,"d":"0.430"},{"v":0.4,"d":"0.400"},{"v":0.41,"d":"0.410"},{"v":0.42,"d":"0.420"},{"v":0.4,"d":"0.400"},{"v":0.4,"d":"0.400"},{"v":0.41,"d":"0.410"},{"v":0.42,"d":"0.420"},{"v":0.43,"d":"0.430"},{"v":0.44,"d":"0.440"},{"v":0.45,"d":"0.450"},{"v":0.46,"d":"0.460"},{"v":0.47,"d":"0.470"},{"v":0.48,"d":"0.480"},{"v":0.49,"d":"0.490"},{"v":0.49,"d":"0.490"},{"v":0.5,"d":"0.500"},{"v":0.45,"d":"0.450"},{"v":0.46,"d":"0.460"},{"v":0.46,"d":"0.460"},{"v":0.42,"d":"0.420"}]
[null,null,1,4773,"ra_PI_B_v1","SHFT",{"v":0,"d":"0.000"},{"v":2E-3,"d":"0.002"},0.004,{"v":0.006999999999999999,"d":"0.007"},{"v":0.011000000000000001,"d":"0.011"},0.015,{"v":0.018000000000000002,"d":"0.018"},{"v":0.022000000000000002,"d":"0.022"},{"v":0.026000000000000002,"d":"0.026"},{"v":0.03,"d":"0.030"},0.034,{"v":0.037000000000000005,"d":"0.037"},{"v":0.040999999999999995,"d":"0.041"},0.046,0.051,{"v":0.052000000000000005,"d":"0.052"},{"v":0.055999999999999994,"d":"0.056"},{"v":0.059000000000000004,"d":"0.059"},0.062,0.065,0.071,0.076,0.081,0.085,{"v":0.08800000000000001,"d":"0.088"},{"v":0.09,"d":"0.090"},0.094,0.096,{"v":0.09699999999999999,"d":"0.097"},0.099,{"v":0.1,"d":"0.100"},0.099,{"v":0.10099999999999999,"d":"0.101"},{"v":0.10300000000000001,"d":"0.103"},0.105]
[null,null,1,4774,"ra_PI_B_v1","OV/100",{"v":21.500999999999998,"d":"21.501"},22.342,22.104,{"v":21.471999999999998,"d":"21.472"},21.461,21.469,{"v":21.49,"d":"21.490"},{"v":21.070999999999998,"d":"21.071"},{"v":21.148000000000003,"d":"21.148"},{"v":21.063000000000002,"d":"21.063"},{"v":20.816999999999997,"d":"20.817"},{"v":20.973000000000003,"d":"20.973"},21.163,{"v":21.679000000000002,"d":"21.679"},{"v":21.999000000000002,"d":"21.999"},22.215,{"v":22.526999999999997,"d":"22.527"},22.729,22.643,22.323,22.484,{"v":22.166999999999998,"d":"22.167"},22.271,{"v":22.118000000000002,"d":"22.118"},{"v":22.081999999999997,"d":"22.082"},{"v":22.000999999999998,"d":"22.001"},22.051,{"v":22.041999999999998,"d":"22.042"},{"v":22.561999999999998,"d":"22.562"},{"v":23.17,"d":"23.170"},23.764,23.441,{"v":23.339000000000002,"d":"23.339"},{"v":23.761999999999997,"d":"23.762"},22.628]

{"sheet":"wBudget","index":12,"n_rows":496,"n_cols":24,"rows_kept":496,"merged":[[2,0,2,1],[3,0,3,1],[4,0,4,1],[11,0,11,1],[18,0,18,1],[26,0,26,1],[27,0,27,1],[30,0,30,1],[31,0,31,1],[33,0,33,1],[34,0,34,1],[35,0,35,1],[36,0,36,1],[40,0,40,1],[41,0,41,1],[42,0,42,1],[49,0,49,1],[56,0,56,1],[64,0,64,1],[65,0,65,1],[68,0,68,1],[69,0,69,1],[71,0,71,1],[72,0,72,1],[73,0,73,1],[77,0,77,1],[78,0,78,1],[79,0,79,1],[80,0,80,1],[80,23,80,24],[81,0,81,1],[81,23,81,24],[82,0,82,1],[82,23,82,24],[83,0,83,1],[83,23,83,24],[84,0,84,1],[84,23,84,24],[85,0,85,1],[85,23,85,24],[86,0,86,1],[86,23,86,24],[87,0,87,1],[87,23,87,24],[88,0,88,1],[88,23,88,24],[89,0,89,1],[89,23,89,24],[90,0,90,1],[90,23,90,24],[91,0,91,1],[91,23,91,24],[92,0,92,1],[92,23,92,24],[93,0,93,1],[93,23,93,24],[94,0,94,1],[94,23,94,24],[95,0,95,1],[95,23,95,24],[96,0,96,1],[96,23,96,24],[97,0,97,1],[97,23,97,24],[98,0,98,1],[98,23,98,24],[99,0,99,1],[99,23,99,24],[100,0,100,1],[100,23,100,24],[101,0,101,1],[101,23,101,24],[102,0,102,1],[102,23,102,24],[103,0,103,1],[103,23,103,24],[104,0,104,1],[104,23,104,24],[105,0,105,1],[105,23,105,24],[106,0,106,1],[106,23,106,24],[107,0,107,1],[107,23,107,24],[108,0,108,1],[108,23,108,24],[109,0,109,1],[109,23,109,24],[110,0,110,1],[110,23,110,24],[113,0,113,1],[114,0,114,1],[115,0,115,1],[116,0,116,1],[117,0,117,1],[118,0,118,1],[119,0,119,1],[120,0,120,1],[121,0,121,1],[122,0,122,1],[123,0,123,1],[124,0,124,1],[125,0,125,1],[126,0,126,1],[127,0,127,1],[128,0,128,1],[129,0,129,1],[130,0,130,1],[131,0,131,1],[132,0,132,1],[133,0,133,1],[135,0,135,1],[136,0,136,1],[136,23,136,24],[137,0,137,1],[137,23,137,24],[138,0,138,1],[138,23,138,24],[139,0,139,1],[139,23,139,24],[140,0,140,1],[140,23,140,24],[141,0,141,1],[141,23,141,24],[142,0,142,1],[142,23,142,24],[143,0,143,1],[143,23,143,24],[144,0,144,1],[144,23,144,24],[145,0,145,1],[145,23,145,24],[146,0,146,1],[146,23,146,24],[147,0,147,1],[147,23,147,24],[148,0,148,1],[148,23,148,24],[149,0,149,1],[149,23,149,24],[150,0,150,1],[150,23,150,24],[151,0,151,1],[151,23,151,24],[152,0,152,1],[157,0,157,1],[171,0,171,1],[172,23,172,24],[173,23,173,24],[185,1,186,1],[185,2,185,4],[185,5,185,7],[203,1,204,1],[203,2,203,4],[203,5,203,7],[204,23,204,24],[208,23,208,24],[271,0,271,1],[272,0,272,1],[273,0,273,1],[281,0,283,0],[281,1,282,2]]}
[null,"NIH budget mechanism detail FY 1995 - 2000",null,"http://report.nih.gov/nihdatabook/charts/Default.aspx?chartId=226&catId=1"]
[null,"NIH budget mechanism detail FY 2001 - 2014",null,"http://report.nih.gov/NIHDatabook/Charts/Default.aspx?chartId=153&catId=1 "]
[null,null," 1995 "," 1996 "," 1997 "," 1998 "," 1999 "," 2000 "," 2001 "," 2002 "," 2003 "," 2004 "," 2005 "," 2006 "," 2007 "," 2008 "," 2009 "," 2010 "," 2011 "," 2012 "," 2013 "," 2014 "]
[" Research Grants ",null,"    ","    ","    ","    ","    ","    ","    ","    ","    ","    ","    ","    ","    ","    ","    ","    ","    ","    ","    ","    "]
[" Research Projects Grants ",null,"    ","    ","    ","    ","    ","    ","    ","    ","    ","    ","    ","    ","    ","    ","    ","    ","    ","    ","    ","    "]
["    "," Noncompeting "," $4,404 "," $4,726 "," $4,998 "," $5,474 "," $5,822 "," $6,715 "," $7,941 "," $9,135 "," $10,029 "," $10,784 "," $10,997 "," $11,052 "," $11,005 "," $11,178 "," $11,397 "," $11,773 "," $11,893 "," $11,946 "," $11,119 "," $10,785 "]
["    "," Administrative Supplements "," $55 "," $70 "," $89 "," $106 "," $128 "," $129 "," $204 "," $224 "," $201 "," $255 "," $456 "," $285 "," $205 "," $177 "," $221 "," $189 "," $202 "," $192 "," $248 "," $208 "]
["    "," Competing "," $1,563 "," $1,627 "," $1,817 "," $1,939 "," $2,515 "," $2,912 "," $3,032 "," $3,183 "," $3,517 "," $3,562 "," $3,396 "," $3,358 "," $3,788 "," $3,666 "," $3,921 "," $3,933 "," $3,732 "," $3,791 "," $3,439 "," $4,479 "]
["    "," Subtotal "," $6,021 "," $6,423 "," $6,905 "," $7,518 "," $8,465 "," $9,756 "," $11,177 "," $12,542 "," $13,746 "," $14,602 "," $14,850 "," $14,695 "," $14,998 "," $15,021 "," $15,538 "," $15,896 "," $15,827 "," $15,929 "," $14,807 "," $15,473 "]
["    "," SBIR/STTR "," $173 "," $189 "," $249 "," $269 "," $314 "," $362 "," $418 "," $497 "," $541 "," $612 "," $625 "," $619 "," $629 "," $633 "," $648 "," $653 "," $648 "," $671 "," $639 "," $695 "]
["    "," Total, RPGs "," $6,195 "," $6,612 "," $7,154 "," $7,787 "," $8,779 "," $10,118 "," $11,595 "," $13,038 "," $14,287 "," $15,213 "," $15,475 "," $15,314 "," $15,627 "," $15,654 "," $16,186 "," $16,549 "," $16,476 "," $16,599 "," $15,445 "," $16,168 "]
[" Research Centers ",null,"    ","    ","    ","    ","    ","    ","    ","    ","    ","    ","    ","    ","    ","    ","    ","    ","    ","    ","    ","    "]
["    "," Spec/Comp "," $738 "," $757 "," $787 "," $837 "," $996 "," $1,137 "," $1,373 "," $1,585 "," $1,835 "," $1,947 "," $2,045 "," $2,045 "," $2,238 "," $2,201 "," $2,257 "," $2,301 "," $2,227 "," $2,282 "," $1,995 "," $1,958 "]
["    "," Clinical Research "," $136 "," $147 "," $157 "," $170 "," $202 "," $203 "," $230 "," $258 "," $285 "," $288 "," $298 "," $308 "," $381 "," $425 "," $426 "," $436 "," $439 "," $398 "," $370 "," $414 "]
["    "," Biotechnology "," $48 "," $49 "," $54 "," $58 "," $71 "," $85 "," $110 "," $135 "," $143 "," $140 "," $131 "," $129 "," $137 "," $138 "," $144 "," $152 "," $147 "," $161 "," $156 "," $167 "]
["    "," Comparative Medicine "," $57 "," $57 "," $62 "," $64 "," $76 "," $81 "," $102 "," $94 "," $109 "," $116 "," $119 "," $123 "," $124 "," $126 "," $134 "," $134 "," $138 "," $139 "," $133 "," $129 "]
["    "," RCMI "," $27 "," $29 "," $29 "," $32 "," $34 "," $41 "," $45 "," $52 "," $56 "," $56 "," $55 "," $54 "," $54 "," $53 "," $57 "," $60 "," $59 "," $59 "," $55 "," $55 "]
["    "," Total, Centers "," $1,006 "," $1,040 "," $1,089 "," $1,161 "," $1,380 "," $1,547 "," $1,860 "," $2,124 "," $2,428 "," $2,546 "," $2,647 "," $2,660 "," $2,934 "," $2,944 "," $3,019 "," $3,083 "," $3,009 "," $3,039 "," $2,709 "," $2,723 "]
[" Other Research ",null,"    ","    ","    ","    ","    ","    ","    ","    ","    ","    ","    ","    ","    ","    ","    ","    ","    ","    ","    ","    "]
["    "," Research Careers "," $188 "," $198 "," $208 "," $226 "," $270 "," $334 "," $395 "," $459 "," $536 "," $586 "," $608 "," $614 "," $663 "," $682 "," $671 "," $649 "," $626 "," $632 "," $615 "," $612 "]
["    "," Cancer Education "," $8 "," $10 "," $12 "," $14 "," $17 "," $17 "," $22 "," $27 "," $30 "," $32 "," $35 "," $35 "," $31 "," $31 "," $32 "," $35 "," $33 "," $33 "," $34 "," $33 "]
["    "," Coop. Clinical "," $163 "," $186 "," $191 "," $197 "," $246 "," $294 "," $324 "," $360 "," $379 "," $357 "," $335 "," $345 "," $425 "," $410 "," $404 "," $431 "," $448 "," $430 "," $435 "," $475 "]
["    "," BRS "," $17 "," $25 "," $25 "," $26 "," $38 "," $45 "," $67 "," $129 "," $120 "," $116 "," $106 "," $66 "," $98 "," $66 "," $66 "," $68 "," $70 "," $68 "," $69 "," $67 "]
["    "," MBRS "," $48 "," $49 "," $50 "," $54 "," $66 "," $88 "," $100 "," $111 "," $117 "," $117 "," $116 "," $115 "," $111 "," $107 "," $106 "," $107 "," $104 "," $111 "," $105 "," $104 "]
["    "," Other "," $81 "," $86 "," $97 "," $115 "," $171 "," $237 "," $334 "," $388 "," $435 "," $469 "," $482 "," $477 "," $465 "," $484 "," $519 "," $530 "," $548 "," $560 "," $526 "," $556 "]
["    "," Total, Other Research "," $504 "," $554 "," $583 "," $631 "," $808 "," $1,013 "," $1,241 "," $1,474 "," $1,617 "," $1,678 "," $1,682 "," $1,651 "," $1,794 "," $1,780 "," $1,799 "," $1,821 "," $1,829 "," $1,834 "," $1,783 "," $1,847 "]
[" Total, Research Grants ",null," $7,705 "," $8,207 "," $8,825 "," $9,579 "," $10,967 "," $12,679 "," $14,696 "," $16,636 "," $18,332 "," $19,438 "," $19,805 "," $19,624 "," $20,355 "," $20,378 "," $21,004 "," $21,452 "," $21,314 "," $21,473 "," $19,938 "," $20,738 "]
[" Training ",null,"    ","    ","    ","    ","    ","    ","    ","    ","    ","    ","    ","    ","    ","    ","    ","    ","    ","    ","    ","    "]
["    "," Individual "," $64 "," $67 "," $69 "," $70 "," $86 "," $86 "," $95 "," $102 "," $108 "," $113 "," $119 "," $123 "," $121 "," $123 "," $122 "," $126 "," $127 "," $130 "," $132 "," $136 "]
["    "," Institutional "," $317 "," $329 "," $348 "," $358 "," $424 "," $453 "," $494 "," $549 "," $603 "," $628 "," $625 "," $608 "," $661 "," $647 "," $655 "," $649 "," $644 "," $632 "," $601 "," $602 "]
[" Total, Training ",null," $381 "," $395 "," $417 "," $428 "," $509 "," $540 "," $590 "," $651 "," $711 "," $741 "," $744 "," $731 "," $782 "," $770 "," $776 "," $775 "," $772 "," $761 "," $734 "," $738 "]
[" R&D Contracts ",null," $791 "," $765 "," $790 "," $794 "," $1,067 "," $1,148 "," $1,388 "," $1,643 "," $2,301 "," $2,693 "," $2,518 "," $2,583 "," $2,985 "," $3,248 "," $3,058 "," $3,145 "," $2,998 "," $2,915 "," $2,927 "," $2,990 "]
["    "," (SBIR/STTR) "," $6 "," $4 "," $11 "," $13 "," $11 "," $13 "," $17 "," $19 "," $22 "," $22 "," $237 "," $24 "," $26 "," $22 "," $32 "," $33 "," $38 "," $57 "," $59 "," $65 "]
[" Intramural Research ",null," $1,223 "," $1,295 "," $1,346 "," $1,435 "," $1,565 "," $1,746 "," $1,952 "," $2,225 "," $2,565 "," $2,659 "," $2,738 "," $2,746 "," $3,035 "," $3,095 "," $3,223 "," $3,306 "," $3,331 "," $3,401 "," $3,247 "," $3,374 "]
[" Other* ",null," $717 "," $719 "," $734 "," $760 "," $882 "," $1,066 "," $1,230 "," $1,408 "," $1,960 "," $1,629 "," $1,728 "," $1,634 "," $1,336 "," $2,102 "," $1,440 "," $1,521 "," $1,530 "," $2,303 "," $2,284 "," $2,179 "]
[" All NIH  ICs ",null," $10,816 "," $11,380 "," $12,113 "," $12,996 "," $14,990 "," $17,178 "," $19,856 "," $22,563 "," $25,868 "," $27,159 "," $27,532 "," $27,318 "," $29,128 "," $29,615 "," $29,501 "," $30,200 "," $29,944 "," $30,852 "," $29,129 "," $30,019 "]
[]
[]
[]
["Remove '$' Sign"]
[null,null,1995,1996,1997,1998,1999,2000,2001,2002,2003,2004,2005,2006,2007,2008,2009,2010,2011,2012,2013,2014]
["Research Grants"]
["Research Projects Grants"]
[null,"Noncompeting",4404,4726,4998,5474,5822,6715,7941,9135,10029,10784,10997,11052,11005,11178,11397,11773,11893,11946,11119,10785]
[null,"Administrative Supplements",55,70,89,106,128,129,204,224,201,255,456,285,205,177,221,189,202,192,248,208]
[null,"Competing",1563,1627,1817,1939,2515,2912,3032,3183,3517,3562,3396,3358,3788,3666,3921,3933,3732,3791,3439,4479]
[null,"Subtotal",6021,6423,6905,7518,8465,9756,11177,12542,13746,14602,14850,14695,14998,15021,15538,15896,15827,15929,14807,15473]
[null,"SBIR/STTR",173,189,249,269,314,362,418,497,541,612,625,619,629,633,648,653,648,671,639,695]
[null,"Total RPGs",6195,6612,7154,7787,8779,10118,11595,13038,14287,15213,15475,15314,15627,15654,16186,16549,16476,16599,15445,16168]
["Research Centers"]
[null,"Spec/Comp",738,757,787,837,996,1137,1373,1585,1835,1947,2045,2045,2238,2201,2257,2301,2227,2282,1995,1958]
[null,"Clinical Research",136,147,157,170,202,203,230,258,285,288,298,308,381,425,426,436,439,398,370,414]
[null,"Biotechnology",48,49,54,58,71,85,110,135,143,140,131,129,137,138,144,152,147,161,156,167]
[null,"Comparative Medicine",57,57,62,64,76,81,102,94,109,116,119,123,124,126,134,134,138,139,133,129]
[null,"RCMI",27,29,29,32,34,41,45,52,56,56,55,54,54,53,57,60,59,59,55,55]
[null,"Total Centers",1006,1040,1089,1161,1380,1547,1860,2124,2428,2546,2647,2660,2934,2944,3019,3083,3009,3039,2709,2723]
["Other Research"]
[null,"Research Careers",188,198,208,226,270,334,395,459,536,586,608,614,663,682,671,649,626,632,615,612]
[null,"Cancer Education",8,10,12,14,17,17,22,27,30,32,35,35,31,31,32,35,33,33,34,33]
[null,"Coop. Clinical",163,186,191,197,246,294,324,360,379,357,335,345,425,410,404,431,448,430,435,475]
[null,"BRS",17,25,25,26,38,45,67,129,120,116,106,66,98,66,66,68,70,68,69,67]
[null,"MBRS",48,49,50,54,66,88,100,111,117,117,116,115,111,107,106,107,104,111,105,104]
[null,"Other",81,86,97,115,171,237,334,388,435,469,482,477,465,484,519,530,548,560,526,556]
[null,"Total Other Research",504,554,583,631,808,1013,1241,1474,1617,1678,1682,1651,1794,1780,1799,1821,1829,1834,1783,1847]
["Total Research Grants",null,7705,8207,8825,9579,10967,12679,14696,16636,18332,19438,19805,19624,20355,20378,21004,21452,21314,21473,19938,20738]
["Training"]
[null,"Individual",64,67,69,70,86,86,95,102,108,113,119,123,121,123,122,126,127,130,132,136]
[null,"Institutional",317,329,348,358,424,453,494,549,603,628,625,608,661,647,655,649,644,632,601,602]
["Total Training",null,381,395,417,428,509,540,590,651,711,741,744,731,782,770,776,775,772,761,734,738]
["R&D Contracts",null,791,765,790,794,1067,1148,1388,1643,2301,2693,2518,2583,2985,3248,3058,3145,2998,2915,2927,2990]
[null,"(SBIR/STTR)",6,4,11,13,11,13,17,19,22,22,237,24,26,22,32,33,38,57,59,65]
["Intramural Research",null,1223,1295,1346,1435,1565,1746,1952,2225,2565,2659,2738,2746,3035,3095,3223,3306,3331,3401,3247,3374]
["Other*",null,717,719,734,760,882,1066,1230,1408,1960,1629,1728,1634,1336,2102,1440,1521,1530,2303,2284,2179]
["All NIH ICs",null,10816,11380,12113,12996,14990,17178,19856,22563,25868,27159,27532,27318,29128,29615,29501,30200,29944,30852,29129,30019]
[]
["Get Percentages of ALL NIH ICs"]
[]
[null,null,1995,1996,1997,1998,1999,2000,2001,2002,2003,2004,2005,2006,2007,2008,2009,2010,2011,2012,2013,2014]
["Research Grants"]
["Research Projects Grants",{"$nulls":21},"2012-14/\n1985-97"]
["Noncompeting",null,{"$f":"C44/C$74","v":{"v":0.40717455621301774,"d":"40.7%"}},{"v":0.41528998242530757,"d":"41.5%"},{"v":0.4126145463551556,"d":"41.3%"},{"v":0.4212065250846414,"d":"42.1%"},{"v":0.38839226150767175,"d":"38.8%"},{"v":0.3909069740365584,"d":"39.1%"},{"v":0.3999294923448832,"d":"40.0%"},{"v":0.40486637415237337,"d":"40.5%"},{"v":0.387699087675893,"d":"38.8%"},{"v":0.3970691115284068,"d":"39.7%"},{"v":0.3994261223303792,"d":"39.9%"},{"v":0.4045684164287283,"d":"40.5%"},{"v":0.3778151606701456,"d":"37.8%"},{"v":0.37744386290731047,"d":"37.7%"},{"v":0.38632588725805905,"d":"38.6%"},{"v":0.3898344370860927,"d":"39.0%"},{"v":0.39717472615549027,"d":"39.7%"},{"v":0.38720342279268766,"d":"38.7%"},{"v":0.3817158158536167,"d":"38.2%"},{"v":0.3592724607748426,"d":"35.9%"},{"$f":"AVERAGE(T81:V81)/AVERAGE(D81:F81)","v":{"v":0.9031956733792414,"d":"90.32%"}},{"$f":"A81","v":"Noncompeting"}]
["Administrative Supplements",null,{"$f":"C45/C$74","v":{"v":0.005085059171597633,"d":"0.5%"}},{"v":0.006151142355008787,"d":"0.6%"},{"v":7.3474779162882855E-3,"d":"0.7%"},{"v":0.008156355801785165,"d":"0.8%"},{"v":0.008539026017344896,"d":"0.9%"},{"v":7.5096053091163115E-3,"d":"0.8%"},{"v":0.010273972602739725,"d":"1.0%"},{"v":0.009927757833621416,"d":"1.0%"},{"v":7.770218029998454E-3,"d":"0.8%"},{"v":0.00938915276703855,"d":"0.9%"},{"v":0.016562545401714368,"d":"1.7%"},{"v":0.010432681748297826,"d":"1.0%"},{"v":0.007037901675363911,"d":"0.7%"},{"v":0.005976700996116833,"d":"0.6%"},{"v":0.007491271482322633,"d":"0.7%"},{"v":6.2582781456953646E-3,"d":"0.6%"},{"v":0.006745925728025648,"d":"0.7%"},{"v":0.006223259432127577,"d":"0.6%"},{"v":0.00851385217480861,"d":"0.9%"},{"v":0.006928945001499051,"d":"0.7%"},{"v":1.0005116854119627,"d":"100.05%"},"Administrative Supplements"]
["Competing",null,{"$f":"C46/C$74","v":{"v":0.14450813609467456,"d":"14.5%"}},{"v":0.1429701230228471,"d":"14.3%"},{"v":0.15000412779658218,"d":"15.0%"},{"v":0.14919975377039088,"d":"14.9%"},{"v":0.16777851901267513,"d":"16.8%"},{"v":0.16951915240423798,"d":"17.0%"},{"v":0.15269943593875906,"d":"15.3%"},{"v":0.14107166600186147,"d":"14.1%"},{"v":0.1359594866244008,"d":"13.6%"},{"v":0.1311535770831032,"d":"13.1%"},{"v":0.12334737759697806,"d":"12.3%"},{"v":0.12292261512555824,"d":"12.3%"},{"v":0.1300466904696512,"d":"13.0%"},{"v":0.12378862063143677,"d":"12.4%"},{"v":0.13291074878817669,"d":"13.3%"},{"v":0.1302317880794702,"d":"13.0%"},{"v":0.12463264760886988,"d":"12.5%"},{"v":0.12287696097497731,"d":"12.3%"},{"v":0.11806103882728552,"d":"11.8%"},{"v":0.1492055031813185,"d":"14.9%"},{"v":0.8823302567175912,"d":"88.23%"},"Competing"]
["Subtotal",null,{"$f":"C47/C$74","v":{"v":0.5566752958579881,"d":"55.7%"}},{"v":0.5644112478031634,"d":"56.4%"},{"v":0.5700487079996698,"d":"57.0%"},{"v":0.5784856879039705,"d":"57.8%"},{"v":0.5647098065376918,"d":"56.5%"},{"v":0.5679357317499126,"d":"56.8%"},{"v":0.562902900886382,"d":"56.3%"},{"v":0.5558657979878562,"d":"55.6%"},{"v":0.531390134529148,"d":"53.1%"},{"v":0.5376486615854781,"d":"53.8%"},{"v":0.5393723667005667,"d":"53.9%"},{"v":0.5379237133025844,"d":"53.8%"},{"v":0.5148997528151606,"d":"51.5%"},{"v":0.5072091845348641,"d":"50.7%"},{"v":0.5266940103725297,"d":"52.7%"},{"v":0.5263576158940397,"d":"52.6%"},{"v":0.5285532994923858,"d":"52.9%"},{"v":0.5163036431997926,"d":"51.6%"},{"v":0.5083250369048028,"d":"50.8%"},{"v":0.5154402211932443,"d":"51.5%"},{"v":0.8990763407793492,"d":"89.91%"},"Subtotal"]
["SBIR/STTR",null,{"$f":"C48/C$74","v":{"v":0.0159948224852071,"d":"1.6%"}},{"v":0.016608084358523727,"d":"1.7%"},{"v":0.02055642697927846,"d":"2.1%"},{"v":0.02069867651585103,"d":"2.1%"},{"v":0.0209472981987992,"d":"2.1%"},{"v":0.021073466061241122,"d":"2.1%"},{"v":0.02105157131345689,"d":"2.1%"},{"v":0.022027212693347516,"d":"2.2%"},{"v":0.020913870419050563,"d":"2.1%"},{"v":0.022533966640892522,"d":"2.3%"},{"v":0.022700857184367283,"d":"2.3%"},{"v":0.022659052639285453,"d":"2.3%"},{"v":0.02159434221367756,"d":"2.2%"},{"v":0.02137430356238393,"d":"2.1%"},{"v":0.021965357106538762,"d":"2.2%"},{"v":0.02162251655629139,"d":"2.2%"},{"v":0.021640395404755545,"d":"2.2%"},{"v":0.021748995202904187,"d":"2.2%"},{"v":0.02193690136976896,"d":"2.2%"},{"v":0.023152003730970386,"d":"2.3%"},{"v":1.1551022814831606,"d":"115.51%"},"SBIR/STTR"]
["Total Research Program Grants",null,{"$f":"C49/C$74","v":{"v":0.572762573964497,"d":"57.3%"}},{"v":0.5810193321616872,"d":"58.1%"},{"v":0.5906051349789483,"d":"59.1%"},{"v":0.5991843644198215,"d":"59.9%"},{"v":0.585657104736491,"d":"58.6%"},{"v":0.5890091978111538,"d":"58.9%"},{"v":0.5839544721998389,"d":"58.4%"},{"v":0.5778486903337322,"d":"57.8%"},{"v":0.5523040049481985,"d":"55.2%"},{"v":0.560145808019441,"d":"56.0%"},{"v":0.5620732238849339,"d":"56.2%"},{"v":0.5605827659418698,"d":"56.1%"},{"v":0.5364940950288383,"d":"53.6%"},{"v":0.528583488097248,"d":"52.9%"},{"v":0.5486593674790685,"d":"54.9%"},{"v":0.5479801324503312,"d":"54.8%"},{"v":0.5502270905690623,"d":"55.0%"},{"v":0.5380202255931544,"d":"53.8%"},{"v":0.5302276082254798,"d":"53.0%"},{"v":0.5385922249242147,"d":"53.9%"},{"v":0.9074045882902463,"d":"90.74%"},"Total Research Program Grants"]
["Research Centers"]
["Spec/Comp",null,{"$f":"C51/C$129","v":{"v":0.06823224852071005,"d":"6.8%"}},{"v":0.06652021089630931,"d":"6.7%"},{"v":0.06497151820358293,"d":"6.5%"},{"v":0.06440443213296398,"d":"6.4%"},{"v":0.06644429619746497,"d":"6.6%"},{"v":0.0661893119105833,"d":"6.6%"},{"v":0.06914786462530217,"d":"6.9%"},{"v":0.07024775074236582,"d":"7.0%"},{"v":0.07093706509973713,"d":"7.1%"},{"v":0.07168894289185905,"d":"7.2%"},{"v":0.07427720470724974,"d":"7.4%"},{"v":0.0748590672816458,"d":"7.5%"},{"v":0.07847399978961395,"d":"7.8%"},{"v":0.07432044572007429,"d":"7.4%"},{"v":0.07650588115657096,"d":"7.7%"},{"v":0.07619205298013244,"d":"7.6%"},{"v":0.07437216136788673,"d":"7.4%"},{"v":0.07396603137559964,"d":"7.4%"},{"v":0.06848844793848055,"d":"6.8%"},{"v":0.06522535727372664,"d":"6.5%"},{"$f":"AVERAGE(T88:V88)/AVERAGE(D88:F88)","v":{"v":1.0601526608831484,"d":"106.02%"}},{"$f":"A88","v":"Spec/Comp"}]
["Clinical Research",null,{"$f":"C52/C$129","v":{"v":0.01257396449704142,"d":"1.3%"}},{"v":0.012917398945518454,"d":"1.3%"},{"v":0.01296128126805911,"d":"1.3%"},{"v":0.013080947983995075,"d":"1.3%"},{"v":0.013475650433622414,"d":"1.3%"},{"v":0.011817440912795437,"d":"1.2%"},{"v":0.011583400483481063,"d":"1.2%"},{"v":0.011434649647653238,"d":"1.1%"},{"v":0.011017473326117211,"d":"1.1%"},{"v":0.010604219595714127,"d":"1.1%"},{"v":0.01082376870550632,"d":"1.1%"},{"v":0.011274617468335895,"d":"1.1%"},{"v":0.013359514709491918,"d":"1.3%"},{"v":0.014350835725139288,"d":"1.4%"},{"v":0.01444018846818752,"d":"1.4%"},{"v":0.014437086092715231,"d":"1.4%"},{"v":0.014660699973283462,"d":"1.5%"},{"v":0.01290029819784779,"d":"1.3%"},{"v":0.012702118164028975,"d":"1.3%"},{"v":0.013791265531829841,"d":"1.4%"},{"v":1.0111411149493725,"d":"101.11%"},"Clinical Research"]
["Biotechnology",null,{"$f":"C53/C$129","v":{"v":0.004437869822485207,"d":"0.4%"}},{"v":4.3057996485061515E-3,"d":"0.4%"},{"v":0.004458020308759184,"d":"0.4%"},{"v":4.4629116651277315E-3,"d":"0.4%"},{"v":0.004736490993995997,"d":"0.5%"},{"v":0.004948189544766562,"d":"0.5%"},{"v":0.005539887187751813,"d":"0.6%"},{"v":0.005983246908655764,"d":"0.6%"},{"v":0.005528065563630741,"d":"0.6%"},{"v":0.005154828970138812,"d":"0.5%"},{"v":0.004758099665843382,"d":"0.5%"},{"v":4.7221612123874365E-3,"d":"0.5%"},{"v":4.803815000525965E-3,"d":"0.5%"},{"v":0.004659800776633463,"d":"0.5%"},{"v":0.004881190468119725,"d":"0.5%"},{"v":0.005033112582781457,"d":"0.5%"},{"v":0.0049091637723751,"d":"0.5%"},{"v":0.005218462336315312,"d":"0.5%"},{"v":0.005355487658347351,"d":"0.5%"},{"v":0.005563143342549718,"d":"0.6%"},{"v":1.2200363474444453,"d":"122.00%"},"Biotechnology"]
["Comparative Medicine",null,{"$f":"C54/C$129","v":{"v":5.2699704142011835E-3,"d":"0.5%"}},{"v":0.005008787346221441,"d":"0.5%"},{"v":0.005118467761908693,"d":"0.5%"},{"v":4.9245921822099106E-3,"d":"0.5%"},{"v":0.005070046697798532,"d":"0.5%"},{"v":4.715333566189312E-3,"d":"0.5%"},{"v":0.005136986301369863,"d":"0.5%"},{"v":0.004166112662323272,"d":"0.4%"},{"v":0.004213700324725529,"d":"0.4%"},{"v":0.004271144003829302,"d":"0.4%"},{"v":0.00432224320790353,"d":"0.4%"},{"v":0.004502525807160114,"d":"0.5%"},{"v":0.004347978540622042,"d":"0.4%"},{"v":0.004254600709100118,"d":"0.4%"},{"v":0.004542218907833633,"d":"0.5%"},{"v":4.437086092715232E-3,"d":"0.4%"},{"v":4.608602725086829E-3,"d":"0.5%"},{"v":0.004505380526384027,"d":"0.5%"},{"v":4.5658965292320365E-3,"d":"0.5%"},{"v":0.004297278390352777,"d":"0.4%"},{"v":0.8881670925899238,"d":"88.82%"},"Comparative Medicine"]
["RCMI",null,{"$f":"C55/C$129","v":{"v":0.002496301775147929,"d":"0.2%"}},{"v":0.002548330404217926,"d":"0.3%"},{"v":2.3941220176669693E-3,"d":"0.2%"},{"v":2.4622960911049553E-3,"d":"0.2%"},{"v":2.2681787858572383E-3,"d":"0.2%"},{"v":2.3867737804168124E-3,"d":"0.2%"},{"v":0.002266317485898469,"d":"0.2%"},{"v":2.3046580685192573E-3,"d":"0.2%"},{"v":2.1648368640791713E-3,"d":"0.2%"},{"v":2.0619315880555248E-3,"d":"0.2%"},{"v":1.997675432224321E-3,"d":"0.2%"},{"v":1.976718647045904E-3,"d":"0.2%"},{"v":0.00189347452575476,"d":"0.2%"},{"v":1.7896336316056052E-3,"d":"0.2%"},{"v":1.9321378936307243E-3,"d":"0.2%"},{"v":0.001986754966887417,"d":"0.2%"},{"v":1.9703446433342237E-3,"d":"0.2%"},{"v":1.9123557629975366E-3,"d":"0.2%"},{"v":1.888152700058361E-3,"d":"0.2%"},{"v":0.001832172957127153,"d":"0.2%"},{"v":0.7606850401876397,"d":"76.07%"},"RCMI"]
["Total Centers",null,{"$f":"C56/C$129","v":{"v":0.0930103550295858,"d":"9.3%"}},{"v":0.0913884007029877,"d":"9.1%"},{"v":0.08990340955997689,"d":"9.0%"},{"v":0.08933518005540166,"d":"8.9%"},{"v":0.09206137424949967,"d":"9.2%"},{"v":0.09005704971475142,"d":"9.0%"},{"v":0.09367445608380338,"d":"9.4%"},{"v":0.09413641802951735,"d":"9.4%"},{"v":0.09386114117828978,"d":"9.4%"},{"v":0.09374424684266726,"d":"9.4%"},{"v":0.09614267034723231,"d":"9.6%"},{"v":0.09737169631744637,"d":"9.7%"},{"v":0.10287878256600863,"d":"10.3%"},{"v":0.0994090832348472,"d":"9.9%"},{"v":0.10233551405037117,"d":"10.2%"},{"v":0.1020860927152318,"d":"10.2%"},{"v":0.10048757681004541,"d":"10.0%"},{"v":0.0985025281991443,"d":"9.9%"},{"v":0.09300010299014727,"d":"9.3%"},{"v":0.09070921749558612,"d":"9.1%"},{"v":1.0428074759021004,"d":"104.28%"},"Total Centers"]
["Other Research"]
["Research Careers",null,{"$f":"C58/C$129","v":{"v":0.017381656804733726,"d":"1.7%"}},{"v":0.01739894551845343,"d":"1.7%"},{"v":0.017171633781887227,"d":"1.7%"},{"v":0.017389966143428748,"d":"1.7%"},{"v":0.01801200800533689,"d":"1.8%"},{"v":0.019443474211200372,"d":"1.9%"},{"v":0.019893231265108783,"d":"2.0%"},{"v":0.020343039489429598,"d":"2.0%"},{"v":0.02072058141332921,"d":"2.1%"},{"v":0.021576641260723884,"d":"2.2%"},{"v":0.022083393868952493,"d":"2.2%"},{"v":0.02247602313492935,"d":"2.2%"},{"v":0.023247659455100107,"d":"2.3%"},{"v":0.02302887050481175,"d":"2.3%"},{"v":0.022744991695196774,"d":"2.3%"},{"v":0.021490066225165562,"d":"2.1%"},{"v":0.020905690622495324,"d":"2.1%"},{"v":0.020484895630753272,"d":"2.0%"},{"v":0.021112980191561673,"d":"2.1%"},{"v":0.02038708817748759,"d":"2.0%"},{"$f":"AVERAGE(T95:V95)/AVERAGE(D95:F95)","v":{"v":1.1929236591036432,"d":"119.29%"}},{"$f":"A95","v":"Research Careers"}]
["Cancer Education",null,{"$f":"C59/C$129","v":{"v":7.3964497041420117E-4,"d":"0.1%"}},{"v":8.7873462214411243E-4,"d":"0.1%"},{"v":9.9067117972426329E-4,"d":"0.1%"},{"v":1.0772545398584179E-3,"d":"0.1%"},{"v":1.1340893929286191E-3,"d":"0.1%"},{"v":9.8963790895331238E-4,"d":"0.1%"},{"v":1.1079774375503627E-3,"d":"0.1%"},{"v":1.1966493817311527E-3,"d":"0.1%"},{"v":1.1597340343281275E-3,"d":"0.1%"},{"v":1.1782466217460142E-3,"d":"0.1%"},{"v":1.2712480023245678E-3,"d":"0.1%"},{"v":1.2812065304927155E-3,"d":"0.1%"},{"v":1.0869946351555104E-3,"d":"0.1%"},{"v":0.001046766841127807,"d":"0.1%"},{"v":1.0847089929154944E-3,"d":"0.1%"},{"v":1.1589403973509935E-3,"d":"0.1%"},{"v":1.1020571733903286E-3,"d":"0.1%"},{"v":1.0696227148969274E-3,"d":"0.1%"},{"v":1.1672216691269869E-3,"d":"0.1%"},{"v":1.0993037742762918E-3,"d":"0.1%"},{"v":1.1321794069910227,"d":"113.22%"},"Cancer Education"]
["Coop. Clinical",null,{"$f":"C60/C$129","v":{"v":0.01507026627218935,"d":"1.5%"}},{"v":0.016344463971880493,"d":"1.6%"},{"v":0.015768182943944522,"d":"1.6%"},{"v":0.01515851031086488,"d":"1.5%"},{"v":0.016410940627084723,"d":"1.6%"},{"v":0.017114914425427872,"d":"1.7%"},{"v":0.016317485898468976,"d":"1.6%"},{"v":0.015955325089748704,"d":"1.6%"},{"v":0.014651306633678677,"d":"1.5%"},{"v":0.013144813873853972,"d":"1.3%"},{"v":0.012167659450820862,"d":"1.2%"},{"v":0.012629035800571052,"d":"1.3%"},{"v":0.014902345804551352,"d":"1.5%"},{"v":0.013844335640722606,"d":"1.4%"},{"v":0.013694451035558117,"d":"1.4%"},{"v":0.014271523178807947,"d":"1.4%"},{"v":0.014961261020571734,"d":"1.5%"},{"v":0.013937508103202385,"d":"1.4%"},{"v":0.014933571355007037,"d":"1.5%"},{"v":0.015823311902461775,"d":"1.6%"},{"v":0.9454896808711123,"d":"94.55%"},"Coop. Clinical"]
["BRS",null,{"$f":"C61/C$129","v":{"v":1.5717455621301775E-3,"d":"0.2%"}},{"v":2.1968365553602814E-3,"d":"0.2%"},{"v":2.0638982910922148E-3,"d":"0.2%"},{"v":2.0006155740227762E-3,"d":"0.2%"},{"v":0.002535023348899266,"d":"0.3%"},{"v":0.002619629758994062,"d":"0.3%"},{"v":3.3742949234488316E-3,"d":"0.3%"},{"v":0.005717324823826619,"d":"0.6%"},{"v":0.00463893613731251,"d":"0.5%"},{"v":0.004271144003829302,"d":"0.4%"},{"v":3.850065378468691E-3,"d":"0.4%"},{"v":0.002415989457500549,"d":"0.2%"},{"v":0.003436305620814194,"d":"0.3%"},{"v":0.002228600371433395,"d":"0.2%"},{"v":2.2372122978882073E-3,"d":"0.2%"},{"v":0.002251655629139073,"d":"0.2%"},{"v":2.3376970344643334E-3,"d":"0.2%"},{"v":0.002204071048878517,"d":"0.2%"},{"v":2.3687733873459437E-3,"d":"0.2%"},{"v":0.002231919784136713,"d":"0.2%"},{"v":1.086788594056145,"d":"108.68%"},"BRS"]
["MBRS",null,{"$f":"C62/C$129","v":{"v":0.004437869822485207,"d":"0.4%"}},{"v":4.3057996485061515E-3,"d":"0.4%"},{"v":4.1277965821844296E-3,"d":"0.4%"},{"v":0.004155124653739612,"d":"0.4%"},{"v":0.004402935290193462,"d":"0.4%"},{"v":5.1228315286994995E-3,"d":"0.5%"},{"v":0.005036261079774376,"d":"0.5%"},{"v":4.9195585693391835E-3,"d":"0.5%"},{"v":0.004522962733879697,"d":"0.5%"},{"v":0.004307964210758864,"d":"0.4%"},{"v":4.2132790934185675E-3,"d":"0.4%"},{"v":0.004209678600190351,"d":"0.4%"},{"v":0.003892142080718118,"d":"0.4%"},{"v":0.003613033935505656,"d":"0.4%"},{"v":3.593098539032575E-3,"d":"0.4%"},{"v":0.003543046357615894,"d":"0.4%"},{"v":3.473149879775581E-3,"d":"0.3%"},{"v":3.5978218591987553E-3,"d":"0.4%"},{"v":0.003604655154656871,"d":"0.4%"},{"v":3.4644725007495253E-3,"d":"0.3%"},{"v":0.8473418079987856,"d":"84.73%"},"MBRS"]
["Other",null,{"$f":"C63/C$129","v":{"v":0.007488905325443787,"d":"0.7%"}},{"v":0.007557117750439367,"d":"0.8%"},{"v":0.008007925369437794,"d":"0.8%"},{"v":0.008848876577408434,"d":"0.9%"},{"v":0.011407605070046697,"d":"1.1%"},{"v":0.01379671673070206,"d":"1.4%"},{"v":0.016821112006446415,"d":"1.7%"},{"v":0.01719629481895138,"d":"1.7%"},{"v":0.016816143497757848,"d":"1.7%"},{"v":0.01726867704996502,"d":"1.7%"},{"v":0.017506901060584047,"d":"1.8%"},{"v":0.01746101471557215,"d":"1.7%"},{"v":0.016304919527332654,"d":"1.6%"},{"v":0.016343069390511566,"d":"1.6%"},{"v":0.017592623978848174,"d":"1.8%"},{"v":0.017549668874172187,"d":"1.8%"},{"v":0.01830082821266364,"d":"1.8%"},{"v":0.018151173343705432,"d":"1.8%"},{"v":0.018057605822376328,"d":"1.8%"},{"v":0.018521602984776307,"d":"1.9%"},{"v":2.2417695654558547,"d":"224.18%"},"Other"]
["Total Other Research",null,{"$f":"C64/C$129","v":{"v":0.04659763313609468,"d":"4.7%"}},{"v":0.04868189806678383,"d":"4.9%"},{"v":0.048130108148270456,"d":"4.8%"},{"v":0.04855340104647584,"d":"4.9%"},{"v":0.05390260173448966,"d":"5.4%"},{"v":0.058970776574688556,"d":"5.9%"},{"v":0.0625,"d":"6.3%"},{"v":0.06532819217302664,"d":"6.5%"},{"v":0.06250966445028606,"d":"6.3%"},{"v":0.06178430722780662,"d":"6.2%"},{"v":0.061092546854569225,"d":"6.1%"},{"v":0.06043634233838495,"d":"6.0%"},{"v":0.06290543146674148,"d":"6.3%"},{"v":0.06010467668411278,"d":"6.0%"},{"v":0.06098098369546795,"d":"6.1%"},{"v":0.06029801324503311,"d":"6.0%"},{"v":0.06108068394336094,"d":"6.1%"},{"v":0.05944509270063529,"d":"5.9%"},{"v":0.06121047753098287,"d":"6.1%"},{"v":0.0615276991238882,"d":"6.2%"},{"v":1.253278017016362,"d":"125.33%"},"Total Other Research"]
["Total Research Grants",null,{"$f":"C65/C$129","v":{"v":0.7123705621301775,"d":"71.2%"}},{"v":0.7211775043936731,"d":"72.1%"},{"v":0.7285560967555519,"d":"72.9%"},{"v":0.737072945521699,"d":"73.7%"},{"v":0.7316210807204803,"d":"73.2%"},{"v":0.7380952380952381,"d":"73.8%"},{"v":0.7401289282836422,"d":"74.0%"},{"v":0.7373133005362762,"d":"73.7%"},{"v":0.7086748105767744,"d":"70.9%"},{"v":0.7157111822968445,"d":"71.6%"},{"v":0.7193447624582304,"d":"71.9%"},{"v":0.7183541986968299,"d":"71.8%"},{"v":0.7137347031803359,"d":"71.4%"},{"v":0.688097248016208,"d":"68.8%"},{"v":0.7119758652249076,"d":"71.2%"},{"v":0.7103311258278145,"d":"71.0%"},{"v":0.7117953513224686,"d":"71.2%"},{"v":0.6960002593024763,"d":"69.6%"},{"v":0.6844725187957019,"d":"68.4%"},{"v":0.690829141543689,"d":"69.1%"},{"v":0.9471811408261537,"d":"94.72%"},"Total Research Grants"]
["Training"]
["Individual",null,{"$f":"C67/C$129","v":{"v":0.005917159763313609,"d":"0.6%"}},{"v":0.005887521968365553,"d":"0.6%"},{"v":5.696359283414513E-3,"d":"0.6%"},{"v":0.00538627269929209,"d":"0.5%"},{"v":5.7371581054036025E-3,"d":"0.6%"},{"v":5.006403539410874E-3,"d":"0.5%"},{"v":0.004784448025785657,"d":"0.5%"},{"v":0.004520675442095466,"d":"0.5%"},{"v":4.1750425235812585E-3,"d":"0.4%"},{"v":0.004160683383040612,"d":"0.4%"},{"v":0.00432224320790353,"d":"0.4%"},{"v":0.004502525807160114,"d":"0.5%"},{"v":4.2427855114134435E-3,"d":"0.4%"},{"v":0.004153300692216782,"d":"0.4%"},{"v":0.004135453035490322,"d":"0.4%"},{"v":0.004172185430463576,"d":"0.4%"},{"v":0.004241250333956719,"d":"0.4%"},{"v":0.004213665240503046,"d":"0.4%"},{"v":4.5315664801400665E-3,"d":"0.5%"},{"v":0.004530464039441687,"d":"0.5%"},{"$f":"AVERAGE(T104:V104)/AVERAGE(D104:F104)","v":{"v":0.7822967191906975,"d":"78.23%"}},{"$f":"A104","v":"Individual"}]
["Institutional",null,{"$f":"C68/C$129","v":{"v":0.029308431952662722,"d":"2.9%"}},{"v":0.0289103690685413,"d":"2.9%"},{"v":0.028729464212003633,"d":"2.9%"},{"v":0.02754693751923669,"d":"2.8%"},{"v":0.02828552368245497,"d":"2.8%"},{"v":0.02637093957387356,"d":"2.6%"},{"v":0.024879129734085414,"d":"2.5%"},{"v":0.024331870761866773,"d":"2.4%"},{"v":0.023310654089995362,"d":"2.3%"},{"v":0.02312308995176553,"d":"2.3%"},{"v":0.022700857184367283,"d":"2.3%"},{"v":0.022256387729702027,"d":"2.2%"},{"v":0.023177530768961042,"d":"2.3%"},{"v":0.021847036974506163,"d":"2.2%"},{"v":0.022202637198739026,"d":"2.2%"},{"v":0.021490066225165562,"d":"2.1%"},{"v":0.021506812717071867,"d":"2.2%"},{"v":0.020484895630753272,"d":"2.0%"},{"v":0.02063235950427409,"d":"2.1%"},{"v":0.02005396582164629,"d":"2.0%"},{"v":0.7180835754467931,"d":"71.81%"},"Institutional"]
["Total Training",null,{"$f":"C69/C$129","v":{"v":0.035225591715976334,"d":"3.5%"}},{"v":0.03471001757469244,"d":"3.5%"},{"v":0.034425823495418145,"d":"3.4%"},{"v":0.032933210218528776,"d":"3.3%"},{"v":0.033955970647098065,"d":"3.4%"},{"v":0.031435557107928745,"d":"3.1%"},{"v":0.029713940370668816,"d":"3.0%"},{"v":0.02885254620396224,"d":"2.9%"},{"v":0.02748569661357662,"d":"2.7%"},{"v":0.027283773334806142,"d":"2.7%"},{"v":0.02702310039227081,"d":"2.7%"},{"v":0.026758913536862144,"d":"2.7%"},{"v":0.027420316280374488,"d":"2.7%"},{"v":0.026000337666722946,"d":"2.6%"},{"v":0.026304193078200738,"d":"2.6%"},{"v":0.02566225165562914,"d":"2.6%"},{"v":0.025781458722949506,"d":"2.6%"},{"v":0.02466614806171399,"d":"2.5%"},{"v":0.025198256033506127,"d":"2.5%"},{"v":0.024584429861087977,"d":"2.5%"},{"v":0.7293967467746466,"d":"72.94%"},"Total Training"]
["R&D Contracts",null,{"$f":"C70/C$129","v":{"v":0.07313239644970414,"d":"7.3%"}},{"v":0.0672231985940246,"d":"6.7%"},{"v":0.06521918599851399,"d":"6.5%"},{"v":0.061095721760541705,"d":"6.1%"},{"v":0.07118078719146097,"d":"7.1%"},{"v":0.06682966585167074,"d":"6.7%"},{"v":0.06990330378726833,"d":"7.0%"},{"v":0.07281833089571423,"d":"7.3%"},{"v":0.08895160043296738,"d":"8.9%"},{"v":0.09915681726131301,"d":"9.9%"},{"v":0.0914572134243789,"d":"9.1%"},{"v":0.0945530419503624,"d":"9.5%"},{"v":0.10466706406255478,"d":"10.5%"},{"v":0.1096741516123586,"d":"11.0%"},{"v":0.10365750313548694,"d":"10.4%"},{"v":0.10413907284768212,"d":"10.4%"},{"v":0.10012022441891531,"d":"10.0%"},{"v":0.09448333981589524,"d":"9.4%"},{"v":0.10048405369219678,"d":"10.0%"},{"v":0.09960358439654886,"d":"10.0%"},{"v":1.5220308984900461,"d":"152.20%"},"R&D Contracts"]
["(SBIR/STTR)",null,{"$f":"C71/C$129","v":{"v":5.547337278106509E-4,"d":"0.1%"}},{"v":0.000351493848857645,"d":"0.0%"},{"v":9.0811524808057456E-4,"d":"0.1%"},{"v":1.0003077870113881E-3,"d":"0.1%"},{"v":7.3382254836557709E-4,"d":"0.1%"},{"v":7.5678193037606242E-4,"d":"0.1%"},{"v":8.5616438356164379E-4,"d":"0.1%"},{"v":8.4208660195895938E-4,"d":"0.1%"},{"v":8.5047162517396012E-4,"d":"0.1%"},{"v":8.1004455245038481E-4,"d":"0.1%"},{"v":0.008608165044312074,"d":"0.9%"},{"v":8.7854162090929061E-4,"d":"0.1%"},{"v":9.1167291980784738E-4,"d":"0.1%"},{"v":7.4286679047779846E-4,"d":"0.1%"},{"v":1.0847089929154944E-3,"d":"0.1%"},{"v":1.0927152317880796E-3,"d":"0.1%"},{"v":1.2690355329949238E-3,"d":"0.1%"},{"v":1.8475301439128745E-3,"d":"0.2%"},{"v":2.0254728964262418E-3,"d":"0.2%"},{"v":2.1652953129684535E-3,"d":"0.2%"},{"v":2.671911695599427,"d":"267.19%"},"(SBIR/STTR)"]
["Intramural Research",null,{"$f":"C72/C$129","v":{"v":0.11307322485207101,"d":"11.3%"}},{"v":0.11379613356766256,"d":"11.4%"},{"v":0.11112028399240485,"d":"11.1%"},{"v":0.11041859033548784,"d":"11.0%"},{"v":0.10440293529019347,"d":"10.4%"},{"v":0.10164163464896961,"d":"10.2%"},{"v":0.09830781627719581,"d":"9.8%"},{"v":0.0986127731241413,"d":"9.9%"},{"v":0.09915725993505489,"d":"9.9%"},{"v":0.09790493022570787,"d":"9.8%"},{"v":0.09944791515327618,"d":"9.9%"},{"v":0.10051980379237133,"d":"10.1%"},{"v":0.10642028121603142,"d":"10.6%"},{"v":0.10450785075130846,"d":"10.5%"},{"v":0.10925053388020745,"d":"10.9%"},{"v":0.10947019867549669,"d":"10.9%"},{"v":0.11124098316858134,"d":"11.1%"},{"v":0.11023596525346817,"d":"11.0%"},{"v":0.11146966940162724,"d":"11.1%"},{"v":0.1123954828608548,"d":"11.2%"},{"v":0.996320424797433,"d":"99.63%"},"Intramural Research"]
["Other*",null,{"$f":"C73/C$129","v":{"v":0.06629068047337278,"d":"6.6%"}},{"v":0.06318101933216169,"d":"6.3%"},{"v":0.06059605382646743,"d":"6.1%"},{"v":0.05847953216374269,"d":"5.8%"},{"v":0.05883922615076718,"d":"5.9%"},{"v":0.06205611829083712,"d":"6.2%"},{"v":0.061946011281224816,"d":"6.2%"},{"v":0.06240304923990604,"d":"6.2%"},{"v":0.07576929024277099,"d":"7.6%"},{"v":0.05998011708825804,"d":"6.0%"},{"v":0.06276332994333866,"d":"6.3%"},{"v":0.0598140420235742,"d":"6.0%"},{"v":0.046845962340895546,"d":"4.7%"},{"v":0.07097754516292419,"d":"7.1%"},{"v":0.04881190468119725,"d":"4.9%"},{"v":0.05036423841059603,"d":"5.0%"},{"v":0.05109537803900614,"d":"5.1%"},{"v":0.07464670037598858,"d":"7.5%"},{"v":0.07840983212605994,"d":"7.8%"},{"v":0.07258736133781939,"d":"7.3%"},{"v":1.2380560553114306,"d":"123.81%"},"Other*"]
["All NIH ICs",null,{"$f":"C74/C$129","v":{"v":1,"d":"100.0%"}},{"v":1,"d":"100.0%"},{"v":1,"d":"100.0%"},{"v":1,"d":"100.0%"},{"v":1,"d":"100.0%"},{"v":1,"d":"100.0%"},{"v":1,"d":"100.0%"},{"v":1,"d":"100.0%"},{"v":1,"d":"100.0%"},{"v":1,"d":"100.0%"},{"v":1,"d":"100.0%"},{"v":1,"d":"100.0%"},{"v":1.0213541849293453,"d":"102.1%"},{"v":1,"d":"100.0%"},{"v":1,"d":"100.0%"},{"v":1,"d":"100.0%"},{"v":1,"d":"100.0%"},{"v":1,"d":"100.0%"},{"v":1,"d":"100.0%"},{"v":1,"d":"100.0%"},{"v":1,"d":"100.00%"},"All NIH ICs"]
[]
["Get Subtotals"]
[null,null,1995,1996,1997,1998,1999,2000,2001,2002,2003,2004,2005,2006,2007,2008,2009,2010,2011,2012,2013,2014]
["Congressional Appropriation/1000",null,{"v":11299.522,"d":"11300"},{"v":11927.562,"d":"11928"},{"v":12740.843,"d":"12741"},{"v":13674.843,"d":"13675"},{"v":15629.156,"d":"15629"},{"v":17840.587,"d":"17841"},{"v":20458.556,"d":"20459"},{"v":23321.382,"d":"23321"},{"v":27166.715,"d":"27167"},{"v":28036.627,"d":"28037"},{"v":28594.357,"d":"28594"},{"v":28560.417,"d":"28560"},{"v":29178.504,"d":"29179"},{"v":29607.07,"d":"29607"},{"v":30545.098,"d":"30545"},31238,{"v":30916.345,"d":"30916"},{"v":30860.913,"d":"30861"},{"v":29315.822,"d":"29316"},{"v":30142.653,"d":"30143"}]
["Appropriation-All NIH IC's",null,{"$f":"C115-C74","v":{"v":483.52200000000084,"d":"484"}},{"v":547.5619999999999,"d":"548"},{"v":627.8430000000008,"d":"628"},{"v":678.8430000000008,"d":"679"},{"v":639.1560000000009,"d":"639"},{"v":662.5869999999995,"d":"663"},{"v":602.5560000000005,"d":"603"},{"v":758.3820000000014,"d":"758"},{"v":1298.7150000000001,"d":"1299"},{"v":877.6270000000004,"d":"878"},{"v":1062.357,"d":"1062"},{"v":1242.4170000000013,"d":"1242"},{"v":50.504000000000815,"d":"51"},{"v":-7.930000000000291,"d":"-8"},{"v":1044.0980000000018,"d":"1044"},1038,{"v":972.3450000000012,"d":"972"},{"v":8.913000000000466,"d":"9"},{"v":186.82200000000012,"d":"187"},{"v":123.65299999999843,"d":"124"}]
[]
["Competing RPG Grants",null,{"$f":"C46","v":1563},1627,1817,1939,2515,2912,3032,3183,3517,3562,3396,3358,3788,3666,3921,3933,3732,3791,3439,4479]
["Non-competing RPG Grants",null,{"$f":"C44","v":4404},4726,4998,5474,5822,6715,7941,9135,10029,10784,10997,11052,11005,11178,11397,11773,11893,11946,11119,10785]
[" Total, RPGs ",null,{"$f":"C49","v":6195},6612,7154,7787,8779,10118,11595,13038,14287,15213,15475,15314,15627,15654,16186,16549,16476,16599,15445,16168]
[" Total, Centers ",null,{"$f":"C56","v":1006},1040,1089,1161,1380,1547,1860,2124,2428,2546,2647,2660,2934,2944,3019,3083,3009,3039,2709,2723]
[" Total, Other Research ",null,{"$f":"C64","v":504},554,583,631,808,1013,1241,1474,1617,1678,1682,1651,1794,1780,1799,1821,1829,1834,1783,1847]
[" Total, Research Grants ",null,{"$f":"C65","v":7705},8207,8825,9579,10967,12679,14696,16636,18332,19438,19805,19624,20355,20378,21004,21452,21314,21473,19938,20738]
[" Total, Training ",null,{"$f":"C69","v":381},395,417,428,509,540,590,651,711,741,744,731,782,770,776,775,772,761,734,738]
["R&D Contracts",null,791,765,790,794,1067,1148,1388,1643,2301,2693,2518,2583,2985,3248,3058,3145,2998,2915,2927,2990]
["(SBIR/STTR)",null,6,4,11,13,11,13,17,19,22,22,237,24,26,22,32,33,38,57,59,65]
[" Intramural Research ",null,{"$f":"C72","v":1223},1295,1346,1435,1565,1746,1952,2225,2565,2659,2738,2746,3035,3095,3223,3306,3331,3401,3247,3374]
["Other*",null,{"$f":"C73","v":717},719,734,760,882,1066,1230,1408,1960,1629,1728,1634,1336,2102,1440,1521,1530,2303,2284,2179]
[" All NIH  ICs ",null,{"$f":"C74","v":10816},11380,12113,12996,14990,17178,19856,22563,25868,27159,27532,27318,{"$f":"O130","v":28519},{"$f":"P74","v":29615},29501,30200,29944,30852,29129,30019,"Total"]
[null,null,{"$f":"SUM(C120:C128)-C123","v":10823},11384,12124,13009,15001,17191,19873,22582,25891,27181,27769,27343,28519,29615,29533,30233,29983,30909,29188,30084]
[null,null,{"$f":"SUM(C120:C122)","v":7705},8206,8826,9579,10967,12678,14696,16636,18332,19437,19804,19625,20355,20378,21004,21453,21314,21472,19937,20738]
["Total RPGs + Training",null,{"$f":"C120+C124","v":6576},7007,7571,8215,9288,10658,12185,13689,14998,15954,16219,16045,16409,16424,16962,17324,17248,17360,16179,16906]
["Total Centers, Other Research, R&D  Other*",null,{"$f":"C121+C122+C125+C128","v":3018},3078,3196,3346,4137,4774,5719,6649,8306,8546,8575,8528,9049,10074,9316,9570,9366,10091,9703,9739]
["Ratio of Other+Contacts to RPG+Training",null,{"$f":"C133/C132","v":{"v":0.45894160583941607,"d":"0.46"}},{"v":0.43927501070358216,"d":"0.44"},{"v":0.4221371021001189,"d":"0.42"},{"v":0.407303712720633,"d":"0.41"},{"v":0.44541343669250644,"d":"0.45"},{"v":0.44792644023268907,"d":"0.45"},{"v":0.46934755847353304,"d":"0.47"},{"v":0.4857184600774344,"d":"0.49"},{"v":0.5538071742899053,"d":"0.55"},{"v":0.5356650369813213,"d":"0.54"},{"v":0.5287009063444109,"d":"0.53"},{"v":0.5315051417887192,"d":"0.53"},{"v":0.551465659089524,"d":"0.55"},{"v":0.613370677057964,"d":"0.61"},{"v":0.5492276854144559,"d":"0.55"},{"v":0.5524128376818287,"d":"0.55"},{"v":0.5430194805194806,"d":"0.54"},{"v":0.5812788018433179,"d":"0.58"},{"v":0.5997280425242598,"d":"0.60"},{"v":0.5760676682834497,"d":"0.58"}]
[]
[null,null,1995,1996,1997,1998,1999,2000,2001,2002,2003,2004,2005,2006,2007,2008,2009,2010,2011,2012,2013,2014]
["Fraction Competing",null,{"$f":"C138/(C138+C139)","v":{"v":0.2619406737053796,"d":"26.2%"}},{"v":0.2560994805603652,"d":"25.6%"},{"v":0.26661775495231105,"d":"26.7%"},{"v":0.26156751652502364,"d":"26.2%"},{"v":0.3016672664027828,"d":"30.2%"},{"v":0.3024826010179703,"d":"30.2%"},{"v":0.2763145903581518,"d":"27.6%"},{"v":0.2584023380418899,"d":"25.8%"},{"v":0.2596338402480437,"d":"26.0%"},{"v":0.24829220688693712,"d":"24.8%"},{"v":0.2359480302925033,"d":"23.6%"},{"v":0.23303261623872312,"d":"23.3%"},{"v":0.25606705874400054,"d":"25.6%"},{"v":0.24696847210994338,"d":"24.7%"},{"v":0.2559733646690169,"d":"25.6%"},{"v":0.25041385457786836,"d":"25.0%"},{"v":0.23884799999999998,"d":"23.9%"},{"v":0.2408972485225901,"d":"24.1%"},{"v":0.23622750377799148,"d":"23.6%"},{"v":0.293435534591195,"d":"29.3%"},{"$f":"AVERAGE(T137:V137)/AVERAGE(D137:F137)","v":{"v":0.9825006604931884,"d":"98.25%"}},{"$f":"A137","v":"Fraction Competing"}]
["Competing RPG Grants",null,{"$f":"C118/C$129","v":{"v":0.14450813609467456,"d":"14.5%"}},{"v":0.1429701230228471,"d":"14.3%"},{"v":0.15000412779658218,"d":"15.0%"},{"v":0.14919975377039088,"d":"14.9%"},{"v":0.16777851901267513,"d":"16.8%"},{"v":0.16951915240423798,"d":"17.0%"},{"v":0.15269943593875906,"d":"15.3%"},{"v":0.14107166600186147,"d":"14.1%"},{"v":0.1359594866244008,"d":"13.6%"},{"v":0.1311535770831032,"d":"13.1%"},{"v":0.12334737759697806,"d":"12.3%"},{"v":0.12292261512555824,"d":"12.3%"},{"v":0.13282373154738947,"d":"13.3%"},{"v":0.12378862063143677,"d":"12.4%"},{"v":0.13291074878817669,"d":"13.3%"},{"v":0.1302317880794702,"d":"13.0%"},{"v":0.12463264760886988,"d":"12.5%"},{"v":0.12287696097497731,"d":"12.3%"},{"v":0.11806103882728552,"d":"11.8%"},{"v":0.1492055031813185,"d":"14.9%"},{"v":0.8823302567175912,"d":"88.23%"},"Competing RPG Grants"]
["Non-competing RPG Grants",null,{"$f":"C119/C$129","v":{"v":0.40717455621301774,"d":"40.7%"}},{"v":0.41528998242530757,"d":"41.5%"},{"v":0.4126145463551556,"d":"41.3%"},{"v":0.4212065250846414,"d":"42.1%"},{"v":0.38839226150767175,"d":"38.8%"},{"v":0.3909069740365584,"d":"39.1%"},{"v":0.3999294923448832,"d":"40.0%"},{"v":0.40486637415237337,"d":"40.5%"},{"v":0.387699087675893,"d":"38.8%"},{"v":0.3970691115284068,"d":"39.7%"},{"v":0.3994261223303792,"d":"39.9%"},{"v":0.4045684164287283,"d":"40.5%"},{"v":0.38588309548020616,"d":"38.6%"},{"v":0.37744386290731047,"d":"37.7%"},{"v":0.38632588725805905,"d":"38.6%"},{"v":0.3898344370860927,"d":"39.0%"},{"v":0.39717472615549027,"d":"39.7%"},{"v":0.38720342279268766,"d":"38.7%"},{"v":0.3817158158536167,"d":"38.2%"},{"v":0.3592724607748426,"d":"35.9%"},{"v":0.9031956733792414,"d":"90.32%"},"Non-competing RPG Grants"]
[" Total, RPGs ",null,{"$f":"C120/C$129","v":{"v":0.572762573964497,"d":"57.3%"}},{"v":0.5810193321616872,"d":"58.1%"},{"v":0.5906051349789483,"d":"59.1%"},{"v":0.5991843644198215,"d":"59.9%"},{"v":0.585657104736491,"d":"58.6%"},{"v":0.5890091978111538,"d":"58.9%"},{"v":0.5839544721998389,"d":"58.4%"},{"v":0.5778486903337322,"d":"57.8%"},{"v":0.5523040049481985,"d":"55.2%"},{"v":0.560145808019441,"d":"56.0%"},{"v":0.5620732238849339,"d":"56.2%"},{"v":0.5605827659418698,"d":"56.1%"},{"v":0.5479504891475858,"d":"54.8%"},{"v":0.528583488097248,"d":"52.9%"},{"v":0.5486593674790685,"d":"54.9%"},{"v":0.5479801324503312,"d":"54.8%"},{"v":0.5502270905690623,"d":"55.0%"},{"v":0.5380202255931544,"d":"53.8%"},{"v":0.5302276082254798,"d":"53.0%"},{"v":0.5385922249242147,"d":"53.9%"},{"v":0.9074045882902463,"d":"90.74%"}," Total, RPGs "]
[" Total, Centers ",null,{"$f":"C121/C$129","v":{"v":0.0930103550295858,"d":"9.3%"}},{"v":0.0913884007029877,"d":"9.1%"},{"v":0.08990340955997689,"d":"9.0%"},{"v":0.08933518005540166,"d":"8.9%"},{"v":0.09206137424949967,"d":"9.2%"},{"v":0.09005704971475142,"d":"9.0%"},{"v":0.09367445608380338,"d":"9.4%"},{"v":0.09413641802951735,"d":"9.4%"},{"v":0.09386114117828978,"d":"9.4%"},{"v":0.09374424684266726,"d":"9.4%"},{"v":0.09614267034723231,"d":"9.6%"},{"v":0.09737169631744637,"d":"9.7%"},{"v":0.10287878256600863,"d":"10.3%"},{"v":0.0994090832348472,"d":"9.9%"},{"v":0.10233551405037117,"d":"10.2%"},{"v":0.1020860927152318,"d":"10.2%"},{"v":0.10048757681004541,"d":"10.0%"},{"v":0.0985025281991443,"d":"9.9%"},{"v":0.09300010299014727,"d":"9.3%"},{"v":0.09070921749558612,"d":"9.1%"},{"v":1.0428074759021004,"d":"104.28%"}," Total, Centers "]
[" Total, Other Research ",null,{"$f":"C122/C$129","v":{"v":0.04659763313609468,"d":"4.7%"}},{"v":0.04868189806678383,"d":"4.9%"},{"v":0.048130108148270456,"d":"4.8%"},{"v":0.04855340104647584,"d":"4.9%"},{"v":0.05390260173448966,"d":"5.4%"},{"v":0.058970776574688556,"d":"5.9%"},{"v":0.0625,"d":"6.3%"},{"v":0.06532819217302664,"d":"6.5%"},{"v":0.06250966445028606,"d":"6.3%"},{"v":0.06178430722780662,"d":"6.2%"},{"v":0.061092546854569225,"d":"6.1%"},{"v":0.06043634233838495,"d":"6.0%"},{"v":0.06290543146674148,"d":"6.3%"},{"v":0.06010467668411278,"d":"6.0%"},{"v":0.06098098369546795,"d":"6.1%"},{"v":0.06029801324503311,"d":"6.0%"},{"v":0.06108068394336094,"d":"6.1%"},{"v":0.05944509270063529,"d":"5.9%"},{"v":0.06121047753098287,"d":"6.1%"},{"v":0.0615276991238882,"d":"6.2%"},{"v":1.253278017016362,"d":"125.33%"}," Total, Other Research "]
[" Total, Research Grants ",null,{"$f":"C123/C$129","v":{"v":0.7123705621301775,"d":"71.2%"}},{"v":0.7211775043936731,"d":"72.1%"},{"v":0.7285560967555519,"d":"72.9%"},{"v":0.737072945521699,"d":"73.7%"},{"v":0.7316210807204803,"d":"73.2%"},{"v":0.7380952380952381,"d":"73.8%"},{"v":0.7401289282836422,"d":"74.0%"},{"v":0.7373133005362762,"d":"73.7%"},{"v":0.7086748105767744,"d":"70.9%"},{"v":0.7157111822968445,"d":"71.6%"},{"v":0.7193447624582304,"d":"71.9%"},{"v":0.7183541986968299,"d":"71.8%"},{"v":0.7137347031803359,"d":"71.4%"},{"v":0.688097248016208,"d":"68.8%"},{"v":0.7119758652249076,"d":"71.2%"},{"v":0.7103311258278145,"d":"71.0%"},{"v":0.7117953513224686,"d":"71.2%"},{"v":0.6960002593024763,"d":"69.6%"},{"v":0.6844725187957019,"d":"68.4%"},{"v":0.690829141543689,"d":"69.1%"},{"v":0.9471811408261537,"d":"94.72%"}," Total, Research Grants "]
[" Total, Training ",null,{"$f":"C124/C$129","v":{"v":0.035225591715976334,"d":"3.5%"}},{"v":0.03471001757469244,"d":"3.5%"},{"v":0.034425823495418145,"d":"3.4%"},{"v":0.032933210218528776,"d":"3.3%"},{"v":0.033955970647098065,"d":"3.4%"},{"v":0.031435557107928745,"d":"3.1%"},{"v":0.029713940370668816,"d":"3.0%"},{"v":0.02885254620396224,"d":"2.9%"},{"v":0.02748569661357662,"d":"2.7%"},{"v":0.027283773334806142,"d":"2.7%"},{"v":0.02702310039227081,"d":"2.7%"},{"v":0.026758913536862144,"d":"2.7%"},{"v":0.027420316280374488,"d":"2.7%"},{"v":0.026000337666722946,"d":"2.6%"},{"v":0.026304193078200738,"d":"2.6%"},{"v":0.02566225165562914,"d":"2.6%"},{"v":0.025781458722949506,"d":"2.6%"},{"v":0.02466614806171399,"d":"2.5%"},{"v":0.025198256033506127,"d":"2.5%"},{"v":0.024584429861087977,"d":"2.5%"},{"v":0.7293967467746466,"d":"72.94%"}," Total, Training "]
["R&D Contracts",null,{"$f":"C125/C$129","v":{"v":0.07313239644970414,"d":"7.3%"}},{"v":0.0672231985940246,"d":"6.7%"},{"v":0.06521918599851399,"d":"6.5%"},{"v":0.061095721760541705,"d":"6.1%"},{"v":0.07118078719146097,"d":"7.1%"},{"v":0.06682966585167074,"d":"6.7%"},{"v":0.06990330378726833,"d":"7.0%"},{"v":0.07281833089571423,"d":"7.3%"},{"v":0.08895160043296738,"d":"8.9%"},{"v":0.09915681726131301,"d":"9.9%"},{"v":0.0914572134243789,"d":"9.1%"},{"v":0.0945530419503624,"d":"9.5%"},{"v":0.10466706406255478,"d":"10.5%"},{"v":0.1096741516123586,"d":"11.0%"},{"v":0.10365750313548694,"d":"10.4%"},{"v":0.10413907284768212,"d":"10.4%"},{"v":0.10012022441891531,"d":"10.0%"},{"v":0.09448333981589524,"d":"9.4%"},{"v":0.10048405369219678,"d":"10.0%"},{"v":0.09960358439654886,"d":"10.0%"},{"v":1.5220308984900461,"d":"152.20%"},"R&D Contracts"]
["(SBIR/STTR)",null,{"$f":"C126/C$129","v":{"v":5.547337278106509E-4,"d":"0.1%"}},{"v":0.000351493848857645,"d":"0.0%"},{"v":9.0811524808057456E-4,"d":"0.1%"},{"v":1.0003077870113881E-3,"d":"0.1%"},{"v":7.3382254836557709E-4,"d":"0.1%"},{"v":7.5678193037606242E-4,"d":"0.1%"},{"v":8.5616438356164379E-4,"d":"0.1%"},{"v":8.4208660195895938E-4,"d":"0.1%"},{"v":8.5047162517396012E-4,"d":"0.1%"},{"v":8.1004455245038481E-4,"d":"0.1%"},{"v":0.008608165044312074,"d":"0.9%"},{"v":8.7854162090929061E-4,"d":"0.1%"},{"v":9.1167291980784738E-4,"d":"0.1%"},{"v":7.4286679047779846E-4,"d":"0.1%"},{"v":1.0847089929154944E-3,"d":"0.1%"},{"v":1.0927152317880796E-3,"d":"0.1%"},{"v":1.2690355329949238E-3,"d":"0.1%"},{"v":1.8475301439128745E-3,"d":"0.2%"},{"v":2.0254728964262418E-3,"d":"0.2%"},{"v":2.1652953129684535E-3,"d":"0.2%"},{"v":2.671911695599427,"d":"267.19%"},"(SBIR/STTR)"]
[" Intramural Research ",null,{"$f":"C127/C$129","v":{"v":0.11307322485207101,"d":"11.3%"}},{"v":0.11379613356766256,"d":"11.4%"},{"v":0.11112028399240485,"d":"11.1%"},{"v":0.11041859033548784,"d":"11.0%"},{"v":0.10440293529019347,"d":"10.4%"},{"v":0.10164163464896961,"d":"10.2%"},{"v":0.09830781627719581,"d":"9.8%"},{"v":0.0986127731241413,"d":"9.9%"},{"v":0.09915725993505489,"d":"9.9%"},{"v":0.09790493022570787,"d":"9.8%"},{"v":0.09944791515327618,"d":"9.9%"},{"v":0.10051980379237133,"d":"10.1%"},{"v":0.10642028121603142,"d":"10.6%"},{"v":0.10450785075130846,"d":"10.5%"},{"v":0.10925053388020745,"d":"10.9%"},{"v":0.10947019867549669,"d":"10.9%"},{"v":0.11124098316858134,"d":"11.1%"},{"v":0.11023596525346817,"d":"11.0%"},{"v":0.11146966940162724,"d":"11.1%"},{"v":0.1123954828608548,"d":"11.2%"},{"v":0.996320424797433,"d":"99.63%"}," Intramural Research "]
["Other*",null,{"$f":"C128/C$129","v":{"v":0.06629068047337278,"d":"6.6%"}},{"v":0.06318101933216169,"d":"6.3%"},{"v":0.06059605382646743,"d":"6.1%"},{"v":0.05847953216374269,"d":"5.8%"},{"v":0.05883922615076718,"d":"5.9%"},{"v":0.06205611829083712,"d":"6.2%"},{"v":0.061946011281224816,"d":"6.2%"},{"v":0.06240304923990604,"d":"6.2%"},{"v":0.07576929024277099,"d":"7.6%"},{"v":0.05998011708825804,"d":"6.0%"},{"v":0.06276332994333866,"d":"6.3%"},{"v":0.0598140420235742,"d":"6.0%"},{"v":0.046845962340895546,"d":"4.7%"},{"v":0.07097754516292419,"d":"7.1%"},{"v":0.04881190468119725,"d":"4.9%"},{"v":0.05036423841059603,"d":"5.0%"},{"v":0.05109537803900614,"d":"5.1%"},{"v":0.07464670037598858,"d":"7.5%"},{"v":0.07840983212605994,"d":"7.8%"},{"v":0.07258736133781939,"d":"7.3%"},{"v":1.2380560553114306,"d":"123.81%"},"Other*"]
[" All NIH  ICs ",null,{"$f":"C129/C$129","v":{"v":1,"d":"100.0%"}},{"v":1,"d":"100.0%"},{"v":1,"d":"100.0%"},{"v":1,"d":"100.0%"},{"v":1,"d":"100.0%"},{"v":1,"d":"100.0%"},{"v":1,"d":"100.0%"},{"v":1,"d":"100.0%"},{"v":1,"d":"100.0%"},{"v":1,"d":"100.0%"},{"v":1,"d":"100.0%"},{"v":1,"d":"100.0%"},{"v":1,"d":"100.0%"},{"v":1,"d":"100.0%"},{"v":1,"d":"100.0%"},{"v":1,"d":"100.0%"},{"v":1,"d":"100.0%"},{"v":1,"d":"100.0%"},{"v":1,"d":"100.0%"},{"v":1,"d":"100.0%"},{"v":1,"d":"100.00%"}," All NIH  ICs "]
[null,null,1995,1996,1997,1998,1999,2000,2001,2002,2003,2004,2005,2006,2007,2008,2009,2010,2011,2012,2013,2014]
["Total RPGs + Training",null,{"$f":"C132/C$130","v":{"v":0.6075949367088608,"d":"60.8%"}},{"v":0.6155130007027407,"d":"61.6%"},{"v":0.6244638733091389,"d":"62.4%"},{"v":0.6314858943808133,"d":"63.1%"},{"v":0.6191587227518165,"d":"61.9%"},{"v":0.6199755686114827,"d":"62.0%"},{"v":0.6131434609772053,"d":"61.3%"},{"v":0.6061907714108582,"d":"60.6%"},{"v":0.5792746514232745,"d":"57.9%"},{"v":0.5869541223648872,"d":"58.7%"},{"v":0.5840685656667507,"d":"58.4%"},{"v":0.586804666642285,"d":"58.7%"},{"v":0.5753708054279603,"d":"57.5%"},{"v":0.5545838257639709,"d":"55.5%"},{"v":0.5743405681779704,"d":"57.4%"},{"v":0.5730162405318692,"d":"57.3%"},{"v":0.5752593136110462,"d":"57.5%"},{"v":0.5616487107315021,"d":"56.2%"},{"v":0.5543031382760039,"d":"55.4%"},{"v":0.5619598457651908,"d":"56.2%"},{"$f":"AVERAGE(T151:V151)/AVERAGE(D151:F151)","v":{"v":0.8965776520436858,"d":"89.66%"}},{"$f":"A151","v":"Total RPGs + Training"}]
["Total Centers, Other Research, R&D  Other*",null,{"$f":"C133/C$130","v":{"v":0.27885059595306294,"d":"27.9%"}},{"v":0.2703794799718904,"d":"27.0%"},{"v":0.26360936984493566,"d":"26.4%"},{"v":0.25720654931201475,"d":"25.7%"},{"v":0.2757816145590294,"d":"27.6%"},{"v":0.27770344947937875,"d":"27.8%"},{"v":0.28777738640366324,"d":"28.8%"},{"v":0.29443804800283413,"d":"29.4%"},{"v":0.3208064578424935,"d":"32.1%"},{"v":0.3144108016629263,"d":"31.4%"},{"v":0.3087975800352912,"d":"30.9%"},{"v":0.31188969754598983,"d":"31.2%"},{"v":0.31729724043620045,"d":"31.7%"},{"v":0.3401654566942428,"d":"34.0%"},{"v":0.31544374090001015,"d":"31.5%"},{"v":0.31654152746998315,"d":"31.7%"},{"v":0.3123770136410633,"d":"31.2%"},{"v":0.32647448963085185,"d":"32.6%"},{"v":0.3324311360833219,"d":"33.2%"},{"v":0.3237268980188805,"d":"32.4%"},{"$f":"AVERAGE(T152:V152)/AVERAGE(D152:F152)","v":{"v":1.2419593501365132,"d":"124.20%"}},{"$f":"A152","v":"Total Centers, Other Research, R&D  Other*"}]
[null,null,{"$f":"C151+C152","v":{"v":0.8864455326619237,"d":"88.6%"}},{"v":0.8858924806746311,"d":"88.6%"},{"v":0.8880732431540745,"d":"88.8%"},{"v":0.8886924436928281,"d":"88.9%"},{"v":0.8949403373108459,"d":"89.5%"},{"v":0.8976790180908615,"d":"89.8%"},{"v":0.9009208473808685,"d":"90.1%"},{"v":0.9006288194136923,"d":"90.1%"},{"v":0.900081109265768,"d":"90.0%"},{"v":0.9013649240278134,"d":"90.1%"},{"v":0.8928661457020419,"d":"89.3%"},{"v":0.8986943641882749,"d":"89.9%"},{"v":0.8926680458641607,"d":"89.3%"},{"v":0.8947492824582137,"d":"89.5%"},{"v":0.8897843090779806,"d":"89.0%"},{"v":0.8895577680018523,"d":"89.0%"},{"v":0.8876363272521095,"d":"88.8%"},{"v":0.888123200362354,"d":"88.8%"},{"v":0.8867342743593258,"d":"88.7%"},{"v":0.8856867437840712,"d":"88.6%"},{"$f":"AVERAGE(T153:V153)/AVERAGE(D153:F153)","v":{"v":0.9992060757022556,"d":"99.92%"}}]
[]
[]
[]
[]
[null,null,1995,1996,1997,1998,1999,2000,2001,2002,2003,2004,2005,2006,2007,2008,2009,2010,2011,2012,2013,2014]
[]
[1," Total R01",{"$f":"C180","v":{"v":0.4367960237610947,"d":"43.7%"}},{"v":0.4441565044815466,"d":"44.4%"},{"v":0.4511667845290184,"d":"45.1%"},{"v":0.46082504939981533,"d":"46.1%"},{"v":0.44914187151434287,"d":"44.9%"},{"v":0.44316990051228317,"d":"44.3%"},{"v":0.4284189858481064,"d":"42.8%"},{"v":0.4142526262908301,"d":"41.4%"},{"v":0.38987933496984695,"d":"39.0%"},{"v":0.38820387304392656,"d":"38.8%"},{"v":0.38790833008862413,"d":"38.8%"},{"v":0.3849708361885936,"d":"38.5%"},{"v":0.3652854137592482,"d":"36.5%"},{"v":0.3487479822387304,"d":"34.9%"},{"v":0.3598585657435341,"d":"36.0%"},{"v":0.36399098602649005,"d":"36.4%"},{"v":0.3626114227224152,"d":"36.3%"},{"v":0.35304335910151696,"d":"35.3%"},{"v":0.3458035022142882,"d":"34.6%"},{"v":0.34105899213831237,"d":"34.1%"}]
[2," Non-R01 RPG Grants",{"$f":"C140-C160","v":{"v":0.13596655020340231,"d":"13.6%"}},{"v":0.13686282768014063,"d":"13.7%"},{"v":0.13943835044992986,"d":"13.9%"},{"v":0.13835931502000615,"d":"13.8%"},{"v":0.13651523322214815,"d":"13.7%"},{"v":0.14583929729887063,"d":"14.6%"},{"v":0.15553548635173248,"d":"15.6%"},{"v":0.1635960640429021,"d":"16.4%"},{"v":0.1624246699783516,"d":"16.2%"},{"v":0.17194193497551447,"d":"17.2%"},{"v":0.17416489379630973,"d":"17.4%"},{"v":0.17561192975327622,"d":"17.6%"},{"v":0.1826650753883376,"d":"18.3%"},{"v":0.1798355058585176,"d":"18.0%"},{"v":0.18880080173553443,"d":"18.9%"},{"v":0.18398914642384112,"d":"18.4%"},{"v":0.18761566784664707,"d":"18.8%"},{"v":0.18497686649163747,"d":"18.5%"},{"v":0.18442410601119158,"d":"18.4%"},{"v":0.1975332327859023,"d":"19.8%"}]
[3," Centers, Other Research",{"$f":"C143-C140","v":{"v":0.13960798816568043,"d":"14.0%"}},{"v":0.1401581722319859,"d":"14.0%"},{"v":0.1379509617766036,"d":"13.8%"},{"v":0.13788858110187752,"d":"13.8%"},{"v":0.14596397598398925,"d":"14.6%"},{"v":0.14908604028408434,"d":"14.9%"},{"v":0.15617445608380331,"d":"15.6%"},{"v":0.159464610202544,"d":"15.9%"},{"v":0.15637080562857586,"d":"15.6%"},{"v":0.15556537427740347,"d":"15.6%"},{"v":0.15727153857329657,"d":"15.7%"},{"v":0.15777143275496008,"d":"15.8%"},{"v":0.16578421403275012,"d":"16.6%"},{"v":0.15951375991896,"d":"16.0%"},{"v":0.16331649774583912,"d":"16.3%"},{"v":0.16235099337748338,"d":"16.2%"},{"v":0.16156826075340636,"d":"16.2%"},{"v":0.1579800337093219,"d":"15.8%"},{"v":0.15424491057022216,"d":"15.4%"},{"v":0.15223691661947436,"d":"15.2%"}]
[4," R&D Contracts",{"$f":"C145","v":{"v":0.07313239644970414,"d":"7.3%"}},{"v":0.0672231985940246,"d":"6.7%"},{"v":0.06521918599851399,"d":"6.5%"},{"v":0.061095721760541705,"d":"6.1%"},{"v":0.07118078719146097,"d":"7.1%"},{"v":0.06682966585167074,"d":"6.7%"},{"v":0.06990330378726833,"d":"7.0%"},{"v":0.07281833089571423,"d":"7.3%"},{"v":0.08895160043296738,"d":"8.9%"},{"v":0.09915681726131301,"d":"9.9%"},{"v":0.0914572134243789,"d":"9.1%"},{"v":0.0945530419503624,"d":"9.5%"},{"v":0.10466706406255478,"d":"10.5%"},{"v":0.1096741516123586,"d":"11.0%"},{"v":0.10365750313548694,"d":"10.4%"},{"v":0.10413907284768212,"d":"10.4%"},{"v":0.10012022441891531,"d":"10.0%"},{"v":0.09448333981589524,"d":"9.4%"},{"v":0.10048405369219678,"d":"10.0%"},{"v":0.09960358439654886,"d":"10.0%"}]
[5," Intramural Research ",{"$f":"C147","v":{"v":0.11307322485207101,"d":"11.3%"}},{"v":0.11379613356766256,"d":"11.4%"},{"v":0.11112028399240485,"d":"11.1%"},{"v":0.11041859033548784,"d":"11.0%"},{"v":0.10440293529019347,"d":"10.4%"},{"v":0.10164163464896961,"d":"10.2%"},{"v":0.09830781627719581,"d":"9.8%"},{"v":0.0986127731241413,"d":"9.9%"},{"v":0.09915725993505489,"d":"9.9%"},{"v":0.09790493022570787,"d":"9.8%"},{"v":0.09944791515327618,"d":"9.9%"},{"v":0.10051980379237133,"d":"10.1%"},{"v":0.10642028121603142,"d":"10.6%"},{"v":0.10450785075130846,"d":"10.5%"},{"v":0.10925053388020745,"d":"10.9%"},{"v":0.10947019867549669,"d":"10.9%"},{"v":0.11124098316858134,"d":"11.1%"},{"v":0.11023596525346817,"d":"11.0%"},{"v":0.11146966940162724,"d":"11.1%"},{"v":0.1123954828608548,"d":"11.2%"}]
[6," Research Management",{"$f":"C148","v":{"v":0.06629068047337278,"d":"6.6%"}},{"v":0.06318101933216169,"d":"6.3%"},{"v":0.06059605382646743,"d":"6.1%"},{"v":0.05847953216374269,"d":"5.8%"},{"v":0.05883922615076718,"d":"5.9%"},{"v":0.06205611829083712,"d":"6.2%"},{"v":0.061946011281224816,"d":"6.2%"},{"v":0.06240304923990604,"d":"6.2%"},{"v":0.07576929024277099,"d":"7.6%"},{"v":0.05998011708825804,"d":"6.0%"},{"v":0.06276332994333866,"d":"6.3%"},{"v":0.0598140420235742,"d":"6.0%"},{"v":0.046845962340895546,"d":"4.7%"},{"v":0.07097754516292419,"d":"7.1%"},{"v":0.04881190468119725,"d":"4.9%"},{"v":0.05036423841059603,"d":"5.0%"},{"v":0.05109537803900614,"d":"5.1%"},{"v":0.07464670037598858,"d":"7.5%"},{"v":0.07840983212605994,"d":"7.8%"},{"v":0.07258736133781939,"d":"7.3%"}]
[7," Training ",{"$f":"C144","v":{"v":0.035225591715976334,"d":"3.5%"}},{"v":0.03471001757469244,"d":"3.5%"},{"v":0.034425823495418145,"d":"3.4%"},{"v":0.032933210218528776,"d":"3.3%"},{"v":0.033955970647098065,"d":"3.4%"},{"v":0.031435557107928745,"d":"3.1%"},{"v":0.029713940370668816,"d":"3.0%"},{"v":0.02885254620396224,"d":"2.9%"},{"v":0.02748569661357662,"d":"2.7%"},{"v":0.027283773334806142,"d":"2.7%"},{"v":0.02702310039227081,"d":"2.7%"},{"v":0.026758913536862144,"d":"2.7%"},{"v":0.027420316280374488,"d":"2.7%"},{"v":0.026000337666722946,"d":"2.6%"},{"v":0.026304193078200738,"d":"2.6%"},{"v":0.02566225165562914,"d":"2.6%"},{"v":0.025781458722949506,"d":"2.6%"},{"v":0.02466614806171399,"d":"2.5%"},{"v":0.025198256033506127,"d":"2.5%"},{"v":0.024584429861087977,"d":"2.5%"}]
[]
[null,"Total",{"$f":"SUM(C160:C166)","v":{"v":1.0000924556213018,"d":"100.0%"}},{"v":1.0000878734622145,"d":"100.0%"},{"v":0.9999174440683561,"d":"100.0%"},{"v":1,"d":"100.0%"},{"v":1,"d":"100.0%"},{"v":1.0000582139946443,"d":"100.0%"},{"v":0.9999999999999999,"d":"100.0%"},{"v":1,"d":"100.0%"},{"v":1.0000386578011442,"d":"100.0%"},{"v":1.0000368202069296,"d":"100.0%"},{"v":1.000036321371495,"d":"100.0%"},{"v":1,"d":"100.0%"},{"v":0.9990883270801921,"d":"99.9%"},{"v":0.9992571332095221,"d":"99.9%"},{"v":1,"d":"100.0%"},{"v":0.9999668874172185,"d":"100.0%"},{"v":1.000033395671921,"d":"100.0%"},{"v":1.0000324128095424,"d":"100.0%"},{"v":1.0000343300490921,"d":"100.0%"},{"v":1,"d":"100.0%"}]
[]
[]
[null,null,86]
[null,null,1995,1996,1997,1998,1999,2000,2001,2002,2003,2004,2005,2006,2007,2008,2009,2010,2011,2012,2013,2014]
[null,"All NIH ICs",{"$f":"C129","v":10816},11380,12113,12996,14990,17178,19856,22563,25868,27159,27532,27318,28519,29615,29501,30200,29944,30852,29129,30019]
[null,"Congressional Appropriation",{"v":11299.522,"d":"11300"},{"v":11927.562,"d":"11928"},{"v":12740.843,"d":"12741"},{"v":13674.843,"d":"13675"},{"v":15629.156,"d":"15629"},{"v":17840.587,"d":"17841"},{"v":20458.556,"d":"20459"},{"v":23321.382,"d":"23321"},{"v":27166.715,"d":"27167"},{"v":28036.627,"d":"28037"},{"v":28594.357,"d":"28594"},{"v":28560.417,"d":"28560"},{"v":29178.504,"d":"29179"},{"v":29607.07,"d":"29607"},{"v":30545.098,"d":"30545"},31238,{"v":30916.345,"d":"30916"},{"v":30860.913,"d":"30861"},{"v":29315.822,"d":"29316"},{"v":30142.653,"d":"30143"}]
["wgen!A","BRDPI ",{"$f":"wgen!AN30","v":{"v":1.8154010492856152,"d":"1.815"}},{"$f":"wgen!AO30","v":{"v":1.77010620097874,"d":"1.770"}},{"$f":"wgen!AP30","v":{"v":1.7221991911168801,"d":"1.722"}},{"$f":"wgen!AQ30","v":{"v":1.6657218326048506,"d":"1.666"}},{"$f":"wgen!AR30","v":{"v":1.6146017271194055,"d":"1.615"}},{"$f":"wgen!AS30","v":{"v":1.5565948877292457,"d":"1.557"}},{"$f":"wgen!AT30","v":{"v":1.5065079262328664,"d":"1.507"}},{"$f":"wgen!AU30","v":{"v":1.45820891017215,"d":"1.458"}},{"$f":"wgen!AV30","v":{"v":1.4086921760216948,"d":"1.409"}},{"$f":"wgen!AW30","v":{"v":1.3580946910250078,"d":"1.358"}},{"$f":"wgen!AX30","v":{"v":1.3072373099932542,"d":"1.307"}},{"$f":"wgen!AY30","v":{"v":1.2493971103128676,"d":"1.249"}},{"$f":"wgen!AZ30","v":{"v":1.2037267391822162,"d":"1.204"}},{"$f":"wgen!BA30","v":{"v":1.1499008427780466,"d":"1.150"}},{"$f":"wgen!BB30","v":{"v":1.117194444910883,"d":"1.117"}},{"$f":"wgen!BC30","v":{"v":1.0842232168853982,"d":"1.084"}},{"$f":"wgen!BD30","v":{"v":1.05406637781608,"d":"1.054"}},{"$f":"wgen!BE30","v":{"v":1.040734568,"d":"1.041"}},{"$f":"wgen!BF30","v":{"v":1.0216,"d":"1.022"}},{"$f":"wgen!BG30","v":{"v":1,"d":"1.000"}}]
[null,"Cong. Appro.  BRDPI Corrected",{"$f":"C174*C175","v":{"v":20513.164095225893,"d":"20513"}},{"v":21113.051458758382,"d":"21113"},{"v":21942.269508747166,"d":"21942"},{"v":22778.484542543614,"d":"22778"},{"v":25234.86227101862,"d":"25235"},{"v":27770.56651828884,"d":"27771"},{"v":30820.97677327897,"d":"30821"},{"v":34007.4470299284,"d":"34007"},{"v":38269.53886871122,"d":"38270"},{"v":38076.39428294839,"d":"38076"},{"v":37379.61032566678,"d":"37380"},{"v":35683.3024691305,"d":"35683"},{"v":35122.94547413525,"d":"35123"},{"v":34045.19474518862,"d":"34045"},{"v":34124.813804858524,"d":"34125"},{"v":33868.96484906607,"d":"33869"},{"v":32587.879789462273,"d":"32588"},{"v":32118.018959140583,"d":"32118"},{"v":29949.0437552,"d":"29949"},{"v":30142.653,"d":"30143"}]
[null,"Cong. Appro.  BRDPI Corrected",{"$f":"C176","v":{"v":20513.164095225893,"d":"20513"}},{"v":21113.051458758382,"d":"21113"},{"v":21942.269508747166,"d":"21942"},{"v":22778.484542543614,"d":"22778"},{"v":25234.86227101862,"d":"25235"},{"v":27770.56651828884,"d":"27771"},{"v":30820.97677327897,"d":"30821"},{"v":34007.4470299284,"d":"34007"},{"v":38269.53886871122,"d":"38270"},{"v":38076.39428294839,"d":"38076"},{"v":37379.61032566678,"d":"37380"},{"v":35683.3024691305,"d":"35683"},{"v":35122.94547413525,"d":"35123"},{"v":34045.19474518862,"d":"34045"},{"v":34124.813804858524,"d":"34125"},{"v":33868.96484906607,"d":"33869"},{"v":32587.879789462273,"d":"32588"},{"v":32118.018959140583,"d":"32118"},{"v":29949.0437552,"d":"29949"},{"v":30142.653,"d":"30143"}]
[]
["wgen!A","Total R01 Grants from FOIA (Nominal $million)",{"$f":"wgen!AN34","v":{"v":4724.385793,"d":"4724.386"}},{"$f":"wgen!AO34","v":{"v":5054.501021,"d":"5054.501"}},{"$f":"wgen!AP34","v":{"v":5464.983261,"d":"5464.983"}},{"$f":"wgen!AQ34","v":{"v":5988.882342,"d":"5988.882"}},{"$f":"wgen!AR34","v":{"v":6732.636654,"d":"6732.637"}},{"$f":"wgen!AS34","v":{"v":7612.772551,"d":"7612.773"}},{"$f":"wgen!AT34","v":{"v":8506.687383,"d":"8506.687"}},{"$f":"wgen!AU34","v":{"v":9346.782007,"d":"9346.782"}},{"$f":"wgen!AV34","v":{"v":10085.398637,"d":"10085.399"}},{"$f":"wgen!AW34","v":{"v":10543.228988,"d":"10543.229"}},{"$f":"wgen!AX34","v":{"v":10679.892144,"d":"10679.892"}},{"$f":"wgen!AY34","v":{"v":10516.633303,"d":"10516.633"}},{"$f":"wgen!AZ34","v":{"v":10417.574715,"d":"10417.575"}},{"$f":"wgen!BA34","v":{"v":10328.171494,"d":"10328.171"}},{"$f":"wgen!BB34","v":{"v":10616.187548,"d":"10616.188"}},{"$f":"wgen!BC34","v":{"v":10992.527778,"d":"10992.528"}},{"$f":"wgen!BD34","v":{"v":10858.036442,"d":"10858.036"}},{"$f":"wgen!BE34","v":{"v":10892.093715,"d":"10892.094"}},{"$f":"wgen!BF34","v":{"v":10072.910216,"d":"10072.910"}},{"$f":"wgen!BG34","v":{"v":10238.249885,"d":"10238.250"}}]
[null,"Total R01 Grants from FOIA %",{"$f":"C179/C173","v":{"v":0.4367960237610947,"d":"43.7%"}},{"v":0.4441565044815466,"d":"44.4%"},{"v":0.4511667845290184,"d":"45.1%"},{"v":0.46082504939981533,"d":"46.1%"},{"v":0.44914187151434287,"d":"44.9%"},{"v":0.44316990051228317,"d":"44.3%"},{"v":0.4284189858481064,"d":"42.8%"},{"v":0.4142526262908301,"d":"41.4%"},{"v":0.38987933496984695,"d":"39.0%"},{"v":0.38820387304392656,"d":"38.8%"},{"v":0.38790833008862413,"d":"38.8%"},{"v":0.3849708361885936,"d":"38.5%"},{"v":0.3652854137592482,"d":"36.5%"},{"v":0.3487479822387304,"d":"34.9%"},{"v":0.3598585657435341,"d":"36.0%"},{"v":0.36399098602649005,"d":"36.4%"},{"v":0.3626114227224152,"d":"36.3%"},{"v":0.35304335910151696,"d":"35.3%"},{"v":0.3458035022142882,"d":"34.6%"},{"v":0.34105899213831237,"d":"34.1%"}]
[]
[]
[]
[]
[]
[null,"Budget Item","Amount in BRDPI Corrected Million $",null,null,"Percent of Total NIH Budget "]
[null,null,"Average <95-97>","Average <12-14>","% Ratio \n<12-14> to\n<95-97>","Average <95-97>","Average <12-14>","% Ratio \n<12-14> to\n<95-97>"]
[null,"R&D Contracts",{"$f":"SUMPRODUCT(C$177:E$177,C107:E107)/3","v":{"v":1450.1735521694584,"d":"1,450"}},{"$f":"SUMPRODUCT(T$177:V$177,T107:V107)/3","v":{"v":3015.4451007595667,"d":"3,015"}},{"$f":"D188/C188","v":{"v":2.0793684288673333,"d":"207.9%"}},{"$f":"AVERAGE(C107:E107)","v":{"v":0.06852492701408092,"d":"6.9%"}},{"$f":"AVERAGE(T107:V107)","v":{"v":0.09819032596821363,"d":"9.8%"}},{"$f":"1/(F188/G188)","v":{"v":1.432913981039876,"d":"143.3%"}}]
[null,"Total Other Research",{"$f":"SUMPRODUCT(C$177:E$177,C101:E101)/3","v":{"v":1013.2573728127936,"d":"1,013"}},{"$f":"SUMPRODUCT(T$177:V$177,T101:V101)/3","v":{"v":1865.6873229395776,"d":"1,866"}},{"v":1.841276829558561,"d":"184.1%"},{"$f":"AVERAGE(C101:E101)","v":{"v":0.04780321311704966,"d":"4.8%"}},{"$f":"AVERAGE(T101:V101)","v":{"v":0.06072775645183545,"d":"6.1%"}},{"v":1.270369761612867,"d":"127.0%"}]
[null,"Grants Administration (Other*)",{"$f":"SUMPRODUCT(C$177:E$177,C110:E110)/3","v":{"v":1341.1302210460397,"d":"1,341"}},{"$f":"SUMPRODUCT(T$177:V$177,T110:V110)/3","v":{"v":2311.2597586953493,"d":"2,311"}},{"v":1.723367143939713,"d":"172.3%"},{"$f":"AVERAGE(C110:E110)","v":{"v":0.06335591787733397,"d":"6.3%"}},{"$f":"AVERAGE(T110:V110)","v":{"v":0.07521463127995598,"d":"7.5%"}},{"v":1.1871760965657883,"d":"118.7%"}]
[null,"Total Centers",{"$f":"SUMPRODUCT(C$177:E$177,C93:E93)/3","v":{"v":1936.7031747910705,"d":"1,937"}},{"$f":"SUMPRODUCT(T$177:V$177,T93:V93)/3","v":{"v":2894.395562928135,"d":"2,894"}},{"v":1.4944962142897191,"d":"149.4%"},{"$f":"AVERAGE(C93:E93)","v":{"v":0.09143405509751679,"d":"9.1%"}},{"$f":"AVERAGE(T93:V93)","v":{"v":0.09407061622829256,"d":"9.4%"}},{"v":1.0288356578734676,"d":"102.9%"}]
[null,"Intramural Research",{"$f":"SUMPRODUCT(C$177:E$177,C109:E109)/3","v":{"v":2386.7681530795267,"d":"2,387"}},{"$f":"SUMPRODUCT(T$177:V$177,T109:V109)/3","v":{"v":3422.28962230642,"d":"3,422"}},{"v":1.4338592619022557,"d":"143.4%"},{"$f":"AVERAGE(C109:E109)","v":{"v":0.11266321413737947,"d":"11.3%"}},{"$f":"AVERAGE(T109:V109)","v":{"v":0.11136703917198339,"d":"11.1%"}},{"v":0.9884951359206249,"d":"98.8%"}]
[null,"Total Research Program Grants",{"$f":"SUMPRODUCT(C$177:E$177,C86:E86)/3","v":{"v":12325.160256919633,"d":"12,325"}},{"$f":"SUMPRODUCT(T$177:V$177,T86:V86)/3","v":{"v":16464.850729783506,"d":"16,465"}},{"v":1.3358731559323744,"d":"133.6%"},{"$f":"AVERAGE(C86:E86)","v":{"v":0.5814623470350442,"d":"58.1%"}},{"$f":"AVERAGE(T86:V86)","v":{"v":0.5356133529142829,"d":"53.6%"}},{"v":0.9211488166782398,"d":"92.1%"}]
[null,"Total non-R01 RPG",{"$f":"C193-C195","v":{"v":3346.677497743227,"d":"3,347"}},{"$f":"D193-D195","v":{"v":5843.346260196293,"d":"5,843"}},{"v":1.7460141481026035,"d":"174.6%"},{"$f":"F193-F195","v":{"v":0.1374225761111576,"d":"13.7%"}},{"$f":"G193-G195","v":{"v":0.18897806842957704,"d":"18.9%"}},{"v":1.3751602813552084,"d":"137.5%"}]
[null,"Total R01 Grants",{"$f":"SUMPRODUCT(C$175:E$175,C$179:E$179)/3","v":{"v":8978.482759176406,"d":"8,978"}},{"$f":"SUMPRODUCT(T$175:V$175,T179:V179)/3","v":{"v":10621.504469587213,"d":"10,622"}},{"v":1.182995474233279,"d":"118.3%"},{"$f":"AVERAGE(C180:E180)","v":{"v":0.4440397709238866,"d":"44.4%"}},{"$f":"AVERAGE(T180:V180)","v":{"v":0.3466352844847059,"d":"34.7%"}},{"v":0.7806401750083847,"d":"78.1%"}]
[null,"Total Training",{"$f":"SUMPRODUCT(C$177:E$177,C106:E106)/3","v":{"v":736.9344758690557,"d":"737"}},{"$f":"SUMPRODUCT(T$177:V$177,T106:V106)/3","v":{"v":762.6438073676396,"d":"763"}},{"v":1.0348868621844096,"d":"103.5%"},{"$f":"AVERAGE(C106:E106)","v":{"v":0.034787144262028974,"d":"3.5%"}},{"$f":"AVERAGE(T106:V106)","v":{"v":0.024816277985436033,"d":"2.5%"}},{"v":0.7133749697448897,"d":"71.3%"}]
[null,"All Items",{"$f":"SUM(C188:C196)","v":{"v":33515.28746360721,"d":"33,515"}},{"$f":"SUM(D188:D196)","v":{"v":47201.4226345637,"d":"47,201"}},{"v":1.4083549987693726,"d":"140.8%"},{"v":1,"d":"100.0%"},{"v":1,"d":"100.0%"},{"$f":"G197/F197","v":{"v":1,"d":"100.0%"}}]
[]
[]
[]
[]
[]
[]
[null,"Budget Item","Amount in BRDPI Corrected Million $",null,null,"Percent of Total NIH Budget "]
[null,null,"Average <95-97>","Average <12-14>","% Ratio \n<12-14> to\n<95-97>","Average <95-97>","Average <12-14>","% Ratio \n<12-14> to\n<95-97>"]
[null,"Total Training",{"$f":"SUMPRODUCT(C$177:E$177,C106:E106)/3","v":{"v":736.9344758690557,"d":"737"}},{"$f":"SUMPRODUCT(T$177:V$177,T106:V106)/3","v":{"v":762.6438073676396,"d":"763"}},{"$f":"D206/C206","v":{"v":1.0348868621844096,"d":"103.5%"}},{"$f":"C206/C$213","v":{"v":0.034777255873975135,"d":"3.5%"}},{"$f":"D206/D$213","v":{"v":0.024812259796904424,"d":"2.5%"}},{"$f":"1/(F196/G196)","v":{"v":0.7133749697448897,"d":"71.3%"}}]
[null,"Research Management",{"$f":"SUMPRODUCT(C$177:E$177,C110:E110)/3","v":{"v":1341.1302210460397,"d":"1,341"}},{"$f":"SUMPRODUCT(T$177:V$177,T110:V110)/3","v":{"v":2311.2597586953493,"d":"2,311"}},{"v":1.723367143939713,"d":"172.3%"},{"$f":"C207/C$213","v":{"v":0.06329033365230487,"d":"6.3%"}},{"$f":"D207/D$213","v":{"v":0.07519575591759141,"d":"7.5%"}},{"$f":"1/(F207/G207)","v":{"v":1.188108066086218,"d":"118.8%"}}]
[null,"Intramural Research",{"$f":"SUMPRODUCT(C$177:E$177,C109:E109)/3","v":{"v":2386.7681530795267,"d":"2,387"}},{"$f":"SUMPRODUCT(T$177:V$177,T109:V109)/3","v":{"v":3422.28962230642,"d":"3,422"}},{"v":1.4338592619022557,"d":"143.4%"},{"v":0.11263585771803512,"d":"11.3%"},{"v":0.1113425932113848,"d":"11.1%"},{"v":0.9885181812182067,"d":"98.9%"}]
[null,"R&D Contracts",{"$f":"SUMPRODUCT(C$177:E$177,C107:E107)/3","v":{"v":1450.1735521694584,"d":"1,450"}},{"$f":"SUMPRODUCT(T$177:V$177,T107:V107)/3","v":{"v":3015.4451007595667,"d":"3,015"}},{"v":2.0793684288673333,"d":"207.9%"},{"v":0.0684362834646781,"d":"6.8%"},{"v":0.09810609687056872,"d":"9.8%"},{"v":1.4335392266180564,"d":"143.4%"}]
[null," Centers, Other Research",{"$f":"SUMPRODUCT(C$177:E$177,C101:E101)/3+SUMPRODUCT(C$177:E$177,C93:E93)/3","v":{"v":2949.960547603864,"d":"2,950"}},{"$f":"SUMPRODUCT(T$177:V$177,T101:V101)/3+SUMPRODUCT(T$177:V$177,T93:V93)/3","v":{"v":4760.082885867712,"d":"4,760"}},{"v":1.613608998850557,"d":"161.4%"},{"v":0.13921391404733335,"d":"13.9%"},{"v":0.15486707172856248,"d":"15.5%"},{"v":1.112439606258804,"d":"111.2%"}]
[null,"Total non-R01 RPG",{"$f":"SUMPRODUCT(C$177:E$177,C86:E86)/3-C212","v":{"v":3346.677497743227,"d":"3,347"}},{"$f":"SUMPRODUCT(T$177:V$177,T86:V86)/3-D212","v":{"v":5843.346260196293,"d":"5,843"}},{"v":1.7460141481026035,"d":"174.6%"},{"v":0.15793569642597616,"d":"15.8%"},{"v":0.1901105392721928,"d":"19.0%"},{"v":1.2037211572451378,"d":"120.4%"}]
[null,"Total R01 Grants",{"$f":"SUMPRODUCT(C$175:E$175,C$179:E$179)/3","v":{"v":8978.482759176406,"d":"8,978"}},{"$f":"SUMPRODUCT(T$175:V$175,T179:V179)/3","v":{"v":10621.504469587213,"d":"10,622"}},{"v":1.182995474233279,"d":"118.3%"},{"v":0.42371065881769737,"d":"42.4%"},{"v":0.34556568320279535,"d":"34.6%"},{"v":0.8155699556084944,"d":"81.6%"},{"$nulls":3},{"$f":"D212-C212","v":{"v":1643.021710410807,"d":"1,643"}}]
[null,"All Items",{"$f":"SUM(C206:C212)","v":{"v":21190.127206687575,"d":"21,190"}},{"$f":"SUM(D206:D212)","v":{"v":30736.571904780194,"d":"30,737"}},{"v":1.4505137984768575,"d":"145.1%"},{"v":1,"d":"100.0%"},{"v":1,"d":"100.0%"},{"v":1,"d":"100.0%"}]
[]
[]
[]
[]
[]
[null,"R01/All Research",{"$f":"C212/SUM(C209:C211)","v":{"v":1.1589907210412478,"d":"1.16"}},{"$f":"D212/SUM(D209:D211)","v":{"v":0.7799106061989333,"d":"0.78"}}]
[null,null,{"$f":"C219-1","v":{"v":0.15899072104124778,"d":"15.90%"}},{"$f":"D219-1","v":{"v":-0.22008939380106674,"d":"-22.01%"}}]
{"$rows_empty":197}
["Congressional Appropriation for NIH"]
["Date","Total","Index","Total*Index"]
[{"v":1938.0041067761806,"d":"1938"},464,{"v":16.472957746478873,"d":"16.47"},{"v":7643.452394366198,"d":"7,643"}]
[{"v":1939.003422313484,"d":"1939"},464,{"v":16.708285714285715,"d":"16.71"},{"v":7752.644571428572,"d":"7,753"}]
[{"v":1940.002737850787,"d":"1940"},707,{"v":16.828489208633094,"d":"16.83"},{"v":11897.741870503596,"d":"11,898"}]
[{"v":1941.0047912388775,"d":"1941"},711,{"v":16.589787234042554,"d":"16.59"},{"v":11795.338723404255,"d":"11,795"}]
[{"v":1942.0041067761806,"d":"1942"},700,{"v":14.899108280254778,"d":"14.90"},{"v":10429.375796178345,"d":"10,429"}]
[{"v":1943.003422313484,"d":"1943"},{"v":1278,"d":"1,278"},{"v":13.841183431952663,"d":"13.84"},{"v":17689.032426035505,"d":"17,689"}]
[{"v":1944.002737850787,"d":"1944"},{"v":2735,"d":"2,735"},{"v":13.44344827586207,"d":"13.44"},{"v":36767.83103448276,"d":"36,768"}]
[{"v":1945.0047912388775,"d":"1945"},{"v":2835,"d":"2,835"},{"v":13.141348314606741,"d":"13.14"},{"v":37255.72247191011,"d":"37,256"}]
[{"v":1946.0041067761806,"d":"1946"},{"v":3415,"d":"3,415"},{"v":12.852527472527473,"d":"12.85"},{"v":43891.38131868132,"d":"43,891"}]
[{"v":1947.003422313484,"d":"1947"},{"v":8075,"d":"8,075"},{"v":10.879813953488371,"d":"10.88"},{"v":87854.4976744186,"d":"87,854"}]
[{"v":1948.002737850787,"d":"1948"},{"v":24626,"d":"24,626"},{"v":9.86987341772152,"d":"9.87"},{"v":243055.50278481015,"d":"243,056"}]
[{"v":1949.0047912388775,"d":"1949"},{"v":28540,"d":"28,540"},{"v":9.7465,"d":"9.75"},{"v":278165.11,"d":"278,165"}]
[{"v":1950.0041067761806,"d":"1950"},{"v":52714,"d":"52,714"},{"v":9.953872340425532,"d":"9.95"},{"v":524708.4265531915,"d":"524,708"}]
[{"v":1951.003422313484,"d":"1951"},{"v":64755,"d":"64,755"},{"v":9.209291338582677,"d":"9.21"},{"v":596347.6606299212,"d":"596,348"}]
[{"v":1952.002737850787,"d":"1952"},{"v":56928,"d":"56,928"},{"v":8.827018867924528,"d":"8.83"},{"v":502504.5301132076,"d":"502,505"}]
[{"v":1953.0047912388775,"d":"1953"},{"v":58610,"d":"58,610"},{"v":8.793834586466165,"d":"8.79"},{"v":515406.6451127819,"d":"515,407"}]
[{"v":1954.0041067761806,"d":"1954"},{"v":70799,"d":"70,799"},{"v":8.695762081784387,"d":"8.70"},{"v":615651.2596282528,"d":"615,651"}]
[{"v":1955.003422313484,"d":"1955"},{"v":81151,"d":"81,151"},{"v":8.760898876404495,"d":"8.76"},{"v":710955.7047191011,"d":"710,956"}]
[{"v":1956.002737850787,"d":"1956"},{"v":98509,"d":"98,509"},{"v":8.72820895522388,"d":"8.73"},{"v":859807.1359701492,"d":"859,807"}]
[{"v":1957.0047912388775,"d":"1957"},{"v":177816,"d":"177,816"},{"v":8.475217391304348,"d":"8.48"},{"v":1507029.255652174,"d":"1,507,029"}]
[{"v":1958.0041067761806,"d":"1958"},{"v":210423,"d":"210,423"},{"v":8.178881118881119,"d":"8.18"},{"v":1721024.7016783217,"d":"1,721,025"}]
[{"v":1959.003422313484,"d":"1959"},{"v":291817,"d":"291,817"},{"v":8.06606896551724,"d":"8.07"},{"v":2353816.0473103444,"d":"2,353,816"}]
[{"v":1960.002737850787,"d":"1960"},{"v":399380,"d":"399,380"},{"v":7.983481228668942,"d":"7.98"},{"v":3188442.733105802,"d":"3,188,443"}]
[{"v":1961.0047912388775,"d":"1961"},{"v":551023,"d":"551,023"},{"v":7.849530201342281,"d":"7.85"},{"v":4325271.680134228,"d":"4,325,272"}]
[{"v":1962.0041067761806,"d":"1962"},{"v":740206,"d":"740,206"},{"v":7.7972,"d":"7.80"},{"v":5771534.2232,"d":"5,771,534"}]
[{"v":1963.003422313484,"d":"1963"},{"v":880241,"d":"880,241"},{"v":7.694605263157895,"d":"7.69"},{"v":6773107.031447368,"d":"6,773,107"}]
[{"v":1964.002737850787,"d":"1964"},{"v":867369,"d":"867,369"},{"v":7.570097087378641,"d":"7.57"},{"v":6566067.540582525,"d":"6,566,068"}]
[{"v":1965.0047912388775,"d":"1965"},{"v":959159,"d":"959,159"},{"v":7.497307692307692,"d":"7.50"},{"v":7191110.148846154,"d":"7,191,110"}]
[{"v":1966.0041067761806,"d":"1966"},{"v":1100519,"d":"1,100,519"},{"v":7.355849056603773,"d":"7.36"},{"v":8095251.6479245275,"d":"8,095,252"}]
[{"v":1967.003422313484,"d":"1967"},{"v":1014254,"d":"1,014,254"},{"v":7.109908814589666,"d":"7.11"},{"v":7211253.454832827,"d":"7,211,253"}]
[{"v":1968.002737850787,"d":"1968"},{"v":1076461,"d":"1,076,461"},{"v":6.859706744868035,"d":"6.86"},{"v":7384206.78228739,"d":"7,384,207"}]
[{"v":1969.0047912388775,"d":"1969"},{"v":1109757,"d":"1,109,757"},{"v":6.570674157303371,"d":"6.57"},{"v":7291851.6407865165,"d":"7,291,852"}]
[{"v":1970.0041067761806,"d":"1970"},{"v":1061007,"d":"1,061,007"},{"v":6.188253968253969,"d":"6.19"},{"v":6565780.778095239,"d":"6,565,781"}]
[{"v":1971.003422313484,"d":"1971"},{"v":1212847,"d":"1,212,847"},{"v":5.877286432160805,"d":"5.88"},{"v":7128249.217386935,"d":"7,128,249"}]
[{"v":1972.002737850787,"d":"1972"},{"v":1506156,"d":"1,506,156"},{"v":5.691386861313869,"d":"5.69"},{"v":8572116.46948905,"d":"8,572,116"}]
[{"v":1973.0047912388775,"d":"1973"},{"v":1762565,"d":"1,762,565"},{"v":5.490985915492957,"d":"5.49"},{"v":9678219.590140846,"d":"9,678,220"}]
[{"v":1974.0041067761806,"d":"1974"},{"v":1790425,"d":"1,790,425"},{"v":5.019656652360514,"d":"5.02"},{"v":8987318.761802575,"d":"8,987,319"}]
[{"v":1975.003422313484,"d":"1975"},{"v":2092897,"d":"2,092,897"},{"v":4.489750479846449,"d":"4.49"},{"v":9396585.310019193,"d":"9,396,585"}]
[{"v":1976.002737850787,"d":"1976"},{"v":2302126,"d":"2,302,126"},{"v":4.2071223021582735,"d":"4.21"},{"v":9685325.636978418,"d":"9,685,326"}]
[{"v":1977.0047912388775,"d":"1977"},{"v":2543538,"d":"2,543,538"},{"v":3.9985641025641026,"d":"4.00"},{"v":10170499.740307692,"d":"10,170,500"}]
[{"v":1978.0041067761806,"d":"1978"},{"v":2842936,"d":"2,842,936"},{"v":3.7426559999999998,"d":"3.74"},{"v":10640131.478016,"d":"10,640,131"}]
[{"v":1979.003422313484,"d":"1979"},{"v":3189976,"d":"3,189,976"},{"v":3.424831625183016,"d":"3.42"},{"v":10925130.688374817,"d":"10,925,131"}]
[{"v":1980.002737850787,"d":"1980"},{"v":3428935,"d":"3,428,935"},{"v":3.0066323907455015,"d":"3.01"},{"v":10309547.036760926,"d":"10,309,547"}]
[{"v":1981.0047912388775,"d":"1981"},{"v":3569406,"d":"3,569,406"},{"v":2.6886896551724138,"d":"2.69"},{"v":9597024.987310344,"d":"9,597,025"}]
[{"v":1982.0041067761806,"d":"1982"},{"v":3641875,"d":"3,641,875"},{"v":2.4805514316012727,"d":"2.48"},{"v":9033858.244962884,"d":"9,033,858"}]
[{"v":1983.003422313484,"d":"1983"},{"v":4023969,"d":"4,023,969"},{"v":2.3917791411042946,"d":"2.39"},{"v":9624445.118650306,"d":"9,624,445"}]
[{"v":1984.002737850787,"d":"1984"},{"v":4493588,"d":"4,493,588"},{"v":2.2955446516192346,"d":"2.30"},{"v":10315231.899980372,"d":"10,315,232"}]
[{"v":1985.0047912388775,"d":"1985"},{"v":5149459,"d":"5,149,459"},{"v":2.2172132701421803,"d":"2.22"},{"v":11417448.82885308,"d":"11,417,449"}]
[{"v":1986.0041067761806,"d":"1986"},{"v":5262211,"d":"5,262,211"},{"v":2.1342700729927007,"d":"2.13"},{"v":11230979.455072993,"d":"11,230,979"}]
[{"v":1987.003422313484,"d":"1987"},{"v":6182910,"d":"6,182,910"},{"v":2.1035611510791368,"d":"2.10"},{"v":13006129.276618704,"d":"13,006,129"}]
[{"v":1988.002737850787,"d":"1988"},{"v":6666693,"d":"6,666,693"},{"v":2.021745894554883,"d":"2.02"},{"v":13478359.203007778,"d":"13,478,359"}]
[{"v":1989.0047912388775,"d":"1989"},{"v":7144765,"d":"7,144,765"},{"v":1.9315937241948804,"d":"1.93"},{"v":13800783.234847235,"d":"13,800,783"}]
[{"v":1990.0041067761806,"d":"1990"},{"v":7576352,"d":"7,576,352"},{"v":1.8360753532182104,"d":"1.84"},{"v":13910753.174505493,"d":"13,910,753"}]
[{"v":1991.003422313484,"d":"1991"},{"v":8274739,"d":"8,274,739"},{"v":1.7378603268945023,"d":"1.74"},{"v":14380340.623506688,"d":"14,380,341"}]
[{"v":1992.002737850787,"d":"1992"},{"v":8921687,"d":"8,921,687"},{"v":1.693816075307748,"d":"1.69"},{"v":15111696.859464157,"d":"15,111,697"}]
[{"v":1993.0047912388775,"d":"1993"},{"v":10335996,"d":"10,335,996"},{"v":1.6403646563814867,"d":"1.64"},{"v":16954802.52690042,"d":"16,954,803"}]
[{"v":1994.0041067761806,"d":"1994"},{"v":10955783,"d":"10,955,783"},{"v":1.5999726402188783,"d":"1.60"},{"v":17528953.052175105,"d":"17,528,953"}]
[{"v":1995.003422313484,"d":"1995"},{"v":11299522,"d":"11,299,522"},{"v":1.556327345309381,"d":"1.56"},{"v":17585755.07752495,"d":"17,585,755"}]
[{"v":1996.002737850787,"d":"1996"},{"v":11927562,"d":"11,927,562"},{"v":1.515,"d":"1.52"},{"v":18070256.43,"d":"18,070,256"}]
[{"v":1997.0047912388775,"d":"1997"},{"v":12740843,"d":"12,740,843"},{"v":1.47024512884978,"d":"1.47"},{"v":18732162.358189818,"d":"18,732,162"}]
[{"v":1998.0041067761806,"d":"1998"},{"v":13674843,"d":"13,674,843"},{"v":1.4475,"d":"1.45"},{"v":19794335.2425,"d":"19,794,335"}]
[{"v":1999.003422313484,"d":"1999"},{"v":15629156,"d":"15,629,156"},{"v":1.4237127206329883,"d":"1.42"},{"v":22251428.209957395,"d":"22,251,428"}]
[{"v":2000.002737850787,"d":"2000"},{"v":17840587,"d":"17,840,587"},{"v":1.3857582938388624,"d":"1.39"},{"v":24722741.40220379,"d":"24,722,741"}]
[{"v":2001.0047912388775,"d":"2001"},{"v":20458556,"d":"20,458,556"},{"v":1.3358994860079954,"d":"1.34"},{"v":27330574.44486579,"d":"27,330,574"}]
[{"v":2002.0041067761806,"d":"2002"},{"v":23321382,"d":"23,321,382"},{"v":1.3208130999435348,"d":"1.32"},{"v":30803186.85438735,"d":"30,803,187"}]
[{"v":2003.003422313484,"d":"2003"},{"v":27166715,"d":"27,166,715"},{"v":1.2873747936158504,"d":"1.29"},{"v":34973744.11634562,"d":"34,973,744"}]
[{"v":2004.002737850787,"d":"2004"},{"v":28036627,"d":"28,036,627"},{"v":1.2630453563714903,"d":"1.26"},{"v":35411531.540669546,"d":"35,411,532"}]
[{"v":2005.0047912388775,"d":"2005"},{"v":28594357,"d":"28,594,357"},{"v":1.2266177241740954,"d":"1.23"},{"v":35074345.10756162,"d":"35,074,345"}]
[{"v":2006.0041067761806,"d":"2006"},{"v":28560417,"d":"28,560,417"},{"v":1.179606656580938,"d":"1.18"},{"v":33690058.00792738,"d":"33,690,058"}]
[{"v":2007.003422313484,"d":"2007"},{"v":29178504,"d":"29,178,504"},{"v":1.155620109082286,"d":"1.16"},{"v":33719265.975337915,"d":"33,719,266"}]
[{"v":2008.002737850787,"d":"2008"},{"v":29607070,"d":"29,607,070"},{"v":1.1081864695849915,"d":"1.11"},{"v":32810154.37805571,"d":"32,810,154"}]
[{"v":2009.0047912388775,"d":"2009"},{"v":30545098,"d":"30,545,098"},{"v":1.1078558133587189,"d":"1.11"},{"v":33839564.388911776,"d":"33,839,564"}]
[{"v":2010.0041067761806,"d":"2010"},{"v":31238000,"d":"31,238,000"},{"v":1.0795109997369476,"d":"1.08"},{"v":33721764.60978277,"d":"33,721,765"}]
[{"v":2011.003422313484,"d":"2011"},{"v":30916345,"d":"30,916,345"},{"v":1.0621778833273545,"d":"1.06"},{"v":32838657.892318238,"d":"32,838,658"}]
[{"v":2012.002737850787,"d":"2012"},{"v":30860913,"d":"30,860,913"},{"v":1.0319899411025082,"d":"1.03"},{"v":31848151.789239626,"d":"31,848,152"}]
[{"v":2013.0047912388775,"d":"2013"},{"v":29315822,"d":"29,315,822"},{"v":1.0157894736842106,"d":"1.02"},{"v":29778703.4,"d":"29,778,703"}]
[{"v":2014.0041067761806,"d":"2014"},{"v":30142653,"d":"30,142,653"},{"v":1,"d":"1.00"},{"v":30142653,"d":"30,142,653"}]

{"sheet":"wCAf","index":13,"n_rows":56,"n_cols":16,"rows_kept":56}
["Title","Work Sheet to fit Congressional Appropriation"]
["Purpose","Use offset to get values of rows for plots"]
["Data Sources","CongressionalAppropriation!A",{"$nulls":3},"InflationIndices!A"]
[null,"B",{"$nulls":3},"F",{"$nulls":3},{"$f":"SUMSQ(I8:I56)","v":{"v":50480221.06226445,"d":"50480221"}},null,null,{"$f":"SUMSQ(M8:M56)","v":{"v":38131787.98732365,"d":"38131788"}}]
[{"$nulls":9},9.159282892618938,{"$f":"LOG(2)/LOG(1+J6)","v":27.88485702282597},null,7.480412417424581,{"$f":"LOG(2)/LOG(1+M6)","v":11.87887785811466}]
[null,null,1000,{"$nulls":6},0.02516899952651267,{"$f":"J6","v":{"v":0.02516899952651267,"d":"2.52%"}},null,0.06008726893187255,{"$f":"M6","v":{"v":0.06008726893187255,"d":"6.01%"}}]
["Index","Year","CA Nominal","BRDPI","CA BRDPI","ln(CA BRDPI)","Linear Fit F1","exp(F1)","Residual F1","ln(CA Nom)","Linear Fit F2","exp(F2)","Residual F2"]
[153,{"$f":"OFFSET(INDIRECT($B$3&1),$A8,1)","v":1966},{"$f":"OFFSET(INDIRECT($B$3&1),$A8,16)/$C$6","v":{"v":1100.519,"d":"1101"}},{"$f":"OFFSET(INDIRECT($F$3&1),$A8-97,3)","v":{"v":9.990226242168418,"d":"9.990"}},{"$f":"C8*D8","v":{"v":10994.433793804947,"d":"10994"}},{"$f":"LN(E8)","v":{"v":9.305144404964812,"d":"9.31"}},{"$f":"$J$5+$J$6*(B8-1966)","v":{"v":9.159282892618938,"d":"9.16"}},{"$f":"EXP(G8)","v":{"v":9502.24050695013,"d":"9502"}},{"$f":"E8-H8","v":{"v":1492.1932868548174,"d":"1492"}},{"$f":"LN(C8)","v":{"v":7.003537165697081,"d":"7.00"}},{"$f":"$M$5+$M$6*(B8-1966)","v":{"v":7.480412417424581,"d":"7.48"}},{"$f":"EXP(K8)","v":{"v":1772.9718296480073,"d":"1773"}},{"$f":"C8-L8","v":{"v":-672.4528296480073,"d":"-672"}}]
[{"$f":"1+A8","v":154},{"$f":"OFFSET(INDIRECT($B$3&1),$A9,1)","v":1967},{"$f":"OFFSET(INDIRECT($B$3&1),$A9,16)/$C$6","v":{"v":1014.254,"d":"1014"}},{"$f":"OFFSET(INDIRECT($F$3&1),$A9-97,3)","v":{"v":9.570268735997095,"d":"9.570"}},{"$f":"C9*D9","v":{"v":9706.683346559998,"d":"9707"}},{"$f":"LN(E9)","v":{"v":9.18056993203664,"d":"9.18"}},{"$f":"$J$5+$J$6*(B9-1966)","v":{"v":9.18445189214545,"d":"9.18"}},{"v":9744.437536818708,"d":"9744"},{"v":-37.75419025871088,"d":"-38"},{"v":6.9219086458796175,"d":"6.92"},{"v":7.540499686356454,"d":"7.54"},{"$f":"EXP(K9)","v":{"v":1882.7705849242989,"d":"1883"}},{"v":-868.5165849242989,"d":"-869"}]
[{"$f":"1+A9","v":155},1968,{"v":1076.461,"d":"1076"},{"v":9.136696362562414,"d":"9.137"},{"v":9835.2973031403,"d":"9835"},{"v":9.193732959460352,"d":"9.19"},{"v":9.209620891671964,"d":"9.21"},{"v":9992.807784596731,"d":"9993"},{"v":-157.51048145643108,"d":"-158"},{"v":6.981434087629802,"d":"6.98"},{"v":7.6005869552883265,"d":"7.60"},{"v":1999.3690910249545,"d":"1999"},{"v":-922.9080910249545,"d":"-923"}]
[156,1969,{"v":1109.757,"d":"1110"},{"v":8.672057768825175,"d":"8.672"},{"v":9623.87681335812,"d":"9624"},{"v":9.172002457630587,"d":"9.17"},{"v":9.234789891198476,"d":"9.23"},{"v":10247.508595811385,"d":"10248"},{"v":-623.6317824532653,"d":"-624"},{"v":7.011896351421217,"d":"7.01"},{"v":7.660674224220199,"d":"7.66"},{"v":2123.188451187047,"d":"2123"},{"v":-1013.4314511870471,"d":"-1013"}]
[157,1970,{"v":1061.007,"d":"1061"},{"v":8.160899892207444,"d":"8.161"},{"v":8658.771911931344,"d":"8659"},{"v":9.066328179945,"d":"9.07"},{"v":9.259958890724988,"d":"9.26"},{"v":10508.701326477687,"d":"10509"},{"v":-1849.9294145463427,"d":"-1850"},{"v":6.966973736141701,"d":"6.97"},{"v":7.720761493152072,"d":"7.72"},{"v":2254.675847240947,"d":"2255"},{"v":-1193.668847240947,"d":"-1194"}]
[158,1971,{"v":1212.847,"d":"1213"},{"v":7.7133758673815285,"d":"7.713"},{"v":9355.144780626084,"d":"9355"},{"v":9.143681714871287,"d":"9.14"},{"v":9.285127890251502,"d":"9.29"},{"v":10776.551445319395,"d":"10777"},{"v":-1421.4066646933115,"d":"-1421"},{"v":7.100725767435371,"d":"7.10"},{"v":7.780848762083944,"d":"7.78"},{"v":2394.306154637158,"d":"2394"},{"v":-1181.4591546371582,"d":"-1181"}]
[159,1972,{"v":1506.156,"d":"1506"},{"v":7.347660990954361,"d":"7.348"},{"v":11066.723687491856,"d":"11067"},{"v":9.3116980187074,"d":"9.31"},{"v":9.310296889778014,"d":"9.31"},{"v":11051.228638595367,"d":"11051"},{"v":15.495048896489607,"d":"15"},{"v":7.317315988652585,"d":"7.32"},{"v":7.840936031015817,"d":"7.84"},{"v":2542.583657490499,"d":"2543"},{"v":-1036.4276574904989,"d":"-1036"}]
[160,1973,{"v":1762.565,"d":"1763"},{"v":7.012827916263367,"d":"7.013"},{"v":12360.565036228742,"d":"12361"},{"v":9.422266444872026,"d":"9.42"},{"v":9.335465889304526,"d":"9.34"},{"v":11332.906917597953,"d":"11333"},{"v":1027.6581186307885,"d":"1028"},{"v":7.474525413439018,"d":"7.47"},{"v":7.901023299947689,"d":"7.90"},{"v":2700.0438698356224,"d":"2700"},{"v":-937.4788698356224,"d":"-937"}]
[161,1974,{"v":1790.425,"d":"1790"},{"v":6.593042277448381,"d":"6.593"},{"v":11804.347719600517,"d":"11804"},{"v":9.376223193406027,"d":"9.38"},{"v":9.36063488883104,"d":"9.36"},{"v":11621.764728891185,"d":"11622"},{"v":182.58299070933208,"d":"183"},{"v":7.490208300820317,"d":"7.49"},{"v":7.961110568879562,"d":"7.96"},{"v":2867.25546967147,"d":"2867"},{"v":-1076.8304696714702,"d":"-1077"}]
[162,1975,{"v":2092.897,"d":"2093"},{"v":5.9564113576030495,"d":"5.956"},{"v":12466.155461093349,"d":"12466"},{"v":9.430772688099102,"d":"9.43"},{"v":9.385803888357552,"d":"9.39"},{"v":11917.985067358737,"d":"11918"},{"v":548.1703937346119,"d":"548"},{"v":7.646304509577159,"d":"7.65"},{"v":8.021197837811435,"d":"8.02"},{"v":3044.8223527795753,"d":"3045"},{"v":-951.9253527795754,"d":"-952"}]
[163,1976,{"v":2302.126,"d":"2302"},{"v":5.543020860520408,"d":"5.543"},{"v":12760.732441546406,"d":"12761"},{"v":9.454127956626495,"d":"9.45"},{"v":9.410972887884064,"d":"9.41"},{"v":12221.755592133513,"d":"12222"},{"v":538.976849412893,"d":"539"},{"v":7.741588322796954,"d":"7.74"},{"v":8.081285106743307,"d":"8.08"},{"v":3233.385813733715,"d":"3233"},{"v":-931.259813733715,"d":"-931"}]
[164,1977,{"v":2543.538,"d":"2544"},{"v":5.133882391796653,"d":"5.134"},{"v":13058.224951065675,"d":"13058"},{"v":9.477173478667092,"d":"9.48"},{"v":9.436141887410578,"d":"9.44"},{"v":12533.268745481884,"d":"12533"},{"v":524.9562055837905,"d":"525"},{"v":7.841311304194466,"d":"7.84"},{"v":8.141372375675179,"d":"8.14"},{"v":3433.6268619778148,"d":"3434"},{"v":-890.0888619778148,"d":"-890"}]
[165,1978,{"v":2842.936,"d":"2843"},{"v":4.77995565115007,"d":"4.780"},{"v":13589.107999057976,"d":"13589"},{"v":9.517023868424273,"d":"9.52"},{"v":9.46131088693709,"d":"9.46"},{"v":12852.721874718105,"d":"12853"},{"v":736.3861243398715,"d":"736"},{"v":7.952592599966027,"d":"7.95"},{"v":8.201459644607052,"d":"8.20"},{"v":3646.268681336703,"d":"3646"},{"v":-803.332681336703,"d":"-803"}]
[166,1979,{"v":3189.976,"d":"3190"},{"v":4.413283451839665,"d":"4.413"},{"v":14078.268292565688,"d":"14078"},{"v":9.552387631563247,"d":"9.55"},{"v":9.486479886463602,"d":"9.49"},{"v":13180.317357226344,"d":"13180"},{"v":897.9509353393441,"d":"898"},{"v":8.067768672239616,"d":"8.07"},{"v":8.261546913538925,"d":"8.26"},{"v":3872.0792418424417,"d":"3872"},{"v":-682.1032418424415,"d":"-682"}]
[167,1980,{"v":3428.935,"d":"3429"},{"v":4.01938383591955,"d":"4.019"},{"v":13782.205913418802,"d":"13782"},{"v":9.531133612555708,"d":"9.53"},{"v":9.511648885990116,"d":"9.51"},{"v":13516.262728669097,"d":"13516"},{"v":265.9431847497053,"d":"266"},{"v":8.140004996319416,"d":"8.14"},{"v":8.321634182470797,"d":"8.32"},{"v":4111.874073309034,"d":"4112"},{"v":-682.9390733090345,"d":"-683"}]
[168,1981,{"v":3569.406,"d":"3569"},{"v":3.640746228187998,"d":"3.641"},{"v":12995.301431371608,"d":"12995"},{"v":9.472343142756673,"d":"9.47"},{"v":9.536817885516628,"d":"9.54"},{"v":13860.770814463458,"d":"13861"},{"v":-865.4693830918495,"d":"-865"},{"v":8.180154474375284,"d":"8.18"},{"v":8.381721451402669,"d":"8.38"},{"v":4366.519210672449,"d":"4367"},{"v":-797.113210672449,"d":"-797"}]
[169,1982,{"v":3641.875,"d":"3642"},{"v":3.352436674206259,"d":"3.352"},{"v":12209.155312874918,"d":"12209"},{"v":9.409941384766983,"d":"9.41"},{"v":9.56198688504314,"d":"9.56"},{"v":14214.05986460871,"d":"14214"},{"v":-2004.9045517337909,"d":"-2005"},{"v":8.200253937897338,"d":"8.20"},{"v":8.441808720334542,"d":"8.44"},{"v":4636.934321733205,"d":"4637"},{"v":-995.0593217332053,"d":"-995"}]
[170,1983,{"v":4023.969,"d":"4024"},{"v":3.1567200322092837,"d":"3.157"},{"v":12702.54355128916,"d":"12703"},{"v":9.449557532022462,"d":"9.45"},{"v":9.587155884569654,"d":"9.59"},{"v":14576.353691950237,"d":"14576"},{"v":-1873.8101406610767,"d":"-1874"},{"v":8.300024007972565,"d":"8.30"},{"v":8.501895989266416,"d":"8.50"},{"v":4924.09602859761,"d":"4924"},{"v":-900.1270285976098,"d":"-900"}]
[171,1984,{"v":4493.588,"d":"4494"},{"v":2.980849888771751,"d":"2.981"},{"v":13394.711289986073,"d":"13395"},{"v":9.502615228180625,"d":"9.50"},{"v":9.612324884096166,"d":"9.61"},{"v":14947.881813967573,"d":"14948"},{"v":-1553.1705239815,"d":"-1553"},{"v":8.410406770749997,"d":"8.41"},{"v":8.561983258198287,"d":"8.56"},{"v":5229.0414348132745,"d":"5229"},{"v":-735.4534348132747,"d":"-735"}]
[172,1985,{"v":5149.459,"d":"5149"},{"v":2.8227745158823403,"d":"2.823"},{"v":14535.76163578096,"d":"14536"},{"v":9.584367211742666,"d":"9.58"},{"v":9.637493883622678,"d":"9.64"},{"v":15328.879598176625,"d":"15329"},{"v":-793.117962395665,"d":"-793"},{"v":8.546646939596108,"d":"8.55"},{"v":8.622070527130159,"d":"8.62"},{"v":5552.871870937366,"d":"5553"},{"v":-403.4128709373663,"d":"-403"}]
[173,1986,{"v":5262.211,"d":"5262"},{"v":2.7090353895439026,"d":"2.709"},{"v":14255.51582624721,"d":"14256"},{"v":9.56489918632851,"d":"9.56"},{"v":9.662662883149192,"d":"9.66"},{"v":15719.588411237737,"d":"15720"},{"v":-1464.0725849905266,"d":"-1464"},{"v":8.568306559618042,"d":"8.57"},{"v":8.682157796062032,"d":"8.68"},{"v":5896.7568720649415,"d":"5897"},{"v":-634.5458720649412,"d":"-635"}]
[174,1987,{"v":6182.91,"d":"6183"},{"v":2.5719621839998097,"d":"2.572"},{"v":15902.210707074262,"d":"15902"},{"v":9.674213416724182,"d":"9.67"},{"v":9.687831882675704,"d":"9.69"},{"v":16120.25577186428,"d":"16120"},{"v":-218.04506479001793,"d":"-218"},{"v":8.729544313411871,"d":"8.73"},{"v":8.742245064993906,"d":"8.74"},{"v":6261.938401682477,"d":"6262"},{"v":-79.02840168247712,"d":"-79"}]
[175,1988,{"v":6666.693,"d":"6667"},{"v":2.449179468181789,"d":"2.449"},{"v":16327.927616271256,"d":"16328"},{"v":9.700632271375449,"d":"9.70"},{"v":9.713000882202216,"d":"9.71"},{"v":16531.135507628882,"d":"16531"},{"v":-203.20789135762607,"d":"-203"},{"v":8.804879213860216,"d":"8.80"},{"v":8.802332333925778,"d":"8.80"},{"v":6649.735337101377,"d":"6650"},{"v":16.95766289862331,"d":"17"}]
[176,1989,{"v":7144.765,"d":"7145"},{"v":2.328203232704013,"d":"2.328"},{"v":16634.46496991049,"d":"16634"},{"v":9.71923202502043,"d":"9.72"},{"v":9.73816988172873,"d":"9.74"},{"v":16952.487915766156,"d":"16952"},{"v":-318.0229458556678,"d":"-318"},{"v":8.874135199690116,"d":"8.87"},{"v":8.86241960285765,"d":"8.86"},{"v":7061.5482326708725,"d":"7062"},{"v":83.21676732912783,"d":"83"}]
[177,1990,{"v":7576.352,"d":"7576"},{"v":2.2083142262114572,"d":"2.208"},{"v":16730.965904385626,"d":"16731"},{"v":9.725016527184906,"d":"9.73"},{"v":9.763338881255242,"d":"9.76"},{"v":17384.57992807404,"d":"17385"},{"v":-653.614023688413,"d":"-654"},{"v":8.932787096299764,"d":"8.93"},{"v":8.922506871789523,"d":"8.92"},{"v":7498.864377972912,"d":"7499"},{"v":77.48762202708804,"d":"77"}]
[178,1991,{"v":8274.739,"d":"8275"},{"v":2.106654019130295,"d":"2.107"},{"v":17432.012171604198,"d":"17432"},{"v":9.766063574857588,"d":"9.77"},{"v":9.788507880781754,"d":"9.79"},{"v":17827.685280018435,"d":"17828"},{"v":-395.6731084142375,"d":"-396"},{"v":9.020962658962343,"d":"9.02"},{"v":8.982594140721396,"d":"8.98"},{"v":7963.263169267089,"d":"7963"},{"v":311.47583073291025,"d":"311"}]
[{"$f":"1+A33","v":179},1992,{"v":8921.687,"d":"8922"},{"v":2.017656732084841,"d":"2.018"},{"v":18000.901837103807,"d":"18001"},{"v":9.798177137684558,"d":"9.80"},{"v":9.813676880308268,"d":"9.81"},{"v":18282.084684147856,"d":"18282"},{"v":-281.1828470440487,"d":"-281"},{"v":9.09624033325261,"d":"9.10"},{"v":9.042681409653268,"d":"9.04"},{"v":8456.421813584997,"d":"8456"},{"v":465.265186415003,"d":"465"}]
[180,1993,{"v":10335.996,"d":"10336"},{"v":1.9509933536567576,"d":"1.951"},{"v":20165.459499422832,"d":"20165"},{"v":9.911726494026418,"d":"9.91"},{"v":9.83884587983478,"d":"9.84"},{"v":18748.066007928057,"d":"18748"},{"v":1417.393491494775,"d":"1417"},{"v":9.243387839025404,"d":"9.24"},{"v":9.10276867858514,"d":"9.10"},{"v":8980.121386074672,"d":"8980"},{"v":1355.8746139253271,"d":"1356"}]
[181,1994,{"v":10955.783,"d":"10956"},{"v":1.8782849434941014,"d":"1.878"},{"v":20578.082253088636,"d":"20578"},{"v":9.931981820064935,"d":"9.93"},{"v":9.864014879361292,"d":"9.86"},{"v":19225.924456109733,"d":"19226"},{"v":1352.1577969789032,"d":"1352"},{"v":9.301622723688094,"d":"9.30"},{"v":9.162855947517013,"d":"9.16"},{"v":9536.25326247159,"d":"9536"},{"v":1419.52973752841,"d":"1420"}]
[182,1995,{"v":11299.522,"d":"11300"},{"v":1.8154010492856152,"d":"1.815"},{"v":20513.164095225893,"d":"20513"},{"v":9.928822110022406,"d":"9.93"},{"v":9.889183878887806,"d":"9.89"},{"v":19715.962757744168,"d":"19716"},{"v":797.2013374817252,"d":"797"},{"v":9.332515702920768,"d":"9.33"},{"v":9.222943216448886,"d":"9.22"},{"v":10126.825949927514,"d":"10127"},{"v":1172.6960500724872,"d":"1173"}]
[183,1996,{"v":11927.562,"d":"11928"},{"v":1.77010620097874,"d":"1.770"},{"v":21113.051458758382,"d":"21113"},{"v":9.957646680787173,"d":"9.96"},{"v":9.914352878414318,"d":"9.91"},{"v":20218.491357965613,"d":"20218"},{"v":894.5601007927689,"d":"895"},{"v":9.386607135448434,"d":"9.39"},{"v":9.283030485380758,"d":"9.28"},{"v":10753.97234086731,"d":"10754"},{"v":1173.5896591326891,"d":"1174"}]
[184,1997,{"v":12740.843,"d":"12741"},{"v":1.7221991911168801,"d":"1.722"},{"v":21942.269508747166,"d":"21942"},{"v":9.996170170081475,"d":"10.00"},{"v":9.93952187794083,"d":"9.94"},{"v":20733.828614662194,"d":"20734"},{"v":1208.4408940849717,"d":"1208"},{"v":9.452568096481787,"d":"9.45"},{"v":9.34311775431263,"d":"9.34"},{"v":11419.957416071411,"d":"11420"},{"v":1320.8855839285898,"d":"1321"}]
[185,1998,{"v":13674.843,"d":"13675"},{"v":1.6657218326048506,"d":"1.666"},{"v":22778.484542543614,"d":"22778"},{"v":10.033571708999983,"d":"10.03"},{"v":9.964690877467344,"d":"9.96"},{"v":21262.301000159357,"d":"21262"},{"v":1516.1835423842567,"d":"1516"},{"v":9.52331314641989,"d":"9.52"},{"v":9.403205023244503,"d":"9.40"},{"v":12127.186424804086,"d":"12127"},{"v":1547.6565751959151,"d":"1548"}]
[186,1999,{"v":15629.156,"d":"15629"},{"v":1.6146017271194055,"d":"1.615"},{"v":25234.86227101862,"d":"25235"},{"v":10.135981740904054,"d":"10.14"},{"v":9.989859876993856,"d":"9.99"},{"v":21804.24330804388,"d":"21804"},{"v":3430.6189629747423,"d":"3431"},{"v":9.656893423237129,"d":"9.66"},{"v":9.463292292176376,"d":"9.46"},{"v":12878.213571530612,"d":"12878"},{"v":2750.9424284693887,"d":"2751"}]
[187,2000,{"v":17840.587,"d":"17841"},{"v":1.5565948877292457,"d":"1.557"},{"v":27770.56651828884,"d":"27771"},{"v":10.231731980463262,"d":"10.23"},{"v":10.015028876520368,"d":"10.02"},{"$f":"EXP(G42)","v":{"v":22359.998865259833,"d":"22360"}},null,{"$f":"LN(C42)","v":{"v":9.789231309180133,"d":"9.79"}},{"$f":"$M$5+$M$6*(B42-1966)","v":{"v":9.523379561108248,"d":"9.52"}},{"v":13675.751240596122,"d":"13676"},null,null,{"$f":"E42-H42","v":{"v":5410.5676530290075,"d":"5411"}}]
[188,2001,{"v":20458.556,"d":"20459"},{"v":1.5065079262328664,"d":"1.507"},{"v":30820.97677327897,"d":"30821"},{"v":10.335950801210283,"d":"10.34"},{"v":10.040197876046882,"d":"10.04"},{"v":22929.919749610224,"d":"22930"},null,{"v":9.92615646027987,"d":"9.93"},{"v":9.58346683004012,"d":"9.58"},{"v":14522.679792181596,"d":"14523"},null,null,{"$f":"E43-H43","v":{"v":7891.057023668745,"d":"7891"}}]
[189,2002,{"v":23321.382,"d":"23321"},{"v":1.45820891017215,"d":"1.458"},{"v":34007.4470299284,"d":"34007"},{"v":10.434334809906678,"d":"10.43"},{"v":10.065366875573394,"d":"10.07"},{"v":23514.367012802362,"d":"23514"},null,{"v":10.057125901144158,"d":"10.06"},{"v":9.643554098971993,"d":"9.64"},{"v":15422.057964915617,"d":"15422"},null,null,{"v":10493.080017126038,"d":"10493"}]
[190,2003,{"v":27166.715,"d":"27167"},{"v":1.4086921760216948,"d":"1.409"},{"v":38269.53886871122,"d":"38270"},{"v":10.552409528927535,"d":"10.55"},{"v":10.090535875099906,"d":"10.09"},{"v":24113.710909178684,"d":"24114"},null,{"v":10.209747789700366,"d":"10.21"},{"v":9.703641367903867,"d":"9.70"},{"v":16377.13392271172,"d":"16377"},null,null,{"v":14155.827959532537,"d":"14156"}]
[191,2004,{"v":28036.627,"d":"28037"},{"v":1.3580946910250078,"d":"1.358"},{"v":38076.39428294839,"d":"38076"},{"v":10.54734979647433,"d":"10.55"},{"v":10.11570487462642,"d":"10.12"},{"v":24728.331130277213,"d":"24728"},null,{"v":10.241267041473439,"d":"10.24"},{"v":9.763728636835738,"d":"9.76"},{"v":17391.356985727816,"d":"17391"},null,null,{"v":13348.06315267118,"d":"13348"}]
[{"$f":"1+A46","v":192},2005,{"v":28594.357,"d":"28594"},{"v":1.3072373099932542,"d":"1.307"},{"v":37379.61032566678,"d":"37380"},{"v":10.528880656280705,"d":"10.53"},{"v":10.140873874152932,"d":"10.14"},{"v":25358.61704537053,"d":"25359"},null,{"v":10.260964669647914,"d":"10.26"},{"v":9.82381590576761,"d":"9.82"},{"v":18468.39008781474,"d":"18468"},null,null,{"v":12020.993280296247,"d":"12021"}]
[193,2006,{"v":28560.417,"d":"28560"},{"v":1.2493971103128676,"d":"1.249"},{"v":35683.3024691305,"d":"35683"},{"v":10.482438140402046,"d":"10.48"},{"v":10.166042873679444,"d":"10.17"},{"v":26004.967948136175,"d":"26005"},null,{"v":10.259777017187266,"d":"10.26"},{"v":9.883903174699483,"d":"9.88"},{"v":19612.12300544473,"d":"19612"},null,null,{"v":9678.334520994329,"d":"9678"}]
[194,2007,{"v":29178.504,"d":"29179"},{"v":1.2037267391822162,"d":"1.204"},{"v":35122.94547413525,"d":"35123"},{"v":10.466609913085767,"d":"10.47"},{"v":10.191211873205958,"d":"10.19"},{"v":26667.793309613808,"d":"26668"},null,{"v":10.281187552770753,"d":"10.28"},{"v":9.943990443631357,"d":"9.94"},{"v":20826.68640589701,"d":"20827"},null,null,{"v":8455.152164521445,"d":"8455"}]
[195,2008,{"v":29607.07,"d":"29607"},{"v":1.1499008427780466,"d":"1.150"},{"v":34045.19474518862,"d":"34045"},{"v":10.435444178129481,"d":"10.44"},{"v":10.21638087273247,"d":"10.22"},{"v":27347.513037609904,"d":"27348"},null,{"v":10.29576846314306,"d":"10.30"},{"v":10.004077712563229,"d":"10.00"},{"v":22116.466765436686,"d":"22116"},null,null,{"v":6697.6817075787185,"d":"6698"}]
[196,2009,{"v":30545.098,"d":"30545"},{"v":1.117194444910883,"d":"1.117"},{"v":34124.813804858524,"d":"34125"},{"v":10.437780076204493,"d":"10.44"},{"v":10.241549872258982,"d":"10.24"},{"v":28044.557742714645,"d":"28045"},null,{"v":10.326959493459798,"d":"10.33"},{"v":10.0641649814951,"d":"10.06"},{"v":23486.12221136472,"d":"23486"},null,null,{"v":6080.256062143879,"d":"6080"}]
[197,2010,31238,{"v":1.0842232168853982,"d":"1.084"},{"v":33868.96484906607,"d":"33869"},{"v":10.43025438287256,"d":"10.43"},{"v":10.266718871785496,"d":"10.27"},{"v":28759.36901109875,"d":"28759"},null,{"v":10.349390581417667,"d":"10.35"},{"v":10.124252250426974,"d":"10.12"},{"v":24940.59934515354,"d":"24941"},null,null,{"$f":"E52-H52","v":{"v":5109.5958379673175,"d":"5110"}}]
[198,2011,{"v":30916.345,"d":"30916"},{"v":1.05406637781608,"d":"1.054"},{"v":32587.879789462273,"d":"32588"},{"v":10.391695712626081,"d":"10.39"},{"v":10.291887871312008,"d":"10.29"},{"v":29492.399684263455,"d":"29492"},null,{"v":10.339040287434779,"d":"10.34"},{"v":10.184339519358847,"d":"10.18"},{"v":26485.15110742619,"d":"26485"},null,null,{"v":3095.480105198818,"d":"3095"}]
[199,2012,{"v":30860.913,"d":"30861"},{"v":1.040734568,"d":"1.041"},{"v":32118.018959140583,"d":"32118"},{"v":10.377172489917687,"d":"10.38"},{"v":10.31705687083852,"d":"10.32"},{"v":30244.11414592133,"d":"30244"},null,{"v":10.337245710703108,"d":"10.34"},{"v":10.244426788290719,"d":"10.24"},{"v":28125.355749299822,"d":"28125"},null,null,{"v":1873.9048132192547,"d":"1874"},{"$f":"SUM(O42:O54)","v":{"v":104309.9942979475,"d":"104310"}}]
[200,2013,{"v":29315.822,"d":"29316"},{"v":1.0216,"d":"1.022"},{"v":29949.0437552,"d":"29949"},{"v":10.307252674993817,"d":"10.31"},{"v":10.342225870365034,"d":"10.34"},{"v":31014.988616188763,"d":"31015"},{"$f":"E55-H55","v":{"v":-1065.9448609887622,"d":"-1066"}},{"v":10.285882649257626,"d":"10.29"},{"v":10.30451405722259,"d":"10.30"},{"v":29867.136978609633,"d":"29867"},{"$f":"C55-L55","v":{"v":-551.3149786096328,"d":"-551"}}]
[{"$f":"1+A55","v":201},2014,{"v":30142.653,"d":"30143"},{"v":1,"d":"1.000"},{"v":30142.653,"d":"30143"},{"v":10.313696490868109,"d":"10.31"},{"v":10.367394869891546,"d":"10.37"},{"v":31805.511453276973,"d":"31806"},{"$f":"E56-H56","v":{"v":-1662.8584532769746,"d":"-1663"}},{"v":10.313696490868109,"d":"10.31"},{"v":10.364601326154464,"d":"10.36"},{"v":31716.78535377245,"d":"31717"},{"$f":"C56-L56","v":{"v":-1574.132353772453,"d":"-1574"}}]

{"sheet":"d2","index":14,"n_rows":12400,"n_cols":83,"rows_kept":1125,"cut":true,"bounds":{"rows_first":500,"rows_last":125,"rows_between":500,"halvings":2}}
[1,"AL","Age/Yea",1966,1967,1968,1969,1970,1971,1972,1973,1974,1975,1976,1977,1978,1979,1980,1981,1982,1983,1984,1985,1986,1987,1988,1989,1990,1991,1992,1993,1994,1995,1996,1997,1998,1999,2000,2001,2002,2003,2004,2005,2006,2007,2008,2009,2010,2011,2012,2013,2014,"MEAN","STDEV","AAMC_FiscalYear_All_tabbed.txt"]
[2,"AL",26,71,77,93,118,145,148,147,157,145,177,167,157,118,106,89,74,59,56,47,47,39,46,56,47,47,38,39,37,58,50,36,57,37,46,48,77,68,70,75,72,81,63,69,50,49,61,60,44,30,76.5,40.1]
[3,"AL",27,81,125,163,200,236,250,249,253,276,242,249,258,236,208,182,164,131,105,110,89,91,71,86,99,97,94,75,70,72,83,74,72,95,84,92,94,129,125,127,127,127,128,123,113,111,88,106,95,63,135.1,63]
[4,"AL",28,173,170,227,290,381,449,405,373,423,481,459,401,388,389,365,310,299,266,225,228,183,175,162,172,175,188,184,153,145,153,134,146,159,173,165,171,179,218,215,232,247,204,236,206,202,190,173,182,118,243.7,99.2]
[5,"AL",29,219,307,321,397,503,638,710,637,622,732,847,828,711,749,726,694,602,583,551,503,492,407,402,387,409,374,387,386,352,332,335,341,364,358,370,365,406,423,463,458,511,561,518,516,546,523,501,478,292,492.6,148.2]
[6,"AL",30,331,346,501,515,632,779,964,1081,966,1013,1170,1360,1242,1201,1138,1185,1135,1008,975,966,860,918,812,750,757,786,784,798,723,717,664,652,664,698,717,729,683,825,830,905,973,1064,1066,1017,1061,1160,1098,940,655,873.8,226.2]
[7,"AL",31,432,546,555,742,802,950,1081,1335,1535,1372,1379,1733,1883,1788,1723,1678,1685,1645,1486,1533,1487,1347,1342,1276,1164,1187,1287,1344,1274,1126,1114,1034,1046,1069,1054,1216,1176,1164,1377,1385,1527,1633,1730,1695,1671,1767,1823,1639,1150,1326.3,343.9]
[8,"AL",32,633,619,809,851,1125,1166,1280,1430,1805,1994,1796,1807,2095,2349,2289,2207,2146,2112,2168,2042,2049,2015,1920,1953,1734,1784,1761,1894,1949,1792,1643,1508,1422,1506,1526,1604,1805,1786,1802,2044,2139,2314,2421,2451,2539,2557,2502,2482,1852,1826.1,475.5]
[9,"AL",33,683,807,873,1077,1185,1466,1432,1586,1797,2215,2394,2138,2137,2441,2802,2659,2507,2466,2470,2564,2414,2498,2489,2435,2483,2236,2367,2336,2380,2432,2273,2131,1993,1872,1959,2097,2178,2433,2488,2468,2806,2885,3147,3183,3240,3356,3381,3162,2687,2275.7,628.1]
[10,"AL",34,765,820,1002,1104,1340,1452,1703,1626,1818,2062,2491,2649,2380,2393,2693,3043,2846,2736,2684,2737,2833,2796,2864,2919,2880,2891,2744,2934,2820,2822,2784,2631,2529,2389,2316,2500,2656,2823,3109,3125,3161,3396,3624,3805,3928,3994,4024,3973,3394,2632.8,787.3]
[11,"AL",35,870,888,937,1177,1294,1572,1579,1848,1804,2001,2227,2664,2749,2503,2498,2820,3100,2950,2875,2830,2969,3053,3118,3207,3222,3221,3257,3222,3348,3145,3151,3062,2995,2917,2760,2790,3005,3164,3360,3724,3676,3672,3984,4147,4355,4677,4582,4467,4107,2888.6,936.9]
[12,"AL",36,862,968,1019,1053,1312,1412,1674,1649,1939,1879,2087,2332,2732,2776,2595,2567,2879,3124,3021,2986,2950,3105,3252,3385,3419,3455,3504,3632,3552,3611,3431,3387,3345,3299,3252,3222,3162,3395,3650,3879,4203,4133,4087,4361,4689,4839,5132,4922,4547,3054.4,1069]
[13,"AL",37,890,945,1081,1128,1192,1417,1480,1700,1716,1951,1919,2125,2389,2754,2788,2617,2565,2890,3123,3058,3043,3069,3241,3470,3526,3613,3671,3819,3928,3683,3749,3551,3546,3606,3565,3622,3505,3574,3800,4051,4268,4555,4439,4372,4731,5117,5142,5303,4948,3147.7,1171]
[14,"AL",38,858,966,1041,1159,1207,1279,1439,1539,1703,1747,1958,1933,2176,2390,2777,2762,2594,2490,2896,3150,3080,3105,3125,3342,3619,3667,3796,4002,3989,4072,3793,3878,3694,3692,3759,3890,3923,3859,3930,4152,4302,4468,4847,4650,4654,5048,5386,5250,5227,3189,1252.9]
[15,"AL",39,827,916,1020,1140,1230,1288,1308,1484,1558,1721,1749,1991,1999,2144,2345,2738,2727,2574,2444,2851,3181,3096,3110,3189,3458,3727,3762,4074,4118,4053,4143,3846,3930,3832,3839,3997,4170,4206,4092,4209,4347,4470,4650,4969,4803,4867,5150,5376,5161,3181.2,1302.3]
[16,"AL",40,732,884,991,1089,1236,1301,1306,1315,1508,1558,1732,1752,2051,1985,2137,2312,2688,2672,2537,2434,2846,3246,3144,3165,3220,3561,3782,4005,4192,4186,4143,4167,3907,4030,3943,4031,4189,4450,4408,4329,4290,4428,4604,4770,5095,4961,4916,5112,5224,3154.4,1345]
[17,"AL",41,753,787,930,1040,1160,1288,1341,1356,1332,1526,1546,1708,1802,1999,1975,2123,2279,2594,2643,2495,2407,2837,3251,3163,3164,3272,3593,3971,4095,4230,4185,4174,4156,3969,4085,4078,4139,4344,4648,4621,4440,4300,4408,4620,4916,5247,5025,4903,4955,3099.4,1373.8]
[18,"AL",42,681,798,836,990,1098,1221,1324,1369,1363,1334,1488,1577,1769,1788,1986,1929,2092,2207,2549,2623,2441,2408,2838,3248,3207,3195,3290,3673,4048,4111,4252,4184,4162,4186,4056,4177,4213,4238,4525,4843,4657,4428,4330,4402,4718,5084,5234,4932,4783,3038.5,1401.3]
[19,"AL",43,649,726,848,889,1053,1143,1227,1361,1365,1394,1328,1497,1627,1734,1755,1970,1879,2014,2172,2506,2585,2417,2397,2865,3254,3215,3204,3370,3739,4065,4083,4231,4185,4200,4213,4187,4233,4299,4311,4651,4903,4594,4425,4300,4407,4797,5042,5117,4741,2962.6,1414.6]
[20,"AL",44,640,692,783,888,954,1099,1182,1243,1387,1373,1385,1349,1572,1604,1708,1731,1937,1828,1942,2140,2484,2580,2395,2401,2846,3254,3198,3298,3452,3721,4048,4073,4214,4172,4225,4282,4269,4364,4349,4394,4638,4829,4569,4390,4280,4471,4760,4908,4941,2882.5,1416.5]
[21,"AL",45,619,683,730,826,937,1004,1131,1196,1235,1376,1375,1398,1391,1564,1614,1690,1702,1891,1774,1906,2139,2487,2581,2413,2427,2850,3250,3236,3349,3462,3712,4014,4027,4228,4199,4323,4335,4344,4402,4416,4382,4575,4772,4545,4379,4343,4452,4700,4778,2799.2,1412.4]
[22,"AL",46,517,650,721,767,878,976,1027,1147,1190,1250,1365,1396,1429,1380,1550,1587,1670,1658,1853,1744,1892,2122,2477,2578,2407,2406,2846,3304,3271,3335,3460,3683,4002,4049,4230,4240,4394,4426,4403,4452,4339,4282,4542,4666,4493,4431,4308,4341,4565,2708.1,1407.2]
[23,"AL",47,435,541,687,771,802,925,991,1049,1158,1193,1260,1371,1438,1414,1360,1514,1554,1617,1625,1800,1718,1887,2110,2460,2570,2433,2396,2872,3296,3257,3342,3421,3634,3987,4036,4283,4272,4478,4450,4455,4355,4269,4223,4504,4666,4540,4379,4221,4201,2616.7,1405.9]
[24,"AL",48,363,454,566,726,816,839,961,1002,1072,1156,1181,1239,1448,1405,1392,1341,1498,1518,1590,1609,1768,1704,1873,2098,2461,2556,2411,2431,2908,3264,3233,3323,3393,3624,3969,4084,4301,4343,4478,4444,4391,4255,4222,4158,4470,4676,4510,4242,4108,2528,1406]
[25,"AL",49,376,381,483,595,766,849,873,974,994,1068,1146,1185,1284,1447,1401,1362,1308,1475,1483,1569,1584,1753,1693,1865,2082,2463,2519,2423,2443,2878,3234,3219,3327,3367,3633,3987,4094,4298,4374,4501,4369,4271,4203,4154,4148,4468,4605,4383,4131,2438.5,1400.5]
[26,"AL",50,313,401,403,509,638,795,871,905,988,990,1057,1155,1249,1268,1446,1375,1337,1275,1448,1464,1555,1553,1736,1672,1857,2077,2428,2508,2445,2427,2850,3204,3182,3322,3372,3677,3999,4123,4280,4365,4450,4270,4194,4119,4117,4202,4388,4530,4244,2347.6,1390.2]
[27,"AL",51,307,327,419,426,530,664,809,882,902,974,973,1074,1189,1213,1255,1422,1340,1290,1251,1428,1454,1549,1540,1720,1664,1861,2067,2419,2513,2427,2427,2850,3177,3175,3294,3429,3702,4003,4121,4296,4283,4355,4204,4167,4094,4177,4111,4288,4418,2254.3,1376.5]
[28,"AL",52,313,322,346,434,452,546,678,819,873,895,957,982,1126,1171,1196,1235,1389,1300,1271,1228,1403,1438,1528,1530,1694,1643,1840,2059,2409,2465,2403,2400,2843,3150,3170,3292,3419,3712,4004,4101,4181,4194,4292,4172,4120,4170,4089,4018,4182,2152.1,1348.6]
[29,"AL",53,250,327,345,361,457,468,568,676,810,870,885,956,1024,1109,1150,1173,1212,1336,1296,1241,1214,1387,1432,1507,1511,1696,1605,1848,2066,2364,2440,2375,2383,2836,3141,3191,3316,3458,3694,4013,4017,4077,4117,4245,4140,4121,4114,4046,3923,2057,1326.3]
[30,"AL",54,188,260,335,359,383,473,474,582,675,799,860,898,1001,1015,1100,1131,1152,1173,1315,1270,1234,1196,1358,1397,1506,1500,1673,1610,1847,2018,2339,2408,2332,2390,2818,3127,3160,3310,3473,3698,3938,3929,4004,4040,4184,4174,4037,4021,3963,1961.8,1303.5]
[31,"AL",55,220,203,272,343,377,404,482,488,565,678,800,860,945,985,1006,1071,1112,1120,1160,1296,1252,1245,1176,1357,1380,1474,1496,1678,1620,1822,2007,2310,2372,2317,2379,2821,3104,3152,3289,3468,3648,3850,3863,3966,4018,4171,4107,3952,3892,1868.8,1272.8]
[32,"AL",56,197,225,213,279,358,385,412,489,484,559,665,811,892,931,978,978,1050,1076,1109,1139,1267,1239,1238,1155,1335,1361,1449,1479,1671,1577,1798,1986,2279,2342,2279,2360,2781,3082,3162,3263,3354,3522,3789,3811,3901,4001,4103,4012,3834,1768.6,1235]
[33,"AL",57,157,206,233,218,296,372,392,411,482,478,539,659,832,881,913,955,961,1019,1069,1079,1121,1237,1226,1211,1133,1317,1338,1445,1478,1645,1538,1745,1942,2240,2324,2272,2321,2777,3072,3121,3195,3245,3428,3689,3771,3881,3920,4000,3897,1667,1193]
[34,"AL",58,161,159,215,235,226,310,378,400,411,476,470,535,695,818,864,907,932,932,1010,1047,1069,1110,1225,1205,1194,1120,1285,1327,1430,1435,1602,1499,1715,1894,2203,2308,2264,2300,2772,3048,3035,3062,3179,3376,3650,3757,3798,3838,3880,1566.6,1142.9]
[35,"AL",59,149,169,163,218,245,236,312,382,399,405,464,476,553,674,805,852,887,901,911,993,1025,1054,1089,1197,1170,1167,1090,1280,1319,1379,1412,1566,1448,1682,1866,2165,2279,2243,2296,2739,2995,2937,2965,3120,3311,3642,3706,3720,3717,1464.8,1087.3]
[36,"AL",60,129,157,172,170,226,250,237,310,371,388,396,463,496,540,661,787,834,854,891,888,963,1012,1041,1074,1183,1154,1132,1070,1268,1268,1347,1392,1532,1422,1657,1820,2117,2252,2207,2258,2635,2868,2851,2894,3058,3294,3579,3607,3613,1363,1026.2]
[37,"AL",61,98,130,163,178,175,227,246,241,311,375,376,396,474,492,526,645,771,803,819,865,876,930,976,1011,1055,1147,1115,1098,1046,1192,1238,1309,1344,1469,1388,1607,1750,2094,2202,2163,2157,2531,2763,2763,2823,3020,3184,3461,3477,1255.1,955.8]
[38,"AL",62,71,101,134,168,182,180,225,245,233,304,367,368,414,461,479,511,623,738,766,782,836,853,907,953,980,1022,1109,1086,1073,999,1169,1205,1264,1290,1404,1313,1547,1736,2067,2155,2067,2056,2430,2670,2684,2793,2952,3052,3339,1150.3,884.8]
[39,"AL",63,52,72,103,137,169,189,176,227,232,230,292,366,372,392,449,464,485,599,710,723,740,797,826,856,903,953,962,1050,1051,995,955,1119,1148,1205,1235,1366,1262,1518,1690,1994,2071,1950,1948,2319,2587,2642,2694,2853,2925,1041.9,808.6]
[40,"AL",64,33,55,73,102,138,171,184,177,211,215,215,283,378,353,381,421,431,457,564,673,671,709,759,780,804,864,884,903,991,976,953,892,1031,1080,1139,1185,1296,1211,1470,1639,1872,1932,1840,1866,2240,2507,2539,2561,2690,934.7,737.3]
[41,"AL",65,40,35,59,73,108,141,170,177,170,206,202,201,294,363,343,351,399,409,439,523,640,638,682,710,735,766,807,837,865,921,924,902,835,977,1005,1072,1143,1245,1172,1401,1532,1734,1794,1754,1784,2166,2429,2403,2431,836.9,667.5]
[42,"AL",66,16,40,34,58,72,109,138,147,148,151,176,174,196,258,315,297,307,333,370,394,459,553,582,622,631,667,678,734,769,755,843,831,799,766,883,924,999,1079,1182,1098,1284,1394,1612,1683,1657,1703,2057,2263,2242,724.1,599]
[43,"AL",67,9,17,41,34,61,73,101,114,119,126,125,152,155,160,229,283,261,262,286,328,342,399,496,513,555,569,579,609,660,666,674,738,747,716,706,811,837,929,1009,1110,967,1135,1243,1480,1578,1579,1578,1928,2081,615.7,526]
[44,"AL",68,7,10,18,41,34,61,70,83,102,97,109,104,135,134,135,203,249,220,243,259,290,317,360,450,468,496,485,520,557,590,603,608,652,647,654,637,747,790,872,944,1003,857,1002,1115,1364,1491,1471,1451,1788,521.3,451.9]
[45,"AL",69,7,7,10,18,42,34,44,56,66,78,82,81,94,107,116,115,174,214,195,222,235,256,285,340,422,416,421,453,481,476,528,540,530,597,586,601,601,704,727,815,847,862,777,885,1047,1282,1382,1351,1340,439.8,387.4]
[46,"AL",70,4,7,6,10,20,42,29,37,47,48,52,66,75,77,88,100,105,149,185,174,201,217,221,252,313,381,353,385,413,408,419,477,481,463,552,521,547,567,670,672,747,726,783,710,816,967,1169,1258,1223,372.1,338.2]
[47,"AL",71,7,3,7,6,10,21,32,18,21,33,37,36,41,62,59,67,63,66,111,136,118,143,162,170,187,224,259,262,286,340,350,368,398,430,413,484,484,510,522,605,582,621,638,700,657,749,870,1052,1133,297,290.8]
[48,"AL",72,1,7,3,7,5,9,11,26,11,13,21,20,23,34,42,45,50,43,45,75,84,81,100,96,119,132,152,202,208,219,294,317,315,355,385,374,445,440,476,469,546,490,543,571,635,610,676,777,950,235.8,245.4]
[49,"AL",73,2,1,7,3,7,5,9,7,18,9,8,14,20,19,29,34,36,38,38,41,62,77,69,88,78,109,103,126,183,177,201,261,276,286,321,336,340,420,407,437,408,459,425,474,509,587,555,610,707,192.6,203.1]
[50,"AL",74,0,2,1,7,3,7,3,9,5,14,6,3,14,16,16,23,26,32,33,35,34,50,68,61,80,72,87,99,119,159,169,188,229,265,263,293,312,320,386,370,379,345,399,374,429,478,536,497,567,164.2,173.7]
[51,"AL",75,1,0,2,1,7,2,6,3,9,4,14,5,3,14,14,14,23,23,32,28,32,32,45,56,52,75,56,78,91,100,145,151,167,212,246,239,273,293,296,344,318,309,286,353,343,393,434,485,452,136.7,148.2]
[52,"AL",76,0,1,0,2,1,6,2,5,1,8,4,13,6,2,13,11,13,17,19,29,25,29,31,36,47,51,62,46,75,74,97,129,131,152,185,224,214,242,272,271,292,261,272,252,317,313,343,393,451,115.7,127.6]
[53,"AL",77,0,0,1,0,2,1,5,2,5,1,6,3,14,4,2,12,9,9,15,17,28,22,27,23,32,42,41,54,43,68,69,87,113,122,142,164,204,193,221,247,242,234,216,233,220,287,286,302,346,96,105]
[54,"AL",78,0,0,0,1,0,2,1,5,1,4,1,6,4,14,1,2,9,6,8,13,16,23,22,21,20,28,31,32,50,38,57,63,79,99,117,127,148,189,178,187,218,197,198,188,217,194,253,250,279,79.9,88.1]
[55,"AL",79,0,0,0,0,1,0,1,0,5,1,4,1,6,3,11,1,2,7,5,7,13,14,21,18,19,18,22,28,30,36,34,50,57,74,85,107,116,138,162,165,157,167,163,169,176,198,167,227,227,67.7,73.8]
[56,"AL",80,0,0,0,0,0,1,0,0,0,4,1,4,2,5,3,10,1,0,6,5,7,11,12,20,16,17,12,20,28,19,32,30,41,48,68,76,93,108,120,142,147,125,139,142,159,156,177,154,207,59.2,62.9]
[57,"AL",81,0,0,0,0,0,0,1,0,0,0,4,1,5,2,4,3,7,1,0,5,4,7,11,11,16,16,15,8,18,24,17,28,26,35,43,54,73,87,97,110,121,120,99,116,122,139,139,161,135,48.3,51.4]
[58,"AL",82,0,0,0,0,0,0,0,0,0,0,0,4,0,5,2,3,3,4,1,0,3,4,6,10,11,16,12,13,7,15,23,16,25,23,33,34,49,67,77,85,95,96,89,82,96,112,124,125,153,42.3,44.1]
[59,"AL",83,0,0,0,0,0,0,0,0,0,0,0,0,3,0,5,2,3,2,4,1,0,2,4,6,10,11,11,11,12,7,14,22,15,22,24,30,30,45,56,70,72,75,75,79,72,91,104,107,103,34.3,34.8]
[60,"AL",84,0,0,0,0,0,0,0,0,0,0,0,0,0,3,0,3,0,2,1,3,1,1,2,3,4,10,10,10,11,12,7,14,18,15,19,19,30,26,40,49,56,57,59,70,69,67,79,97,95,28.3,29.3]
[61,"AL",85,0,0,0,0,0,0,0,0,0,0,0,0,0,0,3,0,2,0,2,2,3,1,1,2,3,4,9,9,10,10,10,6,14,16,14,17,16,26,25,37,43,36,41,48,57,59,55,70,91,22.5,23.2]
[62,"AL",86,0,0,0,0,0,0,0,0,0,0,0,0,0,0,0,2,0,1,0,2,1,2,1,1,2,3,4,9,9,9,10,9,5,14,15,14,16,14,25,22,30,35,26,32,39,44,49,42,59,17.1,16.1]
[63,"AL",87,0,0,0,0,0,0,0,0,0,0,0,0,0,0,0,0,1,0,1,0,2,1,1,0,1,1,3,4,8,7,9,8,10,5,14,11,12,15,16,25,18,26,25,19,31,35,38,45,38,14.3,12.8]
[64,"AL",88,0,0,0,0,0,0,0,0,0,0,0,0,0,0,0,0,0,1,0,1,0,2,1,1,0,1,0,2,4,6,6,9,5,9,5,14,9,11,13,14,22,14,21,17,15,26,30,32,43,11.9,10.7]
[65,"AL",89,0,0,0,0,0,0,0,0,0,0,0,0,0,0,0,0,0,0,1,0,1,0,2,1,1,0,1,0,2,4,6,6,8,5,7,5,11,8,10,12,13,14,10,20,13,9,23,23,29,9.1,7.4]
[66,"AL",90,0,0,0,0,0,0,0,0,0,0,0,0,0,0,0,0,0,0,0,1,0,1,0,1,1,1,0,1,0,2,4,6,6,8,4,7,3,10,7,10,12,10,6,6,19,11,4,22,20,7,5.9]
[67,"AL","NUMB",65,65,65,65,65,65,65,65,65,65,65,65,65,65,65,65,65,65,65,65,65,65,65,65,65,65,65,65,65,65,65,65,65,65,65,65,65,65,65,65,65,65,65,65,65,65,65,65,65]
[68,"AL","SUM1",16192,18340,20995,23930,27509,31095,33881,36633,39386,42248,44866,48018,51776,54096,56527,58585,60141,61191,62873,64827,66816,69334,72007,75024,77820,80948,83793,88696,92667,94711,97039,98909,100800,103528,106469,111174,115553,121096,126503,131969,135181,136954,140047,142833,147290,153560,156640,157256,153842]
[69,"AL","SUM55",14831,16733,19065,21621,24744,27857,30214,32574,34959,37343,39430,41913,44635,46287,48035,49413,50312,50853,51824,53041,54395,56265,58332,60713,62860,65243,67720,71728,74781,76281,77475,78022,78743,80226,81806,84762,87080,90255,93238,96410,98001,98602,100050,100787,102806,106106,107030,106075,101388]
[70,"AL","SDEV",293.8,324.9,363.4,406.7,458.6,511.1,550.8,591.8,638.8,686.3,730.6,779.9,829.4,862.2,900.5,930.1,948.5,960.7,978.8,1002,1029.5,1065.6,1102.6,1150.1,1190.8,1233.7,1277.9,1356.9,1410.6,1439.3,1460.3,1471.9,1484.4,1506.1,1528.6,1576.5,1615.8,1664.5,1708.2,1759.1,1775.3,1782.8,1805.8,1824.5,1858.7,1917.5,1936.1,1924.9,1882.7]
[71,"AL","max_060",40.9,41,41,41,40.9,40.9,41,41.2,41.2,41.1,41.2,41.2,41.6,41.7,41.8,41.9,42.1,42.2,42.3,42.4,42.6,42.7,42.8,42.9,43,43.2,43.3,43.3,43.6,43.8,44.1,44.3,44.6,44.8,45,45.1,45.2,45.3,45.3,45.4,45.3,45.3,45.2,45.3,45.2,45.2,45.2,45.3,45.6]
[72,"AL","max_065",41.3,41.5,41.6,41.6,41.6,41.6,41.7,41.8,41.8,41.8,41.9,42,42.4,42.5,42.6,42.8,43,43.2,43.4,43.6,43.8,43.9,44,44.1,44.2,44.4,44.4,44.5,44.7,44.9,45.1,45.4,45.7,45.9,46.1,46.2,46.4,46.5,46.6,46.7,46.7,46.7,46.7,46.8,46.8,46.8,46.9,47,47.5]
[73,"AL","max_070",41.4,41.6,41.7,41.7,41.8,41.8,42,42.1,42.1,42.1,42.2,42.3,42.7,42.8,43,43.2,43.5,43.7,43.9,44.1,44.3,44.5,44.7,44.8,45,45.1,45.1,45.2,45.4,45.6,45.8,46.1,46.4,46.6,46.8,46.9,47.1,47.2,47.3,47.4,47.5,47.5,47.5,47.6,47.7,47.8,48,48.2,48.7]
[74,"AL","max_075",41.4,41.6,41.7,41.8,41.8,41.9,42,42.2,42.2,42.2,42.2,42.3,42.7,42.9,43.1,43.3,43.6,43.8,44.1,44.2,44.5,44.6,44.8,45,45.1,45.3,45.4,45.4,45.6,45.8,46.2,46.5,46.7,47,47.2,47.3,47.5,47.6,47.8,47.9,47.9,47.9,47.9,48.1,48.2,48.3,48.4,48.7,49.3]
[75,"AL","max_080",41.4,41.6,41.7,41.8,41.8,41.9,42,42.2,42.2,42.2,42.2,42.3,42.8,42.9,43.1,43.3,43.6,43.8,44.1,44.3,44.5,44.7,44.9,45,45.2,45.4,45.4,45.5,45.7,45.9,46.3,46.6,46.9,47.1,47.4,47.5,47.7,47.9,48,48.1,48.1,48.1,48.1,48.3,48.4,48.5,48.7,48.9,49.5]
[76,"AL","max_085",41.4,41.6,41.7,41.8,41.8,41.9,42,42.2,42.2,42.2,42.2,42.3,42.8,42.9,43.1,43.3,43.6,43.8,44.1,44.3,44.5,44.7,44.9,45,45.2,45.4,45.4,45.5,45.7,45.9,46.3,46.6,46.9,47.2,47.4,47.6,47.8,47.9,48.1,48.2,48.2,48.2,48.2,48.4,48.5,48.6,48.8,49.1,49.7]
[77,"AL","med_0.05",29.8,29.7,29.5,29.4,29.2,29.1,29.2,29.4,29.5,29.5,29.4,29.6,29.9,30,30.2,30.3,30.5,30.6,30.8,30.9,31.1,31.2,31.4,31.5,31.7,31.8,31.8,31.9,32,32.2,32.4,32.5,32.6,32.7,32.7,32.6,32.6,32.6,32.6,32.6,32.4,32.3,32.3,32.3,32.4,32.4,32.5,32.6,33.2]
[78,"AL","med_0.10",31.5,31.4,31.3,31.2,31,30.9,30.8,30.9,31,31.1,31.1,31,31.3,31.4,31.6,31.8,32,32.1,32.3,32.4,32.6,32.8,33,33.1,33.3,33.5,33.5,33.6,33.8,34,34.2,34.4,34.6,34.7,34.9,34.8,34.8,34.7,34.6,34.6,34.5,34.4,34.3,34.3,34.3,34.4,34.4,34.6,35.2]
[79,"AL","med_0.25",34.8,34.9,34.8,34.6,34.4,34.3,34.3,34.4,34.3,34.1,34.1,34.3,34.6,34.8,34.9,34.9,35.2,35.4,35.7,35.9,36.1,36.3,36.5,36.6,36.9,37.1,37.2,37.4,37.6,37.9,38.3,38.6,38.8,39.1,39.3,39.4,39.4,39.5,39.5,39.5,39.3,39.2,39,39,39,39,39,39.2,39.8]
[80,"AL","med_0.50",39.5,39.8,39.9,39.9,39.9,40,40.1,40.2,40.1,40,39.9,39.9,40.3,40.4,40.6,40.7,40.9,41.1,41.5,41.7,42,42.2,42.3,42.5,42.7,43,43.1,43.2,43.4,43.7,44.1,44.6,45,45.4,45.7,46,46.2,46.5,46.6,46.8,46.8,46.8,46.8,46.9,47,47.1,47.3,47.5,48.1]
[81,"AL","med_0.75",45.7,46.1,46.4,46.7,46.9,47.1,47.4,47.7,47.8,47.9,48.1,48.3,48.8,49,49.4,49.6,49.9,50.1,50.4,50.5,50.7,50.8,51,51,51.1,51.2,51.1,51.2,51.4,51.6,52,52.4,52.7,52.9,53.3,53.6,53.9,54.2,54.5,54.7,54.9,55.1,55.3,55.6,55.9,56.2,56.6,57,57.6]
[82,"AL","med_0.90",52.7,53.1,53.5,53.8,54,54.3,54.6,54.8,54.9,55,55.2,55.5,56.2,56.5,56.9,57.3,57.7,58.1,58.5,58.7,59,59.2,59.5,59.6,59.8,60,59.9,59.8,59.9,59.9,60.1,60.4,60.5,60.7,60.9,61,61.2,61.5,61.8,62.1,62.3,62.3,62.4,62.6,63,63.4,63.7,64.2,64.7]
[83,"AL","med_0.95",56.9,57.4,57.8,58.2,58.5,58.9,59,59.2,59.3,59.5,59.6,59.8,60.3,60.6,60.8,61.1,61.4,61.8,62.2,62.6,62.9,63.2,63.5,63.7,63.9,64.1,64,64.1,64.4,64.4,64.8,65,65.1,65.3,65.5,65.6,65.8,66.1,66.4,66.6,66.6,66.4,66.4,66.7,67,67.4,67.8,68.2,68.7]
[84,"AL","Age/Yea",1966,1967,1968,1969,1970,1971,1972,1973,1974,1975,1976,1977,1978,1979,1980,1981,1982,1983,1984,1985,1986,1987,1988,1989,1990,1991,1992,1993,1994,1995,1996,1997,1998,1999,2000,2001,2002,2003,2004,2005,2006,2007,2008,2009,2010,2011,2012,2013,2014]
[85]
[86]
[87]
[88]
[89]
[90]
[91]
[92]
[93]
[94]
[95]
[96]
[97]
[98]
[99]
[100]
[101,"AL_S","Age/Yea",1966,1967,1968,1969,1970,1971,1972,1973,1974,1975,1976,1977,1978,1979,1980,1981,1982,1983,1984,1985,1986,1987,1988,1989,1990,1991,1992,1993,1994,1995,1996,1997,1998,1999,2000,2001,2002,2003,2004,2005,2006,2007,2008,2009,2010,2011,2012,2013,2014,"MEAN","STDEV","AAMC_FiscalYear_All_tabbed.txt"]
[102,"AL_S",26,71,80.3,100.8,116.2,130.2,143,148.4,154.8,158.6,160.6,152.8,145,127.4,108.8,89.2,76.8,65,56.6,49.6,47,47,47,47,46.8,45.4,41.6,43.8,44.4,44,47.6,47.6,45.2,44.8,53,55.2,61.8,67.6,72.4,73.2,72.2,72,67,62.4,58.4,57.8,52.8,48.8,44.7,30,76,37.9]
[103,"AL_S",27,81,123,161,194.8,219.6,237.6,252.8,254,253.8,255.6,252.2,238.6,226.6,209.6,184.2,158,138.4,119.8,105.2,93.2,89.4,87.2,88.8,89.4,90.2,87,81.6,78.8,74.8,74.2,79.2,81.6,83.4,87.4,98.8,104.8,113.4,120.4,127,126.8,126.4,123.6,120.4,112.6,108.2,102.6,92.6,88,63,133.9,60.3]
[104,"AL_S",28,173,190,248.2,303.4,350.4,379.6,406.2,426.2,428.2,427.4,430.4,423.6,400.4,370.6,350.2,325.8,293,265.6,240.2,215.4,194.6,184,173.4,174.4,176.2,174.4,169,164.6,153.8,146.2,147.4,153,155.4,162.8,169.4,181.2,189.6,203,218.2,223.2,226.8,225,219,207.6,201.4,190.6,173,157.7,118,242.5,94.2]
[105,"AL_S",29,219,282.3,349.4,433.2,513.8,577,622,667.8,709.6,733.2,748,773.4,772.2,741.6,696.4,670.8,631.2,586.6,546.2,507.2,471,438.2,419.4,395.8,391.8,388.6,381.6,366.2,358.4,349.2,344.8,346,353.6,359.6,372.6,384.4,405.4,423,452.2,483.2,502.2,512.8,530.4,532.8,520.8,512.8,468,423.7,292,489,140.6]
[106,"AL_S",30,331,392.7,465,554.6,678.2,794.2,884.4,960.6,1038.8,1118,1150.2,1197.2,1222.2,1225.2,1180.2,1133.4,1088.2,1053.8,988.8,945.4,906.2,861.2,819.4,804.6,777.8,775,769.6,761.6,737.2,710.8,684,679,679,692,698.2,730.4,756.8,794.4,843.2,919.4,967.6,1005,1036.2,1073.6,1080.4,1055.2,982.8,897.7,655,868.5,210]
[107,"AL_S",31,432,511,615.4,719,826,982,1140.6,1254.6,1340.4,1470.8,1580.4,1631,1701.2,1761,1751.4,1703.8,1643.4,1605.4,1567.2,1499.6,1439,1397,1323.2,1263.2,1251.2,1251.6,1251.2,1243.6,1229,1178.4,1118.8,1077.8,1063.4,1083.8,1112.2,1135.8,1197.4,1263.6,1325.8,1417.2,1530.4,1594,1651.2,1699.2,1737.2,1719,1610,1537.3,1150,1318.1,322.6]
[108,"AL_S",32,633,687,807.4,914,1046.2,1170.4,1361.2,1535,1661,1766.4,1899.4,2008.2,2067.2,2149.4,2217.2,2220.6,2184.4,2135,2103.4,2077.2,2038.8,1995.8,1934.2,1881.2,1830.4,1825.2,1824.4,1836,1807.8,1757.2,1662.8,1574.2,1521,1513.2,1572.6,1645.4,1704.6,1808.2,1915.2,2017,2144,2273.8,2372.8,2456.4,2494,2506.2,2386.4,2278.7,1852,1817.8,446.9]
[109,"AL_S",33,683,787.7,925,1081.6,1206.6,1349.2,1493.2,1699.2,1884.8,2026,2136.2,2265,2382.4,2435.4,2509.2,2575,2580.8,2533.2,2484.2,2482.4,2487,2480,2463.8,2428.2,2402,2371.4,2360.4,2350.2,2357.6,2310.4,2241.8,2140.2,2045.6,2010.4,2019.8,2107.8,2231,2332.8,2474.6,2616,2758.8,2897.8,3052.2,3162.2,3261.4,3264.4,3165.2,3076.7,2687,2266.9,601.9]
[110,"AL_S",34,765,862.3,1006.2,1143.6,1320.2,1445,1587.8,1732.2,1940,2129.2,2280,2395,2521.2,2631.6,2671,2742.2,2800.4,2809.2,2767.2,2757.2,2782.8,2829.8,2858.4,2870,2859.6,2873.6,2853.8,2842.2,2820.8,2798.2,2717.2,2631,2529.8,2473,2478,2536.8,2680.8,2842.6,2974.8,3122.8,3283,3422.2,3582.8,3749.4,3875,3944.8,3862.6,3797,3394,2624.4,761]
[111,"AL_S",35,870,898.3,1033.2,1173.6,1311.8,1494,1619.4,1760.8,1891.8,2108.8,2289,2428.8,2528.2,2646.8,2734,2774.2,2848.6,2915,2944.8,2935.4,2969,3035.4,3113.8,3164.2,3205,3225.8,3254,3238.6,3224.6,3185.6,3140.2,3054,2977,2904.8,2893.4,2927.2,3015.8,3208.6,3385.8,3519.2,3683.2,3840.6,3966.8,4167,4349,4445.6,4437.6,4385.3,4107,2882.3,913]
[112,"AL_S",36,862,949.7,1042.8,1152.8,1294,1420,1597.2,1710.6,1845.6,1977.2,2193.8,2361.2,2504.4,2600.4,2709.8,2788.2,2837.2,2915.4,2992,3037.2,3062.8,3135.6,3222.2,3323.2,3403,3479,3512.4,3550.8,3546,3522.6,3465.2,3414.6,3342.8,3301,3256,3266,3336.2,3461.6,3657.8,3852,3990.4,4132.6,4294.6,4421.8,4621.6,4788.6,4825.8,4867,4547,3048.8,1048.5]
[113,"AL_S",37,890,972,1047.2,1152.6,1259.6,1383.4,1501,1652.8,1753.2,1882.2,2020,2227.6,2395,2534.6,2622.6,2722.8,2796.6,2850.6,2935.8,3036.6,3106.8,3176.2,3269.8,3383.8,3504.2,3619.8,3711.4,3742.8,3770,3746,3691.4,3627,3603.4,3578,3568.8,3574.4,3613.2,3710.4,3839.6,4049.6,4222.6,4337,4473,4642.8,4760.2,4933,5048.2,5131,4948,3143.2,1154]
[114,"AL_S",38,858,955,1046.2,1130.4,1225,1324.6,1433.4,1541.4,1677.2,1776,1903.4,2040.8,2246.8,2407.6,2539.8,2602.6,2703.8,2778.4,2842,2944.2,3071.2,3160.4,3254.2,3371.6,3509.8,3685.2,3814.6,3905.2,3930.4,3946.8,3885.2,3825.8,3763.2,3782.6,3791.6,3824.6,3872.2,3950.8,4033.2,4142.2,4339.8,4483.8,4584.2,4733.4,4917,4997.6,5113,5287.7,5227,3187.4,1243.5]
[115,"AL_S",39,827,921,1026.6,1118.8,1197.2,1290,1373.6,1471.8,1564,1700.6,1803.6,1920.8,2045.6,2243.4,2390.6,2505.6,2565.6,2666.8,2755.4,2829.2,2936.4,3085.4,3206.8,3316,3449.2,3642,3827.8,3946.8,4030,4046.8,4018,3960.8,3918,3888.8,3953.6,4008.8,4060.8,4134.8,4204.8,4264.8,4353.6,4529,4647.8,4751.8,4887.8,5033,5071.4,5229,5161,3179.2,1293.3]
[116,"AL_S",40,732,869,986.4,1100.2,1184.6,1249.4,1333.2,1397.6,1483.8,1573,1720.2,1815.6,1931.4,2047.4,2234.6,2358.8,2469.2,2528.6,2635.4,2747,2841.4,2967,3124.2,3267.2,3374.4,3546.6,3752,3945.2,4061.6,4138.6,4119,4086.6,4038,4015.6,4020,4128.6,4204.2,4281.4,4333.2,4381,4411.8,4484.2,4637.4,4771.6,4869.2,4970.8,5061.6,5084,5224,3153.8,1340.3]
[117,"AL_S",41,753,823.3,934,1041,1151.8,1237,1295.4,1368.6,1420.2,1493.6,1582.8,1716.2,1806,1921.4,2035.6,2194,2322.8,2426.8,2483.6,2595.2,2726.6,2830.6,2964.4,3137.4,3288.6,3432.6,3619,3832.2,4014.8,4131,4168,4142.8,4113.8,4092.4,4085.4,4123,4258.8,4366,4438.4,4470.6,4483.4,4477.8,4536.8,4698.2,4843.2,4942.2,5009.2,4961,4955,3096.8,1361.6]
[118,"AL_S",42,681,771.7,880.6,988.6,1093.8,1200.4,1275,1322.2,1375.6,1426.2,1506.2,1591.2,1721.6,1809.8,1912.8,2000.4,2152.6,2280,2382.4,2445.6,2571.8,2711.6,2828.4,2979.2,3155.6,3322.6,3482.6,3663.4,3874.8,4053.6,4151.4,4179,4168,4153,4158.8,4174,4241.8,4399.2,4495.2,4538.2,4556.6,4532,4507,4592.4,4753.6,4874,4950.2,4983,4783,3033.7,1387]
[119,"AL_S",43,649,741,833,931.8,1032,1134.6,1229.8,1298,1335,1389,1442.2,1516,1588.2,1716.6,1793,1870.4,1958,2108.2,2231.2,2338.8,2415.4,2554,2703.6,2829.6,2987,3181.6,3356.4,3518.6,3692.2,3897.6,4060.6,4152.8,4182.4,4203.2,4203.6,4226.4,4248.6,4336.2,4479.4,4551.6,4576.8,4574.6,4525.8,4504.6,4594.2,4732.6,4820.8,4966.7,4741,2958.2,1400.1]
[120,"AL_S",44,640,705,791.4,883.2,981.2,1073.2,1173,1256.8,1314,1347.4,1413.2,1456.6,1523.6,1592.8,1710.4,1761.6,1829.2,1915.6,2066.2,2194.8,2308.2,2400,2541.2,2695.2,2818.8,2999.4,3209.6,3384.6,3543.4,3718.4,3901.6,4045.6,4146.4,4193.2,4232.4,4262.4,4297.8,4331.6,4402.8,4514.8,4555.8,4564,4541.2,4507.8,4494,4561.8,4672,4869.7,4941,2883.3,1410.5]
[121,"AL_S",45,619,677.3,759,836,925.6,1018.8,1100.6,1188.4,1262.6,1316,1355,1420.8,1468.4,1531.4,1592.2,1692.2,1734.2,1792.6,1882.4,2039.4,2177.4,2305.2,2409.4,2551.6,2704.2,2835.2,3022.4,3229.4,3401.8,3554.6,3712.8,3888.6,4036,4158.2,4222.4,4285.8,4320.6,4364,4375.8,4423.8,4509.4,4538,4530.6,4522.8,4498.2,4483.8,4530.4,4643.3,4778,2800.5,1407.7]
[122,"AL_S",46,517,629.3,706.6,798.4,873.8,959,1043.6,1118,1195.8,1269.6,1326,1364,1424,1468.4,1523.2,1569,1663.6,1702.4,1763.4,1853.8,2017.6,2162.6,2295.2,2398,2542.8,2708.2,2846.8,3032.4,3243.2,3410.6,3550.2,3705.8,3884.8,4040.8,4183,4267.8,4338.6,4383,4402.8,4380.4,4403.6,4456.2,4464.4,4482.8,4488,4447.8,4427.6,4404.7,4565,2708.2,1402.7]
[123,"AL_S",47,435,554.3,647.2,745.2,835.2,907.6,985,1063.2,1130.2,1206.2,1284,1335.2,1368.6,1419.4,1456,1491.8,1534,1622,1662.8,1729.4,1828,1995,2149,2292,2393.8,2546.2,2713.4,2850.8,3032.6,3237.6,3390,3528.2,3684,3872.2,4042.4,4211.2,4303.8,4387.6,4402,4401.4,4350.4,4361.2,4403.4,4440.4,4462.4,4462,4401.4,4267,4201,2612.7,1396.3]
[124,"AL_S",48,363,461,585,680.2,781.6,868.8,938,1006,1074.4,1130,1219.2,1285.8,1333,1365,1416.8,1430.8,1467.8,1511.2,1596.6,1637.8,1708.8,1810.4,1980.8,2138.4,2279.8,2391.4,2553.4,2714,2849.4,3031.8,3224.2,3367.4,3508.4,3678.6,3874.2,4064.2,4235,4330,4391.4,4382.2,4358,4294,4299.2,4356.2,4407.2,4411.2,4401.2,4286.7,4108,2522.2,1393.2]
[125,"AL_S",49,376,413.3,520.2,614.8,713.2,811.4,891.2,951.6,1011,1073.4,1135.4,1226,1292.6,1335.8,1360.4,1398.6,1405.8,1439.4,1483.8,1572.8,1616.4,1692.8,1795.4,1971.2,2124.4,2270.4,2386,2545.2,2699.4,2839.4,3020.2,3205,3356,3506.6,3681.6,3875.8,4077.2,4250.8,4327.2,4362.6,4343.6,4299.6,4229,4248.8,4315.6,4351.6,4347,4373,4131,2434.1,1386.2]
[126,"AL_S",50,313,372.3,452.8,549.2,643.2,743.6,839.4,909.8,962.2,1019,1087.8,1143.8,1235,1298.6,1335,1340.2,1376.2,1379.8,1415.8,1459,1551.2,1596,1674.6,1779,1954,2108.4,2263,2377,2531.6,2686.8,2821.6,2997,3186,3351.4,3510.4,3698.6,3890.2,4088.8,4243.4,4297.6,4311.8,4279.6,4230,4180.4,4204,4271.2,4296.2,4387.3,4244,2344.6,1379.2]
[127,"AL_S",51,307,351,401.8,473.2,569.6,662.2,757.4,846.2,908,961,1022.4,1084.6,1140.8,1230.6,1283.8,1304,1311.6,1346.2,1352.6,1394.4,1444.4,1538.2,1585.4,1666.8,1770.4,1946.2,2104.8,2257.4,2370.6,2527.2,2678.8,2811.2,2984.6,3185,3355.4,3520.6,3709.8,3910.2,4081,4211.6,4251.8,4261,4220.6,4199.4,4150.6,4167.4,4217.6,4272.3,4418,2255.6,1370.6]
[128,"AL_S",52,313,327,373.4,420,491.2,585.8,673.6,762.2,844.4,905.2,966.6,1026.2,1086.4,1142,1223.4,1258.2,1278.2,1284.6,1318.2,1328,1373.6,1425.4,1518.6,1566.6,1647,1753.2,1929,2083.2,2235.2,2347.2,2504,2652.2,2793.2,2971,3174.8,3348.6,3519.4,3705.6,3883.4,4038.4,4154.4,4188,4191.8,4189.6,4168.6,4113.8,4115.8,4096.3,4182,2152.6,1341.3]
[129,"AL_S",53,250,307.3,348,391.6,439.8,506,595.8,678.4,761.8,839.4,909,968.8,1024.8,1082.4,1133.6,1196,1233.4,1251.6,1259.8,1294.8,1314,1356.2,1410.2,1506.6,1550.2,1633.4,1745.2,1915.8,2064.6,2218.6,2325.6,2479.6,2635,2785.2,2973.4,3188.4,3360,3534.4,3699.6,3851.8,3983.6,4093.8,4119.2,4140,4147.4,4133.2,4068.8,4027.7,3923,2054.2,1315.7]
[130,"AL_S",54,188,261,305,362,404.8,454.2,517.4,600.6,678,762.8,846.6,914.6,974.8,1029,1079.8,1114.2,1174.2,1208.2,1228.8,1237.6,1274.6,1291,1338.2,1391.4,1486.8,1537.2,1627.2,1729.6,1897.4,2044.4,2188.8,2297.4,2457.4,2615,2765.4,2961,3177.6,3353.6,3515.8,3669.6,3808.4,3921.8,4019,4066.2,4087.8,4091.2,4075.8,4007,3963,1959.2,1294.1]
[131,"AL_S",55,220,231.7,283,319.8,375.6,418.8,463.2,523.4,602.6,678.2,769.6,853.6,919.2,973.4,1023.8,1058.8,1093.8,1151.8,1188,1214.6,1225.8,1265.2,1282,1326.4,1376.6,1477,1529.6,1618,1724.6,1887.4,2026.2,2165.6,2277,2439.8,2598.6,2754.6,2949,3166.8,3332.2,3481.4,3623.6,3759,3869,3973.6,4025,4042.8,4028,3983.7,3892,1866.6,1261.6]
[132,"AL_S",56,197,211.7,254.4,292,329.4,384.6,425.6,465.8,521.8,601.6,682.2,771.6,855.4,918,965.8,1002.6,1038.2,1070.4,1128.2,1166,1198.4,1207.6,1246.8,1265.6,1307.6,1355.8,1459,1507.4,1594.8,1702.2,1862.2,1996.4,2136.8,2249.2,2408.2,2568.8,2732.8,2929.6,3128.4,3276.6,3418,3547.8,3675.4,3804.8,3921,3965.6,3970.2,3983,3834,1766,1223]
[133,"AL_S",57,157,198.7,222,265,302.2,337.8,390.6,427,460.4,513.8,598,677.8,764.8,848,908.4,945.8,983.4,1016.6,1049.8,1105,1146.4,1174.8,1185.6,1224.8,1245,1288.8,1342.2,1444.6,1488.8,1570.2,1669.6,1822,1957.8,2104.6,2219.8,2386.8,2553.2,2712.6,2897.2,3082,3212.2,3335.6,3465.6,3602.8,3737.8,3852.2,3893.8,3939,3897,1665.8,1183.6]
[134,"AL_S",58,161,178.3,199.2,229,272.8,309.8,345,395,427,458.4,517.4,598.8,676.4,763.8,843.2,890.6,929,965.6,998,1033.6,1092.2,1131.2,1160.6,1170.8,1205.8,1226.2,1271.2,1319.4,1415.8,1458.6,1536.2,1629,1782.6,1923.8,2076.8,2193.8,2369.4,2538.4,2683.8,2843.4,3019.2,3140,3260.4,3404.8,3552,3683.8,3784.6,3838.7,3880,1567,1135.6]
[135,"AL_S",59,149,160.3,188.8,206.2,234.8,278.6,314.8,346.8,392.4,425.2,459.4,514.4,594.4,672,754.2,823.8,871.2,908.8,943.4,976.8,1014.4,1071.6,1107,1135.4,1142.6,1180.8,1205.2,1247,1296,1391.2,1424.8,1497.4,1594.8,1745.4,1888,2047,2169.8,2344.4,2510.4,2642,2786.4,2951.2,3065.6,3195,3348.8,3499.8,3619.2,3714.3,3717,1464.7,1078.8]
[136,"AL_S",60,129,152.7,170.8,195,211,238.6,278.8,311.2,340.4,385.6,422.8,456.6,511.2,589.4,663.6,735.2,805.4,850.8,886,921.6,959,995.6,1054.6,1092.8,1116.8,1122.6,1161.4,1178.4,1217,1269,1361.4,1392.2,1470,1564.6,1709.6,1853.6,2010.6,2130.8,2293.8,2444,2563.8,2701.2,2861.2,2993,3135.2,3286.4,3430.2,3599.7,3613,1364,1020.4]
[137,"AL_S",61,98,130.3,148.8,174.6,197.8,213.4,240,280,309.8,339.8,386.4,422.6,452.8,506.6,581.6,647.4,712.8,780.6,826.8,858.6,893.2,931.6,969.6,1023.8,1060.8,1085.2,1092.2,1119.6,1137.8,1176.6,1225.8,1310.4,1349.6,1423.4,1511.6,1661.6,1808.2,1963.2,2073.2,2229.4,2363.2,2475.4,2607.4,2780,2910.6,3050.2,3193,3374,3477,1256.9,952.6]
[138,"AL_S",62,71,102,131.2,153,177.8,200,213,237.4,274.8,303.4,337.2,382.8,417.8,446.6,497.6,562.4,623.4,684,749,795,828.8,866.2,905.8,943,994.2,1030,1054,1057.8,1087.2,1106.4,1142,1185.4,1266.4,1295.2,1363.6,1458,1613.4,1763.6,1914.4,2016.2,2155,2275.6,2381.4,2526.6,2705.8,2830.2,2964,3114.3,3339,1153.9,886.3]
[139,"AL_S",63,52,75.7,106.6,134,154.8,179.6,198.6,210.8,231.4,269.4,298.4,330.4,374.2,408.6,432.4,477.8,541.4,596.2,651.4,713.8,759.2,788.4,824.4,867,900,944.8,983.8,1002.2,1002.6,1034,1053.6,1084.4,1132.4,1214.6,1243.2,1317.2,1414.2,1566,1707,1844.6,1930.6,2056.4,2175,2289.2,2438,2619,2740.2,2824,2925,1043.2,804.6]
[140,"AL_S",64,33,53.7,80.2,107.8,133.6,154.4,176.2,191.6,200.4,220.2,260.4,288.8,322,363.2,392.8,408.6,450.8,509.2,559.2,614.8,675.2,718.4,744.6,783.2,818.2,847,889.2,923.6,941.4,943,968.6,986.4,1019,1065.4,1146.2,1182.2,1260.2,1360.2,1497.6,1624.8,1750.6,1829.8,1950,2077,2198.4,2342.6,2507.4,2596.7,2690,935.9,733.2]
[141,"AL_S",65,40,44.7,63,83.2,110.2,133.8,153.2,172.8,185,191.2,214.6,253.2,280.6,310.4,350,373,388.2,424.2,482,529.8,584.4,638.6,681,706.2,740,771,802,839.2,870.8,889.8,889.4,911.8,928.6,958.2,1006.4,1088.4,1127.4,1206.6,1298.6,1416.8,1526.6,1643,1719.6,1846.4,1985.4,2107.2,2242.6,2421,2431,838,662.4]
[142,"AL_S",66,16,30,44,62.6,82.2,104.8,122.8,138.6,152,159.2,169,191,223.8,248,274.6,302,324.4,340.2,372.6,421.8,471.6,522,569.4,611,636,666.4,695.8,720.6,755.8,786.4,799.4,798.8,824.4,840.6,874.2,930.2,1013.4,1056.4,1128.4,1207.4,1314,1414.2,1526,1609.8,1742.4,1872.6,1984.4,2187.3,2242,726.1,597.5]
[143,"AL_S",67,9,22.3,32.4,45.2,62,76.6,93.6,106.6,117,127.2,135.4,143.6,164.2,195.8,217.6,239,264.2,284,295.8,323.4,370.2,415.6,461,506.4,542.4,565,594.4,616.6,637.6,669.4,697,708.2,716.2,743.6,763.4,799.8,858.4,939.2,970.4,1030,1092.8,1187,1280.6,1403,1491.6,1628.6,1748.8,1862.3,2081,619.1,527.9]
[144,"AL_S",68,7,11.7,22,32.8,44.8,57.8,70,82.6,92.2,99,109.4,115.8,123.4,142.2,171.2,188.2,210,234.8,252.2,265.8,293.8,335.2,377,418.2,451.8,483.8,505.2,529.6,551,575.6,602,620,632.8,639.6,667.4,695,740,798,871.2,893.2,935.6,984.2,1068.2,1165.8,1288.6,1378.4,1513,1570,1788,524.6,454.4]
[145,"AL_S",69,7,8,16.8,22.2,29.6,38.8,48.4,55.6,65.2,72.6,80.2,88.4,96,102.6,121.2,145.2,162.8,184,208,224.4,238.6,267.6,307.6,343.8,376.8,410.4,438.6,449.4,471.8,495.6,511,534.2,556.2,570.8,583,617.8,643.8,689.6,738.8,791,805.6,837.2,883.6,970.6,1074.6,1189.4,1280.4,1357.7,1340,439.8,382.3]
[146,"AL_S",70,4,5.7,9.4,17,21.4,27.6,35,40.6,42.6,50,57.6,63.6,71.6,81.2,89,103.8,125.4,142.6,162.8,185.2,199.6,213,240.8,276.8,304,336.8,369,388,395.6,420.4,439.6,449.6,478.4,498.8,512.8,530,571.4,595.4,640.6,676.4,719.6,727.6,756.4,800.4,889,984,1086.6,1216.7,1223,373,335.4]
[147,"AL_S",71,7,5.7,6.6,9.4,15.2,17.4,20.4,25,28.2,29,33.6,41.8,47,53,58.4,63.4,73.2,88.6,98.8,114.8,134,145.8,156,177.2,200.4,220.4,243.6,274.2,299.4,321.2,348.4,377.2,391.8,418.6,441.8,464.2,482.6,521,540.6,568,593.6,629.2,639.6,673,722.8,805.6,892.2,1018.3,1133,299.4,292.6]
[148,"AL_S",72,1,3.7,4.6,6.2,7,11.6,12.4,14,16.4,18.2,17.6,22.2,28,32.8,38.8,42.8,45,51.6,59.4,65.6,77,87.2,96,105.6,119.8,140.2,162.6,182.6,215,248,270.6,300,333.2,349.2,374.8,399.8,424,440.8,475.2,484.2,504.8,523.8,557,569.8,607,653.8,729.6,801,950,238.4,249]
[149,"AL_S",73,2,3.3,4,4.6,6.2,6.2,9.2,9.6,10.2,11.2,13.8,14,18,23.2,27.6,31.2,35,37.4,43,51.2,57.4,67.4,74.8,84.2,89.4,100.8,119.8,139.6,158,189.6,219.6,240.2,269,296,311.8,340.6,364.8,388,402.4,426.2,427.2,440.6,455,490.8,510,547,593.6,624,707,193.8,203.8]
[150,"AL_S",74,0,1,2.6,4,4.2,5.8,5.4,7.6,7.4,7.4,8.4,10.6,11,14.4,19,22.6,26,29.8,32,36.8,44,49.6,58.6,66.2,73.6,79.8,91.4,107.2,126.6,146.8,172.8,202,222.8,247.6,272.4,290.6,314.8,336.2,353.4,360,375.8,373.4,385.2,405,443.2,462.8,501.4,533.3,567,165,173.7]
[151,"AL_S",75,1,1,2.2,2.4,3.6,3.8,5.4,4.8,7.2,7,7,8,10,10,13.6,17.6,21.2,24,27.6,29.4,33.8,38.6,43.4,52,56.8,63.4,70.4,80,94,113,130.8,155,184.2,203,227.4,252.6,269.4,289,304.8,312,310.6,322,321.8,336.8,361.8,401.6,421.4,457,452,134,146.4]
[152,"AL_S",76,0,0.3,0.8,2,2.2,3.2,3,4.4,4,6.2,6.4,6.6,7.6,9,9,11.2,14.6,17.8,20.6,23.8,26.6,30,33.6,38.8,45.4,48.4,56.2,61.6,70.8,84.2,101.2,116.6,138.8,164.2,181.2,203.4,227.4,244.6,258.2,267.6,273.6,269.6,278.8,283,299.4,323.6,363.4,395.7,451,114.4,128.1]
[153,"AL_S",77,0,0.3,0.6,0.8,1.8,2,3,2.8,3.8,3.4,5.8,5.6,5.8,7,8.2,7.2,9.4,12.4,15.6,18.2,21.8,23.4,26.4,29.2,33,38.4,42.4,49.6,55,64.2,76,91.8,106.6,125.6,149,165,184.8,205.8,221.4,227.4,232,234.4,229,238,248.4,265.6,288.2,311.3,346,92.6,104.5]
[154,"AL_S",78,0,0,0.2,0.6,0.8,1.8,1.8,2.6,2.4,3.4,3.2,5.8,5.2,5.4,6,6.4,5.2,7.6,10.4,13.2,16.4,19,20.4,22.8,24.4,26.4,32.2,35.8,41.6,48,57.4,67.2,83,97,114,136,151.8,165.8,184,193.8,195.6,197.6,203.6,198.8,210,220.4,238.6,260.7,279,77.1,87.7]
[155,"AL_S",79,0,0,0.2,0.2,0.4,0.4,1.4,1.4,2.2,2.2,3.4,3,5,4.4,4.6,4.8,5.2,4.4,6.8,9.2,12,14.6,17,18,19.6,21,23.4,26.8,30,35.6,41.4,50.2,60,74.6,87.8,104,121.6,137.6,147.6,157.8,162.8,164.2,166.4,174.6,174.6,187.4,199,207,227,62.2,72.5]
[156,"AL_S",80,0,0,0,0.2,0.2,0.2,0.2,1,1,1.8,2.2,3.2,3,4.8,4.2,3.8,4,4.4,3.8,5.8,8.2,11,13.2,15.2,15.4,17,18.6,19.2,22.2,25.8,30,34,43.8,52.6,65.2,78.6,93,107.8,122,128.4,134.6,139,142.4,144.2,154.6,157.6,170.6,179.3,207,52.1,62.3]
[157,"AL_S",81,0,0,0,0,0.2,0.2,0.2,0.2,1,1,2,2.4,3.2,3,4.2,3.4,3,3.2,3.4,3.4,5.4,7.6,9.8,12.2,13.8,13.2,14.6,16.2,16.4,19,22.6,26,29.8,37.2,46.2,58.4,70.8,84.2,97.6,107,109.4,113.2,115.6,119.2,123,135.4,139.2,145,135,41.7,49.5]
[158,"AL_S",82,0,0,0,0,0,0,0,0,0,0.8,0.8,1.8,2.2,2.8,2.6,3.4,2.6,2.2,2.2,2.4,2.8,4.6,6.8,9.4,11,12.4,11.8,12.6,14,14.8,17.2,20.4,24,26.2,32.8,41.2,52,62.4,74.6,84,88.4,89.4,91.6,95,100.6,107.8,122,134,153,38.5,43.9]
[159,"AL_S",83,0,0,0,0,0,0,0,0,0,0,0.6,0.6,1.6,2,2.6,2.4,3.2,2.4,2,1.8,2.2,2.6,4.4,6.6,8.4,9.8,11,10.4,11,13.2,14,16,19.4,22.6,24.2,30.2,37,46.2,54.6,63.6,69.6,74.2,74.6,78.4,84.2,90.6,95.4,104.7,103,30.8,34]
[160,"AL_S",84,0,0,0,0,0,0,0,0,0,0,0,0.6,0.6,1.2,1.2,1.6,1.2,1.8,1.4,1.6,1.6,2,2.2,4,5.8,7.4,9,10.6,10,10.8,12.4,13.2,14.6,17,20.2,21.8,26.8,32.8,40.2,45.6,52.2,58.2,62.2,64.4,68.8,76.4,81.4,90.3,95,25.5,28.8]
[161,"AL_S",85,0,0,0,0,0,0,0,0,0,0,0,0,0.6,0.6,1,1,1.4,1.2,1.8,1.6,1.8,1.8,2,2.2,3.8,5.4,7,8.4,9.6,9,10,11.2,12,13.4,15.4,17.8,19.6,24.2,29.4,33.4,36.4,41,45,48.2,52,57.8,66.4,72,91,20.4,23.4]
[162,"AL_S",86,0,0,0,0,0,0,0,0,0,0,0,0,0,0.4,0.4,0.6,0.6,1,0.8,1.2,1.2,1.4,1.4,1.8,2.2,3.8,5.4,6.8,8.2,9.2,8.4,9.4,10.6,11.4,12.8,14.6,16.8,18.2,21.4,25.2,27.6,29,32.4,35.2,38,41.2,46.6,50,59,15.4,16.2]
[163,"AL_S",87,0,0,0,0,0,0,0,0,0,0,0,0,0,0,0.2,0.2,0.4,0.4,0.8,0.8,1,0.8,1,0.8,1.2,1.8,3.4,4.6,6.2,7.2,8.4,7.8,9.2,9.6,10.4,11.4,13.6,15.8,17.2,20,22,22.6,23.8,27.2,29.6,33.6,37.4,40.3,38,12.2,12.3]
[164,"AL_S",88,0,0,0,0,0,0,0,0,0,0,0,0,0,0,0,0.2,0.2,0.4,0.4,0.8,0.8,1,0.8,1,0.6,0.8,1.4,2.6,3.6,5.4,6,7,6.8,8.4,8.4,9.6,10.4,12.2,13.8,14.8,16.8,17.6,17.8,18.6,21.8,24,29.2,35,43,10,10.7]
[165,"AL_S",89,0,0,0,0,0,0,0,0,0,0,0,0,0,0,0,0,0.2,0.2,0.4,0.4,0.8,0.8,1,0.8,1,0.6,0.8,1.4,2.6,3.6,5.2,5.8,6.4,6.2,7.2,7.2,8.2,9.2,10.8,11.4,11.8,13.8,14,13.2,15,17.6,19.4,25,29,7.6,7.5]
[166,"AL_S",90,0,0,0,0,0,0,0,0,0,0,0,0,0,0,0,0,0,0.2,0.2,0.4,0.4,0.6,0.6,0.8,0.6,0.8,0.6,0.8,1.4,2.6,3.6,5.2,5.6,6.2,5.6,6.4,6.2,7.4,8.4,9.8,9,8.8,10.6,10.4,9.2,12.4,15.2,15.3,20,5.8,5.2]
[167,"AL_S","NUMB",65,65,65,65,65,65,65,65,65,65,65,65,65,65,65,65,65,65,65,65,65,65,65,65,65,65,65,65,65,65,65,65,65,65,65,65,65,65,65,65,65,65,65,65,65,65,65,65,65]
[168,"AL_S","SUM1",16192,18509,21393,24373,27481,30609,33700,36648,39402,42230,45258,48200,51056,53800,56224,58107,59863,61523,63169,65008,67171,69601,72200,75026,77918,81256,84784,88163,91381,94404,96825,98997,101349,104176,107504,111564,116158,121259,126060,130340,134130,137396,140461,144136,148074,151515,153717,155912,153842]
[169,"AL_S","SUM55",14831,16876,19398,22004,24700,27402,30069,32589,34904,37243,39656,41921,44060,46056,47736,48979,50087,51088,52085,53275,54771,56549,58512,60682,62973,65652,68466,71150,73597,75657,77060,78149,79254,80711,82523,84825,87428,90349,92996,95301,97260,98770,100049,101670,103355,104560,104681,104830,101388]
[170,"AL_S","SDEV",293.8,326.8,368.5,411.8,456.8,502.4,548.6,593.9,637.4,683,730.2,774.6,817.2,857,890.9,917,940.1,960.6,980.6,1004,1032.3,1066.5,1104.2,1144.9,1187.4,1238.4,1290.7,1340.2,1385,1423,1448.3,1467.5,1485.7,1509.7,1539,1575.4,1616,1662,1701.4,1734.5,1762.5,1785.6,1805.5,1834,1864.7,1888.6,1899,1911.1,1882.7]
[171,"AL_S","max_060",40.9,41,41,41,41,41,41.1,41.1,41.1,41.2,41.3,41.4,41.5,41.6,41.8,41.9,42.1,42.2,42.3,42.5,42.6,42.7,42.8,42.9,43,43.2,43.3,43.4,43.6,43.8,44.1,44.3,44.6,44.8,45,45.1,45.2,45.3,45.3,45.3,45.3,45.3,45.3,45.3,45.2,45.2,45.3,45.4,45.6]
[172,"AL_S","max_065",41.3,41.5,41.5,41.6,41.6,41.6,41.7,41.7,41.8,41.9,42,42.1,42.3,42.5,42.7,42.8,43,43.2,43.4,43.6,43.8,43.9,44,44.1,44.2,44.3,44.4,44.6,44.7,44.9,45.1,45.4,45.6,45.9,46.1,46.2,46.4,46.5,46.6,46.6,46.7,46.7,46.7,46.8,46.8,46.9,47,47.1,47.5]
[173,"AL_S","max_070",41.4,41.6,41.7,41.7,41.8,41.9,42,42,42.1,42.2,42.3,42.4,42.6,42.8,43.1,43.3,43.5,43.7,43.9,44.1,44.3,44.5,44.7,44.8,44.9,45,45.2,45.3,45.4,45.6,45.9,46.1,46.4,46.6,46.8,46.9,47.1,47.2,47.3,47.4,47.4,47.5,47.6,47.6,47.7,47.9,48.1,48.3,48.7]
[174,"AL_S","max_075",41.4,41.6,41.7,41.8,41.9,42,42,42.1,42.2,42.2,42.3,42.5,42.7,42.9,43.1,43.3,43.6,43.8,44,44.2,44.5,44.6,44.8,45,45.1,45.2,45.4,45.5,45.7,45.9,46.2,46.5,46.7,47,47.2,47.3,47.5,47.6,47.7,47.8,47.9,47.9,48,48.1,48.2,48.3,48.6,48.8,49.3]
[175,"AL_S","max_080",41.4,41.6,41.7,41.8,41.9,42,42,42.1,42.2,42.2,42.4,42.5,42.7,42.9,43.2,43.4,43.6,43.8,44.1,44.3,44.5,44.7,44.9,45,45.2,45.3,45.5,45.6,45.8,46,46.3,46.6,46.9,47.1,47.3,47.5,47.7,47.8,48,48,48.1,48.1,48.2,48.3,48.4,48.6,48.8,49,49.5]
[176,"AL_S","max_085",41.4,41.6,41.7,41.8,41.9,42,42,42.1,42.2,42.2,42.4,42.5,42.7,42.9,43.2,43.4,43.6,43.8,44.1,44.3,44.5,44.7,44.9,45.1,45.2,45.3,45.5,45.6,45.8,46,46.3,46.6,46.9,47.2,47.4,47.6,47.8,47.9,48,48.1,48.2,48.2,48.3,48.4,48.5,48.7,48.9,49.2,49.7]
[177,"AL_S","med_0.05",29.8,29.6,29.5,29.3,29.2,29.2,29.3,29.3,29.4,29.5,29.6,29.7,29.8,30,30.2,30.3,30.5,30.6,30.8,31,31.1,31.2,31.4,31.5,31.6,31.7,31.8,32,32.1,32.2,32.3,32.5,32.6,32.6,32.6,32.6,32.6,32.6,32.5,32.5,32.4,32.4,32.3,32.3,32.4,32.4,32.6,32.8,33.2]
[178,"AL_S","med_0.10",31.5,31.4,31.2,31.1,31,30.9,30.9,31,31,31,31.1,31.2,31.3,31.4,31.6,31.8,32,32.1,32.3,32.4,32.6,32.8,33,33.1,33.3,33.4,33.6,33.7,33.8,34,34.2,34.4,34.6,34.7,34.8,34.8,34.8,34.7,34.7,34.6,34.5,34.4,34.4,34.3,34.3,34.4,34.6,34.8,35.2]
[179,"AL_S","med_0.25",34.8,34.8,34.6,34.5,34.4,34.4,34.3,34.3,34.2,34.2,34.3,34.4,34.5,34.7,34.9,35.1,35.2,35.4,35.7,35.9,36.1,36.3,36.5,36.7,36.9,37.1,37.3,37.5,37.7,38,38.2,38.5,38.8,39,39.2,39.3,39.4,39.5,39.5,39.4,39.3,39.2,39.1,39.1,39,39.1,39.2,39.3,39.8]
[180,"AL_S","med_0.50",39.5,39.7,39.8,39.9,40,40.1,40.1,40.1,40,40,40,40.1,40.3,40.4,40.6,40.8,41,41.2,41.5,41.7,41.9,42.1,42.4,42.6,42.8,42.9,43.1,43.3,43.6,43.9,44.2,44.6,45,45.3,45.7,46,46.2,46.4,46.6,46.7,46.8,46.8,46.9,47,47,47.2,47.4,47.6,48.1]
[181,"AL_S","med_0.75",45.7,46.1,46.4,46.7,46.9,47.2,47.4,47.6,47.8,48,48.2,48.5,48.8,49.1,49.4,49.6,49.9,50.1,50.3,50.5,50.7,50.8,50.9,51,51.1,51.1,51.2,51.3,51.5,51.7,52,52.4,52.7,53,53.3,53.6,53.9,54.2,54.5,54.7,54.9,55.1,55.4,55.6,55.9,56.3,56.7,57.1,57.6]
[182,"AL_S","med_0.90",52.7,53.2,53.5,53.8,54.1,54.4,54.6,54.8,54.9,55.1,55.5,55.8,56.2,56.6,57,57.3,57.7,58.1,58.4,58.7,59,59.2,59.5,59.7,59.8,59.8,59.9,59.9,59.9,60,60.2,60.3,60.5,60.7,60.9,61.1,61.3,61.6,61.8,62,62.2,62.3,62.5,62.8,63.1,63.4,63.8,64.2,64.7]
[183,"AL_S","med_0.95",56.9,57.4,57.8,58.2,58.5,58.8,59,59.2,59.4,59.5,59.7,60,60.3,60.6,60.9,61.2,61.6,61.9,62.2,62.6,62.9,63.2,63.5,63.7,63.9,64,64.1,64.2,64.4,64.5,64.7,64.9,65.1,65.3,65.5,65.7,65.9,66.1,66.3,66.4,66.5,66.5,66.6,66.8,67.1,67.4,67.8,68.2,68.7]
[184,"AL_S","Age/Yea",1966,1967,1968,1969,1970,1971,1972,1973,1974,1975,1976,1977,1978,1979,1980,1981,1982,1983,1984,1985,1986,1987,1988,1989,1990,1991,1992,1993,1994,1995,1996,1997,1998,1999,2000,2001,2002,2003,2004,2005,2006,2007,2008,2009,2010,2011,2012,2013,2014]
[185]
[186]
[187]
[188]
[189]
[190]
[191]
[192]
[193]
[194]
[195]
[196]
[197]
[198]
[199]
[200]
[201,"AL_SG","Age/Yea",1966,1967,1968,1969,1970,1971,1972,1973,1974,1975,1976,1977,1978,1979,1980,1981,1982,1983,1984,1985,1986,1987,1988,1989,1990,1991,1992,1993,1994,1995,1996,1997,1998,1999,2000,2001,2002,2003,2004,2005,2006,2007,2008,2009,2010,2011,2012,2013,2014,"MEAN","STDEV","AAMC_FiscalYear_All_tabbed.txt"]
[202,"AL_SG",26,0,80.3,100.8,116.2,130.2,143,148.4,154.8,158.6,160.6,152.8,145,127.4,108.8,89.2,76.8,65,56.6,49.6,47,47,47,47,46.8,45.4,41.6,43.8,44.4,44,47.6,47.6,45.2,44.8,53,55.2,61.8,67.6,72.4,73.2,72.2,72,67,62.4,58.4,57.8,52.8,48.8,44.7,30,76.1,38.3]
[203,"AL_SG",27,0,52,80.7,94,103.4,107.4,109.8,105.6,99,97,91.6,85.8,81.6,82.2,75.4,68.8,61.6,54.8,48.6,43.6,42.4,40.2,41.8,42.4,43.4,41.6,40,35,30.4,30.2,31.6,34,38.2,42.6,45.8,49.6,51.6,52.8,54.6,53.6,54.2,51.6,53.4,50.2,49.8,44.8,39.8,39.2,18.3,58,23.7]
[204,"AL_SG",28,0,109,125.2,142.4,155.6,160,168.6,173.4,174.2,173.6,174.8,171.4,161.8,144,140.6,141.6,135,127.2,120.4,110.2,101.4,94.6,86.2,85.6,86.8,84.2,82,83,75,71.4,73.2,73.8,73.8,79.4,82,82.4,84.8,89.6,97.8,96.2,100,98.6,95.4,87.2,88.8,82.4,70.4,65.1,30,108.5,36.2]
[205,"AL_SG",29,0,109.3,159.4,185,210.4,226.6,242.4,261.6,283.4,305,320.6,343,348.6,341.2,325.8,320.6,305.4,293.6,280.6,267,255.6,243.6,235.4,222.4,217.4,212.4,207.2,197.2,193.8,195.4,198.6,198.6,200.6,204.2,209.8,215,224.2,233.4,249.2,265,279,286,305.4,313.8,313.2,311.4,277.4,250.7,134.3,249.6,55.3]
[206,"AL_SG",30,0,173.7,182.8,205.3,245.2,280.6,307.6,338.8,371.2,408.6,417.3,449.5,449.1,453.3,438.9,437.2,417.6,422.8,402.4,399.4,399.2,390.4,381.4,385.3,382.1,383.3,381.1,380.1,371.1,352.5,334.9,334.3,333.1,338.5,338.7,357.9,372.5,389.1,420.3,467.4,484.6,503,523.6,543.4,547.8,534.6,470.2,429.8,231.5,386.7,85.6]
[207,"AL_SG",31,0,180.2,223,254.3,271.8,304.3,347,370.8,380.5,432.7,463.2,481.6,504.8,539.6,527.1,524.4,510.8,518,514.1,511.5,494.3,491.4,462.6,444.4,447.2,474.3,476.7,474.5,467.9,441.7,408.5,394.3,384.9,405.3,420.7,438.1,467.5,507.3,532,574.6,611.6,627.1,646.9,663.7,664.3,639.4,555.5,555.2,253,464.3,111.5]
[208,"AL_SG",32,0,255.5,296.9,299.2,327.9,345.3,380.2,395.6,407.7,427.4,430.1,429.4,437.9,450,458,471,482.4,493.3,499.7,511.6,540.8,558.3,538.7,559.4,568.5,575.3,574.1,586.1,565.5,529.5,485.6,456.6,444.3,450.9,489.9,534.4,570,612,652.9,692.6,728.3,745,780.5,806.9,796.6,770.8,669.2,670.3,316.3,522.3,136.4]
[209,"AL_SG",33,0,155.5,239,275.3,293.9,304.5,324.4,339.9,351.9,367.3,372.3,368.2,377,371.1,362.8,360.9,363.3,351.8,352.2,381.9,412.7,444,470.8,496.7,523.4,543.5,537.7,528.3,524.2,505.1,487,479.7,473.6,491.5,508.7,537.4,587.9,630.6,668.9,703.5,744.6,756.8,781.6,792.7,808.4,773.9,662.5,693.6,411.5,485.3,160.1]
[210,"AL_SG",34,0,180.5,219.9,220.2,240.5,240.5,240.9,241.6,243.8,247.7,257.5,262.5,260.1,253.3,239.8,237.4,229.9,232.9,238.4,277.3,304.7,347.1,382.7,410.5,435.6,475.8,486.5,485.9,474.7,444.7,410.8,393.1,393.3,431,471.1,520.5,576.7,615.5,646.1,652.5,671.5,668.2,690,702.5,718.3,689.1,603.9,637.3,322.7,408.9,168.5]
[211,"AL_SG",35,0,134.9,172.7,169.5,170.6,176.6,177.4,176.3,163.2,172.8,164.2,153.6,138.2,130.9,107.9,108.8,112.1,120.4,141.5,174,217.5,258.4,289.9,311.8,341,372.2,386.4,390.7,388.3,370.7,347.8,342.5,351.5,380.3,425.6,454.4,484.3,533.4,549.1,550.6,566.9,564.4,551.7,591.7,607.4,578.7,501,530.8,317.9,321.3,163.2]
[212,"AL_SG",36,0,81.8,146.7,122.1,123.3,111.4,106.8,95.1,89.1,90,90.1,77.8,81.5,78.3,69.4,60.8,69.7,73.7,84.1,99.6,134.5,173.8,194.2,217,246.5,281.8,294.4,304.7,315.3,305.8,287.3,282,296.2,331.2,358.3,379.6,416.1,453.1,457,474.4,479.8,458.4,463.3,464.6,464.7,450.2,391,440.2,172.3,244.6,148.2]
[213,"AL_SG",37,0,112.4,100.2,112.7,110,93,84.9,60,47.4,41.7,48.3,39.9,40.4,37.2,29.4,20.5,16.1,21.3,28.5,52.9,78,121.9,142.9,170.6,190.2,226.3,242.1,240.2,229.1,209.9,178.6,171.4,198.3,244.5,277,327.4,356.3,383.5,387.6,402,381.3,357.7,351.9,360.1,350.7,324.2,272.9,318.6,94.5,181,125.2]
[214,"AL_SG",38,0,67.8,77.2,86.5,76,68.9,54.3,45.1,29.6,28.3,27.1,27.1,26.2,20.1,13.1,0,0,0,0,17.6,44.1,63.3,87.9,112,136.6,192,206.1,205.4,199.3,188.6,150.9,145.9,147.5,190.5,224.8,267,309,348.9,334.4,314.6,302.9,274.4,260.8,274.4,288.7,252.3,195.4,255.2,112,153.4,103.3]
[215,"AL_SG",39,0,66,74.9,76.2,70.7,69.3,53.6,43.4,28,29.2,33.8,24,11.9,0,0,0,0,0,0,0,0,24.9,57.4,73.1,89.3,144.4,155.4,145.4,138.4,130.1,84.9,89.1,105.5,138.7,184.1,230.4,249.5,276,267.7,245.6,225.8,204.3,179.6,183.5,170.8,133.1,91.2,133.8,0,121.4,74]
[216,"AL_SG",40,0,45.2,68.9,77.5,70.1,56.8,48.1,29.2,17.6,15,26.1,18.9,17.9,9.6,0,0,0,0,0,0,23,41.8,50.6,72.7,71.1,110.6,123.9,132,129.9,124,87.7,84,92.3,112.6,146.1,190.1,210.7,236.1,214.2,192.3,163.3,147.2,125.7,141.6,135.6,101.7,47.8,32,0,93.7,60.7]
[217,"AL_SG",41,0,94.4,68.6,58.7,56.2,57.3,51.2,41,28.4,16,16.4,0,0,0,0,0,0,0,0,0,0,0,0,26.2,35,72.3,87.2,95.8,86,86.3,46.6,41,44.2,71.2,86.5,119.8,147.4,179.3,174.8,155.5,120.7,84.4,71.3,80.1,91.5,93.3,59.1,0,0,77.8,41.1]
[218,"AL_SG",42,0,21.8,60.7,58.5,57.2,53.4,43.2,32.2,12.7,11.9,18.9,15,12.6,11.4,0,0,0,0,0,0,0,0,0,27.2,31.3,47.8,64.4,59.6,58.7,55.6,37.7,28.5,42.6,56.4,83.5,105.7,136.1,158.2,147.5,118.4,104.7,67.4,48,74.6,75.1,51.1,28.7,0,0,57.3,37.5]
[219,"AL_SG",43,0,62.9,64.6,54.9,47.5,45.4,34.4,28.3,18.3,19.2,22,16.1,0,0,0,0,0,0,0,0,0,0,0,13.1,20.3,39.2,47.7,50.6,44.2,39,24,18.8,20.9,52.7,68,85,92.1,112.2,98.6,75.2,57.6,37.1,0,0,21,0,0,37.2,0,45.9,25.6]
[220,"AL_SG",44,0,58.7,53.5,53.7,53.3,45.5,43.2,32.2,21.4,18,30,20.5,14,11.3,0,0,0,0,0,0,0,0,0,0,0,24.9,41.4,42.3,39.6,41.7,20.4,0,0,28.4,46.8,76.4,89.1,100.8,84.8,54.2,23.3,0,0,0,0,0,0,69.1,0,44.2,23.1]
[221,"AL_SG",45,0,40,57,47.9,46.1,41.7,31.9,20.3,11.1,7.5,13.3,13.6,17.9,14.2,0,0,0,0,0,0,0,0,19.5,21.1,20.4,28.3,35.7,33.3,31.5,26.2,0,0,0,29.3,46.9,71.3,76.2,84.3,62.5,39.6,0,0,0,0,0,0,0,0,0,35.3,20]
[222,"AL_SG",46,0,13,32.2,42.6,41.4,37.4,29.1,22.1,12.5,12.4,15.6,14.8,9.3,0,0,0,0,0,0,0,0,0,0,0,0,15.5,23.7,22.9,27.6,23.3,0,0,0,22,42.6,63.4,71.1,80.8,57.4,23.3,0,0,0,0,0,0,0,0,0,31.5,19.2]
[223,"AL_SG",47,0,39.6,20.6,41.7,40.3,37.6,30.2,24.2,17.1,15.6,19.9,15,10.6,0,0,0,0,0,0,0,0,0,0,0,0,14.5,17,16.4,0.2,0,0,0,0,0,19.2,46.5,54.6,67.9,38.1,0,0,0,0,0,0,0,0,0,0,27.9,16.2]
[224,"AL_SG",48,0,28,33.2,35.9,39.8,37.4,34.5,25.5,16,0,18.5,7.6,0,0,0,0,0,0,0,0,0,0,0,0,0,0,18.7,0.6,0,0,0,0,0,0,19.5,40.1,42.9,45.7,23.7,0,0,0,0,0,0,0,0,0,0,27.5,12.4]
[225,"AL_SG",49,0,52.1,61.4,32.6,36.3,33.5,26.6,18.1,9.8,0,10.8,12.6,13,9.2,0,0,0,0,0,0,0,0,0,0,0,0,0,0,0,0,0,0,0,0,20.6,20.1,32.4,36.1,0,0,0,0,0,0,0,0,0,0,0,26.6,14.8]
[226,"AL_SG",50,0,0,41.6,31.7,31.6,34.1,32.2,23.2,15.5,13.2,19.9,14.3,15.3,12.7,0,0,0,0,0,0,0,0,0,0,0,0,0,0,0,0,0,0,0,0,21.9,36,34.4,32.7,0,0,0,0,0,0,0,0,0,62.8,0,27.8,12.6]
[227,"AL_SG",51,0,38,29.5,20.4,20.4,19,13.8,6.8,0,0,3.4,0,0,0,0,0,0,0,0,0,0,0,0,0,0,0,0,0,0,0,0,0,0,0,4,10.2,11.2,20,0,0,0,0,0,0,0,0,0,0,30.7,17.5,10.2]
[228,"AL_SG",52,0,20,22.4,18.2,18,16.2,11.4,4.8,0,0,5.6,3.8,1.8,1.2,0,0,0,0,0,0,0,0,0,0,0,0,0,0,0,0,0,0,0,0,0,0,0,0,0,0,0,0,0,0,0,0,0,0,0,11.2,7.6]
[229,"AL_SG",53,0,0,21,18.2,19.8,14.8,10,4.8,0,0,3.8,2.2,0,0,0,0,0,0,0,0,0,0,0,0,0,0,0,0,0,0,0,0,0,0,2.4,13.6,11.4,15,0,0,0,0,0,0,0,0,0,0,0,11.4,6.5]
[230,"AL_SG",54,0,11,0,14,13.2,14.4,11.4,4.8,0,1,7.2,5.6,6,4.2,0,0,0,0,0,0,0,0,0,0,0,0,0,0,0,0,0,0,0,0,0,0,0,0,0,0,0,0,0,0,0,0,0,0,0,8.4,4.3]
[231,"AL_SG",55,0,43.7,22,14.8,13.6,14,9,6,2,0.2,6.8,7,4.6,0,0,0,0,0,0,0,0,0,0,0,0,0,0,0,0,0,0,0,0,0,0,0,0,0,0,0,0,0,0,0,0,0,0,0,0,12,11.2]
[232,"AL_SG",56,0,0,22.7,9,9.6,9,6.8,2.6,0,0,4,2,1.8,0,0,0,0,0,0,0,0,0,0,0,0,0,0,0,0,0,0,0,0,0,0,0,0,0,0,0,0,0,0,0,0,0,0,0,0,7.5,6.2]
[233,"AL_SG",57,0,1.7,10.3,10.6,10.2,8.4,6,1.4,0,0,0,0,0,0,0,0,0,0,0,0,0,0,0,0,0,0,0,0,0,0,0,0,0,0,0,0,0,0,0,0,0,0,0,0,0,0,0,0,0,6.9,3.7]
[234,"AL_SG",58,0,21.3,0.5,7,7.8,7.6,7.2,4.4,0,0,3.6,0.8,0,0,0,0,0,0,0,0,0,0,0,0,0,0,0,0,0,0,0,0,0,0,0,0,0,0,0,0,0,0,0,0,0,0,0,0,0,6.7,5.8]
[235,"AL_SG",59,0,0,10.5,7,5.8,5.8,5,1.8,0,0,1,0,0,0,0,0,0,0,0,0,0,0,0,0,0,0,0,0,0,0,0,0,0,0,0,0,0,0,0,0,0,0,0,0,0,0,0,0,0,5.3,2.9]
[236,"AL_SG",60,0,3.7,10.5,6.2,4.8,3.8,0.2,0,0,0,0,0,0,0,0,0,0,0,0,0,0,0,0,0,0,0,0,0,0,0,0,0,0,0,0,0,0,0,0,0,0,0,0,0,0,0,0,0,0,4.9,3.1]
[237,"AL_SG",61,0,1.3,0,3.8,2.8,2.4,1.4,1.2,0,0,0.8,0,0,0,0,0,0,0,0,0,0,0,0,0,0,0,0,0,0,0,0,0,0,0,0,0,0,0,0,0,0,0,0,0,0,0,0,0,0,2,1]
[238,"AL_SG",62,0,4,0.9,4.2,3.2,2.2,0,0,0,0,0,0,0,0,0,0,0,0,0,0,0,0,0,0,0,0,0,0,0,0,0,0,0,0,0,0,0,0,0,0,0,0,0,0,0,0,0,0,0,2.9,1.2]
[239,"AL_SG",63,0,4.7,4.6,2.8,1.8,1.8,0,0,0,0,0,0,0,0,0,0,0,0,0,0,0,0,0,0,0,0,0,0,0,0,0,0,0,0,0,0,0,0,0,0,0,0,0,0,0,0,0,0,0,3.1,1.3]
[240,"AL_SG",64,0,1.7,4.5,1.2,0,0,0,0,0,0,0,0,0,0,0,0,0,0,0,0,0,0,0,0,0,0,0,0,0,0,0,0,0,0,0,0,0,0,0,0,0,0,0,0,0,0,0,0,0,2.5,1.5]
[241,"AL_SG",65,0,11.7,9.3,3,2.4,0.2,0,0,0,0,0,0,0,0,0,0,0,0,0,0,0,0,0,0,0,0,0,0,0,0,0,0,0,0,0,0,0,0,0,0,0,0,0,0,0,0,0,0,0,5.3,4.4]
[242,"AL_SG",66,0,0,0,0,0,0,0,0,0,0,0,0,0,0,0,0,0,0,0,0,0,0,0,0,0,0,0,0,0,0,0,0,0,0,0,0,0,0,0,0,0,0,0,0,0,0,0,0,0,0,0]
[243,"AL_SG",67,0,6.3,2.4,1.2,0,0,0,0,0,0,0,0,0,0,0,0,0,0,0,0,0,0,0,0,0,0,0,0,0,0,0,0,0,0,0,0,0,0,0,0,0,0,0,0,0,0,0,0,0,3.3,2.2]
[244,"AL_SG",68,0,2.7,0,0.4,0,0,0,0,0,0,0,0,0,0,0,0,0,0,0,0,0,0,0,0,0,0,0,0,0,0,0,0,0,0,0,0,0,0,0,0,0,0,0,0,0,0,0,0,0,1.5,1.1]
[245,"AL_SG",69,0,1,5.1,0.2,0,0,0,0,0,0,0,0,0,0,0,0,0,0,0,0,0,0,0,0,0,0,0,0,0,0,0,0,0,0,0,0,0,0,0,0,0,0,0,0,0,0,0,0,0,2.1,2.2]
[246,"AL_SG",70,0,0,1.4,0.2,0,0,0,0,0,0,0,0,0,0,0,0,0,0,0,0,0,0,0,0,0,0,0,0,0,0,0,0,0,0,0,0,0,0,0,0,0,0,0,0,0,0,0,0,0,0.8,0.6]
[247,"AL_SG",71,0,1.7,0.9,0,0,0,0,0,0,0,0,0,0,0,0,0,0,0,0,0,0,0,0,0,0,0,0,0,0,0,0,0,0,0,0,0,0,0,0,0,0,0,0,0,0,0,0,0,0,1.3,0.4]
[248,"AL_SG",72,0,0,0,0,0,0,0,0,0,0,0,0,0,0,0,0,0,0,0,0,0,0,0,0,0,0,0,0,0,0,0,0,0,0,0,0,0,0,0,0,0,0,0,0,0,0,0,0,0,0,0]
[249,"AL_SG",73,0,2.3,0.3,0,0,0,0,0,0,0,0,0,0,0,0,0,0,0,0,0,0,0,0,0,0,0,0,0,0,0,0,0,0,0,0,0,0,0,0,0,0,0,0,0,0,0,0,0,0,1.3,1]
[250,"AL_SG",74,0,0,0,0,0,0,0,0,0,0,0,0,0,0,0,0,0,0,0,0,0,0,0,0,0,0,0,0,0,0,0,0,0,0,0,0,0,0,0,0,0,0,0,0,0,0,0,0,0,0,0]
[251,"AL_SG",75,0,1,1.2,0,0,0,0,0,0,0,0,0,0,0,0,0,0,0,0,0,0,0,0,0,0,0,0,0,0,0,0,0,0,0,0,0,0,0,0,0,0,0,0,0,0,0,0,0,0,1.1,0.1]
[252,"AL_SG",76,0,0,0,0,0,0,0,0,0,0,0,0,0,0,0,0,0,0,0,0,0,0,0,0,0,0,0,0,0,0,0,0,0,0,0,0,0,0,0,0,0,0,0,0,0,0,0,0,0,0,0]
[253,"AL_SG",77,0,0.3,0.3,0,0,0,0,0,0,0,0,0,0,0,0,0,0,0,0,0,0,0,0,0,0,0,0,0,0,0,0,0,0,0,0,0,0,0,0,0,0,0,0,0,0,0,0,0,0,0.3,0]
[254,"AL_SG",78,0,0,0,0,0,0,0,0,0,0,0,0,0,0,0,0,0,0,0,0,0,0,0,0,0,0,0,0,0,0,0,0,0,0,0,0,0,0,0,0,0,0,0,0,0,0,0,0,0,0,0]
[255,"AL_SG",79,0,0,0.2,0,0,0,0,0,0,0,0,0,0,0,0,0,0,0,0,0,0,0,0,0,0,0,0,0,0,0,0,0,0,0,0,0,0,0,0,0,0,0,0,0,0,0,0,0,0,0.2,0]
[256,"AL_SG",80,0,0,0,0,0,0,0,0,0,0,0,0,0,0,0,0,0,0,0,0,0,0,0,0,0,0,0,0,0,0,0,0,0,0,0,0,0,0,0,0,0,0,0,0,0,0,0,0,0,0,0]
[257,"AL_SG",81,0,0,0,0,0,0,0,0,0,0,0.2,0.2,0,0,0,0,0,0,0,0,0,0,0,0,0,0,0,0,0,0,0,0,0,0,0,0,0,0,0,0,0,0,0,0,0,0,0,0,0,0.2,0]
[258,"AL_SG",82,0,0,0,0,0,0,0,0,0,0,0,0,0,0,0,0,0,0,0,0,0,0,0,0,0,0,0,0,0,0,0,0,0,0,0,0,0,0,0,0,0,0,0,0,0,0,0,0,8,8,0]
[259,"AL_SG",83,0,0,0,0,0,0,0,0,0,0,0,0,0,0,0,0,0,0,0,0,0,0,0,0,0,0,0,0,0,0,0,0,0,0,0,0,0,0,0,0,0,0,0,0,0,0,0,0,0,0,0]
[260,"AL_SG",84,0,0,0,0,0,0,0,0,0,0,0,0,0,0,0,0,0,0,0,0,0,0,0,0,0,0,0,0,0,0,0,0,0,0,0,0,0,0,0,0,0,0,0,0,0,0,0,0,0,0,0]
[261,"AL_SG",85,0,0,0,0,0,0,0,0,0,0,0,0,0,0,0,0,0,0,0,0.2,0.2,0.2,0,0,0,0,0,0,0,0,0,0,0,0,0,0,0,0,0,0,0,0,0,0,0,0,0,0,0.7,0.3,0.2]
[262,"AL_SG",86,0,0,0,0,0,0,0,0,0,0,0,0,0,0,0,0,0,0,0,0,0,0,0,0,0,0,0,0,0,0,0,0,0,0,0,0,0,0,0,0,0,0,0,0,0,0,0,0,0,0,0]
[263,"AL_SG",87,0,0,0,0,0,0,0,0,0,0,0,0,0,0,0,0,0,0,0,0,0,0,0,0,0,0,0,0,0,0,0,0,0,0,0,0,0,0,0,0,0,0,0,0,0,0,0,0,0,0,0]
[264,"AL_SG",88,0,0,0,0,0,0,0,0,0,0,0,0,0,0,0,0,0,0,0,0,0,0,0,0,0,0,0,0,0,0,0,0,0,0,0,0,0,0,0,0,0,0,0,0,0,0,0,0,2.7,2.7,0]
[265,"AL_SG",89,0,0,0,0,0,0,0,0,0,0,0,0,0,0,0,0,0,0,0,0,0,0,0,0,0,0,0,0,0,0,0,0,0,0,0,0,0,0,0,0,0,0,0,0,0,0,0,0,0,0,0]
[266,"AL_SG",90,0,0,0,0,0,0,0,0,0,0,0,0,0,0,0,0,0,0,0,0,0,0,0,0,0,0,0,0,0,0,0,0,0,0,0,0,0,0,0,0,0,0,0,0,0,0,0,0,0,0,0]
[267,"AL_SG","NUMB",65,65,65,65,65,65,65,65,65,65,65,65,65,65,65,65,65,65,65,65,65,65,65,65,65,65,65,65,65,65,65,65,65,65,65,65,65,65,65,65,65,65,65,65,65,65,65,65,65]
[268,"AL_SG","SUM1",0,2392,2942,3037,3182,3230,3233,3136,3010,3112,3291,3228,3171,3083,2877,2828,2768,2766,2760,2893,3095,3340,3488,3738,3931,4401,4573,4554,4434,4219,3743,3612,3685,4154,4699,5334,5827,6366,6292,6223,6172,5998,5991,6189,6250,5883,4984,5265,2486]
[269,"AL_SG","SUM55",0,2283,2834,2965,3120,3175,3197,3119,3008,3111,3275,3218,3164,3083,2877,2828,2768,2766,2760,2893,3095,3340,3488,3738,3931,4401,4573,4554,4434,4219,3743,3612,3685,4154,4699,5334,5827,6366,6292,6223,6172,5998,5991,6189,6250,5883,4984,5265,2475]
[270,"AL_SG","SDEV",0,56.3,69,73.9,80.5,85.4,92.5,97.8,102.3,110,112.4,115.9,117.9,120,117.6,117.7,115.8,116.3,115.4,118.2,121.9,126.6,127.3,131.2,136,143.2,144.3,144.7,142.2,134.9,125.9,122.3,122.3,129.6,138.5,149.8,162.4,175.4,183.6,191.2,198.1,199,204.3,210.1,211.6,203.2,176.1,181.7,93.6]
[271,"AL_SG","max_060",0,35.9,35.8,35.2,34.9,34.5,33.8,33,32.2,31.9,32.5,32.1,31.9,31.6,31.2,31.2,31.3,31.4,31.5,31.7,32,32.4,32.7,33.1,33.2,33.8,34.1,34,34,34,33.5,33.4,33.5,34,34.6,35.1,35.2,35.4,34.8,34.3,33.9,33.7,33.5,33.5,33.6,33.4,33.2,33.7,33.2]
[272,"AL_SG","max_065",0,36.2,36,35.3,35,34.5,33.8,33,32.2,31.9,32.5,32.1,31.9,31.6,31.2,31.2,31.3,31.4,31.5,31.7,32,32.4,32.7,33.1,33.2,33.8,34.1,34,34,34,33.5,33.4,33.5,34,34.6,35.1,35.2,35.4,34.8,34.3,33.9,33.7,33.5,33.5,33.6,33.4,33.2,33.7,33.2]
[273,"AL_SG","max_070",0,36.3,36.1,35.4,35,34.5,33.8,33,32.2,31.9,32.5,32.1,31.9,31.6,31.2,31.2,31.3,31.4,31.5,31.7,32,32.4,32.7,33.1,33.2,33.8,34.1,34,34,34,33.5,33.4,33.5,34,34.6,35.1,35.2,35.4,34.8,34.3,33.9,33.7,33.5,33.5,33.6,33.4,33.2,33.7,33.2]
[274,"AL_SG","max_075",0,36.4,36.1,35.4,35,34.5,33.8,33,32.2,31.9,32.5,32.1,31.9,31.6,31.2,31.2,31.3,31.4,31.5,31.7,32,32.4,32.7,33.1,33.2,33.8,34.1,34,34,34,33.5,33.4,33.5,34,34.6,35.1,35.2,35.4,34.8,34.3,33.9,33.7,33.5,33.5,33.6,33.4,33.2,33.7,33.2]
[275,"AL_SG","max_080",0,36.4,36.1,35.4,35,34.5,33.8,33,32.2,31.9,32.5,32.1,31.9,31.6,31.2,31.2,31.3,31.4,31.5,31.7,32,32.4,32.7,33.1,33.2,33.8,34.1,34,34,34,33.5,33.4,33.5,34,34.6,35.1,35.2,35.4,34.8,34.3,33.9,33.7,33.5,33.5,33.6,33.4,33.2,33.7,33.2]
[276,"AL_SG","max_085",0,36.4,36.1,35.4,35,34.5,33.8,33,32.2,31.9,32.5,32.1,31.9,31.6,31.2,31.2,31.3,31.4,31.5,31.7,32,32.4,32.7,33.1,33.2,33.8,34.1,34,34,34,33.5,33.4,33.5,34,34.6,35.1,35.2,35.4,34.8,34.3,33.9,33.7,33.5,33.5,33.6,33.4,33.2,33.7,33.3]
[277,"AL_SG","med_0.05",0,26.8,26.6,26.4,26.3,26.2,26.1,26,25.9,26,26.1,26.2,26.4,26.6,26.7,26.9,27.1,27.2,27.3,27.5,27.6,27.8,28,28.1,28.1,28.2,28.3,28.3,28.4,28.3,28.2,28.1,28.1,28.2,28.2,28.3,28.4,28.4,28.4,28.3,28.3,28.3,28.3,28.4,28.4,28.4,28.3,28.5,28.3]
[278,"AL_SG","med_0.10",0,28,27.9,27.7,27.5,27.5,27.4,27.3,27.2,27.3,27.5,27.5,27.7,27.8,27.9,28,28.1,28.1,28.2,28.3,28.5,28.6,28.7,28.9,29,29.2,29.2,29.3,29.3,29.2,29.1,29,29,29.1,29.2,29.3,29.4,29.5,29.4,29.3,29.2,29.2,29.2,29.2,29.2,29.2,29.1,29.3,29.2]
[279,"AL_SG","med_0.25",0,30.4,30.4,30.1,29.8,29.6,29.5,29.3,29.1,29.1,29.2,29.1,29.2,29.2,29.2,29.2,29.3,29.4,29.5,29.6,29.8,30,30.2,30.3,30.5,30.7,30.8,30.8,30.8,30.8,30.6,30.6,30.6,30.8,31,31.2,31.3,31.4,31.2,31,30.9,30.8,30.7,30.7,30.8,30.7,30.6,30.9,30.7]
[280,"AL_SG","med_0.50",0,33.4,33.3,32.8,32.5,32.2,31.8,31.4,31.1,31,31.1,30.9,30.8,30.8,30.7,30.7,30.8,30.8,30.9,31.1,31.4,31.7,31.9,32.2,32.3,32.7,32.9,32.9,32.9,32.9,32.6,32.6,32.7,33,33.4,33.8,33.8,34,33.6,33.3,33,32.8,32.7,32.7,32.8,32.7,32.5,32.8,32.6]
[281,"AL_SG","med_0.75",0,39.8,39.1,37.9,37.1,36.2,34.9,33.9,33.1,32.9,33.2,32.9,32.7,32.5,32.3,32.2,32.3,32.3,32.4,32.7,33.1,33.6,33.9,34.4,34.6,35.3,35.7,35.7,35.6,35.6,34.9,34.9,35.1,35.7,36.4,37.2,37.4,37.6,36.8,36.2,35.7,35.3,35,35.1,35.1,34.9,34.7,35.1,34.4]
[282,"AL_SG","med_0.90",0,47.7,47.7,45.5,45.1,44.4,42.6,39.7,35.8,35.1,36.6,35.2,34.8,34.2,33.7,33.6,33.7,33.7,33.9,34.3,34.9,35.5,36.1,36.8,37.1,38.4,39,39,38.8,38.8,37.5,37.3,37.6,38.7,39.9,41.3,41.5,41.7,40.3,39.2,38.3,37.8,37.3,37.5,37.5,37.2,36.7,37.2,36]
[283,"AL_SG","med_0.95",0,53,51.2,49.7,49.2,48.8,47.4,44.7,40.5,38.1,43,39.4,37.2,35.7,34.7,34.4,34.5,34.6,34.8,35.3,35.9,36.7,37.5,38.6,38.8,40.3,41.3,41,40.8,40.7,39.3,38.9,39.2,40.7,42.8,44.5,44.6,44.8,42.5,41,40,39.2,38.7,38.9,39.1,38.6,37.9,38.5,37.3]
[284,"AL_SG","Age/Yea",1966,1967,1968,1969,1970,1971,1972,1973,1974,1975,1976,1977,1978,1979,1980,1981,1982,1983,1984,1985,1986,1987,1988,1989,1990,1991,1992,1993,1994,1995,1996,1997,1998,1999,2000,2001,2002,2003,2004,2005,2006,2007,2008,2009,2010,2011,2012,2013,2014]
[285]
[286]
[287]
[288]
[289]
[290]
[291]
[292]
[293]
[294]
[295]
[296]
[297]
[298]
[299]
[300]
[301,"pc_AL_SG","Age/Yea",1966,1967,1968,1969,1970,1971,1972,1973,1974,1975,1976,1977,1978,1979,1980,1981,1982,1983,1984,1985,1986,1987,1988,1989,1990,1991,1992,1993,1994,1995,1996,1997,1998,1999,2000,2001,2002,2003,2004,2005,2006,2007,2008,2009,2010,2011,2012,2013,2014,"MEAN","STDEV","AAMC_FiscalYear_All_tabbed.txt"]
[302,"pc_AL_SG",26,0,0,0,0,0,0,0,0,0,0,0,0,0,0,0,0,0,0,0,0,0,0,0,0,0,0,0,0,0,0,0,0,0,0,0,0,0,0,0,0,0,0,0,0,0,0,0,0,0,0,0]
[303,"pc_AL_SG",27,0,0,0,0,0,0,0,0,0,0,0,0,0,0,0,0,0,0,0,0,0,0,0,0,0,0,0,0,0,0,0,0,0,0,0,0,0,0,0,0,0,0,0,0,0,0,0,0,0,0,0]
[304,"pc_AL_SG",28,0,0,0,0,0,0,0,0,0,0,0,0,0,0,0,0,0,0,0,0,0,0,0,0,0,0,0,0,0,0,0,0,0,0,0,0,0,0,0,0,0,0,0,0,0,0,0,0,0,0,0]
[305,"pc_AL_SG",29,0,0,0,0,0,0,0,0,0,0,0,0,0,0,0,0,0,0,0,0,0,0,0,0,0,0,0,0,0,0,0,0,0,0,0,0,0,0,0,0,0,0,0,0,0,0,0,0,0,0,0]
[306,"pc_AL_SG",30,0,0,0,0,0,0,0,0,0,0,0,0,0,0,0,0,0,0,0,0,0,0,0,0,0,0,0,0,0,0,0,0,0,0,0,0,0,0,0,0,0,0,0,0,0,0,0,0,0,0,0]
[307,"pc_AL_SG",31,0,0,0,0,0,0,0,0,0,0,0,0,0,0,0,0,0,0,0,0,0,0,0,0,0,0,0,0,0,0,0,0,0,0,0,0,0,0,0,0,0,0,0,0,0,0,0,0,0,0,0]
[308,"pc_AL_SG",32,0,0,0,0,0,0,0,0,0,0,0,0,0,0,0,0,0,0,0,0,0,0,0,0,0,0,0,0,0,0,0,0,0,0,0,0,0,0,0,0,0,0,0,0,0,0,0,0,0,0,0]
[309,"pc_AL_SG",33,0,0,0,0,0,0,0,0,0,0,0,0,0,0,0,0,0,0,0,0,0,0,0,0,0,0,0,0,0,0,0,0,0,0,0,0,0,0,0,0,0,0,0,0,0,0,0,0,0,0,0]
[310,"pc_AL_SG",34,0,0,0,0,0,0,0,0,0,0,0,0,0,0,0,0,0,0,0,0,0,0,0,0,0,0,0,0,0,0,0,0,0,0,0,0,0,0,0,0,0,0,0,0,0,0,0,0,0,0,0]
[311,"pc_AL_SG",35,0,0,0,0,0,0,0,0,0,0,0,0,0,0,0,0,0,0,0,0,0,0,0,0,0,0,0,0,0,0,0,0,0,0,0,0,0,0,0,0,0,0,0,0,0,0,0,0,0,0,0]
[312,"pc_AL_SG",36,0,0,0,0,0,0,0,0,0,0,0,0,0,0,0,0,0,0,0,0,0,0,0,0,0,0,0,0,0,0,0,0,0,0,0,0,0,0,0,0,0,0,0,0,0,0,0,0,0,0,0]
[313,"pc_AL_SG",37,0,0,0,0,0,0,0,0,0,0,0,0,0,0,0,0,0,0,0,0,0,0,0,0,0,0,0,0,0,0,0,0,0,0,0,0,0,0,0,0,0,0,0,0,0,0,0,0,0,0,0]
[314,"pc_AL_SG",38,0,0,0,0,0,0,0,0,0,0,0,0,0,0,0,99.2,99.3,99.3,99.7,0,0,0,0,0,0,0,0,0,0,0,0,0,0,0,0,0,0,0,0,0,0,0,0,0,0,0,0,0,0,99.4,0.2]
[315,"pc_AL_SG",39,0,0,0,0,0,0,0,0,0,0,0,0,0,99.8,99.3,98.7,98.6,98.6,99.2,99.5,99.7,0,0,0,0,0,0,0,0,0,0,0,0,0,0,0,0,0,0,0,0,0,0,0,0,0,0,0,97.6,99,0.7]
[316,"pc_AL_SG",40,0,0,0,0,0,0,0,0,0,0,0,0,0,0,99.6,98.7,98.5,98.6,98.8,99.7,0,0,0,0,0,0,0,0,0,0,0,0,0,0,0,0,0,0,0,0,0,0,0,0,0,0,0,0,99.9,99.1,0.6]
[317,"pc_AL_SG",41,0,0,0,0,0,0,0,0,0,0,0,99.8,99.5,99.5,99.4,98.2,98.5,98.3,98.2,98.5,99.3,99.6,99.9,0,0,0,0,0,0,0,0,0,0,0,0,0,0,0,0,0,0,0,0,0,0,0,0,98,97.5,98.9,0.8]
[318,"pc_AL_SG",42,0,0,0,0,0,0,0,0,0,0,0,0,0,0,99.6,98.3,98.1,98.2,98.2,98.5,99.1,99.4,99.9,0,0,0,0,0,0,0,0,0,0,0,0,0,0,0,0,0,0,0,0,0,0,0,0,99.5,96.4,98.6,0.9]
[319,"pc_AL_SG",43,0,0,0,0,0,0,0,0,0,0,0,0,99.8,99.7,99.1,97.8,97.9,97.9,97.9,98.2,98.8,99.3,99.7,0,0,0,0,0,0,0,0,0,0,0,0,0,0,0,0,0,0,0,99.9,99.9,0,99.6,98.9,0,95.1,98.7,1.2]
[320,"pc_AL_SG",44,0,0,0,0,0,0,0,0,0,0,0,0,0,0,99.6,98.2,97.8,97.8,98,98.4,98.7,99.4,99.5,99.7,99.6,0,0,0,0,0,0,99.6,99.8,0,0,0,0,0,0,0,0,99.7,99.3,99.6,99.8,99.3,98.7,0,99.5,99.1,0.7]
[321,"pc_AL_SG",45,0,0,0,0,0,0,0,0,0,0,0,0,0,0,100,98.9,98.4,98,98.3,98.7,99.2,99.9,0,0,0,0,0,0,0,0,99.8,99.7,99.8,0,0,0,0,0,0,0,99.9,99.6,99.3,99.6,99.8,99.8,99.3,99.4,98.1,99.3,0.6]
[322,"pc_AL_SG",46,0,0,0,0,0,0,0,0,0,0,0,0,0,0,99.5,98.5,98.3,98.2,98.4,98.5,98.9,99.3,99.6,99.5,99.7,0,0,0,0,0,99.9,99.8,99.9,0,0,0,0,0,0,0,99.5,98.8,98.4,98.9,99.2,98.9,98.7,97.2,98.3,99,0.7]
[323,"pc_AL_SG",47,0,0,0,0,0,0,0,0,0,0,0,0,0,99.7,99.2,97.9,97.8,97.5,97.7,98.1,98.6,98.9,99.4,99.9,99.8,0,0,0,0,99.8,99.4,99.4,99.4,99.7,0,0,0,0,0,100,99.3,99,98.8,99.5,99.5,99.4,99,96.4,95.4,98.8,1.1]
[324,"pc_AL_SG",48,0,0,0,0,0,0,0,0,0,100,0,0,99.8,99.7,99.8,98.3,98.4,98.5,98.4,98.5,98.8,99,99.3,99.5,99.5,99.9,0,0,100,100,99.6,99.3,99.4,99.9,0,0,0,0,0,99.6,99,98.7,98.6,98.9,99.3,98.9,98.6,97.4,96.3,99.1,0.8]
[325,"pc_AL_SG",49,0,0,0,0,0,0,0,0,0,99.9,0,0,0,0,99.7,98.7,98.3,98.1,98.2,98.5,98.7,99.1,99.2,99.5,99.3,99.6,99.8,99.7,99.5,99.6,99.6,99.4,99.7,99.9,0,0,0,0,99.9,99.3,99.1,98.7,98.5,98.8,99.1,98.7,98.5,99.4,96.4,99.1,0.7]
[326,"pc_AL_SG",50,0,99,0,0,0,0,0,0,0,0,0,0,0,0,99.9,98.5,98.4,98.2,98.4,98.3,98.6,98.7,98.9,99.1,99.1,99.2,99.7,99.6,99.5,99.5,99.4,99.2,99.4,99.9,0,0,0,0,99.8,99.3,98.8,98.5,98.4,98.9,98.9,99,98.7,0,97.1,99,0.6]
[327,"pc_AL_SG",51,0,0,0,0,0,0,0,0,99.8,99.9,0,99.7,99.7,99.6,98.9,97.7,97.9,97.8,98,98.5,99,99.2,99.3,99.5,99.5,99.6,99.8,99.8,99.7,99.8,99.7,99.6,99.6,100,0,0,0,0,99.8,99.3,98.9,98.8,98.6,99.3,99.3,99.1,98.7,99.4,0,99.2,0.6]
[328,"pc_AL_SG",52,0,0,0,0,0,0,0,0,99.8,99.7,0,0,0,0,99.4,98,98,97.9,97.9,98.2,98.5,98.7,98.7,98.8,98.8,99,99.1,99,99,99,99.1,99,99.4,99.5,99.7,99.8,100,99.9,99.3,99,98.6,98.5,98.4,99.3,99.3,99.1,98.8,97.1,97.9,98.9,0.6]
[329,"pc_AL_SG",53,0,98.2,0,0,0,0,0,0,99.9,99.4,0,0,99.9,99.6,99.3,97.8,98,97.9,98.1,98.2,98.9,98.7,98.9,99.2,99,99.2,99.5,99.3,99.1,99.3,99.1,99,99.4,99.7,0,0,0,0,99.8,99.2,98.6,98.5,98.4,98.8,99,99.2,98.9,97.9,95.8,98.9,0.8]
[330,"pc_AL_SG",54,0,0,99.2,0,0,0,0,0,99.9,0,0,0,0,0,99.8,98.3,98.2,98,98.2,98.2,98.4,98.2,98.7,98.7,98.7,99.2,99.6,99.1,99,99,98.7,98.8,99.1,99.2,99.3,99.6,99.7,99.8,99.5,99.2,98.9,98.4,98.2,98.7,98.7,98.6,98.6,98.5,98.4,98.9,0.5]
[331,"pc_AL_SG",55,0,0,0,0,0,0,0,0,0,0,0,0,0,99.9,99.5,98.1,98.2,98.1,98.3,98.8,99,99.3,99.3,99.1,98.9,99.3,99.5,99.4,99.7,99.5,99.1,98.9,99.1,99.3,99.4,99.6,99.6,99.7,99.4,99,98.7,98.7,98.7,98.9,99,98.9,98.5,97.7,97.1,99,0.6]
[332,"pc_AL_SG",56,0,96.2,0,0,0,0,0,0,99.7,99.8,0,0,0,99.9,99.2,97.9,98.1,97.9,98,98.1,98.7,98.5,98.5,98.7,98.6,98.5,98.8,98.5,98.6,98.7,98.7,98.5,98.7,98.8,98.7,98.9,99.2,99.3,98.8,98.3,98.2,97.9,97.8,98.3,98.7,98.5,98.2,98.9,96.2,98.5,0.7]
[333,"pc_AL_SG",57,0,0,0,0,0,0,0,0,98.8,98.5,99.4,99.4,99.1,99.1,99,97.9,98.1,97.9,98.1,97.9,98.3,98,98.2,98.2,98.4,98.6,99,99,98.8,98.5,98.1,97.8,98.1,98.5,98.7,99.1,99.4,99.3,98.9,98.5,98,97.6,97.7,98,98.2,98.2,98.2,99.2,97.8,98.5,0.5]
[334,"pc_AL_SG",58,0,0,0,0,0,0,0,0,0,99.6,0,0,99.8,99.9,99.4,98,98.2,98.2,98.2,98.5,98.8,98.7,98.8,98.8,98.4,98.5,98.6,98.3,98,98,97.8,97.6,97.8,98.3,98.7,98.8,99.3,99.4,98.9,98.1,98,97.8,97.7,98.2,98.6,98.6,98.2,98.6,98.5,98.5,0.6]
[335,"pc_AL_SG",59,0,99.6,0,0,0,0,0,0,99.3,99.6,0,99.4,99.3,99.3,98.7,97.7,97.8,97.8,97.7,97.9,98.1,98.1,97.9,97.8,97.6,97.9,98.3,98.1,98.2,98.3,97.7,97.5,97.9,97.9,98.1,98.6,98.9,98.9,98.9,98.4,98,97.7,97.6,98,98.4,98.5,98.2,98.1,96.8,98.3,0.6]
[336,"pc_AL_SG",60,0,0,0,0,0,0,0,98.9,98.2,98.3,99.4,99.4,99.4,99.2,98.8,97.5,97.8,97.7,97.5,97.7,98.2,98.1,98.4,98.7,98.4,98.2,98.4,97.8,97.6,97.9,97.9,97.7,98.2,98.1,97.9,98.2,98.2,98.2,97.8,97.4,97,96.9,97,97.6,98.1,98.1,98,99.5,97.3,98.1,0.6]
[337,"pc_AL_SG",61,0,0,97.5,0,0,0,0,0,99.6,99.8,0,100,99.2,99.1,98.7,97.6,97,96.9,97.2,96.9,96.9,97.1,97.4,97.1,97.1,97.2,97.3,96.4,96.6,96.7,96.6,96.3,96.9,96.8,96.6,97.2,97.6,97.6,97.3,97.2,96.7,96.6,96.5,97.2,97.2,97.3,97.2,98.4,96.6,97.4,0.9]
[338,"pc_AL_SG",62,0,0,0,0,0,0,99.8,98.9,98.1,97.9,99.2,99.1,98.9,98.6,98.2,96.7,96.3,96,96,96.2,96.5,97,97.2,97.3,97.1,97.1,97.1,96.9,97.1,97.2,97.1,96.7,96.6,96,95.8,96.5,97.1,97.5,97.5,97.3,96.7,96.3,96.2,96.9,97.3,97.2,97.2,97.5,99,97.3,1]
[339,"pc_AL_SG",63,0,0,0,0,0,0,99.3,99,97.5,98,98.4,98,97.8,97.8,96.8,96,96.3,95.6,95.2,95.3,95.5,95.1,95.2,95.7,95.4,95,95.5,95.1,94.8,95.1,95.2,95,95.5,95.9,96,96.6,97,97.1,96.8,96.4,95.8,95.4,95.6,96.1,96.5,96.8,96.8,95.3,93.9,96.2,1.2]
[340,"pc_AL_SG",64,0,0,0,0,99.7,99.7,98.1,96.5,95.1,95.2,96.7,96.8,97.5,97.1,96.1,94.5,94.3,94.1,93.8,94.4,94.6,94.6,94.4,95,94.4,94.1,94.1,93.9,93.9,94.1,93.7,93.6,94,94.1,94.4,95.1,95.7,96.2,95.6,95.2,94.9,94.8,94.8,95.5,96,96.1,95.7,94.8,95.3,95.3,1.4]
[341,"pc_AL_SG",65,0,0,0,0,0,0,99.2,98.1,96.6,95.4,97.5,97.2,97.2,96.4,96.4,95,95,94.1,94.7,94.7,95.1,94.6,94.8,94.8,94.5,94.2,94.7,94.4,94.3,94.5,94.3,94.1,94.1,94,94.5,95,95.4,95.7,95.5,94.6,94,93.9,94,94.7,95.6,95.9,95.7,96.6,93.6,95.2,1.2]
[342,"pc_AL_SG",66,0,75,98.5,99.4,98.8,95.1,91.8,90.5,88,86.1,88.4,89,88.4,88.4,88.5,86.3,87,87.6,87.8,87.5,89,89.3,89.2,89.7,90.1,90.1,90.2,89.9,90.1,90.3,89.8,89.8,90.4,90.5,91.2,92.4,93.1,93.7,93.5,93,92.7,92.6,92.9,93.6,94.4,94.3,94.2,97.5,92.6,90.9,3.9]
[343,"pc_AL_SG",67,0,0,0,0,99,93.2,89.3,86.8,84.4,83.7,85.1,85,86,87.5,87.7,87,87.5,87.5,86.9,86.8,87.8,88.1,88.3,88.9,88.8,88.8,89.2,88.6,88.5,88.6,88.6,88.6,89.7,90.2,90.8,91.5,92.3,92.7,91.9,91.3,90.5,90.3,90.6,91.9,92.7,93.5,93.4,93.8,95.1,89.5,3]
[344,"pc_AL_SG",68,0,0,98.5,0,99.1,93.2,91.4,88.2,86.5,84.6,86,85.5,85.9,86.6,87.4,86.5,87.9,88.9,88.8,89.9,90.8,90.5,90.7,90.7,89.2,89.2,89.4,89.1,89.4,90.3,89.9,89,89.4,89.3,89.8,91,92.5,93,92.8,92,90.8,90.1,90,91,91.8,92.4,92.9,89.8,96,90.2,2.9]
[345,"pc_AL_SG",69,0,0,0,0,90.2,86.6,83.7,79.4,78.9,78.7,81,80.8,82.9,83.1,85.2,84.8,86.5,87.6,88.6,89,89.8,91.1,91.8,91.2,90.1,90.8,90.7,89,89.1,89.9,88.8,88.7,89.7,90.2,91.2,92.6,92.6,93.2,92.6,90.8,90.2,89.5,89.8,90.9,92.2,92.3,92.9,89.7,85.4,88.3,3.9]
[346,"pc_AL_SG",70,0,81,0,0,96.4,93.2,90.2,83.9,76.6,76.7,79.3,79.3,81,84.6,86.7,85.6,86.4,87.6,88.5,89,88.9,89.3,90,90,88.4,89.4,89.9,88.5,88,89.1,88.7,88,89.6,89.7,89.8,90.9,92.5,92.5,92.9,91.6,91,90.3,90.3,90.6,91.6,91.6,91.4,95,90.1,88.4,4.4]
[347,"pc_AL_SG",71,0,0,0,0,89.4,81.3,73.9,71.4,69.5,68.1,67.2,72.6,73.9,74,71.9,71.2,70.5,70.7,69.3,70.5,72.4,73,73.2,73.6,72.4,72.5,72.3,74.3,77.2,81.2,82.9,85.8,87.1,87.5,88.6,90.5,91.1,91.2,90.8,88.7,87.8,87.4,87.9,89,90.3,90.6,90.7,93.7,93.1,80,8.7]
[348,"pc_AL_SG",72,0,52.4,81.2,93.9,74.5,76.3,71.3,68.6,65.6,64.5,60.7,66.1,67,69.8,73.2,73.3,71,70.5,67,66.4,67.1,65.1,65.8,67.7,67.6,70,73.8,75,78.4,82.8,84.2,86.1,88.3,89.1,89.5,90.5,91.3,91.3,91.2,89.6,88.9,88.2,88.5,89.1,90.2,90.5,90.6,89.8,93.3,78.1,11]
[349,"pc_AL_SG",73,0,0,0,0,0,88.6,79.3,77.4,72.9,68.3,75.8,79.5,81.1,82.9,84.1,80.4,81.8,83.1,83.3,86.2,87.5,87.5,85.8,87.7,84.7,84.1,85.4,85.9,86.5,88.2,88.5,88.8,89.7,88.8,89.3,90.9,91.2,91.5,91.3,89.7,88.2,87.3,86.9,88.1,89.5,90.1,90.8,85.5,88.3,85.5,5]
[350,"pc_AL_SG",74,0,50,78,0,91.3,93.5,87.1,82.6,77.1,72.5,75,76.8,78.6,80,81.9,81.9,83.3,85.1,85.6,85.6,85.9,86.4,86.9,88.5,87.4,89.3,90.7,89.5,90.7,92.9,91.1,92,92.8,92,92,93.2,92.4,92.2,91.1,89.5,88.2,87.4,87.4,89,90.3,90.7,91.7,89.8,90.9,86.3,7.5]
[351,"pc_AL_SG",75,0,0,0,92.3,90,90.5,93.1,88.9,94.7,94.6,94.6,95.2,94.3,90.9,94.4,92.6,93.8,92.3,92.6,91.9,91.8,87.7,87.5,88.7,85.8,86.1,88.2,87.5,87.7,89.3,89.1,89.7,91.2,91.1,91.8,92.7,92.7,91.8,90.7,88.3,86.3,85.7,86.2,87.4,89.3,90.6,91.1,91.1,84.8,90.4,2.8]
[352,"pc_AL_SG",76,0,33.3,80,90.9,91.7,88.9,78.9,81.5,83.3,86.1,91.4,94.3,95,90,90,82.4,83,84,85.8,86.2,90.5,88.8,87,89.4,87.3,85.2,88.6,87.5,88.5,89.6,89.6,89.1,89.5,89.1,89.3,89.4,90,90.8,89.3,87.8,87.7,86.8,86.6,87.9,88.9,89.4,90.5,93.9,98.7,87.2,8.6]
[353,"pc_AL_SG",77,0,0,0,0,90,90.9,93.8,93.3,86.4,85,93.5,87.5,87.9,92.1,91.1,80,83.9,84.9,87.6,88.3,91.6,88,88,86.9,85.1,84.6,87.6,88.3,89.3,90.7,90.3,90.7,91.4,90.5,90.7,91.1,90.9,90.5,90.5,88.1,86.7,85.7,84.9,85.4,87.8,88.7,89.1,85.7,87.4,88.5,2.8]
[354,"pc_AL_SG",78,0,0,60,0,0,0,90,86.7,85.7,89.5,94.1,0,92.9,93.1,85.7,78,72.2,80.9,83.9,84.6,90.1,87.2,87.2,86.4,83.6,80,83.9,84.4,83.9,87.3,89.4,88.4,90.4,91,90.8,91.3,92,89.7,89.4,87.5,86,85.2,86.9,86.8,88.2,88.7,89.8,90.4,89.6,86.6,5.8]
[355,"pc_AL_SG",79,0,0,0,0,66.7,50,77.8,77.8,84.6,91.7,0,93.8,86.2,84.6,85.2,80,81.2,84.6,89.5,88.5,90.9,89,89.5,88.2,86,86.1,88.6,83.2,83.8,85.6,86.2,87.5,89.3,89.9,90.5,91.2,89.4,90.6,89,85.8,84,83.9,84.2,85.8,87.8,89.2,90.3,86.8,87.1,85.5,7.1]
[356,"pc_AL_SG",80,0,0,0,0,0,50,50,71.4,71.4,81.8,0,94.1,0,96,95.5,82.6,83.3,84.6,86.4,85.3,89.1,91.7,90.4,89.4,85.6,86.7,88.6,82.1,82.8,86,84.3,82.1,87.3,87.7,87.4,89.5,89.4,88.7,88.7,87,85.3,85.4,86.7,86.7,88.5,90.3,91,90.1,0,84.9,9.2]
[357,"pc_AL_SG",81,0,0,0,0,0,0,0,0,0,0,0,0,0,0,87.5,81,78.9,80,77.3,89.5,93.1,92.7,89.1,92.4,90.8,85.7,85.9,87.1,85.4,85.6,87.6,86.7,87.6,84.9,87.8,89.6,90.1,90.5,90.5,87.7,85.2,84.1,83.2,83.7,85.3,87.6,88.3,85,75.3,86.4,4.1]
[358,"pc_AL_SG",82,0,0,0,0,0,0,0,0,0,80,80,90,91.7,87.5,86.7,81,76.5,73.3,68.8,70.6,82.4,85.2,89.5,95.9,90.2,89.9,89.4,86.3,86.4,90.2,90.5,90.3,92.3,87.9,88.2,89.2,89,88.1,88.6,86.1,82.6,81.7,80.9,82.2,84.4,87.6,90.1,96.3,0,85.8,6.1]
[359,"pc_AL_SG",83,0,0,0,0,0,0,0,0,0,0,75,75,88.9,90.9,92.9,92.3,94.1,92.3,90.9,81.8,91.7,92.9,95.7,97.1,89.4,89.1,88.7,88.1,87.3,94.3,94.6,93,95.1,94.2,92.4,92.1,89.8,88.8,87.5,85.3,82.9,83.9,83.4,85.6,88.6,90.1,88.5,85.8,76.9,88.9,5.3]
[360,"pc_AL_SG",84,0,0,0,0,0,0,0,0,0,0,0,0,0,75,60,61.5,50,56.2,58.3,80,88.9,90.9,84.6,90.9,87.9,88.1,91.8,96.4,96.2,98.2,93.9,94.3,91.2,87.6,89.4,90.1,88.7,88.6,87,83.5,82.1,83.6,83.8,86.3,87.8,90.7,89.8,94.7,90.8,84.4,11.9]
[361,"pc_AL_SG",85,0,0,0,0,0,0,0,0,0,0,0,0,0,0,83.3,83.3,87.5,0,0,0,0,0,0,0,95,93.1,94.6,93.3,90.6,90,92.6,90.3,90.9,91.8,90.6,88.1,89.9,90.3,89.6,83.1,79.8,78.5,77.3,77.5,80.7,84,86.9,88.5,0,87.5,5.2]
[362,"pc_AL_SG",86,0,0,0,0,0,0,0,0,0,0,0,0,0,66.7,66.7,60,60,71.4,66.7,66.7,75,77.8,77.8,90,0,0,0,97.1,97.6,95.8,93.3,94,94.6,95,95.5,94.8,94.4,92.9,88.4,85.7,82.6,79.7,79,78.2,78.8,79.2,80.6,75.3,81.9,82.2,11.3]
[363,"pc_AL_SG",87,0,0,0,0,0,0,0,0,0,0,0,0,0,0,50,50,66.7,66.7,80,0,83.3,66.7,71.4,57.1,66.7,81.8,89.5,85.2,91.2,87.8,91.3,92.9,97.9,90.6,91.2,89.1,93.2,94,94.5,93.5,87.3,81.9,82.1,84,84.1,88.4,90.8,86.6,76,81.9,12.5]
[364,"pc_AL_SG",88,0,0,0,0,0,0,0,0,0,0,0,0,0,0,0,0,0,0,0,0,0,0,0,0,75,66.7,77.8,76.5,78.3,87.1,83.3,83.3,87.2,91.3,87.5,92.3,91.2,89.7,87.3,86,84,80,78.8,78.2,80.1,81.1,86.9,93.6,0,83.5,6.3]
[365,"pc_AL_SG",89,0,0,0,0,0,0,0,0,0,0,0,0,0,0,0,0,0,0,0,0,0,0,0,0,0,0,0,0,0,0,96.3,96.7,91.4,91.2,85.7,85.7,85.4,88.5,88.5,82.6,79.7,82.1,79.5,74.2,80.6,80.7,80.8,85.6,82.9,85.2,5.7]
[366,"pc_AL_SG",90,0,0,0,0,0,0,0,0,0,0,0,0,0,0,0,0,0,0,0,0,0,75,75,80,75,80,0,0,0,0,0,0,96.6,96.9,90.3,88.9,86.1,90.2,91.3,90.7,78.9,74.6,76.8,74.3,69.7,82.7,86.4,79,80,82.7,7.6]
[367,"pc_AL_SG","NUMB",65,65,65,65,65,65,65,65,65,65,65,65,65,65,65,65,65,65,65,65,65,65,65,65,65,65,65,65,65,65,65,65,65,65,65,65,65,65,65,65,65,65,65,65,65,65,65,65,65]
[368,"pc_AL_SG","SUM1",0,684,692,376,1176,1271,1638,1719,2487,2772,1817,2333,2748,3387,4488,4480,4490,4432,4449,4307,4370,4330,4235,3965,4003,3711,3583,3656,3770,3915,4205,4302,4432,4123,3519,3541,3548,3553,3932,4069,4206,4276,4372,4396,4339,4478,4496,4387,4357]
[369,"pc_AL_SG","SUM55",0,197,99,0,0,0,0,0,399,498,0,199,498,697,1591,1671,1670,1668,1671,1576,1483,1387,1291,993,993,695,597,596,695,796,994,1092,1094,797,198,199,199,199,598,794,990,1087,1184,1190,1091,1189,1185,1080,1459]
[370,"pc_AL_SG","SDEV",0,27.7,28.8,22.6,36.5,36.4,39.7,40,44.6,45.3,41,44.4,46.1,45.9,40.6,39.1,39.1,40,40.1,41.7,42.1,41.9,42.5,44.2,43.2,44.2,45.3,44.8,44.7,44.8,43.3,42.8,42.4,44,45.7,46,46.1,46.2,44.9,43.5,42,41.2,40.5,40.8,41.7,41.3,41.4,42.1,41.9]
[371,"pc_AL_SG","max_060",0,54.5,54,0,0,0,0,60,55.2,54.3,58.5,53.6,52.2,51.3,49.5,49,49,49,49,49.5,49.9,50.5,50.8,52.4,52.4,54,54.5,54.5,54,53.5,52.5,52,52,53.5,56.4,56.4,56.4,56.4,54.5,53.5,52.5,52,51.5,51.5,52,51.5,51.5,51.4,49.4]
[372,"pc_AL_SG","max_065",0,54.5,57.5,0,64,64,63.5,62.8,58.2,57.1,61.8,58.3,56,54.5,51.9,51.4,51.4,51.4,51.4,51.9,52.4,52.9,53.2,54.9,54.9,56.4,56.9,56.9,56.4,55.9,54.9,54.4,54.4,55.9,58.9,58.9,58.9,58.9,56.9,55.9,54.9,54.4,53.9,53.9,54.4,53.9,53.9,54,52]
[373,"pc_AL_SG","max_070",0,58.4,62.2,66,67.3,67.3,65.9,65.2,60.6,59.5,64.4,61.1,58.8,57.1,54.2,53.7,53.7,53.7,53.7,54.2,54.7,55.2,55.6,57.2,57.2,58.8,59.3,59.3,58.7,58.3,57.2,56.7,56.7,58.3,61.3,61.3,61.3,61.3,59.3,58.3,57.3,56.8,56.3,56.3,56.8,56.3,56.3,56.5,54.5]
[374,"pc_AL_SG","max_075",0,60.7,65.3,70.9,69.4,69.8,68.2,67.6,62.9,61.7,66.7,63.7,61.4,59.6,56.4,55.9,55.9,55.9,55.9,56.4,56.9,57.4,57.8,59.4,59.4,61,61.5,61.5,61,60.6,59.6,59.1,59.1,60.7,63.7,63.7,63.7,63.7,61.7,60.7,59.6,59.1,58.6,58.6,59.2,58.7,58.7,58.9,56.9]
[375,"pc_AL_SG","max_080",0,61.4,67.7,72.1,71.1,71.5,70.5,70,65.4,64.3,68.5,66.2,63.7,62.3,58.8,58.1,58.1,58.2,58.3,58.8,59.4,59.8,60.2,61.9,61.8,63.3,63.9,63.9,63.4,63,62,61.5,61.5,63.1,66.2,66.2,66.2,66.2,64.1,63,62,61.4,60.9,61,61.5,61.1,61.1,61.3,58.8]
[376,"pc_AL_SG","max_085",0,61.4,67.7,72.1,71.1,71.5,70.5,70,65.4,64.8,69.7,67.3,64.9,63.9,61.1,60.4,60.3,59.9,59.9,60.6,61.3,61.8,62.2,63.9,64.3,65.9,66.5,66.4,65.9,65.5,64.5,64,64,65.5,68.6,68.6,68.6,68.6,66.5,65.4,64.2,63.7,63.2,63.2,63.9,63.4,63.5,63.8,60.3]
[377,"pc_AL_SG","med_0.05",0,49.3,53.3,65.2,63.6,63.6,61.8,59.9,51.2,48.4,56.9,50.2,42.4,40.7,40.3,39.3,39.3,39.2,39.2,40.2,41.2,42.2,42.1,46,46,48.9,49.8,49.8,48.9,48,46.1,45.2,45.2,48.1,53.8,53.8,53.8,53.8,50,48,46.1,45.1,44.2,44.2,45.2,44.3,44.3,44.2,40.2]
[378,"pc_AL_SG","med_0.10",0,49.7,53.7,65.4,65.2,65.3,62.6,61.7,52.5,50.8,59.8,56.3,47.8,46.4,42.5,41.5,41.6,41.5,41.5,42.4,43.4,44.4,45.2,48,48,50.7,51.6,51.7,50.8,49.9,48.2,47.3,47.4,50.1,55.5,55.6,55.6,55.6,51.9,50.1,48.2,47.3,46.4,46.4,47.4,46.5,46.5,46.5,42.5]
[379,"pc_AL_SG","med_0.25",0,52.7,60.8,65.9,67,67.3,65.1,64.4,58.2,57,63.6,60.9,57.9,55.5,49.3,48.4,48.4,48.3,48.3,48.9,50,50.9,51.7,54,54.1,56.3,57,57.2,56.5,55.8,54.6,53.8,54.1,56.4,60.9,61,61,61,57.9,56.3,54.6,53.8,53.1,53.1,53.9,53.3,53.4,54.2,49.2]
[380,"pc_AL_SG","med_0.50",0,58.5,67.5,71.9,70.1,70.9,69.7,69.3,64.6,64,68.7,67,64.9,64.1,60.6,59.8,59.9,59.6,59.6,59.9,61.1,61.9,62.4,64.1,64.4,66,66.4,66.8,66.4,66,65.5,64.9,65.6,67.2,70.4,70.4,70.4,70.4,68.2,66.8,65.5,64.9,64.3,64.4,65,64.7,64.9,65.4,61.4]
[381,"pc_AL_SG","med_0.75",0,69.6,73.6,75,74.5,74.6,74.8,74.8,72.5,72.8,74.8,74.5,73.4,74.2,73.4,72.6,72.7,72.1,72.3,72.1,73.6,74.4,74.6,75.6,76.1,77,76.8,77.5,77.2,77.1,77.4,77,77.9,78.6,80.2,80.2,80.1,80.1,79,78.2,77.3,76.9,76.6,76.6,77,77,77.2,77.4,73.1]
[382,"pc_AL_SG","med_0.90",0,73.3,75.9,75.6,76.4,76.7,77.6,77.7,76.9,77.7,77.7,79.3,77.9,79.8,80.9,80.8,80.8,80,80,79.5,80.8,81.6,81.8,82.2,83,83.4,82.9,83.9,83.8,83.7,84.4,84.3,85.3,85.6,86,86,86,86.1,85.6,85.4,84.9,84.6,84.5,84.3,84.5,84.6,84.7,84.8,82.7]
[383,"pc_AL_SG","med_0.95",0,74,77.4,75.8,78.1,78.7,78.6,78.8,78.4,79.3,81.8,81.5,81.5,82.7,83.6,83.5,83.8,82.7,82.8,82.2,83.3,85,85.2,85.3,86.2,86.5,84.9,85.8,85.8,85.8,86.7,86.6,87.6,87.8,88,88,87.9,88,87.8,87.6,87.4,87.3,87.2,87.1,87.2,87.3,87.3,87.4,86.3]
[384,"pc_AL_SG","Age/Yea",1966,1967,1968,1969,1970,1971,1972,1973,1974,1975,1976,1977,1978,1979,1980,1981,1982,1983,1984,1985,1986,1987,1988,1989,1990,1991,1992,1993,1994,1995,1996,1997,1998,1999,2000,2001,2002,2003,2004,2005,2006,2007,2008,2009,2010,2011,2012,2013,2014]
[385]
[386]
[387]
[388]
[389]
[390]
[391]
[392]
[393]
[394]
[395]
[396]
[397]
[398]
[399]
[400]
[401,"AL_B","Age/Yea",1966,1967,1968,1969,1970,1971,1972,1973,1974,1975,1976,1977,1978,1979,1980,1981,1982,1983,1984,1985,1986,1987,1988,1989,1990,1991,1992,1993,1994,1995,1996,1997,1998,1999,2000,2001,2002,2003,2004,2005,2006,2007,2008,2009,2010,2011,2012,2013,2014,"MEAN","STDEV","AAMC_FiscalYear_All_tabbed.txt"]
[402,"AL_B",26,30,26,31,33,37,34,29,30,38,34,30,25,30,15,23,17,4,13,6,3,5,7,8,5,5,5,3,6,5,6,4,10,4,5,3,5,5,5,11,4,10,6,11,3,4,4,4,8,4,13.3,11.6]
[403,"AL_B",27,38,60,62,83,83,77,63,59,66,55,46,55,42,51,36,37,30,13,20,15,9,11,12,16,16,16,9,7,9,6,7,6,11,9,10,7,10,14,12,15,11,14,14,13,10,5,12,7,9,26.5,23.2]
[404,"AL_B",28,81,75,101,108,156,147,136,114,113,107,101,82,104,79,87,63,63,49,28,24,35,17,23,29,25,32,30,14,16,19,9,13,10,15,16,20,18,20,31,24,28,16,25,21,17,18,14,20,10,49,41.5]
[405,"AL_B",29,95,126,141,165,171,235,229,204,187,170,172,164,157,156,128,145,100,90,76,58,47,54,30,45,44,45,46,40,22,23,20,17,23,22,26,27,45,35,42,48,34,44,36,33,36,33,35,20,22,80.9,64.1]
[406,"AL_B",30,126,139,186,193,217,250,335,318,271,252,233,258,243,231,193,199,187,146,127,110,91,86,102,67,65,77,70,69,51,48,40,41,35,48,47,58,46,75,56,73,66,60,76,61,53,49,45,49,20,121.2,84.9]
[407,"AL_B",31,130,162,200,238,261,274,305,418,398,352,318,318,359,323,296,269,262,242,194,194,175,146,117,149,115,104,111,121,97,74,79,64,67,82,79,93,93,87,111,96,116,105,92,100,94,87,75,72,58,170.9,101.2]
[408,"AL_B",32,154,154,209,246,298,320,335,371,514,478,401,363,358,433,386,349,329,307,300,267,249,243,200,182,207,178,157,154,172,142,112,114,94,108,133,122,143,150,150,163,141,167,158,133,142,142,125,120,85,223.6,109.1]
[409,"AL_B",33,167,185,194,260,280,353,366,375,424,563,533,449,412,414,487,436,399,376,354,350,322,306,296,278,238,266,237,213,196,230,191,168,174,140,175,197,193,214,216,201,222,190,223,213,185,182,202,164,132,276.3,108]
[410,"AL_B",34,173,199,225,233,295,321,383,382,407,470,589,578,488,449,460,518,473,417,404,397,397,393,355,352,335,288,338,298,272,263,275,246,227,235,194,248,258,265,300,271,271,258,265,282,282,245,237,242,186,325.3,101.2]
[411,"AL_B",35,195,195,222,260,256,315,338,424,417,437,494,623,619,512,475,478,550,487,428,425,451,425,439,397,384,378,340,391,360,295,301,316,317,286,290,253,320,338,361,370,338,320,314,318,325,337,307,308,256,367,96.4]
[412,"AL_B",36,220,218,218,245,278,280,337,355,433,418,454,526,654,617,524,491,489,553,524,446,441,463,465,486,425,413,417,408,434,395,347,344,378,379,351,373,325,381,429,420,440,402,375,371,373,366,401,350,327,403.2,91.6]
[413,"AL_B",37,197,238,238,244,280,296,286,346,381,431,437,475,538,658,630,534,500,486,540,528,453,471,478,503,497,453,446,455,467,452,421,369,358,429,437,423,422,374,448,477,481,503,459,403,422,390,422,456,366,428.5,93.4]
[414,"AL_B",38,224,209,250,251,261,303,307,294,348,392,430,434,481,538,667,611,536,487,473,556,524,466,479,518,538,511,492,497,493,500,479,449,389,392,479,485,462,494,445,497,518,525,551,493,440,478,442,452,454,448.9,98.6]
[415,"AL_B",39,249,235,221,269,263,272,313,317,300,342,390,444,437,467,520,658,601,536,464,464,543,536,468,492,533,558,537,540,516,522,512,495,462,425,428,534,545,501,545,508,540,538,544,590,522,461,503,452,472,460.9,104.9]
[416,"AL_B",40,209,261,249,235,280,277,276,310,325,293,343,389,467,426,465,510,635,584,509,462,461,538,536,478,489,541,575,590,567,527,534,526,505,483,462,454,551,608,538,601,527,553,571,552,620,529,465,513,454,466.4,114]
[417,"AL_B",41,227,224,267,257,247,294,286,279,311,326,291,343,392,453,415,461,503,615,581,496,461,469,531,546,474,493,551,590,578,576,530,556,532,532,505,497,476,585,660,573,613,545,569,572,588,616,535,475,500,469.3,121]
[418,"AL_B",42,194,243,230,283,271,260,294,287,280,323,311,308,371,388,448,407,461,485,591,567,482,460,460,522,547,483,500,554,593,565,584,539,560,547,563,530,525,497,624,712,617,609,558,573,594,601,623,543,449,469.7,129]
[419,"AL_B",43,185,201,248,243,286,279,268,300,280,289,319,313,324,355,371,444,392,444,470,572,568,479,461,473,536,550,487,501,557,596,567,593,537,569,573,590,557,531,524,658,722,621,608,563,557,585,592,625,512,466.8,136]
[420,"AL_B",44,193,194,213,259,256,301,284,271,304,274,289,321,324,320,347,356,430,381,425,446,561,566,470,462,474,532,546,487,504,562,594,564,600,563,580,589,596,564,558,542,680,720,621,594,566,525,570,579,613,460.6,140.2]
[421,"AL_B",45,157,200,196,219,272,268,304,284,271,308,273,280,325,327,321,350,343,412,375,411,448,554,554,466,460,481,528,551,481,502,570,585,561,608,585,604,582,617,560,568,549,652,721,604,585,564,518,561,555,450.4,143.1]
[422,"AL_B",46,128,157,208,199,233,281,273,300,285,268,301,275,288,314,319,314,348,335,401,371,403,444,539,546,469,454,487,536,550,487,494,563,581,571,609,594,612,599,622,556,578,538,647,699,587,568,566,513,545,439.9,147.6]
[423,"AL_B",47,136,133,167,209,206,245,284,276,307,281,258,307,283,283,309,315,301,336,334,388,357,403,448,535,540,468,450,490,530,545,489,495,563,584,571,607,602,629,607,636,548,575,538,630,705,583,549,552,493,430.2,152]
[424,"AL_B",48,97,140,134,173,217,213,251,285,279,310,279,255,328,282,275,303,307,291,328,322,379,351,398,443,536,540,465,451,498,521,549,495,495,562,597,582,604,612,621,609,612,538,570,529,633,682,574,537,517,419.8,156.4]
[425,"AL_B",49,104,102,145,143,180,223,226,248,277,280,305,283,262,323,282,271,301,299,281,320,320,378,347,400,441,549,526,452,445,487,521,547,501,485,571,593,585,603,611,630,592,578,543,560,534,619,671,563,524,408.8,158.8]
[426,"AL_B",50,87,108,106,149,149,185,224,221,247,271,270,303,301,264,319,275,265,297,288,267,317,314,372,347,402,439,539,526,455,441,491,523,542,504,485,577,598,583,607,609,636,581,555,517,542,523,602,659,524,396,161.4]
[427,"AL_B",51,89,87,111,111,151,153,184,219,215,245,259,267,313,292,262,309,269,258,285,283,263,317,310,373,349,404,435,539,524,444,435,500,518,543,504,497,578,607,590,605,606,613,569,556,513,538,504,586,641,384.1,164.6]
[428,"AL_B",52,97,91,87,113,116,153,156,187,209,217,247,268,267,310,287,252,307,258,252,271,278,257,312,307,371,345,403,429,523,517,445,432,491,516,545,506,503,582,618,594,593,594,603,574,549,503,528,498,574,370.1,163.9]
[429,"AL_B",53,73,100,95,87,115,117,156,152,183,206,218,247,272,257,305,278,251,295,251,245,263,274,255,306,302,366,336,398,426,515,510,445,436,485,521,548,509,508,583,623,587,579,581,597,573,529,500,515,490,356.4,165]
[430,"AL_B",54,61,75,99,97,92,118,118,156,149,176,203,218,251,268,255,294,272,246,288,241,243,262,267,253,301,301,364,337,400,420,511,498,443,439,481,522,547,507,514,579,621,575,580,559,585,555,526,492,511,344.3,166.9]
[431,"AL_B",55,66,63,76,101,98,96,119,119,156,148,173,204,230,244,261,248,291,265,241,283,237,243,256,264,247,297,300,366,334,399,419,511,503,446,447,489,525,545,502,512,572,596,565,560,556,564,540,514,469,331.8,166.3]
[432,"AL_B",56,66,66,64,78,106,97,95,117,119,155,146,175,198,228,237,257,242,277,267,234,272,231,238,254,258,248,288,297,364,326,399,416,506,501,449,444,479,523,544,490,495,559,587,563,555,525,553,526,503,318.7,166.1]
[433,"AL_B",57,38,66,66,64,77,108,98,94,117,115,151,141,180,198,225,230,250,235,276,258,232,263,231,237,245,248,243,283,292,357,317,384,412,506,500,451,437,483,515,538,487,479,535,555,558,540,500,538,512,303.4,164.3]
[434,"AL_B",58,59,38,67,65,65,80,110,97,96,116,114,149,149,180,198,221,226,248,236,269,256,229,259,227,231,245,240,238,278,284,351,310,380,399,497,498,449,431,480,508,537,478,473,518,541,549,539,505,519,290.4,162.1]
[435,"AL_B",59,58,60,40,67,68,69,80,111,95,91,111,116,152,144,176,192,219,219,242,227,257,252,223,254,219,229,243,232,232,271,277,342,304,373,401,491,481,450,416,473,507,516,469,456,506,523,547,540,499,275.9,158.7]
[436,"AL_B",60,46,58,61,42,69,70,69,76,111,92,88,111,131,150,140,172,192,214,216,237,226,255,249,219,249,218,227,237,231,223,264,274,332,300,364,392,480,472,437,408,466,481,501,453,445,492,511,533,522,261.3,153.2]
[437,"AL_B",61,39,46,58,62,43,69,67,73,76,106,89,88,112,130,144,133,169,187,204,210,229,221,250,240,216,237,216,223,229,216,220,253,271,322,298,355,370,469,457,427,387,445,457,476,439,424,475,505,517,243.9,145.6]
[438,"AL_B",62,29,39,48,58,62,44,68,67,63,74,106,89,97,108,128,143,130,161,175,187,204,222,213,240,231,206,222,208,219,219,211,213,243,266,304,287,340,361,456,439,406,368,430,437,465,418,413,454,484,225.6,137.1]
[439,"AL_B",63,14,29,39,48,58,65,42,69,62,61,68,105,93,93,109,123,135,129,154,164,177,195,209,204,227,226,192,211,201,203,210,202,196,230,249,289,272,331,351,434,425,385,350,398,415,442,404,392,434,206.4,128.1]
[440,"AL_B",64,14,14,29,38,49,59,64,42,64,61,56,68,100,88,92,103,115,130,116,147,155,170,189,194,189,220,210,181,201,191,188,194,187,188,219,241,278,263,320,332,411,390,368,337,389,385,418,388,370,188.1,119.8]
[441,"AL_B",65,18,14,15,29,40,50,58,63,41,61,58,49,73,91,84,85,98,107,124,104,137,146,157,169,185,177,210,199,177,191,170,176,181,180,172,204,237,266,251,299,308,381,363,341,318,363,373,409,365,170.8,112.2]
[442,"AL_B",66,4,18,14,15,28,40,50,47,48,33,50,48,49,65,79,71,76,88,93,111,93,118,137,142,151,165,155,193,173,159,171,152,155,161,165,153,180,225,250,234,273,277,359,337,320,302,341,342,382,148.8,104.1]
[443,"AL_B",67,4,4,19,14,16,28,37,41,41,40,26,42,39,38,55,66,63,63,73,80,95,85,101,112,130,133,133,143,168,139,141,144,144,140,149,153,135,158,205,229,207,233,244,327,323,297,281,313,319,125.9,92.8]
[444,"AL_B",68,1,4,4,19,14,16,26,28,37,33,32,25,36,33,32,45,60,51,53,66,72,87,78,92,100,115,111,117,131,147,132,127,127,126,123,131,136,130,146,188,199,185,208,209,290,300,281,258,284,107,82.1]
[445,"AL_B",69,2,1,4,4,19,14,12,22,24,32,28,20,23,29,27,28,37,46,46,45,58,62,77,74,86,89,97,100,106,112,127,116,111,121,110,115,126,126,116,135,169,162,158,177,194,265,275,261,246,90.5,72.7]
[446,"AL_B",70,2,2,1,4,5,19,11,11,18,16,22,20,19,19,24,22,25,29,39,41,42,53,51,71,69,77,76,87,89,92,96,114,108,95,108,95,107,114,123,105,125,147,141,133,154,175,234,248,235,75.8,63]
[447,"AL_B",71,2,1,2,1,4,5,14,7,6,13,12,16,12,12,15,16,12,17,19,23,29,29,36,32,52,45,48,51,60,73,83,84,95,96,84,95,88,102,103,102,93,96,122,122,115,144,157,208,218,58.6,53.8]
[448,"AL_B",72,0,2,1,2,1,4,2,9,6,6,6,6,8,12,6,10,9,8,7,14,8,21,20,16,18,29,25,35,35,49,63,78,71,89,86,73,81,79,93,90,95,79,76,107,104,102,130,143,187,45.9,45.5]
[449,"AL_B",73,2,0,2,1,2,1,5,1,8,5,4,5,6,8,9,6,8,8,7,6,13,8,17,19,13,17,18,18,30,32,41,57,72,62,81,75,60,71,73,83,78,84,70,62,95,85,89,117,128,36.7,36.2]
[450,"AL_B",74,0,2,0,2,1,2,0,5,1,7,3,0,5,5,8,8,3,7,6,6,2,11,8,14,16,13,15,17,17,27,28,36,50,65,55,70,68,56,66,59,66,70,70,64,59,81,80,76,108,32,30.3]
[451,"AL_B",75,1,0,2,0,2,1,1,0,5,1,7,3,0,5,4,8,9,3,7,5,5,2,10,6,11,16,9,15,14,14,25,23,32,44,59,49,67,62,54,59,52,54,56,61,55,52,70,72,68,26.2,25.1]
[452,"AL_B",76,0,1,0,2,0,1,1,1,0,5,1,6,4,0,5,3,8,6,3,7,5,5,2,7,6,10,12,9,15,12,14,24,21,29,35,51,42,59,55,48,52,47,44,47,52,45,46,62,64,22.1,21.2]
[453,"AL_B",77,0,0,1,0,2,0,0,1,1,0,3,1,5,3,0,4,2,6,5,3,6,5,4,2,6,6,8,8,8,12,11,13,22,19,28,31,46,36,53,51,44,45,36,34,39,44,36,40,49,18.5,17.6]
[454,"AL_B",78,0,0,0,1,0,2,0,0,0,1,0,3,2,5,1,0,3,1,6,4,2,6,5,2,3,6,5,6,7,6,10,10,11,20,20,26,28,42,31,43,47,37,34,33,30,33,38,31,36,15.9,14.9]
[455,"AL_B",79,0,0,0,0,1,0,1,0,0,0,1,0,2,2,4,1,0,3,1,6,4,1,5,3,1,3,4,5,6,4,6,10,8,10,16,19,26,27,33,28,33,33,31,30,30,29,27,33,29,13.2,12.4]
[456,"AL_B",80,0,0,0,0,0,1,0,0,0,0,0,1,0,1,2,3,1,0,2,1,6,4,1,5,3,1,3,4,5,5,4,5,9,7,8,14,19,26,24,29,23,24,29,25,28,23,25,24,29,11.5,10.6]
[457,"AL_B",81,0,0,0,0,0,0,1,0,0,0,0,0,1,0,1,2,1,1,0,1,1,6,4,0,2,3,1,2,3,3,4,3,5,6,6,6,11,19,24,22,23,20,21,25,20,24,21,21,21,9.6,9.1]
[458,"AL_B",82,0,0,0,0,0,0,0,0,0,0,0,0,0,1,0,1,2,1,1,0,1,1,5,4,0,2,3,0,2,1,3,4,2,5,6,4,6,10,16,20,19,19,16,16,19,16,22,17,21,8.3,7.5]
[459,"AL_B",83,0,0,0,0,0,0,0,0,0,0,0,0,1,0,1,0,1,1,1,1,0,0,1,5,4,0,1,3,0,2,1,4,4,2,6,6,3,5,10,16,17,14,15,14,12,18,15,18,12,6.9,6.1]
[460,"AL_B",84,0,0,0,0,0,0,0,0,0,0,0,0,0,1,0,0,0,1,1,1,1,0,0,0,4,4,0,1,3,0,2,1,2,4,2,4,6,3,4,11,14,13,10,13,10,11,15,15,16,6.2,5.2]
[461,"AL_B",85,0,0,0,0,0,0,0,0,0,0,0,0,0,0,1,0,0,0,1,1,1,1,0,0,0,4,4,0,1,3,0,2,1,1,3,2,4,5,3,3,9,8,10,9,11,8,9,15,14,5,4.2]
[462,"AL_B",86,0,0,0,0,0,0,0,0,0,0,0,0,0,0,0,1,0,0,0,1,0,1,1,0,0,0,4,4,0,0,3,0,2,1,1,3,2,4,5,3,1,8,4,7,8,10,6,7,11,4.1,3]
[463,"AL_B",87,0,0,0,0,0,0,0,0,0,0,0,0,0,0,0,0,1,0,0,0,1,0,1,0,0,0,0,4,4,0,0,3,0,2,1,1,2,2,5,5,3,1,4,2,7,6,8,5,5,3.3,2.1]
[464,"AL_B",88,0,0,0,0,0,0,0,0,0,0,0,0,0,0,0,0,0,1,0,0,0,1,0,1,0,0,0,0,4,4,0,0,2,0,2,1,1,2,2,5,3,3,2,2,2,4,4,9,5,2.9,1.9]
[465,"AL_B",89,0,0,0,0,0,0,0,0,0,0,0,0,0,0,0,0,0,0,1,0,0,0,1,0,1,0,0,0,0,4,4,0,0,2,0,2,0,1,2,2,4,2,3,2,2,2,4,3,8,2.6,1.6]
[466,"AL_B",90,0,0,0,0,0,0,0,0,0,0,0,0,0,0,0,0,0,0,0,1,0,0,0,1,0,1,0,0,0,0,4,4,0,0,2,0,1,0,1,2,2,2,1,2,2,0,0,4,3,2.1,1.1]
[467,"AL_B","NUMB",65,65,65,65,65,65,65,65,65,65,65,65,65,65,65,65,65,65,65,65,65,65,65,65,65,65,65,65,65,65,65,65,65,65,65,65,65,65,65,65,65,65,65,65,65,65,65,65,65]
[468,"AL_B","SUM1",4581,5065,5666,6322,7037,7785,8377,8883,9414,9840,10149,10662,11417,11698,11960,12146,12296,12251,12220,12243,12373,12624,12771,13086,13291,13560,13748,14141,14380,14460,14620,14802,14983,15384,15876,16455,16903,17543,18220,18694,18949,18760,18839,18667,18804,18618,18634,18577,17995]
[469,"AL_B","SUM55",4116,4537,5053,5605,6207,6844,7346,7782,8219,8568,8794,9171,9690,9805,9892,9944,9908,9738,9597,9499,9546,9690,9732,9976,10118,10270,10425,10644,10741,10680,10621,10513,10414,10566,10820,11135,11310,11585,11994,12262,12297,12019,11977,11713,11636,11317,11147,10931,10303]
[470,"AL_B","SDEV",77.2,83.4,90.9,99.8,109.1,119.6,128.9,137.9,147.8,156,161.9,170.1,178.9,181.5,184.6,185.5,186.6,184.4,182.4,181.6,182,184.3,185.1,189.1,191.5,194.1,197.6,203.6,206.6,207.6,209.4,210.6,211.5,214.5,219.1,224.4,226.8,231.4,236,241.3,243.1,240.1,239.5,236.1,235.9,230.8,227.5,224.2,217.5]
[471,"AL_B","max_060",41.1,41.1,40.9,40.8,40.9,40.9,41,41.1,41.1,41.3,41.5,41.7,42,42.2,42.4,42.7,43,43.3,43.6,43.8,43.9,44.1,44.3,44.4,44.6,44.8,45,45.2,45.4,45.7,46.1,46.3,46.6,46.7,46.8,46.8,46.9,46.8,46.6,46.6,46.7,46.8,46.8,46.9,47,47.1,47.1,47.2,47.5]
[472,"AL_B","max_065",41.6,41.7,41.7,41.7,41.7,41.7,41.8,41.9,41.9,42.1,42.3,42.5,42.9,43.1,43.4,43.7,44,44.4,44.8,45.1,45.4,45.6,45.8,45.9,46.1,46.3,46.4,46.5,46.7,47,47.3,47.6,47.9,48,48.2,48.3,48.4,48.4,48.4,48.5,48.5,48.7,48.7,48.8,48.9,49,49.1,49.3,49.7]
[473,"AL_B","max_070",41.7,41.8,41.8,41.9,42,42.1,42.2,42.3,42.3,42.5,42.7,42.9,43.2,43.5,43.8,44.1,44.5,45,45.4,45.7,46,46.3,46.6,46.7,47,47.2,47.3,47.5,47.7,47.9,48.3,48.5,48.7,48.9,49,49.1,49.2,49.3,49.3,49.4,49.6,49.7,49.8,50,50.2,50.4,50.6,50.8,51.2]
[474,"AL_B","max_075",41.7,41.9,41.9,41.9,42,42.2,42.3,42.4,42.4,42.6,42.8,42.9,43.3,43.6,43.9,44.2,44.6,45.1,45.5,45.8,46.1,46.4,46.8,46.9,47.2,47.4,47.5,47.7,48,48.3,48.6,48.9,49.3,49.4,49.6,49.6,49.7,49.8,49.8,49.9,50,50.2,50.3,50.5,50.7,51,51.2,51.5,52.1]
[475,"AL_B","max_080",41.7,41.9,41.9,41.9,42,42.2,42.3,42.4,42.4,42.6,42.8,43,43.3,43.6,44,44.3,44.7,45.1,45.5,45.9,46.2,46.5,46.8,46.9,47.2,47.5,47.6,47.8,48.1,48.4,48.7,49.1,49.4,49.6,49.7,49.8,50,50.1,50.1,50.2,50.3,50.5,50.5,50.8,51,51.3,51.5,51.8,52.4]
[476,"AL_B","max_085",41.7,41.9,41.9,41.9,42,42.2,42.3,42.4,42.4,42.6,42.8,43,43.4,43.7,44,44.3,44.7,45.1,45.6,45.9,46.2,46.5,46.8,47,47.3,47.5,47.6,47.8,48.1,48.4,48.8,49.1,49.4,49.6,49.8,49.9,50,50.2,50.2,50.3,50.5,50.6,50.7,50.9,51.1,51.4,51.6,51.9,52.5]
[477,"AL_B","med_0.05",28.8,28.7,28.6,28.6,28.4,28.6,28.8,29.1,29.2,29.5,29.7,29.8,30,30.2,30.4,30.5,30.9,31.2,31.5,31.8,32,32.2,32.5,32.6,32.8,32.8,33.1,33.3,33.6,33.7,34,34.2,34.3,34.4,34.4,34.2,34.1,34,33.9,34.1,34.1,34.2,34.1,34.2,34.4,34.5,34.6,34.7,35.4]
[478,"AL_B","med_0.10",30.7,30.5,30.2,30.2,30.2,30.1,30.1,30.4,30.7,31,31.3,31.5,31.6,31.7,32.1,32.3,32.6,33,33.3,33.5,33.8,34,34.3,34.5,34.7,34.9,35.1,35.2,35.5,35.9,36.2,36.4,36.4,36.5,36.6,36.6,36.6,36.5,36.2,36.4,36.5,36.6,36.6,36.8,36.9,37,37,37.1,37.7]
[479,"AL_B","med_0.25",34.8,34.7,34.3,34.1,33.9,33.8,33.8,33.9,33.8,34,34.2,34.6,35.1,35.4,35.8,36.1,36.4,36.8,37.1,37.4,37.8,38.1,38.4,38.5,38.8,39.1,39.4,39.5,39.9,40.2,40.6,40.9,41.3,41.5,41.6,41.6,41.6,41.5,41.3,41.5,41.6,41.7,41.8,41.9,42,42.2,42.4,42.6,43.3]
[480,"AL_B","med_0.50",40,40.2,40.3,40.4,40.4,40.5,40.5,40.4,40.3,40.4,40.4,40.4,40.8,41.1,41.4,41.7,42.1,42.5,43,43.4,43.8,44.3,44.8,45.1,45.5,45.8,45.9,46.1,46.5,46.8,47.3,47.7,48,48.2,48.4,48.6,48.8,49,49,49.2,49.3,49.5,49.6,49.8,50,50.2,50.5,50.8,51.5]
[481,"AL_B","med_0.75",46.5,46.7,46.8,47.1,47.4,47.7,48,48.3,48.4,48.7,49.1,49.4,49.9,50.3,50.7,51,51.5,52,52.4,52.7,52.9,53.2,53.4,53.4,53.5,53.7,53.7,53.9,54.1,54.4,54.8,55.2,55.6,56,56.4,56.6,56.8,57,57.2,57.4,57.7,57.9,58,58.2,58.5,58.9,59.3,59.7,60.3]
[482,"AL_B","med_0.90",54.1,54.3,54.6,54.8,55.3,55.7,55.8,55.8,55.8,55.9,56.1,56.3,56.9,57.3,57.8,58.2,58.7,59.2,59.6,60.1,60.5,60.9,61.3,61.4,61.8,62,61.9,62,62.1,62.2,62.4,62.5,62.6,62.7,62.8,62.9,63.3,63.5,63.8,64,64.2,64.4,64.7,65,65.3,65.7,66,66.5,67]
[483,"AL_B","med_0.95",58.1,58.7,59.3,59.6,59.9,60.5,60.6,60.6,60.4,60.6,60.7,60.7,61,61.3,61.7,62,62.4,62.7,63,63.4,63.8,64.1,64.5,64.7,65.1,65.4,65.3,65.6,65.9,66.1,66.5,66.8,67,67.3,67.4,67.4,67.6,67.8,67.9,67.9,68.1,68.2,68.1,68.3,68.6,68.9,69.4,70,70.6]
[484,"AL_B","Age/Yea",1966,1967,1968,1969,1970,1971,1972,1973,1974,1975,1976,1977,1978,1979,1980,1981,1982,1983,1984,1985,1986,1987,1988,1989,1990,1991,1992,1993,1994,1995,1996,1997,1998,1999,2000,2001,2002,2003,2004,2005,2006,2007,2008,2009,2010,2011,2012,2013,2014]
[485]
[486]
[487]
[488]
[489]
[490]
[491]
[492]
[493]
[494]
[495]
[496]
[497]
[498]
[499]
[500]
[518,"AL_B_S",42,194,222.3,244.2,257.4,267.6,279,278.4,288.8,299,301.8,318.6,340.2,365.2,384.4,415,437.8,478.4,502.2,517.2,517,512,498.2,494.2,494.4,502.4,521.2,535.4,539,559.2,567,568.2,559,558.6,547.8,545,532.4,547.8,577.6,595,611.8,624,613.8,590.2,587,589.8,586.8,562,538.3,449,467.7,123.5]
[534,"AL_B_S",58,59,54.7,58.8,63,77.4,83.4,89.6,99.8,106.6,114.4,124.8,141.6,158,179.4,194.8,214.6,225.8,240,247,247.6,249.8,248,240.4,238.2,240.4,236.2,246.4,257,278.2,292.2,320.6,344.8,387.4,416.8,444.6,454.8,471,473.2,481,486.8,495.2,502.8,509.4,511.8,524,530.4,530.6,521,519,290.5,159.5]
[552,"AL_B_S",76,0,0.3,0.6,0.8,0.8,1,0.6,1.6,1.6,2.6,3.2,3.2,3.2,3.6,4,4.4,5,5.4,5.8,5.2,4.4,5.2,5,6,7.4,8.8,10.4,11.6,12.4,14.8,17.2,20,24.6,32,35.6,43.2,48.4,51,51.2,52.2,49.2,47.6,48.4,47,46.8,50.4,53.8,57.3,64,20.4,21]
[591]
[609,"AL_B_SG",33,0,28.2,45.1,42.5,45.5,45.6,46,49.1,49.2,49.6,51.4,52,53,51.9,52.3,51.9,50.1,49.3,50.2,51.6,52.8,58.9,60.1,60.9,61.3,61.9,54.6,55,53,52.4,53.2,54,55.8,58.8,61.8,64,68,64.8,63.8,59.4,56.4,54.2,54.4,50.6,52.8,49.4,40.8,43.4,22.2,52.4,8.3]
[632,"AL_B_SG",56,0,0,7.7,1.4,1.2,0.6,0.2,0,0,0,0,0,0,0,0,0,0,0,0,0,0,0,0,0,0,0,0,0,0,0,0,0,0,0,0,0,0,0,0,0,0,0,0,0,0,0,0,0,0,2.2,2.8]
[643,"AL_B_SG",67,0,5,0,0.4,0,0,0,0,0,0,0,0,0,0,0,0,0,0,0,0,0,0,0,0,0,0,0,0,0,0,0,0,0,0,0,0,0,0,0,0,0,0,0,0,0,0,0,0,0,2.7,2.3]
[665,"AL_B_SG",89,0,0,0,0,0,0,0,0,0,0,0,0,0,0,0,0,0,0,0,0,0,0,0,0,0,0,0,0,0,0,0,0,0,0,0,0,0,0,0,0,0,0,0,0,0,0,0,0.2,2,1.1,0.9]
[700]
[722,"pc_AL_B_SG",46,0,0,0,0,0,0,0,0,99.4,99.2,0,99.2,98.9,99,98.8,97.8,97.9,98.2,98.3,98.2,98.1,98.3,98.7,98.8,99.2,0,0,0,0,99.9,99.5,99.9,99.7,0,0,0,0,0,0,0,99.8,99,98.5,97.7,98.1,98,98.1,97.3,98.3,98.7,0.7]
[755,"pc_AL_B_SG",79,0,0,0,0,66.7,66.7,66.7,50,66.7,91.7,75,83.3,81.8,81.8,81.8,90.9,90,84.6,89.5,93.8,89.5,82.6,73.7,72.2,72.7,76.2,86.4,81.5,83.3,91.2,87.2,86.4,87.7,88.7,90.8,93.3,89,90.5,86.5,80.6,79,80.7,80.9,84.5,88,88.7,89.7,88.3,82.9,82.5,8.9]
[780,"pc_AL_B_SG","med_0.50",0,58.3,65.4,71.4,69.3,70.8,68.4,64.4,60.8,60.3,64,63.4,61.5,60.7,59.7,59.6,59.7,59.4,59.3,59.3,60.5,61.6,61,62.8,62.9,64.6,65,65.4,65.6,64.7,65.3,64.7,65.4,66.9,70.1,69.8,70.3,70.3,67.5,66.7,65.4,64.7,64.1,64.1,64.1,64.5,64.7,64.6,62.2]
[788]
[825,"AL_C",49,260,266,318,434,561,592,614,689,689,757,810,874,995,1099,1089,1063,982,1149,1179,1228,1237,1346,1320,1446,1608,1877,1943,1928,1970,2357,2664,2638,2788,2838,3015,3360,3465,3649,3728,3832,3747,3663,3621,3561,3588,3807,3903,3779,3573,1997.9,1243.7]
[845,"AL_C",69,5,6,6,13,22,17,29,34,39,46,51,60,70,76,86,82,137,164,146,175,173,192,199,262,328,319,320,349,368,358,397,419,413,471,473,480,468,575,603,677,672,691,611,703,842,1003,1091,1073,1078,344.3,311.8]
[859,"AL_C",83,0,0,0,0,0,0,0,0,0,0,0,0,2,0,4,2,2,1,3,0,0,2,3,1,6,11,10,8,12,5,13,18,11,20,18,24,25,40,46,53,55,60,58,65,60,73,89,89,90,28.8,29]
[878,"AL_C","med_0.10",31.8,31.8,31.7,31.6,31.5,31.3,31.2,31.2,31.2,31.2,31.2,31.1,31.3,31.4,31.6,31.7,31.9,32,32.1,32.2,32.4,32.6,32.7,32.9,33.1,33.3,33.3,33.4,33.6,33.7,34,34.2,34.3,34.5,34.6,34.5,34.5,34.5,34.4,34.4,34.3,34.1,34,34.1,34.1,34.1,34.2,34.4,35]
[916,"AL_C_S",40,500,608.7,716.8,814.2,891.4,937.4,999.2,1059.8,1133,1202.2,1320,1397,1477.8,1557.4,1690.2,1787.4,1880.2,1939.6,2058.4,2192,2297.4,2428,2581,2707,2808,2971.4,3159.8,3345.4,3465,3554,3555.4,3543.6,3510.4,3508,3507.8,3594.6,3657.6,3704.8,3738.8,3786.4,3823,3889.6,4037.6,4169.8,4284.2,4397.2,4507.4,4570.3,4724,2652.9,1253.4]
[943,"AL_C_S",67,5,13,19.2,27.2,36.8,46.6,57.8,66.6,77.2,85.6,93.4,101.4,119.2,142,159.8,176.8,195.4,209.8,214.6,238,276.4,313.2,347.8,386.6,412,426,445.6,465.8,485,514.8,543,559.4,565.4,591,612.4,646,691,755.4,774.6,814.2,858.6,927.2,999.8,1101.8,1179.4,1301.4,1423,1540.3,1746,485.5,433.4]
[968,"AL_C_S","SUM1",11168,12864,14988,17189,19495,21846,24191,26489,28717,31051,33557,36056,38509,40874,43008,44767,46464,48113,49759,51567,53648,55916,58313,60906,63580,66648,69912,73054,76060,78875,81144,83135,85222,87700,90613,94146,98142,102629,106880,110745,114241,117399,120428,124154,128091,131563,133883,136189,134546]
[973,"AL_C_S","max_070",41.2,41.5,41.6,41.7,41.8,41.9,41.9,42,42.1,42.1,42.2,42.3,42.5,42.7,42.9,43,43.2,43.4,43.6,43.7,43.9,44.1,44.2,44.4,44.5,44.6,44.7,44.8,45,45.2,45.4,45.7,45.9,46.2,46.4,46.5,46.7,46.8,47,47,47.1,47.1,47.2,47.3,47.4,47.5,47.7,47.9,48.3]
[1001,"AL_C_SG","Age/Yea",1966,1967,1968,1969,1970,1971,1972,1973,1974,1975,1976,1977,1978,1979,1980,1981,1982,1983,1984,1985,1986,1987,1988,1989,1990,1991,1992,1993,1994,1995,1996,1997,1998,1999,2000,2001,2002,2003,2004,2005,2006,2007,2008,2009,2010,2011,2012,2013,2014,"MEAN","STDEV","AAMC_FiscalYear_All_tabbed.txt"]
[1030,"AL_C_SG",54,0,0,1.9,11.2,10.6,11.4,9.2,5.6,1.4,3,9.4,8.4,7.8,7.8,2.4,0,0,0,0,0,0,0,0,0,0,0,0,0,0,0,0,0,0,0,0,0,0,0,0,0,0,0,0,0,0,0,0,0,0,6.9,3.5]
[1042,"AL_C_SG",66,0,0,0.4,0,0,0,0,0,0,0,0,0,0,0,0,0,0,0,0,0,0,0,0,0,0,0,0,0,0,0,0,0,0,0,0,0,0,0,0,0,0,0,0,0,0,0,0,0,0,0.4,0]
[1087]
[1099]
[1132,"pc_AL_C_SG",56,0,96.2,0,0,0,0,0,99.1,99.1,99.6,99.1,99,98.5,98.5,99.9,98.3,98.2,97.9,98.1,98.4,98.9,98.8,98.8,98.8,98.7,98.5,98.8,98.6,98.6,98.7,98.6,98.4,98.4,98.6,98.6,98.7,99.2,99.5,98.9,98.3,98.2,97.9,97.7,98.4,98.8,98.6,98.3,98.8,95.9,98.5,0.7]
[1156,"pc_AL_C_SG",80,0,0,0,0,0,50,50,80,83.3,88.9,0,66.7,80,77.8,77.8,85.7,85.7,88.2,81.8,80,87.1,88.4,87,87.3,83.1,84.1,86.5,79.6,80.4,84.8,83,81.2,87.6,88.6,87.2,89,88.8,87.7,88,87.2,85.5,86,87.6,87.8,89.4,91.5,92.1,90.7,97.8,83.7,8.9]
[1166,"pc_AL_C_SG",90,0,0,0,0,0,0,0,0,0,0,0,0,0,0,0,0,0,0,0,0,0,50,66.7,66.7,50,66.7,0,0,0,0,0,0,94.7,96.2,92.6,90.6,87.1,91.7,92.3,93.3,80.4,76.1,78.6,77.2,72.7,85.5,88,84.4,86.4,80.4,13.2]
[1189]
[1222,"PI",46,482,595,660,700,805,880,927,1052,1091,1135,1248,1288,1318,1282,1445,1498,1579,1568,1736,1630,1781,1995,2318,2419,2241,2231,2660,3024,3008,3028,3136,3360,3672,3664,3845,3818,3919,3952,3947,3967,3857,3842,4030,4176,3993,3982,3879,3946,4149,2464.4,1251.8]
[1246,"PI",70,4,7,6,10,18,41,28,36,43,45,49,65,71,73,85,99,101,142,178,167,195,215,218,246,306,371,347,373,404,396,405,460,462,447,528,511,532,540,645,647,718,696,744,679,780,935,1111,1207,1176,358.4,324.2]
[1255,"PI",79,0,0,0,0,1,0,1,0,4,1,4,1,6,3,11,1,2,6,4,7,13,14,20,18,18,17,20,26,28,34,32,50,55,71,79,105,112,132,154,159,149,159,162,163,172,190,164,218,221,65.3,71.3]
[1280,"PI","med_0.50",40.3,40.5,40.6,40.7,40.9,41.1,41.2,41.4,41.4,41.3,41.2,41.3,41.5,41.5,41.6,41.8,41.9,42.1,42.4,42.6,42.9,43.2,43.4,43.4,43.6,43.8,44,44.2,44.4,44.6,45,45.4,45.8,46.2,46.6,46.9,47.2,47.4,47.7,47.9,48,48.1,48.1,48.2,48.3,48.4,48.5,48.7,49.2]
[1320,"PI_S",44,583,643.7,717.6,799.4,888,968.4,1057.4,1138.8,1190.8,1223.6,1289.6,1340.8,1408.4,1482.6,1596,1645.6,1709,1789.4,1927,2051.6,2160,2239.6,2365,2497.8,2601,2746.2,2924,3072,3214.6,3359.8,3527.8,3657.6,3739.2,3762.8,3784,3793,3809.2,3831.2,3878,3961,3986.8,3989.6,3966.2,3959,3963.4,4046,4157,4337,4406,2595.6,1233.8]
[1337,"PI_S",61,91,121.7,139.8,163.6,184.4,198.6,222.8,258.2,285.4,314.4,359.6,391.8,423.2,477.4,551.6,616.8,682.8,748.8,794.4,825.4,859,897,935.6,987.2,1023.8,1048.8,1054.2,1079.4,1099,1131.8,1174.6,1250,1286,1348.2,1430.4,1571.4,1709.8,1850,1951.6,2094.8,2212.6,2316.4,2437.8,2604.2,2721.2,2856.6,2993,3159.7,3270,1187.9,891.9]
[1353,"PI_S",77,0,0.3,0.6,0.8,1.6,1.8,2.8,2.6,3.6,3.4,5.8,5.6,5.8,6.6,7.8,6.6,8.8,11.6,15,17.6,21.2,22.4,25.2,27.2,30.6,35.8,39.8,47.4,53.2,61.8,72.4,88.2,102,120.4,143.2,159.2,177.4,197.2,212.2,218.2,223.6,225.8,221.6,230.6,241.2,258.2,281.4,304.7,338,89.3,101.4]
[1394]
[1410,"PI_SG",34,0,174.9,200.2,197.8,225,230,236.7,249.3,266.8,275.2,296.2,317.5,319.9,313.9,304.2,292.9,276.4,274.9,281.2,306.9,331.1,366.5,393.6,419.6,440.9,460.8,462.6,466.7,453,431.8,405.9,390.2,376.7,390.9,408.1,441.1,477.5,508.7,531,544.1,568.6,591,630.7,656.5,690.5,696.8,631.7,667.1,427.9,402.1,140.2]
[1419,"PI_SG",43,0,56.9,57.9,49.3,43.9,42.3,35.5,31.4,24.2,27,35,30.5,20.5,21.4,11.4,0,0,0,0,0,0,0,11.8,20.9,30,39,45.8,50.4,46.2,43.2,36.6,37.1,37.6,60.3,76.6,93.9,95.9,114.9,110.3,96,85.7,76.9,69.8,76.6,78,66.8,38.1,94.4,0,53,27.3]
[1451,"PI_SG",75,0,1,1,0,0,0,0,0,0,0,0,0,0,0,0,0,0,0,0,0,0,0,0,0,0,0,0,0,0,0,0,0,0,0,0,0,0,0,0,0,0,0,0,0,0,0,0,0,0,1,0]
[1476,"PI_SG","max_085",0,37.3,37,36.4,36,35.7,35.1,34.3,33.5,33.3,34.1,33.7,33.6,33.4,32.9,32.1,32.2,32.2,32.4,32.7,33,33.2,33.6,34,34.1,34.6,34.9,34.9,34.9,34.9,34.7,34.5,34.7,35.1,35.6,36.1,36.3,36.4,35.9,35.6,35.2,35,34.9,35.1,35.1,35,34.7,35.1,34.9]
[1508,"pc_PI_SG",32,0,0,0,0,0,0,0,0,0,0,0,0,0,0,0,0,0,0,0,0,0,0,0,0,0,0,0,0,0,0,0,0,0,0,0,0,0,0,0,0,0,0,0,0,0,0,0,0,0,0,0]
[1533,"pc_PI_SG",57,0,85.9,95.2,0,0,0,0,99.6,99,98.7,99.8,99.7,99.7,99.8,99.5,98.2,98.4,98.2,98.3,98.1,98.5,98.2,98.3,98.4,98.7,98.6,99.1,99,98.8,98.4,98.2,97.9,98.3,98.7,98.8,99.2,99.5,99.3,98.9,98.7,98.2,98,98.1,98.6,98.7,98.7,98.5,99.3,98.3,98.4,2]
[1553,"pc_PI_SG",77,0,0,0,0,88.9,90,93.3,92.9,85.7,85,93.5,87.5,87.9,94.3,92.9,82.5,86.3,87.9,89.3,89.8,91.4,86.8,86.3,85,83.2,83.3,86.9,87.8,89,90.4,89.8,90.7,91.6,90.5,90.9,91.3,91,90.5,90.5,88.2,86.9,85.8,85.2,85.5,87.8,88.7,89,86.2,87.9,88.6,2.8]
[1566,"pc_PI_SG",90,0,0,0,0,0,0,0,0,0,0,0,0,0,0,0,0,0,0,0,0,0,75,75,80,75,80,0,0,0,0,0,0,96.6,96.9,90.3,88.2,83.9,88.6,90,89.4,76.9,73.7,76.1,73.5,69.2,81.9,85.9,78,83.3,82.2,7.6]
[1587]
[1607,"PI_B",31,102,126,162,208,198,210,242,312,311,269,238,240,271,252,219,205,198,181,144,138,130,108,79,110,77,61,71,74,54,43,52,31,44,58,47,59,50,48,67,57,65,58,48,53,54,42,44,41,38,122.2,84.1]
[1644,"PI_B",68,1,4,4,19,14,16,23,25,36,32,30,22,34,31,31,44,58,49,53,65,71,83,77,90,100,111,111,115,129,142,130,121,123,124,118,126,132,128,141,178,192,180,202,203,283,294,275,253,279,104.1,80.2]
[1664,"PI_B",88,0,0,0,0,0,0,0,0,0,0,0,0,0,0,0,0,0,1,0,0,0,1,0,1,0,0,0,0,4,4,0,0,2,0,2,1,1,1,2,4,3,3,2,2,2,4,4,9,5,2.8,1.9]
[1689]
[1724,"PI_B_S",48,87,116,143.2,166,185.6,211.6,232.2,250.6,264,266,276.8,276.2,269.4,273.8,285.6,279.6,289.6,299.6,314.6,323.4,344.8,368.2,409.4,440.8,460,468.6,478.2,474,472.8,477,484,491.6,503,507,524.4,541.6,551.6,548.8,553,541.8,533.6,518.2,525.2,540.4,548.6,545.8,543.4,503,478,391.6,138.3]
[1730,"PI_B_S",54,59,74.7,80.6,91.6,98.8,109.8,119.8,135.8,151.4,170.6,188.8,211.6,227.6,247,258.8,258.6,263.6,259.6,249,246.6,251.6,245,257.2,268.2,288.4,301.6,328.2,352.8,393.8,419,438.6,446.8,456.2,454.4,461.8,470.4,482.2,497.4,516.2,519.6,535.6,543.6,546.4,534.8,527.2,509.4,501.2,478,479,326.7,153.7]
[1758,"PI_B_S",82,0,0,0,0,0,0,0,0,0,0,0,0.2,0.2,0.4,0.8,1,1,1,1,0.8,1.6,2.2,2.2,2.4,2.8,1.8,1.4,1.6,1.8,1.8,2.2,2.8,3.8,4,4.6,5.8,8,10.6,13.6,16.2,17.6,17.6,17.4,16.8,17.4,17.4,18.4,19.3,21,6.9,7.2]
[1787]
[1815,"PI_B_SG",39,0,12.7,20.6,15.5,14.4,14.1,10.7,8.3,7.2,7.1,7.4,6.5,4.8,3,0,0,0,0,0,0,0,6.2,9.4,15.8,20.2,27.6,28.4,31.6,29.7,25.5,19.3,22.4,24.3,30.3,35.9,38.7,41.1,43.5,40.5,37.9,38.2,37.8,35.2,33.8,35.8,32.7,28,28.9,36.5,23.6,12.2]
[1820,"PI_B_SG",44,0,13.7,11.8,12.3,12.4,10.4,10.3,6.7,3.5,3.1,4.8,3,3.7,0,0,0,0,0,0,0,0,0,0,0,0,0,0,0,0,0,0.6,6.6,6.6,10.2,13.9,13.1,15.1,17.9,19.5,19.2,18.8,11.7,10.7,0,0,0,0,22.4,47.8,12.2,9]
[1860,"PI_B_SG",84,0,0,0,0,0,0,0,0,0,0,0,0,0,0,0,0,0,0,0,0,0,0,0,0,0,0,0,0,0,0,0,0,0,0,0,0,0,0,0,0,0,0,0,0,0,0,0,0.2,1,0.6,0.4]
[1877,"PI_B_SG","med_0.05",0,27,26.7,26.6,26.7,26.7,26.7,26.9,27,27.1,27.2,27.3,27.4,27.5,27.5,27.7,27.8,28,28.1,28.3,28.5,28.6,28.8,29,29.1,29.3,29.5,29.6,29.8,29.8,29.7,29.6,29.8,30,30,30.1,30.1,30.1,30,30,29.9,29.9,29.9,29.7,29.8,29.8,29.6,30.1,30.3]
[1910,"pc_PI_B_SG",34,0,0,0,0,0,0,0,0,0,0,0,0,0,0,0,0,0,0,0,0,0,0,0,0,0,0,0,0,0,0,0,0,0,0,0,0,0,0,0,0,0,0,0,0,0,0,0,0,0,0,0]
[1917,"pc_PI_B_SG",41,0,0,0,0,0,0,0,0,0,0,0,99.8,99.7,99.4,99.2,98.2,99,99,99,99.6,100,99.5,99.8,0,0,0,0,0,0,0,0,0,0,0,0,0,0,0,0,0,0,0,0,0,0,0,0,99.8,99.7,99.4,0.5]
[1943,"pc_PI_B_SG",67,0,0,95,0,99.1,92.2,90.2,87.3,84.2,82.6,82.6,80.5,81.5,82.7,84,83.9,84.8,85.1,85.1,86.1,86.5,85.9,87,87.6,85.3,86.8,87.7,85.4,85.7,86.4,86.8,87.5,90.2,91,91.8,90.2,90.3,90.4,89.7,89.1,89,89.4,90.5,91.2,92.6,93.3,93.8,90.7,90,88,3.8]
[1974,"pc_PI_B_SG","max_075",0,57.6,64.2,70.9,68.9,69.7,64.4,63,59.6,58.9,61.4,60,58.3,56.9,55.8,55.8,55.8,55.8,55.7,55.8,56.3,57.3,56.8,57.9,58.2,59.2,60.2,59.3,59.3,59,59.5,58.5,58.6,60,61.1,63,63.7,63.7,61.2,60.6,59,59,58.5,58.6,58.6,58.6,58.7,57.8,56.2]
[2000]
[2008,"PI_C",32,319,308,391,396,507,502,579,649,787,972,869,908,1160,1360,1323,1250,1263,1251,1286,1192,1185,1172,1154,1154,991,1034,1013,1052,1072,960,899,821,747,819,803,830,935,892,896,999,1071,1136,1256,1293,1358,1404,1342,1407,996,978.8,292.7]
[2041,"PI_C",65,20,16,39,42,61,78,95,105,116,128,128,131,205,242,241,249,279,286,282,401,483,470,499,513,513,551,567,607,655,693,730,691,620,755,788,829,860,912,859,1019,1138,1263,1322,1305,1350,1681,1922,1856,1918,622.7,520.5]
[2065,"PI_C",89,0,0,0,0,0,0,0,0,0,0,0,0,0,0,0,0,0,0,0,0,1,0,1,1,0,0,1,0,2,0,2,6,8,3,7,3,9,4,8,10,8,12,7,17,11,7,17,20,19,7.7,5.8]
[2098]
[2110,"PI_C_S",34,446,514,591.8,665.6,763.4,819.6,898.2,977.2,1091,1208.8,1317.2,1410.2,1525,1640,1706.8,1774.2,1834.8,1855.2,1843.6,1834.2,1867.2,1902.8,1919,1942.2,1939.2,1935,1908.6,1892.4,1847.4,1817.6,1752.6,1690.2,1609.2,1559,1547.8,1568.8,1635.4,1724.2,1796,1884.8,1994.4,2106.8,2233.4,2376.4,2503,2596.8,2578.2,2583.3,2331,1668.6,533.1]
[2131,"PI_C_S",55,129,142.7,174.6,203.2,240.4,267.2,297,341.4,396.8,451.4,519.8,584.4,626.2,665,699,727.6,765.2,820.2,864,901.8,915.8,949.6,972.2,999.6,1037.2,1107.2,1140.2,1191,1264.8,1372.8,1469.2,1574.8,1665.8,1798.8,1930.8,2066.2,2224,2402.4,2526.4,2651.4,2775.2,2892,2990,3098,3163,3201.4,3210.4,3201,3139,1403,1008.8]
[2164,"PI_C_S",88,0,0,0,0,0,0,0,0,0,0,0,0,0,0,0,0,0,0.2,0.2,0.4,0.6,0.6,0.4,0.6,0.4,0.6,0.6,1,2,3.8,4,5.6,5.8,6.8,6,7.2,7.8,8.8,10.4,11.6,13.4,14.2,15.2,15.4,18.2,18.8,23,27.3,36,8.3,8.8]
[2179,"PI_C_S","med_0.25",35.5,35.7,35.7,35.7,35.7,35.7,35.7,35.7,35.6,35.6,35.5,35.5,35.5,35.6,35.7,35.8,35.9,36.1,36.3,36.5,36.7,36.8,37,37.2,37.4,37.6,37.8,38,38.2,38.5,38.8,39.1,39.4,39.7,39.9,40.1,40.3,40.4,40.4,40.4,40.4,40.3,40.1,40,40,39.9,40,40.1,40.4]
[2197]
[2224,"PI_C_SG",48,0,32.8,15.1,22.5,26.4,27.6,25.4,19.4,16.5,10.5,19,13.6,13.2,14.2,15,0,0,0,0,0,0,0,0,0,0,0,12.5,0,0,0,0,0,0,0,0,26.9,30.6,35,19.8,0,0,0,0,0,19.7,0,0,0,0,20.8,7.1]
[2254,"PI_C_SG",78,0,0,0,0,0,0,0,0,0,0,0,0,0,0,0,0,0,0,0,0,0,0,0,0,0,0,0,0,0,0,0,0,0,0,0,0,0,0,0,0,0,0,0,0,0,0,0,0,0,0,0]
[2281,"PI_C_SG","med_0.75",0,40.6,40.6,39.4,38.7,38.1,36.7,35.5,34.7,34.5,35.1,34.7,34.5,34.3,33.8,33.2,33.2,33.2,33.5,33.8,34.1,34.5,34.8,35.2,35.5,36,36.5,36.5,36.5,36.4,36,35.8,36,36.5,37.1,37.9,38.1,38.4,37.8,37.3,36.7,36.5,36.3,36.6,36.6,36.4,36,36.3,35.6]
[2311,"pc_PI_C_SG",35,0,0,0,0,0,0,0,0,0,0,0,0,0,0,0,0,0,0,0,0,0,0,0,0,0,0,0,0,0,0,0,0,0,0,0,0,0,0,0,0,0,0,0,0,0,0,0,0,0,0,0]
[2315,"pc_PI_C_SG",39,0,0,0,0,0,0,0,0,0,0,0,99.8,99.3,99.1,99.7,99.3,100,100,98.7,99.3,99.7,0,0,0,0,0,0,0,0,0,0,0,0,0,0,0,0,0,0,0,0,0,0,0,0,0,0,0,99.3,99.4,0.4]
[2352,"pc_PI_C_SG",76,0,33.3,60,80,80,90.9,78.6,76.5,75,80,82.4,88.2,94.7,88.5,84.6,81.6,81.1,82.9,84.1,86.4,89.8,89.5,86.5,89.7,87.8,84.6,87.6,86.6,87.5,88.1,88.5,88.6,90,89.9,90.3,90.5,91,91.7,89.6,87.5,87.6,86.8,86.6,88.6,89.8,90.3,91.3,94.7,99,85.4,9.7]
[2377,"pc_PI_C_SG","med_0.05",0,41.1,53.7,65.3,60.7,63.6,52.1,50.3,45.5,44.6,48.4,40.4,40.8,39,39.2,39.2,39.2,39.2,39.2,39.2,40.2,42.2,41.2,43.1,44.1,46,46.9,46,46,45.1,46.1,44.2,44.3,47.1,49,51.8,53.8,53.8,49,48,45.2,45.2,44.2,44.2,44.3,44.3,44.3,41.3,39.7]
[2395]
[2418,"PI_BT",42,145,183,175,220,210,181,219,197,195,220,217,225,248,284,319,296,335,362,448,425,352,328,314,362,369,295,303,332,335,319,281,264,241,228,236,215,208,199,202,218,196,211,148,178,193,204,217,164,140,252.2,73.2]
[2452,"PI_BT",76,0,1,0,2,0,1,1,1,0,5,1,5,4,0,4,3,7,6,3,7,5,4,2,7,5,8,12,9,14,11,11,17,20,26,35,48,39,54,51,46,50,45,40,47,50,41,43,61,62,20.8,20.3]
[2475,"PI_BT","max_080",44,44.4,44.6,45,45.4,45.8,46.1,46.3,46.5,46.8,47.1,47.3,47.5,47.7,48,48.2,48.5,48.8,49.1,49.4,49.7,50,50.4,50.6,51,51.1,51.4,51.6,51.9,52.2,52.5,52.9,53.3,53.6,53.9,54.2,54.5,54.9,55.1,55.3,55.5,55.6,55.7,55.8,56,56.2,56.6,56.8,57.3]
[2486]
[2508,"PI_BT_S",32,65,64.3,72.8,75.2,79.2,82.8,84.6,84.8,80.4,74.6,65.6,54.8,47.4,43.2,38.6,38,36.8,31,29,28.2,23.8,18.2,17.2,16.2,13.2,11.4,11.6,10,7.8,7.4,6.4,5.6,5.6,4.4,3.8,4.2,3.8,3.6,3.4,3.4,2.8,2.2,1.6,1.4,1,1.2,1,1.3,0,28.5,29]
[2531,"PI_BT_S",55,57,60.3,69.8,74.8,84.8,91,100.4,110,123.6,138.4,157.2,173.8,194.4,209.4,228.8,238.2,237.6,241.6,239,227.2,224.6,229.2,222.2,232.8,245.2,263.8,274.4,302.2,324,359.8,381.2,402.8,408.4,416.4,411,415,412.6,417.8,427.2,435.4,437.6,450.6,451.8,449.4,441,433,416.2,405.3,367,279.9,129.2]
[2565,"PI_BT_S",89,0,0,0,0,0,0,0,0,0,0,0,0,0,0,0,0,0.2,0.2,0.2,0.2,0.4,0.2,0.4,0.4,0.4,0.2,0.2,0.8,1.6,1.6,1.6,2,1.2,0.8,0.8,1,0.8,1.2,1.6,2,2.4,2.6,2.6,2.2,2.6,2.6,3.8,5,8,1.6,1.6]
[2588]
[2606,"PI_BT_SG",30,0,11,11.2,13.6,16.4,16,15,13.6,11.6,7.8,7.2,7.2,7,6.8,6.6,5,3.6,2.4,1.8,1.6,1.4,1.4,1.4,1,0.6,0.2,0,0.4,0.6,0.8,0.8,0.8,0.4,0.4,0.2,0.4,0.6,0.6,0.6,0.6,0.4,0.2,0.4,0.2,0.2,0.2,0.2,0.1,0,3.9,5]
[2631,"PI_BT_SG",55,0,6.3,0.8,1.2,1.6,1.4,0.6,0.2,0,0,1.8,0.8,1.2,0.8,0.6,0,0,0,0,0,0,0,0,0,0,0,0,0,0,0,0,0.8,2.6,2.4,3,3,2.6,0.2,1.4,0,0,0,0,0,0,0,0,0,0,1.7,1.4]
[2645,"PI_BT_SG",69,0,1.3,2.8,0,0,0,0,0,0,0,0,0,0,0,0,0,0,0,0,0,0,0,0,0,0,0,0,0,0,0,0,0,0,0,0,0,0,0,0,0,0,0,0,0,0,0,0,0,0,2.1,0.7]
[2688]
[2702,"pc_PI_BT_SG",26,0,0,0,0,0,0,0,0,0,0,0,0,0,0,0,0,0,0,0,0,0,0,0,0,0,0,0,0,0,0,0,0,0,0,0,0,0,0,0,0,0,0,0,0,0,0,0,0,0,0,0]
[2729,"pc_PI_BT_SG",53,0,93.1,0,0,0,0,99.8,99.3,99.4,99.2,99.8,99.9,99.2,99.5,99.8,98,98.2,98,98,97.7,97.8,98.4,98.5,98.8,98.6,98.9,99,98.9,99.1,99.6,100,99.9,99.5,99.6,99.8,0,0,0,99.9,99.3,98.8,98.7,98.6,99.2,99.4,99.6,99.3,95.8,94.2,98.7,1.4]
[2759,"pc_PI_BT_SG",83,0,0,0,0,0,0,0,0,0,0,33.3,33.3,71.4,77.8,81.8,66.7,75,75,75,50,75,87.5,90.9,90.9,91.7,92.9,88.9,85.7,87.5,90.9,91.4,89.7,91.2,90.5,90.5,91,88,97.4,90.4,86.6,84.8,84.9,80.2,83.5,87.8,87.4,85.1,81.5,62.1,81.2,14.5]
[2762,"pc_PI_BT_SG",86,0,0,0,0,0,0,0,0,0,0,0,0,0,0,0,33.3,33.3,50,75,66.7,75,80,83.3,85.7,0,0,0,88.9,91.7,87.5,83.3,85.7,93,93.6,94.2,93.2,92.8,92.1,88.2,86.4,73.1,67.7,70.3,77.8,76.1,80.9,82.4,71.4,89.2,78.8,15.5]
[2793]
[2819,"R01",43,0,0,0,0,0,0,0,0,0,0,0,0,0,0,377,405,382,421,493,646,624,655,645,720,816,737,808,762,772,932,807,860,846,868,855,856,860,830,783,839,822,753,766,704,747,729,764,828,711,726.4,145.6]
[2852,"R01",76,0,0,0,0,0,0,0,0,0,0,0,0,0,0,1,0,0,4,2,2,2,2,3,7,7,3,7,9,12,9,8,16,18,13,18,24,17,23,32,30,33,41,27,21,36,34,33,41,33,17.2,12.8]
[2873,"R01","max_070",0,0,0,0,0,0,0,0,0,0,0,0,0,0,42.1,42.4,42.6,42.8,43.1,43.4,43.6,44,44.4,44.8,45.2,45.5,45.8,46.2,46.6,46.7,47,47.2,47.5,47.8,48.2,48.6,49,49.3,49.6,49.8,50.1,50.3,50.4,50.6,50.7,50.7,50.9,51,51.1]
[2885]
[2918,"R01_S",42,0,0,0,0,0,0,0,0,0,0,0,0,0,0,246.2,342.4,467,516.6,559.4,603,650.4,687.6,707.2,744.6,774.2,791,816.8,832.2,834.2,839.4,843.4,822.6,825.6,833.4,824,807,800.2,791.2,769.2,761.8,738.8,718.8,705.2,703.2,712.6,723.2,714.4,706.7,656,710.6,137.5]
[2942,"R01_S",66,0,0,0,0,0,0,0,0,0,0,0,0,0,0,9.2,14.6,21.8,24.8,29.6,38,46.4,47.8,60.6,69,73,78.8,91.6,93.6,96.2,100,103.4,99,106.6,112.6,122,136.6,153.2,159.2,179.6,193.2,214.4,240.4,263.2,269.8,287,292.6,284,291.3,255,133.1,90.3]
[2952,"R01_S",76,0,0,0,0,0,0,0,0,0,0,0,0,0,0,0.2,1,1.4,1.6,2,2.4,2.2,3.2,4.2,4.4,5.4,6.6,7.6,8,9,10.8,12.6,12.8,14.6,17.8,18,19,22.8,25.2,27,31.8,32.6,30.4,31.6,31.8,30.2,33,35.4,35.7,33,16.2,12.4]
[2975,"R01_S","max_080",0,0,0,0,0,0,0,0,0,0,0,0,0,0,42.4,42.5,42.7,43,43.2,43.5,43.9,44.2,44.6,45,45.3,45.7,46.1,46.4,46.7,47,47.3,47.6,47.9,48.2,48.6,49,49.3,49.7,50,50.3,50.5,50.7,50.9,51,51.2,51.3,51.5,51.7,51.8]
[3009,"R01_SG",33,0,0,0,0,0,0,0,0,0,0,0,0,0,0,219.6,139.8,159.5,102.8,105.4,102.4,95.5,90.3,79.5,74.6,73.8,66.2,61.8,64.1,59.9,56.9,58.1,57.5,49.5,46.3,42.3,40.7,37.9,37.3,34.1,29.5,27.1,26.5,29.5,29.3,28.5,23.9,22.7,20.8,28.7,63.5,42.7]
[3040,"R01_SG",64,0,0,0,0,0,0,0,0,0,0,0,0,0,0,18.8,3.8,3,0,0,0,0,0,0,0,0,0,0,0,0,0,0,0,0,0,0,0,0,0,0,0,0,0,0,0,0,0,0,0,0,8.5,7.3]
[3066,"R01_SG",90,0,0,0,0,0,0,0,0,0,0,0,0,0,0,0,0,0,0,0,0,0,0,0,0,0,0,0,0,0,0,0,0,0,0,0,0,0,0,0,0,0,0,0,0,0,0,0,0,0,0,0]
[3073,"R01_SG","max_070",0,0,0,0,0,0,0,0,0,0,0,0,0,0,42.4,40.2,39.8,34.3,34.5,35.4,35.5,35.6,35.3,35.6,35.6,35.5,35.6,35.6,35.6,35.8,36.2,36.7,37.4,37.8,37.8,37.9,37.7,37.8,37.8,37.8,37.8,38.4,38.6,38.4,38.5,38.5,38.1,38.3,38.5]
[3098]
[3123,"pc_R01_SG",47,0,0,0,0,0,0,0,0,0,0,0,0,0,0,99.8,99.7,98.1,99.4,99.9,99.5,99.8,99.3,99.8,99.7,99.7,99,98.6,97.5,97.6,97.9,98.6,99.3,99.5,99.7,0,0,99.9,99,98.9,98.4,97.7,99.2,99.3,98.9,99.4,99.4,97.7,95,95.3,98.8,1.2]
[3139,"pc_R01_SG",63,0,0,0,0,0,0,0,0,0,0,0,0,0,0,99.4,97.7,97.3,94.8,93.5,96.3,97.8,95.7,93.2,94.5,94.1,93.8,93,92.2,91.7,91.3,90.5,91.1,93.3,93.2,93.7,94.4,95.1,92.7,92.7,91.7,90.7,92.3,94.6,93.2,93,93.6,91.7,91.9,90,93.6,2.1]
[3180,"pc_R01_SG","med_0.50",0,0,0,0,0,0,0,0,0,0,0,0,0,0,58.9,59.2,59.1,59.2,59.1,59.3,60.6,61.4,60.9,62,62.3,62.6,63,63.5,63,62.9,63.7,63.1,63.6,65.6,66.6,67.7,66.1,66.1,66,66.1,64.7,64.7,64.4,63.1,63.1,62.7,61.4,59.4,60.9]
[3196]
[3225,"ra_AL",49,16.4,17.5,16.7,18.8,17.3,18.7,22.6,22.8,24.7,25.3,24.2,27.4,23.9,24.9,24.2,21.9,22.4,20.8,22.8,21.5,21.5,22.4,22.5,20.4,19.8,19.3,19.2,19.2,19,19.1,18.9,18.4,18.3,17.7,16.7,20.8,2.8]
[3253,"ra_AL",77,0,0,0,0,0,0,0,0,0,0,0,0,0,9.3,0,17.6,7.2,10.3,13.3,10.7,8.5,11,11.8,8.3,9,10.5,12.4,13.2,13.4,12.4,8.2,9.4,10.1,7.9,10.7,10.7,2.4]
[3259,"ra_AL",83,0,0,0,0,0,0,0,0,0,0,0,0,0,0,0,0,0,0,0,0,0,0,0,0,12.5,7.1,5.6,13.3,12,2.5,9.7,0,0,0,0,9,3.7]
[3286]
[3319,"ra_AL_B",43,101.6,91.2,97.4,94.8,104.9,112.9,109.9,136.7,139.9,152.2,152.2,134,165.9,152.1,138.6,156.4,142.3,145,157.5,152.5,149.2,145.1,154.4,156.3,149.4,127.5,113.9,121.3,126,125,134.1,124.6,129.1,132.5,138.9,133.3,19.8]
[3339,"ra_AL_B",63,30.3,35,25.2,32.6,40.9,45.7,33.9,50.3,47.4,53.4,51.1,58,77.6,60.7,74.6,69.5,59.5,78.2,76,68.3,87.1,74,86,88.5,86.6,89.9,85.2,87.3,100.3,102,109.4,83.3,102.7,105.6,93.5,70,23.7]
[3352,"ra_AL_B",76,0,0,0,0,0,0,0,0,0,0,0,0,0,0,0,0,0,0,0,0,0,47.1,0,39,58.2,0,63.5,0,0,0,69.2,0,0,66.1,51.6,56.4,10.2]
[3396]
[3417,"ra_AL_C",41,26.4,26.6,27,32.7,30.1,30.3,31.9,30.9,29.6,29.2,29.2,28.6,26.7,28.3,24.3,23,22.2,22.5,22.5,23.2,22.9,21.1,19.5,20.3,19.4,17.5,18.9,15.9,15.7,16.6,16.4,16.4,14.4,13.7,13.6,23.1,5.7]
[3430,"ra_AL_C",54,16.7,17.2,20.3,21.7,19.2,21,22.4,22.1,22.9,22.6,21.2,27.2,26.6,29.5,29.1,26.3,30.5,28.7,26.9,29.4,24.8,26.9,25.8,25.1,24.1,22.3,23.2,22.8,21.8,21.4,20.8,19.3,19.4,19.2,17.4,23.3,3.7]
[3450,"ra_AL_C",74,0,0,0,0,0,0,0,0,15.3,0,15.6,19,20.8,15.2,18.8,16.2,16.1,15.9,16.8,14.2,11.7,13.5,16.5,15.1,13.6,18.8,13.9,11.1,14,14.2,12.8,14.1,11.2,13.2,15.1,15.1,2.4]
[3487]
[3507,"ra_PI",31,14.9,15.5,15.9,17.3,18.3,17.4,15.3,14.9,11.5,10.6,8.1,5.9,9.8,5.6,4.7,6.7,7.1,4.7,7.6,4.1,5.5,4.5,3.4,4.2,3.7,4,2.6,2,3.2,1.6,2.1,1.6,2.3,1.5,0,7.6,5.4]
[3532,"ra_PI",56,13.6,12.7,12.7,14.5,14.3,17.5,15.7,17.2,18,18.1,19.1,18.3,17.5,21.9,20.3,22,20.8,21.6,24.4,22.8,24,25.4,22.1,23.5,20.7,22.2,20.4,19.2,19.3,20,19.9,18.1,17,16.5,16.2,19.1,3.3]
[3540,"ra_PI",64,7.5,7.2,9.3,8.1,6.9,8.7,10.8,7.9,13.3,12.8,12.3,13.2,13.6,15.5,12.9,12.8,14.5,12.6,15.9,13.6,14.4,18.7,16.3,18.6,19.7,17.2,19.9,18.1,17.6,19.6,18.5,17.7,14.2,16,14.9,14,3.8]
[3573,"ra_PI","max_070",44.4,44.9,45.4,45.7,45.9,45.9,46.3,46.8,47.3,47.8,48.2,48.7,49,49.5,50.1,49.8,50,50.1,50.1,50.4,50.7,51.1,51.4,51.6,51.8,52.1,52.4,52.7,52.8,52.9,52.9,53,53,53.1,53]
[3601,"ra_PI_B","Age/Yea",1980,1981,1982,1983,1984,1985,1986,1987,1988,1989,1990,1991,1992,1993,1994,1995,1996,1997,1998,1999,2000,2001,2002,2003,2004,2005,2006,2007,2008,2009,2010,2011,2012,2013,2014,"MEAN","STDEV","AAMC_FiscalYear_All_tabbed.txt"]
[3630,"ra_PI_B",54,55.2,48.4,65.9,83.1,69.3,93,91.9,80.2,93.5,102.8,87.2,110.3,96.6,112.5,108.9,100.2,110.3,111.1,117.4,134.4,124.4,142.1,128.9,147.8,146,127.7,130.5,142,133.9,141.3,135,132.7,136.4,145.4,123.8,111.7,26.8]
[3646,"ra_PI_B",70,0,0,0,0,0,0,0,34,43.1,29,41.2,54.7,51.3,42.9,73,61.1,47.9,47.7,61,80,53.3,79.6,64.1,51.4,72.5,72.8,73.6,82.7,62.8,72.9,92.7,85.4,74.8,74.2,65.4,62.3,16.1]
[3663,"ra_PI_B",87,0,0,0,0,0,0,0,0,0,0,0,0,0,0,0,0,0,0,0,0,0,0,0,0,0,0,0,0,0,0,0,0,0,0,0,0,0]
[3680,"ra_PI_B","med_0.50",42.7,42.8,42.7,42.9,43,43.1,43.3,44.1,43.8,44.6,45,45.1,45.3,46.2,46.6,46.7,46.6,47,47,47.2,48.2,48.7,49.3,50,50.3,50.4,50.7,51,51.2,51.1,51.4,51.1,51.1,51.4,50.9]
[3704,"ra_PI_C",28,23.5,22.1,20.7,20.5,18.6,23,22.4,16.7,13,0,12.7,4.6,8.9,0,0,9.1,0,0,7.7,0,1.9,5.1,3.7,2.8,2.9,2.4,1.5,2.4,1.1,1.7,1.7,0,0,0,0,10,8.2]
[3737,"ra_PI_C",61,11.4,11.7,11.2,12.5,12.7,16.6,16.9,19.4,19.3,21.2,20.2,17.7,20.4,20.9,19.9,20.7,19.4,19.3,22.9,23.7,25.7,27.8,26.2,31.1,26.8,26,26,23.3,22.9,21,23.4,19.6,19.2,18.8,19.3,20.4,4.7]
[3761,"ra_PI_C",85,0,0,0,0,0,0,0,0,0,0,0,0,0,0,0,0,0,0,0,0,0,0,0,0,0,0,0,0,0,0,0,0,0,0,0,0,0]
[3786]
[3817,"ra_PI_u1",41,60.4,61.8,61.9,62.2,58.8,59.2,55.2,55.1,49.1,51.1,49.4,44.3,50.6,49.3,57.3,53.3,56.3,55.5,63.8,63.3,70.1,68,71.9,69.1,70.3,76.1,77.2,71.7,69.1,69.4,75.3,71,76.5,75.7,74.6,63,9.4]
[3827,"ra_PI_u1",51,92.5,98.5,97.9,86.1,85.1,84.9,95.2,94.1,100,100,89.6,82.6,81.7,86.7,88,90.9,91.3,89.1,92.8,89.2,90.9,92.4,92.5,91.6,92.7,94.4,93.8,93.8,93.5,95.8,93.9,97.9,95.9,97.4,97.4,92.3,4.7]
[3851,"ra_PI_u1",75,25.6,30.6,28.6,30.7,29.9,34.8,34.4,36.5,29.8,29.4,36.4,40.3,44.1,42.2,42.7,47.1,52.1,47,45.8,45.9,47.9,56.6,55.7,49.5,50.4,51.6,55.5,59.3,48.7,57.2,53.8,52.6,49.8,49.3,53.6,44.2,9.7]
[3884]
[3908,"ra_PI_v1",32,0,0,0,0,0,0,0,0,0,0,0,0,0,0,0,0,0,0,0,0,0,0,0,0,0,0,0,0,0,0,0,0,0,0,0,0,0]
[3917,"ra_PI_v1",41,62.1,65,70.1,68.4,70.2,67.4,62.3,63.7,58.2,60.2,56.3,51.8,56.8,55,61.9,60,60.1,61.4,69.1,68.6,74.2,72.3,77.4,75.3,72.8,77.2,75.6,73.5,71.3,70.7,77.1,68.9,76.2,76,76.9,67.5,7.3]
[3953,"ra_PI_v1",77,28,29.2,28,30.5,31.6,33.8,34.9,35.7,36.3,39.1,39.4,43.1,51.6,52.3,54.4,55.4,54.9,52.3,51.5,48.9,46.7,50,49.6,52.9,53.4,53.5,54,58.8,58.9,58.1,54,54,52.8,50.4,52.1,46.6,9.7]
[3974,"ra_PI_v1","OV/100",2325.1,2392.2,2434.4,2443.6,2453.8,2471.4,2483.1,2487.8,2505.8,2524.6,2524.8,2549.1,2607.9,2636.9,2636.2,2687.7,2694.6,2734.6,2763.1,2795.4,2807.8,2853.2,2868.5,2878.6,2890.4,2878.5,2856.3,2869.8,2889.4,2867.9,2826.4,2785.9,2762.4,2769.2,2815.1]
[3987]
[4015,"ra_PI_w1",39,9,12,15.2,15.8,16.2,15.6,14.8,14.1,12.6,12.5,11.4,10,10.7,9.8,11.1,10.8,11,11.1,12.9,12.8,14.3,13.6,14.6,13.5,12.5,13.4,12.6,11.9,11.5,11.3,12.6,10.5,11.7,11,10.8,12.4,1.8]
[4040,"ra_PI_w1",64,9.1,12.2,15,15.8,15.6,16.5,17.3,17.3,17.4,17.3,17.8,18.2,17.9,18.1,17.4,17.5,18.5,19.4,19.1,20,19.8,20.7,20.5,20.4,20.1,19,19.1,18.9,18.9,18.4,17.7,16.4,15.4,15,14.3,17.5,2.4]
[4067,"ra_PI_w1","NUMB",65,65,65,65,65,65,65,65,65,65,65,65,65,65,65,65,65,65,65,65,65,65,65,65,65,65,65,65,65,65,65,65,65,65,65]
[4097]
[4124,"ra_PI_u2",48,73.5,79.3,74.3,74,76.7,78.8,77.6,87.2,89.7,86.6,81.1,83.5,94.6,100,88.4,85.2,89.9,90.9,94.7,96.3,90.9,92.4,91.3,91.3,91.4,94.9,97.4,95.1,96.4,100,95.1,92.9,97.2,100,100,89.4,8]
[4138,"ra_PI_u2",62,38.2,40.7,36.7,30.8,33.9,37.3,38.1,40.2,42.8,44.6,46.6,48.3,47.6,49.3,52.9,61.6,53.7,55.6,60.8,65.4,70.9,82.8,84.4,83.8,78.8,83.1,94.3,93.6,81.2,79.3,82.5,83.6,79.8,82.2,78.8,61.8,19.7]
[4158,"ra_PI_u2",82,0,0,0,0,0,0,0,0,0,0,0,0,0,0,0,0,0,0,0,0,0,0,0,28.1,34,46.6,43.2,45.8,55.6,44.6,42.6,31.6,30.9,38.7,43.7,40.5,7.6]
[4195]
[4203,"ra_PI_v2",27,61,64.5,65.1,60.8,62.9,53.8,52.1,51.1,43.9,36.5,29.5,24.7,22.8,23.1,21.8,23.4,22.9,19.6,17.1,14.7,14.1,13.1,12.1,12,7.6,9.9,6.7,6.3,7.6,7.1,5.8,4.4,3,0,0,26.7,20.4]
[4228,"ra_PI_v2",52,66.4,67.5,69,69.9,69.3,70.6,71.7,73.8,75.3,80.9,85.8,90,91.5,93.8,96.1,99,98.3,99.3,100,99,97.9,99.2,99.5,100,99.5,98,96,95.1,94.7,94.4,94.7,94.9,95.5,95,96.4,89.1,11.7]
[4261,"ra_PI_v2",85,0,0,0,0,0,0,0,0,0,0,0,0,0,0,0,0,0,0,0,0,0,0,0,0,36.5,35.9,41.1,41.8,37.7,29.7,22.1,13,7.1,0,0,29.4,11.9]
[4272,"ra_PI_v2","AGEX",41,40,39,40,41,42,43,44,45,43,44,45,46,47,48,49,50,51,52,48,49,50,51,52,48,46,47,48,48,48,48,47,48,49,50]
[4294]
[4317,"ra_PI_w2",41,14.7,18.9,23.3,24.3,25.3,26.2,26.9,27.5,27.3,26.7,26.6,26.3,25.8,24.3,22.8,22.1,21.7,21.7,21.8,21.9,21.7,21.3,20.7,19.8,19,18,17.5,17.3,17,16.5,15.9,15.3,14.8,14.4,14.1,21.1,4.2]
[4351,"ra_PI_w2",75,0,0,0,0,0,0,11.7,11.7,13.2,13.8,15.5,13.9,15.9,15.3,14,14.2,13.9,12.5,11.6,11.5,11.2,11.1,11.6,12,11.8,11.8,12.2,12.4,12.7,12.2,11.4,10.6,11,10.9,11,12.5,1.4]
[4374,"ra_PI_w2","OV/100",82.9,110.1,138.5,145.8,150.4,157.2,163,167,168.8,170.5,169.6,168.4,170.4,167.1,161.2,161.8,160.4,160.2,161.2,162.4,163.3,163.8,162.7,158.6,154.9,150.7,148.2,149.4,149.6,145.6,141,134.8,130,126.9,125.1]
[4408,"ra_PI_u3",32,0,0,0,0,0,0,0,0,43.2,28.4,26.8,21.5,20.8,21.3,19.6,21.7,27.9,28.7,33.8,36.7,43.9,46.9,33.1,37.4,35.4,40.2,47.6,36.5,43.2,35,32.9,32.1,30.2,29.7,30.9,32.8,7.9]
[4431,"ra_PI_u3",55,73.5,79.3,74.3,74,76.7,73.5,69.9,74.9,74.2,71.5,87.9,84.9,83.4,83.7,86.5,88,86.5,79.7,81.4,88.9,86.9,85.3,100,100,88,88.6,88.7,89.1,86.4,87.3,88.2,82.1,82.3,85.4,81.3,83.2,7.1]
[4449,"ra_PI_u3",73,19.7,25.5,30,28.5,29.9,31.6,28.7,34.7,34.7,33.4,29.1,29.2,36.9,43.6,49.7,62.3,58,45.6,44,41.3,37.6,34.6,47.6,44.1,43.4,45.7,46,57.5,58.5,55.9,58.1,44.5,48.2,52.6,58.5,42,11.1]
[4465,"ra_PI_u3",89,0,0,0,0,0,0,0,0,0,0,0,0,0,0,0,0,0,0,0,0,0,0,0,0,0,0,0,0,0,0,0,0,0,0,0,0,0]
[4482]
[4515,"ra_PI_v3",39,62.1,68.4,72.2,72.8,70.2,72.7,74.9,70.6,74,77,65.1,70.1,74.9,79.2,70,75.4,80.5,82.2,87.6,87.4,90.4,93.5,92.4,91.5,94.4,92.7,94.6,94.1,93.9,91.7,90.8,83.2,83.1,87.9,89.9,81.5,9.8]
[4545,"ra_PI_v3",69,40.7,38.4,37.9,37.7,38,37.3,37.4,39,39,39.5,45.3,46,48.9,49.4,51.6,53.5,52.7,52.7,54.2,54,53.4,54,55,56.7,57.6,56.8,56.5,58.3,59.5,59,62.1,69.1,72,69.7,74.5,51.6,10.4]
[4572,"ra_PI_v3","AGEX",41,40,39,40,41,42,43,44,45,43,44,45,46,47,48,49,50,51,52,48,49,50,51,52,48,46,47,48,48,48,48,47,48,49,50]
[4579]
[4605,"ra_PI_B_u1",29,0,0,0,0,0,0,0,0,0,0,0,0,0,0,0,0,0,0,0,0,0,0,0,0,0,0,0,0,0,0,0,0,0,0,0,0,0]
[4624,"ra_PI_B_u1",48,76.6,83.9,90.8,98.3,99.3,97.5,83.1,85.2,88.4,86.2,98.4,100,99.5,95.8,92.8,88,93.2,95.7,89.9,96.7,95.8,92.8,90.7,93,88.2,86.6,98.9,92.1,100,88.8,86.7,94.8,92.3,97.3,86.8,92.1,5.6]
[4662,"ra_PI_B_u1",86,0,0,0,0,0,0,0,0,0,0,0,0,0,0,0,0,0,0,0,0,0,0,0,0,0,0,0,0,0,0,0,0,0,0,0,0,0]
[4681]
[4703,"ra_PI_B_v1",27,0,0,0,0,0,0,0,0,0,0,0,0,0,0,0,0,0,0,0,0,0,0,0,0,0,0,0,0,0,0,0,0,0,0,0,0,0]
[4728,"ra_PI_B_v1",52,98.9,99.8,90.1,87.3,83.5,84.4,85.4,83.8,86.5,86.1,87,89.2,88.7,92.6,91.5,92.6,93,93,90,92.6,92.1,91.3,90.3,89.6,90,88.2,89.8,90.3,93.5,95,95.3,96.1,92.9,90.8,83.3,90.4,4]
[4761,"ra_PI_B_v1",85,0,0,0,0,0,0,0,0,0,0,0,0,0,0,0,0,0,0,0,0,0,0,0,0,0,0,0,0,0,0,0,0,0,0,0,0,0]
[4785]
[4795]
[4826,"ra_PI_B_w1",50,63.7,83.3,103.1,110.9,116.6,128.4,137.5,141.3,151.6,152.5,157.7,159.1,156.3,157.5,154.3,154.4,158.2,159.1,159.8,162.5,160.9,162.8,161.2,161.7,157.8,152.3,152.6,155.8,159.9,156.4,153,147.7,142.2,140,137.9,144.9,22.9]
[4852,"ra_PI_B_w1",76,16.3,22.7,27.4,31.5,33.7,37.8,39.7,40.6,44.4,45.3,47.7,49.8,56.2,58.5,58.7,55.4,54.4,53.3,52.3,55.2,53.7,60.8,63.6,64.1,65.6,70.6,67,66.8,71.1,76.8,71.4,73.4,65.3,66,61.1,53.7,14.9]
[4859,"ra_PI_B_w1",83,0,0,0,0,0,0,0,0,0,0,0,0,0,0,0,0,0,0,0,0,0,0,0,0,0,0,0,0,0,0,0,0,0,0,0,0,0]
[4886]
[4916,"ra_PI_B_u2",40,98.8,96.6,71.2,78.5,90.5,95,96.3,85.2,88.4,100,100,96,91.3,90.5,96,100,96.1,95.9,96.2,94.3,100,98.2,81,76.5,83.5,71,86.3,71.8,72.2,75.2,72.4,84.7,96.7,87.3,100,89,9.8]
[4931,"ra_PI_B_u2",55,46.6,51,42.7,49.5,55.2,46.5,56.2,55.3,53.6,51.2,58.8,55.6,58.8,53.9,65.7,62.7,62.3,55.8,58.3,68.5,73.1,70.6,71.5,69,81,81.1,76.1,71.1,79.2,80.5,83.8,80.6,81.2,85.2,81.8,65,12.5]
[4973,"ra_PI_B_u2","SHFT",0,0,0,0,0,0,0,0,0,0,0,0,0,0,0,0,0,0,0,0,0,0,0,0,0,0,0,0,0,0,0,0,0,0,0]
[4982]
[5011,"ra_PI_B_v2",35,91.2,100,99.8,98.1,96.4,96.8,96.6,93.7,89.3,86.4,85.2,81.7,77.8,76.6,73.8,73.9,77.1,79.8,72.1,71.8,69.7,61.8,58.1,53.6,46.3,45.5,44.5,45.4,46.5,49.1,48.3,47.9,45.2,44.4,46.6,70.6,19.8]
[5039,"ra_PI_B_v2",63,31.3,33.1,30.5,29.6,29.5,30.8,29.7,31.3,31.4,32.9,34.5,36.4,38.8,42.2,43.9,45.1,46.6,47.1,47.1,46.7,49.6,50.5,51.7,51.7,52.9,55,58,58.7,62.9,65.2,67.2,66.5,66.6,66.6,63.6,46.4,12.8]
[5068,"ra_PI_B_v2","SUM1",2782,2889,2882,2775,2790,2789,2809,2745,2772,2742,2717,2745,2784,2887,2942,2943,3030,3046,3041,3045,3074,3080,3073,3082,3101,3097,3120,3112,3183,3287,3394,3313,3285,3353,3181]
[5072,"ra_PI_B_v2","AGEX",41,35,36,36,37,38,38,37,38,38,39,40,40,42,43,40,41,42,40,40,41,42,43,44,45,46,47,48,49,49,50,45,46,46,42]
[5102,"ra_PI_B_w2",26,0,0,0,0,0,0,0,0,0,0,0,0,0,0,0,0,0,0,0,0,0,0,0,0,0,0,0,0,0,0,0,0,0,0,0,0,0]
[5137,"ra_PI_B_w2",61,24.8,32.4,39.8,41.9,42.8,48.2,51,54.1,59.1,63.7,68,72.6,76.3,77.4,79.8,83.6,84.1,83.5,87.7,88.4,91.3,92.5,96.1,97.4,102.7,103.4,104.8,107.4,110.5,110.2,110.7,111,109.8,107.1,104.8,80.5,25.4]
[5159,"ra_PI_B_w2",83,0,0,0,0,0,0,0,0,0,0,0,0,0,0,0,0,0,0,0,0,0,0,0,0,0,0,0,0,0,0,0,0,0,0,0,0,0]
[5170,"ra_PI_B_w2","SDEV",24.3,32.8,42.4,46,49,52.1,54.1,55.8,56.4,57.5,58.6,58.9,58.6,57.1,56.9,58.4,57.8,59.2,61.1,60.1,60.2,58.6,59.5,57.8,55.7,54.9,53.3,54.4,54.9,54.4,53.4,55.4,55,53.4,53.9]
[5195]
[5216,"ra_PI_B_u3",40,77.2,93.4,95.2,100,85.1,85.5,86.9,88.5,97.5,98.7,93.2,91,95,97.8,99.9,100,91.3,95.9,96.2,94.3,96.8,100,98.2,97.9,100,72.8,76.5,76.6,81.8,91.4,91.8,89.9,91.8,89.8,95.3,91.8,7.4]
[5236,"ra_PI_B_u3",60,42.9,44.4,39.7,45.4,38.7,41.7,39.6,38.7,42.8,41.8,46.6,47.9,47.4,50.8,55.8,54.7,53.8,53.9,46.5,55.4,53.4,53.6,52.9,53.5,52.8,53,50.2,64.3,65.5,59.3,62.6,58.6,66,69.3,56.8,51.4,8.2]
[5273,"ra_PI_B_u3","SHFT",-3,-3,-3,-3,-3,-3,-2,-1,-2,-1,-1,-1,-1,-1,-1,0,-1,0,0,0,1,1,2,2,3,2,3,2,3,3,3,3,3,3,3]
[5293]
[5318,"ra_PI_B_v3",42,95.2,96.8,93.9,93.9,95.7,97.3,99.1,98.1,98.6,99,97.7,97.8,99.4,99.5,99.4,99,100,100,98.8,99,99,97.6,98.1,97.5,100,97.8,95.4,96,95.2,96,96.6,100,99.9,98.5,96.1,97.8,1.8]
[5350,"ra_PI_B_v3",74,0,0,0,0,0,0,22.4,21.7,25.4,0,0,0,0,41.1,41.6,0,31.9,30.7,30.5,29.4,27.9,24.8,29.7,29.8,38,44,39.4,0,0,0,38.7,50.4,39.7,39.9,37.2,34,7.5]
[5352,"ra_PI_B_v3",76,0,0,0,0,0,0,0,0,0,0,0,0,0,0,0,0,0,0,0,24.2,22.2,21.5,0,0,0,0,0,0,0,0,0,0,0,0,0,22.6,1.2]
[5383]
[5409,"ra_PI_C_u1",33,0,0,0,0,0,0,0,0,0,0,0,0,0,0,0,0,0,0,0,0,0,0,0,0,0,0,0,0,0,0,0,0,0,0,0,0,0]
[5424,"ra_PI_C_u1",48,90.4,89.6,99.9,100,100,84.7,78.1,76,81.3,82.3,85.1,86.4,87.6,82.7,83.4,79.4,81.5,80.5,84.4,85.2,87.5,85.1,84.8,84.5,88.4,89.7,91.1,98.1,99.5,97.4,96.6,100,97.8,99.5,100,89.1,7.4]
[5449,"ra_PI_C_u1",73,34.1,36.7,43.4,34.2,31.7,27.7,33.9,34.3,36.5,38.2,41.6,43.6,45,50.5,51.4,52.5,50.9,51.3,54.8,52.1,49.7,48.7,49.1,52.8,57.3,58.6,50.4,62.3,59.1,62.6,61.4,75.5,71.9,75.2,80.5,50.3,13]
[5489]
[5514,"ra_PI_C_v1",38,58.7,64.1,65.7,63.5,60.8,53.6,49.4,45.6,39,35.7,32.5,28.3,29.2,27.2,32.3,32.1,33.4,35,41.8,41.1,47.1,44.3,49.3,46.7,43.5,49.7,48,45.5,43.6,42.9,50.3,40.1,48,45.9,47.1,44.6,10]
[5523,"ra_PI_C_v1",47,94.3,92.8,93.3,90.5,92.6,90.6,85.9,87,86.6,89.3,90,88.5,89.5,86.3,87.6,84.8,84.5,85.9,88.9,90,91.4,90.9,91.9,92.2,94.2,96.3,98.6,98.6,99,99.5,100,99,99.4,97.6,96.8,92.1,4.7]
[5547,"ra_PI_C_v1",71,42.5,41.8,41.8,41,38.9,41.9,45.2,44.4,46.9,47.1,50.1,51.4,52.3,53.2,53.9,54,54,56.1,57.6,58.5,58.5,60.6,59.3,60.6,61.6,60.4,62.6,73.1,77,80.9,76.5,82.6,81.2,83.2,86.9,58.2,13.7]
[5580]
[5604,"ra_PI_C_w1",28,0,0,0,0,0,0,0,0,0,0,0,0,0,0,0,0,0,0,0,0,0,0,0,0,0,0,0,0,0,0,0,0,0,0,0,0,0]
[5625,"ra_PI_C_w1",49,19.2,24.9,30.9,31.5,32.3,32.8,33.4,34.4,33.6,33.9,32.7,32,31.6,30.5,29.3,28.3,27.5,27.1,27.5,27.4,27.6,27.4,27.2,26.5,25.8,25.1,24.8,25,24.9,24.5,23.8,23.3,22.5,22.1,21.2,27.8,4]
[5637,"ra_PI_C_w1",61,13.5,17.5,22.3,22.9,22.7,23.6,24.8,24.8,25.8,25.5,25.8,27.6,27,28,26.7,27.8,28.1,28.7,28.5,29,29,29.6,29.2,28.2,27.1,25.8,25.1,24.1,23.1,22.4,21.4,20.5,19.5,18.9,18.4,24.7,3.8]
[5670,"ra_PI_C_w1","SDEV",6.6,8.7,10.8,11.2,11.5,11.6,11.8,12,11.9,12.3,12.2,11.9,12.1,11.6,11.1,10.8,10.7,10.6,10.7,10.6,10.6,10.6,10.5,10.1,9.8,9.6,9.2,9.2,9.1,8.9,8.8,8.5,8.4,8.1,7.8]
[5694]
[5727,"ra_PI_C_u2",51,66,62.5,66.2,68.2,72.8,63.9,64.6,68.9,74.6,77.5,91.1,92,91.3,85.6,90.8,97,100,86.3,84,90.3,90.3,89.6,91,85,88.9,89.6,91.2,90.9,91.5,91,93.7,93.7,95.6,98.2,99.3,85,11.2]
[5739,"ra_PI_C_u2",63,34.1,36.7,43.4,34.2,29.3,35.1,38.9,39.6,42.1,45.5,49,48.9,49.2,48.4,49.3,55.6,62.1,51.3,54.7,60.4,65.2,70.6,86,84.7,86.2,82,85.3,99.2,100,85.1,80.8,84.2,83.9,80.2,82.3,61.8,20.9]
[5760,"ra_PI_C_u2",84,0,0,0,0,0,0,0,0,0,0,0,0,0,0,0,0,0,0,0,0,0,0,0,0,0,0,0,0,0,25.3,22.7,14,2.9,0,0,16.2,8.8]
[5796]
[5801,"ra_PI_C_v2","Age/Yea",1980,1981,1982,1983,1984,1985,1986,1987,1988,1989,1990,1991,1992,1993,1994,1995,1996,1997,1998,1999,2000,2001,2002,2003,2004,2005,2006,2007,2008,2009,2010,2011,2012,2013,2014,"MEAN","STDEV","AAMC_FiscalYear_All_tabbed.txt"]
[5830,"ra_PI_C_v2",54,64.6,65.7,65.1,64.5,64.4,65.6,64.7,65.4,67.8,71.2,73,79.2,84.6,89,92.2,95.9,97.8,100,100,99.6,99.2,97.2,95.2,96.2,96.7,96.8,97.7,96.9,94.7,93.8,92.6,91.4,91.4,90.8,92.1,85.5,13.6]
[5858,"ra_PI_C_v2",82,0,0,0,0,0,0,0,0,0,0,0,0,0,0,0,0,0,0,0,0,38.9,38.3,39,39.3,45.8,47.1,47.9,49.6,56.4,45,40.1,31.6,26.1,37.3,43,41.7,7.2]
[5887]
[5915,"ra_PI_C_w2",39,19.2,24.9,30.9,31.5,31.4,32.2,32.1,31.3,31.2,31.4,30.9,29.5,27.9,25.9,24.5,23.6,22.8,22.9,22.8,22.5,22.1,21.5,20.8,19.7,18.6,17.5,16.7,15.9,15.3,14.9,14.3,13.6,13,12.1,11.9,22.8,6.6]
[5924,"ra_PI_C_w2",48,14.5,19.4,24.8,26.1,26.9,29.3,31.7,33.6,34.2,34.7,34.8,34.9,34.1,32.7,31.3,30,28.8,28.5,28.7,28.5,28.4,27.8,27.2,26.6,26,25.1,24.8,25,24.9,24.5,24.1,23.3,22.7,21.9,21,27.5,4.7]
[5944,"ra_PI_C_w2",68,5.5,7.2,9.1,9.8,10.7,12.1,12.7,12.9,13.7,14.1,14.1,14.9,17.2,17.2,16.8,17.5,17.2,16.1,16.6,17.6,17.4,17.9,18.1,17.8,17.5,18.2,19.2,21,21.9,22,21.3,20.5,19.2,17.9,16.7,16,4]
[5981]
[5989]
[6014,"ra_PI_C_u3",38,59.1,59.3,59.5,59.8,56,59.7,58.4,60.9,64.7,47.1,53.9,57.8,45.5,52.8,59.3,64.6,67.2,63.3,69.6,74.6,76,78.1,76.9,74.6,78.4,83.4,82.7,87.9,89.8,90.4,89.2,78.5,77.7,87.4,72,69,12.6]
[6046,"ra_PI_C_u3",70,34.1,36.7,43.4,34.2,31.7,31.9,27.4,28.9,30.1,38.2,40.2,42.2,45,46.5,46.8,49.9,55.4,50,48.4,52.7,49.7,49.8,54.9,48.1,49.3,54.7,54.4,60.7,68.5,50.9,55.4,54.7,55.7,50.6,80.5,47.2,11.2]
[6071,"ra_PI_C_u3","VMAX",20.7,26.5,31.8,34.1,35.3,36.7,38.2,39.4,39.7,39.7,38.6,38,37.6,36.4,34.7,33.8,33.2,33.1,32.7,32,31.7,31.9,31.6,31.1,29.6,28.3,27.1,25.9,25.9,25.3,24.5,23.9,23.2,22.3,21.6]
[6103,"ra_PI_C_v3",27,0,0,0,0,0,0,0,0,0,0,0,0,0,0,0,21.2,19.2,17.2,16.4,15.8,14.9,15.7,14.7,14,15.4,17.5,20.5,14.4,16.8,12.3,9.1,8.1,6.7,10.2,12.7,14.6,3.8]
[6112,"ra_PI_C_v3",36,58.7,64.1,64.6,63.3,60.8,57,51.7,51.1,52.3,40.3,43.4,46.3,35,40.5,47.3,53.8,54.4,55.4,62.7,68.8,68.2,72.8,71.3,69.8,75.2,80.4,86.3,80.3,86,77.6,67.7,66.6,65.7,73.1,73.3,62.4,13]
[6137,"ra_PI_C_v3",61,67.4,66.5,65.1,64.5,64.4,60.8,60.3,59,57.7,61.9,61.5,60.4,66,65.3,65.5,65.5,66.9,68,67.4,67,73.9,73.9,80.3,85.2,84.2,82.2,82.7,92.2,92.2,93.8,89.9,87.9,84.2,81.3,78,72.7,10.9]
[6160,"ra_PI_C_v3",84,0,0,0,0,0,0,0,0,0,0,0,0,0,0,0,0,0,0,0,0,0,0,0,0,0,0,0,0,0,0,0,0,0,0,0,0,0]
[6194]
[6217,"b-AL",41,0,0,0,0,0,0,0,0,0,0,0,0,0,0,0,0,0,0,0,0,0,0,0,0,0,0,0,0,0,0,0,753,787,930,1040,1160,1288,1341,1356,1332,1526,1546,1708,1802,1999,1975,2123,2279,2594,2643,2495,2407,2837,3251,3163,3164,3272,3593,3971,4095,4230,4185,4174,4156,3969,4085,4078,4139,4344,4648,4621,4440,4300,4408,4620,4916,5247,2978,1330.2]
[6235,"b-AL",59,0,0,0,0,0,0,0,0,0,0,0,0,0,149,169,163,218,245,236,312,382,399,405,464,476,553,674,805,852,887,901,911,993,1025,1054,1089,1197,1170,1167,1090,1280,1319,1379,1412,1566,1448,1682,1866,2165,2279,2243,2296,2739,2995,2937,2965,3120,3311,3642,3706,3720,3717,0,0,0,0,0,0,0,0,0,0,0,0,0,0,0,1464.8,1087.3]
[6251,"b-AL",75,1,7,2,6,3,9,4,14,5,3,14,14,14,23,23,32,28,32,32,45,56,52,75,56,78,91,100,145,151,167,212,246,239,273,293,296,344,318,309,286,353,343,393,434,485,452,0,0,0,0,0,0,0,0,0,0,0,0,0,0,0,0,0,0,0,0,0,0,0,0,0,0,0,0,0,0,0,142.6,148.6]
[6292]
[6296]
[6325,"b-AL_S",49,0,0,0,0,0,0,0,0,0,0,0,0,0,0,0,0,0,0,0,0,0,0,0,376,413.3,520.2,614.8,713.2,811.4,891.2,951.6,1011,1073.4,1135.4,1226,1292.6,1335.8,1360.4,1398.6,1405.8,1439.4,1483.8,1572.8,1616.4,1692.8,1795.4,1971.2,2124.4,2270.4,2386,2545.2,2699.4,2839.4,3020.2,3205,3356,3506.6,3681.6,3875.8,4077.2,4250.8,4327.2,4362.6,4343.6,4299.6,4229,4248.8,4315.6,4351.6,4347,4373,4131,0,0,0,0,0,2434.1,1386.2]
[6353,"b-AL_S",77,2,3,2.8,3.8,3.4,5.8,5.6,5.8,7,8.2,7.2,9.4,12.4,15.6,18.2,21.8,23.4,26.4,29.2,33,38.4,42.4,49.6,55,64.2,76,91.8,106.6,125.6,149,165,184.8,205.8,221.4,227.4,232,234.4,229,238,248.4,265.6,288.2,311.3,346,0,0,0,0,0,0,0,0,0,0,0,0,0,0,0,0,0,0,0,0,0,0,0,0,0,0,0,0,0,0,0,0,0,100.9,105.3]
[6382,"b-AL_S","med_0.90",0,0,0,0,0,0,0,0,0,0,0,72.6,72.8,72.8,72.9,72.7,71.7,70.8,70.4,70.3,70.1,69.9,69.8,69.7,69.7,69.5,69.6,69.8,69.8,69.7,69.7,69.4,68.8,68.6,68.2,67.7,67.5,67,66.6,65.8,65.4,64.9,63.9,62.9,60.8,56.9,50.8,42.9,0]
[6391]
[6433,"b-AL_SG",57,0,0,0,0,0,0,0,0,0,0,0,0,0,0,0,0,1.7,10.3,10.6,10.2,8.4,6,1.4,0,0,0,0,0,0,0,0,0,0,0,0,0,0,0,0,0,0,0,0,0,0,0,0,0,0,0,0,0,0,0,0,0,0,0,0,0,0,0,0,0,0,0,0,0,0,0,0,0,0,0,0,0,0,6.9,3.7]
[6448,"b-AL_SG",72,0,0,0,0,0,0,0,0,0,0,0,0,0,0,0,0,0,0,0,0,0,0,0,0,0,0,0,0,0,0,0,0,0,0,0,0,0,0,0,0,0,0,0,0,0,0,0,0,0,0,0,0,0,0,0,0,0,0,0,0,0,0,0,0,0,0,0,0,0,0,0,0,0,0,0,0,0,0,0]
[6467,"b-AL_SG","NUMB",65,65,65,65,65,65,65,65,65,65,65,65,65,65,65,65,65,65,65,65,65,65,65,65,65,65,65,65,65,65,65,65,65,65,65,65,65,65,65,65,65,65,65,65,65,65,65,65,65,65,65,65,65,65,65,65,65,65,65,65,65,65,65,65,65,65,65,65,65,65,65,65,65,65,65,65,65]
[6505,"b-pc_AL_SG",29,0,0,0,0,0,0,0,0,0,0,0,0,0,0,0,0,0,0,0,0,0,0,0,0,0,0,0,0,0,0,0,0,0,0,0,0,0,0,0,0,0,0,0,0,0,0,0,0,0,0,0,0,0,0,0,0,0,0,0,0,0,0,0,0,0,0,0,0,0,0,0,0,0,0,0,0,0,0,0]
[6524,"b-pc_AL_SG",48,0,0,0,0,0,0,0,0,0,0,0,0,0,0,0,0,0,0,0,0,0,0,0,0,0,0,0,0,0,0,0,0,0,100,0,0,99.8,99.7,99.8,98.3,98.4,98.5,98.4,98.5,98.8,99,99.3,99.5,99.5,99.9,98.8,97.9,100,100,99.6,99.3,99.4,99.9,100,0,99.6,99,98.4,99.6,99,98.7,98.6,98.9,99.3,98.9,98.6,97.4,96.3,0,0,0,0,99,0.8]
[6546,"b-pc_AL_SG",70,0,0,0,81,0,0,96.4,93.2,90.2,83.9,76.6,76.7,79.3,79.3,81,84.6,86.7,85.6,86.4,87.6,88.5,89,88.9,89.3,90,90,88.4,89.4,89.9,88.5,88,89.1,88.7,88,89.6,89.7,89.8,90.9,92.5,92.5,92.9,91.6,91,90.3,90.3,90.6,91.6,91.6,91.4,95,90.1,0,0,0,0,0,0,0,0,0,0,0,0,0,0,0,0,0,0,0,0,0,0,0,0,0,0,88.4,4.4]
[6558,"b-pc_AL_SG",82,80,90,91.7,87.5,86.7,81,76.5,73.3,68.8,70.6,82.4,85.2,89.5,95.9,90.2,89.9,89.4,86.3,86.4,90.2,90.5,90.3,92.3,87.9,88.2,89.2,89,88.1,88.6,86.1,82.6,81.7,80.9,82.2,84.4,87.6,90.1,96.3,0,0,0,0,0,0,0,0,0,0,0,0,0,0,0,0,0,0,0,0,0,0,0,0,0,0,0,0,0,0,0,0,0,0,0,0,0,0,0,86,6.1]
[6579,"b-pc_AL_SG","med_0.25",0,0,0,0,75.5,0,74.5,69.9,72.1,70.2,68.5,68.8,67.9,64.5,66.1,63.7,63.7,62.9,63,58.8,49.9,46.8,45.6,45.4,44.9,44.7,0,45.9,0,46.4,0,47.7,47.5,47,0,0,47.2,47.7,0,48,47.7,44.6,44.3,43.7,43.5,43,42.5,42.5,0]
[6612,"b-AL_B",36,0,0,0,0,0,0,0,0,0,0,0,0,0,0,0,0,0,0,0,0,0,0,0,0,0,0,0,0,0,0,0,0,0,0,0,0,220,218,218,245,278,280,337,355,433,418,454,526,654,617,524,491,489,553,524,446,441,463,465,486,425,413,417,408,434,395,347,344,378,379,351,373,325,381,429,420,440,409.6,98.4]
[6638,"b-AL_B",62,0,0,0,0,0,0,0,0,0,0,29,39,48,58,62,44,68,67,63,74,106,89,97,108,128,143,130,161,175,187,204,222,213,240,231,206,222,208,219,219,211,213,243,266,304,287,340,361,456,439,406,368,430,437,465,418,413,454,484,0,0,0,0,0,0,0,0,0,0,0,0,0,0,0,0,0,0,225.6,137.1]
[6669,"b-AL_B","SUM55",0,0,0,0,0,0,0,0,0,0,0,0,0,0,0,0,0,0,61,148,296,372,440,669,767,1186,1297,1749,2311,2508,3041,3714,3854,4698,4641,4497,5534,5258,5436,6243,6578,6466,7734,8221,9873,9455,10556,11590,14498,14022,12045,11358,11772,13067,13010,11664,11689,12729,13233,12669,12666,12253,12347,11850,11989,10950,10778,9912,11139,11207,9151,8612,7444,7180,7040,6554,6390]
[6672,"b-AL_B","max_065",0,0,0,0,0,0,0,65,64.5,64,63.5,63,62.6,62,61.6,61.1,60.5,59.9,59.4,58.9,58.5,57.9,57.5,56.9,56.7,55.9,55.2,54.8,54,53.8,53.2,52.5,52,51.5,51.2,50.5,50,49.3,49,48.4,47.9,47.6,47.2,46.9,46.7,46.3,46.7,46.5,46.3,46.4,46.6,46.8,47.3,47,47.5,47.6,47.1,47.1,46.9,46.7,46.3,46,45.8,45.3,44.6,44.3,44.1,43.5,43.1,42.9,42.2,41.6,41.4,40.5,40,39.5,38.9]
[6702,"b-AL_B_S",26,0,0,0,0,0,0,0,0,0,0,0,0,0,0,0,0,0,0,0,0,0,0,0,0,0,0,0,0,0,0,0,0,0,0,0,0,0,0,0,0,0,0,0,0,0,0,30,29,31.4,32.2,32.8,32.6,33.6,33,32.2,31.4,31.4,26.8,24.6,22,17.8,14.4,12.6,8.6,6.2,6.8,5.8,5.6,6,6,5.2,4.8,4.8,5,4.8,6.2,5.8,17.7,11.9]
[6740,"b-AL_B_S",64,0,0,0,0,0,0,0,0,14,19,28.8,37.8,47.8,50.4,55.6,58,57.4,58.2,69.8,74.6,80.8,90.2,99.6,105.6,111.2,122.2,132.6,143.6,155.4,171,179.4,192.4,200.4,198.8,200.2,200.6,194.2,191,192.2,189.6,195.2,205.8,222.6,237.8,264.2,286.8,320.8,343.2,364.2,367.6,379,373.8,379.4,383.4,390,392,370,0,0,0,0,0,0,0,0,0,0,0,0,0,0,0,0,0,0,0,0,187.7,117.8]
[6759,"b-AL_B_S",83,0.2,0.4,0.4,0.6,0.6,0.8,0.8,0.8,0.6,0.6,1.4,2,2,2.2,2.6,1.6,1.2,1.4,2,2.2,2.6,3.4,4.4,4.2,4.4,6,8,10.2,12.4,14.4,15.2,14.4,14.6,14.8,15.4,15,15,12,0,0,0,0,0,0,0,0,0,0,0,0,0,0,0,0,0,0,0,0,0,0,0,0,0,0,0,0,0,0,0,0,0,0,0,0,0,0,0,5.5,5.6]
[6774,"b-AL_B_S","max_075",73.9,72.8,72,72,71.5,70.7,69.8,68.5,68,67.5,66.4,65.7,65,64.3,63.8,63.3,62.5,62,61.6,61,60.5,60.2,59.7,59.2,58.7,58,57.5,56.9,56.3,55.9,55.4,54.9,54.4,53.8,53.4,52.9,52.3,51.7,51.3,50.7,50.3,49.9,49.5,49.1,49,48.9,48.6,48.5,48.5,48.3,48.2,48.1,48.1,48,47.8,47.5,47.3,47.1,46.9,46.6,46.3,46,45.6,45.2,44.8,44.3,43.9,43.5,43.2,42.8,42.2,41.7,41.1,40.6,40,39.4,38.9]
[6800]
[6831,"b-AL_B_SG",55,0,0,0,0,0,0,0,0,0,0,0,0,0,0,0,0,0,0,7.3,2.5,2,1.8,1.8,1.4,1,0,0,1.8,0.4,0,0,0,0,0,0,0,0,0,0,0,0,0,0,0,0,0,0,0,1.2,3,4.8,5.4,4,2.4,0.4,0,0,0,0,0,0,0,0,0,0,0,0,0,0,0,0,0,0,0,0,0,0,2.6,1.9]
[6857,"b-AL_B_SG",81,0,0,0,0,0,0,0,0,0,0,0,0,0,0,0,0,0,0,0,0,0,0,0,0,0,0,0,0,0,0,0,0,0,0,0,0,0,0,0,0,0,0,0,0,0,0,0,0,0,0,0,0,0,0,0,0,0,0,0,0,0,0,0,0,0,0,0,0,0,0,0,0,0,0,0,0,0,0,0]
[6882,"b-AL_B_SG","med_0.90",0,66.9,58.8,62.9,49.9,49.6,39.9,36,34.8,34.7,34.3,34.3,34.2,34.1,34.1,34.3,34.6,0,35.3,0,0,37,0,38.7,0,39.3,39.2,40,0,41,0,41.7,0,42.5,42.3,42,41.9,41.4,41.4,39.8,39,38.8,0,39,0,41,0,0,0]
[6888]
[6923,"b-pc_AL_B_SG",47,0,0,0,0,0,0,0,0,0,0,0,0,0,0,0,0,0,0,0,0,0,0,0,0,0,0,0,0,0,0,0,0,0,99.9,0,0,99.6,99.6,99.7,98.7,97.5,97.9,97.5,97,97.8,98.8,98.7,99.1,99.7,99.6,99.5,99.4,99.5,99.6,99.8,99.7,99.4,99.4,99.7,0,0,99.9,99,98.9,100,99.3,99.5,99.3,99.4,98.9,98.4,98.3,95.6,91.1,0,0,0,98.8,1.6]
[6945,"b-pc_AL_B_SG",69,0,0,0,0,0,0,0,93,89.9,88.3,86,84.3,80.8,81.9,81,79.9,80.4,84.2,81.1,83.3,83.8,84.4,85.1,87.5,88.8,90.4,90.4,89.6,89.9,89.3,87.8,87.3,87.9,87.5,88.4,88.8,90.2,92,93,91.8,92.8,91.9,88.6,87.3,86.5,87,87.6,89.7,91,92.8,92.2,89.7,0,0,0,0,0,0,0,0,0,0,0,0,0,0,0,0,0,0,0,0,0,0,0,0,0,87.7,3.7]
[6956,"b-pc_AL_B_SG",80,0,50,0,66.7,80,77.8,77.8,77.8,80,77.8,90.9,92.9,93.3,91.7,90.4,89.4,85.6,86.7,88.6,94.7,95.5,92,90.3,88.2,86.8,86,90.5,93.7,92.9,92.6,91,85.7,83.8,82.3,83.2,82.2,85,85,86.6,87.8,97.8,0,0,0,0,0,0,0,0,0,0,0,0,0,0,0,0,0,0,0,0,0,0,0,0,0,0,0,0,0,0,0,0,0,0,0,0,85.9,8.5]
[6979,"b-pc_AL_B_SG","med_0.25",0,0,0,0,75.1,74.3,73.5,69.7,68.6,67.6,0,66,63.7,65.9,60.6,60.5,58.3,55.4,57.9,52.7,47,45.8,45.6,45.4,44.9,44.7,0,45.9,0,46.5,0,47.7,47.4,47,0,0,47.2,47.7,0,48,47.7,44.6,44.3,43.7,43.5,43,42.5,42.5,0]
[7013,"b-AL_C",37,0,0,0,0,0,0,0,0,0,0,0,0,0,0,0,0,0,0,0,0,0,0,0,0,0,0,0,0,0,0,0,0,0,0,0,674,691,818,849,879,1084,1157,1309,1296,1469,1447,1603,1789,2032,2096,2043,2013,2360,2541,2482,2540,2563,2725,2935,2992,3118,3190,3326,3432,3206,3307,3154,3172,3157,3105,3182,3062,3177,3333,3548,3759,4019,2396,951.1]
[7024,"b-AL_C",48,0,0,0,0,0,0,0,0,0,0,0,0,0,0,0,0,0,0,0,0,0,0,0,0,255,299,415,532,567,594,677,687,760,815,874,956,1092,1095,1086,1012,1163,1204,1238,1260,1362,1326,1455,1622,1884,1965,1902,1955,2374,2693,2651,2791,2858,3020,3338,3455,3652,3700,3820,3802,3749,3681,3620,3606,3796,3960,3896,3673,3552,0,0,0,0,2076.3,1252.4]
[7070,"b-AL_C","SDEV",0.3,1.9,0.6,1.8,1.6,1.9,4,6.6,5.3,11.5,14.1,20.1,27.6,33.2,38.5,44.7,51.9,57,57.2,85.3,99.2,109.8,118.3,135.5,139,151.1,205.8,249.3,257.7,266.9,283.9,285.2,315.5,333.3,356.6,388,424.1,430.6,418.8,393,460.9,488.8,518.1,523,578.7,568.2,631.2,700.7,811.8,855.5,847.5,866.9,1054.3,1195.4,1188.9,1249.7,1307,1391.5,1529.6,1565.9,1628.5,1652.6,1676.1,1673,1615.9,1634.8,1596.1,1588.1,1605.9,1630.4,1576.7,1482.3,1438.4,1453.7,1492.6,1516,1544.6]
[7079,"b-AL_C","med_0.25",0,72.8,61.7,60,57.8,53.9,51.9,49.9,44.9,43.6,41.8,40.7,40.6,39.7,39.6,39.5,38.9,0,39.1,39.1,39,39,39,39.2,39.3,39.1,39.2,38.9,38.6,38.5,38.1,37.8,37.6,37.3,37.2,37,36.7,36.5,35.9,35.5,35.1,0,0,0,0,0,0,0,0]
[7104,"b-AL_C_S",28,0,0,0,0,0,0,0,0,0,0,0,0,0,0,0,0,0,0,0,0,0,0,0,0,0,0,0,0,0,0,0,0,0,0,0,0,0,0,0,0,0,0,0,0,79,90,124.8,160.8,189.8,214.2,234.4,258.8,269.6,278.2,281.2,283.6,270.2,251.2,240.4,230.8,213.2,201.8,186,173,160.4,150,140.6,142.8,143.2,142.6,139.8,137.6,132.2,127.2,129.4,135.4,138.4,183.4,58.6]
[7136,"b-AL_C_S",60,0,0,0,0,0,0,0,0,0,0,0,0,79,93.3,110.2,126.8,138.6,162.6,185.6,213.2,240.2,276,301.2,326.6,370.8,431.2,488.6,542.2,601.2,626,649.8,674.2,704.6,738.8,796.6,837.4,865.8,875.2,911.2,933,962.8,1006.8,1078.4,1097,1147.2,1215,1316.4,1427.6,1555,1663.8,1810,1959.8,2076.8,2209.6,2361,2482.6,2617.8,2760.4,2887.4,3036,3041,0,0,0,0,0,0,0,0,0,0,0,0,0,0,0,0,1081.9,864.4]
[7161,"b-AL_C_S",85,0.4,0.8,0.8,1,0.8,1.2,0.8,1,1.2,1.6,1.2,2.2,3.8,5.2,6,8,7.8,8.6,9.8,10.6,11.6,13.2,14.8,15.8,20.4,24.2,27.2,29.2,32.8,34.8,38.2,42,46.8,54.6,59.3,77,0,0,0,0,0,0,0,0,0,0,0,0,0,0,0,0,0,0,0,0,0,0,0,0,0,0,0,0,0,0,0,0,0,0,0,0,0,0,0,0,0,17.1,19.4]
[7169,"b-AL_C_S","SUM55",0,0,0,0,0,0,0,0,0,0,0,0,0,0,0,0,0,0,117,345,615,926,1279,1715,2261,3047,4002,5056,6117,7109,8144,9339,10670,12268,14197,16090,17723,19004,20513,22062,23870,25553,27994,29503,31324,33409,36706,39737,42591,44834,48199,51744,54497,57933,61620,64236,66572,69397,72474,75408,77691,78988,79462,79663,79429,79162,79059,76399,73310,69773,65592,61551,57996,55319,53817,51738,48998]
[7195]
[7234,"b-AL_C_SG",58,0,0,0,0,0,0,0,0,0,0,0,0,0,0,0,2.7,0,6,6.6,6.8,6.6,5,2.6,1.2,5.4,3.2,0.6,0.6,0,0,0,0,0,0,0,0,0,0,0,0,0,0,0,0,0,0,0,0,0,0,0,0,0,0,0,0,0,0,0,0,0,0,0,0,0,0,0,0,0,0,0,0,0,0,0,0,0,3.9,2.3]
[7252,"b-AL_C_SG",76,0,0,0,0,0,0,0,0,0,0,0,0,0,0,0,0,0,0,0,0,0,0,0,0,0,0,0,0,0,0,0,0,0,0,0,0,0,0,0,0,0,0,0,0,0.3,0,0,0,0,0,0,0,0,0,0,0,0,0,0,0,0,0,0,0,0,0,0,0,0,0,0,0,0,0,0,0,0,0.3,0]
[7267,"b-AL_C_SG","NUMB",65,65,65,65,65,65,65,65,65,65,65,65,65,65,65,65,65,65,65,65,65,65,65,65,65,65,65,65,65,65,65,65,65,65,65,65,65,65,65,65,65,65,65,65,65,65,65,65,65,65,65,65,65,65,65,65,65,65,65,65,65,65,65,65,65,65,65,65,65,65,65,65,65,65,65,65,65]
[7286]
[7324,"b-pc_AL_C_SG",48,0,0,0,0,0,0,0,0,0,0,0,0,0,0,0,0,0,0,0,0,0,0,0,0,0,90.9,0,0,0,0,0,0,0,100,0,0,99.8,99.7,99.9,98.6,98.8,98.9,98.8,98.8,99.1,99.3,99.4,99.5,99.5,100,98.8,99.9,100,99.9,99.5,99.2,99.2,99.6,99.9,0,99.6,99,99.3,99.6,99,98.7,98.6,99,99.4,98.9,98.8,97.8,96,0,0,0,0,99,1.5]
[7333,"b-pc_AL_C_SG",57,0,0,0,0,0,0,0,0,0,0,0,0,0,0,0,0,85.9,95.2,0,0,0,0,99.6,99,98.8,99.8,99.7,99.3,99.3,99.1,98.1,98.2,98.1,98.1,98.1,98.4,98,98.2,98.5,98.5,98.8,99.4,99.3,99,98.7,98.2,97.7,97.9,98.3,98.5,98.9,99.4,99.3,98.8,98.4,98,97.7,97.7,98.2,98.5,98.4,98.3,99.5,97.9,0,0,0,0,0,0,0,0,0,0,0,0,0,98.2,2]
[7366,"b-pc_AL_C_SG",90,0,0,0,50,66.7,66.7,50,66.7,0,0,0,0,0,0,94.7,96.2,92.6,90.6,87.1,91.7,92.3,93.3,80.4,76.1,78.6,77.2,72.7,85.5,88,84.4,86.4,0,0,0,0,0,0,0,0,0,0,0,0,0,0,0,0,0,0,0,0,0,0,0,0,0,0,0,0,0,0,0,0,0,0,0,0,0,0,0,0,0,0,0,0,0,0,80.4,13.2]
[7390]
[7411,"b-PI",35,0,0,0,0,0,0,0,0,0,0,0,0,0,0,0,0,0,0,0,0,0,0,0,0,0,0,0,0,0,0,0,0,0,0,0,0,0,738,736,781,1000,1049,1255,1278,1513,1446,1600,1803,2158,2321,2099,2118,2365,2568,2495,2391,2360,2493,2509,2541,2624,2646,2602,2650,2532,2626,2443,2411,2321,2233,2173,2073,2020,2180,2263,2381,2604,2060,583.6]
[7447,"b-PI",71,0,6,3,7,6,10,18,32,17,21,29,36,34,40,59,55,65,62,63,106,131,114,140,160,169,182,220,251,256,275,331,340,353,384,416,400,464,474,494,498,582,558,594,615,666,630,721,843,1010,1087,0,0,0,0,0,0,0,0,0,0,0,0,0,0,0,0,0,0,0,0,0,0,0,0,0,0,0,286.3,279.5]
[7468,"b-PI","SUM1",7,67,26,95,54,139,161,433,287,483,694,1016,1394,1865,2198,2353,3049,3418,3501,5074,6442,6836,7728,9277,9958,11734,14971,18835,20745,22221,24851,26846,28907,32117,34505,36608,41135,42250,42391,41588,48588,50087,54344,55585,61667,58389,65248,72131,83748,86449,80625,79260,91714,99769,97509,95363,96344,99508,104380,101580,101537,98410,95450,91757,85416,81796,76679,73283,71667,69192,63106,57195,52022,50476,49132,46940,45270]
[7480,"b-PI","med_0.50",0,0,0,74.5,66.3,64.6,63.5,61.9,61.5,61.4,60.1,59,57.8,56.7,55.9,54.9,53.6,51.9,50.9,50.8,49.9,50,49.3,49.1,49.2,48.9,48.6,48.9,48.8,48.7,48.2,48.1,47.9,47.4,46.8,45.9,45.7,44.9,43.9,43.4,42.7,41.6,40.5,38.9,0,0,0,0,0]
[7502,"b-PI_S",26,0,0,0,0,0,0,0,0,0,0,0,0,0,0,0,0,0,0,0,0,0,0,0,0,0,0,0,0,0,0,0,0,0,0,0,0,0,0,0,0,0,0,0,0,0,0,30,29.7,34.6,37,38.2,37.6,36.8,35.2,31.8,31.8,31.4,29.2,27.2,26.2,23.2,20.6,18.6,17,15.6,15,15.8,15.4,16.2,17,16.8,15.2,17.8,17,16.6,18.6,19.6,24.3,8.1]
[7521,"b-PI_S",45,0,0,0,0,0,0,0,0,0,0,0,0,0,0,0,0,0,0,0,0,0,0,0,0,0,0,0,562,615.7,689.8,759.4,840.8,925.6,998.8,1078.4,1148.6,1199,1240.2,1305.6,1360,1426.2,1490.8,1585.2,1626.8,1680.2,1762.6,1905.4,2036.6,2154.2,2246.4,2377.2,2507.6,2617.6,2775.4,2951.2,3093,3233.6,3365.6,3526,3658.8,3758.4,3794.6,3842.2,3859,3881.6,3888,3924.4,3990.8,4006.8,4005.2,4001,3994.8,4002.6,4064.8,4185,4310,0,2535.8,1243.8]
[7546,"b-PI_S",70,0,0,4,5.7,9,16.4,20.6,26.6,33.2,38.6,40.2,47.6,54.6,60.6,68.6,78.6,85.8,100,121,137.4,156.6,179.4,194.6,208.2,236,271.2,297.6,328.6,360.2,378.2,385,407.6,425.4,434,460.4,481.6,496,511.6,551.2,575,616.4,649.2,690,696.8,723.4,766.8,849.8,942.4,1041.8,1164.7,1176,0,0,0,0,0,0,0,0,0,0,0,0,0,0,0,0,0,0,0,0,0,0,0,0,0,0,359.3,321.6]
[7582,"b-PI_S","med_0.90",0,0,0,0,0,0,0,0,0,0,0,72.5,72.8,72.9,79.1,72.9,71.9,70.8,70.4,70.4,70.1,70.2,70,69.8,69.8,69.6,69.7,69.9,70,69.9,69.8,69.6,69.3,68.8,68.5,68,67.8,67.6,66.9,66.6,65.8,65.5,64.8,63.7,61.8,58,51.9,43.9,43]
[7611,"b-PI_SG",35,0,0,0,0,0,0,0,0,0,0,0,0,0,0,0,0,0,0,0,0,0,0,0,0,0,0,0,0,0,0,0,0,0,0,0,0,0,0,137.9,162.3,162.7,170.5,178.8,182.6,182.2,180.8,193,206.9,211.1,209.9,210.6,189.4,177.1,181.6,185.1,201.9,230,263.6,289,319.5,340.9,368.7,383.5,403.6,409.7,402,383,373.4,360.7,355.3,370.7,400.4,415.2,432.3,465.4,477.8,495.4,288.8,108.2]
[7616,"b-PI_SG",40,0,0,0,0,0,0,0,0,0,0,0,0,0,0,0,0,0,0,0,0,0,0,0,0,0,0,0,0,0,0,0,0,0,52.1,64,73.1,68.2,54.2,47.8,34.2,24.8,25.5,39.3,34.9,34.5,33.4,24.3,0,0,0,0,19.9,35.7,46.5,58.4,78.8,84.9,116.7,135.9,147.1,148.6,137.8,107.6,101.7,109.8,122.2,156.6,199.9,224.1,244.2,237.9,227.6,210.5,204.1,196.7,202.6,200.5,109.2,71.8]
[7644,"b-PI_SG",68,0,0,0,0,0,2.3,0,0.2,0,0,0,0,0,0,0,0,0,0,0,0,0,0,0,0,0,0,0,0,0,0,0,0,0,0,0,0,0,0,0,0,0,0,0,0,0,0,0,0,0,0,0,0,0,0,0,0,0,0,0,0,0,0,0,0,0,0,0,0,0,0,0,0,0,0,0,0,0,1.3,1.1]
[7673,"b-PI_SG","max_070",0,0,0,0,69.5,68.7,67.1,67.1,65.2,65,63.8,63.2,62.4,61.3,60.8,58.9,59.3,58.2,56.2,56.2,56.4,54.2,52.9,52.9,50.9,50.3,49.8,49.6,48.4,47.3,46.5,46,44.3,43.7,43.1,42,40.9,40,38.5,37.3,36.4,35.4,34.6,34.1,33.7,33.3,33,32.6,32.5,32.4,32.5,32.7,32.8,33.1,33.3,33.5,34.1,34.2,34.5,34.6,34.8,34.9,35,35,35.2,35.1,35.2,35.3,35.5,36,35.8,35.6,35.6,35.5,35.4,35.4,35.3]
[7701,"b-pc_PI_SG","Age/Bir",1894,1895,1896,1897,1898,1899,1900,1901,1902,1903,1904,1905,1906,1907,1908,1909,1910,1911,1912,1913,1914,1915,1916,1917,1918,1919,1920,1921,1922,1923,1924,1925,1926,1927,1928,1929,1930,1931,1932,1933,1934,1935,1936,1937,1938,1939,1940,1941,1942,1943,1944,1945,1946,1947,1948,1949,1950,1951,1952,1953,1954,1955,1956,1957,1958,1959,1960,1961,1962,1963,1964,1965,1966,1967,1968,1969,1970,"MEAN","STDEV","AAMC_FiscalYear_All_tabbed.txt"]
[7718,"b-pc_PI_SG",42,0,0,0,0,0,0,0,0,0,0,0,0,0,0,0,0,0,0,0,0,0,0,0,0,0,0,0,0,0,0,0,97.9,0,0,0,0,0,0,99.9,0,0,0,0,0,99.4,99.3,99.1,98.9,98.9,99.1,99.5,99.7,98.7,99.6,100,0,0,0,99.3,99.5,99.8,0,0,0,0,0,0,0,0,0,0,0,0,0,0,0,0,99.3,0.5]
[7734,"b-pc_PI_SG",58,0,0,0,0,0,0,0,0,0,0,0,0,0,0,0,0,99,0,0,0,0,0,0,99.7,0,0,99.8,99.9,99.9,98.3,98.5,98.4,98.3,98.5,98.9,98.7,98.8,98.7,98.5,98.4,98.6,98.2,98,97.9,97.8,97.5,97.9,98.3,98.7,98.9,99.4,99.6,99.1,98.5,98.4,98.2,98.2,98.7,99,98.9,98.6,98.9,98.7,0,0,0,0,0,0,0,0,0,0,0,0,0,0,98.7,0.6]
[7775,"b-pc_PI_SG","max_080",76.9,76.3,75.3,75.4,74.8,74.7,74.5,73.4,73.4,72.2,72.2,71.6,71,70.6,71.2,70.8,69.5,69.3,69.7,68.8,67.7,69.1,68.5,66.8,68,65.7,66.1,65.2,64.8,64.6,65.1,63.8,64.5,62.7,64.4,64.4,62.9,62,61.9,62,62.6,60,59.6,59.1,57.7,56.6,56.2,55.2,54.8,54.3,53.8,53.3,52.9,53.2,53.4,53.9,53.4,52.9,52.4,52.8,51.6,51.7,52,51.5,51,50.5,47.9,47,46.2,45.5,44.8,46,45.5,45,44.5,44,43.5]
[7791]
[7824,"b-PI_B",48,0,0,0,0,0,0,0,0,0,0,0,0,0,0,0,0,0,0,0,0,0,0,0,0,87,134,127,164,204,201,232,257,267,296,268,242,311,264,262,290,301,281,314,312,365,345,388,431,518,522,441,431,479,497,516,462,466,517,554,536,549,552,567,540,557,493,511,490,575,633,534,497,478,0,0,0,0,393,141.8]
[7832,"b-PI_B",56,0,0,0,0,0,0,0,0,0,0,0,0,0,0,0,0,61,64,59,75,98,91,90,114,111,144,136,166,192,219,228,248,236,275,262,228,264,221,231,245,255,244,274,287,352,316,382,407,488,481,431,424,455,485,519,455,465,521,552,528,531,497,524,503,481,0,0,0,0,0,0,0,0,0,0,0,0,304.4,157]
[7857,"b-PI_B",81,0,0,0,1,0,1,2,1,1,0,1,1,6,4,0,2,3,1,2,3,3,3,3,5,6,5,6,8,19,22,22,23,19,20,24,20,24,19,21,21,0,0,0,0,0,0,0,0,0,0,0,0,0,0,0,0,0,0,0,0,0,0,0,0,0,0,0,0,0,0,0,0,0,0,0,0,0,9.5,8.9]
[7889]
[7898]
[7923,"b-PI_B_S",47,0,0,0,0,0,0,0,0,0,0,0,0,0,0,0,0,0,0,0,0,0,0,0,0,0,130,137.7,160.6,180,206.2,227.4,247,261.8,264.8,271.4,271.8,266.6,271.8,285.2,285.8,296.6,307.8,324,332.4,352.8,376,414.2,443.6,462,469.2,476,473.8,472.4,475,482.2,492.4,499.4,502.2,522.2,537.4,546.6,545.4,555,543.4,538.2,523.8,531,545.4,553.6,550.6,552.2,529.8,487,457,0,0,0,400.8,132.5]
[7955,"b-PI_B_S",79,0.2,0.4,0.2,0.6,1,1.8,1.8,1.8,2,1.8,2.2,2.8,3,3.4,3.8,2.8,2.6,3.2,3.2,3.6,4.2,4.8,6,6.4,7.4,9.2,11.8,14.8,18.8,23.4,26.2,28.6,29.8,30.6,30,30.2,29.8,29,29.2,28.8,29,28,0,0,0,0,0,0,0,0,0,0,0,0,0,0,0,0,0,0,0,0,0,0,0,0,0,0,0,0,0,0,0,0,0,0,0,11.9,11.9]
[7980,"b-PI_B_S","med_0.50",0,0,0,72.8,67,63.7,61.8,60.9,60,59.7,58.8,57.6,56,55.6,54.6,52.9,51.8,50.6,49.5,48.7,48.4,48.3,48.1,48,48,47.9,47.9,47.9,47.9,47.9,47.8,47.5,47.5,47.3,46.9,46.6,45.9,45.5,44.7,44,43.7,42.7,40.8,39.7,39.2,0,0,0,0]
[8012,"b-PI_B_SG",36,0,0,0,0,0,0,0,0,0,0,0,0,0,0,0,0,0,0,0,0,0,0,0,0,0,0,0,0,0,0,0,0,0,0,0,0,0,23.4,33.5,23.7,24.3,23.8,21.1,18.9,18.6,21.5,27,27.3,29.7,29.2,24.6,18.1,23.7,23.3,23,23.8,26.9,27.5,29.9,32.1,37.2,44,42.6,43.4,45.5,44.5,42.1,44.8,49.4,55.4,56.5,56.3,59.9,60.8,58.8,61,59.6,35.9,14]
[8021,"b-PI_B_SG",45,0,0,0,0,0,0,0,0,0,0,0,0,0,0,0,0,0,0,0,0,0,0,0,0,0,0,0,0,0,9.4,9.3,9.2,9,8.5,6.3,3.1,0,0.8,2.8,0.8,3.3,2.9,0,0,0,0,0,0,0,0,0,0,0,0,0,0,0,0,0,5.8,9,9,13.2,13.2,12,9.5,8.4,7.3,6.1,0.6,0,3.8,0,0,0,0,0,6.8,3.7]
[8037,"b-PI_B_SG",61,0,0,0,0,0,0,0,0,0,0,0,0,1.7,0,0.6,0,0.4,0,0,0,0,0,0,0,0,0,0,0,0,0,0,0,0,0,0,0,0,0,0,0,0,0,0,0,0,0,0,0,0,0,0,0,0,0,0,0,0,0,0,0,0,0,0,0,0,0,0,0,0,0,0,0,0,0,0,0,0,0.9,0.6]
[8078,"b-PI_B_SG","med_0.10",0,28.9,27.9,27.4,27.4,27.4,27.4,27.4,27.6,27.7,27.9,0,28,28.2,28.4,28.6,28.9,0,29.2,29.6,29.8,0,30,30.2,30.2,30.4,30.7,30.9,0,31.1,31.2,31.4,31.2,31.2,31.1,31.1,31.1,0,0,0,0,0,0,0,0,0,0,0,0]
[8105,"b-pc_PI_B_SG",29,0,0,0,0,0,0,0,0,0,0,0,0,0,0,0,0,0,0,0,0,0,0,0,0,0,0,0,0,0,0,0,0,0,0,0,0,0,0,0,0,0,0,0,0,0,0,0,0,0,0,0,0,0,0,0,0,0,0,0,0,0,0,0,0,0,0,0,0,0,0,0,0,0,0,0,0,0,0,0]
[8111,"b-pc_PI_B_SG",35,0,0,0,0,0,0,0,0,0,0,0,0,0,0,0,0,0,0,0,0,0,0,0,0,0,0,0,0,0,0,0,0,0,0,0,0,0,0,0,0,0,0,0,0,0,0,0,0,0,0,0,0,0,0,0,0,0,0,0,0,0,0,0,0,0,0,0,0,0,0,0,0,0,0,0,0,0,0,0]
[8139,"b-pc_PI_B_SG",63,0,0,0,0,0,0,0,0,0,0,98.7,98.4,0,0,0,98.6,97.9,95.6,96.9,98.7,99,99.6,99.8,98.5,97.6,97.4,96.1,95.6,95.7,94.7,94.8,94.8,95.6,95.1,95.2,95.3,94.4,93.7,94.1,93.6,93.3,94.1,94,94.1,95.2,95.8,96,96.7,96.6,96.1,95.5,95.4,95,95.3,95.3,95.7,91.8,96.1,0,0,0,0,0,0,0,0,0,0,0,0,0,0,0,0,0,0,0,95.9,1.8]
[8168,"b-pc_PI_B_SG","SUM1",630,994,1012,1365,1306,1370,1523,1692,1662,1843,1912,2063,2149,2434,2451,2518,2643,2760,2661,2740,2968,2879,2992,3195,3009,3386,3364,3463,3576,3688,3583,3731,3533,3733,3396,3311,3516,3610,3450,3452,3274,3569,3487,3407,3525,3524,3456,3466,3397,3310,3217,3122,3039,2750,2560,2261,2157,2073,1981,1584,1686,1484,1285,1187,1084,982,973,972,974,879,774,690,592,488,395,195,198]
[8196]
[8209,"b-PI_C",33,0,0,0,0,0,0,0,0,0,0,0,0,0,0,0,0,0,0,0,0,0,0,0,0,0,0,0,0,0,0,0,0,0,0,0,0,0,0,0,374,459,469,598,625,740,706,828,936,1120,1297,1165,1216,1493,1721,1673,1538,1567,1613,1627,1525,1604,1589,1566,1618,1397,1495,1448,1460,1465,1338,1287,1207,1115,1153,1205,1236,1380,1233,377.1]
[8230,"b-PI_C",54,0,0,0,0,0,0,0,0,0,0,0,0,0,0,0,0,0,0,112,166,196,232,253,303,299,360,465,545,575,611,672,677,758,767,814,865,962,976,935,873,1025,1069,1125,1124,1204,1177,1341,1474,1690,1733,1735,1789,2137,2352,2375,2516,2669,2795,3005,3031,3097,3167,3263,3330,3247,3226,3177,0,0,0,0,0,0,0,0,0,0,1475.3,1042.9]
[8266,"b-PI_C",90,0,0,0,1,0,0,1,0,0,1,0,2,0,2,6,8,2,7,2,8,3,8,10,7,5,4,16,10,4,16,17,0,0,0,0,0,0,0,0,0,0,0,0,0,0,0,0,0,0,0,0,0,0,0,0,0,0,0,0,0,0,0,0,0,0,0,0,0,0,0,0,0,0,0,0,0,0,6.4,4.9]
[8291]
[8310,"b-PI_C_S",34,0,0,0,0,0,0,0,0,0,0,0,0,0,0,0,0,0,0,0,0,0,0,0,0,0,0,0,0,0,0,0,0,0,0,0,0,0,0,446,514,591.8,665.6,763.4,819.6,898.2,977.2,1091,1208.8,1317.2,1410.2,1525,1640,1706.8,1774.2,1834.8,1855.2,1843.6,1834.2,1867.2,1902.8,1919,1942.2,1939.2,1935,1908.6,1892.4,1847.4,1817.6,1752.6,1690.2,1609.2,1559,1547.8,1568.8,1635.4,1724.2,1796,1501.8,453.4]
[8332,"b-PI_C_S",56,0,0,0,0,0,0,0,0,0,0,0,0,0,0,0,0,114,125.3,152.6,180.4,210.2,248.2,273.4,301,343.2,400.4,462.6,529,594.4,635,669,689.6,720,754.2,807.6,851,892.6,905,938.4,961.4,989,1023,1094.6,1123.8,1173.2,1245.6,1351.8,1445.8,1552.2,1644.8,1775.4,1908.6,2051.2,2211.8,2377.6,2488.8,2609.6,2722.4,2835.2,2953.2,3068.4,3128.4,3155.8,3181.7,3093,0,0,0,0,0,0,0,0,0,0,0,0,1325.8,975]
[8344,"b-PI_C_S",68,0,0,0,0,6,8.3,12,18.8,25.8,33,40.4,49.4,56,62.4,71,78.6,84.8,100.2,121.4,134.6,151.2,169.8,182,189.2,211.8,245.2,279.2,310,339,361.2,373.2,387,402.6,422,446,466.8,484.6,491.4,517,541,577.2,618.8,673,681.8,706.4,740,797,871.4,967.6,1040,1151.6,1211,1416,0,0,0,0,0,0,0,0,0,0,0,0,0,0,0,0,0,0,0,0,0,0,0,0,394.4,352]
[8389]
[8412,"b-PI_C_SG",36,0,0,0,0,0,0,0,0,0,0,0,0,0,0,0,0,0,0,0,0,0,0,0,0,0,0,0,0,0,0,0,0,0,0,0,0,0,49.3,108.4,98.2,104.4,97.4,102.8,101.4,99.8,100.1,113.4,108.2,111.8,111,105.5,96.5,97.7,95.3,107.2,120.5,141.3,175.4,192.3,215.1,241.8,254.9,267.5,283.8,283.7,276.3,275.5,261.4,263.8,271.1,284.3,300.2,329.4,357.9,380.3,401.8,418.6,195.1,102.3]
[8422,"b-PI_C_SG",46,0,0,0,0,0,0,0,0,0,0,0,0,0,0,0,0,0,0,0,0,0,0,0,0,0,0,0,10.7,29.6,31,27.4,27.5,22.2,18.8,16.1,18.2,18.9,18.2,16,12.3,0.8,0,0,0,0,0,0,0,8.5,0,9.2,16.3,23.6,24.5,30,29.5,22.1,19.1,22.1,22.6,32.4,47.8,55.4,63.5,48.9,31.1,0,0,0,17.6,26.4,17.5,0,0,0,0,0,24.6,13]
[8446,"b-PI_C_SG",70,0,0,0,0,0.5,0,0,0,0,0,0,0,0,0,0,0,0,0,0,0,0,0,0,0,0,0,0,0,0,0,0,0,0,0,0,0,0,0,0,0,0,0,0,0,0,0,0,0,0,0,0,0,0,0,0,0,0,0,0,0,0,0,0,0,0,0,0,0,0,0,0,0,0,0,0,0,0,0.5,0]
[8479,"b-PI_C_SG","med_0.25",0,49,32.6,31.7,31.5,31.3,30.9,30.8,30.7,30.5,30.4,30.4,30.4,30.4,30.4,30.6,30.7,30.9,0,31,31.2,31.3,31.4,31.5,31.6,31.6,31.6,31.7,31.7,31.9,0,32,32.1,32.2,32.3,32.3,32.3,32.3,0,0,0,0,0,0,0,0,0,0,0]
[8488]
[8526,"b-pc_PI_C_SG",50,0,0,0,0,0,0,0,0,0,0,0,0,0,0,0,0,0,0,0,0,0,0,0,97.5,0,0,0,0,0,99.3,98,98,99.8,0,0,0,99.9,99.2,99.2,99.2,99.1,98.9,99.1,99,98.8,99,99.2,99.1,99.6,99.7,99.5,99.4,99.4,99.3,99.4,99.9,100,99.8,99.5,99,99.8,99.5,99.3,99.1,99.2,99.9,100,99.9,99.7,98.8,97.9,0,0,0,0,0,0,99.2,0.6]
[8545,"b-pc_PI_C_SG",69,0,0,0,0,94.4,0,0,89.4,85.3,81.8,77.7,77.7,78.6,82.1,82.3,85,85.4,86.8,86.5,87.8,89,90.2,90.7,91,92.3,92.4,91.3,90.2,91.1,91,89.3,89.8,90.9,89.5,89.1,90.2,90.4,90.9,92.3,92.8,93.3,93,91.6,91.2,90.6,90.8,91.8,92.8,92.7,93,89.1,84.1,0,0,0,0,0,0,0,0,0,0,0,0,0,0,0,0,0,0,0,0,0,0,0,0,0,88.9,4.2]
[8560,"b-pc_PI_C_SG",84,0,80,57.1,55.6,44.4,50,37.5,66.7,83.3,66.7,71.4,80,90.9,93.1,94.3,97.8,97.7,97.9,96,96.2,91.8,89,90.7,89.5,88.4,87.7,84.9,81.6,81.7,83.7,84.7,87.7,89,91,89.5,92.5,86.7,0,0,0,0,0,0,0,0,0,0,0,0,0,0,0,0,0,0,0,0,0,0,0,0,0,0,0,0,0,0,0,0,0,0,0,0,0,0,0,0,81.9,15.4]
[8578,"b-pc_PI_C_SG","med_0.10",0,0,66.9,66,63.2,63.6,61,63.6,54.5,52.7,48.8,0,53.7,47.7,44.6,41.6,40.5,40.4,40.4,40.3,40.2,40.1,40.8,0,0,26.9,0,0,44.3,43,44.1,42.7,0,43.5,0,0,0,46.3,46.2,46.1,43.2,43,42.7,42.6,42.5,42.4,42.2,42.2,0]
[8617,"b-PI_BT",41,0,0,0,0,0,0,0,0,0,0,0,0,0,0,0,0,0,0,0,0,0,0,0,0,0,0,0,0,0,0,0,166,161,205,194,175,218,194,185,206,220,208,225,270,304,277,320,350,445,416,344,307,297,345,350,260,273,299,314,296,251,241,218,196,192,179,172,165,163,173,146,180,116,142,157,166,185,236.2,75.5]
[8643,"b-PI_BT",67,0,0,0,0,0,4,4,18,13,16,25,33,39,38,38,21,37,33,35,52,62,57,60,70,74,84,79,97,111,119,128,125,137,162,133,130,131,137,124,136,138,126,139,183,210,187,216,221,304,293,280,266,288,293,0,0,0,0,0,0,0,0,0,0,0,0,0,0,0,0,0,0,0,0,0,0,0,116.4,85.6]
[8651,"b-PI_BT",75,0,2,1,1,0,5,1,6,3,0,4,4,7,9,3,7,5,4,2,10,5,9,16,9,14,13,11,18,22,28,44,56,46,61,57,50,55,49,49,55,59,49,49,69,70,64,0,0,0,0,0,0,0,0,0,0,0,0,0,0,0,0,0,0,0,0,0,0,0,0,0,0,0,0,0,0,0,25.6,23.8]
[8676,"b-PI_BT","max_085",0,75.6,73.1,74.7,70.5,73.7,71.3,70.4,69.4,67.1,67.3,66,66.7,65.6,63.7,64.9,63.4,62.1,61.9,61.8,61,60.9,60.7,59.9,60,58.7,58,58,57.4,57.4,57,56.5,55.8,55.4,55.2,54.8,54.1,53.8,53.5,53.1,52.7,52.2,52.2,52.3,52.1,51.9,52.2,51.8,51.8,51.8,52.1,51.8,52.2,51.4,51.3,51.3,51,50.5,50.3,50.1,49.6,49.1,49.1,48.7,48,47.4,47.2,46.7,46.3,45.9,45.1,44.4,44.1,43.2,42.5,41.9,41.3]
[8696]
[8733,"b-PI_BT_S",57,0,0,0,0,0,0,0,0,0,0,0,0,0,0,0,31,48.3,54.2,66.2,70.8,75.4,85.2,91.2,99,107.8,125,140,158.8,174.4,195,204.6,221.4,230,230.8,232.8,231.6,221.6,218,220,215.6,224,234.8,253.4,265.8,292,316.2,353.4,377.4,401,406.8,414.4,409.2,413.2,409.8,413.8,420,427.6,429.6,441.4,442.2,443,432.6,418.7,413,0,0,0,0,0,0,0,0,0,0,0,0,0,261.3,133.3]
[8766,"b-PI_BT_S",90,0.2,0.2,0.2,0.4,0.2,0.4,0.4,0.4,0.2,0.2,0.8,1.6,1.6,1.6,2,1.2,0.6,0.6,0.8,0.6,1,1.2,1.4,1.6,1.8,1.4,1,1.6,1.8,2.3,3,0,0,0,0,0,0,0,0,0,0,0,0,0,0,0,0,0,0,0,0,0,0,0,0,0,0,0,0,0,0,0,0,0,0,0,0,0,0,0,0,0,0,0,0,0,0,1,0.7]
[8788]
[8799]
[8833,"b-PI_BT_SG",57,0,0,0,0,0,0,0,0,0,0,0,0,0,0,0,0,0,0,0.4,0.4,0.4,0,0,0,0,0.2,0.2,0.2,0,0.2,0,0,0,0,0,0,0,0,0,0,0,0,0,0,0,0,0,0,0,0,1.2,0,0,0,0,0,0,0,0,0,0,0,0,0,0,0,0,0,0,0,0,0,0,0,0,0,0,0.4,0.3]
[8856,"b-PI_BT_SG",80,0,0,0,0,0,0,0,0,0,0,0,0,0,0,0,0,0,0,0,0,0,0,0,0,0,0,0,0,0,0,0,0,0,0,0,0,0,0,0,0,0,0,0,0,0,0,0,0,0,0,0,0,0,0,0,0,0,0,0,0,0,0,0,0,0,0,0,0,0,0,0,0,0,0,0,0,0,0,0]
[8867,"b-PI_BT_SG","NUMB",65,65,65,65,65,65,65,65,65,65,65,65,65,65,65,65,65,65,65,65,65,65,65,65,65,65,65,65,65,65,65,65,65,65,65,65,65,65,65,65,65,65,65,65,65,65,65,65,65,65,65,65,65,65,65,65,65,65,65,65,65,65,65,65,65,65,65,65,65,65,65,65,65,65,65,65,65]
[8897]
[8924,"b-pc_PI_BT_SG",48,0,0,0,0,0,0,0,0,0,0,0,0,0,0,0,0,0,0,0,0,0,0,0,0,0,92.2,0,0,0,0,0,0,0,100,0,0,99.8,99.7,99.9,99.4,99.1,98.9,98.8,98.7,99.3,99.4,99.6,99.6,99.6,99.8,98.8,99.9,99.9,99.8,99.6,99.3,99.4,99.8,100,0,99.6,99,99.6,99.7,99.3,99.1,99.1,99.7,99.1,100,99.8,98.8,97.1,0,0,0,0,99.2,1.3]
[8954,"b-pc_PI_BT_SG",78,66.7,75,50,80,90.9,0,90.9,90.9,83.3,69.2,73.3,82.4,80,86.4,92,86.4,94.7,84.3,83.2,91.3,92.9,85.3,84.6,84.1,87.2,89.1,93.9,95,94.1,93.3,91.4,87.9,87.8,87.5,84.8,85.8,88,86.4,86.4,88.8,88.5,82.9,86.4,0,0,0,0,0,0,0,0,0,0,0,0,0,0,0,0,0,0,0,0,0,0,0,0,0,0,0,0,0,0,0,0,0,0,85.3,8.3]
[8955,"b-pc_PI_BT_SG",79,50,66.7,90,75,66.7,80,80,80,90,75,64.3,78.3,93.8,89.5,82.6,73.7,72.2,72.7,76.2,85.7,80.8,82.8,90.9,86.5,85.4,87.8,88.7,90.8,93.7,89.6,90.6,86.2,80,78.3,79.9,80.2,84.1,87.9,88.5,89.3,87.4,78.8,0,0,0,0,0,0,0,0,0,0,0,0,0,0,0,0,0,0,0,0,0,0,0,0,0,0,0,0,0,0,0,0,0,0,0,81.7,8.9]
[8981,"b-pc_PI_BT_SG","med_0.75",0,0,0,0,0,0,0,78.5,0,0,0,0,82.6,82.5,81.3,82,81.2,80.7,80.3,81,80.9,80.6,0,0,82.2,0,82.8,82.4,82.1,81.8,81.4,81.6,80.9,0,79.7,79.3,78.7,71,64.9,62.8,60,59.8,59.4,57,55.7,54,48,45.7,43.5]
[9020,"b-R01",44,0,0,0,0,0,0,0,0,0,0,0,0,0,0,0,0,0,0,0,0,0,0,0,0,0,0,0,0,0,0,0,0,0,0,0,0,0,0,0,0,0,0,308,374,410,377,430,523,640,621,674,642,715,829,756,783,746,768,923,859,899,879,881,876,883,876,829,804,839,863,781,851,750,741,770,749,818,727.6,167]
[9038,"b-R01",62,0,0,0,0,0,0,0,0,0,0,0,0,0,0,0,0,0,0,0,0,0,0,0,0,47,39,48,64,73,69,97,101,121,129,137,154,134,171,162,135,167,164,173,225,231,243,309,319,446,391,372,393,397,466,427,460,447,442,464,0,0,0,0,0,0,0,0,0,0,0,0,0,0,0,0,0,0,234.8,145.9]
[9053,"b-R01",77,0,0,0,0,0,0,0,0,0,0,0,0,0,0,2,1,2,2,3,5,6,4,5,4,12,5,9,15,13,12,18,24,16,20,26,30,31,29,29,18,27,29,24,37,0,0,0,0,0,0,0,0,0,0,0,0,0,0,0,0,0,0,0,0,0,0,0,0,0,0,0,0,0,0,0,0,0,15.3,10.9]
[9095]
[9110,"b-R01_S",34,0,0,0,0,0,0,0,0,0,0,0,0,0,0,0,0,0,0,0,0,0,0,0,0,0,0,0,0,0,0,0,0,0,0,0,0,0,0,0,0,0,0,0,0,0,0,0,0,0,0,81.8,180,260,348.8,434.8,447.2,448.4,454.8,451,441,412.6,368.6,336.8,303.4,266.4,241.6,230.8,214.8,209.4,210,200.2,185.6,178,160.4,152.2,145.2,136,277.8,115.9]
[9140,"b-R01_S",64,0,0,0,0,0,0,0,0,0,0,0,0,0,0,0,0,0,0,0,0,5.4,11.2,18.8,25.8,33.4,39.4,47.8,51,63.4,75.2,82.8,90.6,103.2,111,116.2,121.6,126.2,124.2,128.4,132.2,139.2,155,173.4,185,211.2,233,261.4,288,306.2,320.8,345.8,358.4,360.2,376.2,383.2,369.3,381,0,0,0,0,0,0,0,0,0,0,0,0,0,0,0,0,0,0,0,0,171.8,123.1]
[9143,"b-R01_S",67,0,0,0,0,0,0,0,0,0,0,0,0,0,0,0,0,0,2.6,6,8.6,12,17,21.4,23.8,29.2,37.6,44.4,45.4,55.8,63.2,66.4,71.2,80.8,83.4,83.4,87,90,89.2,96.8,103.4,112.4,126.2,136.4,139.8,158,167,190,216.2,233,241,257.4,258.8,265,289,0,0,0,0,0,0,0,0,0,0,0,0,0,0,0,0,0,0,0,0,0,0,0,108.3,83.2]
[9174,"b-R01_S","max_075",0,0,0,0,0,0,0,0,0,0,0,0,0,0,73,72.5,71.8,71.1,70.5,70,69.4,68.7,68,67.4,66.7,66.1,65.5,64.9,64.3,63.7,62.9,62.3,61.7,61,60.3,59.7,59.1,58.4,57.8,57.2,56.5,55.9,55.2,54.5,54.1,53.5,52.9,52.4,51.8,51.2,50.6,49.9,49.3,48.8,48.3,47.9,47.5,47.2,46.9,46.6,46.3,46.1,45.8,45.5,45.3,45,44.6,44.3,43.9,43.5,43.1,42.6,42.1,41.6,41.2,40.7,40.2]
[9208,"b-R01_SG",32,0,0,0,0,0,0,0,0,0,0,0,0,0,0,0,0,0,0,0,0,0,0,0,0,0,0,0,0,0,0,0,0,0,0,0,0,0,0,0,0,0,0,0,0,0,0,0,0,0,0,0,0,51.2,72,86.7,101.3,119.5,86.8,82,79.8,77.8,70.5,60.1,54.7,49.9,44.3,42.3,40.2,36.8,36.8,37.8,34.6,35.2,33.6,32.4,29.2,27.2,56.9,24.8]
[9233,"b-R01_SG",57,0,0,0,0,0,0,0,0,0,0,0,0,0,0,0,0,0,0,0,0,0,0,0,0,0,0,0,16.2,16.6,16.2,17.8,16.8,2.2,0.4,0,0,0,0,0,0,0,0,0,0,0,0,0,0,0,0,0,0,0,0,0,0,0,0,0,0,0,0,0,0,0,0,0,0,0,0,0,0,0,0,0,0,0,12.3,7]
[9254,"b-R01_SG",78,0,0,0,0,0,0,0,0,0,0,0,0,0,0,0,0,0,0,0,0,0.4,0,0,0,0,0,0,0,0,0,0,0,0,0,0,0,0,0,0,0,0,0,0,0,0,0,0,0,0,0,0,0,0,0,0,0,0,0,0,0,0,0,0,0,0,0,0,0,0,0,0,0,0,0,0,0,0,0.4,0]
[9266,"b-R01_SG",90,0,0,0,0,0,0,0,0,0,0,0,0,0,0,0,0,0,0,0,0,0,0,0,0,0,0,0,0,0,0,0,0,0,0,0,0,0,0,0,0,0,0,0,0,0,0,0,0,0,0,0,0,0,0,0,0,0,0,0,0,0,0,0,0,0,0,0,0,0,0,0,0,0,0,0,0,0,0,0]
[9288]
[9331,"b-pc_R01_SG",55,0,0,0,0,0,0,0,0,0,0,0,0,0,0,0,0,0,0,0,0,0,0,0,0,0,99.4,99.3,0,0,99.6,99.7,99.5,98.8,99.1,98.9,99.1,98.3,98.9,99.3,98.8,98.4,98.7,97.8,96.9,95.6,96.6,96.5,96.1,96.7,98.1,98,98.4,98.7,98.4,97.4,96.7,95.9,94.8,96.2,97.3,96.7,97,98,95.3,95.6,95.4,0,0,0,0,0,0,0,0,0,0,0,97.7,1.4]
[9345,"b-pc_R01_SG",69,0,0,0,0,0,0,0,0,0,0,0,0,0,0,82.7,82.5,83.8,86.4,81.6,83.7,84.1,93.6,93.8,95,89.4,91,90.8,90.7,89.9,92.2,88.3,89.2,88.4,88.8,88,92.3,92,92.3,90.6,88.5,86.8,84.9,84.6,86,88.5,89.7,88.4,89.2,87.9,88.1,85.1,91.3,0,0,0,0,0,0,0,0,0,0,0,0,0,0,0,0,0,0,0,0,0,0,0,0,0,88.4,3.3]
[9364,"b-pc_R01_SG",88,0,0,0,0,0,0,0,0,0,0,0,0,0,0,90.9,85.7,80,83.3,85.7,90,90.7,66.7,25,50,60,60,71.4,55.6,42.9,42.9,33.3,0,83.3,0,0,0,0,0,0,0,0,0,0,0,0,0,0,0,0,0,0,0,0,0,0,0,0,0,0,0,0,0,0,0,0,0,0,0,0,0,0,0,0,0,0,0,0,66.5,20.6]
[9379,"b-pc_R01_SG","med_0.25",0,0,0,0,0,0,0,0,0,0,65.8,65,63.6,62.7,60.5,57.8,54.9,58.6,52.8,50,46.8,45.6,45.5,44.9,44.7,44.5,0,45.8,0,46.3,0,47.6,47.4,46.9,0,0,47.1,47.6,0,47.9,47.7,44.6,44.3,43.7,43.5,43,42.5,42.5,0]
[9421,"b-ra_AL",45,0,0,0,0,0,0,0,0,0,0,0,0,0,0,0,0,0,0,0,0,0,0,0,0,0,0,0,17.4,17.9,20,22.3,21.8,23.3,24.6,27,24.3,27.5,25.3,24.8,25.7,22.2,22.8,20.9,19.9,22.9,21.9,21.6,20.5,21.3,21.2,20.3,20.4,18.5,18.3,18.2,17.7,18.6,19.6,16.7,16.5,15.9,15.6,0,21,3.1]
[9430,"b-ra_AL",54,0,0,0,0,0,0,0,0,0,0,0,0,0,0,0,0,0,0,12.5,12.4,15.1,16.8,14.8,16.7,17.6,16.9,18,18.2,16.7,21.4,20.4,22.9,22.4,20.5,23.4,22.1,21.4,23.7,20.3,22.1,21,20.9,20.2,18.5,19.2,19.3,18.4,18.2,17.7,16.6,16.7,16.6,15,0,0,0,0,0,0,0,0,0,0,18.7,2.9]
[9459,"b-ra_AL",83,0,0,0,0,0,0,0,0,0,0,0,0,0,12.5,7.1,5.6,13.3,12,2.5,9.7,0,0,0,0,0,0,0,0,0,0,0,0,0,0,0,0,0,0,0,0,0,0,0,0,0,0,0,0,0,0,0,0,0,0,0,0,0,0,0,0,0,0,0,9,3.7]
[9487]
[9504,"b-ra_AL_B",28,0,0,0,0,0,0,0,0,0,0,0,0,0,0,0,0,0,0,0,0,0,0,0,0,0,0,0,0,0,0,0,0,0,0,0,0,0,0,0,0,0,0,0,0,26.4,27,28.6,0,0,0,0,0,0,0,0,0,0,0,0,0,0,0,0,27.3,0.9]
[9520,"b-ra_AL_B",44,0,0,0,0,0,0,0,0,0,0,0,0,0,0,0,0,0,0,0,0,0,0,0,0,0,0,0,0,88.8,105.1,95.3,99,101.2,117.3,114.1,109.7,143.4,139,150.8,155.8,138.5,160.8,148,136.7,155.4,152.3,149.8,156.1,151.9,148.7,148.2,155.3,148.6,148.3,123.4,119.9,125.8,143.3,132.5,141.1,135.1,129.4,133.4,134.3,19.6]
[9561,"b-ra_AL_B",85,0,0,0,0,0,0,0,0,0,0,0,0,0,0,0,0,0,0,0,0,0,0,0,0,0,0,0,0,0,0,0,0,0,0,0,0,0,0,0,0,0,0,0,0,0,0,0,0,0,0,0,0,0,0,0,0,0,0,0,0,0,0,0,0,0]
[9577,"b-ra_AL_B","med_0.05",56,37,33.6,31.5,30.8,31,0,30.7,0,31.4,31.5,0,32.3,31.7,0,32.1,31.4,31.8,31.8,31.3,0,31.6,31.7,0,0,0,0,0,0,0,0,0,0,0,0]
[9595]
[9618,"b-ra_AL_C",42,0,0,0,0,0,0,0,0,0,0,0,0,0,0,0,0,0,0,0,0,0,0,0,0,0,0,0,0,0,0,26.3,27,27.1,28.7,32.6,32.1,32.1,34,30.8,30.2,28.4,30.1,29,26.1,27.5,23.4,22.4,22.9,23,23.1,24,23.5,21.3,19.8,20.7,19.2,18.5,19.6,16.6,18.4,17.6,16.5,17.3,24.5,5.1]
[9652,"b-ra_AL_C",76,0,0,0,0,0,0,0,0,0,0,20,15.3,9.6,15.4,16.8,10.6,12,14,10.1,12.6,14.7,13.6,13.9,19.2,11.9,10.3,13.6,12.7,11.2,12.4,8.6,0,0,0,0,0,0,0,0,0,0,0,0,0,0,0,0,0,0,0,0,0,0,0,0,0,0,0,0,0,0,0,0,13.3,2.9]
[9675,"b-ra_AL_C","max_080",0,0,70,69.9,69.2,70,70.7,69.8,70.4,69.1,70.4,69.6,69.8,70.5,69.5,68.3,67.5,67.1,65.5,65.5,64.9,64.3,64.1,63.7,62.1,60.6,60.8,60,58.6,57.9,56.1,55.9,55.6,54.3,53.6,52.7,51.6,50.9,50,49.2,48.3,47.9,47.1,46.3,45.6,45.3,44.9,44.6,44.2,44.3,43.8,43.8,43.5,43.1,42.7,42.7,42,41.1,41.4,40.3,40.1,39.5,38.9]
[9708,"b-ra_PI",32,0,0,0,0,0,0,0,0,0,0,0,0,0,0,0,0,0,0,0,0,0,0,0,0,0,0,0,0,0,0,0,0,0,0,0,0,0,0,0,0,15.4,17.2,15.8,16.6,17.5,18.5,17.1,14.3,14.3,11.3,10.4,9,6.9,8.9,7.1,5.9,7.8,8.6,7.7,7.8,6.2,6.3,5.8,11.1,4.4]
[9709,"b-ra_PI",33,0,0,0,0,0,0,0,0,0,0,0,0,0,0,0,0,0,0,0,0,0,0,0,0,0,0,0,0,0,0,0,0,0,0,0,0,0,0,0,18.1,16.5,19.2,19.3,18.2,19.6,20,17.1,15.4,14.5,11.1,12.1,11,7.9,9.5,9.2,7.8,9.8,10,9,7.6,7,7.4,7,12.7,4.6]
[9741,"b-ra_PI",65,0,0,0,0,0,0,0,4.9,6.5,7.3,9.6,7.7,8.1,8.4,11.3,8.5,14.1,12,11,13.6,13.7,15.1,11.9,12.5,13.6,12.1,15.9,14,14.6,18.5,16,17.3,18.9,16.9,19.7,18.1,18.1,18.4,15.5,16.8,13.3,14.9,0,0,0,0,0,0,0,0,0,0,0,0,0,0,0,0,0,0,0,0,0,13.4,3.9]
[9766,"b-ra_PI",90,0,0,0,0,0,0,0,0,0,0,0,0,0,0,0,0,0,0,0,0,0,0,0,0,0,0,0,0,0,0,0,0,0,0,0,0,0,0,0,0,0,0,0,0,0,0,0,0,0,0,0,0,0,0,0,0,0,0,0,0,0,0,0,0,0]
[9798]
[9811,"b-ra_PI_B",35,0,0,0,0,0,0,0,0,0,0,0,0,0,0,0,0,0,0,0,0,0,0,0,0,0,0,0,0,0,0,0,0,0,0,0,0,0,98.6,112,111.5,113,133.9,130.9,145.1,167.4,147.9,155.4,139.9,135.9,137.7,108.9,125.7,115.8,117.8,129.9,124.5,134.1,122.9,115.7,89.4,84.5,77.7,79.6,121.4,22.3]
[9831,"b-ra_PI_B",55,0,0,0,0,0,0,0,0,0,0,0,0,0,0,0,0,0,48.8,58.9,50.2,64.1,81.3,72.4,92.5,89.8,81.3,96.2,101.7,85.6,108.9,91.8,110.8,99.2,101.2,107.9,103.7,116.3,130.8,122,141.7,123.9,146.4,137.6,123.3,130.1,131.1,144.5,140.6,128.6,132.9,131.4,139.4,0,0,0,0,0,0,0,0,0,0,0,107.6,27.4]
[9868,"b-ra_PI_B","SUM1",0,0,0,0,0,24,75,64,130,260,362,285,453,571,677,565,1071,1115,1105,1187,1554,1933,1761,2137,2246,1914,2689,2717,2702,3281,2953,3337,3416,3476,3657,3584,3966,4265,4384,4674,4122,4999,4851,4556,4842,4762,4509,4381,4154,3939,3699,3791,3410,3307,2913,2660,2704,2470,2258,1918,1696,1545,1450]
[9888]
[9897]
[9925,"b-ra_PI_C",49,0,0,0,0,0,0,0,0,0,0,0,0,0,0,0,0,0,0,0,0,0,0,0,22.3,23.8,23.6,25.6,22.9,25.3,30.4,31.6,34.1,34.7,33.4,38.2,33.2,33.8,32.5,28.9,29.7,27.5,29.9,27.9,28.3,28.8,29.3,26.6,25.7,25.3,24.7,24.7,24.3,24.5,23.8,23.8,23.6,22.5,20.8,0,0,0,0,0,27.6,4.2]
[9954,"b-ra_PI_C",78,0,0,0,0,0,0,0,0,0,0,0,0,10.8,19.7,11.8,9.2,14,14.6,10.1,13.2,13.6,15,17.2,18.3,14.1,10.3,12.2,12.3,10.2,0,0,0,0,0,0,0,0,0,0,0,0,0,0,0,0,0,0,0,0,0,0,0,0,0,0,0,0,0,0,0,0,0,0,13.3,2.9]
[9982,"b-ra_PI_C","med_0.90",69.9,69.8,69.7,0,0,71.7,0,0,72.4,0,0,73.2,0,0,75.7,75.2,0,76.4,0,0,0,79.3,79.3,79.4,77.7,0,76.6,73.9,69.4,60.9,56.8,52.9,49.8,43.9,43]
[9995]
[10016,"b-ra_PI_u1",40,0,0,0,0,0,0,0,0,0,0,0,0,0,0,0,0,0,0,0,0,0,0,0,0,0,0,0,0,0,0,0,0,55.1,54.7,60.7,62,63.2,58.3,50.9,47.9,43.2,44.8,40.5,39.3,42,38.2,45.9,48.6,48,47.3,55.2,57.1,64,61.1,64.6,64.2,62.6,69.4,67.8,62.6,60.5,58.7,66.9,55,9.1]
[10052,"b-ra_PI_u1",76,30.4,31.6,37.9,34.7,35.3,33.9,29.1,37.3,40.2,43.5,49.7,41.9,43.5,47.4,52.6,48.9,48,48.1,46.4,54.9,50.3,55.6,56.7,57.6,62.8,49.1,46.2,51.8,52.3,48.3,40.9,0,0,0,0,0,0,0,0,0,0,0,0,0,0,0,0,0,0,0,0,0,0,0,0,0,0,0,0,0,0,0,0,45.4,8.5]
[10073,"b-ra_PI_u1","SHFT",0,0.2,0.4,0.7,1.1,1.5,1.8,2.2,2.6,3,3.4,3.7,4.1,4.6,5.1,5.2,5.6,5.9,6.2,6.5,7.1,7.6,8.1,8.5,8.8,9,9.4,9.6,9.7,9.9,10,9.9,10.1,10.3,10.5,0,0,0,0,0,0,0,0,0,0,0,0,0,0,0,0,0,0,0,0,0,0,0,0,0,0,0,0]
[10085]
[10118,"b-ra_PI_v1",42,0,0,0,0,0,0,0,0,0,0,0,0,0,0,0,0,0,0,0,0,0,0,0,0,0,0,0,0,0,0,67.1,68.4,72.2,72.8,75.3,72.7,68.3,70.6,66,68.8,65.1,61.3,66,63.3,70,68.7,67.9,69.2,76.4,75.3,80.5,79.2,82.9,81.6,79.6,83.3,81.5,80.5,79.6,78.8,84.6,76.7,83.1,73.9,6.6]
[10142,"b-ra_PI_v1",66,0,0,0,0,0,0,54.2,56.9,58.2,59.7,57.2,57.7,58,56.7,57.8,57,59.5,60.5,59.8,62.4,62,65.6,66.5,67.3,66.8,72.4,72.1,78.1,78,82,84,81.6,83.1,84.3,87.5,85.9,84.2,83.5,80.4,78.1,75.7,0,0,0,0,0,0,0,0,0,0,0,0,0,0,0,0,0,0,0,0,0,0,69.6,11]
[10175]
[10198]
[10208,"b-ra_PI_w1",32,0,0,0,0,0,0,0,0,0,0,0,0,0,0,0,0,0,0,0,0,0,0,0,0,0,0,0,0,0,0,0,0,0,0,0,0,0,0,0,0,0,0,0,0,0,0,0,0,0,0,0,0,0,0,0,0,0,0,0,0,0,0,0,0,0]
[10232,"b-ra_PI_w1",56,0,0,0,0,0,0,0,0,0,0,0,0,0,0,0,0,12.2,16.4,20.2,21.9,22.4,24.3,25.6,25.9,26.3,26.3,26.4,26.4,26.1,26.1,25,24.7,24.4,24.2,24.1,23.8,23.6,23.2,22.9,22.5,21.8,21,20.5,20.3,20,19.3,18.6,18.2,17.4,16.8,16.2,0,0,0,0,0,0,0,0,0,0,0,0,22.1,3.5]
[10265,"b-ra_PI_w1",89,0,0,0,0,0,0,0,0,0,0,0,0,0,0,0,0,0,0,0,0,0,0,0,0,0,0,0,0,0,0,0,0,0,0,0,0,0,0,0,0,0,0,0,0,0,0,0,0,0,0,0,0,0,0,0,0,0,0,0,0,0,0,0,0,0]
[10289]
[10306,"b-ra_PI_u2",30,0,0,0,0,0,0,0,0,0,0,0,0,0,0,0,0,0,0,0,0,0,0,0,0,0,0,0,0,0,0,0,0,0,0,0,0,0,0,0,0,0,0,55.1,54.7,60.7,62,54.8,53.4,45.8,38.6,34.3,33.3,27.5,22.7,20.8,20.6,19.6,19,22.2,20.1,18.9,18.1,15.1,34.2,16.1]
[10323,"b-ra_PI_u2",47,0,0,0,0,0,0,0,0,0,0,0,0,0,0,0,0,0,0,0,0,0,0,0,0,0,78.3,75.2,78.9,78.9,81.8,79.9,90,91,87.8,80.8,83.1,94,100,87.1,83.1,88.5,90.8,91.7,92.8,89.2,93.7,90.7,92.2,89.4,92.9,94.7,97.8,97.7,100,97.1,95,100,100,99.1,96.4,0,0,0,90.3,7.1]
[10363,"b-ra_PI_u2",87,0,0,0,0,0,0,0,0,0,0,0,0,0,0,0,0,0,0,0,0,0,0,0,0,0,0,0,0,0,0,0,0,0,0,0,0,0,0,0,0,0,0,0,0,0,0,0,0,0,0,0,0,0,0,0,0,0,0,0,0,0,0,0,0,0]
[10388]
[10403,"b-ra_PI_v2",27,0,0,0,0,0,0,0,0,0,0,0,0,0,0,0,0,0,0,0,0,0,0,0,0,0,0,0,0,0,0,0,0,0,0,0,0,0,0,0,0,0,0,0,0,0,61,64.5,65.1,60.8,62.9,53.8,52.1,51.1,43.9,36.5,29.5,24.7,22.8,23.1,21.8,23.4,22.9,19.6,41.1,17.2]
[10429,"b-ra_PI_v2",53,0,0,0,0,0,0,0,0,0,0,0,0,0,0,0,0,0,0,0,64.9,65.7,66.3,67.1,68.1,67.6,68.6,69.9,72.7,74.1,79.6,84.8,88.9,90.7,93.8,96.1,97.8,98.2,99.2,99.5,98.3,97.7,98.9,99.2,99.2,97.7,96,94,94.1,93.4,93.3,93,93.9,93.9,94.6,0,0,0,0,0,0,0,0,0,87.2,12.5]
[10460,"b-ra_PI_v2",84,0,0,0,0,0,0,0,0,0,0,0,30.7,36.6,42.5,42.1,43.7,44.4,35.1,27.5,17.9,13.3,39.3,44.5,0,0,0,0,0,0,0,0,0,0,0,0,0,0,0,0,0,0,0,0,0,0,0,0,0,0,0,0,0,0,0,0,0,0,0,0,0,0,0,0,34.8,10.1]
[10462,"b-ra_PI_v2",86,0,0,0,0,0,0,0,0,0,0,0,0,33.4,44.8,33.9,23.8,20.9,14.3,7.2,0,0,0,0,0,0,0,0,0,0,0,0,0,0,0,0,0,0,0,0,0,0,0,0,0,0,0,0,0,0,0,0,0,0,0,0,0,0,0,0,0,0,0,0,25.5,11.9]
[10505,"b-ra_PI_w2",29,0,0,0,0,0,0,0,0,0,0,0,0,0,0,0,0,0,0,0,0,0,0,0,0,0,0,0,0,0,0,0,0,0,0,0,0,0,0,0,0,0,0,0,9,12,15.2,15.8,16.2,15.2,14.4,13.6,11.9,10.3,8.7,7.2,6.3,6.1,5.8,5.7,5.8,5.7,4.8,4.2,9.7,4.1]
[10519,"b-ra_PI_w2",43,0,0,0,0,0,0,0,0,0,0,0,0,0,0,0,0,0,0,0,0,0,0,0,0,0,0,0,0,0,13.6,18.3,23,23.9,24.9,26,27.1,27.6,27.7,27.9,27.4,26.5,26.1,25.3,24.2,23.3,22.7,22.6,22.8,23,23,22.7,22.4,21.7,20.9,20,19.5,19.4,19.3,19.2,18.7,17.8,17.1,16.7,22.4,3.6]
[10539,"b-ra_PI_w2",63,0,0,0,0,0,0,0,0,0,5.3,7,8.4,8.8,9.2,9.8,10.6,11.8,12.4,13.1,13.7,13.9,14.1,14.2,14.5,14.6,14.5,14.8,15.5,15.9,17.3,18.5,19.5,19.6,19.4,19,19.1,18.9,18.9,18.4,17.7,16.4,15.9,15.4,15.1,0,0,0,0,0,0,0,0,0,0,0,0,0,0,0,0,0,0,0,14.6,3.8]
[10576,"b-ra_PI_w2","max_085",72.6,72.2,71.9,72.6,73.4,72.5,73.6,72.8,73.1,73.1,73.5,73.5,72.8,72.3,71.6,70.8,70,69.1,68.1,67.2,66.5,65.9,65.2,64.4,63.3,62.3,61.2,60.1,59,58.1,57.2,56.3,55.5,54.6,53.7,52.8,51.9,51,50,49.2,48.4,47.6,46.7,45.9,45.1,44.4,43.6,43.1,42.8,42.5,42.1,41.9,41.7,41.3,41.1,40.9,40.5,40.1,39.6,39.1,38.8,38.1,37.5]
[10596]
[10617,"b-ra_PI_u3",41,0,0,0,0,0,0,0,0,0,0,0,0,0,0,0,0,0,0,0,0,0,0,0,0,0,0,0,0,0,0,0,76.2,70.5,75.9,77.5,74.4,77.8,80.7,75.8,78.9,81.4,75.7,78.9,81.8,81.1,77.1,79.1,82.3,83.1,86.1,87.6,90.2,90.5,89.2,89.2,92.5,95.2,100,92.1,95.2,95.1,97.4,98.4,84.6,8]
[10642,"b-ra_PI_u3",66,0,0,0,0,0,0,37.8,41.7,44.4,45,46.2,44.5,42.1,44.1,42.8,42.8,46.6,45.4,45,44.7,47.6,47.8,47.8,45.5,46.5,54.3,55.6,54.4,55.1,51.6,57.3,57.2,58.9,59.1,59.1,79.3,77.3,76.4,70.8,72.4,68.7,0,0,0,0,0,0,0,0,0,0,0,0,0,0,0,0,0,0,0,0,0,0,53,11.2]
[10653,"b-ra_PI_u3",77,27.4,40.3,44.2,45.7,48.6,56.7,51.1,58.2,0,57.2,56.1,51.2,49.4,47.2,39,41,37.5,49.5,43.3,40.5,40.5,43.2,44.4,55.6,52.1,50.8,48,40.5,26.9,0,0,0,0,0,0,0,0,0,0,0,0,0,0,0,0,0,0,0,0,0,0,0,0,0,0,0,0,0,0,0,0,0,0,45.9,7.9]
[10675]
[10710,"b-ra_PI_v3",34,0,0,0,0,0,0,0,0,0,0,0,0,0,0,0,0,0,0,0,0,0,0,0,0,0,0,0,0,0,0,0,0,0,0,0,0,0,0,63.4,64.5,65.1,60.8,62.9,55.5,52.9,49.2,43.8,39.7,33.1,31.6,33,37.6,30.9,36.6,44.7,45.9,53.4,53.3,59.7,65.1,62.5,59.5,64.8,50.8,11.9]
[10740,"b-ra_PI_v3",64,0,0,0,0,0,0,0,0,54.2,53.1,54.5,56.2,57.2,55.6,53.4,54.4,53.3,52.6,55.7,54.9,54.4,54.2,59.1,58.7,56.3,57.4,58,61.3,62.2,63.4,65,66,63.5,67.4,66,72.2,76.7,82.7,81.5,81.3,78.8,76.2,74,0,0,0,0,0,0,0,0,0,0,0,0,0,0,0,0,0,0,0,0,62.6,9.4]
[10767,"b-ra_PI_v3","NUMB",65,65,65,65,65,65,65,65,65,65,65,65,65,65,65,65,65,65,65,65,65,65,65,65,65,65,65,65,65,65,65,65,65,65,65,65,65,65,65,65,65,65,65,65,65,65,65,65,65,65,65,65,65,65,65,65,65,65,65,65,65,65,65]
[10773,"b-ra_PI_v3","SHFT",-8,-7,-7,-7,-7,-6,-5,-5,-4,-3,-4,-3,-2,-1,-2,-1,0,0,1,1,2,3,3,3,4,4,5,5,5,4,4,3,3,4,4,0,0,0,0,0,0,0,0,0,0,0,0,0,0,0,0,0,0,0,0,0,0,0,0,0,0,0,0]
[10812,"b-ra_PI_B_u1",36,0,0,0,0,0,0,0,0,0,0,0,0,0,0,0,0,0,0,0,0,0,0,0,0,0,0,0,0,0,0,0,0,0,0,0,0,0,0,0,0,0,0,0,0,0,0,0,0,0,0,48.8,0,39.8,0,68.7,48.8,48.5,40.1,44,42.4,37.2,42.6,45.9,46.1,8.1]
[10830,"b-ra_PI_B_u1",54,0,0,0,0,0,0,0,0,0,0,0,0,0,0,0,0,0,0,94.7,91.6,73.4,87.5,83.3,80.5,77.1,76.7,66.7,66,66.4,83.6,83.3,89,87.1,81.1,79.6,80.8,75.7,86.3,86.4,89.7,87.3,79.2,77.2,75.2,82.4,80,82.8,79.9,80,88.3,84.2,90.5,72.7,0,0,0,0,0,0,0,0,0,0,81.3,6.9]
[10839,"b-ra_PI_B_u1",63,0,0,0,0,0,0,0,0,0,49.6,56.8,61.5,53.4,50.7,58.6,57,55.3,53.6,52.5,50.4,58.3,56.4,56.1,54.9,55.6,48.7,61,57,53,54.1,55.3,56.1,48.2,53.9,53,60.5,64.3,58.3,62.2,62.6,68.7,66,69.3,56.8,0,0,0,0,0,0,0,0,0,0,0,0,0,0,0,0,0,0,0,56.8,5.2]
[10881]
[10896]
[10926,"b-ra_PI_B_v1",50,0,0,0,0,0,0,0,0,0,0,0,0,0,0,0,0,0,0,0,0,0,0,96.5,97.2,91.6,90.8,88.6,91.6,93,91.3,94.6,94.4,94.3,94.7,93.7,97.2,96.3,96.1,97.6,96.9,94,94,93.2,93.9,92.8,93.9,93.8,92.5,94.1,95.6,100,100,100,94.5,91.8,93.4,86.8,0,0,0,0,0,0,94.3,2.9]
[10953,"b-ra_PI_B_v1",77,24.9,27.2,26.2,27.7,27.1,27.9,29.5,33.9,36.5,37.7,33.5,33.6,31.8,30.2,29.7,28.8,31,35.3,36.5,39.2,44.7,41.2,42.5,41.4,42.5,42.7,45.4,39.7,39.9,37.2,0,0,0,0,0,0,0,0,0,0,0,0,0,0,0,0,0,0,0,0,0,0,0,0,0,0,0,0,0,0,0,0,0,34.8,6]
[10960,"b-ra_PI_B_v1",84,0,0,0,0,0,0,0,0,0,0,0,0,0,0,0,0,0,0,0,0,0,0,0,0,0,0,0,0,0,0,0,0,0,0,0,0,0,0,0,0,0,0,0,0,0,0,0,0,0,0,0,0,0,0,0,0,0,0,0,0,0,0,0,0,0]
[10994]
[11017,"b-ra_PI_B_w1",41,0,0,0,0,0,0,0,0,0,0,0,0,0,0,0,0,0,0,0,0,0,0,0,0,0,0,0,0,0,0,0,46.3,65.1,92.5,103.1,115,117.2,119.7,125.4,127.2,131.2,126.2,120,129.8,124.1,131.5,132.1,134,140.2,150.6,148.7,151.5,140.3,146.1,138.8,129.3,130.1,128.9,125.3,123.8,123.9,132.4,131.8,124.4,21.6]
[11027,"b-ra_PI_B_w1",51,0,0,0,0,0,0,0,0,0,0,0,0,0,0,0,0,0,0,0,0,0,66,82.6,102.7,107.1,111.8,122.7,132.4,135.3,145.1,146.4,151.9,155.5,152.8,153.7,150.8,152.5,154,158.7,159.1,161.2,160.1,159.8,158.6,156.8,157.3,151.2,147.7,152,153,155.4,152.3,147,141.7,137.1,135.8,0,0,0,0,0,0,0,141.9,22.3]
[11051,"b-ra_PI_B_w1",75,33.4,35.4,37.3,41.4,42.7,45.9,46.4,47.9,49.6,55.9,58.2,58,54.8,55.1,55.4,55.5,59.7,58.7,62.6,65.1,67.9,69.1,70.1,66.1,70.6,77.3,74.4,69.8,76.8,72,66.7,65.2,0,0,0,0,0,0,0,0,0,0,0,0,0,0,0,0,0,0,0,0,0,0,0,0,0,0,0,0,0,0,0,58.3,12.1]
[11084,"b-ra_PI_B_w1","Age/Bir",1908,1909,1910,1911,1912,1913,1914,1915,1916,1917,1918,1919,1920,1921,1922,1923,1924,1925,1926,1927,1928,1929,1930,1931,1932,1933,1934,1935,1936,1937,1938,1939,1940,1941,1942,1943,1944,1945,1946,1947,1948,1949,1950,1951,1952,1953,1954,1955,1956,1957,1958,1959,1960,1961,1962,1963,1964,1965,1966,1967,1968,1969,1970]
[11117,"b-ra_PI_B_u2",41,0,0,0,0,0,0,0,0,0,0,0,0,0,0,0,0,0,0,0,0,0,0,0,0,0,0,0,0,0,0,0,95.9,93.9,87.1,70.8,74.5,87.5,94.1,93.9,85.9,86.2,98.4,100,94.8,89.9,93.8,96,100,97.6,95.1,96,96.8,100,100,80.4,75.3,86.4,75.8,85.2,77.3,80.6,81.9,78.4,89.1,8.7]
[11131,"b-ra_PI_B_u2",55,0,0,0,0,0,0,0,0,0,0,0,0,0,0,0,0,0,46.6,51,42.7,49.5,55.2,46.5,56.2,55.3,53.6,51.2,58.8,55.6,58.8,53.9,65.7,62.7,62.3,55.8,58.3,68.5,73.1,70.6,71.5,69,81,81.1,76.1,71.1,79.2,80.5,83.8,80.6,81.2,85.2,81.8,0,0,0,0,0,0,0,0,0,0,0,65,12.5]
[11150,"b-ra_PI_B_u2",74,0,0,0,0,0,0,0,0,0,0,0,0,0,0,0,0,0,23.2,31.9,27,29.6,42.7,39,43.2,41.2,36.9,36.4,43,51.4,38.5,42.8,50.5,38.2,0,0,0,0,0,0,0,0,0,0,0,0,0,0,0,0,0,0,0,0,0,0,0,0,0,0,0,0,0,0,38.5,7.5]
[11188]
[11207,"b-ra_PI_B_v2",31,0,0,0,0,0,0,0,0,0,0,0,0,0,0,0,0,0,0,0,0,0,0,0,0,0,0,0,0,0,0,0,0,0,0,0,0,0,0,0,0,0,70.1,76,82.2,84.4,84.2,80.7,78.9,74.6,65.4,62.6,56.9,53.3,51.6,49.6,50.8,55.5,57.3,59.3,62.3,50.2,43.8,35.4,63,13.8]
[11233,"b-ra_PI_B_v2",57,0,0,0,0,0,0,0,0,0,0,0,0,0,0,0,46.1,48.1,44.9,45.2,45.5,46.6,48.4,51,52,52.4,54.4,54.3,56.2,58,60,60.5,60.2,58.7,58.5,59.8,63.4,65.7,69.8,71.8,75.3,76.5,77,76.9,80,80.9,81.7,80,79.5,80.7,75.8,0,0,0,0,0,0,0,0,0,0,0,0,0,62.7,12.5]
[11240,"b-ra_PI_B_v2",64,0,0,0,0,0,0,0,0,27.9,29.6,29.2,27.7,28.1,29.3,30.1,29.2,30.1,31.6,31.7,33.8,36.8,38.8,40.9,42.8,43.6,44.5,45.3,45.7,47.3,49.6,50.2,50.1,50.6,52.3,53.5,56.9,58.9,62.5,64.3,64.3,63.4,64.6,58.7,0,0,0,0,0,0,0,0,0,0,0,0,0,0,0,0,0,0,0,0,44.1,12.4]
[11267,"b-ra_PI_B_v2","NUMB",65,65,65,65,65,65,65,65,65,65,65,65,65,65,65,65,65,65,65,65,65,65,65,65,65,65,65,65,65,65,65,65,65,65,65,65,65,65,65,65,65,65,65,65,65,65,65,65,65,65,65,65,65,65,65,65,65,65,65,65,65,65,65]
[11305,"b-ra_PI_B_w2",29,0,0,0,0,0,0,0,0,0,0,0,0,0,0,0,0,0,0,0,0,0,0,0,0,0,0,0,0,0,0,0,0,0,0,0,0,0,0,0,0,0,0,0,43.3,56.8,84.5,95.4,109.5,108.8,108.9,109.6,94,70.9,86.8,92.8,65.9,59.7,82.2,0,68.1,0,0,50,81.6,21.2]
[11330,"b-ra_PI_B_w2",54,0,0,0,0,0,0,0,0,0,0,0,0,0,0,0,0,0,0,35.7,50.6,64.1,70.2,77.6,84.2,87.2,94.2,96,98.5,100.3,104.1,106.2,107.1,104.9,106.9,109.6,115.8,119.4,126,130.6,135.2,138.3,139,137,137.8,134.9,134.6,134.6,136.2,135.7,139.5,136.1,134.8,130.7,0,0,0,0,0,0,0,0,0,0,111.2,27.3]
[11347,"b-ra_PI_B_w2",71,0,0,0,0,0,0,0,33.1,34.5,40.5,42.9,44.1,47.9,56.5,59.2,58.7,55.4,54.4,53.3,55.5,59.7,61.3,67.4,71.5,68.3,69.2,72.2,69.9,74.3,82.5,83.5,81.7,81,77.9,74.3,76.7,0,0,0,0,0,0,0,0,0,0,0,0,0,0,0,0,0,0,0,0,0,0,0,0,0,0,0,62.3,14.4]
[11363,"b-ra_PI_B_w2",87,0,0,0,0,0,0,0,0,0,0,0,0,0,0,0,0,0,0,0,0,0,0,0,0,0,0,0,0,0,0,0,0,0,0,0,0,0,0,0,0,0,0,0,0,0,0,0,0,0,0,0,0,0,0,0,0,0,0,0,0,0,0,0,0,0]
[11381,"b-ra_PI_B_w2","med_0.75",68.8,0,68.4,0,69.1,0,70.3,69.9,69.7,69.4,0,70.4,70.2,0,71.1,0,71.4,71.8,70.8,0,69.9,69.4,68.3,67.9,53.9,50.8,49.8,48.7,47.7,45.9,44.5,42.7,41.4,0,0]
[11404,"b-ra_PI_B_u3",28,0,0,0,0,0,0,0,0,0,0,0,0,0,0,0,0,0,0,0,0,0,0,0,0,0,0,0,0,0,0,0,0,0,0,0,0,0,0,0,0,0,0,0,0,0,0,0,0,0,0,0,0,0,0,0,0,0,0,0,0,0,0,0,0,0]
[11438,"b-ra_PI_B_u3",62,0,0,0,0,0,0,0,0,0,0,38,39.6,35,37,34.3,38.7,36.2,34.9,36.5,35.7,40.8,40.5,44.2,45.2,47.1,45.1,51.2,48.7,46.5,45.7,45.9,44.9,44.4,50.2,50.4,51.6,52,48.1,49.3,56.2,63.9,55.8,57.7,55.6,57,0,0,0,0,0,0,0,0,0,0,0,0,0,0,0,0,0,0,45.8,7.6]
[11461,"b-ra_PI_B_u3",85,0,0,0,0,0,0,0,0,0,0,0,0,0,0,0,0,0,0,0,0,0,0,0,0,0,0,0,0,0,0,0,0,0,0,0,0,0,0,0,0,0,0,0,0,0,0,0,0,0,0,0,0,0,0,0,0,0,0,0,0,0,0,0,0,0]
[11483]
[11518,"b-ra_PI_B_v3",42,0,0,0,0,0,0,0,0,0,0,0,0,0,0,0,0,0,0,0,0,0,0,0,0,0,0,0,0,0,0,95.2,96.8,93.9,93.9,95.7,97.3,99.1,98.1,98.6,99,97.7,97.8,99.4,99.5,99.4,99,100,100,98.8,99,99,97.6,98.1,97.5,100,97.8,95.4,96,95.2,96,96.6,100,99.9,97.8,1.8]
[11540,"b-ra_PI_B_v3",64,0,0,0,0,0,0,0,0,37.6,37.8,35.4,34.3,32.5,34.4,34.5,32.7,33.1,32.9,34.5,36.4,38.8,42.2,43.9,42.8,46.6,44.5,45.3,45.7,46.3,46.7,48,46.5,48.2,47,48,49.3,52.4,54.8,54.8,54.3,54.8,56.1,53.1,0,0,0,0,0,0,0,0,0,0,0,0,0,0,0,0,0,0,0,0,43.6,7.5]
[11551,"b-ra_PI_B_v3",75,0,0,0,0,0,0,0,0,0,0,0,0,0,34.5,32.7,25.5,29.6,27.7,21.5,28.7,26.6,30.3,0,39.4,0,0,0,0,0,0,39,32.5,0,0,0,0,0,0,0,0,0,0,0,0,0,0,0,0,0,0,0,0,0,0,0,0,0,0,0,0,0,0,0,30.7,5.1]
[11584]
[11597]
[11617,"b-ra_PI_C_u1",41,0,0,0,0,0,0,0,0,0,0,0,0,0,0,0,0,0,0,0,0,0,0,0,0,0,0,0,0,0,0,0,59.1,59.3,59.5,59.8,56,56,51.2,50.9,45.3,47.1,45.1,39.6,45.5,45.5,52.8,48.5,50.7,50.1,57.5,58,64.4,62.4,66.2,63.2,66.2,72,71,71.1,68.4,67.9,74.5,68.7,57.9,9.3]
[11654,"b-ra_PI_C_u1",78,29.4,28.6,31.7,32.6,44.1,40.1,50.1,42.2,42.2,55.3,58.7,47.4,45.6,45,40.7,49.3,44.8,46.6,43.9,46.5,53.2,62.2,59.5,56.3,55.7,45.5,48.8,52.9,47.2,0,0,0,0,0,0,0,0,0,0,0,0,0,0,0,0,0,0,0,0,0,0,0,0,0,0,0,0,0,0,0,0,0,0,46.4,8.5]
[11674,"b-ra_PI_C_u1","OV/100",1884.4,1944.7,2022.2,1969.2,1951.2,1949,1929.2,1914.9,1918.3,1912.8,1985,2002.1,2003.2,2029.6,2075.6,2131.3,2142.9,2133.1,2187.7,2244.8,2270.6,2257.5,2267.4,2254.2,2301.4,2327.7,2391.8,2511.6,2513.4,2498.8,2493.2,2439.4,2419.1,2424.2,2435.9,0,0,0,0,0,0,0,0,0,0,0,0,0,0,0,0,0,0,0,0,0,0,0,0,0,0,0,0]
[11688]
[11715,"b-ra_PI_C_v1",39,0,0,0,0,0,0,0,0,0,0,0,0,0,0,0,0,0,0,0,0,0,0,0,0,0,0,0,0,0,0,0,0,0,59.8,63.6,64.6,63.3,60.6,54.9,50.6,46,40.4,40.3,36.9,32.5,35,33.2,39.2,38.4,39.8,41,48.1,48.2,54.6,52,57.1,54.6,52.6,59.1,57.2,54.3,52.5,51.9,49.4,9.5]
[11745,"b-ra_PI_C_v1",69,0,0,0,46.9,45.7,47.7,50.3,48,51,52.6,51.4,53.1,52.7,53.7,53.7,53.1,54.3,54.3,57.8,57,57.7,58.4,61.7,62.8,65.7,65,66.2,72.3,70,76.3,84.2,88.1,89.9,85.6,87.8,86.4,83.9,83,0,0,0,0,0,0,0,0,0,0,0,0,0,0,0,0,0,0,0,0,0,0,0,0,0,63.7,14.1]
[11772,"b-ra_PI_C_v1","AGEX",40,40,40,40,41,42,43,44,45,46,47,48,49,50,51,52,53,54,54,56,57,58,59,57,58,59,60,48,48,47,47,47,48,49,50,0,0,0,0,0,0,0,0,0,0,0,0,0,0,0,0,0,0,0,0,0,0,0,0,0,0,0,0]
[11781]
[11825,"b-ra_PI_C_w1",49,0,0,0,0,0,0,0,0,0,0,0,0,0,0,0,0,0,0,0,0,0,0,0,19.2,24.9,30.9,31.5,32.3,32.8,33.4,34.4,33.6,33.9,32.7,32,31.6,30.5,29.3,28.3,27.5,27.1,27.5,27.4,27.6,27.4,27.2,26.5,25.8,25.1,24.8,25,24.9,24.5,23.8,23.3,22.5,22.1,21.2,0,0,0,0,0,27.8,4]
[11838,"b-ra_PI_C_w1",62,0,0,0,0,0,0,0,0,0,0,13.2,17,21.1,22.4,22.3,22.8,23.6,23.5,24.4,24.2,25,25.3,24.7,25.9,24.7,26.1,27,27.5,27.4,28.4,28.2,28.8,28.4,28.2,27,25.6,24.8,24.4,23.6,22,21.1,20.4,19.5,18.7,18.3,0,0,0,0,0,0,0,0,0,0,0,0,0,0,0,0,0,0,23.9,3.6]
[11859,"b-ra_PI_C_w1",83,17.4,0,19,15,15.7,16.5,14,13.4,13,12.2,12.9,13,11.6,12.3,12.3,12,12.4,14,11,8.9,7.4,4.8,7.2,9.5,0,0,0,0,0,0,0,0,0,0,0,0,0,0,0,0,0,0,0,0,0,0,0,0,0,0,0,0,0,0,0,0,0,0,0,0,0,0,0,12.4,3.2]
[11895]
[11904,"b-ra_PI_C_u2",28,0,0,0,0,0,0,0,0,0,0,0,0,0,0,0,0,0,0,0,0,0,0,0,0,0,0,0,0,0,0,0,0,0,0,0,0,0,0,0,0,0,0,0,0,57.1,72.6,62.9,61,62.3,50,53.2,48.8,39.2,0,26.4,21,19.9,0,0,19.4,0,0,14.1,43.4,19]
[11928,"b-ra_PI_C_u2",52,0,0,0,0,0,0,0,0,0,0,0,0,0,0,0,0,0,0,0,0,68.3,65.9,64.5,62.4,65.5,70.6,61.7,62,67.1,72.1,77,88.2,90.8,90.9,86.5,92.7,98.4,100,87.8,86.4,90.4,89.4,89.9,88.8,86.1,88.8,90.8,92.5,89.5,91,91.7,90,92.5,92.5,98.6,0,0,0,0,0,0,0,0,83.5,11.8]
[11961,"b-ra_PI_C_u2",85,0,0,0,0,0,0,0,0,0,0,0,0,0,0,0,0,0,0,0,0,0,0,0,0,0,0,0,0,0,0,0,0,0,0,0,0,0,0,0,0,0,0,0,0,0,0,0,0,0,0,0,0,0,0,0,0,0,0,0,0,0,0,0,0,0]
[11985]
[11995]
[12026,"b-ra_PI_C_v2",50,0,0,0,0,0,0,0,0,0,0,0,0,0,0,0,0,0,0,0,0,0,0,70.9,72.5,74,73.4,75.4,76.5,76.6,81.9,87.9,93,95.4,96.7,98,100,99.5,98.6,98.6,97.1,95.5,96.6,96.6,95.6,95.2,95.2,95.6,96.6,98,97.1,96.9,97.7,97.5,96.7,97.7,98.7,100,0,0,0,0,0,0,91.8,9.4]
[12051,"b-ra_PI_C_v2",75,0,0,0,0,36.5,45.3,50.8,54.1,49.3,59.5,59.7,52.8,54.4,54.8,50.6,49,49.5,48.5,48.3,51.2,53.6,54.4,55.9,59.6,61.7,61.9,59.7,57.3,53.9,57.3,59.2,62.4,0,0,0,0,0,0,0,0,0,0,0,0,0,0,0,0,0,0,0,0,0,0,0,0,0,0,0,0,0,0,0,54,5.7]
[12075]
[12092]
[12132,"b-ra_PI_C_w2",56,0,0,0,0,0,0,0,0,0,0,0,0,0,0,0,0,11,14.9,18.8,20,20.2,20.7,21.2,22.2,22.3,22.9,23.7,24.5,24.7,25.9,26.7,27.8,28.1,28.7,29.2,29.8,29.7,29.3,29,27.8,26,25.2,24.6,24.3,23.8,23,22.1,21.1,20.3,19.6,18.8,0,0,0,0,0,0,0,0,0,0,0,0,23.7,4.3]
[12149,"b-ra_PI_C_w2",73,0,0,0,9.2,11.3,13.5,14.9,15.3,16.1,17.6,17.2,18.4,18.5,17.8,18.2,16.6,16.3,16.3,15.4,15.7,16.3,16,15.7,15.8,15.1,15.1,15.6,15.7,15,15.5,15.5,16.1,16.3,17,0,0,0,0,0,0,0,0,0,0,0,0,0,0,0,0,0,0,0,0,0,0,0,0,0,0,0,0,0,15.8,1.8]
[12166,"b-ra_PI_C_w2",90,0,0,0,0,0,0,0,0,0,0,0,0,0,0,0,0,0,0,0,0,0,0,0,0,0,0,0,0,0,0,0,0,0,0,0,0,0,0,0,0,0,0,0,0,0,0,0,0,0,0,0,0,0,0,0,0,0,0,0,0,0,0,0,0,0]
[12182,"b-ra_PI_C_w2","med_0.90",71.9,71.8,71.8,0,0,73.6,0,0,74.4,0,0,75.1,0,0,77.4,77.5,0,0,79.6,0,80.8,80.8,0,0,81.8,0,80,78.6,78.4,63,55.9,52.8,49,43.8,43]
[12211,"b-ra_PI_C_u3",35,0,0,0,0,0,0,0,0,0,0,0,0,0,0,0,0,0,0,0,0,0,0,0,0,0,0,0,0,0,0,0,0,0,0,0,0,0,57.1,72.6,62.9,61,51.9,51.6,41.9,41.7,38.9,30.5,33.4,36.5,25.9,30.8,36.1,43.5,43.1,43,50.3,58,58.3,62.4,58.9,59.7,66.2,72,49.5,13.1]
[12239,"b-ra_PI_C_u3",63,0,0,0,0,0,0,0,0,0,53,58.8,57.4,59,57,54.9,54.6,53.2,51.3,50.1,50.3,49.6,55.3,55.7,54.7,55.6,62.1,51.3,53.6,54,58.8,58.7,62,63.2,61.9,58.9,67.8,93.9,90,89.3,85.4,90.5,92.9,86.6,67.9,0,0,0,0,0,0,0,0,0,0,0,0,0,0,0,0,0,0,0,63.4,13.9]
[12272,"b-ra_PI_C_u3","AGEX",39,40,41,38,39,40,41,42,43,44,45,46,47,48,49,50,51,52,53,54,55,56,57,58,59,60,61,62,63,64,46,47,47,49,48,0,0,0,0,0,0,0,0,0,0,0,0,0,0,0,0,0,0,0,0,0,0,0,0,0,0,0,0]
[12276]
[12277]
[12278]
[12279]
[12280]
[12281]
[12282]
[12283]
[12284]
[12285]
[12286]
[12287]
[12288]
[12289]
[12290]
[12291]
[12292]
[12293]
[12294]
[12295]
[12296]
[12297]
[12298]
[12299]
[12300]
[12301,"b-ra_PI_C_v3","Age/Bir",1908,1909,1910,1911,1912,1913,1914,1915,1916,1917,1918,1919,1920,1921,1922,1923,1924,1925,1926,1927,1928,1929,1930,1931,1932,1933,1934,1935,1936,1937,1938,1939,1940,1941,1942,1943,1944,1945,1946,1947,1948,1949,1950,1951,1952,1953,1954,1955,1956,1957,1958,1959,1960,1961,1962,1963,1964,1965,1966,1967,1968,1969,1970,"MEAN","STDEV","AAMC_FiscalYear_All_tabbed.txt"]
[12302,"b-ra_PI_C_v3",26,0,0,0,0,0,0,0,0,0,0,0,0,0,0,0,0,0,0,0,0,0,0,0,0,0,0,0,0,0,0,0,0,0,0,0,0,0,0,0,0,0,0,0,0,0,0,0,0,0,0,0,0,0,0,0,0,0,0,0,0,0,20.7,0,20.7,0]
[12303,"b-ra_PI_C_v3",27,0,0,0,0,0,0,0,0,0,0,0,0,0,0,0,0,0,0,0,0,0,0,0,0,0,0,0,0,0,0,0,0,0,0,0,0,0,0,0,0,0,0,0,0,0,0,0,0,0,0,0,0,0,0,0,0,0,0,0,0,21.2,19.2,17.2,19.2,1.7]
[12304,"b-ra_PI_C_v3",28,0,0,0,0,0,0,0,0,0,0,0,0,0,0,0,0,0,0,0,0,0,0,0,0,0,0,0,0,0,0,0,0,0,0,0,0,0,0,0,0,0,0,0,0,0,0,0,0,0,0,0,0,0,0,0,22.9,0,0,19.3,20.3,20.4,18.4,17.7,19.8,1.7]
[12305,"b-ra_PI_C_v3",29,0,0,0,0,0,0,0,0,0,0,0,0,0,0,0,0,0,0,0,0,0,0,0,0,0,0,0,0,0,0,0,0,0,0,0,0,0,0,0,0,0,0,0,0,0,0,0,0,0,0,0,43.2,0,28.8,22.6,21.7,19.7,19,20.3,21,20.5,20.3,22.3,23.6,6.7]
[12306,"b-ra_PI_C_v3",30,0,0,0,0,0,0,0,0,0,0,0,0,0,0,0,0,0,0,0,0,0,0,0,0,0,0,0,0,0,0,0,0,0,0,0,0,0,0,0,0,0,0,0,0,0,0,0,0,0,53.5,38.8,0,28.2,22.6,20.8,19.7,20.2,21.6,22.4,22.5,23.8,27.7,26.4,26.8,9.1]
[12307,"b-ra_PI_C_v3",31,0,0,0,0,0,0,0,0,0,0,0,0,0,0,0,0,0,0,0,0,0,0,0,0,0,0,0,0,0,0,0,0,0,0,0,0,0,0,0,0,0,0,0,0,0,0,53.9,57.8,47.5,38,29.2,27.6,23.5,20.7,20.1,21,23.4,24.6,24.7,28.9,33.8,32.9,37,32,11.2]
[12308,"b-ra_PI_C_v3",32,0,0,0,0,0,0,0,0,0,0,0,0,0,0,0,0,0,0,0,0,0,0,0,0,0,0,0,0,0,0,0,0,0,0,0,0,0,0,0,0,0,0,0,0,0,49.5,50,44.3,38.1,31.3,28.9,25,20.9,21.2,23.1,26.4,28.4,29.5,35.1,41.1,39.8,44.3,41.8,34.4,9.3]
[12309,"b-ra_PI_C_v3",33,0,0,0,0,0,0,0,0,0,0,0,0,0,0,0,0,0,0,0,0,0,0,0,0,0,0,0,0,0,0,0,0,0,0,0,0,0,0,0,0,0,64.7,64.1,66.6,51.5,48.5,44.7,39,32.2,30.4,28.3,22.4,23.7,27,32.1,33.4,35,41.8,48.2,47.1,52,49.3,46.7,42.2,12.8]
[12310,"b-ra_PI_C_v3",34,0,0,0,0,0,0,0,0,0,0,0,0,0,0,0,0,0,0,0,0,0,0,0,0,0,0,0,0,0,0,0,0,0,0,0,0,0,0,61,76.3,67.9,62.8,61.1,53.6,49.4,45.6,40.4,33.3,32.5,32.5,24.7,27.2,32.3,38.4,39.8,41,48.1,55.2,54.6,59.7,57.1,54.6,60.6,48.4,13.4]
[12311,"b-ra_PI_C_v3",35,0,0,0,0,0,0,0,0,0,0,0,0,0,0,0,0,0,0,0,0,0,0,0,0,0,0,0,0,0,0,0,0,0,0,0,0,0,59.1,67.8,65.7,63.5,59.4,54.9,50.6,46,45.3,35.7,36.9,39,29.2,33.2,39.2,45.9,46.7,48.2,55.8,62.4,61.4,66.5,64.6,62.3,68.4,74.2,53.1,12.3]
[12312,"b-ra_PI_C_v3",36,0,0,0,0,0,0,0,0,0,0,0,0,0,0,0,0,0,0,0,0,0,0,0,0,0,0,0,0,0,0,0,0,0,0,0,0,58.7,64.1,64.6,63.3,60.8,57,51.7,51.1,52.3,40.3,43.4,46.3,35,40.5,47.3,53.8,54.4,55.4,62.7,68.8,68.2,72.8,71.3,69.8,75.2,80.4,86.3,59.1,12.5]
[12313,"b-ra_PI_C_v3",37,0,0,0,0,0,0,0,0,0,0,0,0,0,0,0,0,0,0,0,0,0,0,0,0,0,0,0,0,0,0,0,0,0,0,0,59.8,63.6,64.9,63.5,60.6,62.4,56.7,58,59.8,46.5,50.9,55.1,42.7,48.9,55.7,62,61.7,62.9,69.8,75.5,74.3,78.1,76.4,75.8,81.2,85.8,90.8,86.1,65.3,12.2]
[12314,"b-ra_PI_C_v3",38,0,0,0,0,0,0,0,0,0,0,0,0,0,0,0,0,0,0,0,0,0,0,0,0,0,0,0,0,0,0,0,0,0,0,59.8,63.9,67.2,64.9,61,67.2,62.6,64.5,67.6,54.5,59.1,63.3,50.8,56.6,63.3,68.4,68.5,69.5,75.8,80.5,79.9,83,81.5,80.8,85.6,89.4,94.1,90.7,94.5,71.3,12]
[12315,"b-ra_PI_C_v3",39,0,0,0,0,0,0,0,0,0,0,0,0,0,0,0,0,0,0,0,0,0,0,0,0,0,0,0,0,0,0,0,0,0,60.8,62.5,68,68.1,65,72.1,68.7,71.7,75.2,62.9,67.6,71.4,59.4,65,70.7,74.7,74.1,75.6,80.8,84.5,84,86.5,85.6,85,89.3,92.4,96.6,94.7,97.6,95.2,76.9,11.4]
[12316,"b-ra_PI_C_v3",40,0,0,0,0,0,0,0,0,0,0,0,0,0,0,0,0,0,0,0,0,0,0,0,0,0,0,0,0,0,0,0,0,64.7,64.8,71.3,70.4,69.6,77.1,74.6,77.7,81.3,71,75.5,78.4,67.8,71.9,76.3,78.8,78.8,79.6,83.9,87.4,87.3,89.1,88.7,88.9,92.4,95.1,98.6,97.3,99,97.8,95,81.6,10.4]
[12317,"b-ra_PI_C_v3",41,0,0,0,0,0,0,0,0,0,0,0,0,0,0,0,0,0,0,0,0,0,0,0,0,0,0,0,0,0,0,0,71.3,69.6,76.6,73.9,73,81.1,79.1,82.1,85,78.9,82.7,84.6,74.9,77.2,80.6,82,81.9,83.3,87.1,90,89.8,90.9,90.4,91,94.2,96.3,99.1,98.6,99.5,99.5,98.1,97.3,85.6,8.9]
[12318,"b-ra_PI_C_v3",42,0,0,0,0,0,0,0,0,0,0,0,0,0,0,0,0,0,0,0,0,0,0,0,0,0,0,0,0,0,0,76.5,76.5,83.8,78.7,77.6,85,82.6,84.3,86.6,84.3,87.2,88.5,80.7,81.8,84,84.8,84.5,85.9,88.9,91,91.4,92,91.9,92.2,94.6,96.3,98.6,99.9,100,100,99.6,99,98.4,88.7,7.3]
[12319,"b-ra_PI_C_v3",43,0,0,0,0,0,0,0,0,0,0,0,0,0,0,0,0,0,0,0,0,0,0,0,0,0,0,0,0,0,82.1,82.6,89.1,85.5,81.7,90.6,85.9,87,88.8,87.8,90,90.8,86.1,86.3,87.6,87.8,87.1,87.6,89.8,91.7,92.2,92.6,92.6,93,95,96.4,98.1,100,98.9,100,100,100,99.4,99.3,91.3,5.6]
[12320,"b-ra_PI_C_v3",44,0,0,0,0,0,0,0,0,0,0,0,0,0,0,0,0,0,0,0,0,0,0,0,0,0,0,0,0,88.2,87.5,93.3,90.5,88,94.4,91,91.9,93.2,89.3,91,91.6,89.5,89.2,89.6,89.6,89.4,89.4,91.6,93.6,92.8,92.7,93.1,93.8,95.7,96.8,98,98.3,96.9,99,99.9,99.8,100,100,99.4,93.4,3.9]
[12321,"b-ra_PI_C_v3",45,0,0,0,0,0,0,0,0,0,0,0,0,0,0,0,0,0,0,0,0,0,0,0,0,0,0,0,94.3,92.8,96.9,94.1,92.6,96.3,95,95.7,96.3,90.8,92.3,92.4,91.2,90.9,91.3,91.3,91.1,91.9,93.9,95,94.3,94.1,93.1,94.1,95.8,96.6,97.7,97.1,96,97.7,98.6,98.7,99.2,98.7,100,0,94.8,2.6]
[12322,"b-ra_PI_C_v3",46,0,0,0,0,0,0,0,0,0,0,0,0,0,0,0,0,0,0,0,0,0,0,0,0,0,0,97.3,97.7,100,97.2,95.1,98.5,96.7,96.6,97,94.7,95.2,95.4,91.5,91.4,91.8,92.1,92.6,93.3,94.8,95.6,95.5,94.8,94.4,94.2,95.6,96.1,97.3,97.1,95.5,95.7,97.5,96.7,97.7,96.8,98.4,0,0,95.7,2]
[12323,"b-ra_PI_C_v3",47,0,0,0,0,0,0,0,0,0,0,0,0,0,0,0,0,0,0,0,0,0,0,0,0,0,99,99.1,100,100,97.8,100,98.6,98.6,98.7,97.1,97.5,97.2,92.3,92,92.6,92.5,93.1,94,95.4,96.3,96.2,95.6,95.2,95.2,96.5,96.8,97.7,96.6,95.2,94.4,96.4,95.8,96.1,94.8,96.4,0,0,0,96.3,2.2]
[12324,"b-ra_PI_C_v3",48,0,0,0,0,0,0,0,0,0,0,0,0,0,0,0,0,0,0,0,0,0,0,0,0,100,100,99.5,99.2,100,99.5,100,100,100,97.5,98,97.8,95,94.8,95.2,95.2,93.4,94.3,95.8,96.6,96.6,96,95.8,95.8,96.8,96.7,97.7,96,94.7,93.8,94.3,94,95,93.3,94.5,0,0,0,0,96.6,2.2]
[12325,"b-ra_PI_C_v3",49,0,0,0,0,0,0,0,0,0,0,0,0,0,0,0,0,0,0,0,0,0,0,0,99.9,99.5,98.4,98.7,99.4,99.5,99.2,98.5,98.1,98.9,99.1,98.8,97.1,96.8,97.4,97.4,96.1,94.4,95.5,95.7,96.7,96,96,96.1,96.8,96.8,97.8,96.9,95.7,93.8,93.1,92.4,93.3,90.8,92.1,0,0,0,0,0,96.7,2.3]
[12326,"b-ra_PI_C_v3",50,0,0,0,0,0,0,0,0,0,0,0,0,0,0,0,0,0,0,0,0,0,0,96.6,98.8,97.2,97.3,99.1,98.3,98.3,97.2,96.8,100,100,100,97.6,97.5,98.3,98.6,98.6,97.1,97.5,97.4,95.7,95,96,96.2,96.7,97.1,98.1,97.2,95.4,93.3,92.6,91.4,91.4,89.3,89.4,0,0,0,0,0,0,96.5,2.7]
[12327,"b-ra_PI_C_v3",51,0,0,0,0,0,0,0,0,0,0,0,0,0,0,0,0,0,0,0,0,0,91.4,95.2,93.7,96,98.1,96.4,96.6,95.5,95,98.1,98.4,98.3,98.7,98.8,99.5,99.1,99.1,98.9,99.2,98.9,97.2,97.2,95.2,96.2,96.5,96.8,97.5,97.3,95.6,93.8,92.4,91.2,90.2,88.6,88,0,0,0,0,0,0,0,96,3]
[12328,"b-ra_PI_C_v3",52,0,0,0,0,0,0,0,0,0,0,0,0,0,0,0,0,0,0,0,0,87.5,90.5,89.2,92.3,96.6,92.6,94.4,93.5,93,97,97.4,96.7,100,100,100,100,99.6,99.4,99.6,99.6,99.2,98.9,97.4,95.6,95.7,96.2,96.9,97.5,95.5,93.3,91.5,90.6,89.7,88.2,87.1,0,0,0,0,0,0,0,0,95.2,4]
[12329,"b-ra_PI_C_v3",53,0,0,0,0,0,0,0,0,0,0,0,0,0,0,0,0,0,0,0,85.9,86.2,84.6,87.5,93.2,85.9,90.1,88.8,87.9,95.6,95.4,94.1,98,97.4,97.7,97.9,100,99.7,100,99.8,99.3,98.9,99.3,98.2,98.2,98.6,98.8,96.8,94.6,93.1,91.9,89.6,88.8,87.8,87,0,0,0,0,0,0,0,0,0,93.9,5.1]
[12330,"b-ra_PI_C_v3",54,0,0,0,0,0,0,0,0,0,0,0,0,0,0,0,0,0,0,82,84.6,83.6,82.1,87.6,79.1,83.3,81.9,81.2,93,92.8,91.2,95.9,95.5,95.8,95.9,97.8,100,99.9,100,99.6,99.2,99.1,100,100,100,100,95.4,92.8,92.7,91,89.6,87.7,87.1,87.4,0,0,0,0,0,0,0,0,0,0,92.1,6.7]
[12331,"b-ra_PI_C_v3",55,0,0,0,0,0,0,0,0,0,0,0,0,0,0,0,0,0,77.6,81.3,80.2,80.5,81.3,76.5,76.6,75.4,74.4,88,87,85.7,93.3,92.2,92.2,91.6,95.1,97.1,97,97.3,100,100,99.5,100,99.9,99.2,98.6,96.7,94.8,91.3,90.5,88.7,88,87.1,86.5,0,0,0,0,0,0,0,0,0,0,0,89.7,8.1]
[12332,"b-ra_PI_C_v3",56,0,0,0,0,0,0,0,0,0,0,0,0,0,0,0,0,74.8,77.2,76.8,77,79.2,73,74.1,72.8,71.7,81,80.1,79.2,90.1,89,88.3,88.1,91.4,94.7,95,95.2,97.5,97.5,100,99.7,99.4,98.4,97.8,97.6,95.6,89.8,89.9,88.1,86.9,85.7,85.9,0,0,0,0,0,0,0,0,0,0,0,0,87.4,9]
[12333,"b-ra_PI_C_v3",57,0,0,0,0,0,0,0,0,0,0,0,0,0,0,0,73.3,74.3,74,73.4,75.4,69.3,70.5,68.8,67.8,73.8,73,72.4,84.6,83.4,83.2,82.8,87.7,91,91.2,91.1,94.7,95.2,97.4,99.7,99.2,97.5,97.2,96.1,94.7,92.2,88.6,87.4,86.2,84.6,85.7,0,0,0,0,0,0,0,0,0,0,0,0,0,84.5,10]
[12334,"b-ra_PI_C_v3",58,0,0,0,0,0,0,0,0,0,0,0,0,0,0,70.9,72.5,72,70.7,71.4,67,67.1,65.4,64.3,71.2,70.5,70.2,78.1,77.3,76.9,76.6,82.7,87.4,87.3,86.7,90.9,91.1,95,96.3,95.6,93.9,93.9,96,95.2,92.9,87.4,86.6,85.9,83.4,84.1,0,0,0,0,0,0,0,0,0,0,0,0,0,0,81.6,10.3]
[12335,"b-ra_PI_C_v3",59,0,0,0,0,0,0,0,0,0,0,0,0,0,69.6,69.4,68.4,69.2,68.7,65.6,64.7,63.1,61.9,67.6,66.9,66.5,71.5,70.5,70.4,70.2,76.1,82.1,81.6,80.5,86.1,86.4,91.3,93.8,92.8,91.3,91.7,95.9,95.7,92.2,89.5,84.8,84.2,81.4,79.8,0,0,0,0,0,0,0,0,0,0,0,0,0,0,0,78.3,10.7]
[12336,"b-ra_PI_C_v3",60,0,0,0,0,0,0,0,0,0,0,0,0,68.1,67.6,66.9,66.4,67.5,62.7,63.3,61.7,60.7,64.1,63.9,63.1,69.2,68.6,68.6,68.4,69.3,75.2,74.6,74.1,80.2,80.4,86.3,89.8,88.9,87.3,88,93.3,93.6,93,90.7,87,81.9,80,79.8,0,0,0,0,0,0,0,0,0,0,0,0,0,0,0,0,75.5,10.6]
[12337,"b-ra_PI_C_v3",61,0,0,0,0,0,0,0,0,0,0,0,67.4,66.5,65.1,64.5,64.4,60.8,60.3,59,57.7,61.9,61.5,60.4,66,65.3,65.5,65.5,66.9,68,67.4,67,73.9,73.9,80.3,85.2,84.2,82.2,82.7,92.2,92.2,93.8,89.9,87.9,84.2,81.3,78,0,0,0,0,0,0,0,0,0,0,0,0,0,0,0,0,0,72.7,10.9]
[12338,"b-ra_PI_C_v3",62,0,0,0,0,0,0,0,0,0,0,64.6,65.7,63.7,63.1,62.6,59.3,58.7,57.3,56.2,60.8,59.8,58.7,62.6,62,62,61.6,63.6,65.4,64.7,64.3,67.4,67.4,74.3,79.4,78.3,76,76.3,89,88.1,91.9,90.9,87.2,84.7,81.5,79.5,0,0,0,0,0,0,0,0,0,0,0,0,0,0,0,0,0,0,70,10.8]
[12339,"b-ra_PI_C_v3",63,0,0,0,0,0,0,0,0,0,60.7,62.8,60.9,61.8,61.1,58,57.2,55.9,54.9,57.5,56.3,55.3,59.8,59.4,59.4,59,59.3,61.8,61.5,61.7,64.9,65.7,67.4,73.6,72.3,70,70.5,84.2,83.2,89.9,91.3,87.6,83.8,80.9,77.9,0,0,0,0,0,0,0,0,0,0,0,0,0,0,0,0,0,0,0,67.1,10.8]
[12340,"b-ra_PI_C_v3",64,0,0,0,0,0,0,0,0,56.5,59.3,57.3,58.7,59.6,54.8,55.7,54.3,53.1,55.8,54.8,53.7,58.3,58,57.9,57.8,57,57.7,58.4,59.7,62.8,63.5,65,66.2,64.4,62.4,62.6,78.3,77,85.6,88.3,87.8,84.6,83.9,83,0,0,0,0,0,0,0,0,0,0,0,0,0,0,0,0,0,0,0,0,64.4,11]
[12341,"b-ra_PI_C_v3",65,0,0,0,0,0,0,0,52.3,54.8,52.6,54.9,56.3,51,52.6,51.4,50.2,54.6,53.7,52.7,54.8,54.3,54.3,54.6,56.5,56.1,57.4,58.5,60.5,60.6,62.1,62.8,61.6,60.4,61.3,73.1,71.3,80.9,85.6,85.7,86.4,85.5,85.5,0,0,0,0,0,0,0,0,0,0,0,0,0,0,0,0,0,0,0,0,0,61.9,11.6]
[12342,"b-ra_PI_C_v3",66,0,0,0,0,0,0,48.7,50.4,47.7,50.3,52.5,46.8,49.2,47.9,46.9,52.7,52.1,51.4,53.1,53,53.5,54,54,56.1,57.6,59.1,58.5,59,59.3,60.6,59.7,59.3,60.4,64.7,62.9,74.6,81.4,82.6,84.3,83.2,86.9,0,0,0,0,0,0,0,0,0,0,0,0,0,0,0,0,0,0,0,0,0,0,59.3,11.5]
[12343,"b-ra_PI_C_v3",67,0,0,0,0,0,46.9,45.7,43.5,45.3,48,41.9,45.2,44.4,43.8,49.8,50.1,49.7,53,53.2,53.9,55.2,53.8,53.6,55.3,56.1,58.5,59.3,57.4,58.2,57.7,58,60,63.3,63.2,68.1,76.5,78,81.2,79.5,83.6,0,0,0,0,0,0,0,0,0,0,0,0,0,0,0,0,0,0,0,0,0,0,0,56.9,11.2]
[12344,"b-ra_PI_C_v3",68,0,0,0,0,44.9,44.4,41.8,41,43.1,38.1,40.7,40.5,40.4,47.1,48,48.3,52.3,52.8,53.6,55.4,55.7,53.4,54.3,55.7,55.9,56.5,57.5,55.9,56.2,57.9,59,62.6,61.8,61.1,70,72.5,76.5,73.6,79.7,0,0,0,0,0,0,0,0,0,0,0,0,0,0,0,0,0,0,0,0,0,0,0,0,54.5,10.6]
[12345,"b-ra_PI_C_v3",69,0,0,0,42.5,41.8,39.4,39.3,38.9,37.6,38.1,38.9,39.1,44.4,45.5,46.3,51.5,51.9,52.5,53.6,55.3,54.5,56.3,56.4,55.1,54.9,54.9,56.7,58.3,58.6,59.6,61.7,61.9,60.9,64.3,66.4,71,65.9,69.3,0,0,0,0,0,0,0,0,0,0,0,0,0,0,0,0,0,0,0,0,0,0,0,0,0,52.7,9.7]
[12346,"b-ra_PI_C_v3",70,0,0,41.7,39.9,37.2,37,37.6,36.4,38.6,38.8,39.2,40.9,41.9,42.8,51,51.3,52.8,56.8,54.5,54.7,56.2,54.9,54.5,55.1,54.9,55.7,55.3,55.9,56.6,61.7,61.7,59.7,57.5,60,64.4,59.2,62.4,0,0,0,0,0,0,0,0,0,0,0,0,0,0,0,0,0,0,0,0,0,0,0,0,0,0,50.8,8.8]
[12347,"b-ra_PI_C_v3",71,0,38.5,38.6,36.8,35.8,35.8,35.2,36.8,37.1,38.2,39.4,39.8,42,49.8,50.7,53.5,57.4,56.1,53.9,54.1,51.7,52.6,51.8,53.9,54.3,54.4,55.1,55.2,63,62.6,60.2,57.3,53.9,57.3,54.7,55.7,0,0,0,0,0,0,0,0,0,0,0,0,0,0,0,0,0,0,0,0,0,0,0,0,0,0,0,49.2,8.7]
[12348,"b-ra_PI_C_v3",72,33.4,36.5,35.2,36.2,35.3,35.6,35.8,35.9,37.4,39.5,40.3,43.8,46.9,48.9,51.5,55.5,56.3,54.6,54.1,51.6,49.1,48.3,51.2,53.6,53.2,53.5,52,59.7,59.2,59.6,56.1,55.3,52.6,50.7,52.4,0,0,0,0,0,0,0,0,0,0,0,0,0,0,0,0,0,0,0,0,0,0,0,0,0,0,0,0,47.7,8.3]
[12349,"b-ra_PI_C_v3",73,31.5,30.7,35.1,35.5,35.5,36.1,36.7,39.5,38.2,40.1,44.3,48,51.1,53.1,57.6,53.8,53.9,52.9,49.5,48.5,47.4,47.7,51,51.1,50.1,50,58.1,60.3,59.9,55.4,54.4,53.6,49.8,49.5,0,0,0,0,0,0,0,0,0,0,0,0,0,0,0,0,0,0,0,0,0,0,0,0,0,0,0,0,0,47.4,8.3]
[12350,"b-ra_PI_C_v3",74,28.7,31.6,35.1,32.4,36.2,38.9,42,39.7,43.8,46.8,51,53.7,55.6,60.3,54.1,51.1,49,46,45.9,45.9,48.4,48.4,47.5,47.7,48.2,56.1,60.1,58.4,54.6,53.5,52.1,45.2,51.4,0,0,0,0,0,0,0,0,0,0,0,0,0,0,0,0,0,0,0,0,0,0,0,0,0,0,0,0,0,0,47.3,8]
[12351,"b-ra_PI_C_v3",75,30.1,32.3,32.8,34.6,37.6,41,43.2,47,49.2,51.9,55.2,54,54.4,54.8,50.6,47.9,45.2,43.8,42.9,46,47.6,48.5,48.3,48.7,53.8,56.6,56.6,55.5,52.9,49.6,42.2,47.5,0,0,0,0,0,0,0,0,0,0,0,0,0,0,0,0,0,0,0,0,0,0,0,0,0,0,0,0,0,0,0,46.9,7.2]
[12352,"b-ra_PI_C_v3",76,31,33,34.9,38.9,42.5,44.4,49.7,50.6,53.4,56.2,52.8,53.2,52.7,50.3,47.4,45.2,42.9,43.7,43.4,45.2,45.7,46.7,47.9,49.9,56.4,51.4,52.2,50.1,46.5,39.4,47.5,0,0,0,0,0,0,0,0,0,0,0,0,0,0,0,0,0,0,0,0,0,0,0,0,0,0,0,0,0,0,0,0,46.6,6.2]
[12353,"b-ra_PI_C_v3",77,33.4,35.9,41.4,44.9,44.9,50.2,49.3,57.9,59.7,55.2,54.6,51.3,47.8,45.2,43.4,43.2,43.6,43.8,40.9,45.2,47.1,49.6,49.6,57.2,45,46,39,37.9,37.3,43,0,0,0,0,0,0,0,0,0,0,0,0,0,0,0,0,0,0,0,0,0,0,0,0,0,0,0,0,0,0,0,0,0,46.1,6.4]
[12354,"b-ra_PI_C_v3",78,38.2,44.1,45.3,49.3,54.1,49.8,59.5,58.6,53.7,49.8,53.5,46.2,44.5,42.3,40.8,40.9,44.4,41.2,45.8,49.3,50.9,47.7,53.6,42.7,40.1,31.6,26.1,32.7,44.5,0,0,0,0,0,0,0,0,0,0,0,0,0,0,0,0,0,0,0,0,0,0,0,0,0,0,0,0,0,0,0,0,0,0,45.6,7.5]
[12355,"b-ra_PI_C_v3",79,36.5,38.4,50.8,48.2,44.2,54.7,56.8,46.7,39.6,55.1,51,48.1,43.9,40.3,38.3,39,39.3,46.1,53.2,53.6,47.6,46.7,37.5,37.1,27.4,21.4,38.5,44.5,0,0,0,0,0,0,0,0,0,0,0,0,0,0,0,0,0,0,0,0,0,0,0,0,0,0,0,0,0,0,0,0,0,0,0,43.7,8.1]
[12356,"b-ra_PI_C_v3",80,0,0,0,0,0,0,0,0,0,0,0,0,38.9,0,35.4,33.8,39.5,0,0,42.2,0,31.8,31.6,19.3,14.5,0,0,0,0,0,0,0,0,0,0,0,0,0,0,0,0,0,0,0,0,0,0,0,0,0,0,0,0,0,0,0,0,0,0,0,0,0,0,31.9,8.7]
[12357,"b-ra_PI_C_v3",81,0,0,0,0,0,0,0,0,0,0,0,0,0,0,28.3,0,0,0,0,0,26.2,24.2,12.7,5,0,0,0,0,0,0,0,0,0,0,0,0,0,0,0,0,0,0,0,0,0,0,0,0,0,0,0,0,0,0,0,0,0,0,0,0,0,0,0,19.3,8.9]
[12358,"b-ra_PI_C_v3",82,0,0,0,0,0,0,0,0,0,0,0,0,0,0,0,0,0,0,0,0,23,14.3,2.9,0,0,0,0,0,0,0,0,0,0,0,0,0,0,0,0,0,0,0,0,0,0,0,0,0,0,0,0,0,0,0,0,0,0,0,0,0,0,0,0,13.4,8.2]
[12359,"b-ra_PI_C_v3",83,0,0,0,0,0,0,0,0,0,0,0,0,0,0,0,0,0,0,0,0,0,0,0,0,0,0,0,0,0,0,0,0,0,0,0,0,0,0,0,0,0,0,0,0,0,0,0,0,0,0,0,0,0,0,0,0,0,0,0,0,0,0,0,0,0]
[12360,"b-ra_PI_C_v3",84,0,0,0,0,0,0,0,0,0,0,0,0,0,0,0,0,0,0,0,0,0,0,0,0,0,0,0,0,0,0,0,0,0,0,0,0,0,0,0,0,0,0,0,0,0,0,0,0,0,0,0,0,0,0,0,0,0,0,0,0,0,0,0,0,0]
[12361,"b-ra_PI_C_v3",85,0,0,0,0,0,0,0,0,0,0,0,0,0,0,0,0,0,0,0,0,0,0,0,0,0,0,0,0,0,0,0,0,0,0,0,0,0,0,0,0,0,0,0,0,0,0,0,0,0,0,0,0,0,0,0,0,0,0,0,0,0,0,0,0,0]
[12362,"b-ra_PI_C_v3",86,0,0,0,0,0,0,0,0,0,0,0,0,0,0,0,0,0,0,0,0,0,0,0,0,0,0,0,0,0,0,0,0,0,0,0,0,0,0,0,0,0,0,0,0,0,0,0,0,0,0,0,0,0,0,0,0,0,0,0,0,0,0,0,0,0]
[12363,"b-ra_PI_C_v3",87,0,0,0,0,0,0,0,0,0,0,0,0,0,0,0,0,0,0,0,0,0,0,0,0,0,0,0,0,0,0,0,0,0,0,0,0,0,0,0,0,0,0,0,0,0,0,0,0,0,0,0,0,0,0,0,0,0,0,0,0,0,0,0,0,0]
[12364,"b-ra_PI_C_v3",88,0,0,0,0,0,0,0,0,0,0,0,0,0,0,0,0,0,0,0,0,0,0,0,0,0,0,0,0,0,0,0,0,0,0,0,0,0,0,0,0,0,0,0,0,0,0,0,0,0,0,0,0,0,0,0,0,0,0,0,0,0,0,0,0,0]
[12365,"b-ra_PI_C_v3",89,0,0,0,0,0,0,0,0,0,0,0,0,0,0,0,0,0,0,0,0,0,0,0,0,0,0,0,0,0,0,0,0,0,0,0,0,0,0,0,0,0,0,0,0,0,0,0,0,0,0,0,0,0,0,0,0,0,0,0,0,0,0,0,0,0]
[12366,"b-ra_PI_C_v3",90,0,0,0,0,0,0,0,0,0,0,0,0,0,0,0,0,0,0,0,0,0,0,0,0,0,0,0,0,0,0,0,0,0,0,0,0,0,0,0,0,0,0,0,0,0,0,0,0,0,0,0,0,0,0,0,0,0,0,0,0,0,0,0,0,0]
[12367,"b-ra_PI_C_v3","NUMB",65,65,65,65,65,65,65,65,65,65,65,65,65,65,65,65,65,65,65,65,65,65,65,65,65,65,65,65,65,65,65,65,65,65,65,65,65,65,65,65,65,65,65,65,65,65,65,65,65,65,65,65,65,65,65,65,65,65,65,65,65,65,65]
[12368,"b-ra_PI_C_v3","SUM1",262,320,391,439,490,554,621,675,735,818,894,959,1069,1105,1239,1283,1371,1407,1491,1633,1726,1836,1924,2020,2107,2203,2345,2481,2555,2612,2665,2713,2753,2796,2860,2927,2975,3009,3039,2985,2882,2827,2702,2577,2443,2379,2334,2241,2143,2101,1999,1926,1838,1792,1720,1682,1600,1541,1499,1431,1376,1309,1195]
[12369,"b-ra_PI_C_v3","SUM55",0,0,0,0,0,0,0,0,0,0,0,0,0,0,0,0,0,0,82,170,257,348,456,556,658,757,854,959,1055,1135,1222,1303,1373,1436,1505,1578,1642,1705,1777,1791,1773,1817,1795,1773,1744,1777,1819,1813,1799,1842,1826,1839,1838,1792,1720,1682,1600,1541,1499,1431,1376,1309,1195]
[12370,"b-ra_PI_C_v3","SDEV",10.8,12.4,14.3,15.1,16,17.3,18.6,19.3,20.2,21.5,22.6,23.4,24.3,25.1,25.7,26.5,27.4,28.1,29,29.9,30.4,31,32.5,33.9,34.9,36.1,37.2,38,38.9,39.5,40.1,40.7,41.1,41.6,42.2,42.9,43.3,43.8,44.2,44.6,44.5,43.9,43.4,42.9,42.3,41.6,41.2,41,40.8,40.5,40.1,39.9,39.5,39,38.7,38.4,38.3,38,37.5,37,36.2,35.2,34]
[12371,"b-ra_PI_C_v3","VMAX",19.4,25.2,30.9,32.4,33,34.1,35.2,36,36,35.8,35.4,34.9,34.5,33.6,32.1,31.6,30.8,30.2,30,29.8,29.8,29.6,29.2,28.3,27.1,26.1,25.1,25,24.9,24.5,24.1,23.3,22.7,22.1,21.4,0,0,0,0,0,0,0,0,0,0,0,0,0,0,0,0,0,0,0,0,0,0,0,0,0,0,0,0]
[12372,"b-ra_PI_C_v3","AGEX",40,40,40,40,41,42,43,44,45,46,47,48,49,50,51,52,53,54,54,56,57,58,59,57,58,59,60,48,48,47,47,47,48,49,50,0,0,0,0,0,0,0,0,0,0,0,0,0,0,0,0,0,0,0,0,0,0,0,0,0,0,0,0]
[12373,"b-ra_PI_C_v3","SHFT",-8,-8,-7,-7,-7,-5,-5,-4,-3,-4,-3,-2,-3,-2,-1,0,0,0,1,2,2,3,3,3,4,5,6,5,6,5,4,4,4,5,5,0,0,0,0,0,0,0,0,0,0,0,0,0,0,0,0,0,0,0,0,0,0,0,0,0,0,0,0]
[12374,"b-ra_PI_C_v3","OV/100",2271.7,2316.7,2351,2333.6,2346.8,2351.6,2346.4,2352.6,2364.8,2375.7,2420.2,2429.7,2444.6,2469.3,2505.3,2543.5,2572.4,2592.8,2637.4,2665.2,2682.5,2701.6,2722.1,2739.8,2783.5,2813,2865.8,2892.4,2905.5,2852.3,2796.9,2747,2719.8,2709.2,2748,0,0,0,0,0,0,0,0,0,0,0,0,0,0,0,0,0,0,0,0,0,0,0,0,0,0,0,0]
[12375]
[12376]
[12377]
[12378]
[12379]
[12380]
[12381]
[12382]
[12383]
[12384]
[12385]
[12386]
[12387]
[12388]
[12389]
[12390]
[12391]
[12392]
[12393]
[12394]
[12395]
[12396]
[12397]
[12398]
[12399]
[12400]

{"sheet":"Tab218Fix","index":15,"n_rows":49,"n_cols":18,"rows_kept":49,"merged":[[0,0,1,0],[0,1,0,3],[0,4,0,6],[0,8,1,8],[0,9,0,11],[0,12,0,14],[0,15,0,17]]}
["FY","R01EquivalentGrants1",null,null,"ResearchProjectGrants2",{"$nulls":3},"FY","R01EquivalentGrants1",null,null,"ResearchProjectGrants2",null,null,"non-R01 Equi Grants"]
[null,"NumberofApplicationsReviewed","NumberofApplicationsAwarded","SuccessRate³","NumberofApplicationsReviewed","NumberofApplicationsAwarded","SuccessRate³",null,null,"NumberofApplicationsReviewed","NumberofApplicationsAwarded","SuccessRate³","NumberofApplicationsReviewed","NumberofApplicationsAwarded","SuccessRate³","NumberofApplicationsReviewed","NumberofApplicationsAwarded","SuccessRate³"]
[1970,{"v":8502,"d":"8,502"},{"v":2879,"d":"2,879"},{"$f":"C3/B3","v":{"v":0.3386262055986827,"d":"33.9%"}},"         9,199","         3,264",{"v":0.355,"d":"35.5%"},{"$f":"K3/J3","v":{"v":0.3386262055986827,"d":"0.339"}},1970,8502,2879,{"$f":"K3/J3","v":{"v":0.3386262055986827,"d":"0.339"}},9199,3264,{"$f":"N3/M3","v":{"v":0.35482117621480597,"d":"0.355"}},{"$f":"M3-J3","v":697},{"$f":"N3-K3","v":385},{"$f":"Q3/P3","v":{"v":0.5523672883787661,"d":"0.552"}}]
[1971,{"v":8518,"d":"8,518"},{"v":3005,"d":"3,005"},{"v":0.3527823432730688,"d":"35.3%"},"         9,227","         3,338",{"v":0.362,"d":"36.2%"},{"$f":"K4/J4","v":{"v":0.3527823432730688,"d":"0.353"}},1971,8518,3005,{"$f":"K4/J4","v":{"v":0.3527823432730688,"d":"0.353"}},9227,3338,{"$f":"N4/M4","v":{"v":0.3617643871247426,"d":"0.362"}},{"$f":"M4-J4","v":709},{"$f":"N4-K4","v":333},{"$f":"Q4/P4","v":{"v":0.4696755994358251,"d":"0.470"}}]
[1972,{"v":9766,"d":"9,766"},{"v":3956,"d":"3,956"},{"v":0.4050788449723531,"d":"40.5%"},"       10,661","         4,350",{"v":0.408,"d":"40.8%"},{"v":0.4050788449723531,"d":"0.405"},1972,9766,3956,{"v":0.4050788449723531,"d":"0.405"},10661,4350,{"v":0.408029265547322,"d":"0.408"},895,394,{"v":0.4402234636871508,"d":"0.440"}]
[1973,{"v":10618,"d":"10,618"},{"v":2886,"d":"2,886"},{"v":0.27180259935957807,"d":"27.2%"},"       11,426","         3,154",{"v":0.276,"d":"27.6%"},{"v":0.27180259935957807,"d":"0.272"},1973,10618,2886,{"v":0.27180259935957807,"d":"0.272"},11426,3154,{"v":0.2760371083493786,"d":"0.276"},808,268,{"v":0.3316831683168317,"d":"0.332"}]
[1974,{"v":11568,"d":"11,568"},{"v":5131,"d":"5,131"},{"v":0.44355117565698476,"d":"44.4%"},"       12,447","         5,534",{"v":0.445,"d":"44.5%"},{"v":0.44355117565698476,"d":"0.444"},1974,11568,5131,{"v":0.44355117565698476,"d":"0.444"},12447,5534,{"v":0.4446051257331084,"d":"0.445"},879,403,{"v":0.45847554038680316,"d":"0.458"}]
[1975,{"v":11524,"d":"11,524"},{"v":5046,"d":"5,046"},{"v":0.43786879555709823,"d":"43.8%"},"       12,187","         5,305",{"v":0.435,"d":"43.5%"},{"v":0.43786879555709823,"d":"0.438"},1975,11524,5046,{"v":0.43786879555709823,"d":"0.438"},12187,5305,{"v":0.43529990973988675,"d":"0.435"},663,259,{"v":0.39064856711915535,"d":"0.391"}]
[1976,{"v":11556,"d":"11,556"},{"v":3848,"d":"3,848"},{"v":0.3329871928002769,"d":"33.3%"},"       12,445","         4,155",{"v":0.334,"d":"33.4%"},{"v":0.3329871928002769,"d":"0.333"},1976,11556,3848,{"v":0.3329871928002769,"d":"0.333"},12445,4155,{"v":0.33386902370429894,"d":"0.334"},889,307,{"v":0.34533183352080987,"d":"0.345"}]
[1977,{"v":15050,"d":"15,050"},{"v":4257,"d":"4,257"},{"v":0.28285714285714286,"d":"28.3%"},"       15,808","         4,497",{"v":0.284,"d":"28.4%"},{"v":0.28285714285714286,"d":"0.283"},1977,15050,4257,{"v":0.28285714285714286,"d":"0.283"},15808,4497,{"v":0.2844762145748988,"d":"0.284"},758,240,{"v":0.316622691292876,"d":"0.317"}]
[1978,{"v":16280,"d":"16,280"},{"v":5539,"d":"5,539"},{"v":0.3402334152334152,"d":"34.0%"},"       16,995","         5,830",{"v":0.343,"d":"34.3%"},{"v":0.3402334152334152,"d":"0.340"},1978,16280,5539,{"v":0.3402334152334152,"d":"0.340"},16995,5830,{"v":0.343042071197411,"d":"0.343"},715,291,{"v":0.406993006993007,"d":"0.407"}]
[1979,{"v":16377,"d":"16,377"},{"v":6438,"d":"6,438"},{"v":0.39311229162850336,"d":"39.3%"},"       17,133","         6,763",{"v":0.395,"d":"39.5%"},{"v":0.39311229162850336,"d":"0.393"},1979,16377,6438,{"v":0.39311229162850336,"d":"0.393"},17133,6763,{"v":0.3947353061343606,"d":"0.395"},756,325,{"v":0.4298941798941799,"d":"0.430"}]
[1980,{"v":15919,"d":"15,919"},{"v":5143,"d":"5,143"},{"v":0.3230730573528488,"d":"32.3%"},"       16,744","         5,468",{"v":0.327,"d":"32.7%"},{"v":0.3230730573528488,"d":"0.323"},1980,15919,5143,{"v":0.3230730573528488,"d":"0.323"},16744,5468,{"v":0.32656473960821786,"d":"0.327"},825,325,{"v":0.3939393939393939,"d":"0.394"}]
[1981,{"v":17433,"d":"17,433"},{"v":5300,"d":"5,300"},{"v":0.3040211093902369,"d":"30.4%"},"       18,149","         5,580",{"v":0.307,"d":"30.7%"},{"v":0.3040211093902369,"d":"0.304"},1981,17433,5300,{"v":0.3040211093902369,"d":"0.304"},18149,5580,{"v":0.30745495619593366,"d":"0.307"},716,280,{"v":0.39106145251396646,"d":"0.391"}]
[1982,{"v":18043,"d":"18,043"},{"v":5226,"d":"5,226"},{"v":0.2896414121820096,"d":"29.0%"},"       19,222","         5,608",{"v":0.292,"d":"29.2%"},{"v":0.2896414121820096,"d":"0.290"},1982,18043,5226,{"v":0.2896414121820096,"d":"0.290"},19222,5608,{"v":0.29174903756112786,"d":"0.292"},1179,382,{"v":0.3240033927056828,"d":"0.324"}]
[1983,{"v":17344,"d":"17,344"},{"v":5427,"d":"5,427"},{"v":0.31290359778597787,"d":"31.3%"},"       18,798","         5,879",{"v":0.313,"d":"31.3%"},{"v":0.31290359778597787,"d":"0.313"},1983,17344,5427,{"v":0.31290359778597787,"d":"0.313"},18798,5879,{"v":0.31274603681242685,"d":"0.313"},1454,452,{"v":0.3108665749656121,"d":"0.311"}]
[1984,{"v":17374,"d":"17,374"},{"v":5524,"d":"5,524"},{"v":0.3179463566248417,"d":"31.8%"},"       18,681","         5,984",{"v":0.32,"d":"32.0%"},{"v":0.3179463566248417,"d":"0.318"},1984,17374,5524,{"v":0.3179463566248417,"d":"0.318"},18681,5984,{"v":0.32032546437556875,"d":"0.320"},1307,460,{"v":0.3519510328997705,"d":"0.352"}]
[1985,{"v":18922,"d":"18,922"},{"v":6186,"d":"6,186"},{"v":0.32692104428707325,"d":"32.7%"},"       20,442","         6,760",{"v":0.331,"d":"33.1%"},{"v":0.32692104428707325,"d":"0.327"},1985,18922,6186,{"v":0.32692104428707325,"d":"0.327"},20442,6760,{"v":0.33069171313961454,"d":"0.331"},1520,574,{"v":0.37763157894736843,"d":"0.378"}]
[1986,{"v":18607,"d":"18,607"},{"v":6011,"d":"6,011"},{"v":0.32305046487880906,"d":"32.3%"},"       19,896","         6,471",{"v":0.325,"d":"32.5%"},{"v":0.32305046487880906,"d":"0.323"},1986,18607,6011,{"v":0.32305046487880906,"d":"0.323"},19896,6471,{"v":0.3252412545235223,"d":"0.325"},1289,460,{"v":0.35686578743211794,"d":"0.357"}]
[1987,{"v":18228,"d":"18,228"},{"v":6401,"d":"6,401"},{"v":0.3511630458635067,"d":"35.1%"},"       19,455","         6,945",{"v":0.357,"d":"35.7%"},{"v":0.3511630458635067,"d":"0.351"},1987,18228,6401,{"v":0.3511630458635067,"d":"0.351"},19455,6945,{"v":0.35697764070932925,"d":"0.357"},1227,544,{"v":0.44335778321108393,"d":"0.443"}]
[1988,{"v":19339,"d":"19,339"},{"v":6109,"d":"6,109"},{"v":0.3158901701225503,"d":"31.6%"},"       20,757","         6,631",{"v":0.319,"d":"31.9%"},{"v":0.3158901701225503,"d":"0.316"},1988,19339,6109,{"v":0.3158901701225503,"d":"0.316"},20757,6631,{"v":0.31945849592908415,"d":"0.319"},1418,522,{"v":0.36812411847672777,"d":"0.368"}]
[1989,{"v":19381,"d":"19,381"},{"v":5403,"d":"5,403"},{"v":0.27877818482018474,"d":"27.9%"},"       20,704","         5,883",{"v":0.284,"d":"28.4%"},{"v":0.27877818482018474,"d":"0.279"},1989,19381,5403,{"v":0.27877818482018474,"d":"0.279"},20704,5883,{"v":0.28414799072642966,"d":"0.284"},1323,480,{"v":0.36281179138321995,"d":"0.363"}]
[1990,{"v":19835,"d":"19,835"},{"v":4765,"d":"4,765"},{"v":0.24023191328459792,"d":"24.0%"},"       21,509","         5,267",{"v":0.245,"d":"24.5%"},{"v":0.24023191328459792,"d":"0.240"},1990,19835,4765,{"v":0.24023191328459792,"d":"0.240"},21509,5267,{"v":0.2448742386907806,"d":"0.245"},1674,502,{"v":0.2998805256869773,"d":"0.300"}]
[1991,{"v":19181,"d":"19,181"},{"v":5492,"d":"5,492"},{"v":0.2863250091236119,"d":"28.6%"},"       21,416","         6,127",{"v":0.286,"d":"28.6%"},{"v":0.2863250091236119,"d":"0.286"},1991,19181,5492,{"v":0.2863250091236119,"d":"0.286"},21416,6127,{"v":0.28609450877848336,"d":"0.286"},2235,635,{"v":0.2841163310961969,"d":"0.284"}]
[1992,{"v":19802,"d":"19,802"},{"v":5735,"d":"5,735"},{"v":0.2896172103827896,"d":"29.0%"},"       21,734","         6,380",{"v":0.294,"d":"29.4%"},{"v":0.2896172103827896,"d":"0.290"},1992,19802,5735,{"v":0.2896172103827896,"d":"0.290"},21734,6380,{"v":0.29354927762952054,"d":"0.294"},1932,645,{"v":0.3338509316770186,"d":"0.334"}]
[1993,{"v":21588.355,"d":"21,588"},{"v":4958.99999,"d":"4,959"},{"v":0.2297071726863858,"d":"23.0%"},"       23,626","         5,546",{"v":0.235,"d":"23.5%"},{"v":0.22971095052807114,"d":"0.230"},1993,21588,4959,{"v":0.22971095052807114,"d":"0.230"},23626,5546,{"v":0.23474138660797428,"d":"0.235"},2038,587,{"v":0.28802747791952893,"d":"0.288"}]
[1994,{"v":23168.80235,"d":"23,169"},{"v":5721.80235,"d":"5,722"},{"v":0.24696150727014163,"d":"24.7%"},"       25,510","         6,474",{"v":0.254,"d":"25.4%"},{"v":0.24696793128749622,"d":"0.247"},1994,23169,5722,{"v":0.24696793128749622,"d":"0.247"},25510,6474,{"v":0.2537828302626421,"d":"0.254"},2341,752,{"v":0.3212302434856899,"d":"0.321"}]
[1995,{"v":22679.54721,"d":"22,680"},{"v":5933.54721,"d":"5,934"},{"v":0.26162547052014096,"d":"26.2%"},"       25,224","         6,758",{"v":0.268,"d":"26.8%"},{"v":0.2616402116402116,"d":"0.262"},1995,22680,5934,{"v":0.2616402116402116,"d":"0.262"},25224,6758,{"v":0.26791944180145894,"d":"0.268"},2544,824,{"v":0.3238993710691824,"d":"0.324"}]
[1996,{"v":21060.58146,"d":"21,061"},{"v":5775.58146,"d":"5,776"},{"v":0.2742365623175914,"d":"27.4%"},"       23,821","         6,653",{"v":0.279,"d":"27.9%"},{"v":0.2742509852333697,"d":"0.274"},1996,21061,5776,{"v":0.2742509852333697,"d":"0.274"},23821,6653,{"v":0.27929138155409095,"d":"0.279"},2760,877,{"v":0.3177536231884058,"d":"0.318"}]
[1997,{"v":20620.73494,"d":"20,621"},{"v":6234.73494,"d":"6,235"},{"v":0.3023527026626918,"d":"30.2%"},"       24,221","         7,388",{"v":0.305,"d":"30.5%"},{"v":0.30236167014208815,"d":"0.302"},1997,20621,6235,{"v":0.30236167014208815,"d":"0.302"},24221,7388,{"v":0.305024565459725,"d":"0.305"},3600,1153,{"v":0.3202777777777778,"d":"0.320"}]
[1998,{"v":20483,"d":"20,483"},{"v":6327,"d":"6,327"},{"v":0.3088902992725675,"d":"30.9%"},"       24,151","         7,518",{"v":0.311,"d":"31.1%"},{"v":0.3088902992725675,"d":"0.309"},1998,20483,6327,{"v":0.3088902992725675,"d":"0.309"},24151,7518,{"v":0.3112914579106455,"d":"0.311"},3668,1191,{"v":0.32470010905125407,"d":"0.325"}]
[1999,{"v":22135,"d":"22,135"},{"v":7111,"d":"7,111"},{"v":0.3212559295233793,"d":"32.1%"},"       26,408","         8,556",{"v":0.324,"d":"32.4%"},{"v":0.3212559295233793,"d":"0.321"},1999,22135,7111,{"v":0.3212559295233793,"d":"0.321"},26408,8556,{"v":0.3239927294759164,"d":"0.324"},4273,1445,{"v":0.33816990404867775,"d":"0.338"}]
[2000,{"v":22229,"d":"22,229"},{"v":7108,"d":"7,108"},{"v":0.319762472445904,"d":"32.0%"},"       27,798","         8,765",{"v":0.315,"d":"31.5%"},{"v":0.319762472445904,"d":"0.320"},2000,22229,7108,{"v":0.319762472445904,"d":"0.320"},27798,8765,{"v":0.31531045398949564,"d":"0.315"},5569,1657,{"v":0.2975399533129826,"d":"0.298"}]
[2001,{"v":22039,"d":"22,039"},{"v":6990,"d":"6,990"},{"v":0.3171650256363719,"d":"31.7%"},"       28,368","         9,098",{"v":0.321,"d":"32.1%"},{"v":0.3171650256363719,"d":"0.317"},2001,22039,6990,{"v":0.3171650256363719,"d":"0.317"},28368,9098,{"v":0.3207134799774394,"d":"0.321"},6329,2108,{"v":0.33306999525991465,"d":"0.333"}]
[2002,{"v":22272,"d":"22,272"},{"v":6834,"d":"6,834"},{"v":0.3068426724137931,"d":"30.7%"},"       30,068","         9,396",{"v":0.312,"d":"31.2%"},{"v":0.3068426724137931,"d":"0.307"},2002,22272,6834,{"v":0.3068426724137931,"d":"0.307"},30068,9396,{"v":0.31249168551283757,"d":"0.312"},7796,2562,{"v":0.32863006670087225,"d":"0.329"}]
[2003,{"v":24702,"d":"24,702"},{"v":7450,"d":"7,450"},{"v":0.30159501254959115,"d":"30.2%"},"       34,710","       10,393",{"v":0.299,"d":"29.9%"},{"v":0.30159501254959115,"d":"0.302"},2003,24702,7450,{"v":0.30159501254959115,"d":"0.302"},34710,10393,{"v":0.29942379717660617,"d":"0.299"},10008,2943,{"v":0.29406474820143885,"d":"0.294"}]
[2004,{"v":27654,"d":"27,654"},{"v":7035,"d":"7,035"},{"v":0.25439357778259925,"d":"25.4%"},"       40,861","       10,052",{"v":0.246,"d":"24.6%"},{"v":0.25439357778259925,"d":"0.254"},2004,27654,7035,{"v":0.25439357778259925,"d":"0.254"},40861,10052,{"v":0.24600474780352904,"d":"0.246"},13207,3017,{"v":0.22843946392064815,"d":"0.228"}]
[2005,{"v":28540,"d":"28,540"},{"v":6489,"d":"6,489"},{"v":0.22736510161177295,"d":"22.7%"},"       43,069","         9,599",{"v":0.223,"d":"22.3%"},{"v":0.22736510161177295,"d":"0.227"},2005,28540,6489,{"v":0.22736510161177295,"d":"0.227"},43069,9599,{"v":0.22287492163737258,"d":"0.223"},14529,3110,{"v":0.21405464932204557,"d":"0.214"}]
[2006,{"v":29221,"d":"29,221"},{"v":6061,"d":"6,061"},{"v":0.20741932172068034,"d":"20.7%"},"       45,688","         9,128",{"v":0.2,"d":"20.0%"},{"v":0.20741932172068034,"d":"0.207"},2006,29221,6061,{"v":0.20741932172068034,"d":"0.207"},45688,9128,{"v":0.19978987918052882,"d":"0.200"},16467,3067,{"v":0.18625129045970729,"d":"0.186"}]
[2007,{"v":27332,"d":"27,332"},{"v":6462,"d":"6,462"},{"v":0.23642616713010392,"d":"23.6%"},"       47,455","       10,100",{"v":0.213,"d":"21.3%"},{"v":0.23642616713010392,"d":"0.236"},2007,27332,6462,{"v":0.23642616713010392,"d":"0.236"},47455,10100,{"v":0.21283321040986197,"d":"0.213"},20123,3638,{"v":0.18078815285991154,"d":"0.181"}]
[2008,{"v":26093,"d":"26,093"},{"v":6087,"d":"6,087"},{"$f":"C41/B41","v":{"v":0.23328095657839268,"d":"23.3%"}},"       43,467","         9,460",{"v":0.218,"d":"21.8%"},{"v":0.23328095657839268,"d":"0.233"},2008,26093,6087,{"v":0.23328095657839268,"d":"0.233"},43467,9460,{"v":0.21763636781926518,"d":"0.218"},17374,3373,{"v":0.19414066996661677,"d":"0.194"}]
[2009,{"v":26675,"d":"26,675"},{"v":5924,"d":"5,924"},{"v":0.22,"d":"22.0%"},"       43,142","         8,881",{"v":0.206,"d":"20.6%"},{"v":0.22208059981255857,"d":"0.222"},2009,26675,5924,{"v":0.22208059981255857,"d":"0.222"},43142,8881,{"v":0.2058550832135738,"d":"0.206"},16467,2957,{"v":0.17957126373960042,"d":"0.180"}]
[2010,"           27,850","            6,217",{"v":0.223,"d":"22.3%"},"           45,983","          9,455",{"v":0.206,"d":"20.6%"},{"v":0.22323159784560143,"d":"0.223"},2010,27850,6217,{"v":0.22323159784560143,"d":"0.223"},45983,9455,{"v":0.20561946806428463,"d":"0.206"},18133,3238,{"v":0.17856945899740803,"d":"0.179"}]
[2011,"           28,791","            5,380",{"v":0.187,"d":"18.7%"},"           49,592","          8,765",{"v":0.177,"d":"17.7%"},{"v":0.18686395054009933,"d":"0.187"},2011,28791,5380,{"v":0.18686395054009933,"d":"0.187"},49592,8765,{"v":0.17674221648653007,"d":"0.177"},20801,3385,{"v":0.16273256093457045,"d":"0.163"}]
[2012,"           29,626","            5,436",{"v":0.183,"d":"18.3%"},"           51,313","          9,032",{"v":0.176,"d":"17.6%"},{"v":0.18348747721595896,"d":"0.183"},2012,29626,5436,{"v":0.18348747721595896,"d":"0.183"},51313,9032,{"v":0.17601777327382925,"d":"0.176"},21687,3596,{"v":0.16581362106330982,"d":"0.166"}]
[2013,{"v":28044,"d":"28,044"},{"v":4902,"d":"4,902"},{"v":0.175,"d":"17.5%"},{"v":49581,"d":"49,581"},{"v":8310,"d":"8,310"},{"v":0.168,"d":"16.8%"},{"v":0.17479674796747968,"d":"0.175"},2013,28044,4902,{"v":0.17479674796747968,"d":"0.175"},49581,8310,{"v":0.16760452592727051,"d":"0.168"},21537,3408,{"v":0.15823930909597436,"d":"0.158"}]
[2014,{"v":27502,"d":"27,502"},{"v":5163,"d":"5,163"},{"v":0.18773180132354012,"d":"18.8%"},{"v":51073,"d":"51,073"},{"v":9241,"d":"9,241"},{"v":0.18093709004757896,"d":"18.1%"},{"v":0.18773180132354012,"d":"0.188"},2014,27502,5163,{"v":0.18773180132354012,"d":"0.188"},51073,9241,{"v":0.18093709004757896,"d":"0.181"},23571,4078,{"v":0.173009206227992,"d":"0.173"}]
[]
[0,{"$f":"1+A49","v":1},{"$f":"1+B49","v":2},3,4,5,6,7,8,9,10,11,12,13,14,15,16,17]

{"sheet":"Table218","index":16,"n_rows":57,"n_cols":7,"rows_kept":57,"merged":[[1,0,1,7],[3,0,4,0],[3,1,3,3],[3,4,3,6],[51,0,51,1],[51,2,51,8],[52,0,52,1],[52,2,52,8],[53,2,53,5],[55,0,55,8],[56,0,56,4]]}
[]
["*Excludes awards made with American Recovery and Reinvestment Act (ARRA) funds."]
["Select AutoFilter to view totals or change display criteria."]
["FY","R01 Equivalent Grants1",null,null,"Research Project Grants 2"]
[null,"Number of Applications Reviewed","Number of Applications Awarded","Success Rate³","Number of Applications Reviewed","Number of Applications Awarded","Success Rate³"]
[1970,{"v":8502,"d":"8,502"},{"v":2879,"d":"2,879"},{"$f":"C6/B6","v":{"v":0.3386262055986827,"d":"33.9%"}},"          9,199 ","          3,264 ",{"v":0.355,"d":"35.5%"}]
[1971,{"v":8518,"d":"8,518"},{"v":3005,"d":"3,005"},{"v":0.3527823432730688,"d":"35.3%"},"          9,227 ","          3,338 ",{"v":0.362,"d":"36.2%"}]
[1972,{"v":9766,"d":"9,766"},{"v":3956,"d":"3,956"},{"v":0.4050788449723531,"d":"40.5%"},"        10,661 ","          4,350 ",{"v":0.408,"d":"40.8%"}]
[1973,{"v":10618,"d":"10,618"},{"v":2886,"d":"2,886"},{"v":0.27180259935957807,"d":"27.2%"},"        11,426 ","          3,154 ",{"v":0.276,"d":"27.6%"}]
[1974,{"v":11568,"d":"11,568"},{"v":5131,"d":"5,131"},{"v":0.44355117565698476,"d":"44.4%"},"        12,447 ","          5,534 ",{"v":0.445,"d":"44.5%"}]
[1975,{"v":11524,"d":"11,524"},{"v":5046,"d":"5,046"},{"v":0.43786879555709823,"d":"43.8%"},"        12,187 ","          5,305 ",{"v":0.435,"d":"43.5%"}]
[1976,{"v":11556,"d":"11,556"},{"v":3848,"d":"3,848"},{"v":0.3329871928002769,"d":"33.3%"},"        12,445 ","          4,155 ",{"v":0.334,"d":"33.4%"}]
[1977,{"v":15050,"d":"15,050"},{"v":4257,"d":"4,257"},{"v":0.28285714285714286,"d":"28.3%"},"        15,808 ","          4,497 ",{"v":0.284,"d":"28.4%"}]
[1978,{"v":16280,"d":"16,280"},{"v":5539,"d":"5,539"},{"v":0.3402334152334152,"d":"34.0%"},"        16,995 ","          5,830 ",{"v":0.343,"d":"34.3%"}]
[1979,{"v":16377,"d":"16,377"},{"v":6438,"d":"6,438"},{"v":0.39311229162850336,"d":"39.3%"},"        17,133 ","          6,763 ",{"v":0.395,"d":"39.5%"}]
[1980,{"v":15919,"d":"15,919"},{"v":5143,"d":"5,143"},{"v":0.3230730573528488,"d":"32.3%"},"        16,744 ","          5,468 ",{"v":0.327,"d":"32.7%"}]
[1981,{"v":17433,"d":"17,433"},{"v":5300,"d":"5,300"},{"v":0.3040211093902369,"d":"30.4%"},"        18,149 ","          5,580 ",{"v":0.307,"d":"30.7%"}]
[1982,{"v":18043,"d":"18,043"},{"v":5226,"d":"5,226"},{"v":0.2896414121820096,"d":"29.0%"},"        19,222 ","          5,608 ",{"v":0.292,"d":"29.2%"}]
[1983,{"v":17344,"d":"17,344"},{"v":5427,"d":"5,427"},{"v":0.31290359778597787,"d":"31.3%"},"        18,798 ","          5,879 ",{"v":0.313,"d":"31.3%"}]
[1984,{"v":17374,"d":"17,374"},{"v":5524,"d":"5,524"},{"v":0.3179463566248417,"d":"31.8%"},"        18,681 ","          5,984 ",{"v":0.32,"d":"32.0%"}]
[1985,{"v":18922,"d":"18,922"},{"v":6186,"d":"6,186"},{"v":0.32692104428707325,"d":"32.7%"},"        20,442 ","          6,760 ",{"v":0.331,"d":"33.1%"}]
[1986,{"v":18607,"d":"18,607"},{"v":6011,"d":"6,011"},{"v":0.32305046487880906,"d":"32.3%"},"        19,896 ","          6,471 ",{"v":0.325,"d":"32.5%"}]
[1987,{"v":18228,"d":"18,228"},{"v":6401,"d":"6,401"},{"v":0.3511630458635067,"d":"35.1%"},"        19,455 ","          6,945 ",{"v":0.357,"d":"35.7%"}]
[1988,{"v":19339,"d":"19,339"},{"v":6109,"d":"6,109"},{"v":0.3158901701225503,"d":"31.6%"},"        20,757 ","          6,631 ",{"v":0.319,"d":"31.9%"}]
[1989,{"v":19381,"d":"19,381"},{"v":5403,"d":"5,403"},{"v":0.27877818482018474,"d":"27.9%"},"        20,704 ","          5,883 ",{"v":0.284,"d":"28.4%"}]
[1990,{"v":19835,"d":"19,835"},{"v":4765,"d":"4,765"},{"v":0.24023191328459792,"d":"24.0%"},"        21,509 ","          5,267 ",{"v":0.245,"d":"24.5%"}]
[1991,{"v":19181,"d":"19,181"},{"v":5492,"d":"5,492"},{"v":0.2863250091236119,"d":"28.6%"},"        21,416 ","          6,127 ",{"v":0.286,"d":"28.6%"}]
[1992,{"v":19802,"d":"19,802"},{"v":5735,"d":"5,735"},{"v":0.2896172103827896,"d":"29.0%"},"        21,734 ","          6,380 ",{"v":0.294,"d":"29.4%"}]
[1993,{"v":21588.355,"d":"21,588"},{"v":4958.99999,"d":"4,959"},{"v":0.2297071726863858,"d":"23.0%"},"        23,626 ","          5,546 ",{"v":0.235,"d":"23.5%"}]
[1994,{"v":23168.80235,"d":"23,169"},{"v":5721.80235,"d":"5,722"},{"v":0.24696150727014163,"d":"24.7%"},"        25,510 ","          6,474 ",{"v":0.254,"d":"25.4%"}]
[1995,{"v":22679.54721,"d":"22,680"},{"v":5933.54721,"d":"5,934"},{"v":0.26162547052014096,"d":"26.2%"},"        25,224 ","          6,758 ",{"v":0.268,"d":"26.8%"}]
[1996,{"v":21060.58146,"d":"21,061"},{"v":5775.58146,"d":"5,776"},{"v":0.2742365623175914,"d":"27.4%"},"        23,821 ","          6,653 ",{"v":0.279,"d":"27.9%"}]
[1997,{"v":20620.73494,"d":"20,621"},{"v":6234.73494,"d":"6,235"},{"v":0.3023527026626918,"d":"30.2%"},"        24,221 ","          7,388 ",{"v":0.305,"d":"30.5%"}]
[1998,{"v":20483,"d":"20,483"},{"v":6327,"d":"6,327"},{"v":0.3088902992725675,"d":"30.9%"},"        24,151 ","          7,518 ",{"v":0.311,"d":"31.1%"}]
[1999,{"v":22135,"d":"22,135"},{"v":7111,"d":"7,111"},{"v":0.3212559295233793,"d":"32.1%"},"        26,408 ","          8,556 ",{"v":0.324,"d":"32.4%"}]
[2000,{"v":22229,"d":"22,229"},{"v":7108,"d":"7,108"},{"v":0.319762472445904,"d":"32.0%"},"        27,798 ","          8,765 ",{"v":0.315,"d":"31.5%"}]
[2001,{"v":22039,"d":"22,039"},{"v":6990,"d":"6,990"},{"v":0.3171650256363719,"d":"31.7%"},"        28,368 ","          9,098 ",{"v":0.321,"d":"32.1%"}]
[2002,{"v":22272,"d":"22,272"},{"v":6834,"d":"6,834"},{"v":0.3068426724137931,"d":"30.7%"},"        30,068 ","          9,396 ",{"v":0.312,"d":"31.2%"}]
[2003,{"v":24702,"d":"24,702"},{"v":7450,"d":"7,450"},{"v":0.30159501254959115,"d":"30.2%"},"        34,710 ","        10,393 ",{"v":0.299,"d":"29.9%"}]
[2004,{"v":27654,"d":"27,654"},{"v":7035,"d":"7,035"},{"v":0.25439357778259925,"d":"25.4%"},"        40,861 ","        10,052 ",{"v":0.246,"d":"24.6%"}]
[2005,{"v":28540,"d":"28,540"},{"v":6489,"d":"6,489"},{"v":0.22736510161177295,"d":"22.7%"},"        43,069 ","          9,599 ",{"v":0.223,"d":"22.3%"}]
[2006,{"v":29221,"d":"29,221"},{"v":6061,"d":"6,061"},{"v":0.20741932172068034,"d":"20.7%"},"        45,688 ","          9,128 ",{"v":0.2,"d":"20.0%"}]
[2007,{"v":27332,"d":"27,332"},{"v":6462,"d":"6,462"},{"v":0.23642616713010392,"d":"23.6%"},"        47,455 ","        10,100 ",{"v":0.213,"d":"21.3%"}]
[2008,{"v":26093,"d":"26,093"},{"v":6087,"d":"6,087"},{"$f":"C44/B44","v":{"v":0.23328095657839268,"d":"23.3%"}},"        43,467 ","          9,460 ",{"v":0.218,"d":"21.8%"}]
[2009,{"v":26675,"d":"26,675"},{"v":5924,"d":"5,924"},{"v":0.22,"d":"22.0%"},"        43,142 ","          8,881 ",{"v":0.206,"d":"20.6%"}]
[2010,"            27,850 ","            6,217 ",{"v":0.223,"d":"22.3%"},"            45,983 ","          9,455 ",{"v":0.206,"d":"20.6%"}]
[2011,"            28,791 ","            5,380 ",{"v":0.187,"d":"18.7%"},"            49,592 ","          8,765 ",{"v":0.177,"d":"17.7%"}]
[2012,"            29,626 ","            5,436 ",{"v":0.183,"d":"18.3%"},"            51,313 ","          9,032 ",{"v":0.176,"d":"17.6%"}]
[2013,{"v":28044,"d":"28,044"},{"v":4902,"d":"4,902"},{"v":0.175,"d":"17.5%"},{"v":49581,"d":"49,581"},{"v":8310,"d":"8,310"},{"v":0.168,"d":"16.8%"}]
[2014,{"v":27502,"d":"27,502"},{"v":5163,"d":"5,163"},{"v":0.18773180132354012,"d":"18.8%"},{"v":51073,"d":"51,073"},{"v":9241,"d":"9,241"},{"v":0.18093709004757896,"d":"18.1%"}]
[]
["1R01-Equivalent Grants",null,"Defined as activity codes R01, R23, R29, and R37. Not all of these activities may be in use by NIH every year."]
["2Research Project Grants",null,"Defined as activity codes R00, R01, R03, R15, R21, R22, R23, R29, R33, R34, R35, R36, R37, R55, R56, RC1, RC2, RC3, RC4, RF1, RL1, RL2, RL5, RL9, P01, P42, PN1, PM1, RM1, UA5, UC1, UC2, UC3, UC4, UC7, UF1, UH2, UH3, UH5, UM1, UM2, U01, U19, U34, DP1, DP2, DP3, DP4, and DP5 . Research projects were first coded to NLM in fiscal year 2007. Not all of these activities may be in use by NIH every year.\n"]
["3Success Rates",null,"See Success Rate Definition Worksheet"]
[]
["*NOTE:  The success rates shown here include only applications received in response to non-ARRA funding opportunity announcements (FOAs).  Some of these applications, however, were awarded with ARRA funds through extensions of the pay-line. As a result, the denominator for the success rate includes all non-ARRA applications and the numerator only includes awards made with non-ARRA funds. Applications awarded with ARRA funds through extensions of the pay-line are reported in a separate table as an award count, not as part of a success rate. Success rates for applications received in response to ARRA FOAs are also reported in a separate table. "]
["Data drawn from frozen FY 2014 Success Rate File as of 11/19/2014."]

{"sheet":"BergPercent","index":17,"n_rows":32,"n_cols":3,"rows_kept":32}
["http://datahound.scientopia.org/2015/06/17/percentages-of-faculty-salary-support-at-academic-medical-centers/"]
["5,0 ",5,0]
["5,5 ",5,5]
["11,5 ",11,5]
["11,20 ",11,20]
["18,20 ",18,20]
["18,21 ",18,21]
["25,21 ",25,21]
["25,12 ",25,12]
["34,12 ",34,12]
["34,9 ",34,9]
["40,9 ",40,9]
["40,5 ",40,5]
["5,52 ",52,5]
[null,52,0]
[null,{"$f":"SUMPRODUCT(B2:B15,C2:C15)/SUM(C2:C15)","v":23.59027777777778}]
[]
["18,0 ",18,0]
["18,5 ",18,5]
["25,5 ",25,5]
["25,6 ",25,6]
["34,6 ",34,6]
["34,5 ",34,5]
["40,5 ",40,5]
["40,32 ",40,32]
["52,32 ",52,32]
["52,26 ",52,26]
["60,26 ",60,26]
["60,8 ",60,8]
["74,8 ",74,8]
["74,0 ",74,0]
[null,{"$f":"SUMPRODUCT(B18:B31,C18:C31)/SUM(C18:C31)","v":47.96951219512195}]

{"sheet":"Nobel","index":18,"n_rows":49,"n_cols":44,"rows_kept":49}
["DEC:","Dec","Year1","to ","Year2","Field","US","RW","Tot","Run\nTotUS","Run\nTotRW","Run\nTotAll","Field","US","RW","Tot","Run\nTotUS","Run\nTotRW","Run\nTotAll","Field","US","RW","Tot","Run\nTotUS","Run\nTotRW","Run\nTotAll","Total\nUS","Total\nRW","Total \nAll","Run\nTotUS","Run\nTotRW","Run\nTotAll","Year",null,"Year1","Year2","nUS","nW","nTot","nAll","Year","BS","!BS","nUS"]
["DEC:",0,1896,"to",1905,"Chemistry",0,5,5,{"$f":"G2","v":0},{"$f":"H2","v":5},{"$f":"I2","v":5},"Physics",0,8,8,{"$f":"N2","v":0},{"$f":"O2","v":8},{"$f":"P2","v":8},"Medicine",0,5,5,{"$f":"U2","v":0},{"$f":"V2","v":5},{"$f":"W2","v":5},{"$f":"G2+N2+U2","v":0},{"$f":"H2+O2+V2","v":18},{"$f":"I2+P2+W2","v":18},{"$f":"AA2","v":0},{"$f":"AB2","v":18},{"$f":"AC2","v":18},1900,null,1896,1905,0,5,{"$f":"SUM(AK2:AL2)","v":5},{"$f":"AM2","v":5},{"$f":"1900","v":1900},0,0,{"$f":"SUM(AP2:AQ2)","v":0}]
["DEC:",1,1906,"to",1915,"Chemistry",1,10,11,{"$f":"G3+J2","v":1},{"$f":"H3+K2","v":15},{"$f":"I3+L2","v":16},"Physics",1,11,12,{"$f":"N3+Q2","v":1},{"$f":"O3+R2","v":19},{"$f":"P3+S2","v":20},"Medicine",0,11,11,{"$f":"U3+X2","v":0},{"$f":"V3+Y2","v":16},{"$f":"W3+Z2","v":16},2,32,34,{"$f":"AA3+AD2","v":2},{"$f":"AB3+AE2","v":50},{"$f":"AC3+AF2","v":52},{"$f":"B3*10+AG$2","v":1910},null,{"$f":"10+AI2","v":1906},{"$f":"10+AJ2","v":1915},1,10,11,{"$f":"AN2+AM3","v":16},{"$f":"AO2+10","v":1910},1,0,1]
["DEC:",2,1916,"to",1925,"Chemistry",0,6,6,1,21,22,"Physics",1,9,10,2,28,30,"Medicine",0,7,7,0,23,23,1,22,23,3,72,75,1920,null,1916,1925,0,7,7,23,1920,0,0,0]
["DEC:",3,1926,"to",1935,"Chemistry",2,9,11,3,30,33,"Physics",1,9,10,3,37,40,"Medicine",5,9,14,5,32,37,8,27,35,11,99,110,1930,null,1926,1935,5,9,14,37,1930,1,4,5]
["DEC:",4,1936,"to",1945,"Chemistry",0,9,9,3,39,42,"Physics",5,4,9,8,41,49,"Medicine",3,9,12,8,41,49,8,22,30,19,121,140,1940,null,1936,1945,3,9,12,49,1940,2,1,3]
["DEC:",5,1946,"to",1955,"Chemistry",8,7,15,11,46,57,"Physics",5,9,14,13,50,63,"Medicine",9,8,17,17,49,66,22,24,46,41,145,186,1950,null,1946,1955,10,8,18,67,1950,5,5,10]
["DEC:",6,1956,"to",1965,"Chemistry",3,10,13,14,56,70,"Physics",12,11,23,25,61,86,"Medicine",10,13,23,27,62,89,25,34,59,66,179,245,1960,null,1956,1965,10,13,23,90,1960,4,6,10]
["DEC:",7,1966,"to",1975,"Chemistry",6,11,17,20,67,87,"Physics",8,10,18,33,71,104,"Medicine",18,8,26,45,70,115,32,29,61,98,208,306,1970,null,1966,1975,17,8,25,115,1970,9,8,17]
["DEC:",8,1976,"to",1985,"Chemistry",9,6,15,29,73,102,"Physics",15,7,22,48,78,126,"Medicine",15,10,25,60,80,140,39,23,62,137,231,368,1980,null,1976,1985,16,10,26,141,1980,14,2,16]
["DEC:",9,1986,"to",1995,"Chemistry",12,8,20,41,81,122,"Physics",12,10,22,60,88,148,"Medicine",14,7,21,74,87,161,38,25,63,175,256,431,1990,null,1986,1995,14,7,21,162,1990,10,5,15]
["DEC:",10,1996,"to",2005,"Chemistry",{"v":14.5,"d":"15"},{"v":11.5,"d":"12"},26,{"v":55.5,"d":"56"},{"v":92.5,"d":"93"},148,"Physics",20,9,29,80,97,177,"Medicine",12,10,22,86,97,183,{"v":46.5,"d":"47"},{"v":30.5,"d":"31"},77,{"v":221.5,"d":"222"},{"v":286.5,"d":"287"},508,2000,null,1996,2005,12,10,22,184,2000,11,3,14]
["DEC:",11,2006,"to",2015,"Chemistry",{"v":13.83,"d":"14"},{"v":9.17,"d":"9"},23,{"v":69.33,"d":"69"},{"v":101.67,"d":"102"},171,"Physics",{"v":9.5,"d":"10"},{"v":14.5,"d":"15"},24,{"v":89.5,"d":"90"},{"v":111.5,"d":"112"},201,"Medicine",11,15,26,97,112,209,{"v":34.33,"d":"34"},{"v":38.67,"d":"39"},73,{"v":255.82999999999998,"d":"256"},{"v":325.17,"d":"325"},581,2010,null,2006,2015,12,14,26,210,2010,11,1,12]
[{"$nulls":6},{"$f":"SUM(G10:G13)","v":{"v":49.33,"d":"49"}},{"$f":"SUM(H10:H13)","v":{"v":34.67,"d":"35"}},{"$f":"AVERAGE(I10:I13)","v":21},{"$nulls":4},{"$f":"SUM(N10:N13)","v":{"v":56.5,"d":"57"}},{"$f":"SUM(O10:O13)","v":{"v":40.5,"d":"41"}},{"$f":"AVERAGE(P10:P13)","v":{"v":24.25,"d":"24"}},{"$nulls":4},{"$f":"SUM(U9:U13)","v":70},{"$f":"SUM(V9:V13)","v":50},{"$f":"AVERAGE(W9:W13)","v":24},{"$nulls":3},{"$f":"AVERAGE(AA10:AA13)","v":{"v":39.457499999999996,"d":"39"}},{"$f":"AVERAGE(AB10:AB13)","v":{"v":29.2925,"d":"29"}},{"$f":"AVERAGE(AC10:AC13)","v":{"v":68.75,"d":"69"}}]
{"$rows_empty":34}
[{"$nulls":14},"v"]

{"sheet":"FIR_R01","index":19,"n_rows":51,"n_cols":13,"rows_kept":51}
["Year","Green",null,"Year","Blue",null,"Year","Red",null,"Year","Red",null,"https://nexus.od.nih.gov/all/2012/02/03/our-commitment-to-supporting-the-next-generation/"]
[{"v":1980.02420701168,"d":"1980"},{"v":35.6366197183098,"d":"35.6"},null,{"v":1979.99916527545,"d":"1980"},{"v":36.0901408450704,"d":"36.1"},null,{"v":1980.02420701168,"d":"1980"},{"v":37.6873239436619,"d":"37.7"},null,1962,{"v":1959.13270147349,"d":"1959"},null,"new_investigator_data_1980_to_2011.ppt"]
[{"v":1981.00083472454,"d":"1981"},{"v":35.5577464788732,"d":"35.6"},null,{"v":1981.00083472454,"d":"1981"},{"v":36.1887323943661,"d":"36.2"},null,{"v":1981.00083472454,"d":"1981"},{"v":37.2929577464788,"d":"37.3"},null,{"v":1962.95306859205,"d":"1963"},{"v":1641.76219093219,"d":"1642"}]
[{"v":1982.02754590984,"d":"1982"},{"v":35.9521126760563,"d":"36.0"},null,{"v":1982.00250417362,"d":"1982"},{"v":36.2873239436619,"d":"36.3"},null,{"v":1982.00250417362,"d":"1982"},{"v":37.6873239436619,"d":"37.7"},null,{"v":1963.99277978339,"d":"1964"},{"v":1482.9883189547,"d":"1483"}]
[{"v":1983.0041736227,"d":"1983"},{"v":35.8732394366197,"d":"35.9"},null,{"v":1983.0041736227,"d":"1983"},{"v":36.5042253521126,"d":"36.5"},null,{"v":1983.0041736227,"d":"1983"},38.2,null,{"v":1964.98916967509,"d":"1965"},{"v":1339.32700382824,"d":"1339"}]
[{"v":1983.98080133555,"d":"1984"},{"v":36.3661971830985,"d":"36.4"},null,{"v":1983.98080133555,"d":"1984"},{"v":36.9183098591549,"d":"36.9"},null,{"v":1984.00584307178,"d":"1984"},{"v":38.7915492957746,"d":"38.8"},null,{"v":1965.98555956678,"d":"1966"},{"v":1293.85299988002,"d":"1294"}]
[{"v":1985.00751252086,"d":"1985"},{"v":36.5633802816901,"d":"36.6"},null,{"v":1985.00751252086,"d":"1985"},{"v":36.9971830985915,"d":"37.0"},null,{"v":1985.00751252086,"d":"1985"},{"v":38.1605633802816,"d":"38.2"},null,{"v":1967.02527075812,"d":"1967"},{"v":1308.79513998713,"d":"1309"}]
[{"v":1985.98414023372,"d":"1986"},{"v":37.2535211267605,"d":"37.3"},null,{"v":1986.03422370617,"d":"1986"},{"v":37.5295774647887,"d":"37.5"},null,{"v":1986.00918196995,"d":"1986"},{"v":38.0028169014084,"d":"38.0"},null,{"v":1967.97833935018,"d":"1968"},{"v":998.977499536466,"d":"999"}]
[{"v":1987.01085141903,"d":"1987"},{"v":37.569014084507,"d":"37.6"},null,{"v":1987.01085141903,"d":"1987"},{"v":37.9830985915492,"d":"38.0"},null,{"v":1987.01085141903,"d":"1987"},{"v":39.481690140845,"d":"39.5"},null,{"v":1968.97472924187,"d":"1969"},{"v":1081.90228712903,"d":"1082"}]
[{"v":1988.01252086811,"d":"1988"},{"v":37.8845070422535,"d":"37.9"},null,{"v":1988.01252086811,"d":"1988"},{"v":38.1802816901408,"d":"38.2"},null,{"v":1988.01252086811,"d":"1988"},{"v":39.0873239436619,"d":"39.1"},null,{"v":1969.92779783393,"d":"1970"},{"v":840.060477494083,"d":"840"}]
[{"v":1988.98914858096,"d":"1989"},{"v":38.6535211267605,"d":"38.7"},null,{"v":1988.98914858096,"d":"1989"},{"v":38.7718309859154,"d":"38.8"},null,{"v":1989.01419031719,"d":"1989"},{"v":39.1859154929577,"d":"39.2"},null,{"v":1971.0108303249,"d":"1971"},{"v":945.630242019044,"d":"946"}]
[{"v":1990.01585976627,"d":"1990"},{"v":38.6732394366197,"d":"38.7"},null,{"v":1990.01585976627,"d":"1990"},{"v":38.969014084507,"d":"39.0"},null,{"v":1990.01585976627,"d":"1990"},{"v":39.6788732394366,"d":"39.7"},null,{"v":1971.92057761732,"d":"1972"},{"v":1308.0248563046,"d":"1308"}]
[{"v":1991.01752921535,"d":"1991"},{"v":38.7915492957746,"d":"38.8"},null,{"v":1991.01752921535,"d":"1991"},{"v":39.1859154929577,"d":"39.2"},null,{"v":1991.01752921535,"d":"1991"},{"v":39.9943661971831,"d":"40.0"},null,{"v":1973.0036101083,"d":"1973"},{"v":922.658064938324,"d":"923"}]
[{"v":1992.01919866444,"d":"1992"},{"v":38.8704225352112,"d":"38.9"},null,{"v":1992.01919866444,"d":"1992"},{"v":39.1859154929577,"d":"39.2"},null,{"v":1992.01919866444,"d":"1992"},{"v":40.6845070422535,"d":"40.7"},null,{"v":1973.95667870036,"d":"1974"},{"v":1730.66519790155,"d":"1731"}]
[{"v":1993.02086811352,"d":"1993"},{"v":39.4619718309859,"d":"39.5"},null,{"v":1993.02086811352,"d":"1993"},{"v":39.8760563380281,"d":"39.9"},null,{"v":1993.02086811352,"d":"1993"},{"v":40.6845070422535,"d":"40.7"},null,{"v":1974.99638989169,"d":"1975"},{"v":1700.29011746485,"d":"1700"}]
[{"v":1994.0225375626,"d":"1994"},{"v":39.7577464788732,"d":"39.8"},null,{"v":1994.0225375626,"d":"1994"},{"v":39.994366197183,"d":"40.0"},null,{"v":1994.0225375626,"d":"1994"},{"v":40.4676056338028,"d":"40.5"},null,{"v":1975.94945848375,"d":"1976"},{"v":1307.39090601721,"d":"1307"}]
[{"v":1994.99916527545,"d":"1995"},{"v":39.7183098591549,"d":"39.7"},null,{"v":1995.04924874791,"d":"1995"},{"v":40.0732394366197,"d":"40.1"},null,{"v":1995.02420701168,"d":"1995"},{"v":40.881690140845,"d":"40.9"},null,{"v":1977.03249097472,"d":"1977"},{"v":1329.87909954519,"d":"1330"}]
[{"v":1996.00083472454,"d":"1996"},{"v":39.7774647887323,"d":"39.8"},null,{"v":1996.02587646076,"d":"1996"},{"v":40.0929577464788,"d":"40.1"},null,{"v":1996.02587646076,"d":"1996"},{"v":41.0985915492957,"d":"41.1"},null,{"v":1978.07220216606,"d":"1978"},{"v":1722.46474418401,"d":"1722"}]
[{"v":1997.02754590984,"d":"1997"},{"v":39.856338028169,"d":"39.9"},null,{"v":1997.02754590984,"d":"1997"},{"v":40.2901408450704,"d":"40.3"},null,{"v":1997.02754590984,"d":"1997"},{"v":41.9661971830985,"d":"42.0"},null,{"v":1979.06859205776,"d":"1979"},{"v":2092.39859522069,"d":"2092"}]
[{"v":1998.0041736227,"d":"1998"},{"v":39.9943661971831,"d":"40.0"},null,{"v":1998.05425709515,"d":"1998"},{"v":40.369014084507,"d":"40.4"},null,{"v":1998.0041736227,"d":"1998"},{"v":41.9661971830985,"d":"42.0"},null,{"v":1979.97833935018,"d":"1980"},{"v":1608.87175935519,"d":"1609"}]
[{"v":1999.03088480801,"d":"1999"},{"v":40.7042253521126,"d":"40.7"},null,{"v":1999.03088480801,"d":"1999"},{"v":41.1774647887323,"d":"41.2"},null,{"v":1999.03088480801,"d":"1999"},{"v":42.8535211267605,"d":"42.9"},null,{"v":1980.88808664259,"d":"1981"},{"v":1616.28147938093,"d":"1616"}]
[{"v":2000.00751252086,"d":"2000"},{"v":41.769014084507,"d":"41.8"},null,{"v":2000.00751252086,"d":"2000"},{"v":42.1830985915492,"d":"42.2"},null,{"v":2000.03255425709,"d":"2000"},{"v":43.169014084507,"d":"43.2"},null,{"v":1981.97111913357,"d":"1982"},{"v":1442.39505055242,"d":"1442"}]
[{"v":2001.00918196995,"d":"2001"},{"v":41.6901408450704,"d":"41.7"},null,{"v":2001.00918196995,"d":"2001"},{"v":42.0845070422535,"d":"42.1"},null,{"v":2001.03422370617,"d":"2001"},{"v":43.8788732394366,"d":"43.9"},null,{"v":1983.0108303249,"d":"1983"},{"v":1555.52450183777,"d":"1556"}]
[{"v":2001.9858096828,"d":"2002"},{"v":41.7098591549295,"d":"41.7"},null,{"v":2002.01085141903,"d":"2002"},{"v":42.1830985915492,"d":"42.2"},null,{"v":2001.9858096828,"d":"2002"},{"v":43.9971830985915,"d":"44.0"},null,{"v":1984.0072202166,"d":"1984"},{"v":1547.81484834273,"d":"1548"}]
[{"v":2003.03756260434,"d":"2003"},{"v":41.9661971830985,"d":"42.0"},null,{"v":2003.03756260434,"d":"2003"},{"v":42.4788732394366,"d":"42.5"},null,{"v":2003.03756260434,"d":"2003"},{"v":44.0760563380281,"d":"44.1"},null,{"v":1985.0036101083,"d":"1985"},{"v":1713.82120693228,"d":"1714"}]
[{"v":2004.01419031719,"d":"2004"},{"v":41.6704225352112,"d":"41.7"},null,{"v":2004.01419031719,"d":"2004"},{"v":42.0845070422535,"d":"42.1"},null,{"v":2003.98914858096,"d":"2004"},{"v":43.4647887323943,"d":"43.5"},null,1986,{"v":1585.26563198708,"d":"1585"}]
[{"v":2005.01585976627,"d":"2005"},{"v":41.7887323943661,"d":"41.8"},null,{"v":2005.01585976627,"d":"2005"},{"v":42.4788732394366,"d":"42.5"},null,{"v":2005.01585976627,"d":"2005"},{"v":44.569014084507,"d":"44.6"},null,{"v":1986.99638989169,"d":"1987"},{"v":1577.55597849204,"d":"1578"}]
[{"v":2006.04257095158,"d":"2006"},{"v":41.6901408450704,"d":"41.7"},null,{"v":2006.01752921535,"d":"2006"},{"v":42.281690140845,"d":"42.3"},null,{"v":2006.01752921535,"d":"2006"},{"v":44.1746478873239,"d":"44.2"},null,{"v":1987.94945848375,"d":"1988"},{"v":1713.35767338881,"d":"1713"}]
[{"v":2007.04424040066,"d":"2007"},{"v":42.1633802816901,"d":"42.2"},null,{"v":2007.04424040066,"d":"2007"},{"v":43.2873239436619,"d":"43.3"},null,{"v":2007.01919866444,"d":"2007"},{"v":43.4845070422535,"d":"43.5"},null,{"v":1988.94584837545,"d":"1989"},{"v":1562.14348817171,"d":"1562"}]
[{"v":2008.02086811352,"d":"2008"},{"v":41.769014084507,"d":"41.8"},null,{"v":2008.04590984974,"d":"2008"},{"v":43.5830985915492,"d":"43.6"},null,{"v":2008.02086811352,"d":"2008"},{"v":44.1549295774647,"d":"44.2"},null,{"v":1989.94223826714,"d":"1990"},{"v":1342.9534721389,"d":"1343"}]
[{"v":2009.0225375626,"d":"2009"},{"v":42.281690140845,"d":"42.3"},null,{"v":2009.04757929883,"d":"2009"},{"v":43.681690140845,"d":"43.7"},null,{"v":2009.0225375626,"d":"2009"},{"v":44.0760563380281,"d":"44.1"},null,{"v":1990.93862815884,"d":"1991"},{"v":1493.85409054718,"d":"1494"}]
[{"v":2010.02420701168,"d":"2010"},{"v":41.6507042253521,"d":"41.7"},null,{"v":2010.02420701168,"d":"2010"},{"v":44.2140845070422,"d":"44.2"},null,{"v":2010.02420701168,"d":"2010"},{"v":45.3183098591549,"d":"45.3"},null,{"v":1991.93501805054,"d":"1992"},{"v":1463.48582678024,"d":"1463"}]
[{"v":2011.00083472454,"d":"2011"},{"v":42.3802816901408,"d":"42.4"},null,{"v":2011.02587646076,"d":"2011"},{"v":44.2732394366197,"d":"44.3"},null,{"v":2011.00083472454,"d":"2011"},{"v":45.0619718309859,"d":"45.1"},null,{"v":1993.01805054151,"d":"1993"},{"v":1259.38791758918,"d":"1259"}]
[{"$nulls":9},{"v":1993.97111913357,"d":"1994"},{"v":1440.50683302976,"d":"1441"}]
[{"$nulls":9},{"v":1995.0108303249,"d":"1995"},{"v":1432.79036286496,"d":"1433"}]
[{"$nulls":9},{"v":1996.0072202166,"d":"1996"},{"v":1364.65774864484,"d":"1365"}]
[{"$nulls":9},{"v":1997.0036101083,"d":"1997"},{"v":1477.79401659995,"d":"1478"}]
[{"$nulls":9},{"v":1998.04332129963,"d":"1998"},{"v":1515.39476697896,"d":"1515"}]
[{"$nulls":9},{"v":1998.99638989169,"d":"1999"},{"v":1575.66776096938,"d":"1576"}]
[{"$nulls":9},{"v":1999.99277978339,"d":"2000"},{"v":1605.72245792751,"d":"1606"}]
[{"$nulls":9},{"v":2000.98916967509,"d":"2001"},{"v":1590.45993434183,"d":"1590"}]
[{"$nulls":9},{"v":2001.94223826714,"d":"2002"},{"v":1590.30996760718,"d":"1590"}]
[{"$nulls":9},{"v":2002.98194945848,"d":"2003"},{"v":1695.8865488019,"d":"1696"}]
[{"$nulls":9},{"v":2003.97833935018,"d":"2004"},{"v":1537.11949349417,"d":"1537"}]
[{"$nulls":9},{"v":2004.93140794223,"d":"2005"},{"v":1461.44082585317,"d":"1461"}]
[{"$nulls":9},{"v":2006.01444043321,"d":"2006"},{"v":1370.63596802164,"d":"1371"}]
[{"$nulls":9},{"v":2006.96750902527,"d":"2007"},{"v":1597.07210400602,"d":"1597"}]
[{"$nulls":9},{"v":2007.92057761732,"d":"2008"},{"v":1680.00370826834,"d":"1680"}]
[{"$nulls":9},{"v":2008.91696750902,"d":"2009"},{"v":1800.69284631409,"d":"1801"}]
[{"$nulls":9},{"v":2009.95667870036,"d":"2010"},{"v":2095.09117977467,"d":"2095"}]
[{"$nulls":9},{"v":2011.03971119133,"d":"2011"},{"v":1785.25308931473,"d":"1785"}]

{"sheet":"NIHBudgetHistory","index":20,"n_rows":36,"n_cols":22,"rows_kept":36,"merged":[[2,0,2,1],[3,0,3,1],[4,0,4,1],[11,0,11,1],[18,0,18,1],[26,0,26,1],[27,0,27,1],[30,0,30,1],[31,0,31,1],[33,0,33,1],[34,0,34,1],[35,0,35,1],[36,0,36,1]]}
[null,"NIH budget mechanism detail FY 1995 - 2000",null,"http://report.nih.gov/nihdatabook/charts/Default.aspx?chartId=226&catId=1"]
[null,"NIH budget mechanism detail FY 2001 - 2014",null,"http://report.nih.gov/NIHDatabook/Charts/Default.aspx?chartId=153&catId=1 "]
[null,null," 1995 "," 1996 "," 1997 "," 1998 "," 1999 "," 2000 "," 2001 "," 2002 "," 2003 "," 2004 "," 2005 "," 2006 "," 2007 "," 2008 "," 2009 "," 2010 "," 2011 "," 2012 "," 2013 "," 2014 "]
[" Research Grants ",null,"    ","    ","    ","    ","    ","    ","    ","    ","    ","    ","    ","    ","    ","    ","    ","    ","    ","    ","    ","    "]
[" Research Projects Grants ",null,"    ","    ","    ","    ","    ","    ","    ","    ","    ","    ","    ","    ","    ","    ","    ","    ","    ","    ","    ","    "]
["    "," Noncompeting "," $4,404 "," $4,726 "," $4,998 "," $5,474 "," $5,822 "," $6,715 "," $7,941 "," $9,135 "," $10,029 "," $10,784 "," $10,997 "," $11,052 "," $11,005 "," $11,178 "," $11,397 "," $11,773 "," $11,893 "," $11,946 "," $11,119 "," $10,785 "]
["    "," Administrative Supplements "," $55 "," $70 "," $89 "," $106 "," $128 "," $129 "," $204 "," $224 "," $201 "," $255 "," $456 "," $285 "," $205 "," $177 "," $221 "," $189 "," $202 "," $192 "," $248 "," $208 "]
["    "," Competing "," $1,563 "," $1,627 "," $1,817 "," $1,939 "," $2,515 "," $2,912 "," $3,032 "," $3,183 "," $3,517 "," $3,562 "," $3,396 "," $3,358 "," $3,788 "," $3,666 "," $3,921 "," $3,933 "," $3,732 "," $3,791 "," $3,439 "," $4,479 "]
["    "," Subtotal "," $6,021 "," $6,423 "," $6,905 "," $7,518 "," $8,465 "," $9,756 "," $11,177 "," $12,542 "," $13,746 "," $14,602 "," $14,850 "," $14,695 "," $14,998 "," $15,021 "," $15,538 "," $15,896 "," $15,827 "," $15,929 "," $14,807 "," $15,473 "]
["    "," SBIR/STTR "," $173 "," $189 "," $249 "," $269 "," $314 "," $362 "," $418 "," $497 "," $541 "," $612 "," $625 "," $619 "," $629 "," $633 "," $648 "," $653 "," $648 "," $671 "," $639 "," $695 "]
["    "," Total, RPGs "," $6,195 "," $6,612 "," $7,154 "," $7,787 "," $8,779 "," $10,118 "," $11,595 "," $13,038 "," $14,287 "," $15,213 "," $15,475 "," $15,314 "," $15,627 "," $15,654 "," $16,186 "," $16,549 "," $16,476 "," $16,599 "," $15,445 "," $16,168 "]
[" Research Centers ",null,"    ","    ","    ","    ","    ","    ","    ","    ","    ","    ","    ","    ","    ","    ","    ","    ","    ","    ","    ","    "]
["    "," Spec/Comp "," $738 "," $757 "," $787 "," $837 "," $996 "," $1,137 "," $1,373 "," $1,585 "," $1,835 "," $1,947 "," $2,045 "," $2,045 "," $2,238 "," $2,201 "," $2,257 "," $2,301 "," $2,227 "," $2,282 "," $1,995 "," $1,958 "]
["    "," Clinical Research "," $136 "," $147 "," $157 "," $170 "," $202 "," $203 "," $230 "," $258 "," $285 "," $288 "," $298 "," $308 "," $381 "," $425 "," $426 "," $436 "," $439 "," $398 "," $370 "," $414 "]
["    "," Biotechnology "," $48 "," $49 "," $54 "," $58 "," $71 "," $85 "," $110 "," $135 "," $143 "," $140 "," $131 "," $129 "," $137 "," $138 "," $144 "," $152 "," $147 "," $161 "," $156 "," $167 "]
["    "," Comparative Medicine "," $57 "," $57 "," $62 "," $64 "," $76 "," $81 "," $102 "," $94 "," $109 "," $116 "," $119 "," $123 "," $124 "," $126 "," $134 "," $134 "," $138 "," $139 "," $133 "," $129 "]
["    "," RCMI "," $27 "," $29 "," $29 "," $32 "," $34 "," $41 "," $45 "," $52 "," $56 "," $56 "," $55 "," $54 "," $54 "," $53 "," $57 "," $60 "," $59 "," $59 "," $55 "," $55 "]
["    "," Total, Centers "," $1,006 "," $1,040 "," $1,089 "," $1,161 "," $1,380 "," $1,547 "," $1,860 "," $2,124 "," $2,428 "," $2,546 "," $2,647 "," $2,660 "," $2,934 "," $2,944 "," $3,019 "," $3,083 "," $3,009 "," $3,039 "," $2,709 "," $2,723 "]
[" Other Research ",null,"    ","    ","    ","    ","    ","    ","    ","    ","    ","    ","    ","    ","    ","    ","    ","    ","    ","    ","    ","    "]
["    "," Research Careers "," $188 "," $198 "," $208 "," $226 "," $270 "," $334 "," $395 "," $459 "," $536 "," $586 "," $608 "," $614 "," $663 "," $682 "," $671 "," $649 "," $626 "," $632 "," $615 "," $612 "]
["    "," Cancer Education "," $8 "," $10 "," $12 "," $14 "," $17 "," $17 "," $22 "," $27 "," $30 "," $32 "," $35 "," $35 "," $31 "," $31 "," $32 "," $35 "," $33 "," $33 "," $34 "," $33 "]
["    "," Coop. Clinical "," $163 "," $186 "," $191 "," $197 "," $246 "," $294 "," $324 "," $360 "," $379 "," $357 "," $335 "," $345 "," $425 "," $410 "," $404 "," $431 "," $448 "," $430 "," $435 "," $475 "]
["    "," BRS "," $17 "," $25 "," $25 "," $26 "," $38 "," $45 "," $67 "," $129 "," $120 "," $116 "," $106 "," $66 "," $98 "," $66 "," $66 "," $68 "," $70 "," $68 "," $69 "," $67 "]
["    "," MBRS "," $48 "," $49 "," $50 "," $54 "," $66 "," $88 "," $100 "," $111 "," $117 "," $117 "," $116 "," $115 "," $111 "," $107 "," $106 "," $107 "," $104 "," $111 "," $105 "," $104 "]
["    "," Other "," $81 "," $86 "," $97 "," $115 "," $171 "," $237 "," $334 "," $388 "," $435 "," $469 "," $482 "," $477 "," $465 "," $484 "," $519 "," $530 "," $548 "," $560 "," $526 "," $556 "]
["    "," Total, Other Research "," $504 "," $554 "," $583 "," $631 "," $808 "," $1,013 "," $1,241 "," $1,474 "," $1,617 "," $1,678 "," $1,682 "," $1,651 "," $1,794 "," $1,780 "," $1,799 "," $1,821 "," $1,829 "," $1,834 "," $1,783 "," $1,847 "]
[" Total, Research Grants ",null," $7,705 "," $8,207 "," $8,825 "," $9,579 "," $10,967 "," $12,679 "," $14,696 "," $16,636 "," $18,332 "," $19,438 "," $19,805 "," $19,624 "," $20,355 "," $20,378 "," $21,004 "," $21,452 "," $21,314 "," $21,473 "," $19,938 "," $20,738 "]
[" Training ",null,"    ","    ","    ","    ","    ","    ","    ","    ","    ","    ","    ","    ","    ","    ","    ","    ","    ","    ","    ","    "]
["    "," Individual "," $64 "," $67 "," $69 "," $70 "," $86 "," $86 "," $95 "," $102 "," $108 "," $113 "," $119 "," $123 "," $121 "," $123 "," $122 "," $126 "," $127 "," $130 "," $132 "," $136 "]
["    "," Institutional "," $317 "," $329 "," $348 "," $358 "," $424 "," $453 "," $494 "," $549 "," $603 "," $628 "," $625 "," $608 "," $661 "," $647 "," $655 "," $649 "," $644 "," $632 "," $601 "," $602 "]
[" Total, Training ",null," $381 "," $395 "," $417 "," $428 "," $509 "," $540 "," $590 "," $651 "," $711 "," $741 "," $744 "," $731 "," $782 "," $770 "," $776 "," $775 "," $772 "," $761 "," $734 "," $738 "]
[" R&D Contracts ",null," $791 "," $765 "," $790 "," $794 "," $1,067 "," $1,148 "," $1,388 "," $1,643 "," $2,301 "," $2,693 "," $2,518 "," $2,583 "," $2,985 "," $3,248 "," $3,058 "," $3,145 "," $2,998 "," $2,915 "," $2,927 "," $2,990 "]
["    "," (SBIR/STTR) "," $6 "," $4 "," $11 "," $13 "," $11 "," $13 "," $17 "," $19 "," $22 "," $22 "," $237 "," $24 "," $26 "," $22 "," $32 "," $33 "," $38 "," $57 "," $59 "," $65 "]
[" Intramural Research ",null," $1,223 "," $1,295 "," $1,346 "," $1,435 "," $1,565 "," $1,746 "," $1,952 "," $2,225 "," $2,565 "," $2,659 "," $2,738 "," $2,746 "," $3,035 "," $3,095 "," $3,223 "," $3,306 "," $3,331 "," $3,401 "," $3,247 "," $3,374 "]
[" Other* ",null," $717 "," $719 "," $734 "," $760 "," $882 "," $1,066 "," $1,230 "," $1,408 "," $1,960 "," $1,629 "," $1,728 "," $1,634 "," $1,336 "," $2,102 "," $1,440 "," $1,521 "," $1,530 "," $2,303 "," $2,284 "," $2,179 "]
[" All NIH  ICs ",null," $10,816 "," $11,380 "," $12,113 "," $12,996 "," $14,990 "," $17,178 "," $19,856 "," $22,563 "," $25,868 "," $27,159 "," $27,532 "," $27,318 "," $29,128 "," $29,615 "," $29,501 "," $30,200 "," $29,944 "," $30,852 "," $29,129 "," $30,019 "]

{"sheet":"Funds","index":21,"n_rows":315,"n_cols":31,"rows_kept":315,"merged":[[1,0,1,10],[2,0,4,0],[2,1,3,2],[2,3,2,10],[3,3,3,4],[3,5,3,6],[3,7,3,8],[3,9,3,10],[34,0,34,10],[35,1,35,4],[53,0,55,0],[53,1,53,30],[54,1,54,3],[54,4,54,6],[54,7,54,9],[54,10,54,12],[54,13,54,15],[54,16,54,18],[54,19,54,21],[54,22,54,24],[54,25,54,27],[54,28,54,30],[92,0,94,0],[92,1,92,30],[93,1,93,3],[93,4,93,6],[93,7,93,9],[93,10,93,12],[93,13,93,15],[93,16,93,18],[93,19,93,21],[93,22,93,24],[93,25,93,27],[93,28,93,30],[139,2,139,5],[139,6,139,9],[139,11,139,14],[139,15,139,18],[139,19,139,22],[139,25,139,28],[139,29,139,32],[139,33,139,36],[140,0,142,0],[140,1,142,1],[140,2,142,2],[140,3,142,3],[140,4,142,4],[140,5,142,5],[140,6,142,6],[140,7,142,7],[140,8,142,8],[140,9,142,9],[140,10,142,10],[140,11,142,11],[140,12,142,12],[140,13,142,13],[140,14,142,14],[140,15,142,15],[140,16,142,16],[140,17,142,17],[140,18,142,18],[140,19,142,19],[140,20,142,20],[140,21,142,21],[140,22,142,22],[140,23,142,23],[140,24,142,24],[140,25,142,25],[140,26,142,26],[140,27,142,27],[140,28,142,28],[140,29,142,29],[140,30,142,30],[140,31,142,31],[140,32,142,32],[140,33,142,33],[140,34,142,34],[140,35,142,35],[140,36,142,36],[190,0,192,0],[190,1,190,30],[191,1,191,3],[191,4,191,6],[191,7,191,9],[191,10,191,12],[191,13,191,15],[191,16,191,18],[191,19,191,21],[191,22,191,24],[191,25,191,27],[191,28,191,30],[229,0,231,0],[229,1,229,30],[230,1,230,3],[230,4,230,6],[230,7,230,9],[230,10,230,12],[230,13,230,15],[230,16,230,18],[230,19,230,21],[230,22,230,24],[230,25,230,27],[230,28,230,30],[276,2,276,5],[276,6,276,9],[276,11,276,14],[277,0,279,0],[277,1,279,1],[277,2,279,2],[277,3,279,3],[277,4,279,4],[277,5,279,5],[277,6,279,6],[277,7,279,7],[277,8,279,8],[277,9,279,9],[277,10,279,10],[277,11,279,11],[277,12,279,12],[277,13,279,13],[277,14,279,14]]}
["Start",{"$nulls":8},"report.nih.gov/displayreport.aspx?rid=763"]
["Excludes awards made with American Recovery and Reinvestment Act (ARRA) funds"]
["Fiscal Year","Total R01 Equivalent Awards",null,"R01 Equivalent Activity Codes"]
[{"$nulls":3},"R01",null,"R23",null,"R29",null,"R37"]
[null,"Awards","Amount Awarded","Awards","Amount Awarded","Awards","Amount Awarded","Awards","Amount Awarded","Awards","Amount Awarded",null,"From Below",null,"% Error"]
[1983,{"v":17031,"d":"17,031"},{"v":1823710436,"d":"$1,823,710,436"},{"v":16071,"d":"16,071"},{"v":1777257851,"d":"$1,777,257,851"},{"v":960,"d":"960 "},{"v":46452585,"d":"$46,452,585"},{"v":0,"d":"0 "},{"v":0,"d":"$0"},{"v":0,"d":"0 "},{"v":0,"d":"$0"},null,{"$f":"D60","v":{"v":1825704692,"d":"$1,825,704,692"}},null,{"$f":"(C6-M6)/M6","v":{"v":-1.0923212328579589E-3,"d":"-0.109%"}}]
[1984,{"v":17508,"d":"17,508"},{"v":2095360049,"d":"$2,095,360,049"},{"v":16521,"d":"16,521"},{"v":2046341303,"d":"$2,046,341,303"},{"v":987,"d":"987 "},{"v":49018746,"d":"$49,018,746"},{"v":0,"d":"0 "},{"v":0,"d":"$0"},{"v":0,"d":"0 "},{"v":0,"d":"$0"},null,{"v":2097020817,"d":"$2,097,020,817"},null,{"v":-7.9196543331214815E-4,"d":"-0.079%"}]
[1985,{"v":18436,"d":"18,436"},{"v":2397280459,"d":"$2,397,280,459"},{"v":17372,"d":"17,372"},{"v":2343352471,"d":"$2,343,352,471"},{"v":1064,"d":"1,064 "},{"v":53927988,"d":"$53,927,988"},{"v":0,"d":"0 "},{"v":0,"d":"$0"},{"v":0,"d":"0 "},{"v":0,"d":"$0"},null,{"v":2402134399,"d":"$2,402,134,399"},null,{"v":-2.020677944589894E-3,"d":"-0.202%"}]
[1986,{"v":18877,"d":"18,877"},{"v":2508095406,"d":"$2,508,095,406"},{"v":17572,"d":"17,572"},{"v":2411742865,"d":"$2,411,742,865"},{"v":1094,"d":"1,094 "},{"v":54401954,"d":"$54,401,954"},{"v":34,"d":"34 "},{"v":2825282,"d":"$2,825,282"},{"v":177,"d":"177 "},{"v":39125305,"d":"$39,125,305"},null,{"v":2511639022,"d":"$2,511,639,022"},null,{"v":-1.4108779044124916E-3,"d":"-0.141%"}]
[1987,{"v":19765,"d":"19,765"},{"v":2944227357,"d":"$2,944,227,357"},{"v":18103,"d":"18,103"},{"v":2765323733,"d":"$2,765,323,733"},{"v":676,"d":"676 "},{"v":34033316,"d":"$34,033,316"},{"v":591,"d":"591 "},{"v":55686157,"d":"$55,686,157"},{"v":395,"d":"395 "},{"v":89184151,"d":"$89,184,151"},null,{"v":2945732346,"d":"$2,945,732,346"},null,{"v":-5.1090486956278274E-4,"d":"-0.051%"}]
[1988,{"v":20336,"d":"20,336"},{"v":3106950610,"d":"$3,106,950,610"},{"v":18078,"d":"18,078"},{"v":2822757533,"d":"$2,822,757,533"},{"v":271,"d":"271 "},{"v":12871564,"d":"$12,871,564"},{"v":1320,"d":"1,320 "},{"v":117674449,"d":"$117,674,449"},{"v":667,"d":"667 "},{"v":153647064,"d":"$153,647,064"},null,{"v":3111917863,"d":"$3,111,917,863"},null,{"v":-1.5962031193237827E-3,"d":"-0.160%"}]
[1989,{"v":20936,"d":"20,936"},{"v":3380831544,"d":"$3,380,831,544"},{"v":18126,"d":"18,126"},{"v":3002459900,"d":"$3,002,459,900"},{"v":54,"d":"54 "},{"v":2748417,"d":"$2,748,417"},{"v":1880,"d":"1,880 "},{"v":168443903,"d":"$168,443,903"},{"v":876,"d":"876 "},{"v":207179324,"d":"$207,179,324"},null,{"v":3404795615,"d":"$3,404,795,615"},null,{"v":-7.038328789670977E-3,"d":"-0.704%"}]
[1990,{"v":20760,"d":"20,760"},{"v":3553432201,"d":"$3,553,432,201"},{"v":17432,"d":"17,432"},{"v":3087862531,"d":"$3,087,862,531"},{"v":0,"d":"0 "},{"v":0,"d":"$0"},{"v":2300,"d":"2,300 "},{"v":214349796,"d":"$214,349,796"},{"v":1028,"d":"1,028 "},{"v":251219874,"d":"$251,219,874"},null,{"v":3573093333,"d":"$3,573,093,333"},null,{"v":-0.005502552037590449,"d":"-0.550%"}]
[1991,{"v":21424,"d":"21,424"},{"v":3899019114,"d":"$3,899,019,114"},{"v":17667,"d":"17,667"},{"v":3348370657,"d":"$3,348,370,657"},{"v":0,"d":"0 "},{"v":0,"d":"$0"},{"v":2620,"d":"2,620 "},{"v":255986990,"d":"$255,986,990"},{"v":1137,"d":"1,137 "},{"v":294661467,"d":"$294,661,467"},null,{"v":3918357332,"d":"$3,918,357,332"},null,{"v":-0.004935286999496145,"d":"-0.494%"}]
[1992,{"v":22022,"d":"22,022"},{"v":4223057840,"d":"$4,223,057,840"},{"v":18089,"d":"18,089"},{"v":3621094554,"d":"$3,621,094,554"},{"v":0,"d":"0 "},{"v":0,"d":"$0"},{"v":2736,"d":"2,736 "},{"v":271486793,"d":"$271,486,793"},{"v":1197,"d":"1,197 "},{"v":330476493,"d":"$330,476,493"},null,{"v":4229524765,"d":"$4,229,524,765"},null,{"v":-1.5289956577426494E-3,"d":"-0.153%"}]
[1993,{"v":21642,"d":"21,642"},{"v":4343989892,"d":"$4,343,989,892"},{"v":17800,"d":"17,800"},{"v":3723253568,"d":"$3,723,253,568"},{"v":0,"d":"0 "},{"v":0,"d":"$0"},{"v":2579,"d":"2,579 "},{"v":257658203,"d":"$257,658,203"},{"v":1263,"d":"1,263 "},{"v":363078121,"d":"$363,078,121"},null,{"v":4347588955,"d":"$4,347,588,955"},null,{"v":-8.2782964011831239E-4,"d":"-0.083%"}]
[1994,{"v":22073,"d":"22,073"},{"v":4587893932,"d":"$4,587,893,932"},{"v":18193,"d":"18,193"},{"v":3948090879,"d":"$3,948,090,879"},{"v":0,"d":"0 "},{"v":0,"d":"$0"},{"v":2608,"d":"2,608 "},{"v":264290896,"d":"$264,290,896"},{"v":1272,"d":"1,272 "},{"v":375512157,"d":"$375,512,157"},null,{"v":4588457749,"d":"$4,588,457,749"},null,{"v":-1.2287723475777395E-4,"d":"-0.012%"}]
[1995,{"v":21680,"d":"21,680"},{"v":4717385290,"d":"$4,717,385,290"},{"v":17694,"d":"17,694"},{"v":4052215105,"d":"$4,052,215,105"},{"v":0,"d":"0 "},{"v":0,"d":"$0"},{"v":2721,"d":"2,721 "},{"v":279377164,"d":"$279,377,164"},{"v":1265,"d":"1,265 "},{"v":385793021,"d":"$385,793,021"},null,{"v":4724385793,"d":"$4,724,385,793"},null,{"v":-0.001481780554495034,"d":"-0.148%"}]
[1996,{"v":22221,"d":"22,221"},{"v":5048479368,"d":"$5,048,479,368"},{"v":18272,"d":"18,272"},{"v":4393687111,"d":"$4,393,687,111"},{"v":0,"d":"0 "},{"v":0,"d":"$0"},{"v":2790,"d":"2,790 "},{"v":289729906,"d":"$289,729,906"},{"v":1159,"d":"1,159 "},{"v":365062351,"d":"$365,062,351"},null,{"v":5054501021,"d":"$5,054,501,021"},null,{"v":-1.1913446995028315E-3,"d":"-0.119%"}]
[1997,{"v":23094,"d":"23,094"},{"v":5457293369,"d":"$5,457,293,369"},{"v":19285,"d":"19,285"},{"v":4840040789,"d":"$4,840,040,789"},{"v":0,"d":"0 "},{"v":0,"d":"$0"},{"v":2819,"d":"2,819 "},{"v":295817020,"d":"$295,817,020"},{"v":990,"d":"990 "},{"v":321435560,"d":"$321,435,560"},null,{"v":5464983261,"d":"$5,464,983,261"},null,{"v":-1.4071208698620752E-3,"d":"-0.141%"}]
[1998,{"v":24245,"d":"24,245"},{"v":5980395074,"d":"$5,980,395,074"},{"v":20526,"d":"20,526"},{"v":5382333725,"d":"$5,382,333,725"},{"v":0,"d":"0 "},{"v":0,"d":"$0"},{"v":2816,"d":"2,816 "},{"v":297492377,"d":"$297,492,377"},{"v":903,"d":"903 "},{"v":300568972,"d":"$300,568,972"},null,{"v":5988882342,"d":"$5,988,882,342"},null,{"v":-1.4171706030153297E-3,"d":"-0.142%"}]
[1999,{"v":25625,"d":"25,625"},{"v":6723897248,"d":"$6,723,897,248"},{"v":22537,"d":"22,537"},{"v":6193540171,"d":"$6,193,540,171"},{"v":0,"d":"0 "},{"v":0,"d":"$0"},{"v":2237,"d":"2,237 "},{"v":239961909,"d":"$239,961,909"},{"v":851,"d":"851 "},{"v":290395168,"d":"$290,395,168"},null,{"v":6732636654,"d":"$6,732,636,654"},null,{"v":-1.2980658914376044E-3,"d":"-0.130%"}]
[2000,{"v":26897,"d":"26,897"},{"v":7602572425,"d":"$7,602,572,425"},{"v":24499,"d":"24,499"},{"v":7141430070,"d":"$7,141,430,070"},{"v":0,"d":"0 "},{"v":0,"d":"$0"},{"v":1578,"d":"1,578 "},{"v":170770500,"d":"$170,770,500"},{"v":820,"d":"820 "},{"v":290371855,"d":"$290,371,855"},null,{"v":7612772551,"d":"$7,612,772,551"},null,{"v":-1.339870058072355E-3,"d":"-0.134%"}]
[2001,{"v":27946,"d":"27,946"},{"v":8499965286,"d":"$8,499,965,286"},{"v":26171,"d":"26,171"},{"v":8092188555,"d":"$8,092,188,555"},{"v":0,"d":"0 "},{"v":0,"d":"$0"},{"v":954,"d":"954 "},{"v":102759623,"d":"$102,759,623"},{"v":821,"d":"821 "},{"v":305017108,"d":"$305,017,108"},null,{"v":8506687383,"d":"$8,506,687,383"},null,{"v":-7.9021324016603984E-4,"d":"-0.079%"}]
[2002,{"v":28820,"d":"28,820"},{"v":9346440027,"d":"$9,346,440,027"},{"v":27568,"d":"27,568"},{"v":8985081987,"d":"$8,985,081,987"},{"v":0,"d":"0 "},{"v":0,"d":"$0"},{"v":436,"d":"436 "},{"v":46337398,"d":"$46,337,398"},{"v":816,"d":"816 "},{"v":315020642,"d":"$315,020,642"},null,{"v":9346782007,"d":"$9,346,782,007"},null,{"v":-3.6587993572962762E-5,"d":"-0.004%"}]
[2003,{"v":29573,"d":"29,573"},{"v":10084647084,"d":"$10,084,647,084"},{"v":28698,"d":"28,698"},{"v":9742052935,"d":"$9,742,052,935"},{"v":0,"d":"0 "},{"v":0,"d":"$0"},{"v":45,"d":"45 "},{"v":4797247,"d":"$4,797,247"},{"v":830,"d":"830 "},{"v":337796902,"d":"$337,796,902"},null,{"v":10085398637,"d":"$10,085,398,637"},null,{"v":-7.4518918592151624E-5,"d":"-0.007%"}]
[2004,{"v":29919,"d":"29,919"},{"v":10538699316,"d":"$10,538,699,316"},{"v":29060,"d":"29,060"},{"v":10176053099,"d":"$10,176,053,099"},{"v":0,"d":"0 "},{"v":0,"d":"$0"},{"v":1,"d":"1 "},{"v":241749,"d":"$241,749"},{"v":858,"d":"858 "},{"v":362404468,"d":"$362,404,468"},null,{"v":10543228988,"d":"$10,543,228,988"},null,{"v":-4.2962853269672342E-4,"d":"-0.043%"}]
[2005,{"v":29500,"d":"29,500"},{"v":10667802387,"d":"$10,667,802,387"},{"v":28622,"d":"28,622"},{"v":10288217875,"d":"$10,288,217,875"},{"v":0,"d":"0 "},{"v":0,"d":"$0"},{"v":0,"d":"0 "},{"v":0,"d":"$0"},{"v":878,"d":"878 "},{"v":379584512,"d":"$379,584,512"},null,{"v":10679892144,"d":"$10,679,892,144"},null,{"v":-1.1320111511418274E-3,"d":"-0.113%"}]
[2006,{"v":29076,"d":"29,076"},{"v":10505037104,"d":"$10,505,037,104"},{"v":28192,"d":"28,192"},{"v":10121779877,"d":"$10,121,779,877"},{"v":0,"d":"0 "},{"v":0,"d":"$0"},{"v":0,"d":"0 "},{"v":0,"d":"$0"},{"v":884,"d":"884 "},{"v":383257227,"d":"$383,257,227"},null,{"v":10516633303,"d":"$10,516,633,303"},null,{"v":-1.1026531653140403E-3,"d":"-0.110%"}]
[2007,{"v":28729,"d":"28,729"},{"v":10427770948,"d":"$10,427,770,948"},{"v":27850,"d":"27,850"},{"v":10045800665,"d":"$10,045,800,665"},{"v":0,"d":"0 "},{"v":0,"d":"$0"},{"v":0,"d":"0 "},{"v":0,"d":"$0"},{"v":879,"d":"879 "},{"v":381970283,"d":"$381,970,283"},null,{"v":10417574715,"d":"$10,417,574,715"},null,{"v":9.7875304751294015E-4,"d":"0.098%"}]
[2008,{"v":27860,"d":"27,860"},{"v":10331737372,"d":"$10,331,737,372"},{"v":27012,"d":"27,012"},{"v":9956033585,"d":"$9,956,033,585"},{"v":0,"d":"0 "},{"v":0,"d":"$0"},{"v":0,"d":"0 "},{"v":0,"d":"$0"},{"v":848,"d":"848 "},{"v":375703787,"d":"$375,703,787"},null,{"v":10328171494,"d":"$10,328,171,494"},null,{"v":3.4525743516861091E-4,"d":"0.035%"}]
[2009,{"v":27368,"d":"27,368"},{"v":10623543326,"d":"$10,623,543,326"},{"v":26580,"d":"26,580"},{"v":10261795174,"d":"$10,261,795,174"},{"v":0,"d":"0 "},{"v":0,"d":"$0"},{"v":0,"d":"0 "},{"v":0,"d":"$0"},{"v":788,"d":"788 "},{"v":361748152,"d":"$361,748,152"},null,{"v":10616187548,"d":"$10,616,187,548"},null,{"v":6.9288319999449952E-4,"d":"0.069%"}]
[]
[]
["Data drawn from DIS publication files - PUBDATA accessed on June 14, 2010"]
["Notes:       ","Excludes NLM prior to FY 2007"]
[null,"Excludes count of administrative (noncompeting ) supplements."]
{"$rows_empty":10}
["From FOIA Enquiry",{"$nulls":3},"FOIA 44721 Proportion R01 $ by age.xlsx"]
[]
[]
[]
[]
["Report #56-16"]
["Fiscal Year","Age of Principal Investigator"]
[null,"All Ages Total",null,null,"24 - 35",null,null,"36 - 40",null,null,"41 - 45",null,null,"46 - 50",null,null,"51 - 55",null,null,"56 - 60",null,null,"61 - 65",null,null,"Over 65",null,null,"Unknown/Illogical"]
[null,"Awardees","Direct Cost","Total Cost","Awardees","Direct Cost","Total Cost","Awardees","Direct Cost","Total Cost","Awardees","Direct Cost","Total Cost","Awardees","Direct Cost","Total Cost","Awardees","Direct Cost","Total Cost","Awardees","Direct Cost","Total Cost","Awardees","Direct Cost","Total Cost","Awardees","Direct Cost","Total Cost","Awardees","Direct Cost","Total Cost"]
[1980,{"v":14410,"d":"14,410"},{"v":1021582031,"d":"$1,021,582,031"},{"v":1410821137,"d":"$1,410,821,137"},{"v":1856,"d":"1,856"},{"v":100492969,"d":"$100,492,969"},{"v":137604620,"d":"$137,604,620"},{"v":2541,"d":"2,541"},{"v":171512833,"d":"$171,512,833"},{"v":235680581,"d":"$235,680,581"},{"v":1759,"d":"1,759"},{"v":143443595,"d":"$143,443,595"},{"v":199703481,"d":"$199,703,481"},{"v":1187,"d":"1,187"},{"v":112967853,"d":"$112,967,853"},{"v":157224588,"d":"$157,224,588"},800,{"v":88622441,"d":"$88,622,441"},{"v":123534425,"d":"$123,534,425"},432,{"v":46820925,"d":"$46,820,925"},{"v":64997056,"d":"$64,997,056"},162,{"v":16761401,"d":"$16,761,401"},{"v":23643661,"d":"$23,643,661"},52,{"v":5284731,"d":"$5,284,731"},{"v":7600735,"d":"$7,600,735"},{"v":5621,"d":"5,621"},{"v":335675283,"d":"$335,675,283"},{"v":460831990,"d":"$460,831,990"}]
[1981,{"v":14430,"d":"14,430"},{"v":1115483246,"d":"$1,115,483,246"},{"v":1549430049,"d":"$1,549,430,049"},{"v":1941,"d":"1,941"},{"v":113357153,"d":"$113,357,153"},{"v":157686528,"d":"$157,686,528"},{"v":2671,"d":"2,671"},{"v":193225200,"d":"$193,225,200"},{"v":267699647,"d":"$267,699,647"},{"v":1914,"d":"1,914"},{"v":168238227,"d":"$168,238,227"},{"v":234759606,"d":"$234,759,606"},{"v":1236,"d":"1,236"},{"v":126468269,"d":"$126,468,269"},{"v":176205353,"d":"$176,205,353"},865,{"v":96506890,"d":"$96,506,890"},{"v":135640555,"d":"$135,640,555"},482,{"v":58241726,"d":"$58,241,726"},{"v":80948715,"d":"$80,948,715"},189,{"v":22056291,"d":"$22,056,291"},{"v":31522191,"d":"$31,522,191"},70,{"v":7133047,"d":"$7,133,047"},{"v":10106118,"d":"$10,106,118"},{"v":5062,"d":"5,062"},{"v":330256443,"d":"$330,256,443"},{"v":454861336,"d":"$454,861,336"}]
[1982,{"v":13880,"d":"13,880"},{"v":1138226518,"d":"$1,138,226,518"},{"v":1602060859,"d":"$1,602,060,859"},{"v":1932,"d":"1,932"},{"v":114219745,"d":"$114,219,745"},{"v":161795316,"d":"$161,795,316"},{"v":2715,"d":"2,715"},{"v":206192033,"d":"$206,192,033"},{"v":289311416,"d":"$289,311,416"},{"v":2033,"d":"2,033"},{"v":189225717,"d":"$189,225,717"},{"v":267176020,"d":"$267,176,020"},{"v":1266,"d":"1,266"},{"v":131910443,"d":"$131,910,443"},{"v":185530440,"d":"$185,530,440"},918,{"v":105313352,"d":"$105,313,352"},{"v":149224793,"d":"$149,224,793"},504,{"v":63175749,"d":"$63,175,749"},{"v":90463178,"d":"$90,463,178"},211,{"v":25720036,"d":"$25,720,036"},{"v":36463517,"d":"$36,463,517"},79,{"v":8396609,"d":"$8,396,609"},{"v":11849735,"d":"$11,849,735"},{"v":4222,"d":"4,222"},{"v":294072834,"d":"$294,072,834"},{"v":410246444,"d":"$410,246,444"}]
[1983,{"v":14287,"d":"14,287"},{"v":1277189345,"d":"$1,277,189,345"},{"v":1825704692,"d":"$1,825,704,692"},{"v":1926,"d":"1,926"},{"v":119697537,"d":"$119,697,537"},{"v":171247261,"d":"$171,247,261"},{"v":2882,"d":"2,882"},{"v":233455545,"d":"$233,455,545"},{"v":333492583,"d":"$333,492,583"},{"v":2329,"d":"2,329"},{"v":234051429,"d":"$234,051,429"},{"v":334218393,"d":"$334,218,393"},{"v":1396,"d":"1,396"},{"v":159565175,"d":"$159,565,175"},{"v":228222970,"d":"$228,222,970"},987,{"v":122283753,"d":"$122,283,753"},{"v":175992577,"d":"$175,992,577"},595,{"v":76662225,"d":"$76,662,225"},{"v":111779559,"d":"$111,779,559"},250,{"v":33376387,"d":"$33,376,387"},{"v":48072120,"d":"$48,072,120"},103,{"v":11662288,"d":"$11,662,288"},{"v":17279200,"d":"$17,279,200"},{"v":3819,"d":"3,819"},{"v":286435006,"d":"$286,435,006"},{"v":405400029,"d":"$405,400,029"}]
[1984,{"v":14574,"d":"14,574"},{"v":1453308256,"d":"$1,453,308,256"},{"v":2097020817,"d":"$2,097,020,817"},{"v":1875,"d":"1,875"},{"v":126686815,"d":"$126,686,815"},{"v":183653211,"d":"$183,653,211"},{"v":2975,"d":"2,975"},{"v":267660932,"d":"$267,660,932"},{"v":384830433,"d":"$384,830,433"},{"v":2534,"d":"2,534"},{"v":277388027,"d":"$277,388,027"},{"v":400107217,"d":"$400,107,217"},{"v":1578,"d":"1,578"},{"v":199000555,"d":"$199,000,555"},{"v":287580924,"d":"$287,580,924"},{"v":1037,"d":"1,037"},{"v":140343145,"d":"$140,343,145"},{"v":203500106,"d":"$203,500,106"},649,{"v":94811124,"d":"$94,811,124"},{"v":137930318,"d":"$137,930,318"},278,{"v":40254706,"d":"$40,254,706"},{"v":58611001,"d":"$58,611,001"},134,{"v":17160549,"d":"$17,160,549"},{"v":25711806,"d":"$25,711,806"},{"v":3514,"d":"3,514"},{"v":290002403,"d":"$290,002,403"},{"v":415095801,"d":"$415,095,801"}]
[1985,{"v":15213,"d":"15,213"},{"v":1660392001,"d":"$1,660,392,001"},{"v":2402134399,"d":"$2,402,134,399"},{"v":1918,"d":"1,918"},{"v":138921397,"d":"$138,921,397"},{"v":203293298,"d":"$203,293,298"},{"v":3205,"d":"3,205"},{"v":304377074,"d":"$304,377,074"},{"v":439944433,"d":"$439,944,433"},{"v":2844,"d":"2,844"},{"v":339014653,"d":"$339,014,653"},{"v":489822210,"d":"$489,822,210"},{"v":1748,"d":"1,748"},{"v":235937127,"d":"$235,937,127"},{"v":341343974,"d":"$341,343,974"},{"v":1103,"d":"1,103"},{"v":163890988,"d":"$163,890,988"},{"v":237240538,"d":"$237,240,538"},738,{"v":117766313,"d":"$117,766,313"},{"v":172293814,"d":"$172,293,814"},343,{"v":50068446,"d":"$50,068,446"},{"v":73297771,"d":"$73,297,771"},157,{"v":21786751,"d":"$21,786,751"},{"v":32624842,"d":"$32,624,842"},{"v":3157,"d":"3,157"},{"v":288629252,"d":"$288,629,252"},{"v":412273519,"d":"$412,273,519"}]
[1986,{"v":15574,"d":"15,574"},{"v":1737311818,"d":"$1,737,311,818"},{"v":2511639022,"d":"$2,511,639,022"},{"v":1933,"d":"1,933"},{"v":137077680,"d":"$137,077,680"},{"v":200575974,"d":"$200,575,974"},{"v":3319,"d":"3,319"},{"v":318718044,"d":"$318,718,044"},{"v":460397206,"d":"$460,397,206"},{"v":3007,"d":"3,007"},{"v":364519916,"d":"$364,519,916"},{"v":524616136,"d":"$524,616,136"},{"v":1948,"d":"1,948"},{"v":260935661,"d":"$260,935,661"},{"v":377088304,"d":"$377,088,304"},{"v":1136,"d":"1,136"},{"v":175573624,"d":"$175,573,624"},{"v":252574654,"d":"$252,574,654"},782,{"v":117706943,"d":"$117,706,943"},{"v":173586558,"d":"$173,586,558"},383,{"v":64743296,"d":"$64,743,296"},{"v":94608208,"d":"$94,608,208"},184,{"v":26001147,"d":"$26,001,147"},{"v":39110634,"d":"$39,110,634"},{"v":2882,"d":"2,882"},{"v":272035507,"d":"$272,035,507"},{"v":389081348,"d":"$389,081,348"}]
[1987,{"v":16212,"d":"16,212"},{"v":2045905307,"d":"$2,045,905,307"},{"v":2945732346,"d":"$2,945,732,346"},{"v":1805,"d":"1,805"},{"v":149353720,"d":"$149,353,720"},{"v":217573948,"d":"$217,573,948"},{"v":3478,"d":"3,478"},{"v":368909350,"d":"$368,909,350"},{"v":532166420,"d":"$532,166,420"},{"v":3310,"d":"3,310"},{"v":449962378,"d":"$449,962,378"},{"v":641986650,"d":"$641,986,650"},{"v":2173,"d":"2,173"},{"v":320297054,"d":"$320,297,054"},{"v":463961570,"d":"$463,961,570"},{"v":1224,"d":"1,224"},{"v":201191311,"d":"$201,191,311"},{"v":290888544,"d":"$290,888,544"},866,{"v":144985315,"d":"$144,985,315"},{"v":211325448,"d":"$211,325,448"},453,{"v":86767373,"d":"$86,767,373"},{"v":123287647,"d":"$123,287,647"},220,{"v":33693307,"d":"$33,693,307"},{"v":49698735,"d":"$49,698,735"},{"v":2683,"d":"2,683"},{"v":290745499,"d":"$290,745,499"},{"v":414843384,"d":"$414,843,384"}]
[1988,{"v":16735,"d":"16,735"},{"v":2163272046,"d":"$2,163,272,046"},{"v":3111917863,"d":"$3,111,917,863"},{"v":1654,"d":"1,654"},{"v":138948189,"d":"$138,948,189"},{"v":201609107,"d":"$201,609,107"},{"v":3587,"d":"3,587"},{"v":377392676,"d":"$377,392,676"},{"v":545070267,"d":"$545,070,267"},{"v":3440,"d":"3,440"},{"v":468725231,"d":"$468,725,231"},{"v":672781508,"d":"$672,781,508"},{"v":2462,"d":"2,462"},{"v":369930134,"d":"$369,930,134"},{"v":533160875,"d":"$533,160,875"},{"v":1349,"d":"1,349"},{"v":222935811,"d":"$222,935,811"},{"v":321569042,"d":"$321,569,042"},928,{"v":162079313,"d":"$162,079,313"},{"v":234279217,"d":"$234,279,217"},503,{"v":89576491,"d":"$89,576,491"},{"v":129406402,"d":"$129,406,402"},266,{"v":50565696,"d":"$50,565,696"},{"v":69971134,"d":"$69,971,134"},{"v":2546,"d":"2,546"},{"v":283118505,"d":"$283,118,505"},{"v":404070311,"d":"$404,070,311"}]
[1989,{"v":17162,"d":"17,162"},{"v":2338251767,"d":"$2,338,251,767"},{"v":3404795615,"d":"$3,404,795,615"},{"v":1467,"d":"1,467"},{"v":128849525,"d":"$128,849,525"},{"v":188902490,"d":"$188,902,490"},{"v":3661,"d":"3,661"},{"v":403232365,"d":"$403,232,365"},{"v":589162196,"d":"$589,162,196"},{"v":3573,"d":"3,573"},{"v":511797663,"d":"$511,797,663"},{"v":743788177,"d":"$743,788,177"},{"v":2739,"d":"2,739"},{"v":426287708,"d":"$426,287,708"},{"v":619988007,"d":"$619,988,007"},{"v":1519,"d":"1,519"},{"v":259070811,"d":"$259,070,811"},{"v":378963490,"d":"$378,963,490"},958,{"v":171473610,"d":"$171,473,610"},{"v":249214848,"d":"$249,214,848"},584,{"v":107089697,"d":"$107,089,697"},{"v":157323784,"d":"$157,323,784"},285,{"v":51278548,"d":"$51,278,548"},{"v":74792287,"d":"$74,792,287"},{"v":2376,"d":"2,376"},{"v":279171840,"d":"$279,171,840"},{"v":402660336,"d":"$402,660,336"}]
[1990,{"v":17085,"d":"17,085"},{"v":2413262122,"d":"$2,413,262,122"},{"v":3573093333,"d":"$3,573,093,333"},{"v":1226,"d":"1,226"},{"v":111291316,"d":"$111,291,316"},{"v":166002809,"d":"$166,002,809"},{"v":3685,"d":"3,685"},{"v":407581158,"d":"$407,581,158"},{"v":605734814,"d":"$605,734,814"},{"v":3659,"d":"3,659"},{"v":531397747,"d":"$531,397,747"},{"v":784054628,"d":"$784,054,628"},{"v":2884,"d":"2,884"},{"v":466338640,"d":"$466,338,640"},{"v":689694085,"d":"$689,694,085"},{"v":1601,"d":"1,601"},{"v":279050898,"d":"$279,050,898"},{"v":416015547,"d":"$416,015,547"},977,{"v":180483713,"d":"$180,483,713"},{"v":267524824,"d":"$267,524,824"},590,{"v":110878874,"d":"$110,878,874"},{"v":163281003,"d":"$163,281,003"},354,{"v":65820071,"d":"$65,820,071"},{"v":97857618,"d":"$97,857,618"},{"v":2109,"d":"2,109"},{"v":260419705,"d":"$260,419,705"},{"v":382928005,"d":"$382,928,005"}]
[1991,{"v":17485,"d":"17,485"},{"v":2644744605,"d":"$2,644,744,605"},{"v":3918357332,"d":"$3,918,357,332"},{"v":1097,"d":"1,097"},{"v":105001021,"d":"$105,001,021"},{"v":157241664,"d":"$157,241,664"},{"v":3771,"d":"3,771"},{"v":435977136,"d":"$435,977,136"},{"v":652441182,"d":"$652,441,182"},{"v":3862,"d":"3,862"},{"v":596637380,"d":"$596,637,380"},{"v":880602817,"d":"$880,602,817"},{"v":3029,"d":"3,029"},{"v":533399121,"d":"$533,399,121"},{"v":786449023,"d":"$786,449,023"},{"v":1742,"d":"1,742"},{"v":320167379,"d":"$320,167,379"},{"v":475211171,"d":"$475,211,171"},{"v":1021,"d":"1,021"},{"v":194041621,"d":"$194,041,621"},{"v":289137135,"d":"$289,137,135"},626,{"v":121997420,"d":"$121,997,420"},{"v":182674574,"d":"$182,674,574"},389,{"v":80018963,"d":"$80,018,963"},{"v":115572549,"d":"$115,572,549"},{"v":1948,"d":"1,948"},{"v":257504564,"d":"$257,504,564"},{"v":379027217,"d":"$379,027,217"}]
[1992,{"v":17738,"d":"17,738"},{"v":2862698833,"d":"$2,862,698,833"},{"v":4229524765,"d":"$4,229,524,765"},{"v":1036,"d":"1,036"},{"v":102885572,"d":"$102,885,572"},{"v":153029027,"d":"$153,029,027"},{"v":3760,"d":"3,760"},{"v":453412071,"d":"$453,412,071"},{"v":677590648,"d":"$677,590,648"},{"v":4003,"d":"4,003"},{"v":640993471,"d":"$640,993,471"},{"v":945069063,"d":"$945,069,063"},{"v":3184,"d":"3,184"},{"v":601132079,"d":"$601,132,079"},{"v":880116510,"d":"$880,116,510"},{"v":1945,"d":"1,945"},{"v":387125068,"d":"$387,125,068"},{"v":573115963,"d":"$573,115,963"},{"v":1041,"d":"1,041"},{"v":211086642,"d":"$211,086,642"},{"v":314324345,"d":"$314,324,345"},679,{"v":136542276,"d":"$136,542,276"},{"v":201839617,"d":"$201,839,617"},427,{"v":91922698,"d":"$91,922,698"},{"v":135008568,"d":"$135,008,568"},{"v":1663,"d":"1,663"},{"v":237598956,"d":"$237,598,956"},{"v":349431024,"d":"$349,431,024"}]
[1993,{"v":17561,"d":"17,561"},{"v":2952657802,"d":"$2,952,657,802"},{"v":4347588955,"d":"$4,347,588,955"},917,{"v":93824706,"d":"$93,824,706"},{"v":139613784,"d":"$139,613,784"},{"v":3458,"d":"3,458"},{"v":427815229,"d":"$427,815,229"},{"v":634237920,"d":"$634,237,920"},{"v":4010,"d":"4,010"},{"v":659181215,"d":"$659,181,215"},{"v":969199522,"d":"$969,199,522"},{"v":3267,"d":"3,267"},{"v":625246386,"d":"$625,246,386"},{"v":917430699,"d":"$917,430,699"},{"v":2206,"d":"2,206"},{"v":439373503,"d":"$439,373,503"},{"v":645762594,"d":"$645,762,594"},{"v":1125,"d":"1,125"},{"v":238100595,"d":"$238,100,595"},{"v":352446438,"d":"$352,446,438"},718,{"v":146624640,"d":"$146,624,640"},{"v":217638387,"d":"$217,638,387"},485,{"v":104497147,"d":"$104,497,147"},{"v":153402747,"d":"$153,402,747"},{"v":1375,"d":"1,375"},{"v":217994381,"d":"$217,994,381"},{"v":317856864,"d":"$317,856,864"}]
[1994,{"v":17723,"d":"17,723"},{"v":3117045522,"d":"$3,117,045,522"},{"v":4588457749,"d":"$4,588,457,749"},875,{"v":89692507,"d":"$89,692,507"},{"v":133710813,"d":"$133,710,813"},{"v":3296,"d":"3,296"},{"v":423332846,"d":"$423,332,846"},{"v":628942403,"d":"$628,942,403"},{"v":4058,"d":"4,058"},{"v":692238873,"d":"$692,238,873"},{"v":1016326159,"d":"$1,016,326,159"},{"v":3363,"d":"3,363"},{"v":670448048,"d":"$670,448,048"},{"v":981865398,"d":"$981,865,398"},{"v":2427,"d":"2,427"},{"v":493523447,"d":"$493,523,447"},{"v":725362141,"d":"$725,362,141"},{"v":1261,"d":"1,261"},{"v":275171703,"d":"$275,171,703"},{"v":406127414,"d":"$406,127,414"},713,{"v":146878664,"d":"$146,878,664"},{"v":218805092,"d":"$218,805,092"},553,{"v":122068482,"d":"$122,068,482"},{"v":179446448,"d":"$179,446,448"},{"v":1177,"d":"1,177"},{"v":203690952,"d":"$203,690,952"},{"v":297871881,"d":"$297,871,881"}]
[1995,{"v":17481,"d":"17,481"},{"v":3212418698,"d":"$3,212,418,698"},{"v":4724385793,"d":"$4,724,385,793"},764,{"v":81693196,"d":"$81,693,196"},{"v":121194662,"d":"$121,194,662"},{"v":3189,"d":"3,189"},{"v":418015143,"d":"$418,015,143"},{"v":620715858,"d":"$620,715,858"},{"v":4078,"d":"4,078"},{"v":707796423,"d":"$707,796,423"},{"v":1040353107,"d":"$1,040,353,107"},{"v":3353,"d":"3,353"},{"v":693338730,"d":"$693,338,730"},{"v":1015416740,"d":"$1,015,416,740"},{"v":2478,"d":"2,478"},{"v":543669556,"d":"$543,669,556"},{"v":799210777,"d":"$799,210,777"},{"v":1304,"d":"1,304"},{"v":297243374,"d":"$297,243,374"},{"v":436199301,"d":"$436,199,301"},691,{"v":142976515,"d":"$142,976,515"},{"v":213114850,"d":"$213,114,850"},551,{"v":124073669,"d":"$124,073,669"},{"v":181826760,"d":"$181,826,760"},{"v":1073,"d":"1,073"},{"v":203612092,"d":"$203,612,092"},{"v":296353738,"d":"$296,353,738"}]
[1996,{"v":17784,"d":"17,784"},{"v":3426610794,"d":"$3,426,610,794"},{"v":5054501021,"d":"$5,054,501,021"},758,{"v":86763807,"d":"$86,763,807"},{"v":128951515,"d":"$128,951,515"},{"v":3033,"d":"3,033"},{"v":405917068,"d":"$405,917,068"},{"v":606752701,"d":"$606,752,701"},{"v":4108,"d":"4,108"},{"v":740225506,"d":"$740,225,506"},{"v":1094456254,"d":"$1,094,456,254"},{"v":3471,"d":"3,471"},{"v":745221726,"d":"$745,221,726"},{"v":1094198739,"d":"$1,094,198,739"},{"v":2610,"d":"2,610"},{"v":601418388,"d":"$601,418,388"},{"v":881538844,"d":"$881,538,844"},{"v":1404,"d":"1,404"},{"v":329284347,"d":"$329,284,347"},{"v":485564851,"d":"$485,564,851"},725,{"v":162018890,"d":"$162,018,890"},{"v":240524020,"d":"$240,524,020"},556,{"v":136275377,"d":"$136,275,377"},{"v":198834413,"d":"$198,834,413"},{"v":1119,"d":"1,119"},{"v":219485685,"d":"$219,485,685"},{"v":323679684,"d":"$323,679,684"}]
[1997,{"v":18365,"d":"18,365"},{"v":3710662579,"d":"$3,710,662,579"},{"v":5464983261,"d":"$5,464,983,261"},798,{"v":93448783,"d":"$93,448,783"},{"v":138115713,"d":"$138,115,713"},{"v":2876,"d":"2,876"},{"v":403196020,"d":"$403,196,020"},{"v":600959347,"d":"$600,959,347"},{"v":4299,"d":"4,299"},{"v":792802815,"d":"$792,802,815"},{"v":1175541834,"d":"$1,175,541,834"},{"v":3616,"d":"3,616"},{"v":819261368,"d":"$819,261,368"},{"v":1198351724,"d":"$1,198,351,724"},{"v":2760,"d":"2,760"},{"v":664010286,"d":"$664,010,286"},{"v":973546959,"d":"$973,546,959"},{"v":1537,"d":"1,537"},{"v":371749692,"d":"$371,749,692"},{"v":549638703,"d":"$549,638,703"},737,{"v":177090936,"d":"$177,090,936"},{"v":263969992,"d":"$263,969,992"},580,{"v":145683098,"d":"$145,683,098"},{"v":208323136,"d":"$208,323,136"},{"v":1162,"d":"1,162"},{"v":243419581,"d":"$243,419,581"},{"v":356535853,"d":"$356,535,853"}]
[1998,{"v":18992,"d":"18,992"},{"v":4061700956,"d":"$4,061,700,956"},{"v":5988882342,"d":"$5,988,882,342"},780,{"v":91091408,"d":"$91,091,408"},{"v":135679659,"d":"$135,679,659"},{"v":2849,"d":"2,849"},{"v":422464727,"d":"$422,464,727"},{"v":630266505,"d":"$630,266,505"},{"v":4273,"d":"4,273"},{"v":829584078,"d":"$829,584,078"},{"v":1227893761,"d":"$1,227,893,761"},{"v":3787,"d":"3,787"},{"v":886679434,"d":"$886,679,434"},{"v":1300916435,"d":"$1,300,916,435"},{"v":2866,"d":"2,866"},{"v":733644116,"d":"$733,644,116"},{"v":1075096249,"d":"$1,075,096,249"},{"v":1775,"d":"1,775"},{"v":452853033,"d":"$452,853,033"},{"v":671188198,"d":"$671,188,198"},806,{"v":216602092,"d":"$216,602,092"},{"v":321485892,"d":"$321,485,892"},628,{"v":160307435,"d":"$160,307,435"},{"v":233236157,"d":"$233,236,157"},{"v":1228,"d":"1,228"},{"v":268474633,"d":"$268,474,633"},{"v":393119486,"d":"$393,119,486"}]
[1999,{"v":19763,"d":"19,763"},{"v":4589282004,"d":"$4,589,282,004"},{"v":6732636654,"d":"$6,732,636,654"},716,{"v":101974151,"d":"$101,974,151"},{"v":151103824,"d":"$151,103,824"},{"v":2841,"d":"2,841"},{"v":465770179,"d":"$465,770,179"},{"v":689687884,"d":"$689,687,884"},{"v":4300,"d":"4,300"},{"v":899431828,"d":"$899,431,828"},{"v":1329502808,"d":"$1,329,502,808"},{"v":4036,"d":"4,036"},{"v":1007033671,"d":"$1,007,033,671"},{"v":1467841516,"d":"$1,467,841,516"},{"v":3024,"d":"3,024"},{"v":832154929,"d":"$832,154,929"},{"v":1213802305,"d":"$1,213,802,305"},{"v":1988,"d":"1,988"},{"v":543616861,"d":"$543,616,861"},{"v":799459103,"d":"$799,459,103"},918,{"v":258707316,"d":"$258,707,316"},{"v":382755372,"d":"$382,755,372"},633,{"v":172575240,"d":"$172,575,240"},{"v":249307130,"d":"$249,307,130"},{"v":1307,"d":"1,307"},{"v":308017829,"d":"$308,017,829"},{"v":449176712,"d":"$449,176,712"}]
[2000,{"v":20458,"d":"20,458"},{"v":5201100553,"d":"$5,201,100,553"},{"v":7612772551,"d":"$7,612,772,551"},631,{"v":103240678,"d":"$103,240,678"},{"v":151725207,"d":"$151,725,207"},{"v":2736,"d":"2,736"},{"v":506911529,"d":"$506,911,529"},{"v":747092872,"d":"$747,092,872"},{"v":4255,"d":"4,255"},{"v":963645619,"d":"$963,645,619"},{"v":1424076152,"d":"$1,424,076,152"},{"v":4266,"d":"4,266"},{"v":1135072742,"d":"$1,135,072,742"},{"v":1661677326,"d":"$1,661,677,326"},{"v":3260,"d":"3,260"},{"v":965233508,"d":"$965,233,508"},{"v":1401086913,"d":"$1,401,086,913"},{"v":2202,"d":"2,202"},{"v":649776301,"d":"$649,776,301"},{"v":949763191,"d":"$949,763,191"},{"v":1000,"d":"1,000"},{"v":300203417,"d":"$300,203,417"},{"v":438894162,"d":"$438,894,162"},712,{"v":209323049,"d":"$209,323,049"},{"v":301577827,"d":"$301,577,827"},{"v":1396,"d":"1,396"},{"v":367693710,"d":"$367,693,710"},{"v":536878901,"d":"$536,878,901"}]
[2001,{"v":21058,"d":"21,058"},{"v":5815739812,"d":"$5,815,739,812"},{"v":8506687383,"d":"$8,506,687,383"},554,{"v":103841925,"d":"$103,841,925"},{"v":151585056,"d":"$151,585,056"},{"v":2678,"d":"2,678"},{"v":559381584,"d":"$559,381,584"},{"v":825127348,"d":"$825,127,348"},{"v":4258,"d":"4,258"},{"v":1071402056,"d":"$1,071,402,056"},{"v":1577291433,"d":"$1,577,291,433"},{"v":4367,"d":"4,367"},{"v":1235135874,"d":"$1,235,135,874"},{"v":1806850911,"d":"$1,806,850,911"},{"v":3402,"d":"3,402"},{"v":1064626946,"d":"$1,064,626,946"},{"v":1549225520,"d":"$1,549,225,520"},{"v":2395,"d":"2,395"},{"v":759768510,"d":"$759,768,510"},{"v":1101626680,"d":"$1,101,626,680"},{"v":1138,"d":"1,138"},{"v":357025035,"d":"$357,025,035"},{"v":524121271,"d":"$524,121,271"},783,{"v":241729122,"d":"$241,729,122"},{"v":354626341,"d":"$354,626,341"},{"v":1483,"d":"1,483"},{"v":422828760,"d":"$422,828,760"},{"v":616232823,"d":"$616,232,823"}]
[2002,{"v":21590,"d":"21,590"},{"v":6387599983,"d":"$6,387,599,983"},{"v":9346782007,"d":"$9,346,782,007"},567,{"v":119765038,"d":"$119,765,038"},{"v":175256421,"d":"$175,256,421"},{"v":2554,"d":"2,554"},{"v":581520705,"d":"$581,520,705"},{"v":859852363,"d":"$859,852,363"},{"v":4152,"d":"4,152"},{"v":1115023023,"d":"$1,115,023,023"},{"v":1646038784,"d":"$1,646,038,784"},{"v":4502,"d":"4,502"},{"v":1384902362,"d":"$1,384,902,362"},{"v":2024402654,"d":"$2,024,402,654"},{"v":3552,"d":"3,552"},{"v":1171742021,"d":"$1,171,742,021"},{"v":1698826194,"d":"$1,698,826,194"},{"v":2568,"d":"2,568"},{"v":869306739,"d":"$869,306,739"},{"v":1262342879,"d":"$1,262,342,879"},{"v":1281,"d":"1,281"},{"v":404987268,"d":"$404,987,268"},{"v":594762540,"d":"$594,762,540"},838,{"v":275143697,"d":"$275,143,697"},{"v":405730270,"d":"$405,730,270"},{"v":1576,"d":"1,576"},{"v":465209130,"d":"$465,209,130"},{"v":679569902,"d":"$679,569,902"}]
[2003,{"v":21998,"d":"21,998"},{"v":6901967038,"d":"$6,901,967,038"},{"v":10085398637,"d":"$10,085,398,637"},557,{"v":119982442,"d":"$119,982,442"},{"v":176190129,"d":"$176,190,129"},{"v":2438,"d":"2,438"},{"v":594801395,"d":"$594,801,395"},{"v":878293096,"d":"$878,293,096"},{"v":4093,"d":"4,093"},{"v":1176852726,"d":"$1,176,852,726"},{"v":1733891072,"d":"$1,733,891,072"},{"v":4496,"d":"4,496"},{"v":1446608059,"d":"$1,446,608,059"},{"v":2120465847,"d":"$2,120,465,847"},{"v":3675,"d":"3,675"},{"v":1280797062,"d":"$1,280,797,062"},{"v":1852376536,"d":"$1,852,376,536"},{"v":2684,"d":"2,684"},{"v":947754534,"d":"$947,754,534"},{"v":1363320244,"d":"$1,363,320,244"},{"v":1491,"d":"1,491"},{"v":514568458,"d":"$514,568,458"},{"v":754214074,"d":"$754,214,074"},955,{"v":314617881,"d":"$314,617,881"},{"v":467429260,"d":"$467,429,260"},{"v":1609,"d":"1,609"},{"v":505984481,"d":"$505,984,481"},{"v":739218379,"d":"$739,218,379"}]
[2004,{"v":22176,"d":"22,176"},{"v":7199779252,"d":"$7,199,779,252"},{"v":10543228988,"d":"$10,543,228,988"},524,{"v":119915151,"d":"$119,915,151"},{"v":175722344,"d":"$175,722,344"},{"v":2331,"d":"2,331"},{"v":592559534,"d":"$592,559,534"},{"v":871287513,"d":"$871,287,513"},{"v":4080,"d":"4,080"},{"v":1186314919,"d":"$1,186,314,919"},{"v":1752287692,"d":"$1,752,287,692"},{"v":4403,"d":"4,403"},{"v":1478367435,"d":"$1,478,367,435"},{"v":2173313595,"d":"$2,173,313,595"},{"v":3824,"d":"3,824"},{"v":1359841448,"d":"$1,359,841,448"},{"v":1972323266,"d":"$1,972,323,266"},{"v":2733,"d":"2,733"},{"v":1000193092,"d":"$1,000,193,092"},{"v":1454238726,"d":"$1,454,238,726"},{"v":1647,"d":"1,647"},{"v":601189755,"d":"$601,189,755"},{"v":878804537,"d":"$878,804,537"},987,{"v":334331097,"d":"$334,331,097"},{"v":492931398,"d":"$492,931,398"},{"v":1647,"d":"1,647"},{"v":527066821,"d":"$527,066,821"},{"v":772319917,"d":"$772,319,917"}]
[2005,{"v":21996,"d":"21,996"},{"v":7285950742,"d":"$7,285,950,742"},{"v":10679892144,"d":"$10,679,892,144"},489,{"v":115383438,"d":"$115,383,438"},{"v":168429526,"d":"$168,429,526"},{"v":2183,"d":"2,183"},{"v":559077060,"d":"$559,077,060"},{"v":822752462,"d":"$822,752,462"},{"v":3955,"d":"3,955"},{"v":1167627956,"d":"$1,167,627,956"},{"v":1729152797,"d":"$1,729,152,797"},{"v":4375,"d":"4,375"},{"v":1472386236,"d":"$1,472,386,236"},{"v":2171234689,"d":"$2,171,234,689"},{"v":3795,"d":"3,795"},{"v":1370776438,"d":"$1,370,776,438"},{"v":1987524860,"d":"$1,987,524,860"},{"v":2815,"d":"2,815"},{"v":1060012133,"d":"$1,060,012,133"},{"v":1542451804,"d":"$1,542,451,804"},{"v":1714,"d":"1,714"},{"v":630177027,"d":"$630,177,027"},{"v":928229302,"d":"$928,229,302"},{"v":1019,"d":"1,019"},{"v":361844564,"d":"$361,844,564"},{"v":526657333,"d":"$526,657,333"},{"v":1651,"d":"1,651"},{"v":548665890,"d":"$548,665,890"},{"v":803459371,"d":"$803,459,371"}]
[2006,{"v":21801,"d":"21,801"},{"v":7172364165,"d":"$7,172,364,165"},{"v":10516633303,"d":"$10,516,633,303"},419,{"v":99084705,"d":"$99,084,705"},{"v":144182199,"d":"$144,182,199"},{"v":2046,"d":"2,046"},{"v":520929302,"d":"$520,929,302"},{"v":770926329,"d":"$770,926,329"},{"v":3925,"d":"3,925"},{"v":1124292189,"d":"$1,124,292,189"},{"v":1662512328,"d":"$1,662,512,328"},{"v":4186,"d":"4,186"},{"v":1403607157,"d":"$1,403,607,157"},{"v":2060203432,"d":"$2,060,203,432"},{"v":3809,"d":"3,809"},{"v":1370020865,"d":"$1,370,020,865"},{"v":1998567671,"d":"$1,998,567,671"},{"v":2843,"d":"2,843"},{"v":1060306304,"d":"$1,060,306,304"},{"v":1540044131,"d":"$1,540,044,131"},{"v":1759,"d":"1,759"},{"v":650300638,"d":"$650,300,638"},{"v":948613872,"d":"$948,613,872"},{"v":1122,"d":"1,122"},{"v":392210254,"d":"$392,210,254"},{"v":583639813,"d":"$583,639,813"},{"v":1692,"d":"1,692"},{"v":551612751,"d":"$551,612,751"},{"v":807943528,"d":"$807,943,528"}]
[2007,{"v":21609,"d":"21,609"},{"v":7110223790,"d":"$7,110,223,790"},{"v":10417574715,"d":"$10,417,574,715"},400,{"v":94749664,"d":"$94,749,664"},{"v":137816304,"d":"$137,816,304"},{"v":2073,"d":"2,073"},{"v":541467984,"d":"$541,467,984"},{"v":798717800,"d":"$798,717,800"},{"v":3780,"d":"3,780"},{"v":1074719381,"d":"$1,074,719,381"},{"v":1587244604,"d":"$1,587,244,604"},{"v":4034,"d":"4,034"},{"v":1333171846,"d":"$1,333,171,846"},{"v":1960682126,"d":"$1,960,682,126"},{"v":3788,"d":"3,788"},{"v":1347626659,"d":"$1,347,626,659"},{"v":1963333422,"d":"$1,963,333,422"},{"v":2852,"d":"2,852"},{"v":1067449839,"d":"$1,067,449,839"},{"v":1548581125,"d":"$1,548,581,125"},{"v":1838,"d":"1,838"},{"v":688326446,"d":"$688,326,446"},{"v":1002107293,"d":"$1,002,107,293"},{"v":1171,"d":"1,171"},{"v":417016046,"d":"$417,016,046"},{"v":617277492,"d":"$617,277,492"},{"v":1673,"d":"1,673"},{"v":545695925,"d":"$545,695,925"},{"v":801814551,"d":"$801,814,551"}]
[2008,{"v":21335,"d":"21,335"},{"v":7052687800,"d":"$7,052,687,800"},{"v":10328171494,"d":"$10,328,171,494"},419,{"v":98778343,"d":"$98,778,343"},{"v":144639917,"d":"$144,639,917"},{"v":2077,"d":"2,077"},{"v":554484572,"d":"$554,484,572"},{"v":815738471,"d":"$815,738,471"},{"v":3608,"d":"3,608"},{"v":1024311191,"d":"$1,024,311,191"},{"v":1509447737,"d":"$1,509,447,737"},{"v":3943,"d":"3,943"},{"v":1288994969,"d":"$1,288,994,969"},{"v":1896555497,"d":"$1,896,555,497"},{"v":3653,"d":"3,653"},{"v":1307540003,"d":"$1,307,540,003"},{"v":1912100864,"d":"$1,912,100,864"},{"v":2825,"d":"2,825"},{"v":1056669963,"d":"$1,056,669,963"},{"v":1528131652,"d":"$1,528,131,652"},{"v":1837,"d":"1,837"},{"v":695196111,"d":"$695,196,111"},{"v":1010188130,"d":"$1,010,188,130"},{"v":1277,"d":"1,277"},{"v":466320321,"d":"$466,320,321"},{"v":692187075,"d":"$692,187,075"},{"v":1696,"d":"1,696"},{"v":560392328,"d":"$560,392,328"},{"v":819182151,"d":"$819,182,151"}]
[2009,{"v":21464,"d":"21,464"},{"v":7255354199,"d":"$7,255,354,199"},{"v":10616187548,"d":"$10,616,187,548"},425,{"v":102313362,"d":"$102,313,362"},{"v":149852955,"d":"$149,852,955"},{"v":2054,"d":"2,054"},{"v":562494364,"d":"$562,494,364"},{"v":828162017,"d":"$828,162,017"},{"v":3546,"d":"3,546"},{"v":1042739829,"d":"$1,042,739,829"},{"v":1531476892,"d":"$1,531,476,892"},{"v":3967,"d":"3,967"},{"v":1302118224,"d":"$1,302,118,224"},{"v":1906412789,"d":"$1,906,412,789"},{"v":3643,"d":"3,643"},{"v":1309557147,"d":"$1,309,557,147"},{"v":1916715193,"d":"$1,916,715,193"},{"v":2879,"d":"2,879"},{"v":1122531530,"d":"$1,122,531,530"},{"v":1623538722,"d":"$1,623,538,722"},{"v":1845,"d":"1,845"},{"v":706110435,"d":"$706,110,435"},{"v":1029159397,"d":"$1,029,159,397"},{"v":1381,"d":"1,381"},{"v":527950849,"d":"$527,950,849"},{"v":779596241,"d":"$779,596,241"},{"v":1724,"d":"1,724"},{"v":579538460,"d":"$579,538,460"},{"v":851273342,"d":"$851,273,342"}]
[2010,{"v":22059,"d":"22,059"},{"v":7498286607,"d":"$7,498,286,607"},{"v":10992527778,"d":"$10,992,527,778"},423,{"v":105160121,"d":"$105,160,121"},{"v":153814692,"d":"$153,814,692"},{"v":2193,"d":"2,193"},{"v":604322544,"d":"$604,322,544"},{"v":891620313,"d":"$891,620,313"},{"v":3612,"d":"3,612"},{"v":1069855935,"d":"$1,069,855,935"},{"v":1575560582,"d":"$1,575,560,582"},{"v":4045,"d":"4,045"},{"v":1328812916,"d":"$1,328,812,916"},{"v":1956924132,"d":"$1,956,924,132"},{"v":3588,"d":"3,588"},{"v":1307208314,"d":"$1,307,208,314"},{"v":1917656023,"d":"$1,917,656,023"},{"v":2972,"d":"2,972"},{"v":1144942196,"d":"$1,144,942,196"},{"v":1661564016,"d":"$1,661,564,016"},{"v":1964,"d":"1,964"},{"v":764616546,"d":"$764,616,546"},{"v":1114768087,"d":"$1,114,768,087"},{"v":1501,"d":"1,501"},{"v":589735582,"d":"$589,735,582"},{"v":870185807,"d":"$870,185,807"},{"v":1761,"d":"1,761"},{"v":583632452,"d":"$583,632,452"},{"v":850434126,"d":"$850,434,126"}]
[2011,{"v":22190,"d":"22,190"},{"v":7407741037,"d":"$7,407,741,037"},{"v":10858036442,"d":"$10,858,036,442"},399,{"v":99434247,"d":"$99,434,247"},{"v":145370559,"d":"$145,370,559"},{"v":2128,"d":"2,128"},{"v":590794160,"d":"$590,794,160"},{"v":867737737,"d":"$867,737,737"},{"v":3688,"d":"3,688"},{"v":1089006267,"d":"$1,089,006,267"},{"v":1596820900,"d":"$1,596,820,900"},{"v":4057,"d":"4,057"},{"v":1284093738,"d":"$1,284,093,738"},{"v":1889084075,"d":"$1,889,084,075"},{"v":3509,"d":"3,509"},{"v":1254084109,"d":"$1,254,084,109"},{"v":1837024614,"d":"$1,837,024,614"},{"v":3046,"d":"3,046"},{"v":1140774277,"d":"$1,140,774,277"},{"v":1665977410,"d":"$1,665,977,410"},{"v":2041,"d":"2,041"},{"v":772885407,"d":"$772,885,407"},{"v":1129774916,"d":"$1,129,774,916"},{"v":1568,"d":"1,568"},{"v":607036763,"d":"$607,036,763"},{"v":889548524,"d":"$889,548,524"},{"v":1754,"d":"1,754"},{"v":569632070,"d":"$569,632,070"},{"v":836697707,"d":"$836,697,707"}]
[2012,{"v":22116,"d":"22,116"},{"v":7438784083,"d":"$7,438,784,083"},{"v":10892093715,"d":"$10,892,093,715"},370,{"v":97280012,"d":"$97,280,012"},{"v":141326384,"d":"$141,326,384"},{"v":2056,"d":"2,056"},{"v":579611183,"d":"$579,611,183"},{"v":849437169,"d":"$849,437,169"},{"v":3709,"d":"3,709"},{"v":1101949157,"d":"$1,101,949,157"},{"v":1620374493,"d":"$1,620,374,493"},{"v":3979,"d":"3,979"},{"v":1278309745,"d":"$1,278,309,745"},{"v":1878409067,"d":"$1,878,409,067"},{"v":3443,"d":"3,443"},{"v":1243639588,"d":"$1,243,639,588"},{"v":1816858927,"d":"$1,816,858,927"},{"v":3072,"d":"3,072"},{"v":1141521521,"d":"$1,141,521,521"},{"v":1663501848,"d":"$1,663,501,848"},{"v":2062,"d":"2,062"},{"v":772666719,"d":"$772,666,719"},{"v":1129771737,"d":"$1,129,771,737"},{"v":1679,"d":"1,679"},{"v":643076435,"d":"$643,076,435"},{"v":944283169,"d":"$944,283,169"},{"v":1746,"d":"1,746"},{"v":580729721,"d":"$580,729,721"},{"v":848130921,"d":"$848,130,921"}]
[2013,{"v":21516,"d":"21,516"},{"v":6864108974,"d":"$6,864,108,974"},{"v":10072910216,"d":"$10,072,910,216"},324,{"v":82623243,"d":"$82,623,243"},{"v":119643147,"d":"$119,643,147"},{"v":2009,"d":"2,009"},{"v":536549231,"d":"$536,549,231"},{"v":788103488,"d":"$788,103,488"},{"v":3608,"d":"3,608"},{"v":1041699404,"d":"$1,041,699,404"},{"v":1529855759,"d":"$1,529,855,759"},{"v":3744,"d":"3,744"},{"v":1140523072,"d":"$1,140,523,072"},{"v":1680928879,"d":"$1,680,928,879"},{"v":3349,"d":"3,349"},{"v":1131238243,"d":"$1,131,238,243"},{"v":1660008108,"d":"$1,660,008,108"},{"v":2963,"d":"2,963"},{"v":1043297302,"d":"$1,043,297,302"},{"v":1518643327,"d":"$1,518,643,327"},{"v":2061,"d":"2,061"},{"v":740966517,"d":"$740,966,517"},{"v":1081744453,"d":"$1,081,744,453"},{"v":1782,"d":"1,782"},{"v":619015709,"d":"$619,015,709"},{"v":920646397,"d":"$920,646,397"},{"v":1676,"d":"1,676"},{"v":528196253,"d":"$528,196,253"},{"v":773336659,"d":"$773,336,659"}]
[2014,{"v":21168,"d":"21,168"},{"v":6971343995,"d":"$6,971,343,995"},{"v":10238249885,"d":"$10,238,249,885"},295,{"v":77216984,"d":"$77,216,984"},{"v":112354404,"d":"$112,354,404"},{"v":1978,"d":"1,978"},{"v":546286447,"d":"$546,286,447"},{"v":804553338,"d":"$804,553,338"},{"v":3552,"d":"3,552"},{"v":1075885833,"d":"$1,075,885,833"},{"v":1579766751,"d":"$1,579,766,751"},{"v":3574,"d":"3,574"},{"v":1130923626,"d":"$1,130,923,626"},{"v":1666279496,"d":"$1,666,279,496"},{"v":3306,"d":"3,306"},{"v":1143414122,"d":"$1,143,414,122"},{"v":1673643529,"d":"$1,673,643,529"},{"v":2826,"d":"2,826"},{"v":1029511936,"d":"$1,029,511,936"},{"v":1508672846,"d":"$1,508,672,846"},{"v":2124,"d":"2,124"},{"v":783039385,"d":"$783,039,385"},{"v":1146233563,"d":"$1,146,233,563"},{"v":1841,"d":"1,841"},{"v":654357963,"d":"$654,357,963"},{"v":970286536,"d":"$970,286,536"},{"v":1672,"d":"1,672"},{"v":530707700,"d":"$530,707,700"},{"v":776459423,"d":"$776,459,423"}]
[]
["Fiscal Year","Age of Principal Investigator"]
[null,"All Ages Total",null,null,"24 - 35",null,null,"36 - 40",null,null,"41 - 45",null,null,"46 - 50",null,null,"51 - 55",null,null,"56 - 60",null,null,"61 - 65",null,null,"Over 65",null,null,"Unknown/Illogical"]
[null,"Awardees","Direct Cost","Total Cost","Awardees","% of Overall Direct Cost","% of Overall Total Cost","Awardees","% of Overall Direct Cost","% of Overall Total Cost","Awardees","% of Overall Direct Cost","% of Overall Total Cost","Awardees","% of Overall Direct Cost","% of Overall Total Cost","Awardees","% of Overall Direct Cost","% of Overall Total Cost","Awardees","% of Overall Direct Cost","% of Overall Total Cost","Awardees","% of Overall Direct Cost","% of Overall Total Cost","Awardees","% of Overall Direct Cost","% of Overall Total Cost","Awardees","% of Overall Direct Cost","% of Overall Total Cost"]
[1980,{"v":14410,"d":"14,410"},{"v":1021582031,"d":"$1,021,582,031"},{"v":1410821137,"d":"$1,410,821,137"},{"v":1856,"d":"1,856"},{"v":0.09836994578069277,"d":"9.8%"},{"v":0.09753512787071321,"d":"9.8%"},{"v":2541,"d":"2,541"},{"v":0.16788943794568367,"d":"16.8%"},{"v":0.16705206267405107,"d":"16.7%"},{"v":1759,"d":"1,759"},{"v":0.14041319311341724,"d":"14.0%"},{"v":0.1415512397444326,"d":"14.2%"},{"v":1187,"d":"1,187"},{"v":0.11058128429433975,"d":"11.1%"},{"v":0.11144189995219783,"d":"11.1%"},800,{"v":0.08675019558953069,"d":"8.7%"},{"v":0.08756207414264165,"d":"8.8%"},432,{"v":0.045831782058821276,"d":"4.6%"},{"v":0.04607037298733071,"d":"4.6%"},162,{"v":0.016407298182009623,"d":"1.6%"},{"v":0.016758794137629936,"d":"1.7%"},52,{"v":5.173085312421671E-3,"d":"0.5%"},{"v":0.005387454724531817,"d":"0.5%"},{"v":5621,"d":"5,621"},{"v":0.3285837777230833,"d":"32.9%"},{"v":0.32664097376647117,"d":"32.7%"}]
[1981,{"v":14430,"d":"14,430"},{"v":1115483246,"d":"$1,115,483,246"},{"v":1549430049,"d":"$1,549,430,049"},{"v":1941,"d":"1,941"},{"v":0.10162156482984953,"d":"10.2%"},{"v":0.10177066599539016,"d":"10.2%"},{"v":2671,"d":"2,671"},{"v":0.17322106870980292,"d":"17.3%"},{"v":0.17277298008565986,"d":"17.3%"},{"v":1914,"d":"1,914"},{"v":0.1508209357722617,"d":"15.1%"},{"v":0.15151352340914875,"d":"15.2%"},{"v":1236,"d":"1,236"},{"v":0.11337531913052148,"d":"11.3%"},{"v":0.11372268991021743,"d":"11.4%"},865,{"v":0.0865157682520675,"d":"8.7%"},{"v":0.08754222566390928,"d":"8.8%"},482,{"v":0.05221210287904225,"d":"5.2%"},{"v":0.0522441881466312,"d":"5.2%"},189,{"v":0.019772857260825234,"d":"2.0%"},{"v":0.020344378257246512,"d":"2.0%"},70,{"v":0.006394580129803222,"d":"0.6%"},{"v":0.006522474510238442,"d":"0.7%"},{"v":5062,"d":"5,062"},{"v":0.29606580303582614,"d":"29.6%"},{"v":0.29356687402155834,"d":"29.4%"}]
[1982,{"v":13880,"d":"13,880"},{"v":1138226518,"d":"$1,138,226,518"},{"v":1602060859,"d":"$1,602,060,859"},{"v":1932,"d":"1,932"},{"v":0.10034887010074035,"d":"10.0%"},{"v":0.10099199109139462,"d":"10.1%"},{"v":2715,"d":"2,715"},{"v":0.1811520200410583,"d":"18.1%"},{"v":0.1805870322433238,"d":"18.1%"},{"v":2033,"d":"2,033"},{"v":0.1662460977736595,"d":"16.6%"},{"v":0.16677020632460254,"d":"16.7%"},{"v":1266,"d":"1,266"},{"v":0.11589120523371957,"d":"11.6%"},{"v":0.11580736084883028,"d":"11.6%"},918,{"v":0.09252407173314513,"d":"9.3%"},{"v":0.09314552075952066,"d":"9.3%"},504,{"v":0.05550366996457554,"d":"5.6%"},{"v":0.056466754987364684,"d":"5.6%"},211,{"v":0.02259658828296601,"d":"2.3%"},{"v":0.022760381913805933,"d":"2.3%"},79,{"v":0.007376922666284252,"d":"0.7%"},{"v":0.007396557336402662,"d":"0.7%"},{"v":4222,"d":"4,222"},{"v":0.25836055420385134,"d":"25.8%"},{"v":0.2560741944947548,"d":"25.6%"}]
[1983,{"v":14287,"d":"14,287"},{"v":1277189345,"d":"$1,277,189,345"},{"v":1825704692,"d":"$1,825,704,692"},{"v":1926,"d":"1,926"},{"v":0.09371949231223817,"d":"9.4%"},{"v":0.09379789719026477,"d":"9.4%"},{"v":2882,"d":"2,882"},{"v":0.18278851598155166,"d":"18.3%"},{"v":0.1826651289561346,"d":"18.3%"},{"v":2329,"d":"2,329"},{"v":0.18325507483778766,"d":"18.3%"},{"v":0.18306267955847483,"d":"18.3%"},{"v":1396,"d":"1,396"},{"v":0.12493462744946404,"d":"12.5%"},{"v":0.12500541352609942,"d":"12.5%"},987,{"v":0.09574441994738063,"d":"9.6%"},{"v":0.09639706671685544,"d":"9.6%"},595,{"v":0.060024165798219994,"d":"6.0%"},{"v":0.061225432289133866,"d":"6.1%"},250,{"v":0.02613268512665207,"d":"2.6%"},{"v":0.026330720521585863,"d":"2.6%"},103,{"v":0.009131213038737025,"d":"0.9%"},{"v":0.009464400281006672,"d":"0.9%"},{"v":3819,"d":"3,819"},{"v":0.22426980550796874,"d":"22.4%"},{"v":0.22205126096044453,"d":"22.2%"}]
[1984,{"v":14574,"d":"14,574"},{"v":1453308256,"d":"$1,453,308,256"},{"v":2097020817,"d":"$2,097,020,817"},{"v":1875,"d":"1,875"},{"v":0.08717133098017714,"d":"8.7%"},{"v":0.08757815349813002,"d":"8.8%"},{"v":2975,"d":"2,975"},{"v":0.18417354397799554,"d":"18.4%"},{"v":0.1835129293330234,"d":"18.4%"},{"v":2534,"d":"2,534"},{"v":0.19086661474246797,"d":"19.1%"},{"v":0.19079792329977618,"d":"19.1%"},{"v":1578,"d":"1,578"},{"v":0.13692935010753837,"d":"13.7%"},{"v":0.1371378489277057,"d":"13.7%"},{"v":1037,"d":"1,037"},{"v":0.09656805046045235,"d":"9.7%"},{"v":0.0970424825305871,"d":"9.7%"},649,{"v":0.06523813761366261,"d":"6.5%"},{"v":0.06577441524749537,"d":"6.6%"},278,{"v":0.027698670143658774,"d":"2.8%"},{"v":0.027949651488843565,"d":"2.8%"},134,{"v":0.01180792094805247,"d":"1.2%"},{"v":0.012261111473744611,"d":"1.2%"},{"v":3514,"d":"3,514"},{"v":0.1995463810259948,"d":"20.0%"},{"v":0.19794548420069405,"d":"19.8%"}]
[1985,{"v":15213,"d":"15,213"},{"v":1660392001,"d":"$1,660,392,001"},{"v":2402134399,"d":"$2,402,134,399"},{"v":1918,"d":"1,918"},{"v":0.0836678307991921,"d":"8.4%"},{"v":0.08463027634283506,"d":"8.5%"},{"v":3205,"d":"3,205"},{"v":0.18331639384957504,"d":"18.3%"},{"v":0.1831473014928504,"d":"18.3%"},{"v":2844,"d":"2,844"},{"v":0.2041774790506233,"d":"20.4%"},{"v":0.2039112425199486,"d":"20.4%"},{"v":1748,"d":"1,748"},{"v":0.14209724381826866,"d":"14.2%"},{"v":0.14210028137563838,"d":"14.2%"},{"v":1103,"d":"1,103"},{"v":0.09870620184949927,"d":"9.9%"},{"v":0.09876239152095835,"d":"9.9%"},738,{"v":0.07092681302311334,"d":"7.1%"},{"v":0.07172530149508924,"d":"7.2%"},343,{"v":0.030154593595877,"d":"3.0%"},{"v":0.030513601166743044,"d":"3.1%"},157,{"v":0.013121450227945298,"d":"1.3%"},{"v":0.013581605597747405,"d":"1.4%"},{"v":3157,"d":"3,157"},{"v":0.17383199378590597,"d":"17.4%"},{"v":0.1716279984881895,"d":"17.2%"}]
[1986,{"v":15574,"d":"15,574"},{"v":1737311818,"d":"$1,737,311,818"},{"v":2511639022,"d":"$2,511,639,022"},{"v":1933,"d":"1,933"},{"v":0.07890217437063449,"d":"7.9%"},{"v":0.0798585992027958,"d":"8.0%"},{"v":3319,"d":"3,319"},{"v":0.1834547147482767,"d":"18.3%"},{"v":0.18330548377664121,"d":"18.3%"},{"v":3007,"d":"3,007"},{"v":0.20981835973442967,"d":"21.0%"},{"v":0.2088740186805395,"d":"20.9%"},{"v":1948,"d":"1,948"},{"v":0.15019506475261887,"d":"15.0%"},{"v":0.1501363455086501,"d":"15.0%"},{"v":1136,"d":"1,136"},{"v":0.10106051324863548,"d":"10.1%"},{"v":0.10056168573096808,"d":"10.1%"},782,{"v":0.06775234116320275,"d":"6.8%"},{"v":0.0691128607572653,"d":"6.9%"},383,{"v":0.03726636481097143,"d":"3.7%"},{"v":0.03766791611824225,"d":"3.8%"},184,{"v":0.014966309864818983,"d":"1.5%"},{"v":0.015571757588340257,"d":"1.6%"},{"v":2882,"d":"2,882"},{"v":0.15658415730641165,"d":"15.7%"},{"v":0.1549113326365575,"d":"15.5%"}]
[1987,{"v":16212,"d":"16,212"},{"v":2045905307,"d":"$2,045,905,307"},{"v":2945732346,"d":"$2,945,732,346"},{"v":1805,"d":"1,805"},{"v":0.07300128675994484,"d":"7.3%"},{"v":0.07386073222010239,"d":"7.4%"},{"v":3478,"d":"3,478"},{"v":0.18031594558056444,"d":"18.0%"},{"v":0.18065674592690914,"d":"18.1%"},{"v":3310,"d":"3,310"},{"v":0.21993313984790402,"d":"22.0%"},{"v":0.2179378757448047,"d":"21.8%"},{"v":2173,"d":"2,173"},{"v":0.15655517041972267,"d":"15.7%"},{"v":0.15750296208343975,"d":"15.8%"},{"v":1224,"d":"1,224"},{"v":0.09833852540077506,"d":"9.8%"},{"v":0.09874914277089586,"d":"9.9%"},866,{"v":0.07086609263094307,"d":"7.1%"},{"v":0.07173952796049449,"d":"7.2%"},453,{"v":0.04241025853109046,"d":"4.2%"},{"v":0.04185296982850865,"d":"4.2%"},220,{"v":0.01646865418683818,"d":"1.6%"},{"v":0.016871436085320428,"d":"1.7%"},{"v":2683,"d":"2,683"},{"v":0.14211092664221728,"d":"14.2%"},{"v":0.14082860737952463,"d":"14.1%"}]
[1988,{"v":16735,"d":"16,735"},{"v":2163272046,"d":"$2,163,272,046"},{"v":3111917863,"d":"$3,111,917,863"},{"v":1654,"d":"1,654"},{"v":0.06423056649621219,"d":"6.4%"},{"v":0.06478612735801505,"d":"6.5%"},{"v":3587,"d":"3,587"},{"v":0.17445456141210638,"d":"17.4%"},{"v":0.17515573707158608,"d":"17.5%"},{"v":3440,"d":"3,440"},{"v":0.21667419586302,"d":"21.7%"},{"v":0.21619513676733568,"d":"21.6%"},{"v":2462,"d":"2,462"},{"v":0.17100490651835473,"d":"17.1%"},{"v":0.1713287106125654,"d":"17.1%"},{"v":1349,"d":"1,349"},{"v":0.10305491230851878,"d":"10.3%"},{"v":0.1033346817483145,"d":"10.3%"},928,{"v":0.07492322257835897,"d":"7.5%"},{"v":0.07528451177504616,"d":"7.5%"},503,{"v":0.04140787154608293,"d":"4.1%"},{"v":0.04158413161819368,"d":"4.2%"},266,{"v":0.023374635702198686,"d":"2.3%"},{"v":0.022484891015904042,"d":"2.2%"},{"v":2546,"d":"2,546"},{"v":0.13087512757514733,"d":"13.1%"},{"v":0.12984607203303938,"d":"13.0%"}]
[1989,{"v":17162,"d":"17,162"},{"v":2338251767,"d":"$2,338,251,767"},{"v":3404795615,"d":"$3,404,795,615"},{"v":1467,"d":"1,467"},{"v":0.0551050690171466,"d":"5.5%"},{"v":0.055481300894473805,"d":"5.5%"},{"v":3661,"d":"3,661"},{"v":0.17245036257038782,"d":"17.2%"},{"v":0.17303893173628868,"d":"17.3%"},{"v":3573,"d":"3,573"},{"v":0.21888047738188665,"d":"21.9%"},{"v":0.21845310588488878,"d":"21.8%"},{"v":2739,"d":"2,739"},{"v":0.18231043979790565,"d":"18.2%"},{"v":0.1820925767962727,"d":"18.2%"},{"v":1519,"d":"1,519"},{"v":0.11079679898302414,"d":"11.1%"},{"v":0.1113028600984027,"d":"11.1%"},958,{"v":0.07333410902111809,"d":"7.3%"},{"v":0.07319524464319424,"d":"7.3%"},584,{"v":0.04579904461588289,"d":"4.6%"},{"v":0.04620652802385614,"d":"4.6%"},285,{"v":0.021930293702200804,"d":"2.2%"},{"v":0.021966747921813214,"d":"2.2%"},{"v":2376,"d":"2,376"},{"v":0.11939340491044735,"d":"11.9%"},{"v":0.11826270400080975,"d":"11.8%"}]
[1990,{"v":17085,"d":"17,085"},{"v":2413262122,"d":"$2,413,262,122"},{"v":3573093333,"d":"$3,573,093,333"},{"v":1226,"d":"1,226"},{"v":0.04611654696994411,"d":"4.6%"},{"v":0.0464591303750307,"d":"4.6%"},{"v":3685,"d":"3,685"},{"v":0.16889220374544958,"d":"16.9%"},{"v":0.16952672587799988,"d":"17.0%"},{"v":3659,"d":"3,659"},{"v":0.22019893411313401,"d":"22.0%"},{"v":0.21943301081970365,"d":"21.9%"},{"v":2884,"d":"2,884"},{"v":0.1932399451135959,"d":"19.3%"},{"v":0.19302436872560697,"d":"19.3%"},{"v":1601,"d":"1,601"},{"v":0.11563223715156791,"d":"11.6%"},{"v":0.11643008122900327,"d":"11.6%"},977,{"v":0.07478827573459922,"d":"7.5%"},{"v":0.07487205036857625,"d":"7.5%"},590,{"v":0.045945640545714414,"d":"4.6%"},{"v":0.04569737977230722,"d":"4.6%"},354,{"v":0.027274314878589057,"d":"2.7%"},{"v":0.027387366877942115,"d":"2.7%"},{"v":2109,"d":"2,109"},{"v":0.1079119017474058,"d":"10.8%"},{"v":0.10716988595382991,"d":"10.7%"}]
[1991,{"v":17485,"d":"17,485"},{"v":2644744605,"d":"$2,644,744,605"},{"v":3918357332,"d":"$3,918,357,332"},{"v":1097,"d":"1,097"},{"v":0.0397017620535046,"d":"4.0%"},{"v":0.04012948556678495,"d":"4.0%"},{"v":3771,"d":"3,771"},{"v":0.1648465924368527,"d":"16.5%"},{"v":0.16650885223553163,"d":"16.7%"},{"v":3862,"d":"3,862"},{"v":0.22559357106619374,"d":"22.6%"},{"v":0.2247377516614914,"d":"22.5%"},{"v":3029,"d":"3,029"},{"v":0.20168265774758995,"d":"20.2%"},{"v":0.2007088574023907,"d":"20.1%"},{"v":1742,"d":"1,742"},{"v":0.12105795712550475,"d":"12.1%"},{"v":0.1212781609066378,"d":"12.1%"},{"v":1021,"d":"1,021"},{"v":0.07336875577065408,"d":"7.3%"},{"v":0.07379039492868794,"d":"7.4%"},626,{"v":0.04612824231472437,"d":"4.6%"},{"v":0.046620192729273015,"d":"4.7%"},389,{"v":0.03025583750080095,"d":"3.0%"},{"v":0.029495152995913647,"d":"2.9%"},{"v":1948,"d":"1,948"},{"v":0.09736462398417484,"d":"9.7%"},{"v":0.09673115157328893,"d":"9.7%"}]
[1992,{"v":17738,"d":"17,738"},{"v":2862698833,"d":"$2,862,698,833"},{"v":4229524765,"d":"$4,229,524,765"},{"v":1036,"d":"1,036"},{"v":0.03594006146017806,"d":"3.6%"},{"v":0.03618113984491589,"d":"3.6%"},{"v":3760,"d":"3,760"},{"v":0.15838622832875554,"d":"15.8%"},{"v":0.16020491323450142,"d":"16.0%"},{"v":4003,"d":"4,003"},{"v":0.22391229688952755,"d":"22.4%"},{"v":0.22344568610180487,"d":"22.3%"},{"v":3184,"d":"3,184"},{"v":0.20998788697937754,"d":"21.0%"},{"v":0.2080887472945202,"d":"20.8%"},{"v":1945,"d":"1,945"},{"v":0.13523080511906577,"d":"13.5%"},{"v":0.13550363098535964,"d":"13.6%"},{"v":1041,"d":"1,041"},{"v":0.0737369364764051,"d":"7.4%"},{"v":0.07431670517715955,"d":"7.4%"},679,{"v":0.04769704532869386,"d":"4.8%"},{"v":0.04772158297079979,"d":"4.8%"},427,{"v":0.0321105024881952,"d":"3.2%"},{"v":0.03192050537621099,"d":"3.2%"},{"v":1663,"d":"1,663"},{"v":0.0829982369298014,"d":"8.3%"},{"v":0.08261708901472764,"d":"8.3%"}]
[1993,{"v":17561,"d":"17,561"},{"v":2952657802,"d":"$2,952,657,802"},{"v":4347588955,"d":"$4,347,588,955"},917,{"v":0.03177635618202938,"d":"3.2%"},{"v":0.03211292176999286,"d":"3.2%"},{"v":3458,"d":"3,458"},{"v":0.14489157148864892,"d":"14.5%"},{"v":0.14588267809232208,"d":"14.6%"},{"v":4010,"d":"4,010"},{"v":0.22325012216231077,"d":"22.3%"},{"v":0.2229280486337973,"d":"22.3%"},{"v":3267,"d":"3,267"},{"v":0.21175714489382608,"d":"21.2%"},{"v":0.21102056990573986,"d":"21.1%"},{"v":2206,"d":"2,206"},{"v":0.14880610367459032,"d":"14.9%"},{"v":0.1485334976889507,"d":"14.9%"},{"v":1125,"d":"1,125"},{"v":0.08063941403528752,"d":"8.1%"},{"v":0.08106710216812574,"d":"8.1%"},718,{"v":0.04965852795426647,"d":"5.0%"},{"v":0.05005955927588375,"d":"5.0%"},485,{"v":0.0353908762909194,"d":"3.5%"},{"v":0.03528455624204704,"d":"3.5%"},{"v":1375,"d":"1,375"},{"v":0.07382988331812113,"d":"7.4%"},{"v":0.07311106622314069,"d":"7.3%"}]
[1994,{"v":17723,"d":"17,723"},{"v":3117045522,"d":"$3,117,045,522"},{"v":4588457749,"d":"$4,588,457,749"},875,{"v":0.028774846683166277,"d":"2.9%"},{"v":0.029140687419240308,"d":"2.9%"},{"v":3296,"d":"3,296"},{"v":0.13581221159977658,"d":"13.6%"},{"v":0.13707054470253552,"d":"13.7%"},{"v":4058,"d":"4,058"},{"v":0.22208173352432675,"d":"22.2%"},{"v":0.22149624440183552,"d":"22.1%"},{"v":3363,"d":"3,363"},{"v":0.21509087476201447,"d":"21.5%"},{"v":0.2139859298506096,"d":"21.4%"},{"v":2427,"d":"2,427"},{"v":0.15833052277123594,"d":"15.8%"},{"v":0.15808408416925798,"d":"15.8%"},{"v":1261,"d":"1,261"},{"v":0.08827965490328825,"d":"8.8%"},{"v":0.08851065787595204,"d":"8.9%"},713,{"v":0.047121116122089156,"d":"4.7%"},{"v":0.04768597728674433,"d":"4.8%"},553,{"v":0.03916159746094334,"d":"3.9%"},{"v":0.03910822716829162,"d":"3.9%"},{"v":1177,"d":"1,177"},{"v":0.06534744217315926,"d":"6.5%"},{"v":0.06491764712553312,"d":"6.5%"}]
[1995,{"v":17481,"d":"17,481"},{"v":3212418698,"d":"$3,212,418,698"},{"v":4724385793,"d":"$4,724,385,793"},764,{"v":0.025430432231907024,"d":"2.5%"},{"v":0.025652998571702376,"d":"2.6%"},{"v":3189,"d":"3,189"},{"v":0.1301247384907358,"d":"13.0%"},{"v":0.13138551447675983,"d":"13.1%"},{"v":4078,"d":"4,078"},{"v":0.22033131093423863,"d":"22.0%"},{"v":0.22020917693501327,"d":"22.0%"},{"v":3353,"d":"3,353"},{"v":0.2158307478510387,"d":"21.6%"},{"v":0.21493095282449556,"d":"21.5%"},{"v":2478,"d":"2,478"},{"v":0.16923994258235386,"d":"16.9%"},{"v":0.16916712817657056,"d":"16.9%"},{"v":1304,"d":"1,304"},{"v":0.09252946204834972,"d":"9.3%"},{"v":0.09232931435157248,"d":"9.2%"},691,{"v":0.044507434566052946,"d":"4.5%"},{"v":0.0451095357868036,"d":"4.5%"},551,{"v":0.03862313124912586,"d":"3.9%"},{"v":0.03848685690940143,"d":"3.8%"},{"v":1073,"d":"1,073"},{"v":0.06338280004619747,"d":"6.3%"},{"v":0.06272852196768089,"d":"6.3%"}]
[1996,{"v":17784,"d":"17,784"},{"v":3426610794,"d":"$3,426,610,794"},{"v":5054501021,"d":"$5,054,501,021"},758,{"v":0.02532058999870179,"d":"2.5%"},{"v":0.025512214650712996,"d":"2.6%"},{"v":3033,"d":"3,033"},{"v":0.11846021985069367,"d":"11.8%"},{"v":0.12004205726324256,"d":"12.0%"},{"v":4108,"d":"4,108"},{"v":0.21602263884072737,"d":"21.6%"},{"v":0.21653101848290238,"d":"21.7%"},{"v":3471,"d":"3,471"},{"v":0.21748070347087106,"d":"21.7%"},{"v":0.21648007082280102,"d":"21.6%"},{"v":2610,"d":"2,610"},{"v":0.1755140645249482,"d":"17.6%"},{"v":0.17440670015446813,"d":"17.4%"},{"v":1404,"d":"1,404"},{"v":0.09609622066695679,"d":"9.6%"},{"v":0.09606583300361747,"d":"9.6%"},725,{"v":0.047282548191260966,"d":"4.7%"},{"v":0.04758610573045525,"d":"4.8%"},556,{"v":0.03976972734651346,"d":"4.0%"},{"v":0.039338089392780835,"d":"3.9%"},{"v":1119,"d":"1,119"},{"v":0.06405328710932671,"d":"6.4%"},{"v":0.06403791049901937,"d":"6.4%"}]
[1997,{"v":18365,"d":"18,365"},{"v":3710662579,"d":"$3,710,662,579"},{"v":5464983261,"d":"$5,464,983,261"},798,{"v":0.025183853559970912,"d":"2.5%"},{"v":0.025272851974797658,"d":"2.5%"},{"v":2876,"d":"2,876"},{"v":0.1086587668417587,"d":"10.9%"},{"v":0.10996545063342693,"d":"11.0%"},{"v":4299,"d":"4,299"},{"v":0.21365532384614053,"d":"21.4%"},{"v":0.21510437962163045,"d":"21.5%"},{"v":3616,"d":"3,616"},{"v":0.22078573585119285,"d":"22.1%"},{"v":0.21927820576356566,"d":"21.9%"},{"v":2760,"d":"2,760"},{"v":0.1789465551941795,"d":"17.9%"},{"v":0.17814271563237272,"d":"17.8%"},{"v":1537,"d":"1,537"},{"v":0.10018418114971375,"d":"10.0%"},{"v":0.10057463614251315,"d":"10.1%"},737,{"v":0.04772488261320836,"d":"4.8%"},{"v":0.04830206780024024,"d":"4.8%"},580,{"v":0.03926066973172772,"d":"3.9%"},{"v":0.03811962929267607,"d":"3.8%"},{"v":1162,"d":"1,162"},{"v":0.06560003121210768,"d":"6.6%"},{"v":0.0652400631387771,"d":"6.5%"}]
[1998,{"v":18992,"d":"18,992"},{"v":4061700956,"d":"$4,061,700,956"},{"v":5988882342,"d":"$5,988,882,342"},780,{"v":0.0224269115296237,"d":"2.2%"},{"v":0.0226552553969009,"d":"2.3%"},{"v":2849,"d":"2,849"},{"v":0.10401177525783363,"d":"10.4%"},{"v":0.10523942014688523,"d":"10.5%"},{"v":4273,"d":"4,273"},{"v":0.20424548409319182,"d":"20.4%"},{"v":0.20502886697051761,"d":"20.5%"},{"v":3787,"d":"3,787"},{"v":0.21830249041111338,"d":"21.8%"},{"v":0.21722190564284088,"d":"21.7%"},{"v":2866,"d":"2,866"},{"v":0.18062484755709327,"d":"18.1%"},{"v":0.1795153398590511,"d":"18.0%"},{"v":1775,"d":"1,775"},{"v":0.11149344521069167,"d":"11.1%"},{"v":0.11207236336786261,"d":"11.2%"},806,{"v":0.053327926980944386,"d":"5.3%"},{"v":0.0536804488118628,"d":"5.4%"},628,{"v":0.03946805457531079,"d":"3.9%"},{"v":0.03894485543058945,"d":"3.9%"},{"v":1228,"d":"1,228"},{"v":0.06609906438419737,"d":"6.6%"},{"v":0.06564154437348937,"d":"6.6%"}]
[1999,{"v":19763,"d":"19,763"},{"v":4589282004,"d":"$4,589,282,004"},{"v":6732636654,"d":"$6,732,636,654"},716,{"v":0.022220066431114873,"d":"2.2%"},{"v":0.022443484145282973,"d":"2.2%"},{"v":2841,"d":"2,841"},{"v":0.10149086035550584,"d":"10.1%"},{"v":0.10243949279369503,"d":"10.2%"},{"v":4300,"d":"4,300"},{"v":0.19598530384841437,"d":"19.6%"},{"v":0.19747134389171508,"d":"19.7%"},{"v":4036,"d":"4,036"},{"v":0.2194316387884365,"d":"21.9%"},{"v":0.21801882255563645,"d":"21.8%"},{"v":3024,"d":"3,024"},{"v":0.1813257342378823,"d":"18.1%"},{"v":0.1802863227854209,"d":"18.0%"},{"v":1988,"d":"1,988"},{"v":0.11845357520548655,"d":"11.8%"},{"v":0.1187438360460199,"d":"11.9%"},918,{"v":0.05637206773837645,"d":"5.6%"},{"v":0.056850739416124146,"d":"5.7%"},633,{"v":0.03760397374787257,"d":"3.8%"},{"v":0.03702964274061655,"d":"3.7%"},{"v":1307,"d":"1,307"},{"v":0.06711677964691054,"d":"6.7%"},{"v":0.06671631562548898,"d":"6.7%"}]
[2000,{"v":20458,"d":"20,458"},{"v":5201100553,"d":"$5,201,100,553"},{"v":7612772551,"d":"$7,612,772,551"},631,{"v":0.019849775436556534,"d":"2.0%"},{"v":0.01993034810688908,"d":"2.0%"},{"v":2736,"d":"2,736"},{"v":0.09746235894393791,"d":"9.7%"},{"v":0.09813676515290913,"d":"9.8%"},{"v":4255,"d":"4,255"},{"v":0.18527725222389102,"d":"18.5%"},{"v":0.1870640614125449,"d":"18.7%"},{"v":4266,"d":"4,266"},{"v":0.21823703088095248,"d":"21.8%"},{"v":0.21827492084755967,"d":"21.8%"},{"v":3260,"d":"3,260"},{"v":0.1855825508782468,"d":"18.6%"},{"v":0.18404423665803016,"d":"18.4%"},{"v":2202,"d":"2,202"},{"v":0.12493054006141227,"d":"12.5%"},{"v":0.12475917080633663,"d":"12.5%"},{"v":1000,"d":"1,000"},{"v":0.057719210374973885,"d":"5.8%"},{"v":0.057652341385445394,"d":"5.8%"},712,{"v":0.040245914661131144,"d":"4.0%"},{"v":0.03961471658054269,"d":"4.0%"},{"v":1396,"d":"1,396"},{"v":0.07069536653889798,"d":"7.1%"},{"v":0.07052343904974234,"d":"7.1%"}]
[2001,{"v":21058,"d":"21,058"},{"v":5815739812,"d":"$5,815,739,812"},{"v":8506687383,"d":"$8,506,687,383"},554,{"v":0.01785532509307519,"d":"1.8%"},{"v":0.017819516478639122,"d":"1.8%"},{"v":2678,"d":"2,678"},{"v":0.096184080114071,"d":"9.6%"},{"v":0.09699749277832372,"d":"9.7%"},{"v":4258,"d":"4,258"},{"v":0.1842245510690326,"d":"18.4%"},{"v":0.18541782035532456,"d":"18.5%"},{"v":4367,"d":"4,367"},{"v":0.2123781176474681,"d":"21.2%"},{"v":0.21240358669002707,"d":"21.2%"},{"v":3402,"d":"3,402"},{"v":0.18305959008057496,"d":"18.3%"},{"v":0.18211854394649735,"d":"18.2%"},{"v":2395,"d":"2,395"},{"v":0.13064004487138842,"d":"13.1%"},{"v":0.12950125359038364,"d":"13.0%"},{"v":1138,"d":"1,138"},{"v":0.061389444256657884,"d":"6.1%"},{"v":0.0616128520306763,"d":"6.2%"},783,{"v":0.0415646383459632,"d":"4.2%"},{"v":0.04168794796770069,"d":"4.2%"},{"v":1483,"d":"1,483"},{"v":0.07270420852176872,"d":"7.3%"},{"v":0.07244098616242754,"d":"7.2%"}]
[2002,{"v":21590,"d":"21,590"},{"v":6387599983,"d":"$6,387,599,983"},{"v":9346782007,"d":"$9,346,782,007"},567,{"v":0.01874961461562143,"d":"1.9%"},{"v":0.01875045559731112,"d":"1.9%"},{"v":2554,"d":"2,554"},{"v":0.09103899845758391,"d":"9.1%"},{"v":0.09199448134727424,"d":"9.2%"},{"v":4152,"d":"4,152"},{"v":0.17456055889027638,"d":"17.5%"},{"v":0.17610753976793803,"d":"17.6%"},{"v":4502,"d":"4,502"},{"v":0.21681106607893233,"d":"21.7%"},{"v":0.21658819607474344,"d":"21.7%"},{"v":3552,"d":"3,552"},{"v":0.1834401064748077,"d":"18.3%"},{"v":0.18175519582330193,"d":"18.2%"},{"v":2568,"d":"2,568"},{"v":0.13609285824309264,"d":"13.6%"},{"v":0.13505641600013835,"d":"13.5%"},{"v":1281,"d":"1,281"},{"v":0.06340210236674741,"d":"6.3%"},{"v":0.06363286739271012,"d":"6.4%"},838,{"v":0.04307465992427034,"d":"4.3%"},{"v":0.04340855170219442,"d":"4.3%"},{"v":1576,"d":"1,576"},{"v":0.07283003494866783,"d":"7.3%"},{"v":0.07270629629438836,"d":"7.3%"}]
[2003,{"v":21998,"d":"21,998"},{"v":6901967038,"d":"$6,901,967,038"},{"v":10085398637,"d":"$10,085,398,637"},557,{"v":0.01738380397058048,"d":"1.7%"},{"v":0.017469822992778546,"d":"1.7%"},{"v":2438,"d":"2,438"},{"v":0.0861785331232699,"d":"8.6%"},{"v":0.0870856103573172,"d":"8.7%"},{"v":4093,"d":"4,093"},{"v":0.17050975751124703,"d":"17.1%"},{"v":0.17192092592541913,"d":"17.2%"},{"v":4496,"d":"4,496"},{"v":0.20959359136829306,"d":"21.0%"},{"v":0.21025106922603043,"d":"21.0%"},{"v":3675,"d":"3,675"},{"v":0.1855698607293175,"d":"18.6%"},{"v":0.18366914414312208,"d":"18.4%"},{"v":2684,"d":"2,684"},{"v":0.1373165836321689,"d":"13.7%"},{"v":0.13517762589952845,"d":"13.5%"},{"v":1491,"d":"1,491"},{"v":0.07455388517026412,"d":"7.5%"},{"v":0.07478277271391509,"d":"7.5%"},955,{"v":0.04558379941077893,"d":"4.6%"},{"v":0.04634712784531454,"d":"4.6%"},{"v":1609,"d":"1,609"},{"v":0.07331018508408009,"d":"7.3%"},{"v":0.07329590089657455,"d":"7.3%"}]
[2004,{"v":22176,"d":"22,176"},{"v":7199779252,"d":"$7,199,779,252"},{"v":10543228988,"d":"$10,543,228,988"},524,{"v":0.01665539272842139,"d":"1.7%"},{"v":0.016666843165409964,"d":"1.7%"},{"v":2331,"d":"2,331"},{"v":0.08230245862543564,"d":"8.2%"},{"v":0.0826395323474122,"d":"8.3%"},{"v":4080,"d":"4,080"},{"v":0.164771012759934,"d":"16.5%"},{"v":0.16620028778606663,"d":"16.6%"},{"v":4403,"d":"4,403"},{"v":0.2053351058769378,"d":"20.5%"},{"v":0.20613358559067654,"d":"20.6%"},{"v":3824,"d":"3,824"},{"v":0.1888726585085584,"d":"18.9%"},{"v":0.18707013460912605,"d":"18.7%"},{"v":2733,"d":"2,733"},{"v":0.13891996643121524,"d":"13.9%"},{"v":0.1379310577106096,"d":"13.8%"},{"v":1647,"d":"1,647"},{"v":0.0835011371818098,"d":"8.4%"},{"v":0.08335250405736516,"d":"8.3%"},987,{"v":0.0464362982944411,"d":"4.6%"},{"v":0.0467533616656757,"d":"4.7%"},{"v":1647,"d":"1,647"},{"v":0.07320596959324663,"d":"7.3%"},{"v":0.07325269306765815,"d":"7.3%"}]
[2005,{"v":21996,"d":"21,996"},{"v":7285950742,"d":"$7,285,950,742"},{"v":10679892144,"d":"$10,679,892,144"},489,{"v":0.015836428502716878,"d":"1.6%"},{"v":0.015770714135406722,"d":"1.6%"},{"v":2183,"d":"2,183"},{"v":0.07673357668714252,"d":"7.7%"},{"v":0.07703752537072438,"d":"7.7%"},{"v":3955,"d":"3,955"},{"v":0.16025745950616804,"d":"16.0%"},{"v":0.16190732768508753,"d":"16.2%"},{"v":4375,"d":"4,375"},{"v":0.20208566982376122,"d":"20.2%"},{"v":0.2033011812970234,"d":"20.3%"},{"v":3795,"d":"3,795"},{"v":0.18813967957512168,"d":"18.8%"},{"v":0.1860997127313311,"d":"18.6%"},{"v":2815,"d":"2,815"},{"v":0.14548713963841947,"d":"14.5%"},{"v":0.14442578475537834,"d":"14.4%"},{"v":1714,"d":"1,714"},{"v":0.08649207897705548,"d":"8.6%"},{"v":0.08691373372356409,"d":"8.7%"},{"v":1019,"d":"1,019"},{"v":0.04966332834425303,"d":"5.0%"},{"v":0.04931298236900996,"d":"4.9%"},{"v":1651,"d":"1,651"},{"v":0.07530463894536167,"d":"7.5%"},{"v":0.07523103793247446,"d":"7.5%"}]
[2006,{"v":21801,"d":"21,801"},{"v":7172364165,"d":"$7,172,364,165"},{"v":10516633303,"d":"$10,516,633,303"},419,{"v":0.01381479003583193,"d":"1.4%"},{"v":0.013709919785723654,"d":"1.4%"},{"v":2046,"d":"2,046"},{"v":0.0726300686936746,"d":"7.3%"},{"v":0.07330543024449504,"d":"7.3%"},{"v":3925,"d":"3,925"},{"v":0.1567533609749443,"d":"15.7%"},{"v":0.1580840826242128,"d":"15.8%"},{"v":4186,"d":"4,186"},{"v":0.19569658270412152,"d":"19.6%"},{"v":0.1958995215143901,"d":"19.6%"},{"v":3809,"d":"3,809"},{"v":0.1910138461297719,"d":"19.1%"},{"v":0.19003873325409984,"d":"19.0%"},{"v":2843,"d":"2,843"},{"v":0.14783219028031602,"d":"14.8%"},{"v":0.14643889224136808,"d":"14.6%"},{"v":1759,"d":"1,759"},{"v":0.09066754323119341,"d":"9.1%"},{"v":0.09020128825157345,"d":"9.0%"},{"v":1122,"d":"1,122"},{"v":0.0546835387854292,"d":"5.5%"},{"v":0.055496830229262585,"d":"5.5%"},{"v":1692,"d":"1,692"},{"v":0.07690807916471709,"d":"7.7%"},{"v":0.07682530185487442,"d":"7.7%"}]
[2007,{"v":21609,"d":"21,609"},{"v":7110223790,"d":"$7,110,223,790"},{"v":10417574715,"d":"$10,417,574,715"},400,{"v":0.01332583429135639,"d":"1.3%"},{"v":0.013229211958668443,"d":"1.3%"},{"v":2073,"d":"2,073"},{"v":0.07615343764025183,"d":"7.6%"},{"v":0.07667022525405522,"d":"7.7%"},{"v":3780,"d":"3,780"},{"v":0.15115127353818494,"d":"15.1%"},{"v":0.15236220016877508,"d":"15.2%"},{"v":4034,"d":"4,034"},{"v":0.18750068709159434,"d":"18.8%"},{"v":0.18820907741384987,"d":"18.8%"},{"v":3788,"d":"3,788"},{"v":0.18953364884173357,"d":"19.0%"},{"v":0.18846357964421856,"d":"18.8%"},{"v":2852,"d":"2,852"},{"v":0.1501288666189788,"d":"15.0%"},{"v":0.1486508297147356,"d":"14.9%"},{"v":1838,"d":"1,838"},{"v":0.0968079861238798,"d":"9.7%"},{"v":0.09619391465050799,"d":"9.6%"},{"v":1171,"d":"1,171"},{"v":0.05865019981319041,"d":"5.9%"},{"v":0.059253473950246584,"d":"5.9%"},{"v":1673,"d":"1,673"},{"v":0.07674806604082991,"d":"7.7%"},{"v":0.07696748743692595,"d":"7.7%"}]
[2008,{"v":21335,"d":"21,335"},{"v":7052687800,"d":"$7,052,687,800"},{"v":10328171494,"d":"$10,328,171,494"},419,{"v":0.014005772806220063,"d":"1.4%"},{"v":0.014004406983755687,"d":"1.4%"},{"v":2077,"d":"2,077"},{"v":0.07862032004309052,"d":"7.9%"},{"v":0.078981886723501,"d":"7.9%"},{"v":3608,"d":"3,608"},{"v":0.1452369961704529,"d":"14.5%"},{"v":0.1461485934733841,"d":"14.6%"},{"v":3943,"d":"3,943"},{"v":0.18276648641671053,"d":"18.3%"},{"v":0.18362935763622595,"d":"18.4%"},{"v":3653,"d":"3,653"},{"v":0.18539598520155678,"d":"18.5%"},{"v":0.18513449985903188,"d":"18.5%"},{"v":2825,"d":"2,825"},{"v":0.14982514368493668,"d":"15.0%"},{"v":0.1479576179469663,"d":"14.8%"},{"v":1837,"d":"1,837"},{"v":0.0985717971239277,"d":"9.9%"},{"v":0.09780900042053466,"d":"9.8%"},{"v":1277,"d":"1,277"},{"v":0.06611951843380902,"d":"6.6%"},{"v":0.06701932432106844,"d":"6.7%"},{"v":1696,"d":"1,696"},{"v":0.0794579802610857,"d":"7.9%"},{"v":0.07931531263553204,"d":"7.9%"}]
[2009,{"v":21464,"d":"21,464"},{"v":7255354199,"d":"$7,255,354,199"},{"v":10616187548,"d":"$10,616,187,548"},425,{"v":0.014101773558360772,"d":"1.4%"},{"v":0.01411551503988181,"d":"1.4%"},{"v":2054,"d":"2,054"},{"v":0.0775281741692953,"d":"7.8%"},{"v":0.07800936195367222,"d":"7.8%"},{"v":3546,"d":"3,546"},{"v":0.14372004459047913,"d":"14.4%"},{"v":0.1442586507703999,"d":"14.4%"},{"v":3967,"d":"3,967"},{"v":0.17946997324809724,"d":"17.9%"},{"v":0.17957602768228714,"d":"18.0%"},{"v":3643,"d":"3,643"},{"v":0.1804952743975608,"d":"18.0%"},{"v":0.18054647059820386,"d":"18.1%"},{"v":2879,"d":"2,879"},{"v":0.15471767459054137,"d":"15.5%"},{"v":0.15293048607697787,"d":"15.3%"},{"v":1845,"d":"1,845"},{"v":0.09732266897422082,"d":"9.7%"},{"v":0.09694246567769849,"d":"9.7%"},{"v":1381,"d":"1,381"},{"v":0.07276706753651904,"d":"7.3%"},{"v":0.07343467110722525,"d":"7.3%"},{"v":1724,"d":"1,724"},{"v":0.07987734907275476,"d":"8.0%"},{"v":0.08018635109365345,"d":"8.0%"}]
[2010,{"v":22059,"d":"22,059"},{"v":7498286607,"d":"$7,498,286,607"},{"v":10992527778,"d":"$10,992,527,778"},423,{"v":0.014024553409552007,"d":"1.4%"},{"v":0.013992658932173772,"d":"1.4%"},{"v":2193,"d":"2,193"},{"v":0.08059475126435374,"d":"8.1%"},{"v":0.08111149055128637,"d":"8.1%"},{"v":3612,"d":"3,612"},{"v":0.1426800536006772,"d":"14.3%"},{"v":0.1433301433318425,"d":"14.3%"},{"v":4045,"d":"4,045"},{"v":0.17721554078227567,"d":"17.7%"},{"v":0.17802312366374082,"d":"17.8%"},{"v":3588,"d":"3,588"},{"v":0.17433426894881027,"d":"17.4%"},{"v":0.17445086896554576,"d":"17.4%"},{"v":2972,"d":"2,972"},{"v":0.15269384274150619,"d":"15.3%"},{"v":0.15115395198958578,"d":"15.1%"},{"v":1964,"d":"1,964"},{"v":0.10197216858664683,"d":"10.2%"},{"v":0.10141144143670501,"d":"10.1%"},{"v":1501,"d":"1,501"},{"v":0.07864937857262676,"d":"7.9%"},{"v":0.07916157453261612,"d":"7.9%"},{"v":1761,"d":"1,761"},{"v":0.07783544196018753,"d":"7.8%"},{"v":0.07736474659650389,"d":"7.7%"}]
[2011,{"v":22190,"d":"22,190"},{"v":7407741037,"d":"$7,407,741,037"},{"v":10858036442,"d":"$10,858,036,442"},399,{"v":0.01342301877230161,"d":"1.3%"},{"v":0.013388291683908128,"d":"1.3%"},{"v":2128,"d":"2,128"},{"v":0.07975361949737661,"d":"8.0%"},{"v":0.07991663517019536,"d":"8.0%"},{"v":3688,"d":"3,688"},{"v":0.1470092247502523,"d":"14.7%"},{"v":0.14706350531513532,"d":"14.7%"},{"v":4057,"d":"4,057"},{"v":0.1733448471789498,"d":"17.3%"},{"v":0.17398026660629254,"d":"17.4%"},{"v":3509,"d":"3,509"},{"v":0.16929372972625958,"d":"16.9%"},{"v":0.16918571086151454,"d":"16.9%"},{"v":3046,"d":"3,046"},{"v":0.15399759134425584,"d":"15.4%"},{"v":0.15343265966172562,"d":"15.3%"},{"v":2041,"d":"2,041"},{"v":0.10433483070474674,"d":"10.4%"},{"v":0.10404965225847969,"d":"10.4%"},{"v":1568,"d":"1,568"},{"v":0.0819462721453123,"d":"8.2%"},{"v":0.08192535812084172,"d":"8.2%"},{"v":1754,"d":"1,754"},{"v":0.07689686601553915,"d":"7.7%"},{"v":0.07705792032190713,"d":"7.7%"}]
[2012,{"v":22116,"d":"22,116"},{"v":7438784083,"d":"$7,438,784,083"},{"v":10892093715,"d":"$10,892,093,715"},370,{"v":0.013077407666975566,"d":"1.3%"},{"v":0.01297513478105435,"d":"1.3%"},{"v":2056,"d":"2,056"},{"v":0.07791746292577531,"d":"7.8%"},{"v":0.0779865828578211,"d":"7.8%"},{"v":3709,"d":"3,709"},{"v":0.14813565559972444,"d":"14.8%"},{"v":0.14876611746082466,"d":"14.9%"},{"v":3979,"d":"3,979"},{"v":0.17184391034031307,"d":"17.2%"},{"v":0.1724561976925664,"d":"17.2%"},{"v":3443,"d":"3,443"},{"v":0.1671831813000345,"d":"16.7%"},{"v":0.1668052969924341,"d":"16.7%"},{"v":3072,"d":"3,072"},{"v":0.15345539113156162,"d":"15.3%"},{"v":0.15272562755396749,"d":"15.3%"},{"v":2062,"d":"2,062"},{"v":0.10387002907717008,"d":"10.4%"},{"v":0.10372401914281547,"d":"10.4%"},{"v":1679,"d":"1,679"},{"v":0.08644913306055424,"d":"8.6%"},{"v":0.08669436691492881,"d":"8.7%"},{"v":1746,"d":"1,746"},{"v":0.07806782862902999,"d":"7.8%"},{"v":0.07786665660358762,"d":"7.8%"}]
[2013,{"v":21516,"d":"21,516"},{"v":6864108974,"d":"$6,864,108,974"},{"v":10072910216,"d":"$10,072,910,216"},324,{"v":0.012036994650429044,"d":"1.2%"},{"v":0.011877714030445399,"d":"1.2%"},{"v":2009,"d":"2,009"},{"v":0.07816735326206958,"d":"7.8%"},{"v":0.07823989999912455,"d":"7.8%"},{"v":3608,"d":"3,608"},{"v":0.1517603243109584,"d":"15.2%"},{"v":0.15187822845575932,"d":"15.2%"},{"v":3744,"d":"3,744"},{"v":0.1661574832684176,"d":"16.6%"},{"v":0.1668761899942264,"d":"16.7%"},{"v":3349,"d":"3,349"},{"v":0.16480481986590326,"d":"16.5%"},{"v":0.1647992558658184,"d":"16.5%"},{"v":2963,"d":"2,963"},{"v":0.15199311461281004,"d":"15.2%"},{"v":0.1507651010914163,"d":"15.1%"},{"v":2061,"d":"2,061"},{"v":0.1079479535955281,"d":"10.8%"},{"v":0.10739145190450887,"d":"10.7%"},{"v":1782,"d":"1,782"},{"v":0.090181509551308,"d":"9.0%"},{"v":0.09139825306271745,"d":"9.1%"},{"v":1676,"d":"1,676"},{"v":0.07695044688257596,"d":"7.7%"},{"v":0.0767739056952595,"d":"7.7%"}]
[2014,{"v":21168,"d":"21,168"},{"v":6971343995,"d":"$6,971,343,995"},{"v":10238249885,"d":"$10,238,249,885"},295,{"v":0.011076341097983647,"d":"1.1%"},{"v":0.010973985325813328,"d":"1.1%"},{"v":1978,"d":"1,978"},{"v":0.07836171151384992,"d":"7.8%"},{"v":0.0785830925243138,"d":"7.9%"},{"v":3552,"d":"3,552"},{"v":0.15432975818890143,"d":"15.4%"},{"v":0.1543004682191345,"d":"15.4%"},{"v":3574,"d":"3,574"},{"v":0.16222461935763363,"d":"16.2%"},{"v":0.16275042265194722,"d":"16.3%"},{"v":3306,"d":"3,306"},{"v":0.16401631060238622,"d":"16.4%"},{"v":0.16346968942924955,"d":"16.3%"},{"v":2826,"d":"2,826"},{"v":0.14767768406470666,"d":"14.8%"},{"v":0.14735651727062726,"d":"14.7%"},{"v":2124,"d":"2,124"},{"v":0.11232258594061818,"d":"11.2%"},{"v":0.11195600575048867,"d":"11.2%"},{"v":1841,"d":"1,841"},{"v":0.09386396130635927,"d":"9.4%"},{"v":0.0947707417672586,"d":"9.5%"},{"v":1672,"d":"1,672"},{"v":0.07612702807100541,"d":"7.6%"},{"v":0.07583907715884003,"d":"7.6%"}]
{"$rows_empty":7}
["R01"]
[]
[null,null,"Raw Data",{"$nulls":3},"Allocate Unknown Uniformly"]
[{"$f":"A54","v":"Fiscal Year"},"All","< 46","46 to 55","> 56","Unknown","< 46","46 to 55","> 56","Unknown"]
[]
[]
[{"$f":"A96","v":1980},{"$f":"D57","v":{"v":1410821137,"d":"$1,410,821,137"}},{"$f":"G57+J57+M57","v":{"v":572988682,"d":"$572,988,682"}},{"$f":"P57+S57","v":{"v":280759013,"d":"$280,759,013"}},{"$f":"V57+Y57+AB57","v":{"v":96241452,"d":"$96,241,452"}},{"$f":"AE57","v":{"v":460831990,"d":"460,831,990 "}},{"$f":"C144*($B144/($B144-$F144))","v":{"v":850940820.0927284,"d":"$850,940,820"}},{"$f":"D144*($B144/($B144-$F144))","v":{"v":416952921.19338053,"d":"$416,952,921"}},{"$f":"E144*($B144/($B144-$F144))","v":{"v":142927395.71389118,"d":"$142,927,396"}},{"$f":"SUM(G144:I144)-B144","v":{"v":0,"d":"$0"}}]
[1981,{"v":1549430049,"d":"$1,549,430,049"},{"v":660145781,"d":"$660,145,781"},{"v":311845908,"d":"$311,845,908"},{"v":122577024,"d":"$122,577,024"},{"v":454861336,"d":"454,861,336 "},{"v":934477386.073407,"d":"$934,477,386"},{"v":441437266.3627281,"d":"$441,437,266"},{"v":173515396.56386486,"d":"$173,515,397"},{"v":0,"d":"$0"}]
[1982,{"v":1602060859,"d":"$1,602,060,859"},{"v":718282752,"d":"$718,282,752"},{"v":334755233,"d":"$334,755,233"},{"v":138776430,"d":"$138,776,430"},{"v":410246444,"d":"410,246,444 "},{"v":965530092.765327,"d":"$965,530,093"},{"v":449984703.4781209,"d":"$449,984,703"},{"v":186546062.75655204,"d":"$186,546,063"},{"v":0,"d":"$0"}]
[1983,{"v":1825704692,"d":"$1,825,704,692"},{"v":838958237,"d":"$838,958,237"},{"v":404215547,"d":"$404,215,547"},{"v":177130879,"d":"$177,130,879"},{"v":405400029,"d":"405,400,029 "},{"v":1078423545.0214443,"d":"$1,078,423,545"},{"v":519591493.2634749,"d":"$519,591,493"},{"v":227689653.7150806,"d":"$227,689,654"},{"v":0,"d":"$0"}]
[1984,{"v":2097020817,"d":"$2,097,020,817"},{"v":968590861,"d":"$968,590,861"},{"v":491081030,"d":"$491,081,030"},{"v":222253125,"d":"$222,253,125"},{"v":415095801,"d":"415,095,801 "},{"v":1207637189.1438432,"d":"$1,207,637,189"},{"v":612278866.7433683,"d":"$612,278,867"},{"v":277104761.1127886,"d":"$277,104,761"},{"v":0,"d":"$0"}]
[1985,{"v":2402134399,"d":"$2,402,134,399"},{"v":1133059941,"d":"$1,133,059,941"},{"v":578584512,"d":"$578,584,512"},{"v":278216427,"d":"$278,216,427"},{"v":412273519,"d":"412,273,519 "},{"v":1367815352.1994011,"d":"$1,367,815,352"},{"v":698459763.1789355,"d":"$698,459,763"},{"v":335859283.6216632,"d":"$335,859,284"},{"v":0,"d":"$0"}]
[1986,{"v":2511639022,"d":"$2,511,639,022"},{"v":1185589316,"d":"$1,185,589,316"},{"v":629662958,"d":"$629,662,958"},{"v":307305400,"d":"$307,305,400"},{"v":389081348,"d":"389,081,348 "},{"v":1402917068.68922,"d":"$1,402,917,069"},{"v":745085080.7933086,"d":"$745,085,081"},{"v":363636872.5174715,"d":"$363,636,873"},{"v":0,"d":"$0"}]
[1987,{"v":2945732346,"d":"$2,945,732,346"},{"v":1391727018,"d":"$1,391,727,018"},{"v":754850114,"d":"$754,850,114"},{"v":384311830,"d":"$384,311,830"},{"v":414843384,"d":"414,843,384 "},{"v":1619847948.7954416,"d":"$1,619,847,949"},{"v":878579199.0788996,"d":"$878,579,199"},{"v":447305198.1256589,"d":"$447,305,198"},{"v":0,"d":"$0"}]
[1988,{"v":3111917863,"d":"$3,111,917,863"},{"v":1419460882,"d":"$1,419,460,882"},{"v":854729917,"d":"$854,729,917"},{"v":433656753,"d":"$433,656,753"},{"v":404070311,"d":"404,070,311 "},{"v":1631275612.714233,"d":"$1,631,275,613"},{"v":982274387.9315728,"d":"$982,274,388"},{"v":498367862.35419464,"d":"$498,367,862"},{"v":0,"d":"$0"}]
[1989,{"v":3404795615,"d":"$3,404,795,615"},{"v":1521852863,"d":"$1,521,852,863"},{"v":998951497,"d":"$998,951,497"},{"v":481330919,"d":"$481,330,919"},{"v":402660336,"d":"402,660,336 "},{"v":1725970841.7748473,"d":"$1,725,970,842"},{"v":1132935514.3903513,"d":"$1,132,935,514"},{"v":545889258.8348016,"d":"$545,889,259"},{"v":0,"d":"$0"}]
[1990,{"v":3573093333,"d":"$3,573,093,333"},{"v":1555792251,"d":"$1,555,792,251"},{"v":1105709632,"d":"$1,105,709,632"},{"v":528663445,"d":"$528,663,445"},{"v":382928005,"d":"382,928,005 "},{"v":1742540071.7605574,"d":"$1,742,540,072"},{"v":1238432277.9941778,"d":"$1,238,432,278"},{"v":592120983.2452646,"d":"$592,120,983"},{"v":0,"d":"$0"}]
[1991,{"v":3918357332,"d":"$3,918,357,332"},{"v":1690285663,"d":"$1,690,285,663"},{"v":1261660194,"d":"$1,261,660,194"},{"v":587384258,"d":"$587,384,258"},{"v":379027217,"d":"379,027,217 "},{"v":1871298524.1814694,"d":"$1,871,298,524"},{"v":1396771510.7163556,"d":"$1,396,771,511"},{"v":650287297.1021748,"d":"$650,287,297"},{"v":0,"d":"$0"}]
[1992,{"v":4229524765,"d":"$4,229,524,765"},{"v":1775688738,"d":"$1,775,688,738"},{"v":1453232473,"d":"$1,453,232,473"},{"v":651172530,"d":"$651,172,530"},{"v":349431024,"d":"349,431,024 "},{"v":1935602589.4279022,"d":"$1,935,602,589"},{"v":1584106762.3978555,"d":"$1,584,106,762"},{"v":709815413.174242,"d":"$709,815,413"},{"v":0,"d":"$0"}]
[1993,{"v":4347588955,"d":"$4,347,588,955"},{"v":1743051226,"d":"$1,743,051,226"},{"v":1563193293,"d":"$1,563,193,293"},{"v":723487572,"d":"$723,487,572"},{"v":317856864,"d":"317,856,864 "},{"v":1880539471.8625748,"d":"$1,880,539,472"},{"v":1686494720.1714306,"d":"$1,686,494,720"},{"v":780554762.9659948,"d":"$780,554,763"},{"v":0,"d":"$0"}]
[1994,{"v":4588457749,"d":"$4,588,457,749"},{"v":1778979375,"d":"$1,778,979,375"},{"v":1707227539,"d":"$1,707,227,539"},{"v":804378954,"d":"$804,378,954"},{"v":297871881,"d":"297,871,881 "},{"v":1902484171.0800896,"d":"$1,902,484,171"},{"v":1825750998.029146,"d":"$1,825,750,998"},{"v":860222579.8907644,"d":"$860,222,580"},{"v":0,"d":"$0"}]
[1995,{"v":4724385793,"d":"$4,724,385,793"},{"v":1782263627,"d":"$1,782,263,627"},{"v":1814627517,"d":"$1,814,627,517"},{"v":831140911,"d":"$831,140,911"},{"v":296353738,"d":"296,353,738 "},{"v":1901544716.5229366,"d":"$1,901,544,717"},{"v":1936074616.0862348,"d":"$1,936,074,616"},{"v":886766460.3908287,"d":"$886,766,460"},{"v":0,"d":"$0"}]
[1996,{"v":5054501021,"d":"$5,054,501,021"},{"v":1830160470,"d":"$1,830,160,470"},{"v":1975737583,"d":"$1,975,737,583"},{"v":924923284,"d":"$924,923,284"},{"v":323679684,"d":"323,679,684 "},{"v":1955378845.4997914,"d":"$1,955,378,845"},{"v":2110916248.8123724,"d":"$2,110,916,249"},{"v":988205926.6878362,"d":"$988,205,927"},{"v":0,"d":"$0"}]
[1997,{"v":5464983261,"d":"$5,464,983,261"},{"v":1914616894,"d":"$1,914,616,894"},{"v":2171898683,"d":"$2,171,898,683"},{"v":1021931831,"d":"$1,021,931,831"},{"v":356535853,"d":"356,535,853 "},{"v":2048244494.1200445,"d":"$2,048,244,494"},{"v":2323482850.8942037,"d":"$2,323,482,851"},{"v":1093255915.985752,"d":"$1,093,255,916"},{"v":0,"d":"$0"}]
[1998,{"v":5988882342,"d":"$5,988,882,342"},{"v":1993839925,"d":"$1,993,839,925"},{"v":2376012684,"d":"$2,376,012,684"},{"v":1225910247,"d":"$1,225,910,247"},{"v":393119486,"d":"393,119,486 "},{"v":2133913288.838469,"d":"$2,133,913,289"},{"v":2542934855.132043,"d":"$2,542,934,855"},{"v":1312034198.029488,"d":"$1,312,034,198"},{"v":0,"d":"$0"}]
[1999,{"v":6732636654,"d":"$6,732,636,654"},{"v":2170294516,"d":"$2,170,294,516"},{"v":2681643821,"d":"$2,681,643,821"},{"v":1431521605,"d":"$1,431,521,605"},{"v":449176712,"d":"449,176,712 "},{"v":2325439255.326248,"d":"$2,325,439,255"},{"v":2873342656.5763273,"d":"$2,873,342,657"},{"v":1533854742.0974247,"d":"$1,533,854,742"},{"v":0,"d":"$0"}]
[2000,{"v":7612772551,"d":"$7,612,772,551"},{"v":2322894231,"d":"$2,322,894,231"},{"v":3062764239,"d":"$3,062,764,239"},{"v":1690235180,"d":"$1,690,235,180"},{"v":536878901,"d":"536,878,901 "},{"v":2499142343.756545,"d":"$2,499,142,344"},{"v":3295149514.9794407,"d":"$3,295,149,515"},{"v":1818480692.2640145,"d":"$1,818,480,692"},{"v":0,"d":"$0"}]
[2001,{"v":8506687383,"d":"$8,506,687,383"},{"v":2554003837,"d":"$2,554,003,837"},{"v":3356076431,"d":"$3,356,076,431"},{"v":1980374292,"d":"$1,980,374,292"},{"v":616232823,"d":"616,232,823 "},{"v":2753467756.6588116,"d":"$2,753,467,757"},{"v":3618181033.156013,"d":"$3,618,181,033"},{"v":2135038593.1851764,"d":"$2,135,038,593"},{"v":0,"d":"$0"}]
[2002,{"v":9346782007,"d":"$9,346,782,007"},{"v":2681147568,"d":"$2,681,147,568"},{"v":3723228848,"d":"$3,723,228,848"},{"v":2262835689,"d":"$2,262,835,689"},{"v":679569902,"d":"679,569,902 "},{"v":2891368244.2636156,"d":"$2,891,368,244"},{"v":4015155967.436629,"d":"$4,015,155,967"},{"v":2440257795.2997546,"d":"$2,440,257,795"},{"v":0,"d":"$0"}]
[2003,{"v":10085398637,"d":"$10,085,398,637"},{"v":2788374297,"d":"$2,788,374,297"},{"v":3972842383,"d":"$3,972,842,383"},{"v":2584963578,"d":"$2,584,963,578"},{"v":739218379,"d":"739,218,379 "},{"v":3008915466.865547,"d":"$3,008,915,467"},{"v":4287066806.808856,"d":"$4,287,066,807"},{"v":2789416363.325596,"d":"$2,789,416,363"},{"v":0,"d":"$0"}]
[2004,{"v":10543228988,"d":"$10,543,228,988"},{"v":2799297549,"d":"$2,799,297,549"},{"v":4145636861,"d":"$4,145,636,861"},{"v":2825974661,"d":"$2,825,974,661"},{"v":772319917,"d":"772,319,917 "},{"v":3020561838.227565,"d":"$3,020,561,838"},{"v":4473319566.174533,"d":"$4,473,319,566"},{"v":3049347583.597902,"d":"$3,049,347,584"},{"v":0,"d":"$0"}]
[2005,{"v":10679892144,"d":"$10,679,892,144"},{"v":2720334785,"d":"$2,720,334,785"},{"v":4158759549,"d":"$4,158,759,549"},{"v":2997338439,"d":"$2,997,338,439"},{"v":803459371,"d":"803,459,371 "},{"v":2941637205.1653743,"d":"$2,941,637,205"},{"v":4497079508.055907,"d":"$4,497,079,508"},{"v":3241175430.7787175,"d":"$3,241,175,431"},{"v":0,"d":"$0"}]
[2006,{"v":10516633303,"d":"$10,516,633,303"},{"v":2577620856,"d":"$2,577,620,856"},{"v":4058771103,"d":"$4,058,771,103"},{"v":3072297816,"d":"$3,072,297,816"},{"v":807943528,"d":"807,943,528 "},{"v":2792126843.574726,"d":"$2,792,126,844"},{"v":4396536333.973432,"d":"$4,396,536,334"},{"v":3327970125.451842,"d":"$3,327,970,125"},{"v":0,"d":"$0"}]
[2007,{"v":10417574715,"d":"$10,417,574,715"},{"v":2523778708,"d":"$2,523,778,708"},{"v":3924015548,"d":"$3,924,015,548"},{"v":3167965910,"d":"$3,167,965,910"},{"v":801814551,"d":"801,814,551 "},{"v":2734225147.705771,"d":"$2,734,225,148"},{"v":4251221375.8362694,"d":"$4,251,221,376"},{"v":3432128193.624731,"d":"$3,432,128,194"},{"v":2.1667709350585937,"d":"$2"}]
[2008,{"v":10328171494,"d":"$10,328,171,494"},{"v":2469826125,"d":"$2,469,826,125"},{"v":3808656361,"d":"$3,808,656,361"},{"v":3230506857,"d":"$3,230,506,857"},{"v":819182151,"d":"819,182,151 "},{"v":2682597157.198379,"d":"$2,682,597,157"},{"v":4136765184.943585,"d":"$4,136,765,185"},{"v":3508809151.858036,"d":"$3,508,809,152"},{"v":0,"d":"$0"}]
[2009,{"v":10616187548,"d":"$10,616,187,548"},{"v":2509491864,"d":"$2,509,491,864"},{"v":3823127982,"d":"$3,823,127,982"},{"v":3432294360,"d":"$3,432,294,360"},{"v":851273342,"d":"851,273,342 "},{"v":2728261172.231758,"d":"$2,728,261,172"},{"v":4156415798.5105767,"d":"$4,156,415,799"},{"v":3731510577.257664,"d":"$3,731,510,577"},{"v":0,"d":"$0"}]
[2010,{"v":10992527778,"d":"$10,992,527,778"},{"v":2620995587,"d":"$2,620,995,587"},{"v":3874580155,"d":"$3,874,580,155"},{"v":3646517910,"d":"$3,646,517,910"},{"v":850434126,"d":"850,434,126 "},{"v":2840771125.243098,"d":"$2,840,771,125"},{"v":4199471178.569339,"d":"$4,199,471,179"},{"v":3952285474.1875644,"d":"$3,952,285,474"},{"v":0,"d":"$0"}]
[2011,{"v":10858036442,"d":"$10,858,036,442"},{"v":2609929196,"d":"$2,609,929,196"},{"v":3726108689,"d":"$3,726,108,689"},{"v":3685300850,"d":"$3,685,300,850"},{"v":836697707,"d":"836,697,707 "},{"v":2827836386.9922376,"d":"$2,827,836,387"},{"v":4037207503.096626,"d":"$4,037,207,503"},{"v":3992992551.911137,"d":"$3,992,992,552"},{"v":0,"d":"$0"}]
[2012,{"v":10892093715,"d":"$10,892,093,715"},{"v":2611138046,"d":"$2,611,138,046"},{"v":3695267994,"d":"$3,695,267,994"},{"v":3737556754,"d":"$3,737,556,754"},{"v":848130921,"d":"848,130,921 "},{"v":2831627404.7553964,"d":"$2,831,627,405"},{"v":4007303304.3025484,"d":"$4,007,303,304"},{"v":4053163005.9420547,"d":"$4,053,163,006"},{"v":0,"d":"$0"}]
[2013,{"v":10072910216,"d":"$10,072,910,216"},{"v":2437602394,"d":"$2,437,602,394"},{"v":3340936987,"d":"$3,340,936,987"},{"v":3521034177,"d":"$3,521,034,177"},{"v":773336659,"d":"773,336,659 "},{"v":2640309247.1467676,"d":"$2,640,309,247"},{"v":3618763602.556078,"d":"$3,618,763,603"},{"v":3813837367.3803134,"d":"$3,813,837,367"},{"v":1.0831584930419922,"d":"$1"}]
[2014,{"v":10238249885,"d":"$10,238,249,885"},{"v":2496674493,"d":"$2,496,674,493"},{"v":3339923025,"d":"$3,339,923,025"},{"v":3625192945,"d":"$3,625,192,945"},{"v":776459423,"d":"776,459,423 "},{"v":2701558171.627124,"d":"$2,701,558,172"},{"v":3614005897.0812473,"d":"$3,614,005,897"},{"v":3922685817.3736906,"d":"$3,922,685,817"},{"v":1.082061767578125,"d":"$1"}]
{"$rows_empty":10}
["44096 levitt data.xlsx"]
["Report #349-15"]
["Fiscal Year","Age of Principal Investigator"]
[null,"All Ages Total",null,null,"24 - 35",null,null,"36 - 40",null,null,"41 - 45",null,null,"46 - 50",null,null,"51 - 55",null,null,"56 - 60",null,null,"61 - 65",null,null,"Over 65",null,null,"Unknown/Illogical"]
[null,"Awardees","Direct Cost","Total Cost","Awardees","Direct Cost","Total Cost","Awardees","Direct Cost","Total Cost","Awardees","Direct Cost","Total Cost","Awardees","Direct Cost","Total Cost","Awardees","Direct Cost","Total Cost","Awardees","Direct Cost","Total Cost","Awardees","Direct Cost","Total Cost","Awardees","Direct Cost","Total Cost","Awardees","Direct Cost","Total Cost"]
[1980,{"v":14959,"d":"14,959"},{"v":1264808619,"d":"$1,264,808,619"},{"v":1739446068,"d":"$1,739,446,068"},{"v":1911,"d":"1,911"},{"v":107643575,"d":"$107,643,575"},{"v":146697431,"d":"$146,697,431"},{"v":2582,"d":"2,582"},{"v":184543374,"d":"$184,543,374"},{"v":253081292,"d":"$253,081,292"},{"v":1794,"d":"1,794"},{"v":166811264,"d":"$166,811,264"},{"v":231310345,"d":"$231,310,345"},{"v":1256,"d":"1,256"},{"v":154898032,"d":"$154,898,032"},{"v":214596843,"d":"$214,596,843"},861,{"v":138234107,"d":"$138,234,107"},{"v":191828382,"d":"$191,828,382"},485,{"v":83070717,"d":"$83,070,717"},{"v":113722117,"d":"$113,722,117"},186,{"v":32524895,"d":"$32,524,895"},{"v":44683106,"d":"$44,683,106"},58,{"v":10246334,"d":"$10,246,334"},{"v":14109060,"d":"$14,109,060"},{"v":5826,"d":"5,826"},{"v":386836321,"d":"$386,836,321"},{"v":529417492,"d":"$529,417,492"}]
[1981,{"v":14985,"d":"14,985"},{"v":1375340594,"d":"$1,375,340,594"},{"v":1905566987,"d":"$1,905,566,987"},{"v":1987,"d":"1,987"},{"v":119249206,"d":"$119,249,206"},{"v":165316977,"d":"$165,316,977"},{"v":2712,"d":"2,712"},{"v":205701418,"d":"$205,701,418"},{"v":284606809,"d":"$284,606,809"},{"v":1956,"d":"1,956"},{"v":196970190,"d":"$196,970,190"},{"v":274327441,"d":"$274,327,441"},{"v":1293,"d":"1,293"},{"v":166003788,"d":"$166,003,788"},{"v":230621695,"d":"$230,621,695"},926,{"v":144261445,"d":"$144,261,445"},{"v":202092280,"d":"$202,092,280"},544,{"v":102891531,"d":"$102,891,531"},{"v":142307850,"d":"$142,307,850"},214,{"v":41720636,"d":"$41,720,636"},{"v":59341558,"d":"$59,341,558"},79,{"v":13077723,"d":"$13,077,723"},{"v":18000235,"d":"$18,000,235"},{"v":5274,"d":"5,274"},{"v":385464657,"d":"$385,464,657"},{"v":528952142,"d":"$528,952,142"}]
[1982,{"v":14495,"d":"14,495"},{"v":1396867213,"d":"$1,396,867,213"},{"v":1959913999,"d":"$1,959,913,999"},{"v":1991,"d":"1,991"},{"v":120636097,"d":"$120,636,097"},{"v":170347229,"d":"$170,347,229"},{"v":2777,"d":"2,777"},{"v":219834979,"d":"$219,834,979"},{"v":307295649,"d":"$307,295,649"},{"v":2093,"d":"2,093"},{"v":221352243,"d":"$221,352,243"},{"v":311757503,"d":"$311,757,503"},{"v":1329,"d":"1,329"},{"v":172878683,"d":"$172,878,683"},{"v":241432338,"d":"$241,432,338"},996,{"v":158223777,"d":"$158,223,777"},{"v":223374627,"d":"$223,374,627"},567,{"v":103896906,"d":"$103,896,906"},{"v":147304780,"d":"$147,304,780"},237,{"v":47275517,"d":"$47,275,517"},{"v":66695747,"d":"$66,695,747"},92,{"v":15926098,"d":"$15,926,098"},{"v":22468007,"d":"$22,468,007"},{"v":4413,"d":"4,413"},{"v":336842913,"d":"$336,842,913"},{"v":469238119,"d":"$469,238,119"}]
[1983,{"v":14954,"d":"14,954"},{"v":1563242793,"d":"$1,563,242,793"},{"v":2227511208,"d":"$2,227,511,208"},{"v":1988,"d":"1,988"},{"v":125098756,"d":"$125,098,756"},{"v":178404476,"d":"$178,404,476"},{"v":2969,"d":"2,969"},{"v":251632715,"d":"$251,632,715"},{"v":358615134,"d":"$358,615,134"},{"v":2392,"d":"2,392"},{"v":265731021,"d":"$265,731,021"},{"v":378204114,"d":"$378,204,114"},{"v":1460,"d":"1,460"},{"v":205341068,"d":"$205,341,068"},{"v":291038658,"d":"$291,038,658"},{"v":1065,"d":"1,065"},{"v":180373642,"d":"$180,373,642"},{"v":259701090,"d":"$259,701,090"},663,{"v":123316290,"d":"$123,316,290"},{"v":178519509,"d":"$178,519,509"},282,{"v":56682976,"d":"$56,682,976"},{"v":80599853,"d":"$80,599,853"},114,{"v":20405089,"d":"$20,405,089"},{"v":29989259,"d":"$29,989,259"},{"v":4021,"d":"4,021"},{"v":334661236,"d":"$334,661,236"},{"v":472439115,"d":"$472,439,115"}]
[1984,{"v":15298,"d":"15,298"},{"v":1772870938,"d":"$1,772,870,938"},{"v":2546776481,"d":"$2,546,776,481"},{"v":1930,"d":"1,930"},{"v":131578302,"d":"$131,578,302"},{"v":190079637,"d":"$190,079,637"},{"v":3053,"d":"3,053"},{"v":285680779,"d":"$285,680,779"},{"v":409376003,"d":"$409,376,003"},{"v":2618,"d":"2,618"},{"v":319005046,"d":"$319,005,046"},{"v":457858630,"d":"$457,858,630"},{"v":1647,"d":"1,647"},{"v":249885489,"d":"$249,885,489"},{"v":359429083,"d":"$359,429,083"},{"v":1116,"d":"1,116"},{"v":197898702,"d":"$197,898,702"},{"v":285788202,"d":"$285,788,202"},718,{"v":150217854,"d":"$150,217,854"},{"v":217756681,"d":"$217,756,681"},324,{"v":70798079,"d":"$70,798,079"},{"v":100699687,"d":"$100,699,687"},148,{"v":26016121,"d":"$26,016,121"},{"v":38873309,"d":"$38,873,309"},{"v":3744,"d":"3,744"},{"v":341790566,"d":"$341,790,566"},{"v":486915249,"d":"$486,915,249"}]
[1985,{"v":16096,"d":"16,096"},{"v":2048170763,"d":"$2,048,170,763"},{"v":2950358542,"d":"$2,950,358,542"},{"v":2016,"d":"2,016"},{"v":145450926,"d":"$145,450,926"},{"v":212082988,"d":"$212,082,988"},{"v":3289,"d":"3,289"},{"v":327674317,"d":"$327,674,317"},{"v":471576765,"d":"$471,576,765"},{"v":2965,"d":"2,965"},{"v":398924942,"d":"$398,924,942"},{"v":573877091,"d":"$573,877,091"},{"v":1835,"d":"1,835"},{"v":294788018,"d":"$294,788,018"},{"v":422614852,"d":"$422,614,852"},{"v":1201,"d":"1,201"},{"v":236192375,"d":"$236,192,375"},{"v":342323402,"d":"$342,323,402"},805,{"v":175020303,"d":"$175,020,303"},{"v":255047262,"d":"$255,047,262"},395,{"v":92781908,"d":"$92,781,908"},{"v":133665900,"d":"$133,665,900"},174,{"v":33863107,"d":"$33,863,107"},{"v":50576466,"d":"$50,576,466"},{"v":3416,"d":"3,416"},{"v":343474867,"d":"$343,474,867"},{"v":488593816,"d":"$488,593,816"}]
[1986,{"v":16574,"d":"16,574"},{"v":2167986059,"d":"$2,167,986,059"},{"v":3119104348,"d":"$3,119,104,348"},{"v":2019,"d":"2,019"},{"v":143950551,"d":"$143,950,551"},{"v":209919367,"d":"$209,919,367"},{"v":3422,"d":"3,422"},{"v":341989795,"d":"$341,989,795"},{"v":491968360,"d":"$491,968,360"},{"v":3158,"d":"3,158"},{"v":432196309,"d":"$432,196,309"},{"v":618951358,"d":"$618,951,358"},{"v":2069,"d":"2,069"},{"v":333503383,"d":"$333,503,383"},{"v":480139853,"d":"$480,139,853"},{"v":1233,"d":"1,233"},{"v":247680692,"d":"$247,680,692"},{"v":354786771,"d":"$354,786,771"},858,{"v":185426286,"d":"$185,426,286"},{"v":270996883,"d":"$270,996,883"},448,{"v":111600432,"d":"$111,600,432"},{"v":161436897,"d":"$161,436,897"},204,{"v":44696304,"d":"$44,696,304"},{"v":66429938,"d":"$66,429,938"},{"v":3163,"d":"3,163"},{"v":326942307,"d":"$326,942,307"},{"v":464474921,"d":"$464,474,921"}]
[1987,{"v":17270,"d":"17,270"},{"v":2597534030,"d":"$2,597,534,030"},{"v":3722387763,"d":"$3,722,387,763"},{"v":1892,"d":"1,892"},{"v":162486291,"d":"$162,486,291"},{"v":235564512,"d":"$235,564,512"},{"v":3581,"d":"3,581"},{"v":398687333,"d":"$398,687,333"},{"v":573606914,"d":"$573,606,914"},{"v":3475,"d":"3,475"},{"v":543568785,"d":"$543,568,785"},{"v":770915601,"d":"$770,915,601"},{"v":2318,"d":"2,318"},{"v":414719901,"d":"$414,719,901"},{"v":596356358,"d":"$596,356,358"},{"v":1335,"d":"1,335"},{"v":287099839,"d":"$287,099,839"},{"v":413671803,"d":"$413,671,803"},958,{"v":230566813,"d":"$230,566,813"},{"v":335433868,"d":"$335,433,868"},516,{"v":145936108,"d":"$145,936,108"},{"v":207315219,"d":"$207,315,219"},249,{"v":58088852,"d":"$58,088,852"},{"v":83994347,"d":"$83,994,347"},{"v":2946,"d":"2,946"},{"v":356380108,"d":"$356,380,108"},{"v":505529141,"d":"$505,529,141"}]
[1988,{"v":17867,"d":"17,867"},{"v":2816765926,"d":"$2,816,765,926"},{"v":4029591520,"d":"$4,029,591,520"},{"v":1729,"d":"1,729"},{"v":152623832,"d":"$152,623,832"},{"v":220550553,"d":"$220,550,553"},{"v":3719,"d":"3,719"},{"v":413619505,"d":"$413,619,505"},{"v":594551418,"d":"$594,551,418"},{"v":3608,"d":"3,608"},{"v":572740639,"d":"$572,740,639"},{"v":818994521,"d":"$818,994,521"},{"v":2633,"d":"2,633"},{"v":506831605,"d":"$506,831,605"},{"v":721044451,"d":"$721,044,451"},{"v":1466,"d":"1,466"},{"v":328420290,"d":"$328,420,290"},{"v":470231682,"d":"$470,231,682"},{"v":1035,"d":"1,035"},{"v":253303064,"d":"$253,303,064"},{"v":364160175,"d":"$364,160,175"},568,{"v":160529988,"d":"$160,529,988"},{"v":233469846,"d":"$233,469,846"},299,{"v":76252717,"d":"$76,252,717"},{"v":107445596,"d":"$107,445,596"},{"v":2810,"d":"2,810"},{"v":352444286,"d":"$352,444,286"},{"v":499143278,"d":"$499,143,278"}]
[1989,{"v":18228,"d":"18,228"},{"v":3049483225,"d":"$3,049,483,225"},{"v":4405458075,"d":"$4,405,458,075"},{"v":1535,"d":"1,535"},{"v":143160803,"d":"$143,160,803"},{"v":208354890,"d":"$208,354,890"},{"v":3782,"d":"3,782"},{"v":445267607,"d":"$445,267,607"},{"v":646593243,"d":"$646,593,243"},{"v":3720,"d":"3,720"},{"v":615950408,"d":"$615,950,408"},{"v":886976750,"d":"$886,976,750"},{"v":2911,"d":"2,911"},{"v":577516895,"d":"$577,516,895"},{"v":829960621,"d":"$829,960,621"},{"v":1647,"d":"1,647"},{"v":380752671,"d":"$380,752,671"},{"v":550832311,"d":"$550,832,311"},{"v":1063,"d":"1,063"},{"v":271316266,"d":"$271,316,266"},{"v":392489162,"d":"$392,489,162"},653,{"v":177811268,"d":"$177,811,268"},{"v":262153578,"d":"$262,153,578"},327,{"v":86226057,"d":"$86,226,057"},{"v":125384174,"d":"$125,384,174"},{"v":2590,"d":"2,590"},{"v":351481250,"d":"$351,481,250"},{"v":502713346,"d":"$502,713,346"}]
[1990,{"v":18074,"d":"18,074"},{"v":3167794259,"d":"$3,167,794,259"},{"v":4638125409,"d":"$4,638,125,409"},{"v":1298,"d":"1,298"},{"v":126235200,"d":"$126,235,200"},{"v":186649969,"d":"$186,649,969"},{"v":3770,"d":"3,770"},{"v":447871607,"d":"$447,871,607"},{"v":661486018,"d":"$661,486,018"},{"v":3810,"d":"3,810"},{"v":638663982,"d":"$638,663,982"},{"v":931303723,"d":"$931,303,723"},{"v":3045,"d":"3,045"},{"v":634032777,"d":"$634,032,777"},{"v":925479033,"d":"$925,479,033"},{"v":1718,"d":"1,718"},{"v":407228739,"d":"$407,228,739"},{"v":596092382,"d":"$596,092,382"},{"v":1082,"d":"1,082"},{"v":285725794,"d":"$285,725,794"},{"v":419240446,"d":"$419,240,446"},657,{"v":183655905,"d":"$183,655,905"},{"v":270149694,"d":"$270,149,694"},400,{"v":107430453,"d":"$107,430,453"},{"v":157926734,"d":"$157,926,734"},{"v":2294,"d":"2,294"},{"v":336949802,"d":"$336,949,802"},{"v":489797410,"d":"$489,797,410"}]
[1991,{"v":18821,"d":"18,821"},{"v":3482384578,"d":"$3,482,384,578"},{"v":5085685244,"d":"$5,085,685,244"},{"v":1198,"d":"1,198"},{"v":116653627,"d":"$116,653,627"},{"v":172964298,"d":"$172,964,298"},{"v":3967,"d":"3,967"},{"v":490549439,"d":"$490,549,439"},{"v":726689190,"d":"$726,689,190"},{"v":4069,"d":"4,069"},{"v":719596179,"d":"$719,596,179"},{"v":1047149633,"d":"$1,047,149,633"},{"v":3241,"d":"3,241"},{"v":717030663,"d":"$717,030,663"},{"v":1040457342,"d":"$1,040,457,342"},{"v":1886,"d":"1,886"},{"v":462361115,"d":"$462,361,115"},{"v":672151589,"d":"$672,151,589"},{"v":1123,"d":"1,123"},{"v":303257042,"d":"$303,257,042"},{"v":445566183,"d":"$445,566,183"},711,{"v":204890539,"d":"$204,890,539"},{"v":302130529,"d":"$302,130,529"},441,{"v":128675500,"d":"$128,675,500"},{"v":185984626,"d":"$185,984,626"},{"v":2185,"d":"2,185"},{"v":339370474,"d":"$339,370,474"},{"v":492591854,"d":"$492,591,854"}]
[1992,{"v":19246,"d":"19,246"},{"v":3799396750,"d":"$3,799,396,750"},{"v":5530715882,"d":"$5,530,715,882"},{"v":1156,"d":"1,156"},{"v":114238290,"d":"$114,238,290"},{"v":168326265,"d":"$168,326,265"},{"v":3987,"d":"3,987"},{"v":518288820,"d":"$518,288,820"},{"v":762037328,"d":"$762,037,328"},{"v":4252,"d":"4,252"},{"v":780058115,"d":"$780,058,115"},{"v":1134436592,"d":"$1,134,436,592"},{"v":3432,"d":"3,432"},{"v":805741586,"d":"$805,741,586"},{"v":1163680638,"d":"$1,163,680,638"},{"v":2126,"d":"2,126"},{"v":560305425,"d":"$560,305,425"},{"v":814084245,"d":"$814,084,245"},{"v":1156,"d":"1,156"},{"v":320532434,"d":"$320,532,434"},{"v":471203729,"d":"$471,203,729"},777,{"v":233407492,"d":"$233,407,492"},{"v":340559796,"d":"$340,559,796"},472,{"v":146361013,"d":"$146,361,013"},{"v":214676621,"d":"$214,676,621"},{"v":1888,"d":"1,888"},{"v":320463575,"d":"$320,463,575"},{"v":461710668,"d":"$461,710,668"}]
[1993,{"v":18935,"d":"18,935"},{"v":3919430631,"d":"$3,919,430,631"},{"v":5668394125,"d":"$5,668,394,125"},{"v":1019,"d":"1,019"},{"v":102225276,"d":"$102,225,276"},{"v":151277264,"d":"$151,277,264"},{"v":3629,"d":"3,629"},{"v":474471715,"d":"$474,471,715"},{"v":695027198,"d":"$695,027,198"},{"v":4243,"d":"4,243"},{"v":801765367,"d":"$801,765,367"},{"v":1157485371,"d":"$1,157,485,371"},{"v":3508,"d":"3,508"},{"v":842414613,"d":"$842,414,613"},{"v":1216200974,"d":"$1,216,200,974"},{"v":2399,"d":"2,399"},{"v":632986936,"d":"$632,986,936"},{"v":913018785,"d":"$913,018,785"},{"v":1243,"d":"1,243"},{"v":368223737,"d":"$368,223,737"},{"v":528361334,"d":"$528,361,334"},818,{"v":245414215,"d":"$245,414,215"},{"v":358338553,"d":"$358,338,553"},543,{"v":163594238,"d":"$163,594,238"},{"v":238364280,"d":"$238,364,280"},{"v":1533,"d":"1,533"},{"v":288334534,"d":"$288,334,534"},{"v":410320366,"d":"$410,320,366"}]
[1994,{"v":19255,"d":"19,255"},{"v":4148702413,"d":"$4,148,702,413"},{"v":5980442326,"d":"$5,980,442,326"},{"v":1000,"d":"1,000"},{"v":99932261,"d":"$99,932,261"},{"v":147872646,"d":"$147,872,646"},{"v":3515,"d":"3,515"},{"v":476871808,"d":"$476,871,808"},{"v":697636940,"d":"$697,636,940"},{"v":4335,"d":"4,335"},{"v":857736758,"d":"$857,736,758"},{"v":1231858701,"d":"$1,231,858,701"},{"v":3630,"d":"3,630"},{"v":884831440,"d":"$884,831,440"},{"v":1273512623,"d":"$1,273,512,623"},{"v":2662,"d":"2,662"},{"v":721897686,"d":"$721,897,686"},{"v":1037774590,"d":"$1,037,774,590"},{"v":1391,"d":"1,391"},{"v":413409932,"d":"$413,409,932"},{"v":592110516,"d":"$592,110,516"},824,{"v":248806792,"d":"$248,806,792"},{"v":361906625,"d":"$361,906,625"},614,{"v":179505515,"d":"$179,505,515"},{"v":260926087,"d":"$260,926,087"},{"v":1284,"d":"1,284"},{"v":265710221,"d":"$265,710,221"},{"v":376843598,"d":"$376,843,598"}]
[1995,{"v":19183,"d":"19,183"},{"v":4287490421,"d":"$4,287,490,421"},{"v":6160417254,"d":"$6,160,417,254"},918,{"v":91854169,"d":"$91,854,169"},{"v":134487893,"d":"$134,487,893"},{"v":3425,"d":"3,425"},{"v":467184445,"d":"$467,184,445"},{"v":680553775,"d":"$680,553,775"},{"v":4418,"d":"4,418"},{"v":874131009,"d":"$874,131,009"},{"v":1254410913,"d":"$1,254,410,913"},{"v":3649,"d":"3,649"},{"v":916252710,"d":"$916,252,710"},{"v":1310133922,"d":"$1,310,133,922"},{"v":2726,"d":"2,726"},{"v":792987285,"d":"$792,987,285"},{"v":1139458252,"d":"$1,139,458,252"},{"v":1443,"d":"1,443"},{"v":439973339,"d":"$439,973,339"},{"v":626728609,"d":"$626,728,609"},813,{"v":249156039,"d":"$249,156,039"},{"v":362580178,"d":"$362,580,178"},623,{"v":187623814,"d":"$187,623,814"},{"v":271856161,"d":"$271,856,161"},{"v":1168,"d":"1,168"},{"v":268327611,"d":"$268,327,611"},{"v":380207551,"d":"$380,207,551"}]
[1996,{"v":19564,"d":"19,564"},{"v":4545492888,"d":"$4,545,492,888"},{"v":6547857047,"d":"$6,547,857,047"},922,{"v":96706387,"d":"$96,706,387"},{"v":141430246,"d":"$141,430,246"},{"v":3276,"d":"3,276"},{"v":446157099,"d":"$446,157,099"},{"v":658567657,"d":"$658,567,657"},{"v":4444,"d":"4,444"},{"v":901258909,"d":"$901,258,909"},{"v":1295458502,"d":"$1,295,458,502"},{"v":3786,"d":"3,786"},{"v":1001149566,"d":"$1,001,149,566"},{"v":1427075841,"d":"$1,427,075,841"},{"v":2868,"d":"2,868"},{"v":868717256,"d":"$868,717,256"},{"v":1242583290,"d":"$1,242,583,290"},{"v":1556,"d":"1,556"},{"v":486022667,"d":"$486,022,667"},{"v":701904668,"d":"$701,904,668"},838,{"v":264245191,"d":"$264,245,191"},{"v":383624586,"d":"$383,624,586"},633,{"v":204333200,"d":"$204,333,200"},{"v":296879941,"d":"$296,879,941"},{"v":1241,"d":"1,241"},{"v":276902613,"d":"$276,902,613"},{"v":400332316,"d":"$400,332,316"}]
[1997,{"v":20346,"d":"20,346"},{"v":4901937532,"d":"$4,901,937,532"},{"v":7055224731,"d":"$7,055,224,731"},{"v":1012,"d":"1,012"},{"v":107742169,"d":"$107,742,169"},{"v":157397898,"d":"$157,397,898"},{"v":3132,"d":"3,132"},{"v":447886854,"d":"$447,886,854"},{"v":660466432,"d":"$660,466,432"},{"v":4650,"d":"4,650"},{"v":950325036,"d":"$950,325,036"},{"v":1378119716,"d":"$1,378,119,716"},{"v":3970,"d":"3,970"},{"v":1098834769,"d":"$1,098,834,769"},{"v":1554589772,"d":"$1,554,589,772"},{"v":3026,"d":"3,026"},{"v":925764215,"d":"$925,764,215"},{"v":1327341107,"d":"$1,327,341,107"},{"v":1715,"d":"1,715"},{"v":554190387,"d":"$554,190,387"},{"v":797076430,"d":"$797,076,430"},852,{"v":283680380,"d":"$283,680,380"},{"v":410948984,"d":"$410,948,984"},682,{"v":234931248,"d":"$234,931,248"},{"v":338492878,"d":"$338,492,878"},{"v":1307,"d":"1,307"},{"v":298582474,"d":"$298,582,474"},{"v":430791514,"d":"$430,791,514"}]
[1998,{"v":21119,"d":"21,119"},{"v":5325151069,"d":"$5,325,151,069"},{"v":7676322279,"d":"$7,676,322,279"},971,{"v":104467952,"d":"$104,467,952"},{"v":154625392,"d":"$154,625,392"},{"v":3136,"d":"3,136"},{"v":469383484,"d":"$469,383,484"},{"v":692897624,"d":"$692,897,624"},{"v":4637,"d":"4,637"},{"v":964243108,"d":"$964,243,108"},{"v":1403498030,"d":"$1,403,498,030"},{"v":4154,"d":"4,154"},{"v":1178199376,"d":"$1,178,199,376"},{"v":1675466368,"d":"$1,675,466,368"},{"v":3156,"d":"3,156"},{"v":1012078380,"d":"$1,012,078,380"},{"v":1447312133,"d":"$1,447,312,133"},{"v":1966,"d":"1,966"},{"v":674661911,"d":"$674,661,911"},{"v":969256569,"d":"$969,256,569"},932,{"v":337676047,"d":"$337,676,047"},{"v":486833929,"d":"$486,833,929"},728,{"v":256483301,"d":"$256,483,301"},{"v":374038687,"d":"$374,038,687"},{"v":1439,"d":"1,439"},{"v":327957510,"d":"$327,957,510"},{"v":472393547,"d":"$472,393,547"}]
[1999,{"v":21933,"d":"21,933"},{"v":6015113857,"d":"$6,015,113,857"},{"v":8636039089,"d":"$8,636,039,089"},902,{"v":115812029,"d":"$115,812,029"},{"v":170913702,"d":"$170,913,702"},{"v":3153,"d":"3,153"},{"v":514671898,"d":"$514,671,898"},{"v":757597498,"d":"$757,597,498"},{"v":4651,"d":"4,651"},{"v":1047740579,"d":"$1,047,740,579"},{"v":1524033712,"d":"$1,524,033,712"},{"v":4429,"d":"4,429"},{"v":1319266050,"d":"$1,319,266,050"},{"v":1869753753,"d":"$1,869,753,753"},{"v":3327,"d":"3,327"},{"v":1164918103,"d":"$1,164,918,103"},{"v":1651565044,"d":"$1,651,565,044"},{"v":2204,"d":"2,204"},{"v":794281197,"d":"$794,281,197"},{"v":1138169640,"d":"$1,138,169,640"},{"v":1028,"d":"1,028"},{"v":392216253,"d":"$392,216,253"},{"v":570447067,"d":"$570,447,067"},731,{"v":275951153,"d":"$275,951,153"},{"v":398258877,"d":"$398,258,877"},{"v":1508,"d":"1,508"},{"v":390256595,"d":"$390,256,595"},{"v":555299796,"d":"$555,299,796"}]
[2000,{"v":22914,"d":"22,914"},{"v":6977270142,"d":"$6,977,270,142"},{"v":9964840246,"d":"$9,964,840,246"},858,{"v":120314028,"d":"$120,314,028"},{"v":175613928,"d":"$175,613,928"},{"v":3102,"d":"3,102"},{"v":588396722,"d":"$588,396,722"},{"v":857220516,"d":"$857,220,516"},{"v":4662,"d":"4,662"},{"v":1143276031,"d":"$1,143,276,031"},{"v":1660737671,"d":"$1,660,737,671"},{"v":4693,"d":"4,693"},{"v":1483225810,"d":"$1,483,225,810"},{"v":2116684207,"d":"$2,116,684,207"},{"v":3603,"d":"3,603"},{"v":1390590969,"d":"$1,390,590,969"},{"v":1946397342,"d":"$1,946,397,342"},{"v":2439,"d":"2,439"},{"v":986012009,"d":"$986,012,009"},{"v":1400355623,"d":"$1,400,355,623"},{"v":1115,"d":"1,115"},{"v":438932646,"d":"$438,932,646"},{"v":632974077,"d":"$632,974,077"},805,{"v":329780316,"d":"$329,780,316"},{"v":473359142,"d":"$473,359,142"},{"v":1637,"d":"1,637"},{"v":496741611,"d":"$496,741,611"},{"v":701497740,"d":"$701,497,740"}]
[2001,{"v":23979,"d":"23,979"},{"v":7981260179,"d":"$7,981,260,179"},{"v":11325487652,"d":"$11,325,487,652"},827,{"v":136242693,"d":"$136,242,693"},{"v":197746285,"d":"$197,746,285"},{"v":3117,"d":"3,117"},{"v":643631844,"d":"$643,631,844"},{"v":941918755,"d":"$941,918,755"},{"v":4732,"d":"4,732"},{"v":1292817252,"d":"$1,292,817,252"},{"v":1860400993,"d":"$1,860,400,993"},{"v":4869,"d":"4,869"},{"v":1647706459,"d":"$1,647,706,459"},{"v":2349107630,"d":"$2,349,107,630"},{"v":3809,"d":"3,809"},{"v":1586237264,"d":"$1,586,237,264"},{"v":2204965380,"d":"$2,204,965,380"},{"v":2694,"d":"2,694"},{"v":1175408602,"d":"$1,175,408,602"},{"v":1641856431,"d":"$1,641,856,431"},{"v":1273,"d":"1,273"},{"v":549640070,"d":"$549,640,070"},{"v":786945335,"d":"$786,945,335"},884,{"v":379127561,"d":"$379,127,561"},{"v":547138125,"d":"$547,138,125"},{"v":1774,"d":"1,774"},{"v":570448434,"d":"$570,448,434"},{"v":795408718,"d":"$795,408,718"}]
[2002,{"v":24977,"d":"24,977"},{"v":8939692699,"d":"$8,939,692,699"},{"v":12639277367,"d":"$12,639,277,367"},869,{"v":150012113,"d":"$150,012,113"},{"v":217101377,"d":"$217,101,377"},{"v":3094,"d":"3,094"},{"v":688314782,"d":"$688,314,782"},{"v":1004827946,"d":"$1,004,827,946"},{"v":4735,"d":"4,735"},{"v":1387329343,"d":"$1,387,329,343"},{"v":1993957087,"d":"$1,993,957,087"},{"v":5060,"d":"5,060"},{"v":1857263129,"d":"$1,857,263,129"},{"v":2628752222,"d":"$2,628,752,222"},{"v":4019,"d":"4,019"},{"v":1796899242,"d":"$1,796,899,242"},{"v":2474982232,"d":"$2,474,982,232"},{"v":2902,"d":"2,902"},{"v":1338815859,"d":"$1,338,815,859"},{"v":1863025927,"d":"$1,863,025,927"},{"v":1449,"d":"1,449"},{"v":656908746,"d":"$656,908,746"},{"v":936702910,"d":"$936,702,910"},947,{"v":429682518,"d":"$429,682,518"},{"v":618355436,"d":"$618,355,436"},{"v":1902,"d":"1,902"},{"v":634466967,"d":"$634,466,967"},{"v":901572230,"d":"$901,572,230"}]
[2003,{"v":26106,"d":"26,106"},{"v":9842044375,"d":"$9,842,044,375"},{"v":13798149621,"d":"$13,798,149,621"},914,{"v":156302631,"d":"$156,302,631"},{"v":227762518,"d":"$227,762,518"},{"v":3077,"d":"3,077"},{"v":718989194,"d":"$718,989,194"},{"v":1046436437,"d":"$1,046,436,437"},{"v":4813,"d":"4,813"},{"v":1474728914,"d":"$1,474,728,914"},{"v":2119492244,"d":"$2,119,492,244"},{"v":5132,"d":"5,132"},{"v":1957738399,"d":"$1,957,738,399"},{"v":2757598780,"d":"$2,757,598,780"},{"v":4242,"d":"4,242"},{"v":1908927091,"d":"$1,908,927,091"},{"v":2626291176,"d":"$2,626,291,176"},{"v":3073,"d":"3,073"},{"v":1515581534,"d":"$1,515,581,534"},{"v":2053312985,"d":"$2,053,312,985"},{"v":1732,"d":"1,732"},{"v":894600745,"d":"$894,600,745"},{"v":1239850406,"d":"$1,239,850,406"},{"v":1091,"d":"1,091"},{"v":505904853,"d":"$505,904,853"},{"v":726610530,"d":"$726,610,530"},{"v":2032,"d":"2,032"},{"v":709271014,"d":"$709,271,014"},{"v":1000794545,"d":"$1,000,794,545"}]
[2004,{"v":26754,"d":"26,754"},{"v":10497748720,"d":"$10,497,748,720"},{"v":14689071756,"d":"$14,689,071,756"},922,{"v":164688896,"d":"$164,688,896"},{"v":239416987,"d":"$239,416,987"},{"v":3051,"d":"3,051"},{"v":724833863,"d":"$724,833,863"},{"v":1055160400,"d":"$1,055,160,400"},{"v":4867,"d":"4,867"},{"v":1526133556,"d":"$1,526,133,556"},{"v":2181996071,"d":"$2,181,996,071"},{"v":5106,"d":"5,106"},{"v":2037631394,"d":"$2,037,631,394"},{"v":2887645803,"d":"$2,887,645,803"},{"v":4459,"d":"4,459"},{"v":2075825674,"d":"$2,075,825,674"},{"v":2831312575,"d":"$2,831,312,575"},{"v":3154,"d":"3,154"},{"v":1606904187,"d":"$1,606,904,187"},{"v":2199479164,"d":"$2,199,479,164"},{"v":1915,"d":"1,915"},{"v":1039627014,"d":"$1,039,627,014"},{"v":1424549082,"d":"$1,424,549,082"},{"v":1148,"d":"1,148"},{"v":552918473,"d":"$552,918,473"},{"v":783815559,"d":"$783,815,559"},{"v":2132,"d":"2,132"},{"v":769185663,"d":"$769,185,663"},{"v":1085696115,"d":"$1,085,696,115"}]
[2005,{"v":26849,"d":"26,849"},{"v":10766942250,"d":"$10,766,942,250"},{"v":15054794663,"d":"$15,054,794,663"},869,{"v":161067819,"d":"$161,067,819"},{"v":234809861,"d":"$234,809,861"},{"v":2949,"d":"2,949"},{"v":699623187,"d":"$699,623,187"},{"v":1021682596,"d":"$1,021,682,596"},{"v":4804,"d":"4,804"},{"v":1494522500,"d":"$1,494,522,500"},{"v":2162068089,"d":"$2,162,068,089"},{"v":5092,"d":"5,092"},{"v":2055908668,"d":"$2,055,908,668"},{"v":2889620935,"d":"$2,889,620,935"},{"v":4470,"d":"4,470"},{"v":2101085667,"d":"$2,101,085,667"},{"v":2899273585,"d":"$2,899,273,585"},{"v":3308,"d":"3,308"},{"v":1797729190,"d":"$1,797,729,190"},{"v":2432600846,"d":"$2,432,600,846"},{"v":1984,"d":"1,984"},{"v":1074591486,"d":"$1,074,591,486"},{"v":1463372386,"d":"$1,463,372,386"},{"v":1218,"d":"1,218"},{"v":596851021,"d":"$596,851,021"},{"v":843781536,"d":"$843,781,536"},{"v":2155,"d":"2,155"},{"v":785562712,"d":"$785,562,712"},{"v":1107584829,"d":"$1,107,584,829"}]
[2006,{"v":26669,"d":"26,669"},{"v":10645738794,"d":"$10,645,738,794"},{"v":14876819680,"d":"$14,876,819,680"},797,{"v":153538565,"d":"$153,538,565"},{"v":218587540,"d":"$218,587,540"},{"v":2758,"d":"2,758"},{"v":655462408,"d":"$655,462,408"},{"v":963344069,"d":"$963,344,069"},{"v":4773,"d":"4,773"},{"v":1422158864,"d":"$1,422,158,864"},{"v":2058584197,"d":"$2,058,584,197"},{"v":4911,"d":"4,911"},{"v":1921242191,"d":"$1,921,242,191"},{"v":2709646753,"d":"$2,709,646,753"},{"v":4538,"d":"4,538"},{"v":2108472116,"d":"$2,108,472,116"},{"v":2913486568,"d":"$2,913,486,568"},{"v":3333,"d":"3,333"},{"v":1787483052,"d":"$1,787,483,052"},{"v":2433206587,"d":"$2,433,206,587"},{"v":2055,"d":"2,055"},{"v":1097076473,"d":"$1,097,076,473"},{"v":1481808656,"d":"$1,481,808,656"},{"v":1328,"d":"1,328"},{"v":679502153,"d":"$679,502,153"},{"v":947939014,"d":"$947,939,014"},{"v":2176,"d":"2,176"},{"v":820802972,"d":"$820,802,972"},{"v":1150216297,"d":"$1,150,216,297"}]
[2007,{"v":27002,"d":"27,002"},{"v":10839112211,"d":"$10,839,112,211"},{"v":15045748955,"d":"$15,045,748,955"},821,{"v":167994768,"d":"$167,994,768"},{"v":242533938,"d":"$242,533,938"},{"v":2883,"d":"2,883"},{"v":724680923,"d":"$724,680,923"},{"v":1058978406,"d":"$1,058,978,406"},{"v":4702,"d":"4,702"},{"v":1373858807,"d":"$1,373,858,807"},{"v":1993136903,"d":"$1,993,136,903"},{"v":4827,"d":"4,827"},{"v":1828629291,"d":"$1,828,629,291"},{"v":2571360406,"d":"$2,571,360,406"},{"v":4551,"d":"4,551"},{"v":2133193695,"d":"$2,133,193,695"},{"v":2918813515,"d":"$2,918,813,515"},{"v":3391,"d":"3,391"},{"v":1875348167,"d":"$1,875,348,167"},{"v":2499069174,"d":"$2,499,069,174"},{"v":2188,"d":"2,188"},{"v":1136939715,"d":"$1,136,939,715"},{"v":1540497154,"d":"$1,540,497,154"},{"v":1414,"d":"1,414"},{"v":756024233,"d":"$756,024,233"},{"v":1049176156,"d":"$1,049,176,156"},{"v":2225,"d":"2,225"},{"v":842442613,"d":"$842,442,613"},{"v":1172183305,"d":"$1,172,183,305"}]
[2008,{"v":27006,"d":"27,006"},{"v":10806739008,"d":"$10,806,739,008"},{"v":15013059400,"d":"$15,013,059,400"},867,{"v":187133525,"d":"$187,133,525"},{"v":272048244,"d":"$272,048,244"},{"v":2925,"d":"2,925"},{"v":760542547,"d":"$760,542,547"},{"v":1098286953,"d":"$1,098,286,953"},{"v":4557,"d":"4,557"},{"v":1329782575,"d":"$1,329,782,575"},{"v":1921651697,"d":"$1,921,651,697"},{"v":4786,"d":"4,786"},{"v":1760742830,"d":"$1,760,742,830"},{"v":2494609450,"d":"$2,494,609,450"},{"v":4415,"d":"4,415"},{"v":2087704226,"d":"$2,087,704,226"},{"v":2846528351,"d":"$2,846,528,351"},{"v":3426,"d":"3,426"},{"v":1755858054,"d":"$1,755,858,054"},{"v":2370255904,"d":"$2,370,255,904"},{"v":2192,"d":"2,192"},{"v":1228639925,"d":"$1,228,639,925"},{"v":1657160870,"d":"$1,657,160,870"},{"v":1547,"d":"1,547"},{"v":829673731,"d":"$829,673,731"},{"v":1153088925,"d":"$1,153,088,925"},{"v":2291,"d":"2,291"},{"v":866661595,"d":"$866,661,595"},{"v":1199429006,"d":"$1,199,429,006"}]
[2009,{"v":26994,"d":"26,994"},{"v":11109326515,"d":"$11,109,326,515"},{"v":15422090130,"d":"$15,422,090,130"},897,{"v":196424728,"d":"$196,424,728"},{"v":289128076,"d":"$289,128,076"},{"v":2925,"d":"2,925"},{"v":791205063,"d":"$791,205,063"},{"v":1139940831,"d":"$1,139,940,831"},{"v":4375,"d":"4,375"},{"v":1314124647,"d":"$1,314,124,647"},{"v":1900089516,"d":"$1,900,089,516"},{"v":4768,"d":"4,768"},{"v":1765765748,"d":"$1,765,765,748"},{"v":2493347206,"d":"$2,493,347,206"},{"v":4364,"d":"4,364"},{"v":2071302402,"d":"$2,071,302,402"},{"v":2839390967,"d":"$2,839,390,967"},{"v":3486,"d":"3,486"},{"v":1876824441,"d":"$1,876,824,441"},{"v":2510839605,"d":"$2,510,839,605"},{"v":2218,"d":"2,218"},{"v":1283594820,"d":"$1,283,594,820"},{"v":1720291262,"d":"$1,720,291,262"},{"v":1675,"d":"1,675"},{"v":915644396,"d":"$915,644,396"},{"v":1279758497,"d":"$1,279,758,497"},{"v":2286,"d":"2,286"},{"v":894440271,"d":"$894,440,271"},{"v":1249304170,"d":"$1,249,304,170"}]
[2010,{"v":27603,"d":"27,603"},{"v":11498750766,"d":"$11,498,750,766"},{"v":15856029505,"d":"$15,856,029,505"},927,{"v":221826946,"d":"$221,826,946"},{"v":326607904,"d":"$326,607,904"},{"v":3074,"d":"3,074"},{"v":836939012,"d":"$836,939,012"},{"v":1215656262,"d":"$1,215,656,262"},{"v":4428,"d":"4,428"},{"v":1353302770,"d":"$1,353,302,770"},{"v":1954898251,"d":"$1,954,898,251"},{"v":4829,"d":"4,829"},{"v":1799455418,"d":"$1,799,455,418"},{"v":2548712669,"d":"$2,548,712,669"},{"v":4304,"d":"4,304"},{"v":2005160569,"d":"$2,005,160,569"},{"v":2754639798,"d":"$2,754,639,798"},{"v":3545,"d":"3,545"},{"v":1918353818,"d":"$1,918,353,818"},{"v":2520637666,"d":"$2,520,637,666"},{"v":2351,"d":"2,351"},{"v":1368468928,"d":"$1,368,468,928"},{"v":1804152060,"d":"$1,804,152,060"},{"v":1813,"d":"1,813"},{"v":1069672065,"d":"$1,069,672,065"},{"v":1463823815,"d":"$1,463,823,815"},{"v":2332,"d":"2,332"},{"v":925571239,"d":"$925,571,239"},{"v":1266901081,"d":"$1,266,901,081"}]
[2011,{"v":28128,"d":"28,128"},{"v":11490780441,"d":"$11,490,780,441"},{"v":15810227487,"d":"$15,810,227,487"},902,{"v":203751065,"d":"$203,751,065"},{"v":299348543,"d":"$299,348,543"},{"v":3138,"d":"3,138"},{"v":838746754,"d":"$838,746,754"},{"v":1217560841,"d":"$1,217,560,841"},{"v":4597,"d":"4,597"},{"v":1426264374,"d":"$1,426,264,374"},{"v":2041959752,"d":"$2,041,959,752"},{"v":4857,"d":"4,857"},{"v":1716610827,"d":"$1,716,610,827"},{"v":2436152751,"d":"$2,436,152,751"},{"v":4240,"d":"4,240"},{"v":1971146221,"d":"$1,971,146,221"},{"v":2652812088,"d":"$2,652,812,088"},{"v":3677,"d":"3,677"},{"v":1929933457,"d":"$1,929,933,457"},{"v":2565756131,"d":"$2,565,756,131"},{"v":2454,"d":"2,454"},{"v":1399656339,"d":"$1,399,656,339"},{"v":1860847930,"d":"$1,860,847,930"},{"v":1940,"d":"1,940"},{"v":1103704596,"d":"$1,103,704,596"},{"v":1503026012,"d":"$1,503,026,012"},{"v":2323,"d":"2,323"},{"v":900966808,"d":"$900,966,808"},{"v":1232763439,"d":"$1,232,763,439"}]
[2012,{"v":28403,"d":"28,403"},{"v":11599290646,"d":"$11,599,290,646"},{"v":15913595911,"d":"$15,913,595,911"},849,{"v":199006216,"d":"$199,006,216"},{"v":294106695,"d":"$294,106,695"},{"v":3138,"d":"3,138"},{"v":844357698,"d":"$844,357,698"},{"v":1203452385,"d":"$1,203,452,385"},{"v":4719,"d":"4,719"},{"v":1459847781,"d":"$1,459,847,781"},{"v":2092466306,"d":"$2,092,466,306"},{"v":4774,"d":"4,774"},{"v":1691739717,"d":"$1,691,739,717"},{"v":2387269121,"d":"$2,387,269,121"},{"v":4182,"d":"4,182"},{"v":1879816870,"d":"$1,879,816,870"},{"v":2597302846,"d":"$2,597,302,846"},{"v":3755,"d":"3,755"},{"v":1967253773,"d":"$1,967,253,773"},{"v":2621625590,"d":"$2,621,625,590"},{"v":2526,"d":"2,526"},{"v":1487924118,"d":"$1,487,924,118"},{"v":1897359123,"d":"$1,897,359,123"},{"v":2100,"d":"2,100"},{"v":1157197660,"d":"$1,157,197,660"},{"v":1572051817,"d":"$1,572,051,817"},{"v":2360,"d":"2,360"},{"v":912146815,"d":"$912,146,815"},{"v":1247962029,"d":"$1,247,962,029"}]
[2013,{"v":27896,"d":"27,896"},{"v":10745377136,"d":"$10,745,377,136"},{"v":14914798708,"d":"$14,914,798,708"},796,{"v":180117446,"d":"$180,117,446"},{"v":265530164,"d":"$265,530,164"},{"v":3035,"d":"3,035"},{"v":770161256,"d":"$770,161,256"},{"v":1124569192,"d":"$1,124,569,192"},{"v":4596,"d":"4,596"},{"v":1361433324,"d":"$1,361,433,324"},{"v":1964515982,"d":"$1,964,515,982"},{"v":4611,"d":"4,611"},{"v":1573887343,"d":"$1,573,887,343"},{"v":2197737024,"d":"$2,197,737,024"},{"v":4081,"d":"4,081"},{"v":1708931399,"d":"$1,708,931,399"},{"v":2368168702,"d":"$2,368,168,702"},{"v":3641,"d":"3,641"},{"v":1721531305,"d":"$1,721,531,305"},{"v":2340250012,"d":"$2,340,250,012"},{"v":2553,"d":"2,553"},{"v":1331658564,"d":"$1,331,658,564"},{"v":1787727785,"d":"$1,787,727,785"},{"v":2238,"d":"2,238"},{"v":1233478187,"d":"$1,233,478,187"},{"v":1675893833,"d":"$1,675,893,833"},{"v":2345,"d":"2,345"},{"v":864178312,"d":"$864,178,312"},{"v":1190406014,"d":"$1,190,406,014"}]
[2014,{"v":27849,"d":"27,849"},{"v":11082215631,"d":"$11,082,215,631"},{"v":15619082777,"d":"$15,619,082,777"},781,{"v":181485892,"d":"$181,485,892"},{"v":270156169,"d":"$270,156,169"},{"v":3052,"d":"3,052"},{"v":811762399,"d":"$811,762,399"},{"v":1199778977,"d":"$1,199,778,977"},{"v":4585,"d":"4,585"},{"v":1433026453,"d":"$1,433,026,453"},{"v":2074960913,"d":"$2,074,960,913"},{"v":4440,"d":"4,440"},{"v":1571992580,"d":"$1,571,992,580"},{"v":2230872689,"d":"$2,230,872,689"},{"v":4109,"d":"4,109"},{"v":1699764807,"d":"$1,699,764,807"},{"v":2408293567,"d":"$2,408,293,567"},{"v":3557,"d":"3,557"},{"v":1780512188,"d":"$1,780,512,188"},{"v":2443252356,"d":"$2,443,252,356"},{"v":2660,"d":"2,660"},{"v":1426388457,"d":"$1,426,388,457"},{"v":1957871787,"d":"$1,957,871,787"},{"v":2327,"d":"2,327"},{"v":1334836291,"d":"$1,334,836,291"},{"v":1845156911,"d":"$1,845,156,911"},{"v":2338,"d":"2,338"},{"v":842446564,"d":"$842,446,564"},{"v":1188739407,"d":"$1,188,739,407"}]
[]
["Fiscal Year","Age of Principal Investigator"]
[null,"All Ages Total",null,null,"24 - 35",null,null,"36 - 40",null,null,"41 - 45",null,null,"46 - 50",null,null,"51 - 55",null,null,"56 - 60",null,null,"61 - 65",null,null,"Over 65",null,null,"Unknown/Illogical"]
[null,"Awardees","Direct Cost","Total Cost","Awardees","% of Overall Direct Cost","% of Overall Total Cost","Awardees","% of Overall Direct Cost","% of Overall Total Cost","Awardees","% of Overall Direct Cost","% of Overall Total Cost","Awardees","% of Overall Direct Cost","% of Overall Total Cost","Awardees","% of Overall Direct Cost","% of Overall Total Cost","Awardees","% of Overall Direct Cost","% of Overall Total Cost","Awardees","% of Overall Direct Cost","% of Overall Total Cost","Awardees","% of Overall Direct Cost","% of Overall Total Cost","Awardees","% of Overall Direct Cost","% of Overall Total Cost"]
[1980,{"v":14959,"d":"14,959"},{"v":1264808619,"d":"$1,264,808,619"},{"v":1739446068,"d":"$1,739,446,068"},{"v":1911,"d":"1,911"},{"v":0.0851066108998424,"d":"8.5%"},{"v":0.084335716811658,"d":"8.4%"},{"v":2582,"d":"2,582"},{"v":0.14590616416411376,"d":"14.6%"},{"v":0.14549533708221876,"d":"14.5%"},{"v":1794,"d":"1,794"},{"v":0.1318865648874899,"d":"13.2%"},{"v":0.13297931407896918,"d":"13.3%"},{"v":1256,"d":"1,256"},{"v":0.1224675651897973,"d":"12.2%"},{"v":0.12337079427058155,"d":"12.3%"},861,{"v":0.10929250870324754,"d":"10.9%"},{"v":0.11028130479524588,"d":"11.0%"},485,{"v":0.06567848744237566,"d":"6.6%"},{"v":0.06537835181676929,"d":"6.5%"},186,{"v":0.025715269892543323,"d":"2.6%"},{"v":0.025688123835524403,"d":"2.6%"},58,{"v":0.008101094383829464,"d":"0.8%"},{"v":0.0081112373988246,"d":"0.8%"},{"v":5826,"d":"5,826"},{"v":0.30584573443676066,"d":"30.6%"},{"v":0.30435981991020833,"d":"30.4%"}]
[1981,{"v":14985,"d":"14,985"},{"v":1375340594,"d":"$1,375,340,594"},{"v":1905566987,"d":"$1,905,566,987"},{"v":1987,"d":"1,987"},{"v":0.08670521798035433,"d":"8.7%"},{"v":0.0867547444554884,"d":"8.7%"},{"v":2712,"d":"2,712"},{"v":0.14956398356696798,"d":"15.0%"},{"v":0.14935544693081945,"d":"14.9%"},{"v":1956,"d":"1,956"},{"v":0.14321557209849942,"d":"14.3%"},{"v":0.14396105876701987,"d":"14.4%"},{"v":1293,"d":"1,293"},{"v":0.12070012964366847,"d":"12.1%"},{"v":0.12102523635921911,"d":"12.1%"},926,{"v":0.10489143244178831,"d":"10.5%"},{"v":0.1060536215093445,"d":"10.6%"},544,{"v":0.07481167315853982,"d":"7.5%"},{"v":0.07468005636686652,"d":"7.5%"},214,{"v":0.030334766662169794,"d":"3.0%"},{"v":0.03114115557460589,"d":"3.1%"},79,{"v":0.009508715918843882,"d":"1.0%"},{"v":0.009446130796135587,"d":"0.9%"},{"v":5274,"d":"5,274"},{"v":0.280268508529168,"d":"28.0%"},{"v":0.2775825492405007,"d":"27.8%"}]
[1982,{"v":14495,"d":"14,495"},{"v":1396867213,"d":"$1,396,867,213"},{"v":1959913999,"d":"$1,959,913,999"},{"v":1991,"d":"1,991"},{"v":0.0863618931544068,"d":"8.6%"},{"v":0.0869156652214922,"d":"8.7%"},{"v":2777,"d":"2,777"},{"v":0.15737714863238042,"d":"15.7%"},{"v":0.15679037404538687,"d":"15.7%"},{"v":2093,"d":"2,093"},{"v":0.158463339206459,"d":"15.8%"},{"v":0.15906693005869998,"d":"15.9%"},{"v":1329,"d":"1,329"},{"v":0.12376171578164173,"d":"12.4%"},{"v":0.1231851694121197,"d":"12.3%"},996,{"v":0.11327044942245344,"d":"11.3%"},{"v":0.11397164728348878,"d":"11.4%"},567,{"v":0.07437851288445983,"d":"7.4%"},{"v":0.07515879782233241,"d":"7.5%"},237,{"v":0.03384395922534979,"d":"3.4%"},{"v":0.03402993551453275,"d":"3.4%"},92,{"v":0.011401297025073778,"d":"1.1%"},{"v":0.011463771885635682,"d":"1.1%"},{"v":4413,"d":"4,413"},{"v":0.24114168466777522,"d":"24.1%"},{"v":0.2394177087563116,"d":"23.9%"}]
[1983,{"v":14954,"d":"14,954"},{"v":1563242793,"d":"$1,563,242,793"},{"v":2227511208,"d":"$2,227,511,208"},{"v":1988,"d":"1,988"},{"v":0.08002516087723296,"d":"8.0%"},{"v":0.08009139319221778,"d":"8.0%"},{"v":2969,"d":"2,969"},{"v":0.1609684152242882,"d":"16.1%"},{"v":0.16099363842123482,"d":"16.1%"},{"v":2392,"d":"2,392"},{"v":0.1699870437208534,"d":"17.0%"},{"v":0.16978774905450442,"d":"17.0%"},{"v":1460,"d":"1,460"},{"v":0.13135583859365343,"d":"13.1%"},{"v":0.13065642810449105,"d":"13.1%"},{"v":1065,"d":"1,065"},{"v":0.11538427863393323,"d":"11.5%"},{"v":0.11658800596257202,"d":"11.7%"},663,{"v":0.07888492469128562,"d":"7.9%"},{"v":0.08014303513214915,"d":"8.0%"},282,{"v":0.03625986715167923,"d":"3.6%"},{"v":0.036183814793177914,"d":"3.6%"},114,{"v":0.013053051702122896,"d":"1.3%"},{"v":0.013463123728533895,"d":"1.3%"},{"v":4021,"d":"4,021"},{"v":0.214081419404951,"d":"21.4%"},{"v":0.21209281161111895,"d":"21.2%"}]
[1984,{"v":15298,"d":"15,298"},{"v":1772870938,"d":"$1,772,870,938"},{"v":2546776481,"d":"$2,546,776,481"},{"v":1930,"d":"1,930"},{"v":0.0742176427960601,"d":"7.4%"},{"v":0.07463538257796562,"d":"7.5%"},{"v":3053,"d":"3,053"},{"v":0.16114020083282565,"d":"16.1%"},{"v":0.16074280803757746,"d":"16.1%"},{"v":2618,"d":"2,618"},{"v":0.1799369819665914,"d":"18.0%"},{"v":0.1797796679118932,"d":"18.0%"},{"v":1647,"d":"1,647"},{"v":0.1409496222448653,"d":"14.1%"},{"v":0.1411309887936726,"d":"14.1%"},{"v":1116,"d":"1,116"},{"v":0.11162611883257122,"d":"11.2%"},{"v":0.11221565933724358,"d":"11.2%"},718,{"v":0.08473140981681544,"d":"8.5%"},{"v":0.08550286317804268,"d":"8.6%"},324,{"v":0.03993414155678376,"d":"4.0%"},{"v":0.03954005691165325,"d":"4.0%"},148,{"v":0.014674571308247144,"d":"1.5%"},{"v":0.01526373016635377,"d":"1.5%"},{"v":3744,"d":"3,744"},{"v":0.19278931064524,"d":"19.3%"},{"v":0.19118884308559783,"d":"19.1%"}]
[1985,{"v":16096,"d":"16,096"},{"v":2048170763,"d":"$2,048,170,763"},{"v":2950358542,"d":"$2,950,358,542"},{"v":2016,"d":"2,016"},{"v":0.0710150387006574,"d":"7.1%"},{"v":0.07188380157220906,"d":"7.2%"},{"v":3289,"d":"3,289"},{"v":0.1599838855819074,"d":"16.0%"},{"v":0.15983710396104123,"d":"16.0%"},{"v":2965,"d":"2,965"},{"v":0.19477132923022786,"d":"19.5%"},{"v":0.19451096632173326,"d":"19.5%"},{"v":1835,"d":"1,835"},{"v":0.14392746118893798,"d":"14.4%"},{"v":0.14324186229701977,"d":"14.3%"},{"v":1201,"d":"1,201"},{"v":0.11531869279006987,"d":"11.5%"},{"v":0.11602772921556326,"d":"11.6%"},805,{"v":0.08545200730413903,"d":"8.5%"},{"v":0.08644619234213738,"d":"8.6%"},395,{"v":0.04529988889407851,"d":"4.5%"},{"v":0.04530496822579064,"d":"4.5%"},174,{"v":0.01653334165868083,"d":"1.7%"},{"v":0.017142481254402063,"d":"1.7%"},{"v":3416,"d":"3,416"},{"v":0.16769835465130112,"d":"16.8%"},{"v":0.16560489481010338,"d":"16.6%"}]
[1986,{"v":16574,"d":"16,574"},{"v":2167986059,"d":"$2,167,986,059"},{"v":3119104348,"d":"$3,119,104,348"},{"v":2019,"d":"2,019"},{"v":0.06639828259153949,"d":"6.6%"},{"v":0.06730116840579647,"d":"6.7%"},{"v":3422,"d":"3,422"},{"v":0.15774538474557598,"d":"15.8%"},{"v":0.1577274451608055,"d":"15.8%"},{"v":3158,"d":"3,158"},{"v":0.19935382296662638,"d":"19.9%"},{"v":0.19843881093522173,"d":"19.8%"},{"v":2069,"d":"2,069"},{"v":0.1538309628955045,"d":"15.4%"},{"v":0.15393516837866303,"d":"15.4%"},{"v":1233,"d":"1,233"},{"v":0.11424459625641901,"d":"11.4%"},{"v":0.11374636158854151,"d":"11.4%"},858,{"v":0.08552927968804803,"d":"8.6%"},{"v":0.08688291662116589,"d":"8.7%"},448,{"v":0.051476545034370075,"d":"5.1%"},{"v":0.05175745309819946,"d":"5.2%"},204,{"v":0.02061650895514361,"d":"2.1%"},{"v":0.021297760699348044,"d":"2.1%"},{"v":3163,"d":"3,163"},{"v":0.15080461686677293,"d":"15.1%"},{"v":0.14891291511225838,"d":"14.9%"}]
[1987,{"v":17270,"d":"17,270"},{"v":2597534030,"d":"$2,597,534,030"},{"v":3722387763,"d":"$3,722,387,763"},{"v":1892,"d":"1,892"},{"v":0.06255405670277205,"d":"6.3%"},{"v":0.06328317386530158,"d":"6.3%"},{"v":3581,"d":"3,581"},{"v":0.15348685653215485,"d":"15.3%"},{"v":0.1540964967974509,"d":"15.4%"},{"v":3475,"d":"3,475"},{"v":0.20926339317294718,"d":"20.9%"},{"v":0.20710244340011819,"d":"20.7%"},{"v":2318,"d":"2,318"},{"v":0.1596590828879343,"d":"16.0%"},{"v":0.16020801592131173,"d":"16.0%"},{"v":1335,"d":"1,335"},{"v":0.11052784513471803,"d":"11.1%"},{"v":0.11113076587878305,"d":"11.1%"},958,{"v":0.08876373142260623,"d":"8.9%"},{"v":0.09011255391879494,"d":"9.0%"},516,{"v":0.05618255865544907,"d":"5.6%"},{"v":0.05569414907836403,"d":"5.6%"},249,{"v":0.0223630764136707,"d":"2.2%"},{"v":0.02256464193088419,"d":"2.3%"},{"v":2946,"d":"2,946"},{"v":0.13719939907774759,"d":"13.7%"},{"v":0.13580775920899135,"d":"13.6%"}]
[1988,{"v":17867,"d":"17,867"},{"v":2816765926,"d":"$2,816,765,926"},{"v":4029591520,"d":"$4,029,591,520"},{"v":1729,"d":"1,729"},{"v":0.054184066411487826,"d":"5.4%"},{"v":0.05473273206610282,"d":"5.5%"},{"v":3719,"d":"3,719"},{"v":0.14684198682684577,"d":"14.7%"},{"v":0.14754632449693064,"d":"14.8%"},{"v":3608,"d":"3,608"},{"v":0.20333270638974635,"d":"20.3%"},{"v":0.2032450477759592,"d":"20.3%"},{"v":2633,"d":"2,633"},{"v":0.17993387392318236,"d":"18.0%"},{"v":0.178937355665271,"d":"17.9%"},{"v":1466,"d":"1,466"},{"v":0.11659481072549725,"d":"11.7%"},{"v":0.1166946276480153,"d":"11.7%"},{"v":1035,"d":"1,035"},{"v":0.08992691286908162,"d":"9.0%"},{"v":0.09037148633864507,"d":"9.0%"},568,{"v":0.05699088678907855,"d":"5.7%"},{"v":0.057938836937000505,"d":"5.8%"},299,{"v":0.02707101654992116,"d":"2.7%"},{"v":0.02666414088542652,"d":"2.7%"},{"v":2810,"d":"2,810"},{"v":0.12512373951515912,"d":"12.5%"},{"v":0.12386944818664895,"d":"12.4%"}]
[1989,{"v":18228,"d":"18,228"},{"v":3049483225,"d":"$3,049,483,225"},{"v":4405458075,"d":"$4,405,458,075"},{"v":1535,"d":"1,535"},{"v":0.04694592245215581,"d":"4.7%"},{"v":0.04729471633889059,"d":"4.7%"},{"v":3782,"d":"3,782"},{"v":0.14601411916276405,"d":"14.6%"},{"v":0.14677094458559795,"d":"14.7%"},{"v":3720,"d":"3,720"},{"v":0.20198517668514146,"d":"20.2%"},{"v":0.20133587356860727,"d":"20.1%"},{"v":2911,"d":"2,911"},{"v":0.18938188945112167,"d":"18.9%"},{"v":0.18839371681002776,"d":"18.8%"},{"v":1647,"d":"1,647"},{"v":0.1248580965714281,"d":"12.5%"},{"v":0.12503406039109793,"d":"12.5%"},{"v":1063,"d":"1,063"},{"v":0.08897122757578048,"d":"8.9%"},{"v":0.08909156671522746,"d":"8.9%"},653,{"v":0.05830865588709707,"d":"5.8%"},{"v":0.05950654246096758,"d":"6.0%"},327,{"v":0.028275629225669868,"d":"2.8%"},{"v":0.028461097998305204,"d":"2.8%"},{"v":2590,"d":"2,590"},{"v":0.1152592829888415,"d":"11.5%"},{"v":0.11411148113127827,"d":"11.4%"}]
[1990,{"v":18074,"d":"18,074"},{"v":3167794259,"d":"$3,167,794,259"},{"v":4638125409,"d":"$4,638,125,409"},{"v":1298,"d":"1,298"},{"v":0.03984955766661739,"d":"4.0%"},{"v":0.04024254467932607,"d":"4.0%"},{"v":3770,"d":"3,770"},{"v":0.141382795213911,"d":"14.1%"},{"v":0.14261926094461064,"d":"14.3%"},{"v":3810,"d":"3,810"},{"v":0.20161157252731798,"d":"20.2%"},{"v":0.20079313103368482,"d":"20.1%"},{"v":3045,"d":"3,045"},{"v":0.20014960731703252,"d":"20.0%"},{"v":0.1995373025498975,"d":"20.0%"},{"v":1718,"d":"1,718"},{"v":0.12855277385613822,"d":"12.9%"},{"v":0.12852010875844777,"d":"12.9%"},{"v":1082,"d":"1,082"},{"v":0.09019708056740941,"d":"9.0%"},{"v":0.09039006258573548,"d":"9.0%"},657,{"v":0.057975957396291244,"d":"5.8%"},{"v":0.05824544836062237,"d":"5.8%"},400,{"v":0.03391333029118922,"d":"3.4%"},{"v":0.034049690354114356,"d":"3.4%"},{"v":2294,"d":"2,294"},{"v":0.10636732516409299,"d":"10.6%"},{"v":0.105602450733561,"d":"10.6%"}]
[1991,{"v":18821,"d":"18,821"},{"v":3482384578,"d":"$3,482,384,578"},{"v":5085685244,"d":"$5,085,685,244"},{"v":1198,"d":"1,198"},{"v":0.03349820342559535,"d":"3.3%"},{"v":0.03401002808895029,"d":"3.4%"},{"v":3967,"d":"3,967"},{"v":0.14086595779772604,"d":"14.1%"},{"v":0.1428891398376128,"d":"14.3%"},{"v":4069,"d":"4,069"},{"v":0.20663891735164927,"d":"20.7%"},{"v":0.20590145668873408,"d":"20.6%"},{"v":3241,"d":"3,241"},{"v":0.2059022049229854,"d":"20.6%"},{"v":0.20458599973868144,"d":"20.5%"},{"v":1886,"d":"1,886"},{"v":0.1327714112682933,"d":"13.3%"},{"v":0.13216539301031113,"d":"13.2%"},{"v":1123,"d":"1,123"},{"v":0.08708315672996872,"d":"8.7%"},{"v":0.08761182842089392,"d":"8.8%"},711,{"v":0.058836275664209535,"d":"5.9%"},{"v":0.059408027533054304,"d":"5.9%"},441,{"v":0.036950399106666386,"d":"3.7%"},{"v":0.03657021956272684,"d":"3.7%"},{"v":2185,"d":"2,185"},{"v":0.09745347373290601,"d":"9.7%"},{"v":0.09685850192580263,"d":"9.7%"}]
[1992,{"v":19246,"d":"19,246"},{"v":3799396750,"d":"$3,799,396,750"},{"v":5530715882,"d":"$5,530,715,882"},{"v":1156,"d":"1,156"},{"v":0.030067481107362636,"d":"3.0%"},{"v":0.030434806016310927,"d":"3.0%"},{"v":3987,"d":"3,987"},{"v":0.13641345037208868,"d":"13.6%"},{"v":0.13778276524384298,"d":"13.8%"},{"v":4252,"d":"4,252"},{"v":0.20531104444409498,"d":"20.5%"},{"v":0.20511630396565722,"d":"20.5%"},{"v":3432,"d":"3,432"},{"v":0.21207092573314434,"d":"21.2%"},{"v":0.2104031421659638,"d":"21.0%"},{"v":2126,"d":"2,126"},{"v":0.14747220726553498,"d":"14.7%"},{"v":0.14719328607160587,"d":"14.7%"},{"v":1156,"d":"1,156"},{"v":0.0843640333166048,"d":"8.4%"},{"v":0.08519760173064699,"d":"8.5%"},777,{"v":0.0614327766638217,"d":"6.1%"},{"v":0.061576078624535645,"d":"6.2%"},472,{"v":0.038522171447348846,"d":"3.9%"},{"v":0.038815340650326324,"d":"3.9%"},{"v":1888,"d":"1,888"},{"v":0.08434590964999904,"d":"8.4%"},{"v":0.08348117637043356,"d":"8.3%"}]
[1993,{"v":18935,"d":"18,935"},{"v":3919430631,"d":"$3,919,430,631"},{"v":5668394125,"d":"$5,668,394,125"},{"v":1019,"d":"1,019"},{"v":0.026081664819238893,"d":"2.6%"},{"v":0.026687852090736545,"d":"2.7%"},{"v":3629,"d":"3,629"},{"v":0.1210562858919495,"d":"12.1%"},{"v":0.12261447998731034,"d":"12.3%"},{"v":4243,"d":"4,243"},{"v":0.20456169338949068,"d":"20.5%"},{"v":0.20420069149655326,"d":"20.4%"},{"v":3508,"d":"3,508"},{"v":0.21493290539117593,"d":"21.5%"},{"v":0.21455812231475702,"d":"21.5%"},{"v":2399,"d":"2,399"},{"v":0.16149971656431647,"d":"16.1%"},{"v":0.16107186001290974,"d":"16.1%"},{"v":1243,"d":"1,243"},{"v":0.09394827250866582,"d":"9.4%"},{"v":0.09321182019960547,"d":"9.3%"},818,{"v":0.06261476171027046,"d":"6.3%"},{"v":0.06321694382886617,"d":"6.3%"},543,{"v":0.04173928649382952,"d":"4.2%"},{"v":0.0420514655021452,"d":"4.2%"},{"v":1533,"d":"1,533"},{"v":0.07356541323106275,"d":"7.4%"},{"v":0.07238740937055078,"d":"7.2%"}]
[1994,{"v":19255,"d":"19,255"},{"v":4148702413,"d":"$4,148,702,413"},{"v":5980442326,"d":"$5,980,442,326"},{"v":1000,"d":"1,000"},{"v":0.02408759439743407,"d":"2.4%"},{"v":0.02472603829939518,"d":"2.5%"},{"v":3515,"d":"3,515"},{"v":0.11494480937117048,"d":"11.5%"},{"v":0.11665306710960496,"d":"11.7%"},{"v":4335,"d":"4,335"},{"v":0.2067482004282287,"d":"20.7%"},{"v":0.20598141957568641,"d":"20.6%"},{"v":3630,"d":"3,630"},{"v":0.21327908148518243,"d":"21.3%"},{"v":0.21294578738154693,"d":"21.3%"},{"v":2662,"d":"2,662"},{"v":0.1740056562596359,"d":"17.4%"},{"v":0.17352729838866437,"d":"17.4%"},{"v":1391,"d":"1,391"},{"v":0.09964800818313116,"d":"10.0%"},{"v":0.0990078130886401,"d":"9.9%"},824,{"v":0.05997219545570718,"d":"6.0%"},{"v":0.0605150263596071,"d":"6.1%"},614,{"v":0.04326786959641108,"d":"4.3%"},{"v":0.04362989771937481,"d":"4.4%"},{"v":1284,"d":"1,284"},{"v":0.064046584823099,"d":"6.4%"},{"v":0.0630126631874152,"d":"6.3%"}]
[1995,{"v":19183,"d":"19,183"},{"v":4287490421,"d":"$4,287,490,421"},{"v":6160417254,"d":"$6,160,417,254"},918,{"v":0.02142376075060157,"d":"2.1%"},{"v":0.02183097141880708,"d":"2.2%"},{"v":3425,"d":"3,425"},{"v":0.10896454548603643,"d":"10.9%"},{"v":0.11047202599111479,"d":"11.0%"},{"v":4418,"d":"4,418"},{"v":0.20387940803751595,"d":"20.4%"},{"v":0.20362419431662737,"d":"20.4%"},{"v":3649,"d":"3,649"},{"v":0.21370373342695334,"d":"21.4%"},{"v":0.21266903620031968,"d":"21.3%"},{"v":2726,"d":"2,726"},{"v":0.18495371584178286,"d":"18.5%"},{"v":0.18496474394817022,"d":"18.5%"},{"v":1443,"d":"1,443"},{"v":0.10261791766228182,"d":"10.3%"},{"v":0.10173476619510811,"d":"10.2%"},813,{"v":0.05811232551789298,"d":"5.8%"},{"v":0.05885643180493566,"d":"5.9%"},623,{"v":0.04376075409545504,"d":"4.4%"},{"v":0.04412950451099428,"d":"4.4%"},{"v":1168,"d":"1,168"},{"v":0.06258383918148,"d":"6.3%"},{"v":0.06171782451150183,"d":"6.2%"}]
[1996,{"v":19564,"d":"19,564"},{"v":4545492888,"d":"$4,545,492,888"},{"v":6547857047,"d":"$6,547,857,047"},922,{"v":0.021275225675812342,"d":"2.1%"},{"v":0.021599470633647755,"d":"2.2%"},{"v":3276,"d":"3,276"},{"v":0.0981537338179199,"d":"9.8%"},{"v":0.10057758626568257,"d":"10.1%"},{"v":4444,"d":"4,444"},{"v":0.1982752874565712,"d":"19.8%"},{"v":0.19784488126440308,"d":"19.8%"},{"v":3786,"d":"3,786"},{"v":0.22025114210232596,"d":"22.0%"},{"v":0.21794611424112234,"d":"21.8%"},{"v":2868,"d":"2,868"},{"v":0.19111618418618456,"d":"19.1%"},{"v":0.1897689566343399,"d":"19.0%"},{"v":1556,"d":"1,556"},{"v":0.10692408479685207,"d":"10.7%"},{"v":0.10719608918792572,"d":"10.7%"},838,{"v":0.058133451643407344,"d":"5.8%"},{"v":0.05858780716291957,"d":"5.9%"},633,{"v":0.04495292480589621,"d":"4.5%"},{"v":0.045340015652299566,"d":"4.5%"},{"v":1241,"d":"1,241"},{"v":0.06091806099422501,"d":"6.1%"},{"v":0.06113944044997414,"d":"6.1%"}]
[1997,{"v":20346,"d":"20,346"},{"v":4901937532,"d":"$4,901,937,532"},{"v":7055224731,"d":"$7,055,224,731"},{"v":1012,"d":"1,012"},{"v":0.02197950673517477,"d":"2.2%"},{"v":0.022309409551251897,"d":"2.2%"},{"v":3132,"d":"3,132"},{"v":0.09136935162396109,"d":"9.1%"},{"v":0.09361380497179234,"d":"9.4%"},{"v":4650,"d":"4,650"},{"v":0.19386722694776273,"d":"19.4%"},{"v":0.195333253375285,"d":"19.5%"},{"v":3970,"d":"3,970"},{"v":0.22416238330798868,"d":"22.4%"},{"v":0.2203459222452938,"d":"22.0%"},{"v":3026,"d":"3,026"},{"v":0.1888567956969224,"d":"18.9%"},{"v":0.18813575054070095,"d":"18.8%"},{"v":1715,"d":"1,715"},{"v":0.11305537522300682,"d":"11.3%"},{"v":0.11297675983271241,"d":"11.3%"},852,{"v":0.05787107202980978,"d":"5.8%"},{"v":0.05824746902736187,"d":"5.8%"},682,{"v":0.047926201928596916,"d":"4.8%"},{"v":0.04797761813492543,"d":"4.8%"},{"v":1307,"d":"1,307"},{"v":0.06091111362616197,"d":"6.1%"},{"v":0.06105992798601329,"d":"6.1%"}]
[1998,{"v":21119,"d":"21,119"},{"v":5325151069,"d":"$5,325,151,069"},{"v":7676322279,"d":"$7,676,322,279"},971,{"v":0.01961783818831976,"d":"2.0%"},{"v":0.020143160537046022,"d":"2.0%"},{"v":3136,"d":"3,136"},{"v":0.08814463250300703,"d":"8.8%"},{"v":0.09026426963541508,"d":"9.0%"},{"v":4637,"d":"4,637"},{"v":0.18107338092496095,"d":"18.1%"},{"v":0.18283469335824118,"d":"18.3%"},{"v":4154,"d":"4,154"},{"v":0.22125182191709197,"d":"22.1%"},{"v":0.2182642034954093,"d":"21.8%"},{"v":3156,"d":"3,156"},{"v":0.19005627575370482,"d":"19.0%"},{"v":0.18854238792961964,"d":"18.9%"},{"v":1966,"d":"1,966"},{"v":0.12669347822402593,"d":"12.7%"},{"v":0.12626574729041545,"d":"12.6%"},932,{"v":0.06341154318902947,"d":"6.3%"},{"v":0.06342020453359863,"d":"6.3%"},728,{"v":0.04816451170617485,"d":"4.8%"},{"v":0.04872628758998981,"d":"4.9%"},{"v":1439,"d":"1,439"},{"v":0.06158651759368519,"d":"6.2%"},{"v":0.061539045630264896,"d":"6.2%"}]
[1999,{"v":21933,"d":"21,933"},{"v":6015113857,"d":"$6,015,113,857"},{"v":8636039089,"d":"$8,636,039,089"},902,{"v":0.019253505711321735,"d":"1.9%"},{"v":0.019790751319977033,"d":"2.0%"},{"v":3153,"d":"3,153"},{"v":0.08556311821114711,"d":"8.6%"},{"v":0.08772511219466066,"d":"8.8%"},{"v":4651,"d":"4,651"},{"v":0.17418466281909317,"d":"17.4%"},{"v":0.1764736931241095,"d":"17.6%"},{"v":4429,"d":"4,429"},{"v":0.21932520004832887,"d":"21.9%"},{"v":0.21650593909209667,"d":"21.7%"},{"v":3327,"d":"3,327"},{"v":0.19366517919595883,"d":"19.4%"},{"v":0.19124103387902117,"d":"19.1%"},{"v":2204,"d":"2,204"},{"v":0.13204757480619705,"d":"13.2%"},{"v":0.13179301625090178,"d":"13.2%"},{"v":1028,"d":"1,028"},{"v":0.06520512534331567,"d":"6.5%"},{"v":0.06605424791633896,"d":"6.6%"},731,{"v":0.04587629753323221,"d":"4.6%"},{"v":0.046115918755772554,"d":"4.6%"},{"v":1508,"d":"1,508"},{"v":0.06487933633140537,"d":"6.5%"},{"v":0.06430028746712173,"d":"6.4%"}]
[2000,{"v":22914,"d":"22,914"},{"v":6977270142,"d":"$6,977,270,142"},{"v":9964840246,"d":"$9,964,840,246"},858,{"v":0.017243710728034472,"d":"1.7%"},{"v":0.017623356086465453,"d":"1.8%"},{"v":3102,"d":"3,102"},{"v":0.08433050606111962,"d":"8.4%"},{"v":0.08602451166681754,"d":"8.6%"},{"v":4662,"d":"4,662"},{"v":0.16385721173643503,"d":"16.4%"},{"v":0.166659738641233,"d":"16.7%"},{"v":4693,"d":"4,693"},{"v":0.21257967368522163,"d":"21.3%"},{"v":0.21241526755530887,"d":"21.2%"},{"v":3603,"d":"3,603"},{"v":0.19930301402969527,"d":"19.9%"},{"v":0.19532649735968483,"d":"19.5%"},{"v":2439,"d":"2,439"},{"v":0.14131773443379456,"d":"14.1%"},{"v":0.14052966113150872,"d":"14.1%"},{"v":1115,"d":"1,115"},{"v":0.0629089367427276,"d":"6.3%"},{"v":0.06352074507708069,"d":"6.4%"},805,{"v":0.04726494879635979,"d":"4.7%"},{"v":0.0475029333450691,"d":"4.8%"},{"v":1637,"d":"1,637"},{"v":0.07119426378661203,"d":"7.1%"},{"v":0.07039728913683178,"d":"7.0%"}]
[2001,{"v":23979,"d":"23,979"},{"v":7981260179,"d":"$7,981,260,179"},{"v":11325487652,"d":"$11,325,487,652"},827,{"v":0.01707032347579356,"d":"1.7%"},{"v":0.017460288781920963,"d":"1.7%"},{"v":3117,"d":"3,117"},{"v":0.08064288465291491,"d":"8.1%"},{"v":0.08316805279759092,"d":"8.3%"},{"v":4732,"d":"4,732"},{"v":0.16198159476139037,"d":"16.2%"},{"v":0.1642667450766649,"d":"16.4%"},{"v":4869,"d":"4,869"},{"v":0.2064469046298459,"d":"20.6%"},{"v":0.20741779093151583,"d":"20.7%"},{"v":3809,"d":"3,809"},{"v":0.19874521421738003,"d":"19.9%"},{"v":0.1946905464693716,"d":"19.5%"},{"v":2694,"d":"2,694"},{"v":0.14727105439974156,"d":"14.7%"},{"v":0.14497004291996732,"d":"14.5%"},{"v":1273,"d":"1,273"},{"v":0.06886632657912754,"d":"6.9%"},{"v":0.06948445481383145,"d":"6.9%"},884,{"v":0.047502218007821194,"d":"4.8%"},{"v":0.048310336986096956,"d":"4.8%"},{"v":1774,"d":"1,774"},{"v":0.0714734792759849,"d":"7.1%"},{"v":0.0702317412230401,"d":"7.0%"}]
[2002,{"v":24977,"d":"24,977"},{"v":8939692699,"d":"$8,939,692,699"},{"v":12639277367,"d":"$12,639,277,367"},869,{"v":0.01678045521819564,"d":"1.7%"},{"v":0.0171767238502758,"d":"1.7%"},{"v":3094,"d":"3,094"},{"v":0.0769953515378661,"d":"7.7%"},{"v":0.07950042686961789,"d":"8.0%"},{"v":4735,"d":"4,735"},{"v":0.15518758750568548,"d":"15.5%"},{"v":0.15775878866350698,"d":"15.8%"},{"v":5060,"d":"5,060"},{"v":0.20775469487980885,"d":"20.8%"},{"v":0.20798279408468653,"d":"20.8%"},{"v":4019,"d":"4,019"},{"v":0.2010023501368232,"d":"20.1%"},{"v":0.1958167512378479,"d":"19.6%"},{"v":2902,"d":"2,902"},{"v":0.14976083676229282,"d":"15.0%"},{"v":0.14739971858392717,"d":"14.7%"},{"v":1449,"d":"1,449"},{"v":0.07348225136122209,"d":"7.3%"},{"v":0.07411047980050235,"d":"7.4%"},947,{"v":0.04806457363440072,"d":"4.8%"},{"v":0.04892332196257277,"d":"4.9%"},{"v":1902,"d":"1,902"},{"v":0.07097189896370508,"d":"7.1%"},{"v":0.07133099494706263,"d":"7.1%"}]
[2003,{"v":26106,"d":"26,106"},{"v":9842044375,"d":"$9,842,044,375"},{"v":13798149621,"d":"$13,798,149,621"},914,{"v":0.015881114232427954,"d":"1.6%"},{"v":0.016506743603748025,"d":"1.7%"},{"v":3077,"d":"3,077"},{"v":0.0730528299411371,"d":"7.3%"},{"v":0.07583889621021236,"d":"7.6%"},{"v":4813,"d":"4,813"},{"v":0.1498396936459657,"d":"15.0%"},{"v":0.15360699095292119,"d":"15.4%"},{"v":5132,"d":"5,132"},{"v":0.1989158272820732,"d":"19.9%"},{"v":0.19985279589975538,"d":"20.0%"},{"v":4242,"d":"4,242"},{"v":0.19395635888910528,"d":"19.4%"},{"v":0.19033647613176582,"d":"19.0%"},{"v":3073,"d":"3,073"},{"v":0.15399052028761048,"d":"15.4%"},{"v":0.14881074936852215,"d":"14.9%"},{"v":1732,"d":"1,732"},{"v":0.09089582518774206,"d":"9.1%"},{"v":0.0898562807373112,"d":"9.0%"},{"v":1091,"d":"1,091"},{"v":0.05140241536454158,"d":"5.1%"},{"v":0.05265999789523517,"d":"5.3%"},{"v":2032,"d":"2,032"},{"v":0.07206541516939666,"d":"7.2%"},{"v":0.07253106920052871,"d":"7.3%"}]
[2004,{"v":26754,"d":"26,754"},{"v":10497748720,"d":"$10,497,748,720"},{"v":14689071756,"d":"$14,689,071,756"},922,{"v":0.015688020393004796,"d":"1.6%"},{"v":0.01629898682346664,"d":"1.6%"},{"v":3051,"d":"3,051"},{"v":0.06904660059342704,"d":"6.9%"},{"v":0.07183302100549695,"d":"7.2%"},{"v":4867,"d":"4,867"},{"v":0.14537722293661454,"d":"14.5%"},{"v":0.14854553829167094,"d":"14.9%"},{"v":5106,"d":"5,106"},{"v":0.19410174965590146,"d":"19.4%"},{"v":0.1965846345478224,"d":"19.7%"},{"v":4459,"d":"4,459"},{"v":0.19774008021788503,"d":"19.8%"},{"v":0.19274959112671652,"d":"19.3%"},{"v":3154,"d":"3,154"},{"v":0.15307131365590546,"d":"15.3%"},{"v":0.14973574917023505,"d":"15.0%"},{"v":1915,"d":"1,915"},{"v":0.09903333007193565,"d":"9.9%"},{"v":0.09698019763693501,"d":"9.7%"},{"v":1148,"d":"1,148"},{"v":0.05267019508159841,"d":"5.3%"},{"v":0.05336045544742044,"d":"5.3%"},{"v":2132,"d":"2,132"},{"v":0.07327148739372759,"d":"7.3%"},{"v":0.07391182595023603,"d":"7.4%"}]
[2005,{"v":26849,"d":"26,849"},{"v":10766942250,"d":"$10,766,942,250"},{"v":15054794663,"d":"$15,054,794,663"},869,{"v":0.014959476447456566,"d":"1.5%"},{"v":0.015597015187267187,"d":"1.6%"},{"v":2949,"d":"2,949"},{"v":0.06497881856847519,"d":"6.5%"},{"v":0.06786426642609598,"d":"6.8%"},{"v":4804,"d":"4,804"},{"v":0.13880658642893715,"d":"13.9%"},{"v":0.1436132566001508,"d":"14.4%"},{"v":5092,"d":"5,092"},{"v":0.19094638201481948,"d":"19.1%"},{"v":0.19194024227389755,"d":"19.2%"},{"v":4470,"d":"4,470"},{"v":0.19514228071577147,"d":"19.5%"},{"v":0.19258141010222557,"d":"19.3%"},{"v":3308,"d":"3,308"},{"v":0.16696747769776513,"d":"16.7%"},{"v":0.1615831301889873,"d":"16.2%"},{"v":1984,"d":"1,984"},{"v":0.0998047041628741,"d":"10.0%"},{"v":0.09720307840508206,"d":"9.7%"},{"v":1218,"d":"1,218"},{"v":0.05543366047124475,"d":"5.5%"},{"v":0.05604736264346085,"d":"5.6%"},{"v":2155,"d":"2,155"},{"v":0.07296061349265619,"d":"7.3%"},{"v":0.07357023817283266,"d":"7.4%"}]
[2006,{"v":26669,"d":"26,669"},{"v":10645738794,"d":"$10,645,738,794"},{"v":14876819680,"d":"$14,876,819,680"},797,{"v":0.014422537314792584,"d":"1.4%"},{"v":0.01469316323661994,"d":"1.5%"},{"v":2758,"d":"2,758"},{"v":0.061570401142044026,"d":"6.2%"},{"v":0.06475470495183148,"d":"6.5%"},{"v":4773,"d":"4,773"},{"v":0.1335894944934716,"d":"13.4%"},{"v":0.13837528727779808,"d":"13.8%"},{"v":4911,"d":"4,911"},{"v":0.18047053644438685,"d":"18.0%"},{"v":0.1821388449470001,"d":"18.2%"},{"v":4538,"d":"4,538"},{"v":0.19805784800847706,"d":"19.8%"},{"v":0.1958406857560298,"d":"19.6%"},{"v":3333,"d":"3,333"},{"v":0.16790596562517915,"d":"16.8%"},{"v":0.1635569052618913,"d":"16.4%"},{"v":2055,"d":"2,055"},{"v":0.10305310831206178,"d":"10.3%"},{"v":0.09960520379178246,"d":"10.0%"},{"v":1328,"d":"1,328"},{"v":0.06382855771202758,"d":"6.4%"},{"v":0.06371919767733583,"d":"6.4%"},{"v":2176,"d":"2,176"},{"v":0.07710155094755934,"d":"7.7%"},{"v":0.07731600716692964,"d":"7.7%"}]
[2007,{"v":27002,"d":"27,002"},{"v":10839112211,"d":"$10,839,112,211"},{"v":15045748955,"d":"$15,045,748,955"},821,{"v":0.015498941678038137,"d":"1.5%"},{"v":0.016119765039639397,"d":"1.6%"},{"v":2883,"d":"2,883"},{"v":0.06685795929527905,"d":"6.7%"},{"v":0.0703838944254138,"d":"7.0%"},{"v":4702,"d":"4,702"},{"v":0.12675012309640532,"d":"12.7%"},{"v":0.13247176388235835,"d":"13.2%"},{"v":4827,"d":"4,827"},{"v":0.16870655598013165,"d":"16.9%"},{"v":0.17090278547718862,"d":"17.1%"},{"v":4551,"d":"4,551"},{"v":0.19680520447377073,"d":"19.7%"},{"v":0.1939958937059109,"d":"19.4%"},{"v":3391,"d":"3,391"},{"v":0.17301676839333904,"d":"17.3%"},{"v":0.16609802419769273,"d":"16.6%"},{"v":2188,"d":"2,188"},{"v":0.10489232816006687,"d":"10.5%"},{"v":0.10238753541664421,"d":"10.2%"},{"v":1414,"d":"1,414"},{"v":0.06974964538449505,"d":"7.0%"},{"v":0.06973239811045352,"d":"7.0%"},{"v":2225,"d":"2,225"},{"v":0.07772247363073267,"d":"7.8%"},{"v":0.07790793987762638,"d":"7.8%"}]
[2008,{"v":27006,"d":"27,006"},{"v":10806739008,"d":"$10,806,739,008"},{"v":15013059400,"d":"$15,013,059,400"},867,{"v":0.01731637313175316,"d":"1.7%"},{"v":0.018120773171656137,"d":"1.8%"},{"v":2925,"d":"2,925"},{"v":0.07037669239878806,"d":"7.0%"},{"v":0.07315543912388703,"d":"7.3%"},{"v":4557,"d":"4,557"},{"v":0.12305123442100249,"d":"12.3%"},{"v":0.1279986740743862,"d":"12.8%"},{"v":4786,"d":"4,786"},{"v":0.16293007804635232,"d":"16.3%"},{"v":0.16616263104907186,"d":"16.6%"},{"v":4415,"d":"4,415"},{"v":0.19318540259503972,"d":"19.3%"},{"v":0.18960348288504075,"d":"19.0%"},{"v":3426,"d":"3,426"},{"v":0.16247806601974707,"d":"16.2%"},{"v":0.15787960607149798,"d":"15.8%"},{"v":2192,"d":"2,192"},{"v":0.11369201422283483,"d":"11.4%"},{"v":0.1103812904383766,"d":"11.0%"},{"v":1547,"d":"1,547"},{"v":0.07677373631266658,"d":"7.7%"},{"v":0.07680572588689018,"d":"7.7%"},{"v":2291,"d":"2,291"},{"v":0.08019640285181577,"d":"8.0%"},{"v":0.07989237729919327,"d":"8.0%"}]
[2009,{"v":26994,"d":"26,994"},{"v":11109326515,"d":"$11,109,326,515"},{"v":15422090130,"d":"$15,422,090,130"},897,{"v":0.017681065340440217,"d":"1.8%"},{"v":0.01874765829811682,"d":"1.9%"},{"v":2925,"d":"2,925"},{"v":0.07121989455721744,"d":"7.1%"},{"v":0.07391610484641876,"d":"7.4%"},{"v":4375,"d":"4,375"},{"v":0.11829021725355239,"d":"11.8%"},{"v":0.12320570687781346,"d":"12.3%"},{"v":4768,"d":"4,768"},{"v":0.1589444459676141,"d":"15.9%"},{"v":0.16167375401015116,"d":"16.2%"},{"v":4364,"d":"4,364"},{"v":0.18644716213924334,"d":"18.6%"},{"v":0.18411194222478586,"d":"18.4%"},{"v":3486,"d":"3,486"},{"v":0.16894133397428548,"d":"16.9%"},{"v":0.1628079970895618,"d":"16.3%"},{"v":2218,"d":"2,218"},{"v":0.11554209143703434,"d":"11.6%"},{"v":0.11154721879452535,"d":"11.2%"},{"v":1675,"d":"1,675"},{"v":0.08242123361516844,"d":"8.2%"},{"v":0.08298216948625757,"d":"8.3%"},{"v":2286,"d":"2,286"},{"v":0.08051255580545874,"d":"8.1%"},{"v":0.08100744837236923,"d":"8.1%"}]
[2010,{"v":27603,"d":"27,603"},{"v":11498750766,"d":"$11,498,750,766"},{"v":15856029505,"d":"$15,856,029,505"},927,{"v":0.01929139525798815,"d":"1.9%"},{"v":0.020598341085137882,"d":"2.1%"},{"v":3074,"d":"3,074"},{"v":0.07278521197926102,"d":"7.3%"},{"v":0.07666839050827057,"d":"7.7%"},{"v":4428,"d":"4,428"},{"v":0.11769128643100116,"d":"11.8%"},{"v":0.12329052808482396,"d":"12.3%"},{"v":4829,"d":"4,829"},{"v":0.15649138368323515,"d":"15.6%"},{"v":0.160740913618778,"d":"16.1%"},{"v":4304,"d":"4,304"},{"v":0.17438073142075092,"d":"17.4%"},{"v":0.17372822099828705,"d":"17.4%"},{"v":3545,"d":"3,545"},{"v":0.16683149822433502,"d":"16.7%"},{"v":0.15897029361639045,"d":"15.9%"},{"v":2351,"d":"2,351"},{"v":0.1190102260539769,"d":"11.9%"},{"v":0.11378334402260562,"d":"11.4%"},{"v":1813,"d":"1,813"},{"v":0.093025067398004,"d":"9.3%"},{"v":0.09231969545329122,"d":"9.2%"},{"v":2332,"d":"2,332"},{"v":0.08049319946448172,"d":"8.0%"},{"v":0.07990027267548276,"d":"8.0%"}]
[2011,{"v":28128,"d":"28,128"},{"v":11490780441,"d":"$11,490,780,441"},{"v":15810227487,"d":"$15,810,227,487"},902,{"v":0.017731699430353774,"d":"1.8%"},{"v":0.01893385425643876,"d":"1.9%"},{"v":3138,"d":"3,138"},{"v":0.07299301890820976,"d":"7.3%"},{"v":0.07701096280879845,"d":"7.7%"},{"v":4597,"d":"4,597"},{"v":0.12412249814738237,"d":"12.4%"},{"v":0.12915435617096632,"d":"12.9%"},{"v":4857,"d":"4,857"},{"v":0.14939027299442592,"d":"14.9%"},{"v":0.15408714093476092,"d":"15.4%"},{"v":4240,"d":"4,240"},{"v":0.17154154420763246,"d":"17.2%"},{"v":0.16779088663849281,"d":"16.8%"},{"v":3677,"d":"3,677"},{"v":0.16795495022373302,"d":"16.8%"},{"v":0.16228458022566086,"d":"16.2%"},{"v":2454,"d":"2,454"},{"v":0.12180689955626661,"d":"12.2%"},{"v":0.11769899778672299,"d":"11.8%"},{"v":1940,"d":"1,940"},{"v":0.09605131711175126,"d":"9.6%"},{"v":0.09506669105399444,"d":"9.5%"},{"v":2323,"d":"2,323"},{"v":0.0784077994202448,"d":"7.8%"},{"v":0.07797253012416443,"d":"7.8%"}]
[2012,{"v":28403,"d":"28,403"},{"v":11599290646,"d":"$11,599,290,646"},{"v":15913595911,"d":"$15,913,595,911"},849,{"v":0.017156757432285483,"d":"1.7%"},{"v":0.018481473115495146,"d":"1.8%"},{"v":3138,"d":"3,138"},{"v":0.0727939081594766,"d":"7.3%"},{"v":0.07562416387412063,"d":"7.6%"},{"v":4719,"d":"4,719"},{"v":0.12585664292354176,"d":"12.6%"},{"v":0.13148921951408973,"d":"13.1%"},{"v":4774,"d":"4,774"},{"v":0.14584854959069365,"d":"14.6%"},{"v":0.1500144363568916,"d":"15.0%"},{"v":4182,"d":"4,182"},{"v":0.16206308880174947,"d":"16.2%"},{"v":0.16321281880763724,"d":"16.3%"},{"v":3755,"d":"3,755"},{"v":0.16960121381891616,"d":"17.0%"},{"v":0.16474124419533906,"d":"16.5%"},{"v":2526,"d":"2,526"},{"v":0.12827716482068743,"d":"12.8%"},{"v":0.11922881123860152,"d":"11.9%"},{"v":2100,"d":"2,100"},{"v":0.09976451968630151,"d":"10.0%"},{"v":0.09878671205376946,"d":"9.9%"},{"v":2360,"d":"2,360"},{"v":0.07863815493877228,"d":"7.9%"},{"v":0.07842112090689494,"d":"7.8%"}]
[2013,{"v":27896,"d":"27,896"},{"v":10745377136,"d":"$10,745,377,136"},{"v":14914798708,"d":"$14,914,798,708"},796,{"v":0.01676231962083085,"d":"1.7%"},{"v":0.017803134269426975,"d":"1.8%"},{"v":3035,"d":"3,035"},{"v":0.07167372966554574,"d":"7.2%"},{"v":0.07539955543595794,"d":"7.5%"},{"v":4596,"d":"4,596"},{"v":0.12669944542372738,"d":"12.7%"},{"v":0.13171588973214052,"d":"13.2%"},{"v":4611,"d":"4,611"},{"v":0.14647111246817388,"d":"14.6%"},{"v":0.14735277807143168,"d":"14.7%"},{"v":4081,"d":"4,081"},{"v":0.15903875474734197,"d":"15.9%"},{"v":0.1587797963863744,"d":"15.9%"},{"v":3641,"d":"3,641"},{"v":0.16021134327918485,"d":"16.0%"},{"v":0.15690791795565678,"d":"15.7%"},{"v":2553,"d":"2,553"},{"v":0.12392850871083656,"d":"12.4%"},{"v":0.11986268269521455,"d":"12.0%"},{"v":2238,"d":"2,238"},{"v":0.11479152117123048,"d":"11.5%"},{"v":0.11236449554636524,"d":"11.2%"},{"v":2345,"d":"2,345"},{"v":0.08042326491312832,"d":"8.0%"},{"v":0.07981374990743187,"d":"8.0%"}]
[2014,{"$f":"B228","v":{"v":27849,"d":"27,849"}},{"$f":"C228","v":{"v":11082215631,"d":"$11,082,215,631"}},{"$f":"D228","v":{"v":15619082777,"d":"$15,619,082,777"}},{"$f":"E228","v":781},{"$f":"F228/$C228","v":{"v":0.016376318422494335,"d":"1.6%"}},{"$f":"G228/$D228","v":{"v":0.017296545056910802,"d":"1.7%"}},{"$f":"H228","v":{"v":3052,"d":"3,052"}},{"$f":"I228/$C228","v":{"v":0.07324910704040785,"d":"7.3%"}},{"$f":"J228/$D228","v":{"v":0.07681494452201404,"d":"7.7%"}},{"$f":"K228","v":{"v":4585,"d":"4,585"}},{"$f":"L228/$C228","v":{"v":0.12930865999317245,"d":"12.9%"}},{"$f":"M228/$D228","v":{"v":0.1328478081987951,"d":"13.3%"}},{"$f":"N228","v":{"v":4440,"d":"4,440"}},{"$f":"O228/$C228","v":{"v":0.1418482217222615,"d":"14.2%"}},{"$f":"P228/$D228","v":{"v":0.14282994211959033,"d":"14.3%"}},{"$f":"Q228","v":{"v":4109,"d":"4,109"}},{"$f":"R228/$C228","v":{"v":0.15337770564987846,"d":"15.3%"}},{"$f":"S228/$D228","v":{"v":0.15418918008081442,"d":"15.4%"}},{"$f":"T228","v":{"v":3557,"d":"3,557"}},{"$f":"U228/$C228","v":{"v":0.16066391841532288,"d":"16.1%"}},{"$f":"V228/$D228","v":{"v":0.15642739019206878,"d":"15.6%"}},{"$f":"W228","v":{"v":2660,"d":"2,660"}},{"$f":"X228/$C228","v":{"v":0.12870968265677848,"d":"12.9%"}},{"$f":"Y228/$D228","v":{"v":0.12535126517692058,"d":"12.5%"}},{"$f":"Z228","v":{"v":2327,"d":"2,327"}},{"$f":"AA228/$C228","v":{"v":0.12044850375100953,"d":"12.0%"}},{"$f":"AB228/$D228","v":{"v":0.11813478021366913,"d":"11.8%"}},{"$f":"AC228","v":{"v":2338,"d":"2,338"}},{"$f":"AD228/$C228","v":{"v":0.07601788234867454,"d":"7.6%"}},{"$f":"AE228/$D228","v":{"v":0.07610814437519259,"d":"7.6%"}}]
{"$rows_empty":7}
["RPG"]
[]
[null,null,"Raw Data",{"$nulls":3},"Allocate Unknown Uniformly"]
[{"$f":"A191","v":"Fiscal Year"},"All","< 46","46 to 55","> 56","Unknown","< 46","46 to 55","> 56","Unknown"]
[]
[]
[{"$f":"A233","v":1980},{"$f":"D194","v":{"v":1739446068,"d":"$1,739,446,068"}},{"$f":"G194+J194+M194","v":{"v":631089068,"d":"$631,089,068"}},{"$f":"P194+S194","v":{"v":406425225,"d":"$406,425,225"}},{"$f":"V194+Y194+AB194","v":{"v":172514283,"d":"$172,514,283"}},{"$f":"AE194","v":{"v":529417492,"d":"529,417,492 "}},{"$f":"C281*($B281/($B281-$F281))","v":{"v":907206176.5013925,"d":"$907,206,177"}},{"$f":"D281*($B281/($B281-$F281))","v":{"v":584246333.9991941,"d":"$584,246,334"}},{"$f":"E281*($B281/($B281-$F281))","v":{"v":247993557.4994133,"d":"$247,993,557"}},{"$f":"SUM(G281:I281)-B281","v":{"v":0,"d":"$0"}}]
[1981,{"v":1905566987,"d":"$1,905,566,987"},{"v":724251227,"d":"$724,251,227"},{"v":432713975,"d":"$432,713,975"},{"v":219649643,"d":"$219,649,643"},{"v":528952142,"d":"528,952,142 "},{"v":1002538388.6263722,"d":"$1,002,538,389"},{"v":598980512.6455275,"d":"$598,980,513"},{"v":304048085.7281004,"d":"$304,048,086"},{"v":0,"d":"$0"}]
[1982,{"v":1959913999,"d":"$1,959,913,999"},{"v":789400381,"d":"$789,400,381"},{"v":464806965,"d":"$464,806,965"},{"v":236468534,"d":"$236,468,534"},{"v":469238119,"d":"469,238,119 "},{"v":1037889509.2458553,"d":"$1,037,889,509"},{"v":611119888.4738129,"d":"$611,119,888"},{"v":310904601.2803316,"d":"$310,904,601"},{"v":0,"d":"$0"}]
[1983,{"v":2227511208,"d":"$2,227,511,208"},{"v":915223724,"d":"$915,223,724"},{"v":550739748,"d":"$550,739,748"},{"v":289108621,"d":"$289,108,621"},{"v":472439115,"d":"472,439,115 "},{"v":1161588239.690333,"d":"$1,161,588,240"},{"v":698990637.6233945,"d":"$698,990,638"},{"v":366932330.6862723,"d":"$366,932,331"},{"v":0,"d":"$0"}]
[1984,{"v":2546776481,"d":"$2,546,776,481"},{"v":1057314270,"d":"$1,057,314,270"},{"v":645217285,"d":"$645,217,285"},{"v":357329677,"d":"$357,329,677"},{"v":486915249,"d":"486,915,249 "},{"v":1307244912.438686,"d":"$1,307,244,912"},{"v":797735391.6104355,"d":"$797,735,392"},{"v":441796176.9508785,"d":"$441,796,177"},{"v":0,"d":"$0"}]
[1985,{"v":2950358542,"d":"$2,950,358,542"},{"v":1257536844,"d":"$1,257,536,844"},{"v":764938254,"d":"$764,938,254"},{"v":439289628,"d":"$439,289,628"},{"v":488593816,"d":"488,593,816 "},{"v":1507123946.6509123,"d":"$1,507,123,947"},{"v":916757839.5919651,"d":"$916,757,840"},{"v":526476755.7571229,"d":"$526,476,756"},{"v":0,"d":"$0"}]
[1986,{"v":3119104348,"d":"$3,119,104,348"},{"v":1320839085,"d":"$1,320,839,085"},{"v":834926624,"d":"$834,926,624"},{"v":498863718,"d":"$498,863,718"},{"v":464474921,"d":"464,474,921 "},{"v":1551943518.417059,"d":"$1,551,943,518"},{"v":981011977.2997457,"d":"$981,011,977"},{"v":586148852.283195,"d":"$586,148,852"},{"v":0,"d":"$0"}]
[1987,{"v":3722387763,"d":"$3,722,387,763"},{"v":1580087027,"d":"$1,580,087,027"},{"v":1010028161,"d":"$1,010,028,161"},{"v":626743434,"d":"$626,743,434"},{"v":505529141,"d":"505,529,141 "},{"v":1828397609.2561555,"d":"$1,828,397,609"},{"v":1168754026.3905928,"d":"$1,168,754,026"},{"v":725236127.3532518,"d":"$725,236,127"},{"v":0,"d":"$0"}]
[1988,{"v":4029591520,"d":"$4,029,591,520"},{"v":1634096492,"d":"$1,634,096,492"},{"v":1191276133,"d":"$1,191,276,133"},{"v":705075617,"d":"$705,075,617"},{"v":499143278,"d":"499,143,278 "},{"v":1865128990.8996625,"d":"$1,865,128,991"},{"v":1359701622.702671,"d":"$1,359,701,623"},{"v":804760906.3976663,"d":"$804,760,906"},{"v":0,"d":"$0"}]
[1989,{"v":4405458075,"d":"$4,405,458,075"},{"v":1741924883,"d":"$1,741,924,883"},{"v":1380792932,"d":"$1,380,792,932"},{"v":780026914,"d":"$780,026,914"},{"v":502713346,"d":"502,713,346 "},{"v":1966302583.1110616,"d":"$1,966,302,583"},{"v":1558653151.7117643,"d":"$1,558,653,152"},{"v":880502340.1771739,"d":"$880,502,340"},{"v":0,"d":"$0"}]
[1990,{"v":4638125409,"d":"$4,638,125,409"},{"v":1779439710,"d":"$1,779,439,710"},{"v":1521571415,"d":"$1,521,571,415"},{"v":847316874,"d":"$847,316,874"},{"v":489797410,"d":"489,797,410 "},{"v":1989540010.9933765,"d":"$1,989,540,011"},{"v":1701224937.6666477,"d":"$1,701,224,938"},{"v":947360460.3399761,"d":"$947,360,460"},{"v":0,"d":"$0"}]
[1991,{"v":5085685244,"d":"$5,085,685,244"},{"v":1946803121,"d":"$1,946,803,121"},{"v":1712608931,"d":"$1,712,608,931"},{"v":933681338,"d":"$933,681,338"},{"v":492591854,"d":"492,591,854 "},{"v":2155590375.5405345,"d":"$2,155,590,376"},{"v":1896279746.4758961,"d":"$1,896,279,746"},{"v":1033815121.9835694,"d":"$1,033,815,122"},{"v":0,"d":"$0"}]
[1992,{"v":5530715882,"d":"$5,530,715,882"},{"v":2064800185,"d":"$2,064,800,185"},{"v":1977764883,"d":"$1,977,764,883"},{"v":1026440146,"d":"$1,026,440,146"},{"v":461710668,"d":"461,710,668 "},{"v":2252872643.491433,"d":"$2,252,872,643"},{"v":2157909725.3755503,"d":"$2,157,909,725"},{"v":1119933513.1330166,"d":"$1,119,933,513"},{"v":0,"d":"$0"}]
[1993,{"v":5668394125,"d":"$5,668,394,125"},{"v":2003789833,"d":"$2,003,789,833"},{"v":2129219759,"d":"$2,129,219,759"},{"v":1125064167,"d":"$1,125,064,167"},{"v":410320366,"d":"410,320,366 "},{"v":2160158080.2609525,"d":"$2,160,158,080"},{"v":2295376087.505644,"d":"$2,295,376,088"},{"v":1212859957.233403,"d":"$1,212,859,957"},{"v":0,"d":"$0"}]
[1994,{"v":5980442326,"d":"$5,980,442,326"},{"v":2077368287,"d":"$2,077,368,287"},{"v":2311287213,"d":"$2,311,287,213"},{"v":1214943228,"d":"$1,214,943,228"},{"v":376843598,"d":"376,843,598 "},{"v":2217071891.3520527,"d":"$2,217,071,891"},{"v":2466721931.22958,"d":"$2,466,721,931"},{"v":1296648503.4183676,"d":"$1,296,648,503"},{"v":0,"d":"$0"}]
[1995,{"v":6160417254,"d":"$6,160,417,254"},{"v":2069452581,"d":"$2,069,452,581"},{"v":2449592174,"d":"$2,449,592,174"},{"v":1261164948,"d":"$1,261,164,948"},{"v":380207551,"d":"380,207,551 "},{"v":2205575929.1415505,"d":"$2,205,575,929"},{"v":2610720141.5444856,"d":"$2,610,720,142"},{"v":1344121183.3139632,"d":"$1,344,121,183"},{"v":0,"d":"$0"}]
[1996,{"v":6547857047,"d":"$6,547,857,047"},{"v":2095456405,"d":"$2,095,456,405"},{"v":2669659131,"d":"$2,669,659,131"},{"v":1382409195,"d":"$1,382,409,195"},{"v":400332316,"d":"400,332,316 "},{"v":2231914402.7141833,"d":"$2,231,914,403"},{"v":2843509724.4680357,"d":"$2,843,509,724"},{"v":1472432919.8177807,"d":"$1,472,432,920"},{"v":0,"d":"$0"}]
[1997,{"v":7055224731,"d":"$7,055,224,731"},{"v":2195984046,"d":"$2,195,984,046"},{"v":2881930879,"d":"$2,881,930,879"},{"v":1546518292,"d":"$1,546,518,292"},{"v":430791514,"d":"430,791,514 "},{"v":2338790420.659869,"d":"$2,338,790,421"},{"v":3069344854.7982197,"d":"$3,069,344,855"},{"v":1647089455.541911,"d":"$1,647,089,456"},{"v":0,"d":"$0"}]
[1998,{"v":7676322279,"d":"$7,676,322,279"},{"v":2251021046,"d":"$2,251,021,046"},{"v":3122778501,"d":"$3,122,778,501"},{"v":1830129185,"d":"$1,830,129,185"},{"v":472393547,"d":"472,393,547 "},{"v":2398630476.333214,"d":"$2,398,630,476"},{"v":3327552932.766649,"d":"$3,327,552,933"},{"v":1950138869.900138,"d":"$1,950,138,870"},{"v":0,"d":"$0"}]
[1999,{"v":8636039089,"d":"$8,636,039,089"},{"v":2452544912,"d":"$2,452,544,912"},{"v":3521318797,"d":"$3,521,318,797"},{"v":2106875584,"d":"$2,106,875,584"},{"v":555299796,"d":"555,299,796 "},{"v":2621081185.7162175,"d":"$2,621,081,186"},{"v":3763300073.5546017,"d":"$3,763,300,074"},{"v":2251657829.7291822,"d":"$2,251,657,830"},{"v":0,"d":"$0"}]
[2000,{"v":9964840246,"d":"$9,964,840,246"},{"v":2693572115,"d":"$2,693,572,115"},{"v":4063081549,"d":"$4,063,081,549"},{"v":2506688842,"d":"$2,506,688,842"},{"v":701497740,"d":"701,497,740 "},{"v":2897551914.945391,"d":"$2,897,551,915"},{"v":4370772052.963667,"d":"$4,370,772,053"},{"v":2696516278.0909414,"d":"$2,696,516,278"},{"v":0,"d":"$0"}]
[2001,{"v":11325487652,"d":"$11,325,487,652"},{"v":3000066033,"d":"$3,000,066,033"},{"v":4554073010,"d":"$4,554,073,010"},{"v":2975939891,"d":"$2,975,939,891"},{"v":795408718,"d":"795,408,718 "},{"v":3226681492.5972633,"d":"$3,226,681,493"},{"v":4898073220.944904,"d":"$4,898,073,221"},{"v":3200732938.457831,"d":"$3,200,732,938"},{"v":0,"d":"$0"}]
[2002,{"v":12639277367,"d":"$12,639,277,367"},{"v":3215886410,"d":"$3,215,886,410"},{"v":5103734454,"d":"$5,103,734,454"},{"v":3418084273,"d":"$3,418,084,273"},{"v":901572230,"d":"901,572,230 "},{"v":3462898398.139909,"d":"$3,462,898,398"},{"v":5495751905.393967,"d":"$5,495,751,905"},{"v":3680627063.4661236,"d":"$3,680,627,063"},{"v":0,"d":"$0"}]
[2003,{"v":13798149621,"d":"$13,798,149,621"},{"v":3393691199,"d":"$3,393,691,199"},{"v":5383889956,"d":"$5,383,889,956"},{"v":4019773921,"d":"$4,019,773,921"},{"v":1000794545,"d":"1,000,794,545 "},{"v":3659088823.68131,"d":"$3,659,088,824"},{"v":5804927558.44568,"d":"$5,804,927,558"},{"v":4334133238.87301,"d":"$4,334,133,239"},{"v":0,"d":"$0"}]
[2004,{"v":14689071756,"d":"$14,689,071,756"},{"v":3476573458,"d":"$3,476,573,458"},{"v":5718958378,"d":"$5,718,958,378"},{"v":4407843805,"d":"$4,407,843,805"},{"v":1085696115,"d":"1,085,696,115 "},{"v":3754041521.550824,"d":"$3,754,041,522"},{"v":6175392946.64688,"d":"$6,175,392,947"},{"v":4759637287.802298,"d":"$4,759,637,288"},{"v":0,"d":"$0"}]
[2005,{"v":15054794663,"d":"$15,054,794,663"},{"v":3418560546,"d":"$3,418,560,546"},{"v":5788894520,"d":"$5,788,894,520"},{"v":4739754768,"d":"$4,739,754,768"},{"v":1107584829,"d":"1,107,584,829 "},{"v":3690037482.450568,"d":"$3,690,037,482"},{"v":6248605947.830034,"d":"$6,248,605,948"},{"v":5116151232.719398,"d":"$5,116,151,233"},{"v":0,"d":"$0"}]
[2006,{"v":14876819680,"d":"$14,876,819,680"},{"v":3240515806,"d":"$3,240,515,806"},{"v":5623133321,"d":"$5,623,133,321"},{"v":4862954257,"d":"$4,862,954,257"},{"v":1150216297,"d":"1,150,216,297 "},{"v":3512053781.327781,"d":"$3,512,053,781"},{"v":6094321961.448965,"d":"$6,094,321,961"},{"v":5270443938.307049,"d":"$5,270,443,938"},{"v":1.0837955474853516,"d":"$1"}]
[2007,{"v":15045748955,"d":"$15,045,748,955"},{"v":3294649247,"d":"$3,294,649,247"},{"v":5490173921,"d":"$5,490,173,921"},{"v":5088742484,"d":"$5,088,742,484"},{"v":1172183305,"d":"1,172,183,305 "},{"v":3573015525.762967,"d":"$3,573,015,526"},{"v":5954040988.349236,"d":"$5,954,040,988"},{"v":5518692443.056779,"d":"$5,518,692,443"},{"v":2.1689796447753906,"d":"$2"}]
[2008,{"v":15013059400,"d":"$15,013,059,400"},{"v":3291986894,"d":"$3,291,986,894"},{"v":5341137801,"d":"$5,341,137,801"},{"v":5180505699,"d":"$5,180,505,699"},{"v":1199429006,"d":"1,199,429,006 "},{"v":3577828085.3026495,"d":"$3,577,828,085"},{"v":5804905501.513042,"d":"$5,804,905,502"},{"v":5630325813.184307,"d":"$5,630,325,813"},{"v":0,"d":"$0"}]
[2009,{"v":15422090130,"d":"$15,422,090,130"},{"v":3329158423,"d":"$3,329,158,423"},{"v":5332738173,"d":"$5,332,738,173"},{"v":5510889364,"d":"$5,510,889,364"},{"v":1249304170,"d":"1,249,304,170 "},{"v":3622617416.3258634,"d":"$3,622,617,416"},{"v":5802808916.737323,"d":"$5,802,808,917"},{"v":5996663796.936815,"d":"$5,996,663,797"},{"v":0,"d":"$0"}]
[2010,{"v":15856029505,"d":"$15,856,029,505"},{"v":3497162417,"d":"$3,497,162,417"},{"v":5303352467,"d":"$5,303,352,467"},{"v":5788613541,"d":"$5,788,613,541"},{"v":1266901081,"d":"1,266,901,081 "},{"v":3800851487.2285776,"d":"$3,800,851,487"},{"v":5763888749.778445,"d":"$5,763,888,750"},{"v":6291289269.079817,"d":"$6,291,289,269"},{"v":1.0868396759033203,"d":"$1"}]
[2011,{"v":15810227487,"d":"$15,810,227,487"},{"v":3558869136,"d":"$3,558,869,136"},{"v":5088964839,"d":"$5,088,964,839"},{"v":5929630073,"d":"$5,929,630,073"},{"v":1232763439,"d":"1,232,763,439 "},{"v":3859829834.0061965,"d":"$3,859,829,834"},{"v":5519320199.52215,"d":"$5,519,320,200"},{"v":6431077453.471653,"d":"$6,431,077,453"},{"v":0,"d":"$0"}]
[2012,{"v":15913595911,"d":"$15,913,595,911"},{"v":3590025386,"d":"$3,590,025,386"},{"v":4984571967,"d":"$4,984,571,967"},{"v":6091036530,"d":"$6,091,036,530"},{"v":1247962029,"d":"1,247,962,029 "},{"v":3895516127.206413,"d":"$3,895,516,127"},{"v":5408730690.426792,"d":"$5,408,730,690"},{"v":6609349094.451888,"d":"$6,609,349,094"},{"v":1.0850944519042969,"d":"$1"}]
[2013,{"v":14914798708,"d":"$14,914,798,708"},{"v":3354615338,"d":"$3,354,615,338"},{"v":4565905726,"d":"$4,565,905,726"},{"v":5803871630,"d":"$5,803,871,630"},{"v":1190406014,"d":"1,190,406,014 "},{"v":3645582986.773096,"d":"$3,645,582,987"},{"v":4961936483.555022,"d":"$4,961,936,484"},{"v":6307279237.671881,"d":"$6,307,279,238"},{"v":0,"d":"$0"}]
[2014,{"v":15619082777,"d":"$15,619,082,777"},{"v":3544896059,"d":"$3,544,896,059"},{"v":4639166256,"d":"$4,639,166,256"},{"v":6246281054,"d":"$6,246,281,054"},{"v":1188739407,"d":"1,188,739,407 "},{"v":3836916666.6185904,"d":"$3,836,916,667"},{"v":5021330394.630046,"d":"$5,021,330,395"},{"v":6760835714.668985,"d":"$6,760,835,715"},{"v":-1.0823783874511719,"d":"($1)"}]

{"sheet":"CongressionalAppropriation","index":22,"n_rows":204,"n_cols":17,"rows_kept":204,"merged":[[38,1,38,15],[122,1,122,16],[123,1,123,16]]}
["http://www.nih.gov/about/almanac/appropriations/index.htm"]
{"$rows_empty":28}
["https://www.nih.gov/about-nih/what-we-do/nih-almanac/appropriations-section-1"]
{"$rows_empty":8}
[null,"Amounts in thousands of dollars"]
[null,"FY","NCI11","NHLBI","NIDCR","NIDDK1","NINDS2","NIAID12","NIGMS","NICHD3","NEI","NIEHS4","NIA","NIAMS","NIDCD","NIMH5"]
[null,1938,400]
[null,1939,400]
[null,1940,570]
[null,1941,570]
[null,1942,565]
[null,1943,535]
[null,1944,530]
[null,1945,561]
[null,1946,549]
[null,1947,{"v":1821,"d":"1,821"}]
[null,1948,{"v":14500,"d":"14,500"}]
[null,1949,{"v":14000,"d":"14,000"}]
[null,1950,{"v":18900,"d":"18,900"},{"v":10725,"d":"10,725"},{"v":1780,"d":"1,780"},{"$nulls":10},{"v":9234,"d":"9,234"}]
[null,1951,{"v":20086,"d":"20,086"},{"v":14200,"d":"14,200"},{"v":1955,"d":"1,955"},{"$nulls":10},{"v":14200,"d":"14,200"}]
[null,1952,{"v":19657,"d":"19,657"},{"v":10083,"d":"10,083"},{"v":1618,"d":"1,618"},{"$nulls":10},{"v":9813,"d":"9,813"}]
[null,1953,{"v":17887,"d":"17,887"},{"v":12000,"d":"12,000"},{"v":1650,"d":"1,650"},{"$nulls":10},{"v":10474,"d":"10,474"}]
[null,1954,{"v":20237,"d":"20,237"},{"v":15168,"d":"15,168"},{"v":1740,"d":"1,740"},{"v":7000,"d":"7,000"},{"v":4500,"d":"4,500"},{"v":5738,"d":"5,738"},{"$nulls":7},{"v":11741,"d":"11,741"}]
[null,1955,{"v":21737,"d":"21,737"},{"v":16668,"d":"16,668"},{"v":1990,"d":"1,990"},{"v":8270,"d":"8,270"},7601,{"v":6180,"d":"6,180"},{"$nulls":7},{"v":14030,"d":"14,030"}]
[null,1956,{"v":24978,"d":"24,978"},{"v":18898,"d":"18,898"},{"v":2176,"d":"2,176"},{"v":10840,"d":"10,840"},{"v":9861,"d":"9,861"},{"v":7775,"d":"7,775"},{"$nulls":7},{"v":18052,"d":"18,052"}]
[null,1957,{"v":48432,"d":"48,432"},{"v":33396,"d":"33,396"},{"v":6026,"d":"6,026"},{"v":15885,"d":"15,885"},{"v":18650,"d":"18,650"},{"v":13299,"d":"13,299"},{"$nulls":7},{"v":30006,"d":"30,006"}]
[null,1958,{"v":56402,"d":"56,402"},{"v":35936,"d":"35,936"},{"v":6430,"d":"6,430"},{"v":20385,"d":"20,385"},{"v":21387,"d":"21,387"},{"v":17400,"d":"17,400"},{"$nulls":7},{"v":38457,"d":"38,457"}]
[null,1959,{"v":75268,"d":"75,268"},{"v":45613,"d":"45,613"},{"v":7420,"d":"7,420"},{"v":31215,"d":"31,215"},{"v":29403,"d":"29,403"},{"v":24071,"d":"24,071"},{"$nulls":7},{"v":49853,"d":"49,853"}]
[null,1960,{"v":91257,"d":"91,257"},{"v":62237,"d":"62,237"},{"v":10019,"d":"10,019"},{"v":46862,"d":"46,862"},{"v":41487,"d":"41,487"},{"v":34054,"d":"34,054"},{"$nulls":7},{"v":67470,"d":"67,470"}]
[null,1961,{"v":111000,"d":"111,000"},{"v":86900,"d":"86,900"},{"v":15500,"d":"15,500"},{"v":61200,"d":"61,200"},{"v":56600,"d":"56,600"},{"v":44000,"d":"44,000"},{"$nulls":7},{"v":91923,"d":"91,923"}]
[null,1962,{"v":142836,"d":"142,836"},{"v":132912,"d":"132,912"},{"v":17340,"d":"17,340"},{"v":81831,"d":"81,831"},{"v":70812,"d":"70,812"},{"v":56091,"d":"56,091"},null,{"v":3036,"d":"3,036"},{"$nulls":5},{"v":107711,"d":"107,711"}]
[null,1963,{"v":155742,"d":"155,742"},{"v":147398,"d":"147,398"},{"v":21199,"d":"21,199"},{"v":103388,"d":"103,388"},{"v":83506,"d":"83,506"},{"v":66142,"d":"66,142"},null,{"v":3523,"d":"3,523"},{"$nulls":5},{"v":139517,"d":"139,517"}]
[null,1964,{"v":144340,"d":"144,340"},{"v":132404,"d":"132,404"},{"v":19689,"d":"19,689"},{"v":113679,"d":"113,679"},{"v":87675,"d":"87,675"},{"v":68723,"d":"68,723"},null,{"v":-34000,"d":"-34,000"},{"$nulls":5},{"v":170990,"d":"170,990"}]
[null,1965,{"v":150011,"d":"150,011"},{"v":124824,"d":"124,824"},{"v":20083,"d":"20,083"},{"v":113050,"d":"113,050"},{"v":87821,"d":"87,821"},{"v":69847,"d":"69,847"},null,{"v":42696,"d":"42,696"},{"$nulls":5},{"v":186068,"d":"186,068"}]
[null,1966,{"v":163768,"d":"163,768"},{"v":141462,"d":"141,462"},{"v":23677,"d":"23,677"},{"v":123203,"d":"123,203"},{"v":101153,"d":"101,153"},{"v":77987,"d":"77,987"},{"v":127188,"d":"127,188"},{"v":55024,"d":"55,024"},{"$nulls":5},{"v":226588,"d":"226,588"}]
[null,1967,{"v":175656,"d":"175,656"},{"v":164770,"d":"164,770"},{"v":28308,"d":"28,308"},{"v":135687,"d":"135,687"},{"v":116296,"d":"116,296"},{"v":90670,"d":"90,670"},{"v":145113,"d":"145,113"},{"v":64922,"d":"64,922"},null,{"v":24298,"d":"24,298"}]
[null,1968,{"v":183356,"d":"183,356"},{"v":167954,"d":"167,954"},{"v":30307,"d":"30,307"},{"v":143954,"d":"143,954"},{"v":128633,"d":"128,633"},{"v":94422,"d":"94,422"},{"v":160284,"d":"160,284"},{"v":68621,"d":"68,621"},null,{"v":17289,"d":"17,289"}]
[null,1969,{"v":185150,"d":"185,150"},{"v":166928,"d":"166,928"},{"v":29984,"d":"29,984"},{"v":143888,"d":"143,888"},{"v":128935,"d":"128,935"},{"v":96841,"d":"96,841"},{"v":163514,"d":"163,514"},{"v":73127,"d":"73,127"},null,{"v":17820,"d":"17,820"}]
[null,1970,{"v":181454,"d":"181,454"},{"v":160634,"d":"160,634"},{"v":28754,"d":"28,754"},{"v":131761,"d":"131,761"},{"v":97315,"d":"97,315"},{"v":97342,"d":"97,342"},{"v":148294,"d":"148,294"},{"v":76095,"d":"76,095"},{"v":22828,"d":"22,828"},{"v":17423,"d":"17,423"}]
[null,1971,{"v":233160,"d":"233,160"},{"v":194925,"d":"194,925"},{"v":35440,"d":"35,440"},{"v":137986,"d":"137,986"},{"v":103502,"d":"103,502"},{"v":102368,"d":"102,368"},{"v":160194,"d":"160,194"},{"v":94760,"d":"94,760"},{"v":30032,"d":"30,032"},{"v":20151,"d":"20,151"}]
[null,1972,{"v":378794,"d":"378,794"},{"v":232627,"d":"232,627"},{"v":43388,"d":"43,388"},{"v":153337,"d":"153,337"},{"v":116732,"d":"116,732"},{"v":109117,"d":"109,117"},{"v":173474,"d":"173,474"},{"v":116427,"d":"116,427"},{"v":37132,"d":"37,132"},{"v":26436,"d":"26,436"}]
[null,1973,{"v":492205,"d":"492,205"},{"v":300000,"d":"300,000"},{"v":46991,"d":"46,991"},{"v":167316,"d":"167,316"},{"v":130672,"d":"130,672"},{"v":113414,"d":"113,414"},{"v":183171,"d":"183,171"},{"v":130429,"d":"130,429"},{"v":38562,"d":"38,562"},{"v":30956,"d":"30,956"}]
[null,1974,{"v":527486,"d":"527,486"},{"v":289550,"d":"289,550"},{"v":43959,"d":"43,959"},{"v":153561,"d":"153,561"},{"v":121358,"d":"121,358"},{"v":111089,"d":"111,089"},{"v":168329,"d":"168,329"},{"v":125455,"d":"125,455"},{"v":41177,"d":"41,177"},{"v":28397,"d":"28,397"}]
[null,1975,{"v":691666,"d":"691,666"},{"v":324630,"d":"324,630"},{"v":50033,"d":"50,033"},{"v":173514,"d":"173,514"},{"v":142498,"d":"142,498"},{"v":119452,"d":"119,452"},{"v":187400,"d":"187,400"},{"v":142435,"d":"142,435"},{"v":44133,"d":"44,133"},{"v":35171,"d":"35,171"}]
[null,1976,{"v":761727,"d":"761,727"},{"v":370013,"d":"370,013"},{"v":51291,"d":"51,291"},{"v":179516,"d":"179,516"},{"v":144446,"d":"144,446"},{"v":126852,"d":"126,852"},{"v":187312,"d":"187,312"},{"v":136404,"d":"136,404"},{"v":50212,"d":"50,212"},{"v":37660,"d":"37,660"},{"v":19288,"d":"19,288"}]
[null,1976,{"v":152901,"d":"152,901"},{"v":58763,"d":"58,763"},{"v":7854,"d":"7,854"},{"v":43719,"d":"43,719"},{"v":34272,"d":"34,272"},{"v":27638,"d":"27,638"},{"v":34078,"d":"34,078"},{"v":24201,"d":"24,201"},{"v":4038,"d":"4,038"},{"v":9519,"d":"9,519"},{"v":8743,"d":"8,743"}]
[null,1977,{"v":815000,"d":"815,000"},{"v":396661,"d":"396,661"},{"v":55573,"d":"55,573"},{"v":219600,"d":"219,600"},{"v":155500,"d":"155,500"},{"v":141000,"d":"141,000"},{"v":205000,"d":"205,000"},{"v":145543,"d":"145,543"},{"v":64000,"d":"64,000"},{"v":51141,"d":"51,141"},{"v":30000,"d":"30,000"}]
[null,1978,{"v":872388,"d":"872,388"},{"v":447909,"d":"447,909"},{"v":61728,"d":"61,728"},{"v":260253,"d":"260,253"},{"v":178438,"d":"178,438"},{"v":162341,"d":"162,341"},{"v":230796,"d":"230,796"},{"v":166390,"d":"166,390"},{"v":85400,"d":"85,400"},{"v":64241,"d":"64,241"},{"v":37305,"d":"37,305"}]
[null,1979,{"v":937129,"d":"937,129"},{"v":510526,"d":"510,526"},{"v":65213,"d":"65,213"},{"v":302767,"d":"302,767"},{"v":212365,"d":"212,365"},{"v":191328,"d":"191,328"},{"v":277628,"d":"277,628"},{"v":197630,"d":"197,630"},{"v":105192,"d":"105,192"},{"v":78080,"d":"78,080"},{"v":56911,"d":"56,911"}]
[null,1980,{"v":999869,"d":"999,869"},{"v":527488,"d":"527,488"},{"v":68303,"d":"68,303"},{"v":341206,"d":"341,206"},{"v":241966,"d":"241,966"},{"v":215364,"d":"215,364"},{"v":312468,"d":"312,468"},{"v":208953,"d":"208,953"},{"v":112989,"d":"112,989"},{"v":83893,"d":"83,893"},{"v":69988,"d":"69,988"}]
[null,1981,{"v":989355,"d":"989,355"},{"v":549693,"d":"549,693"},{"v":71114,"d":"71,114"},{"v":369462,"d":"369,462"},{"v":252533,"d":"252,533"},{"v":232077,"d":"232,077"},{"v":333764,"d":"333,764"},{"v":220628,"d":"220,628"},{"v":117983,"d":"117,983"},{"v":93491,"d":"93,491"},{"v":75608,"d":"75,608"}]
[null,1982,{"v":986617,"d":"986,617"},{"v":559637,"d":"559,637"},{"v":71983,"d":"71,983"},{"v":368191,"d":"368,191"},{"v":265901,"d":"265,901"},{"v":235895,"d":"235,895"},{"v":339862,"d":"339,862"},{"v":226309,"d":"226,309"},{"v":127374,"d":"127,374"},{"v":106270,"d":"106,270"},{"v":81903,"d":"81,903"}]
[null,1983,{"v":987642,"d":"987,642"},{"v":624259,"d":"624,259"},{"v":79292,"d":"79,292"},{"v":413492,"d":"413,492"},{"v":297064,"d":"297,064"},{"v":279129,"d":"279,129"},{"v":369813,"d":"369,813"},{"v":254324,"d":"254,324"},{"v":141901,"d":"141,901"},{"v":164867,"d":"164,867"},{"v":93996,"d":"93,996"}]
[null,1984,{"v":1081581,"d":"1,081,581"},{"v":704939,"d":"704,939"},{"v":88674,"d":"88,674"},{"v":464026,"d":"464,026"},{"v":335883,"d":"335,883"},{"v":319596,"d":"319,596"},{"v":415937,"d":"415,937"},{"v":276046,"d":"276,046"},{"v":155131,"d":"155,131"},{"v":180597,"d":"180,597"},{"v":115292,"d":"115,292"}]
[null,1985,{"v":1183806,"d":"1,183,806"},{"v":805269,"d":"805,269"},{"v":100688,"d":"100,688"},{"v":543576,"d":"543,576"},{"v":396885,"d":"396,885"},{"v":370965,"d":"370,965"},{"v":482260,"d":"482,260"},{"v":313295,"d":"313,295"},{"v":181678,"d":"181,678"},{"v":194819,"d":"194,819"},{"v":144521,"d":"144,521"}]
[null,1986,{"v":1203369,"d":"1,203,369"},{"v":822292,"d":"822,292"},{"v":98841,"d":"98,841"},{"v":544858,"d":"544,858"},{"v":414727,"d":"414,727"},{"v":366964,"d":"366,964"},{"v":492630,"d":"492,630"},{"v":307958,"d":"307,958"},{"v":186705,"d":"186,705"},{"v":188986,"d":"188,986"},{"v":149762,"d":"149,762"}]
[null,1987,{"v":1402837,"d":"1,402,837"},{"v":930001,"d":"930,001"},{"v":117945,"d":"117,945"},{"v":511124,"d":"511,124"},{"v":490233,"d":"490,233"},{"v":545523,"d":"545,523"},{"v":570916,"d":"570,916"},{"v":366780,"d":"366,780"},{"v":216637,"d":"216,637"},{"v":209294,"d":"209,294"},{"v":177681,"d":"177,681"},{"v":138713,"d":"138,713"}]
[null,1988,{"v":1469327,"d":"1,469,327"},{"v":965536,"d":"965,536"},{"v":126297,"d":"126,297"},{"v":534733,"d":"534,733"},{"v":534692,"d":"534,692"},{"v":638800,"d":"638,800"},{"v":632676,"d":"632,676"},{"v":396811,"d":"396,811"},{"v":224947,"d":"224,947"},{"v":215666,"d":"215,666"},{"v":194746,"d":"194,746"},{"v":147679,"d":"147,679"}]
[null,1989,{"v":1570349,"d":"1,570,349"},{"v":1045509,"d":"1,045,509"},{"v":130709,"d":"130,709"},{"v":559494,"d":"559,494"},{"v":472292,"d":"472,292"},{"v":740257,"d":"740,257"},{"v":682213,"d":"682,213"},{"v":425375,"d":"425,375"},{"v":231170,"d":"231,170"},{"v":223403,"d":"223,403"},{"v":222639,"d":"222,639"},{"v":159891,"d":"159,891"},{"v":94166,"d":"94,166"}]
[null,1990,{"v":1634332,"d":"1,634,332"},{"v":1072354,"d":"1,072,354"},{"v":135749,"d":"135,749"},{"v":581477,"d":"581,477"},{"v":490409,"d":"490,409"},{"v":832977,"d":"832,977"},{"v":681782,"d":"681,782"},{"v":442914,"d":"442,914"},{"v":236533,"d":"236,533"},{"v":229234,"d":"229,234"},{"v":239455,"d":"239,455"},{"v":168930,"d":"168,930"},{"v":117583,"d":"117,583"}]
[null,1991,{"v":1714784,"d":"1,714,784"},{"v":1126942,"d":"1,126,942"},{"v":148918,"d":"148,918"},{"v":615272,"d":"615,272"},{"v":541743,"d":"541,743"},{"v":906251,"d":"906,251"},{"v":760010,"d":"760,010"},{"v":478956,"d":"478,956"},{"v":253241,"d":"253,241"},{"v":241028,"d":"241,028"},{"v":323752,"d":"323,752"},{"v":193247,"d":"193,247"},{"v":134935,"d":"134,935"}]
[null,1992,{"v":1962587,"d":"1,962,587"},{"v":1188593,"d":"1,188,593"},{"v":158417,"d":"158,417"},{"v":658925,"d":"658,925"},{"v":577938,"d":"577,938"},{"v":959082,"d":"959,082"},{"v":816844,"d":"816,844"},{"v":518251,"d":"518,251"},{"v":268978,"d":"268,978"},{"v":248575,"d":"248,575"},{"v":383382,"d":"383,382"},{"v":203047,"d":"203,047"},{"v":148789,"d":"148,789"}]
[null,1993,{"v":1981351,"d":"1,981,351"},{"v":1214793,"d":"1,214,793"},{"v":161301,"d":"161,301"},{"v":681342,"d":"681,342"},{"v":600078,"d":"600,078"},{"v":979471,"d":"979,471"},{"v":832581,"d":"832,581"},{"v":527788,"d":"527,788"},{"v":276188,"d":"276,188"},{"v":251187,"d":"251,187"},{"v":399924,"d":"399,924"},{"v":212456,"d":"212,456"},{"v":154814,"d":"154,814"},{"v":583651,"d":"583,651"}]
[null,1994,{"v":2082267,"d":"2,082,267"},{"v":1277880,"d":"1,277,880"},{"v":169520,"d":"169,520"},{"v":716054,"d":"716,054"},{"v":630650,"d":"630,650"},{"v":1065593,"d":"1,065,593"},{"v":875511,"d":"875,511"},{"v":555195,"d":"555,195"},{"v":290260,"d":"290,260"},{"v":264249,"d":"264,249"},{"v":420303,"d":"420,303"},{"v":223280,"d":"223,280"},{"v":162823,"d":"162,823"},{"v":613444,"d":"613,444"}]
[null,1995,{"v":1913819,"d":"1,913,819"},{"v":1257374,"d":"1,257,374"},{"v":162430,"d":"162,430"},{"v":726949,"d":"726,949"},{"v":627045,"d":"627,045"},{"v":535199,"d":"535,199"},876778,{"v":512165,"d":"512,165"},{"v":291095,"d":"291,095"},{"v":266566,"d":"266,566"},{"v":431991,"d":"431,991"},{"v":228176,"d":"228,176"},{"v":166660,"d":"166,660"},{"v":542200,"d":"542,200"}]
[null,1996,{"v":2248000,"d":"2,248,000"},{"v":1354946,"d":"1,354,946"},{"v":182923,"d":"182,923"},{"v":770582,"d":"770,582"},{"v":680902,"d":"680,902"},{"v":1168483,"d":"1,168,483"},{"v":946896,"d":"946,896"},{"v":594547,"d":"594,547"},{"v":313933,"d":"313,933"},{"v":288378,"d":"288,378"},{"v":453541,"d":"453,541"},{"v":241655,"d":"241,655"},{"v":176383,"d":"176,383"},{"v":660549,"d":"660,549"}]
[null,1997,{"v":2381149,"d":"2,381,149"},{"v":1432529,"d":"1,432,529"},{"v":195825,"d":"195,825"},{"v":815607,"d":"815,607"},{"v":726407,"d":"726,407"},{"v":1256659,"d":"1,256,659"},{"v":998387,"d":"998,387"},{"v":631365,"d":"631,365"},{"v":332597,"d":"332,597"},{"v":308487,"d":"308,487"},{"v":485806,"d":"485,806"},{"v":257003,"d":"257,003"},{"v":188345,"d":"188,345"},{"v":701107,"d":"701,107"}]
[null,1998,{"v":2547314,"d":"2,547,314"},{"v":1531061,"d":"1,531,061"},{"v":209415,"d":"209,415"},{"v":900860,"d":"900,860"},{"v":780713,"d":"780,713"},{"v":1351655,"d":"1,351,655"},{"v":1065947,"d":"1,065,947"},{"v":674766,"d":"674,766"},{"v":355691,"d":"355,691"},{"v":330108,"d":"330,108"},{"v":519279,"d":"519,279"},{"v":274760,"d":"274,760"},{"v":200695,"d":"200,695"},{"v":750241,"d":"750,241"}]
[null,1999,{"v":2925247,"d":"2,925,247"},{"v":1792509,"d":"1,792,509"},{"v":234183,"d":"234,183"},{"v":1020559,"d":"1,020,559"},{"v":902680,"d":"902,680"},{"v":1569063,"d":"1,569,063"},{"v":1197026,"d":"1,197,026"},{"v":750485,"d":"750,485"},{"v":395595,"d":"395,595"},{"v":375494,"d":"375,494"},{"v":596126,"d":"596,126"},{"v":307960,"d":"307,960"},{"v":229735,"d":"229,735"},{"v":860638,"d":"860,638"}]
[null,2000,{"v":3314554,"d":"3,314,554"},{"v":2029424,"d":"2,029,424"},{"v":268811,"d":"268,811"},{"v":1168476,"d":"1,168,476"},{"v":1029376,"d":"1,029,376"},{"v":1798038,"d":"1,798,038"},{"v":1354420,"d":"1,354,420"},{"v":858291,"d":"858,291"},{"v":450300,"d":"450,300"},{"v":442449,"d":"442,449"},{"v":686479,"d":"686,479"},{"v":349968,"d":"349,968"},{"v":263771,"d":"263,771"},{"v":973146,"d":"973,146"}]
[null,2001,{"v":3754456,"d":"3,754,456"},{"v":2298512,"d":"2,298,512"},{"v":306211,"d":"306,211"},{"v":1399684,"d":"1,399,684"},{"v":1175854,"d":"1,175,854"},{"v":2042124,"d":"2,042,124"},{"v":1535378,"d":"1,535,378"},{"v":975766,"d":"975,766"},{"v":510352,"d":"510,352"},{"v":564810,"d":"564,810"},{"v":785590,"d":"785,590"},{"v":396460,"d":"396,460"},{"v":300418,"d":"300,418"},{"v":1106305,"d":"1,106,305"}]
[null,2002,{"v":4181233,"d":"4,181,233"},{"v":2572667,"d":"2,572,667"},{"v":342664,"d":"342,664"},{"v":1562144,"d":"1,562,144"},{"v":1326666,"d":"1,326,666"},{"v":2367313,"d":"2,367,313"},{"v":1724799,"d":"1,724,799"},{"v":1111674,"d":"1,111,674"},{"v":580713,"d":"580,713"},{"v":645422,"d":"645,422"},{"v":892267,"d":"892,267"},{"v":448248,"d":"448,248"},{"v":341675,"d":"341,675"},{"v":1246640,"d":"1,246,640"}]
[null,2003,{"v":4592348,"d":"4,592,348"},{"v":2793733,"d":"2,793,733"},{"v":371636,"d":"371,636"},{"v":1722730,"d":"1,722,730"},{"v":1456476,"d":"1,456,476"},{"v":3706722,"d":"3,706,722"},{"v":1847000,"d":"1,847,000"},{"v":1205927,"d":"1,205,927"},{"v":633148,"d":"633,148"},{"v":697767,"d":"697,767"},{"v":993598,"d":"993,598"},{"v":486143,"d":"486,143"},{"v":370382,"d":"370,382"},{"v":1341014,"d":"1,341,014"}]
[null,2004,{"v":4739255,"d":"4,739,255"},{"v":2878691,"d":"2,878,691"},{"v":383282,"d":"383,282"},{"v":1821803,"d":"1,821,803"},{"v":1501207,"d":"1,501,207"},{"v":4304562,"d":"4,304,562"},{"v":1904838,"d":"1,904,838"},{"v":1242361,"d":"1,242,361"},{"v":653052,"d":"653,052"},{"v":710701,"d":"710,701"},{"v":1024754,"d":"1,024,754"},{"v":501066,"d":"501,066"},{"v":382053,"d":"382,053"},{"v":1381774,"d":"1,381,774"}]
[null,2005,{"v":4825258,"d":"4,825,258"},{"v":2941201,"d":"2,941,201"},{"v":391829,"d":"391,829"},{"v":1863584,"d":"1,863,584"},{"v":1539448,"d":"1,539,448"},{"v":4402841,"d":"4,402,841"},{"v":1944067,"d":"1,944,067"},{"v":1270321,"d":"1,270,321"},{"v":669070,"d":"669,070"},{"v":724347,"d":"724,347"},{"v":1051990,"d":"1,051,990"},{"v":511157,"d":"511,157"},{"v":394260,"d":"394,260"},{"v":1411933,"d":"1,411,933"}]
[null,2006,{"v":4793356,"d":"4,793,356"},{"v":2921757,"d":"2,921,757"},{"v":389336,"d":"389,336"},{"v":1854925,"d":"1,854,925"},{"v":1534757,"d":"1,534,757"},{"v":4414801,"d":"4,414,801"},{"v":1935618,"d":"1,935,618"},{"v":1264769,"d":"1,264,769"},{"v":666756,"d":"666,756"},{"v":720240,"d":"720,240"},{"v":1046631,"d":"1,046,631"},{"v":507932,"d":"507,932"},{"v":393458,"d":"393,458"},{"v":1403515,"d":"1,403,515"}]
[null,2007,{"v":4797639,"d":"4,797,639"},{"v":2922929,"d":"2,922,929"},{"v":389703,"d":"389,703"},{"v":1855868,"d":"1,855,868"},{"v":1535545,"d":"1,535,545"},{"v":4417208,"d":"4,417,208"},{"v":1935808,"d":"1,935,808"},{"v":1254707,"d":"1,254,707"},{"v":667116,"d":"667,116"},{"v":721119,"d":"721,119"},{"v":1047260,"d":"1,047,260"},{"v":508240,"d":"508,240"},{"v":393668,"d":"393,668"},{"v":1404494,"d":"1,404,494"}]
[null,2008,{"v":4830647,"d":"4,830,647"},{"v":2938470,"d":"2,938,470"},{"v":391778,"d":"391,778"},{"v":1864945,"d":"1,864,945"},{"v":1552113,"d":"1,552,113"},{"v":4583344,"d":"4,583,344"},{"v":1946104,"d":"1,946,104"},{"v":1261381,"d":"1,261,381"},{"v":670664,"d":"670,664"},{"v":723215,"d":"723,215"},{"v":1052830,"d":"1,052,830"},{"v":511291,"d":"511,291"},{"v":396234,"d":"396,234"},{"v":1412951,"d":"1,412,951"}]
[null,2009,{"v":4968973,"d":"4,968,973"},{"v":3015689,"d":"3,015,689"},{"v":402652,"d":"402,652"},{"v":1911338,"d":"1,911,338"},{"v":1593344,"d":"1,593,344"},{"v":4702572,"d":"4,702,572"},{"v":1997801,"d":"1,997,801"},{"v":1294894,"d":"1,294,894"},{"v":688480,"d":"688,480"},{"v":740894,"d":"740,894"},{"v":1080796,"d":"1,080,796"},{"v":524872,"d":"524,872"},{"v":407259,"d":"407,259"},{"v":1450491,"d":"1,450,491"}]
[null,2010,{"v":5103388,"d":"5,103,388"},{"v":3096916,"d":"3,096,916"},{"v":413236,"d":"413,236"},{"v":1958100,"d":"1,958,100"},{"v":1636371,"d":"1,636,371"},{"v":4818275,"d":"4,818,275"},{"v":2051798,"d":"2,051,798"},{"v":1329528,"d":"1,329,528"},{"v":707036,"d":"707,036"},{"v":768993,"d":"768,993"},{"v":1110229,"d":"1,110,229"},{"v":539082,"d":"539,082"},{"v":418833,"d":"418,833"},{"v":1489372,"d":"1,489,372"}]
[null,2011,{"v":5058577,"d":"5,058,577"},{"v":3069723,"d":"3,069,723"},{"v":409608,"d":"409,608"},{"v":1942224,"d":"1,942,224"},{"v":1622003,"d":"1,622,003"},{"v":4775968,"d":"4,775,968"},{"v":2033782,"d":"2,033,782"},{"v":1317854,"d":"1,317,854"},{"v":700828,"d":"700,828"},{"v":762778,"d":"762,778"},{"v":1100481,"d":"1,100,481"},{"v":534349,"d":"534,349"},{"v":415155,"d":"415,155"},{"v":1476294,"d":"1,476,294"}]
[null,2012,{"v":5072183,"d":"5,072,183"},{"v":3079021,"d":"3,079,021"},{"v":410710,"d":"410,710"},{"v":1947044,"d":"1,947,044"},{"v":1626365,"d":"1,626,365"},{"v":4490711,"d":"4,490,711"},{"v":2430036,"d":"2,430,036"},{"v":1321398,"d":"1,321,398"},{"v":702712,"d":"702,712"},{"v":764498,"d":"764,498"},{"v":1103441,"d":"1,103,441"},{"v":535786,"d":"535,786"},{"v":416273,"d":"416,273"},{"v":1480265,"d":"1,480,265"}]
[null,2013,{"v":4807450,"d":"4,807,450"},{"v":2918317,"d":"2,918,317"},{"v":389274,"d":"389,274"},{"v":1845601,"d":"1,845,601"},{"v":1541480,"d":"1,541,480"},{"v":4256327,"d":"4,256,327"},{"v":2303204,"d":"2,303,204"},{"v":1252430,"d":"1,252,430"},{"v":666036,"d":"666,036"},{"v":724597,"d":"724,597"},{"v":1045849,"d":"1,045,849"},{"v":507822,"d":"507,822"},{"v":394546,"d":"394,546"},{"v":1403005,"d":"1,403,005"}]
[null,2014,{"v":4923238,"d":"4,923,238"},{"v":2988605,"d":"2,988,605"},{"v":398650,"d":"398,650"},{"v":1883474,"d":"1,883,474"},{"v":1587982,"d":"1,587,982"},{"v":4358841,"d":"4,358,841"},{"v":2364147,"d":"2,364,147"},{"v":1282595,"d":"1,282,595"},{"v":682077,"d":"682,077"},{"v":742788,"d":"742,788"},{"v":1171038,"d":"1,171,038"},{"v":520053,"d":"520,053"},{"v":404049,"d":"404,049"},{"v":1446172,"d":"1,446,172"}]
["https://www.nih.gov/about-nih/what-we-do/nih-almanac/appropriations-section-2"]
[]
[]
[null,"Appropriations (Section 2)"]
[null,"Section 1 | Section 2"]
[null,"Amounts in thousands of dollars"]
[null,"FY","NIDA","NIAAA","NINR","NHGRI","NIBIB","NIMHD","NCRR6,7","NCCAM14","NCATS","FIC","NLM","OD8","B&F9","OAR10","Total"]
[null,1938,{"$nulls":6},64,{"$nulls":7},464]
[null,1939,{"$nulls":6},64,{"$nulls":7},464]
[null,1940,{"$nulls":6},137,{"$nulls":7},707]
[null,1941,{"$nulls":6},141,{"$nulls":7},711]
[null,1942,{"$nulls":6},135,{"$nulls":7},700]
[null,1943,{"$nulls":6},743,{"$nulls":7},{"v":1278,"d":"1,278"}]
[null,1944,{"$nulls":6},{"v":2205,"d":"2,205"},{"$nulls":7},{"v":2735,"d":"2,735"}]
[null,1945,{"$nulls":6},{"v":2274,"d":"2,274"},{"$nulls":7},{"v":2835,"d":"2,835"}]
[null,1946,{"$nulls":6},{"v":2866,"d":"2,866"},{"$nulls":7},{"v":3415,"d":"3,415"}]
[null,1947,{"$nulls":6},{"v":6254,"d":"6,254"},{"$nulls":7},{"v":8075,"d":"8,075"}]
[null,1948,{"$nulls":6},{"v":10126,"d":"10,126"},{"$nulls":7},{"v":24626,"d":"24,626"}]
[null,1949,{"$nulls":6},{"v":14540,"d":"14,540"},{"$nulls":7},{"v":28540,"d":"28,540"}]
[null,1950,{"$nulls":6},{"v":12075,"d":"12,075"},{"$nulls":7},{"v":52714,"d":"52,714"}]
[null,1951,{"$nulls":6},{"v":14314,"d":"14,314"},{"$nulls":7},{"v":64755,"d":"64,755"}]
[null,1952,{"$nulls":6},{"v":15757,"d":"15,757"},{"$nulls":7},{"v":56928,"d":"56,928"}]
[null,1953,{"$nulls":6},{"v":16599,"d":"16,599"},{"$nulls":7},{"v":58610,"d":"58,610"}]
[null,1954,{"$nulls":6},{"v":4675,"d":"4,675"},{"$nulls":7},{"v":70799,"d":"70,799"}]
[null,1955,{"$nulls":6},{"v":4675,"d":"4,675"},{"$nulls":7},{"v":81151,"d":"81,151"}]
[null,1956,{"$nulls":6},{"v":5929,"d":"5,929"},{"$nulls":7},{"v":98509,"d":"98,509"}]
[null,1957,{"$nulls":6},{"v":12122,"d":"12,122"},{"$nulls":7},{"v":177816,"d":"177,816"}]
[null,1958,{"$nulls":6},{"v":14026,"d":"14,026"},{"$nulls":7},{"v":210423,"d":"210,423"}]
[null,1959,{"$nulls":6},{"v":28974,"d":"28,974"},{"$nulls":7},{"v":291817,"d":"291,817"}]
[null,1960,{"$nulls":6},{"v":45994,"d":"45,994"},{"$nulls":7},{"v":399380,"d":"399,380"}]
[null,1961,{"$nulls":6},{"v":83900,"d":"83,900"},{"$nulls":7},{"v":551023,"d":"551,023"}]
[null,1962,{"$nulls":6},{"v":127637,"d":"127,637"},{"$nulls":7},{"v":740206,"d":"740,206"}]
[null,1963,{"$nulls":6},{"v":159826,"d":"159,826"},{"$nulls":7},{"v":880241,"d":"880,241"}]
[null,1964,{"$nulls":6},{"v":163869,"d":"163,869"},{"$nulls":7},{"v":867369,"d":"867,369"}]
[null,1965,{"$nulls":6},{"v":164759,"d":"164,759"},{"$nulls":7},{"v":959159,"d":"959,159"}]
[null,1966,{"$nulls":6},{"v":60469,"d":"60,469"},{"$nulls":7},{"v":1100519,"d":"1,100,519"}]
[null,1967,{"$nulls":6},{"v":68534,"d":"68,534"},{"$nulls":7},{"v":1014254,"d":"1,014,254"}]
[null,1968,{"$nulls":6},{"v":81141,"d":"81,141"},null,null,500,{"$nulls":4},{"v":1076461,"d":"1,076,461"}]
[null,1969,{"$nulls":6},{"v":84810,"d":"84,810"},null,null,600,{"v":18160,"d":"18,160"},{"$nulls":3},{"v":1109757,"d":"1,109,757"}]
[null,1970,{"$nulls":6},{"v":67925,"d":"67,925"},null,null,{"v":2775,"d":"2,775"},{"v":19251,"d":"19,251"},{"v":7541,"d":"7,541"},{"v":1615,"d":"1,615"},null,{"v":1061007,"d":"1,061,007"}]
[null,1971,{"$nulls":6},{"v":66320,"d":"66,320"},null,null,{"v":3666,"d":"3,666"},{"v":21440,"d":"21,440"},{"v":8903,"d":"8,903"},null,null,{"v":1212847,"d":"1,212,847"}]
[null,1972,{"$nulls":6},{"v":74981,"d":"74,981"},null,null,{"v":4307,"d":"4,307"},{"v":24127,"d":"24,127"},{"v":11712,"d":"11,712"},{"v":3565,"d":"3,565"},null,{"v":1506156,"d":"1,506,156"}]
[null,1973,{"$nulls":6},{"v":75073,"d":"75,073"},null,null,{"v":4666,"d":"4,666"},{"v":28568,"d":"28,568"},{"v":12042,"d":"12,042"},{"v":8500,"d":"8,500"},null,{"v":1762565,"d":"1,762,565"}]
[null,1974,{"$nulls":6},{"v":129426,"d":"129,426"},null,null,{"v":4767,"d":"4,767"},{"v":25871,"d":"25,871"},{"v":12000,"d":"12,000"},{"v":8000,"d":"8,000"},null,{"v":1790425,"d":"1,790,425"}]
[null,1975,{"$nulls":6},{"v":127200,"d":"127,200"},null,null,{"v":5589,"d":"5,589"},{"v":28850,"d":"28,850"},{"v":17326,"d":"17,326"},{"v":3000,"d":"3,000"},null,{"v":2092897,"d":"2,092,897"}]
[null,1976,{"$nulls":6},{"v":130265,"d":"130,265"},null,null,{"v":5705,"d":"5,705"},{"v":29065,"d":"29,065"},{"v":18370,"d":"18,370"},{"v":54000,"d":"54,000"},null,{"v":2302126,"d":"2,302,126"}]
[null,1977,{"$nulls":6},{"v":137500,"d":"137,500"},null,null,{"v":7992,"d":"7,992"},{"v":35234,"d":"35,234"},{"v":16394,"d":"16,394"},{"v":67400,"d":"67,400"},null,{"v":2543538,"d":"2,543,538"}]
[null,1978,{"$nulls":6},{"v":145095,"d":"145,095"},null,null,{"v":8483,"d":"8,483"},{"v":37619,"d":"37,619"},{"v":18900,"d":"18,900"},{"v":65650,"d":"65,650"},null,{"v":2842936,"d":"2,842,936"}]
[null,1979,{"$nulls":6},{"v":154164,"d":"154,164"},null,null,{"v":8989,"d":"8,989"},{"v":41431,"d":"41,431"},{"v":19673,"d":"19,673"},{"v":30950,"d":"30,950"},null,{"v":3189976,"d":"3,189,976"}]
[null,1980,{"$nulls":6},{"v":169196,"d":"169,196"},null,null,{"v":8987,"d":"8,987"},{"v":43979,"d":"43,979"},{"v":21036,"d":"21,036"},{"v":3250,"d":"3,250"},null,{"v":3428935,"d":"3,428,935"}]
[null,1981,{"$nulls":6},{"v":175627,"d":"175,627"},null,null,{"v":9124,"d":"9,124"},{"v":44666,"d":"44,666"},{"v":22531,"d":"22,531"},{"v":11750,"d":"11,750"},null,{"v":3569406,"d":"3,569,406"}]
[null,1982,{"$nulls":6},{"v":184177,"d":"184,177"},null,null,{"v":9205,"d":"9,205"},{"v":45035,"d":"45,035"},{"v":23618,"d":"23,618"},{"v":9898,"d":"9,898"},null,{"v":3641875,"d":"3,641,875"}]
[null,1983,{"$nulls":6},{"v":213917,"d":"213,917"},null,null,{"v":10147,"d":"10,147"},{"v":51943,"d":"51,943"},{"v":24683,"d":"24,683"},{"v":17500,"d":"17,500"},null,{"v":4023969,"d":"4,023,969"}]
[null,1984,{"$nulls":6},{"v":243177,"d":"243,177"},null,null,{"v":11336,"d":"11,336"},{"v":49613,"d":"49,613"},{"v":26720,"d":"26,720"},{"v":25040,"d":"25,040"},null,{"v":4493588,"d":"4,493,588"}]
[null,1985,{"$nulls":6},{"v":304025,"d":"304,025"},null,null,{"v":11728,"d":"11,728"},{"v":55910,"d":"55,910"},{"v":38304,"d":"38,304"},{"v":21730,"d":"21,730"},null,{"v":5149459,"d":"5,149,459"}]
[null,1986,{"$nulls":6},{"v":292523,"d":"292,523"},null,null,{"v":11054,"d":"11,054"},{"v":55322,"d":"55,322"},{"v":111961,"d":"111,961"},{"v":14259,"d":"14,259"},null,{"v":5262211,"d":"5,262,211"}]
[null,1987,null,null,{"v":20000,"d":"20,000"},{"$nulls":3},{"v":322860,"d":"322,860"},null,null,{"v":11420,"d":"11,420"},{"v":61838,"d":"61,838"},{"v":57208,"d":"57,208"},{"v":31900,"d":"31,900"},null,{"v":6182910,"d":"6,182,910"}]
[null,1988,null,null,{"v":23380,"d":"23,380"},{"$nulls":3},{"v":368153,"d":"368,153"},null,null,{"v":15651,"d":"15,651"},{"v":67910,"d":"67,910"},{"v":61819,"d":"61,819"},{"v":47870,"d":"47,870"},null,{"v":6666693,"d":"6,666,693"}]
[null,1989,null,null,{"v":29133,"d":"29,133"},{"$nulls":3},{"v":358076,"d":"358,076"},null,null,{"v":15790,"d":"15,790"},{"v":73731,"d":"73,731"},{"v":72076,"d":"72,076"},{"v":38492,"d":"38,492"},null,{"v":7144765,"d":"7,144,765"}]
[null,1990,null,null,{"v":33513,"d":"33,513"},{"v":59538,"d":"59,538"},null,null,{"v":353734,"d":"353,734"},null,null,{"v":15516,"d":"15,516"},{"v":81861,"d":"81,861"},{"v":107419,"d":"107,419"},{"v":61042,"d":"61,042"},null,{"v":7576352,"d":"7,576,352"}]
[null,1991,null,null,{"v":39722,"d":"39,722"},{"v":87418,"d":"87,418"},null,null,{"v":335255,"d":"335,255"},null,null,{"v":17519,"d":"17,519"},{"v":91408,"d":"91,408"},{"v":95651,"d":"95,651"},{"v":168687,"d":"168,687"},null,{"v":8274739,"d":"8,274,739"}]
[null,1992,null,null,{"v":44929,"d":"44,929"},{"v":104762,"d":"104,762"},null,null,{"v":314213,"d":"314,213"},null,null,{"v":19593,"d":"19,593"},{"v":99088,"d":"99,088"},{"v":141854,"d":"141,854"},{"v":103840,"d":"103,840"},null,{"v":8921687,"d":"8,921,687"}]
[null,1993,{"v":403806,"d":"403,806"},{"v":176619,"d":"176,619"},{"v":48119,"d":"48,119"},{"v":106239,"d":"106,239"},null,null,{"v":312468,"d":"312,468"},null,null,{"v":19733,"d":"19,733"},{"v":113031,"d":"113,031"},{"v":190325,"d":"190,325"},{"v":108731,"d":"108,731"},null,{"v":10335996,"d":"10,335,996"}]
[null,1994,{"v":425201,"d":"425,201"},{"v":185617,"d":"185,617"},{"v":51018,"d":"51,018"},{"v":128701,"d":"128,701"},null,null,{"v":331915,"d":"331,915"},null,null,{"v":21677,"d":"21,677"},{"v":119981,"d":"119,981"},{"v":233605,"d":"233,605"},{"v":111039,"d":"111,039"},null,{"v":10955783,"d":"10,955,783"}]
[{"$f":"X183","v":{"v":0,"d":"0.00"}},1995,{"v":290029,"d":"290,029"},{"v":181150,"d":"181,150"},{"v":48164,"d":"48,164"},{"v":151518,"d":"151,518"},null,null,{"v":284693,"d":"284,693"},null,null,{"v":14646,"d":"14,646"},{"v":125303,"d":"125,303"},{"v":217882,"d":"217,882"},{"v":114120,"d":"114,120"},{"v":1333570,"d":"1,333,570"},{"v":11299522,"d":"11,299,522"}]
[{"v":0,"d":"0.00"},1996,{"v":458112,"d":"458,112"},{"v":198401,"d":"198,401"},{"v":55814,"d":"55,814"},{"v":169768,"d":"169,768"},null,null,{"v":390298,"d":"390,298"},null,null,{"v":25292,"d":"25,292"},{"v":140936,"d":"140,936"},{"v":261072,"d":"261,072"},{"v":146151,"d":"146,151"},null,{"v":11927562,"d":"11,927,562"}]
[{"v":0,"d":"0.00"},1997,{"v":489160,"d":"489,160"},{"v":211870,"d":"211,870"},{"v":59721,"d":"59,721"},{"v":189529,"d":"189,529"},null,null,{"v":415095,"d":"415,095"},null,null,{"v":26557,"d":"26,557"},{"v":150828,"d":"150,828"},{"v":286810,"d":"286,810"},{"v":200000,"d":"200,000"},null,{"v":12740843,"d":"12,740,843"}]
[{"v":0,"d":"0.00"},1998,{"v":527175,"d":"527,175"},{"v":227175,"d":"227,175"},{"v":63597,"d":"63,597"},{"v":217704,"d":"217,704"},null,null,{"v":453883,"d":"453,883"},null,null,{"v":28289,"d":"28,289"},{"v":161185,"d":"161,185"},{"v":296373,"d":"296,373"},{"v":206957,"d":"206,957"},null,{"v":13674843,"d":"13,674,843"}]
[{"v":0,"d":"0.00"},1999,{"v":602874,"d":"602,874"},{"v":259575,"d":"259,575"},{"v":69788,"d":"69,788"},{"v":264707,"d":"264,707"},null,null,{"v":554446,"d":"554,446"},null,null,{"v":35402,"d":"35,402"},{"v":181189,"d":"181,189"},{"v":306356,"d":"306,356"},{"v":197519,"d":"197,519"},null,{"v":15629156,"d":"15,629,156"}]
[{"v":0,"d":"0.00"},2000,{"v":685781,"d":"685,781"},{"v":292369,"d":"292,369"},{"v":89522,"d":"89,522"},{"v":335527,"d":"335,527"},null,null,{"v":676557,"d":"676,557"},{"v":68390,"d":"68,390"},null,{"v":43494,"d":"43,494"},{"v":214068,"d":"214,068"},{"v":282000,"d":"282,000"},{"v":165376,"d":"165,376"},null,{"v":17840587,"d":"17,840,587"}]
[{"v":0,"d":"0.00"},2001,{"v":780833,"d":"780,833"},{"v":340453,"d":"340,453"},{"v":104328,"d":"104,328"},{"v":382112,"d":"382,112"},null,{"v":130096,"d":"130,096"},{"v":817253,"d":"817,253"},{"v":89138,"d":"89,138"},null,{"v":50482,"d":"50,482"},{"v":246351,"d":"246,351"},{"v":211800,"d":"211,800"},{"v":153790,"d":"153,790"},null,{"v":20458556,"d":"20,458,556"}]
[{"v":0,"d":"0.00"},2002,{"v":886718,"d":"886,718"},{"v":383615,"d":"383,615"},{"v":120366,"d":"120,366"},{"v":428758,"d":"428,758"},{"v":111861,"d":"111,861"},{"v":157563,"d":"157,563"},{"v":1011262,"d":"1,011,262"},{"v":104451,"d":"104,451"},null,{"v":56859,"d":"56,859"},{"v":276091,"d":"276,091"},{"v":235113,"d":"235,113"},{"v":204600,"d":"204,600"},null,{"v":23321382,"d":"23,321,382"}]
[{"v":0,"d":"0.00"},2003,{"v":961721,"d":"961,721"},{"v":416051,"d":"416,051"},{"v":130584,"d":"130,584"},{"v":464995,"d":"464,995"},{"v":278279,"d":"278,279"},{"v":185714,"d":"185,714"},{"v":1138821,"d":"1,138,821"},{"v":113407,"d":"113,407"},null,{"v":63465,"d":"63,465"},{"v":300135,"d":"300,135"},{"v":266232,"d":"266,232"},{"v":628687,"d":"628,687"},null,{"v":27166715,"d":"27,166,715"}]
[{"v":0,"d":"0.00"},2004,{"v":990953,"d":"990,953"},{"v":428669,"d":"428,669"},{"v":134724,"d":"134,724"},{"v":479073,"d":"479,073"},{"v":287129,"d":"287,129"},{"v":191471,"d":"191,471"},{"v":1179058,"d":"1,179,058"},{"v":116978,"d":"116,978"},null,{"v":65382,"d":"65,382"},{"v":317315,"d":"317,315"},{"v":327504,"d":"327,504"},{"v":88972,"d":"88,972"},null,{"v":28036627,"d":"28,036,627"}]
[{"v":0,"d":"0.00"},2005,{"v":1006419,"d":"1,006,419"},{"v":438277,"d":"438,277"},{"v":138072,"d":"138,072"},{"v":488608,"d":"488,608"},{"v":298209,"d":"298,209"},{"v":196159,"d":"196,159"},{"v":1115090,"d":"1,115,090"},{"v":122105,"d":"122,105"},null,{"v":66632,"d":"66,632"},{"v":315146,"d":"315,146"},{"v":358046,"d":"358,046"},{"v":110288,"d":"110,288"},null,{"v":28594357,"d":"28,594,357"}]
[{"v":0,"d":"0.00"},2006,{"v":1000029,"d":"1,000,029"},{"v":435930,"d":"435,930"},{"v":137342,"d":"137,342"},{"v":486049,"d":"486,049"},{"v":296810,"d":"296,810"},{"v":195405,"d":"195,405"},{"v":1099101,"d":"1,099,101"},{"v":121465,"d":"121,465"},null,{"v":66378,"d":"66,378"},{"v":314910,"d":"314,910"},{"v":478066,"d":"478,066"},{"v":81081,"d":"81,081"},null,{"v":28560417,"d":"28,560,417"}]
[{"v":0,"d":"0.00"},2007,{"v":1000621,"d":"1,000,621"},{"v":436259,"d":"436,259"},{"v":137404,"d":"137,404"},{"v":486491,"d":"486,491"},{"v":296887,"d":"296,887"},{"v":199444,"d":"199,444"},{"v":1133240,"d":"1,133,240"},{"v":121576,"d":"121,576"},null,{"v":66446,"d":"66,446"},{"v":320850,"d":"320,850"},{"v":1046901,"d":"1,046,901"},{"v":81081,"d":"81,081"},null,{"v":29178504,"d":"29,178,504"}]
[{"v":0,"d":"0.00"},2008,{"v":1006022,"d":"1,006,022"},{"v":438579,"d":"438,579"},{"v":138207,"d":"138,207"},{"v":489368,"d":"489,368"},{"v":300233,"d":"300,233"},{"v":200630,"d":"200,630"},{"v":1155560,"d":"1,155,560"},{"v":122224,"d":"122,224"},null,{"v":66912,"d":"66,912"},{"v":322667,"d":"322,667"},{"v":1111735,"d":"1,111,735"},{"v":118966,"d":"118,966"},null,{"v":29607070,"d":"29,607,070"}]
[{"v":0,"d":"0.00"},2009,{"v":1032759,"d":"1,032,759"},{"v":450230,"d":"450,230"},{"v":141879,"d":"141,879"},{"v":502367,"d":"502,367"},{"v":308208,"d":"308,208"},{"v":205959,"d":"205,959"},{"v":1226263,"d":"1,226,263"},{"v":125471,"d":"125,471"},null,{"v":68691,"d":"68,691"},{"v":330771,"d":"330,771"},{"v":1246864,"d":"1,246,864"},{"v":125581,"d":"125,581"},null,{"v":30545098,"d":"30,545,098"}]
[{"v":0,"d":"0.00"},2010,{"v":1059848,"d":"1,059,848"},{"v":462346,"d":"462,346"},{"v":145660,"d":"145,660"},{"v":516028,"d":"516,028"},{"v":316582,"d":"316,582"},{"v":211572,"d":"211,572"},{"v":1268896,"d":"1,268,896"},{"v":128844,"d":"128,844"},null,{"v":70051,"d":"70,051"},{"v":339716,"d":"339,716"},{"v":1177300,"d":"1,177,300"},{"v":100000,"d":"100,000"},null,{"v":31238000,"d":"31,238,000"}]
[{"v":0,"d":"0.00"},2011,{"v":1050542,"d":"1,050,542"},{"v":458286,"d":"458,286"},{"v":144381,"d":"144,381"},{"v":511497,"d":"511,497"},{"v":313802,"d":"313,802"},{"v":209714,"d":"209,714"},{"v":1257754,"d":"1,257,754"},{"v":127713,"d":"127,713"},null,{"v":69436,"d":"69,436"},{"v":336733,"d":"336,733"},{"v":1166963,"d":"1,166,963"},{"v":49900,"d":"49,900"},null,{"v":30916345,"d":"30,916,345"}]
[{"v":0,"d":"0.00"},2012,{"v":1053367,"d":"1,053,367"},{"v":459519,"d":"459,519"},{"v":144769,"d":"144,769"},{"v":512873,"d":"512,873"},{"v":338357,"d":"338,357"},{"v":276440,"d":"276,440"},null,{"v":128057,"d":"128,057"},{"v":575366,"d":"575,366"},{"v":69622,"d":"69,622"},{"v":337639,"d":"337,639"},{"v":1459117,"d":"1,459,117"},{"v":125344,"d":"125,344"},null,{"v":30860913,"d":"30,860,913"}]
[{"v":0,"d":"0.00"},2013,{"v":998389,"d":"998,389"},{"v":435535,"d":"435,535"},{"v":137213,"d":"137,213"},{"v":486104,"d":"486,104"},{"v":320697,"d":"320,697"},{"v":262011,"d":"262,011"},null,{"v":121373,"d":"121,373"},{"v":545336,"d":"545,336"},{"v":65988,"d":"65,988"},{"v":320016,"d":"320,016"},{"v":1448420,"d":"1,448,420"},{"v":118802,"d":"118,802"},null,{"v":29315822,"d":"29,315,822"}]
[{"v":0,"d":"0.00"},2014,{"v":1025435,"d":"1,025,435"},{"v":446025,"d":"446,025"},{"v":140517,"d":"140,517"},{"v":497813,"d":"497,813"},{"v":329172,"d":"329,172"},{"v":268322,"d":"268,322"},null,{"v":124296,"d":"124,296"},{"v":633267,"d":"633,267"},{"v":67577,"d":"67,577"},{"v":327723,"d":"327,723"},{"v":1400134,"d":"1,400,134"},{"v":128663,"d":"128,663"},null,{"v":30142653,"d":"30,142,653"}]
[null,"FY","NIDA","NIAAA","NINR","NHGRI","NIBIB","NIMHD","NCRR6,7","NCCAM14","NCATS","FIC","NLM","OD8","B&F9","OAR10","Total"]
[1,{"$f":"1+A204","v":2},3,4,5,6,7,8,9,10,11,12,13,14,15,16,17]

{"sheet":"InflationIndices","index":23,"n_rows":510,"n_cols":27,"rows_kept":510,"merged":[[1,1,1,3],[1,4,1,6],[1,7,1,9],[1,10,1,12],[149,0,149,23],[150,0,150,23],[152,0,152,23]]}
[]
[null,"BRDPI",null,null,"CPI",null,null,"DCPI",null,null,"Ratios"]
[null,{"$f":"A155","v":"Fiscal Year"},{"$f":"W155","v":2014},"Normalize","Year","Annual","Normalize","Year","2016-01-01","Normalize",null,"BRDPI /CPI","dCPI\n/CPI"]
[{"$nulls":4},{"$f":"B295","v":1913},{"$f":"O295","v":29.7},{"$f":"F$105/F4","v":{"v":23.877306397306395,"d":"23.88"}},{"$f":"F409","v":{"v":1913.0047912388775,"d":"1913"}},{"$f":"B409","v":9.8},{"$f":"I$105/I4","v":{"v":23.868979591836734,"d":"23.87"}},null,null,{"$f":"J4/G4","v":{"v":0.9996512669674248,"d":"1.00"}}]
[{"$nulls":4},1914,30.1,23.56,{"v":1914.0041067761806,"d":"1914"},{"v":10,"d":"10.0"},{"v":23.3916,"d":"23.39"},null,null,{"v":0.9928522920203736,"d":"0.99"}]
[{"$nulls":4},1915,30.4,{"v":23.3275,"d":"23.33"},{"v":1915.003422313484,"d":"1915"},10.1,23.16,null,null,{"v":0.9928196334797985,"d":"0.99"}]
[{"$nulls":4},1916,32.7,{"v":21.686727828746175,"d":"21.69"},{"v":1916.002737850787,"d":"1916"},10.4,{"v":22.491923076923076,"d":"22.49"},null,null,{"v":1.0371284803560636,"d":"1.04"}]
[{"$nulls":4},1917,38.4,{"v":18.467604166666668,"d":"18.47"},{"v":1917.0047912388775,"d":"1917"},11.7,{"v":19.992820512820515,"d":"19.99"},null,null,{"v":1.0825887501372162,"d":"1.08"}]
[{"$nulls":4},1918,45.1,{"v":15.724079822616407,"d":"15.72"},{"v":1918.0041067761806,"d":"1918"},{"v":14,"d":"14.0"},{"v":16.708285714285715,"d":"16.71"},null,null,{"v":1.0625922726653738,"d":"1.06"}]
[{"$nulls":4},1919,51.8,{"v":13.69027027027027,"d":"13.69"},{"v":1919.003422313484,"d":"1919"},16.5,{"v":14.176727272727273,"d":"14.18"},null,null,{"v":1.0355330459409111,"d":"1.04"}]
[{"$nulls":4},1920,{"v":60,"d":"60.0"},{"v":11.819266666666666,"d":"11.82"},{"v":1920.002737850787,"d":"1920"},19.3,12.12,null,null,{"v":1.025444331007564,"d":"1.03"}]
[{"$nulls":4},1921,53.6,{"v":13.2305223880597,"d":"13.23"},{"v":1921.0047912388775,"d":"1921"},{"v":19,"d":"19.0"},{"v":12.31136842105263,"d":"12.31"},null,null,{"v":0.9305277645093901,"d":"0.93"}]
[{"$nulls":4},1922,50.2,{"v":14.126613545816731,"d":"14.13"},{"v":1922.0041067761806,"d":"1922"},16.9,{"v":13.841183431952663,"d":"13.84"},null,null,{"v":0.979794866410245,"d":"0.98"}]
[{"$nulls":4},1923,51.1,{"v":13.87780821917808,"d":"13.88"},{"v":1923.003422313484,"d":"1923"},16.8,{"v":13.923571428571428,"d":"13.92"},null,null,{"v":1.0032975819142758,"d":"1.00"}]
[{"$nulls":4},1924,51.2,{"v":13.850703124999999,"d":"13.85"},{"v":1924.002737850787,"d":"1924"},17.3,{"v":13.521156069364162,"d":"13.52"},null,null,{"v":0.9762071966555245,"d":"0.98"}]
[{"$nulls":4},1925,52.5,{"v":13.507733333333332,"d":"13.51"},{"v":1925.0047912388775,"d":"1925"},17.3,{"v":13.521156069364162,"d":"13.52"},null,null,{"v":1.0009937075081061,"d":"1.00"}]
[{"$nulls":4},1926,{"v":53,"d":"53.0"},{"v":13.380301886792452,"d":"13.38"},{"v":1926.0041067761806,"d":"1926"},17.9,{"v":13.067932960893856,"d":"13.07"},null,null,{"v":0.9766545681449137,"d":"0.98"}]
[{"$nulls":4},1927,{"v":52,"d":"52.0"},{"v":13.637615384615383,"d":"13.64"},{"v":1927.003422313484,"d":"1927"},17.5,{"v":13.36662857142857,"d":"13.37"},null,null,{"v":0.9801294577135155,"d":"0.98"}]
[{"$nulls":4},1928,51.3,{"v":13.823703703703703,"d":"13.82"},{"v":1928.002737850787,"d":"1928"},17.3,{"v":13.521156069364162,"d":"13.52"},null,null,{"v":0.9781138513364923,"d":"0.98"}]
[{"$nulls":4},1929,51.3,{"v":13.823703703703703,"d":"13.82"},{"v":1929.0047912388775,"d":"1929"},17.1,{"v":13.679298245614033,"d":"13.68"},null,null,{"v":0.989553779422299,"d":"0.99"}]
[{"$nulls":4},1930,{"v":50,"d":"50.0"},{"v":14.183119999999999,"d":"14.18"},{"v":1930.0041067761806,"d":"1930"},17.1,{"v":13.679298245614033,"d":"13.68"},null,null,{"v":0.9644773678579913,"d":"0.96"}]
[{"$nulls":4},1931,45.6,{"v":15.551666666666666,"d":"15.55"},{"v":1931.003422313484,"d":"1931"},15.9,{"v":14.711698113207547,"d":"14.71"},null,null,{"v":0.9459885186930156,"d":"0.95"}]
[{"$nulls":4},1932,40.9,{"v":17.338777506112468,"d":"17.34"},{"v":1932.002737850787,"d":"1932"},14.3,{"v":16.357762237762238,"d":"16.36"},null,null,{"v":0.9434207360925884,"d":"0.94"}]
[{"$nulls":4},1933,38.8,{"v":18.277216494845362,"d":"18.28"},{"v":1933.0047912388775,"d":"1933"},12.9,{"v":18.133023255813953,"d":"18.13"},null,null,{"v":0.9921107659324342,"d":"0.99"}]
[{"$nulls":4},1934,40.1,{"v":17.684688279301742,"d":"17.68"},{"v":1934.0041067761806,"d":"1934"},13.2,{"v":17.720909090909092,"d":"17.72"},null,null,{"v":1.0020481453240961,"d":"1.00"}]
[{"$nulls":4},1935,41.1,{"v":17.254403892944037,"d":"17.25"},{"v":1935.003422313484,"d":"1935"},13.6,{"v":17.19970588235294,"d":"17.20"},null,null,{"v":0.9968299101533455,"d":"1.00"}]
[{"$nulls":4},1936,41.5,{"v":17.08809638554217,"d":"17.09"},{"v":1936.002737850787,"d":"1936"},13.8,{"v":16.950434782608696,"d":"16.95"},null,null,{"v":0.9919440059426429,"d":"0.99"}]
[{"$nulls":4},1937,{"v":43,"d":"43.0"},{"v":16.491999999999997,"d":"16.49"},{"v":1937.0047912388775,"d":"1937"},14.1,{"v":16.589787234042554,"d":"16.59"},null,null,{"v":1.0059293738808244,"d":"1.01"}]
[{"$nulls":4},1938,42.2,{"v":16.80464454976303,"d":"16.80"},{"v":1938.0041067761806,"d":"1938"},14.2,{"v":16.472957746478873,"d":"16.47"},null,null,{"v":0.9802621946389913,"d":"0.98"}]
[{"$nulls":4},1939,41.6,{"v":17.04701923076923,"d":"17.05"},{"v":1939.003422313484,"d":"1939"},{"v":14,"d":"14.0"},{"v":16.708285714285715,"d":"16.71"},null,null,{"v":0.9801294577135155,"d":"0.98"}]
[{"$nulls":4},1940,{"v":42,"d":"42.0"},{"v":16.884666666666664,"d":"16.88"},{"v":1940.002737850787,"d":"1940"},13.9,{"v":16.828489208633094,"d":"16.83"},null,null,{"v":0.9966728713605892,"d":"1.00"}]
[{"$nulls":4},1941,44.1,{"v":16.080634920634918,"d":"16.08"},{"v":1941.0047912388775,"d":"1941"},14.1,{"v":16.589787234042554,"d":"16.59"},null,null,{"v":1.0316624508870782,"d":"1.03"}]
[{"$nulls":4},1942,48.8,{"v":14.53188524590164,"d":"14.53"},{"v":1942.0041067761806,"d":"1942"},15.7,{"v":14.899108280254778,"d":"14.90"},null,null,{"v":1.0252701578727856,"d":"1.03"}]
[{"$nulls":4},1943,51.8,{"v":13.69027027027027,"d":"13.69"},{"v":1943.003422313484,"d":"1943"},16.9,{"v":13.841183431952663,"d":"13.84"},null,null,{"v":1.0110233880488184,"d":"1.01"}]
[{"$nulls":4},1944,52.7,{"v":13.456470588235293,"d":"13.46"},{"v":1944.002737850787,"d":"1944"},17.4,{"v":13.44344827586207,"d":"13.44"},null,null,{"v":0.9990322638995244,"d":"1.00"}]
[{"$nulls":4},{"$f":"B327","v":1945},{"$f":"O327","v":53.9},{"$f":"F$105/F36","v":{"v":13.156883116883117,"d":"13.16"}},{"$f":"F441","v":{"v":1945.0047912388775,"d":"1945"}},{"$f":"B441","v":17.8},{"$f":"I$105/I36","v":{"v":13.141348314606741,"d":"13.14"}},null,null,{"$f":"J36/G36","v":{"v":0.9988192642483507,"d":"1.00"}}]
[{"$nulls":4},1946,58.5,{"v":12.122324786324786,"d":"12.12"},{"v":1946.0041067761806,"d":"1946"},18.2,{"v":12.852527472527473,"d":"12.85"},null,null,{"v":1.0602361922381778,"d":"1.06"}]
[{"$nulls":4},1947,66.9,{"v":10.600239162929745,"d":"10.60"},{"v":1947.003422313484,"d":"1947"},21.5,{"v":10.879813953488371,"d":"10.88"},null,null,{"v":1.0263743851682452,"d":"1.03"}]
[{"$nulls":4},1948,72.1,{"v":9.835728155339806,"d":"9.84"},{"v":1948.002737850787,"d":"1948"},23.7,{"v":9.86987341772152,"d":"9.87"},null,null,{"v":1.0034715540977184,"d":"1.00"}]
[{"$nulls":4},1949,71.4,{"v":9.932156862745096,"d":"9.93"},{"v":1949.0047912388775,"d":"1949"},{"v":24,"d":"24.0"},{"v":9.7465,"d":"9.75"},null,null,{"v":0.9813074979271135,"d":"0.98"}]
[null,{"$f":"A156","v":"1950"},{"$f":"W156","v":{"v":6.570547657564502,"d":"6.6"}},{"$f":"C$105/C41","v":{"v":15.21943150124976,"d":"15.22"}},1950,72.1,{"v":9.835728155339806,"d":"9.84"},{"v":1950.0041067761806,"d":"1950"},23.5,{"v":9.953872340425532,"d":"9.95"},null,{"$f":"D41/G41","v":{"v":1.5473619503185585,"d":"1.55"}},{"v":1.0120117375368478,"d":"1.01"}]
[null,"1951",{"v":6.993942699592288,"d":"7.0"},{"v":14.298086829597489,"d":"14.30"},1951,77.8,{"v":9.115115681233933,"d":"9.12"},{"v":1951.003422313484,"d":"1951"},25.4,{"v":9.209291338582677,"d":"9.21"},null,{"v":1.5686127669267196,"d":"1.57"},{"v":1.0103318115361533,"d":"1.01"}]
[null,"1952",{"v":7.204508148301279,"d":"7.2"},{"v":13.880198056765135,"d":"13.88"},1952,79.5,{"v":8.920201257861635,"d":"8.92"},{"v":1952.002737850787,"d":"1952"},26.5,{"v":8.827018867924528,"d":"8.83"},null,{"v":1.5560409070963628,"d":"1.56"},{"v":0.9895537794222992,"d":"0.99"}]
[null,"1953",{"v":7.340356824887717,"d":"7.3"},{"v":13.62331592122971,"d":"13.62"},1953,80.1,{"v":8.85338327091136,"d":"8.85"},{"v":1953.0047912388775,"d":"1953"},26.6,{"v":8.793834586466165,"d":"8.79"},null,{"v":1.5387694742630673,"d":"1.54"},{"v":0.9932739064126086,"d":"0.99"}]
[null,"1954",{"v":7.424130175449348,"d":"7.4"},{"v":13.469591404887707,"d":"13.47"},1954,80.5,{"v":8.809391304347825,"d":"8.81"},{"v":1954.0041067761806,"d":"1954"},26.9,{"v":8.695762081784387,"d":"8.70"},null,{"v":1.5290036438998762,"d":"1.53"},{"v":0.9871013536988241,"d":"0.99"}]
[null,"1955",{"v":7.530544972108764,"d":"7.5"},{"v":13.279251418107817,"d":"13.28"},1955,80.2,{"v":8.842344139650871,"d":"8.84"},{"v":1955.003422313484,"d":"1955"},26.7,{"v":8.760898876404495,"d":"8.76"},null,{"v":1.5017795290912679,"d":"1.50"},{"v":0.9907891773991063,"d":"0.99"}]
[null,"1956",{"v":7.738846276207959,"d":"7.7"},{"v":12.9218227667135,"d":"12.92"},1956,81.4,{"v":8.711990171990172,"d":"8.71"},{"v":1956.002737850787,"d":"1956"},26.8,{"v":8.72820895522388,"d":"8.73"},null,{"v":1.4832228356108939,"d":"1.48"},{"v":1.0018616622509349,"d":"1.00"}]
[null,"1957",{"v":8.024128497039525,"d":"8.0"},{"v":12.462412589341591,"d":"12.46"},1957,84.3,{"v":8.412289442467378,"d":"8.41"},{"v":1957.0047912388775,"d":"1957"},27.6,{"v":8.475217391304348,"d":"8.48"},null,{"v":1.4814531376474234,"d":"1.48"},{"v":1.0074804783248772,"d":"1.01"}]
[null,"1958",{"v":8.218844933480073,"d":"8.2"},{"v":12.167159839291116,"d":"12.17"},1958,86.6,{"v":8.188868360277135,"d":"8.19"},{"v":1958.0041067761806,"d":"1958"},28.6,{"v":8.178881118881119,"d":"8.18"},null,{"v":1.4858170022993682,"d":"1.49"},{"v":0.9987803880882414,"d":"1.00"}]
[null,"1959",{"v":8.379599200774058,"d":"8.4"},{"v":11.933744992333594,"d":"11.93"},1959,87.3,{"v":8.123207331042382,"d":"8.12"},{"v":1959.003422313484,"d":"1959"},{"v":29,"d":"29.0"},{"v":8.06606896551724,"d":"8.07"},null,{"v":1.46909274945248,"d":"1.47"},{"v":0.9929660338341002,"d":"0.99"}]
[null,"1960",{"v":8.553938335726674,"d":"8.6"},{"v":11.69052149725426,"d":"11.69"},1960,88.7,{"v":7.994994363021419,"d":"7.99"},{"v":1960.002737850787,"d":"1960"},29.3,{"v":7.983481228668942,"d":"7.98"},null,{"v":1.4622301112963199,"d":"1.46"},{"v":0.9985599571644818,"d":"1.00"}]
[null,"1961",{"v":8.737334049118365,"d":"8.7"},{"v":11.445138693088017,"d":"11.45"},1961,89.6,{"v":7.9146875,"d":"7.91"},{"v":1961.0047912388775,"d":"1961"},29.8,{"v":7.849530201342281,"d":"7.85"},null,{"v":1.4460632454645894,"d":"1.45"},{"v":0.9917675462666442,"d":"0.99"}]
[null,"1962",{"v":8.936578774778486,"d":"8.9"},{"v":11.189964584906681,"d":"11.19"},1962,90.6,{"v":7.827328918322296,"d":"7.83"},{"v":1962.0041067761806,"d":"1962"},{"v":30,"d":"30.0"},{"v":7.7972,"d":"7.80"},null,{"v":1.4296019372219162,"d":"1.43"},{"v":0.9961508046184478,"d":"1.00"}]
[null,"1963",{"v":9.1811063926341,"d":"9.2"},{"v":10.891933468958479,"d":"10.89"},1963,91.7,{"v":7.733435114503816,"d":"7.73"},{"v":1963.003422313484,"d":"1963"},30.4,{"v":7.694605263157895,"d":"7.69"},null,{"v":1.4084211359750078,"d":"1.41"},{"v":0.9949789646165005,"d":"0.99"}]
[null,"1964",{"v":9.38035111829422,"d":"9.4"},{"v":10.660581756366557,"d":"10.66"},1964,92.9,{"v":7.633541442411194,"d":"7.63"},{"v":1964.002737850787,"d":"1964"},30.9,{"v":7.570097087378641,"d":"7.57"},null,{"v":1.3965446885684578,"d":"1.40"},{"v":0.9916887390327034,"d":"0.99"}]
[null,"1965",{"v":9.661105049906212,"d":"9.7"},{"v":10.350782802115456,"d":"10.35"},1965,94.5,{"v":7.504296296296296,"d":"7.50"},{"v":1965.0047912388775,"d":"1965"},31.2,{"v":7.497307692307692,"d":"7.50"},null,{"v":1.379314247922757,"d":"1.38"},{"v":0.9990687196090521,"d":"1.00"}]
[null,"1966",{"v":10.009783319811444,"d":"10.0"},{"v":9.990226242168418,"d":"9.99"},1966,97.2,{"v":7.295843621399176,"d":"7.30"},{"v":1966.0041067761806,"d":"1966"},31.8,{"v":7.355849056603773,"d":"7.36"},null,{"v":1.3693037790539322,"d":"1.37"},{"v":1.008224605449135,"d":"1.01"}]
[null,"1967",{"v":10.449027374107622,"d":"10.4"},{"v":9.570268735997095,"d":"9.57"},1967,{"v":100,"d":"100.0"},{"v":7.091559999999999,"d":"7.09"},{"v":1967.003422313484,"d":"1967"},32.9,{"v":7.109908814589666,"d":"7.11"},null,{"v":1.349529403403073,"d":"1.35"},{"v":1.002587415828064,"d":"1.00"}]
[null,"1968",{"v":10.944875043648128,"d":"10.9"},{"v":9.136696362562414,"d":"9.14"},1968,104.2,{"v":6.805719769673704,"d":"6.81"},{"v":1968.002737850787,"d":"1968"},34.1,{"v":6.859706744868035,"d":"6.86"},null,{"v":1.3425025819128706,"d":"1.34"},{"v":1.0079325886197807,"d":"1.01"}]
[null,"1969",{"v":11.531288497579652,"d":"11.5"},{"v":8.672057768825175,"d":"8.67"},1969,109.8,{"v":6.458615664845173,"d":"6.46"},{"v":1969.0047912388775,"d":"1969"},35.6,{"v":6.570674157303371,"d":"6.57"},null,{"v":1.3427115374008036,"d":"1.34"},{"v":1.0173502339004536,"d":"1.02"}]
[null,"1970",{"v":12.25355062809758,"d":"12.3"},{"v":8.160899892207444,"d":"8.16"},1970,116.3,{"v":6.097644024075666,"d":"6.10"},{"v":1970.0041067761806,"d":"1970"},37.8,{"v":6.188253968253969,"d":"6.19"},null,{"v":1.3383693538004697,"d":"1.34"},{"v":1.0148598284551449,"d":"1.01"}]
[null,"1971",{"v":12.964492035566673,"d":"13.0"},{"v":7.7133758673815285,"d":"7.71"},1971,121.3,{"v":5.846298433635614,"d":"5.85"},{"v":1971.003422313484,"d":"1971"},39.8,{"v":5.877286432160805,"d":"5.88"},null,{"v":1.3193606099551853,"d":"1.32"},{"v":1.0053004476040612,"d":"1.01"}]
[null,"1972",{"v":13.60977324935229,"d":"13.6"},{"v":7.347660990954361,"d":"7.35"},1972,125.3,{"v":5.659664804469274,"d":"5.66"},{"v":1972.002737850787,"d":"1972"},41.1,{"v":5.691386861313869,"d":"5.69"},null,{"v":1.2982502047033113,"d":"1.30"},{"v":1.005604935617308,"d":"1.01"}]
[null,"1973",{"v":14.259582752357458,"d":"14.3"},{"v":7.012827916263367,"d":"7.01"},1973,133.1,{"v":5.327993989481593,"d":"5.33"},{"v":1973.0047912388775,"d":"1973"},42.6,{"v":5.490985915492957,"d":"5.49"},null,{"v":1.3162229405866328,"d":"1.32"},{"v":1.0305916122152425,"d":"1.03"}]
[null,"1974",{"v":15.167504740876877,"d":"15.2"},{"v":6.593042277448381,"d":"6.59"},1974,147.7,{"v":4.80132701421801,"d":"4.80"},{"v":1974.0041067761806,"d":"1974"},46.6,{"v":5.019656652360514,"d":"5.02"},null,{"v":1.3731708458775302,"d":"1.37"},{"v":1.0454727698188382,"d":"1.05"}]
[null,"1975",{"v":16.788632281475188,"d":"16.8"},{"v":5.9564113576030495,"d":"5.96"},1975,161.2,{"v":4.399230769230769,"d":"4.40"},{"v":1975.003422313484,"d":"1975"},52.1,{"v":4.489750479846449,"d":"4.49"},null,{"v":1.3539665614415046,"d":"1.35"},{"v":1.020576258751597,"d":"1.02"}]
[null,"1976",{"v":18.04070425068028,"d":"18.0"},{"v":5.543020860520408,"d":"5.54"},1976,170.5,{"v":4.159272727272727,"d":"4.16"},{"v":1976.002737850787,"d":"1976"},55.6,{"v":4.2071223021582735,"d":"4.21"},null,{"v":1.3326899253742894,"d":"1.33"},{"v":1.0115043128986931,"d":"1.01"}]
[null,"1977",{"v":19.478436077886858,"d":"19.5"},{"v":5.133882391796653,"d":"5.13"},{"$f":"B359","v":1977},{"$f":"O359","v":181.5},{"$f":"F$105/F68","v":{"v":3.907195592286501,"d":"3.91"}},{"$f":"F473","v":{"v":1977.0047912388775,"d":"1977"}},{"$f":"B473","v":58.5},{"$f":"I$105/I68","v":{"v":3.9985641025641026,"d":"4.00"}},null,{"v":1.3139558208787525,"d":"1.31"},{"$f":"J68/G68","v":{"v":1.0233846778640874,"d":"1.02"}}]
[null,"1978",{"v":20.92069619431296,"d":"20.9"},{"v":4.77995565115007,"d":"4.78"},1978,195.4,{"v":3.6292528147389964,"d":"3.63"},{"v":1978.0041067761806,"d":"1978"},62.5,{"v":3.7426559999999998,"d":"3.74"},null,{"v":1.3170632896495607,"d":"1.32"},{"v":1.031246978661959,"d":"1.03"}]
[null,"1979",{"v":22.658866372681157,"d":"22.7"},{"v":4.413283451839665,"d":"4.41"},1979,217.4,{"v":3.261987120515179,"d":"3.26"},{"v":1979.003422313484,"d":"1979"},68.3,{"v":3.424831625183016,"d":"3.42"},null,{"v":1.3529432486363273,"d":"1.35"},{"v":1.049921872359238,"d":"1.05"}]
[null,"1980",{"v":24.879435277203907,"d":"24.9"},{"v":4.01938383591955,"d":"4.02"},1980,246.8,{"v":2.873403565640194,"d":"2.87"},{"v":1980.002737850787,"d":"1980"},77.8,{"v":3.0066323907455015,"d":"3.01"},null,{"v":1.3988232923432151,"d":"1.40"},{"v":1.0463662072040425,"d":"1.05"}]
[null,"1981",{"v":27.466896546033112,"d":"27.5"},{"v":3.640746228187998,"d":"3.64"},1981,272.4,{"v":2.6033627019089574,"d":"2.60"},{"v":1981.0047912388775,"d":"1981"},{"v":87,"d":"87.0"},{"v":2.6886896551724138,"d":"2.69"},null,{"v":1.3984782932928872,"d":"1.40"},{"v":1.0327756686384455,"d":"1.03"}]
[null,{"$f":"A188","v":"1982"},{"$f":"W188","v":{"v":29.829049648991965,"d":"29.8"}},{"$f":"C$105/C73","v":{"v":3.352436674206259,"d":"3.35"}},1982,289.1,{"v":2.452978208232445,"d":"2.45"},{"v":1982.0041067761806,"d":"1982"},94.3,{"v":2.4805514316012727,"d":"2.48"},null,{"$f":"D73/G73","v":{"v":1.3666801698258628,"d":"1.37"}},{"v":1.0112407127288328,"d":"1.01"}]
[null,"1983 ",{"v":31.678450727229464,"d":"31.7"},{"v":3.1567200322092837,"d":"3.16"},1983,298.4,{"v":2.3765281501340483,"d":"2.38"},{"v":1983.003422313484,"d":"1983"},97.8,{"v":2.3917791411042946,"d":"2.39"},null,{"v":1.328290612518614,"d":"1.33"},{"v":1.0064173407621475,"d":"1.01"}]
[null,"1984",{"v":33.547479320136,"d":"33.5"},{"v":2.980849888771751,"d":"2.98"},1984,311.1,{"v":2.2795114111218253,"d":"2.28"},{"v":1984.002737850787,"d":"1984"},101.9,{"v":2.2955446516192346,"d":"2.30"},null,{"v":1.307670527213888,"d":"1.31"},{"v":1.0070336302855,"d":"1.01"}]
[null,"1985 ",{"v":35.42613816206361,"d":"35.4"},{"v":2.8227745158823403,"d":"2.82"},1985,322.2,{"v":2.2009807572936064,"d":"2.20"},{"v":1985.0047912388775,"d":"1985"},105.5,{"v":2.2172132701421803,"d":"2.22"},null,{"v":1.282507585097341,"d":"1.28"},{"v":1.0073751271085776,"d":"1.01"}]
[null,"1986",{"v":36.91350817563006,"d":"36.9"},{"v":2.7090353895439026,"d":"2.71"},1986,328.4,{"v":2.1594275274056027,"d":"2.16"},{"v":1986.0041067761806,"d":"1986"},109.6,{"v":2.1342700729927007,"d":"2.13"},null,{"v":1.254515539495143,"d":"1.25"},{"v":0.9883499427076736,"d":"0.99"}]
[null,"1987",{"v":38.8808204965456,"d":"38.9"},{"v":2.5719621839998097,"d":"2.57"},1987,340.4,{"v":2.0833019976498237,"d":"2.08"},{"v":1987.003422313484,"d":"1987"},111.2,{"v":2.1035611510791368,"d":"2.10"},null,{"v":1.2345604175012765,"d":"1.23"},{"v":1.0097245399141206,"d":"1.01"}]
[null,"1988",{"v":40.830000944862384,"d":"40.8"},{"v":2.449179468181789,"d":"2.45"},1988,354.3,{"v":2.001569291560824,"d":"2.00"},{"v":1988.002737850787,"d":"1988"},115.7,{"v":2.021745894554883,"d":"2.02"},null,{"v":1.2236296182741286,"d":"1.22"},{"v":1.0100803919600134,"d":"1.01"}]
[null,"1989",{"v":42.95157681911573,"d":"43.0"},{"v":2.328203232704013,"d":"2.33"},1989,371.3,{"v":1.9099272825208724,"d":"1.91"},{"v":1989.0047912388775,"d":"1989"},121.1,{"v":1.9315937241948804,"d":"1.93"},null,{"v":1.2190009818756384,"d":"1.22"},{"v":1.0113441186333603,"d":"1.01"}]
[null,"1990",{"v":45.283410672745674,"d":"45.3"},{"v":2.2083142262114572,"d":"2.21"},1990,391.4,{"v":1.8118446601941747,"d":"1.81"},{"v":1990.0041067761806,"d":"1990"},127.4,{"v":1.8360753532182104,"d":"1.84"},null,{"v":1.2188209479143721,"d":"1.22"},{"v":1.0133734936313132,"d":"1.01"}]
[null,"1991",{"v":47.468639412030136,"d":"47.5"},{"v":2.106654019130295,"d":"2.11"},1991,{"v":408,"d":"408.0"},{"v":1.7381274509803921,"d":"1.74"},{"v":1991.003422313484,"d":"1991"},134.6,{"v":1.7378603268945023,"d":"1.74"},null,{"v":1.2120250548612157,"d":"1.21"},{"v":0.9998463150180735,"d":"1.00"}]
[null,"1992",{"v":49.56244459713927,"d":"49.6"},{"v":2.017656732084841,"d":"2.02"},1992,420.3,{"v":1.6872614798953127,"d":"1.69"},{"v":1992.002737850787,"d":"1992"},138.1,{"v":1.693816075307748,"d":"1.69"},null,{"v":1.1958174569421378,"d":"1.20"},{"v":1.003884753780334,"d":"1.00"}]
[null,"1993",{"v":51.25594088394481,"d":"51.3"},{"v":1.9509933536567576,"d":"1.95"},1993,432.7,{"v":1.638909174948001,"d":"1.64"},{"v":1993.0047912388775,"d":"1993"},142.6,{"v":1.6403646563814867,"d":"1.64"},null,{"v":1.1904218876062236,"d":"1.19"},{"v":1.0008880793736066,"d":"1.00"}]
[null,"1994",{"v":53.240058355562304,"d":"53.2"},{"v":1.8782849434941014,"d":"1.88"},1994,{"v":444,"d":"444.0"},{"v":1.5971981981981982,"d":"1.60"},{"v":1994.0041067761806,"d":"1994"},146.2,{"v":1.5999726402188783,"d":"1.60"},null,{"v":1.1759873919298165,"d":"1.18"},{"v":1.0017370680882371,"d":"1.00"}]
[null,1995,{"v":55.08424710856664,"d":"55.1"},{"v":1.8154010492856152,"d":"1.82"},1995,456.5,{"v":1.5534633077765607,"d":"1.55"},{"v":1995.003422313484,"d":"1995"},150.3,{"v":1.556327345309381,"d":"1.56"},null,{"v":1.1686153385135054,"d":"1.17"},{"v":1.0018436467205136,"d":"1.00"}]
[null,1996,{"v":56.49378548287513,"d":"56.5"},{"v":1.77010620097874,"d":"1.77"},1996,469.9,{"v":1.5091636518408171,"d":"1.51"},{"v":1996.002737850787,"d":"1996"},154.4,{"v":1.515,"d":"1.52"},null,{"v":1.1729054028167427,"d":"1.17"},{"v":1.0038672732092797,"d":"1.00"}]
[null,1997,{"v":58.06529263037688,"d":"58.1"},{"v":1.7221991911168801,"d":"1.72"},1997,480.8,{"v":1.4749500831946754,"d":"1.47"},{"v":1997.0047912388775,"d":"1997"},159.1,{"v":1.47024512884978,"d":"1.47"},null,{"v":1.1676321868375874,"d":"1.17"},{"v":0.9968100924916017,"d":"1.00"}]
[null,1998,{"v":60.034033319729204,"d":"60.0"},{"v":1.6657218326048506,"d":"1.67"},1998,488.3,{"v":1.4522957198443578,"d":"1.45"},{"v":1998.0041067761806,"d":"1998"},161.6,{"v":1.4475,"d":"1.45"},null,{"v":1.1469577509898368,"d":"1.15"},{"v":0.9966978351730791,"d":"1.00"}]
[null,1999,{"v":61.934778292606545,"d":"61.9"},{"v":1.6146017271194055,"d":"1.61"},1999,{"v":499,"d":"499.0"},{"v":1.4211543086172345,"d":"1.42"},{"v":1999.003422313484,"d":"1999"},164.3,{"v":1.4237127206329883,"d":"1.42"},null,{"v":1.1361199254220276,"d":"1.14"},{"v":1.001800235203342,"d":"1.00"}]
[null,2000,{"v":64.24279097169565,"d":"64.2"},{"v":1.5565948877292457,"d":"1.56"},2000,515.8,{"v":1.3748662272198526,"d":"1.37"},{"v":2000.002737850787,"d":"2000"},168.8,{"v":1.3857582938388624,"d":"1.39"},null,{"v":1.1321791581693519,"d":"1.13"},{"v":1.0079222737480684,"d":"1.01"}]
[null,2001,{"v":66.37867498650162,"d":"66.4"},{"v":1.5065079262328664,"d":"1.51"},2001,530.4,{"v":1.337021116138763,"d":"1.34"},{"v":2001.0047912388775,"d":"2001"},175.1,{"v":1.3358994860079954,"d":"1.34"},null,{"v":1.1267644976195823,"d":"1.13"},{"v":0.9991610976691176,"d":"1.00"}]
[null,2002,{"v":68.57727949844609,"d":"68.6"},{"v":1.45820891017215,"d":"1.46"},2002,538.8,{"v":1.3161766889383817,"d":"1.32"},{"v":2002.0041067761806,"d":"2002"},177.1,{"v":1.3208130999435348,"d":"1.32"},null,{"v":1.1079127311913801,"d":"1.11"},{"v":1.0035226357100222,"d":"1.00"}]
[null,"2003",{"v":70.98782949331859,"d":"71.0"},{"v":1.4086921760216948,"d":"1.41"},2003,551.1,{"v":1.2868009435674106,"d":"1.29"},{"v":2003.003422313484,"d":"2003"},181.7,{"v":1.2873747936158504,"d":"1.29"},null,{"v":1.0947242330397768,"d":"1.09"},{"v":1.00044595090741,"d":"1.00"}]
[null,"2004",{"v":73.63256823022115,"d":"73.6"},{"v":1.3580946910250078,"d":"1.36"},2004,565.8,{"v":1.2533686815129021,"d":"1.25"},{"v":2004.002737850787,"d":"2004"},185.2,{"v":1.2630453563714903,"d":"1.26"},null,{"v":1.0835556297654527,"d":"1.08"},{"v":1.0077205334721686,"d":"1.01"}]
[null,"2005",{"v":76.49720462806867,"d":"76.5"},{"v":1.3072373099932542,"d":"1.31"},2005,{"v":585,"d":"585.0"},{"v":1.2122324786324785,"d":"1.21"},{"v":2005.0047912388775,"d":"2005"},190.7,{"v":1.2266177241740954,"d":"1.23"},null,{"v":1.0783717917440645,"d":"1.08"},{"v":1.0118667382661162,"d":"1.01"}]
[null,2006,{"v":80.03860355892652,"d":"80.0"},{"v":1.2493971103128676,"d":"1.25"},2006,603.9,{"v":1.1742937572445769,"d":"1.17"},{"v":2006.0041067761806,"d":"2006"},198.3,{"v":1.179606656580938,"d":"1.18"},null,{"v":1.0639561886495226,"d":"1.06"},{"v":1.0045243358432114,"d":"1.00"}]
[null,"2007",{"v":83.07533325041668,"d":"83.1"},{"v":1.2037267391822162,"d":"1.20"},2007,{"v":621.106,"d":"621.1"},{"v":1.1417632417010943,"d":"1.14"},{"v":2007.003422313484,"d":"2007"},{"v":202.416,"d":"202.4"},{"v":1.155620109082286,"d":"1.16"},null,{"v":1.0542700055650798,"d":"1.05"},{"v":1.0121363754542898,"d":"1.01"}]
[null,"2008",{"v":86.96402009621099,"d":"87.0"},{"v":1.1499008427780466,"d":"1.15"},2008,{"v":644.951,"d":"645.0"},{"v":1.0995501983871643,"d":"1.10"},{"v":2008.002737850787,"d":"2008"},{"v":211.08,"d":"211.1"},{"v":1.1081864695849915,"d":"1.11"},null,{"v":1.0457920379303622,"d":"1.05"},{"v":1.0078543673681246,"d":"1.01"}]
[null,"2009",{"v":89.50993307881767,"d":"89.5"},{"v":1.117194444910883,"d":"1.12"},{"$f":"B391","v":2009},{"$f":"O391","v":{"v":642.658,"d":"642.7"}},{"$f":"F$105/F100","v":{"v":1.1034733870892448,"d":"1.10"}},{"$f":"F505","v":{"v":2009.0047912388775,"d":"2009"}},{"$f":"B505","v":{"v":211.143,"d":"211.1"}},{"$f":"I$105/I100","v":{"v":1.1078558133587189,"d":"1.11"}},null,{"v":1.0124344256800173,"d":"1.01"},{"$f":"J100/G100","v":{"v":1.0039714834274653,"d":"1.00"}}]
[null,"2010",{"v":92.2319301437445,"d":"92.2"},{"v":1.0842232168853982,"d":"1.08"},2010,{"v":653.198,"d":"653.2"},{"v":1.0856677454615598,"d":"1.09"},{"v":2010.0041067761806,"d":"2010"},{"v":216.687,"d":"216.7"},{"v":1.0795109997369476,"d":"1.08"},null,{"v":0.9986694561184118,"d":"1.00"},{"v":0.9943290700581745,"d":"0.99"}]
[null,"2011",{"v":94.87068566515705,"d":"94.9"},{"v":1.05406637781608,"d":"1.05"},2011,{"v":673.818,"d":"673.8"},{"v":1.052444428614255,"d":"1.05"},{"v":2011.003422313484,"d":"2011"},{"v":220.223,"d":"220.2"},{"v":1.0621778833273545,"d":"1.06"},null,{"v":1.0015411257428202,"d":"1.00"},{"v":1.009248426281201,"d":"1.01"}]
[null,"2012",{"v":96.08597914852771,"d":"96.1"},{"v":1.040734568,"d":"1.04"},2012,{"v":687.761,"d":"687.8"},{"v":1.0311081901997932,"d":"1.03"},{"v":2012.002737850787,"d":"2012"},{"v":226.665,"d":"226.7"},{"v":1.0319899411025082,"d":"1.03"},null,{"v":1.0093359531925952,"d":"1.01"},{"v":1.0008551487720645,"d":"1.00"}]
[null,2013,{"v":97.88566953797964,"d":"97.9"},{"v":1.0216,"d":"1.02"},2013,{"v":697.836,"d":"697.8"},{"v":1.0162215764162352,"d":"1.02"},{"v":2013.0047912388775,"d":"2013"},{"v":230.28,"d":"230.3"},{"v":1.0157894736842106,"d":"1.02"},null,{"v":1.0052925697589812,"d":"1.01"},{"v":0.9995747947671526,"d":"1.00"}]
[null,{"$f":"A220","v":2014},{"$f":"W220","v":{"v":100,"d":"100.0"}},{"$f":"C$105/C105","v":{"v":1,"d":"1.00"}},2014,{"v":709.156,"d":"709.2"},{"v":1,"d":"1.00"},{"v":2014.0041067761806,"d":"2014"},{"v":233.916,"d":"233.9"},{"v":1,"d":"1.00"},null,{"v":1,"d":"1.00"},{"v":1,"d":"1.00"}]
{"$rows_empty":43}
[{"$nulls":26},"https://officeofbudget.od.nih.gov/gbipriceindexes.html"]
["BIOMEDICAL RESEARCH AND DEVELOPMENT PRICE INDEX"]
["Updated January 2016"]
[]
["Reference Year = 100"]
[]
["Fiscal Year","Annual Change",null,1950,1960,1970,1980,1990,2000,2001,2002,2003,2004,2005,2006,2007,2008,2009,2010,2011,2012,2013,2014,2015]
["1950",null,null,{"v":100,"d":"100.0"},{"v":76.81312863949142,"d":"76.8"},{"v":53.62158167036202,"d":"53.6"},{"v":26.409553047953818,"d":"26.4"},{"v":14.509833866200054,"d":"14.5"},{"v":10.227680893346276,"d":"10.2"},{"v":9.898582125811716,"d":"9.9"},{"v":9.581231138971306,"d":"9.6"},{"v":9.255879077388787,"d":"9.3"},{"v":8.923425890865149,"d":"8.9"},{"v":8.589265045057095,"d":"8.6"},{"v":8.20922325653407,"d":"8.2"},{"v":7.909143906481466,"d":"7.9"},{"v":7.55547828894674,"d":"7.6"},{"v":7.340579343053277,"d":"7.3"},{"v":7.1239403179834015,"d":"7.1"},{"v":6.925793369676944,"d":"6.9"},{"v":6.838196077918803,"d":"6.8"},{"v":6.712471486967895,"d":"6.7"},{"v":6.570547657564502,"d":"6.6"},{"v":6.426906301721037,"d":"6.4"}]
["1951",{"v":0.06443831840110655,"d":"6.4%"},null,{"v":106.44383184011065,"d":"106.4"},{"v":81.76283748014814,"d":"81.8"},{"v":57.076866223207745,"d":"57.1"},{"v":28.111340236088783,"d":"28.1"},{"v":15.444823160817412,"d":"15.4"},{"v":10.886735451256637,"d":"10.9"},{"v":10.536430112554273,"d":"10.5"},{"v":10.198629561778935,"d":"10.2"},{"v":9.852312360459706,"d":"9.9"},{"v":9.498436449649397,"d":"9.5"},{"v":9.14274284086198,"d":"9.1"},{"v":8.73821179856438,"d":"8.7"},{"v":8.41879583980749,"d":"8.4"},{"v":8.042340604602538,"d":"8.0"},{"v":7.81359393200953,"d":"7.8"},{"v":7.5829950524640966,"d":"7.6"},{"v":7.5829950524640966,"d":"7.6"},{"v":7.278837934076933,"d":"7.3"},{"v":7.145011861903481,"d":"7.1"},{"v":6.993942699592288,"d":"7.0"},{"v":6.841045336325416,"d":"6.8"}]
["1952",{"v":0.030106830689543188,"d":"3.0%"},null,{"v":109.64851826326708,"d":"109.6"},{"v":84.22445738485959,"d":"84.2"},{"v":58.795269770879564,"d":"58.8"},{"v":28.95768359703285,"d":"29.0"},{"v":15.909817836750078,"d":"15.9"},{"v":11.214500552249469,"d":"11.2"},{"v":10.85364863002515,"d":"10.9"},{"v":10.505677975260785,"d":"10.5"},{"v":10.14893426059656,"d":"10.1"},{"v":9.784404267654375,"d":"9.8"},{"v":9.418001851609844,"d":"9.4"},{"v":9.001291661713127,"d":"9.0"},{"v":8.672259100766405,"d":"8.7"},{"v":8.284469991532946,"d":"8.3"},{"v":8.048836481597384,"d":"8.0"},{"v":7.811295000628276,"d":"7.8"},{"v":7.811295000628276,"d":"7.8"},{"v":7.497980675374811,"d":"7.5"},{"v":7.360125524304587,"d":"7.4"},{"v":7.204508148301279,"d":"7.2"},{"v":7.047007530005653,"d":"7.0"}]
["1953",{"v":0.018856065367691903,"d":"1.9%"},null,{"v":111.71605789110978,"d":"111.7"},{"v":85.81259925886687,"d":"85.8"},{"v":59.903917220990344,"d":"59.9"},{"v":29.50371157183544,"d":"29.5"},{"v":16.209814401867906,"d":"16.2"},{"v":11.4259619077287,"d":"11.4"},{"v":11.058305738070862,"d":"11.1"},{"v":10.703773725894221,"d":"10.7"},{"v":10.340303228426777,"d":"10.3"},{"v":9.96889963410919,"d":"10.0"},{"v":9.595588310156842,"d":"9.6"},{"v":9.171020605680049,"d":"9.2"},{"v":8.835783785256018,"d":"8.8"},{"v":8.440682499229972,"d":"8.4"},{"v":8.200605868428246,"d":"8.2"},{"v":7.9585852897664475,"d":"8.0"},{"v":7.9585852897664475,"d":"8.0"},{"v":7.63936308911537,"d":"7.6"},{"v":7.498908532305292,"d":"7.5"},{"v":7.340356824887717,"d":"7.3"},{"v":7.179886364638057,"d":"7.2"}]
["1954",{"v":0.011412708204810156,"d":"1.1%"},null,{"v":112.99104066161271,"d":"113.0"},{"v":86.79195341450463,"d":"86.8"},{"v":60.587583148558615,"d":"60.6"},{"v":29.84042882296368,"d":"29.8"},{"v":16.394812283690555,"d":"16.4"},{"v":11.556363076940885,"d":"11.6"},{"v":11.184510954699045,"d":"11.2"},{"v":10.825932772118167,"d":"10.8"},{"v":10.458314091922068,"d":"10.5"},{"v":10.082671776756317,"d":"10.1"},{"v":9.70509995959415,"d":"9.7"},{"v":9.275686787792978,"d":"9.3"},{"v":8.936624007357938,"d":"8.9"},{"v":8.537013545643132,"d":"8.5"},{"v":8.294196990307272,"d":"8.3"},{"v":8.049414301401647,"d":"8.0"},{"v":8.049414301401647,"d":"8.0"},{"v":7.726548910922041,"d":"7.7"},{"v":7.584491387239054,"d":"7.6"},{"v":7.424130175449348,"d":"7.4"},{"v":7.2618283126613665,"d":"7.3"}]
["1955",{"v":0.014333638304365535,"d":"1.4%"},null,{"v":114.61061337009012,"d":"114.6"},{"v":88.03599788247747,"d":"88.0"},{"v":61.45602365114572,"d":"61.5"},{"v":30.268150736559203,"d":"30.3"},{"v":16.629809593032945,"d":"16.6"},{"v":11.722007805399679,"d":"11.7"},{"v":11.344825689334913,"d":"11.3"},{"v":10.981107776781085,"d":"11.0"},{"v":10.608219783389128,"d":"10.6"},{"v":10.227193147145977,"d":"10.2"},{"v":9.844209352122684,"d":"9.8"},{"v":9.408641127233784,"d":"9.4"},{"v":9.064718343541514,"d":"9.1"},{"v":8.65938001000585,"d":"8.7"},{"v":8.413083009991492,"d":"8.4"},{"v":8.164791694559925,"d":"8.2"},{"v":8.164791694559925,"d":"8.2"},{"v":7.837298468352186,"d":"7.8"},{"v":7.693204743506313,"d":"7.7"},{"v":7.530544972108764,"d":"7.5"},{"v":7.365916733123455,"d":"7.4"}]
["1956",{"v":0.027660853878529436,"d":"2.8%"},null,{"v":117.78084079944881,"d":"117.8"},{"v":90.47114875595521,"d":"90.5"},{"v":63.15594974131551,"d":"63.2"},{"v":31.10539363125647,"d":"31.1"},{"v":17.089804326213596,"d":"17.1"},{"v":12.046248550467821,"d":"12.0"},{"v":11.658633255004993,"d":"11.7"},{"v":11.28485459441901,"d":"11.3"},{"v":10.90165220072878,"d":"10.9"},{"v":10.51008604237668,"d":"10.5"},{"v":10.116508588561404,"d":"10.1"},{"v":9.66889217464972,"d":"9.7"},{"v":9.315456193092242,"d":"9.3"},{"v":8.89890585514128,"d":"8.9"},{"v":8.645796069798807,"d":"8.6"},{"v":8.390636804571779,"d":"8.4"},{"v":8.390636804571779,"d":"8.4"},{"v":8.054084836087698,"d":"8.1"},{"v":7.9060053557740515,"d":"7.9"},{"v":7.738846276207959,"d":"7.7"},{"v":7.569664279559798,"d":"7.6"}]
["1957",{"v":0.03686366296079912,"d":"3.7%"},null,{"v":122.12267401791924,"d":"122.1"},{"v":93.80624669137107,"d":"93.8"},{"v":65.48410938654854,"d":"65.5"},{"v":32.2520523783421,"d":"32.3"},{"v":17.719797112961142,"d":"17.7"},{"v":12.490317396974284,"d":"12.5"},{"v":12.088413181901062,"d":"12.1"},{"v":11.700855670749299,"d":"11.7"},{"v":11.3035270331723,"d":"11.3"},{"v":10.897526311931852,"d":"10.9"},{"v":10.489440151510161,"d":"10.5"},{"v":10.025322956980316,"d":"10.0"},{"v":9.658858030520484,"d":"9.7"},{"v":9.226952121305091,"d":"9.2"},{"v":8.964511782143672,"d":"9.0"},{"v":8.699946411761989,"d":"8.7"},{"v":8.699946411761989,"d":"8.7"},{"v":8.350987904942919,"d":"8.4"},{"v":8.19744967257558,"d":"8.2"},{"v":8.024128497039525,"d":"8.0"},{"v":7.848709832287891,"d":"7.8"}]
["1958",{"v":0.024266365688484188,"d":"2.4%"},null,{"v":125.08614748449361,"d":"125.1"},{"v":96.08258337744805,"d":"96.1"},{"v":67.07317073170722,"d":"67.1"},{"v":33.03469247555909,"d":"33.0"},{"v":18.149792189630002,"d":"18.1"},{"v":12.793412006494496,"d":"12.8"},{"v":12.381755036766565,"d":"12.4"},{"v":11.984792913323874,"d":"12.0"},{"v":11.577822553728925,"d":"11.6"},{"v":11.161969670517069,"d":"11.2"},{"v":10.743980742094175,"d":"10.7"},{"v":10.268601109999555,"d":"10.3"},{"v":9.893243411622246,"d":"9.9"},{"v":9.450856715670813,"d":"9.5"},{"v":9.182047903267895,"d":"9.2"},{"v":8.91106249286002,"d":"8.9"},{"v":8.91106249286002,"d":"8.9"},{"v":8.553636031304372,"d":"8.6"},{"v":8.396371984043242,"d":"8.4"},{"v":8.218844933480073,"d":"8.2"},{"v":8.03916949526099,"d":"8.0"}]
["1959",{"v":0.019559228650140512,"d":"2.0%"},null,{"v":127.53273604410802,"d":"127.5"},{"v":97.96188459502373,"d":"98.0"},{"v":68.3850702143386,"d":"68.4"},{"v":33.68082557907563,"d":"33.7"},{"v":18.50478812501951,"d":"18.5"},{"v":13.043641277144975,"d":"13.0"},{"v":12.623932614620712,"d":"12.6"},{"v":12.21920621824016,"d":"12.2"},{"v":11.804275832328063,"d":"11.8"},{"v":11.380289187488646,"d":"11.4"},{"v":10.954124718041502,"d":"11.0"},{"v":10.469447027027122,"d":"10.5"},{"v":10.086747621601662,"d":"10.1"},{"v":9.635708183112335,"d":"9.6"},{"v":9.361641677684455,"d":"9.4"},{"v":9.085356001673562,"d":"9.1"},{"v":9.085356001673562,"d":"9.1"},{"v":8.720938554230734,"d":"8.7"},{"v":8.560598543510778,"d":"8.6"},{"v":8.379599200774058,"d":"8.4"},{"v":8.196409449576034,"d":"8.2"}]
["1960",{"v":0.020805187787085386,"d":"2.1%"},null,{"v":130.1860785665065,"d":"130.2"},{"v":100,"d":"100.0"},{"v":69.80783444198094,"d":"69.8"},{"v":34.38156148007237,"d":"34.4"},{"v":18.889783716920768,"d":"18.9"},{"v":13.315016683343355,"d":"13.3"},{"v":12.88657590327941,"d":"12.9"},{"v":12.47342909821977,"d":"12.5"},{"v":12.049866007710202,"d":"12.0"},{"v":11.617058241105685,"d":"11.6"},{"v":11.18202733984351,"d":"11.2"},{"v":10.687265838451365,"d":"10.7"},{"v":10.296604300030022,"d":"10.3"},{"v":9.836180901323544,"d":"9.8"},{"v":9.556412390784086,"d":"9.6"},{"v":9.274378539400903,"d":"9.3"},{"v":9.274378539400903,"d":"9.3"},{"v":8.902379318531139,"d":"8.9"},{"v":8.73870340377837,"d":"8.7"},{"v":8.553938335726674,"d":"8.6"},{"v":8.366937287354306,"d":"8.4"}]
["1961",{"v":0.021439915299098496,"d":"2.1%"},null,{"v":132.97725706409418,"d":"133.0"},{"v":102.14399152990985,"d":"102.1"},{"v":71.3045084996305,"d":"71.3"},{"v":35.11869924605587,"d":"35.1"},{"v":19.29477907982984,"d":"19.3"},{"v":13.600489513240321,"d":"13.6"},{"v":13.162862999141122,"d":"13.2"},{"v":12.740858361574912,"d":"12.7"},{"v":12.308214114280995,"d":"12.3"},{"v":11.866126985819685,"d":"11.9"},{"v":11.421769058881958,"d":"11.4"},{"v":10.916399912806712,"d":"10.9"},{"v":10.517362624091,"d":"10.5"},{"v":10.04706778671453,"d":"10.0"},{"v":9.761301063005751,"d":"9.8"},{"v":9.473220429737436,"d":"9.5"},{"v":9.473220429737436,"d":"9.5"},{"v":9.093245577080893,"d":"9.1"},{"v":8.926060464579322,"d":"8.9"},{"v":8.737334049118365,"d":"8.7"},{"v":8.546323714108052,"d":"8.5"}]
["1962",{"v":0.022803835190463587,"d":"2.3%"},null,{"v":136.00964851826367,"d":"136.0"},{"v":104.47326627845402,"d":"104.5"},{"v":72.93052475979309,"d":"72.9"},{"v":35.91954027576638,"d":"35.9"},{"v":19.734774042002684,"d":"19.7"},{"v":13.910632834609881,"d":"13.9"},{"v":13.463026757608189,"d":"13.5"},{"v":13.031398795837305,"d":"13.0"},{"v":12.588888600431996,"d":"12.6"},{"v":12.13672018995343,"d":"12.1"},{"v":11.682229198084238,"d":"11.7"},{"v":11.165335697291548,"d":"11.2"},{"v":10.75719882800911,"d":"10.8"},{"v":10.276179464670184,"d":"10.3"},{"v":9.983896163691032,"d":"10.0"},{"v":9.689246187140101,"d":"9.7"},{"v":9.689246187140101,"d":"9.7"},{"v":9.300606450567056,"d":"9.3"},{"v":9.129608876313702,"d":"9.1"},{"v":8.936578774778486,"d":"8.9"},{"v":8.741212671568922,"d":"8.7"}]
["1963",{"v":0.027362553838359085,"d":"2.7%"},null,{"v":139.73121984838096,"d":"139.7"},{"v":107.33192165166744,"d":"107.3"},{"v":74.9260901699927,"d":"74.9"},{"v":36.90239063041115,"d":"36.9"},{"v":20.274767859214833,"d":"20.3"},{"v":14.29126327447254,"d":"14.3"},{"v":13.831409552090511,"d":"13.8"},{"v":13.38797114697753,"d":"13.4"},{"v":12.933352742526422,"d":"12.9"},{"v":12.46881184957213,"d":"12.5"},{"v":12.001884823468869,"d":"12.0"},{"v":11.47084779643204,"d":"11.5"},{"v":11.051543260090444,"d":"11.1"},{"v":10.557361978524863,"d":"10.6"},{"v":10.257081059986614,"d":"10.3"},{"v":9.954368707588838,"d":"10.0"},{"v":9.954368707588838,"d":"10.0"},{"v":9.555094795300088,"d":"9.6"},{"v":9.379418290714996,"d":"9.4"},{"v":9.1811063926341,"d":"9.2"},{"v":8.980394573907272,"d":"9.0"}]
["1964",{"v":0.021701602959309094,"d":"2.2%"},null,{"v":142.76361130255046,"d":"142.8"},{"v":109.6611964002116,"d":"109.7"},{"v":76.55210643015528,"d":"76.6"},{"v":37.70323166012166,"d":"37.7"},{"v":20.714762821387676,"d":"20.7"},{"v":14.601406595842098,"d":"14.6"},{"v":14.131573310557574,"d":"14.1"},{"v":13.678511581239922,"d":"13.7"},{"v":13.214027228677422,"d":"13.2"},{"v":12.739405053705871,"d":"12.7"},{"v":12.262344962671147,"d":"12.3"},{"v":11.719783580916873,"d":"11.7"},{"v":11.291379464008555,"d":"11.3"},{"v":10.786473656480515,"d":"10.8"},{"v":10.479676160671893,"d":"10.5"},{"v":10.1703944649915,"d":"10.2"},{"v":10.1703944649915,"d":"10.2"},{"v":9.76245566878625,"d":"9.8"},{"v":9.582966702449374,"d":"9.6"},{"v":9.38035111829422,"d":"9.4"},{"v":9.175283531368143,"d":"9.2"}]
["1965",{"v":0.029930002413709928,"d":"3.0%"},null,{"v":147.03652653342573,"d":"147.0"},{"v":112.94335627316025,"d":"112.9"},{"v":78.8433111603844,"d":"78.8"},{"v":38.83168947471376,"d":"38.8"},{"v":21.334755722631236,"d":"21.3"},{"v":15.03842673049921,"d":"15.0"},{"v":14.554531333852081,"d":"14.6"},{"v":14.087909465882394,"d":"14.1"},{"v":13.609523095526566,"d":"13.6"},{"v":13.120695477712518,"d":"13.1"},{"v":12.629356977001638,"d":"12.6"},{"v":12.070556731781874,"d":"12.1"},{"v":11.629330478620446,"d":"11.6"},{"v":11.109312839054395,"d":"11.1"},{"v":10.793332893455702,"d":"10.8"},{"v":10.474794395877078,"d":"10.5"},{"v":10.474794395877078,"d":"10.5"},{"v":10.05464599051676,"d":"10.1"},{"v":9.869784918984186,"d":"9.9"},{"v":9.661105049906212,"d":"9.7"},{"v":9.449899789608464,"d":"9.4"}]
["1966",{"v":0.03609093039606437,"d":"3.6%"},null,{"v":152.34321157822268,"d":"152.3"},{"v":117.01958708311278,"d":"117.0"},{"v":81.68883961566908,"d":"81.7"},{"v":40.23316127670724,"d":"40.2"},{"v":22.104746906433757,"d":"22.1"},{"v":15.581177542895972,"d":"15.6"},{"v":15.079817911169474,"d":"15.1"},{"v":14.596355225841611,"d":"14.6"},{"v":14.100703446290845,"d":"14.1"},{"v":13.594233584946597,"d":"13.6"},{"v":13.085162220605655,"d":"13.1"},{"v":12.50619435463036,"d":"12.5"},{"v":12.049043835477166,"d":"12.0"},{"v":11.510258275476811,"d":"11.5"},{"v":11.182874319654964,"d":"11.2"},{"v":10.852839471331762,"d":"10.9"},{"v":10.852839471331762,"d":"10.9"},{"v":10.417527519117566,"d":"10.4"},{"v":10.22599463951937,"d":"10.2"},{"v":10.009783319811444,"d":"10.0"},{"v":9.790955465165005,"d":"9.8"}]
["1967",{"v":0.043881474779461395,"d":"4.4%"},null,{"v":159.0282563749146,"d":"159.0"},{"v":122.15457914240338,"d":"122.2"},{"v":85.27346637102752,"d":"85.3"},{"v":41.99865172856907,"d":"42.0"},{"v":23.074735800314805,"d":"23.1"},{"v":16.264902592278872,"d":"16.3"},{"v":15.741542560517328,"d":"15.7"},{"v":15.236864819556438,"d":"15.2"},{"v":14.719463108941921,"d":"14.7"},{"v":14.190768603150538,"d":"14.2"},{"v":13.659358436574323,"d":"13.7"},{"v":13.054984606790113,"d":"13.1"},{"v":12.577773648660282,"d":"12.6"},{"v":12.015345383697234,"d":"12.0"},{"v":11.673595337074788,"d":"11.7"},{"v":11.32907807287855,"d":"11.3"},{"v":11.32907807287855,"d":"11.3"},{"v":10.874663990212069,"d":"10.9"},{"v":10.674726365388347,"d":"10.7"},{"v":10.449027374107622,"d":"10.4"},{"v":10.220597030476473,"d":"10.2"}]
["1968",{"v":0.04745395449620519,"d":"4.7%"},null,{"v":166.57477601654065,"d":"166.6"},{"v":127.95129698253008,"d":"128.0"},{"v":89.32002956393195,"d":"89.3"},{"v":43.99165383659856,"d":"44.0"},{"v":24.169723262994903,"d":"24.2"},{"v":17.036736539778083,"d":"17.0"},{"v":16.488541004884194,"d":"16.5"},{"v":15.9599143093685,"d":"16.0"},{"v":15.417959841522222,"d":"15.4"},{"v":14.864176690710622,"d":"14.9"},{"v":14.307549010270877,"d":"14.3"},{"v":13.674495252269391,"d":"13.7"},{"v":13.174638747047377,"d":"13.2"},{"v":12.585521036791391,"d":"12.6"},{"v":12.227553599007448,"d":"12.2"},{"v":11.866687628232885,"d":"11.9"},{"v":11.866687628232885,"d":"11.9"},{"v":11.390709800365114,"d":"11.4"},{"v":11.181284344590928,"d":"11.2"},{"v":10.944875043648128,"d":"10.9"},{"v":10.705604776884755,"d":"10.7"}]
["1969",{"v":0.05357881671493819,"d":"5.4%"},null,{"v":175.4996554100628,"d":"175.5"},{"v":134.8067760719957,"d":"134.8"},{"v":94.10569105691073,"d":"94.1"},{"v":46.348674594496686,"d":"46.3"},{"v":25.464708435753685,"d":"25.5"},{"v":17.949544724263546,"d":"17.9"},{"v":17.37197752128163,"d":"17.4"},{"v":16.815027632936275,"d":"16.8"},{"v":16.24403588598942,"d":"16.2"},{"v":15.660581689240663,"d":"15.7"},{"v":15.074130556332177,"d":"15.1"},{"v":14.407158527060027,"d":"14.4"},{"v":13.880520301760951,"d":"13.9"},{"v":13.259838361683638,"d":"13.3"},{"v":12.882691452160753,"d":"12.9"},{"v":12.502490709679401,"d":"12.5"},{"v":12.502490709679401,"d":"12.5"},{"v":12.001010553011927,"d":"12.0"},{"v":11.780364329127373,"d":"11.8"},{"v":11.531288497579652,"d":"11.5"},{"v":11.27919841304803,"d":"11.3"}]
["1970",{"v":0.0626349892008622,"d":"6.3%"},null,{"v":186.49207443142708,"d":"186.5"},{"v":143.25039703546818,"d":"143.3"},{"v":100,"d":"100.0"},{"v":49.25172332719726,"d":"49.3"},{"v":27.059690173630223,"d":"27.1"},{"v":19.073814264228183,"d":"19.1"},{"v":18.460071145724722,"d":"18.5"},{"v":17.868236707137438,"d":"17.9"},{"v":17.261480898286784,"d":"17.3"},{"v":16.64148205422547,"d":"16.6"},{"v":16.01829856094043,"d":"16.0"},{"v":15.309550745817539,"d":"15.3"},{"v":14.749926540964097,"d":"14.7"},{"v":14.09036819427287,"d":"14.1"},{"v":13.68959869214488,"d":"13.7"},{"v":13.28558408026405,"d":"13.3"},{"v":13.28558408026405,"d":"13.3"},{"v":12.752693719399263,"d":"12.8"},{"v":12.518227321664488,"d":"12.5"},{"v":12.25355062809758,"d":"12.3"},{"v":11.985670883843675,"d":"12.0"}]
["1971",{"v":0.05801921655580328,"d":"5.8%"},null,{"v":197.31219848380505,"d":"197.3"},{"v":151.56167284277382,"d":"151.6"},{"v":105.80192165558032,"d":"105.8"},{"v":52.10926972866442,"d":"52.1"},{"v":28.629672197747013,"d":"28.6"},{"v":20.180462024569607,"d":"20.2"},{"v":19.53111001116406,"d":"19.5"},{"v":18.904937802119196,"d":"18.9"},{"v":18.262978496598347,"d":"18.3"},{"v":17.60700780533909,"d":"17.6"},{"v":16.947667694003144,"d":"16.9"},{"v":16.197798885911187,"d":"16.2"},{"v":15.605705723126482,"d":"15.6"},{"v":14.90788031788739,"d":"14.9"},{"v":14.483858483226475,"d":"14.5"},{"v":14.05640326008722,"d":"14.1"},{"v":14.05640326008722,"d":"14.1"},{"v":13.49259501797492,"d":"13.5"},{"v":13.244525063534912,"d":"13.2"},{"v":12.964492035566673,"d":"13.0"},{"v":12.681070118419987,"d":"12.7"}]
["1972",{"v":0.04977296542088637,"d":"5.0%"},null,{"v":207.13301171605855,"d":"207.1"},{"v":159.1053467443089,"d":"159.1"},{"v":111.06799704360687,"d":"111.1"},{"v":54.702902608976885,"d":"54.7"},{"v":30.054655882056792,"d":"30.1"},{"v":21.184903463096024,"d":"21.2"},{"v":20.50323127438126,"d":"20.5"},{"v":19.845892617628085,"d":"19.8"},{"v":19.171981093791928,"d":"19.2"},{"v":18.483360795999513,"d":"18.5"},{"v":17.791203372101435,"d":"17.8"},{"v":17.004011369754117,"d":"17.0"},{"v":16.382447974452187,"d":"16.4"},{"v":15.649889729448311,"d":"15.6"},{"v":15.204763070673119,"d":"15.2"},{"v":14.756032133493578,"d":"14.8"},{"v":14.756032133493578,"d":"14.8"},{"v":14.16416148324261,"d":"14.2"},{"v":13.9037443515383,"d":"13.9"},{"v":13.60977324935229,"d":"13.6"},{"v":13.312244582923942,"d":"13.3"}]
["1973",{"v":0.04774579936782525,"d":"4.8%"},null,{"v":217.02274293590688,"d":"217.0"},{"v":166.70195870831094,"d":"166.7"},{"v":116.37102734663712,"d":"116.4"},{"v":57.314736421782776,"d":"57.3"},{"v":31.489639451870502,"d":"31.5"},{"v":22.196393613471752,"d":"22.2"},{"v":21.482174441199984,"d":"21.5"},{"v":20.793450624824757,"d":"20.8"},{"v":20.087362656579856,"d":"20.1"},{"v":19.36586363220843,"d":"19.4"},{"v":18.640658598817968,"d":"18.6"},{"v":17.815881485062615,"d":"17.8"},{"v":17.164641048594213,"d":"17.2"},{"v":16.39710622459914,"d":"16.4"},{"v":15.930726637680795,"d":"15.9"},{"v":15.460570683204544,"d":"15.5"},{"v":15.460570683204544,"d":"15.5"},{"v":14.840440695634989,"d":"14.8"},{"v":14.56758973980838,"d":"14.6"},{"v":14.259582752357458,"d":"14.3"},{"v":13.947848341915645,"d":"13.9"}]
["1974",{"v":0.06367100666878317,"d":"6.4%"},null,{"v":230.8407994486566,"d":"230.8"},{"v":177.31604023292704,"d":"177.3"},{"v":123.780487804878,"d":"123.8"},{"v":60.96402338671366,"d":"61.0"},{"v":33.49461649540813,"d":"33.5"},{"v":23.60966033925805,"d":"23.6"},{"v":22.849966113305594,"d":"22.8"},{"v":22.11739055822499,"d":"22.1"},{"v":21.366345258245218,"d":"21.4"},{"v":20.59890766468152,"d":"20.6"},{"v":19.82752809677382,"d":"19.8"},{"v":18.95023659390829,"d":"19.0"},{"v":18.257531023266527,"d":"18.3"},{"v":17.44112648437434,"d":"17.4"},{"v":16.945052039667132,"d":"16.9"},{"v":16.444960782278056,"d":"16.4"},{"v":16.444960782278056,"d":"16.4"},{"v":15.785346494134448,"d":"15.8"},{"v":15.495122843279818,"d":"15.5"},{"v":15.167504740876877,"d":"15.2"},{"v":14.835921886708933,"d":"14.8"}]
["1975",{"v":0.10688162412300577,"d":"10.7%"},null,{"v":255.51343900758206,"d":"255.5"},{"v":196.26786659608248,"d":"196.3"},{"v":137.01034737620125,"d":"137.0"},{"v":67.47995721935851,"d":"67.5"},{"v":37.074575505814565,"d":"37.1"},{"v":26.133099181310463,"d":"26.1"},{"v":25.29220760265134,"d":"25.3"},{"v":24.48133318245091,"d":"24.5"},{"v":23.65001494101935,"d":"23.7"},{"v":22.80055237104251,"d":"22.8"},{"v":21.94672650210153,"d":"21.9"},{"v":20.97566865858042,"d":"21.0"},{"v":20.208925591509416,"d":"20.2"},{"v":19.305262409559035,"d":"19.3"},{"v":18.756166722515605,"d":"18.8"},{"v":18.202624899327066,"d":"18.2"},{"v":18.202624899327066,"d":"18.2"},{"v":17.47250996477193,"d":"17.5"},{"v":17.15126673875505,"d":"17.2"},{"v":16.788632281475188,"d":"16.8"},{"v":16.42160931332243,"d":"16.4"}]
["1976",{"v":0.07457855697909639,"d":"7.5%"},null,{"v":274.5692625775339,"d":"274.6"},{"v":210.9052408681841,"d":"210.9"},{"v":147.22838137472309,"d":"147.2"},{"v":72.51251505378943,"d":"72.5"},{"v":39.839543847650766,"d":"39.8"},{"v":28.082068007644203,"d":"28.1"},{"v":27.178463948472807,"d":"27.2"},{"v":26.307115684122568,"d":"26.3"},{"v":25.413798927854643,"d":"25.4"},{"v":24.500984665201177,"d":"24.5"},{"v":23.583481695043155,"d":"23.6"},{"v":22.540003758809007,"d":"22.5"},{"v":21.71607810022212,"d":"21.7"},{"v":20.745021022166743,"d":"20.7"},{"v":20.154974571140166,"d":"20.2"},{"v":19.56015039755065,"d":"19.6"},{"v":19.56015039755065,"d":"19.6"},{"v":18.775584544747502,"d":"18.8"},{"v":18.430383462494973,"d":"18.4"},{"v":18.04070425068028,"d":"18.0"},{"v":17.646309239184507,"d":"17.6"}]
["1977",{"v":0.07969377510040188,"d":"8.0%"},null,{"v":296.45072363887107,"d":"296.5"},{"v":227.71307570142926,"d":"227.7"},{"v":158.96156688839645,"d":"159.0"},{"v":78.29131112045063,"d":"78.3"},{"v":43.014507495148045,"d":"43.0"},{"v":30.32003401979959,"d":"30.3"},{"v":29.34441834195678,"d":"29.3"},{"v":28.403629044993284,"d":"28.4"},{"v":27.439120504057925,"d":"27.4"},{"v":26.453560626848112,"d":"26.5"},{"v":25.462938381332368,"d":"25.5"},{"v":24.336301749125745,"d":"24.3"},{"v":23.446714344403983,"d":"23.4"},{"v":22.398270061960407,"d":"22.4"},{"v":21.761200581766932,"d":"21.8"},{"v":21.118972624263087,"d":"21.1"},{"v":21.118972624263087,"d":"21.1"},{"v":20.271881756835192,"d":"20.3"},{"v":19.899170297169217,"d":"19.9"},{"v":19.478436077886858,"d":"19.5"},{"v":19.05261023904422,"d":"19.1"}]
["1978",{"v":0.07404393816110537,"d":"7.4%"},null,{"v":318.4011026878026,"d":"318.4"},{"v":244.57384859714102,"d":"244.6"},{"v":170.7317073170733,"d":"170.7"},{"v":84.08830811960514,"d":"84.1"},{"v":46.1994710281492,"d":"46.2"},{"v":32.56504874380425,"d":"32.6"},{"v":31.517194639042238,"d":"31.5"},{"v":30.50674559755175,"d":"30.5"},{"v":29.47082104585551,"d":"29.5"},{"v":28.412286434043512,"d":"28.4"},{"v":27.34831461623978,"d":"27.3"},{"v":26.138257370908015,"d":"26.1"},{"v":25.182801411402135,"d":"25.2"},{"v":24.056726185343944,"d":"24.1"},{"v":23.372485571954694,"d":"23.4"},{"v":22.6827045272801,"d":"22.7"},{"v":22.6827045272801,"d":"22.7"},{"v":21.77289171604754,"d":"21.8"},{"v":21.37258323211012,"d":"21.4"},{"v":20.92069619431296,"d":"20.9"},{"v":20.46334053339166,"d":"20.5"}]
["1979",{"v":0.08308376366751588,"d":"8.3%"},null,{"v":344.8550646549925,"d":"344.9"},{"v":264.8939644332407,"d":"264.9"},{"v":184.91674013835652,"d":"184.9"},{"v":91.07468123861568,"d":"91.1"},{"v":50.037896960616195,"d":"50.0"},{"v":35.27067555745561,"d":"35.3"},{"v":34.13576178989552,"d":"34.1"},{"v":33.04136083904377,"d":"33.0"},{"v":31.91936777671702,"d":"31.9"},{"v":30.772886125383348,"d":"30.8"},{"v":29.620515524520314,"d":"29.6"},{"v":28.309922168993243,"d":"28.3"},{"v":27.275083332353056,"d":"27.3"},{"v":26.0554495383412,"d":"26.1"},{"v":25.314359639537404,"d":"25.3"},{"v":24.567268989564734,"d":"24.6"},{"v":24.567268989564734,"d":"24.6"},{"v":23.581865505742048,"d":"23.6"},{"v":23.14829788633107,"d":"23.1"},{"v":22.658866372681157,"d":"22.7"},{"v":22.163511882115866,"d":"22.2"}]
["1980",{"v":0.09799999999999988,"d":"9.8%"},null,{"v":378.6508609911817,"d":"378.7"},{"v":290.85357294769824,"d":"290.9"},{"v":203.03858067191544,"d":"203.0"},{"v":100,"d":"100.0"},{"v":54.94161086275657,"d":"54.9"},{"v":38.72720176208625,"d":"38.7"},{"v":37.481066445305274,"d":"37.5"},{"v":36.27941420127005,"d":"36.3"},{"v":35.047465818835285,"d":"35.0"},{"v":33.78862896567091,"d":"33.8"},{"v":32.523326045923305,"d":"32.5"},{"v":31.084294541554577,"d":"31.1"},{"v":29.94804149892365,"d":"29.9"},{"v":28.608883593098636,"d":"28.6"},{"v":27.795166884212065,"d":"27.8"},{"v":26.974861350542074,"d":"27.0"},{"v":26.974861350542074,"d":"27.0"},{"v":25.892888325304764,"d":"25.9"},{"v":25.41683107919151,"d":"25.4"},{"v":24.879435277203907,"d":"24.9"},{"v":24.33553604656322,"d":"24.3"}]
["1981",{"v":0.104,"d":"10.4%"},null,{"v":418.03055053426453,"d":"418.0"},{"v":321.10234453425886,"d":"321.1"},{"v":224.15459306179463,"d":"224.2"},110.4,{"v":60.65553839248325,"d":"60.7"},{"v":42.75483074534323,"d":"42.8"},{"v":41.37909735561703,"d":"41.4"},{"v":40.052473278202136,"d":"40.1"},{"v":38.692402263994154,"d":"38.7"},{"v":37.30264637810069,"d":"37.3"},{"v":35.905751954699326,"d":"35.9"},{"v":34.317061173876255,"d":"34.3"},{"v":33.06263781481171,"d":"33.1"},{"v":31.58420748678089,"d":"31.6"},{"v":30.68586424017012,"d":"30.7"},{"v":29.78024693099845,"d":"29.8"},{"v":28.951932152126123,"d":"29.0"},{"v":28.58574871113646,"d":"28.6"},{"v":28.060181511427427,"d":"28.1"},{"v":27.466896546033112,"d":"27.5"},{"v":26.866431795405795,"d":"26.9"}]
["1982",{"v":0.08600000000000023,"d":"8.6%"},null,{"v":453.9811778802114,"d":"454.0"},{"v":348.7171461642052,"d":"348.7"},{"v":243.43188806510904,"d":"243.4"},{"v":119.89440000000003,"d":"119.9"},{"v":65.87191469423684,"d":"65.9"},{"v":46.431746189442755,"d":"46.4"},{"v":44.9376997282001,"d":"44.9"},{"v":43.49698598012753,"d":"43.5"},{"v":42.01994885869766,"d":"42.0"},{"v":40.510673966617354,"d":"40.5"},{"v":38.993646622803475,"d":"39.0"},{"v":37.26832843482962,"d":"37.3"},{"v":35.90602466688553,"d":"35.9"},{"v":34.30044933064406,"d":"34.3"},{"v":33.324848564824755,"d":"33.3"},{"v":32.341348167064325,"d":"32.3"},{"v":31.441798317208974,"d":"31.4"},{"v":31.044123100294204,"d":"31.0"},{"v":30.473357121410196,"d":"30.5"},{"v":29.829049648991965,"d":"29.8"},{"v":29.1769449298107,"d":"29.2"}]
["1983 ",{"v":0.061999999999999784,"d":"6.2%"},null,{"v":482.12801090878446,"d":"482.1"},{"v":370.33760922638584,"d":"370.3"},{"v":258.52466512514576,"d":"258.5"},{"v":127.32785280000002,"d":"127.3"},{"v":69.95597340527951,"d":"70.0"},{"v":49.3105144531882,"d":"49.3"},{"v":47.7238371113485,"d":"47.7"},{"v":46.193799110895434,"d":"46.2"},{"v":44.625185687936906,"d":"44.6"},{"v":43.022335752547626,"d":"43.0"},{"v":41.411252713417284,"d":"41.4"},{"v":39.57896479778905,"d":"39.6"},{"v":38.13219819623242,"d":"38.1"},{"v":36.42707718914398,"d":"36.4"},{"v":35.390989175843885,"d":"35.4"},{"v":34.346511753422305,"d":"34.3"},{"v":33.39118981287593,"d":"33.4"},{"v":32.96885873251244,"d":"33.0"},{"v":32.362705262937624,"d":"32.4"},{"v":31.678450727229464,"d":"31.7"},{"v":30.985915515458956,"d":"31.0"}]
["1984",{"v":0.059000000000000025,"d":"5.9%"},null,{"v":510.5735635524027,"d":"510.6"},{"v":392.18752817074255,"d":"392.2"},{"v":273.7776203675293,"d":"273.8"},{"v":134.8401961152,"d":"134.8"},{"v":74.08337583619098,"d":"74.1"},{"v":52.2198348059263,"d":"52.2"},{"v":50.53954350091805,"d":"50.5"},{"v":48.919233258438254,"d":"48.9"},{"v":47.258071643525184,"d":"47.3"},{"v":45.56065356194793,"d":"45.6"},{"v":43.8545166235089,"d":"43.9"},{"v":41.9141237208586,"d":"41.9"},{"v":40.38199788981013,"d":"40.4"},{"v":38.57627474330347,"d":"38.6"},{"v":37.47905753721867,"d":"37.5"},{"v":36.37295594687422,"d":"36.4"},{"v":35.3612700118356,"d":"35.4"},{"v":34.914021397730664,"d":"34.9"},{"v":34.272104873450935,"d":"34.3"},{"v":33.547479320136,"d":"33.5"},{"v":32.81408453087103,"d":"32.8"}]
["1985 ",{"v":0.05599999999999994,"d":"5.6%"},null,{"v":539.1656831113372,"d":"539.2"},{"v":414.1500297483041,"d":"414.2"},{"v":289.10916710811097,"d":"289.1"},{"v":142.3912470976512,"d":"142.4"},{"v":78.23204488301768,"d":"78.2"},{"v":55.14414555505817,"d":"55.1"},{"v":53.369757936969464,"d":"53.4"},{"v":51.65871032091079,"d":"51.7"},{"v":49.90452365556259,"d":"49.9"},{"v":48.11205016141701,"d":"48.1"},{"v":46.31036955442539,"d":"46.3"},{"v":44.26131464922668,"d":"44.3"},{"v":42.6433897716395,"d":"42.6"},{"v":40.73654612892847,"d":"40.7"},{"v":39.57788475930291,"d":"39.6"},{"v":38.40984147989917,"d":"38.4"},{"v":37.341501132498394,"d":"37.3"},{"v":36.869206596003586,"d":"36.9"},{"v":36.191342746364185,"d":"36.2"},{"v":35.42613816206361,"d":"35.4"},{"v":34.65167326459981,"d":"34.7"}]
["1986",{"v":0.04198510169982908,"d":"4.2%"},null,{"v":561.8026091498245,"d":"561.8"},{"v":431.538160866274,"d":"431.5"},{"v":301.24744489149793,"d":"301.2"},{"v":148.3695580882116,"d":"148.4"},{"v":81.51662524361677,"d":"81.5"},{"v":57.45937811433747,"d":"57.5"},{"v":55.61049265164839,"d":"55.6"},{"v":53.82760652741625,"d":"53.8"},{"v":51.999770156522914,"d":"52.0"},{"v":50.13203948043139,"d":"50.1"},{"v":48.25471512992462,"d":"48.3"},{"v":46.1196304461426,"d":"46.1"},{"v":44.43377682802724,"d":"44.4"},{"v":42.44687416105131,"d":"42.4"},{"v":41.23956627598637,"d":"41.2"},{"v":40.02248258070706,"d":"40.0"},{"v":38.909287855170625,"d":"38.9"},{"v":38.417163984528806,"d":"38.4"},{"v":37.710839952223665,"d":"37.7"},{"v":36.91350817563006,"d":"36.9"},{"v":36.10652729068328,"d":"36.1"}]
["1987",{"v":0.05329518699645994,"d":"5.3%"},null,{"v":591.7439842595635,"d":"591.7"},{"v":454.5370678457504,"d":"454.5"},{"v":317.302483799196,"d":"317.3"},{"v":156.27694143110492,"d":"156.3"},{"v":85.86106902929566,"d":"85.9"},{"v":60.521686415641376,"d":"60.5"},{"v":58.57426425648325,"d":"58.6"},{"v":56.69635888286676,"d":"56.7"},{"v":54.77110763078774,"d":"54.8"},{"v":52.80383589905489,"d":"52.8"},{"v":50.82645919623485,"d":"50.8"},{"v":48.57758477497739,"d":"48.6"},{"v":46.80188327303591,"d":"46.8"},{"v":44.70908825687974,"d":"44.7"},{"v":43.43743667231796,"d":"43.4"},{"v":42.1554882739084,"d":"42.2"},{"v":40.98296562731103,"d":"41.0"},{"v":40.46461392295793,"d":"40.5"},{"v":39.72064621927099,"d":"39.7"},{"v":38.8808204965456,"d":"38.9"},{"v":38.03083141443303,"d":"38.0"}]
["1988",{"v":0.05013218402862544,"d":"5.0%"},null,{"v":621.409402576296,"d":"621.4"},{"v":477.3240037788254,"d":"477.3"},{"v":333.2095503097573,"d":"333.2"},{"v":164.1114458183598,"d":"164.1"},{"v":90.16547194276683,"d":"90.2"},{"v":63.55577073675307,"d":"63.6"},{"v":61.510720051530605,"d":"61.5"},{"v":59.53867118013563,"d":"59.5"},{"v":57.51690287798604,"d":"57.5"},{"v":55.45100751776364,"d":"55.5"},{"v":53.37450060218392,"d":"53.4"},{"v":51.012885194582715,"d":"51.0"},{"v":49.148163898166,"d":"49.1"},{"v":46.950452497125696,"d":"47.0"},{"v":45.61505024130637,"d":"45.6"},{"v":44.268834969872536,"d":"44.3"},{"v":43.037531202178215,"d":"43.0"},{"v":42.49319339479094,"d":"42.5"},{"v":41.71192896527141,"d":"41.7"},{"v":40.830000944862384,"d":"40.8"},{"v":39.93740005366302,"d":"39.9"}]
["1989",{"v":0.051961200714111345,"d":"5.2%"},null,{"v":653.6985812691989,"d":"653.7"},{"v":502.12633214484015,"d":"502.1"},{"v":350.5235186332613,"d":"350.5"},{"v":172.6388735940106,"d":"172.6"},{"v":94.85057812786751,"d":"94.9"},{"v":66.85820489654553,"d":"66.9"},{"v":64.7068909221977,"d":"64.7"},{"v":62.632372023578135,"d":"62.6"},{"v":60.50555021288312,"d":"60.5"},{"v":58.33230844919385,"d":"58.3"},{"v":56.147903740989456,"d":"56.1"},{"v":53.66357596118434,"d":"53.7"},{"v":51.70196150720864,"d":"51.7"},{"v":49.390054382947184,"d":"49.4"},{"v":47.98526302247916,"d":"48.0"},{"v":46.56909678912195,"d":"46.6"},{"v":45.27381299921443,"d":"45.3"},{"v":44.70119074576122,"d":"44.7"},{"v":43.87933087840863,"d":"43.9"},{"v":42.95157681911573,"d":"43.0"},{"v":42.01259531385116,"d":"42.0"}]
["1990",{"v":0.054289831161498846,"d":"5.4%"},null,{"v":689.1877668768151,"d":"689.2"},{"v":529.3866859387263,"d":"529.4"},{"v":369.5533812779956,"d":"369.6"},{"v":182.01140889334079,"d":"182.0"},{"v":100,"d":"100.0"},{"v":70.4879255521399,"d":"70.5"},{"v":68.21981710534934,"d":"68.2"},{"v":66.03267292598238,"d":"66.0"},{"v":63.79038631827414,"d":"63.8"},{"v":61.499159626161074,"d":"61.5"},{"v":59.19616395515987,"d":"59.2"},{"v":56.57696243963931,"d":"56.6"},{"v":54.50885226815332,"d":"54.5"},{"v":52.07143209645464,"d":"52.1"},{"v":50.59037485020967,"d":"50.6"},{"v":49.097325191146886,"d":"49.1"},{"v":47.73172066297906,"d":"47.7"},{"v":47.12801084406656,"d":"47.1"},{"v":46.26153234327698,"d":"46.3"},{"v":45.283410672745674,"d":"45.3"},{"v":44.293452020096524,"d":"44.3"}]
["1991",{"v":0.04825671712487995,"d":"4.8%"},null,{"v":722.4457059889173,"d":"722.4"},{"v":554.9331494917491,"d":"554.9"},{"v":387.3868142608707,"d":"387.4"},{"v":190.7946819658076,"d":"190.8"},{"v":104.825671712488,"d":"104.8"},{"v":73.8894414362291,"d":"73.9"},{"v":71.51188152171324,"d":"71.5"},{"v":69.21919294437123,"d":"69.2"},{"v":66.8687009461219,"d":"66.9"},{"v":64.46690717565856,"d":"64.5"},{"v":62.052776494022034,"d":"62.1"},{"v":59.30718091187394,"d":"59.3"},{"v":57.13927053285946,"d":"57.1"},{"v":54.58422846542065,"d":"54.6"},{"v":53.03170025859788,"d":"53.0"},{"v":51.466600924484304,"d":"51.5"},{"v":50.03509680489622,"d":"50.0"},{"v":49.40225393202695,"d":"49.4"},{"v":48.493962023329985,"d":"48.5"},{"v":47.468639412030136,"d":"47.5"},{"v":46.43090860471476,"d":"46.4"}]
["1992",{"v":0.04410923108486011,"d":"4.4%"},null,{"v":754.3122305806473,"d":"754.3"},{"v":579.4108240193298,"d":"579.4"},{"v":404.4741487703313,"d":"404.5"},{"v":199.21048868239978,"d":"199.2"},{"v":109.44945148967982,"d":"109.4"},{"v":77.14864788327097,"d":"77.1"},{"v":74.66621562906761,"d":"74.7"},{"v":72.27239832146202,"d":"72.3"},{"v":69.8182279284988,"d":"69.8"},{"v":67.3104928815959,"d":"67.3"},{"v":64.78987675185402,"d":"64.8"},{"v":61.9231750597074,"d":"61.9"},{"v":59.659639820813695,"d":"59.7"},{"v":56.991896812390685,"d":"57.0"},{"v":55.370887780127404,"d":"55.4"},{"v":53.73675311781466,"d":"53.7"},{"v":52.24210645221673,"d":"52.2"},{"v":51.581349366827666,"d":"51.6"},{"v":50.63299340043748,"d":"50.6"},{"v":49.56244459713927,"d":"49.6"},{"v":48.478940281840146,"d":"48.5"}]
["1993",{"v":0.03416894183833881,"d":"3.4%"},null,{"v":780.0862813153051,"d":"780.1"},{"v":599.2086787657503,"d":"599.2"},{"v":418.2946024347763,"d":"418.3"},{"v":206.01730028377577,"d":"206.0"},{"v":113.18922343186877,"d":"113.2"},{"v":79.78473554570094,"d":"79.8"},{"v":77.21748120818609,"d":"77.2"},{"v":74.74186969622531,"d":"74.7"},{"v":72.20384289784356,"d":"72.2"},{"v":69.61042119797708,"d":"69.6"},{"v":67.00367828230127,"d":"67.0"},{"v":64.03902442676781,"d":"64.0"},{"v":61.69814658394732,"d":"61.7"},{"v":58.93924961982987,"d":"58.9"},{"v":57.262852424223766,"d":"57.3"},{"v":55.57288110967844,"d":"55.6"},{"v":54.027163949094835,"d":"54.0"},{"v":53.34382949328584,"d":"53.3"},{"v":52.363069207038016,"d":"52.4"},{"v":51.25594088394481,"d":"51.3"},{"v":50.13541437271464,"d":"50.1"}]
["1994",{"v":0.03870999999999987,"d":"3.9%"},null,{"v":810.2834212650204,"d":"810.3"},{"v":622.4040467207724,"d":"622.4"},{"v":434.4867864950264,"d":"434.5"},{"v":213.99222997776067,"d":"214.0"},{"v":117.57077827091639,"d":"117.6"},{"v":82.87320265867501,"d":"82.9"},{"v":80.20656990575496,"d":"80.2"},{"v":77.63512747216618,"d":"77.6"},{"v":74.99885365641907,"d":"75.0"},{"v":72.30504060255076,"d":"72.3"},{"v":69.59739066860914,"d":"69.6"},{"v":66.51797506232798,"d":"66.5"},{"v":64.08648183821191,"d":"64.1"},{"v":61.22078797261347,"d":"61.2"},{"v":59.47949744156546,"d":"59.5"},{"v":57.72410733743408,"d":"57.7"},{"v":56.118555465564285,"d":"56.1"},{"v":55.40876913297092,"d":"55.4"},{"v":54.39004361604245,"d":"54.4"},{"v":53.240058355562304,"d":"53.2"},{"v":52.07615626308241,"d":"52.1"}]
[1995,{"v":0.03463911967729204,"d":"3.5%"},null,{"v":838.3509256667452,"d":"838.4"},{"v":643.963574982764,"d":"644.0"},{"v":449.5370262906297,"d":"449.5"},{"v":221.40473244197096,"d":"221.4"},{"v":121.64332652999504,"d":"121.6"},{"v":85.74385744360933,"d":"85.7"},{"v":82.9848548796255,"d":"83.0"},{"v":80.32433994383638,"d":"80.3"},{"v":77.59674792388348,"d":"77.6"},{"v":74.80962355725399,"d":"74.8"},{"v":72.00818301320633,"d":"72.0"},{"v":68.82209916120308,"d":"68.8"},{"v":66.30638115230234,"d":"66.3"},{"v":63.34142217393496,"d":"63.3"},{"v":61.539814871789034,"d":"61.5"},{"v":59.72361959976031,"d":"59.7"},{"v":58.06245282445272,"d":"58.1"},{"v":57.32808011813935,"d":"57.3"},{"v":56.27406684611168,"d":"56.3"},{"v":55.08424710856664,"d":"55.1"},{"v":53.88002847221269,"d":"53.9"}]
[1996,{"v":0.025588774437279707,"d":"2.6%"},null,{"v":859.8032984029161,"d":"859.8"},{"v":660.4418136488223,"d":"660.4"},{"v":461.0401278575861,"d":"461.0"},{"v":227.0702081997748,"d":"227.1"},{"v":124.75603017437143,"d":"124.8"},{"v":87.93793767111612,"d":"87.9"},{"v":85.10833561285062,"d":"85.1"},{"v":82.37974136048258,"d":"82.4"},{"v":79.58235360357419,"d":"79.6"},{"v":76.72391014019836,"d":"76.7"},{"v":73.85078416596963,"d":"73.9"},{"v":70.58317233293921,"d":"70.6"},{"v":68.0030801833609,"d":"68.0"},{"v":64.96225153848029,"d":"65.0"},{"v":63.114543313455194,"d":"63.1"},{"v":61.25187383027648,"d":"61.3"},{"v":59.548199833052834,"d":"59.5"},{"v":58.79503542920472,"d":"58.8"},{"v":57.714051249305236,"d":"57.7"},{"v":56.49378548287513,"d":"56.5"},{"v":55.25875236746235,"d":"55.3"}]
[1997,{"v":0.0278173454667526,"d":"2.8%"},null,{"v":883.7207437880434,"d":"883.7"},{"v":678.8135517397802,"d":"678.8"},{"v":473.86504036823635,"d":"473.9"},{"v":233.38669862647538,"d":"233.4"},{"v":128.22641176479254,"d":"128.2"},{"v":90.38413766294731,"d":"90.4"},{"v":87.47582358669361,"d":"87.5"},{"v":84.67132708536884,"d":"84.7"},{"v":81.79612342682208,"d":"81.8"},{"v":78.85816565412834,"d":"78.9"},{"v":75.90511694210498,"d":"75.9"},{"v":72.54660882186391,"d":"72.5"},{"v":69.89474535762473,"d":"69.9"},{"v":66.76932893182428,"d":"66.8"},{"v":64.8702223687819,"d":"64.9"},{"v":62.95573836509922,"d":"63.0"},{"v":61.204672679732084,"d":"61.2"},{"v":60.43055724146886,"d":"60.4"},{"v":59.31950295119302,"d":"59.3"},{"v":58.06529263037688,"d":"58.1"},{"v":56.79590417212978,"d":"56.8"}]
[1998,{"v":0.03390563622721474,"d":"3.4%"},null,{"v":913.6838578533643,"d":"913.7"},{"v":701.8291570911728,"d":"701.8"},{"v":489.93173604775615,"d":"489.9"},{"v":241.29982313037524,"d":"241.3"},{"v":132.57400983681063,"d":"132.6"},{"v":93.44866935525769,"d":"93.4"},{"v":90.44174703990005,"d":"90.4"},{"v":87.54216230040088,"d":"87.5"},{"v":84.56947303252826,"d":"84.6"},{"v":81.53190193234265,"d":"81.5"},{"v":78.47872822492819,"d":"78.5"},{"v":75.00634775009607,"d":"75.0"},{"v":72.26457116791414,"d":"72.3"},{"v":69.03318550972195,"d":"69.0"},{"v":67.06968853039633,"d":"67.1"},{"v":65.09029272852197,"d":"65.1"},{"v":63.27985604701682,"d":"63.3"},{"v":62.479493732305976,"d":"62.5"},{"v":61.33076843943536,"d":"61.3"},{"v":60.034033319729204,"d":"60.0"},{"v":58.721605438185755,"d":"58.7"}]
[1999,{"v":0.03166112399535687,"d":"3.2%"},null,{"v":942.6121157694158,"d":"942.6"},{"v":724.0498570573933,"d":"724.0"},{"v":505.4435254920247,"d":"505.4"},{"v":248.93964675056375,"d":"248.9"},{"v":136.77145200081557,"d":"136.8"},{"v":96.40735926291563,"d":"96.4"},{"v":93.30523440728703,"d":"93.3"},{"v":90.31384555581553,"d":"90.3"},{"v":87.24703760443313,"d":"87.2"},{"v":84.11329358899984,"d":"84.1"},{"v":80.96345297025556,"d":"81.0"},{"v":77.38113302665073,"d":"77.4"},{"v":74.55254871613278,"d":"74.6"},{"v":71.21885375593973,"d":"71.2"},{"v":69.19319025528719,"d":"69.2"},{"v":67.1511245574938,"d":"67.2"},{"v":65.28336741572976,"d":"65.3"},{"v":64.45766473053165,"d":"64.5"},{"v":63.27256950372685,"d":"63.3"},{"v":61.934778292606545,"d":"61.9"},{"v":60.580797469170584,"d":"60.6"}]
[2000,{"v":0.037265212578707504,"d":"3.7%"},null,{"v":977.7387566428284,"d":"977.7"},{"v":751.0317288982199,"d":"751.0"},{"v":524.2789859160164,"d":"524.3"},{"v":258.2164356059919,"d":"258.2"},{"v":141.86826923432446,"d":"141.9"},{"v":100.00000000000001,"d":"100.0"},{"v":96.78227380218073,"d":"96.8"},{"v":93.67941020925356,"d":"93.7"},{"v":90.49831700762482,"d":"90.5"},{"v":87.24779335528915,"d":"87.2"},{"v":83.98057325629833,"d":"84.0"},{"v":80.26475739847012,"d":"80.3"},{"v":77.33076529232392,"d":"77.3"},{"v":73.87283948076671,"d":"73.9"},{"v":71.77168919914942,"d":"71.8"},{"v":69.65352548902807,"d":"69.7"},{"v":67.7161659803308,"d":"67.7"},{"v":66.85969330904197,"d":"66.9"},{"v":65.63043525668428,"d":"65.6"},{"v":64.24279097169565,"d":"64.2"},{"v":62.838353765046854,"d":"62.8"}]
[2001,{"v":0.033247061382296,"d":"3.3%"},null,{"v":1010.2456971007822,"d":"1010.2"},{"v":776.0013268889508,"d":"776.0"},{"v":541.709721542214,"d":"541.7"},{"v":266.80137329050194,"d":"266.8"},{"v":146.58497228975813,"d":"146.6"},{"v":103.3247061382296,"d":"103.3"},{"v":100,"d":"100.0"},{"v":96.79397531073789,"d":"96.8"},{"v":93.5071201081718,"d":"93.5"},{"v":90.14852609644231,"d":"90.1"},{"v":86.77268053027088,"d":"86.8"},{"v":82.93332471453215,"d":"82.9"},{"v":79.90178599273773,"d":"79.9"},{"v":76.32889430946825,"d":"76.3"},{"v":74.1578869554646,"d":"74.2"},{"v":71.9693005264551,"d":"72.0"},{"v":69.96752950725259,"d":"70.0"},{"v":69.08258163648917,"d":"69.1"},{"v":67.81245436621006,"d":"67.8"},{"v":66.37867498650162,"d":"66.4"},{"v":64.92754436983579,"d":"64.9"}]
[2002,{"v":0.03312215123895681,"d":"3.3%"},null,{"v":1043.7072078686597,"d":"1043.7"},{"v":801.7041601997977,"d":"801.7"},{"v":559.6523128667484,"d":"559.7"},{"v":275.6384087273913,"d":"275.6"},{"v":151.44018191129777,"d":"151.4"},{"v":106.7470426816608,"d":"106.7"},{"v":103.31221512389567,"d":"103.3"},{"v":100,"d":"100.0"},{"v":96.60427708231397,"d":"96.6"},{"v":93.13443921177772,"d":"93.1"},{"v":89.64677837820419,"d":"89.6"},{"v":85.68025483847639,"d":"85.7"},{"v":82.54830503265194,"d":"82.5"},{"v":78.85707149068881,"d":"78.9"},{"v":76.61415570276496,"d":"76.6"},{"v":74.35307858305427,"d":"74.4"},{"v":72.28500460140799,"d":"72.3"},{"v":71.37074535343054,"d":"71.4"},{"v":70.05854873561252,"d":"70.1"},{"v":68.57727949844609,"d":"68.6"},{"v":67.07808431402758,"d":"67.1"}]
["2003",{"v":0.03515085480938513,"d":"3.5%"},null,{"v":1080.3944083959598,"d":"1080.4"},{"v":829.8847467350608,"d":"829.9"},{"v":579.324570060064,"d":"579.3"},{"v":285.32733441245784,"d":"285.3"},{"v":156.7634337579687,"d":"156.8"},{"v":110.49929248029511,"d":"110.5"},{"v":106.9437277977517,"d":"106.9"},{"v":103.51508548093851,"d":"103.5"},{"v":100,"d":"100.0"},{"v":96.40819436226442,"d":"96.4"},{"v":92.79793926910557,"d":"92.8"},{"v":88.6919890363348,"d":"88.7"},{"v":85.44994851761554,"d":"85.4"},{"v":81.62896496135131,"d":"81.6"},{"v":79.30720876621649,"d":"79.3"},{"v":76.96665285295802,"d":"77.0"},{"v":74.82588430304781,"d":"74.8"},{"v":73.87948806098657,"d":"73.9"},{"v":72.52116661037427,"d":"72.5"},{"v":70.98782949331859,"d":"71.0"},{"v":69.43593631664166,"d":"69.4"}]
["2004",{"v":0.03725622766296155,"d":"3.7%"},null,{"v":1120.6458284409503,"d":"1120.6"},{"v":860.8031217934414,"d":"860.8"},{"v":600.9080181329691,"d":"600.9"},{"v":295.9575545417943,"d":"296.0"},{"v":162.60384793528314,"d":"162.6"},{"v":114.61607927753715,"d":"114.6"},{"v":110.92804766771052,"d":"110.9"},{"v":107.37166707216727,"d":"107.4"},{"v":103.72562276629615,"d":"103.7"},{"v":99.99999999999999,"d":"100.0"},{"v":96.25524042116905,"d":"96.3"},{"v":91.99631797175337,"d":"92.0"},{"v":88.63349125337615,"d":"88.6"},{"v":84.67015226384332,"d":"84.7"},{"v":82.26189619132467,"d":"82.3"},{"v":79.83413999410395,"d":"79.8"},{"v":77.61361448372459,"d":"77.6"},{"v":76.63195908780973,"d":"76.6"},{"v":75.22303170399394,"d":"75.2"},{"v":73.63256823022115,"d":"73.6"},{"v":72.02285736804535,"d":"72.0"}]
["2005",{"v":0.03890447483633711,"d":"3.9%"},null,{"v":1164.2439658739772,"d":"1164.2"},{"v":894.2922151842948,"d":"894.3"},{"v":624.2860290033764,"d":"624.3"},{"v":307.4716277750894,"d":"307.5"},{"v":168.92986524557296,"d":"168.9"},{"v":119.07515764962972,"d":"119.1"},{"v":115.24364510684296,"d":"115.2"},{"v":111.54890539191197,"d":"111.5"},{"v":107.76101364709092,"d":"107.8"},{"v":103.89044748363371,"d":"103.9"},{"v":100,"d":"100.0"},{"v":95.57538640932111,"d":"95.6"},{"v":92.08173068349983,"d":"92.1"},{"v":87.96420007198086,"d":"88.0"},{"v":85.46225206168943,"d":"85.5"},{"v":82.94004528458518,"d":"82.9"},{"v":80.63313139536382,"d":"80.6"},{"v":79.61328521180064,"d":"79.6"},{"v":78.14954424803496,"d":"78.1"},{"v":76.49720462806867,"d":"76.5"},{"v":74.82486881016156,"d":"74.8"}]
[2006,{"v":0.04629448811987603,"d":"4.6%"},null,{"v":1218.1420443207676,"d":"1218.1"},{"v":935.6930155158418,"d":"935.7"},{"v":653.1870311564778,"d":"653.2"},{"v":321.70586939432224,"d":"321.7"},{"v":176.7503868852764,"d":"176.8"},{"v":124.58768112081286,"d":"124.6"},{"v":120.57879066613293,"d":"120.6"},{"v":116.71300486736303,"d":"116.7"},{"v":112.74975461316197,"d":"112.7"},{"v":108.7000025704334,"d":"108.7"},{"v":104.6294488119876,"d":"104.6"},{"v":100,"d":"100.0"},{"v":96.34460727068475,"d":"96.3"},{"v":92.03645768718758,"d":"92.0"},{"v":89.41868327445717,"d":"89.4"},{"v":86.7797122256744,"d":"86.8"},{"v":84.36600093881489,"d":"84.4"},{"v":83.29894149822266,"d":"83.3"},{"v":81.76743739579935,"d":"81.8"},{"v":80.03860355892652,"d":"80.0"},{"v":78.28884781036487,"d":"78.3"}]
["2007",{"v":0.03794081301349077,"d":"3.8%"},null,{"v":1264.3593438482133,"d":"1264.4"},{"v":971.1939692555577,"d":"971.2"},{"v":677.9694781684229,"d":"678.0"},{"v":333.9116516303547,"d":"333.9"},{"v":183.45644026415283,"d":"183.5"},{"v":129.31463903400206,"d":"129.3"},{"v":125.15364801618954,"d":"125.2"},{"v":121.14119116127829,"d":"121.1"},{"v":117.02757197025691,"d":"117.0"},{"v":112.82416904252418,"d":"112.8"},{"v":108.59917516506783,"d":"108.6"},{"v":103.79408130134908,"d":"103.8"},{"v":100,"d":"100.0"},{"v":95.52839571872121,"d":"95.5"},{"v":92.81130081648591,"d":"92.8"},{"v":90.07220506059325,"d":"90.1"},{"v":87.56691560513046,"d":"87.6"},{"v":86.45937106182843,"d":"86.5"},{"v":84.86976044862568,"d":"84.9"},{"v":83.07533325041668,"d":"83.1"},{"v":81.25919034617957,"d":"81.3"}]
["2008",{"v":0.04680916336588769,"d":"4.7%"},null,{"v":1323.5429469275907,"d":"1323.5"},{"v":1016.654746422406,"d":"1016.7"},{"v":709.7046622290943,"d":"709.7"},{"v":349.54177668129336,"d":"349.5"},{"v":192.0438827470018,"d":"192.0"},{"v":135.36774909814545,"d":"135.4"},{"v":131.01198557201613,"d":"131.0"},{"v":126.81170896868478,"d":"126.8"},{"v":122.50553470492585,"d":"122.5"},{"v":118.10537400285622,"d":"118.1"},{"v":113.68261169677014,"d":"113.7"},{"v":108.65259540939616,"d":"108.7"},{"v":104.68091633658877,"d":"104.7"},{"v":100,"d":"100.0"},{"v":97.15572015860533,"d":"97.2"},{"v":94.28840962200029,"d":"94.3"},{"v":91.6658496631379,"d":"91.7"},{"v":90.50646188637346,"d":"90.5"},{"v":88.84244293028915,"d":"88.8"},{"v":86.96402009621099,"d":"87.0"},{"v":85.06286506207366,"d":"85.1"}]
["2009",{"v":0.029275474843389767,"d":"2.9%"},null,{"v":1362.2902951745154,"d":"1362.3"},{"v":1046.417796875708,"d":"1046.4"},{"v":730.4816032144186,"d":"730.5"},{"v":359.7747781712403,"d":"359.8"},{"v":197.66605860518854,"d":"197.7"},{"v":139.3307042314745,"d":"139.3"},{"v":134.84742365981225,"d":"134.8"},{"v":130.52418196444478,"d":"130.5"},{"v":126.09194240435592,"d":"126.1"},{"v":121.56296490834598,"d":"121.6"},{"v":117.01072413562979,"d":"117.0"},{"v":111.83345173297295,"d":"111.8"},{"v":107.74549986938356,"d":"107.7"},{"v":102.92754748433897,"d":"102.9"},{"v":100,"d":"100.0"},{"v":97.0487475859124,"d":"97.0"},{"v":94.34941093894906,"d":"94.3"},{"v":93.1560815344922,"d":"93.2"},{"v":91.44334763332013,"d":"91.4"},{"v":89.50993307881767,"d":"89.5"},{"v":87.55312082830505,"d":"87.6"}]
["2010",{"v":0.030410000000000128,"d":"3.0%"},null,{"v":1403.7175430507725,"d":"1403.7"},{"v":1078.2393620786984,"d":"1078.2"},{"v":752.695548768169,"d":"752.7"},{"v":370.7155291754278,"d":"370.7"},{"v":203.67708344737233,"d":"203.7"},{"v":143.56775094715366,"d":"143.6"},{"v":138.94813381330715,"d":"138.9"},{"v":134.49342233798356,"d":"134.5"},{"v":129.9263983728724,"d":"129.9"},{"v":125.25969467120879,"d":"125.3"},{"v":120.56902025659429,"d":"120.6"},{"v":115.23430700017265,"d":"115.2"},{"v":111.02204052041152,"d":"111.0"},{"v":106.05757420333774,"d":"106.1"},{"v":103.04100000000001,"d":"103.0"},{"v":100,"d":"100.0"},{"v":97.2185765256025,"d":"97.2"},{"v":95.98895797395612,"d":"96.0"},{"v":94.2241398348494,"d":"94.2"},{"v":92.2319301437445,"d":"92.2"},{"v":90.2156112326938,"d":"90.2"}]
["2011",{"v":0.028610000000000052,"d":"2.9%"},null,{"v":1443.8779019574554,"d":"1443.9"},{"v":1109.08779022777,"d":"1109.1"},{"v":774.2301684184265,"d":"774.2"},{"v":381.3217004651368,"d":"381.3"},{"v":209.50428480480167,"d":"209.5"},{"v":147.67522430175174,"d":"147.7"},{"v":142.9234399217059,"d":"142.9"},{"v":138.34127915107328,"d":"138.3"},{"v":133.64359263032028,"d":"133.6"},{"v":128.84337453575208,"d":"128.8"},{"v":124.01849992613548,"d":"124.0"},{"v":118.53116052344761,"d":"118.5"},{"v":114.19838109970051,"d":"114.2"},{"v":109.09188140129524,"d":"109.1"},{"v":105.98900301000002,"d":"106.0"},{"v":102.861,"d":"102.9"},{"v":100,"d":"100.0"},{"v":98.73520206159101,"d":"98.7"},{"v":96.91989247552445,"d":"96.9"},{"v":94.87068566515705,"d":"94.9"},{"v":92.7966798700612,"d":"92.8"}]
["2012",{"v":0.012810000000000125,"d":"1.3%"},null,{"v":1462.3739778815304,"d":"1462.4"},{"v":1123.2952048205877,"d":"1123.3"},{"v":784.1480568758666,"d":"784.1"},{"v":386.2064314480952,"d":"386.2"},{"v":212.1880346931512,"d":"212.2"},{"v":149.5669439250572,"d":"149.6"},{"v":144.75428918710293,"d":"144.8"},{"v":140.11343093699855,"d":"140.1"},{"v":135.3555670519147,"d":"135.4"},{"v":130.49385816355507,"d":"130.5"},{"v":125.60717691018927,"d":"125.6"},{"v":120.04954468975298,"d":"120.0"},{"v":115.66126236158767,"d":"115.7"},{"v":110.48934840204583,"d":"110.5"},{"v":107.34672213855812,"d":"107.3"},{"v":104.17864941,"d":"104.2"},{"v":101.281,"d":"101.3"},{"v":100,"d":"100.0"},{"v":98.16143629813592,"d":"98.2"},{"v":96.08597914852771,"d":"96.1"},{"v":93.98540533919667,"d":"94.0"}]
[2013,{"v":0.018729999999999882,"d":"1.9%"},null,{"v":1489.7642424872513,"d":"1489.8"},{"v":1144.3345240068772,"d":"1144.3"},{"v":798.8351499811515,"d":"798.8"},{"v":393.44007790911803,"d":"393.4"},{"v":216.1623165829539,"d":"216.2"},{"v":152.3683327847735,"d":"152.4"},{"v":147.46553702357738,"d":"147.5"},{"v":142.7377554984485,"d":"142.7"},{"v":137.89077682279705,"d":"137.9"},{"v":132.93800812695847,"d":"132.9"},{"v":127.95979933371711,"d":"128.0"},{"v":122.29807266179205,"d":"122.3"},{"v":117.82759780562021,"d":"117.8"},{"v":112.55881389761615,"d":"112.6"},{"v":109.35732624421331,"d":"109.4"},{"v":106.1299155134493,"d":"106.1"},{"v":103.17799313,"d":"103.2"},{"v":101.87299999999999,"d":"101.9"},{"v":100,"d":"100.0"},{"v":97.88566953797964,"d":"97.9"},{"v":95.74575198119983,"d":"95.7"}]
[2014,{"v":0.021600000000000025,"d":"2.2%"},null,{"v":1521.943150124976,"d":"1521.9"},{"v":1169.0521497254258,"d":"1169.1"},{"v":816.0899892207443,"d":"816.1"},{"v":401.93838359195496,"d":"401.9"},{"v":220.8314226211457,"d":"220.8"},{"v":155.6594887729246,"d":"155.7"},{"v":150.65079262328663,"d":"150.7"},{"v":145.820891017215,"d":"145.8"},{"v":140.86921760216947,"d":"140.9"},{"v":135.80946910250074,"d":"135.8"},{"v":130.7237309993254,"d":"130.7"},{"v":124.93971103128675,"d":"124.9"},{"v":120.37267391822161,"d":"120.4"},{"v":114.99008427780466,"d":"115.0"},{"v":111.71944449108832,"d":"111.7"},{"v":108.42232168853981,"d":"108.4"},{"v":105.406637781608,"d":"105.4"},{"v":104.07345679999999,"d":"104.1"},{"v":102.16,"d":"102.2"},{"v":100,"d":"100.0"},{"v":97.81386022399374,"d":"97.8"}]
["2015pr",{"v":0.022349999999999943,"d":"2.2%"},null,{"v":1555.9585795302692,"d":"1556.0"},{"v":1195.1804652717892,"d":"1195.2"},{"v":834.3296004798281,"d":"834.3"},{"v":410.92170646523516,"d":"410.9"},{"v":225.7670049167283,"d":"225.8"},{"v":159.13847834699945,"d":"159.1"},{"v":154.0178378384171,"d":"154.0"},{"v":149.07998793144975,"d":"149.1"},{"v":144.01764461557795,"d":"144.0"},{"v":138.84481073694164,"d":"138.8"},{"v":133.64540638716034,"d":"133.6"},{"v":127.73211357283601,"d":"127.7"},{"v":123.06300318029386,"d":"123.1"},{"v":117.5601126614136,"d":"117.6"},{"v":114.21637407546415,"d":"114.2"},{"v":110.84556057827868,"d":"110.8"},{"v":107.76247613602695,"d":"107.8"},{"v":106.39949855948,"d":"106.4"},{"v":104.443276,"d":"104.4"},{"v":102.235,"d":"102.2"},{"v":100,"d":"100.0"}]
["2016p",{"v":0.023057859432000026,"d":"2.3%"},null,{"v":1591.8356537390925,"d":"1591.8"},{"v":1222.7387684358985,"d":"1222.7"},{"v":853.5674551276486,"d":"853.6"},{"v":420.3966814104681,"d":"420.4"},{"v":230.9727087804819,"d":"231.0"},{"v":162.80787101094694,"d":"162.8"},{"v":157.56915949331588,"d":"157.6"},{"v":152.51745333729738,"d":"152.5"},{"v":147.33838322085168,"d":"147.3"},{"v":142.0462748657767,"d":"142.0"},{"v":136.72698338136797,"d":"136.7"},{"v":130.67734269255072,"d":"130.7"},{"v":125.90057260890485,"d":"125.9"},{"v":120.27079721397055,"d":"120.3"},{"v":116.84995917372892,"d":"116.8"},{"v":113.40142193275386,"d":"113.4"},{"v":110.24724816281571,"d":"110.2"},{"v":108.85284324089976,"d":"108.9"},{"v":106.85151437662557,"d":"106.9"},{"v":104.59232025903052,"d":"104.6"},{"v":102.30578594320001,"d":"102.3"}]
["2017p",{"v":0.024118898784383957,"d":"2.4%"},null,{"v":1630.2289767529994,"d":"1630.2"},{"v":1252.229881031546,"d":"1252.2"},{"v":874.1545621835165,"d":"874.2"},{"v":430.5361864186981,"d":"430.5"},{"v":236.54351616551332,"d":"236.5"},{"v":166.73461757316102,"d":"166.7"},{"v":161.36955410267564,"d":"161.4"},{"v":156.19600635719166,"d":"156.2"},{"v":150.89202277281018,"d":"150.9"},{"v":145.47227459196316,"d":"145.5"},{"v":140.02468765463735,"d":"140.0"},{"v":133.82913629436462,"d":"133.8"},{"v":128.93715577655502,"d":"128.9"},{"v":123.17159639869148,"d":"123.2"},{"v":119.66825151199949,"d":"119.7"},{"v":116.13653935035518,"d":"116.1"},{"v":112.90629038251151,"d":"112.9"},{"v":111.47825394941944,"d":"111.5"},{"v":109.42865523683356,"d":"109.4"},{"v":107.11497184498195,"d":"107.1"},{"v":104.7732888394209,"d":"104.8"}]
["2018p",{"v":0.028020431320323492,"d":"2.8%"},null,{"v":1675.9086958325079,"d":"1675.9"},{"v":1287.3179024102474,"d":"1287.3"},{"v":898.6487500565272,"d":"898.6"},{"v":442.59999606115724,"d":"442.6"},{"v":243.1715675144969,"d":"243.2"},{"v":171.40659347359016,"d":"171.4"},{"v":165.89119861060087,"d":"165.9"},{"v":160.57268582583217,"d":"160.6"},{"v":155.1200823337004,"d":"155.1"},{"v":149.5484704711785,"d":"149.5"},{"v":143.94823979821385,"d":"143.9"},{"v":137.57908641655905,"d":"137.6"},{"v":132.55003049462982,"d":"132.6"},{"v":126.62291765619561,"d":"126.6"},{"v":123.02140753471467,"d":"123.0"},{"v":119.39073527500184,"d":"119.4"},{"v":116.06997333780718,"d":"116.1"},{"v":114.60192270791873,"d":"114.6"},{"v":112.49489335537261,"d":"112.5"},{"v":110.11637955694265,"d":"110.1"},{"v":107.7090815835503,"d":"107.7"}]
["2019p",{"v":0.02984023635763577,"d":"3.0%"},null,{"v":1725.9182074299672,"d":"1725.9"},{"v":1325.731772885585,"d":"1325.7"},{"v":925.464641160708,"d":"925.5"},{"v":455.8072845555108,"d":"455.8"},{"v":250.4278645645863,"d":"250.4"},{"v":176.5214067360993,"d":"176.5"},{"v":170.8414311867927,"d":"170.8"},{"v":165.36421272345538,"d":"165.4"},{"v":159.74890225435394,"d":"159.7"},{"v":154.01103217696138,"d":"154.0"},{"v":148.24368929705818,"d":"148.2"},{"v":141.6844788730968,"d":"141.7"},{"v":136.5053547338014,"d":"136.5"},{"v":130.40137544734995,"d":"130.4"},{"v":126.6923954125996,"d":"126.7"},{"v":122.95338303451983,"d":"123.0"},{"v":119.53352877623183,"d":"119.5"},{"v":118.02167116856253,"d":"118.0"},{"v":115.85176756212397,"d":"115.9"},{"v":113.40227834976895,"d":"113.4"},{"v":110.92314603586732,"d":"110.9"}]
["2020p",{"v":0.03187167059700746,"d":"3.2%"},null,{"v":1780.9261040145527,"d":"1780.9"},{"v":1367.985059250981,"d":"1368.0"},{"v":954.9607453529597,"d":"955.0"},{"v":470.3346241845805,"d":"470.3"},{"v":258.4094189723008,"d":"258.4"},{"v":182.14743886491263,"d":"182.1"},{"v":176.28643300589948,"d":"176.3"},{"v":170.63464643991082,"d":"170.6"},{"v":164.84036664523825,"d":"164.8"},{"v":158.9196210628106,"d":"158.9"},{"v":152.96846333041915,"d":"153.0"},{"v":146.2001999124488,"d":"146.2"},{"v":140.85600843460477,"d":"140.9"},{"v":134.55748513100457,"d":"134.6"},{"v":130.73029370633577,"d":"130.7"},{"v":126.87211275738373,"d":"126.9"},{"v":123.3432620306858,"d":"123.3"},{"v":121.78321899535528,"d":"121.8"},{"v":119.54415693594505,"d":"119.5"},{"v":117.01659841028294,"d":"117.0"},{"v":114.45845200790623,"d":"114.5"}]
["2021p",{"v":0.03243381672759363,"d":"3.2%"},null,{"v":1838.6883348775482,"d":"1838.7"},{"v":1412.354035948814,"d":"1412.4"},{"v":985.933767149784,"d":"985.9"},{"v":485.5893711860249,"d":"485.6"},{"v":266.79062270793236,"d":"266.8"},{"v":188.0551755144578,"d":"188.1"},{"v":182.00407486557404,"d":"182.0"},{"v":176.16897928992066,"d":"176.2"},{"v":170.18676888631924,"d":"170.2"},{"v":164.07399092678045,"d":"164.1"},{"v":157.9298144351796,"d":"157.9"},{"v":150.9420304019467,"d":"150.9"},{"v":145.42450639715315,"d":"145.4"},{"v":138.9216979430695,"d":"138.9"},{"v":134.97037609315157,"d":"135.0"},{"v":130.9870596103993,"d":"131.0"},{"v":127.34375478597264,"d":"127.3"},{"v":125.73311360074705,"d":"125.7"},{"v":123.42143021286019,"d":"123.4"},{"v":120.81189331720849,"d":"120.8"},{"v":118.17077646325475,"d":"118.2"}]
[]
[null,"TABLE NOTES",{"$nulls":8},"NOTE:  Projected values of the BRDPI",{"$nulls":8},"Contact:  Misty Heggeness, PhD"]
[null,"pr = preliminary",{"$nulls":8},"      are based on OMB projections",{"$nulls":8},"  National Institutes of Health"]
[null,"p = projected",{"$nulls":8},"       of inflation and the historical",{"$nulls":8},"  OD/OER"]
[{"$nulls":10},"       relationship between the",{"$nulls":8},"Rockledge One, Room 3529"]
[null,"NOTE: The downloadable Excel file includes hidden ",{"$nulls":8},"       aggregate rate of inflation ",{"$nulls":8},"  Bethesda, Maryland 20892"]
[null,"columns within the table's data grid that provide figures ",{"$nulls":8},"       and changes in the BRDPI.",{"$nulls":8},"  (301) 435-2695"]
[null,"for years between those in visible columns.",{"$nulls":8},"Next scheduled update: January 2017",{"$nulls":8},"  email: misty.heggeness@nih.gov"]
{"$rows_empty":7}
[{"$nulls":3},{"$f":"D227/D156","v":{"v":18.38688334877548,"d":"18.387"}},{"v":18.386883348775484,"d":"18.387"},{"v":18.38688334877548,"d":"18.387"},{"v":18.386883348775484,"d":"18.387"},{"v":18.38688334877548,"d":"18.387"},{"v":18.386883348775484,"d":"18.387"},{"v":18.38688334877548,"d":"18.387"},{"v":18.38688334877548,"d":"18.387"},{"v":18.38688334877548,"d":"18.387"},{"v":18.386883348775484,"d":"18.387"},{"v":18.38688334877548,"d":"18.387"},{"v":18.38688334877548,"d":"18.387"},{"v":18.386883348775484,"d":"18.387"},{"v":18.38688334877548,"d":"18.387"},{"v":18.38688334877548,"d":"18.387"},{"v":18.38688334877548,"d":"18.387"},{"v":18.38688334877548,"d":"18.387"},{"v":18.38688334877548,"d":"18.387"},{"v":18.38688334877548,"d":"18.387"},{"v":18.38688334877548,"d":"18.387"},{"v":18.38688334877548,"d":"18.387"}]
[]
[]
[]
[]
[]
[]
[null,"http://data.bls.gov/cgi-bin/surveymost"]
{"$rows_empty":43}
[null,"Year","Jan","Feb","Mar","Apr","May","Jun","Jul","Aug","Sep","Oct","Nov","Dec","Annual","HALF1","HALF2"]
[null,{"v":1913,"d":"1913.0"},29.4,29.3,29.3,29.4,29.2,29.3,29.6,29.8,29.9,30.1,30.2,30.1,29.7]
[null,{"v":1914,"d":"1914.0"},30.1,29.8,29.7,29.4,29.6,29.8,30.1,30.5,30.6,30.4,30.5,30.4,30.1]
[null,{"v":1915,"d":"1915.0"},30.3,30.1,29.8,30.1,30.2,30.3,30.3,30.3,30.4,30.7,30.9,{"v":31,"d":"31.0"},30.4]
[null,{"v":1916,"d":"1916.0"},31.3,31.3,31.6,31.9,{"v":32,"d":"32.0"},32.4,32.4,32.8,33.4,33.8,34.4,34.6,32.7]
[null,{"v":1917,"d":"1917.0"},{"v":35,"d":"35.0"},35.8,{"v":36,"d":"36.0"},37.6,38.4,38.8,38.4,{"v":39,"d":"39.0"},39.7,40.4,40.5,{"v":41,"d":"41.0"},38.4]
[null,{"v":1918,"d":"1918.0"},41.8,42.2,{"v":42,"d":"42.0"},42.5,43.3,44.1,45.2,{"v":46,"d":"46.0"},47.1,47.9,48.7,49.4,45.1]
[null,{"v":1919,"d":"1919.0"},49.5,48.4,{"v":49,"d":"49.0"},49.9,50.6,50.7,52.1,{"v":53,"d":"53.0"},53.3,54.2,55.5,56.7,51.8]
[null,{"v":1920,"d":"1920.0"},57.8,58.5,59.1,60.8,61.8,62.7,62.3,60.7,{"v":60,"d":"60.0"},59.7,59.3,{"v":58,"d":"58.0"},{"v":60,"d":"60.0"}]
[null,{"v":1921,"d":"1921.0"},{"v":57,"d":"57.0"},55.2,54.8,54.1,53.1,52.8,52.9,53.1,52.5,52.4,52.1,51.8,53.6]
[null,{"v":1922,"d":"1922.0"},50.7,50.6,{"v":50,"d":"50.0"},{"v":50,"d":"50.0"},{"v":50,"d":"50.0"},50.1,50.2,49.7,49.8,50.1,50.3,50.5,50.2]
[null,{"v":1923,"d":"1923.0"},50.3,50.2,50.4,50.6,50.7,{"v":51,"d":"51.0"},51.5,51.3,51.6,51.7,51.8,51.8,51.1]
[null,{"v":1924,"d":"1924.0"},51.7,51.5,51.2,{"v":51,"d":"51.0"},{"v":51,"d":"51.0"},{"v":51,"d":"51.0"},51.1,{"v":51,"d":"51.0"},51.2,51.4,51.6,51.7,51.2]
[null,{"v":1925,"d":"1925.0"},51.8,51.6,51.7,51.6,51.8,52.4,53.1,53.1,52.9,53.1,{"v":54,"d":"54.0"},53.7,52.5]
[null,{"v":1926,"d":"1926.0"},53.7,53.5,53.2,53.7,53.4,{"v":53,"d":"53.0"},52.5,52.2,52.5,52.7,52.9,52.9,{"v":53,"d":"53.0"}]
[null,{"v":1927,"d":"1927.0"},52.5,52.1,51.8,51.8,52.2,52.7,51.7,51.4,51.7,{"v":52,"d":"52.0"},51.9,51.8,{"v":52,"d":"52.0"}]
[null,{"v":1928,"d":"1928.0"},51.7,51.2,51.2,51.3,51.6,51.2,51.2,51.3,51.7,51.6,51.5,51.3,51.3]
[null,{"v":1929,"d":"1929.0"},51.2,51.1,50.9,50.7,{"v":51,"d":"51.0"},51.2,51.7,51.9,51.8,51.8,51.7,51.4,51.3]
[null,{"v":1930,"d":"1930.0"},51.2,{"v":51,"d":"51.0"},50.7,{"v":51,"d":"51.0"},50.7,50.4,49.7,49.4,49.7,49.4,{"v":49,"d":"49.0"},48.3,{"v":50,"d":"50.0"}]
[null,{"v":1931,"d":"1931.0"},47.6,46.9,46.6,46.3,45.8,45.3,45.2,45.1,44.9,44.6,44.1,43.7,45.6]
[null,{"v":1932,"d":"1932.0"},42.8,42.2,{"v":42,"d":"42.0"},41.7,41.1,40.8,40.8,40.3,40.1,39.8,39.6,39.2,40.9]
[null,{"v":1933,"d":"1933.0"},38.6,{"v":38,"d":"38.0"},37.7,37.6,37.7,38.1,39.2,39.6,39.6,39.6,39.6,39.4,38.8]
[null,{"v":1934,"d":"1934.0"},39.6,39.9,39.9,39.8,39.9,{"v":40,"d":"40.0"},{"v":40,"d":"40.0"},40.1,40.7,40.4,40.3,40.2,40.1]
[null,{"v":1935,"d":"1935.0"},40.8,41.1,{"v":41,"d":"41.0"},41.4,41.2,41.1,40.9,40.9,41.1,41.1,41.3,41.4,41.1]
[null,{"v":1936,"d":"1936.0"},41.4,41.2,{"v":41,"d":"41.0"},{"v":41,"d":"41.0"},{"v":41,"d":"41.0"},41.4,41.6,41.9,{"v":42,"d":"42.0"},41.9,41.9,41.9,41.5]
[null,{"v":1937,"d":"1937.0"},42.2,42.3,42.6,42.8,{"v":43,"d":"43.0"},43.1,43.3,43.4,43.8,43.6,43.3,43.2,{"v":43,"d":"43.0"}]
[null,{"v":1938,"d":"1938.0"},42.6,42.2,42.2,42.4,42.2,42.2,42.3,42.2,42.2,{"v":42,"d":"42.0"},41.9,{"v":42,"d":"42.0"},42.2]
[null,{"v":1939,"d":"1939.0"},41.8,41.6,41.5,41.4,41.4,41.4,41.4,41.4,42.2,{"v":42,"d":"42.0"},{"v":42,"d":"42.0"},41.8,41.6]
[null,{"v":1940,"d":"1940.0"},41.7,{"v":42,"d":"42.0"},41.9,41.9,{"v":42,"d":"42.0"},42.1,{"v":42,"d":"42.0"},41.9,{"v":42,"d":"42.0"},{"v":42,"d":"42.0"},{"v":42,"d":"42.0"},42.2,{"v":42,"d":"42.0"}]
[null,{"v":1941,"d":"1941.0"},42.2,42.2,42.4,42.8,43.1,43.9,44.1,44.5,45.3,45.8,46.2,46.3,44.1]
[null,{"v":1942,"d":"1942.0"},46.9,47.3,47.9,48.2,48.7,48.8,{"v":49,"d":"49.0"},49.3,49.4,49.9,50.2,50.6,48.8]
[null,{"v":1943,"d":"1943.0"},50.6,50.7,51.5,52.1,52.5,52.4,{"v":52,"d":"52.0"},51.8,{"v":52,"d":"52.0"},52.2,52.1,52.2,51.8]
[null,{"v":1944,"d":"1944.0"},52.1,{"v":52,"d":"52.0"},{"v":52,"d":"52.0"},52.3,52.5,52.6,52.9,53.1,53.1,53.1,53.1,53.3,52.7]
[null,{"v":1945,"d":"1945.0"},53.3,53.2,53.2,53.3,53.7,54.2,54.3,54.3,54.1,54.1,54.3,54.5,53.9]
[null,{"v":1946,"d":"1946.0"},54.5,54.3,54.7,{"v":55,"d":"55.0"},55.3,55.9,59.2,60.5,61.2,62.4,63.9,64.4,58.5]
[null,{"v":1947,"d":"1947.0"},64.4,64.3,65.7,65.7,65.5,{"v":66,"d":"66.0"},66.6,67.3,68.9,68.9,69.3,70.2,66.9]
[null,{"v":1948,"d":"1948.0"},{"v":71,"d":"71.0"},70.4,70.2,71.2,71.7,72.2,73.1,73.4,73.4,73.1,72.6,72.1,72.1]
[null,{"v":1949,"d":"1949.0"},{"v":72,"d":"72.0"},71.2,71.4,71.5,71.4,71.5,{"v":71,"d":"71.0"},71.2,71.5,71.1,71.2,70.8,71.4]
[null,{"v":1950,"d":"1950.0"},70.5,70.3,70.6,70.7,{"v":71,"d":"71.0"},71.4,72.1,72.7,73.2,73.6,73.9,74.9,72.1]
[null,{"v":1951,"d":"1951.0"},76.1,{"v":77,"d":"77.0"},77.3,77.4,77.7,77.6,77.7,77.7,78.2,78.6,{"v":79,"d":"79.0"},79.3,77.8]
[null,{"v":1952,"d":"1952.0"},79.3,78.8,78.8,79.1,79.2,79.4,{"v":80,"d":"80.0"},80.1,{"v":80,"d":"80.0"},80.1,80.1,{"v":80,"d":"80.0"},79.5]
[null,{"v":1953,"d":"1953.0"},79.8,79.4,79.6,79.7,79.9,80.2,80.4,80.6,80.7,80.9,80.6,80.5,80.1]
[null,{"v":1954,"d":"1954.0"},80.7,80.6,80.5,80.3,80.6,80.7,80.7,80.6,80.4,80.2,80.3,80.1,80.5]
[null,{"v":1955,"d":"1955.0"},80.1,80.1,80.1,80.1,80.1,80.1,80.4,80.2,80.5,80.5,80.6,80.4,80.2]
[null,{"v":1956,"d":"1956.0"},80.3,80.3,80.4,80.5,80.9,81.4,{"v":82,"d":"82.0"},81.9,{"v":82,"d":"82.0"},82.5,82.5,82.7,81.4]
[null,{"v":1957,"d":"1957.0"},82.8,83.1,83.3,83.6,83.8,84.3,84.7,84.8,84.9,84.9,85.2,85.2,84.3]
[null,{"v":1958,"d":"1958.0"},85.7,85.8,86.4,86.6,86.6,86.7,86.8,86.7,86.7,86.7,86.8,86.7,86.6]
[null,{"v":1959,"d":"1959.0"},86.8,86.7,86.7,86.8,86.9,87.3,87.5,87.4,87.7,{"v":88,"d":"88.0"},{"v":88,"d":"88.0"},{"v":88,"d":"88.0"},87.3]
[null,{"v":1960,"d":"1960.0"},87.9,{"v":88,"d":"88.0"},{"v":88,"d":"88.0"},88.5,88.5,88.7,88.7,88.7,88.8,89.2,89.3,89.3,88.7]
[null,{"v":1961,"d":"1961.0"},89.3,89.3,89.3,89.3,89.3,89.4,89.8,89.7,89.9,89.9,89.9,89.9,89.6]
[null,{"v":1962,"d":"1962.0"},89.9,90.1,90.3,90.5,90.5,90.5,90.7,90.7,91.2,91.1,91.1,{"v":91,"d":"91.0"},90.6]
[null,{"v":1963,"d":"1963.0"},91.1,91.2,91.3,91.3,91.3,91.7,92.1,92.1,92.1,92.2,92.3,92.5,91.7]
[null,{"v":1964,"d":"1964.0"},92.6,92.5,92.6,92.7,92.7,92.9,93.1,{"v":93,"d":"93.0"},93.2,93.3,93.5,93.6,92.9]
[null,{"v":1965,"d":"1965.0"},93.6,93.6,93.7,{"v":94,"d":"94.0"},94.2,94.7,94.8,94.6,94.8,94.9,95.1,95.4,94.5]
[null,{"v":1966,"d":"1966.0"},95.4,{"v":96,"d":"96.0"},96.3,96.7,96.8,97.1,97.4,97.9,98.1,98.5,98.5,98.6,97.2]
[null,{"v":1967,"d":"1967.0"},98.6,98.7,98.9,99.1,99.4,99.7,100.2,100.5,100.7,{"v":101,"d":"101.0"},101.3,101.6,{"v":100,"d":"100.0"}]
[null,{"v":1968,"d":"1968.0"},{"v":102,"d":"102.0"},102.3,102.8,103.1,103.4,{"v":104,"d":"104.0"},104.5,104.8,105.1,105.7,106.1,106.4,104.2]
[null,{"v":1969,"d":"1969.0"},106.7,107.1,{"v":108,"d":"108.0"},108.7,{"v":109,"d":"109.0"},109.7,110.2,110.7,111.2,111.6,112.2,112.9,109.8]
[null,{"v":1970,"d":"1970.0"},113.3,113.9,114.5,115.2,115.7,116.3,116.7,116.9,117.5,118.1,118.5,119.1,116.3]
[null,{"v":1971,"d":"1971.0"},119.2,119.4,119.8,120.2,120.8,121.5,121.8,122.1,122.2,122.4,122.6,123.1,121.3]
[null,{"v":1972,"d":"1972.0"},123.2,123.8,{"v":124,"d":"124.0"},124.3,124.7,{"v":125,"d":"125.0"},125.5,125.7,126.2,126.6,126.9,127.3,125.3]
[null,{"v":1973,"d":"1973.0"},127.7,128.6,129.8,130.7,131.5,132.4,132.7,135.1,135.5,136.6,137.6,138.5,133.1]
[null,{"v":1974,"d":"1974.0"},139.7,141.5,143.1,143.9,145.5,146.9,{"v":148,"d":"148.0"},149.9,151.7,{"v":153,"d":"153.0"},154.3,155.4,147.7]
[null,{"v":1975,"d":"1975.0"},156.1,157.2,157.8,158.6,159.3,160.6,162.3,162.8,163.6,164.6,165.6,166.3,161.2]
[null,{"v":1976,"d":"1976.0"},166.7,167.1,167.5,168.2,169.2,170.1,171.1,171.9,172.6,173.3,173.8,174.3,170.5]
[null,{"v":1977,"d":"1977.0"},175.3,177.1,178.2,179.6,180.6,181.8,182.6,183.3,{"v":184,"d":"184.0"},184.5,185.4,186.1,181.5]
[null,{"v":1978,"d":"1978.0"},187.2,188.4,189.8,191.5,193.3,195.3,196.7,197.8,199.3,200.9,{"v":202,"d":"202.0"},202.9,195.4]
[null,{"v":1979,"d":"1979.0"},204.7,207.1,209.1,211.5,214.1,216.6,218.9,221.1,223.4,225.4,227.5,229.9,217.4]
[null,{"v":1980,"d":"1980.0"},233.2,236.4,239.8,242.5,244.9,247.6,247.8,249.4,251.7,253.9,256.2,258.4,246.8]
[null,{"v":1981,"d":"1981.0"},260.5,263.2,265.1,266.8,{"v":269,"d":"269.0"},271.3,274.4,276.5,279.3,279.9,280.7,281.5,272.4]
[null,{"v":1982,"d":"1982.0"},282.5,283.4,283.1,284.3,287.1,290.6,292.2,292.8,293.3,294.1,293.6,292.4,289.1]
[null,{"v":1983,"d":"1983.0"},293.1,293.2,293.4,295.5,297.1,298.1,299.3,300.3,301.8,302.6,303.1,303.5,298.4]
[null,{"v":1984,"d":"1984.0"},305.2,306.6,307.3,308.8,309.7,310.7,311.7,{"v":313,"d":"313.0"},314.5,315.3,315.3,315.5,311.1,308.1,314.2]
[null,{"v":1985,"d":"1985.0"},316.1,317.4,318.8,320.1,321.3,322.3,322.8,323.5,324.5,325.5,326.6,327.4,322.2,319.3,325.1]
[null,{"v":1986,"d":"1986.0"},328.4,327.5,{"v":326,"d":"326.0"},325.3,326.3,327.9,{"v":328,"d":"328.0"},328.6,330.2,330.5,330.8,331.1,328.4,326.9,329.9]
[null,{"v":1987,"d":"1987.0"},333.1,334.4,335.9,337.7,338.7,340.1,340.8,342.7,344.4,345.3,345.8,345.7,340.4,336.7,344.1]
[null,{"v":1988,"d":"1988.0"},346.7,347.4,{"v":349,"d":"349.0"},350.8,{"v":352,"d":"352.0"},353.5,354.9,356.6,358.9,360.1,360.5,360.9,354.3,349.9,358.7]
[null,{"v":1989,"d":"1989.0"},362.7,364.1,366.2,368.8,370.8,371.7,372.7,373.1,374.6,376.2,{"v":377,"d":"377.0"},377.6,371.3,367.4,375.2]
[null,{"v":1990,"d":"1990.0"},381.5,383.3,385.5,386.2,386.9,389.1,390.7,394.1,397.5,{"v":400,"d":"400.0"},400.7,400.9,391.4,385.4,397.3]
[null,{"v":1991,"d":"1991.0"},403.1,403.8,404.3,405.1,406.3,407.3,{"v":408,"d":"408.0"},409.2,411.1,411.5,412.7,{"v":413,"d":"413.0"},{"v":408,"d":"408.0"},{"v":405,"d":"405.0"},410.9]
[null,{"v":1992,"d":"1992.0"},413.8,415.2,417.2,417.9,418.6,419.9,420.8,{"v":422,"d":"422.0"},423.2,424.7,425.3,425.2,420.3,417.1,423.5]
[null,{"v":1993,"d":"1993.0"},{"v":427,"d":"427.0"},428.7,430.1,431.2,{"v":432,"d":"432.0"},432.4,432.6,433.9,434.7,436.4,436.9,436.8,432.7,430.2,435.2]
[null,{"v":1994,"d":"1994.0"},437.8,439.3,441.1,441.4,441.9,443.3,444.4,446.4,447.5,{"v":448,"d":"448.0"},448.6,448.4,{"v":444,"d":"444.0"},440.8,447.2]
[null,{"v":1995,"d":"1995.0"},450.3,{"v":452,"d":"452.0"},453.5,{"v":455,"d":"455.0"},455.8,456.7,{"v":457,"d":"457.0"},{"v":458,"d":"458.0"},{"v":459,"d":"459.0"},460.3,460.1,459.9,456.5,453.9,459.1]
[null,{"v":1996,"d":"1996.0"},462.5,464.2,466.5,468.2,{"v":469,"d":"469.0"},469.5,470.4,471.1,472.7,474.1,{"v":475,"d":"475.0"},{"v":475,"d":"475.0"},469.9,466.7,473.1]
[null,{"v":1997,"d":"1997.0"},476.7,478.2,479.3,479.7,479.6,480.2,480.7,481.6,{"v":483,"d":"483.0"},484.1,483.9,483.2,480.8,{"v":479,"d":"479.0"},482.8]
[null,{"v":1998,"d":"1998.0"},484.2,484.9,485.8,486.8,487.7,488.2,488.8,489.6,490.1,491.3,491.3,{"v":491,"d":"491.0"},488.3,486.3,490.4]
[null,{"v":1999,"d":"1999.0"},492.3,492.9,494.4,497.8,497.7,497.9,499.2,500.7,502.9,503.9,504.1,504.1,{"v":499,"d":"499.0"},495.5,502.5]
[null,{"v":2000,"d":"2000.0"},505.8,508.7,512.8,513.2,513.6,516.5,517.5,517.6,520.3,521.2,521.5,521.1,515.8,511.8,519.9]
[null,{"v":2001,"d":"2001.0"},524.5,526.7,{"v":528,"d":"528.0"},529.9,532.2,533.3,531.6,531.8,{"v":534,"d":"534.0"},532.2,531.3,529.2,530.4,529.1,531.7]
[null,{"v":2002,"d":"2002.0"},530.6,532.7,535.5,538.6,538.5,538.9,539.5,541.2,542.1,543.2,543.1,541.9,538.8,535.8,541.8]
[null,{"v":2003,"d":"2003.0"},544.2,548.5,551.8,550.5,549.7,550.4,550.9,{"v":553,"d":"553.0"},554.7,554.3,552.7,552.1,551.1,549.2,{"v":553,"d":"553.0"}]
[null,{"v":2004,"d":"2004.0"},554.9,557.9,561.5,563.2,566.4,568.2,567.5,567.6,568.7,571.9,572.2,570.1,565.8,{"v":562,"d":"562.0"},569.7]
[null,{"v":2005,"d":"2005.0"},571.2,574.5,{"v":579,"d":"579.0"},582.9,582.4,582.6,585.2,588.2,595.4,596.7,{"v":592,"d":"592.0"},589.4,{"v":585,"d":"585.0"},578.8,591.2]
[null,{"v":2006,"d":"2006.0"},593.9,595.2,598.6,603.5,606.5,607.8,609.6,610.9,607.9,604.6,603.6,604.5,603.9,600.9,606.9]
[null,{"v":2007,"d":"2007.0"},{"v":606.348,"d":"606.3"},{"v":609.594,"d":"609.6"},{"v":615.145,"d":"615.1"},{"v":619.14,"d":"619.1"},{"v":622.921,"d":"622.9"},{"v":624.129,"d":"624.1"},{"v":623.97,"d":"624.0"},{"v":622.827,"d":"622.8"},{"v":624.543,"d":"624.5"},{"v":625.879,"d":"625.9"},{"v":629.598,"d":"629.6"},{"v":629.174,"d":"629.2"},{"v":621.106,"d":"621.1"},{"v":616.213,"d":"616.2"},{"v":625.999,"d":"626.0"}]
[null,{"v":2008,"d":"2008.0"},{"v":632.301,"d":"632.3"},{"v":634.139,"d":"634.1"},{"v":639.636,"d":"639.6"},{"v":643.515,"d":"643.5"},{"v":648.933,"d":"648.9"},{"v":655.474,"d":"655.5"},{"v":658.915,"d":"658.9"},{"v":656.284,"d":"656.3"},{"v":655.376,"d":"655.4"},{"v":648.758,"d":"648.8"},{"v":636.332,"d":"636.3"},{"v":629.751,"d":"629.8"},{"v":644.951,"d":"645.0"},{"v":642.333,"d":"642.3"},{"v":647.569,"d":"647.6"}]
[null,{"v":2009,"d":"2009.0"},{"v":632.491,"d":"632.5"},{"v":635.637,"d":"635.6"},{"v":637.182,"d":"637.2"},{"v":638.771,"d":"638.8"},{"v":640.616,"d":"640.6"},{"v":646.121,"d":"646.1"},{"v":645.096,"d":"645.1"},{"v":646.544,"d":"646.5"},{"v":646.948,"d":"646.9"},{"v":647.57,"d":"647.6"},{"v":648.028,"d":"648.0"},{"v":646.887,"d":"646.9"},{"v":642.658,"d":"642.7"},{"v":638.47,"d":"638.5"},{"v":646.845,"d":"646.8"}]
[null,{"v":2010,"d":"2010.0"},{"v":649.098,"d":"649.1"},{"v":649.259,"d":"649.3"},{"v":651.925,"d":"651.9"},{"v":653.059,"d":"653.1"},{"v":653.564,"d":"653.6"},{"v":652.926,"d":"652.9"},{"v":653.066,"d":"653.1"},{"v":653.966,"d":"654.0"},{"v":654.346,"d":"654.3"},{"v":655.162,"d":"655.2"},{"v":655.438,"d":"655.4"},{"v":656.563,"d":"656.6"},{"v":653.198,"d":"653.2"},{"v":651.638,"d":"651.6"},{"v":654.757,"d":"654.8"}]
[null,{"v":2011,"d":"2011.0"},{"v":659.692,"d":"659.7"},{"v":662.943,"d":"662.9"},{"v":669.409,"d":"669.4"},{"v":673.717,"d":"673.7"},{"v":676.887,"d":"676.9"},{"v":676.162,"d":"676.2"},{"v":676.762,"d":"676.8"},{"v":678.628,"d":"678.6"},{"v":679.658,"d":"679.7"},{"v":678.258,"d":"678.3"},{"v":677.684,"d":"677.7"},{"v":676.014,"d":"676.0"},{"v":673.818,"d":"673.8"},{"v":669.802,"d":"669.8"},{"v":677.834,"d":"677.8"}]
[null,{"v":2012,"d":"2012.0"},{"v":678.988,"d":"679.0"},{"v":681.977,"d":"682.0"},{"v":687.157,"d":"687.2"},{"v":689.232,"d":"689.2"},{"v":688.423,"d":"688.4"},{"v":687.415,"d":"687.4"},{"v":686.294,"d":"686.3"},{"v":690.113,"d":"690.1"},{"v":693.192,"d":"693.2"},{"v":692.923,"d":"692.9"},{"v":689.639,"d":"689.6"},{"v":687.782,"d":"687.8"},{"v":687.761,"d":"687.8"},{"v":685.532,"d":"685.5"},{"v":689.991,"d":"690.0"}]
[null,{"v":2013,"d":"2013.0"},{"v":689.818,"d":"689.8"},{"v":695.467,"d":"695.5"},{"v":697.284,"d":"697.3"},{"v":696.561,"d":"696.6"},{"v":697.798,"d":"697.8"},{"v":699.473,"d":"699.5"},{"v":699.751,"d":"699.8"},{"v":700.593,"d":"700.6"},{"v":701.406,"d":"701.4"},{"v":699.601,"d":"699.6"},{"v":698.171,"d":"698.2"},{"v":698.11,"d":"698.1"},{"v":697.836,"d":"697.8"},{"v":696.067,"d":"696.1"},{"v":699.605,"d":"699.6"}]
[null,{"v":2014,"d":"2014.0"},{"v":700.71,"d":"700.7"},703.3,{"v":707.83,"d":"707.8"},{"v":710.162,"d":"710.2"},{"v":712.642,"d":"712.6"},{"v":713.97,"d":"714.0"},{"v":713.691,"d":"713.7"},{"v":712.498,"d":"712.5"},{"v":713.035,"d":"713.0"},{"v":711.243,"d":"711.2"},{"v":707.402,"d":"707.4"},{"v":703.393,"d":"703.4"},{"v":709.156,"d":"709.2"},{"v":708.102,"d":"708.1"},{"v":710.21,"d":"710.2"}]
[null,{"v":2015,"d":"2015.0"},{"v":700.083,"d":"700.1"},{"v":703.122,"d":"703.1"},{"v":707.306,"d":"707.3"},{"v":708.746,"d":"708.7"},{"v":712.357,"d":"712.4"},{"v":714.855,"d":"714.9"},{"$nulls":7},{"v":707.745,"d":"707.7"}]
{"$rows_empty":10}
["Date","Index","Inflation",null,"DAYS","YEARS","if(year)"]
["1913-01-01",{"v":9.8,"d":"9.80"},null,null,4750,{"v":1913.0047912388775,"d":"1913"},1]
["1914-01-01",{"v":10,"d":"10.00"},{"v":0,"d":"0.00"},null,5115,{"v":1914.0041067761806,"d":"1914"},1]
["1915-01-01",{"v":10.1,"d":"10.10"},{"v":0,"d":"0.00"},null,5480,{"v":1915.003422313484,"d":"1915"},1]
["1916-01-01",{"v":10.4,"d":"10.40"},0.97,null,5845,{"v":1916.002737850787,"d":"1916"},1]
["1917-01-01",{"v":11.7,"d":"11.70"},0.86,null,6211,{"v":1917.0047912388775,"d":"1917"},1]
["1918-01-01",{"v":14,"d":"14.00"},2.19,null,6576,{"v":1918.0041067761806,"d":"1918"},1]
["1919-01-01",{"v":16.5,"d":"16.50"},{"v":0,"d":"0.00"},null,6941,{"v":1919.003422313484,"d":"1919"},1]
["1920-01-01",{"v":19.3,"d":"19.30"},2.12,null,7306,{"v":1920.002737850787,"d":"1920"},1]
["1921-01-01",{"v":19,"d":"19.00"},-2.06,null,7672,{"v":1921.0047912388775,"d":"1921"},1]
["1922-01-01",{"v":16.9,"d":"16.90"},-2.31,null,8037,{"v":1922.0041067761806,"d":"1922"},1]
["1923-01-01",{"v":16.8,"d":"16.80"},-0.59,null,8402,{"v":1923.003422313484,"d":"1923"},1]
["1924-01-01",{"v":17.3,"d":"17.30"},{"v":0,"d":"0.00"},null,8767,{"v":1924.002737850787,"d":"1924"},1]
["1925-01-01",{"v":17.3,"d":"17.30"},{"v":0,"d":"0.00"},null,9133,{"v":1925.0047912388775,"d":"1925"},1]
["1926-01-01",{"v":17.9,"d":"17.90"},{"v":0,"d":"0.00"},null,9498,{"v":1926.0041067761806,"d":"1926"},1]
["1927-01-01",{"v":17.5,"d":"17.50"},-1.13,null,9863,{"v":1927.003422313484,"d":"1927"},1]
["1928-01-01",{"v":17.3,"d":"17.30"},{"v":0,"d":"0.00"},null,10228,{"v":1928.002737850787,"d":"1928"},1]
["1929-01-01",{"v":17.1,"d":"17.10"},{"v":0,"d":"0.00"},null,10594,{"v":1929.0047912388775,"d":"1929"},1]
["1930-01-01",{"v":17.1,"d":"17.10"},-0.58,null,10959,{"v":1930.0041067761806,"d":"1930"},1]
["1931-01-01",{"v":15.9,"d":"15.90"},-1.24,null,11324,{"v":1931.003422313484,"d":"1931"},1]
["1932-01-01",{"v":14.3,"d":"14.30"},-2.05,null,11689,{"v":1932.002737850787,"d":"1932"},1]
["1933-01-01",{"v":12.9,"d":"12.90"},-1.53,null,12055,{"v":1933.0047912388775,"d":"1933"},1]
["1934-01-01",{"v":13.2,"d":"13.20"},{"v":0,"d":"0.00"},null,12420,{"v":1934.0041067761806,"d":"1934"},1]
["1935-01-01",{"v":13.6,"d":"13.60"},1.49,null,12785,{"v":1935.003422313484,"d":"1935"},1]
["1936-01-01",{"v":13.8,"d":"13.80"},{"v":0,"d":"0.00"},null,13150,{"v":1936.002737850787,"d":"1936"},1]
["1937-01-01",{"v":14.1,"d":"14.10"},0.71,null,13516,{"v":1937.0047912388775,"d":"1937"},1]
["1938-01-01",{"v":14.2,"d":"14.20"},-1.39,null,13881,{"v":1938.0041067761806,"d":"1938"},1]
["1939-01-01",{"v":14,"d":"14.00"},{"v":0,"d":"0.00"},null,14246,{"v":1939.003422313484,"d":"1939"},1]
["1940-01-01",{"v":13.9,"d":"13.90"},-0.71,null,14611,{"v":1940.002737850787,"d":"1940"},1]
["1941-01-01",{"v":14.1,"d":"14.10"},{"v":0,"d":"0.00"},null,14977,{"v":1941.0047912388775,"d":"1941"},1]
["1942-01-01",{"v":15.7,"d":"15.70"},1.29,null,15342,{"v":1942.0041067761806,"d":"1942"},1]
["1943-01-01",{"v":16.9,"d":"16.90"},{"v":0,"d":"0.00"},null,15707,{"v":1943.003422313484,"d":"1943"},1]
["1944-01-01",{"v":17.4,"d":"17.40"},{"v":0,"d":"0.00"},null,16072,{"v":1944.002737850787,"d":"1944"},1]
["1945-01-01",{"v":17.8,"d":"17.80"},{"v":0,"d":"0.00"},null,16438,{"v":1945.0047912388775,"d":"1945"},1]
["1946-01-01",{"v":18.2,"d":"18.20"},{"v":0,"d":"0.00"},null,16803,{"v":1946.0041067761806,"d":"1946"},1]
["1947-01-01",{"v":21.5,"d":"21.50"},{"v":0,"d":"0.00"},null,17168,{"v":1947.003422313484,"d":"1947"},1]
["1948-01-01",{"v":23.7,"d":"23.70"},1.28,null,17533,{"v":1948.002737850787,"d":"1948"},1]
["1949-01-01",{"v":24,"d":"24.00"},-0.41,null,17899,{"v":1949.0047912388775,"d":"1949"},1]
["1950-01-01",{"v":23.5,"d":"23.50"},-0.42,null,18264,{"v":1950.0041067761806,"d":"1950"},1]
["1951-01-01",{"v":25.4,"d":"25.40"},{"v":1.6,"d":"1.60"},null,18629,{"v":1951.003422313484,"d":"1951"},1]
["1952-01-01",{"v":26.5,"d":"26.50"},{"v":0,"d":"0.00"},null,18994,{"v":1952.002737850787,"d":"1952"},1]
["1953-01-01",{"v":26.6,"d":"26.60"},-0.37,null,19360,{"v":1953.0047912388775,"d":"1953"},1]
["1954-01-01",{"v":26.9,"d":"26.90"},{"v":0,"d":"0.00"},null,19725,{"v":1954.0041067761806,"d":"1954"},1]
["1955-01-01",{"v":26.7,"d":"26.70"},{"v":0,"d":"0.00"},null,20090,{"v":1955.003422313484,"d":"1955"},1]
["1956-01-01",{"v":26.8,"d":"26.80"},{"v":0,"d":"0.00"},null,20455,{"v":1956.002737850787,"d":"1956"},1]
["1957-01-01",{"v":27.6,"d":"27.60"},{"v":0,"d":"0.00"},null,20821,{"v":1957.0047912388775,"d":"1957"},1]
["1958-01-01",{"v":28.6,"d":"28.60"},{"v":0.7,"d":"0.70"},null,21186,{"v":1958.0041067761806,"d":"1958"},1]
["1959-01-01",{"v":29,"d":"29.00"},0.35,null,21551,{"v":1959.003422313484,"d":"1959"},1]
["1960-01-01",{"v":29.3,"d":"29.30"},-0.34,null,21916,{"v":1960.002737850787,"d":"1960"},1]
["1961-01-01",{"v":29.8,"d":"29.80"},{"v":0,"d":"0.00"},null,22282,{"v":1961.0047912388775,"d":"1961"},1]
["1962-01-01",{"v":30,"d":"30.00"},{"v":0,"d":"0.00"},null,22647,{"v":1962.0041067761806,"d":"1962"},1]
["1963-01-01",{"v":30.4,"d":"30.40"},{"v":0,"d":"0.00"},null,23012,{"v":1963.003422313484,"d":"1963"},1]
["1964-01-01",{"v":30.9,"d":"30.90"},{"v":0,"d":"0.00"},null,23377,{"v":1964.002737850787,"d":"1964"},1]
["1965-01-01",{"v":31.2,"d":"31.20"},{"v":0,"d":"0.00"},null,23743,{"v":1965.0047912388775,"d":"1965"},1]
["1966-01-01",{"v":31.8,"d":"31.80"},{"v":0,"d":"0.00"},null,24108,{"v":1966.0041067761806,"d":"1966"},1]
["1967-01-01",{"v":32.9,"d":"32.90"},{"v":0,"d":"0.00"},null,24473,{"v":1967.003422313484,"d":"1967"},1]
["1968-01-01",{"v":34.1,"d":"34.10"},0.59,null,24838,{"v":1968.002737850787,"d":"1968"},1]
["1969-01-01",{"v":35.6,"d":"35.60"},0.28,null,25204,{"v":1969.0047912388775,"d":"1969"},1]
["1970-01-01",{"v":37.8,"d":"37.80"},0.27,null,25569,{"v":1970.0041067761806,"d":"1970"},1]
["1971-01-01",{"v":39.8,"d":"39.80"},{"v":0,"d":"0.00"},null,25934,{"v":1971.003422313484,"d":"1971"},1]
["1972-01-01",{"v":41.1,"d":"41.10"},{"v":0,"d":"0.00"},null,26299,{"v":1972.002737850787,"d":"1972"},1]
["1973-01-01",{"v":42.6,"d":"42.60"},0.24,null,26665,{"v":1973.0047912388775,"d":"1973"},1]
["1974-01-01",{"v":46.6,"d":"46.60"},0.87,null,27030,{"v":1974.0041067761806,"d":"1974"},1]
["1975-01-01",{"v":52.1,"d":"52.10"},0.39,null,27395,{"v":1975.003422313484,"d":"1975"},1]
["1976-01-01",{"v":55.6,"d":"55.60"},0.18,null,27760,{"v":1976.002737850787,"d":"1976"},1]
["1977-01-01",{"v":58.5,"d":"58.50"},0.52,null,28126,{"v":1977.0047912388775,"d":"1977"},1]
["1978-01-01",{"v":62.5,"d":"62.50"},0.64,null,28491,{"v":1978.0041067761806,"d":"1978"},1]
["1979-01-01",{"v":68.3,"d":"68.30"},0.89,null,28856,{"v":1979.003422313484,"d":"1979"},1]
["1980-01-01",{"v":77.8,"d":"77.80"},1.43,null,29221,{"v":1980.002737850787,"d":"1980"},1]
["1981-01-01",{"v":87,"d":"87.00"},0.81,null,29587,{"v":1981.0047912388775,"d":"1981"},1]
["1982-01-01",{"v":94.3,"d":"94.30"},0.32,null,29952,{"v":1982.0041067761806,"d":"1982"},1]
["1983-01-01",{"v":97.8,"d":"97.80"},{"v":0.2,"d":"0.20"},null,30317,{"v":1983.003422313484,"d":"1983"},1]
["1984-01-01",{"v":101.9,"d":"101.90"},0.59,null,30682,{"v":1984.002737850787,"d":"1984"},1]
["1985-01-01",{"v":105.5,"d":"105.50"},0.19,null,31048,{"v":1985.0047912388775,"d":"1985"},1]
["1986-01-01",{"v":109.6,"d":"109.60"},0.27,null,31413,{"v":1986.0041067761806,"d":"1986"},1]
["1987-01-01",{"v":111.2,"d":"111.20"},0.63,null,31778,{"v":1987.003422313484,"d":"1987"},1]
["1988-01-01",{"v":115.7,"d":"115.70"},0.26,null,32143,{"v":1988.002737850787,"d":"1988"},1]
["1989-01-01",{"v":121.1,"d":"121.10"},{"v":0.5,"d":"0.50"},null,32509,{"v":1989.0047912388775,"d":"1989"},1]
["1990-01-01",{"v":127.4,"d":"127.40"},1.03,null,32874,{"v":1990.0041067761806,"d":"1990"},1]
["1991-01-01",{"v":134.6,"d":"134.60"},{"v":0.6,"d":"0.60"},null,33239,{"v":1991.003422313484,"d":"1991"},1]
["1992-01-01",{"v":138.1,"d":"138.10"},0.15,null,33604,{"v":1992.002737850787,"d":"1992"},1]
["1993-01-01",{"v":142.6,"d":"142.60"},0.49,null,33970,{"v":1993.0047912388775,"d":"1993"},1]
["1994-01-01",{"v":146.2,"d":"146.20"},0.27,null,34335,{"v":1994.0041067761806,"d":"1994"},1]
["1995-01-01",{"v":150.3,"d":"150.30"},{"v":0.4,"d":"0.40"},null,34700,{"v":1995.003422313484,"d":"1995"},1]
["1996-01-01",{"v":154.4,"d":"154.40"},0.59,null,35065,{"v":1996.002737850787,"d":"1996"},1]
["1997-01-01",{"v":159.1,"d":"159.10"},0.32,null,35431,{"v":1997.0047912388775,"d":"1997"},1]
["1998-01-01",{"v":161.6,"d":"161.60"},0.19,null,35796,{"v":1998.0041067761806,"d":"1998"},1]
["1999-01-01",{"v":164.3,"d":"164.30"},0.24,null,36161,{"v":1999.003422313484,"d":"1999"},1]
["2000-01-01",{"v":168.8,"d":"168.80"},{"v":0.3,"d":"0.30"},null,36526,{"v":2000.002737850787,"d":"2000"},1]
["2001-01-01",{"v":175.1,"d":"175.10"},0.63,null,36892,{"v":2001.0047912388775,"d":"2001"},1]
["2002-01-01",{"v":177.1,"d":"177.10"},0.23,null,37257,{"v":2002.0041067761806,"d":"2002"},1]
["2003-01-01",{"v":181.7,"d":"181.70"},0.44,null,37622,{"v":2003.003422313484,"d":"2003"},1]
["2004-01-01",{"v":185.2,"d":"185.20"},0.49,null,37987,{"v":2004.002737850787,"d":"2004"},1]
["2005-01-01",{"v":190.7,"d":"190.70"},0.21,null,38353,{"v":2005.0047912388775,"d":"2005"},1]
["2006-01-01",{"v":198.3,"d":"198.30"},0.76,null,38718,{"v":2006.0041067761806,"d":"2006"},1]
["2007-01-01",{"v":202.416,"d":"202.42"},0.31,null,39083,{"v":2007.003422313484,"d":"2007"},1]
["2008-01-01",211.08,{"v":0.5,"d":"0.50"},null,39448,{"v":2008.002737850787,"d":"2008"},1]
["2009-01-01",{"v":211.143,"d":"211.14"},0.44,null,39814,{"v":2009.0047912388775,"d":"2009"},1]
["2010-01-01",{"v":216.687,"d":"216.69"},0.34,null,40179,{"v":2010.0041067761806,"d":"2010"},1]
["2011-01-01",{"v":220.223,"d":"220.22"},0.48,null,40544,{"v":2011.003422313484,"d":"2011"},1]
["2012-01-01",{"v":226.665,"d":"226.67"},0.44,null,40909,{"v":2012.002737850787,"d":"2012"},1]
["2013-01-01",230.28,{"v":0.3,"d":"0.30"},null,41275,{"v":2013.0047912388775,"d":"2013"},1]
["2014-01-01",{"v":233.916,"d":"233.92"},0.37,null,41640,{"v":2014.0041067761806,"d":"2014"},1]